{"text_format":"2","workbook":"xlsx","n_sheets":6,"sheets":["Resumo","Orçamento Sintético","Orçamento Analítico","BDI","Curva ABC de Insumos","Encargos Sociais"],"not_rendered":{"charts":0,"images":1,"macros":0,"external_links":0,"defined_names":2,"comments":0,"pivot_tables":0},"unopened":[],"bounds":{"document_bytes":16777216,"sheet_cells":100000,"run_cost":"one","rows_first":2000,"rows_last":500,"rows_between":2000,"halvings":0,"cell_chars":16384,"cell_head_chars":4096},"cells_cut":0,"cells_raw":0,"read":"whole","date_system":"1900"}

{"sheet":"Resumo","index":0,"n_rows":43,"n_cols":10,"rows_kept":43,"cut":false,"hidden":false,"merged":[[3,0,3,2],[3,3,3,7],[0,5,0,7],[0,8,0,10],[1,5,1,7],[1,8,1,10],[2,0,2,10],[42,0,42,2],[42,6,42,7],[42,8,42,10],[44,0,44,10],[40,0,40,2],[40,6,40,7],[40,8,40,10],[41,0,41,2],[41,6,41,7],[41,8,41,10]]}
[null,null,null,"Obra","Bancos","B.D.I.",null,null,"Encargos Sociais"]
[null,null,null,"OBRAS E SERVIÇOS REMANESCENTES PARA CONSTRUÇÃO DE CENTRO COMERCIAL, LOCALIZADO NO MUNICÍPIO DE SANTANA, NO ESTADO DO AMAPÁ","SINAPI - 09/2024 - Amapá\nSICRO3 - 07/2024 - Amapá\nORSE - 07/2024 - Sergipe\n","21,9%",null,null,"Não Desonerado: embutido nos preços unitário dos insumos de mão de obra, de acordo com as bases."]
["Planilha Orçamentária Resumida"]
["Item",null,null,"Descrição",{"$nulls":4},"Total","Peso (%)"]
[" 1 ",null,null,"ADMINISTRAÇÃO DA OBRA",{"$nulls":4},357504.5,4.9712548835116013E-2]
[" 2 ",null,null,"SERVIÇOS PRELIMINARES",null,null,1,null,12276.31,1.7070740658929413E-3]
[" 3 ",null,null,"PAREDES E PAINÉIS",null,null,1,null,13645.83,1.8975117523574979E-3]
[" 4 ",null,null,"ESQUADRIAS",null,null,1,null,1102194.8500000001,0.15326496675269366]
[" 5 ",null,null,"COBERTURA",null,null,1,null,765157.58,0.10639847487880344]
[" 6 ",null,null,"INSTALAÇÕES ELÉTRICAS",null,null,1,null,1828109.19,0.25420649917357507]
[" 6.1 ",null,null,"SPDA",null,null,1,null,60122.51,8.3602953654142841E-3]
[" 6.2 ",null,null,"PREVENTIVO ELÉTRICO",null,null,1,null,79695.429999999993,1.1081994648488535E-2]
[" 6.3 ",null,null,"INFRAESTRUTURA GERAL PARA ALIMENTAÇÃO DOS BOXES E CONDOMÍNIO",null,null,1,null,203188.87,2.8254292247026368E-2]
[" 6.4 ",null,null,"PROJETO ELÉTRICO BOX 01 A 100",null,null,1,null,435811.5,6.0601476279753576E-2]
[" 6.5 ",null,null,"PROJETO ELÉTRICO CIRCULAÇÃO COMUM E ÁREAS COMUNS",null,null,1,null,272148.09000000003,3.7843370403753095E-2]
[" 6.6 ",null,null,"PROJETO ELÉTRICO EXTERNO",null,null,1,null,217665.61,3.0267345632992916E-2]
[" 6.7 ",null,null,"PROJETO DE ENTRADA DE ENERGIA - SUBESTAÇÃO",null,null,1,null,139767.95000000001,1.9435338687929949E-2]
[" 6.8 ",null,null,"PROJETOS DE RAMAIS DE CARGAS DOS QUADROS DE MEDIDORES",null,null,1,null,207824.99,2.8898964808925471E-2]
[" 6.9 ",null,null,"PROJETO ELÉTRICO DE CABEAMENTO ESTRUTURADO",null,null,1,null,211884.24,2.9463421099290895E-2]
[" 7 ",null,null,"INSTALAÇÕES HIDROSSANITÁRIAS",null,null,1,null,315570.28999999998,4.388141534592354E-2]
[" 7.1 ",null,null,"INSTALAÇÕES DE ÁGUA FRIA",null,null,1,null,78437.64,1.0907093502351016E-2]
[" 7.2 ",null,null,"INSTALAÇÕES DE ESGOTO",null,null,1,null,128754.83,1.7903916661558276E-2]
[" 7.3 ",null,null,"COLETA DE ÁGUAS PLUVIAIS",null,null,1,null,32520.01,4.5220482126615497E-3]
[" 7.4 ",null,null,"BANCADAS E LAVATÓRIOS",null,null,1,null,58258.080000000002,8.101038300329353E-3]
[" 7.5 ",null,null,"RESERVATÓRIO ENTERRADO",null,null,1,null,17599.73,2.4473186690233445E-3]
[" 8 ",null,null,"VENTILAÇÃO MECÂNICA E EXAUSTORES",null,null,1,null,31306.26,4.3532710192314755E-3]
[" 9 ",null,null,"PISO E PAVIMENTAÇÃO",null,null,1,null,1058464.06,0.1471840110347287]
[" 10 ",null,null,"REVESTIMENTOS",null,null,1,null,352886.01,4.9070327801060507E-2]
[" 11 ",null,null,"PINTURA",null,null,1,null,410319.28,5.7056672699195787E-2]
[" 12 ",null,null,"PROJETO PREVENTIVO CONTRA INCÊNDIO",null,null,1,null,77359.240000000005,1.075713731253022E-2]
[" 13 ",null,null,"FORROS",null,null,1,null,303103.21000000002,4.2147813885434794E-2]
[" 14 ",null,null,"ELEVADOR",null,null,1,null,107637.7,1.4967488291055264E-2]
[" 15 ",null,null,"ESTACIONAMENTO",null,null,1,null,415102.84,5.7721847431557775E-2]
[" 15.1 ",null,null,"PISOS",null,null,1,null,196567.58,2.7333573200199083E-2]
[" 15.2 ",null,null,"DRENAGEM",null,null,1,null,145059.07,2.0171091836190907E-2]
[" 15.3 ",null,null,"ILUMINAÇÃO",null,null,1,null,56400.2,7.8426920411080424E-3]
[" 15.4 ",null,null,"PAISAGISMO",null,null,1,null,12918.9,1.7964289880154803E-3]
[" 15.5 ",null,null,"SINALIZAÇÃO",null,null,1,null,4157.09,5.7806136604426634E-4]
[" 16 ",null,null,"SERVIÇOS FINAIS",null,null,1,null,40796.57,5.6729397208433148E-3]
[]
[{"$nulls":6},"Total sem BDI",null,5934187.1600000001]
[{"$nulls":6},"Total do BDI",null,1257246.56]
[{"$nulls":6},"Total Geral",null,7191433.7199999997]

{"sheet":"Orçamento Sintético","index":1,"n_rows":515,"n_cols":11,"rows_kept":515,"cut":false,"hidden":false,"merged":[[0,8,0,9],[1,8,1,9],[514,8,514,9]]}
[{"$nulls":8},"Valor Final do Orçamento",null,{"$f":"J4 + J6 + J12 + J15 + J26 + J33 + J287 + J407 + J414 + J425 + J434 + J445 + J464 + J468 + J470 + J511","v":7191433.7199999997}]
[{"$nulls":8},"BDI",null,0.219]
["Item","Código","Banco","Descrição","Und","Quant.","Valor Unit","BDI Diferenciado","Valor Unit com BDI","Total","Peso (%)"]
[" 1 ","  ",null,"ADMINISTRAÇÃO DA OBRA",null,1,"","",{"$f":"J5","v":357504.5},{"$f":"TRUNC(F4 * I4,2)","v":357504.5},{"$f":"J4 / K1","v":4.9712548835116013E-2}]
[" 1.1 "," COMPOSIÇÃO - 146 ","Próprio","ADMINISTRAÇÃO LOCAL","UN",10,29327.69,"",{"$f":"(TRUNC(G5 * K2,2) + G5)","v":35750.449999999997},357504.5,{"$f":"J5 / K1","v":4.9712548835116013E-2}]
[" 2 ","  ",null,"SERVIÇOS PRELIMINARES",null,1,"","",{"$f":"J7 + J8 + J9 + J10 + J11","v":12276.31},12276.31,{"$f":"J6 / K1","v":1.7070740658929413E-3}]
[" 2.1 "," 103689 ","SINAPI","FORNECIMENTO E INSTALAÇÃO DE PLACA DE OBRA COM CHAPA GALVANIZADA E ESTRUTURA DE MADEIRA. AF_03/2022_PS","m²",6.42,461.25,"",{"$f":"(TRUNC(G7 * K2,2) + G7)","v":562.26},3609.7,{"$f":"J7 / K1","v":5.0194441616851885E-4}]
[" 2.2 "," 98458 ","SINAPI","TAPUME COM COMPENSADO DE MADEIRA. AF_03/2024","m²",22,105.28,"",{"$f":"(TRUNC(G8 * K2,2) + G8)","v":128.33000000000001},2823.26,{"$f":"J8 / K1","v":3.9258652862895333E-4}]
[" 2.3 "," 11519 ","ORSE","Câmera Hdcvi speed dome Vhd 3020 sd, da Intelbrás ou similar","un",1,3994.25,"",{"$f":"(TRUNC(G9 * K2,2) + G9)","v":4868.99},4868.99,{"$f":"J9 / K1","v":6.7705414380152284E-4}]
[" 2.4 "," 8646 ","ORSE","Poste galvanizado com 5m para instalação de câmera de segurança p/penitenciária","un",1,407.42,"",{"$f":"(TRUNC(G10 * K2,2) + G10)","v":496.64},496.64,{"$f":"J10 / K1","v":6.9059942611832898E-5}]
[" 2.5 "," 95636 ","SINAPI","KIT CAVALETE PARA MEDIÇÃO DE ÁGUA - ENTRADA PRINCIPAL, EM AÇO GALVANIZADO DN 25 MM (1\") - FORNECIMENTO E INSTALAÇÃO (EXCLUSIVE HIDRÔMETRO). AF_03/2024","UN",1,391.9,"",{"$f":"(TRUNC(G11 * K2,2) + G11)","v":477.71999999999997},477.72,{"$f":"J11 / K1","v":6.6429034682113434E-5}]
[" 3 ","  ",null,"PAREDES E PAINÉIS",null,1,"","",{"$f":"J13 + J14","v":13645.83},13645.83,{"$f":"J12 / K1","v":1.8975117523574981E-3}]
[" 3.1 "," 103324 ","SINAPI","ALVENARIA DE VEDAÇÃO DE BLOCOS CERÂMICOS FURADOS NA VERTICAL DE 14X19X39 CM (ESPESSURA 14 CM) E ARGAMASSA DE ASSENTAMENTO COM PREPARO EM BETONEIRA. AF_12/2021","m²",127.5,80.81,"",{"$f":"(TRUNC(G13 * K2,2) + G13)","v":98.5},12558.75,{"$f":"J13 / K1","v":1.7463485709494936E-3}]
[" 3.2 "," 4458 ","ORSE","Divisória em granito cinza andorinha para mictórios, polido, e=2cm, inclusivefixação - Rev 02","m²",1.23,725.03,"",{"$f":"(TRUNC(G14 * K2,2) + G14)","v":883.81},1087.08,{"$f":"J14 / K1","v":1.511631814080044E-4}]
[" 4 ","  ",null,"ESQUADRIAS",null,1,"","",{"$f":"J16 + J17 + J18 + J19 + J20 + J21 + J22 + J23 + J24 + J25","v":1102194.8500000001},1102194.8500000001,{"$f":"J15 / K1","v":0.15326496675269366}]
[" 4.1 "," 91341 ","SINAPI","PORTA EM ALUMÍNIO DE ABRIR TIPO VENEZIANA COM GUARNIÇÃO, FIXAÇÃO COM PARAFUSOS - FORNECIMENTO E INSTALAÇÃO. AF_12/2019","m²",30.66,677.02,"",{"$f":"(TRUNC(G16 * K2,2) + G16)","v":825.28},25303.08,{"$f":"J16 / K1","v":3.5185028445204112E-3}]
[" 4.2 "," 94805 ","SINAPI","PORTA DE ALUMÍNIO DE ABRIR PARA VIDRO SEM GUARNIÇÃO, 87X210CM, FIXAÇÃO COM PARAFUSOS, INCLUSIVE VIDROS - FORNECIMENTO E INSTALAÇÃO. AF_12/2019","UN",4,852.73,"",{"$f":"(TRUNC(G17 * K2,2) + G17)","v":1039.47},4157.88,{"$f":"J17 / K1","v":5.7817121896522187E-4}]
[" 4.3 "," 13468 ","ORSE","Fornecimento e montagem de porta de enrolar automática, em chapa 20 Transvision, com guias laterais, soleira T, motor para 1000Kg , PVC auto lubrificante nas guias, borracha de vedação de soleira, central com 02 controles e pinturaeletrostática","m²",965.97,370.44,"",{"$f":"(TRUNC(G18 * K2,2) + G18)","v":451.56},436193.41,{"$f":"J18 / K1","v":6.0654582519047394E-2}]
[" 4.4 "," 11489 ","ORSE","Fornecimento e instalação de brise metálico de alumínio, ref. B57, branco nieve 7000, da Hunter Douglas ou similar","m²",575.26,450,"",{"$f":"(TRUNC(G19 * K2,2) + G19)","v":548.54999999999995},315558.87,{"$f":"J19 / K1","v":4.3879827345471245E-2}]
[" 4.5 "," 9039 ","ORSE","Alçapão de alumínio, tipo escama, cor fosca","m²",0.64,433.29,"",{"$f":"(TRUNC(G20 * K2,2) + G20)","v":528.18000000000006},338.03,{"$f":"J20 / K1","v":4.7004535279232193E-5}]
[" 4.6 "," 99841 ","SINAPI","GUARDA-CORPO PANORÂMICO COM PERFIS DE ALUMÍNIO E VIDRO LAMINADO 8 MM, FIXADO COM CHUMBADOR MECÂNICO. AF_04/2019_PS","M",70.27,1716.54,"",{"$f":"(TRUNC(G21 * K2,2) + G21)","v":2092.46},147037.16,{"$f":"J21 / K1","v":2.0446153816460401E-2}]
[" 4.7 "," 91338 ","SINAPI","PORTA DE ALUMÍNIO DE ABRIR COM LAMBRI, COM GUARNIÇÃO, FIXAÇÃO COM PARAFUSOS - FORNECIMENTO E INSTALAÇÃO. AF_12/2019","m²",1.68,863.21,"",{"$f":"(TRUNC(G22 * K2,2) + G22)","v":1052.25},1767.78,{"$f":"J22 / K1","v":2.4581746405916957E-4}]
[" 4.8 "," 100763 ","SINAPI","VIGA METÁLICA EM PERFIL LAMINADO OU SOLDADO EM AÇO ESTRUTURAL, COM CONEXÕES PARAFUSADAS, INCLUSOS MÃO DE OBRA, TRANSPORTE E IÇAMENTO UTILIZANDO GUINDASTE - FORNECIMENTO E INSTALAÇÃO. AF_01/2020_PSA","KG",2499.41,15.49,"",{"$f":"(TRUNC(G23 * K2,2) + G23)","v":18.88},47188.86,{"$f":"J23 / K1","v":6.5618153260265325E-3}]
[" 4.9 "," 102168 ","SINAPI","INSTALAÇÃO DE VIDRO LISO INCOLOR, E = 8 MM, EM ESQUADRIA DE ALUMÍNIO OU PVC, FIXADO COM BAGUETE. AF_01/2021_PS","m²",146.4,646.69000000000005,"",{"$f":"(TRUNC(G24 * K2,2) + G24)","v":788.31000000000006},115408.58,{"$f":"J24 / K1","v":1.6048062805479074E-2}]
[" 4.10 "," 99855 ","SINAPI","CORRIMÃO SIMPLES, DIÂMETRO EXTERNO = 1 1/2\", EM AÇO GALVANIZADO. AF_04/2019_PS","M",70.27,107.89,"",{"$f":"(TRUNC(G25 * K2,2) + G25)","v":131.51},9241.2000000000007,{"$f":"J25 / K1","v":1.2850288773849675E-3}]
[" 5 ","  ",null,"COBERTURA",null,1,"","",{"$f":"J27 + J28 + J29 + J30 + J31 + J32","v":765157.58000000007},765157.58,{"$f":"J26 / K1","v":0.10639847487880344}]
[" 5.1 "," 100778 ","SINAPI","ESTRUTURA TRELIÇADA DE COBERTURA, TIPO FINK, COM LIGAÇÕES PARAFUSADAS, INCLUSOS PERFIS METÁLICOS, CHAPAS METÁLICAS, MÃO DE OBRA E TRANSPORTE COM GUINDASTE - FORNECIMENTO E INSTALAÇÃO. AF_01/2020_PSA","KG",27160,12.49,"",{"$f":"(TRUNC(G27 * K2,2) + G27)","v":15.22},413375.2,{"$f":"J27 / K1","v":5.7481611608317794E-2}]
[" 5.2 "," 94227 ","SINAPI","CALHA EM CHAPA DE AÇO GALVANIZADO NÚMERO 24, DESENVOLVIMENTO DE 33 CM, INCLUSO TRANSPORTE VERTICAL. AF_07/2019","M",99.75,62.83,"",{"$f":"(TRUNC(G28 * K2,2) + G28)","v":76.58},7638.85,{"$f":"J28 / K1","v":1.0622151711912045E-3}]
[" 5.3 "," 94231 ","SINAPI","RUFO EM CHAPA DE AÇO GALVANIZADO NÚMERO 24, CORTE DE 25 CM, INCLUSO TRANSPORTE VERTICAL. AF_07/2019","M",325.64,52.7,"",{"$f":"(TRUNC(G29 * K2,2) + G29)","v":64.240000000000009},20919.11,{"$f":"J29 / K1","v":2.9088928320123628E-3}]
[" 5.4 "," 13745 ","ORSE","Cumeeira em galvalume para telha trapezoidal galvalume standard, com 40 cm decada lado, e = 0,43mm, cor natural","m",123.15,110.16,"",{"$f":"(TRUNC(G30 * K2,2) + G30)","v":134.28},16536.580000000002,{"$f":"J30 / K1","v":2.2994830577399805E-3}]
[" 5.5 "," 00039522 ","SINAPI","TELHA TERMOISOLANTE REVESTIDA EM ACO GALVANIZADO, FACES SUPERIOR E INFERIOR EM TELHA TRAPEZOIDAL (SEM ACESSORIOS DE FIXACAO), REVESTIMENTO COM ESPESSURA DE 0,50 MM COM PRE-PINTURA NAS DUAS FACES, NUCLEO EM POLIESTIRENO (EPS) DE 50 MM","m²",1762.27,140.77000000000001,0.14410000000000001,{"$f":"(TRUNC(G31 * H31,2) + G31)","v":161.05000000000001},283813.58,{"$f":"J31 / K1","v":3.9465507303597873E-2}]
[" 5.6 "," 12734 ","ORSE","Telhamento com telha em aço galvalume, dupla, trapezoidal, com preenchimento PIR 50mm, pré-pintada, TP40 - 2 x 0,43mm, Kingspan- Isoeste ou similar","m²",1762.27,10.65,"",{"$f":"(TRUNC(G32 * K2,2) + G32)","v":12.98},22874.26,{"$f":"J32 / K1","v":3.180764905944235E-3}]
[" 6 ","  ",null,"INSTALAÇÕES ELÉTRICAS",null,1,"","",{"$f":"J34 + J46 + J64 + J95 + J136 + J180 + J187 + J229 + J241","v":1828109.1900000002},1828109.19,{"$f":"J33 / K1","v":0.25420649917357507}]
[" 6.1 ","  ",null,"SPDA",null,1,"","",{"$f":"J35 + J36 + J37 + J38 + J39 + J40 + J41 + J42 + J43 + J44 + J45","v":60122.509999999995},60122.51,{"$f":"J34 / K1","v":8.3602953654142841E-3}]
[" 6.1.1 "," 12740 ","ORSE","Fornecimento e assentamento de barra chata de alumínio de 7/8\" x 1/8\"","m",480,13.89,"",{"$f":"(TRUNC(G35 * K2,2) + G35)","v":16.93},8126.4,{"$f":"J35 / K1","v":1.1300111099403973E-3}]
[" 6.1.2 "," 104746 ","SINAPI","MINI CAPTOR PARA SPDA - FORNECIMENTO E INSTALAÇÃO. AF_08/2023","UN",18,27.28,"",{"$f":"(TRUNC(G36 * K2,2) + G36)","v":33.25},598.5,{"$f":"J36 / K1","v":8.3224016698578435E-5}]
[" 6.1.3 "," 98111 ","SINAPI","CAIXA DE INSPEÇÃO PARA ATERRAMENTO, CIRCULAR, EM POLIETILENO, DIÂMETRO INTERNO = 0,3 M. AF_12/2020","UN",14,53.15,"",{"$f":"(TRUNC(G37 * K2,2) + G37)","v":64.78},906.92,{"$f":"J37 / K1","v":1.2611115325693358E-4}]
[" 6.1.4 "," 96985 ","SINAPI","HASTE DE ATERRAMENTO, DIÂMETRO 5/8\", COM 3 METROS - FORNECIMENTO E INSTALAÇÃO. AF_08/2023","UN",42,83.08,"",{"$f":"(TRUNC(G38 * K2,2) + G38)","v":101.27},4253.34,{"$f":"J38 / K1","v":5.914453453378974E-4}]
[" 6.1.5 "," 93358 ","SINAPI","ESCAVAÇÃO MANUAL DE VALA. AF_09/2024","m³",48.6,75.08,"",{"$f":"(TRUNC(G39 * K2,2) + G39)","v":91.52},4447.87,{"$f":"J39 / K1","v":6.18495584215716E-4}]
[" 6.1.6 "," 00011950 ","SINAPI","BUCHA DE NYLON SEM ABA S6, COM PARAFUSO DE 4,20 X 40 MM EM ACO ZINCADO COM ROSCA SOBERBA, CABECA CHATA E FENDA PHILLIPS","UN",300,0.26,0.14410000000000001,{"$f":"(TRUNC(G40 * H40,2) + G40)","v":0.29000000000000004},87,{"$f":"J40 / K1","v":1.209772673813922E-5}]
[" 6.1.7 "," 00001577 ","SINAPI","TERMINAL A COMPRESSAO EM COBRE ESTANHADO PARA CABO 35 MM2, 1 FURO E 1 COMPRESSAO, PARA PARAFUSO DE FIXACAO M8","UN",14,3.31,0.14410000000000001,{"$f":"(TRUNC(G41 * H41,2) + G41)","v":3.7800000000000002},52.92,{"$f":"J41 / K1","v":7.3587551607164092E-6}]
[" 6.1.8 "," 9392 ","ORSE","Cabo de cobre nú 35 mm2 - fornecimento e assentamento (3,16m/kg)","kg",30,105.26,"",{"$f":"(TRUNC(G42 * K2,2) + G42)","v":128.31},3849.3,{"$f":"J42 / K1","v":5.3526183371401502E-4}]
[" 6.1.9 "," 8082 ","ORSE","Cabo de cobre nú 50 mm2 - fornecimento e assentamento (2,27m/kg)","kg",240,127.29,"",{"$f":"(TRUNC(G43 * K2,2) + G43)","v":155.16},37238.400000000001,{"$f":"J43 / K1","v":5.178160774316363E-3}]
[" 6.1.10 "," COMPOSIÇÃO - 147 ","Próprio","SOLDA EXOTÉRMICA PARA CABO DE 35MM²","UN",1,208.26,"",{"$f":"(TRUNC(G44 * K2,2) + G44)","v":253.85999999999999},253.86,{"$f":"J44 / K1","v":3.530033229590831E-5}]
[" 6.1.11 "," COMPOSIÇÃO - 148 ","Próprio","SOLDA EXOTÉRMICA PARA CABO DE 50MM²","UN",1,252.67,"",{"$f":"(TRUNC(G45 * K2,2) + G45)","v":308},308,{"$f":"J45 / K1","v":4.2828733739619312E-5}]
[" 6.2 ","  ",null,"PREVENTIVO ELÉTRICO",null,1,"","",{"$f":"J47 + J48 + J49 + J50 + J51 + J52 + J53 + J54 + J55 + J56 + J57 + J58 + J59 + J60 + J61 + J62 + J63","v":79695.430000000008},79695.429999999993,{"$f":"J46 / K1","v":1.1081994648488535E-2}]
[" 6.2.1 "," 00011950 ","SINAPI","BUCHA DE NYLON SEM ABA S6, COM PARAFUSO DE 4,20 X 40 MM EM ACO ZINCADO COM ROSCA SOBERBA, CABECA CHATA E FENDA PHILLIPS","UN",450,0.26,0.14410000000000001,{"$f":"(TRUNC(G47 * H47,2) + G47)","v":0.29000000000000004},130.5,{"$f":"J47 / K1","v":1.8146590107208831E-5}]
[" 6.2.2 "," 7861 ","ORSE","Acionador manual (botoeira) tipo quebra-vidro, p/instal. incendio","un",16,150.32,"",{"$f":"(TRUNC(G48 * K2,2) + G48)","v":183.24},2931.84,{"$f":"J48 / K1","v":4.0768504781547236E-4}]
[" 6.2.3 "," 11824 ","ORSE","Sirene aúdiovisual endereçavel, 120db, para alarme de incêndio","un",16,225.39,"",{"$f":"(TRUNC(G49 * K2,2) + G49)","v":274.75},4396,{"$f":"J49 / K1","v":6.1128283610183923E-4}]
[" 6.2.4 "," 11820 ","ORSE","Central de alarme endereçável de incendio com sistema p/ até 250 dispositivos, marcal Verin ou similar, Modelo VRE-250 c/ bateria de 12V e 7Amperes","un",1,6531.99,"",{"$f":"(TRUNC(G50 * K2,2) + G50)","v":7962.49},7962.49,{"$f":"J50 / K1","v":1.1072187146570823E-3}]
[" 6.2.5 "," 10347 ","ORSE","Fonte de alimentação 15w (24V)","un",2,293.19,0.14410000000000001,{"$f":"(TRUNC(G51 * H51,2) + G51)","v":335.43},670.86,{"$f":"J51 / K1","v":9.3285988040782503E-5}]
[" 6.2.6 "," 13156 ","ORSE","Luminária de emergência c/ dois projetors LED alimentação 127/220 de 12v/55 autonomia de 3horas","un",47,259.8,0.14410000000000001,{"$f":"(TRUNC(G52 * H52,2) + G52)","v":297.23},13969.81,{"$f":"J52 / K1","v":1.9425625742956858E-3}]
[" 6.2.7 "," 91940 ","SINAPI","CAIXA RETANGULAR 4\" X 2\" MÉDIA (1,30 M DO PISO), PVC, INSTALADA EM PAREDE - FORNECIMENTO E INSTALAÇÃO. AF_03/2023","UN",20,17.71,"",{"$f":"(TRUNC(G53 * K2,2) + G53)","v":21.580000000000002},431.6,{"$f":"J53 / K1","v":6.0015848967596412E-5}]
[" 6.2.8 "," 91914 ","SINAPI","CURVA 90 GRAUS PARA ELETRODUTO, PVC, ROSCÁVEL, DN 25 MM (3/4\"), PARA CIRCUITOS TERMINAIS, INSTALADA EM PAREDE - FORNECIMENTO E INSTALAÇÃO. AF_03/2023","UN",10,17.579999999999998,"",{"$f":"(TRUNC(G54 * K2,2) + G54)","v":21.43},214.3,{"$f":"J54 / K1","v":2.9799342988313048E-5}]
[" 6.2.9 "," 12141 ","ORSE","Cabo blindado para alarme e detecção de incêncio 4 x 1,5mm2","m",600,28.57,"",{"$f":"(TRUNC(G55 * K2,2) + G55)","v":34.82},20892,{"$f":"J55 / K1","v":2.9051230691172943E-3}]
[" 6.2.10 "," 12884 ","ORSE","Placa de sinalizacao, fotoluminescente, 38x19 cm, em pvc , com seta indicativa de sentido (esquerda ou direita) de saída de emergência- Placa S2","un",77,23.63,"",{"$f":"(TRUNC(G56 * K2,2) + G56)","v":28.799999999999997},2217.6,{"$f":"J56 / K1","v":3.0836688292525902E-4}]
[" 6.2.11 "," 00037558 ","SINAPI","PLACA DE SINALIZACAO DE SEGURANCA CONTRA INCENDIO, FOTOLUMINESCENTE, RETANGULAR, *20 X 40* CM, EM PVC *2* MM ANTI-CHAMAS (SIMBOLOS, CORES E PICTOGRAMAS CONFORME NBR 16820)","UN",5,70.849999999999994,0.14410000000000001,{"$f":"(TRUNC(G57 * H57,2) + G57)","v":81.05},405.25,{"$f":"J57 / K1","v":5.6351767363573783E-5}]
[" 6.2.12 "," 12887 ","ORSE","Placa de sinalizacao, fotoluminescente, 38x19 cm, em pvc , com logotipo \"Comando manual de alarme de incêndio\"- Placa E2","un",16,23.63,"",{"$f":"(TRUNC(G58 * K2,2) + G58)","v":28.799999999999997},460.8,{"$f":"J58 / K1","v":6.4076235413040842E-5}]
[" 6.2.13 "," 102513 ","SINAPI","PINTURA DE SÍMBOLOS E TEXTOS COM TINTA ACRÍLICA, DEMARCAÇÃO COM FITA ADESIVA E APLICAÇÃO COM ROLO. AF_05/2021","m²",24,44.95,"",{"$f":"(TRUNC(G59 * K2,2) + G59)","v":54.790000000000006},1314.96,{"$f":"J59 / K1","v":1.8285088220210978E-4}]
[" 6.2.14 "," 101909 ","SINAPI","EXTINTOR DE INCÊNDIO PORTÁTIL COM CARGA DE PQS DE 6 KG, CLASSE BC - FORNECIMENTO E INSTALAÇÃO. AF_10/2020_PE","UN",24,471.84,"",{"$f":"(TRUNC(G60 * K2,2) + G60)","v":575.16999999999996},13804.08,{"$f":"J60 / K1","v":1.9195171001311824E-3}]
[" 6.2.15 "," 1512 ","ORSE","Suporte decorativo para extintores - REV 01/2022","un",24,58.67,"",{"$f":"(TRUNC(G61 * K2,2) + G61)","v":71.510000000000005},1716.24,{"$f":"J61 / K1","v":2.386506038742995E-4}]
[" 6.2.16 "," 91871 ","SINAPI","ELETRODUTO RÍGIDO ROSCÁVEL, PVC, DN 25 MM (3/4\"), PARA CIRCUITOS TERMINAIS, INSTALADO EM PAREDE - FORNECIMENTO E INSTALAÇÃO. AF_03/2023","M",390,14.35,"",{"$f":"(TRUNC(G62 * K2,2) + G62)","v":17.489999999999998},6821.1,{"$f":"J62 / K1","v":9.4850349256921204E-4}]
[" 6.2.17 "," 00039128 ","SINAPI","ABRACADEIRA EM ACO PARA AMARRACAO DE ELETRODUTOS, TIPO D, COM 3/4\" E CUNHA DE FIXACAO","UN",400,2.97,0.14410000000000001,{"$f":"(TRUNC(G63 * H63,2) + G63)","v":3.39},1356,{"$f":"J63 / K1","v":1.8855767191858371E-4}]
[" 6.3 ","  ",null,"INFRAESTRUTURA GERAL PARA ALIMENTAÇÃO DOS BOXES E CONDOMÍNIO",null,1,"","",{"$f":"J65 + J66 + J67 + J68 + J69 + J70 + J71 + J72 + J73 + J74 + J75 + J76 + J77 + J78 + J79 + J80 + J81 + J82 + J83 + J84 + J85 + J86 + J87 + J88 + J89 + J90 + J91 + J92 + J93 + J94","v":203188.87000000002},203188.87,{"$f":"J64 / K1","v":2.8254292247026368E-2}]
[" 6.3.1 "," 91836 ","SINAPI","ELETRODUTO FLEXÍVEL CORRUGADO, PVC, DN 32 MM (1\"), PARA CIRCUITOS TERMINAIS, INSTALADO EM FORRO - FORNECIMENTO E INSTALAÇÃO. AF_03/2023_PA","M",350,21.77,"",{"$f":"(TRUNC(G65 * K2,2) + G65)","v":26.53},9285.5,{"$f":"J65 / K1","v":1.2911889842182958E-3}]
[" 6.3.2 "," 91864 ","SINAPI","ELETRODUTO RÍGIDO ROSCÁVEL, PVC, DN 32 MM (1\"), PARA CIRCUITOS TERMINAIS, INSTALADO EM FORRO - FORNECIMENTO E INSTALAÇÃO. AF_03/2023","M",540,15.65,"",{"$f":"(TRUNC(G66 * K2,2) + G66)","v":19.07},10297.799999999999,{"$f":"J66 / K1","v":1.4319536828047133E-3}]
[" 6.3.3 "," 91893 ","SINAPI","CURVA 90 GRAUS PARA ELETRODUTO, PVC, ROSCÁVEL, DN 32 MM (1\"), PARA CIRCUITOS TERMINAIS, INSTALADA EM FORRO - FORNECIMENTO E INSTALAÇÃO. AF_03/2023","UN",110,16.43,"",{"$f":"(TRUNC(G67 * K2,2) + G67)","v":20.02},2202.1999999999998,{"$f":"J67 / K1","v":3.0622544623827802E-4}]
[" 6.3.4 "," 91876 ","SINAPI","LUVA PARA ELETRODUTO, PVC, ROSCÁVEL, DN 32 MM (1\"), PARA CIRCUITOS TERMINAIS, INSTALADA EM FORRO - FORNECIMENTO E INSTALAÇÃO. AF_03/2023","UN",55,9.73,"",{"$f":"(TRUNC(G68 * K2,2) + G68)","v":11.86},{"$f":"TRUNC(F68 * I68,2)","v":652.29999999999995},{"$f":"J68 / K1","v":9.070513966997946E-5}]
[" 6.3.5 "," 00039128 ","SINAPI","ABRACADEIRA EM ACO PARA AMARRACAO DE ELETRODUTOS, TIPO D, COM 3/4\" E CUNHA DE FIXACAO","UN",450,2.97,0.14410000000000001,{"$f":"(TRUNC(G69 * H69,2) + G69)","v":3.39},1525.5,{"$f":"J69 / K1","v":2.1212738090840667E-4}]
[" 6.3.6 "," 8684 ","ORSE","Fornecimento e instalação de eletrocalha perfurada 100 x   100 x 3000 mm (ref. mopa ou similar)","un",140,102.48,"",{"$f":"(TRUNC(G70 * K2,2) + G70)","v":124.92},17488.8,{"$f":"J70 / K1","v":2.4318933721605655E-3}]
[" 6.3.7 "," 12523 ","ORSE","Tampa de encaixe 100 X 3000 mm, zincada, para eletrocalha metálica (ref.: mopa ou similar)","m",450,14.7,"",{"$f":"(TRUNC(G71 * K2,2) + G71)","v":17.91},8059.5,{"$f":"J71 / K1","v":1.1207083752417591E-3}]
[" 6.3.8 "," 12486 ","ORSE","Terminal 100 x 100 mm, galvanizado à fogo, para eletrocalha metalica (ref. Mopa ou similar)","un",4,25.94,"",{"$f":"(TRUNC(G72 * K2,2) + G72)","v":31.62},126.48,{"$f":"J72 / K1","v":1.7587591699308605E-5}]
[" 6.3.9 "," 11289 ","ORSE","Curva vertical 200 x 100 mm para eletrocalha metálica, com ângulo 90° (ref.: mopa ou similar)","un",8,118.36,"",{"$f":"(TRUNC(G73 * K2,2) + G73)","v":144.28},1154.24,{"$f":"J73 / K1","v":1.6050207023252661E-4}]
[" 6.3.10 "," 3638 ","ORSE","Suporte vertical  100 x 100 mm  para fixação de eletrocalha metálica ( ref.: Mopa ou similar)","un",7,5.89,0.14410000000000001,{"$f":"(TRUNC(G74 * H74,2) + G74)","v":6.7299999999999995},47.11,{"$f":"J74 / K1","v":6.5508495015372263E-6}]
[" 6.3.11 "," 11848 ","ORSE","Emenda interna 100 x 100 mm com base lisa perfurada para eletrocalha metálica(ref. Mopa ou similar)","un",130,11.7,"",{"$f":"(TRUNC(G75 * K2,2) + G75)","v":14.26},1853.8,{"$f":"J75 / K1","v":2.5777891755359182E-4}]
[" 6.3.12 "," 9519 ","ORSE","Tala plana perfurada 100mm para eletrocalha metálica (ref.: mopa ou similar) - Rev 01","un",100,8.7799999999999994,"",{"$f":"(TRUNC(G76 * K2,2) + G76)","v":10.7},1070,{"$f":"J76 / K1","v":1.4878813344608007E-4}]
[" 6.3.13 "," 12530 ","ORSE","Tampa de encaixe 100mm para Tê horizontal, zincada, para eletrocalha metálica(ref.: mopa ou similar)","un",4,15.51,"",{"$f":"(TRUNC(G77 * K2,2) + G77)","v":18.899999999999999},75.599999999999994,{"$f":"J77 / K1","v":1.0512507372452012E-5}]
[" 6.3.14 "," 4096 ","ORSE","Tê horizontal 100 x 100mm para eletrocalha metálica (ref. Mopa ou similar)","un",4,25.7,0.14410000000000001,{"$f":"(TRUNC(G78 * H78,2) + G78)","v":29.4},117.6,{"$f":"J78 / K1","v":1.6352789246036464E-5}]
[" 6.3.15 "," 12527 ","ORSE","Tampa de encaixe para curva 90º, vertical, 100mm, zincada, para eletrocalha metálica","un",8,15.37,"",{"$f":"(TRUNC(G79 * K2,2) + G79)","v":18.73},149.84,{"$f":"J79 / K1","v":2.0835900855664147E-5}]
[" 6.3.16 "," 344 ","ORSE","Bucha com arruela em liga especial zamak p/eletroduto 25mm, d=1\"","un",50,1.6,"",{"$f":"(TRUNC(G80 * K2,2) + G80)","v":1.9500000000000002},97.5,{"$f":"J80 / K1","v":1.3557797206535334E-5}]
[" 6.3.17 "," 724 ","ORSE","Fornecimento e instalação de saída horizontal para eletroduto 1\" (ref. vl 33 valemam ou similar)","un",130,9.26,"",{"$f":"(TRUNC(G81 * K2,2) + G81)","v":11.28},1466.4,{"$f":"J81 / K1","v":2.0390926998629144E-4}]
[" 6.3.18 "," 723 ","ORSE","Fornecimento e instalação de saída horizontal para eletroduto 3/4\" (ref. vl 33 valemam ou similar)","un",110,5.86,"",{"$f":"(TRUNC(G82 * K2,2) + G82)","v":7.1400000000000006},785.4,{"$f":"J82 / K1","v":1.0921327103602925E-4}]
[" 6.3.19 "," 11299 ","ORSE","Fornecimento e instalação de mão francesa simples 200 mm","un",300,14.65,"",{"$f":"(TRUNC(G83 * K2,2) + G83)","v":17.850000000000001},5355,{"$f":"J83 / K1","v":7.446359388820176E-4}]
[" 6.3.20 "," 00004376 ","SINAPI","BUCHA DE NYLON SEM ABA S8","UN",600,0.25,0.14410000000000001,{"$f":"(TRUNC(G84 * H84,2) + G84)","v":0.28000000000000003},168,{"$f":"J84 / K1","v":2.3361127494337806E-5}]
[" 6.3.21 "," 00011945 ","SINAPI","BUCHA DE NYLON SEM ABA S4","UN",550,7.0000000000000007E-2,0.14410000000000001,{"$f":"(TRUNC(G85 * H85,2) + G85)","v":0.08},44,{"$f":"J85 / K1","v":6.1183905342313301E-6}]
[" 6.3.22 "," 12464 ","ORSE","Fornecimento e instalação de parafuso cabeça chata rosca soberbal 6,10 x 65mm, com bucha de nylon s10 sem abas","un",750,3.51,"",{"$f":"(TRUNC(G86 * K2,2) + G86)","v":4.2699999999999996},3202.5,{"$f":"J86 / K1","v":4.4532149286081443E-4}]
[" 6.3.23 "," 00007568 ","SINAPI","BUCHA DE NYLON SEM ABA S10, COM PARAFUSO DE 6,10 X 65 MM EM ACO ZINCADO COM ROSCA SOBERBA, CABECA CHATA E FENDA PHILLIPS","UN",570,0.79,0.14410000000000001,{"$f":"(TRUNC(G87 * H87,2) + G87)","v":0.9},513,{"$f":"J87 / K1","v":7.1334871455924369E-5}]
[" 6.3.24 "," 00039997 ","SINAPI","PORCA ZINCADA, SEXTAVADA, DIAMETRO 1/4\"","UN",1300,0.31,0.14410000000000001,{"$f":"(TRUNC(G88 * H88,2) + G88)","v":0.35},455,{"$f":"J88 / K1","v":6.3269720297164897E-5}]
[" 6.3.25 "," 9708 ","ORSE","Parafuso fenda em aço inox auto-atarrachante d=4,2 x 32mm, ref:TEL-5333","un",600,0.53,0.14410000000000001,{"$f":"(TRUNC(G89 * H89,2) + G89)","v":0.60000000000000009},360,{"$f":"J89 / K1","v":5.0059558916438152E-5}]
[" 6.3.26 "," 12538 ","ORSE","Arruela de pressão 1/4\"","un",350,0.41,"",{"$f":"(TRUNC(G90 * K2,2) + G90)","v":0.49},171.5,{"$f":"J90 / K1","v":2.3847817650469843E-5}]
[" 6.3.27 "," 9816 ","ORSE","Arruela lisa zincada d=1/4\"","un",350,0.41,"",{"$f":"(TRUNC(G91 * K2,2) + G91)","v":0.49},171.5,{"$f":"J91 / K1","v":2.3847817650469843E-5}]
[" 6.3.28 "," 101884 ","SINAPI","CABO DE COBRE ISOLADO, 10 MM², ANTI-CHAMA 450/750 V, INSTALADO EM ELETROCALHA OU PERFILADO - FORNECIMENTO E INSTALAÇÃO. AF_10/2020","M",8000,12.98,"",{"$f":"(TRUNC(G92 * K2,2) + G92)","v":15.82},126560,{"$f":"J92 / K1","v":1.7598716045734479E-2}]
[" 6.3.29 "," 101886 ","SINAPI","CABO DE COBRE ISOLADO, 16 MM², ANTI-CHAMA 450/750 V, INSTALADO EM ELETROCALHA OU PERFILADO - FORNECIMENTO E INSTALAÇÃO. AF_10/2020","M",40,18.579999999999998,"",{"$f":"(TRUNC(G93 * K2,2) + G93)","v":22.639999999999997},905.6,{"$f":"J93 / K1","v":1.2592760154090665E-4}]
[" 6.3.30 "," 92986 ","SINAPI","CABO DE COBRE FLEXÍVEL ISOLADO, 35 MM², ANTI-CHAMA 0,6/1,0 KV, PARA REDE ENTERRADA DE DISTRIBUIÇÃO DE ENERGIA ELÉTRICA - FORNECIMENTO E INSTALAÇÃO. AF_12/2021","M",160,45.26,"",{"$f":"(TRUNC(G94 * K2,2) + G94)","v":55.17},8827.2000000000007,{"$f":"J94 / K1","v":1.2274603846310636E-3}]
[" 6.4 ","  ",null,"PROJETO ELÉTRICO BOX 01 A 100",null,1,"","",{"$f":"J96 + J97 + J98 + J99 + J100 + J101 + J102 + J103 + J104 + J105 + J106 + J107 + J108 + J109 + J110 + J111 + J112 + J113 + J114 + J115 + J116 + J117 + J118 + J119 + J120 + J121 + J122 + J123 + J124 + J125 + J126 + J127 + J128 + J129 + J130 + J131 + J132 + J133 + J134 + J135","v":435811.5},435811.5,{"$f":"J95 / K1","v":6.0601476279753576E-2}]
[" 6.4.1 "," 9669 ","ORSE","Perfilado, pré-zincado  a fogo, perfurado 38 x 38 x 6000mm","un",300,84.55,"",{"$f":"(TRUNC(G96 * K2,2) + G96)","v":103.06},30918,{"$f":"J96 / K1","v":4.2992817849400967E-3}]
[" 6.4.2 "," 9526 ","ORSE","Gancho curto para perfilado, ( ref.: Mopa ou similar)","un",200,10.31,"",{"$f":"(TRUNC(G97 * K2,2) + G97)","v":12.56},2512,{"$f":"J97 / K1","v":3.4930447777247955E-4}]
[" 6.4.3 "," 723 ","ORSE","Fornecimento e instalação de saída horizontal para eletroduto 3/4\" (ref. vl 33 valemam ou similar)","un",600,5.86,"",{"$f":"(TRUNC(G98 * K2,2) + G98)","v":7.1400000000000006},4284,{"$f":"J98 / K1","v":5.9570875110561403E-4}]
[" 6.4.4 "," 724 ","ORSE","Fornecimento e instalação de saída horizontal para eletroduto 1\" (ref. vl 33 valemam ou similar)","un",100,9.26,"",{"$f":"(TRUNC(G99 * K2,2) + G99)","v":11.28},1128,{"$f":"J99 / K1","v":1.5685328460483954E-4}]
[" 6.4.5 "," 9666 ","ORSE","Emenda externa, para perfilado tipo \"I\", 38 x 38 mm, ref. CKP 116 ou similar","un",200,10.37,"",{"$f":"(TRUNC(G100 * K2,2) + G100)","v":12.639999999999999},2528,{"$f":"J100 / K1","v":3.5152934705765459E-4}]
[" 6.4.6 "," 3630 ","ORSE","Junção interna tipo \"L\" para perfilado, ref. Mopa ou similar","un",400,5.57,0.14410000000000001,{"$f":"(TRUNC(G101 * H101,2) + G101)","v":6.37},2548,{"$f":"J101 / K1","v":3.5431043366412337E-4}]
[" 6.4.7 "," 12500 ","ORSE","Cantoneira \"ZZ\" para fixação de  perfilado, ref. Mopa ou similar","un",1800,7.03,"",{"$f":"(TRUNC(G102 * K2,2) + G102)","v":8.56},15408,{"$f":"J102 / K1","v":2.1425491216235529E-3}]
[" 6.4.8 "," 9667 ","ORSE","Emenda externa, para perfilado tipo \"X\", 38 x 38 mm, ref. CKP 119 ou similar","un",300,11.18,"",{"$f":"(TRUNC(G103 * K2,2) + G103)","v":13.62},4086,{"$f":"J103 / K1","v":5.6817599370157304E-4}]
[" 6.4.9 "," 91953 ","SINAPI","INTERRUPTOR SIMPLES (1 MÓDULO), 10A/250V, INCLUINDO SUPORTE E PLACA - FORNECIMENTO E INSTALAÇÃO. AF_03/2023","UN",100,29.84,"",{"$f":"(TRUNC(G104 * K2,2) + G104)","v":36.369999999999997},3637,{"$f":"J104 / K1","v":5.0574059938634879E-4}]
[" 6.4.10 "," 91996 ","SINAPI","TOMADA MÉDIA DE EMBUTIR (1 MÓDULO), 2P+T 10 A, INCLUINDO SUPORTE E PLACA - FORNECIMENTO E INSTALAÇÃO. AF_03/2023","UN",700,35.04,"",{"$f":"(TRUNC(G105 * K2,2) + G105)","v":42.71},29897,{"$f":"J105 / K1","v":4.1573073136798658E-3}]
[" 6.4.11 "," 91997 ","SINAPI","TOMADA MÉDIA DE EMBUTIR (1 MÓDULO), 2P+T 20 A, INCLUINDO SUPORTE E PLACA - FORNECIMENTO E INSTALAÇÃO. AF_03/2023","UN",100,37.380000000000003,"",{"$f":"(TRUNC(G106 * K2,2) + G106)","v":45.56},4556,{"$f":"J106 / K1","v":6.3353152895358959E-4}]
[" 6.4.12 "," 91940 ","SINAPI","CAIXA RETANGULAR 4\" X 2\" MÉDIA (1,30 M DO PISO), PVC, INSTALADA EM PAREDE - FORNECIMENTO E INSTALAÇÃO. AF_03/2023","UN",800,17.71,"",{"$f":"(TRUNC(G107 * K2,2) + G107)","v":21.580000000000002},17264,{"$f":"J107 / K1","v":2.4006339587038564E-3}]
[" 6.4.13 "," 714 ","ORSE","Fornecimento e instalação de espelho para caixa vertical 4\" x 2\" com 02 saídas rj-45 (krone ou similar)","un",100,5.95,"",{"$f":"(TRUNC(G108 * K2,2) + G108)","v":7.25},725,{"$f":"J108 / K1","v":1.0081438948449351E-4}]
[" 6.4.14 "," 715 ","ORSE","Fornecimento e instalação de espelho para caixa 4\" x 2\" com 01 saída rj-45","un",700,5.25,"",{"$f":"(TRUNC(G109 * K2,2) + G109)","v":6.39},4473,{"$f":"J109 / K1","v":6.2199001953674408E-4}]
[" 6.4.15 "," 13176 ","ORSE","Luminária sobrepor quadrada  Led 24W*, 6500K G- Light ou similar","un",200,70.400000000000006,"",{"$f":"(TRUNC(G110 * K2,2) + G110)","v":85.81},17162,{"$f":"J110 / K1","v":2.3864504170108655E-3}]
[" 6.4.16 "," 91864 ","SINAPI","ELETRODUTO RÍGIDO ROSCÁVEL, PVC, DN 32 MM (1\"), PARA CIRCUITOS TERMINAIS, INSTALADO EM FORRO - FORNECIMENTO E INSTALAÇÃO. AF_03/2023","M",100,15.65,"",{"$f":"(TRUNC(G111 * K2,2) + G111)","v":19.07},1907,{"$f":"J111 / K1","v":2.651766079267988E-4}]
[" 6.4.17 "," 91893 ","SINAPI","CURVA 90 GRAUS PARA ELETRODUTO, PVC, ROSCÁVEL, DN 32 MM (1\"), PARA CIRCUITOS TERMINAIS, INSTALADA EM FORRO - FORNECIMENTO E INSTALAÇÃO. AF_03/2023","UN",100,16.43,"",{"$f":"(TRUNC(G112 * K2,2) + G112)","v":20.02},2002,{"$f":"J112 / K1","v":2.7838676930752549E-4}]
[" 6.4.18 "," 91876 ","SINAPI","LUVA PARA ELETRODUTO, PVC, ROSCÁVEL, DN 32 MM (1\"), PARA CIRCUITOS TERMINAIS, INSTALADA EM FORRO - FORNECIMENTO E INSTALAÇÃO. AF_03/2023","UN",300,9.73,"",{"$f":"(TRUNC(G113 * K2,2) + G113)","v":11.86},3558,{"$f":"J113 / K1","v":4.9475530729079713E-4}]
[" 6.4.19 "," 91863 ","SINAPI","ELETRODUTO RÍGIDO ROSCÁVEL, PVC, DN 25 MM (3/4\"), PARA CIRCUITOS TERMINAIS, INSTALADO EM FORRO - FORNECIMENTO E INSTALAÇÃO. AF_03/2023","M",1800,11.49,"",{"$f":"(TRUNC(G114 * K2,2) + G114)","v":14},25200,{"$f":"J114 / K1","v":3.5041691241506708E-3}]
[" 6.4.20 "," 91914 ","SINAPI","CURVA 90 GRAUS PARA ELETRODUTO, PVC, ROSCÁVEL, DN 25 MM (3/4\"), PARA CIRCUITOS TERMINAIS, INSTALADA EM PAREDE - FORNECIMENTO E INSTALAÇÃO. AF_03/2023","UN",700,17.579999999999998,"",{"$f":"(TRUNC(G115 * K2,2) + G115)","v":21.43},15001,{"$f":"J115 / K1","v":2.0859540091819131E-3}]
[" 6.4.21 "," 91875 ","SINAPI","LUVA PARA ELETRODUTO, PVC, ROSCÁVEL, DN 25 MM (3/4\"), PARA CIRCUITOS TERMINAIS, INSTALADA EM FORRO - FORNECIMENTO E INSTALAÇÃO. AF_03/2023","UN",300,8.07,"",{"$f":"(TRUNC(G116 * K2,2) + G116)","v":9.83},2949,{"$f":"J116 / K1","v":4.1007122012382257E-4}]
[" 6.4.22 "," 00039138 ","SINAPI","ABRACADEIRA EM ACO PARA AMARRACAO DE ELETRODUTOS, TIPO U SIMPLES, COM 3/4\"","UN",1000,1.27,0.14410000000000001,{"$f":"(TRUNC(G117 * H117,2) + G117)","v":1.45},1450,{"$f":"J117 / K1","v":2.0162877896898703E-4}]
[" 6.4.23 "," 12464 ","ORSE","Fornecimento e instalação de parafuso cabeça chata rosca soberbal 6,10 x 65mm, com bucha de nylon s10 sem abas","un",2900,3.51,"",{"$f":"(TRUNC(G118 * K2,2) + G118)","v":4.2699999999999996},12383,{"$f":"J118 / K1","v":1.7219097723951491E-3}]
[" 6.4.24 "," 00007568 ","SINAPI","BUCHA DE NYLON SEM ABA S10, COM PARAFUSO DE 6,10 X 65 MM EM ACO ZINCADO COM ROSCA SOBERBA, CABECA CHATA E FENDA PHILLIPS","UN",2400,0.79,0.14410000000000001,{"$f":"(TRUNC(G119 * H119,2) + G119)","v":0.9},2160,{"$f":"J119 / K1","v":3.0035735349862893E-4}]
[" 6.4.25 "," 12538 ","ORSE","Arruela de pressão 1/4\"","un",3000,0.41,"",{"$f":"(TRUNC(G120 * K2,2) + G120)","v":0.49},1470,{"$f":"J120 / K1","v":2.0440986557545581E-4}]
[" 6.4.26 "," 9816 ","ORSE","Arruela lisa zincada d=1/4\"","un",3600,0.41,"",{"$f":"(TRUNC(G121 * K2,2) + G121)","v":0.49},1764,{"$f":"J121 / K1","v":2.4529183869054694E-4}]
[" 6.4.27 "," 00039997 ","SINAPI","PORCA ZINCADA, SEXTAVADA, DIAMETRO 1/4\"","UN",3600,0.31,0.14410000000000001,{"$f":"(TRUNC(G122 * H122,2) + G122)","v":0.35},1260,{"$f":"J122 / K1","v":1.7520845620753355E-4}]
[" 6.4.28 "," 00004375 ","SINAPI","BUCHA DE NYLON SEM ABA S6","UN",400,0.13,0.14410000000000001,{"$f":"(TRUNC(G123 * H123,2) + G123)","v":0.14000000000000001},56,{"$f":"J123 / K1","v":7.787042498112602E-6}]
[" 6.4.29 "," 00004376 ","SINAPI","BUCHA DE NYLON SEM ABA S8","UN",1300,0.25,0.14410000000000001,{"$f":"(TRUNC(G124 * H124,2) + G124)","v":0.28000000000000003},364,{"$f":"J124 / K1","v":5.0615776237731911E-5}]
[" 6.4.30 "," 00011945 ","SINAPI","BUCHA DE NYLON SEM ABA S4","UN",1200,7.0000000000000007E-2,0.14410000000000001,{"$f":"(TRUNC(G125 * H125,2) + G125)","v":0.08},96,{"$f":"J125 / K1","v":1.3349215711050175E-5}]
[" 6.4.31 "," 00039996 ","SINAPI","VERGALHAO ZINCADO ROSCA TOTAL, 1/4\" (6,3 MM)","M",900,4.25,0.14410000000000001,{"$f":"(TRUNC(G126 * H126,2) + G126)","v":4.8600000000000003},4374,{"$f":"J126 / K1","v":6.0822364083472358E-4}]
[" 6.4.32 "," 91927 ","SINAPI","CABO DE COBRE FLEXÍVEL ISOLADO, 2,5 MM², ANTI-CHAMA 0,6/1,0 KV, PARA CIRCUITOS TERMINAIS - FORNECIMENTO E INSTALAÇÃO. AF_03/2023","M",13700,5.52,"",{"$f":"(TRUNC(G127 * K2,2) + G127)","v":6.72},92064,{"$f":"J127 / K1","v":1.2801897866897118E-2}]
[" 6.4.33 "," 91929 ","SINAPI","CABO DE COBRE FLEXÍVEL ISOLADO, 4 MM², ANTI-CHAMA 0,6/1,0 KV, PARA CIRCUITOS TERMINAIS - FORNECIMENTO E INSTALAÇÃO. AF_03/2023","M",3050,8.15,"",{"$f":"(TRUNC(G128 * K2,2) + G128)","v":9.93},30286.5,{"$f":"J128 / K1","v":4.2114689753408449E-3}]
[" 6.4.34 "," 101875 ","SINAPI","QUADRO DE DISTRIBUIÇÃO DE ENERGIA EM CHAPA DE AÇO GALVANIZADO, DE EMBUTIR, COM BARRAMENTO TRIFÁSICO, PARA 12 DISJUNTORES DIN 100A - FORNECIMENTO E INSTALAÇÃO. AF_10/2020","UN",100,414.24,"",{"$f":"(TRUNC(G129 * K2,2) + G129)","v":504.95},50495,{"$f":"J129 / K1","v":7.0215484096820685E-3}]
[" 6.4.35 "," 93655 ","SINAPI","DISJUNTOR MONOPOLAR TIPO DIN, CORRENTE NOMINAL DE 20A - FORNECIMENTO E INSTALAÇÃO. AF_10/2020","UN",200,14.67,"",{"$f":"(TRUNC(G130 * K2,2) + G130)","v":17.88},3576,{"$f":"J130 / K1","v":4.9725828523661903E-4}]
[" 6.4.36 "," 93654 ","SINAPI","DISJUNTOR MONOPOLAR TIPO DIN, CORRENTE NOMINAL DE 16A - FORNECIMENTO E INSTALAÇÃO. AF_10/2020","UN",100,13.43,"",{"$f":"(TRUNC(G131 * K2,2) + G131)","v":16.37},1637,{"$f":"J131 / K1","v":2.2763193873947017E-4}]
[" 6.4.37 "," 93657 ","SINAPI","DISJUNTOR MONOPOLAR TIPO DIN, CORRENTE NOMINAL DE 32A - FORNECIMENTO E INSTALAÇÃO. AF_10/2020","UN",100,16.170000000000002,"",{"$f":"(TRUNC(G132 * K2,2) + G132)","v":19.71},{"$f":"TRUNC(F132 * I132,2)","v":1971},{"$f":"J132 / K1","v":2.7407608506749889E-4}]
[" 6.4.38 "," 13601 ","ORSE","Interruptor diferencial residual - IDR 4P DR 2x40A/30mA","un",100,217.96,"",{"$f":"(TRUNC(G133 * K2,2) + G133)","v":265.69},26569,{"$f":"J133 / K1","v":3.6945345023634592E-3}]
[" 6.4.39 "," 13159 ","ORSE","Barramento neutro e terra para quadro de distribuição","un",300,29.89,0.14410000000000001,{"$f":"(TRUNC(G134 * H134,2) + G134)","v":34.19},10257,{"$f":"J134 / K1","v":1.4262802661275172E-3}]
[" 6.4.40 "," 13570 ","ORSE","Placa advertência 470 x 340mm, metálica ( perigo de morte )","Un",100,16.05,0.14410000000000001,{"$f":"(TRUNC(G135 * H135,2) + G135)","v":18.36},1836,{"$f":"J135 / K1","v":2.5530375047383457E-4}]
[" 6.5 ","  ",null,"PROJETO ELÉTRICO CIRCULAÇÃO COMUM E ÁREAS COMUNS",null,1,"","",{"$f":"J137 + J138 + J139 + J140 + J141 + J142 + J143 + J144 + J145 + J146 + J147 + J148 + J149 + J150 + J151 + J152 + J153 + J154 + J155 + J156 + J157 + J158 + J159 + J160 + J161 + J162 + J163 + J164 + J165 + J166 + J167 + J168 + J169 + J170 + J171 + J172 + J173 + J174 + J175 + J176 + J177 + J178 + J179","v":272148.09000000003},272148.09000000003,{"$f":"J136 / K1","v":3.7843370403753095E-2}]
[" 6.5.1 "," 9669 ","ORSE","Perfilado, pré-zincado  a fogo, perfurado 38 x 38 x 6000mm","un",600,84.55,"",{"$f":"(TRUNC(G137 * K2,2) + G137)","v":103.06},61836,{"$f":"J137 / K1","v":8.5985635698801934E-3}]
[" 6.5.2 "," 9526 ","ORSE","Gancho curto para perfilado, ( ref.: Mopa ou similar)","un",800,10.31,"",{"$f":"(TRUNC(G138 * K2,2) + G138)","v":12.56},10048,{"$f":"J138 / K1","v":1.3972179110899182E-3}]
[" 6.5.3 "," 723 ","ORSE","Fornecimento e instalação de saída horizontal para eletroduto 3/4\" (ref. vl 33 valemam ou similar)","un",50,5.86,"",{"$f":"(TRUNC(G139 * K2,2) + G139)","v":7.1400000000000006},357,{"$f":"J139 / K1","v":4.9642395925467836E-5}]
[" 6.5.4 "," 724 ","ORSE","Fornecimento e instalação de saída horizontal para eletroduto 1\" (ref. vl 33 valemam ou similar)","un",100,9.26,"",{"$f":"(TRUNC(G140 * K2,2) + G140)","v":11.28},1128,{"$f":"J140 / K1","v":1.5685328460483954E-4}]
[" 6.5.5 "," 3630 ","ORSE","Junção interna tipo \"L\" para perfilado, ref. Mopa ou similar","un",15,5.57,0.14410000000000001,{"$f":"(TRUNC(G141 * H141,2) + G141)","v":6.37},95.55,{"$f":"J141 / K1","v":1.3286641262404627E-5}]
[" 6.5.6 "," 12500 ","ORSE","Cantoneira \"ZZ\" para fixação de  perfilado, ref. Mopa ou similar","un",800,7.03,"",{"$f":"(TRUNC(G142 * K2,2) + G142)","v":8.56},6848,{"$f":"J142 / K1","v":9.5224405405491244E-4}]
[" 6.5.7 "," 9667 ","ORSE","Emenda externa, para perfilado tipo \"X\", 38 x 38 mm, ref. CKP 119 ou similar","un",300,11.18,"",{"$f":"(TRUNC(G143 * K2,2) + G143)","v":13.62},4086,{"$f":"J143 / K1","v":5.6817599370157304E-4}]
[" 6.5.8 "," 91863 ","SINAPI","ELETRODUTO RÍGIDO ROSCÁVEL, PVC, DN 25 MM (3/4\"), PARA CIRCUITOS TERMINAIS, INSTALADO EM FORRO - FORNECIMENTO E INSTALAÇÃO. AF_03/2023","M",300,11.49,"",{"$f":"(TRUNC(G144 * K2,2) + G144)","v":14},4200,{"$f":"J144 / K1","v":5.8402818735844516E-4}]
[" 6.5.9 "," 91914 ","SINAPI","CURVA 90 GRAUS PARA ELETRODUTO, PVC, ROSCÁVEL, DN 25 MM (3/4\"), PARA CIRCUITOS TERMINAIS, INSTALADA EM PAREDE - FORNECIMENTO E INSTALAÇÃO. AF_03/2023","UN",150,17.579999999999998,"",{"$f":"(TRUNC(G145 * K2,2) + G145)","v":21.43},3214.5,{"$f":"J145 / K1","v":4.4699014482469572E-4}]
[" 6.5.10 "," 91875 ","SINAPI","LUVA PARA ELETRODUTO, PVC, ROSCÁVEL, DN 25 MM (3/4\"), PARA CIRCUITOS TERMINAIS, INSTALADA EM FORRO - FORNECIMENTO E INSTALAÇÃO. AF_03/2023","UN",50,8.07,"",{"$f":"(TRUNC(G146 * K2,2) + G146)","v":9.83},491.5,{"$f":"J146 / K1","v":6.8345203353970433E-5}]
[" 6.5.11 "," 00039138 ","SINAPI","ABRACADEIRA EM ACO PARA AMARRACAO DE ELETRODUTOS, TIPO U SIMPLES, COM 3/4\"","UN",350,1.27,0.14410000000000001,{"$f":"(TRUNC(G147 * H147,2) + G147)","v":1.45},507.5,{"$f":"J147 / K1","v":7.0570072639145455E-5}]
[" 6.5.12 "," 9519 ","ORSE","Tala plana perfurada 100mm para eletrocalha metálica (ref.: mopa ou similar) - Rev 01","un",160,8.7799999999999994,"",{"$f":"(TRUNC(G148 * K2,2) + G148)","v":10.7},1712,{"$f":"J148 / K1","v":2.3806101351372811E-4}]
[" 6.5.13 "," 12805 ","ORSE","Flange 300x100mm para eletrocalha metálica (ref. Mopa ou similar)","un",40,39.700000000000003,"",{"$f":"(TRUNC(G149 * K2,2) + G149)","v":48.39},1935.6,{"$f":"J149 / K1","v":2.6915356177404916E-4}]
[" 6.5.14 "," 91953 ","SINAPI","INTERRUPTOR SIMPLES (1 MÓDULO), 10A/250V, INCLUINDO SUPORTE E PLACA - FORNECIMENTO E INSTALAÇÃO. AF_03/2023","UN",25,29.84,"",{"$f":"(TRUNC(G150 * K2,2) + G150)","v":36.369999999999997},909.25,{"$f":"J150 / K1","v":1.264351498465872E-4}]
[" 6.5.15 "," 91996 ","SINAPI","TOMADA MÉDIA DE EMBUTIR (1 MÓDULO), 2P+T 10 A, INCLUINDO SUPORTE E PLACA - FORNECIMENTO E INSTALAÇÃO. AF_03/2023","UN",60,35.04,"",{"$f":"(TRUNC(G151 * K2,2) + G151)","v":42.71},2562.6,{"$f":"J151 / K1","v":3.5634062688684557E-4}]
[" 6.5.16 "," 91997 ","SINAPI","TOMADA MÉDIA DE EMBUTIR (1 MÓDULO), 2P+T 20 A, INCLUINDO SUPORTE E PLACA - FORNECIMENTO E INSTALAÇÃO. AF_03/2023","UN",10,37.380000000000003,"",{"$f":"(TRUNC(G152 * K2,2) + G152)","v":45.56},455.6,{"$f":"J152 / K1","v":6.3353152895358959E-5}]
[" 6.5.17 "," 91940 ","SINAPI","CAIXA RETANGULAR 4\" X 2\" MÉDIA (1,30 M DO PISO), PVC, INSTALADA EM PAREDE - FORNECIMENTO E INSTALAÇÃO. AF_03/2023","UN",70,17.71,"",{"$f":"(TRUNC(G153 * K2,2) + G153)","v":21.580000000000002},1510.6,{"$f":"J153 / K1","v":2.1005547138658743E-4}]
[" 6.5.18 "," 714 ","ORSE","Fornecimento e instalação de espelho para caixa vertical 4\" x 2\" com 02 saídas rj-45 (krone ou similar)","un",51,5.95,"",{"$f":"(TRUNC(G154 * K2,2) + G154)","v":7.25},369.75,{"$f":"J154 / K1","v":5.141533863709169E-5}]
[" 6.5.19 "," 715 ","ORSE","Fornecimento e instalação de espelho para caixa 4\" x 2\" com 01 saída rj-45","un",19,5.25,"",{"$f":"(TRUNC(G155 * K2,2) + G155)","v":6.39},121.41,{"$f":"J155 / K1","v":1.6882586244568768E-5}]
[" 6.5.20 "," 97597 ","SINAPI","SENSOR DE PRESENÇA COM FOTOCÉLULA, FIXAÇÃO EM TETO - FORNECIMENTO E INSTALAÇÃO. AF_09/2024","UN",6,76.02,"",{"$f":"(TRUNC(G156 * K2,2) + G156)","v":92.66},555.96,{"$f":"J156 / K1","v":7.7308645486619327E-5}]
[" 6.5.21 "," 13176 ","ORSE","Luminária sobrepor quadrada  Led 24W*, 6500K G- Light ou similar","un",6,70.400000000000006,"",{"$f":"(TRUNC(G157 * K2,2) + G157)","v":85.81},514.86,{"$f":"J157 / K1","v":7.1593512510325971E-5}]
[" 6.5.22 "," 13157 ","ORSE","Luminária plafon (sobrepor) 22,5 x 22,5 - 18 W - 6000K - G- Light ou similar","un",37,56.6,"",{"$f":"(TRUNC(G158 * K2,2) + G158)","v":68.990000000000009},2552.63,{"$f":"J158 / K1","v":3.5495425521352093E-4}]
[" 6.5.23 "," 12464 ","ORSE","Fornecimento e instalação de parafuso cabeça chata rosca soberbal 6,10 x 65mm, com bucha de nylon s10 sem abas","un",800,3.51,"",{"$f":"(TRUNC(G159 * K2,2) + G159)","v":4.2699999999999996},3416,{"$f":"J159 / K1","v":4.7500959238486873E-4}]
[" 6.5.24 "," 00007568 ","SINAPI","BUCHA DE NYLON SEM ABA S10, COM PARAFUSO DE 6,10 X 65 MM EM ACO ZINCADO COM ROSCA SOBERBA, CABECA CHATA E FENDA PHILLIPS","UN",600,0.79,0.14410000000000001,{"$f":"(TRUNC(G160 * H160,2) + G160)","v":0.9},540,{"$f":"J160 / K1","v":7.5089338374657232E-5}]
[" 6.5.25 "," 9708 ","ORSE","Parafuso fenda em aço inox auto-atarrachante d=4,2 x 32mm, ref:TEL-5333","un",170,0.53,0.14410000000000001,{"$f":"(TRUNC(G161 * H161,2) + G161)","v":0.60000000000000009},102,{"$f":"J161 / K1","v":1.418354169299081E-5}]
[" 6.5.26 "," 00004356 ","SINAPI","PARAFUSO DE ACO ZINCADO COM ROSCA SOBERBA, CABECA CHATA E FENDA SIMPLES, DIAMETRO 4,8 MM, COMPRIMENTO 45 MM","UN",100,0.26,0.14410000000000001,{"$f":"(TRUNC(G162 * H162,2) + G162)","v":0.29000000000000004},29,{"$f":"J162 / K1","v":4.0325755793797399E-6}]
[" 6.5.27 "," 12538 ","ORSE","Arruela de pressão 1/4\"","un",800,0.41,"",{"$f":"(TRUNC(G163 * K2,2) + G163)","v":0.49},392,{"$f":"J163 / K1","v":5.450929748678821E-5}]
[" 6.5.28 "," 9816 ","ORSE","Arruela lisa zincada d=1/4\"","un",1600,0.41,"",{"$f":"(TRUNC(G164 * K2,2) + G164)","v":0.49},784,{"$f":"J164 / K1","v":1.0901859497357642E-4}]
[" 6.5.29 "," 00039997 ","SINAPI","PORCA ZINCADA, SEXTAVADA, DIAMETRO 1/4\"","UN",1600,0.31,0.14410000000000001,{"$f":"(TRUNC(G165 * H165,2) + G165)","v":0.35},560,{"$f":"J165 / K1","v":7.7870424981126013E-5}]
[" 6.5.30 "," 00004376 ","SINAPI","BUCHA DE NYLON SEM ABA S8","UN",400,0.25,0.14410000000000001,{"$f":"(TRUNC(G166 * H166,2) + G166)","v":0.28000000000000003},112,{"$f":"J166 / K1","v":1.5574084996225204E-5}]
[" 6.5.31 "," 00011945 ","SINAPI","BUCHA DE NYLON SEM ABA S4","UN",200,7.0000000000000007E-2,0.14410000000000001,{"$f":"(TRUNC(G167 * H167,2) + G167)","v":0.08},16,{"$f":"J167 / K1","v":2.2248692851750291E-6}]
[" 6.5.32 "," 00004375 ","SINAPI","BUCHA DE NYLON SEM ABA S6","UN",100,0.13,0.14410000000000001,{"$f":"(TRUNC(G168 * H168,2) + G168)","v":0.14000000000000001},14,{"$f":"J168 / K1","v":1.9467606245281505E-6}]
[" 6.5.33 "," 00039996 ","SINAPI","VERGALHAO ZINCADO ROSCA TOTAL, 1/4\" (6,3 MM)","M",675,4.25,0.14410000000000001,{"$f":"(TRUNC(G169 * H169,2) + G169)","v":4.8600000000000003},3280.5,{"$f":"J169 / K1","v":4.5616773062604268E-4}]
[" 6.5.34 "," 91927 ","SINAPI","CABO DE COBRE FLEXÍVEL ISOLADO, 2,5 MM², ANTI-CHAMA 0,6/1,0 KV, PARA CIRCUITOS TERMINAIS - FORNECIMENTO E INSTALAÇÃO. AF_03/2023","M",11200,5.52,"",{"$f":"(TRUNC(G170 * K2,2) + G170)","v":6.72},75264,{"$f":"J170 / K1","v":1.0465785117463338E-2}]
[" 6.5.35 "," 91933 ","SINAPI","CABO DE COBRE FLEXÍVEL ISOLADO, 10 MM², ANTI-CHAMA 0,6/1,0 KV, PARA CIRCUITOS TERMINAIS - FORNECIMENTO E INSTALAÇÃO. AF_03/2023","M",300,18.48,"",{"$f":"(TRUNC(G171 * K2,2) + G171)","v":22.52},6756,{"$f":"J171 / K1","v":9.3945105566515608E-4}]
[" 6.5.36 "," 93655 ","SINAPI","DISJUNTOR MONOPOLAR TIPO DIN, CORRENTE NOMINAL DE 20A - FORNECIMENTO E INSTALAÇÃO. AF_10/2020","UN",10,14.67,"",{"$f":"(TRUNC(G172 * K2,2) + G172)","v":17.88},178.8,{"$f":"J172 / K1","v":2.4862914261830952E-5}]
[" 6.5.37 "," 93654 ","SINAPI","DISJUNTOR MONOPOLAR TIPO DIN, CORRENTE NOMINAL DE 16A - FORNECIMENTO E INSTALAÇÃO. AF_10/2020","UN",7,13.43,"",{"$f":"(TRUNC(G173 * K2,2) + G173)","v":16.37},114.59,{"$f":"J173 / K1","v":1.5934235711762914E-5}]
[" 6.5.38 "," 93672 ","SINAPI","DISJUNTOR TRIPOLAR TIPO DIN, CORRENTE NOMINAL DE 40A - FORNECIMENTO E INSTALAÇÃO. AF_10/2020","UN",2,95.86,"",{"$f":"(TRUNC(G174 * K2,2) + G174)","v":116.85},233.7,{"$f":"J174 / K1","v":3.2496996996587768E-5}]
[" 6.5.39 "," 93668 ","SINAPI","DISJUNTOR TRIPOLAR TIPO DIN, CORRENTE NOMINAL DE 16A - FORNECIMENTO E INSTALAÇÃO. AF_10/2020","UN",1,80.709999999999994,"",{"$f":"(TRUNC(G175 * K2,2) + G175)","v":98.38},98.38,{"$f":"J175 / K1","v":1.368016501721996E-5}]
[" 6.5.40 "," 9688 ","ORSE","Disjuntor termomagnético tripolar 125 A com caixa moldada 10 kA","un",1,566.13,"",{"$f":"(TRUNC(G176 * K2,2) + G176)","v":690.11},690.11,{"$f":"J176 / K1","v":9.5962783899508714E-5}]
[" 6.5.41 "," 13603 ","ORSE","Interruptor diferencial residual - IDR 2P DR 4x63A/30mA","un",1,205.26,"",{"$f":"(TRUNC(G177 * K2,2) + G177)","v":250.20999999999998},250.21,{"$f":"J177 / K1","v":3.4792783990227753E-5}]
[" 6.5.42 "," COMPOSIÇÃO - 149 ","Próprio","LUMINÁRIA DO TIPO PENDENTE BOLA 30CM COM LÂMPADA DE LED 50W 4500K","UN",92,614.63,"",{"$f":"(TRUNC(G178 * K2,2) + G178)","v":749.23},68929.16,{"$f":"J178 / K1","v":9.5848981835572004E-3}]
[" 6.5.43 "," COMPOSIÇÃO - 151 ","Próprio","QUADRO DE COMANDO C/ BARRAMENTOS ELÉTRICOS 15X2MM² TRIFÁSICO + N + T EM  ALUMÍNIO COR CINZA 80X60X25CM TINTURA ELETROSTÁTICA A PO, COM PLACA DE  MONTAGEM COR LARANJA ESPESSURA 1,2MM","UN",1,3589.28,"",{"$f":"(TRUNC(G179 * K2,2) + G179)","v":4375.33},4375.33,{"$f":"J179 / K1","v":6.0840858309405379E-4}]
[" 6.6 ","  ",null,"PROJETO ELÉTRICO EXTERNO",null,1,"","",{"$f":"J181 + J182 + J183 + J184 + J185 + J186","v":217665.61000000002},217665.61,{"$f":"J180 / K1","v":3.0267345632992916E-2}]
[" 6.6.1 "," 12915 ","ORSE","Caixa de concreto pre moldado para aterramento, com tampa, 40 x 40 x 40, e = 5cm","un",55,98.91,"",{"$f":"(TRUNC(G181 * K2,2) + G181)","v":120.57},6631.35,{"$f":"J181 / K1","v":9.2211793339033938E-4}]
[" 6.6.2 "," 12910 ","ORSE","Poste decorativo 2 pétalas, em aço galvanizado com difusor em vidro transparente temperado, com 3m/4m, inclusive lâmpada de led 50w","un",25,2718.81,"",{"$f":"(TRUNC(G182 * K2,2) + G182)","v":3314.22},82855.5,{"$f":"J182 / K1","v":1.1521416066113727E-2}]
[" 6.6.3 "," 12903 ","ORSE","Poste decorativo 1 pétalas, em aço galvanizado com difusor em vidro transparente temperado, com 3m/4m, inclusive lâmpada de led 50w","un",25,2672.24,"",{"$f":"(TRUNC(G183 * K2,2) + G183)","v":3257.46},81436.5,{"$f":"J183 / K1","v":1.1324097971384766E-2}]
[" 6.6.4 "," 91837 ","SINAPI","ELETRODUTO FLEXÍVEL CORRUGADO REFORÇADO, PVC, DN 32 MM (1\"), PARA CIRCUITOS TERMINAIS, INSTALADO EM FORRO - FORNECIMENTO E INSTALAÇÃO. AF_03/2023_PA","M",500,25.69,"",{"$f":"(TRUNC(G184 * K2,2) + G184)","v":31.310000000000002},15655,{"$f":"J184 / K1","v":2.1768955412134424E-3}]
[" 6.6.5 "," 91929 ","SINAPI","CABO DE COBRE FLEXÍVEL ISOLADO, 4 MM², ANTI-CHAMA 0,6/1,0 KV, PARA CIRCUITOS TERMINAIS - FORNECIMENTO E INSTALAÇÃO. AF_03/2023","M",2550,8.15,"",{"$f":"(TRUNC(G185 * K2,2) + G185)","v":9.93},25321.5,{"$f":"J185 / K1","v":3.5210642252849686E-3}]
[" 6.6.6 "," 93358 ","SINAPI","ESCAVAÇÃO MANUAL DE VALA. AF_09/2024","m³",63,75.08,"",{"$f":"(TRUNC(G186 * K2,2) + G186)","v":91.52},5765.76,{"$f":"J186 / K1","v":8.0175389560567349E-4}]
[" 6.7 ","  ",null,"PROJETO DE ENTRADA DE ENERGIA - SUBESTAÇÃO",null,1,"","",{"$f":"J188 + J189 + J190 + J191 + J192 + J193 + J194 + J195 + J196 + J197 + J198 + J199 + J200 + J201 + J202 + J203 + J204 + J205 + J206 + J207 + J208 + J209 + J210 + J211 + J212 + J213 + J214 + J215 + J216 + J217 + J218 + J219 + J220 + J221 + J222 + J223 + J224 + J225 + J226 + J227 + J228","v":139767.95000000001},139767.95000000001,{"$f":"J187 / K1","v":1.9435338687929953E-2}]
[" 6.7.1 "," 00005045 ","SINAPI","POSTE DE CONCRETO ARMADO DE SECAO CIRCULAR, EXTENSAO DE 11,00 M, RESISTENCIA DE 200 A 300 DAN, TIPO C-14","UN",1,1431.39,0.14410000000000001,{"$f":"(TRUNC(G188 * H188,2) + G188)","v":1637.65},1637.65,{"$f":"J188 / K1","v":2.2772232405418041E-4}]
[" 6.7.2 "," 2889 ","ORSE","Fornecimento de isolador de pino de porcelana p/ 15 kv","un",6,10,"",{"$f":"(TRUNC(G189 * K2,2) + G189)","v":12.19},73.14,{"$f":"J189 / K1","v":1.0170433719856351E-5}]
[" 6.7.3 "," 00011273 ","SINAPI","ALCA PREFORMADA DE DISTRIBUICAO, EM ACO GALVANIZADO, PARA CONDUTORES DE ALUMINIO AWG 1/0 (CAA 6/1 OU CA 7 FIOS)","UN",6,9.58,0.14410000000000001,{"$f":"(TRUNC(G190 * H190,2) + G190)","v":10.96},65.760000000000005,{"$f":"J190 / K1","v":9.1442127620693703E-6}]
[" 6.7.4 "," 2933 ","ORSE","Fornecimento de pino p/ isolador 15kv, 294mm","un",6,19.2,"",{"$f":"(TRUNC(G191 * K2,2) + G191)","v":23.4},140.4,{"$f":"J191 / K1","v":1.9523227977410881E-5}]
[" 6.7.5 "," 2915 ","ORSE","Fornecimento de parafuso cabeça quadrada 16 x 300mm","un",12,18.28,"",{"$f":"(TRUNC(G192 * K2,2) + G192)","v":22.28},267.36,{"$f":"J192 / K1","v":3.7177565755274741E-5}]
[" 6.7.6 "," 2913 ","ORSE","Fornecimento de parafuso cabeça quadrada 16 x 200mm","un",2,9.75,"",{"$f":"(TRUNC(G193 * K2,2) + G193)","v":11.879999999999999},23.76,{"$f":"J193 / K1","v":3.3039308884849184E-6}]
[" 6.7.7 "," 222 ","ORSE","Arruela quadrada galvanizada 38 mm c/furo 18 mm (11/16\")","un",14,1.43,0.14410000000000001,{"$f":"(TRUNC(G194 * H194,2) + G194)","v":1.63},22.82,{"$f":"J194 / K1","v":3.1732198179808855E-6}]
[" 6.7.8 "," 9832 ","ORSE","Porca sextavada zincada 1/4\" (fornecimento e colocação)","un",14,1.18,"",{"$f":"(TRUNC(G195 * K2,2) + G195)","v":1.43},20.02,{"$f":"J195 / K1","v":2.7838676930752552E-6}]
[" 6.7.9 "," 00004276 ","SINAPI","PARA-RAIOS DE DISTRIBUICAO, TENSAO NOMINAL 15 KV, CORRENTE NOMINAL DE DESCARGA 5 KA","UN",3,206.11,0.14410000000000001,{"$f":"(TRUNC(G196 * H196,2) + G196)","v":235.81},{"$f":"TRUNC(F196 * I196,2)","v":707.43},{"$f":"J196 / K1","v":9.8371204900710667E-5}]
[" 6.7.10 "," 00037409 ","SINAPI","CABO DE ALUMINIO NU COM ALMA DE ACO, BITOLA 2/0 AWG","KG",20,59.08,0.14410000000000001,{"$f":"(TRUNC(G197 * H197,2) + G197)","v":67.59},1351.8,{"$f":"J197 / K1","v":1.8797364373122528E-4}]
[" 6.7.11 "," 10621 ","ORSE","Conector terminal a compressão com dois furos em alumínio ou liga de alumínio- CB-79 (2/0)","un",6,4.57,0.14410000000000001,{"$f":"(TRUNC(G198 * H198,2) + G198)","v":5.2200000000000006},31.32,{"$f":"J198 / K1","v":4.3551816257301195E-6}]
[" 6.7.12 "," 8074 ","ORSE","Cabo de cobre nú 16 mm2 (4 awg) - fornecimento","kg",30,124.75,"",{"$f":"(TRUNC(G199 * K2,2) + G199)","v":152.07},4562.1000000000004,{"$f":"J199 / K1","v":6.3437976036856262E-4}]
[" 6.7.13 "," 00001539 ","SINAPI","CONECTOR METALICO TIPO PARAFUSO FENDIDO (SPLIT BOLT), PARA CABOS ATE 16 MM2","UN",6,8.2200000000000006,0.14410000000000001,{"$f":"(TRUNC(G200 * H200,2) + G200)","v":9.4},56.4,{"$f":"J200 / K1","v":7.8426642302419782E-6}]
[" 6.7.14 "," 8082 ","ORSE","Cabo de cobre nú 50 mm2 - fornecimento e assentamento (2,27m/kg)","kg",6.61,127.29,"",{"$f":"(TRUNC(G201 * K2,2) + G201)","v":155.16},1025.5999999999999,{"$f":"J201 / K1","v":1.4261412117971936E-4}]
[" 6.7.15 "," 9916 ","ORSE","Cabo de cobre nú 95 mm2 - fornecimento e assentamento (1,193 m/kg)","kg",16.760000000000002,73.760000000000005,"",{"$f":"(TRUNC(G202 * K2,2) + G202)","v":89.91},1506.89,{"$f":"J202 / K1","v":2.0953957982108748E-4}]
[" 6.7.16 "," 1095 ","ORSE","Haste cobreada copperweld p/ aterramento d=  5/8\" x 3,00 m, excluso conector","un",6,82.01,0.14410000000000001,{"$f":"(TRUNC(G203 * H203,2) + G203)","v":93.820000000000007},562.91999999999996,{"$f":"J203 / K1","v":7.8276463625670455E-5}]
[" 6.7.17 "," 4429 ","ORSE","Caixa de inspeção  0,30 x 0,30 x 0,40m","un",1,156.22999999999999,"",{"$f":"(TRUNC(G204 * K2,2) + G204)","v":190.44},190.44,{"$f":"J204 / K1","v":2.6481506666795785E-5}]
[" 6.7.18 "," 2858 ","ORSE","Fornecimento de chave fusível 15kv - 100a, ruptura assim. 10 ka","un",6,390,"",{"$f":"(TRUNC(G205 * K2,2) + G205)","v":475.40999999999997},2852.46,{"$f":"J205 / K1","v":3.9664691507439772E-4}]
[" 6.7.19 "," 3769 ","ORSE","Fornecimento e instalação de elo fusível tipo 10k, comp.= 500mm","un",3,18.7,"",{"$f":"(TRUNC(G206 * K2,2) + G206)","v":22.79},68.37,{"$f":"J206 / K1","v":9.5071445642135466E-6}]
[" 6.7.20 "," 102108 ","SINAPI","TRANSFORMADOR DE DISTRIBUIÇÃO, 300 KVA, TRIFÁSICO, 60 HZ, CLASSE 15 KV, IMERSO EM ÓLEO MINERAL, INSTALAÇÃO EM POSTE (NÃO INCLUSO SUPORTE) - FORNECIMENTO E INSTALAÇÃO. AF_12/2020","UN",1,37351.75,"",{"$f":"(TRUNC(G207 * K2,2) + G207)","v":45531.78},45531.78,{"$f":"J207 / K1","v":6.3313911763341682E-3}]
[" 6.7.21 "," 94972 ","SINAPI","CONCRETO FCK = 30MPA, TRAÇO 1:2,1:2,5 (EM MASSA SECA DE CIMENTO/ AREIA MÉDIA/ BRITA 1) - PREPARO MECÂNICO COM BETONEIRA 600 L. AF_05/2021","m³",1,767.23,"",{"$f":"(TRUNC(G208 * K2,2) + G208)","v":935.25},935.25,{"$f":"J208 / K1","v":1.3005056243499662E-4}]
[" 6.7.22 "," 4228 ","ORSE","Eletroduto de ferro galvanizado sem costura d= 4\" - Fornecimento","Un",6,991,"",{"$f":"(TRUNC(G209 * K2,2) + G209)","v":1208.02},7248.12,{"$f":"J209 / K1","v":1.0078824727039271E-3}]
[" 6.7.23 "," 3154 ","ORSE","Cabeçote de alumínio de 4\"","Un",2,38.9,0.14410000000000001,{"$f":"(TRUNC(G210 * H210,2) + G210)","v":44.5},89,{"$f":"J210 / K1","v":1.23758353987861E-5}]
[" 6.7.24 "," 11764 ","ORSE","Bucha com arruela em alumínio p/eletroduto 100mm, d=4\"","un",4,24.42,"",{"$f":"(TRUNC(G211 * K2,2) + G211)","v":29.76},119.04,{"$f":"J211 / K1","v":1.6553027481702219E-5}]
[" 6.7.25 "," 12461 ","ORSE","Luva para eletroduto galvanizado, diâm = 4\"","un",2,35.82,"",{"$f":"(TRUNC(G212 * K2,2) + G212)","v":43.66},87.32,{"$f":"J212 / K1","v":1.214222412384272E-5}]
[" 6.7.26 "," 9034 ","ORSE","Disjuntor termomagnético tripolar 150 A com caixa moldada 10 kA","un",2,546.13,"",{"$f":"(TRUNC(G213 * K2,2) + G213)","v":665.73},1331.46,{"$f":"J213 / K1","v":1.8514527865244653E-4}]
[" 6.7.27 "," 8910 ","ORSE","Disjuntor tripolar 630 A com caixa moldada, 30kA","un",1,5669.51,"",{"$f":"(TRUNC(G214 * K2,2) + G214)","v":6911.13},6911.13,{"$f":"J214 / K1","v":9.6102255392823115E-4}]
[" 6.7.28 "," 9688 ","ORSE","Disjuntor termomagnético tripolar 125 A com caixa moldada 10 kA","un",1,566.13,"",{"$f":"(TRUNC(G215 * K2,2) + G215)","v":690.11},690.11,{"$f":"J215 / K1","v":9.5962783899508714E-5}]
[" 6.7.29 "," 8903 ","ORSE","Disjuntor termomagnético tripolar 400 A com caixa moldada 10 kA","un",1,1758.92,"",{"$f":"(TRUNC(G216 * K2,2) + G216)","v":2144.12},2144.12,{"$f":"J216 / K1","v":2.981491707330927E-4}]
[" 6.7.30 "," 101894 ","SINAPI","DISJUNTOR TRIPOLAR TIPO NEMA, CORRENTE NOMINAL DE 60 ATÉ 100A - FORNECIMENTO E INSTALAÇÃO. AF_10/2020","UN",1,170.35,"",{"$f":"(TRUNC(G217 * K2,2) + G217)","v":207.64999999999998},207.65,{"$f":"J217 / K1","v":2.8874631691662176E-5}]
[" 6.7.31 "," 00039472 ","SINAPI","DISPOSITIVO DPS CLASSE II, 1 POLO, TENSAO MAXIMA DE 275 V, CORRENTE MAXIMA DE *90* KA (TIPO AC)","UN",4,200.77,0.14410000000000001,{"$f":"(TRUNC(G218 * H218,2) + G218)","v":229.70000000000002},918.8,{"$f":"J218 / K1","v":1.2776311870117603E-4}]
[" 6.7.32 "," COTAÇÃO - 112 ","Próprio","BARRAMENTO CHATA COBRE ELETROLÍTICO 19,05X3,18MM","M",25,125.86,0.14410000000000001,{"$f":"(TRUNC(G219 * H219,2) + G219)","v":143.99},3599.75,{"$f":"J219 / K1","v":5.0056082558180067E-4}]
[" 6.7.33 "," COTAÇÃO - 113 ","Próprio","BARRAMENTO CHATA COBRE ELETROLÍTICO 50,80X 3,18MM","M",15,140.49,0.14410000000000001,{"$f":"(TRUNC(G220 * H220,2) + G220)","v":160.73000000000002},2410.9499999999998,{"$f":"J220 / K1","v":3.35253037693296E-4}]
[" 6.7.34 "," COTAÇÃO - 114 ","Próprio","BARRAMENTO COBRE 70,20 X 6,35 MM²","M",15,171.89,0.14410000000000001,{"$f":"(TRUNC(G221 * H221,2) + G221)","v":196.64999999999998},2949.75,{"$f":"J221 / K1","v":4.1017551087156514E-4}]
[" 6.7.35 "," 12889 ","ORSE","Placa de sinalizacao, fotoluminescente, em pvc , com logotipo \"Cuidado risco de choque elétrico\"- Placa E5","un",1,17.850000000000001,"",{"$f":"(TRUNC(G222 * K2,2) + G222)","v":21.75},21.75,{"$f":"J222 / K1","v":3.0244316845348051E-6}]
[" 6.7.36 "," 92998 ","SINAPI","CABO DE COBRE FLEXÍVEL ISOLADO, 185 MM², ANTI-CHAMA 0,6/1,0 KV, PARA REDE ENTERRADA DE DISTRIBUIÇÃO DE ENERGIA ELÉTRICA - FORNECIMENTO E INSTALAÇÃO. AF_12/2021","M",120,228.27,"",{"$f":"(TRUNC(G223 * K2,2) + G223)","v":278.26},33391.199999999997,{"$f":"J223 / K1","v":4.6431909546960264E-3}]
[" 6.7.37 "," 92992 ","SINAPI","CABO DE COBRE FLEXÍVEL ISOLADO, 95 MM², ANTI-CHAMA 0,6/1,0 KV, PARA REDE ENTERRADA DE DISTRIBUIÇÃO DE ENERGIA ELÉTRICA - FORNECIMENTO E INSTALAÇÃO. AF_12/2021","M",30,118.26,"",{"$f":"(TRUNC(G224 * K2,2) + G224)","v":144.15},4324.5,{"$f":"J224 / K1","v":6.0134045148371338E-4}]
[" 6.7.38 "," 11096 ","ORSE","Molde de solda exotérmica para cabo cobre nu 95 mm²","un",2,352,0.14410000000000001,{"$f":"(TRUNC(G225 * H225,2) + G225)","v":402.72},805.44,{"$f":"J225 / K1","v":1.1199991981571098E-4}]
[" 6.7.39 "," COMPOSIÇÃO - 148 ","Próprio","SOLDA EXOTÉRMICA","UN",8,252.67,"",{"$f":"(TRUNC(G226 * K2,2) + G226)","v":308},2464,{"$f":"J226 / K1","v":3.426298699169545E-4}]
[" 6.7.40 "," 9724 ","ORSE","QFAC - Quadro / Painel em chapa de aço com pintura eletrostática a pó poliester na cor bege, grau de proteção IP 54, com barramento, sem disjuntores - 1500x1000x350mm","un",1,6391.26,"",{"$f":"(TRUNC(G227 * K2,2) + G227)","v":7790.9400000000005},7790.94,{"$f":"J227 / K1","v":1.0833639442900964E-3}]
[" 6.7.41 "," COTAÇÃO - 115 ","Próprio","VIDRO ACRÍLICO TRANSPARENTE ANTICHAMA 750 X 950 X 5 MM","UN",1,550,0.14410000000000001,{"$f":"(TRUNC(G228 * H228,2) + G228)","v":629.25},629.25,{"$f":"J228 / K1","v":8.7499937356024191E-5}]
[" 6.8 ","  ",null,"PROJETOS DE RAMAIS DE CARGAS DOS QUADROS DE MEDIDORES",null,1,"","",{"$f":"J230 + J231 + J232 + J233 + J234 + J235 + J236 + J237 + J238 + J239 + J240","v":207824.99000000002},207824.99,{"$f":"J229 / K1","v":2.8898964808925471E-2}]
[" 6.8.1 "," 92994 ","SINAPI","CABO DE COBRE FLEXÍVEL ISOLADO, 120 MM², ANTI-CHAMA 0,6/1,0 KV, PARA REDE ENTERRADA DE DISTRIBUIÇÃO DE ENERGIA ELÉTRICA - FORNECIMENTO E INSTALAÇÃO. AF_12/2021","M",340,153.86000000000001,"",{"$f":"(TRUNC(G230 * K2,2) + G230)","v":187.55},63767,{"$f":"J230 / K1","v":8.8670774817347555E-3}]
[" 6.8.2 "," 92990 ","SINAPI","CABO DE COBRE FLEXÍVEL ISOLADO, 70 MM², ANTI-CHAMA 0,6/1,0 KV, PARA REDE ENTERRADA DE DISTRIBUIÇÃO DE ENERGIA ELÉTRICA - FORNECIMENTO E INSTALAÇÃO. AF_12/2021","M",345,91.4,"",{"$f":"(TRUNC(G231 * K2,2) + G231)","v":111.41000000000001},38436.449999999997,{"$f":"J231 / K1","v":5.3447548147603592E-3}]
[" 6.8.3 "," 92986 ","SINAPI","CABO DE COBRE FLEXÍVEL ISOLADO, 35 MM², ANTI-CHAMA 0,6/1,0 KV, PARA REDE ENTERRADA DE DISTRIBUIÇÃO DE ENERGIA ELÉTRICA - FORNECIMENTO E INSTALAÇÃO. AF_12/2021","M",65,45.26,"",{"$f":"(TRUNC(G232 * K2,2) + G232)","v":55.17},3586.05,{"$f":"J232 / K1","v":4.9865578125636958E-4}]
[" 6.8.4 "," 92988 ","SINAPI","CABO DE COBRE FLEXÍVEL ISOLADO, 50 MM², ANTI-CHAMA 0,6/1,0 KV, PARA REDE ENTERRADA DE DISTRIBUIÇÃO DE ENERGIA ELÉTRICA - FORNECIMENTO E INSTALAÇÃO. AF_12/2021","M",60,65.900000000000006,"",{"$f":"(TRUNC(G233 * K2,2) + G233)","v":80.330000000000013},4819.8,{"$f":"J233 / K1","v":6.7021406129291283E-4}]
[" 6.8.5 "," 101889 ","SINAPI","CABO DE COBRE ISOLADO, 25 MM², ANTI-CHAMA 0,6/1 KV, INSTALADO EM ELETROCALHA OU PERFILADO - FORNECIMENTO E INSTALAÇÃO. AF_10/2020","M",15,30.58,"",{"$f":"(TRUNC(G234 * K2,2) + G234)","v":37.269999999999996},559.04999999999995,{"$f":"J234 / K1","v":7.7738323367318742E-5}]
[" 6.8.6 "," 97670 ","SINAPI","ELETRODUTO FLEXÍVEL CORRUGADO, PEAD, DN 100 (4\"), PARA REDE ENTERRADA DE DISTRIBUIÇÃO DE ENERGIA ELÉTRICA - FORNECIMENTO E INSTALAÇÃO. AF_12/2021","M",115,25.26,"",{"$f":"(TRUNC(G235 * K2,2) + G235)","v":30.790000000000003},3540.85,{"$f":"J235 / K1","v":4.9237052552575009E-4}]
[" 6.8.7 "," 9469 ","ORSE","Caixa de passagem / poço de visita em concreto armado fck=21 mpa, inclusive tampa, dimensões internas 1.00 x 1.00 x 0.70 m","un",4,2224.08,"",{"$f":"(TRUNC(G236 * K2,2) + G236)","v":2711.15},10844.6,{"$f":"J236 / K1","v":1.5079885906255702E-3}]
[" 6.8.8 "," COTAÇÃO - 117 ","Próprio","QUADRO DE MEDIDOR P/ 22 MEDIDORES, COMPLETO P/ DISJUNTOR GERAL DE 125 A. MOD. TAF DIMENSÕES: 2650X1710X300MM","UN",1,12921.57,0.14410000000000001,{"$f":"(TRUNC(G237 * H237,2) + G237)","v":14783.56},14783.56,{"$f":"J237 / K1","v":2.0557180355963846E-3}]
[" 6.8.9 "," COTAÇÃO - 118 ","Próprio","CABINE DO QPG EXECUTADA EM ALVENARIA PARA INSTALAÇÃO DO PAINEL DO QPG. DIMENSÕES 135X220X200CM (LXPXA).","UN",1,12000,0.14410000000000001,{"$f":"(TRUNC(G238 * H238,2) + G238)","v":13729.2},13729.2,{"$f":"J238 / K1","v":1.9091047118765631E-3}]
[" 6.8.10 "," COTAÇÃO - 122 ","Próprio","QUADRO DE MEDIDOR P/ 24 MEDIDORES, COMPLETO P/ DISJUNTOR GERAL DE 400 A, MOD. TAF DIMENSÕES: 2910 X 1710 X 300 MM","UN",1,14096.26,0.14410000000000001,{"$f":"(TRUNC(G239 * H239,2) + G239)","v":16127.53},16127.53,{"$f":"J239 / K1","v":2.2426028839211774E-3}]
[" 6.8.11 "," COTAÇÃO - 123 ","Próprio","QUADRO DE MEDIDOR P/ 28 MEDIDORES, COMPLETO P/ DISJUNTOR GERAL DE 150 A, MOD. TAF DIMENSÕES: 3170 X 1710 X 300 MM","UN",2,16445.64,0.14410000000000001,{"$f":"(TRUNC(G240 * H240,2) + G240)","v":18815.45},37630.9,{"$f":"J240 / K1","v":5.2327395989683126E-3}]
[" 6.9 ","  ",null,"PROJETO ELÉTRICO DE CABEAMENTO ESTRUTURADO",null,1,"","",{"$f":"J242 + J243 + J244 + J245 + J246 + J247 + J248 + J249 + J250 + J251 + J252 + J253 + J254 + J255 + J256 + J257 + J258 + J259 + J260 + J261 + J262 + J263 + J264 + J265 + J266 + J267 + J268 + J269 + J270 + J271 + J272 + J273 + J274 + J275 + J276 + J277 + J278 + J279 + J280 + J281 + J282 + J283 + J284 + J285 + J286","v":211884.23999999993},211884.24,{"$f":"J241 / K1","v":2.9463421099290895E-2}]
[" 6.9.1 "," 2797 ","ORSE","Caixa de passagem em alvenaria de tijolos maciços esp. = 0,12m,  dim. int. = 0.60 x 0.60 x 0.60m","un",3,442.52,"",{"$f":"(TRUNC(G242 * K2,2) + G242)","v":539.42999999999995},1618.29,{"$f":"J242 / K1","v":2.2503023221911861E-4}]
[" 6.9.2 "," 388 ","ORSE","Tampa articulada de ferro fundido 60 x 60cm, inclusive instalação","un",3,1682.25,"",{"$f":"(TRUNC(G243 * K2,2) + G243)","v":2050.66},6151.98,{"$f":"J243 / K1","v":8.5545945906319212E-4}]
[" 6.9.3 "," 12915 ","ORSE","Caixa de concreto pre moldado para aterramento, com tampa, 40 x 40 x 40, e = 5cm","un",8,98.91,"",{"$f":"(TRUNC(G244 * K2,2) + G244)","v":120.57},964.56,{"$f":"J244 / K1","v":1.3412624485677663E-4}]
[" 6.9.4 "," 6410 ","ORSE","Tampa de concreto para caixas de passagem 0,40x0,40mx0,07m","un",8,26.88,"",{"$f":"(TRUNC(G245 * K2,2) + G245)","v":32.76},262.08,{"$f":"J245 / K1","v":3.6443358891166978E-5}]
[" 6.9.5 "," 4228 ","ORSE","Eletroduto de ferro galvanizado sem costura d= 4\" - Fornecimento","Un",2,991,"",{"$f":"(TRUNC(G246 * K2,2) + G246)","v":1208.02},2416.04,{"$f":"J246 / K1","v":3.3596082423464235E-4}]
[" 6.9.6 "," 3154 ","ORSE","Cabeçote de alumínio de 4\"","Un",1,38.9,0.14410000000000001,{"$f":"(TRUNC(G247 * H247,2) + G247)","v":44.5},44.5,{"$f":"J247 / K1","v":6.18791769939305E-6}]
[" 6.9.7 "," 766 ","ORSE","Curva 90° ferro galvanizado d= 3/4\"","un",1,24.54,0.14410000000000001,{"$f":"(TRUNC(G248 * H248,2) + G248)","v":28.07},28.07,{"$f":"J248 / K1","v":3.903255052178942E-6}]
[" 6.9.8 "," 95782 ","SINAPI","CONDULETE DE ALUMÍNIO, TIPO E, ELETRODUTO DE AÇO GALVANIZADO DN 25 MM (1''), APARENTE - FORNECIMENTO E INSTALAÇÃO. AF_10/2022","UN",20,32.82,"",{"$f":"(TRUNC(G249 * K2,2) + G249)","v":40},800,{"$f":"J249 / K1","v":1.1124346425875146E-4}]
[" 6.9.9 "," 11975 ","ORSE","Abraçadeira de alumínio 1 \" 25mm (DAISA BC-100) ou similar","un",60,7.02,"",{"$f":"(TRUNC(G250 * K2,2) + G250)","v":8.5499999999999989},513,{"$f":"J250 / K1","v":7.1334871455924369E-5}]
[" 6.9.10 "," 91847 ","SINAPI","ELETRODUTO FLEXÍVEL CORRUGADO REFORÇADO, PVC, DN 32 MM (1\"), PARA CIRCUITOS TERMINAIS, INSTALADO EM LAJE - FORNECIMENTO E INSTALAÇÃO. AF_03/2023","M",100,13.67,"",{"$f":"(TRUNC(G251 * K2,2) + G251)","v":16.66},1666,{"$f":"J251 / K1","v":2.316645143188499E-4}]
[" 6.9.11 "," 91871 ","SINAPI","ELETRODUTO RÍGIDO ROSCÁVEL, PVC, DN 25 MM (3/4\"), PARA CIRCUITOS TERMINAIS, INSTALADO EM PAREDE - FORNECIMENTO E INSTALAÇÃO. AF_03/2023","M",456,14.35,"",{"$f":"(TRUNC(G252 * K2,2) + G252)","v":17.489999999999998},7975.44,{"$f":"J252 / K1","v":1.1090194682347708E-3}]
[" 6.9.12 "," 91890 ","SINAPI","CURVA 90 GRAUS PARA ELETRODUTO, PVC, ROSCÁVEL, DN 25 MM (3/4\"), PARA CIRCUITOS TERMINAIS, INSTALADA EM FORRO - FORNECIMENTO E INSTALAÇÃO. AF_03/2023","UN",110,13.19,"",{"$f":"(TRUNC(G253 * K2,2) + G253)","v":16.07},1767.7,{"$f":"J253 / K1","v":2.4580633971274372E-4}]
[" 6.9.13 "," 12464 ","ORSE","Fornecimento e instalação de parafuso cabeça chata rosca soberbal 6,10 x 65mm, com bucha de nylon s10 sem abas","un",750,3.51,"",{"$f":"(TRUNC(G254 * K2,2) + G254)","v":4.2699999999999996},3202.5,{"$f":"J254 / K1","v":4.4532149286081443E-4}]
[" 6.9.14 "," 00007568 ","SINAPI","BUCHA DE NYLON SEM ABA S10, COM PARAFUSO DE 6,10 X 65 MM EM ACO ZINCADO COM ROSCA SOBERBA, CABECA CHATA E FENDA PHILLIPS","UN",570,0.79,0.14410000000000001,{"$f":"(TRUNC(G255 * H255,2) + G255)","v":0.9},513,{"$f":"J255 / K1","v":7.1334871455924369E-5}]
[" 6.9.15 "," 9708 ","ORSE","Parafuso fenda em aço inox auto-atarrachante d=4,2 x 32mm, ref:TEL-5333","un",550,0.53,0.14410000000000001,{"$f":"(TRUNC(G256 * H256,2) + G256)","v":0.60000000000000009},330,{"$f":"J256 / K1","v":4.5887929006734973E-5}]
[" 6.9.16 "," 00004356 ","SINAPI","PARAFUSO DE ACO ZINCADO COM ROSCA SOBERBA, CABECA CHATA E FENDA SIMPLES, DIAMETRO 4,8 MM, COMPRIMENTO 45 MM","UN",100,0.26,0.14410000000000001,{"$f":"(TRUNC(G257 * H257,2) + G257)","v":0.29000000000000004},29,{"$f":"J257 / K1","v":4.0325755793797399E-6}]
[" 6.9.17 "," 12538 ","ORSE","Arruela de pressão 1/4\"","un",350,0.41,"",{"$f":"(TRUNC(G258 * K2,2) + G258)","v":0.49},171.5,{"$f":"J258 / K1","v":2.3847817650469843E-5}]
[" 6.9.18 "," 9816 ","ORSE","Arruela lisa zincada d=1/4\"","un",350,0.41,"",{"$f":"(TRUNC(G259 * K2,2) + G259)","v":0.49},171.5,{"$f":"J259 / K1","v":2.3847817650469843E-5}]
[" 6.9.19 "," 00039997 ","SINAPI","PORCA ZINCADA, SEXTAVADA, DIAMETRO 1/4\"","UN",1340,0.31,0.14410000000000001,{"$f":"(TRUNC(G260 * H260,2) + G260)","v":0.35},{"$f":"TRUNC(F260 * I260,2)","v":469},{"$f":"J260 / K1","v":6.5216480921693047E-5}]
[" 6.9.20 "," 00011945 ","SINAPI","BUCHA DE NYLON SEM ABA S4","UN",550,7.0000000000000007E-2,0.14410000000000001,{"$f":"(TRUNC(G261 * H261,2) + G261)","v":0.08},44,{"$f":"J261 / K1","v":6.1183905342313301E-6}]
[" 6.9.21 "," 799 ","ORSE","Poste em tubo de aço galvanizado, pesado, d=2\" (50mm), altura útil=2,50m, altura total=3,20m","un",6,445.09,"",{"$f":"(TRUNC(G262 * K2,2) + G262)","v":542.55999999999995},3255.36,{"$f":"J262 / K1","v":4.5267190476171144E-4}]
[" 6.9.22 "," 11520 ","ORSE","Câmera Vm S5040 Vf 1/3, 760 linhas 2.8 a 12mm, da Intelbras ou similar","un",38,584.44000000000005,"",{"$f":"(TRUNC(G263 * K2,2) + G263)","v":712.43000000000006},27072.34,{"$f":"J263 / K1","v":3.7645261089884591E-3}]
[" 6.9.23 "," 11750 ","ORSE","Cabo coaxial rg-6","m",1500,6.17,"",{"$f":"(TRUNC(G264 * K2,2) + G264)","v":7.52},11280,{"$f":"J264 / K1","v":1.5685328460483955E-3}]
[" 6.9.24 "," COTAÇÃO - 119 ","Próprio","SISTEMA DE VDR PARA 40 CÂMERAS COM GRAVAÇÃO CONTÍNUA. CAPACIDADE DE ARMAZENAMENTO DO SISTEMA DE 30TB. FORNECIDO COM MATERIAIS E EQUIPAMENTOS COMPLEMENTARES PARA CORRETO FUNCIONAMENTO DO SISTEMA.","UN",1,4942.45,0.14410000000000001,{"$f":"(TRUNC(G265 * H265,2) + G265)","v":5654.65},5654.65,{"$f":"J265 / K1","v":7.8630356896343607E-4}]
[" 6.9.25 "," 13119 ","ORSE","Fornecimento e instalação de NOBREAK NHS PRIME SENOIDALl, ref. 91.C1.030004 (PRIME 3000VA com 08 baterias seladas 7AH/S.120V/C.ETH). Cor preta. Ou similar.","un",1,8025.73,"",{"$f":"(TRUNC(G266 * K2,2) + G266)","v":9783.36},9783.36,{"$f":"J266 / K1","v":1.3604185731131233E-3}]
[" 6.9.26 "," 100556 ","SINAPI","CAIXA DE PASSAGEM PARA TELEFONE 15X15X10CM (SOBREPOR), FORNECIMENTO E INSTALACAO. AF_11/2019","UN",38,41.02,"",{"$f":"(TRUNC(G267 * K2,2) + G267)","v":50},1900,{"$f":"J267 / K1","v":2.6420322761453471E-4}]
[" 6.9.27 "," 98297 ","SINAPI","CABO ELETRÔNICO CATEGORIA 6, INSTALADO EM EDIFICAÇÃO INSTITUCIONAL - FORNECIMENTO E INSTALAÇÃO. AF_11/2019","M",9000,5.8,"",{"$f":"(TRUNC(G268 * K2,2) + G268)","v":7.07},63630,{"$f":"J268 / K1","v":8.8480270384804442E-3}]
[" 6.9.28 "," 98307 ","SINAPI","TOMADA DE REDE RJ45 - FORNECIMENTO E INSTALAÇÃO. AF_11/2019","UN",220,48.44,"",{"$f":"(TRUNC(G269 * K2,2) + G269)","v":59.04},12988.8,{"$f":"J269 / K1","v":1.8061488857050885E-3}]
[" 6.9.29 "," 13604 ","ORSE","Tomada lógica RJ-45, com 2 módulos - Sistema X","un",110,79.27,"",{"$f":"(TRUNC(G270 * K2,2) + G270)","v":96.63},10629.3,{"$f":"J270 / K1","v":1.4780501933069335E-3}]
[" 6.9.30 "," 98305 ","SINAPI","RACK FECHADO PARA SERVIDOR - FORNECIMENTO E INSTALAÇÃO. AF_11/2019","UN",1,2246.5100000000002,"",{"$f":"(TRUNC(G271 * K2,2) + G271)","v":2738.4900000000002},2738.49,{"$f":"J271 / K1","v":3.8079889304743533E-4}]
[" 6.9.31 "," 7867 ","ORSE","Switch 24 portas 10/100 Mbps - fornecimento","un",5,520,"",{"$f":"(TRUNC(G272 * K2,2) + G272)","v":633.88},3169.4,{"$f":"J272 / K1","v":4.4071879452710859E-4}]
[" 6.9.32 "," 9538 ","ORSE","Fornecimento e instalação de patch cords 110/RJ45 c/1,50m - Rev 01","un",10,44,"",{"$f":"(TRUNC(G273 * K2,2) + G273)","v":53.63},536.29999999999995,{"$f":"J273 / K1","v":7.4574837352460503E-5}]
[" 6.9.33 "," 8684 ","ORSE","Fornecimento e instalação de eletrocalha perfurada 100 x   100 x 3000 mm (ref. mopa ou similar)","un",140,102.48,"",{"$f":"(TRUNC(G274 * K2,2) + G274)","v":124.92},17488.8,{"$f":"J274 / K1","v":2.4318933721605655E-3}]
[" 6.9.34 "," 12615 ","ORSE","Curva horizontal 100 x 100 mm, lisa, zincada, para eletrocalha metálica, com ângulo 90°, (ref.: mopa ou similar)","un",8,40.69,"",{"$f":"(TRUNC(G275 * K2,2) + G275)","v":49.599999999999994},396.8,{"$f":"J275 / K1","v":5.5176758272340725E-5}]
[" 6.9.35 "," 8687 ","ORSE","Tê horizontal 100 x 100 mm para eletrocalha metálica (ref. Mopa ou similar)","un",4,33.700000000000003,"",{"$f":"(TRUNC(G276 * K2,2) + G276)","v":41.080000000000005},164.32,{"$f":"J276 / K1","v":2.2849407558747548E-5}]
[" 6.9.36 "," 12528 ","ORSE","Tê vertical descida lateral 100 x 75 mm, liso, zincado, para eletrocalha metálica (ref.: mopa ou similar)","un",2,53.53,"",{"$f":"(TRUNC(G277 * K2,2) + G277)","v":65.25},130.5,{"$f":"J277 / K1","v":1.8146590107208831E-5}]
[" 6.9.37 "," 12531 ","ORSE","Tê vertical  de subida 100 x 75 mm, liso, zincada, para eletrocalha metálica (ref. Mopa ou similar)","un",1,59.1,"",{"$f":"(TRUNC(G278 * K2,2) + G278)","v":72.040000000000006},72.040000000000006,{"$f":"J278 / K1","v":1.001747395650057E-5}]
[" 6.9.38 "," 12489 ","ORSE","Fornecimento e instalação de saída horizontal para eletroduto 4\" (ref. mopa ou similar)","un",110,31.87,"",{"$f":"(TRUNC(G279 * K2,2) + G279)","v":38.840000000000003},4272.3999999999996,{"$f":"J279 / K1","v":5.9409572087386212E-4}]
[" 6.9.39 "," 9519 ","ORSE","Tala plana perfurada 100mm para eletrocalha metálica (ref.: mopa ou similar) - Rev 01","un",100,8.7799999999999994,"",{"$f":"(TRUNC(G280 * K2,2) + G280)","v":10.7},1070,{"$f":"J280 / K1","v":1.4878813344608007E-4}]
[" 6.9.40 "," 11848 ","ORSE","Emenda interna 100 x 100 mm com base lisa perfurada para eletrocalha metálica(ref. Mopa ou similar)","un",130,11.7,"",{"$f":"(TRUNC(G281 * K2,2) + G281)","v":14.26},1853.8,{"$f":"J281 / K1","v":2.5777891755359182E-4}]
[" 6.9.41 "," 12611 ","ORSE","Terminal 100 x 100 mm, zincado, para eletrocalha metalica (ref. Mopa ou similar)","un",4,12.99,"",{"$f":"(TRUNC(G282 * K2,2) + G282)","v":15.83},63.32,{"$f":"J282 / K1","v":8.8049201960801778E-6}]
[" 6.9.42 "," 12523 ","ORSE","Tampa de encaixe 100 X 3000 mm, zincada, para eletrocalha metálica (ref.: mopa ou similar)","m",150,14.7,"",{"$f":"(TRUNC(G283 * K2,2) + G283)","v":17.91},2686.5,{"$f":"J283 / K1","v":3.7356945841391975E-4}]
[" 6.9.43 "," 12530 ","ORSE","Tampa de encaixe 100mm para Tê horizontal, zincada, para eletrocalha metálica(ref.: mopa ou similar)","un",4,15.51,"",{"$f":"(TRUNC(G284 * K2,2) + G284)","v":18.899999999999999},75.599999999999994,{"$f":"J284 / K1","v":1.0512507372452012E-5}]
[" 6.9.44 "," 12526 ","ORSE","Tampa de encaixe para curva 90º, horizontal, 100mm, zincada, para eletrocalhametálica","un",8,19.14,"",{"$f":"(TRUNC(G285 * K2,2) + G285)","v":23.330000000000002},186.64,{"$f":"J285 / K1","v":2.5953100211566713E-5}]
[" 6.9.45 "," 93358 ","SINAPI","ESCAVAÇÃO MANUAL DE VALA. AF_09/2024","m³",18,75.08,"",{"$f":"(TRUNC(G286 * K2,2) + G286)","v":91.52},1647.36,{"$f":"J286 / K1","v":2.2907254160162098E-4}]
[" 7 ","  ",null,"INSTALAÇÕES HIDROSSANITÁRIAS",null,1,"","",{"$f":"J288 + J331 + J380 + J390 + J394","v":315570.28999999998},315570.28999999998,{"$f":"J287 / K1","v":4.388141534592354E-2}]
[" 7.1 ","  ",null,"INSTALAÇÕES DE ÁGUA FRIA",null,1,"","",{"$f":"J289 + J290 + J291 + J292 + J293 + J294 + J295 + J296 + J297 + J298 + J299 + J300 + J301 + J302 + J303 + J304 + J305 + J306 + J307 + J308 + J309 + J310 + J311 + J312 + J313 + J314 + J315 + J316 + J317 + J318 + J319 + J320 + J321 + J322 + J323 + J324 + J325 + J326 + J327 + J328 + J329 + J330","v":78437.639999999985},78437.64,{"$f":"J288 / K1","v":1.0907093502351016E-2}]
[" 7.1.1 "," 100858 ","SINAPI","MICTÓRIO SIFONADO LOUÇA BRANCA - PADRÃO MÉDIO - FORNECIMENTO E INSTALAÇÃO. AF_01/2020","UN",6,720.02,"",{"$f":"(TRUNC(G289 * K2,2) + G289)","v":877.7},5266.2,{"$f":"J289 / K1","v":7.3228791434929612E-4}]
[" 7.1.2 "," 86909 ","SINAPI","TORNEIRA CROMADA TUBO MÓVEL, DE MESA, 1/2\" OU 3/4\", PARA PIA DE COZINHA, PADRÃO ALTO - FORNECIMENTO E INSTALAÇÃO. AF_01/2020","UN",16,200.34,"",{"$f":"(TRUNC(G290 * K2,2) + G290)","v":244.21},3907.36,{"$f":"J290 / K1","v":5.4333532813259384E-4}]
[" 7.1.3 "," 86916 ","SINAPI","TORNEIRA PLÁSTICA 3/4\" PARA TANQUE - FORNECIMENTO E INSTALAÇÃO. AF_01/2020","UN",8,23.92,"",{"$f":"(TRUNC(G291 * K2,2) + G291)","v":29.150000000000002},233.2,{"$f":"J291 / K1","v":3.2427469831426049E-5}]
[" 7.1.4 "," 86915 ","SINAPI","TORNEIRA CROMADA DE MESA, 1/2\" OU 3/4\", PARA LAVATÓRIO, PADRÃO MÉDIO - FORNECIMENTO E INSTALAÇÃO. AF_01/2020","UN",20,222.61,"",{"$f":"(TRUNC(G292 * K2,2) + G292)","v":271.36},5427.2,{"$f":"J292 / K1","v":7.5467566153136984E-4}]
[" 7.1.5 "," 95472 ","SINAPI","VASO SANITARIO SIFONADO CONVENCIONAL PARA PCD SEM FURO FRONTAL COM LOUÇA BRANCA SEM ASSENTO, INCLUSO CONJUNTO DE LIGAÇÃO PARA BACIA SANITÁRIA AJUSTÁVEL - FORNECIMENTO E INSTALAÇÃO. AF_01/2020","UN",8,709.39,"",{"$f":"(TRUNC(G293 * K2,2) + G293)","v":864.74},6917.92,{"$f":"J293 / K1","v":9.6196673283112735E-4}]
[" 7.1.6 "," 86931 ","SINAPI","VASO SANITÁRIO SIFONADO COM CAIXA ACOPLADA LOUÇA BRANCA, INCLUSO ENGATE FLEXÍVEL EM PLÁSTICO BRANCO, 1/2  X 40CM - FORNECIMENTO E INSTALAÇÃO. AF_01/2020","UN",10,461.25,"",{"$f":"(TRUNC(G294 * K2,2) + G294)","v":562.26},5622.6,{"$f":"J294 / K1","v":7.8184687767656998E-4}]
[" 7.1.7 "," 94489 ","SINAPI","REGISTRO DE ESFERA, PVC, SOLDÁVEL, COM VOLANTE, DN  25 MM - FORNECIMENTO E INSTALAÇÃO. AF_08/2021","UN",1,28.24,"",{"$f":"(TRUNC(G295 * K2,2) + G295)","v":34.42},34.42,{"$f":"J295 / K1","v":4.7862500497327815E-6}]
[" 7.1.8 "," 89353 ","SINAPI","REGISTRO DE GAVETA BRUTO, LATÃO, ROSCÁVEL, 3/4\" - FORNECIMENTO E INSTALAÇÃO. AF_08/2021","UN",9,42.39,"",{"$f":"(TRUNC(G296 * K2,2) + G296)","v":51.67},465.03,{"$f":"J296 / K1","v":6.466443523030899E-5}]
[" 7.1.9 "," 94793 ","SINAPI","REGISTRO DE GAVETA BRUTO, LATÃO, ROSCÁVEL, 1 1/4\", COM ACABAMENTO E CANOPLA CROMADOS - FORNECIMENTO E INSTALAÇÃO. AF_08/2021","UN",8,169.18,"",{"$f":"(TRUNC(G297 * K2,2) + G297)","v":206.23000000000002},1649.84,{"$f":"J297 / K1","v":2.2941739634082311E-4}]
[" 7.1.10 "," 89987 ","SINAPI","REGISTRO DE GAVETA BRUTO, LATÃO, ROSCÁVEL, 3/4\", COM ACABAMENTO E CANOPLA CROMADOS - FORNECIMENTO E INSTALAÇÃO. AF_08/2021","UN",24,101.08,"",{"$f":"(TRUNC(G298 * K2,2) + G298)","v":123.21},2957.04,{"$f":"J298 / K1","v":4.1118921693962301E-4}]
[" 7.1.11 "," 86886 ","SINAPI","ENGATE FLEXÍVEL EM INOX, 1/2  X 30CM - FORNECIMENTO E INSTALAÇÃO. AF_01/2020","UN",18,58.65,"",{"$f":"(TRUNC(G299 * K2,2) + G299)","v":71.489999999999995},1286.82,{"$f":"J299 / K1","v":1.7893789334680817E-4}]
[" 7.1.12 "," 86885 ","SINAPI","ENGATE FLEXÍVEL EM PLÁSTICO BRANCO, 1/2\" X 40CM - FORNECIMENTO E INSTALAÇÃO. AF_01/2020","UN",20,12.36,"",{"$f":"(TRUNC(G300 * K2,2) + G300)","v":15.059999999999999},301.2,{"$f":"J300 / K1","v":4.1883164293419925E-5}]
[" 7.1.13 "," 103950 ","SINAPI","JOELHO DE REDUÇÃO, 90 GRAUS, PVC, SOLDÁVEL, DN 25 MM X 20 MM, INSTALADO EM RAMAL OU SUB-RAMAL DE ÁGUA - FORNECIMENTO E INSTALAÇÃO. AF_06/2022","UN",18,9.5500000000000007,"",{"$f":"(TRUNC(G301 * K2,2) + G301)","v":11.64},209.52,{"$f":"J301 / K1","v":2.9134663289367007E-5}]
[" 7.1.14 "," 104197 ","SINAPI","CURVA 90 GRAUS, PPR, DN 25 MM, INSTALADO EM RAMAL OU SUB-RAMAL DE ÁGUA - FORNECIMENTO E INSTALAÇÃO. AF_08/2022","UN",1,28.15,"",{"$f":"(TRUNC(G302 * K2,2) + G302)","v":34.31},34.31,{"$f":"J302 / K1","v":4.7709540733972037E-6}]
[" 7.1.15 "," 89402 ","SINAPI","TUBO, PVC, SOLDÁVEL, DE 25MM, INSTALADO EM RAMAL DE DISTRIBUIÇÃO DE ÁGUA - FORNECIMENTO E INSTALAÇÃO. AF_06/2022","M",166.2,10.86,"",{"$f":"(TRUNC(G303 * K2,2) + G303)","v":13.23},2198.8200000000002,{"$f":"J303 / K1","v":3.0575544260178487E-4}]
[" 7.1.16 "," 94704 ","SINAPI","ADAPTADOR COM FLANGE E ANEL DE VEDAÇÃO, PVC, SOLDÁVEL, DN 32 MM X 1\", INSTALADO EM RESERVAÇÃO PREDIAL DE ÁGUA - FORNECIMENTO E INSTALAÇÃO. AF_04/2024","UN",32,22.45,"",{"$f":"(TRUNC(G304 * K2,2) + G304)","v":27.36},875.52,{"$f":"J304 / K1","v":1.217448472847776E-4}]
[" 7.1.17 "," 94705 ","SINAPI","ADAPTADOR COM FLANGE E ANEL DE VEDAÇÃO, PVC, SOLDÁVEL, DN 40 MM X 1 1/4\", INSTALADO EM RESERVAÇÃO PREDIAL DE ÁGUA - FORNECIMENTO E INSTALAÇÃO. AF_04/2024","UN",32,30.59,"",{"$f":"(TRUNC(G305 * K2,2) + G305)","v":37.28},1192.96,{"$f":"J305 / K1","v":1.6588625390265017E-4}]
[" 7.1.18 "," 89429 ","SINAPI","ADAPTADOR CURTO COM BOLSA E ROSCA PARA REGISTRO, PVC, SOLDÁVEL, DN 25MM X 3/4 , INSTALADO EM RAMAL DE DISTRIBUIÇÃO DE ÁGUA - FORNECIMENTO E INSTALAÇÃO. AF_06/2022","UN",48,5.43,"",{"$f":"(TRUNC(G306 * K2,2) + G306)","v":6.6099999999999994},317.27999999999997,{"$f":"J306 / K1","v":4.4119157925020821E-5}]
[" 7.1.19 "," 94658 ","SINAPI","ADAPTADOR CURTO COM BOLSA E ROSCA PARA REGISTRO, PVC, SOLDÁVEL, DN 32 MM X 1\", INSTALADO EM RESERVAÇÃO PREDIAL DE ÁGUA - FORNECIMENTO E INSTALAÇÃO. AF_04/2024","UN",19,4.5,"",{"$f":"(TRUNC(G307 * K2,2) + G307)","v":5.48},104.12,{"$f":"J307 / K1","v":1.4478336873276503E-5}]
[" 7.1.20 "," 103992 ","SINAPI","ADAPTADOR CURTO COM BOLSA E ROSCA PARA REGISTRO, PVC, SOLDÁVEL, DN 40MM X 1.1/4\", INSTALADO EM RAMAL DE DISTRIBUIÇÃO DE ÁGUA - FORNECIMENTO E INSTALAÇÃO. AF_06/2022","UN",16,9.99,"",{"$f":"(TRUNC(G308 * K2,2) + G308)","v":12.17},194.72,{"$f":"J308 / K1","v":2.7076659200580105E-5}]
[" 7.1.21 "," 105231 ","SINAPI","BUCHA DE REDUÇÃO, PPR, DN 32 X 25 MM, INSTALADO EM RESERVAÇÃO PREDIAL DE ÁGUA - FORNECIMENTO E INSTALAÇÃO. AF_04/2024","UN",8,8.5,"",{"$f":"(TRUNC(G309 * K2,2) + G309)","v":10.36},82.88,{"$f":"J309 / K1","v":1.1524822897206649E-5}]
[" 7.1.22 "," 103993 ","SINAPI","BUCHA DE REDUÇÃO, PVC, SOLDÁVEL, DN 40MM X 32MM, INSTALADO EM RAMAL DE DISTRIBUIÇÃO DE ÁGUA - FORNECIMENTO E INSTALAÇÃO. AF_06/2022","UN",10,8.64,"",{"$f":"(TRUNC(G310 * K2,2) + G310)","v":10.530000000000001},105.3,{"$f":"J310 / K1","v":1.464242098305816E-5}]
[" 7.1.23 "," 105180 ","SINAPI","JOELHO PVC, SOLDÁVEL, 45 GRAUS, DN 40 MM, INSTALADO EM RESERVAÇÃO PREDIAL DE ÁGUA - FORNECIMENTO E INSTALAÇÃO. AF_04/2024","UN",17,11.23,"",{"$f":"(TRUNC(G311 * K2,2) + G311)","v":13.68},232.56,{"$f":"J311 / K1","v":3.2338475060019047E-5}]
[" 7.1.24 "," 00001648 ","SINAPI","CRUZETA DE FERRO GALVANIZADO, COM ROSCA BSP, DE 1\"","UN",1,46.11,0.14410000000000001,{"$f":"(TRUNC(G312 * H312,2) + G312)","v":52.75},52.75,{"$f":"J312 / K1","v":7.3351159245614245E-6}]
[" 7.1.25 "," 00001649 ","SINAPI","CRUZETA DE FERRO GALVANIZADO, COM ROSCA BSP, DE 1 1/2\"","UN",5,85.61,0.14410000000000001,{"$f":"(TRUNC(G313 * H313,2) + G313)","v":97.94},489.7,{"$f":"J313 / K1","v":6.8094905559388234E-5}]
[" 7.1.26 "," 89408 ","SINAPI","JOELHO 90 GRAUS, PVC, SOLDÁVEL, DN 25MM, INSTALADO EM RAMAL DE DISTRIBUIÇÃO DE ÁGUA - FORNECIMENTO E INSTALAÇÃO. AF_06/2022","UN",93,7.75,"",{"$f":"(TRUNC(G314 * K2,2) + G314)","v":9.44},877.92,{"$f":"J314 / K1","v":1.2207857767755384E-4}]
[" 7.1.27 "," 89413 ","SINAPI","JOELHO 90 GRAUS, PVC, SOLDÁVEL, DN 32MM, INSTALADO EM RAMAL DE DISTRIBUIÇÃO DE ÁGUA - FORNECIMENTO E INSTALAÇÃO. AF_06/2022","UN",25,10.71,"",{"$f":"(TRUNC(G315 * K2,2) + G315)","v":13.05},326.25,{"$f":"J315 / K1","v":4.536647526802208E-5}]
[" 7.1.28 "," 89497 ","SINAPI","JOELHO 90 GRAUS, PVC, SOLDÁVEL, DN 40MM, INSTALADO EM PRUMADA DE ÁGUA - FORNECIMENTO E INSTALAÇÃO. AF_06/2022","UN",8,11.38,"",{"$f":"(TRUNC(G316 * K2,2) + G316)","v":13.870000000000001},110.96,{"$f":"J316 / K1","v":1.5429468492688827E-5}]
[" 7.1.29 "," 103951 ","SINAPI","JOELHO DE REDUÇÃO, 90 GRAUS, PVC, SOLDÁVEL, DN 32 MM X 25 MM, INSTALADO EM RAMAL OU SUB-RAMAL DE ÁGUA - FORNECIMENTO E INSTALAÇÃO. AF_06/2022","UN",5,13.05,"",{"$f":"(TRUNC(G317 * K2,2) + G317)","v":15.9},79.5,{"$f":"J317 / K1","v":1.1054819260713426E-5}]
[" 7.1.30 "," 89387 ","SINAPI","LUVA DE CORRER, PVC, SOLDÁVEL, DN 32MM, INSTALADO EM RAMAL OU SUB-RAMAL DE ÁGUA   FORNECIMENTO E INSTALAÇÃO. AF_06/2022","UN",1,25.29,"",{"$f":"(TRUNC(G318 * K2,2) + G318)","v":30.82},30.82,{"$f":"J318 / K1","v":4.2856544605683996E-6}]
[" 7.1.31 "," 103988 ","SINAPI","LUVA, PVC, SOLDÁVEL, DN 40MM, INSTALADO EM RAMAL DE DISTRIBUIÇÃO DE ÁGUA - FORNECIMENTO E INSTALAÇÃO. AF_06/2022","UN",1,11.09,"",{"$f":"(TRUNC(G319 * K2,2) + G319)","v":13.51},13.51,{"$f":"J319 / K1","v":1.8786240026696652E-6}]
[" 7.1.32 "," 89403 ","SINAPI","TUBO, PVC, SOLDÁVEL, DE 32MM, INSTALADO EM RAMAL DE DISTRIBUIÇÃO DE ÁGUA - FORNECIMENTO E INSTALAÇÃO. AF_06/2022","M",115.11,16.5,"",{"$f":"(TRUNC(G320 * K2,2) + G320)","v":20.11},2314.86,{"$f":"J320 / K1","v":3.2189130709251677E-4}]
[" 7.1.33 "," 103978 ","SINAPI","TUBO, PVC, SOLDÁVEL, DE 40MM, INSTALADO EM RAMAL DE DISTRIBUIÇÃO DE ÁGUA - FORNECIMENTO E INSTALAÇÃO. AF_06/2022","M",70.150000000000006,22.54,"",{"$f":"(TRUNC(G321 * K2,2) + G321)","v":27.47},1927.02,{"$f":"J321 / K1","v":2.6796047561987403E-4}]
[" 7.1.34 "," 89440 ","SINAPI","TE, PVC, SOLDÁVEL, DN 25MM, INSTALADO EM RAMAL DE DISTRIBUIÇÃO DE ÁGUA - FORNECIMENTO E INSTALAÇÃO. AF_06/2022","UN",50,10.7,"",{"$f":"(TRUNC(G322 * K2,2) + G322)","v":13.04},652,{"$f":"J322 / K1","v":9.0663423370882442E-5}]
[" 7.1.35 "," 89443 ","SINAPI","TE, PVC, SOLDÁVEL, DN 32MM, INSTALADO EM RAMAL DE DISTRIBUIÇÃO DE ÁGUA - FORNECIMENTO E INSTALAÇÃO. AF_06/2022","UN",11,14.99,"",{"$f":"(TRUNC(G323 * K2,2) + G323)","v":18.27},200.97,{"$f":"J323 / K1","v":2.7945748765101599E-5}]
[" 7.1.36 "," 104011 ","SINAPI","TE, PVC, SOLDÁVEL, DN 40MM, INSTALADO EM RAMAL DE DISTRIBUIÇÃO DE ÁGUA - FORNECIMENTO E INSTALAÇÃO. AF_06/2022","UN",16,21.91,"",{"$f":"(TRUNC(G324 * K2,2) + G324)","v":26.7},{"$f":"TRUNC(F324 * I324,2)","v":427.2},{"$f":"J324 / K1","v":5.9404009914173278E-5}]
[" 7.1.37 "," 89366 ","SINAPI","JOELHO 90 GRAUS COM BUCHA DE LATÃO, PVC, SOLDÁVEL, DN 25MM, X 3/4  INSTALADO EM RAMAL OU SUB-RAMAL DE ÁGUA - FORNECIMENTO E INSTALAÇÃO. AF_06/2022","UN",16,14.04,"",{"$f":"(TRUNC(G325 * K2,2) + G325)","v":17.11},273.76,{"$f":"J325 / K1","v":3.8067513469344747E-5}]
[" 7.1.38 "," 90373 ","SINAPI","JOELHO 90 GRAUS COM BUCHA DE LATÃO, PVC, SOLDÁVEL, DN 25MM, X 1/2  INSTALADO EM RAMAL OU SUB-RAMAL DE ÁGUA - FORNECIMENTO E INSTALAÇÃO. AF_06/2022","UN",26,11.29,"",{"$f":"(TRUNC(G326 * K2,2) + G326)","v":13.76},357.76,{"$f":"J326 / K1","v":4.9748077216513652E-5}]
[" 7.1.39 "," 89444 ","SINAPI","TÊ COM BUCHA DE LATÃO NA BOLSA CENTRAL, PVC, SOLDÁVEL, DN 32MM X 3/4 , INSTALADO EM RAMAL DE DISTRIBUIÇÃO DE ÁGUA - FORNECIMENTO E INSTALAÇÃO. AF_06/2022","UN",8,20.76,"",{"$f":"(TRUNC(G327 * K2,2) + G327)","v":25.3},202.4,{"$f":"J327 / K1","v":2.8144596457464118E-5}]
[" 7.1.40 "," 102617 ","SINAPI","CAIXA D´ÁGUA EM POLIÉSTER REFORÇADO COM FIBRA DE VIDRO, 5000 LITROS - FORNECIMENTO E INSTALAÇÃO. AF_06/2021","UN",8,3055.6,"",{"$f":"(TRUNC(G328 * K2,2) + G328)","v":3724.77},29798.16,{"$f":"J328 / K1","v":4.143563183670697E-3}]
[" 7.1.41 "," 2096 ","ORSE","Suporte para auxílio de deficientes físicos (barra de apoio) l = 50cm em tubode ferro galvanizado d = 1 1/2\"","un",8,69.569999999999993,"",{"$f":"(TRUNC(G329 * K2,2) + G329)","v":84.8},678.4,{"$f":"J329 / K1","v":9.433445769142123E-5}]
[" 7.1.42 "," 00001402 ","SINAPI","COLAR TOMADA PVC, COM TRAVAS, SAIDA COM ROSCA, DE 32 MM X 1/2\" OU 32 MM X 3/4\", PARA LIGACAO PREDIAL DE AGUA","UN",1,6.02,0.14410000000000001,{"$f":"(TRUNC(G330 * H330,2) + G330)","v":6.88},6.88,{"$f":"J330 / K1","v":9.5669379262526259E-7}]
[" 7.2 ","  ",null,"INSTALAÇÕES DE ESGOTO",null,1,"","",{"$f":"J332 + J333 + J334 + J335 + J336 + J337 + J338 + J339 + J340 + J341 + J342 + J343 + J344 + J345 + J346 + J347 + J348 + J349 + J350 + J351 + J352 + J353 + J354 + J355 + J356 + J357 + J358 + J359 + J360 + J361 + J362 + J363 + J364 + J365 + J366 + J367 + J368 + J369 + J370 + J371 + J372 + J373 + J374 + J375 + J376 + J377 + J378 + J379","v":128754.83},128754.83,{"$f":"J331 / K1","v":1.7903916661558276E-2}]
[" 7.2.1 "," 12897 ","ORSE","Ralo seco linear pvc sanitário d=90 com grelha aluminio","un",32,88.79,"",{"$f":"(TRUNC(G332 * K2,2) + G332)","v":108.23},3463.36,{"$f":"J332 / K1","v":4.8159520546898685E-4}]
[" 7.2.2 "," 1695 ","ORSE","Caixa sifonada quadrada, com sete entradas e uma saída, d = 150 x 150 x 50mm,ref. nº25, acabamento branco, marca Akros ou similar","un",10,53.02,"",{"$f":"(TRUNC(G333 * K2,2) + G333)","v":64.63},646.29999999999995,{"$f":"J333 / K1","v":8.9870813688038828E-5}]
[" 7.2.3 "," 89855 ","SINAPI","JOELHO 45 GRAUS, PVC, SERIE NORMAL, ESGOTO PREDIAL, DN 150 MM, JUNTA ELÁSTICA, FORNECIDO E INSTALADO EM SUBCOLETOR AÉREO DE ESGOTO SANITÁRIO. AF_08/2022","UN",21,97.26,"",{"$f":"(TRUNC(G334 * K2,2) + G334)","v":118.55000000000001},2489.5500000000002,{"$f":"J334 / K1","v":3.461827080567184E-4}]
[" 7.2.4 "," 97902 ","SINAPI","CAIXA ENTERRADA HIDRÁULICA RETANGULAR EM ALVENARIA COM TIJOLOS CERÂMICOS MACIÇOS, DIMENSÕES INTERNAS: 0,6X0,6X0,6 M PARA REDE DE ESGOTO. AF_12/2020","UN",2,612.20000000000005,"",{"$f":"(TRUNC(G335 * K2,2) + G335)","v":746.27},1492.54,{"$f":"J335 / K1","v":2.0754415018094612E-4}]
[" 7.2.5 "," 104329 ","SINAPI","CAIXA SIFONADA, COM GRELHA REDONDA, PVC, DN 150 X 150 X 50 MM, JUNTA SOLDÁVEL, FORNECIDA E INSTALADA EM RAMAL DE DESCARGA OU EM RAMAL DE ESGOTO SANITÁRIO. AF_08/2022","UN",24,78.08,"",{"$f":"(TRUNC(G336 * K2,2) + G336)","v":95.17},2284.08,{"$f":"J336 / K1","v":3.1761121480516127E-4}]
[" 7.2.6 "," 86882 ","SINAPI","SIFÃO DO TIPO GARRAFA/COPO EM PVC 1.1/4  X 1.1/2\" - FORNECIMENTO E INSTALAÇÃO. AF_01/2020","UN",36,23.51,"",{"$f":"(TRUNC(G337 * K2,2) + G337)","v":28.650000000000002},1031.4000000000001,{"$f":"J337 / K1","v":1.4342063629559532E-4}]
[" 7.2.7 "," 86883 ","SINAPI","SIFÃO DO TIPO FLEXÍVEL EM PVC 1  X 1.1/2  - FORNECIMENTO E INSTALAÇÃO. AF_01/2020","UN",6,12.7,"",{"$f":"(TRUNC(G338 * K2,2) + G338)","v":15.479999999999999},92.88,{"$f":"J338 / K1","v":1.2915366200441044E-5}]
[" 7.2.8 "," 86879 ","SINAPI","VÁLVULA EM PLÁSTICO 1\" PARA PIA, TANQUE OU LAVATÓRIO, COM OU SEM LADRÃO - FORNECIMENTO E INSTALAÇÃO. AF_01/2020","UN",36,9.76,"",{"$f":"(TRUNC(G339 * K2,2) + G339)","v":11.89},428.04,{"$f":"J339 / K1","v":5.9520815551644968E-5}]
[" 7.2.9 "," 104341 ","SINAPI","BUCHA DE REDUÇÃO LONGA, PVC, SÉRIE NORMAL, ESGOTO PREDIAL, DN 50 X 40 MM, JUNTA SOLDÁVEL E ELÁSTICA, FORNECIDO E INSTALADO EM RAMAL DE DESCARGA OU RAMAL DE ESGOTO SANITÁRIO. AF_08/2022","UN",6,9.85,"",{"$f":"(TRUNC(G340 * K2,2) + G340)","v":12},72,{"$f":"J340 / K1","v":1.0011911783287631E-5}]
[" 7.2.10 "," 89728 ","SINAPI","CURVA CURTA 90 GRAUS, PVC, SERIE NORMAL, ESGOTO PREDIAL, DN 40 MM, JUNTA SOLDÁVEL, FORNECIDO E INSTALADO EM RAMAL DE DESCARGA OU RAMAL DE ESGOTO SANITÁRIO. AF_08/2022","UN",6,11.26,"",{"$f":"(TRUNC(G341 * K2,2) + G341)","v":13.719999999999999},82.32,{"$f":"J341 / K1","v":1.1446952472225524E-5}]
[" 7.2.11 "," 89810 ","SINAPI","JOELHO 45 GRAUS, PVC, SERIE NORMAL, ESGOTO PREDIAL, DN 100 MM, JUNTA ELÁSTICA, FORNECIDO E INSTALADO EM PRUMADA DE ESGOTO SANITÁRIO OU VENTILAÇÃO. AF_08/2022","UN",17,27.09,"",{"$f":"(TRUNC(G342 * K2,2) + G342)","v":33.019999999999996},561.34,{"$f":"J342 / K1","v":7.8056757783759434E-5}]
[" 7.2.12 "," 89516 ","SINAPI","JOELHO 45 GRAUS, PVC, SERIE R, ÁGUA PLUVIAL, DN 40 MM, JUNTA SOLDÁVEL, FORNECIDO E INSTALADO EM RAMAL DE ENCAMINHAMENTO. AF_06/2022","UN",19,6.94,"",{"$f":"(TRUNC(G343 * K2,2) + G343)","v":8.4500000000000011},160.55000000000001,{"$f":"J343 / K1","v":2.2325172733428185E-5}]
[" 7.2.13 "," 89520 ","SINAPI","JOELHO 45 GRAUS, PVC, SERIE R, ÁGUA PLUVIAL, DN 50 MM, JUNTA ELÁSTICA, FORNECIDO E INSTALADO EM RAMAL DE ENCAMINHAMENTO. AF_06/2022","UN",43,14.62,"",{"$f":"(TRUNC(G344 * K2,2) + G344)","v":17.82},766.26,{"$f":"J344 / K1","v":1.0655177115363862E-4}]
[" 7.2.14 "," 89739 ","SINAPI","JOELHO 45 GRAUS, PVC, SERIE NORMAL, ESGOTO PREDIAL, DN 75 MM, JUNTA ELÁSTICA, FORNECIDO E INSTALADO EM RAMAL DE DESCARGA OU RAMAL DE ESGOTO SANITÁRIO. AF_08/2022","UN",15,21.55,"",{"$f":"(TRUNC(G345 * K2,2) + G345)","v":26.26},393.9,{"$f":"J345 / K1","v":5.4773500714402746E-5}]
[" 7.2.15 "," 89744 ","SINAPI","JOELHO 90 GRAUS, PVC, SERIE NORMAL, ESGOTO PREDIAL, DN 100 MM, JUNTA ELÁSTICA, FORNECIDO E INSTALADO EM RAMAL DE DESCARGA OU RAMAL DE ESGOTO SANITÁRIO. AF_08/2022","UN",24,25.32,"",{"$f":"(TRUNC(G346 * K2,2) + G346)","v":30.86},740.64,{"$f":"J346 / K1","v":1.029891992107521E-4}]
[" 7.2.16 "," 89724 ","SINAPI","JOELHO 90 GRAUS, PVC, SERIE NORMAL, ESGOTO PREDIAL, DN 40 MM, JUNTA SOLDÁVEL, FORNECIDO E INSTALADO EM RAMAL DE DESCARGA OU RAMAL DE ESGOTO SANITÁRIO. AF_08/2022","UN",6,8.98,"",{"$f":"(TRUNC(G347 * K2,2) + G347)","v":10.940000000000001},65.64,{"$f":"J347 / K1","v":9.1275262424305566E-6}]
[" 7.2.17 "," 89731 ","SINAPI","JOELHO 90 GRAUS, PVC, SERIE NORMAL, ESGOTO PREDIAL, DN 50 MM, JUNTA ELÁSTICA, FORNECIDO E INSTALADO EM RAMAL DE DESCARGA OU RAMAL DE ESGOTO SANITÁRIO. AF_08/2022","UN",43,13.94,"",{"$f":"(TRUNC(G348 * K2,2) + G348)","v":16.989999999999998},730.57,{"$f":"J348 / K1","v":1.0158892210439507E-4}]
[" 7.2.18 "," 89737 ","SINAPI","JOELHO 90 GRAUS, PVC, SERIE NORMAL, ESGOTO PREDIAL, DN 75 MM, JUNTA ELÁSTICA, FORNECIDO E INSTALADO EM RAMAL DE DESCARGA OU RAMAL DE ESGOTO SANITÁRIO. AF_08/2022","UN",2,20.78,"",{"$f":"(TRUNC(G349 * K2,2) + G349)","v":25.330000000000002},50.66,{"$f":"J349 / K1","v":7.0444923741854356E-6}]
[" 7.2.19 "," 00010835 ","SINAPI","JOELHO PVC, COM BOLSA E ANEL, 90 GRAUS, DN 40 X *38* MM, SERIE NORMAL, PARA ESGOTO PREDIAL","UN",20,4.4400000000000004,0.14410000000000001,{"$f":"(TRUNC(G350 * H350,2) + G350)","v":5.07},101.4,{"$f":"J350 / K1","v":1.4100109094796748E-5}]
[" 7.2.20 "," 104353 ","SINAPI","JUNÇÃO DE REDUÇÃO INVERTIDA, PVC, SÉRIE NORMAL, ESGOTO PREDIAL, DN 100 X 50 MM, JUNTA ELÁSTICA, FORNECIDO E INSTALADO EM PRUMADA DE ESGOTO SANITÁRIO OU VENTILAÇÃO. AF_08/2022","UN",6,37.15,"",{"$f":"(TRUNC(G351 * K2,2) + G351)","v":45.28},271.68,{"$f":"J351 / K1","v":3.7778280462271994E-5}]
[" 7.2.21 "," 104347 ","SINAPI","JUNÇÃO DE REDUCAO INVERTIDA, PVC, SÉRIE NORMAL, ESGOTO PREDIAL, DN 100 X 75 MM, JUNTA ELÁSTICA, FORNECIDO E INSTALADO EM RAMAL DE DESCARGA OU RAMAL DE ESGOTO SANITÁRIO. AF_08/2022","UN",1,42.5,"",{"$f":"(TRUNC(G352 * K2,2) + G352)","v":51.8},51.8,{"$f":"J352 / K1","v":7.2030143107541566E-6}]
[" 7.2.22 "," 104350 ","SINAPI","JUNÇÃO DE REDUÇÃO INVERTIDA, PVC, SÉRIE NORMAL, ESGOTO PREDIAL, DN 75 X 50 MM, JUNTA ELÁSTICA, FORNECIDO E INSTALADO EM PRUMADA DE ESGOTO SANITÁRIO OU VENTILAÇÃO. AF_08/2022","UN",1,26.97,"",{"$f":"(TRUNC(G353 * K2,2) + G353)","v":32.869999999999997},32.869999999999997,{"$f":"J353 / K1","v":4.5707158377314501E-6}]
[" 7.2.23 "," 89797 ","SINAPI","JUNÇÃO SIMPLES, PVC, SERIE NORMAL, ESGOTO PREDIAL, DN 100 X 100 MM, JUNTA ELÁSTICA, FORNECIDO E INSTALADO EM RAMAL DE DESCARGA OU RAMAL DE ESGOTO SANITÁRIO. AF_08/2022","UN",11,45.61,"",{"$f":"(TRUNC(G354 * K2,2) + G354)","v":55.59},611.49,{"$f":"J354 / K1","v":8.5030332449479909E-5}]
[" 7.2.24 "," 89783 ","SINAPI","JUNÇÃO SIMPLES, PVC, SERIE NORMAL, ESGOTO PREDIAL, DN 40 MM, JUNTA SOLDÁVEL, FORNECIDO E INSTALADO EM RAMAL DE DESCARGA OU RAMAL DE ESGOTO SANITÁRIO. AF_08/2022","UN",3,13.03,"",{"$f":"(TRUNC(G355 * K2,2) + G355)","v":15.879999999999999},47.64,{"$f":"J355 / K1","v":6.6245482966086496E-6}]
[" 7.2.25 "," 89827 ","SINAPI","JUNÇÃO SIMPLES, PVC, SERIE NORMAL, ESGOTO PREDIAL, DN 50 X 50 MM, JUNTA ELÁSTICA, FORNECIDO E INSTALADO EM PRUMADA DE ESGOTO SANITÁRIO OU VENTILAÇÃO. AF_08/2022","UN",3,17.809999999999999,"",{"$f":"(TRUNC(G356 * K2,2) + G356)","v":21.709999999999997},65.13,{"$f":"J356 / K1","v":9.0566085339656016E-6}]
[" 7.2.26 "," 89821 ","SINAPI","LUVA SIMPLES, PVC, SERIE NORMAL, ESGOTO PREDIAL, DN 100 MM, JUNTA ELÁSTICA, FORNECIDO E INSTALADO EM PRUMADA DE ESGOTO SANITÁRIO OU VENTILAÇÃO. AF_08/2022","UN",41,15.9,"",{"$f":"(TRUNC(G357 * K2,2) + G357)","v":19.38},794.58,{"$f":"J357 / K1","v":1.1048978978839842E-4}]
[" 7.2.27 "," 89753 ","SINAPI","LUVA SIMPLES, PVC, SERIE NORMAL, ESGOTO PREDIAL, DN 50 MM, JUNTA ELÁSTICA, FORNECIDO E INSTALADO EM RAMAL DE DESCARGA OU RAMAL DE ESGOTO SANITÁRIO. AF_08/2022","UN",16,7.99,"",{"$f":"(TRUNC(G358 * K2,2) + G358)","v":9.73},155.68,{"$f":"J358 / K1","v":2.1647978144753035E-5}]
[" 7.2.28 "," 89557 ","SINAPI","REDUÇÃO EXCÊNTRICA, PVC, SERIE R, ÁGUA PLUVIAL, DN 100 X 75 MM, JUNTA ELÁSTICA, FORNECIDO E INSTALADO EM RAMAL DE ENCAMINHAMENTO. AF_06/2022","UN",1,27.7,"",{"$f":"(TRUNC(G359 * K2,2) + G359)","v":33.76},33.76,{"$f":"J359 / K1","v":4.6944741917193112E-6}]
[" 7.2.29 "," 89714 ","SINAPI","TUBO PVC, SERIE NORMAL, ESGOTO PREDIAL, DN 100 MM, FORNECIDO E INSTALADO EM RAMAL DE DESCARGA OU RAMAL DE ESGOTO SANITÁRIO. AF_08/2022","M",79.36,32.32,"",{"$f":"(TRUNC(G360 * K2,2) + G360)","v":39.39},3125.99,{"$f":"J360 / K1","v":4.3468244604776804E-4}]
[" 7.2.30 "," 89849 ","SINAPI","TUBO PVC, SERIE NORMAL, ESGOTO PREDIAL, DN 150 MM, FORNECIDO E INSTALADO EM SUBCOLETOR AÉREO DE ESGOTO SANITÁRIO. AF_08/2022","M",35.31,46.18,"",{"$f":"(TRUNC(G361 * K2,2) + G361)","v":56.29},1987.59,{"$f":"J361 / K1","v":2.7638299640756473E-4}]
[" 7.2.31 "," 89712 ","SINAPI","TUBO PVC, SERIE NORMAL, ESGOTO PREDIAL, DN 50 MM, FORNECIDO E INSTALADO EM RAMAL DE DESCARGA OU RAMAL DE ESGOTO SANITÁRIO. AF_08/2022","M",27.54,23.19,"",{"$f":"(TRUNC(G362 * K2,2) + G362)","v":28.26},778.28,{"$f":"J362 / K1","v":1.0822320420412636E-4}]
[" 7.2.32 "," 89713 ","SINAPI","TUBO PVC, SERIE NORMAL, ESGOTO PREDIAL, DN 75 MM, FORNECIDO E INSTALADO EM RAMAL DE DESCARGA OU RAMAL DE ESGOTO SANITÁRIO. AF_08/2022","M",89.25,28.81,"",{"$f":"(TRUNC(G363 * K2,2) + G363)","v":35.11},3133.56,{"$f":"J363 / K1","v":4.3573508732831654E-4}]
[" 7.2.33 "," 9377 ","ORSE","Tubo pvc rigido soldavel, serie reforçada, p/esgoto e aguas pluviais, d= 100mm","m",31.99,44.54,"",{"$f":"(TRUNC(G364 * K2,2) + G364)","v":54.29},1736.73,{"$f":"J364 / K1","v":2.4149982710262678E-4}]
[" 7.2.34 "," 9389 ","ORSE","Tubo pvc rígido soldável, serie reforçada, p/esgoto e aguas pluviais, d =  40mm","m",43.94,17.72,"",{"$f":"(TRUNC(G365 * K2,2) + G365)","v":21.599999999999998},949.1,{"$f":"J365 / K1","v":1.3197646490997625E-4}]
[" 7.2.35 "," 9390 ","ORSE","Tubo pvc rígido soldável, serie reforçada, p/esgoto e aguas pluviais, d =  50mm","m",48.47,23.5,"",{"$f":"(TRUNC(G366 * K2,2) + G366)","v":28.64},1388.18,{"$f":"J366 / K1","v":1.9303244026839199E-4}]
[" 7.2.36 "," 9376 ","ORSE","Tubo pvc rigido soldavel, série reforçada, p/esgoto e aguas pluviais, d=  75mm","m",245.69,40.72,"",{"$f":"(TRUNC(G367 * K2,2) + G367)","v":49.629999999999995},12193.59,{"$f":"J367 / K1","v":1.6955714916885864E-3}]
[" 7.2.37 "," 89784 ","SINAPI","TE, PVC, SERIE NORMAL, ESGOTO PREDIAL, DN 50 X 50 MM, JUNTA ELÁSTICA, FORNECIDO E INSTALADO EM RAMAL DE DESCARGA OU RAMAL DE ESGOTO SANITÁRIO. AF_08/2022","UN",29,22.17,"",{"$f":"(TRUNC(G368 * K2,2) + G368)","v":27.020000000000003},783.58,{"$f":"J368 / K1","v":1.0896019215484058E-4}]
[" 7.2.38 "," 89786 ","SINAPI","TE, PVC, SERIE NORMAL, ESGOTO PREDIAL, DN 75 X 75 MM, JUNTA ELÁSTICA, FORNECIDO E INSTALADO EM RAMAL DE DESCARGA OU RAMAL DE ESGOTO SANITÁRIO. AF_08/2022","UN",6,34.78,"",{"$f":"(TRUNC(G369 * K2,2) + G369)","v":42.39},254.34,{"$f":"J369 / K1","v":3.5367078374463558E-5}]
[" 7.2.39 "," 5189 ","ORSE","Fornecimento de curva 45º de pvc junta elástica, ponta / bolsa, diam. =   50mm","un",2,25.41,"",{"$f":"(TRUNC(G370 * K2,2) + G370)","v":30.97},61.94,{"$f":"J370 / K1","v":8.6130252202338319E-6}]
[" 7.2.40 "," 89732 ","SINAPI","JOELHO 45 GRAUS, PVC, SERIE NORMAL, ESGOTO PREDIAL, DN 50 MM, JUNTA ELÁSTICA, FORNECIDO E INSTALADO EM RAMAL DE DESCARGA OU RAMAL DE ESGOTO SANITÁRIO. AF_08/2022","UN",1,14.51,"",{"$f":"(TRUNC(G371 * K2,2) + G371)","v":17.68},17.68,{"$f":"J371 / K1","v":2.4584805601184072E-6}]
[" 7.2.41 "," 89785 ","SINAPI","JUNÇÃO SIMPLES, PVC, SERIE NORMAL, ESGOTO PREDIAL, DN 50 X 50 MM, JUNTA ELÁSTICA, FORNECIDO E INSTALADO EM RAMAL DE DESCARGA OU RAMAL DE ESGOTO SANITÁRIO. AF_08/2022","UN",1,24.01,"",{"$f":"(TRUNC(G372 * K2,2) + G372)","v":29.26},29.26,{"$f":"J372 / K1","v":4.0687297052638349E-6}]
[" 7.2.42 "," 104356 ","SINAPI","TERMINAL DE VENTILAÇÃO, PVC, SÉRIE NORMAL, ESGOTO PREDIAL, DN 100 MM, JUNTA SOLDÁVEL, FORNECIDO E INSTALADO EM PRUMADA DE ESGOTO SANITÁRIO OU VENTILAÇÃO. AF_08/2022","UN",1,24.68,"",{"$f":"(TRUNC(G373 * K2,2) + G373)","v":30.08},30.08,{"$f":"J373 / K1","v":4.1827542561290549E-6}]
[" 7.2.43 "," 104348 ","SINAPI","TERMINAL DE VENTILAÇÃO, PVC, SÉRIE NORMAL, ESGOTO PREDIAL, DN 50 MM, JUNTA SOLDÁVEL, FORNECIDO E INSTALADO EM PRUMADA DE ESGOTO SANITÁRIO OU VENTILAÇÃO. AF_08/2022","UN",6,8.85,"",{"$f":"(TRUNC(G374 * K2,2) + G374)","v":10.78},64.680000000000007,{"$f":"J374 / K1","v":8.994034085320057E-6}]
[" 7.2.44 "," 104351 ","SINAPI","TERMINAL DE VENTILAÇÃO, PVC, SÉRIE NORMAL, ESGOTO PREDIAL, DN 75 MM, JUNTA SOLDÁVEL, FORNECIDO E INSTALADO EM PRUMADA DE ESGOTO SANITÁRIO OU VENTILAÇÃO. AF_08/2022","UN",4,18.489999999999998,"",{"$f":"(TRUNC(G375 * K2,2) + G375)","v":22.529999999999998},90.12,{"$f":"J375 / K1","v":1.2531576248748352E-5}]
[" 7.2.45 "," 90440 ","SINAPI","FURO MECANIZADO EM CONCRETO, COM MARTELO DEMOLIDOR, PARA INSTALAÇÕES HIDRÁULICAS, DIÂMETROS MAIORES QUE 40 MM E MENORES OU IGUAIS A 75 MM. AF_09/2023","UN",30,20.66,"",{"$f":"(TRUNC(G376 * K2,2) + G376)","v":25.18},755.4,{"$f":"J376 / K1","v":1.0504164112632606E-4}]
[" 7.2.46 "," 98087 ","SINAPI","TANQUE SÉPTICO RETANGULAR, EM ALVENARIA COM BLOCOS DE CONCRETO, DIMENSÕES INTERNAS: 1,6 X 4,6 X H=2,4 M, VOLUME ÚTIL: 14720 L (PARA 105 CONTRIBUINTES). AF_12/2020","UN",1,12149.18,"",{"$f":"(TRUNC(G377 * K2,2) + G377)","v":14809.85},14809.85,{"$f":"J377 / K1","v":2.059373773940588E-3}]
[" 7.2.47 "," 98093 ","SINAPI","FILTRO ANAERÓBIO RETANGULAR, EM ALVENARIA COM BLOCOS DE CONCRETO, DIMENSÕES INTERNAS: 1,6 X 5,6 X H=1,67 M, VOLUME ÚTIL: 10752 L (PARA 103 CONTRIBUINTES). AF_12/2020","UN",1,17138.43,"",{"$f":"(TRUNC(G378 * K2,2) + G378)","v":20891.740000000002},20891.740000000002,{"$f":"J378 / K1","v":2.9050869149914106E-3}]
[" 7.2.48 "," 98101 ","SINAPI","SUMIDOURO RETANGULAR, EM ALVENARIA COM BLOCOS DE CONCRETO, DIMENSÕES INTERNAS: 1,6 X 5,8 X H=3,0 M, ÁREA DE INFILTRAÇÃO: 50 M² (PARA 20 CONTRIBUINTES). . AF_12/2020","UN",4,9834.93,"",{"$f":"(TRUNC(G379 * K2,2) + G379)","v":11988.77},47955.08,{"$f":"J379 / K1","v":6.6683615350069591E-3}]
[" 7.3 ","  ",null,"COLETA DE ÁGUAS PLUVIAIS",null,1,"","",{"$f":"J381 + J382 + J383 + J384 + J385 + J386 + J387 + J388 + J389","v":32520.01},32520.01,{"$f":"J380 / K1","v":4.5220482126615497E-3}]
[" 7.3.1 "," 99275 ","SINAPI","BASE PARA POÇO DE VISITA CIRCULAR PARA DRENAGEM, EM CONCRETO PRÉ-MOLDADO, DIÂMETRO INTERNO = 0,80 M, PROFUNDIDADE = 1,35 M, EXCLUINDO TAMPÃO. AF_12/2020_PA","UN",10,1100.3599999999999,"",{"$f":"(TRUNC(G381 * K2,2) + G381)","v":1341.33},13413.3,{"$f":"J381 / K1","v":1.8651774489273885E-3}]
[" 7.3.2 "," 00006243 ","SINAPI","TAMPAO FOFO SIMPLES COM BASE / REQUADRO, CLASSE B125 CARGA MAX. 12,5 T, REDONDO, TAMPA 600 MM (COM INSCRICAO EM RELEVO DO TIPO DE REDE)","UN",10,565.51,0.14410000000000001,{"$f":"(TRUNC(G382 * H382,2) + G382)","v":646.99},6469.9,{"$f":"J382 / K1","v":8.9966761175962E-4}]
[" 7.3.3 "," 89746 ","SINAPI","JOELHO 45 GRAUS, PVC, SERIE NORMAL, ESGOTO PREDIAL, DN 100 MM, JUNTA ELÁSTICA, FORNECIDO E INSTALADO EM RAMAL DE DESCARGA OU RAMAL DE ESGOTO SANITÁRIO. AF_08/2022","UN",1,25.98,"",{"$f":"(TRUNC(G383 * K2,2) + G383)","v":31.66},31.66,{"$f":"J383 / K1","v":4.4024600980400889E-6}]
[" 7.3.4 "," 89744 ","SINAPI","JOELHO 90 GRAUS, PVC, SERIE NORMAL, ESGOTO PREDIAL, DN 100 MM, JUNTA ELÁSTICA, FORNECIDO E INSTALADO EM RAMAL DE DESCARGA OU RAMAL DE ESGOTO SANITÁRIO. AF_08/2022","UN",2,25.32,"",{"$f":"(TRUNC(G384 * K2,2) + G384)","v":30.86},61.72,{"$f":"J384 / K1","v":8.5824332675626745E-6}]
[" 7.3.5 "," 89854 ","SINAPI","JOELHO 90 GRAUS, PVC, SERIE NORMAL, ESGOTO PREDIAL, DN 150 MM, JUNTA ELÁSTICA, FORNECIDO E INSTALADO EM SUBCOLETOR AÉREO DE ESGOTO SANITÁRIO. AF_08/2022","UN",3,93.19,"",{"$f":"(TRUNC(G385 * K2,2) + G385)","v":113.59},340.77,{"$f":"J385 / K1","v":4.7385544144318418E-5}]
[" 7.3.6 "," 89737 ","SINAPI","JOELHO 90 GRAUS, PVC, SERIE NORMAL, ESGOTO PREDIAL, DN 75 MM, JUNTA ELÁSTICA, FORNECIDO E INSTALADO EM RAMAL DE DESCARGA OU RAMAL DE ESGOTO SANITÁRIO. AF_08/2022","UN",2,20.78,"",{"$f":"(TRUNC(G386 * K2,2) + G386)","v":25.330000000000002},50.66,{"$f":"J386 / K1","v":7.0444923741854356E-6}]
[" 7.3.7 "," 104082 ","SINAPI","PLUG, PVC OCRE, JUNTA ELÁSTICA, DN 100 MM, PARA COLETOR PREDIAL DE ESGOTO. AF_06/2022","UN",1,24.09,"",{"$f":"(TRUNC(G387 * K2,2) + G387)","v":29.36},29.36,{"$f":"J387 / K1","v":4.0826351382961785E-6}]
[" 7.3.8 "," 9377 ","ORSE","Tubo pvc rigido soldavel, serie reforçada, p/esgoto e aguas pluviais, d= 100mm","m",221.48,44.54,"",{"$f":"(TRUNC(G388 * K2,2) + G388)","v":54.29},{"$f":"TRUNC(F388 * I388,2)","v":12024.14},{"$f":"J388 / K1","v":1.6720087354152797E-3}]
[" 7.3.9 "," 104346 ","SINAPI","TE, PVC, SÉRIE NORMAL, ESGOTO PREDIAL, DN 100 X 75 MM, JUNTA ELÁSTICA, FORNECIDO E INSTALADO EM RAMAL DE DESCARGA OU RAMAL DE ESGOTO SANITÁRIO. AF_08/2022","UN",2,40.409999999999997,"",{"$f":"(TRUNC(G389 * K2,2) + G389)","v":49.25},98.5,{"$f":"J389 / K1","v":1.3696851536858772E-5}]
[" 7.4 ","  ",null,"BANCADAS E LAVATÓRIOS",null,1,"","",{"$f":"J391 + J392 + J393","v":58258.080000000002},58258.080000000002,{"$f":"J390 / K1","v":8.1010383003293548E-3}]
[" 7.4.1 "," 93441 ","SINAPI","BANCADA GRANITO CINZA  150 X 60 CM, COM CUBA DE EMBUTIR DE AÇO, VÁLVULA AMERICANA EM METAL, SIFÃO FLEXÍVEL EM PVC, ENGATE FLEXÍVEL 30 CM, TORNEIRA CROMADA LONGA, DE PAREDE, 1/2\" OU 3/4\", P/ COZINHA, PADRÃO POPULAR - FORNEC. E INSTALAÇÃO. AF_01/2020","UN",16,1437.77,"",{"$f":"(TRUNC(G391 * K2,2) + G391)","v":1752.6399999999999},28042.240000000002,{"$f":"J391 / K1","v":3.8993949039691634E-3}]
[" 7.4.2 "," 93396 ","SINAPI","BANCADA GRANITO CINZA,  50 X 60 CM, INCL. CUBA DE EMBUTIR OVAL LOUÇA BRANCA 35 X 50 CM, VÁLVULA METAL CROMADO, SIFÃO FLEXÍVEL PVC, ENGATE 30 CM FLEXÍVEL PLÁSTICO E TORNEIRA CROMADA DE MESA, PADRÃO POPULAR - FORNEC. E INSTALAÇÃO. AF_01/2020","UN",16,795.88,"",{"$f":"(TRUNC(G392 * K2,2) + G392)","v":970.17},15522.72,{"$f":"J392 / K1","v":2.158501434398258E-3}]
[" 7.4.3 "," 00011186 ","SINAPI","ESPELHO CRISTAL E = 4 MM","M²",16,802.66,0.14410000000000001,{"$f":"(TRUNC(G393 * H393,2) + G393)","v":918.31999999999994},14693.12,{"$f":"J393 / K1","v":2.0431419619619329E-3}]
[" 7.5 ","  ",null,"RESERVATÓRIO ENTERRADO",null,1,"","",{"$f":"J395 + J396 + J397 + J398 + J399 + J400 + J401 + J402 + J403 + J404 + J405 + J406","v":17599.73},17599.73,{"$f":"J394 / K1","v":2.4473186690233445E-3}]
[" 7.5.1 "," 101226 ","SINAPI","ESCAVAÇÃO VERTICAL PARA  EDIFICAÇÃO, COM CARGA, DESCARGA E TRANSPORTE DE SOLO DE 1ª CATEGORIA, COM ESCAVADEIRA HIDRÁULICA (CAÇAMBA: 1,2 M³ / 155 HP), FROTA DE 5 CAMINHÕES BASCULANTES DE 18 M³, DMT DE 2 KM E VELOCIDADE MÉDIA 19 KM/H. AF_05/2020","m³",16.5,16.57,"",{"$f":"(TRUNC(G395 * K2,2) + G395)","v":20.190000000000001},333.13,{"$f":"J395 / K1","v":4.6323169060647341E-5}]
[" 7.5.2 "," 92510 ","SINAPI","MONTAGEM E DESMONTAGEM DE FÔRMA DE LAJE MACIÇA, PÉ-DIREITO SIMPLES, EM CHAPA DE MADEIRA COMPENSADA RESINADA, 2 UTILIZAÇÕES. AF_09/2020","m²",33.700000000000003,72.11,"",{"$f":"(TRUNC(G396 * K2,2) + G396)","v":87.9},2962.23,{"$f":"J396 / K1","v":4.1191090891400166E-4}]
[" 7.5.3 "," 92760 ","SINAPI","ARMAÇÃO DE PILAR OU VIGA DE ESTRUTURA CONVENCIONAL DE CONCRETO ARMADO UTILIZANDO AÇO CA-50 DE 6,3 MM - MONTAGEM. AF_06/2022","KG",84.2,15.31,"",{"$f":"(TRUNC(G397 * K2,2) + G397)","v":18.66},1571.17,{"$f":"J397 / K1","v":2.1847799217427816E-4}]
[" 7.5.4 "," 92761 ","SINAPI","ARMAÇÃO DE PILAR OU VIGA DE ESTRUTURA CONVENCIONAL DE CONCRETO ARMADO UTILIZANDO AÇO CA-50 DE 8,0 MM - MONTAGEM. AF_06/2022","KG",22.9,14.68,"",{"$f":"(TRUNC(G398 * K2,2) + G398)","v":17.89},409.68,{"$f":"J398 / K1","v":5.6967778046906625E-5}]
[" 7.5.5 "," 92762 ","SINAPI","ARMAÇÃO DE PILAR OU VIGA DE ESTRUTURA CONVENCIONAL DE CONCRETO ARMADO UTILIZANDO AÇO CA-50 DE 10,0 MM - MONTAGEM. AF_06/2022","KG",192.1,13.25,"",{"$f":"(TRUNC(G399 * K2,2) + G399)","v":16.149999999999999},3102.41,{"$f":"J399 / K1","v":4.3140354493874134E-4}]
[" 7.5.6 "," 92763 ","SINAPI","ARMAÇÃO DE PILAR OU VIGA DE ESTRUTURA CONVENCIONAL DE CONCRETO ARMADO UTILIZANDO AÇO CA-50 DE 12,5 MM - MONTAGEM. AF_06/2022","KG",71.5,11.23,"",{"$f":"(TRUNC(G400 * K2,2) + G400)","v":13.68},978.12,{"$f":"J400 / K1","v":1.3601182157596246E-4}]
[" 7.5.7 "," 92759 ","SINAPI","ARMAÇÃO DE PILAR OU VIGA DE ESTRUTURA CONVENCIONAL DE CONCRETO ARMADO UTILIZANDO AÇO CA-60 DE 5,0 MM - MONTAGEM. AF_06/2022","KG",66.7,15.75,"",{"$f":"(TRUNC(G401 * K2,2) + G401)","v":19.190000000000001},1279.97,{"$f":"J401 / K1","v":1.7798537118409263E-4}]
[" 7.5.8 "," 103672 ","SINAPI","CONCRETAGEM DE PILARES, FCK = 30 MPA, COM USO DE BOMBA - LANÇAMENTO, ADENSAMENTO E ACABAMENTO (ADAPTADO). AF_02/2022_PS","m³",4.2,1107.04,"",{"$f":"(TRUNC(G402 * K2,2) + G402)","v":1349.48},5667.81,{"$f":"J402 / K1","v":7.8813352395049269E-4}]
[" 7.5.9 "," 93382 ","SINAPI","REATERRO MANUAL DE VALAS, COM COMPACTADOR DE SOLOS DE PERCUSSÃO. AF_08/2023","m³",6.64,24.94,"",{"$f":"(TRUNC(G403 * K2,2) + G403)","v":30.400000000000002},201.85,{"$f":"J403 / K1","v":2.8068116575786225E-5}]
[" 7.5.10 "," 100973 ","SINAPI","CARGA, MANOBRA E DESCARGA DE SOLOS E MATERIAIS GRANULARES EM CAMINHÃO BASCULANTE 6 M³ - CARGA COM PÁ CARREGADEIRA (CAÇAMBA DE 1,7 A 2,8 M³ / 128 HP) E DESCARGA LIVRE (UNIDADE: M3). AF_07/2020","m³",12.82,8.75,"",{"$f":"(TRUNC(G404 * K2,2) + G404)","v":10.66},136.66,{"$f":"J404 / K1","v":1.9003164782001216E-5}]
[" 7.5.11 "," 97912 ","SINAPI","TRANSPORTE COM CAMINHÃO BASCULANTE DE 6 M³, EM VIA URBANA EM LEITO NATURAL (UNIDADE: M3XKM). AF_07/2020","M3XKM",12.82,3.75,"",{"$f":"(TRUNC(G405 * K2,2) + G405)","v":4.57},58.58,{"$f":"J405 / K1","v":8.1458026703470749E-6}]
[" 7.5.12 "," 98556 ","SINAPI","IMPERMEABILIZAÇÃO DE SUPERFÍCIE COM ARGAMASSA POLIMÉRICA / MEMBRANA ACRÍLICA, 4 DEMÃOS, REFORÇADA COM VÉU DE POLIÉSTER (MAV). AF_09/2023","m²",11.2,65.790000000000006,"",{"$f":"(TRUNC(G406 * K2,2) + G406)","v":80.190000000000012},898.12,{"$f":"J406 / K1","v":1.2488747515008731E-4}]
[" 8 ","  ",null,"VENTILAÇÃO MECÂNICA E EXAUSTORES",null,1,"","",{"$f":"J408 + J409 + J410 + J411 + J412 + J413","v":31306.260000000002},31306.26,{"$f":"J407 / K1","v":4.3532710192314755E-3}]
[" 8.1 "," 11148 ","ORSE","Exaustor para banheiro, bivolt, ref.: C 80 A, da Ventokit ou similar - fornecimento e instalação","un",12,273.77,"",{"$f":"(TRUNC(G408 * K2,2) + G408)","v":333.71999999999997},4004.64,{"$f":"J408 / K1","v":5.5686253338645803E-4}]
[" 8.2 "," 7150 ","ORSE","Duto corrugado flexível em PEAD Ø = 4\", tipo Kanalex ou similar, lançado diretamente no solo, exclusive escavação e reaterro","m",80,21.17,"",{"$f":"(TRUNC(G409 * K2,2) + G409)","v":25.8},2064,{"$f":"J409 / K1","v":2.8700813778757876E-4}]
[" 8.3 "," 10180 ","ORSE","Duto em chapa galvanizada nº18 com diam=300mm, para sistema exaustão (obra: Mercado de Lagarto)","m",46.8,325.27,"",{"$f":"(TRUNC(G410 * K2,2) + G410)","v":396.5},18556.2,{"$f":"J410 / K1","v":2.5803199643478049E-3}]
[" 8.4 "," 10183 ","ORSE","Curva 45º em chapa galvanizada nº18, diam=300mm, p/sistema exaustão (obra: Mercado de Lagarto)","un",12,282.72000000000003,"",{"$f":"(TRUNC(G411 * K2,2) + G411)","v":344.63},4135.5600000000004,{"$f":"J411 / K1","v":5.750675263124028E-4}]
[" 8.5 "," 90441 ","SINAPI","FURO MECANIZADO EM CONCRETO, COM MARTELO DEMOLIDOR, PARA INSTALAÇÕES HIDRÁULICAS, DIÂMETROS MAIORES QUE 75 MM E MENORES OU IGUAIS A 150 MM. AF_09/2023","UN",30,30.2,"",{"$f":"(TRUNC(G412 * K2,2) + G412)","v":36.81},1104.3,{"$f":"J412 / K1","v":1.5355769697617403E-4}]
[" 8.6 "," COTAÇÃO - 124 ","Próprio","CHAMINÉ COM 2 METROS DE DUTOS E CHAPÉU TIPO CANHÃO COR PRETA","UN",4,315,0.14410000000000001,{"$f":"(TRUNC(G413 * H413,2) + G413)","v":360.39},1441.56,{"$f":"J413 / K1","v":2.0045516042105718E-4}]
[" 9 ","  ",null,"PISO E PAVIMENTAÇÃO",null,1,"","",{"$f":"J415 + J416 + J417 + J418 + J419 + J420 + J421 + J422 + J423 + J424","v":1058464.06},1058464.06,{"$f":"J414 / K1","v":0.1471840110347287}]
[" 9.1 "," 87623 ","SINAPI","CONTRAPISO EM ARGAMASSA PRONTA, PREPARO MECÂNICO COM MISTURADOR 300 KG, APLICADO EM ÁREAS SECAS SOBRE LAJE, ADERIDO, ACABAMENTO NÃO REFORÇADO, ESPESSURA 2CM. AF_07/2021","m²",420,88.38,"",{"$f":"(TRUNC(G415 * K2,2) + G415)","v":107.72999999999999},45246.6,{"$f":"J415 / K1","v":6.291735662412529E-3}]
[" 9.2 "," 87263 ","SINAPI","REVESTIMENTO CERÂMICO PARA PISO COM PLACAS TIPO PORCELANATO DE DIMENSÕES 60X60 CM APLICADA EM AMBIENTES DE ÁREA MAIOR QUE 10 M². AF_02/2023_PE","m²",3106.92,190.04,"",{"$f":"(TRUNC(G416 * K2,2) + G416)","v":231.64999999999998},719718.01,{"$f":"J416 / K1","v":0.10007990590226841}]
[" 9.3 "," 98689 ","SINAPI","SOLEIRA EM GRANITO, LARGURA 15 CM, ESPESSURA 2,0 CM. AF_09/2020","M",22,139.47999999999999,"",{"$f":"(TRUNC(G417 * K2,2) + G417)","v":170.01999999999998},3740.44,{"$f":"J417 / K1","v":5.2012437931500536E-4}]
[" 9.4 "," 12247 ","ORSE","Rodapé cerâmico 10 x 50,0 cm, porcelanato, Elizabeth ou similar, aplicado comargamassa industrializada ac-iii, rejuntado","m",1172.71,8.2899999999999991,"",{"$f":"(TRUNC(G418 * K2,2) + G418)","v":10.1},11844.37,{"$f":"J418 / K1","v":1.6470109384530351E-3}]
[" 9.5 "," 11472 ","ORSE","Regularização manual e compactação com placa vibratória","m²",1343.25,6.78,"",{"$f":"(TRUNC(G419 * K2,2) + G419)","v":8.26},11095.24,{"$f":"J419 / K1","v":1.5428411679778368E-3}]
[" 9.6 "," 101094 ","SINAPI","PISO PODOTÁTIL DE ALERTA OU DIRECIONAL, DE BORRACHA, ASSENTADO SOBRE ARGAMASSA. AF_05/2020","M",382.31,165.11,"",{"$f":"(TRUNC(G420 * K2,2) + G420)","v":201.26000000000002},76943.710000000006,{"$f":"J420 / K1","v":1.0699356066650923E-2}]
[" 9.7 "," 92398 ","SINAPI","EXECUÇÃO DE PAVIMENTO EM PISO INTERTRAVADO, COM BLOCO RETANGULAR COR NATURAL DE 20 X 10 CM, ESPESSURA 8 CM. AF_10/2022","m²",1343.25,107.69,"",{"$f":"(TRUNC(G421 * K2,2) + G421)","v":131.26999999999998},176328.42,{"$f":"J421 / K1","v":2.4519230360090145E-2}]
[" 9.8 "," 105002 ","SINAPI","RAMPA DE ACESSIBILIDADE EM CONCRETO MOLDADO IN LOCO, EM CALÇADA NOVA COM LARGURA MAIOR OU IGUAL À 3,00 M, FCK 25MPA, COM PISO PODOTÁTIL. AF_03/2024","UN",8,854.41,"",{"$f":"(TRUNC(G422 * K2,2) + G422)","v":1041.52},8332.16,{"$f":"J422 / K1","v":1.1586229289477481E-3}]
[" 9.9 "," 94273 ","SINAPI","ASSENTAMENTO DE GUIA (MEIO-FIO) EM TRECHO RETO, CONFECCIONADA EM CONCRETO PRÉ-FABRICADO, DIMENSÕES 100X15X13X30 CM (COMPRIMENTO X BASE INFERIOR X BASE SUPERIOR X ALTURA). AF_01/2024","M",62.31,56.03,"",{"$f":"(TRUNC(G423 * K2,2) + G423)","v":68.3},4255.7700000000004,{"$f":"J423 / K1","v":5.9178324736058343E-4}]
[" 9.10 "," 98511 ","SINAPI","PLANTIO DE ÁRVORE ORNAMENTAL COM ALTURA DE MUDA MAIOR QUE 2,00 M E MENOR OU IGUAL A 4,00 M . AF_07/2024","UN",6,131.16999999999999,"",{"$f":"(TRUNC(G424 * K2,2) + G424)","v":159.88999999999999},959.34,{"$f":"J424 / K1","v":1.3340038125248828E-4}]
[" 10 ","  ",null,"REVESTIMENTOS",null,1,"","",{"$f":"J426 + J427 + J428 + J429 + J430 + J431 + J432 + J433","v":352886.00999999995},352886.01,{"$f":"J425 / K1","v":4.9070327801060513E-2}]
[" 10.1 "," COMPOSIÇÃO - 060 ","Próprio","FORNECIMENTO E INSTALAÇÃO DE PAINEL DE FACHADA EM PLACA CIMENTÍCIA, INCLUSIVE ESTRUTURA METÁLICA DE FIXAÇÃO, APLICAÇÃO DE MASSA ACRÍLICA E PINTURA.","M²",768.88,148.91,"",{"$f":"(TRUNC(G426 * K2,2) + G426)","v":181.51999999999998},139567.09,{"$f":"J426 / K1","v":1.9407408235141185E-2}]
[" 10.2 "," 87267 ","SINAPI","REVESTIMENTO CERÂMICO PARA PAREDES INTERNAS COM PLACAS TIPO ESMALTADA DE DIMENSÕES 20X20 CM APLICADAS A MEIA ALTURA DAS PAREDES. AF_02/2023_PE","m²",384.5,78.27,"",{"$f":"(TRUNC(G427 * K2,2) + G427)","v":95.41},36685.14,{"$f":"J427 / K1","v":5.1012275755216163E-3}]
[" 10.3 "," 87878 ","SINAPI","CHAPISCO APLICADO EM ALVENARIAS E ESTRUTURAS DE CONCRETO INTERNAS, COM COLHER DE PEDREIRO.  ARGAMASSA TRAÇO 1:3 COM PREPARO MANUAL. AF_10/2022","m²",420,5.17,"",{"$f":"(TRUNC(G428 * K2,2) + G428)","v":6.3},2646,{"$f":"J428 / K1","v":3.6793775803582046E-4}]
[" 10.4 "," 87529 ","SINAPI","MASSA ÚNICA, EM ARGAMASSA TRAÇO 1:2:8, PREPARO MECÂNICO, APLICADA MANUALMENTE EM PAREDES INTERNAS DE AMBIENTES COM ÁREA ENTRE 5M² E 10M², E = 17,5MM, COM TALISCAS. AF_03/2024","m²",420,36.729999999999997,"",{"$f":"(TRUNC(G429 * K2,2) + G429)","v":44.769999999999996},18803.400000000001,{"$f":"J429 / K1","v":2.6146941948037589E-3}]
[" 10.5 "," 87263 ","SINAPI","REVESTIMENTO CERÂMICO PARA PISO COM PLACAS TIPO PORCELANATO DE DIMENSÕES 60X60 CM APLICADA EM AMBIENTES DE ÁREA MAIOR QUE 10 M². AF_02/2023_PE","m²",20.83,190.04,"",{"$f":"(TRUNC(G430 * K2,2) + G430)","v":231.64999999999998},4825.26,{"$f":"J430 / K1","v":6.7097329793647882E-4}]
[" 10.6 "," 12734 ","ORSE","Telhamento com telha em aço galvalume, dupla, trapezoidal, com preenchimento PIR 50mm, pré-pintada, TP40 - 2 x 0,43mm, Kingspan- Isoeste ou similar","m²",840,10.65,"",{"$f":"(TRUNC(G431 * K2,2) + G431)","v":12.98},10903.2,{"$f":"J431 / K1","v":1.5161371743825237E-3}]
[" 10.7 "," 00039522 ","SINAPI","TELHA TERMOISOLANTE REVESTIDA EM ACO GALVANIZADO, FACES SUPERIOR E INFERIOR EM TELHA TRAPEZOIDAL (SEM ACESSORIOS DE FIXACAO), REVESTIMENTO COM ESPESSURA DE 0,50 MM COM PRE-PINTURA NAS DUAS FACES, NUCLEO EM POLIESTIRENO (EPS) DE 50 MM","m²",840,140.77000000000001,0.14410000000000001,{"$f":"(TRUNC(G432 * H432,2) + G432)","v":161.05000000000001},135282,{"$f":"J432 / K1","v":1.881154791481552E-2}]
[" 10.8 "," 00010737 ","SINAPI","PEDRA GRANITICA OU BASALTO, CACO, RETALHO, CAVACO, TIPO MIRACEMA, MADEIRA, PADUANA, RACHINHA, SANTA ISABEL OU OUTRAS SIMILARES, E= *1,0 A *2,0 CM","M²",25.8,141.41,0.14410000000000001,{"$f":"(TRUNC(G433 * H433,2) + G433)","v":161.78},4173.92,{"$f":"J433 / K1","v":5.8040165042360986E-4}]
[" 11 ","  ",null,"PINTURA",null,1,"","",{"$f":"J435 + J436 + J437 + J438 + J439 + J440 + J441 + J442 + J443 + J444","v":410319.27999999997},410319.28,{"$f":"J434 / K1","v":5.7056672699195794E-2}]
[" 11.1 "," 102219 ","SINAPI","PINTURA TINTA DE ACABAMENTO (PIGMENTADA) ESMALTE SINTÉTICO ACETINADO EM MADEIRA, 2 DEMÃOS. AF_01/2021","m²",82.84,14.45,"",{"$f":"(TRUNC(G435 * K2,2) + G435)","v":17.61},1458.81,{"$f":"J435 / K1","v":2.0285384761913652E-4}]
[" 11.2 "," 100759 ","SINAPI","PINTURA COM TINTA ALQUÍDICA DE ACABAMENTO (ESMALTE SINTÉTICO BRILHANTE) PULVERIZADA SOBRE SUPERFÍCIES METÁLICAS (EXCETO PERFIL) EXECUTADO EM OBRA (02 DEMÃOS). AF_01/2020_PE","m²",1792.26,42.2,"",{"$f":"(TRUNC(G436 * K2,2) + G436)","v":51.440000000000005},92193.85,{"$f":"J436 / K1","v":1.2819954071689618E-2}]
[" 11.3 "," 88497 ","SINAPI","EMASSAMENTO COM MASSA LÁTEX, APLICAÇÃO EM PAREDE, DUAS DEMÃOS, LIXAMENTO MANUAL. AF_04/2023","m²",4546.04,15.38,"",{"$f":"(TRUNC(G437 * K2,2) + G437)","v":18.740000000000002},85192.78,{"$f":"J437 / K1","v":1.1846424971292095E-2}]
[" 11.4 "," 96135 ","SINAPI","APLICAÇÃO MANUAL DE MASSA ACRÍLICA EM PAREDES EXTERNAS DE CASAS, DUAS DEMÃOS. AF_03/2024","m²",653.62,25.3,"",{"$f":"(TRUNC(G438 * K2,2) + G438)","v":30.84},20157.64,{"$f":"J438 / K1","v":2.8030071311009731E-3}]
[" 11.5 "," 88489 ","SINAPI","PINTURA LÁTEX ACRÍLICA PREMIUM, APLICAÇÃO MANUAL EM PAREDES, DUAS DEMÃOS. AF_04/2023","m²",5199.66,13.13,"",{"$f":"(TRUNC(G439 * K2,2) + G439)","v":16},83194.559999999998,{"$f":"J439 / K1","v":1.1568563827353192E-2}]
[" 11.6 "," 100759 ","SINAPI","PINTURA COM TINTA ALQUÍDICA DE ACABAMENTO (ESMALTE SINTÉTICO BRILHANTE) PULVERIZADA SOBRE SUPERFÍCIES METÁLICAS (EXCETO PERFIL) EXECUTADO EM OBRA (02 DEMÃOS). AF_01/2020_PE","m²",840,42.2,"",{"$f":"(TRUNC(G440 * K2,2) + G440)","v":51.440000000000005},43209.599999999999,{"$f":"J440 / K1","v":6.0084819915436835E-3}]
[" 11.7 "," 88494 ","SINAPI","EMASSAMENTO COM MASSA LÁTEX, APLICAÇÃO EM TETO, UMA DEMÃO, LIXAMENTO MANUAL. AF_04/2023","m²",1504.44,18.579999999999998,"",{"$f":"(TRUNC(G441 * K2,2) + G441)","v":22.639999999999997},34060.519999999997,{"$f":"J441 / K1","v":4.7362627990681109E-3}]
[" 11.8 "," 104640 ","SINAPI","PINTURA LÁTEX ACRÍLICA STANDARD, APLICAÇÃO MANUAL EM TETO, DUAS DEMÃOS. AF_04/2023","m²",1504.44,12.76,"",{"$f":"(TRUNC(G442 * K2,2) + G442)","v":15.55},23394.04,{"$f":"J442 / K1","v":3.2530425657597527E-3}]
[" 11.9 "," 88485 ","SINAPI","FUNDO SELADOR ACRÍLICO, APLICAÇÃO MANUAL EM PAREDE, UMA DEMÃO. AF_04/2023","m²",5199.66,3.17,"",{"$f":"(TRUNC(G443 * K2,2) + G443)","v":3.86},20070.68,{"$f":"J443 / K1","v":2.7909149665360472E-3}]
[" 11.10 "," 88484 ","SINAPI","FUNDO SELADOR ACRÍLICO, APLICAÇÃO MANUAL EM TETO, UMA DEMÃO. AF_04/2023","m²",1504.44,4.03,"",{"$f":"(TRUNC(G444 * K2,2) + G444)","v":4.91},7386.8,{"$f":"J444 / K1","v":1.0271665272331815E-3}]
[" 12 ","  ",null,"PROJETO PREVENTIVO CONTRA INCÊNDIO",null,1,"","",{"$f":"J446 + J447 + J448 + J449 + J450 + J451 + J452 + J453 + J454 + J455 + J456 + J457 + J458 + J459 + J460 + J461 + J462 + J463","v":77359.239999999991},77359.240000000005,{"$f":"J445 / K1","v":1.075713731253022E-2}]
[" 12.1 "," 12884 ","ORSE","Placa de sinalizacao, fotoluminescente, 38x19 cm, em pvc , com seta indicativa de sentido (esquerda ou direita) de saída de emergência- Placa S2","un",80,23.63,"",{"$f":"(TRUNC(G446 * K2,2) + G446)","v":28.799999999999997},2304,{"$f":"J446 / K1","v":3.2038117706520419E-4}]
[" 12.2 "," 11926 ","ORSE","Fornecimento e Instalação de Cruzetal em PVC, para eletrocalha, 300x100mm","Un",2,154.11000000000001,"",{"$f":"(TRUNC(G447 * K2,2) + G447)","v":187.86},375.72,{"$f":"J447 / K1","v":5.2245492989122627E-5}]
[" 12.3 "," 12137 ","ORSE","Placa de sinalizacao de seguranca contra incendio, fotoluminescente, quadrada, *20 x 20* cm, em pvc *2* mm anti-chamas (simbolos, cores e pictogramas conforme nbr 13434)","Un",24,32.35,"",{"$f":"(TRUNC(G448 * K2,2) + G448)","v":39.43},946.32,{"$f":"J448 / K1","v":1.3158989387167711E-4}]
[" 12.4 "," 13156 ","ORSE","Luminária de emergência c/ dois projetors LED alimentação 127/220 de 12v/55 autonomia de 3horas","un",47,259.8,0.14410000000000001,{"$f":"(TRUNC(G449 * H449,2) + G449)","v":297.23},13969.81,{"$f":"J449 / K1","v":1.9425625742956858E-3}]
[" 12.5 "," 12885 ","ORSE","Placa de sinalizacao, fotoluminescente, 30x30 cm, em pvc , com logotipo \"Abrigo de mangueira e hidrante\"- Placa E7","un",4,21.19,"",{"$f":"(TRUNC(G450 * K2,2) + G450)","v":25.830000000000002},103.32,{"$f":"J450 / K1","v":1.4367093409017749E-5}]
[" 12.6 "," 12887 ","ORSE","Placa de sinalizacao, fotoluminescente, 38x19 cm, em pvc , com logotipo \"Comando manual de alarme de incêndio\"- Placa E2","un",4,23.63,"",{"$f":"(TRUNC(G451 * K2,2) + G451)","v":28.799999999999997},115.2,{"$f":"J451 / K1","v":1.601905885326021E-5}]
[" 12.7 "," 13653 ","ORSE","Placa de sinalizacao, fotoluminescente, 30x30 cm, em pvc , com logotipo \"Alarme sonoro\"- Placa E1","un",4,17.75,0.14410000000000001,{"$f":"(TRUNC(G452 * H452,2) + G452)","v":20.3},{"$f":"TRUNC(F452 * I452,2)","v":81.2},{"$f":"J452 / K1","v":1.1291211622263273E-5}]
[" 12.8 "," 1511 ","ORSE","Extintor de pó químico ABC, capacidade 6 kg, alcance médio do jato 5m , tempode descarga 12s, NBR9443, 9444, 10721","un",24,233.7,"",{"$f":"(TRUNC(G453 * K2,2) + G453)","v":284.88},6837.12,{"$f":"J453 / K1","v":9.5073114294099348E-4}]
[" 12.9 "," 102513 ","SINAPI","PINTURA DE SÍMBOLOS E TEXTOS COM TINTA ACRÍLICA, DEMARCAÇÃO COM FITA ADESIVA E APLICAÇÃO COM ROLO. AF_05/2021","m²",24,44.95,"",{"$f":"(TRUNC(G454 * K2,2) + G454)","v":54.790000000000006},1314.96,{"$f":"J454 / K1","v":1.8285088220210978E-4}]
[" 12.10 "," 101909 ","SINAPI","EXTINTOR DE INCÊNDIO PORTÁTIL COM CARGA DE PQS DE 6 KG, CLASSE BC - FORNECIMENTO E INSTALAÇÃO. AF_10/2020_PE","UN",24,471.84,"",{"$f":"(TRUNC(G455 * K2,2) + G455)","v":575.16999999999996},13804.08,{"$f":"J455 / K1","v":1.9195171001311824E-3}]
[" 12.11 "," 11308 ","ORSE","Abrigo para hidrante interno, inclusive caixa embutir chapa ferro n.º 14, dimensões 0.90 x 0.60 x 0.17 m, registro tipo globo 2 1/2\", com 02 mangueiras (15m e 30m) com esguicho e conexões - Rev. 01","un",4,3909.77,"",{"$f":"(TRUNC(G456 * K2,2) + G456)","v":4766},19064,{"$f":"J456 / K1","v":2.6509317532860473E-3}]
[" 12.12 "," 7861 ","ORSE","Acionador manual (botoeira) tipo quebra-vidro, p/instal. incendio","un",4,150.32,"",{"$f":"(TRUNC(G457 * K2,2) + G457)","v":183.24},732.96,{"$f":"J457 / K1","v":1.0192126195386809E-4}]
[" 12.13 "," 11820 ","ORSE","Central de alarme endereçável de incendio com sistema p/ até 250 dispositivos, marcal Verin ou similar, Modelo VRE-250 c/ bateria de 12V e 7Amperes","un",1,6531.99,"",{"$f":"(TRUNC(G458 * K2,2) + G458)","v":7962.49},7962.49,{"$f":"J458 / K1","v":1.1072187146570823E-3}]
[" 12.14 "," 11824 ","ORSE","Sirene aúdiovisual endereçavel, 120db, para alarme de incêndio","un",4,225.39,"",{"$f":"(TRUNC(G459 * K2,2) + G459)","v":274.75},1099,{"$f":"J459 / K1","v":1.5282070902545981E-4}]
[" 12.15 "," 102113 ","SINAPI","BOMBA CENTRÍFUGA, TRIFÁSICA, 1 CV OU 0,99 HP, HM 14 A 40 M, Q 0,6 A 8,4 M3/H - FORNECIMENTO E INSTALAÇÃO. AF_12/2020","UN",1,1663.68,"",{"$f":"(TRUNC(G460 * K2,2) + G460)","v":2028.02},2028.02,{"$f":"J460 / K1","v":2.820049629825414E-4}]
[" 12.16 "," 102137 ","SINAPI","CHAVE DE BOIA AUTOMÁTICA SUPERIOR/INFERIOR 15A/250V - FORNECIMENTO E INSTALAÇÃO. AF_12/2020","UN",1,79.22,"",{"$f":"(TRUNC(G461 * K2,2) + G461)","v":96.56},96.56,{"$f":"J461 / K1","v":1.3427086136031302E-5}]
[" 12.17 "," 5331 ","ORSE","Assentamento de tubos em ferro fundido, junta elástica, ponta / bolsa, diam.=   600 mm","m",67.36,16.440000000000001,"",{"$f":"(TRUNC(G462 * K2,2) + G462)","v":20.040000000000003},1349.89,{"$f":"J462 / K1","v":1.8770804996030751E-4}]
[" 12.18 "," 2313 ","ORSE","Tubo de aço galvanizado leve c/ costura c/ rosca BSP Ø = 60,30mm ( 2\" ), e = 2,65mm, l = 6000mm NBR 5580","m",67.36,67.150000000000006,0.14410000000000001,{"$f":"(TRUNC(G463 * H463,2) + G463)","v":76.820000000000007},5174.59,{"$f":"J463 / K1","v":7.1954914714836586E-4}]
[" 13 ","  ",null,"FORROS",null,1,"","",{"$f":"J465 + J466 + J467","v":303103.20999999996},303103.21000000002,{"$f":"J464 / K1","v":4.2147813885434801E-2}]
[" 13.1 "," 12183 ","ORSE","Brise metálico Hunter Douglas ref. Miniware # 103 cor prata ou similar, com estrutura e montagem, exclusive Andaimes ou plataforma","m²",176.66,480,"",{"$f":"(TRUNC(G465 * K2,2) + G465)","v":585.12},103367.29,{"$f":"J465 / K1","v":1.4373669288298745E-2}]
[" 13.2 "," 96114 ","SINAPI","FORRO EM DRYWALL, PARA AMBIENTES COMERCIAIS, INCLUSIVE ESTRUTURA BIRECIONAL DE FIXAÇÃO. AF_08/2023_PS","m²",1700,80.87,"",{"$f":"(TRUNC(G466 * K2,2) + G466)","v":98.580000000000013},167586,{"$f":"J466 / K1","v":2.3303559001583901E-2}]
[" 13.3 "," 104756 ","SINAPI","FORRO EM MADEIRA PINUS, PARA AMBIENTES RESIDENCIAIS E COMERCIAIS, INCLUSIVE ESTRUTURA BIDIRECIONAL DE FIXAÇÃO. AF_08/2023","m²",176,149.86000000000001,"",{"$f":"(TRUNC(G467 * K2,2) + G467)","v":182.67000000000002},32149.919999999998,{"$f":"J467 / K1","v":4.4705855955521484E-3}]
[" 14 ","  ",null,"ELEVADOR",null,1,"","",{"$f":"J469","v":107637.7},107637.7,{"$f":"J468 / K1","v":1.4967488291055264E-2}]
[" 14.1 "," 13302 ","ORSE","Plataforma elevatória para PNE, semi cabinada, modelo (UN140/1 entrada)/adjacente (ADJ140/2 entrada) dim. cabine 1100x1400x1100mm, Aço INOX, fechamento Aluminio Comp.(ACM) e vidro, 02 paradas perc.3m cx. alvenaria, da Aptus ou Similar","un",2,44150,"",{"$f":"(TRUNC(G469 * K2,2) + G469)","v":53818.85},107637.7,{"$f":"J469 / K1","v":1.4967488291055264E-2}]
[" 15 ","  ",null,"ESTACIONAMENTO",null,1,"","",{"$f":"J471 + J482 + J492 + J499 + J504","v":415102.84000000008},415102.84,{"$f":"J470 / K1","v":5.7721847431557782E-2}]
[" 15.1 ","  ",null,"PISOS",null,1,"","",{"$f":"J472 + J473 + J474 + J475 + J476 + J477 + J478 + J479 + J480 + J481","v":196567.58000000002},196567.58,{"$f":"J471 / K1","v":2.7333573200199083E-2}]
[" 15.1.1 "," 9346 ","ORSE","Levantamento topográfico planimétrico cadastral","m²",1598.8,0.31,"",{"$f":"(TRUNC(G472 * K2,2) + G472)","v":0.37},591.54999999999995,{"$f":"J472 / K1","v":8.2257589102830518E-5}]
[" 15.1.2 "," 98525 ","SINAPI","LIMPEZA MECANIZADA DE CAMADA VEGETAL, VEGETAÇÃO E PEQUENAS ÁRVORES (DIÂMETRO DE TRONCO MENOR QUE 0,20 M), COM TRATOR DE ESTEIRAS. AF_03/2024","m²",1598.8,0.64,"",{"$f":"(TRUNC(G473 * K2,2) + G473)","v":0.78},1247.06,{"$f":"J473 / K1","v":1.7340909317314823E-4}]
[" 15.1.3 "," 100974 ","SINAPI","CARGA, MANOBRA E DESCARGA DE SOLOS E MATERIAIS GRANULARES EM CAMINHÃO BASCULANTE 10 M³ - CARGA COM PÁ CARREGADEIRA (CAÇAMBA DE 1,7 A 2,8 M³ / 128 HP) E DESCARGA LIVRE (UNIDADE: M3). AF_07/2020","m³",399.7,8.57,"",{"$f":"(TRUNC(G474 * K2,2) + G474)","v":10.440000000000001},4172.8599999999997,{"$f":"J474 / K1","v":5.8025425283346694E-4}]
[" 15.1.4 "," 93590 ","SINAPI","TRANSPORTE COM CAMINHÃO BASCULANTE DE 10 M³, EM VIA URBANA PAVIMENTADA, ADICIONAL PARA DMT EXCEDENTE A 30 KM (UNIDADE: M3XKM). AF_07/2020","M3XKM",5995.5,0.99,"",{"$f":"(TRUNC(G475 * K2,2) + G475)","v":1.2},7194.6,{"$f":"J475 / K1","v":1.0004402849450166E-3}]
[" 15.1.5 "," 100576 ","SINAPI","REGULARIZAÇÃO E COMPACTAÇÃO DE SUBLEITO DE SOLO PREDOMINANTEMENTE ARGILOSO, PARA OBRAS DE CONSTRUÇÃO DE PAVIMENTOS. AF_09/2024","m²",1338.7,2.09,"",{"$f":"(TRUNC(G476 * K2,2) + G476)","v":2.54},3400.29,{"$f":"J476 / K1","v":4.7282504885548749E-4}]
[" 15.1.6 "," 101767 ","SINAPI","CONSTRUÇÃO DE BASE E SUB-BASE PARA PAVIMENTAÇÃO DE SOLO ESTABILIZADO GRANULOMETRICAMENTE COM MISTURA DE SOLOS EM PISTA - EXCLUSIVE SOLO, ESCAVAÇÃO, CARGA E TRANSPORTE. AF_09/2024","m³",133.87,29.51,"",{"$f":"(TRUNC(G477 * K2,2) + G477)","v":35.97},4815.3,{"$f":"J477 / K1","v":6.6958831680645741E-4}]
[" 15.1.7 "," 93358 ","SINAPI","ESCAVAÇÃO MANUAL DE VALA. AF_09/2024","m³",4.03,75.08,"",{"$f":"(TRUNC(G478 * K2,2) + G478)","v":91.52},368.82,{"$f":"J478 / K1","v":5.1286018109890889E-5}]
[" 15.1.8 "," 94273 ","SINAPI","ASSENTAMENTO DE GUIA (MEIO-FIO) EM TRECHO RETO, CONFECCIONADA EM CONCRETO PRÉ-FABRICADO, DIMENSÕES 100X15X13X30 CM (COMPRIMENTO X BASE INFERIOR X BASE SUPERIOR X ALTURA). AF_01/2024","M",252.6,56.03,"",{"$f":"(TRUNC(G479 * K2,2) + G479)","v":68.3},17252.580000000002,{"$f":"J479 / K1","v":2.399045958251563E-3}]
[" 15.1.9 "," 94274 ","SINAPI","ASSENTAMENTO DE GUIA (MEIO-FIO) EM TRECHO CURVO, CONFECCIONADA EM CONCRETO PRÉ-FABRICADO, DIMENSÕES 100X15X13X30 CM (COMPRIMENTO X BASE INFERIOR X BASE SUPERIOR X ALTURA). AF_01/2024","M",16.2,58.53,"",{"$f":"(TRUNC(G480 * K2,2) + G480)","v":71.34},1155.7,{"$f":"J480 / K1","v":1.6070508955479883E-4}]
[" 15.1.10 "," 92398 ","SINAPI","EXECUÇÃO DE PAVIMENTO EM PISO INTERTRAVADO, COM BLOCO RETANGULAR COR NATURAL DE 20 X 10 CM, ESPESSURA 8 CM. AF_10/2022","m²",1191.2,107.69,"",{"$f":"(TRUNC(G481 * K2,2) + G481)","v":131.26999999999998},156368.82,{"$f":"J481 / K1","v":2.1743761548566425E-2}]
[" 15.2 ","  ",null,"DRENAGEM",null,1,"","",{"$f":"J483 + J484 + J485 + J486 + J487 + J488 + J489 + J490 + J491","v":145059.07},145059.07,{"$f":"J482 / K1","v":2.0171091836190907E-2}]
[" 15.2.1 "," 90108 ","SINAPI","ESCAVAÇÃO MECANIZADA DE VALA COM PROFUNDIDADE MAIOR QUE 1,5 M ATÉ 3,0 M (MÉDIA MONTANTE E JUSANTE/UMA COMPOSIÇÃO POR TRECHO), RETROESCAV (0,26 M3), LARGURA DE 0,8 M A 1,5 M, EM SOLO DE 1A CATEGORIA, LOCAIS COM BAIXO NÍVEL DE INTERFERÊNCIA. AF_09/2024","m³",322.39999999999998,6.83,"",{"$f":"(TRUNC(G483 * K2,2) + G483)","v":8.32},2682.36,{"$f":"J483 / K1","v":3.729937734863807E-4}]
[" 15.2.2 "," 101622 ","SINAPI","PREPARO DE FUNDO DE VALA COM LARGURA MENOR QUE 1,5 M, COM CAMADA DE AREIA, LANÇAMENTO MECANIZADO. AF_08/2020","m³",29.62,248.98,"",{"$f":"(TRUNC(G484 * K2,2) + G484)","v":303.5},8989.67,{"$f":"J484 / K1","v":1.2500525416787127E-3}]
[" 15.2.3 "," 93590 ","SINAPI","TRANSPORTE COM CAMINHÃO BASCULANTE DE 10 M³, EM VIA URBANA PAVIMENTADA, ADICIONAL PARA DMT EXCEDENTE A 30 KM (UNIDADE: M3XKM). AF_07/2020","M3XKM",444.3,0.99,"",{"$f":"(TRUNC(G485 * K2,2) + G485)","v":1.2},533.16,{"$f":"J485 / K1","v":7.4138206755244897E-5}]
[" 15.2.4 "," 92219 ","SINAPI","TUBO DE CONCRETO PARA REDES COLETORAS DE ÁGUAS PLUVIAIS, DIÂMETRO DE 400 MM, JUNTA RÍGIDA, INSTALADO EM LOCAL COM ALTO NÍVEL DE INTERFERÊNCIAS - FORNECIMENTO E ASSENTAMENTO. AF_03/2024","M",78,163.38999999999999,"",{"$f":"(TRUNC(G486 * K2,2) + G486)","v":199.17},15535.26,{"$f":"J486 / K1","v":2.1602451757005139E-3}]
[" 15.2.5 "," 00006240 ","SINAPI","TAMPAO FOFO SIMPLES COM BASE / REQUADRO, CLASSE D400 CARGA MAX. 40 T, REDONDO, TAMPA 600 MM (COM INSCRICAO EM RELEVO DO TIPO DE REDE)","UN",7,748.75,0.14410000000000001,{"$f":"(TRUNC(G487 * H487,2) + G487)","v":856.64},5996.48,{"$f":"J487 / K1","v":8.338365106978974E-4}]
[" 15.2.6 "," 92221 ","SINAPI","TUBO DE CONCRETO PARA REDES COLETORAS DE ÁGUAS PLUVIAIS, DIÂMETRO DE 600 MM, JUNTA RÍGIDA, INSTALADO EM LOCAL COM ALTO NÍVEL DE INTERFERÊNCIAS - FORNECIMENTO E ASSENTAMENTO. AF_03/2024","M",46,305.11,"",{"$f":"(TRUNC(G488 * K2,2) + G488)","v":371.92},17108.32,{"$f":"J488 / K1","v":2.3789859805591032E-3}]
[" 15.2.7 "," 93379 ","SINAPI","REATERRO MECANIZADO DE VALA COM RETROESCAVADEIRA (CAPACIDADE DA CAÇAMBA   DA RETRO: 0,26 M³/POTÊNCIA: 88 HP), LARGURA 0,8 A 1,5 M, PROFUNDIDADE ATÉ 1,5 M, COM SOLO (SEM SUBSTITUIÇÃO) DE 1ª CATEGORIA, COM COMPACTADOR DE SOLOS DE PERCUSSÃO AF_08/2023","m³",269.98,18.149999999999999,"",{"$f":"(TRUNC(G489 * K2,2) + G489)","v":22.119999999999997},5971.95,{"$f":"J489 / K1","v":8.3042550797506347E-4}]
[" 15.2.8 "," 99301 ","SINAPI","BASE PARA POÇO DE VISITA RETANGULAR PARA DRENAGEM, EM ALVENARIA COM BLOCOS DE CONCRETO, DIMENSÕES INTERNAS = 2X2 M, PROFUNDIDADE = 1,40 M, EXCLUINDO TAMPÃO. AF_12/2020_PA","UN",7,6947.94,"",{"$f":"(TRUNC(G490 * K2,2) + G490)","v":8469.5299999999988},59286.71,{"$f":"J490 / K1","v":8.2440737561299531E-3}]
[" 15.2.9 "," 97961 ","SINAPI","CAIXA PARA BOCA DE LOBO COMBINADA COM GRELHA RETANGULAR, EM ALVENARIA COM BLOCOS DE CONCRETO, DIMENSÕES INTERNAS: 1,3X1X1,2 M. AF_12/2020","UN",9,2639.25,"",{"$f":"(TRUNC(G491 * K2,2) + G491)","v":3217.24},28955.16,{"$f":"J491 / K1","v":4.0263403832080371E-3}]
[" 15.3 ","  ",null,"ILUMINAÇÃO",null,1,"","",{"$f":"J493 + J494 + J495 + J496 + J497 + J498","v":56400.2},{"$f":"TRUNC(F492 * I492,2)","v":56400.2},{"$f":"J492 / K1","v":7.8426920411080424E-3}]
[" 15.3.1 "," 93008 ","SINAPI","ELETRODUTO RÍGIDO ROSCÁVEL, PVC, DN 50 MM (1 1/2\"), PARA REDE ENTERRADA DE DISTRIBUIÇÃO DE ENERGIA ELÉTRICA - FORNECIMENTO E INSTALAÇÃO. AF_12/2021","M",121.22,19.45,"",{"$f":"(TRUNC(G493 * K2,2) + G493)","v":23.7},2872.91,{"$f":"J493 / K1","v":3.9949057612951206E-4}]
[" 15.3.2 "," 91927 ","SINAPI","CABO DE COBRE FLEXÍVEL ISOLADO, 2,5 MM², ANTI-CHAMA 0,6/1,0 KV, PARA CIRCUITOS TERMINAIS - FORNECIMENTO E INSTALAÇÃO. AF_03/2023","M",531.66,5.52,"",{"$f":"(TRUNC(G494 * K2,2) + G494)","v":6.72},3572.75,{"$f":"J494 / K1","v":4.9680635866306781E-4}]
[" 15.3.3 "," 97891 ","SINAPI","CAIXA ENTERRADA ELÉTRICA RETANGULAR, EM ALVENARIA COM BLOCOS DE CONCRETO, FUNDO COM BRITA, DIMENSÕES INTERNAS: 0,4X0,4X0,4 M. AF_12/2020","UN",14,220.14,"",{"$f":"(TRUNC(G495 * K2,2) + G495)","v":268.34999999999997},3756.9,{"$f":"J495 / K1","v":5.2241321359212923E-4}]
[" 15.3.4 "," 12910 ","ORSE","Poste decorativo 2 pétalas, em aço galvanizado com difusor em vidro transparente temperado, com 3m/4m, inclusive lâmpada de led 50w","un",4,2718.81,"",{"$f":"(TRUNC(G496 * K2,2) + G496)","v":3314.22},13256.88,{"$f":"J496 / K1","v":1.8434265705781962E-3}]
[" 15.3.5 "," 12903 ","ORSE","Poste decorativo 1 pétalas, em aço galvanizado com difusor em vidro transparente temperado, com 3m/4m, inclusive lâmpada de led 50w","un",10,2672.24,"",{"$f":"(TRUNC(G497 * K2,2) + G497)","v":3257.46},32574.6,{"$f":"J497 / K1","v":4.5296391885539062E-3}]
[" 15.3.6 "," 97596 ","SINAPI","SENSOR DE PRESENÇA SEM FOTOCÉLULA, FIXAÇÃO EM PAREDE - FORNECIMENTO E INSTALAÇÃO. AF_09/2024","UN",4,75.099999999999994,"",{"$f":"(TRUNC(G498 * K2,2) + G498)","v":91.539999999999992},366.16,{"$f":"J498 / K1","v":5.0916133591230544E-5}]
[" 15.4 ","  ",null,"PAISAGISMO",null,1,"","",{"$f":"J500 + J501 + J502 + J503","v":12918.9},12918.9,{"$f":"J499 / K1","v":1.7964289880154803E-3}]
[" 15.4.1 "," 103946 ","SINAPI","PLANTIO DE GRAMA ESMERALDA OU SÃO CARLOS OU CURITIBANA, EM PLACAS. AF_07/2024","m²",189.1,20.059999999999999,"",{"$f":"(TRUNC(G500 * K2,2) + G500)","v":24.45},4623.49,{"$f":"J500 / K1","v":6.4291630570711847E-4}]
[" 15.4.2 "," 98511 ","SINAPI","PLANTIO DE ÁRVORE ORNAMENTAL COM ALTURA DE MUDA MAIOR QUE 2,00 M E MENOR OU IGUAL A 4,00 M . AF_07/2024","UN",9,131.16999999999999,"",{"$f":"(TRUNC(G501 * K2,2) + G501)","v":159.88999999999999},1439.01,{"$f":"J501 / K1","v":2.0010057187873242E-4}]
[" 15.4.3 "," 7664 ","ORSE","Planta - Sibipiruna (caesalpinia peltophoroides), fornecimento e plantio","un",36,91.8,"",{"$f":"(TRUNC(G502 * K2,2) + G502)","v":111.9},4028.4,{"$f":"J502 / K1","v":5.60166464274943E-4}]
[" 15.4.4 "," 00042440 ","SINAPI","LIXEIRA DUPLA, COM CAPACIDADE VOLUMETRICA DE 60L*, FABRICADA EM TUBO DE ACO CARBONO, CESTOS EM CHAPA DE ACO E PINTURA NO PROCESSO ELETROSTATICO - PARA ACADEMIA AO AR LIVRE / ACADEMIA DA TERCEIRA IDADE - ATI","UN",2,1235.9100000000001,0.14410000000000001,{"$f":"(TRUNC(G503 * H503,2) + G503)","v":1414},2828,{"$f":"J503 / K1","v":3.9324564615468642E-4}]
[" 15.5 ","  ",null,"SINALIZAÇÃO",null,1,"","",{"$f":"J505 + J506 + J507 + J508 + J509 + J510","v":4157.09},4157.09,{"$f":"J504 / K1","v":5.7806136604426634E-4}]
[" 15.5.1 "," 102509 ","SINAPI","PINTURA DE FAIXA DE PEDESTRE OU ZEBRADA TINTA RETRORREFLETIVA A BASE DE RESINA ACRÍLICA COM MICROESFERAS DE VIDRO, E = 30 CM, APLICAÇÃO MANUAL. AF_05/2021","m²",24,29.21,"",{"$f":"(TRUNC(G505 * K2,2) + G505)","v":35.6},854.4,{"$f":"J505 / K1","v":1.1880801982834656E-4}]
[" 15.5.2 "," 102507 ","SINAPI","PINTURA DE DEMARCAÇÃO DE VAGA COM TINTA EPÓXI, E = 10 CM, APLICAÇÃO MANUAL. AF_05/2021","M",46,5.31,"",{"$f":"(TRUNC(G506 * K2,2) + G506)","v":6.47},297.62,{"$f":"J506 / K1","v":4.1385349790862011E-5}]
[" 15.5.3 "," 102513 ","SINAPI","PINTURA DE SÍMBOLOS E TEXTOS COM TINTA ACRÍLICA, DEMARCAÇÃO COM FITA ADESIVA E APLICAÇÃO COM ROLO. AF_05/2021","m²",8.6,44.95,"",{"$f":"(TRUNC(G507 * K2,2) + G507)","v":54.790000000000006},471.19,{"$f":"J507 / K1","v":6.5521009905101368E-5}]
[" 15.5.4 "," 102498 ","SINAPI","PINTURA DE MEIO-FIO COM TINTA BRANCA A BASE DE CAL (CAIAÇÃO). AF_05/2021","M",268.8,1.49,"",{"$f":"(TRUNC(G508 * K2,2) + G508)","v":1.81},486.52,{"$f":"J508 / K1","v":6.7652712788959701E-5}]
[" 15.5.5 "," 12507 ","ORSE","Placa de sinalização, dim.: 60 x 80 cm,  - \"Estacionamento Reservado - Deficiente/Idosos\", incluso barrote para fixação - fornecimento e instalação","un",2,225.98,"",{"$f":"(TRUNC(G509 * K2,2) + G509)","v":275.45999999999998},550.91999999999996,{"$f":"J509 / K1","v":7.6607811661789178E-5}]
[" 15.5.6 "," 11345 ","ORSE","Sinalização permanente, vertical,  com placa de aço (50x80cm) com poste de madeira 3,50m fixado com base de concreto 40x40x50, inclusive mão de obra - Rev01/2023","un",2,613.79999999999995,"",{"$f":"(TRUNC(G510 * K2,2) + G510)","v":748.21999999999991},1496.44,{"$f":"J510 / K1","v":2.0808646206920754E-4}]
[" 16 ","  ",null,"SERVIÇOS FINAIS",null,1,"","",{"$f":"J512 + J513 + J514","v":40796.57},40796.57,{"$f":"J511 / K1","v":5.6729397208433148E-3}]
[" 16.1 "," 2450 ","ORSE","Limpeza geral","m²",1683,2.34,"",{"$f":"(TRUNC(G512 * K2,2) + G512)","v":2.8499999999999996},4796.55,{"$f":"J512 / K1","v":6.6698104811289288E-4}]
[" 16.2 "," 5 ","ORSE","Placa de inauguração de obra em alumínio 0,50 x 0,70 m","un",1,2113.75,"",{"$f":"(TRUNC(G513 * K2,2) + G513)","v":2576.66},2576.66,{"$f":"J513 / K1","v":3.5829573077119314E-4}]
[" 16.3 "," 12044 ","ORSE","Letra em aço inox escovado/polido 25 x 25cm - instalado","un",204,134.41,"",{"$f":"(TRUNC(G514 * K2,2) + G514)","v":163.84},33423.360000000001,{"$f":"J514 / K1","v":4.6476629419592288E-3}]
[{"$nulls":8},"Valor Final do Orçamento",null,{"$f":"J4 + J6 + J12 + J15 + J26 + J33 + J287 + J407 + J414 + J425 + J434 + J445 + J464 + J468 + J470 + J511","v":7191433.7199999997}]

{"sheet":"Orçamento Analítico","index":2,"n_rows":9042,"n_cols":10,"rows_kept":9042,"cut":false,"hidden":false,"merged":[[0,4,0,5],[0,6,0,7],[0,8,0,9],[1,4,1,5],[1,6,1,7],[1,8,1,9],[17,4,17,5],[18,4,18,5],[19,4,19,5],[20,4,20,5],[21,4,21,5],[22,4,22,5],[8,4,8,5],[9,4,9,5],[10,4,10,5],[12,7,12,8],[15,5,15,6],[16,4,16,5],[2,0,2,9],[3,5,3,6],[4,4,4,5],[5,4,5,5],[6,4,6,5],[7,4,7,5],[38,4,38,5],[39,4,39,5],[41,7,41,8],[44,4,44,5],[45,4,45,5],[46,4,46,5],[32,4,32,5],[33,4,33,5],[34,4,34,5],[35,4,35,5],[36,4,36,5],[37,4,37,5],[23,4,23,5],[24,4,24,5],[26,7,26,8],[29,4,29,5],[30,4,30,5],[31,4,31,5],[62,4,62,5],[63,4,63,5],[64,4,64,5],[65,4,65,5],[66,4,66,5],[67,4,67,5],[54,7,54,8],[57,4,57,5],[58,4,58,5],[59,4,59,5],[60,4,60,5],[61,4,61,5],[47,4,47,5],[48,4,48,5],[49,0,49,9],[50,4,50,5],[51,4,51,5],[52,4,52,5],[80,4,80,5],[81,4,81,5],[82,4,82,5],[83,4,83,5],[84,4,84,5],[85,4,85,5],[74,4,74,5],[75,4,75,5],[76,4,76,5],[77,4,77,5],[78,4,78,5],[79,4,79,5],[68,4,68,5],[69,0,69,9],[70,4,70,5],[71,4,71,5],[72,4,72,5],[73,4,73,5],[98,4,98,5],[99,4,99,5],[100,4,100,5],[101,4,101,5],[102,4,102,5],[103,4,103,5],[92,4,92,5],[93,4,93,5],[94,4,94,5],[95,4,95,5],[96,4,96,5],[97,4,97,5],[86,4,86,5],[87,4,87,5],[88,4,88,5],[89,4,89,5],[90,4,90,5],[91,4,91,5],[116,4,116,5],[117,4,117,5],[118,4,118,5],[119,4,119,5],[120,4,120,5],[121,4,121,5],[110,4,110,5],[111,4,111,5],[112,4,112,5],[113,4,113,5],[114,4,114,5],[115,4,115,5],[104,4,104,5],[105,4,105,5],[106,4,106,5],[107,4,107,5],[108,4,108,5],[109,4,109,5],[137,4,137,5],[138,4,138,5],[139,4,139,5],[140,4,140,5],[141,4,141,5],[143,7,143,8],[131,4,131,5],[132,4,132,5],[133,4,133,5],[134,4,134,5],[135,4,135,5],[136,4,136,5],[122,4,122,5],[123,4,123,5],[124,4,124,5],[125,4,125,5],[127,7,127,8],[130,4,130,5],[161,4,161,5],[162,4,162,5],[163,4,163,5],[164,4,164,5],[165,4,165,5],[166,4,166,5],[152,4,152,5],[153,4,153,5],[154,4,154,5],[156,7,156,8],[159,4,159,5],[160,4,160,5],[146,5,146,6],[147,4,147,5],[148,4,148,5],[149,4,149,5],[150,4,150,5],[151,4,151,5],[179,4,179,5],[180,4,180,5],[181,4,181,5],[182,4,182,5],[183,4,183,5],[184,4,184,5],[173,4,173,5],[174,4,174,5],[175,4,175,5],[176,4,176,5],[177,4,177,5],[178,4,178,5],[167,4,167,5],[168,0,168,9],[169,4,169,5],[170,4,170,5],[171,4,171,5],[172,4,172,5],[197,4,197,5],[198,4,198,5],[199,4,199,5],[200,4,200,5],[201,4,201,5],[202,4,202,5],[191,4,191,5],[192,4,192,5],[193,4,193,5],[194,4,194,5],[195,4,195,5],[196,4,196,5],[185,4,185,5],[186,4,186,5],[187,4,187,5],[188,4,188,5],[189,4,189,5],[190,4,190,5],[221,4,221,5],[222,4,222,5],[223,4,223,5],[224,4,224,5],[225,4,225,5],[226,4,226,5],[212,4,212,5],[213,4,213,5],[214,4,214,5],[215,4,215,5],[216,4,216,5],[218,7,218,8],[203,4,203,5],[205,7,205,8],[208,5,208,6],[209,4,209,5],[210,4,210,5],[211,4,211,5],[245,4,245,5],[246,4,246,5],[247,0,247,9],[248,4,248,5],[249,4,249,5],[251,7,251,8],[236,0,236,9],[237,4,237,5],[238,4,238,5],[240,7,240,8],[243,4,243,5],[244,4,244,5],[227,4,227,5],[229,7,229,8],[232,4,232,5],[233,4,233,5],[234,4,234,5],[235,4,235,5],[266,4,266,5],[267,4,267,5],[268,4,268,5],[269,4,269,5],[270,4,270,5],[271,4,271,5],[260,4,260,5],[261,4,261,5],[262,4,262,5],[263,0,263,9],[264,4,264,5],[265,4,265,5],[254,4,254,5],[255,4,255,5],[256,4,256,5],[257,4,257,5],[258,4,258,5],[259,4,259,5],[284,4,284,5],[285,4,285,5],[286,4,286,5],[287,4,287,5],[288,4,288,5],[289,4,289,5],[278,4,278,5],[279,4,279,5],[280,4,280,5],[281,4,281,5],[282,4,282,5],[283,4,283,5],[272,4,272,5],[273,4,273,5],[274,4,274,5],[275,4,275,5],[276,4,276,5],[277,4,277,5],[305,4,305,5],[306,4,306,5],[307,4,307,5],[308,4,308,5],[309,4,309,5],[310,4,310,5],[296,4,296,5],[297,4,297,5],[298,4,298,5],[300,7,300,8],[303,4,303,5],[304,4,304,5],[290,4,290,5],[291,4,291,5],[292,4,292,5],[293,4,293,5],[294,4,294,5],[295,4,295,5],[326,4,326,5],[328,7,328,8],[331,4,331,5],[332,4,332,5],[333,4,333,5],[334,4,334,5],[320,4,320,5],[321,4,321,5],[322,4,322,5],[323,4,323,5],[324,4,324,5],[325,4,325,5],[311,4,311,5],[312,4,312,5],[313,4,313,5],[314,4,314,5],[316,7,316,8],[319,4,319,5],[350,4,350,5],[351,4,351,5],[352,4,352,5],[354,7,354,8],[357,4,357,5],[358,4,358,5],[341,4,341,5],[343,7,343,8],[346,4,346,5],[347,4,347,5],[348,4,348,5],[349,4,349,5],[335,4,335,5],[336,4,336,5],[337,4,337,5],[338,4,338,5],[339,4,339,5],[340,4,340,5],[374,4,374,5],[375,4,375,5],[376,4,376,5],[377,4,377,5],[378,4,378,5],[379,4,379,5],[366,7,366,8],[369,5,369,6],[370,4,370,5],[371,4,371,5],[372,4,372,5],[373,4,373,5],[359,4,359,5],[360,4,360,5],[361,4,361,5],[362,4,362,5],[363,4,363,5],[364,4,364,5],[395,4,395,5],[396,4,396,5],[397,4,397,5],[399,7,399,8],[402,4,402,5],[403,4,403,5],[389,4,389,5],[390,4,390,5],[391,4,391,5],[392,4,392,5],[393,4,393,5],[394,4,394,5],[380,4,380,5],[381,4,381,5],[382,4,382,5],[384,7,384,8],[387,4,387,5],[388,4,388,5],[419,4,419,5],[420,4,420,5],[421,4,421,5],[422,4,422,5],[423,4,423,5],[424,4,424,5],[410,4,410,5],[411,4,411,5],[412,4,412,5],[414,7,414,8],[417,4,417,5],[418,4,418,5],[404,4,404,5],[405,4,405,5],[406,4,406,5],[407,4,407,5],[408,4,408,5],[409,4,409,5],[437,4,437,5],[438,4,438,5],[439,4,439,5],[440,4,440,5],[441,4,441,5],[442,4,442,5],[431,4,431,5],[432,4,432,5],[433,4,433,5],[434,4,434,5],[435,4,435,5],[436,4,436,5],[425,4,425,5],[426,0,426,9],[427,4,427,5],[428,4,428,5],[429,4,429,5],[430,4,430,5],[455,4,455,5],[457,7,457,8],[460,4,460,5],[461,4,461,5],[463,7,463,8],[466,4,466,5],[449,4,449,5],[450,4,450,5],[451,4,451,5],[452,4,452,5],[453,4,453,5],[454,4,454,5],[443,4,443,5],[444,4,444,5],[445,4,445,5],[446,4,446,5],[447,4,447,5],[448,4,448,5],[479,4,479,5],[480,4,480,5],[481,4,481,5],[482,4,482,5],[483,4,483,5],[484,4,484,5],[473,4,473,5],[474,4,474,5],[475,0,475,9],[476,4,476,5],[477,4,477,5],[478,4,478,5],[467,4,467,5],[468,4,468,5],[469,4,469,5],[470,4,470,5],[471,4,471,5],[472,4,472,5],[497,4,497,5],[498,4,498,5],[499,4,499,5],[500,4,500,5],[501,4,501,5],[502,4,502,5],[491,4,491,5],[492,4,492,5],[493,4,493,5],[494,4,494,5],[495,4,495,5],[496,4,496,5],[485,4,485,5],[486,4,486,5],[487,4,487,5],[488,4,488,5],[489,4,489,5],[490,4,490,5],[518,4,518,5],[519,4,519,5],[520,4,520,5],[521,4,521,5],[522,4,522,5],[523,4,523,5],[512,4,512,5],[513,4,513,5],[514,4,514,5],[515,4,515,5],[516,4,516,5],[517,0,517,9],[503,4,503,5],[504,4,504,5],[506,7,506,8],[509,5,509,6],[510,5,510,6],[511,4,511,5],[536,4,536,5],[537,4,537,5],[538,4,538,5],[540,7,540,8],[543,4,543,5],[544,4,544,5],[530,4,530,5],[531,4,531,5],[532,4,532,5],[533,4,533,5],[534,4,534,5],[535,4,535,5],[524,4,524,5],[525,4,525,5],[526,4,526,5],[527,4,527,5],[528,4,528,5],[529,4,529,5],[561,7,561,8],[564,4,564,5],[565,4,565,5],[566,4,566,5],[567,4,567,5],[568,4,568,5],[554,4,554,5],[555,4,555,5],[556,4,556,5],[557,4,557,5],[558,4,558,5],[559,4,559,5],[545,4,545,5],[546,4,546,5],[547,4,547,5],[548,4,548,5],[549,4,549,5],[551,7,551,8],[593,4,593,5],[594,4,594,5],[595,4,595,5],[596,4,596,5],[597,4,597,5],[598,4,598,5],[581,4,581,5],[583,7,583,8],[586,4,586,5],[587,4,587,5],[589,7,589,8],[592,4,592,5],[570,7,570,8],[573,4,573,5],[574,4,574,5],[575,4,575,5],[577,7,577,8],[580,4,580,5],[611,4,611,5],[612,4,612,5],[613,4,613,5],[614,4,614,5],[615,4,615,5],[616,4,616,5],[605,4,605,5],[606,4,606,5],[607,4,607,5],[608,4,608,5],[609,4,609,5],[610,4,610,5],[599,4,599,5],[600,0,600,9],[601,4,601,5],[602,4,602,5],[603,4,603,5],[604,4,604,5],[632,4,632,5],[633,4,633,5],[634,4,634,5],[635,4,635,5],[636,4,636,5],[637,4,637,5],[623,4,623,5],[624,4,624,5],[625,4,625,5],[626,4,626,5],[628,7,628,8],[631,4,631,5],[617,4,617,5],[618,4,618,5],[619,4,619,5],[620,4,620,5],[621,4,621,5],[622,4,622,5],[650,4,650,5],[651,4,651,5],[652,4,652,5],[653,4,653,5],[654,4,654,5],[655,4,655,5],[644,4,644,5],[645,4,645,5],[646,4,646,5],[647,4,647,5],[648,4,648,5],[649,4,649,5],[638,4,638,5],[639,0,639,9],[640,4,640,5],[641,4,641,5],[642,4,642,5],[643,4,643,5],[671,4,671,5],[672,4,672,5],[673,4,673,5],[674,4,674,5],[675,4,675,5],[677,7,677,8],[662,4,662,5],[663,4,663,5],[664,4,664,5],[665,4,665,5],[667,7,667,8],[670,4,670,5],[656,4,656,5],[657,4,657,5],[658,4,658,5],[659,4,659,5],[660,4,660,5],[661,4,661,5],[698,4,698,5],[699,4,699,5],[700,4,700,5],[701,4,701,5],[702,4,702,5],[703,4,703,5],[687,7,687,8],[690,5,690,6],[691,4,691,5],[692,4,692,5],[694,7,694,8],[697,4,697,5],[680,4,680,5],[681,4,681,5],[682,4,682,5],[683,4,683,5],[684,4,684,5],[685,4,685,5],[716,4,716,5],[717,4,717,5],[718,4,718,5],[719,4,719,5],[720,4,720,5],[721,4,721,5],[710,4,710,5],[711,4,711,5],[712,4,712,5],[713,4,713,5],[714,4,714,5],[715,4,715,5],[704,4,704,5],[705,0,705,9],[706,4,706,5],[707,4,707,5],[708,4,708,5],[709,4,709,5],[737,4,737,5],[738,4,738,5],[739,4,739,5],[740,4,740,5],[741,4,741,5],[742,4,742,5],[728,4,728,5],[729,4,729,5],[730,4,730,5],[731,4,731,5],[733,7,733,8],[736,4,736,5],[722,4,722,5],[723,4,723,5],[724,4,724,5],[725,4,725,5],[726,4,726,5],[727,4,727,5],[755,4,755,5],[756,4,756,5],[757,4,757,5],[758,4,758,5],[759,4,759,5],[760,4,760,5],[749,4,749,5],[750,4,750,5],[751,4,751,5],[752,4,752,5],[753,4,753,5],[754,4,754,5],[743,4,743,5],[744,0,744,9],[745,4,745,5],[746,4,746,5],[747,4,747,5],[748,4,748,5],[776,4,776,5],[777,4,777,5],[778,4,778,5],[779,4,779,5],[780,4,780,5],[781,0,781,9],[767,4,767,5],[768,4,768,5],[769,4,769,5],[770,4,770,5],[772,7,772,8],[775,4,775,5],[761,4,761,5],[762,4,762,5],[763,4,763,5],[764,4,764,5],[765,4,765,5],[766,4,766,5],[794,4,794,5],[795,4,795,5],[796,4,796,5],[797,4,797,5],[798,4,798,5],[799,4,799,5],[788,4,788,5],[789,4,789,5],[790,4,790,5],[791,4,791,5],[792,4,792,5],[793,4,793,5],[782,4,782,5],[783,4,783,5],[784,4,784,5],[785,4,785,5],[786,4,786,5],[787,4,787,5],[821,4,821,5],[822,4,822,5],[823,4,823,5],[824,4,824,5],[826,7,826,8],[829,4,829,5],[810,7,810,8],[813,4,813,5],[814,4,814,5],[816,7,816,8],[819,4,819,5],[820,4,820,5],[800,4,800,5],[801,4,801,5],[802,4,802,5],[804,7,804,8],[807,4,807,5],[808,4,808,5],[845,4,845,5],[846,0,846,9],[847,4,847,5],[848,4,848,5],[849,4,849,5],[850,4,850,5],[839,4,839,5],[840,4,840,5],[841,4,841,5],[842,4,842,5],[843,4,843,5],[844,4,844,5],[830,4,830,5],[831,4,831,5],[832,4,832,5],[833,4,833,5],[835,7,835,8],[838,4,838,5],[863,4,863,5],[864,4,864,5],[865,4,865,5],[866,4,866,5],[867,4,867,5],[868,4,868,5],[857,4,857,5],[858,4,858,5],[859,4,859,5],[860,4,860,5],[861,4,861,5],[862,4,862,5],[851,4,851,5],[852,4,852,5],[853,4,853,5],[854,4,854,5],[855,4,855,5],[856,4,856,5],[884,4,884,5],[885,4,885,5],[886,4,886,5],[887,4,887,5],[888,4,888,5],[889,4,889,5],[878,4,878,5],[879,4,879,5],[880,4,880,5],[881,4,881,5],[882,4,882,5],[883,0,883,9],[869,4,869,5],[870,4,870,5],[871,4,871,5],[872,4,872,5],[874,7,874,8],[877,4,877,5],[902,4,902,5],[903,4,903,5],[904,4,904,5],[906,7,906,8],[909,4,909,5],[910,4,910,5],[896,4,896,5],[897,4,897,5],[898,4,898,5],[899,4,899,5],[900,4,900,5],[901,4,901,5],[890,4,890,5],[891,4,891,5],[892,4,892,5],[893,4,893,5],[894,4,894,5],[895,4,895,5],[926,4,926,5],[927,4,927,5],[928,4,928,5],[929,4,929,5],[930,4,930,5],[931,4,931,5],[920,4,920,5],[921,0,921,9],[922,4,922,5],[923,4,923,5],[924,4,924,5],[925,4,925,5],[912,7,912,8],[915,4,915,5],[916,4,916,5],[917,4,917,5],[918,4,918,5],[919,4,919,5],[947,4,947,5],[948,4,948,5],[949,4,949,5],[950,4,950,5],[951,4,951,5],[952,4,952,5],[938,4,938,5],[939,4,939,5],[940,4,940,5],[941,4,941,5],[942,4,942,5],[944,7,944,8],[932,4,932,5],[933,4,933,5],[934,4,934,5],[935,4,935,5],[936,4,936,5],[937,4,937,5],[971,4,971,5],[972,4,972,5],[973,0,973,9],[974,4,974,5],[975,4,975,5],[976,4,976,5],[962,4,962,5],[964,7,964,8],[967,4,967,5],[968,4,968,5],[969,4,969,5],[970,4,970,5],[954,7,954,8],[957,4,957,5],[958,4,958,5],[959,4,959,5],[960,4,960,5],[961,4,961,5],[989,4,989,5],[990,4,990,5],[991,4,991,5],[992,4,992,5],[993,4,993,5],[994,4,994,5],[983,4,983,5],[984,4,984,5],[985,4,985,5],[986,4,986,5],[987,4,987,5],[988,4,988,5],[977,4,977,5],[978,4,978,5],[979,4,979,5],[980,4,980,5],[981,4,981,5],[982,4,982,5],[1016,4,1016,5],[1017,4,1017,5],[1018,4,1018,5],[1019,4,1019,5],[1020,4,1020,5],[1022,7,1022,8],[1005,7,1005,8],[1008,4,1008,5],[1009,4,1009,5],[1011,7,1011,8],[1014,5,1014,6],[1015,4,1015,5],[996,7,996,8],[999,4,999,5],[1000,4,1000,5],[1001,4,1001,5],[1002,4,1002,5],[1003,4,1003,5],[1043,4,1043,5],[1044,4,1044,5],[1045,4,1045,5],[1046,4,1046,5],[1047,4,1047,5],[1049,7,1049,8],[1034,4,1034,5],[1035,4,1035,5],[1036,4,1036,5],[1037,4,1037,5],[1038,4,1038,5],[1040,7,1040,8],[1025,4,1025,5],[1026,4,1026,5],[1027,4,1027,5],[1028,4,1028,5],[1029,4,1029,5],[1031,7,1031,8],[1067,4,1067,5],[1068,4,1068,5],[1069,4,1069,5],[1070,4,1070,5],[1071,4,1071,5],[1072,4,1072,5],[1061,4,1061,5],[1062,4,1062,5],[1063,4,1063,5],[1064,4,1064,5],[1065,4,1065,5],[1066,0,1066,9],[1052,4,1052,5],[1053,4,1053,5],[1055,7,1055,8],[1058,4,1058,5],[1059,4,1059,5],[1060,4,1060,5],[1085,4,1085,5],[1086,4,1086,5],[1087,4,1087,5],[1088,4,1088,5],[1089,4,1089,5],[1090,4,1090,5],[1079,4,1079,5],[1080,4,1080,5],[1081,4,1081,5],[1082,4,1082,5],[1083,4,1083,5],[1084,4,1084,5],[1073,4,1073,5],[1074,4,1074,5],[1075,4,1075,5],[1076,4,1076,5],[1077,4,1077,5],[1078,4,1078,5],[1106,4,1106,5],[1107,4,1107,5],[1108,4,1108,5],[1109,4,1109,5],[1110,4,1110,5],[1111,4,1111,5],[1100,4,1100,5],[1101,4,1101,5],[1102,4,1102,5],[1103,4,1103,5],[1104,4,1104,5],[1105,0,1105,9],[1091,4,1091,5],[1092,4,1092,5],[1094,7,1094,8],[1097,4,1097,5],[1098,4,1098,5],[1099,4,1099,5],[1124,4,1124,5],[1125,4,1125,5],[1126,4,1126,5],[1127,4,1127,5],[1128,4,1128,5],[1129,4,1129,5],[1118,4,1118,5],[1119,4,1119,5],[1120,4,1120,5],[1121,4,1121,5],[1122,4,1122,5],[1123,4,1123,5],[1112,4,1112,5],[1113,4,1113,5],[1114,4,1114,5],[1115,4,1115,5],[1116,4,1116,5],[1117,4,1117,5],[1145,4,1145,5],[1146,4,1146,5],[1147,4,1147,5],[1148,4,1148,5],[1149,4,1149,5],[1150,4,1150,5],[1139,4,1139,5],[1140,4,1140,5],[1141,4,1141,5],[1142,4,1142,5],[1143,4,1143,5],[1144,0,1144,9],[1130,4,1130,5],[1131,4,1131,5],[1133,7,1133,8],[1136,4,1136,5],[1137,4,1137,5],[1138,4,1138,5],[1163,4,1163,5],[1164,4,1164,5],[1165,4,1165,5],[1166,4,1166,5],[1167,4,1167,5],[1168,4,1168,5],[1157,4,1157,5],[1158,4,1158,5],[1159,4,1159,5],[1160,4,1160,5],[1161,4,1161,5],[1162,4,1162,5],[1151,4,1151,5],[1152,4,1152,5],[1153,4,1153,5],[1154,4,1154,5],[1155,4,1155,5],[1156,4,1156,5],[1184,4,1184,5],[1185,4,1185,5],[1186,4,1186,5],[1187,4,1187,5]],"merged_total":7627,"flags":["merged_cut"]}
[null,null,null,"Obra","Bancos",null,"B.D.I.",null,"Encargos Sociais"]
[null,null,null,"OBRAS E SERVIÇOS REMANESCENTES PARA CONSTRUÇÃO DE CENTRO COMERCIAL, LOCALIZADO NO MUNICÍPIO DE SANTANA, NO ESTADO DO AMAPÁ","SINAPI - 09/2024 - Amapá\nSICRO3 - 07/2024 - Amapá\nORSE - 07/2024 - Sergipe\n",null,"21,9%",null,"Não Desonerado: embutido nos preços unitário dos insumos de mão de obra, de acordo com as bases."]
["Planilha Orçamentária Analítica"]
[" 1 ",null,null,"ADMINISTRAÇÃO DA OBRA",{"$nulls":5},357504.5]
[" 1.1 ","Código","Banco","Descrição","Tipo",null,"Und","Quant.","Valor Unit","Total"]
["Composição"," COMPOSIÇÃO - 146 ","Próprio","ADMINISTRAÇÃO LOCAL","SERT - SERVIÇOS TÉCNICOS",null,"UN",1,29327.69,29327.69]
["Composição Auxiliar"," 93565 ","SINAPI","ENGENHEIRO CIVIL DE OBRA JUNIOR COM ENCARGOS COMPLEMENTARES","SEDI - SERVIÇOS DIVERSOS",null,"MES",0.6,21036.16,12621.69]
["Composição Auxiliar"," 93572 ","SINAPI","ENCARREGADO GERAL DE OBRAS COM ENCARGOS COMPLEMENTARES","SEDI - SERVIÇOS DIVERSOS",null,"MES",1,4673.12,4673.12]
["Composição Auxiliar"," 101460 ","SINAPI","VIGIA DIURNO COM ENCARGOS COMPLEMENTARES","SEDI - SERVIÇOS DIVERSOS",null,"MES",1,3327.82,3327.82]
["Composição Auxiliar"," 93564 ","SINAPI","APONTADOR OU APROPRIADOR COM ENCARGOS COMPLEMENTARES","SEDI - SERVIÇOS DIVERSOS",null,"MES",1,3451.46,3451.46]
["Insumo"," E8889 ","SICRO3","Veículo leve - 53 kW (sem motorista)","Consultoria",null,"hora",220,23.88,5253.6]
[{"$nulls":4},"MO sem LS =>",22108.400000000001,"LS =>",0,"MO com LS =>",22108.400000000001]
[{"$nulls":4},"Valor do BDI =>",6422.76,null,"Valor com BDI =>",null,35750.449999999997]
[{"$nulls":6},"Quant. =>","10,00","Preço Total =>",357504.5]
[]
[" 2 ",null,null,"SERVIÇOS PRELIMINARES",{"$nulls":5},12276.31]
[" 2.1 ","Código","Banco","Descrição","Tipo",null,"Und","Quant.","Valor Unit","Total"]
["Composição"," 103689 ","SINAPI","FORNECIMENTO E INSTALAÇÃO DE PLACA DE OBRA COM CHAPA GALVANIZADA E ESTRUTURA DE MADEIRA. AF_03/2022_PS","PAVI - PAVIMENTAÇÃO",null,"m²",1,461.25,461.25]
["Composição Auxiliar"," 88316 ","SINAPI","SERVENTE COM ENCARGOS COMPLEMENTARES","SEDI - SERVIÇOS DIVERSOS",null,"H",1.1186,18.98,21.23]
["Composição Auxiliar"," 88262 ","SINAPI","CARPINTEIRO DE FORMAS COM ENCARGOS COMPLEMENTARES","SEDI - SERVIÇOS DIVERSOS",null,"H",0.37290000000000001,24.94,9.3000000000000007]
["Composição Auxiliar"," 102234 ","SINAPI","PINTURA IMUNIZANTE PARA MADEIRA, 2 DEMÃOS. AF_01/2021","PINT - PINTURAS",null,"m²",0.5,27.13,13.56]
["Insumo"," 00004813 ","SINAPI","PLACA DE OBRA (PARA CONSTRUCAO CIVIL) EM CHAPA GALVANIZADA *N. 22*, ADESIVADA, DE *2,4 X 1,2* M (SEM POSTES PARA FIXACAO)","Material",null,"M²",1,400,400]
["Insumo"," 00005069 ","SINAPI","PREGO DE ACO POLIDO COM CABECA 17 X 27 (2 1/2 X 11)","Material",null,"KG",1.32E-2,16.59,0.21]
["Insumo"," 00005065 ","SINAPI","PREGO DE ACO POLIDO COM CABECA 10 X 10 (7/8 X 17)","Material",null,"KG",1.1299999999999999E-2,30.96,0.34]
["Insumo"," 00004509 ","SINAPI","SARRAFO *2,5 X 10* CM EM PINUS, MISTA OU EQUIVALENTE DA REGIAO - BRUTA","Material",null,"M",3.2082999999999999,5.18,16.61]
[{"$nulls":4},"MO sem LS =>",28.76,"LS =>",0,"MO com LS =>",28.76]
[{"$nulls":4},"Valor do BDI =>",101.01,null,"Valor com BDI =>",null,562.26]
[{"$nulls":6},"Quant. =>","6,42","Preço Total =>",3609.7]
[]
[" 2.2 ","Código","Banco","Descrição","Tipo",null,"Und","Quant.","Valor Unit","Total"]
["Composição"," 98458 ","SINAPI","TAPUME COM COMPENSADO DE MADEIRA. AF_03/2024","CANT - CANTEIRO DE OBRAS",null,"m²",1,105.28,105.28]
["Composição Auxiliar"," 91693 ","SINAPI","SERRA CIRCULAR DE BANCADA COM MOTOR ELÉTRICO POTÊNCIA DE 5HP, COM COIFA PARA DISCO 10\" - CHI DIURNO. AF_08/2015","CHOR - CUSTOS HORÁRIOS DE MÁQUINAS E EQUIPAMENTOS",null,"CHI",2.64E-2,33.83,0.89]
["Composição Auxiliar"," 94974 ","SINAPI","CONCRETO MAGRO PARA LASTRO, TRAÇO 1:4,5:4,5 (EM MASSA SECA DE CIMENTO/ AREIA MÉDIA/ BRITA 1) - PREPARO MANUAL. AF_05/2021","FUES - FUNDAÇÕES E ESTRUTURAS",null,"m³",6.1000000000000004E-3,657.73,4.01]
["Composição Auxiliar"," 88262 ","SINAPI","CARPINTEIRO DE FORMAS COM ENCARGOS COMPLEMENTARES","SEDI - SERVIÇOS DIVERSOS",null,"H",0.79,24.94,19.7]
["Composição Auxiliar"," 88239 ","SINAPI","AJUDANTE DE CARPINTEIRO COM ENCARGOS COMPLEMENTARES","SEDI - SERVIÇOS DIVERSOS",null,"H",0.52900000000000003,20.88,11.04]
["Composição Auxiliar"," 91692 ","SINAPI","SERRA CIRCULAR DE BANCADA COM MOTOR ELÉTRICO POTÊNCIA DE 5HP, COM COIFA PARA DISCO 10\" - CHP DIURNO. AF_08/2015","CHOR - CUSTOS HORÁRIOS DE MÁQUINAS E EQUIPAMENTOS",null,"CHP",6.6E-3,35.119999999999997,0.23]
["Insumo"," 00004491 ","SINAPI","PONTALETE *7,5 X 7,5* CM EM PINUS, MISTA OU EQUIVALENTE DA REGIAO - BRUTA","Material",null,"M",1.2273000000000001,10.220000000000001,12.54]
["Insumo"," 00005061 ","SINAPI","PREGO DE ACO POLIDO COM CABECA 18 X 27 (2 1/2 X 10)","Material",null,"KG",6.8000000000000005E-2,16,1.08]
["Insumo"," 00006194 ","SINAPI","TABUA *2,5 X 15 CM EM PINUS, MISTA OU EQUIVALENTE DA REGIAO - BRUTA","Material",null,"M",2,7.29,14.58]
["Insumo"," 00043681 ","SINAPI","CHAPA/PAINEL DE MADEIRA COMPENSADA RESINADA (MADEIRITE RESINADO ROSA) PARA FORMA DE CONCRETO, DE 2200 X 1100 MM, E = 8 A 12 MM","Material",null,"m²",1.050038,39.25,41.21]
[{"$nulls":4},"MO sem LS =>",26.63,"LS =>",0,"MO com LS =>",26.63]
[{"$nulls":4},"Valor do BDI =>",23.05,null,"Valor com BDI =>",null,128.33000000000001]
[{"$nulls":6},"Quant. =>","22,00","Preço Total =>",2823.26]
[]
[" 2.3 ","Código","Banco","Descrição","Tipo",null,"Und","Quant.","Valor Unit","Total"]
["Composição"," 11519 ","ORSE","Câmera Hdcvi speed dome Vhd 3020 sd, da Intelbrás ou similar","Diversos",null,"un",1,3994.25,3994.25]
[null,"Código","Banco","Descrição","Tipo",null,"Und","Quant.","Valor Unit","Total"]
["Insumo",6698,"ORSE","Técnico em informática - 40h - Rev 02","Mão de Obra",null,"h",8,"24,14","193,15"]
["Insumo",12452,"ORSE","Câmera Hdcvi speed dome Vhd 3020 sd, da Intelbrás ou similar","Material",null,"un",1,"3.801,10","3.801,10"]
["Detalhamento de Cálculo ORSE"]
[null,"Código","Banco","Descrição","Tipo",null,"Und","Quant.","Valor Unit","Total"]
["Insumo",6698,"ORSE","Técnico em informática - 40h - Rev 02","Mão de Obra",null,"h",8,"24,14","193,15"]
["Insumo",12452,"ORSE","Câmera Hdcvi speed dome Vhd 3020 sd, da Intelbrás ou similar","Material",null,"un",1,"3.801,10","3.801,10"]
[{"$nulls":4},"MO sem LS =>",193.15,"LS =>",0,"MO com LS =>",193.15]
[{"$nulls":4},"Valor do BDI =>",874.74,null,"Valor com BDI =>",null,4868.99]
[{"$nulls":6},"Quant. =>","1,00","Preço Total =>",4868.99]
[]
[" 2.4 ","Código","Banco","Descrição","Tipo",null,"Und","Quant.","Valor Unit","Total"]
["Composição"," 8646 ","ORSE","Poste galvanizado com 5m para instalação de câmera de segurança p/penitenciária","Diversos",null,"un",1,407.42,407.42]
[null,"Código","Banco","Descrição","Tipo",null,"Und","Quant.","Valor Unit","Total"]
["Composição",95,"ORSE","Concreto simples fabricado na obra, fck=13,5 mpa, lançado e adensado","Alvenarias de Pedra e Concretos para Fundações",null,"m³",0.28000000000000003,"553,39","154,94"]
["Composição",2306,"ORSE","Pintura de acabamento com aplicação de 02 demãos de esmalte  sintético sobre superfícies metálicas - R1","Esmalte Sintético / Óleo",null,"m²",1.1399999999999999,"20,98","23,91"]
["Composição",10550,"ORSE","Encargos Complementares - Pedreiro","Provisórios",null,"h",1.5,"3,67","5,50"]
["Composição",10549,"ORSE","Encargos Complementares - Servente","Provisórios",null,"h",1.5,"3,80","5,70"]
["Insumo",2315,"ORSE","Tubo de aço galvanizado leve c/ costura c/ rosca BSP Ø = 26,9mm ( 3/4\"), e = 2,25mm, l = 6000mm NBR 5580","Material",null,"m",6,"23,79","142,74"]
["Insumo","00004750/SINAPI","ORSE","Pedreiro (horista)","Mão de Obra",null,"h",1.5,"19,13","28,69"]
["Insumo","00006111/SINAPI","ORSE","Servente de obras (horista)","Mão de Obra",null,"h",1.5,"13,65","20,46"]
["Composição",4078,"ORSE","Pintura de proteção sobre superfícies metálicas com aplicação de 01 demão de tinta Super Galvite (Sherwin Williams ou similar) - R2","Esmalte Sintético / Óleo",null,"m²",1.1399999999999999,"9,08","10,35"]
["Composição",2497,"ORSE","Escavação manual de vala ou cava em material de 1ª categoria, profundidade até 1,50m","Escavação Manual em Área Urbana",null,"m³",0.28000000000000003,"52,50","14,70"]
["Detalhamento de Cálculo ORSE"]
[null,"Código","Banco","Descrição","Tipo",null,"Und","Quant.","Valor Unit","Total"]
["Insumo",3204,"ORSE","Tinta para aderência e proteção de superfícies galvanizadas, Super Galvite, marca Sherwin Williams ou similar","Material",null,"l",0.1026,"23,50","2,41"]
["Insumo",158,"ORSE","Almoço (Participação do empregador)","Material",null,"un",0.73821287999999996,"14,00","10,33"]
["Insumo",11243,"ORSE","Martelo sem unha","Material",null,"un",1.6008E-4,"28,00","0,00"]
["Insumo",10599,"ORSE","Protetor solar fps 30 com 120ml","Material",null,"un",1.3052879999999999E-2,"18,00","0,23"]
["Insumo",4729,"ORSE","Marreta 1 kg com cabo","Material",null,"un",4.8156000000000002E-4,"37,80","0,01"]
["Insumo","00004750/SINAPI","ORSE","Pedreiro (horista)","Mão de Obra",null,"h",1.6008,"19,13","30,62"]
["Insumo",11251,"ORSE","Pincel de seda 2\"","Material",null,"un",3.078E-3,"26,90","0,08"]
["Insumo",11252,"ORSE","Escada de aluminio de abrir com 7 degraus","Material",null,"un",6.8399999999999996E-5,"269,00","0,01"]
["Insumo",10761,"ORSE","Refeição - café da manhã ( café com leite e dois pães com manteiga)","Serviços",null,"un",0.73821287999999996,"5,00","3,69"]
["Insumo",10362,"ORSE","Seguro de vida e acidente em grupo","Serviços",null,"un",3.26322E-2,"12,54","0,40"]
["Insumo",4725,"ORSE","Espátula","Material",null,"un",2.7359999999999998E-4,"16,82","0,00"]
["Insumo",10492,"ORSE","Cesta Básica","Material",null,"un",3.26322E-2,"190,00","6,20"]
["Insumo",11248,"ORSE","Furadeira e Parafusadeira eletrica Bosch ou Similar profissional","Equipamento",null,"un",1.008E-5,"246,00","0,00"]
["Insumo",10583,"ORSE","Trincha 3\"","Material",null,"un",3.078E-3,"11,98","0,03"]
["Insumo",10282,"ORSE","Regua de alumínio c/ 2,00m (para pedreiro)","Material",null,"un",3.2016E-4,"45,00","0,01"]
["Insumo","00002711/SINAPI","ORSE","Carrinho de mao de aco capacidade 50 a 60 l, pneu com camara","Material",null,"un",9.6312000000000004E-4,"166,00","0,15"]
["Insumo","00012895/SINAPI","ORSE","Capacete de seguranca aba frontal com suspensao de polietileno, sem jugular (classe b)","Material",null,"un",4.3509600000000001E-3,"13,90","0,06"]
["Insumo",11249,"ORSE","Serra circular eletrica portatil","Equipamento",null,"un",1.008E-5,"617,95","0,00"]
["Insumo",10586,"ORSE","Torquesa","Material",null,"un",1.008E-5,"39,00","0,00"]
["Insumo",10788,"ORSE","Pá quadrada","Material",null,"un",9.6312000000000004E-4,"36,90","0,03"]
["Insumo","00012892/SINAPI","ORSE","Luva raspa de couro, cano curto (punho *7* cm)","Material",null,"par",1.6678680000000001E-2,"12,51","0,20"]
["Insumo","00004721/SINAPI","ORSE","Pedra britada n. 1 (9,5 a 19 mm) posto pedreira/fornecedor, sem frete","Material",null,"m³",5.8520000000000003E-2,"119,72","7,00"]
["Insumo",2378,"ORSE","Vale transporte","Material",null,"un",0.61246235999999998,"4,50","2,75"]
["Insumo",2226,"ORSE","Tinta esmalte sintético (coralit ou similar)","Material",null,"l",0.20519999999999999,"41,64","8,54"]
["Insumo",10596,"ORSE","Protetor auricular","Material",null,"un",3.26322E-2,"4,90","0,15"]
["Insumo",1651,"ORSE","Óculos branco proteção","Material",null,"pr",5.7911999999999998E-3,"6,70","0,03"]
["Insumo",941,"ORSE","Fardamento com mangas curta","Material",null,"un",1.0877400000000001E-2,"193,41","2,10"]
["Insumo","00006111/SINAPI","ORSE","Servente de obras (horista)","Mão de Obra",null,"h",4.8155999999999999,"13,65","65,70"]
["Insumo",11246,"ORSE","Escala métrica de bambú","Material",null,"Un",1.12056E-3,"10,22","0,01"]
["Insumo",10577,"ORSE","Serrote 40cm","Material",null,"un",1.008E-5,"29,90","0,00"]
["Insumo","00004783/SINAPI","ORSE","Pintor (horista)","Mão de Obra",null,"h",0.68400000000000005,"19,13","13,08"]
["Insumo","00000367/SINAPI","ORSE","Areia grossa - posto jazida/fornecedor (retirado na jazida, sem transporte)","Material",null,"m³",0.26404,"111,43","29,42"]
["Insumo","00000378/SINAPI","ORSE","Armador (horista)","Mão de Obra",null,"h",5.04E-2,"19,13","0,96"]
["Insumo","00004718/SINAPI","ORSE","Pedra britada n. 2 (19 a 38 mm) posto pedreira/fornecedor, sem frete","Material",null,"m³",0.17555999999999999,"120,35","21,12"]
["Insumo",11265,"ORSE","Martelo de borracha com cabo","Material",null,"un",6.4032E-4,"18,75","0,01"]
["Insumo",10585,"ORSE","Arco de serra","Material",null,"un",1.008E-5,"19,90","0,00"]
["Insumo",4722,"ORSE","Colher de pedreiro","Material",null,"un",6.4032E-4,"18,80","0,01"]
["Insumo",10790,"ORSE","Prumo de face","Material",null,"un",1.6008E-4,"25,95","0,00"]
["Insumo",4174,"ORSE","Desempenadeira de aço lisa, cabo madeira, ref:143, Atlas ou similar","Material",null,"un",1.1424E-3,"12,00","0,01"]
["Insumo",2315,"ORSE","Tubo de aço galvanizado leve c/ costura c/ rosca BSP Ø = 26,9mm ( 3/4\"), e = 2,25mm, l = 6000mm NBR 5580","Material",null,"m",6,"23,79","142,74"]
["Insumo",11244,"ORSE","Martelo com unha","Material",null,"un",2.016E-5,"48,95","0,00"]
["Insumo","00001379/SINAPI","ORSE","Cimento portland composto cp ii-32","Material",null,"kg",71.400000000000006,"0,76","54,26"]
["Insumo",11245,"ORSE","Desempoladeira de madeira 12x22","Material",null,"un",1.12056E-3,"11,60","0,01"]
["Insumo","00003768/SINAPI","ORSE","Lixa em folha para ferro, numero 150","Material",null,"un",0.627,"2,84","1,78"]
["Insumo",10578,"ORSE","Formão grande","Material",null,"un",2.016E-5,"15,15","0,00"]
["Insumo",11250,"ORSE","Rolo lã de carneiro 20cm","Material",null,"un",1.5732000000000001E-3,"17,50","0,02"]
["Insumo","00012893/SINAPI","ORSE","Bota de seguranca com biqueira de aco e colarinho acolchoado","Material",null,"par",5.7911999999999998E-3,"66,72","0,38"]
["Insumo",10579,"ORSE","Chave de fenda chata 30 cm","Material",null,"un",2.016E-5,"26,89","0,00"]
["Insumo",11264,"ORSE","Marreta de 1/2 kg com cabo","Material",null,"un",3.2016E-4,"13,52","0,00"]
["Insumo","00012894/SINAPI","ORSE","Capa para chuva em pvc com forro de poliester, com capuz (amarela ou azul)","Material",null,"un",1.45032E-3,"18,07","0,02"]
["Insumo",10517,"ORSE","Exames admissionais/demissionais (checkup)","Serviços",null,"cj",2.9006399999999999E-3,"300,00","0,87"]
["Insumo","00001213/SINAPI","ORSE","Carpinteiro de formas ou oficial (horista)","Mão de Obra",null,"h",0.1008,"19,13","1,92"]
["Insumo",11247,"ORSE","Serra mármore","Material",null,"un",1.6008E-4,"327,80","0,05"]
["Insumo",4728,"ORSE","Talhadeira chata 10\"","Material",null,"un",1.4446800000000001E-3,"18,58","0,02"]
["Insumo",10789,"ORSE","Nível de bolha de madeira","Material",null,"un",3.2016E-4,"15,40","0,00"]
[{"$nulls":4},"MO sem LS =>",112.28,"LS =>",0,"MO com LS =>",112.28]
[{"$nulls":4},"Valor do BDI =>",89.22,null,"Valor com BDI =>",null,496.64]
[{"$nulls":6},"Quant. =>","1,00","Preço Total =>",496.64]
[]
[" 2.5 ","Código","Banco","Descrição","Tipo",null,"Und","Quant.","Valor Unit","Total"]
["Composição"," 95636 ","SINAPI","KIT CAVALETE PARA MEDIÇÃO DE ÁGUA - ENTRADA PRINCIPAL, EM AÇO GALVANIZADO DN 25 MM (1\") - FORNECIMENTO E INSTALAÇÃO (EXCLUSIVE HIDRÔMETRO). AF_03/2024","INHI - INSTALAÇÕES HIDROS SANITÁRIAS",null,"UN",1,391.9,391.9]
["Composição Auxiliar"," 88267 ","SINAPI","ENCANADOR OU BOMBEIRO HIDRÁULICO COM ENCARGOS COMPLEMENTARES","SEDI - SERVIÇOS DIVERSOS",null,"H",3.5508000000000002,24.54,87.13]
["Composição Auxiliar"," 88248 ","SINAPI","AUXILIAR DE ENCANADOR OU BOMBEIRO HIDRÁULICO COM ENCARGOS COMPLEMENTARES","SEDI - SERVIÇOS DIVERSOS",null,"H",3.5508000000000002,20.39,72.400000000000006]
["Insumo"," 00006323 ","SINAPI","TE DE FERRO GALVANIZADO, DE 1\"","Material",null,"UN",1,24.11,24.11]
["Insumo"," 00003472 ","SINAPI","COTOVELO 90 GRAUS DE FERRO GALVANIZADO, COM ROSCA BSP, DE 1\"","Material",null,"UN",4,17.39,69.56]
["Insumo"," 00007307 ","SINAPI","FUNDO ANTICORROSIVO PARA METAIS FERROSOS (ZARCAO)","Material",null,"L",2.8799999999999999E-2,29.62,0.85]
["Insumo"," 00006019 ","SINAPI","REGISTRO GAVETA BRUTO EM LATAO FORJADO, BITOLA 1\" (REF 1509)","Material",null,"UN",1,58.88,58.88]
["Insumo"," 00004179 ","SINAPI","NIPLE DE FERRO GALVANIZADO, COM ROSCA BSP, DE 1\"","Material",null,"UN",2,12.9,25.8]
["Insumo"," 00040626 ","SINAPI","TUBO ACO GALVANIZADO COM COSTURA, CLASSE MEDIA, DN 1\", E = 3,38 MM, PESO 2,50 KG/M (NBR 5580)","Material",null,"M",1.143,37.43,42.78]
["Insumo"," 00003148 ","SINAPI","FITA VEDA ROSCA EM ROLOS DE 18 MM X 50 M (L X C)","Material",null,"UN",0.1188,14.75,1.75]
["Insumo"," 00004890 ","SINAPI","PLUG OU BUJAO DE FERRO GALVANIZADO, DE 1\"","Material",null,"UN",1,8.64,8.64]
[{"$nulls":4},"MO sem LS =>",132.9,"LS =>",0,"MO com LS =>",132.9]
[{"$nulls":4},"Valor do BDI =>",85.82,null,"Valor com BDI =>",null,477.72]
[{"$nulls":6},"Quant. =>","1,00","Preço Total =>",477.72]
[]
[" 3 ",null,null,"PAREDES E PAINÉIS",{"$nulls":5},13645.83]
[" 3.1 ","Código","Banco","Descrição","Tipo",null,"Und","Quant.","Valor Unit","Total"]
["Composição"," 103324 ","SINAPI","ALVENARIA DE VEDAÇÃO DE BLOCOS CERÂMICOS FURADOS NA VERTICAL DE 14X19X39 CM (ESPESSURA 14 CM) E ARGAMASSA DE ASSENTAMENTO COM PREPARO EM BETONEIRA. AF_12/2021","PARE - PAREDES/PAINEIS",null,"m²",1,80.81,80.81]
["Composição Auxiliar"," 88309 ","SINAPI","PEDREIRO COM ENCARGOS COMPLEMENTARES","SEDI - SERVIÇOS DIVERSOS",null,"H",0.86,25.3,21.75]
["Composição Auxiliar"," 87292 ","SINAPI","ARGAMASSA TRAÇO 1:2:8 (EM VOLUME DE CIMENTO, CAL E AREIA MÉDIA ÚMIDA) PARA EMBOÇO/MASSA ÚNICA/ASSENTAMENTO DE ALVENARIA DE VEDAÇÃO, PREPARO MECÂNICO COM BETONEIRA 400 L. AF_08/2019","SEDI - SERVIÇOS DIVERSOS",null,"m³",1.18E-2,668.03,7.88]
["Composição Auxiliar"," 88316 ","SINAPI","SERVENTE COM ENCARGOS COMPLEMENTARES","SEDI - SERVIÇOS DIVERSOS",null,"H",0.43,18.98,8.16]
["Insumo"," 00034547 ","SINAPI","TELA DE ACO SOLDADA GALVANIZADA/ZINCADA PARA ALVENARIA, FIO D = *1,20 A 1,70* MM, MALHA 15 X 15 MM, (C X L) *50 X 12* CM","Material",null,"M",0.42,3.63,1.52]
["Insumo"," 00037593 ","SINAPI","BLOCO CERAMICO / TIJOLO VAZADO PARA ALVENARIA DE VEDACAO, FUROS NA VERTICAL DE 14 X 19 X 39 CM (L X A X C)","Material",null,"UN",13.6,3.02,41.07]
["Insumo"," 00037395 ","SINAPI","PINO DE ACO COM FURO, HASTE = 27 MM (ACAO DIRETA)","Material",null,"CENTO",0.01,43.77,0.43]
[{"$nulls":4},"MO sem LS =>",25.03,"LS =>",0,"MO com LS =>",25.03]
[{"$nulls":4},"Valor do BDI =>",17.690000000000001,null,"Valor com BDI =>",null,98.5]
[{"$nulls":6},"Quant. =>","127,50","Preço Total =>",12558.75]
[]
[" 3.2 ","Código","Banco","Descrição","Tipo",null,"Und","Quant.","Valor Unit","Total"]
["Composição"," 4458 ","ORSE","Divisória em granito cinza andorinha para mictórios, polido, e=2cm, inclusivefixação - Rev 02","Divisórias",null,"m²",1,725.03,725.03]
[null,"Código","Banco","Descrição","Tipo",null,"Und","Quant.","Valor Unit","Total"]
["Composição",1903,"ORSE","Argamassa cimento e areia traço t-1 (1:3) - 1 saco cimento 50kg / 3 padiolas areia dim. 0.35 x 0.45 x 0.23 m - Confecção mecânica e transporte","Argamassas",null,"m³",3.0000000000000001E-3,"532,51","1,59"]
["Insumo","00004750/SINAPI","ORSE","Pedreiro (horista)","Mão de Obra",null,"h",1,"19,13","19,12"]
["Insumo","00006111/SINAPI","ORSE","Servente de obras (horista)","Mão de Obra",null,"h",1,"13,65","13,64"]
["Composição",10549,"ORSE","Encargos Complementares - Servente","Provisórios",null,"h",1,"3,80","3,80"]
["Composição",10550,"ORSE","Encargos Complementares - Pedreiro","Provisórios",null,"h",1,"3,67","3,67"]
["Insumo",12984,"ORSE","Granito cinza andorinha, bipolido, e=2cm para divisória","Material",null,"m²",1,"683,15","683,15"]
["Detalhamento de Cálculo ORSE"]
[null,"Código","Banco","Descrição","Tipo",null,"Und","Quant.","Valor Unit","Total"]
["Insumo",10789,"ORSE","Nível de bolha de madeira","Material",null,"un",2.0000000000000001E-4,"15,40","0,00"]
["Insumo",10517,"ORSE","Exames admissionais/demissionais (checkup)","Serviços",null,"cj",8.0480000000000005E-4,"300,00","0,24"]
["Insumo",10788,"ORSE","Pá quadrada","Material",null,"un",2.0239999999999999E-4,"36,90","0,00"]
["Insumo",4729,"ORSE","Marreta 1 kg com cabo","Material",null,"un",1.0119999999999999E-4,"37,80","0,00"]
["Insumo",10596,"ORSE","Protetor auricular","Material",null,"un",9.0539999999999995E-3,"4,90","0,04"]
["Insumo",10362,"ORSE","Seguro de vida e acidente em grupo","Serviços",null,"un",9.0539999999999995E-3,"12,54","0,11"]
["Insumo","00002711/SINAPI","ORSE","Carrinho de mao de aco capacidade 50 a 60 l, pneu com camara","Material",null,"un",2.0239999999999999E-4,"166,00","0,03"]
["Insumo",11245,"ORSE","Desempoladeira de madeira 12x22","Material",null,"un",6.9999999999999999E-4,"11,60","0,00"]
["Insumo",4174,"ORSE","Desempenadeira de aço lisa, cabo madeira, ref:143, Atlas ou similar","Material",null,"un",5.0000000000000001E-4,"12,00","0,00"]
["Insumo",11265,"ORSE","Martelo de borracha com cabo","Material",null,"un",4.0000000000000002E-4,"18,75","0,00"]
["Insumo",10761,"ORSE","Refeição - café da manhã ( café com leite e dois pães com manteiga)","Serviços",null,"un",0.20482159999999999,"5,00","1,02"]
["Insumo",4722,"ORSE","Colher de pedreiro","Material",null,"un",4.0000000000000002E-4,"18,80","0,00"]
["Insumo",941,"ORSE","Fardamento com mangas curta","Material",null,"un",3.0179999999999998E-3,"193,41","0,58"]
["Insumo",12984,"ORSE","Granito cinza andorinha, bipolido, e=2cm para divisória","Material",null,"m²",1,"683,15","683,15"]
["Insumo","00004750/SINAPI","ORSE","Pedreiro (horista)","Mão de Obra",null,"h",1,"19,13","19,12"]
["Insumo",2378,"ORSE","Vale transporte","Material",null,"un",0.1606292,"4,50","0,72"]
["Insumo","00006111/SINAPI","ORSE","Servente de obras (horista)","Mão de Obra",null,"h",1.012,"13,65","13,80"]
["Insumo",10492,"ORSE","Cesta Básica","Material",null,"un",9.0539999999999995E-3,"190,00","1,72"]
["Insumo",10599,"ORSE","Protetor solar fps 30 com 120ml","Material",null,"un",3.6216E-3,"18,00","0,06"]
["Insumo",4728,"ORSE","Talhadeira chata 10\"","Material",null,"un",3.0360000000000001E-4,"18,58","0,00"]
["Insumo",10790,"ORSE","Prumo de face","Material",null,"un",1E-4,"25,95","0,00"]
["Insumo","00001379/SINAPI","ORSE","Cimento portland composto cp ii-32","Material",null,"kg",1.3566,"0,76","1,03"]
["Insumo","00000370/SINAPI","ORSE","Areia media - posto jazida/fornecedor (retirado na jazida, sem transporte)","Material",null,"m³",3.2399999999999998E-3,"110,00","0,35"]
["Insumo",1651,"ORSE","Óculos branco proteção","Material",null,"pr",1.6096000000000001E-3,"6,70","0,01"]
["Insumo","00012892/SINAPI","ORSE","Luva raspa de couro, cano curto (punho *7* cm)","Material",null,"par",4.6275999999999999E-3,"12,51","0,05"]
["Insumo",11247,"ORSE","Serra mármore","Material",null,"un",1E-4,"327,80","0,03"]
["Insumo","00012893/SINAPI","ORSE","Bota de seguranca com biqueira de aco e colarinho acolchoado","Material",null,"par",1.6096000000000001E-3,"66,72","0,10"]
["Insumo",11264,"ORSE","Marreta de 1/2 kg com cabo","Material",null,"un",2.0000000000000001E-4,"13,52","0,00"]
["Insumo","00012895/SINAPI","ORSE","Capacete de seguranca aba frontal com suspensao de polietileno, sem jugular (classe b)","Material",null,"un",1.2072000000000001E-3,"13,90","0,01"]
["Insumo",158,"ORSE","Almoço (Participação do empregador)","Material",null,"un",0.20482159999999999,"14,00","2,86"]
["Insumo",10282,"ORSE","Regua de alumínio c/ 2,00m (para pedreiro)","Material",null,"un",2.0000000000000001E-4,"45,00","0,00"]
["Insumo","00012894/SINAPI","ORSE","Capa para chuva em pvc com forro de poliester, com capuz (amarela ou azul)","Material",null,"un",4.0240000000000002E-4,"18,07","0,00"]
["Insumo",11246,"ORSE","Escala métrica de bambú","Material",null,"Un",6.9999999999999999E-4,"10,22","0,00"]
["Insumo",11243,"ORSE","Martelo sem unha","Material",null,"un",1E-4,"28,00","0,00"]
[{"$nulls":4},"MO sem LS =>",32.92,"LS =>",0,"MO com LS =>",32.92]
[{"$nulls":4},"Valor do BDI =>",158.78,null,"Valor com BDI =>",null,883.81]
[{"$nulls":6},"Quant. =>","1,23","Preço Total =>",1087.08]
[]
[" 4 ",null,null,"ESQUADRIAS",{"$nulls":5},1102194.8500000001]
[" 4.1 ","Código","Banco","Descrição","Tipo",null,"Und","Quant.","Valor Unit","Total"]
["Composição"," 91341 ","SINAPI","PORTA EM ALUMÍNIO DE ABRIR TIPO VENEZIANA COM GUARNIÇÃO, FIXAÇÃO COM PARAFUSOS - FORNECIMENTO E INSTALAÇÃO. AF_12/2019","ESQV - ESQUADRIAS/FERRAGENS/VIDROS",null,"m²",1,677.02,677.02]
["Composição Auxiliar"," 88309 ","SINAPI","PEDREIRO COM ENCARGOS COMPLEMENTARES","SEDI - SERVIÇOS DIVERSOS",null,"H",0.3826,25.3,9.67]
["Composição Auxiliar"," 88316 ","SINAPI","SERVENTE COM ENCARGOS COMPLEMENTARES","SEDI - SERVIÇOS DIVERSOS",null,"H",0.191,18.98,3.62]
["Insumo"," 00007568 ","SINAPI","BUCHA DE NYLON SEM ABA S10, COM PARAFUSO DE 6,10 X 65 MM EM ACO ZINCADO COM ROSCA SOBERBA, CABECA CHATA E FENDA PHILLIPS","Material",null,"UN",4.8166000000000002,0.79,3.8]
["Insumo"," 00039025 ","SINAPI","PORTA DE ABRIR, TIPO VENEZIANA, EM ALUMINIO, ACABAMENTO ANODIZADO NATURAL, 90 CM X 210 CM (LARGURA X ALTURA), SEM GUARNICAO/ALIZAR/VISTA","Material",null,"UN",0.54730000000000001,768.55,420.62]
["Insumo"," 00036888 ","SINAPI","GUARNICAO / MOLDURA / ARREMATE DE ACABAMENTO PARA ESQUADRIA, EM ALUMINIO PERFIL 25, ACABAMENTO ANODIZADO BRANCO OU BRILHANTE, PARA 1 FACE","Material",null,"M",6.8503999999999996,29.05,199]
["Insumo"," 00000142 ","SINAPI","SELANTE ELASTICO MONOCOMPONENTE A BASE DE POLIURETANO (PU) PARA JUNTAS DIVERSAS","Material",null,"310ML",0.88290000000000002,45.66,40.31]
[{"$nulls":4},"MO sem LS =>",10.78,"LS =>",0,"MO com LS =>",10.78]
[{"$nulls":4},"Valor do BDI =>",148.26,null,"Valor com BDI =>",null,825.28]
[{"$nulls":6},"Quant. =>","30,66","Preço Total =>",25303.08]
[]
[" 4.2 ","Código","Banco","Descrição","Tipo",null,"Und","Quant.","Valor Unit","Total"]
["Composição"," 94805 ","SINAPI","PORTA DE ALUMÍNIO DE ABRIR PARA VIDRO SEM GUARNIÇÃO, 87X210CM, FIXAÇÃO COM PARAFUSOS, INCLUSIVE VIDROS - FORNECIMENTO E INSTALAÇÃO. AF_12/2019","ESQV - ESQUADRIAS/FERRAGENS/VIDROS",null,"UN",1,852.73,852.73]
["Composição Auxiliar"," 88309 ","SINAPI","PEDREIRO COM ENCARGOS COMPLEMENTARES","SEDI - SERVIÇOS DIVERSOS",null,"H",0.65100000000000002,25.3,16.47]
["Composição Auxiliar"," 88316 ","SINAPI","SERVENTE COM ENCARGOS COMPLEMENTARES","SEDI - SERVIÇOS DIVERSOS",null,"H",0.32500000000000001,18.98,6.16]
["Insumo"," 00007568 ","SINAPI","BUCHA DE NYLON SEM ABA S10, COM PARAFUSO DE 6,10 X 65 MM EM ACO ZINCADO COM ROSCA SOBERBA, CABECA CHATA E FENDA PHILLIPS","Material",null,"UN",8.8000000000000007,0.79,6.95]
["Insumo"," 00000142 ","SINAPI","SELANTE ELASTICO MONOCOMPONENTE A BASE DE POLIURETANO (PU) PARA JUNTAS DIVERSAS","Material",null,"310ML",1.613,45.66,73.64]
["Insumo"," 00039024 ","SINAPI","PORTA DE ABRIR EM ALUMINIO COM DIVISAO HORIZONTAL PARA VIDROS, ACABAMENTO ANODIZADO NATURAL, VIDROS INCLUSOS, SEM GUARNICAO/ALIZAR/VISTA, 87 CM X 210 CM","Material",null,"UN",1,749.51,749.51]
[{"$nulls":4},"MO sem LS =>",18.329999999999998,"LS =>",0,"MO com LS =>",18.329999999999998]
[{"$nulls":4},"Valor do BDI =>",186.74,null,"Valor com BDI =>",null,1039.47]
[{"$nulls":6},"Quant. =>","4,00","Preço Total =>",4157.88]
[]
[" 4.3 ","Código","Banco","Descrição","Tipo",null,"Und","Quant.","Valor Unit","Total"]
["Composição"," 13468 ","ORSE","Fornecimento e montagem de porta de enrolar automática, em chapa 20 Transvision, com guias laterais, soleira T, motor para 1000Kg , PVC auto lubrificante nas guias, borracha de vedação de soleira, central com 02 controles e pinturaeletrostática","Esquadrias de Ferro",null,"m²",1,370.44,370.44]
[null,"Código","Banco","Descrição","Tipo",null,"Und","Quant.","Valor Unit","Total"]
["Insumo",14209,"ORSE","Fornecimento e montagem de porta de enrolar automática, em chapa 20 Transvision, com guias laterais, soleira T, motor para 1000Kg , PVC auto lubrificante nas guias, borracha de vedação de soleira, central com 02 controles e pinturaeletrostática","Serviços",null,"m²",1,"370,44","370,44"]
["Detalhamento de Cálculo ORSE"]
[null,"Código","Banco","Descrição","Tipo",null,"Und","Quant.","Valor Unit","Total"]
["Insumo",14209,"ORSE","Fornecimento e montagem de porta de enrolar automática, em chapa 20 Transvision, com guias laterais, soleira T, motor para 1000Kg , PVC auto lubrificante nas guias, borracha de vedação de soleira, central com 02 controles e pinturaeletrostática","Serviços",null,"m²",1,"370,44","370,44"]
[{"$nulls":4},"MO sem LS =>",0,"LS =>",0,"MO com LS =>",0]
[{"$nulls":4},"Valor do BDI =>",81.12,null,"Valor com BDI =>",null,451.56]
[{"$nulls":6},"Quant. =>","965,97","Preço Total =>",436193.41]
[]
[" 4.4 ","Código","Banco","Descrição","Tipo",null,"Und","Quant.","Valor Unit","Total"]
["Composição"," 11489 ","ORSE","Fornecimento e instalação de brise metálico de alumínio, ref. B57, branco nieve 7000, da Hunter Douglas ou similar","Revestimentos em Laminados",null,"m²",1,450,450]
[null,"Código","Banco","Descrição","Tipo",null,"Und","Quant.","Valor Unit","Total"]
["Insumo",12424,"ORSE","Brise metálico de alumínio, ref. B57, branco nieve 7000, da Hunter Douglas ousimilar (material e mão de obra)","Material",null,"m²",1,"450,00","450,00"]
["Detalhamento de Cálculo ORSE"]
[null,"Código","Banco","Descrição","Tipo",null,"Und","Quant.","Valor Unit","Total"]
["Insumo",12424,"ORSE","Brise metálico de alumínio, ref. B57, branco nieve 7000, da Hunter Douglas ousimilar (material e mão de obra)","Material",null,"m²",1,"450,00","450,00"]
[{"$nulls":4},"MO sem LS =>",0,"LS =>",0,"MO com LS =>",0]
[{"$nulls":4},"Valor do BDI =>",98.55,null,"Valor com BDI =>",null,548.54999999999995]
[{"$nulls":6},"Quant. =>","575,26","Preço Total =>",315558.87]
[]
[" 4.5 ","Código","Banco","Descrição","Tipo",null,"Und","Quant.","Valor Unit","Total"]
["Composição"," 9039 ","ORSE","Alçapão de alumínio, tipo escama, cor fosca","Esquadrias de Alumínio",null,"m²",1,433.29,433.29]
[null,"Código","Banco","Descrição","Tipo",null,"Und","Quant.","Valor Unit","Total"]
["Composição",10549,"ORSE","Encargos Complementares - Servente","Provisórios",null,"h",1.5,"3,80","5,70"]
["Insumo","00006111/SINAPI","ORSE","Servente de obras (horista)","Mão de Obra",null,"h",1.5,"13,65","20,46"]
["Composição",1903,"ORSE","Argamassa cimento e areia traço t-1 (1:3) - 1 saco cimento 50kg / 3 padiolas areia dim. 0.35 x 0.45 x 0.23 m - Confecção mecânica e transporte","Argamassas",null,"m³",3.0000000000000001E-3,"532,51","1,59"]
["Composição",10550,"ORSE","Encargos Complementares - Pedreiro","Provisórios",null,"h",1,"3,67","3,67"]
["Insumo","00004750/SINAPI","ORSE","Pedreiro (horista)","Mão de Obra",null,"h",1,"19,13","19,12"]
["Insumo",9333,"ORSE","Alçapão de alumínio, tipo escama, cor fosca","Material",null,"m²",1,"382,63","382,63"]
["Detalhamento de Cálculo ORSE"]
[null,"Código","Banco","Descrição","Tipo",null,"Und","Quant.","Valor Unit","Total"]
["Insumo",4722,"ORSE","Colher de pedreiro","Material",null,"un",4.0000000000000002E-4,"18,80","0,00"]
["Insumo",10362,"ORSE","Seguro de vida e acidente em grupo","Serviços",null,"un",1.1304E-2,"12,54","0,14"]
["Insumo",11264,"ORSE","Marreta de 1/2 kg com cabo","Material",null,"un",2.0000000000000001E-4,"13,52","0,00"]
["Insumo",4174,"ORSE","Desempenadeira de aço lisa, cabo madeira, ref:143, Atlas ou similar","Material",null,"un",5.0000000000000001E-4,"12,00","0,00"]
["Insumo","00001379/SINAPI","ORSE","Cimento portland composto cp ii-32","Material",null,"kg",1.3566,"0,76","1,03"]
["Insumo",2378,"ORSE","Vale transporte","Material",null,"un",0.20767920000000001,"4,50","0,93"]
["Insumo","00012895/SINAPI","ORSE","Capacete de seguranca aba frontal com suspensao de polietileno, sem jugular (classe b)","Material",null,"un",1.5072E-3,"13,90","0,02"]
["Insumo",10596,"ORSE","Protetor auricular","Material",null,"un",1.1304E-2,"4,90","0,05"]
["Insumo",11265,"ORSE","Martelo de borracha com cabo","Material",null,"un",4.0000000000000002E-4,"18,75","0,00"]
["Insumo",10789,"ORSE","Nível de bolha de madeira","Material",null,"un",2.0000000000000001E-4,"15,40","0,00"]
["Insumo",4729,"ORSE","Marreta 1 kg com cabo","Material",null,"un",1.5119999999999999E-4,"37,80","0,00"]
["Insumo",11245,"ORSE","Desempoladeira de madeira 12x22","Material",null,"un",6.9999999999999999E-4,"11,60","0,00"]
["Insumo",10517,"ORSE","Exames admissionais/demissionais (checkup)","Serviços",null,"cj",1.0047999999999999E-3,"300,00","0,30"]
["Insumo",10282,"ORSE","Regua de alumínio c/ 2,00m (para pedreiro)","Material",null,"un",2.0000000000000001E-4,"45,00","0,00"]
["Insumo",11246,"ORSE","Escala métrica de bambú","Material",null,"Un",6.9999999999999999E-4,"10,22","0,00"]
["Insumo","00012893/SINAPI","ORSE","Bota de seguranca com biqueira de aco e colarinho acolchoado","Material",null,"par",2.0095999999999998E-3,"66,72","0,13"]
["Insumo",10761,"ORSE","Refeição - café da manhã ( café com leite e dois pães com manteiga)","Serviços",null,"un",0.25572159999999999,"5,00","1,27"]
["Insumo",10788,"ORSE","Pá quadrada","Material",null,"un",3.0239999999999998E-4,"36,90","0,01"]
["Insumo","00000370/SINAPI","ORSE","Areia media - posto jazida/fornecedor (retirado na jazida, sem transporte)","Material",null,"m³",3.2399999999999998E-3,"110,00","0,35"]
["Insumo",10599,"ORSE","Protetor solar fps 30 com 120ml","Material",null,"un",4.5215999999999998E-3,"18,00","0,08"]
["Insumo","00004750/SINAPI","ORSE","Pedreiro (horista)","Mão de Obra",null,"h",1,"19,13","19,12"]
["Insumo",1651,"ORSE","Óculos branco proteção","Material",null,"pr",2.0095999999999998E-3,"6,70","0,01"]
["Insumo",10790,"ORSE","Prumo de face","Material",null,"un",1E-4,"25,95","0,00"]
["Insumo","00012892/SINAPI","ORSE","Luva raspa de couro, cano curto (punho *7* cm)","Material",null,"par",5.7775999999999999E-3,"12,51","0,07"]
["Insumo",11247,"ORSE","Serra mármore","Material",null,"un",1E-4,"327,80","0,03"]
["Insumo",11243,"ORSE","Martelo sem unha","Material",null,"un",1E-4,"28,00","0,00"]
["Insumo","00002711/SINAPI","ORSE","Carrinho de mao de aco capacidade 50 a 60 l, pneu com camara","Material",null,"un",3.0239999999999998E-4,"166,00","0,05"]
["Insumo",9333,"ORSE","Alçapão de alumínio, tipo escama, cor fosca","Material",null,"m²",1,"382,63","382,63"]
["Insumo",10492,"ORSE","Cesta Básica","Material",null,"un",1.1304E-2,"190,00","2,14"]
["Insumo",4728,"ORSE","Talhadeira chata 10\"","Material",null,"un",4.5360000000000002E-4,"18,58","0,00"]
["Insumo",158,"ORSE","Almoço (Participação do empregador)","Material",null,"un",0.25572159999999999,"14,00","3,58"]
["Insumo","00006111/SINAPI","ORSE","Servente de obras (horista)","Mão de Obra",null,"h",1.512,"13,65","20,63"]
["Insumo",941,"ORSE","Fardamento com mangas curta","Material",null,"un",3.7680000000000001E-3,"193,41","0,72"]
["Insumo","00012894/SINAPI","ORSE","Capa para chuva em pvc com forro de poliester, com capuz (amarela ou azul)","Material",null,"un",5.0239999999999996E-4,"18,07","0,00"]
[{"$nulls":4},"MO sem LS =>",39.75,"LS =>",0,"MO com LS =>",39.75]
[{"$nulls":4},"Valor do BDI =>",94.89,null,"Valor com BDI =>",null,528.17999999999995]
[{"$nulls":6},"Quant. =>","0,64","Preço Total =>",338.03]
[]
[" 4.6 ","Código","Banco","Descrição","Tipo",null,"Und","Quant.","Valor Unit","Total"]
["Composição"," 99841 ","SINAPI","GUARDA-CORPO PANORÂMICO COM PERFIS DE ALUMÍNIO E VIDRO LAMINADO 8 MM, FIXADO COM CHUMBADOR MECÂNICO. AF_04/2019_PS","ESQV - ESQUADRIAS/FERRAGENS/VIDROS",null,"M",1,1716.54,1716.54]
["Composição Auxiliar"," 88315 ","SINAPI","SERRALHEIRO COM ENCARGOS COMPLEMENTARES","SEDI - SERVIÇOS DIVERSOS",null,"H",3.3530000000000002,25.08,84.09]
["Composição Auxiliar"," 88251 ","SINAPI","AUXILIAR DE SERRALHEIRO COM ENCARGOS COMPLEMENTARES","SEDI - SERVIÇOS DIVERSOS",null,"H",2.754,20.96,57.72]
["Insumo"," 00011964 ","SINAPI","PARAFUSO DE ACO ZINCADO, TIPO CHUMBADOR PARABOLT, DIAMETRO 3/8\", COMPRIMENTO 75 MM","Material",null,"UN",3.3330000000000002,2.42,8.06]
["Insumo"," 00039961 ","SINAPI","SILICONE ACETICO USO GERAL INCOLOR 280 G","Material",null,"UN",0.85499999999999998,30.17,25.79]
["Insumo"," 00001332 ","SINAPI","CHAPA DE ACO GROSSA, ASTM A36, E = 3/8\" (9,53 MM) 74,69 KG/M2","Material",null,"KG",1.4,10.16,14.22]
["Insumo"," 00013246 ","SINAPI","PARAFUSO DE ACO ZINCADO, SEXTAVADO, COM ROSCA INTEIRA, DIAMETRO 5/16\", COMPRIMENTO 3/4\", COM PORCA E ARRUELA LISA LEVE","Material",null,"UN",5,0.45,2.25]
["Insumo"," 00034360 ","SINAPI","PERFIL DE ALUMINIO ANODIZADO","Material",null,"KG",3.4089999999999998,42.8,145.9]
["Insumo"," 00020259 ","SINAPI","PERFIL DE BORRACHA EPDM MACICO *12 X 15* MM PARA ESQUADRIAS","Material",null,"M",3.149,12.9,40.619999999999997]
["Insumo"," 00011002 ","SINAPI","ELETRODO REVESTIDO AWS - E6013, DIAMETRO IGUAL A 2,50 MM","Material",null,"KG",3.0000000000000001E-3,26.89,0.08]
["Insumo"," 00034391 ","SINAPI","VIDRO COMUM LAMINADO LISO INCOLOR DUPLO, ESPESSURA TOTAL 8 MM (CADA CAMADA DE 4 MM) - COLOCADO","Material",null,"M²",0.998,1340.5,1337.81]
[{"$nulls":4},"MO sem LS =>",114.69,"LS =>",0,"MO com LS =>",114.69]
[{"$nulls":4},"Valor do BDI =>",375.92,null,"Valor com BDI =>",null,2092.46]
[{"$nulls":6},"Quant. =>","70,27","Preço Total =>",147037.16]
[]
[" 4.7 ","Código","Banco","Descrição","Tipo",null,"Und","Quant.","Valor Unit","Total"]
["Composição"," 91338 ","SINAPI","PORTA DE ALUMÍNIO DE ABRIR COM LAMBRI, COM GUARNIÇÃO, FIXAÇÃO COM PARAFUSOS - FORNECIMENTO E INSTALAÇÃO. AF_12/2019","ESQV - ESQUADRIAS/FERRAGENS/VIDROS",null,"m²",1,863.21,863.21]
["Composição Auxiliar"," 88309 ","SINAPI","PEDREIRO COM ENCARGOS COMPLEMENTARES","SEDI - SERVIÇOS DIVERSOS",null,"H",0.35630000000000001,25.3,9.01]
["Composição Auxiliar"," 88316 ","SINAPI","SERVENTE COM ENCARGOS COMPLEMENTARES","SEDI - SERVIÇOS DIVERSOS",null,"H",0.1779,18.98,3.37]
["Insumo"," 00036888 ","SINAPI","GUARNICAO / MOLDURA / ARREMATE DE ACABAMENTO PARA ESQUADRIA, EM ALUMINIO PERFIL 25, ACABAMENTO ANODIZADO BRANCO OU BRILHANTE, PARA 1 FACE","Material",null,"M",6.8503999999999996,29.05,199]
["Insumo"," 00004914 ","SINAPI","PORTA DE ABRIR EM ALUMINIO COM LAMBRI HORIZONTAL/LAMINADA, ACABAMENTO ANODIZADO NATURAL, SEM GUARNICAO/ALIZAR/VISTA","Material",null,"M²",1,607.72,607.72]
["Insumo"," 00007568 ","SINAPI","BUCHA DE NYLON SEM ABA S10, COM PARAFUSO DE 6,10 X 65 MM EM ACO ZINCADO COM ROSCA SOBERBA, CABECA CHATA E FENDA PHILLIPS","Material",null,"UN",4.8166000000000002,0.79,3.8]
["Insumo"," 00000142 ","SINAPI","SELANTE ELASTICO MONOCOMPONENTE A BASE DE POLIURETANO (PU) PARA JUNTAS DIVERSAS","Material",null,"310ML",0.88290000000000002,45.66,40.31]
[{"$nulls":4},"MO sem LS =>",10.029999999999999,"LS =>",0,"MO com LS =>",10.029999999999999]
[{"$nulls":4},"Valor do BDI =>",189.04,null,"Valor com BDI =>",null,1052.25]
[{"$nulls":6},"Quant. =>","1,68","Preço Total =>",1767.78]
[]
[" 4.8 ","Código","Banco","Descrição","Tipo",null,"Und","Quant.","Valor Unit","Total"]
["Composição"," 100763 ","SINAPI","VIGA METÁLICA EM PERFIL LAMINADO OU SOLDADO EM AÇO ESTRUTURAL, COM CONEXÕES PARAFUSADAS, INCLUSOS MÃO DE OBRA, TRANSPORTE E IÇAMENTO UTILIZANDO GUINDASTE - FORNECIMENTO E INSTALAÇÃO. AF_01/2020_PSA","FUES - FUNDAÇÕES E ESTRUTURAS",null,"KG",1,15.49,15.49]
["Composição Auxiliar"," 93288 ","SINAPI","GUINDASTE HIDRÁULICO AUTOPROPELIDO, COM LANÇA TELESCÓPICA 40 M, CAPACIDADE MÁXIMA 60 T, POTÊNCIA 260 KW - CHI DIURNO. AF_03/2016","CHOR - CUSTOS HORÁRIOS DE MÁQUINAS E EQUIPAMENTOS",null,"CHI",3.7851999999999998E-3,175.47,0.66]
["Composição Auxiliar"," 100719 ","SINAPI","PINTURA COM TINTA ALQUÍDICA DE FUNDO (TIPO ZARCÃO) PULVERIZADA SOBRE PERFIL METÁLICO EXECUTADO EM FÁBRICA (POR DEMÃO). AF_01/2020_PE","PINT - PINTURAS",null,"m²",3.5842400000000003E-2,8.57,0.3]
["Composição Auxiliar"," 88278 ","SINAPI","MONTADOR DE ESTRUTURA METÁLICA COM ENCARGOS COMPLEMENTARES","SEDI - SERVIÇOS DIVERSOS",null,"H",2.9000000000000001E-2,22.42,0.65]
["Composição Auxiliar"," 88240 ","SINAPI","AJUDANTE DE ESTRUTURA METÁLICA COM ENCARGOS COMPLEMENTARES","SEDI - SERVIÇOS DIVERSOS",null,"H",4.7000000000000002E-3,19.77,0.09]
["Composição Auxiliar"," 100716 ","SINAPI","JATEAMENTO ABRASIVO COM GRANALHA DE AÇO EM PERFIL METÁLICO EM FÁBRICA. AF_01/2020","PINT - PINTURAS",null,"m²",3.5842400000000003E-2,26.05,0.93]
["Composição Auxiliar"," 93287 ","SINAPI","GUINDASTE HIDRÁULICO AUTOPROPELIDO, COM LANÇA TELESCÓPICA 40 M, CAPACIDADE MÁXIMA 60 T, POTÊNCIA 260 KW - CHP DIURNO. AF_03/2016","CHOR - CUSTOS HORÁRIOS DE MÁQUINAS E EQUIPAMENTOS",null,"CHP",4.1475000000000001E-3,348.72,1.44]
["Insumo"," 00043082 ","SINAPI","PERFIL \"I\" OU \"W\" EM ACO LAMINADO, QUAISQUER DIMENSOES","Material",null,"KG",1.091,9.92,10.82]
["Insumo"," 00004777 ","SINAPI","CANTONEIRA ACO ABAS IGUAIS (QUALQUER BITOLA), ESPESSURA ENTRE 1/8\" E 1/4\"","Material",null,"KG",3.0547999999999999E-2,7.96,0.24]
["Insumo"," 00000442 ","SINAPI","PARAFUSO FRANCES M16 EM ACO GALVANIZADO, COMPRIMENTO = 45 MM, DIAMETRO = 16 MM, CABECA ABAULADA","Material",null,"UN",5.0999999999999997E-2,7.18,0.36]
[{"$nulls":4},"MO sem LS =>",0.92,"LS =>",0,"MO com LS =>",0.92]
[{"$nulls":4},"Valor do BDI =>",3.39,null,"Valor com BDI =>",null,18.88]
[{"$nulls":6},"Quant. =>","2.499,41","Preço Total =>",47188.86]
[]
[" 4.9 ","Código","Banco","Descrição","Tipo",null,"Und","Quant.","Valor Unit","Total"]
["Composição"," 102168 ","SINAPI","INSTALAÇÃO DE VIDRO LISO INCOLOR, E = 8 MM, EM ESQUADRIA DE ALUMÍNIO OU PVC, FIXADO COM BAGUETE. AF_01/2021_PS","ESQV - ESQUADRIAS/FERRAGENS/VIDROS",null,"m²",1,646.69000000000005,646.69000000000005]
["Composição Auxiliar"," 88325 ","SINAPI","VIDRACEIRO COM ENCARGOS COMPLEMENTARES","SEDI - SERVIÇOS DIVERSOS",null,"H",0.35599999999999998,22.71,8.08]
["Composição Auxiliar"," 88316 ","SINAPI","SERVENTE COM ENCARGOS COMPLEMENTARES","SEDI - SERVIÇOS DIVERSOS",null,"H",0.34599999999999997,18.98,6.56]
["Insumo"," 00020259 ","SINAPI","PERFIL DE BORRACHA EPDM MACICO *12 X 15* MM PARA ESQUADRIAS","Material",null,"M",3.4159999999999999,12.9,44.06]
["Insumo"," 00034385 ","SINAPI","VIDRO LISO INCOLOR 8MM  -  SEM COLOCACAO","Material",null,"M²",1,578.66,578.66]
["Insumo"," 00039432 ","SINAPI","FITA DE PAPEL REFORCADA COM LAMINA DE METAL PARA REFORCO DE CANTOS DE CHAPA DE GESSO PARA DRYWALL","Material",null,"M",2.992,3.12,9.33]
[{"$nulls":4},"MO sem LS =>",11.57,"LS =>",0,"MO com LS =>",11.57]
[{"$nulls":4},"Valor do BDI =>",141.62,null,"Valor com BDI =>",null,788.31]
[{"$nulls":6},"Quant. =>","146,40","Preço Total =>",115408.58]
[]
[" 4.10 ","Código","Banco","Descrição","Tipo",null,"Und","Quant.","Valor Unit","Total"]
["Composição"," 99855 ","SINAPI","CORRIMÃO SIMPLES, DIÂMETRO EXTERNO = 1 1/2\", EM AÇO GALVANIZADO. AF_04/2019_PS","ESQV - ESQUADRIAS/FERRAGENS/VIDROS",null,"M",1,107.89,107.89]
["Composição Auxiliar"," 88251 ","SINAPI","AUXILIAR DE SERRALHEIRO COM ENCARGOS COMPLEMENTARES","SEDI - SERVIÇOS DIVERSOS",null,"H",0.77800000000000002,20.96,16.3]
["Composição Auxiliar"," 88315 ","SINAPI","SERRALHEIRO COM ENCARGOS COMPLEMENTARES","SEDI - SERVIÇOS DIVERSOS",null,"H",0.94799999999999995,25.08,23.77]
["Insumo"," 00011033 ","SINAPI","SUPORTE PARA CALHA DE 150 MM EM ACO GALVANIZADO","Material",null,"UN",1.091,8.06,8.7899999999999991]
["Insumo"," 00011002 ","SINAPI","ELETRODO REVESTIDO AWS - E6013, DIAMETRO IGUAL A 2,50 MM","Material",null,"KG",4.0000000000000001E-3,26.89,0.1]
["Insumo"," 00007568 ","SINAPI","BUCHA DE NYLON SEM ABA S10, COM PARAFUSO DE 6,10 X 65 MM EM ACO ZINCADO COM ROSCA SOBERBA, CABECA CHATA E FENDA PHILLIPS","Material",null,"UN",3.2730000000000001,0.79,2.58]
["Insumo"," 00021012 ","SINAPI","TUBO ACO GALVANIZADO COM COSTURA, CLASSE LEVE, DN 40 MM (1 1/2\"), E = 3,00 MM, *3,48* KG/M (NBR 5580)","Material",null,"M",1.0289999999999999,54.77,56.35]
[{"$nulls":4},"MO sem LS =>",32.409999999999997,"LS =>",0,"MO com LS =>",32.409999999999997]
[{"$nulls":4},"Valor do BDI =>",23.62,null,"Valor com BDI =>",null,131.51]
[{"$nulls":6},"Quant. =>","70,27","Preço Total =>",9241.2000000000007]
[]
[" 5 ",null,null,"COBERTURA",{"$nulls":5},765157.58]
[" 5.1 ","Código","Banco","Descrição","Tipo",null,"Und","Quant.","Valor Unit","Total"]
["Composição"," 100778 ","SINAPI","ESTRUTURA TRELIÇADA DE COBERTURA, TIPO FINK, COM LIGAÇÕES PARAFUSADAS, INCLUSOS PERFIS METÁLICOS, CHAPAS METÁLICAS, MÃO DE OBRA E TRANSPORTE COM GUINDASTE - FORNECIMENTO E INSTALAÇÃO. AF_01/2020_PSA","FUES - FUNDAÇÕES E ESTRUTURAS",null,"KG",1,12.49,12.49]
["Composição Auxiliar"," 100716 ","SINAPI","JATEAMENTO ABRASIVO COM GRANALHA DE AÇO EM PERFIL METÁLICO EM FÁBRICA. AF_01/2020","PINT - PINTURAS",null,"m²",7.8887499999999999E-2,26.05,2.0499999999999998]
["Composição Auxiliar"," 93288 ","SINAPI","GUINDASTE HIDRÁULICO AUTOPROPELIDO, COM LANÇA TELESCÓPICA 40 M, CAPACIDADE MÁXIMA 60 T, POTÊNCIA 260 KW - CHI DIURNO. AF_03/2016","CHOR - CUSTOS HORÁRIOS DE MÁQUINAS E EQUIPAMENTOS",null,"CHI",5.5219999999999998E-4,175.47,0.09]
["Composição Auxiliar"," 88278 ","SINAPI","MONTADOR DE ESTRUTURA METÁLICA COM ENCARGOS COMPLEMENTARES","SEDI - SERVIÇOS DIVERSOS",null,"H",4.9541000000000003E-3,22.42,0.11]
["Composição Auxiliar"," 100719 ","SINAPI","PINTURA COM TINTA ALQUÍDICA DE FUNDO (TIPO ZARCÃO) PULVERIZADA SOBRE PERFIL METÁLICO EXECUTADO EM FÁBRICA (POR DEMÃO). AF_01/2020_PE","PINT - PINTURAS",null,"m²",7.8887499999999999E-2,8.57,0.67]
["Composição Auxiliar"," 93287 ","SINAPI","GUINDASTE HIDRÁULICO AUTOPROPELIDO, COM LANÇA TELESCÓPICA 40 M, CAPACIDADE MÁXIMA 60 T, POTÊNCIA 260 KW - CHP DIURNO. AF_03/2016","CHOR - CUSTOS HORÁRIOS DE MÁQUINAS E EQUIPAMENTOS",null,"CHP",7.1000000000000002E-4,348.72,0.24]
["Composição Auxiliar"," 88240 ","SINAPI","AJUDANTE DE ESTRUTURA METÁLICA COM ENCARGOS COMPLEMENTARES","SEDI - SERVIÇOS DIVERSOS",null,"H",9.1509999999999996E-4,19.77,0.01]
["Insumo"," 00001333 ","SINAPI","CHAPA DE ACO GROSSA, ASTM A36, E = 1/2\" (12,70 MM) 99,59 KG/M2","Material",null,"KG",6.424E-3,10,0.06]
["Insumo"," 00001332 ","SINAPI","CHAPA DE ACO GROSSA, ASTM A36, E = 3/8\" (9,53 MM) 74,69 KG/M2","Material",null,"KG",1.8177E-3,10.16,0.01]
["Insumo"," 00000442 ","SINAPI","PARAFUSO FRANCES M16 EM ACO GALVANIZADO, COMPRIMENTO = 45 MM, DIAMETRO = 16 MM, CABECA ABAULADA","Material",null,"UN",3.0056000000000002E-3,7.18,0.02]
["Insumo"," 00010966 ","SINAPI","PERFIL \"U\" SIMPLES, EM CHAPA DOBRADA DE ACO LAMINADO, E = 8 MM, H = 150 MM, L = 75 MM (16,97 KG/M)","Material",null,"KG",0.56602580000000002,9.0500000000000007,5.12]
["Insumo"," 00004777 ","SINAPI","CANTONEIRA ACO ABAS IGUAIS (QUALQUER BITOLA), ESPESSURA ENTRE 1/8\" E 1/4\"","Material",null,"KG",0.51673250000000004,7.96,4.1100000000000003]
[{"$nulls":4},"MO sem LS =>",0.41,"LS =>",0,"MO com LS =>",0.41]
[{"$nulls":4},"Valor do BDI =>",2.73,null,"Valor com BDI =>",null,15.22]
[{"$nulls":6},"Quant. =>","27.160,00","Preço Total =>",413375.2]
[]
[" 5.2 ","Código","Banco","Descrição","Tipo",null,"Und","Quant.","Valor Unit","Total"]
["Composição"," 94227 ","SINAPI","CALHA EM CHAPA DE AÇO GALVANIZADO NÚMERO 24, DESENVOLVIMENTO DE 33 CM, INCLUSO TRANSPORTE VERTICAL. AF_07/2019","COBE - COBERTURA",null,"M",1,62.83,62.83]
["Composição Auxiliar"," 88316 ","SINAPI","SERVENTE COM ENCARGOS COMPLEMENTARES","SEDI - SERVIÇOS DIVERSOS",null,"H",0.28199999999999997,18.98,5.35]
["Composição Auxiliar"," 93281 ","SINAPI","GUINCHO ELÉTRICO DE COLUNA, CAPACIDADE 400 KG, COM MOTO FREIO, MOTOR TRIFÁSICO DE 1,25 CV - CHP DIURNO. AF_03/2016","CHOR - CUSTOS HORÁRIOS DE MÁQUINAS E EQUIPAMENTOS",null,"CHP",1.32E-2,21.44,0.28000000000000003]
["Composição Auxiliar"," 93282 ","SINAPI","GUINCHO ELÉTRICO DE COLUNA, CAPACIDADE 400 KG, COM MOTO FREIO, MOTOR TRIFÁSICO DE 1,25 CV - CHI DIURNO. AF_03/2016","CHOR - CUSTOS HORÁRIOS DE MÁQUINAS E EQUIPAMENTOS",null,"CHI",1.83E-2,20.46,0.37]
["Composição Auxiliar"," 88323 ","SINAPI","TELHADISTA COM ENCARGOS COMPLEMENTARES","SEDI - SERVIÇOS DIVERSOS",null,"H",0.188,24.67,4.63]
["Insumo"," 00013388 ","SINAPI","SOLDA EM BARRA DE ESTANHO-CHUMBO 50/50","Material",null,"KG",5.8999999999999997E-2,136.26,8.0299999999999994]
["Insumo"," 00000142 ","SINAPI","SELANTE ELASTICO MONOCOMPONENTE A BASE DE POLIURETANO (PU) PARA JUNTAS DIVERSAS","Material",null,"310ML",5.2999999999999999E-2,45.66,2.41]
["Insumo"," 00005061 ","SINAPI","PREGO DE ACO POLIDO COM CABECA 18 X 27 (2 1/2 X 10)","Material",null,"KG",8.0000000000000002E-3,16,0.12]
["Insumo"," 00005104 ","SINAPI","REBITE DE REPUXO EM ALUMINIO VAZADO, DIAMETRO 3,2 X 8 MM DE COMPRIMENTO (1KG = 1025 UNIDADES)","Material",null,"KG",1.6000000000000001E-3,69.78,0.11]
["Insumo"," 00040782 ","SINAPI","CALHA QUADRADA DE CHAPA DE ACO GALVANIZADA NUM 24, CORTE 33 CM","Material",null,"M",1.05,39.56,41.53]
[{"$nulls":4},"MO sem LS =>",8.4700000000000006,"LS =>",0,"MO com LS =>",8.4700000000000006]
[{"$nulls":4},"Valor do BDI =>",13.75,null,"Valor com BDI =>",null,76.58]
[{"$nulls":6},"Quant. =>","99,75","Preço Total =>",7638.85]
[]
[" 5.3 ","Código","Banco","Descrição","Tipo",null,"Und","Quant.","Valor Unit","Total"]
["Composição"," 94231 ","SINAPI","RUFO EM CHAPA DE AÇO GALVANIZADO NÚMERO 24, CORTE DE 25 CM, INCLUSO TRANSPORTE VERTICAL. AF_07/2019","COBE - COBERTURA",null,"M",1,52.7,52.7]
["Composição Auxiliar"," 93282 ","SINAPI","GUINCHO ELÉTRICO DE COLUNA, CAPACIDADE 400 KG, COM MOTO FREIO, MOTOR TRIFÁSICO DE 1,25 CV - CHI DIURNO. AF_03/2016","CHOR - CUSTOS HORÁRIOS DE MÁQUINAS E EQUIPAMENTOS",null,"CHI",1.83E-2,20.46,0.37]
["Composição Auxiliar"," 93281 ","SINAPI","GUINCHO ELÉTRICO DE COLUNA, CAPACIDADE 400 KG, COM MOTO FREIO, MOTOR TRIFÁSICO DE 1,25 CV - CHP DIURNO. AF_03/2016","CHOR - CUSTOS HORÁRIOS DE MÁQUINAS E EQUIPAMENTOS",null,"CHP",1.32E-2,21.44,0.28000000000000003]
["Composição Auxiliar"," 88316 ","SINAPI","SERVENTE COM ENCARGOS COMPLEMENTARES","SEDI - SERVIÇOS DIVERSOS",null,"H",0.20699999999999999,18.98,3.92]
["Composição Auxiliar"," 88323 ","SINAPI","TELHADISTA COM ENCARGOS COMPLEMENTARES","SEDI - SERVIÇOS DIVERSOS",null,"H",0.112,24.67,2.76]
["Insumo"," 00005104 ","SINAPI","REBITE DE REPUXO EM ALUMINIO VAZADO, DIAMETRO 3,2 X 8 MM DE COMPRIMENTO (1KG = 1025 UNIDADES)","Material",null,"KG",1.1999999999999999E-3,69.78,0.08]
["Insumo"," 00005061 ","SINAPI","PREGO DE ACO POLIDO COM CABECA 18 X 27 (2 1/2 X 10)","Material",null,"KG",6.0000000000000001E-3,16,0.09]
["Insumo"," 00040873 ","SINAPI","RUFO INTERNO/EXTERNO DE CHAPA DE ACO GALVANIZADA NUM 24, CORTE 25 CM","Material",null,"M",1.05,28.6,30.03]
["Insumo"," 00013388 ","SINAPI","SOLDA EM BARRA DE ESTANHO-CHUMBO 50/50","Material",null,"KG",4.4999999999999998E-2,136.26,6.13]
["Insumo"," 00000142 ","SINAPI","SELANTE ELASTICO MONOCOMPONENTE A BASE DE POLIURETANO (PU) PARA JUNTAS DIVERSAS","Material",null,"310ML",0.19800000000000001,45.66,9.0399999999999991]
[{"$nulls":4},"MO sem LS =>",5.83,"LS =>",0,"MO com LS =>",5.83]
[{"$nulls":4},"Valor do BDI =>",11.54,null,"Valor com BDI =>",null,64.239999999999995]
[{"$nulls":6},"Quant. =>","325,64","Preço Total =>",20919.11]
[]
[" 5.4 ","Código","Banco","Descrição","Tipo",null,"Und","Quant.","Valor Unit","Total"]
["Composição"," 13745 ","ORSE","Cumeeira em galvalume para telha trapezoidal galvalume standard, com 40 cm decada lado, e = 0,43mm, cor natural","Telhamento",null,"m",1,110.16,110.16]
[null,"Código","Banco","Descrição","Tipo",null,"Und","Quant.","Valor Unit","Total"]
["Composição",10551,"ORSE","Encargos Complementares - Carpinteiro","Provisórios",null,"h",0.24,"3,71","0,89"]
["Composição",10549,"ORSE","Encargos Complementares - Servente","Provisórios",null,"h",0.24,"3,80","0,91"]
["Insumo","00006111/SINAPI","ORSE","Servente de obras (horista)","Mão de Obra",null,"h",0.24,"13,65","3,27"]
["Insumo",14552,"ORSE","Cumeeira em galvalume para telha trapezoidal galvalume standard, com 40 cm decada lado, e = 0,43mm, cor natural","Material",null,"m",1,"88,60","88,60"]
["Insumo",1666,"ORSE","Parafuso p/telha 5/16\" x 110mm c/ arruela metalica e vedacao","Material",null,"cj",6,"1,99","11,94"]
["Insumo","00001213/SINAPI","ORSE","Carpinteiro de formas ou oficial (horista)","Mão de Obra",null,"h",0.24,"19,13","4,59"]
["Detalhamento de Cálculo ORSE"]
[null,"Código","Banco","Descrição","Tipo",null,"Und","Quant.","Valor Unit","Total"]
["Insumo",10517,"ORSE","Exames admissionais/demissionais (checkup)","Serviços",null,"cj",1.92E-4,"300,00","0,05"]
["Insumo",941,"ORSE","Fardamento com mangas curta","Material",null,"un",7.2000000000000005E-4,"193,41","0,13"]
["Insumo",10599,"ORSE","Protetor solar fps 30 com 120ml","Material",null,"un",8.6399999999999997E-4,"18,00","0,01"]
["Insumo",10362,"ORSE","Seguro de vida e acidente em grupo","Serviços",null,"un",2.16E-3,"12,54","0,02"]
["Insumo","00006111/SINAPI","ORSE","Servente de obras (horista)","Mão de Obra",null,"h",0.24,"13,65","3,27"]
["Insumo",10761,"ORSE","Refeição - café da manhã ( café com leite e dois pães com manteiga)","Serviços",null,"un",4.8863999999999998E-2,"5,00","0,24"]
["Insumo",1651,"ORSE","Óculos branco proteção","Material",null,"pr",3.6000000000000002E-4,"6,70","0,00"]
["Insumo",10578,"ORSE","Formão grande","Material",null,"un",4.8000000000000001E-5,"15,15","0,00"]
["Insumo","00012892/SINAPI","ORSE","Luva raspa de couro, cano curto (punho *7* cm)","Material",null,"par",1.1039999999999999E-3,"12,51","0,01"]
["Insumo",10596,"ORSE","Protetor auricular","Material",null,"un",2.16E-3,"4,90","0,01"]
["Insumo","00012895/SINAPI","ORSE","Capacete de seguranca aba frontal com suspensao de polietileno, sem jugular (classe b)","Material",null,"un",2.8800000000000001E-4,"13,90","0,00"]
["Insumo",4728,"ORSE","Talhadeira chata 10\"","Material",null,"un",7.2000000000000002E-5,"18,58","0,00"]
["Insumo","00002711/SINAPI","ORSE","Carrinho de mao de aco capacidade 50 a 60 l, pneu com camara","Material",null,"un",4.8000000000000001E-5,"166,00","0,00"]
["Insumo",2378,"ORSE","Vale transporte","Material",null,"un",3.8280000000000002E-2,"4,50","0,17"]
["Insumo",10788,"ORSE","Pá quadrada","Material",null,"un",4.8000000000000001E-5,"36,90","0,00"]
["Insumo",11249,"ORSE","Serra circular eletrica portatil","Equipamento",null,"un",2.4000000000000001E-5,"617,95","0,01"]
["Insumo","00012893/SINAPI","ORSE","Bota de seguranca com biqueira de aco e colarinho acolchoado","Material",null,"par",3.6000000000000002E-4,"66,72","0,02"]
["Insumo",11248,"ORSE","Furadeira e Parafusadeira eletrica Bosch ou Similar profissional","Equipamento",null,"un",2.4000000000000001E-5,"246,00","0,00"]
["Insumo",4729,"ORSE","Marreta 1 kg com cabo","Material",null,"un",2.4000000000000001E-5,"37,80","0,00"]
["Insumo","00012894/SINAPI","ORSE","Capa para chuva em pvc com forro de poliester, com capuz (amarela ou azul)","Material",null,"un",9.6000000000000002E-5,"18,07","0,00"]
["Insumo",1666,"ORSE","Parafuso p/telha 5/16\" x 110mm c/ arruela metalica e vedacao","Material",null,"cj",6,"1,99","11,94"]
["Insumo",10492,"ORSE","Cesta Básica","Material",null,"un",2.16E-3,"190,00","0,41"]
["Insumo",10577,"ORSE","Serrote 40cm","Material",null,"un",2.4000000000000001E-5,"29,90","0,00"]
["Insumo",10579,"ORSE","Chave de fenda chata 30 cm","Material",null,"un",4.8000000000000001E-5,"26,89","0,00"]
["Insumo",11244,"ORSE","Martelo com unha","Material",null,"un",4.8000000000000001E-5,"48,95","0,00"]
["Insumo",14552,"ORSE","Cumeeira em galvalume para telha trapezoidal galvalume standard, com 40 cm decada lado, e = 0,43mm, cor natural","Material",null,"m",1,"88,60","88,60"]
["Insumo",158,"ORSE","Almoço (Participação do empregador)","Material",null,"un",4.8863999999999998E-2,"14,00","0,68"]
["Insumo","00001213/SINAPI","ORSE","Carpinteiro de formas ou oficial (horista)","Mão de Obra",null,"h",0.24,"19,13","4,59"]
[{"$nulls":4},"MO sem LS =>",7.86,"LS =>",0,"MO com LS =>",7.86]
[{"$nulls":4},"Valor do BDI =>",24.12,null,"Valor com BDI =>",null,134.28]
[{"$nulls":6},"Quant. =>","123,15","Preço Total =>",16536.580000000002]
[]
[null,"Código","Banco","Descrição","Tipo",null,"Und","Quant.","Valor Unit","Total"]
["Insumo"," 00039522 ","SINAPI","TELHA TERMOISOLANTE REVESTIDA EM ACO GALVANIZADO, FACES SUPERIOR E INFERIOR EM TELHA TRAPEZOIDAL (SEM ACESSORIOS DE FIXACAO), REVESTIMENTO COM ESPESSURA DE 0,50 MM COM PRE-PINTURA NAS DUAS FACES, NUCLEO EM POLIESTIRENO (EPS) DE 50 MM","Material",null,"m²",1,140.77000000000001,140.77000000000001]
[{"$nulls":4},"MO sem LS =>",0,"LS =>",0,"MO com LS =>",0]
[{"$nulls":4},"Valor do BDI =>",null,null,"Valor com BDI =>",null,161.05000000000001]
[{"$nulls":6},"Quant. =>","1.762,27","Preço Total =>",283813.58]
[]
[" 5.6 ","Código","Banco","Descrição","Tipo",null,"Und","Quant.","Valor Unit","Total"]
["Composição"," 12734 ","ORSE","Telhamento com telha em aço galvalume, dupla, trapezoidal, com preenchimento PIR 50mm, pré-pintada, TP40 - 2 x 0,43mm, Kingspan- Isoeste ou similar","Estrutura Metálica",null,"m²",1,10.65,10.65]
[null,"Código","Banco","Descrição","Tipo",null,"Und","Quant.","Valor Unit","Total"]
["Insumo","00006111/SINAPI","ORSE","Servente de obras (horista)","Mão de Obra",null,"h",0.22,"13,65","3,00"]
["Insumo","00004299/SINAPI","ORSE","Parafuso zincado rosca soberba, cabeca sextavada, 5/16\" x 110 mm, para fixacao de telha em madeira","Material",null,"un",1,"1,75","1,75"]
["Composição",10551,"ORSE","Encargos Complementares - Carpinteiro","Provisórios",null,"h",0.22,"3,71","0,81"]
["Insumo","00001213/SINAPI","ORSE","Carpinteiro de formas ou oficial (horista)","Mão de Obra",null,"h",0.22,"19,13","4,20"]
["Insumo",7696,"ORSE","Massa 3M p/calafetação","Material",null,"kg",4.0000000000000001E-3,"26,06","0,10"]
["Composição",10549,"ORSE","Encargos Complementares - Servente","Provisórios",null,"h",0.22,"3,80","0,83"]
["Detalhamento de Cálculo ORSE"]
[null,"Código","Banco","Descrição","Tipo",null,"Und","Quant.","Valor Unit","Total"]
["Insumo",10577,"ORSE","Serrote 40cm","Material",null,"un",2.1999999999999999E-5,"29,90","0,00"]
["Insumo",11248,"ORSE","Furadeira e Parafusadeira eletrica Bosch ou Similar profissional","Equipamento",null,"un",2.1999999999999999E-5,"246,00","0,00"]
["Insumo",10517,"ORSE","Exames admissionais/demissionais (checkup)","Serviços",null,"cj",1.76E-4,"300,00","0,05"]
["Insumo",10761,"ORSE","Refeição - café da manhã ( café com leite e dois pães com manteiga)","Serviços",null,"un",4.4791999999999998E-2,"5,00","0,22"]
["Insumo",10578,"ORSE","Formão grande","Material",null,"un",4.3999999999999999E-5,"15,15","0,00"]
["Insumo","00006111/SINAPI","ORSE","Servente de obras (horista)","Mão de Obra",null,"h",0.22,"13,65","3,00"]
["Insumo",2378,"ORSE","Vale transporte","Material",null,"un",3.5090000000000003E-2,"4,50","0,15"]
["Insumo",10579,"ORSE","Chave de fenda chata 30 cm","Material",null,"un",4.3999999999999999E-5,"26,89","0,00"]
["Insumo",10599,"ORSE","Protetor solar fps 30 com 120ml","Material",null,"un",7.9199999999999995E-4,"18,00","0,01"]
["Insumo","00012892/SINAPI","ORSE","Luva raspa de couro, cano curto (punho *7* cm)","Material",null,"par",1.0120000000000001E-3,"12,51","0,01"]
["Insumo",4728,"ORSE","Talhadeira chata 10\"","Material",null,"un",6.6000000000000005E-5,"18,58","0,00"]
["Insumo",158,"ORSE","Almoço (Participação do empregador)","Material",null,"un",4.4791999999999998E-2,"14,00","0,62"]
["Insumo",10788,"ORSE","Pá quadrada","Material",null,"un",4.3999999999999999E-5,"36,90","0,00"]
["Insumo",7696,"ORSE","Massa 3M p/calafetação","Material",null,"kg",4.0000000000000001E-3,"26,06","0,10"]
["Insumo",4729,"ORSE","Marreta 1 kg com cabo","Material",null,"un",2.1999999999999999E-5,"37,80","0,00"]
["Insumo","00012895/SINAPI","ORSE","Capacete de seguranca aba frontal com suspensao de polietileno, sem jugular (classe b)","Material",null,"un",2.6400000000000002E-4,"13,90","0,00"]
["Insumo","00004299/SINAPI","ORSE","Parafuso zincado rosca soberba, cabeca sextavada, 5/16\" x 110 mm, para fixacao de telha em madeira","Material",null,"un",1,"1,75","1,75"]
["Insumo",10362,"ORSE","Seguro de vida e acidente em grupo","Serviços",null,"un",1.98E-3,"12,54","0,02"]
["Insumo",941,"ORSE","Fardamento com mangas curta","Material",null,"un",6.6E-4,"193,41","0,12"]
["Insumo","00012894/SINAPI","ORSE","Capa para chuva em pvc com forro de poliester, com capuz (amarela ou azul)","Material",null,"un",8.7999999999999998E-5,"18,07","0,00"]
["Insumo",10492,"ORSE","Cesta Básica","Material",null,"un",1.98E-3,"190,00","0,37"]
["Insumo","00012893/SINAPI","ORSE","Bota de seguranca com biqueira de aco e colarinho acolchoado","Material",null,"par",3.3E-4,"66,72","0,02"]
["Insumo",10596,"ORSE","Protetor auricular","Material",null,"un",1.98E-3,"4,90","0,00"]
["Insumo",1651,"ORSE","Óculos branco proteção","Material",null,"pr",3.3E-4,"6,70","0,00"]
["Insumo","00002711/SINAPI","ORSE","Carrinho de mao de aco capacidade 50 a 60 l, pneu com camara","Material",null,"un",4.3999999999999999E-5,"166,00","0,00"]
["Insumo",11244,"ORSE","Martelo com unha","Material",null,"un",4.3999999999999999E-5,"48,95","0,00"]
["Insumo",11249,"ORSE","Serra circular eletrica portatil","Equipamento",null,"un",2.1999999999999999E-5,"617,95","0,01"]
["Insumo","00001213/SINAPI","ORSE","Carpinteiro de formas ou oficial (horista)","Mão de Obra",null,"h",0.22,"19,13","4,20"]
[{"$nulls":4},"MO sem LS =>",7.2,"LS =>",0,"MO com LS =>",7.2]
[{"$nulls":4},"Valor do BDI =>",2.33,null,"Valor com BDI =>",null,12.98]
[{"$nulls":6},"Quant. =>","1.762,27","Preço Total =>",22874.26]
[]
[" 6 ",null,null,"INSTALAÇÕES ELÉTRICAS",{"$nulls":5},1828109.19]
[" 6.1 ",null,null,"SPDA",{"$nulls":5},60122.51]
[" 6.1.1 ","Código","Banco","Descrição","Tipo",null,"Und","Quant.","Valor Unit","Total"]
["Composição"," 12740 ","ORSE","Fornecimento e assentamento de barra chata de alumínio de 7/8\" x 1/8\"","Pára-raios",null,"m",1,13.89,13.89]
[null,"Código","Banco","Descrição","Tipo",null,"Und","Quant.","Valor Unit","Total"]
["Insumo","00002436/SINAPI","ORSE","Eletricista (horista)","Mão de Obra",null,"h",0.18,"19,13","3,44"]
["Composição",10552,"ORSE","Encargos Complementares - Eletricista","Provisórios",null,"h",0.18,"3,66","0,65"]
["Insumo",11095,"ORSE","Barra chata de aluminio 7/8\" x 1/8\"","Material",null,"m",1,"9,83","9,83"]
["Detalhamento de Cálculo ORSE"]
[null,"Código","Banco","Descrição","Tipo",null,"Und","Quant.","Valor Unit","Total"]
["Insumo",10492,"ORSE","Cesta Básica","Material",null,"un",8.0999999999999996E-4,"190,00","0,15"]
["Insumo",11241,"ORSE","Alicate volt-amperimetro","Material",null,"un",3.6000000000000001E-5,"163,00","0,00"]
["Insumo",10517,"ORSE","Exames admissionais/demissionais (checkup)","Serviços",null,"cj",7.2000000000000002E-5,"300,00","0,02"]
["Insumo",158,"ORSE","Almoço (Participação do empregador)","Material",null,"un",1.8324E-2,"14,00","0,25"]
["Insumo",10761,"ORSE","Refeição - café da manhã ( café com leite e dois pães com manteiga)","Serviços",null,"un",1.8324E-2,"5,00","0,09"]
["Insumo","00002436/SINAPI","ORSE","Eletricista (horista)","Mão de Obra",null,"h",0.18,"19,13","3,44"]
["Insumo",1651,"ORSE","Óculos branco proteção","Material",null,"pr",1.44E-4,"6,70","0,00"]
["Insumo",10599,"ORSE","Protetor solar fps 30 com 120ml","Material",null,"un",3.2400000000000001E-4,"18,00","0,00"]
["Insumo",11095,"ORSE","Barra chata de aluminio 7/8\" x 1/8\"","Material",null,"m",1,"9,83","9,83"]
["Insumo",10596,"ORSE","Protetor auricular","Material",null,"un",8.0999999999999996E-4,"4,90","0,00"]
["Insumo",10579,"ORSE","Chave de fenda chata 30 cm","Material",null,"un",3.6000000000000001E-5,"26,89","0,00"]
["Insumo","00012893/SINAPI","ORSE","Bota de seguranca com biqueira de aco e colarinho acolchoado","Material",null,"par",1.26E-4,"66,72","0,00"]
["Insumo","00012894/SINAPI","ORSE","Capa para chuva em pvc com forro de poliester, com capuz (amarela ou azul)","Material",null,"un",3.6000000000000001E-5,"18,07","0,00"]
["Insumo",941,"ORSE","Fardamento com mangas curta","Material",null,"un",2.7E-4,"193,41","0,05"]
["Insumo",11242,"ORSE","Chave inglesa 12\"","Material",null,"un",1.8E-5,"34,00","0,00"]
["Insumo","00012892/SINAPI","ORSE","Luva raspa de couro, cano curto (punho *7* cm)","Material",null,"par",4.1399999999999998E-4,"12,51","0,00"]
["Insumo","00012895/SINAPI","ORSE","Capacete de seguranca aba frontal com suspensao de polietileno, sem jugular (classe b)","Material",null,"un",1.08E-4,"13,90","0,00"]
["Insumo",11240,"ORSE","Alicate com isolamento","Material",null,"un",3.6000000000000001E-5,"47,69","0,00"]
["Insumo",10362,"ORSE","Seguro de vida e acidente em grupo","Serviços",null,"un",8.0999999999999996E-4,"12,54","0,01"]
["Insumo",2378,"ORSE","Vale transporte","Material",null,"un",1.1771999999999999E-2,"4,50","0,05"]
[{"$nulls":4},"MO sem LS =>",3.44,"LS =>",0,"MO com LS =>",3.44]
[{"$nulls":4},"Valor do BDI =>",3.04,null,"Valor com BDI =>",null,16.93]
[{"$nulls":6},"Quant. =>","480,00","Preço Total =>",8126.4]
[]
[" 6.1.2 ","Código","Banco","Descrição","Tipo",null,"Und","Quant.","Valor Unit","Total"]
["Composição"," 104746 ","SINAPI","MINI CAPTOR PARA SPDA - FORNECIMENTO E INSTALAÇÃO. AF_08/2023","INEL - INSTALAÇÃO ELÉTRICA/ELETRIFICAÇÃO E ILUMINAÇÃO EXTERNA",null,"UN",1,27.28,27.28]
["Composição Auxiliar"," 88247 ","SINAPI","AUXILIAR DE ELETRICISTA COM ENCARGOS COMPLEMENTARES","SEDI - SERVIÇOS DIVERSOS",null,"H",0.1905,21.44,4.08]
["Composição Auxiliar"," 88264 ","SINAPI","ELETRICISTA COM ENCARGOS COMPLEMENTARES","SEDI - SERVIÇOS DIVERSOS",null,"H",0.1905,27.89,5.31]
["Insumo"," 00041426 ","SINAPI","MINICAPTOR, EM ACO GALVANIZADO A FOGO, FIXACAO HORIZONTAL DE 2 FUROS, SEM BANDEIRA, H=600 MM X DN=10 MM","Material",null,"UN",1,13.95,13.95]
["Insumo"," 00011267 ","SINAPI","ARRUELA LISA, REDONDA, DE LATAO POLIDO, DIAMETRO NOMINAL 5/8\", DIAMETRO EXTERNO = 34 MM, DIAMETRO DO FURO = 17 MM, ESPESSURA = *2,5* MM","Material",null,"UN",2,1.43,2.86]
["Insumo"," 00007583 ","SINAPI","BUCHA DE NYLON SEM ABA S8, COM PARAFUSO DE 4,80 X 50 MM EM ACO ZINCADO COM ROSCA SOBERBA, CABECA CHATA E FENDA PHILLIPS","Material",null,"UN",2,0.54,1.08]
[{"$nulls":4},"MO sem LS =>",7.7,"LS =>",0,"MO com LS =>",7.7]
[{"$nulls":4},"Valor do BDI =>",5.97,null,"Valor com BDI =>",null,33.25]
[{"$nulls":6},"Quant. =>","18,00","Preço Total =>",598.5]
[]
[" 6.1.3 ","Código","Banco","Descrição","Tipo",null,"Und","Quant.","Valor Unit","Total"]
["Composição"," 98111 ","SINAPI","CAIXA DE INSPEÇÃO PARA ATERRAMENTO, CIRCULAR, EM POLIETILENO, DIÂMETRO INTERNO = 0,3 M. AF_12/2020","INHI - INSTALAÇÕES HIDROS SANITÁRIAS",null,"UN",1,53.15,53.15]
["Composição Auxiliar"," 88309 ","SINAPI","PEDREIRO COM ENCARGOS COMPLEMENTARES","SEDI - SERVIÇOS DIVERSOS",null,"H",0.1384,25.3,3.5]
["Composição Auxiliar"," 101618 ","SINAPI","PREPARO DE FUNDO DE VALA COM LARGURA MENOR QUE 1,5 M, COM CAMADA DE AREIA, LANÇAMENTO MANUAL. AF_08/2020","MOVT - MOVIMENTO DE TERRA",null,"m³",1.41E-2,273.52,3.85]
["Composição Auxiliar"," 88316 ","SINAPI","SERVENTE COM ENCARGOS COMPLEMENTARES","SEDI - SERVIÇOS DIVERSOS",null,"H",0.10879999999999999,18.98,2.06]
["Insumo"," 00034643 ","SINAPI","CAIXA DE INSPECAO PARA ATERRAMENTO E PARA RAIOS, EM POLIPROPILENO, DIAMETRO = 300 MM X ALTURA = 400 MM","Material",null,"UN",1,43.74,43.74]
[{"$nulls":4},"MO sem LS =>",5.75,"LS =>",0,"MO com LS =>",5.75]
[{"$nulls":4},"Valor do BDI =>",11.63,null,"Valor com BDI =>",null,64.78]
[{"$nulls":6},"Quant. =>","14,00","Preço Total =>",906.92]
[]
[" 6.1.4 ","Código","Banco","Descrição","Tipo",null,"Und","Quant.","Valor Unit","Total"]
["Composição"," 96985 ","SINAPI","HASTE DE ATERRAMENTO, DIÂMETRO 5/8\", COM 3 METROS - FORNECIMENTO E INSTALAÇÃO. AF_08/2023","INEL - INSTALAÇÃO ELÉTRICA/ELETRIFICAÇÃO E ILUMINAÇÃO EXTERNA",null,"UN",1,83.08,83.08]
["Composição Auxiliar"," 88247 ","SINAPI","AUXILIAR DE ELETRICISTA COM ENCARGOS COMPLEMENTARES","SEDI - SERVIÇOS DIVERSOS",null,"H",0.24840000000000001,21.44,5.32]
["Composição Auxiliar"," 88264 ","SINAPI","ELETRICISTA COM ENCARGOS COMPLEMENTARES","SEDI - SERVIÇOS DIVERSOS",null,"H",0.24840000000000001,27.89,6.92]
["Insumo"," 00003379 ","SINAPI","HASTE DE ATERRAMENTO EM ACO COM 3,00 M DE COMPRIMENTO E DN = 5/8\", REVESTIDA COM BAIXA CAMADA DE COBRE, SEM CONECTOR","Material",null,"UN",1,70.84,70.84]
[{"$nulls":4},"MO sem LS =>",10.039999999999999,"LS =>",0,"MO com LS =>",10.039999999999999]
[{"$nulls":4},"Valor do BDI =>",18.190000000000001,null,"Valor com BDI =>",null,101.27]
[{"$nulls":6},"Quant. =>","42,00","Preço Total =>",4253.34]
[]
[" 6.1.5 ","Código","Banco","Descrição","Tipo",null,"Und","Quant.","Valor Unit","Total"]
["Composição"," 93358 ","SINAPI","ESCAVAÇÃO MANUAL DE VALA. AF_09/2024","MOVT - MOVIMENTO DE TERRA",null,"m³",1,75.08,75.08]
["Composição Auxiliar"," 88316 ","SINAPI","SERVENTE COM ENCARGOS COMPLEMENTARES","SEDI - SERVIÇOS DIVERSOS",null,"H",3.9557666999999999,18.98,75.08]
[{"$nulls":4},"MO sem LS =>",57.99,"LS =>",0,"MO com LS =>",57.99]
[{"$nulls":4},"Valor do BDI =>",16.440000000000001,null,"Valor com BDI =>",null,91.52]
[{"$nulls":6},"Quant. =>","48,60","Preço Total =>",4447.87]
[]
[null,"Código","Banco","Descrição","Tipo",null,"Und","Quant.","Valor Unit","Total"]
["Insumo"," 00011950 ","SINAPI","BUCHA DE NYLON SEM ABA S6, COM PARAFUSO DE 4,20 X 40 MM EM ACO ZINCADO COM ROSCA SOBERBA, CABECA CHATA E FENDA PHILLIPS","Material",null,"UN",1,0.26,0.26]
[{"$nulls":4},"MO sem LS =>",0,"LS =>",0,"MO com LS =>",0]
[{"$nulls":4},"Valor do BDI =>",null,null,"Valor com BDI =>",null,0.28999999999999998]
[{"$nulls":6},"Quant. =>","300,00","Preço Total =>",87]
[]
[null,"Código","Banco","Descrição","Tipo",null,"Und","Quant.","Valor Unit","Total"]
["Insumo"," 00001577 ","SINAPI","TERMINAL A COMPRESSAO EM COBRE ESTANHADO PARA CABO 35 MM2, 1 FURO E 1 COMPRESSAO, PARA PARAFUSO DE FIXACAO M8","Material",null,"UN",1,3.31,3.31]
[{"$nulls":4},"MO sem LS =>",0,"LS =>",0,"MO com LS =>",0]
[{"$nulls":4},"Valor do BDI =>",null,null,"Valor com BDI =>",null,3.78]
[{"$nulls":6},"Quant. =>","14,00","Preço Total =>",52.92]
[]
[" 6.1.8 ","Código","Banco","Descrição","Tipo",null,"Und","Quant.","Valor Unit","Total"]
["Composição"," 9392 ","ORSE","Cabo de cobre nú 35 mm2 - fornecimento e assentamento (3,16m/kg)","Pára-raios",null,"kg",1,105.26,105.26]
[null,"Código","Banco","Descrição","Tipo",null,"Und","Quant.","Valor Unit","Total"]
["Composição",10549,"ORSE","Encargos Complementares - Servente","Provisórios",null,"h",0.12,"3,80","0,45"]
["Insumo","00006111/SINAPI","ORSE","Servente de obras (horista)","Mão de Obra",null,"h",0.12,"13,65","1,63"]
["Insumo",3249,"ORSE","Cabo de cobre nu 35 mm2 - 1AWG","Material",null,"Kg",1,"100,50","100,50"]
["Composição",10552,"ORSE","Encargos Complementares - Eletricista","Provisórios",null,"h",0.12,"3,66","0,43"]
["Insumo","00002436/SINAPI","ORSE","Eletricista (horista)","Mão de Obra",null,"h",0.12,"19,13","2,29"]
["Detalhamento de Cálculo ORSE"]
[null,"Código","Banco","Descrição","Tipo",null,"Und","Quant.","Valor Unit","Total"]
["Insumo",2378,"ORSE","Vale transporte","Material",null,"un",1.9140000000000001E-2,"4,50","0,08"]
["Insumo","00002436/SINAPI","ORSE","Eletricista (horista)","Mão de Obra",null,"h",0.12,"19,13","2,29"]
["Insumo",4729,"ORSE","Marreta 1 kg com cabo","Material",null,"un",1.2E-5,"37,80","0,00"]
["Insumo","00012892/SINAPI","ORSE","Luva raspa de couro, cano curto (punho *7* cm)","Material",null,"par",5.5199999999999997E-4,"12,51","0,00"]
["Insumo","00002711/SINAPI","ORSE","Carrinho de mao de aco capacidade 50 a 60 l, pneu com camara","Material",null,"un",2.4000000000000001E-5,"166,00","0,00"]
["Insumo",941,"ORSE","Fardamento com mangas curta","Material",null,"un",3.6000000000000002E-4,"193,41","0,06"]
["Insumo",11241,"ORSE","Alicate volt-amperimetro","Material",null,"un",2.4000000000000001E-5,"163,00","0,00"]
["Insumo",10517,"ORSE","Exames admissionais/demissionais (checkup)","Serviços",null,"cj",9.6000000000000002E-5,"300,00","0,02"]
["Insumo","00012894/SINAPI","ORSE","Capa para chuva em pvc com forro de poliester, com capuz (amarela ou azul)","Material",null,"un",4.8000000000000001E-5,"18,07","0,00"]
["Insumo",10596,"ORSE","Protetor auricular","Material",null,"un",1.08E-3,"4,90","0,00"]
["Insumo",10788,"ORSE","Pá quadrada","Material",null,"un",2.4000000000000001E-5,"36,90","0,00"]
["Insumo",10362,"ORSE","Seguro de vida e acidente em grupo","Serviços",null,"un",1.08E-3,"12,54","0,01"]
["Insumo","00006111/SINAPI","ORSE","Servente de obras (horista)","Mão de Obra",null,"h",0.12,"13,65","1,63"]
["Insumo",10492,"ORSE","Cesta Básica","Material",null,"un",1.08E-3,"190,00","0,20"]
["Insumo",10761,"ORSE","Refeição - café da manhã ( café com leite e dois pães com manteiga)","Serviços",null,"un",2.4431999999999999E-2,"5,00","0,12"]
["Insumo","00012895/SINAPI","ORSE","Capacete de seguranca aba frontal com suspensao de polietileno, sem jugular (classe b)","Material",null,"un",1.44E-4,"13,90","0,00"]
["Insumo",158,"ORSE","Almoço (Participação do empregador)","Material",null,"un",2.4431999999999999E-2,"14,00","0,34"]
["Insumo","00012893/SINAPI","ORSE","Bota de seguranca com biqueira de aco e colarinho acolchoado","Material",null,"par",1.8000000000000001E-4,"66,72","0,01"]
["Insumo",4728,"ORSE","Talhadeira chata 10\"","Material",null,"un",3.6000000000000001E-5,"18,58","0,00"]
["Insumo",11242,"ORSE","Chave inglesa 12\"","Material",null,"un",1.2E-5,"34,00","0,00"]
["Insumo",3249,"ORSE","Cabo de cobre nu 35 mm2 - 1AWG","Material",null,"Kg",1,"100,50","100,50"]
["Insumo",1651,"ORSE","Óculos branco proteção","Material",null,"pr",1.92E-4,"6,70","0,00"]
["Insumo",10599,"ORSE","Protetor solar fps 30 com 120ml","Material",null,"un",4.3199999999999998E-4,"18,00","0,00"]
["Insumo",10579,"ORSE","Chave de fenda chata 30 cm","Material",null,"un",2.4000000000000001E-5,"26,89","0,00"]
["Insumo",11240,"ORSE","Alicate com isolamento","Material",null,"un",2.4000000000000001E-5,"47,69","0,00"]
[{"$nulls":4},"MO sem LS =>",3.92,"LS =>",0,"MO com LS =>",3.92]
[{"$nulls":4},"Valor do BDI =>",23.05,null,"Valor com BDI =>",null,128.31]
[{"$nulls":6},"Quant. =>","30,00","Preço Total =>",3849.3]
[]
[" 6.1.9 ","Código","Banco","Descrição","Tipo",null,"Und","Quant.","Valor Unit","Total"]
["Composição"," 8082 ","ORSE","Cabo de cobre nú 50 mm2 - fornecimento e assentamento (2,27m/kg)","Pára-raios",null,"kg",1,127.29,127.29]
[null,"Código","Banco","Descrição","Tipo",null,"Und","Quant.","Valor Unit","Total"]
["Insumo","00002436/SINAPI","ORSE","Eletricista (horista)","Mão de Obra",null,"h",0.16,"19,13","3,06"]
["Composição",10549,"ORSE","Encargos Complementares - Servente","Provisórios",null,"h",0.16,"3,80","0,60"]
["Insumo","00006111/SINAPI","ORSE","Servente de obras (horista)","Mão de Obra",null,"h",0.16,"13,65","2,18"]
["Insumo",2694,"ORSE","Cabo de cobre nú 50 mm2 - 1/0 AWG","Material",null,"kg",1,"120,91","120,91"]
["Composição",10552,"ORSE","Encargos Complementares - Eletricista","Provisórios",null,"h",0.16,"3,66","0,58"]
["Detalhamento de Cálculo ORSE"]
[null,"Código","Banco","Descrição","Tipo",null,"Und","Quant.","Valor Unit","Total"]
["Insumo",4728,"ORSE","Talhadeira chata 10\"","Material",null,"un",4.8000000000000001E-5,"18,58","0,00"]
["Insumo",158,"ORSE","Almoço (Participação do empregador)","Material",null,"un",3.2576000000000001E-2,"14,00","0,45"]
["Insumo",4729,"ORSE","Marreta 1 kg com cabo","Material",null,"un",1.5999999999999999E-5,"37,80","0,00"]
["Insumo","00002711/SINAPI","ORSE","Carrinho de mao de aco capacidade 50 a 60 l, pneu com camara","Material",null,"un",3.1999999999999999E-5,"166,00","0,00"]
["Insumo","00002436/SINAPI","ORSE","Eletricista (horista)","Mão de Obra",null,"h",0.16,"19,13","3,06"]
["Insumo",2694,"ORSE","Cabo de cobre nú 50 mm2 - 1/0 AWG","Material",null,"kg",1,"120,91","120,91"]
["Insumo",10599,"ORSE","Protetor solar fps 30 com 120ml","Material",null,"un",5.7600000000000001E-4,"18,00","0,01"]
["Insumo","00006111/SINAPI","ORSE","Servente de obras (horista)","Mão de Obra",null,"h",0.16,"13,65","2,18"]
["Insumo",1651,"ORSE","Óculos branco proteção","Material",null,"pr",2.5599999999999999E-4,"6,70","0,00"]
["Insumo",941,"ORSE","Fardamento com mangas curta","Material",null,"un",4.8000000000000001E-4,"193,41","0,09"]
["Insumo",10596,"ORSE","Protetor auricular","Material",null,"un",1.4400000000000001E-3,"4,90","0,00"]
["Insumo",10492,"ORSE","Cesta Básica","Material",null,"un",1.4400000000000001E-3,"190,00","0,27"]
["Insumo",11242,"ORSE","Chave inglesa 12\"","Material",null,"un",1.5999999999999999E-5,"34,00","0,00"]
["Insumo",2378,"ORSE","Vale transporte","Material",null,"un",2.5520000000000001E-2,"4,50","0,11"]
["Insumo",11240,"ORSE","Alicate com isolamento","Material",null,"un",3.1999999999999999E-5,"47,69","0,00"]
["Insumo",10517,"ORSE","Exames admissionais/demissionais (checkup)","Serviços",null,"cj",1.2799999999999999E-4,"300,00","0,03"]
["Insumo",11241,"ORSE","Alicate volt-amperimetro","Material",null,"un",3.1999999999999999E-5,"163,00","0,00"]
["Insumo","00012892/SINAPI","ORSE","Luva raspa de couro, cano curto (punho *7* cm)","Material",null,"par",7.36E-4,"12,51","0,00"]
["Insumo","00012893/SINAPI","ORSE","Bota de seguranca com biqueira de aco e colarinho acolchoado","Material",null,"par",2.4000000000000001E-4,"66,72","0,01"]
["Insumo","00012894/SINAPI","ORSE","Capa para chuva em pvc com forro de poliester, com capuz (amarela ou azul)","Material",null,"un",6.3999999999999997E-5,"18,07","0,00"]
["Insumo",10362,"ORSE","Seguro de vida e acidente em grupo","Serviços",null,"un",1.4400000000000001E-3,"12,54","0,01"]
["Insumo","00012895/SINAPI","ORSE","Capacete de seguranca aba frontal com suspensao de polietileno, sem jugular (classe b)","Material",null,"un",1.92E-4,"13,90","0,00"]
["Insumo",10788,"ORSE","Pá quadrada","Material",null,"un",3.1999999999999999E-5,"36,90","0,00"]
["Insumo",10579,"ORSE","Chave de fenda chata 30 cm","Material",null,"un",3.1999999999999999E-5,"26,89","0,00"]
["Insumo",10761,"ORSE","Refeição - café da manhã ( café com leite e dois pães com manteiga)","Serviços",null,"un",3.2576000000000001E-2,"5,00","0,16"]
[{"$nulls":4},"MO sem LS =>",5.24,"LS =>",0,"MO com LS =>",5.24]
[{"$nulls":4},"Valor do BDI =>",27.87,null,"Valor com BDI =>",null,155.16]
[{"$nulls":6},"Quant. =>","240,00","Preço Total =>",37238.400000000001]
[]
[" 6.1.10 ","Código","Banco","Descrição","Tipo",null,"Und","Quant.","Valor Unit","Total"]
["Composição"," COMPOSIÇÃO - 147 ","Próprio","SOLDA EXOTÉRMICA PARA CABO DE 35MM²","INEL - INSTALAÇÃO ELÉTRICA/ELETRIFICAÇÃO E ILUMINAÇÃO EXTERNA",null,"UN",1,208.26,208.26]
["Composição Auxiliar"," 9901 ","ORSE","Fornecimento de molde de solda exotérmica tipo \"T\" para cabo 35 mm²","Fornecimento de Materiais para Redes de Energia Elétrica e Iluminação",null,"un",1,172.6,172.6]
["Composição Auxiliar"," 88247 ","SINAPI","AUXILIAR DE ELETRICISTA COM ENCARGOS COMPLEMENTARES","SEDI - SERVIÇOS DIVERSOS",null,"H",0.5,21.44,10.72]
["Composição Auxiliar"," 88264 ","SINAPI","ELETRICISTA COM ENCARGOS COMPLEMENTARES","SEDI - SERVIÇOS DIVERSOS",null,"H",0.5,27.89,13.94]
["Composição Auxiliar"," 10428 ","ORSE","Fornecimento de cartucho para solda exotérmica para cabo 35 mm²","Fornecimento de Materiais para Redes de Energia Elétrica e Iluminação",null,"un",1,11,11]
[{"$nulls":4},"MO sem LS =>",20.23,"LS =>",0,"MO com LS =>",20.23]
[{"$nulls":4},"Valor do BDI =>",45.6,null,"Valor com BDI =>",null,253.86]
[{"$nulls":6},"Quant. =>","1,00","Preço Total =>",253.86]
[]
[" 6.1.11 ","Código","Banco","Descrição","Tipo",null,"Und","Quant.","Valor Unit","Total"]
["Composição"," COMPOSIÇÃO - 148 ","Próprio","SOLDA EXOTÉRMICA PARA CABO DE 50MM²","INEL - INSTALAÇÃO ELÉTRICA/ELETRIFICAÇÃO E ILUMINAÇÃO EXTERNA",null,"UN",1,252.67,252.67]
["Composição Auxiliar"," 88247 ","SINAPI","AUXILIAR DE ELETRICISTA COM ENCARGOS COMPLEMENTARES","SEDI - SERVIÇOS DIVERSOS",null,"H",0.5,21.44,10.72]
["Composição Auxiliar"," 11131 ","ORSE","Fornecimento de cartucho para solda exotérmica para cabo 50 mm²","Fornecimento de Materiais para Redes de Energia Elétrica e Iluminação",null,"un",1,13.92,13.92]
["Composição Auxiliar"," 9902 ","ORSE","Fornecimento de molde de solda exotérmica tipo \"X\" para cabo 50 mm²","Fornecimento de Materiais para Redes de Energia Elétrica e Iluminação",null,"un",1,214.09,214.09]
["Composição Auxiliar"," 88264 ","SINAPI","ELETRICISTA COM ENCARGOS COMPLEMENTARES","SEDI - SERVIÇOS DIVERSOS",null,"H",0.5,27.89,13.94]
[{"$nulls":4},"MO sem LS =>",20.23,"LS =>",0,"MO com LS =>",20.23]
[{"$nulls":4},"Valor do BDI =>",55.33,null,"Valor com BDI =>",null,308]
[{"$nulls":6},"Quant. =>","1,00","Preço Total =>",308]
[]
[" 6.2 ",null,null,"PREVENTIVO ELÉTRICO",{"$nulls":5},79695.429999999993]
[null,"Código","Banco","Descrição","Tipo",null,"Und","Quant.","Valor Unit","Total"]
["Insumo"," 00011950 ","SINAPI","BUCHA DE NYLON SEM ABA S6, COM PARAFUSO DE 4,20 X 40 MM EM ACO ZINCADO COM ROSCA SOBERBA, CABECA CHATA E FENDA PHILLIPS","Material",null,"UN",1,0.26,0.26]
[{"$nulls":4},"MO sem LS =>",0,"LS =>",0,"MO com LS =>",0]
[{"$nulls":4},"Valor do BDI =>",null,null,"Valor com BDI =>",null,0.28999999999999998]
[{"$nulls":6},"Quant. =>","450,00","Preço Total =>",130.5]
[]
[" 6.2.2 ","Código","Banco","Descrição","Tipo",null,"Und","Quant.","Valor Unit","Total"]
["Composição"," 7861 ","ORSE","Acionador manual (botoeira) tipo quebra-vidro, p/instal. incendio","Equipamentos para Combate a Incêndio",null,"un",1,150.32,150.32]
[null,"Código","Banco","Descrição","Tipo",null,"Und","Quant.","Valor Unit","Total"]
["Insumo",7611,"ORSE","Acionador manual (botoeira) tipo quebra-vidro, p/incendio","Material",null,"un",1,"130,22","130,22"]
["Composição",10552,"ORSE","Encargos Complementares - Eletricista","Provisórios",null,"h",0.5,"3,66","1,83"]
["Composição",10549,"ORSE","Encargos Complementares - Servente","Provisórios",null,"h",0.5,"3,80","1,90"]
["Insumo","00002436/SINAPI","ORSE","Eletricista (horista)","Mão de Obra",null,"h",0.5,"19,13","9,56"]
["Insumo","00006111/SINAPI","ORSE","Servente de obras (horista)","Mão de Obra",null,"h",0.5,"13,65","6,82"]
["Detalhamento de Cálculo ORSE"]
[null,"Código","Banco","Descrição","Tipo",null,"Und","Quant.","Valor Unit","Total"]
["Insumo",10492,"ORSE","Cesta Básica","Material",null,"un",4.4999999999999997E-3,"190,00","0,85"]
["Insumo",10596,"ORSE","Protetor auricular","Material",null,"un",4.4999999999999997E-3,"4,90","0,02"]
["Insumo",11241,"ORSE","Alicate volt-amperimetro","Material",null,"un",1E-4,"163,00","0,01"]
["Insumo",10362,"ORSE","Seguro de vida e acidente em grupo","Serviços",null,"un",4.4999999999999997E-3,"12,54","0,05"]
["Insumo",7611,"ORSE","Acionador manual (botoeira) tipo quebra-vidro, p/incendio","Material",null,"un",1,"130,22","130,22"]
["Insumo",10761,"ORSE","Refeição - café da manhã ( café com leite e dois pães com manteiga)","Serviços",null,"un",0.1018,"5,00","0,50"]
["Insumo",10579,"ORSE","Chave de fenda chata 30 cm","Material",null,"un",1E-4,"26,89","0,00"]
["Insumo","00002436/SINAPI","ORSE","Eletricista (horista)","Mão de Obra",null,"h",0.5,"19,13","9,56"]
["Insumo",941,"ORSE","Fardamento com mangas curta","Material",null,"un",1.5E-3,"193,41","0,29"]
["Insumo",11240,"ORSE","Alicate com isolamento","Material",null,"un",1E-4,"47,69","0,00"]
["Insumo",2378,"ORSE","Vale transporte","Material",null,"un",7.9750000000000001E-2,"4,50","0,35"]
["Insumo",10599,"ORSE","Protetor solar fps 30 com 120ml","Material",null,"un",1.8E-3,"18,00","0,03"]
["Insumo",10517,"ORSE","Exames admissionais/demissionais (checkup)","Serviços",null,"cj",4.0000000000000002E-4,"300,00","0,12"]
["Insumo",158,"ORSE","Almoço (Participação do empregador)","Material",null,"un",0.1018,"14,00","1,42"]
["Insumo","00012892/SINAPI","ORSE","Luva raspa de couro, cano curto (punho *7* cm)","Material",null,"par",2.3E-3,"12,51","0,02"]
["Insumo",4728,"ORSE","Talhadeira chata 10\"","Material",null,"un",1.4999999999999999E-4,"18,58","0,00"]
["Insumo","00012894/SINAPI","ORSE","Capa para chuva em pvc com forro de poliester, com capuz (amarela ou azul)","Material",null,"un",2.0000000000000001E-4,"18,07","0,00"]
["Insumo",1651,"ORSE","Óculos branco proteção","Material",null,"pr",8.0000000000000004E-4,"6,70","0,00"]
["Insumo",11242,"ORSE","Chave inglesa 12\"","Material",null,"un",5.0000000000000002E-5,"34,00","0,00"]
["Insumo","00006111/SINAPI","ORSE","Servente de obras (horista)","Mão de Obra",null,"h",0.5,"13,65","6,82"]
["Insumo","00012895/SINAPI","ORSE","Capacete de seguranca aba frontal com suspensao de polietileno, sem jugular (classe b)","Material",null,"un",5.9999999999999995E-4,"13,90","0,00"]
["Insumo","00012893/SINAPI","ORSE","Bota de seguranca com biqueira de aco e colarinho acolchoado","Material",null,"par",7.5000000000000002E-4,"66,72","0,05"]
["Insumo",10788,"ORSE","Pá quadrada","Material",null,"un",1E-4,"36,90","0,00"]
["Insumo",4729,"ORSE","Marreta 1 kg com cabo","Material",null,"un",5.0000000000000002E-5,"37,80","0,00"]
["Insumo","00002711/SINAPI","ORSE","Carrinho de mao de aco capacidade 50 a 60 l, pneu com camara","Material",null,"un",1E-4,"166,00","0,01"]
[{"$nulls":4},"MO sem LS =>",16.38,"LS =>",0,"MO com LS =>",16.38]
[{"$nulls":4},"Valor do BDI =>",32.92,null,"Valor com BDI =>",null,183.24]
[{"$nulls":6},"Quant. =>","16,00","Preço Total =>",2931.84]
[]
[" 6.2.3 ","Código","Banco","Descrição","Tipo",null,"Und","Quant.","Valor Unit","Total"]
["Composição"," 11824 ","ORSE","Sirene aúdiovisual endereçavel, 120db, para alarme de incêndio","Aparelhos, Utensílios e Equipamentos Elétricos",null,"un",1,225.39,225.39]
[null,"Código","Banco","Descrição","Tipo",null,"Und","Quant.","Valor Unit","Total"]
["Insumo","00006111/SINAPI","ORSE","Servente de obras (horista)","Mão de Obra",null,"h",0.7,"13,65","9,55"]
["Composição",10552,"ORSE","Encargos Complementares - Eletricista","Provisórios",null,"h",0.7,"3,66","2,56"]
["Insumo","00002436/SINAPI","ORSE","Eletricista (horista)","Mão de Obra",null,"h",0.7,"19,13","13,39"]
["Composição",10549,"ORSE","Encargos Complementares - Servente","Provisórios",null,"h",0.7,"3,80","2,66"]
["Insumo",12665,"ORSE","Sirene audiovisual endereçavel, 120 db, para alarme de incêndio","Material",null,"un",1,"197,20","197,20"]
["Detalhamento de Cálculo ORSE"]
[null,"Código","Banco","Descrição","Tipo",null,"Und","Quant.","Valor Unit","Total"]
["Insumo",10492,"ORSE","Cesta Básica","Material",null,"un",6.3E-3,"190,00","1,19"]
["Insumo",12665,"ORSE","Sirene audiovisual endereçavel, 120 db, para alarme de incêndio","Material",null,"un",1,"197,20","197,20"]
["Insumo",11241,"ORSE","Alicate volt-amperimetro","Material",null,"un",1.3999999999999999E-4,"163,00","0,02"]
["Insumo",4729,"ORSE","Marreta 1 kg com cabo","Material",null,"un",6.9999999999999994E-5,"37,80","0,00"]
["Insumo","00012892/SINAPI","ORSE","Luva raspa de couro, cano curto (punho *7* cm)","Material",null,"par",3.2200000000000002E-3,"12,51","0,04"]
["Insumo",10599,"ORSE","Protetor solar fps 30 com 120ml","Material",null,"un",2.5200000000000001E-3,"18,00","0,04"]
["Insumo",10579,"ORSE","Chave de fenda chata 30 cm","Material",null,"un",1.3999999999999999E-4,"26,89","0,00"]
["Insumo",4728,"ORSE","Talhadeira chata 10\"","Material",null,"un",2.1000000000000001E-4,"18,58","0,00"]
["Insumo",1651,"ORSE","Óculos branco proteção","Material",null,"pr",1.1199999999999999E-3,"6,70","0,00"]
["Insumo",10788,"ORSE","Pá quadrada","Material",null,"un",1.3999999999999999E-4,"36,90","0,00"]
["Insumo","00002436/SINAPI","ORSE","Eletricista (horista)","Mão de Obra",null,"h",0.7,"19,13","13,39"]
["Insumo",11242,"ORSE","Chave inglesa 12\"","Material",null,"un",6.9999999999999994E-5,"34,00","0,00"]
["Insumo",941,"ORSE","Fardamento com mangas curta","Material",null,"un",2.0999999999999999E-3,"193,41","0,40"]
["Insumo",10517,"ORSE","Exames admissionais/demissionais (checkup)","Serviços",null,"cj",5.5999999999999995E-4,"300,00","0,16"]
["Insumo","00012894/SINAPI","ORSE","Capa para chuva em pvc com forro de poliester, com capuz (amarela ou azul)","Material",null,"un",2.7999999999999998E-4,"18,07","0,00"]
["Insumo",2378,"ORSE","Vale transporte","Material",null,"un",0.11165,"4,50","0,50"]
["Insumo","00006111/SINAPI","ORSE","Servente de obras (horista)","Mão de Obra",null,"h",0.7,"13,65","9,55"]
["Insumo",10362,"ORSE","Seguro de vida e acidente em grupo","Serviços",null,"un",6.3E-3,"12,54","0,07"]
["Insumo",10761,"ORSE","Refeição - café da manhã ( café com leite e dois pães com manteiga)","Serviços",null,"un",0.14252000000000001,"5,00","0,71"]
["Insumo","00002711/SINAPI","ORSE","Carrinho de mao de aco capacidade 50 a 60 l, pneu com camara","Material",null,"un",1.3999999999999999E-4,"166,00","0,02"]
["Insumo","00012893/SINAPI","ORSE","Bota de seguranca com biqueira de aco e colarinho acolchoado","Material",null,"par",1.0499999999999999E-3,"66,72","0,07"]
["Insumo","00012895/SINAPI","ORSE","Capacete de seguranca aba frontal com suspensao de polietileno, sem jugular (classe b)","Material",null,"un",8.4000000000000003E-4,"13,90","0,01"]
["Insumo",10596,"ORSE","Protetor auricular","Material",null,"un",6.3E-3,"4,90","0,03"]
["Insumo",158,"ORSE","Almoço (Participação do empregador)","Material",null,"un",0.14252000000000001,"14,00","1,99"]
["Insumo",11240,"ORSE","Alicate com isolamento","Material",null,"un",1.3999999999999999E-4,"47,69","0,00"]
[{"$nulls":4},"MO sem LS =>",22.94,"LS =>",0,"MO com LS =>",22.94]
[{"$nulls":4},"Valor do BDI =>",49.36,null,"Valor com BDI =>",null,274.75]
[{"$nulls":6},"Quant. =>","16,00","Preço Total =>",4396]
[]
[" 6.2.4 ","Código","Banco","Descrição","Tipo",null,"Und","Quant.","Valor Unit","Total"]
["Composição"," 11820 ","ORSE","Central de alarme endereçável de incendio com sistema p/ até 250 dispositivos, marcal Verin ou similar, Modelo VRE-250 c/ bateria de 12V e 7Amperes","Equipamentos para Combate a Incêndio",null,"un",1,6531.99,6531.99]
[null,"Código","Banco","Descrição","Tipo",null,"Und","Quant.","Valor Unit","Total"]
["Composição",10552,"ORSE","Encargos Complementares - Eletricista","Provisórios",null,"h",1,"3,66","3,66"]
["Insumo",12660,"ORSE","Central de alarme endereçável de incendio com sistema p/ até 250 dispositivos, marcal Verin ou similar, Modelo VRE-250 c/ bateria de 12V e 7Amperes","Material",null,"un",1,"6.509,21","6.509,21"]
["Insumo","00002436/SINAPI","ORSE","Eletricista (horista)","Mão de Obra",null,"h",1,"19,13","19,12"]
["Detalhamento de Cálculo ORSE"]
[null,"Código","Banco","Descrição","Tipo",null,"Und","Quant.","Valor Unit","Total"]
["Insumo",11242,"ORSE","Chave inglesa 12\"","Material",null,"un",1E-4,"34,00","0,00"]
["Insumo",941,"ORSE","Fardamento com mangas curta","Material",null,"un",1.5E-3,"193,41","0,29"]
["Insumo",10492,"ORSE","Cesta Básica","Material",null,"un",4.4999999999999997E-3,"190,00","0,85"]
["Insumo",11240,"ORSE","Alicate com isolamento","Material",null,"un",2.0000000000000001E-4,"47,69","0,00"]
["Insumo",10596,"ORSE","Protetor auricular","Material",null,"un",4.4999999999999997E-3,"4,90","0,02"]
["Insumo",10761,"ORSE","Refeição - café da manhã ( café com leite e dois pães com manteiga)","Serviços",null,"un",0.1018,"5,00","0,50"]
["Insumo",10579,"ORSE","Chave de fenda chata 30 cm","Material",null,"un",2.0000000000000001E-4,"26,89","0,00"]
["Insumo","00012893/SINAPI","ORSE","Bota de seguranca com biqueira de aco e colarinho acolchoado","Material",null,"par",6.9999999999999999E-4,"66,72","0,04"]
["Insumo",158,"ORSE","Almoço (Participação do empregador)","Material",null,"un",0.1018,"14,00","1,42"]
["Insumo",1651,"ORSE","Óculos branco proteção","Material",null,"pr",8.0000000000000004E-4,"6,70","0,00"]
["Insumo",10599,"ORSE","Protetor solar fps 30 com 120ml","Material",null,"un",1.8E-3,"18,00","0,03"]
["Insumo","00012892/SINAPI","ORSE","Luva raspa de couro, cano curto (punho *7* cm)","Material",null,"par",2.3E-3,"12,51","0,02"]
["Insumo","00002436/SINAPI","ORSE","Eletricista (horista)","Mão de Obra",null,"h",1,"19,13","19,12"]
["Insumo","00012895/SINAPI","ORSE","Capacete de seguranca aba frontal com suspensao de polietileno, sem jugular (classe b)","Material",null,"un",5.9999999999999995E-4,"13,90","0,00"]
["Insumo",11241,"ORSE","Alicate volt-amperimetro","Material",null,"un",2.0000000000000001E-4,"163,00","0,03"]
["Insumo",10362,"ORSE","Seguro de vida e acidente em grupo","Serviços",null,"un",4.4999999999999997E-3,"12,54","0,05"]
["Insumo",2378,"ORSE","Vale transporte","Material",null,"un",6.54E-2,"4,50","0,29"]
["Insumo",12660,"ORSE","Central de alarme endereçável de incendio com sistema p/ até 250 dispositivos, marcal Verin ou similar, Modelo VRE-250 c/ bateria de 12V e 7Amperes","Material",null,"un",1,"6.509,21","6.509,21"]
["Insumo",10517,"ORSE","Exames admissionais/demissionais (checkup)","Serviços",null,"cj",4.0000000000000002E-4,"300,00","0,12"]
["Insumo","00012894/SINAPI","ORSE","Capa para chuva em pvc com forro de poliester, com capuz (amarela ou azul)","Material",null,"un",2.0000000000000001E-4,"18,07","0,00"]
[{"$nulls":4},"MO sem LS =>",19.12,"LS =>",0,"MO com LS =>",19.12]
[{"$nulls":4},"Valor do BDI =>",1430.5,null,"Valor com BDI =>",null,7962.49]
[{"$nulls":6},"Quant. =>","1,00","Preço Total =>",7962.49]
[]
[null,"Código","Banco","Descrição","Tipo",null,"Und","Quant.","Valor Unit","Total"]
["Insumo"," 10347 ","ORSE","Fonte de alimentação 15w (24V)","Material",null,"un",1,293.19,293.19]
[{"$nulls":4},"MO sem LS =>",0,"LS =>",0,"MO com LS =>",0]
[{"$nulls":4},"Valor do BDI =>",null,null,"Valor com BDI =>",null,335.43]
[{"$nulls":6},"Quant. =>","2,00","Preço Total =>",670.86]
[]
[null,"Código","Banco","Descrição","Tipo",null,"Und","Quant.","Valor Unit","Total"]
["Insumo"," 13156 ","ORSE","Luminária de emergência c/ dois projetors LED alimentação 127/220 de 12v/55 autonomia de 3horas","Material",null,"un",1,259.8,259.8]
[{"$nulls":4},"MO sem LS =>",0,"LS =>",0,"MO com LS =>",0]
[{"$nulls":4},"Valor do BDI =>",null,null,"Valor com BDI =>",null,297.23]
[{"$nulls":6},"Quant. =>","47,00","Preço Total =>",13969.81]
[]
[" 6.2.7 ","Código","Banco","Descrição","Tipo",null,"Und","Quant.","Valor Unit","Total"]
["Composição"," 91940 ","SINAPI","CAIXA RETANGULAR 4\" X 2\" MÉDIA (1,30 M DO PISO), PVC, INSTALADA EM PAREDE - FORNECIMENTO E INSTALAÇÃO. AF_03/2023","INEL - INSTALAÇÃO ELÉTRICA/ELETRIFICAÇÃO E ILUMINAÇÃO EXTERNA",null,"UN",1,17.71,17.71]
["Composição Auxiliar"," 88629 ","SINAPI","ARGAMASSA TRAÇO 1:3 (EM VOLUME DE CIMENTO E AREIA MÉDIA ÚMIDA), PREPARO MANUAL. AF_08/2019","SEDI - SERVIÇOS DIVERSOS",null,"m³",8.9999999999999998E-4,839.39,0.75]
["Composição Auxiliar"," 88264 ","SINAPI","ELETRICISTA COM ENCARGOS COMPLEMENTARES","SEDI - SERVIÇOS DIVERSOS",null,"H",0.29099999999999998,27.89,8.11]
["Composição Auxiliar"," 88247 ","SINAPI","AUXILIAR DE ELETRICISTA COM ENCARGOS COMPLEMENTARES","SEDI - SERVIÇOS DIVERSOS",null,"H",0.29099999999999998,21.44,6.23]
["Insumo"," 00001872 ","SINAPI","CAIXA DE PASSAGEM, EM PVC, DE 4\" X 2\", PARA ELETRODUTO FLEXIVEL CORRUGADO","Material",null,"UN",1,2.62,2.62]
[{"$nulls":4},"MO sem LS =>",11.87,"LS =>",0,"MO com LS =>",11.87]
[{"$nulls":4},"Valor do BDI =>",3.87,null,"Valor com BDI =>",null,21.58]
[{"$nulls":6},"Quant. =>","20,00","Preço Total =>",431.6]
[]
[" 6.2.8 ","Código","Banco","Descrição","Tipo",null,"Und","Quant.","Valor Unit","Total"]
["Composição"," 91914 ","SINAPI","CURVA 90 GRAUS PARA ELETRODUTO, PVC, ROSCÁVEL, DN 25 MM (3/4\"), PARA CIRCUITOS TERMINAIS, INSTALADA EM PAREDE - FORNECIMENTO E INSTALAÇÃO. AF_03/2023","INEL - INSTALAÇÃO ELÉTRICA/ELETRIFICAÇÃO E ILUMINAÇÃO EXTERNA",null,"UN",1,17.579999999999998,17.579999999999998]
["Composição Auxiliar"," 88264 ","SINAPI","ELETRICISTA COM ENCARGOS COMPLEMENTARES","SEDI - SERVIÇOS DIVERSOS",null,"H",0.29499999999999998,27.89,8.2200000000000006]
["Composição Auxiliar"," 88247 ","SINAPI","AUXILIAR DE ELETRICISTA COM ENCARGOS COMPLEMENTARES","SEDI - SERVIÇOS DIVERSOS",null,"H",0.29499999999999998,21.44,6.32]
["Insumo"," 00001879 ","SINAPI","CURVA 90 GRAUS, LONGA, DE PVC RIGIDO ROSCAVEL, DE 3/4\", PARA ELETRODUTO","Material",null,"UN",1,3.04,3.04]
[{"$nulls":4},"MO sem LS =>",11.93,"LS =>",0,"MO com LS =>",11.93]
[{"$nulls":4},"Valor do BDI =>",3.85,null,"Valor com BDI =>",null,21.43]
[{"$nulls":6},"Quant. =>","10,00","Preço Total =>",214.3]
[]
[" 6.2.9 ","Código","Banco","Descrição","Tipo",null,"Und","Quant.","Valor Unit","Total"]
["Composição"," 12141 ","ORSE","Cabo blindado para alarme e detecção de incêncio 4 x 1,5mm2","Interligações até Quadro Geral - Fios e Cabos",null,"m",1,28.57,28.57]
[null,"Código","Banco","Descrição","Tipo",null,"Und","Quant.","Valor Unit","Total"]
["Composição",10552,"ORSE","Encargos Complementares - Eletricista","Provisórios",null,"h",0.15,"3,66","0,54"]
["Insumo","00006111/SINAPI","ORSE","Servente de obras (horista)","Mão de Obra",null,"h",0.15,"13,65","2,04"]
["Insumo",12979,"ORSE","Cabo blindado para alarme e detecção de incêncio 4 x 1,5mm2","Material",null,"m",1.02,"22,18","22,62"]
["Insumo","00002436/SINAPI","ORSE","Eletricista (horista)","Mão de Obra",null,"h",0.15,"19,13","2,86"]
["Composição",10549,"ORSE","Encargos Complementares - Servente","Provisórios",null,"h",0.15,"3,80","0,57"]
["Detalhamento de Cálculo ORSE"]
[null,"Código","Banco","Descrição","Tipo",null,"Und","Quant.","Valor Unit","Total"]
["Insumo",10596,"ORSE","Protetor auricular","Material",null,"un",1.3500000000000001E-3,"4,90","0,00"]
["Insumo",10788,"ORSE","Pá quadrada","Material",null,"un",3.0000000000000001E-5,"36,90","0,00"]
["Insumo","00002436/SINAPI","ORSE","Eletricista (horista)","Mão de Obra",null,"h",0.15,"19,13","2,86"]
["Insumo","00012895/SINAPI","ORSE","Capacete de seguranca aba frontal com suspensao de polietileno, sem jugular (classe b)","Material",null,"un",1.8000000000000001E-4,"13,90","0,00"]
["Insumo",11242,"ORSE","Chave inglesa 12\"","Material",null,"un",1.5E-5,"34,00","0,00"]
["Insumo",4728,"ORSE","Talhadeira chata 10\"","Material",null,"un",4.5000000000000003E-5,"18,58","0,00"]
["Insumo","00006111/SINAPI","ORSE","Servente de obras (horista)","Mão de Obra",null,"h",0.15,"13,65","2,04"]
["Insumo",11240,"ORSE","Alicate com isolamento","Material",null,"un",3.0000000000000001E-5,"47,69","0,00"]
["Insumo",4729,"ORSE","Marreta 1 kg com cabo","Material",null,"un",1.5E-5,"37,80","0,00"]
["Insumo",12979,"ORSE","Cabo blindado para alarme e detecção de incêncio 4 x 1,5mm2","Material",null,"m",1.02,"22,18","22,62"]
["Insumo","00002711/SINAPI","ORSE","Carrinho de mao de aco capacidade 50 a 60 l, pneu com camara","Material",null,"un",3.0000000000000001E-5,"166,00","0,00"]
["Insumo","00012893/SINAPI","ORSE","Bota de seguranca com biqueira de aco e colarinho acolchoado","Material",null,"par",2.2499999999999999E-4,"66,72","0,01"]
["Insumo",10492,"ORSE","Cesta Básica","Material",null,"un",1.3500000000000001E-3,"190,00","0,25"]
["Insumo","00012892/SINAPI","ORSE","Luva raspa de couro, cano curto (punho *7* cm)","Material",null,"par",6.8999999999999997E-4,"12,51","0,00"]
["Insumo",158,"ORSE","Almoço (Participação do empregador)","Material",null,"un",3.0540000000000001E-2,"14,00","0,42"]
["Insumo",10599,"ORSE","Protetor solar fps 30 com 120ml","Material",null,"un",5.4000000000000001E-4,"18,00","0,00"]
["Insumo",10362,"ORSE","Seguro de vida e acidente em grupo","Serviços",null,"un",1.3500000000000001E-3,"12,54","0,01"]
["Insumo",10761,"ORSE","Refeição - café da manhã ( café com leite e dois pães com manteiga)","Serviços",null,"un",3.0540000000000001E-2,"5,00","0,15"]
["Insumo",2378,"ORSE","Vale transporte","Material",null,"un",2.3924999999999998E-2,"4,50","0,10"]
["Insumo",10579,"ORSE","Chave de fenda chata 30 cm","Material",null,"un",3.0000000000000001E-5,"26,89","0,00"]
["Insumo",10517,"ORSE","Exames admissionais/demissionais (checkup)","Serviços",null,"cj",1.2E-4,"300,00","0,03"]
["Insumo",1651,"ORSE","Óculos branco proteção","Material",null,"pr",2.4000000000000001E-4,"6,70","0,00"]
["Insumo",11241,"ORSE","Alicate volt-amperimetro","Material",null,"un",3.0000000000000001E-5,"163,00","0,00"]
["Insumo","00012894/SINAPI","ORSE","Capa para chuva em pvc com forro de poliester, com capuz (amarela ou azul)","Material",null,"un",6.0000000000000002E-5,"18,07","0,00"]
["Insumo",941,"ORSE","Fardamento com mangas curta","Material",null,"un",4.4999999999999999E-4,"193,41","0,08"]
[{"$nulls":4},"MO sem LS =>",4.9000000000000004,"LS =>",0,"MO com LS =>",4.9000000000000004]
[{"$nulls":4},"Valor do BDI =>",6.25,null,"Valor com BDI =>",null,34.82]
[{"$nulls":6},"Quant. =>","600,00","Preço Total =>",20892]
[]
[" 6.2.10 ","Código","Banco","Descrição","Tipo",null,"Und","Quant.","Valor Unit","Total"]
["Composição"," 12884 ","ORSE","Placa de sinalizacao, fotoluminescente, 38x19 cm, em pvc , com seta indicativa de sentido (esquerda ou direita) de saída de emergência- Placa S2","Sinalização Vertical",null,"un",1,23.63,23.63]
[null,"Código","Banco","Descrição","Tipo",null,"Und","Quant.","Valor Unit","Total"]
["Composição",10549,"ORSE","Encargos Complementares - Servente","Provisórios",null,"h",0.2,"3,80","0,76"]
["Insumo",13651,"ORSE","Placa de sinalizacao, fotoluminescente, 38x19 cm, em pvc , com seta indicativa de sentido (esquerda ou direita) de saída de emergência- Placa S2","Material",null,"un",1,"20,19","20,19"]
["Insumo","00006111/SINAPI","ORSE","Servente de obras (horista)","Mão de Obra",null,"h",0.2,"13,65","2,72"]
["Detalhamento de Cálculo ORSE"]
[null,"Código","Banco","Descrição","Tipo",null,"Und","Quant.","Valor Unit","Total"]
["Insumo",10492,"ORSE","Cesta Básica","Material",null,"un",8.9999999999999998E-4,"190,00","0,17"]
["Insumo",941,"ORSE","Fardamento com mangas curta","Material",null,"un",2.9999999999999997E-4,"193,41","0,05"]
["Insumo",158,"ORSE","Almoço (Participação do empregador)","Material",null,"un",2.036E-2,"14,00","0,28"]
["Insumo",10517,"ORSE","Exames admissionais/demissionais (checkup)","Serviços",null,"cj",8.0000000000000007E-5,"300,00","0,02"]
["Insumo",10599,"ORSE","Protetor solar fps 30 com 120ml","Material",null,"un",3.6000000000000002E-4,"18,00","0,00"]
["Insumo",4728,"ORSE","Talhadeira chata 10\"","Material",null,"un",6.0000000000000002E-5,"18,58","0,00"]
["Insumo","00006111/SINAPI","ORSE","Servente de obras (horista)","Mão de Obra",null,"h",0.2,"13,65","2,72"]
["Insumo",13651,"ORSE","Placa de sinalizacao, fotoluminescente, 38x19 cm, em pvc , com seta indicativa de sentido (esquerda ou direita) de saída de emergência- Placa S2","Material",null,"un",1,"20,19","20,19"]
["Insumo","00012892/SINAPI","ORSE","Luva raspa de couro, cano curto (punho *7* cm)","Material",null,"par",4.6000000000000001E-4,"12,51","0,00"]
["Insumo",10788,"ORSE","Pá quadrada","Material",null,"un",4.0000000000000003E-5,"36,90","0,00"]
["Insumo",1651,"ORSE","Óculos branco proteção","Material",null,"pr",1.6000000000000001E-4,"6,70","0,00"]
["Insumo",4729,"ORSE","Marreta 1 kg com cabo","Material",null,"un",2.0000000000000002E-5,"37,80","0,00"]
["Insumo","00002711/SINAPI","ORSE","Carrinho de mao de aco capacidade 50 a 60 l, pneu com camara","Material",null,"un",4.0000000000000003E-5,"166,00","0,00"]
["Insumo",2378,"ORSE","Vale transporte","Material",null,"un",1.882E-2,"4,50","0,08"]
["Insumo","00012893/SINAPI","ORSE","Bota de seguranca com biqueira de aco e colarinho acolchoado","Material",null,"par",1.6000000000000001E-4,"66,72","0,01"]
["Insumo",10761,"ORSE","Refeição - café da manhã ( café com leite e dois pães com manteiga)","Serviços",null,"un",2.036E-2,"5,00","0,10"]
["Insumo",10362,"ORSE","Seguro de vida e acidente em grupo","Serviços",null,"un",8.9999999999999998E-4,"12,54","0,01"]
["Insumo","00012895/SINAPI","ORSE","Capacete de seguranca aba frontal com suspensao de polietileno, sem jugular (classe b)","Material",null,"un",1.2E-4,"13,90","0,00"]
["Insumo","00012894/SINAPI","ORSE","Capa para chuva em pvc com forro de poliester, com capuz (amarela ou azul)","Material",null,"un",4.0000000000000003E-5,"18,07","0,00"]
["Insumo",10596,"ORSE","Protetor auricular","Material",null,"un",8.9999999999999998E-4,"4,90","0,00"]
[{"$nulls":4},"MO sem LS =>",2.72,"LS =>",0,"MO com LS =>",2.72]
[{"$nulls":4},"Valor do BDI =>",5.17,null,"Valor com BDI =>",null,28.8]
[{"$nulls":6},"Quant. =>","77,00","Preço Total =>",2217.6]
[]
[null,"Código","Banco","Descrição","Tipo",null,"Und","Quant.","Valor Unit","Total"]
["Insumo"," 00037558 ","SINAPI","PLACA DE SINALIZACAO DE SEGURANCA CONTRA INCENDIO, FOTOLUMINESCENTE, RETANGULAR, *20 X 40* CM, EM PVC *2* MM ANTI-CHAMAS (SIMBOLOS, CORES E PICTOGRAMAS CONFORME NBR 16820)","Material",null,"UN",1,70.849999999999994,70.849999999999994]
[{"$nulls":4},"MO sem LS =>",0,"LS =>",0,"MO com LS =>",0]
[{"$nulls":4},"Valor do BDI =>",null,null,"Valor com BDI =>",null,81.05]
[{"$nulls":6},"Quant. =>","5,00","Preço Total =>",405.25]
[]
[" 6.2.12 ","Código","Banco","Descrição","Tipo",null,"Und","Quant.","Valor Unit","Total"]
["Composição"," 12887 ","ORSE","Placa de sinalizacao, fotoluminescente, 38x19 cm, em pvc , com logotipo \"Comando manual de alarme de incêndio\"- Placa E2","Sinalização Vertical",null,"un",1,23.63,23.63]
[null,"Código","Banco","Descrição","Tipo",null,"Und","Quant.","Valor Unit","Total"]
["Insumo",13654,"ORSE","Placa de sinalizacao, fotoluminescente, 38x19 cm, em pvc , com logotipo \"Comando manual de alarme de incêndio\"- Placa E2","Material",null,"un",1,"20,19","20,19"]
["Composição",10549,"ORSE","Encargos Complementares - Servente","Provisórios",null,"h",0.2,"3,80","0,76"]
["Insumo","00006111/SINAPI","ORSE","Servente de obras (horista)","Mão de Obra",null,"h",0.2,"13,65","2,72"]
["Detalhamento de Cálculo ORSE"]
[null,"Código","Banco","Descrição","Tipo",null,"Und","Quant.","Valor Unit","Total"]
["Insumo","00012895/SINAPI","ORSE","Capacete de seguranca aba frontal com suspensao de polietileno, sem jugular (classe b)","Material",null,"un",1.2E-4,"13,90","0,00"]
["Insumo",10596,"ORSE","Protetor auricular","Material",null,"un",8.9999999999999998E-4,"4,90","0,00"]
["Insumo",158,"ORSE","Almoço (Participação do empregador)","Material",null,"un",2.036E-2,"14,00","0,28"]
["Insumo",10761,"ORSE","Refeição - café da manhã ( café com leite e dois pães com manteiga)","Serviços",null,"un",2.036E-2,"5,00","0,10"]
["Insumo",4729,"ORSE","Marreta 1 kg com cabo","Material",null,"un",2.0000000000000002E-5,"37,80","0,00"]
["Insumo",4728,"ORSE","Talhadeira chata 10\"","Material",null,"un",6.0000000000000002E-5,"18,58","0,00"]
["Insumo","00012894/SINAPI","ORSE","Capa para chuva em pvc com forro de poliester, com capuz (amarela ou azul)","Material",null,"un",4.0000000000000003E-5,"18,07","0,00"]
["Insumo",10362,"ORSE","Seguro de vida e acidente em grupo","Serviços",null,"un",8.9999999999999998E-4,"12,54","0,01"]
["Insumo","00006111/SINAPI","ORSE","Servente de obras (horista)","Mão de Obra",null,"h",0.2,"13,65","2,72"]
["Insumo","00012893/SINAPI","ORSE","Bota de seguranca com biqueira de aco e colarinho acolchoado","Material",null,"par",1.6000000000000001E-4,"66,72","0,01"]
["Insumo",10599,"ORSE","Protetor solar fps 30 com 120ml","Material",null,"un",3.6000000000000002E-4,"18,00","0,00"]
["Insumo","00012892/SINAPI","ORSE","Luva raspa de couro, cano curto (punho *7* cm)","Material",null,"par",4.6000000000000001E-4,"12,51","0,00"]
["Insumo",1651,"ORSE","Óculos branco proteção","Material",null,"pr",1.6000000000000001E-4,"6,70","0,00"]
["Insumo",941,"ORSE","Fardamento com mangas curta","Material",null,"un",2.9999999999999997E-4,"193,41","0,05"]
["Insumo",10492,"ORSE","Cesta Básica","Material",null,"un",8.9999999999999998E-4,"190,00","0,17"]
["Insumo","00002711/SINAPI","ORSE","Carrinho de mao de aco capacidade 50 a 60 l, pneu com camara","Material",null,"un",4.0000000000000003E-5,"166,00","0,00"]
["Insumo",2378,"ORSE","Vale transporte","Material",null,"un",1.882E-2,"4,50","0,08"]
["Insumo",10788,"ORSE","Pá quadrada","Material",null,"un",4.0000000000000003E-5,"36,90","0,00"]
["Insumo",13654,"ORSE","Placa de sinalizacao, fotoluminescente, 38x19 cm, em pvc , com logotipo \"Comando manual de alarme de incêndio\"- Placa E2","Material",null,"un",1,"20,19","20,19"]
["Insumo",10517,"ORSE","Exames admissionais/demissionais (checkup)","Serviços",null,"cj",8.0000000000000007E-5,"300,00","0,02"]
[{"$nulls":4},"MO sem LS =>",2.72,"LS =>",0,"MO com LS =>",2.72]
[{"$nulls":4},"Valor do BDI =>",5.17,null,"Valor com BDI =>",null,28.8]
[{"$nulls":6},"Quant. =>","16,00","Preço Total =>",460.8]
[]
[" 6.2.13 ","Código","Banco","Descrição","Tipo",null,"Und","Quant.","Valor Unit","Total"]
["Composição"," 102513 ","SINAPI","PINTURA DE SÍMBOLOS E TEXTOS COM TINTA ACRÍLICA, DEMARCAÇÃO COM FITA ADESIVA E APLICAÇÃO COM ROLO. AF_05/2021","PINT - PINTURAS",null,"m²",1,44.95,44.95]
["Composição Auxiliar"," 88316 ","SINAPI","SERVENTE COM ENCARGOS COMPLEMENTARES","SEDI - SERVIÇOS DIVERSOS",null,"H",0.4,18.98,7.59]
["Composição Auxiliar"," 88310 ","SINAPI","PINTOR COM ENCARGOS COMPLEMENTARES","SEDI - SERVIÇOS DIVERSOS",null,"H",0.96,26.79,25.71]
["Insumo"," 00007348 ","SINAPI","TINTA ACRILICA PREMIUM PARA PISO","Material",null,"L",0.42699999999999999,22.73,9.6999999999999993]
["Insumo"," 00012815 ","SINAPI","FITA CREPE ROLO DE 25 MM X 50 M","Material",null,"UN",0.23,8.49,1.95]
[{"$nulls":4},"MO sem LS =>",25.74,"LS =>",0,"MO com LS =>",25.74]
[{"$nulls":4},"Valor do BDI =>",9.84,null,"Valor com BDI =>",null,54.79]
[{"$nulls":6},"Quant. =>","24,00","Preço Total =>",1314.96]
[]
[" 6.2.14 ","Código","Banco","Descrição","Tipo",null,"Und","Quant.","Valor Unit","Total"]
["Composição"," 101909 ","SINAPI","EXTINTOR DE INCÊNDIO PORTÁTIL COM CARGA DE PQS DE 6 KG, CLASSE BC - FORNECIMENTO E INSTALAÇÃO. AF_10/2020_PE","INES - INSTALAÇÕES ESPECIAIS",null,"UN",1,471.84,471.84]
["Composição Auxiliar"," 88267 ","SINAPI","ENCANADOR OU BOMBEIRO HIDRÁULICO COM ENCARGOS COMPLEMENTARES","SEDI - SERVIÇOS DIVERSOS",null,"H",0.45739999999999997,24.54,11.22]
["Composição Auxiliar"," 88248 ","SINAPI","AUXILIAR DE ENCANADOR OU BOMBEIRO HIDRÁULICO COM ENCARGOS COMPLEMENTARES","SEDI - SERVIÇOS DIVERSOS",null,"H",0.45739999999999997,20.39,9.32]
["Insumo"," 00004350 ","SINAPI","BUCHA DE NYLON, DIAMETRO DO FURO 8 MM, COMPRIMENTO 40 MM, COM PARAFUSO DE ROSCA SOBERBA, CABECA CHATA, FENDA SIMPLES, 4,8 X 50 MM","Material",null,"UN",2,0.65,1.3]
["Insumo"," 00010892 ","SINAPI","EXTINTOR DE INCENDIO PORTATIL COM CARGA DE PO QUIMICO SECO (PQS) DE 6 KG, CLASSE BC","Material",null,"UN",1,450,450]
[{"$nulls":4},"MO sem LS =>",17.11,"LS =>",0,"MO com LS =>",17.11]
[{"$nulls":4},"Valor do BDI =>",103.33,null,"Valor com BDI =>",null,575.16999999999996]
[{"$nulls":6},"Quant. =>","24,00","Preço Total =>",13804.08]
[]
[" 6.2.15 ","Código","Banco","Descrição","Tipo",null,"Und","Quant.","Valor Unit","Total"]
["Composição"," 1512 ","ORSE","Suporte decorativo para extintores - REV 01/2022","Equipamentos para Combate a Incêndio",null,"un",1,58.67,58.67]
[null,"Código","Banco","Descrição","Tipo",null,"Und","Quant.","Valor Unit","Total"]
["Composição",10549,"ORSE","Encargos Complementares - Servente","Provisórios",null,"h",0.1,"3,80","0,38"]
["Insumo",264,"ORSE","Suporte decorativo para extintores","Material",null,"un",1,"56,97","56,97"]
["Insumo","00006111/SINAPI","ORSE","Servente de obras (horista)","Mão de Obra",null,"h",0.1,"13,65","1,36"]
["Detalhamento de Cálculo ORSE"]
[null,"Código","Banco","Descrição","Tipo",null,"Und","Quant.","Valor Unit","Total"]
["Insumo",1651,"ORSE","Óculos branco proteção","Material",null,"pr",8.0000000000000007E-5,"6,70","0,00"]
["Insumo",2378,"ORSE","Vale transporte","Material",null,"un",9.41E-3,"4,50","0,04"]
["Insumo","00006111/SINAPI","ORSE","Servente de obras (horista)","Mão de Obra",null,"h",0.1,"13,65","1,36"]
["Insumo",941,"ORSE","Fardamento com mangas curta","Material",null,"un",1.4999999999999999E-4,"193,41","0,02"]
["Insumo",10492,"ORSE","Cesta Básica","Material",null,"un",4.4999999999999999E-4,"190,00","0,08"]
["Insumo","00002711/SINAPI","ORSE","Carrinho de mao de aco capacidade 50 a 60 l, pneu com camara","Material",null,"un",2.0000000000000002E-5,"166,00","0,00"]
["Insumo",4729,"ORSE","Marreta 1 kg com cabo","Material",null,"un",1.0000000000000001E-5,"37,80","0,00"]
["Insumo",10788,"ORSE","Pá quadrada","Material",null,"un",2.0000000000000002E-5,"36,90","0,00"]
["Insumo",10517,"ORSE","Exames admissionais/demissionais (checkup)","Serviços",null,"cj",4.0000000000000003E-5,"300,00","0,01"]
["Insumo",158,"ORSE","Almoço (Participação do empregador)","Material",null,"un",1.018E-2,"14,00","0,14"]
["Insumo",10599,"ORSE","Protetor solar fps 30 com 120ml","Material",null,"un",1.8000000000000001E-4,"18,00","0,00"]
["Insumo","00012895/SINAPI","ORSE","Capacete de seguranca aba frontal com suspensao de polietileno, sem jugular (classe b)","Material",null,"un",6.0000000000000002E-5,"13,90","0,00"]
["Insumo",4728,"ORSE","Talhadeira chata 10\"","Material",null,"un",3.0000000000000001E-5,"18,58","0,00"]
["Insumo",264,"ORSE","Suporte decorativo para extintores","Material",null,"un",1,"56,97","56,97"]
["Insumo",10362,"ORSE","Seguro de vida e acidente em grupo","Serviços",null,"un",4.4999999999999999E-4,"12,54","0,00"]
["Insumo",10761,"ORSE","Refeição - café da manhã ( café com leite e dois pães com manteiga)","Serviços",null,"un",1.018E-2,"5,00","0,05"]
["Insumo","00012894/SINAPI","ORSE","Capa para chuva em pvc com forro de poliester, com capuz (amarela ou azul)","Material",null,"un",2.0000000000000002E-5,"18,07","0,00"]
["Insumo","00012892/SINAPI","ORSE","Luva raspa de couro, cano curto (punho *7* cm)","Material",null,"par",2.3000000000000001E-4,"12,51","0,00"]
["Insumo",10596,"ORSE","Protetor auricular","Material",null,"un",4.4999999999999999E-4,"4,90","0,00"]
["Insumo","00012893/SINAPI","ORSE","Bota de seguranca com biqueira de aco e colarinho acolchoado","Material",null,"par",8.0000000000000007E-5,"66,72","0,00"]
[{"$nulls":4},"MO sem LS =>",1.36,"LS =>",0,"MO com LS =>",1.36]
[{"$nulls":4},"Valor do BDI =>",12.84,null,"Valor com BDI =>",null,71.510000000000005]
[{"$nulls":6},"Quant. =>","24,00","Preço Total =>",1716.24]
[]
[" 6.2.16 ","Código","Banco","Descrição","Tipo",null,"Und","Quant.","Valor Unit","Total"]
["Composição"," 91871 ","SINAPI","ELETRODUTO RÍGIDO ROSCÁVEL, PVC, DN 25 MM (3/4\"), PARA CIRCUITOS TERMINAIS, INSTALADO EM PAREDE - FORNECIMENTO E INSTALAÇÃO. AF_03/2023","INEL - INSTALAÇÃO ELÉTRICA/ELETRIFICAÇÃO E ILUMINAÇÃO EXTERNA",null,"M",1,14.35,14.35]
["Composição Auxiliar"," 88247 ","SINAPI","AUXILIAR DE ELETRICISTA COM ENCARGOS COMPLEMENTARES","SEDI - SERVIÇOS DIVERSOS",null,"H",0.17699999999999999,21.44,3.79]
["Composição Auxiliar"," 88264 ","SINAPI","ELETRICISTA COM ENCARGOS COMPLEMENTARES","SEDI - SERVIÇOS DIVERSOS",null,"H",0.17699999999999999,27.89,4.93]
["Insumo"," 00002674 ","SINAPI","ELETRODUTO DE PVC RIGIDO ROSCAVEL DE 3/4 \", SEM LUVA","Material",null,"M",1.0169999999999999,5.54,5.63]
[{"$nulls":4},"MO sem LS =>",7.16,"LS =>",0,"MO com LS =>",7.16]
[{"$nulls":4},"Valor do BDI =>",3.14,null,"Valor com BDI =>",null,17.489999999999998]
[{"$nulls":6},"Quant. =>","390,00","Preço Total =>",6821.1]
[]
[null,"Código","Banco","Descrição","Tipo",null,"Und","Quant.","Valor Unit","Total"]
["Insumo"," 00039128 ","SINAPI","ABRACADEIRA EM ACO PARA AMARRACAO DE ELETRODUTOS, TIPO D, COM 3/4\" E CUNHA DE FIXACAO","Material",null,"UN",1,2.97,2.97]
[{"$nulls":4},"MO sem LS =>",0,"LS =>",0,"MO com LS =>",0]
[{"$nulls":4},"Valor do BDI =>",null,null,"Valor com BDI =>",null,3.39]
[{"$nulls":6},"Quant. =>","400,00","Preço Total =>",1356]
[]
[" 6.3 ",null,null,"INFRAESTRUTURA GERAL PARA ALIMENTAÇÃO DOS BOXES E CONDOMÍNIO",{"$nulls":5},203188.87]
[" 6.3.1 ","Código","Banco","Descrição","Tipo",null,"Und","Quant.","Valor Unit","Total"]
["Composição"," 91836 ","SINAPI","ELETRODUTO FLEXÍVEL CORRUGADO, PVC, DN 32 MM (1\"), PARA CIRCUITOS TERMINAIS, INSTALADO EM FORRO - FORNECIMENTO E INSTALAÇÃO. AF_03/2023_PA","INEL - INSTALAÇÃO ELÉTRICA/ELETRIFICAÇÃO E ILUMINAÇÃO EXTERNA",null,"M",1,21.77,21.77]
["Composição Auxiliar"," 91170 ","SINAPI","FIXAÇÃO DE TUBOS HORIZONTAIS DE PVC ÁGUA, PVC ESGOTO, PVC ÁGUA PLUVIAL, CPVC, PPR, COBRE OU AÇO, DIÂMETROS MENORES OU IGUAIS A 40 MM, COM ABRAÇADEIRA METÁLICA RÍGIDA TIPO U PERFIL 1 1/4\", FIXADA EM PERFILADO EM LAJE. AF_09/2023_PS","INHI - INSTALAÇÕES HIDROS SANITÁRIAS",null,"M",1,11.13,11.13]
["Composição Auxiliar"," 88247 ","SINAPI","AUXILIAR DE ELETRICISTA COM ENCARGOS COMPLEMENTARES","SEDI - SERVIÇOS DIVERSOS",null,"H",0.105,21.44,2.25]
["Composição Auxiliar"," 88264 ","SINAPI","ELETRICISTA COM ENCARGOS COMPLEMENTARES","SEDI - SERVIÇOS DIVERSOS",null,"H",0.105,27.89,2.92]
["Insumo"," 00002690 ","SINAPI","ELETRODUTO PVC FLEXIVEL CORRUGADO, COR AMARELA, DE 32 MM","Material",null,"M",1.1000000000000001,4.9800000000000004,5.47]
[{"$nulls":4},"MO sem LS =>",9.42,"LS =>",0,"MO com LS =>",9.42]
[{"$nulls":4},"Valor do BDI =>",4.76,null,"Valor com BDI =>",null,26.53]
[{"$nulls":6},"Quant. =>","350,00","Preço Total =>",9285.5]
[]
[" 6.3.2 ","Código","Banco","Descrição","Tipo",null,"Und","Quant.","Valor Unit","Total"]
["Composição"," 91864 ","SINAPI","ELETRODUTO RÍGIDO ROSCÁVEL, PVC, DN 32 MM (1\"), PARA CIRCUITOS TERMINAIS, INSTALADO EM FORRO - FORNECIMENTO E INSTALAÇÃO. AF_03/2023","INEL - INSTALAÇÃO ELÉTRICA/ELETRIFICAÇÃO E ILUMINAÇÃO EXTERNA",null,"M",1,15.65,15.65]
["Composição Auxiliar"," 88247 ","SINAPI","AUXILIAR DE ELETRICISTA COM ENCARGOS COMPLEMENTARES","SEDI - SERVIÇOS DIVERSOS",null,"H",0.13900000000000001,21.44,2.98]
["Composição Auxiliar"," 88264 ","SINAPI","ELETRICISTA COM ENCARGOS COMPLEMENTARES","SEDI - SERVIÇOS DIVERSOS",null,"H",0.13900000000000001,27.89,3.87]
["Insumo"," 00002685 ","SINAPI","ELETRODUTO DE PVC RIGIDO ROSCAVEL DE 1 \", SEM LUVA","Material",null,"M",1.0169999999999999,8.66,8.8000000000000007]
[{"$nulls":4},"MO sem LS =>",5.62,"LS =>",0,"MO com LS =>",5.62]
[{"$nulls":4},"Valor do BDI =>",3.42,null,"Valor com BDI =>",null,19.07]
[{"$nulls":6},"Quant. =>","540,00","Preço Total =>",10297.799999999999]
[]
[" 6.3.3 ","Código","Banco","Descrição","Tipo",null,"Und","Quant.","Valor Unit","Total"]
["Composição"," 91893 ","SINAPI","CURVA 90 GRAUS PARA ELETRODUTO, PVC, ROSCÁVEL, DN 32 MM (1\"), PARA CIRCUITOS TERMINAIS, INSTALADA EM FORRO - FORNECIMENTO E INSTALAÇÃO. AF_03/2023","INEL - INSTALAÇÃO ELÉTRICA/ELETRIFICAÇÃO E ILUMINAÇÃO EXTERNA",null,"UN",1,16.43,16.43]
["Composição Auxiliar"," 88264 ","SINAPI","ELETRICISTA COM ENCARGOS COMPLEMENTARES","SEDI - SERVIÇOS DIVERSOS",null,"H",0.24,27.89,6.69]
["Composição Auxiliar"," 88247 ","SINAPI","AUXILIAR DE ELETRICISTA COM ENCARGOS COMPLEMENTARES","SEDI - SERVIÇOS DIVERSOS",null,"H",0.24,21.44,5.14]
["Insumo"," 00001884 ","SINAPI","CURVA 90 GRAUS, LONGA, DE PVC RIGIDO ROSCAVEL, DE 1\", PARA ELETRODUTO","Material",null,"UN",1,4.5999999999999996,4.5999999999999996]
[{"$nulls":4},"MO sem LS =>",9.7100000000000009,"LS =>",0,"MO com LS =>",9.7100000000000009]
[{"$nulls":4},"Valor do BDI =>",3.59,null,"Valor com BDI =>",null,20.02]
[{"$nulls":6},"Quant. =>","110,00","Preço Total =>",2202.1999999999998]
[]
[" 6.3.4 ","Código","Banco","Descrição","Tipo",null,"Und","Quant.","Valor Unit","Total"]
["Composição"," 91876 ","SINAPI","LUVA PARA ELETRODUTO, PVC, ROSCÁVEL, DN 32 MM (1\"), PARA CIRCUITOS TERMINAIS, INSTALADA EM FORRO - FORNECIMENTO E INSTALAÇÃO. AF_03/2023","INEL - INSTALAÇÃO ELÉTRICA/ELETRIFICAÇÃO E ILUMINAÇÃO EXTERNA",null,"UN",1,9.73,9.73]
["Composição Auxiliar"," 88264 ","SINAPI","ELETRICISTA COM ENCARGOS COMPLEMENTARES","SEDI - SERVIÇOS DIVERSOS",null,"H",0.16,27.89,4.46]
["Composição Auxiliar"," 88247 ","SINAPI","AUXILIAR DE ELETRICISTA COM ENCARGOS COMPLEMENTARES","SEDI - SERVIÇOS DIVERSOS",null,"H",0.16,21.44,3.43]
["Insumo"," 00001892 ","SINAPI","LUVA EM PVC RIGIDO ROSCAVEL, DE 1\", PARA ELETRODUTO","Material",null,"UN",1,1.84,1.84]
[{"$nulls":4},"MO sem LS =>",6.47,"LS =>",0,"MO com LS =>",6.47]
[{"$nulls":4},"Valor do BDI =>",2.13,null,"Valor com BDI =>",null,11.86]
[{"$nulls":6},"Quant. =>","55,00","Preço Total =>",652.29999999999995]
[]
[null,"Código","Banco","Descrição","Tipo",null,"Und","Quant.","Valor Unit","Total"]
["Insumo"," 00039128 ","SINAPI","ABRACADEIRA EM ACO PARA AMARRACAO DE ELETRODUTOS, TIPO D, COM 3/4\" E CUNHA DE FIXACAO","Material",null,"UN",1,2.97,2.97]
[{"$nulls":4},"MO sem LS =>",0,"LS =>",0,"MO com LS =>",0]
[{"$nulls":4},"Valor do BDI =>",null,null,"Valor com BDI =>",null,3.39]
[{"$nulls":6},"Quant. =>","450,00","Preço Total =>",1525.5]
[]
[" 6.3.6 ","Código","Banco","Descrição","Tipo",null,"Und","Quant.","Valor Unit","Total"]
["Composição"," 8684 ","ORSE","Fornecimento e instalação de eletrocalha perfurada 100 x   100 x 3000 mm (ref. mopa ou similar)","Pontos de Suprimento de Lógica",null,"un",1,102.48,102.48]
[null,"Código","Banco","Descrição","Tipo",null,"Und","Quant.","Valor Unit","Total"]
["Insumo","00002436/SINAPI","ORSE","Eletricista (horista)","Mão de Obra",null,"h",0.6,"19,13","11,47"]
["Composição",10552,"ORSE","Encargos Complementares - Eletricista","Provisórios",null,"h",0.6,"3,66","2,19"]
["Composição",10549,"ORSE","Encargos Complementares - Servente","Provisórios",null,"h",0.6,"3,80","2,28"]
["Insumo","00006111/SINAPI","ORSE","Servente de obras (horista)","Mão de Obra",null,"h",0.6,"13,65","8,18"]
["Insumo",3633,"ORSE","Eletrocalha metálica perfurada 100 x 100 x 3000mm, peso, 2,20Kg/m,  (ref.: mopa ou similar)","Material",null,"un",1,"78,35","78,35"]
["Detalhamento de Cálculo ORSE"]
[null,"Código","Banco","Descrição","Tipo",null,"Und","Quant.","Valor Unit","Total"]
["Insumo","00002436/SINAPI","ORSE","Eletricista (horista)","Mão de Obra",null,"h",0.6,"19,13","11,47"]
["Insumo",10596,"ORSE","Protetor auricular","Material",null,"un",5.4000000000000003E-3,"4,90","0,02"]
["Insumo",10362,"ORSE","Seguro de vida e acidente em grupo","Serviços",null,"un",5.4000000000000003E-3,"12,54","0,06"]
["Insumo",3633,"ORSE","Eletrocalha metálica perfurada 100 x 100 x 3000mm, peso, 2,20Kg/m,  (ref.: mopa ou similar)","Material",null,"un",1,"78,35","78,35"]
["Insumo",4729,"ORSE","Marreta 1 kg com cabo","Material",null,"un",6.0000000000000002E-5,"37,80","0,00"]
["Insumo","00002711/SINAPI","ORSE","Carrinho de mao de aco capacidade 50 a 60 l, pneu com camara","Material",null,"un",1.2E-4,"166,00","0,01"]
["Insumo","00012892/SINAPI","ORSE","Luva raspa de couro, cano curto (punho *7* cm)","Material",null,"par",2.7599999999999999E-3,"12,51","0,03"]
["Insumo",11240,"ORSE","Alicate com isolamento","Material",null,"un",1.2E-4,"47,69","0,00"]
["Insumo","00006111/SINAPI","ORSE","Servente de obras (horista)","Mão de Obra",null,"h",0.6,"13,65","8,18"]
["Insumo","00012894/SINAPI","ORSE","Capa para chuva em pvc com forro de poliester, com capuz (amarela ou azul)","Material",null,"un",2.4000000000000001E-4,"18,07","0,00"]
["Insumo",10579,"ORSE","Chave de fenda chata 30 cm","Material",null,"un",1.2E-4,"26,89","0,00"]
["Insumo",11241,"ORSE","Alicate volt-amperimetro","Material",null,"un",1.2E-4,"163,00","0,01"]
["Insumo",1651,"ORSE","Óculos branco proteção","Material",null,"pr",9.6000000000000002E-4,"6,70","0,00"]
["Insumo","00012895/SINAPI","ORSE","Capacete de seguranca aba frontal com suspensao de polietileno, sem jugular (classe b)","Material",null,"un",7.2000000000000005E-4,"13,90","0,01"]
["Insumo",2378,"ORSE","Vale transporte","Material",null,"un",9.5699999999999993E-2,"4,50","0,43"]
["Insumo",10788,"ORSE","Pá quadrada","Material",null,"un",1.2E-4,"36,90","0,00"]
["Insumo","00012893/SINAPI","ORSE","Bota de seguranca com biqueira de aco e colarinho acolchoado","Material",null,"par",8.9999999999999998E-4,"66,72","0,06"]
["Insumo",941,"ORSE","Fardamento com mangas curta","Material",null,"un",1.8E-3,"193,41","0,34"]
["Insumo",10599,"ORSE","Protetor solar fps 30 com 120ml","Material",null,"un",2.16E-3,"18,00","0,03"]
["Insumo",158,"ORSE","Almoço (Participação do empregador)","Material",null,"un",0.12216,"14,00","1,71"]
["Insumo",10517,"ORSE","Exames admissionais/demissionais (checkup)","Serviços",null,"cj",4.8000000000000001E-4,"300,00","0,14"]
["Insumo",4728,"ORSE","Talhadeira chata 10\"","Material",null,"un",1.8000000000000001E-4,"18,58","0,00"]
["Insumo",10761,"ORSE","Refeição - café da manhã ( café com leite e dois pães com manteiga)","Serviços",null,"un",0.12216,"5,00","0,61"]
["Insumo",10492,"ORSE","Cesta Básica","Material",null,"un",5.4000000000000003E-3,"190,00","1,02"]
["Insumo",11242,"ORSE","Chave inglesa 12\"","Material",null,"un",6.0000000000000002E-5,"34,00","0,00"]
[{"$nulls":4},"MO sem LS =>",19.649999999999999,"LS =>",0,"MO com LS =>",19.649999999999999]
[{"$nulls":4},"Valor do BDI =>",22.44,null,"Valor com BDI =>",null,124.92]
[{"$nulls":6},"Quant. =>","140,00","Preço Total =>",17488.8]
[]
[" 6.3.7 ","Código","Banco","Descrição","Tipo",null,"Und","Quant.","Valor Unit","Total"]
["Composição"," 12523 ","ORSE","Tampa de encaixe 100 X 3000 mm, zincada, para eletrocalha metálica (ref.: mopa ou similar)","Pontos de Suprimento de Energia para Computador",null,"m",1,14.7,14.7]
[null,"Código","Banco","Descrição","Tipo",null,"Und","Quant.","Valor Unit","Total"]
["Composição",10552,"ORSE","Encargos Complementares - Eletricista","Provisórios",null,"h",0.2,"3,66","0,73"]
["Insumo","00002436/SINAPI","ORSE","Eletricista (horista)","Mão de Obra",null,"h",0.2,"19,13","3,82"]
["Composição",10549,"ORSE","Encargos Complementares - Servente","Provisórios",null,"h",0.2,"3,80","0,76"]
["Insumo",3990,"ORSE","Tampa de encaixe 100 X3000 - Z para eletrocalha metálica (ref.: mopa ou similar)","Material",null,"m",1,"6,70","6,70"]
["Insumo","00006111/SINAPI","ORSE","Servente de obras (horista)","Mão de Obra",null,"h",0.2,"13,65","2,72"]
["Detalhamento de Cálculo ORSE"]
[null,"Código","Banco","Descrição","Tipo",null,"Und","Quant.","Valor Unit","Total"]
["Insumo","00012892/SINAPI","ORSE","Luva raspa de couro, cano curto (punho *7* cm)","Material",null,"par",9.2000000000000003E-4,"12,51","0,01"]
["Insumo",11240,"ORSE","Alicate com isolamento","Material",null,"un",4.0000000000000003E-5,"47,69","0,00"]
["Insumo","00002711/SINAPI","ORSE","Carrinho de mao de aco capacidade 50 a 60 l, pneu com camara","Material",null,"un",4.0000000000000003E-5,"166,00","0,00"]
["Insumo",10362,"ORSE","Seguro de vida e acidente em grupo","Serviços",null,"un",1.8E-3,"12,54","0,02"]
["Insumo",158,"ORSE","Almoço (Participação do empregador)","Material",null,"un",4.0719999999999999E-2,"14,00","0,57"]
["Insumo",10517,"ORSE","Exames admissionais/demissionais (checkup)","Serviços",null,"cj",1.6000000000000001E-4,"300,00","0,04"]
["Insumo",3990,"ORSE","Tampa de encaixe 100 X3000 - Z para eletrocalha metálica (ref.: mopa ou similar)","Material",null,"m",1,"6,70","6,70"]
["Insumo","00002436/SINAPI","ORSE","Eletricista (horista)","Mão de Obra",null,"h",0.2,"19,13","3,82"]
["Insumo",10596,"ORSE","Protetor auricular","Material",null,"un",1.8E-3,"4,90","0,00"]
["Insumo",10492,"ORSE","Cesta Básica","Material",null,"un",1.8E-3,"190,00","0,34"]
["Insumo",11241,"ORSE","Alicate volt-amperimetro","Material",null,"un",4.0000000000000003E-5,"163,00","0,00"]
["Insumo",10579,"ORSE","Chave de fenda chata 30 cm","Material",null,"un",4.0000000000000003E-5,"26,89","0,00"]
["Insumo","00006111/SINAPI","ORSE","Servente de obras (horista)","Mão de Obra",null,"h",0.2,"13,65","2,72"]
["Insumo",941,"ORSE","Fardamento com mangas curta","Material",null,"un",5.9999999999999995E-4,"193,41","0,11"]
["Insumo",11242,"ORSE","Chave inglesa 12\"","Material",null,"un",2.0000000000000002E-5,"34,00","0,00"]
["Insumo",1651,"ORSE","Óculos branco proteção","Material",null,"pr",3.2000000000000003E-4,"6,70","0,00"]
["Insumo",4729,"ORSE","Marreta 1 kg com cabo","Material",null,"un",2.0000000000000002E-5,"37,80","0,00"]
["Insumo","00012893/SINAPI","ORSE","Bota de seguranca com biqueira de aco e colarinho acolchoado","Material",null,"par",2.9999999999999997E-4,"66,72","0,02"]
["Insumo",2378,"ORSE","Vale transporte","Material",null,"un",3.1899999999999998E-2,"4,50","0,14"]
["Insumo","00012894/SINAPI","ORSE","Capa para chuva em pvc com forro de poliester, com capuz (amarela ou azul)","Material",null,"un",8.0000000000000007E-5,"18,07","0,00"]
["Insumo",10761,"ORSE","Refeição - café da manhã ( café com leite e dois pães com manteiga)","Serviços",null,"un",4.0719999999999999E-2,"5,00","0,20"]
["Insumo",10788,"ORSE","Pá quadrada","Material",null,"un",4.0000000000000003E-5,"36,90","0,00"]
["Insumo",10599,"ORSE","Protetor solar fps 30 com 120ml","Material",null,"un",7.2000000000000005E-4,"18,00","0,01"]
["Insumo","00012895/SINAPI","ORSE","Capacete de seguranca aba frontal com suspensao de polietileno, sem jugular (classe b)","Material",null,"un",2.4000000000000001E-4,"13,90","0,00"]
["Insumo",4728,"ORSE","Talhadeira chata 10\"","Material",null,"un",6.0000000000000002E-5,"18,58","0,00"]
[{"$nulls":4},"MO sem LS =>",6.54,"LS =>",0,"MO com LS =>",6.54]
[{"$nulls":4},"Valor do BDI =>",3.21,null,"Valor com BDI =>",null,17.91]
[{"$nulls":6},"Quant. =>","450,00","Preço Total =>",8059.5]
[]
[" 6.3.8 ","Código","Banco","Descrição","Tipo",null,"Und","Quant.","Valor Unit","Total"]
["Composição"," 12486 ","ORSE","Terminal 100 x 100 mm, galvanizado à fogo, para eletrocalha metalica (ref. Mopa ou similar)","Pontos de Suprimento de Lógica",null,"un",1,25.94,25.94]
[null,"Código","Banco","Descrição","Tipo",null,"Und","Quant.","Valor Unit","Total"]
["Insumo","00006111/SINAPI","ORSE","Servente de obras (horista)","Mão de Obra",null,"h",0.2,"13,65","2,72"]
["Composição",10552,"ORSE","Encargos Complementares - Eletricista","Provisórios",null,"h",0.2,"3,66","0,73"]
["Composição",10549,"ORSE","Encargos Complementares - Servente","Provisórios",null,"h",0.2,"3,80","0,76"]
["Insumo",13315,"ORSE","Terminal 100 x 100 mm, galvanizado à fogo, para eletrocalha metalica (ref. Mopa ou similar)","Material",null,"un",1,"17,94","17,94"]
["Insumo","00002436/SINAPI","ORSE","Eletricista (horista)","Mão de Obra",null,"h",0.2,"19,13","3,82"]
["Detalhamento de Cálculo ORSE"]
[null,"Código","Banco","Descrição","Tipo",null,"Und","Quant.","Valor Unit","Total"]
["Insumo",10362,"ORSE","Seguro de vida e acidente em grupo","Serviços",null,"un",1.8E-3,"12,54","0,02"]
["Insumo",4729,"ORSE","Marreta 1 kg com cabo","Material",null,"un",2.0000000000000002E-5,"37,80","0,00"]
["Insumo",10596,"ORSE","Protetor auricular","Material",null,"un",1.8E-3,"4,90","0,00"]
["Insumo",10517,"ORSE","Exames admissionais/demissionais (checkup)","Serviços",null,"cj",1.6000000000000001E-4,"300,00","0,04"]
["Insumo","00012893/SINAPI","ORSE","Bota de seguranca com biqueira de aco e colarinho acolchoado","Material",null,"par",2.9999999999999997E-4,"66,72","0,02"]
["Insumo","00002436/SINAPI","ORSE","Eletricista (horista)","Mão de Obra",null,"h",0.2,"19,13","3,82"]
["Insumo",941,"ORSE","Fardamento com mangas curta","Material",null,"un",5.9999999999999995E-4,"193,41","0,11"]
["Insumo",11242,"ORSE","Chave inglesa 12\"","Material",null,"un",2.0000000000000002E-5,"34,00","0,00"]
["Insumo","00006111/SINAPI","ORSE","Servente de obras (horista)","Mão de Obra",null,"h",0.2,"13,65","2,72"]
["Insumo",10599,"ORSE","Protetor solar fps 30 com 120ml","Material",null,"un",7.2000000000000005E-4,"18,00","0,01"]
["Insumo",10761,"ORSE","Refeição - café da manhã ( café com leite e dois pães com manteiga)","Serviços",null,"un",4.0719999999999999E-2,"5,00","0,20"]
["Insumo",13315,"ORSE","Terminal 100 x 100 mm, galvanizado à fogo, para eletrocalha metalica (ref. Mopa ou similar)","Material",null,"un",1,"17,94","17,94"]
["Insumo",10788,"ORSE","Pá quadrada","Material",null,"un",4.0000000000000003E-5,"36,90","0,00"]
["Insumo",10579,"ORSE","Chave de fenda chata 30 cm","Material",null,"un",4.0000000000000003E-5,"26,89","0,00"]
["Insumo",1651,"ORSE","Óculos branco proteção","Material",null,"pr",3.2000000000000003E-4,"6,70","0,00"]
["Insumo","00002711/SINAPI","ORSE","Carrinho de mao de aco capacidade 50 a 60 l, pneu com camara","Material",null,"un",4.0000000000000003E-5,"166,00","0,00"]
["Insumo","00012895/SINAPI","ORSE","Capacete de seguranca aba frontal com suspensao de polietileno, sem jugular (classe b)","Material",null,"un",2.4000000000000001E-4,"13,90","0,00"]
["Insumo",10492,"ORSE","Cesta Básica","Material",null,"un",1.8E-3,"190,00","0,34"]
["Insumo",4728,"ORSE","Talhadeira chata 10\"","Material",null,"un",6.0000000000000002E-5,"18,58","0,00"]
["Insumo",11240,"ORSE","Alicate com isolamento","Material",null,"un",4.0000000000000003E-5,"47,69","0,00"]
["Insumo","00012892/SINAPI","ORSE","Luva raspa de couro, cano curto (punho *7* cm)","Material",null,"par",9.2000000000000003E-4,"12,51","0,01"]
["Insumo",2378,"ORSE","Vale transporte","Material",null,"un",3.1899999999999998E-2,"4,50","0,14"]
["Insumo",11241,"ORSE","Alicate volt-amperimetro","Material",null,"un",4.0000000000000003E-5,"163,00","0,00"]
["Insumo","00012894/SINAPI","ORSE","Capa para chuva em pvc com forro de poliester, com capuz (amarela ou azul)","Material",null,"un",8.0000000000000007E-5,"18,07","0,00"]
["Insumo",158,"ORSE","Almoço (Participação do empregador)","Material",null,"un",4.0719999999999999E-2,"14,00","0,57"]
[{"$nulls":4},"MO sem LS =>",6.54,"LS =>",0,"MO com LS =>",6.54]
[{"$nulls":4},"Valor do BDI =>",5.68,null,"Valor com BDI =>",null,31.62]
[{"$nulls":6},"Quant. =>","4,00","Preço Total =>",126.48]
[]
[" 6.3.9 ","Código","Banco","Descrição","Tipo",null,"Und","Quant.","Valor Unit","Total"]
["Composição"," 11289 ","ORSE","Curva vertical 200 x 100 mm para eletrocalha metálica, com ângulo 90° (ref.: mopa ou similar)","Pontos de Suprimento de Energia para Computador",null,"un",1,118.36,118.36]
[null,"Código","Banco","Descrição","Tipo",null,"Und","Quant.","Valor Unit","Total"]
["Insumo","00006111/SINAPI","ORSE","Servente de obras (horista)","Mão de Obra",null,"h",0.2,"13,65","2,72"]
["Insumo","00002436/SINAPI","ORSE","Eletricista (horista)","Mão de Obra",null,"h",0.2,"19,13","3,82"]
["Composição",10549,"ORSE","Encargos Complementares - Servente","Provisórios",null,"h",0.2,"3,80","0,76"]
["Composição",10552,"ORSE","Encargos Complementares - Eletricista","Provisórios",null,"h",0.2,"3,66","0,73"]
["Insumo",12155,"ORSE","Curva vertical 200 x 100 mm para eletrocalha metálica (ref.: mopa ou similar)","Material",null,"un",1,"110,36","110,36"]
["Detalhamento de Cálculo ORSE"]
[null,"Código","Banco","Descrição","Tipo",null,"Und","Quant.","Valor Unit","Total"]
["Insumo","00012894/SINAPI","ORSE","Capa para chuva em pvc com forro de poliester, com capuz (amarela ou azul)","Material",null,"un",8.0000000000000007E-5,"18,07","0,00"]
["Insumo","00002436/SINAPI","ORSE","Eletricista (horista)","Mão de Obra",null,"h",0.2,"19,13","3,82"]
["Insumo",1651,"ORSE","Óculos branco proteção","Material",null,"pr",3.2000000000000003E-4,"6,70","0,00"]
["Insumo",10579,"ORSE","Chave de fenda chata 30 cm","Material",null,"un",4.0000000000000003E-5,"26,89","0,00"]
["Insumo",11242,"ORSE","Chave inglesa 12\"","Material",null,"un",2.0000000000000002E-5,"34,00","0,00"]
["Insumo","00002711/SINAPI","ORSE","Carrinho de mao de aco capacidade 50 a 60 l, pneu com camara","Material",null,"un",4.0000000000000003E-5,"166,00","0,00"]
["Insumo",10492,"ORSE","Cesta Básica","Material",null,"un",1.8E-3,"190,00","0,34"]
["Insumo",10761,"ORSE","Refeição - café da manhã ( café com leite e dois pães com manteiga)","Serviços",null,"un",4.0719999999999999E-2,"5,00","0,20"]
["Insumo",10596,"ORSE","Protetor auricular","Material",null,"un",1.8E-3,"4,90","0,00"]
["Insumo",4728,"ORSE","Talhadeira chata 10\"","Material",null,"un",6.0000000000000002E-5,"18,58","0,00"]
["Insumo","00012895/SINAPI","ORSE","Capacete de seguranca aba frontal com suspensao de polietileno, sem jugular (classe b)","Material",null,"un",2.4000000000000001E-4,"13,90","0,00"]
["Insumo","00012892/SINAPI","ORSE","Luva raspa de couro, cano curto (punho *7* cm)","Material",null,"par",9.2000000000000003E-4,"12,51","0,01"]
["Insumo",2378,"ORSE","Vale transporte","Material",null,"un",3.1899999999999998E-2,"4,50","0,14"]
["Insumo",158,"ORSE","Almoço (Participação do empregador)","Material",null,"un",4.0719999999999999E-2,"14,00","0,57"]
["Insumo",10788,"ORSE","Pá quadrada","Material",null,"un",4.0000000000000003E-5,"36,90","0,00"]
["Insumo","00006111/SINAPI","ORSE","Servente de obras (horista)","Mão de Obra",null,"h",0.2,"13,65","2,72"]
["Insumo",4729,"ORSE","Marreta 1 kg com cabo","Material",null,"un",2.0000000000000002E-5,"37,80","0,00"]
["Insumo",11240,"ORSE","Alicate com isolamento","Material",null,"un",4.0000000000000003E-5,"47,69","0,00"]
["Insumo","00012893/SINAPI","ORSE","Bota de seguranca com biqueira de aco e colarinho acolchoado","Material",null,"par",2.9999999999999997E-4,"66,72","0,02"]
["Insumo",10362,"ORSE","Seguro de vida e acidente em grupo","Serviços",null,"un",1.8E-3,"12,54","0,02"]
["Insumo",10599,"ORSE","Protetor solar fps 30 com 120ml","Material",null,"un",7.2000000000000005E-4,"18,00","0,01"]
["Insumo",10517,"ORSE","Exames admissionais/demissionais (checkup)","Serviços",null,"cj",1.6000000000000001E-4,"300,00","0,04"]
["Insumo",12155,"ORSE","Curva vertical 200 x 100 mm para eletrocalha metálica (ref.: mopa ou similar)","Material",null,"un",1,"110,36","110,36"]
["Insumo",941,"ORSE","Fardamento com mangas curta","Material",null,"un",5.9999999999999995E-4,"193,41","0,11"]
["Insumo",11241,"ORSE","Alicate volt-amperimetro","Material",null,"un",4.0000000000000003E-5,"163,00","0,00"]
[{"$nulls":4},"MO sem LS =>",6.54,"LS =>",0,"MO com LS =>",6.54]
[{"$nulls":4},"Valor do BDI =>",25.92,null,"Valor com BDI =>",null,144.28]
[{"$nulls":6},"Quant. =>","8,00","Preço Total =>",1154.24]
[]
[null,"Código","Banco","Descrição","Tipo",null,"Und","Quant.","Valor Unit","Total"]
["Insumo"," 3638 ","ORSE","Suporte vertical  100 x 100 mm  para fixação de eletrocalha metálica ( ref.: Mopa ou similar)","Material",null,"un",1,5.89,5.89]
[{"$nulls":4},"MO sem LS =>",0,"LS =>",0,"MO com LS =>",0]
[{"$nulls":4},"Valor do BDI =>",null,null,"Valor com BDI =>",null,6.73]
[{"$nulls":6},"Quant. =>","7,00","Preço Total =>",47.11]
[]
[" 6.3.11 ","Código","Banco","Descrição","Tipo",null,"Und","Quant.","Valor Unit","Total"]
["Composição"," 11848 ","ORSE","Emenda interna 100 x 100 mm com base lisa perfurada para eletrocalha metálica(ref. Mopa ou similar)","Pontos de Suprimento de Energia para Computador",null,"un",1,11.7,11.7]
[null,"Código","Banco","Descrição","Tipo",null,"Und","Quant.","Valor Unit","Total"]
["Insumo",4034,"ORSE","Emenda interna 100 x 100 mm com base lisa perfurada para eletrocalha metálica(ref. Mopa ou similar)","Material",null,"un",1,"3,70","3,70"]
["Insumo","00006111/SINAPI","ORSE","Servente de obras (horista)","Mão de Obra",null,"h",0.2,"13,65","2,72"]
["Insumo","00002436/SINAPI","ORSE","Eletricista (horista)","Mão de Obra",null,"h",0.2,"19,13","3,82"]
["Composição",10552,"ORSE","Encargos Complementares - Eletricista","Provisórios",null,"h",0.2,"3,66","0,73"]
["Composição",10549,"ORSE","Encargos Complementares - Servente","Provisórios",null,"h",0.2,"3,80","0,76"]
["Detalhamento de Cálculo ORSE"]
[null,"Código","Banco","Descrição","Tipo",null,"Und","Quant.","Valor Unit","Total"]
["Insumo","00002711/SINAPI","ORSE","Carrinho de mao de aco capacidade 50 a 60 l, pneu com camara","Material",null,"un",4.0000000000000003E-5,"166,00","0,00"]
["Insumo",10599,"ORSE","Protetor solar fps 30 com 120ml","Material",null,"un",7.2000000000000005E-4,"18,00","0,01"]
["Insumo","00012892/SINAPI","ORSE","Luva raspa de couro, cano curto (punho *7* cm)","Material",null,"par",9.2000000000000003E-4,"12,51","0,01"]
["Insumo",10517,"ORSE","Exames admissionais/demissionais (checkup)","Serviços",null,"cj",1.6000000000000001E-4,"300,00","0,04"]
["Insumo","00012895/SINAPI","ORSE","Capacete de seguranca aba frontal com suspensao de polietileno, sem jugular (classe b)","Material",null,"un",2.4000000000000001E-4,"13,90","0,00"]
["Insumo",2378,"ORSE","Vale transporte","Material",null,"un",3.1899999999999998E-2,"4,50","0,14"]
["Insumo",10579,"ORSE","Chave de fenda chata 30 cm","Material",null,"un",4.0000000000000003E-5,"26,89","0,00"]
["Insumo",10362,"ORSE","Seguro de vida e acidente em grupo","Serviços",null,"un",1.8E-3,"12,54","0,02"]
["Insumo","00006111/SINAPI","ORSE","Servente de obras (horista)","Mão de Obra",null,"h",0.2,"13,65","2,72"]
["Insumo",1651,"ORSE","Óculos branco proteção","Material",null,"pr",3.2000000000000003E-4,"6,70","0,00"]
["Insumo",11240,"ORSE","Alicate com isolamento","Material",null,"un",4.0000000000000003E-5,"47,69","0,00"]
["Insumo",158,"ORSE","Almoço (Participação do empregador)","Material",null,"un",4.0719999999999999E-2,"14,00","0,57"]
["Insumo",10761,"ORSE","Refeição - café da manhã ( café com leite e dois pães com manteiga)","Serviços",null,"un",4.0719999999999999E-2,"5,00","0,20"]
["Insumo",4034,"ORSE","Emenda interna 100 x 100 mm com base lisa perfurada para eletrocalha metálica(ref. Mopa ou similar)","Material",null,"un",1,"3,70","3,70"]
["Insumo","00012893/SINAPI","ORSE","Bota de seguranca com biqueira de aco e colarinho acolchoado","Material",null,"par",2.9999999999999997E-4,"66,72","0,02"]
["Insumo",4728,"ORSE","Talhadeira chata 10\"","Material",null,"un",6.0000000000000002E-5,"18,58","0,00"]
["Insumo","00012894/SINAPI","ORSE","Capa para chuva em pvc com forro de poliester, com capuz (amarela ou azul)","Material",null,"un",8.0000000000000007E-5,"18,07","0,00"]
["Insumo",10492,"ORSE","Cesta Básica","Material",null,"un",1.8E-3,"190,00","0,34"]
["Insumo",941,"ORSE","Fardamento com mangas curta","Material",null,"un",5.9999999999999995E-4,"193,41","0,11"]
["Insumo",10596,"ORSE","Protetor auricular","Material",null,"un",1.8E-3,"4,90","0,00"]
["Insumo",4729,"ORSE","Marreta 1 kg com cabo","Material",null,"un",2.0000000000000002E-5,"37,80","0,00"]
["Insumo",11242,"ORSE","Chave inglesa 12\"","Material",null,"un",2.0000000000000002E-5,"34,00","0,00"]
["Insumo",11241,"ORSE","Alicate volt-amperimetro","Material",null,"un",4.0000000000000003E-5,"163,00","0,00"]
["Insumo",10788,"ORSE","Pá quadrada","Material",null,"un",4.0000000000000003E-5,"36,90","0,00"]
["Insumo","00002436/SINAPI","ORSE","Eletricista (horista)","Mão de Obra",null,"h",0.2,"19,13","3,82"]
[{"$nulls":4},"MO sem LS =>",6.54,"LS =>",0,"MO com LS =>",6.54]
[{"$nulls":4},"Valor do BDI =>",2.56,null,"Valor com BDI =>",null,14.26]
[{"$nulls":6},"Quant. =>","130,00","Preço Total =>",1853.8]
[]
[" 6.3.12 ","Código","Banco","Descrição","Tipo",null,"Und","Quant.","Valor Unit","Total"]
["Composição"," 9519 ","ORSE","Tala plana perfurada 100mm para eletrocalha metálica (ref.: mopa ou similar) - Rev 01","Pontos de Suprimento de Energia para Computador",null,"un",1,8.7799999999999994,8.7799999999999994]
[null,"Código","Banco","Descrição","Tipo",null,"Und","Quant.","Valor Unit","Total"]
["Insumo","00002436/SINAPI","ORSE","Eletricista (horista)","Mão de Obra",null,"h",0.1,"19,13","1,91"]
["Composição",10549,"ORSE","Encargos Complementares - Servente","Provisórios",null,"h",0.1,"3,80","0,38"]
["Insumo",9704,"ORSE","Tala plana perfurada 100mm","Material",null,"un",1,"4,80","4,80"]
["Composição",10552,"ORSE","Encargos Complementares - Eletricista","Provisórios",null,"h",0.1,"3,66","0,36"]
["Insumo","00006111/SINAPI","ORSE","Servente de obras (horista)","Mão de Obra",null,"h",0.1,"13,65","1,36"]
["Detalhamento de Cálculo ORSE"]
[null,"Código","Banco","Descrição","Tipo",null,"Und","Quant.","Valor Unit","Total"]
["Insumo",11240,"ORSE","Alicate com isolamento","Material",null,"un",2.0000000000000002E-5,"47,69","0,00"]
["Insumo",10596,"ORSE","Protetor auricular","Material",null,"un",8.9999999999999998E-4,"4,90","0,00"]
["Insumo","00012894/SINAPI","ORSE","Capa para chuva em pvc com forro de poliester, com capuz (amarela ou azul)","Material",null,"un",4.0000000000000003E-5,"18,07","0,00"]
["Insumo",1651,"ORSE","Óculos branco proteção","Material",null,"pr",1.6000000000000001E-4,"6,70","0,00"]
["Insumo","00012893/SINAPI","ORSE","Bota de seguranca com biqueira de aco e colarinho acolchoado","Material",null,"par",1.4999999999999999E-4,"66,72","0,01"]
["Insumo",10761,"ORSE","Refeição - café da manhã ( café com leite e dois pães com manteiga)","Serviços",null,"un",2.036E-2,"5,00","0,10"]
["Insumo",4729,"ORSE","Marreta 1 kg com cabo","Material",null,"un",1.0000000000000001E-5,"37,80","0,00"]
["Insumo",10599,"ORSE","Protetor solar fps 30 com 120ml","Material",null,"un",3.6000000000000002E-4,"18,00","0,00"]
["Insumo",10517,"ORSE","Exames admissionais/demissionais (checkup)","Serviços",null,"cj",8.0000000000000007E-5,"300,00","0,02"]
["Insumo",10362,"ORSE","Seguro de vida e acidente em grupo","Serviços",null,"un",8.9999999999999998E-4,"12,54","0,01"]
["Insumo",2378,"ORSE","Vale transporte","Material",null,"un",1.5949999999999999E-2,"4,50","0,07"]
["Insumo","00002436/SINAPI","ORSE","Eletricista (horista)","Mão de Obra",null,"h",0.1,"19,13","1,91"]
["Insumo","00006111/SINAPI","ORSE","Servente de obras (horista)","Mão de Obra",null,"h",0.1,"13,65","1,36"]
["Insumo",4728,"ORSE","Talhadeira chata 10\"","Material",null,"un",3.0000000000000001E-5,"18,58","0,00"]
["Insumo","00002711/SINAPI","ORSE","Carrinho de mao de aco capacidade 50 a 60 l, pneu com camara","Material",null,"un",2.0000000000000002E-5,"166,00","0,00"]
["Insumo",9704,"ORSE","Tala plana perfurada 100mm","Material",null,"un",1,"4,80","4,80"]
["Insumo",10788,"ORSE","Pá quadrada","Material",null,"un",2.0000000000000002E-5,"36,90","0,00"]
["Insumo",158,"ORSE","Almoço (Participação do empregador)","Material",null,"un",2.036E-2,"14,00","0,28"]
["Insumo","00012892/SINAPI","ORSE","Luva raspa de couro, cano curto (punho *7* cm)","Material",null,"par",4.6000000000000001E-4,"12,51","0,00"]
["Insumo",10492,"ORSE","Cesta Básica","Material",null,"un",8.9999999999999998E-4,"190,00","0,17"]
["Insumo",11241,"ORSE","Alicate volt-amperimetro","Material",null,"un",2.0000000000000002E-5,"163,00","0,00"]
["Insumo","00012895/SINAPI","ORSE","Capacete de seguranca aba frontal com suspensao de polietileno, sem jugular (classe b)","Material",null,"un",1.2E-4,"13,90","0,00"]
["Insumo",941,"ORSE","Fardamento com mangas curta","Material",null,"un",2.9999999999999997E-4,"193,41","0,05"]
["Insumo",11242,"ORSE","Chave inglesa 12\"","Material",null,"un",1.0000000000000001E-5,"34,00","0,00"]
["Insumo",10579,"ORSE","Chave de fenda chata 30 cm","Material",null,"un",2.0000000000000002E-5,"26,89","0,00"]
[{"$nulls":4},"MO sem LS =>",3.27,"LS =>",0,"MO com LS =>",3.27]
[{"$nulls":4},"Valor do BDI =>",1.92,null,"Valor com BDI =>",null,10.7]
[{"$nulls":6},"Quant. =>","100,00","Preço Total =>",1070]
[]
[" 6.3.13 ","Código","Banco","Descrição","Tipo",null,"Und","Quant.","Valor Unit","Total"]
["Composição"," 12530 ","ORSE","Tampa de encaixe 100mm para Tê horizontal, zincada, para eletrocalha metálica(ref.: mopa ou similar)","Interligações até Quadro Geral - Eletrodutos e Conexões",null,"un",1,15.51,15.51]
[null,"Código","Banco","Descrição","Tipo",null,"Und","Quant.","Valor Unit","Total"]
["Insumo","00006111/SINAPI","ORSE","Servente de obras (horista)","Mão de Obra",null,"h",0.05,"13,65","0,68"]
["Insumo","00002436/SINAPI","ORSE","Eletricista (horista)","Mão de Obra",null,"h",0.05,"19,13","0,95"]
["Composição",10549,"ORSE","Encargos Complementares - Servente","Provisórios",null,"h",0.05,"3,80","0,19"]
["Insumo",13348,"ORSE","Tampa de encaixe 100mm para Tê horizontal, zincada, para eletrocalha metálica(ref.: mopa ou similar)","Material",null,"un",1,"13,55","13,55"]
["Composição",10552,"ORSE","Encargos Complementares - Eletricista","Provisórios",null,"h",0.05,"3,66","0,18"]
["Detalhamento de Cálculo ORSE"]
[null,"Código","Banco","Descrição","Tipo",null,"Und","Quant.","Valor Unit","Total"]
["Insumo","00002711/SINAPI","ORSE","Carrinho de mao de aco capacidade 50 a 60 l, pneu com camara","Material",null,"un",1.0000000000000001E-5,"166,00","0,00"]
["Insumo",158,"ORSE","Almoço (Participação do empregador)","Material",null,"un",1.018E-2,"14,00","0,14"]
["Insumo","00012892/SINAPI","ORSE","Luva raspa de couro, cano curto (punho *7* cm)","Material",null,"par",2.3000000000000001E-4,"12,51","0,00"]
["Insumo","00012894/SINAPI","ORSE","Capa para chuva em pvc com forro de poliester, com capuz (amarela ou azul)","Material",null,"un",2.0000000000000002E-5,"18,07","0,00"]
["Insumo",10761,"ORSE","Refeição - café da manhã ( café com leite e dois pães com manteiga)","Serviços",null,"un",1.018E-2,"5,00","0,05"]
["Insumo",4728,"ORSE","Talhadeira chata 10\"","Material",null,"un",1.5E-5,"18,58","0,00"]
["Insumo",10579,"ORSE","Chave de fenda chata 30 cm","Material",null,"un",1.0000000000000001E-5,"26,89","0,00"]
["Insumo",10596,"ORSE","Protetor auricular","Material",null,"un",4.4999999999999999E-4,"4,90","0,00"]
["Insumo",11241,"ORSE","Alicate volt-amperimetro","Material",null,"un",1.0000000000000001E-5,"163,00","0,00"]
["Insumo","00002436/SINAPI","ORSE","Eletricista (horista)","Mão de Obra",null,"h",0.05,"19,13","0,95"]
["Insumo",10788,"ORSE","Pá quadrada","Material",null,"un",1.0000000000000001E-5,"36,90","0,00"]
["Insumo","00012893/SINAPI","ORSE","Bota de seguranca com biqueira de aco e colarinho acolchoado","Material",null,"par",7.4999999999999993E-5,"66,72","0,00"]
["Insumo",11240,"ORSE","Alicate com isolamento","Material",null,"un",1.0000000000000001E-5,"47,69","0,00"]
["Insumo",10362,"ORSE","Seguro de vida e acidente em grupo","Serviços",null,"un",4.4999999999999999E-4,"12,54","0,00"]
["Insumo",1651,"ORSE","Óculos branco proteção","Material",null,"pr",8.0000000000000007E-5,"6,70","0,00"]
["Insumo",10492,"ORSE","Cesta Básica","Material",null,"un",4.4999999999999999E-4,"190,00","0,08"]
["Insumo","00006111/SINAPI","ORSE","Servente de obras (horista)","Mão de Obra",null,"h",0.05,"13,65","0,68"]
["Insumo",10599,"ORSE","Protetor solar fps 30 com 120ml","Material",null,"un",1.8000000000000001E-4,"18,00","0,00"]
["Insumo",11242,"ORSE","Chave inglesa 12\"","Material",null,"un",5.0000000000000004E-6,"34,00","0,00"]
["Insumo",4729,"ORSE","Marreta 1 kg com cabo","Material",null,"un",5.0000000000000004E-6,"37,80","0,00"]
["Insumo",13348,"ORSE","Tampa de encaixe 100mm para Tê horizontal, zincada, para eletrocalha metálica(ref.: mopa ou similar)","Material",null,"un",1,"13,55","13,55"]
["Insumo","00012895/SINAPI","ORSE","Capacete de seguranca aba frontal com suspensao de polietileno, sem jugular (classe b)","Material",null,"un",6.0000000000000002E-5,"13,90","0,00"]
["Insumo",941,"ORSE","Fardamento com mangas curta","Material",null,"un",1.4999999999999999E-4,"193,41","0,02"]
["Insumo",2378,"ORSE","Vale transporte","Material",null,"un",7.9749999999999995E-3,"4,50","0,03"]
["Insumo",10517,"ORSE","Exames admissionais/demissionais (checkup)","Serviços",null,"cj",4.0000000000000003E-5,"300,00","0,01"]
[{"$nulls":4},"MO sem LS =>",1.63,"LS =>",0,"MO com LS =>",1.63]
[{"$nulls":4},"Valor do BDI =>",3.39,null,"Valor com BDI =>",null,18.899999999999999]
[{"$nulls":6},"Quant. =>","4,00","Preço Total =>",75.599999999999994]
[]
[null,"Código","Banco","Descrição","Tipo",null,"Und","Quant.","Valor Unit","Total"]
["Insumo"," 4096 ","ORSE","Tê horizontal 100 x 100mm para eletrocalha metálica (ref. Mopa ou similar)","Material",null,"un",1,25.7,25.7]
[{"$nulls":4},"MO sem LS =>",0,"LS =>",0,"MO com LS =>",0]
[{"$nulls":4},"Valor do BDI =>",null,null,"Valor com BDI =>",null,29.4]
[{"$nulls":6},"Quant. =>","4,00","Preço Total =>",117.6]
[]
[" 6.3.15 ","Código","Banco","Descrição","Tipo",null,"Und","Quant.","Valor Unit","Total"]
["Composição"," 12527 ","ORSE","Tampa de encaixe para curva 90º, vertical, 100mm, zincada, para eletrocalha metálica","Interligações até Quadro Geral - Eletrodutos e Conexões",null,"un",1,15.37,15.37]
[null,"Código","Banco","Descrição","Tipo",null,"Und","Quant.","Valor Unit","Total"]
["Insumo","00002436/SINAPI","ORSE","Eletricista (horista)","Mão de Obra",null,"h",0.05,"19,13","0,95"]
["Insumo","00006111/SINAPI","ORSE","Servente de obras (horista)","Mão de Obra",null,"h",0.05,"13,65","0,68"]
["Insumo",13345,"ORSE","Tampa de encaixe para curva 90º, vertical, 100mm, zincada, para eletrocalha metálica (ref. mopa ou similar)","Material",null,"un",1,"13,41","13,41"]
["Composição",10549,"ORSE","Encargos Complementares - Servente","Provisórios",null,"h",0.05,"3,80","0,19"]
["Composição",10552,"ORSE","Encargos Complementares - Eletricista","Provisórios",null,"h",0.05,"3,66","0,18"]
["Detalhamento de Cálculo ORSE"]
[null,"Código","Banco","Descrição","Tipo",null,"Und","Quant.","Valor Unit","Total"]
["Insumo",10761,"ORSE","Refeição - café da manhã ( café com leite e dois pães com manteiga)","Serviços",null,"un",1.018E-2,"5,00","0,05"]
["Insumo",158,"ORSE","Almoço (Participação do empregador)","Material",null,"un",1.018E-2,"14,00","0,14"]
["Insumo","00012895/SINAPI","ORSE","Capacete de seguranca aba frontal com suspensao de polietileno, sem jugular (classe b)","Material",null,"un",6.0000000000000002E-5,"13,90","0,00"]
["Insumo","00012894/SINAPI","ORSE","Capa para chuva em pvc com forro de poliester, com capuz (amarela ou azul)","Material",null,"un",2.0000000000000002E-5,"18,07","0,00"]
["Insumo",11241,"ORSE","Alicate volt-amperimetro","Material",null,"un",1.0000000000000001E-5,"163,00","0,00"]
["Insumo",4728,"ORSE","Talhadeira chata 10\"","Material",null,"un",1.5E-5,"18,58","0,00"]
["Insumo",2378,"ORSE","Vale transporte","Material",null,"un",7.9749999999999995E-3,"4,50","0,03"]
["Insumo",4729,"ORSE","Marreta 1 kg com cabo","Material",null,"un",5.0000000000000004E-6,"37,80","0,00"]
["Insumo",11240,"ORSE","Alicate com isolamento","Material",null,"un",1.0000000000000001E-5,"47,69","0,00"]
["Insumo","00002436/SINAPI","ORSE","Eletricista (horista)","Mão de Obra",null,"h",0.05,"19,13","0,95"]
["Insumo",10596,"ORSE","Protetor auricular","Material",null,"un",4.4999999999999999E-4,"4,90","0,00"]
["Insumo",10599,"ORSE","Protetor solar fps 30 com 120ml","Material",null,"un",1.8000000000000001E-4,"18,00","0,00"]
["Insumo","00002711/SINAPI","ORSE","Carrinho de mao de aco capacidade 50 a 60 l, pneu com camara","Material",null,"un",1.0000000000000001E-5,"166,00","0,00"]
["Insumo",1651,"ORSE","Óculos branco proteção","Material",null,"pr",8.0000000000000007E-5,"6,70","0,00"]
["Insumo",10579,"ORSE","Chave de fenda chata 30 cm","Material",null,"un",1.0000000000000001E-5,"26,89","0,00"]
["Insumo",10788,"ORSE","Pá quadrada","Material",null,"un",1.0000000000000001E-5,"36,90","0,00"]
["Insumo","00006111/SINAPI","ORSE","Servente de obras (horista)","Mão de Obra",null,"h",0.05,"13,65","0,68"]
["Insumo",11242,"ORSE","Chave inglesa 12\"","Material",null,"un",5.0000000000000004E-6,"34,00","0,00"]
["Insumo","00012893/SINAPI","ORSE","Bota de seguranca com biqueira de aco e colarinho acolchoado","Material",null,"par",7.4999999999999993E-5,"66,72","0,00"]
["Insumo",10517,"ORSE","Exames admissionais/demissionais (checkup)","Serviços",null,"cj",4.0000000000000003E-5,"300,00","0,01"]
["Insumo",10492,"ORSE","Cesta Básica","Material",null,"un",4.4999999999999999E-4,"190,00","0,08"]
["Insumo",941,"ORSE","Fardamento com mangas curta","Material",null,"un",1.4999999999999999E-4,"193,41","0,02"]
["Insumo",10362,"ORSE","Seguro de vida e acidente em grupo","Serviços",null,"un",4.4999999999999999E-4,"12,54","0,00"]
["Insumo","00012892/SINAPI","ORSE","Luva raspa de couro, cano curto (punho *7* cm)","Material",null,"par",2.3000000000000001E-4,"12,51","0,00"]
["Insumo",13345,"ORSE","Tampa de encaixe para curva 90º, vertical, 100mm, zincada, para eletrocalha metálica (ref. mopa ou similar)","Material",null,"un",1,"13,41","13,41"]
[{"$nulls":4},"MO sem LS =>",1.63,"LS =>",0,"MO com LS =>",1.63]
[{"$nulls":4},"Valor do BDI =>",3.36,null,"Valor com BDI =>",null,18.73]
[{"$nulls":6},"Quant. =>","8,00","Preço Total =>",149.84]
[]
[" 6.3.16 ","Código","Banco","Descrição","Tipo",null,"Und","Quant.","Valor Unit","Total"]
["Composição"," 344 ","ORSE","Bucha com arruela em liga especial zamak p/eletroduto 25mm, d=1\"","Interligações até Quadro Geral - Eletrodutos e Conexões",null,"un",1,1.6,1.6]
[null,"Código","Banco","Descrição","Tipo",null,"Und","Quant.","Valor Unit","Total"]
["Insumo",325,"ORSE","Bucha em liga zamak para eletroduto 25mm, d=1\"","Material",null,"un",1,"0,67","0,67"]
["Composição",10552,"ORSE","Encargos Complementares - Eletricista","Provisórios",null,"h",0.01,"3,66","0,03"]
["Composição",10549,"ORSE","Encargos Complementares - Servente","Provisórios",null,"h",0.01,"3,80","0,03"]
["Insumo","00006111/SINAPI","ORSE","Servente de obras (horista)","Mão de Obra",null,"h",0.01,"13,65","0,13"]
["Insumo",214,"ORSE","Arruela em liga zamak p/eletroduto 25mm, d=1 \"","Material",null,"un",1,"0,57","0,57"]
["Insumo","00002436/SINAPI","ORSE","Eletricista (horista)","Mão de Obra",null,"h",0.01,"19,13","0,19"]
["Detalhamento de Cálculo ORSE"]
[null,"Código","Banco","Descrição","Tipo",null,"Und","Quant.","Valor Unit","Total"]
["Insumo","00006111/SINAPI","ORSE","Servente de obras (horista)","Mão de Obra",null,"h",0.01,"13,65","0,13"]
["Insumo","00012892/SINAPI","ORSE","Luva raspa de couro, cano curto (punho *7* cm)","Material",null,"par",4.6E-5,"12,51","0,00"]
["Insumo",158,"ORSE","Almoço (Participação do empregador)","Material",null,"un",2.036E-3,"14,00","0,02"]
["Insumo",11240,"ORSE","Alicate com isolamento","Material",null,"un",1.9999999999999999E-6,"47,69","0,00"]
["Insumo",10599,"ORSE","Protetor solar fps 30 com 120ml","Material",null,"un",3.6000000000000001E-5,"18,00","0,00"]
["Insumo",941,"ORSE","Fardamento com mangas curta","Material",null,"un",3.0000000000000001E-5,"193,41","0,00"]
["Insumo",214,"ORSE","Arruela em liga zamak p/eletroduto 25mm, d=1 \"","Material",null,"un",1,"0,57","0,57"]
["Insumo",11242,"ORSE","Chave inglesa 12\"","Material",null,"un",9.9999999999999995E-7,"34,00","0,00"]
["Insumo",10362,"ORSE","Seguro de vida e acidente em grupo","Serviços",null,"un",9.0000000000000006E-5,"12,54","0,00"]
["Insumo",10517,"ORSE","Exames admissionais/demissionais (checkup)","Serviços",null,"cj",7.9999999999999996E-6,"300,00","0,00"]
["Insumo",4729,"ORSE","Marreta 1 kg com cabo","Material",null,"un",9.9999999999999995E-7,"37,80","0,00"]
["Insumo",10579,"ORSE","Chave de fenda chata 30 cm","Material",null,"un",1.9999999999999999E-6,"26,89","0,00"]
["Insumo","00012894/SINAPI","ORSE","Capa para chuva em pvc com forro de poliester, com capuz (amarela ou azul)","Material",null,"un",3.9999999999999998E-6,"18,07","0,00"]
["Insumo",1651,"ORSE","Óculos branco proteção","Material",null,"pr",1.5999999999999999E-5,"6,70","0,00"]
["Insumo",325,"ORSE","Bucha em liga zamak para eletroduto 25mm, d=1\"","Material",null,"un",1,"0,67","0,67"]
["Insumo","00002711/SINAPI","ORSE","Carrinho de mao de aco capacidade 50 a 60 l, pneu com camara","Material",null,"un",1.9999999999999999E-6,"166,00","0,00"]
["Insumo",4728,"ORSE","Talhadeira chata 10\"","Material",null,"un",3.0000000000000001E-6,"18,58","0,00"]
["Insumo","00002436/SINAPI","ORSE","Eletricista (horista)","Mão de Obra",null,"h",0.01,"19,13","0,19"]
["Insumo","00012895/SINAPI","ORSE","Capacete de seguranca aba frontal com suspensao de polietileno, sem jugular (classe b)","Material",null,"un",1.2E-5,"13,90","0,00"]
["Insumo","00012893/SINAPI","ORSE","Bota de seguranca com biqueira de aco e colarinho acolchoado","Material",null,"par",1.5E-5,"66,72","0,00"]
["Insumo",11241,"ORSE","Alicate volt-amperimetro","Material",null,"un",1.9999999999999999E-6,"163,00","0,00"]
["Insumo",10788,"ORSE","Pá quadrada","Material",null,"un",1.9999999999999999E-6,"36,90","0,00"]
["Insumo",10761,"ORSE","Refeição - café da manhã ( café com leite e dois pães com manteiga)","Serviços",null,"un",2.036E-3,"5,00","0,01"]
["Insumo",10492,"ORSE","Cesta Básica","Material",null,"un",9.0000000000000006E-5,"190,00","0,01"]
["Insumo",10596,"ORSE","Protetor auricular","Material",null,"un",9.0000000000000006E-5,"4,90","0,00"]
["Insumo",2378,"ORSE","Vale transporte","Material",null,"un",1.5950000000000001E-3,"4,50","0,00"]
[{"$nulls":4},"MO sem LS =>",0.32,"LS =>",0,"MO com LS =>",0.32]
[{"$nulls":4},"Valor do BDI =>",0.35,null,"Valor com BDI =>",null,1.95]
[{"$nulls":6},"Quant. =>","50,00","Preço Total =>",97.5]
[]
[" 6.3.17 ","Código","Banco","Descrição","Tipo",null,"Und","Quant.","Valor Unit","Total"]
["Composição"," 724 ","ORSE","Fornecimento e instalação de saída horizontal para eletroduto 1\" (ref. vl 33 valemam ou similar)","Pontos de Suprimento de Lógica",null,"un",1,9.26,9.26]
[null,"Código","Banco","Descrição","Tipo",null,"Und","Quant.","Valor Unit","Total"]
["Composição",10552,"ORSE","Encargos Complementares - Eletricista","Provisórios",null,"h",0.12,"3,66","0,43"]
["Insumo","00002436/SINAPI","ORSE","Eletricista (horista)","Mão de Obra",null,"h",0.12,"19,13","2,29"]
["Composição",10549,"ORSE","Encargos Complementares - Servente","Provisórios",null,"h",0.12,"3,80","0,45"]
["Insumo",2001,"ORSE","Saída horizontal para eletroduto 1\" (ref. vl 33 valemam ou similar)","Material",null,"un",1,"4,50","4,50"]
["Insumo","00006111/SINAPI","ORSE","Servente de obras (horista)","Mão de Obra",null,"h",0.12,"13,65","1,63"]
["Detalhamento de Cálculo ORSE"]
[null,"Código","Banco","Descrição","Tipo",null,"Und","Quant.","Valor Unit","Total"]
["Insumo",941,"ORSE","Fardamento com mangas curta","Material",null,"un",3.6000000000000002E-4,"193,41","0,06"]
["Insumo",10362,"ORSE","Seguro de vida e acidente em grupo","Serviços",null,"un",1.08E-3,"12,54","0,01"]
["Insumo",11241,"ORSE","Alicate volt-amperimetro","Material",null,"un",2.4000000000000001E-5,"163,00","0,00"]
["Insumo",10579,"ORSE","Chave de fenda chata 30 cm","Material",null,"un",2.4000000000000001E-5,"26,89","0,00"]
["Insumo",1651,"ORSE","Óculos branco proteção","Material",null,"pr",1.92E-4,"6,70","0,00"]
["Insumo",4728,"ORSE","Talhadeira chata 10\"","Material",null,"un",3.6000000000000001E-5,"18,58","0,00"]
["Insumo",11242,"ORSE","Chave inglesa 12\"","Material",null,"un",1.2E-5,"34,00","0,00"]
["Insumo","00002711/SINAPI","ORSE","Carrinho de mao de aco capacidade 50 a 60 l, pneu com camara","Material",null,"un",2.4000000000000001E-5,"166,00","0,00"]
["Insumo","00012893/SINAPI","ORSE","Bota de seguranca com biqueira de aco e colarinho acolchoado","Material",null,"par",1.8000000000000001E-4,"66,72","0,01"]
["Insumo","00012895/SINAPI","ORSE","Capacete de seguranca aba frontal com suspensao de polietileno, sem jugular (classe b)","Material",null,"un",1.44E-4,"13,90","0,00"]
["Insumo",11240,"ORSE","Alicate com isolamento","Material",null,"un",2.4000000000000001E-5,"47,69","0,00"]
["Insumo","00012894/SINAPI","ORSE","Capa para chuva em pvc com forro de poliester, com capuz (amarela ou azul)","Material",null,"un",4.8000000000000001E-5,"18,07","0,00"]
["Insumo",10492,"ORSE","Cesta Básica","Material",null,"un",1.08E-3,"190,00","0,20"]
["Insumo",10599,"ORSE","Protetor solar fps 30 com 120ml","Material",null,"un",4.3199999999999998E-4,"18,00","0,00"]
["Insumo",10788,"ORSE","Pá quadrada","Material",null,"un",2.4000000000000001E-5,"36,90","0,00"]
["Insumo",2001,"ORSE","Saída horizontal para eletroduto 1\" (ref. vl 33 valemam ou similar)","Material",null,"un",1,"4,50","4,50"]
["Insumo",4729,"ORSE","Marreta 1 kg com cabo","Material",null,"un",1.2E-5,"37,80","0,00"]
["Insumo",158,"ORSE","Almoço (Participação do empregador)","Material",null,"un",2.4431999999999999E-2,"14,00","0,34"]
["Insumo",10517,"ORSE","Exames admissionais/demissionais (checkup)","Serviços",null,"cj",9.6000000000000002E-5,"300,00","0,02"]
["Insumo",10596,"ORSE","Protetor auricular","Material",null,"un",1.08E-3,"4,90","0,00"]
["Insumo",10761,"ORSE","Refeição - café da manhã ( café com leite e dois pães com manteiga)","Serviços",null,"un",2.4431999999999999E-2,"5,00","0,12"]
["Insumo","00002436/SINAPI","ORSE","Eletricista (horista)","Mão de Obra",null,"h",0.12,"19,13","2,29"]
["Insumo","00012892/SINAPI","ORSE","Luva raspa de couro, cano curto (punho *7* cm)","Material",null,"par",5.5199999999999997E-4,"12,51","0,00"]
["Insumo","00006111/SINAPI","ORSE","Servente de obras (horista)","Mão de Obra",null,"h",0.12,"13,65","1,63"]
["Insumo",2378,"ORSE","Vale transporte","Material",null,"un",1.9140000000000001E-2,"4,50","0,08"]
[{"$nulls":4},"MO sem LS =>",3.92,"LS =>",0,"MO com LS =>",3.92]
[{"$nulls":4},"Valor do BDI =>",2.02,null,"Valor com BDI =>",null,11.28]
[{"$nulls":6},"Quant. =>","130,00","Preço Total =>",1466.4]
[]
[" 6.3.18 ","Código","Banco","Descrição","Tipo",null,"Und","Quant.","Valor Unit","Total"]
["Composição"," 723 ","ORSE","Fornecimento e instalação de saída horizontal para eletroduto 3/4\" (ref. vl 33 valemam ou similar)","Pontos de Suprimento de Lógica",null,"un",1,5.86,5.86]
[null,"Código","Banco","Descrição","Tipo",null,"Und","Quant.","Valor Unit","Total"]
["Composição",10552,"ORSE","Encargos Complementares - Eletricista","Provisórios",null,"h",0.06,"3,66","0,21"]
["Insumo",2003,"ORSE","Saída horizontal para eletroduto 3/4\" (ref. vl 33 valemam ou similar)","Material",null,"un",1,"3,50","3,50"]
["Insumo","00006111/SINAPI","ORSE","Servente de obras (horista)","Mão de Obra",null,"h",0.06,"13,65","0,81"]
["Insumo","00002436/SINAPI","ORSE","Eletricista (horista)","Mão de Obra",null,"h",0.06,"19,13","1,14"]
["Composição",10549,"ORSE","Encargos Complementares - Servente","Provisórios",null,"h",0.06,"3,80","0,22"]
["Detalhamento de Cálculo ORSE"]
[null,"Código","Banco","Descrição","Tipo",null,"Und","Quant.","Valor Unit","Total"]
["Insumo",10596,"ORSE","Protetor auricular","Material",null,"un",5.4000000000000001E-4,"4,90","0,00"]
["Insumo",10788,"ORSE","Pá quadrada","Material",null,"un",1.2E-5,"36,90","0,00"]
["Insumo",11241,"ORSE","Alicate volt-amperimetro","Material",null,"un",1.2E-5,"163,00","0,00"]
["Insumo",2003,"ORSE","Saída horizontal para eletroduto 3/4\" (ref. vl 33 valemam ou similar)","Material",null,"un",1,"3,50","3,50"]
["Insumo",10599,"ORSE","Protetor solar fps 30 com 120ml","Material",null,"un",2.1599999999999999E-4,"18,00","0,00"]
["Insumo",10362,"ORSE","Seguro de vida e acidente em grupo","Serviços",null,"un",5.4000000000000001E-4,"12,54","0,00"]
["Insumo",4728,"ORSE","Talhadeira chata 10\"","Material",null,"un",1.8E-5,"18,58","0,00"]
["Insumo",941,"ORSE","Fardamento com mangas curta","Material",null,"un",1.8000000000000001E-4,"193,41","0,03"]
["Insumo","00012895/SINAPI","ORSE","Capacete de seguranca aba frontal com suspensao de polietileno, sem jugular (classe b)","Material",null,"un",7.2000000000000002E-5,"13,90","0,00"]
["Insumo",11242,"ORSE","Chave inglesa 12\"","Material",null,"un",6.0000000000000002E-6,"34,00","0,00"]
["Insumo","00002711/SINAPI","ORSE","Carrinho de mao de aco capacidade 50 a 60 l, pneu com camara","Material",null,"un",1.2E-5,"166,00","0,00"]
["Insumo",10579,"ORSE","Chave de fenda chata 30 cm","Material",null,"un",1.2E-5,"26,89","0,00"]
["Insumo","00012893/SINAPI","ORSE","Bota de seguranca com biqueira de aco e colarinho acolchoado","Material",null,"par",9.0000000000000006E-5,"66,72","0,00"]
["Insumo",11240,"ORSE","Alicate com isolamento","Material",null,"un",1.2E-5,"47,69","0,00"]
["Insumo","00012892/SINAPI","ORSE","Luva raspa de couro, cano curto (punho *7* cm)","Material",null,"par",2.7599999999999999E-4,"12,51","0,00"]
["Insumo",4729,"ORSE","Marreta 1 kg com cabo","Material",null,"un",6.0000000000000002E-6,"37,80","0,00"]
["Insumo",2378,"ORSE","Vale transporte","Material",null,"un",9.5700000000000004E-3,"4,50","0,04"]
["Insumo",10761,"ORSE","Refeição - café da manhã ( café com leite e dois pães com manteiga)","Serviços",null,"un",1.2215999999999999E-2,"5,00","0,06"]
["Insumo","00002436/SINAPI","ORSE","Eletricista (horista)","Mão de Obra",null,"h",0.06,"19,13","1,14"]
["Insumo",1651,"ORSE","Óculos branco proteção","Material",null,"pr",9.6000000000000002E-5,"6,70","0,00"]
["Insumo",158,"ORSE","Almoço (Participação do empregador)","Material",null,"un",1.2215999999999999E-2,"14,00","0,17"]
["Insumo","00006111/SINAPI","ORSE","Servente de obras (horista)","Mão de Obra",null,"h",0.06,"13,65","0,81"]
["Insumo",10492,"ORSE","Cesta Básica","Material",null,"un",5.4000000000000001E-4,"190,00","0,10"]
["Insumo","00012894/SINAPI","ORSE","Capa para chuva em pvc com forro de poliester, com capuz (amarela ou azul)","Material",null,"un",2.4000000000000001E-5,"18,07","0,00"]
["Insumo",10517,"ORSE","Exames admissionais/demissionais (checkup)","Serviços",null,"cj",4.8000000000000001E-5,"300,00","0,01"]
[{"$nulls":4},"MO sem LS =>",1.95,"LS =>",0,"MO com LS =>",1.95]
[{"$nulls":4},"Valor do BDI =>",1.28,null,"Valor com BDI =>",null,7.14]
[{"$nulls":6},"Quant. =>","110,00","Preço Total =>",785.4]
[]
[" 6.3.19 ","Código","Banco","Descrição","Tipo",null,"Und","Quant.","Valor Unit","Total"]
["Composição"," 11299 ","ORSE","Fornecimento e instalação de mão francesa simples 200 mm","Pontos de Suprimento de Lógica",null,"un",1,14.65,14.65]
[null,"Código","Banco","Descrição","Tipo",null,"Und","Quant.","Valor Unit","Total"]
["Insumo",3462,"ORSE","Mão francesa simples 200 mm","Material",null,"un",1,"8,70","8,70"]
["Insumo","00002436/SINAPI","ORSE","Eletricista (horista)","Mão de Obra",null,"h",0.15,"19,13","2,86"]
["Composição",10552,"ORSE","Encargos Complementares - Eletricista","Provisórios",null,"h",0.15,"3,66","0,54"]
["Composição",10549,"ORSE","Encargos Complementares - Servente","Provisórios",null,"h",0.15,"3,80","0,57"]
["Insumo","00006111/SINAPI","ORSE","Servente de obras (horista)","Mão de Obra",null,"h",0.15,"13,65","2,04"]
["Detalhamento de Cálculo ORSE"]
[null,"Código","Banco","Descrição","Tipo",null,"Und","Quant.","Valor Unit","Total"]
["Insumo","00012895/SINAPI","ORSE","Capacete de seguranca aba frontal com suspensao de polietileno, sem jugular (classe b)","Material",null,"un",1.8000000000000001E-4,"13,90","0,00"]
["Insumo","00012893/SINAPI","ORSE","Bota de seguranca com biqueira de aco e colarinho acolchoado","Material",null,"par",2.2499999999999999E-4,"66,72","0,01"]
["Insumo",158,"ORSE","Almoço (Participação do empregador)","Material",null,"un",3.0540000000000001E-2,"14,00","0,42"]
["Insumo",941,"ORSE","Fardamento com mangas curta","Material",null,"un",4.4999999999999999E-4,"193,41","0,08"]
["Insumo",10761,"ORSE","Refeição - café da manhã ( café com leite e dois pães com manteiga)","Serviços",null,"un",3.0540000000000001E-2,"5,00","0,15"]
["Insumo","00012892/SINAPI","ORSE","Luva raspa de couro, cano curto (punho *7* cm)","Material",null,"par",6.8999999999999997E-4,"12,51","0,00"]
["Insumo",10492,"ORSE","Cesta Básica","Material",null,"un",1.3500000000000001E-3,"190,00","0,25"]
["Insumo","00012894/SINAPI","ORSE","Capa para chuva em pvc com forro de poliester, com capuz (amarela ou azul)","Material",null,"un",6.0000000000000002E-5,"18,07","0,00"]
["Insumo",11241,"ORSE","Alicate volt-amperimetro","Material",null,"un",3.0000000000000001E-5,"163,00","0,00"]
["Insumo",10788,"ORSE","Pá quadrada","Material",null,"un",3.0000000000000001E-5,"36,90","0,00"]
["Insumo",2378,"ORSE","Vale transporte","Material",null,"un",2.3924999999999998E-2,"4,50","0,10"]
["Insumo",10596,"ORSE","Protetor auricular","Material",null,"un",1.3500000000000001E-3,"4,90","0,00"]
["Insumo",10517,"ORSE","Exames admissionais/demissionais (checkup)","Serviços",null,"cj",1.2E-4,"300,00","0,03"]
["Insumo",4728,"ORSE","Talhadeira chata 10\"","Material",null,"un",4.5000000000000003E-5,"18,58","0,00"]
["Insumo","00006111/SINAPI","ORSE","Servente de obras (horista)","Mão de Obra",null,"h",0.15,"13,65","2,04"]
["Insumo","00002436/SINAPI","ORSE","Eletricista (horista)","Mão de Obra",null,"h",0.15,"19,13","2,86"]
["Insumo",11242,"ORSE","Chave inglesa 12\"","Material",null,"un",1.5E-5,"34,00","0,00"]
["Insumo",4729,"ORSE","Marreta 1 kg com cabo","Material",null,"un",1.5E-5,"37,80","0,00"]
["Insumo",3462,"ORSE","Mão francesa simples 200 mm","Material",null,"un",1,"8,70","8,70"]
["Insumo",10599,"ORSE","Protetor solar fps 30 com 120ml","Material",null,"un",5.4000000000000001E-4,"18,00","0,00"]
["Insumo",11240,"ORSE","Alicate com isolamento","Material",null,"un",3.0000000000000001E-5,"47,69","0,00"]
["Insumo","00002711/SINAPI","ORSE","Carrinho de mao de aco capacidade 50 a 60 l, pneu com camara","Material",null,"un",3.0000000000000001E-5,"166,00","0,00"]
["Insumo",1651,"ORSE","Óculos branco proteção","Material",null,"pr",2.4000000000000001E-4,"6,70","0,00"]
["Insumo",10579,"ORSE","Chave de fenda chata 30 cm","Material",null,"un",3.0000000000000001E-5,"26,89","0,00"]
["Insumo",10362,"ORSE","Seguro de vida e acidente em grupo","Serviços",null,"un",1.3500000000000001E-3,"12,54","0,01"]
[{"$nulls":4},"MO sem LS =>",4.9000000000000004,"LS =>",0,"MO com LS =>",4.9000000000000004]
[{"$nulls":4},"Valor do BDI =>",3.2,null,"Valor com BDI =>",null,17.850000000000001]
[{"$nulls":6},"Quant. =>","300,00","Preço Total =>",5355]
[]
[null,"Código","Banco","Descrição","Tipo",null,"Und","Quant.","Valor Unit","Total"]
["Insumo"," 00004376 ","SINAPI","BUCHA DE NYLON SEM ABA S8","Material",null,"UN",1,0.25,0.25]
[{"$nulls":4},"MO sem LS =>",0,"LS =>",0,"MO com LS =>",0]
[{"$nulls":4},"Valor do BDI =>",null,null,"Valor com BDI =>",null,0.28000000000000003]
[{"$nulls":6},"Quant. =>","600,00","Preço Total =>",168]
[]
[null,"Código","Banco","Descrição","Tipo",null,"Und","Quant.","Valor Unit","Total"]
["Insumo"," 00011945 ","SINAPI","BUCHA DE NYLON SEM ABA S4","Material",null,"UN",1,7.0000000000000007E-2,7.0000000000000007E-2]
[{"$nulls":4},"MO sem LS =>",0,"LS =>",0,"MO com LS =>",0]
[{"$nulls":4},"Valor do BDI =>",null,null,"Valor com BDI =>",null,0.08]
[{"$nulls":6},"Quant. =>","550,00","Preço Total =>",44]
[]
[" 6.3.22 ","Código","Banco","Descrição","Tipo",null,"Und","Quant.","Valor Unit","Total"]
["Composição"," 12464 ","ORSE","Fornecimento e instalação de parafuso cabeça chata rosca soberbal 6,10 x 65mm, com bucha de nylon s10 sem abas","Pontos de Suprimento de Lógica",null,"un",1,3.51,3.51]
[null,"Código","Banco","Descrição","Tipo",null,"Und","Quant.","Valor Unit","Total"]
["Composição",10552,"ORSE","Encargos Complementares - Eletricista","Provisórios",null,"h",0.08,"3,66","0,29"]
["Insumo","00007568/SINAPI","ORSE","Bucha de nylon sem aba s10, com parafuso de 6,10 x 65 mm em aco zincado com rosca soberba, cabeca chata e fenda phillips","Material",null,"un",1,"0,36","0,36"]
["Insumo","00002436/SINAPI","ORSE","Eletricista (horista)","Mão de Obra",null,"h",0.08,"19,13","1,53"]
["Insumo","00006111/SINAPI","ORSE","Servente de obras (horista)","Mão de Obra",null,"h",0.08,"13,65","1,09"]
["Composição",10549,"ORSE","Encargos Complementares - Servente","Provisórios",null,"h",0.08,"3,80","0,30"]
["Detalhamento de Cálculo ORSE"]
[null,"Código","Banco","Descrição","Tipo",null,"Und","Quant.","Valor Unit","Total"]
["Insumo",10788,"ORSE","Pá quadrada","Material",null,"un",1.5999999999999999E-5,"36,90","0,00"]
["Insumo","00002711/SINAPI","ORSE","Carrinho de mao de aco capacidade 50 a 60 l, pneu com camara","Material",null,"un",1.5999999999999999E-5,"166,00","0,00"]
["Insumo",10492,"ORSE","Cesta Básica","Material",null,"un",7.2000000000000005E-4,"190,00","0,13"]
["Insumo","00012895/SINAPI","ORSE","Capacete de seguranca aba frontal com suspensao de polietileno, sem jugular (classe b)","Material",null,"un",9.6000000000000002E-5,"13,90","0,00"]
["Insumo",10596,"ORSE","Protetor auricular","Material",null,"un",7.2000000000000005E-4,"4,90","0,00"]
["Insumo","00002436/SINAPI","ORSE","Eletricista (horista)","Mão de Obra",null,"h",0.08,"19,13","1,53"]
["Insumo","00007568/SINAPI","ORSE","Bucha de nylon sem aba s10, com parafuso de 6,10 x 65 mm em aco zincado com rosca soberba, cabeca chata e fenda phillips","Material",null,"un",1,"0,36","0,36"]
["Insumo",158,"ORSE","Almoço (Participação do empregador)","Material",null,"un",1.6288E-2,"14,00","0,22"]
["Insumo",11241,"ORSE","Alicate volt-amperimetro","Material",null,"un",1.5999999999999999E-5,"163,00","0,00"]
["Insumo",10761,"ORSE","Refeição - café da manhã ( café com leite e dois pães com manteiga)","Serviços",null,"un",1.6288E-2,"5,00","0,08"]
["Insumo",10579,"ORSE","Chave de fenda chata 30 cm","Material",null,"un",1.5999999999999999E-5,"26,89","0,00"]
["Insumo",941,"ORSE","Fardamento com mangas curta","Material",null,"un",2.4000000000000001E-4,"193,41","0,04"]
["Insumo",1651,"ORSE","Óculos branco proteção","Material",null,"pr",1.2799999999999999E-4,"6,70","0,00"]
["Insumo",2378,"ORSE","Vale transporte","Material",null,"un",1.2760000000000001E-2,"4,50","0,05"]
["Insumo","00012892/SINAPI","ORSE","Luva raspa de couro, cano curto (punho *7* cm)","Material",null,"par",3.68E-4,"12,51","0,00"]
["Insumo","00012894/SINAPI","ORSE","Capa para chuva em pvc com forro de poliester, com capuz (amarela ou azul)","Material",null,"un",3.1999999999999999E-5,"18,07","0,00"]
["Insumo",4728,"ORSE","Talhadeira chata 10\"","Material",null,"un",2.4000000000000001E-5,"18,58","0,00"]
["Insumo",10599,"ORSE","Protetor solar fps 30 com 120ml","Material",null,"un",2.8800000000000001E-4,"18,00","0,00"]
["Insumo","00012893/SINAPI","ORSE","Bota de seguranca com biqueira de aco e colarinho acolchoado","Material",null,"par",1.2E-4,"66,72","0,00"]
["Insumo",10517,"ORSE","Exames admissionais/demissionais (checkup)","Serviços",null,"cj",6.3999999999999997E-5,"300,00","0,01"]
["Insumo",11240,"ORSE","Alicate com isolamento","Material",null,"un",1.5999999999999999E-5,"47,69","0,00"]
["Insumo",4729,"ORSE","Marreta 1 kg com cabo","Material",null,"un",7.9999999999999996E-6,"37,80","0,00"]
["Insumo",10362,"ORSE","Seguro de vida e acidente em grupo","Serviços",null,"un",7.2000000000000005E-4,"12,54","0,00"]
["Insumo","00006111/SINAPI","ORSE","Servente de obras (horista)","Mão de Obra",null,"h",0.08,"13,65","1,09"]
["Insumo",11242,"ORSE","Chave inglesa 12\"","Material",null,"un",7.9999999999999996E-6,"34,00","0,00"]
[{"$nulls":4},"MO sem LS =>",2.62,"LS =>",0,"MO com LS =>",2.62]
[{"$nulls":4},"Valor do BDI =>",0.76,null,"Valor com BDI =>",null,4.2699999999999996]
[{"$nulls":6},"Quant. =>","750,00","Preço Total =>",3202.5]
[]
[null,"Código","Banco","Descrição","Tipo",null,"Und","Quant.","Valor Unit","Total"]
["Insumo"," 00007568 ","SINAPI","BUCHA DE NYLON SEM ABA S10, COM PARAFUSO DE 6,10 X 65 MM EM ACO ZINCADO COM ROSCA SOBERBA, CABECA CHATA E FENDA PHILLIPS","Material",null,"UN",1,0.79,0.79]
[{"$nulls":4},"MO sem LS =>",0,"LS =>",0,"MO com LS =>",0]
[{"$nulls":4},"Valor do BDI =>",null,null,"Valor com BDI =>",null,0.9]
[{"$nulls":6},"Quant. =>","570,00","Preço Total =>",513]
[]
[null,"Código","Banco","Descrição","Tipo",null,"Und","Quant.","Valor Unit","Total"]
["Insumo"," 00039997 ","SINAPI","PORCA ZINCADA, SEXTAVADA, DIAMETRO 1/4\"","Material",null,"UN",1,0.31,0.31]
[{"$nulls":4},"MO sem LS =>",0,"LS =>",0,"MO com LS =>",0]
[{"$nulls":4},"Valor do BDI =>",null,null,"Valor com BDI =>",null,0.35]
[{"$nulls":6},"Quant. =>","1.300,00","Preço Total =>",455]
[]
[null,"Código","Banco","Descrição","Tipo",null,"Und","Quant.","Valor Unit","Total"]
["Insumo"," 9708 ","ORSE","Parafuso fenda em aço inox auto-atarrachante d=4,2 x 32mm, ref:TEL-5333","Material",null,"un",1,0.53,0.53]
[{"$nulls":4},"MO sem LS =>",0,"LS =>",0,"MO com LS =>",0]
[{"$nulls":4},"Valor do BDI =>",null,null,"Valor com BDI =>",null,0.6]
[{"$nulls":6},"Quant. =>","600,00","Preço Total =>",360]
[]
[" 6.3.26 ","Código","Banco","Descrição","Tipo",null,"Und","Quant.","Valor Unit","Total"]
["Composição"," 12538 ","ORSE","Arruela de pressão 1/4\"","Interligações até Quadro Geral - Fios e Cabos",null,"un",1,0.41,0.41]
[null,"Código","Banco","Descrição","Tipo",null,"Und","Quant.","Valor Unit","Total"]
["Insumo","00006111/SINAPI","ORSE","Servente de obras (horista)","Mão de Obra",null,"h",0.01,"13,65","0,13"]
["Composição",10552,"ORSE","Encargos Complementares - Eletricista","Provisórios",null,"h",0.01,"3,66","0,03"]
["Insumo","00002436/SINAPI","ORSE","Eletricista (horista)","Mão de Obra",null,"h",0.01,"19,13","0,19"]
["Composição",10549,"ORSE","Encargos Complementares - Servente","Provisórios",null,"h",0.01,"3,80","0,03"]
["Insumo",13355,"ORSE","Arruela de pressão 1/4\"","Material",null,"un",1,"0,05","0,05"]
["Detalhamento de Cálculo ORSE"]
[null,"Código","Banco","Descrição","Tipo",null,"Und","Quant.","Valor Unit","Total"]
["Insumo",13355,"ORSE","Arruela de pressão 1/4\"","Material",null,"un",1,"0,05","0,05"]
["Insumo","00002436/SINAPI","ORSE","Eletricista (horista)","Mão de Obra",null,"h",0.01,"19,13","0,19"]
["Insumo",10761,"ORSE","Refeição - café da manhã ( café com leite e dois pães com manteiga)","Serviços",null,"un",2.036E-3,"5,00","0,01"]
["Insumo",11240,"ORSE","Alicate com isolamento","Material",null,"un",1.9999999999999999E-6,"47,69","0,00"]
["Insumo",4728,"ORSE","Talhadeira chata 10\"","Material",null,"un",3.0000000000000001E-6,"18,58","0,00"]
["Insumo","00012893/SINAPI","ORSE","Bota de seguranca com biqueira de aco e colarinho acolchoado","Material",null,"par",1.5E-5,"66,72","0,00"]
["Insumo","00012892/SINAPI","ORSE","Luva raspa de couro, cano curto (punho *7* cm)","Material",null,"par",4.6E-5,"12,51","0,00"]
["Insumo",10362,"ORSE","Seguro de vida e acidente em grupo","Serviços",null,"un",9.0000000000000006E-5,"12,54","0,00"]
["Insumo",11241,"ORSE","Alicate volt-amperimetro","Material",null,"un",1.9999999999999999E-6,"163,00","0,00"]
["Insumo",4729,"ORSE","Marreta 1 kg com cabo","Material",null,"un",9.9999999999999995E-7,"37,80","0,00"]
["Insumo",10517,"ORSE","Exames admissionais/demissionais (checkup)","Serviços",null,"cj",7.9999999999999996E-6,"300,00","0,00"]
["Insumo",10596,"ORSE","Protetor auricular","Material",null,"un",9.0000000000000006E-5,"4,90","0,00"]
["Insumo",11242,"ORSE","Chave inglesa 12\"","Material",null,"un",9.9999999999999995E-7,"34,00","0,00"]
["Insumo",2378,"ORSE","Vale transporte","Material",null,"un",1.5950000000000001E-3,"4,50","0,00"]
["Insumo",10788,"ORSE","Pá quadrada","Material",null,"un",1.9999999999999999E-6,"36,90","0,00"]
["Insumo",158,"ORSE","Almoço (Participação do empregador)","Material",null,"un",2.036E-3,"14,00","0,02"]
["Insumo","00006111/SINAPI","ORSE","Servente de obras (horista)","Mão de Obra",null,"h",0.01,"13,65","0,13"]
["Insumo","00002711/SINAPI","ORSE","Carrinho de mao de aco capacidade 50 a 60 l, pneu com camara","Material",null,"un",1.9999999999999999E-6,"166,00","0,00"]
["Insumo",10599,"ORSE","Protetor solar fps 30 com 120ml","Material",null,"un",3.6000000000000001E-5,"18,00","0,00"]
["Insumo","00012895/SINAPI","ORSE","Capacete de seguranca aba frontal com suspensao de polietileno, sem jugular (classe b)","Material",null,"un",1.2E-5,"13,90","0,00"]
["Insumo",10579,"ORSE","Chave de fenda chata 30 cm","Material",null,"un",1.9999999999999999E-6,"26,89","0,00"]
["Insumo",941,"ORSE","Fardamento com mangas curta","Material",null,"un",3.0000000000000001E-5,"193,41","0,00"]
["Insumo",10492,"ORSE","Cesta Básica","Material",null,"un",9.0000000000000006E-5,"190,00","0,01"]
["Insumo",1651,"ORSE","Óculos branco proteção","Material",null,"pr",1.5999999999999999E-5,"6,70","0,00"]
["Insumo","00012894/SINAPI","ORSE","Capa para chuva em pvc com forro de poliester, com capuz (amarela ou azul)","Material",null,"un",3.9999999999999998E-6,"18,07","0,00"]
[{"$nulls":4},"MO sem LS =>",0.32,"LS =>",0,"MO com LS =>",0.32]
[{"$nulls":4},"Valor do BDI =>",0.08,null,"Valor com BDI =>",null,0.49]
[{"$nulls":6},"Quant. =>","350,00","Preço Total =>",171.5]
[]
[" 6.3.27 ","Código","Banco","Descrição","Tipo",null,"Und","Quant.","Valor Unit","Total"]
["Composição"," 9816 ","ORSE","Arruela lisa zincada d=1/4\"","Interligações até Quadro Geral - Fios e Cabos",null,"un",1,0.41,0.41]
[null,"Código","Banco","Descrição","Tipo",null,"Und","Quant.","Valor Unit","Total"]
["Composição",10549,"ORSE","Encargos Complementares - Servente","Provisórios",null,"h",0.01,"3,80","0,03"]
["Composição",10552,"ORSE","Encargos Complementares - Eletricista","Provisórios",null,"h",0.01,"3,66","0,03"]
["Insumo","00002436/SINAPI","ORSE","Eletricista (horista)","Mão de Obra",null,"h",0.01,"19,13","0,19"]
["Insumo","00006111/SINAPI","ORSE","Servente de obras (horista)","Mão de Obra",null,"h",0.01,"13,65","0,13"]
["Insumo",8347,"ORSE","Arruela lisa zincada ø 1/4\"","Material",null,"un",1,"0,05","0,05"]
["Detalhamento de Cálculo ORSE"]
[null,"Código","Banco","Descrição","Tipo",null,"Und","Quant.","Valor Unit","Total"]
["Insumo",10492,"ORSE","Cesta Básica","Material",null,"un",9.0000000000000006E-5,"190,00","0,01"]
["Insumo",2378,"ORSE","Vale transporte","Material",null,"un",1.5950000000000001E-3,"4,50","0,00"]
["Insumo",10596,"ORSE","Protetor auricular","Material",null,"un",9.0000000000000006E-5,"4,90","0,00"]
["Insumo",11242,"ORSE","Chave inglesa 12\"","Material",null,"un",9.9999999999999995E-7,"34,00","0,00"]
["Insumo",4728,"ORSE","Talhadeira chata 10\"","Material",null,"un",3.0000000000000001E-6,"18,58","0,00"]
["Insumo",941,"ORSE","Fardamento com mangas curta","Material",null,"un",3.0000000000000001E-5,"193,41","0,00"]
["Insumo","00002436/SINAPI","ORSE","Eletricista (horista)","Mão de Obra",null,"h",0.01,"19,13","0,19"]
["Insumo","00006111/SINAPI","ORSE","Servente de obras (horista)","Mão de Obra",null,"h",0.01,"13,65","0,13"]
["Insumo",158,"ORSE","Almoço (Participação do empregador)","Material",null,"un",2.036E-3,"14,00","0,02"]
["Insumo",10517,"ORSE","Exames admissionais/demissionais (checkup)","Serviços",null,"cj",7.9999999999999996E-6,"300,00","0,00"]
["Insumo",11241,"ORSE","Alicate volt-amperimetro","Material",null,"un",1.9999999999999999E-6,"163,00","0,00"]
["Insumo",4729,"ORSE","Marreta 1 kg com cabo","Material",null,"un",9.9999999999999995E-7,"37,80","0,00"]
["Insumo",10788,"ORSE","Pá quadrada","Material",null,"un",1.9999999999999999E-6,"36,90","0,00"]
["Insumo",8347,"ORSE","Arruela lisa zincada ø 1/4\"","Material",null,"un",1,"0,05","0,05"]
["Insumo",10599,"ORSE","Protetor solar fps 30 com 120ml","Material",null,"un",3.6000000000000001E-5,"18,00","0,00"]
["Insumo","00012894/SINAPI","ORSE","Capa para chuva em pvc com forro de poliester, com capuz (amarela ou azul)","Material",null,"un",3.9999999999999998E-6,"18,07","0,00"]
["Insumo","00012892/SINAPI","ORSE","Luva raspa de couro, cano curto (punho *7* cm)","Material",null,"par",4.6E-5,"12,51","0,00"]
["Insumo",10761,"ORSE","Refeição - café da manhã ( café com leite e dois pães com manteiga)","Serviços",null,"un",2.036E-3,"5,00","0,01"]
["Insumo",11240,"ORSE","Alicate com isolamento","Material",null,"un",1.9999999999999999E-6,"47,69","0,00"]
["Insumo","00012893/SINAPI","ORSE","Bota de seguranca com biqueira de aco e colarinho acolchoado","Material",null,"par",1.5E-5,"66,72","0,00"]
["Insumo","00002711/SINAPI","ORSE","Carrinho de mao de aco capacidade 50 a 60 l, pneu com camara","Material",null,"un",1.9999999999999999E-6,"166,00","0,00"]
["Insumo","00012895/SINAPI","ORSE","Capacete de seguranca aba frontal com suspensao de polietileno, sem jugular (classe b)","Material",null,"un",1.2E-5,"13,90","0,00"]
["Insumo",10362,"ORSE","Seguro de vida e acidente em grupo","Serviços",null,"un",9.0000000000000006E-5,"12,54","0,00"]
["Insumo",10579,"ORSE","Chave de fenda chata 30 cm","Material",null,"un",1.9999999999999999E-6,"26,89","0,00"]
["Insumo",1651,"ORSE","Óculos branco proteção","Material",null,"pr",1.5999999999999999E-5,"6,70","0,00"]
[{"$nulls":4},"MO sem LS =>",0.32,"LS =>",0,"MO com LS =>",0.32]
[{"$nulls":4},"Valor do BDI =>",0.08,null,"Valor com BDI =>",null,0.49]
[{"$nulls":6},"Quant. =>","350,00","Preço Total =>",171.5]
[]
[" 6.3.28 ","Código","Banco","Descrição","Tipo",null,"Und","Quant.","Valor Unit","Total"]
["Composição"," 101884 ","SINAPI","CABO DE COBRE ISOLADO, 10 MM², ANTI-CHAMA 450/750 V, INSTALADO EM ELETROCALHA OU PERFILADO - FORNECIMENTO E INSTALAÇÃO. AF_10/2020","INEL - INSTALAÇÃO ELÉTRICA/ELETRIFICAÇÃO E ILUMINAÇÃO EXTERNA",null,"M",1,12.98,12.98]
["Composição Auxiliar"," 88264 ","SINAPI","ELETRICISTA COM ENCARGOS COMPLEMENTARES","SEDI - SERVIÇOS DIVERSOS",null,"H",3.8E-3,27.89,0.1]
["Composição Auxiliar"," 88247 ","SINAPI","AUXILIAR DE ELETRICISTA COM ENCARGOS COMPLEMENTARES","SEDI - SERVIÇOS DIVERSOS",null,"H",3.8E-3,21.44,0.08]
["Insumo"," 00000980 ","SINAPI","CABO DE COBRE, FLEXIVEL, CLASSE 4 OU 5, ISOLACAO EM PVC/A, ANTICHAMA BWF-B, 1 CONDUTOR, 450/750 V, SECAO NOMINAL 10 MM2","Material",null,"M",1.0269999999999999,12.36,12.69]
["Insumo"," 00021127 ","SINAPI","FITA ISOLANTE ADESIVA ANTICHAMA, USO ATE 750 V, EM ROLO DE 19 MM X 5 M","Material",null,"UN",0.01,11.05,0.11]
[{"$nulls":4},"MO sem LS =>",0.14000000000000001,"LS =>",0,"MO com LS =>",0.14000000000000001]
[{"$nulls":4},"Valor do BDI =>",2.84,null,"Valor com BDI =>",null,15.82]
[{"$nulls":6},"Quant. =>","8.000,00","Preço Total =>",126560]
[]
[" 6.3.29 ","Código","Banco","Descrição","Tipo",null,"Und","Quant.","Valor Unit","Total"]
["Composição"," 101886 ","SINAPI","CABO DE COBRE ISOLADO, 16 MM², ANTI-CHAMA 450/750 V, INSTALADO EM ELETROCALHA OU PERFILADO - FORNECIMENTO E INSTALAÇÃO. AF_10/2020","INEL - INSTALAÇÃO ELÉTRICA/ELETRIFICAÇÃO E ILUMINAÇÃO EXTERNA",null,"M",1,18.579999999999998,18.579999999999998]
["Composição Auxiliar"," 88264 ","SINAPI","ELETRICISTA COM ENCARGOS COMPLEMENTARES","SEDI - SERVIÇOS DIVERSOS",null,"H",7.1000000000000004E-3,27.89,0.19]
["Composição Auxiliar"," 88247 ","SINAPI","AUXILIAR DE ELETRICISTA COM ENCARGOS COMPLEMENTARES","SEDI - SERVIÇOS DIVERSOS",null,"H",7.1000000000000004E-3,21.44,0.15]
["Insumo"," 00000979 ","SINAPI","CABO DE COBRE, FLEXIVEL, CLASSE 4 OU 5, ISOLACAO EM PVC/A, ANTICHAMA BWF-B, 1 CONDUTOR, 450/750 V, SECAO NOMINAL 16 MM2","Material",null,"M",1.0269999999999999,17.66,18.13]
["Insumo"," 00021127 ","SINAPI","FITA ISOLANTE ADESIVA ANTICHAMA, USO ATE 750 V, EM ROLO DE 19 MM X 5 M","Material",null,"UN",0.01,11.05,0.11]
[{"$nulls":4},"MO sem LS =>",0.28000000000000003,"LS =>",0,"MO com LS =>",0.28000000000000003]
[{"$nulls":4},"Valor do BDI =>",4.0599999999999996,null,"Valor com BDI =>",null,22.64]
[{"$nulls":6},"Quant. =>","40,00","Preço Total =>",905.6]
[]
[" 6.3.30 ","Código","Banco","Descrição","Tipo",null,"Und","Quant.","Valor Unit","Total"]
["Composição"," 92986 ","SINAPI","CABO DE COBRE FLEXÍVEL ISOLADO, 35 MM², ANTI-CHAMA 0,6/1,0 KV, PARA REDE ENTERRADA DE DISTRIBUIÇÃO DE ENERGIA ELÉTRICA - FORNECIMENTO E INSTALAÇÃO. AF_12/2021","INEL - INSTALAÇÃO ELÉTRICA/ELETRIFICAÇÃO E ILUMINAÇÃO EXTERNA",null,"M",1,45.26,45.26]
["Composição Auxiliar"," 88264 ","SINAPI","ELETRICISTA COM ENCARGOS COMPLEMENTARES","SEDI - SERVIÇOS DIVERSOS",null,"H",6.9699999999999998E-2,27.89,1.94]
["Composição Auxiliar"," 88247 ","SINAPI","AUXILIAR DE ELETRICISTA COM ENCARGOS COMPLEMENTARES","SEDI - SERVIÇOS DIVERSOS",null,"H",6.9699999999999998E-2,21.44,1.49]
["Insumo"," 00021127 ","SINAPI","FITA ISOLANTE ADESIVA ANTICHAMA, USO ATE 750 V, EM ROLO DE 19 MM X 5 M","Material",null,"UN",8.9999999999999993E-3,11.05,0.09]
["Insumo"," 00001019 ","SINAPI","CABO DE COBRE, FLEXIVEL, CLASSE 4 OU 5, ISOLACAO EM PVC/A, ANTICHAMA BWF-B, COBERTURA PVC-ST1, ANTICHAMA BWF-B, 1 CONDUTOR, 0,6/1 KV, SECAO NOMINAL 35 MM2","Material",null,"M",1.0149999999999999,41.13,41.74]
[{"$nulls":4},"MO sem LS =>",2.81,"LS =>",0,"MO com LS =>",2.81]
[{"$nulls":4},"Valor do BDI =>",9.91,null,"Valor com BDI =>",null,55.17]
[{"$nulls":6},"Quant. =>","160,00","Preço Total =>",8827.2000000000007]
[]
[" 6.4 ",null,null,"PROJETO ELÉTRICO BOX 01 A 100",{"$nulls":5},435811.5]
[" 6.4.1 ","Código","Banco","Descrição","Tipo",null,"Und","Quant.","Valor Unit","Total"]
["Composição"," 9669 ","ORSE","Perfilado, pré-zincado  a fogo, perfurado 38 x 38 x 6000mm","Pontos de Suprimento de Lógica",null,"un",1,84.55,84.55]
[null,"Código","Banco","Descrição","Tipo",null,"Und","Quant.","Valor Unit","Total"]
["Composição",10549,"ORSE","Encargos Complementares - Servente","Provisórios",null,"h",0.5,"3,80","1,90"]
["Insumo",10047,"ORSE","Perfilado, pré-zincado  a fogo, perfurado 38 x 38 x 6000mm","Material",null,"un",1,"64,45","64,45"]
["Insumo","00002436/SINAPI","ORSE","Eletricista (horista)","Mão de Obra",null,"h",0.5,"19,13","9,56"]
["Composição",10552,"ORSE","Encargos Complementares - Eletricista","Provisórios",null,"h",0.5,"3,66","1,83"]
["Insumo","00006111/SINAPI","ORSE","Servente de obras (horista)","Mão de Obra",null,"h",0.5,"13,65","6,82"]
["Detalhamento de Cálculo ORSE"]
[null,"Código","Banco","Descrição","Tipo",null,"Und","Quant.","Valor Unit","Total"]
["Insumo",941,"ORSE","Fardamento com mangas curta","Material",null,"un",1.5E-3,"193,41","0,29"]
["Insumo","00012892/SINAPI","ORSE","Luva raspa de couro, cano curto (punho *7* cm)","Material",null,"par",2.3E-3,"12,51","0,02"]
["Insumo","00002436/SINAPI","ORSE","Eletricista (horista)","Mão de Obra",null,"h",0.5,"19,13","9,56"]
["Insumo",4729,"ORSE","Marreta 1 kg com cabo","Material",null,"un",5.0000000000000002E-5,"37,80","0,00"]
["Insumo",10047,"ORSE","Perfilado, pré-zincado  a fogo, perfurado 38 x 38 x 6000mm","Material",null,"un",1,"64,45","64,45"]
["Insumo","00012893/SINAPI","ORSE","Bota de seguranca com biqueira de aco e colarinho acolchoado","Material",null,"par",7.5000000000000002E-4,"66,72","0,05"]
["Insumo",10761,"ORSE","Refeição - café da manhã ( café com leite e dois pães com manteiga)","Serviços",null,"un",0.1018,"5,00","0,50"]
["Insumo",158,"ORSE","Almoço (Participação do empregador)","Material",null,"un",0.1018,"14,00","1,42"]
["Insumo",10599,"ORSE","Protetor solar fps 30 com 120ml","Material",null,"un",1.8E-3,"18,00","0,03"]
["Insumo",4728,"ORSE","Talhadeira chata 10\"","Material",null,"un",1.4999999999999999E-4,"18,58","0,00"]
["Insumo",1651,"ORSE","Óculos branco proteção","Material",null,"pr",8.0000000000000004E-4,"6,70","0,00"]
["Insumo",10579,"ORSE","Chave de fenda chata 30 cm","Material",null,"un",1E-4,"26,89","0,00"]
["Insumo",10517,"ORSE","Exames admissionais/demissionais (checkup)","Serviços",null,"cj",4.0000000000000002E-4,"300,00","0,12"]
["Insumo",10492,"ORSE","Cesta Básica","Material",null,"un",4.4999999999999997E-3,"190,00","0,85"]
["Insumo","00012895/SINAPI","ORSE","Capacete de seguranca aba frontal com suspensao de polietileno, sem jugular (classe b)","Material",null,"un",5.9999999999999995E-4,"13,90","0,00"]
["Insumo",11241,"ORSE","Alicate volt-amperimetro","Material",null,"un",1E-4,"163,00","0,01"]
["Insumo","00012894/SINAPI","ORSE","Capa para chuva em pvc com forro de poliester, com capuz (amarela ou azul)","Material",null,"un",2.0000000000000001E-4,"18,07","0,00"]
["Insumo",10788,"ORSE","Pá quadrada","Material",null,"un",1E-4,"36,90","0,00"]
["Insumo","00006111/SINAPI","ORSE","Servente de obras (horista)","Mão de Obra",null,"h",0.5,"13,65","6,82"]
["Insumo","00002711/SINAPI","ORSE","Carrinho de mao de aco capacidade 50 a 60 l, pneu com camara","Material",null,"un",1E-4,"166,00","0,01"]
["Insumo",11240,"ORSE","Alicate com isolamento","Material",null,"un",1E-4,"47,69","0,00"]
["Insumo",11242,"ORSE","Chave inglesa 12\"","Material",null,"un",5.0000000000000002E-5,"34,00","0,00"]
["Insumo",10596,"ORSE","Protetor auricular","Material",null,"un",4.4999999999999997E-3,"4,90","0,02"]
["Insumo",2378,"ORSE","Vale transporte","Material",null,"un",7.9750000000000001E-2,"4,50","0,35"]
["Insumo",10362,"ORSE","Seguro de vida e acidente em grupo","Serviços",null,"un",4.4999999999999997E-3,"12,54","0,05"]
[{"$nulls":4},"MO sem LS =>",16.38,"LS =>",0,"MO com LS =>",16.38]
[{"$nulls":4},"Valor do BDI =>",18.510000000000002,null,"Valor com BDI =>",null,103.06]
[{"$nulls":6},"Quant. =>","300,00","Preço Total =>",30918]
[]
[" 6.4.2 ","Código","Banco","Descrição","Tipo",null,"Und","Quant.","Valor Unit","Total"]
["Composição"," 9526 ","ORSE","Gancho curto para perfilado, ( ref.: Mopa ou similar)","Pontos de Suprimento de Energia para Computador",null,"un",1,10.31,10.31]
[null,"Código","Banco","Descrição","Tipo",null,"Und","Quant.","Valor Unit","Total"]
["Insumo","00002436/SINAPI","ORSE","Eletricista (horista)","Mão de Obra",null,"h",0.2,"19,13","3,82"]
["Insumo",3625,"ORSE","Gancho curto para perfilado, ref. Mopa ou similar","Material",null,"un",1,"2,31","2,31"]
["Composição",10552,"ORSE","Encargos Complementares - Eletricista","Provisórios",null,"h",0.2,"3,66","0,73"]
["Composição",10549,"ORSE","Encargos Complementares - Servente","Provisórios",null,"h",0.2,"3,80","0,76"]
["Insumo","00006111/SINAPI","ORSE","Servente de obras (horista)","Mão de Obra",null,"h",0.2,"13,65","2,72"]
["Detalhamento de Cálculo ORSE"]
[null,"Código","Banco","Descrição","Tipo",null,"Und","Quant.","Valor Unit","Total"]
["Insumo",2378,"ORSE","Vale transporte","Material",null,"un",3.1899999999999998E-2,"4,50","0,14"]
["Insumo","00002711/SINAPI","ORSE","Carrinho de mao de aco capacidade 50 a 60 l, pneu com camara","Material",null,"un",4.0000000000000003E-5,"166,00","0,00"]
["Insumo",941,"ORSE","Fardamento com mangas curta","Material",null,"un",5.9999999999999995E-4,"193,41","0,11"]
["Insumo","00012892/SINAPI","ORSE","Luva raspa de couro, cano curto (punho *7* cm)","Material",null,"par",9.2000000000000003E-4,"12,51","0,01"]
["Insumo",10492,"ORSE","Cesta Básica","Material",null,"un",1.8E-3,"190,00","0,34"]
["Insumo",11240,"ORSE","Alicate com isolamento","Material",null,"un",4.0000000000000003E-5,"47,69","0,00"]
["Insumo",11242,"ORSE","Chave inglesa 12\"","Material",null,"un",2.0000000000000002E-5,"34,00","0,00"]
["Insumo",10761,"ORSE","Refeição - café da manhã ( café com leite e dois pães com manteiga)","Serviços",null,"un",4.0719999999999999E-2,"5,00","0,20"]
["Insumo",1651,"ORSE","Óculos branco proteção","Material",null,"pr",3.2000000000000003E-4,"6,70","0,00"]
["Insumo",10517,"ORSE","Exames admissionais/demissionais (checkup)","Serviços",null,"cj",1.6000000000000001E-4,"300,00","0,04"]
["Insumo","00012895/SINAPI","ORSE","Capacete de seguranca aba frontal com suspensao de polietileno, sem jugular (classe b)","Material",null,"un",2.4000000000000001E-4,"13,90","0,00"]
["Insumo",4729,"ORSE","Marreta 1 kg com cabo","Material",null,"un",2.0000000000000002E-5,"37,80","0,00"]
["Insumo",10788,"ORSE","Pá quadrada","Material",null,"un",4.0000000000000003E-5,"36,90","0,00"]
["Insumo",11241,"ORSE","Alicate volt-amperimetro","Material",null,"un",4.0000000000000003E-5,"163,00","0,00"]
["Insumo",10362,"ORSE","Seguro de vida e acidente em grupo","Serviços",null,"un",1.8E-3,"12,54","0,02"]
["Insumo",158,"ORSE","Almoço (Participação do empregador)","Material",null,"un",4.0719999999999999E-2,"14,00","0,57"]
["Insumo","00006111/SINAPI","ORSE","Servente de obras (horista)","Mão de Obra",null,"h",0.2,"13,65","2,72"]
["Insumo","00012894/SINAPI","ORSE","Capa para chuva em pvc com forro de poliester, com capuz (amarela ou azul)","Material",null,"un",8.0000000000000007E-5,"18,07","0,00"]
["Insumo",10596,"ORSE","Protetor auricular","Material",null,"un",1.8E-3,"4,90","0,00"]
["Insumo",10599,"ORSE","Protetor solar fps 30 com 120ml","Material",null,"un",7.2000000000000005E-4,"18,00","0,01"]
["Insumo","00002436/SINAPI","ORSE","Eletricista (horista)","Mão de Obra",null,"h",0.2,"19,13","3,82"]
["Insumo","00012893/SINAPI","ORSE","Bota de seguranca com biqueira de aco e colarinho acolchoado","Material",null,"par",2.9999999999999997E-4,"66,72","0,02"]
["Insumo",10579,"ORSE","Chave de fenda chata 30 cm","Material",null,"un",4.0000000000000003E-5,"26,89","0,00"]
["Insumo",4728,"ORSE","Talhadeira chata 10\"","Material",null,"un",6.0000000000000002E-5,"18,58","0,00"]
["Insumo",3625,"ORSE","Gancho curto para perfilado, ref. Mopa ou similar","Material",null,"un",1,"2,31","2,31"]
[{"$nulls":4},"MO sem LS =>",6.54,"LS =>",0,"MO com LS =>",6.54]
[{"$nulls":4},"Valor do BDI =>",2.25,null,"Valor com BDI =>",null,12.56]
[{"$nulls":6},"Quant. =>","200,00","Preço Total =>",2512]
[]
[" 6.4.3 ","Código","Banco","Descrição","Tipo",null,"Und","Quant.","Valor Unit","Total"]
["Composição"," 723 ","ORSE","Fornecimento e instalação de saída horizontal para eletroduto 3/4\" (ref. vl 33 valemam ou similar)","Pontos de Suprimento de Lógica",null,"un",1,5.86,5.86]
[null,"Código","Banco","Descrição","Tipo",null,"Und","Quant.","Valor Unit","Total"]
["Composição",10552,"ORSE","Encargos Complementares - Eletricista","Provisórios",null,"h",0.06,"3,66","0,21"]
["Insumo",2003,"ORSE","Saída horizontal para eletroduto 3/4\" (ref. vl 33 valemam ou similar)","Material",null,"un",1,"3,50","3,50"]
["Insumo","00006111/SINAPI","ORSE","Servente de obras (horista)","Mão de Obra",null,"h",0.06,"13,65","0,81"]
["Insumo","00002436/SINAPI","ORSE","Eletricista (horista)","Mão de Obra",null,"h",0.06,"19,13","1,14"]
["Composição",10549,"ORSE","Encargos Complementares - Servente","Provisórios",null,"h",0.06,"3,80","0,22"]
["Detalhamento de Cálculo ORSE"]
[null,"Código","Banco","Descrição","Tipo",null,"Und","Quant.","Valor Unit","Total"]
["Insumo",10596,"ORSE","Protetor auricular","Material",null,"un",5.4000000000000001E-4,"4,90","0,00"]
["Insumo",10788,"ORSE","Pá quadrada","Material",null,"un",1.2E-5,"36,90","0,00"]
["Insumo",11241,"ORSE","Alicate volt-amperimetro","Material",null,"un",1.2E-5,"163,00","0,00"]
["Insumo",2003,"ORSE","Saída horizontal para eletroduto 3/4\" (ref. vl 33 valemam ou similar)","Material",null,"un",1,"3,50","3,50"]
["Insumo",10599,"ORSE","Protetor solar fps 30 com 120ml","Material",null,"un",2.1599999999999999E-4,"18,00","0,00"]
["Insumo",10362,"ORSE","Seguro de vida e acidente em grupo","Serviços",null,"un",5.4000000000000001E-4,"12,54","0,00"]
["Insumo",4728,"ORSE","Talhadeira chata 10\"","Material",null,"un",1.8E-5,"18,58","0,00"]
["Insumo",941,"ORSE","Fardamento com mangas curta","Material",null,"un",1.8000000000000001E-4,"193,41","0,03"]
["Insumo","00012895/SINAPI","ORSE","Capacete de seguranca aba frontal com suspensao de polietileno, sem jugular (classe b)","Material",null,"un",7.2000000000000002E-5,"13,90","0,00"]
["Insumo",11242,"ORSE","Chave inglesa 12\"","Material",null,"un",6.0000000000000002E-6,"34,00","0,00"]
["Insumo","00002711/SINAPI","ORSE","Carrinho de mao de aco capacidade 50 a 60 l, pneu com camara","Material",null,"un",1.2E-5,"166,00","0,00"]
["Insumo",10579,"ORSE","Chave de fenda chata 30 cm","Material",null,"un",1.2E-5,"26,89","0,00"]
["Insumo","00012893/SINAPI","ORSE","Bota de seguranca com biqueira de aco e colarinho acolchoado","Material",null,"par",9.0000000000000006E-5,"66,72","0,00"]
["Insumo",11240,"ORSE","Alicate com isolamento","Material",null,"un",1.2E-5,"47,69","0,00"]
["Insumo","00012892/SINAPI","ORSE","Luva raspa de couro, cano curto (punho *7* cm)","Material",null,"par",2.7599999999999999E-4,"12,51","0,00"]
["Insumo",4729,"ORSE","Marreta 1 kg com cabo","Material",null,"un",6.0000000000000002E-6,"37,80","0,00"]
["Insumo",2378,"ORSE","Vale transporte","Material",null,"un",9.5700000000000004E-3,"4,50","0,04"]
["Insumo",10761,"ORSE","Refeição - café da manhã ( café com leite e dois pães com manteiga)","Serviços",null,"un",1.2215999999999999E-2,"5,00","0,06"]
["Insumo","00002436/SINAPI","ORSE","Eletricista (horista)","Mão de Obra",null,"h",0.06,"19,13","1,14"]
["Insumo",1651,"ORSE","Óculos branco proteção","Material",null,"pr",9.6000000000000002E-5,"6,70","0,00"]
["Insumo",158,"ORSE","Almoço (Participação do empregador)","Material",null,"un",1.2215999999999999E-2,"14,00","0,17"]
["Insumo","00006111/SINAPI","ORSE","Servente de obras (horista)","Mão de Obra",null,"h",0.06,"13,65","0,81"]
["Insumo",10492,"ORSE","Cesta Básica","Material",null,"un",5.4000000000000001E-4,"190,00","0,10"]
["Insumo","00012894/SINAPI","ORSE","Capa para chuva em pvc com forro de poliester, com capuz (amarela ou azul)","Material",null,"un",2.4000000000000001E-5,"18,07","0,00"]
["Insumo",10517,"ORSE","Exames admissionais/demissionais (checkup)","Serviços",null,"cj",4.8000000000000001E-5,"300,00","0,01"]
[{"$nulls":4},"MO sem LS =>",1.95,"LS =>",0,"MO com LS =>",1.95]
[{"$nulls":4},"Valor do BDI =>",1.28,null,"Valor com BDI =>",null,7.14]
[{"$nulls":6},"Quant. =>","600,00","Preço Total =>",4284]
[]
[" 6.4.4 ","Código","Banco","Descrição","Tipo",null,"Und","Quant.","Valor Unit","Total"]
["Composição"," 724 ","ORSE","Fornecimento e instalação de saída horizontal para eletroduto 1\" (ref. vl 33 valemam ou similar)","Pontos de Suprimento de Lógica",null,"un",1,9.26,9.26]
[null,"Código","Banco","Descrição","Tipo",null,"Und","Quant.","Valor Unit","Total"]
["Composição",10552,"ORSE","Encargos Complementares - Eletricista","Provisórios",null,"h",0.12,"3,66","0,43"]
["Insumo","00002436/SINAPI","ORSE","Eletricista (horista)","Mão de Obra",null,"h",0.12,"19,13","2,29"]
["Composição",10549,"ORSE","Encargos Complementares - Servente","Provisórios",null,"h",0.12,"3,80","0,45"]
["Insumo",2001,"ORSE","Saída horizontal para eletroduto 1\" (ref. vl 33 valemam ou similar)","Material",null,"un",1,"4,50","4,50"]
["Insumo","00006111/SINAPI","ORSE","Servente de obras (horista)","Mão de Obra",null,"h",0.12,"13,65","1,63"]
["Detalhamento de Cálculo ORSE"]
[null,"Código","Banco","Descrição","Tipo",null,"Und","Quant.","Valor Unit","Total"]
["Insumo",941,"ORSE","Fardamento com mangas curta","Material",null,"un",3.6000000000000002E-4,"193,41","0,06"]
["Insumo",10362,"ORSE","Seguro de vida e acidente em grupo","Serviços",null,"un",1.08E-3,"12,54","0,01"]
["Insumo",11241,"ORSE","Alicate volt-amperimetro","Material",null,"un",2.4000000000000001E-5,"163,00","0,00"]
["Insumo",10579,"ORSE","Chave de fenda chata 30 cm","Material",null,"un",2.4000000000000001E-5,"26,89","0,00"]
["Insumo",1651,"ORSE","Óculos branco proteção","Material",null,"pr",1.92E-4,"6,70","0,00"]
["Insumo",4728,"ORSE","Talhadeira chata 10\"","Material",null,"un",3.6000000000000001E-5,"18,58","0,00"]
["Insumo",11242,"ORSE","Chave inglesa 12\"","Material",null,"un",1.2E-5,"34,00","0,00"]
["Insumo","00002711/SINAPI","ORSE","Carrinho de mao de aco capacidade 50 a 60 l, pneu com camara","Material",null,"un",2.4000000000000001E-5,"166,00","0,00"]
["Insumo","00012893/SINAPI","ORSE","Bota de seguranca com biqueira de aco e colarinho acolchoado","Material",null,"par",1.8000000000000001E-4,"66,72","0,01"]
["Insumo","00012895/SINAPI","ORSE","Capacete de seguranca aba frontal com suspensao de polietileno, sem jugular (classe b)","Material",null,"un",1.44E-4,"13,90","0,00"]
["Insumo",11240,"ORSE","Alicate com isolamento","Material",null,"un",2.4000000000000001E-5,"47,69","0,00"]
["Insumo","00012894/SINAPI","ORSE","Capa para chuva em pvc com forro de poliester, com capuz (amarela ou azul)","Material",null,"un",4.8000000000000001E-5,"18,07","0,00"]
["Insumo",10492,"ORSE","Cesta Básica","Material",null,"un",1.08E-3,"190,00","0,20"]
["Insumo",10599,"ORSE","Protetor solar fps 30 com 120ml","Material",null,"un",4.3199999999999998E-4,"18,00","0,00"]
["Insumo",10788,"ORSE","Pá quadrada","Material",null,"un",2.4000000000000001E-5,"36,90","0,00"]
["Insumo",2001,"ORSE","Saída horizontal para eletroduto 1\" (ref. vl 33 valemam ou similar)","Material",null,"un",1,"4,50","4,50"]
["Insumo",4729,"ORSE","Marreta 1 kg com cabo","Material",null,"un",1.2E-5,"37,80","0,00"]
["Insumo",158,"ORSE","Almoço (Participação do empregador)","Material",null,"un",2.4431999999999999E-2,"14,00","0,34"]
["Insumo",10517,"ORSE","Exames admissionais/demissionais (checkup)","Serviços",null,"cj",9.6000000000000002E-5,"300,00","0,02"]
["Insumo",10596,"ORSE","Protetor auricular","Material",null,"un",1.08E-3,"4,90","0,00"]
["Insumo",10761,"ORSE","Refeição - café da manhã ( café com leite e dois pães com manteiga)","Serviços",null,"un",2.4431999999999999E-2,"5,00","0,12"]
["Insumo","00002436/SINAPI","ORSE","Eletricista (horista)","Mão de Obra",null,"h",0.12,"19,13","2,29"]
["Insumo","00012892/SINAPI","ORSE","Luva raspa de couro, cano curto (punho *7* cm)","Material",null,"par",5.5199999999999997E-4,"12,51","0,00"]
["Insumo","00006111/SINAPI","ORSE","Servente de obras (horista)","Mão de Obra",null,"h",0.12,"13,65","1,63"]
["Insumo",2378,"ORSE","Vale transporte","Material",null,"un",1.9140000000000001E-2,"4,50","0,08"]
[{"$nulls":4},"MO sem LS =>",3.92,"LS =>",0,"MO com LS =>",3.92]
[{"$nulls":4},"Valor do BDI =>",2.02,null,"Valor com BDI =>",null,11.28]
[{"$nulls":6},"Quant. =>","100,00","Preço Total =>",1128]
[]
[" 6.4.5 ","Código","Banco","Descrição","Tipo",null,"Und","Quant.","Valor Unit","Total"]
["Composição"," 9666 ","ORSE","Emenda externa, para perfilado tipo \"I\", 38 x 38 mm, ref. CKP 116 ou similar","Pontos de Suprimento de Energia para Computador",null,"un",1,10.37,10.37]
[null,"Código","Banco","Descrição","Tipo",null,"Und","Quant.","Valor Unit","Total"]
["Composição",10552,"ORSE","Encargos Complementares - Eletricista","Provisórios",null,"h",0.2,"3,66","0,73"]
["Composição",10549,"ORSE","Encargos Complementares - Servente","Provisórios",null,"h",0.2,"3,80","0,76"]
["Insumo",10044,"ORSE","Emenda externa, para perfilado tipo \"I\", 38 x 38 mm, ref. CKP 116 ou similar","Material",null,"un",1,"2,37","2,37"]
["Insumo","00002436/SINAPI","ORSE","Eletricista (horista)","Mão de Obra",null,"h",0.2,"19,13","3,82"]
["Insumo","00006111/SINAPI","ORSE","Servente de obras (horista)","Mão de Obra",null,"h",0.2,"13,65","2,72"]
["Detalhamento de Cálculo ORSE"]
[null,"Código","Banco","Descrição","Tipo",null,"Und","Quant.","Valor Unit","Total"]
["Insumo",4729,"ORSE","Marreta 1 kg com cabo","Material",null,"un",2.0000000000000002E-5,"37,80","0,00"]
["Insumo",10599,"ORSE","Protetor solar fps 30 com 120ml","Material",null,"un",7.2000000000000005E-4,"18,00","0,01"]
["Insumo",158,"ORSE","Almoço (Participação do empregador)","Material",null,"un",4.0719999999999999E-2,"14,00","0,57"]
["Insumo",2378,"ORSE","Vale transporte","Material",null,"un",3.1899999999999998E-2,"4,50","0,14"]
["Insumo",10761,"ORSE","Refeição - café da manhã ( café com leite e dois pães com manteiga)","Serviços",null,"un",4.0719999999999999E-2,"5,00","0,20"]
["Insumo","00012892/SINAPI","ORSE","Luva raspa de couro, cano curto (punho *7* cm)","Material",null,"par",9.2000000000000003E-4,"12,51","0,01"]
["Insumo",4728,"ORSE","Talhadeira chata 10\"","Material",null,"un",6.0000000000000002E-5,"18,58","0,00"]
["Insumo","00012893/SINAPI","ORSE","Bota de seguranca com biqueira de aco e colarinho acolchoado","Material",null,"par",2.9999999999999997E-4,"66,72","0,02"]
["Insumo",10579,"ORSE","Chave de fenda chata 30 cm","Material",null,"un",4.0000000000000003E-5,"26,89","0,00"]
["Insumo",11242,"ORSE","Chave inglesa 12\"","Material",null,"un",2.0000000000000002E-5,"34,00","0,00"]
["Insumo",941,"ORSE","Fardamento com mangas curta","Material",null,"un",5.9999999999999995E-4,"193,41","0,11"]
["Insumo",11241,"ORSE","Alicate volt-amperimetro","Material",null,"un",4.0000000000000003E-5,"163,00","0,00"]
["Insumo",10596,"ORSE","Protetor auricular","Material",null,"un",1.8E-3,"4,90","0,00"]
["Insumo",10492,"ORSE","Cesta Básica","Material",null,"un",1.8E-3,"190,00","0,34"]
["Insumo","00012894/SINAPI","ORSE","Capa para chuva em pvc com forro de poliester, com capuz (amarela ou azul)","Material",null,"un",8.0000000000000007E-5,"18,07","0,00"]
["Insumo",10044,"ORSE","Emenda externa, para perfilado tipo \"I\", 38 x 38 mm, ref. CKP 116 ou similar","Material",null,"un",1,"2,37","2,37"]
["Insumo",1651,"ORSE","Óculos branco proteção","Material",null,"pr",3.2000000000000003E-4,"6,70","0,00"]
["Insumo",10788,"ORSE","Pá quadrada","Material",null,"un",4.0000000000000003E-5,"36,90","0,00"]
["Insumo",10362,"ORSE","Seguro de vida e acidente em grupo","Serviços",null,"un",1.8E-3,"12,54","0,02"]
["Insumo",11240,"ORSE","Alicate com isolamento","Material",null,"un",4.0000000000000003E-5,"47,69","0,00"]
["Insumo","00012895/SINAPI","ORSE","Capacete de seguranca aba frontal com suspensao de polietileno, sem jugular (classe b)","Material",null,"un",2.4000000000000001E-4,"13,90","0,00"]
["Insumo","00002436/SINAPI","ORSE","Eletricista (horista)","Mão de Obra",null,"h",0.2,"19,13","3,82"]
["Insumo","00006111/SINAPI","ORSE","Servente de obras (horista)","Mão de Obra",null,"h",0.2,"13,65","2,72"]
["Insumo",10517,"ORSE","Exames admissionais/demissionais (checkup)","Serviços",null,"cj",1.6000000000000001E-4,"300,00","0,04"]
["Insumo","00002711/SINAPI","ORSE","Carrinho de mao de aco capacidade 50 a 60 l, pneu com camara","Material",null,"un",4.0000000000000003E-5,"166,00","0,00"]
[{"$nulls":4},"MO sem LS =>",6.54,"LS =>",0,"MO com LS =>",6.54]
[{"$nulls":4},"Valor do BDI =>",2.27,null,"Valor com BDI =>",null,12.64]
[{"$nulls":6},"Quant. =>","200,00","Preço Total =>",2528]
[]
[null,"Código","Banco","Descrição","Tipo",null,"Und","Quant.","Valor Unit","Total"]
["Insumo"," 3630 ","ORSE","Junção interna tipo \"L\" para perfilado, ref. Mopa ou similar","Material",null,"un",1,5.57,5.57]
[{"$nulls":4},"MO sem LS =>",0,"LS =>",0,"MO com LS =>",0]
[{"$nulls":4},"Valor do BDI =>",null,null,"Valor com BDI =>",null,6.37]
[{"$nulls":6},"Quant. =>","400,00","Preço Total =>",2548]
[]
[" 6.4.7 ","Código","Banco","Descrição","Tipo",null,"Und","Quant.","Valor Unit","Total"]
["Composição"," 12500 ","ORSE","Cantoneira \"ZZ\" para fixação de  perfilado, ref. Mopa ou similar","Pontos de Suprimento de Telefone",null,"un",1,7.03,7.03]
[null,"Código","Banco","Descrição","Tipo",null,"Und","Quant.","Valor Unit","Total"]
["Insumo","00006111/SINAPI","ORSE","Servente de obras (horista)","Mão de Obra",null,"h",0.1,"13,65","1,36"]
["Composição",10552,"ORSE","Encargos Complementares - Eletricista","Provisórios",null,"h",0.1,"3,66","0,36"]
["Composição",10549,"ORSE","Encargos Complementares - Servente","Provisórios",null,"h",0.1,"3,80","0,38"]
["Insumo","00002436/SINAPI","ORSE","Eletricista (horista)","Mão de Obra",null,"h",0.1,"19,13","1,91"]
["Insumo",3631,"ORSE","Cantoneira \"ZZ\" para fixação de  perfilado, ref. Mopa ou similar","Material",null,"un",1,"3,05","3,05"]
["Detalhamento de Cálculo ORSE"]
[null,"Código","Banco","Descrição","Tipo",null,"Und","Quant.","Valor Unit","Total"]
["Insumo",11242,"ORSE","Chave inglesa 12\"","Material",null,"un",1.0000000000000001E-5,"34,00","0,00"]
["Insumo",10596,"ORSE","Protetor auricular","Material",null,"un",8.9999999999999998E-4,"4,90","0,00"]
["Insumo","00012894/SINAPI","ORSE","Capa para chuva em pvc com forro de poliester, com capuz (amarela ou azul)","Material",null,"un",4.0000000000000003E-5,"18,07","0,00"]
["Insumo","00012893/SINAPI","ORSE","Bota de seguranca com biqueira de aco e colarinho acolchoado","Material",null,"par",1.4999999999999999E-4,"66,72","0,01"]
["Insumo",4729,"ORSE","Marreta 1 kg com cabo","Material",null,"un",1.0000000000000001E-5,"37,80","0,00"]
["Insumo",10492,"ORSE","Cesta Básica","Material",null,"un",8.9999999999999998E-4,"190,00","0,17"]
["Insumo",10362,"ORSE","Seguro de vida e acidente em grupo","Serviços",null,"un",8.9999999999999998E-4,"12,54","0,01"]
["Insumo",11241,"ORSE","Alicate volt-amperimetro","Material",null,"un",2.0000000000000002E-5,"163,00","0,00"]
["Insumo",10599,"ORSE","Protetor solar fps 30 com 120ml","Material",null,"un",3.6000000000000002E-4,"18,00","0,00"]
["Insumo","00002436/SINAPI","ORSE","Eletricista (horista)","Mão de Obra",null,"h",0.1,"19,13","1,91"]
["Insumo","00012895/SINAPI","ORSE","Capacete de seguranca aba frontal com suspensao de polietileno, sem jugular (classe b)","Material",null,"un",1.2E-4,"13,90","0,00"]
["Insumo",4728,"ORSE","Talhadeira chata 10\"","Material",null,"un",3.0000000000000001E-5,"18,58","0,00"]
["Insumo",941,"ORSE","Fardamento com mangas curta","Material",null,"un",2.9999999999999997E-4,"193,41","0,05"]
["Insumo",10517,"ORSE","Exames admissionais/demissionais (checkup)","Serviços",null,"cj",8.0000000000000007E-5,"300,00","0,02"]
["Insumo",10761,"ORSE","Refeição - café da manhã ( café com leite e dois pães com manteiga)","Serviços",null,"un",2.036E-2,"5,00","0,10"]
["Insumo","00002711/SINAPI","ORSE","Carrinho de mao de aco capacidade 50 a 60 l, pneu com camara","Material",null,"un",2.0000000000000002E-5,"166,00","0,00"]
["Insumo",11240,"ORSE","Alicate com isolamento","Material",null,"un",2.0000000000000002E-5,"47,69","0,00"]
["Insumo","00012892/SINAPI","ORSE","Luva raspa de couro, cano curto (punho *7* cm)","Material",null,"par",4.6000000000000001E-4,"12,51","0,00"]
["Insumo",2378,"ORSE","Vale transporte","Material",null,"un",1.5949999999999999E-2,"4,50","0,07"]
["Insumo",10788,"ORSE","Pá quadrada","Material",null,"un",2.0000000000000002E-5,"36,90","0,00"]
["Insumo",1651,"ORSE","Óculos branco proteção","Material",null,"pr",1.6000000000000001E-4,"6,70","0,00"]
["Insumo",3631,"ORSE","Cantoneira \"ZZ\" para fixação de  perfilado, ref. Mopa ou similar","Material",null,"un",1,"3,05","3,05"]
["Insumo",158,"ORSE","Almoço (Participação do empregador)","Material",null,"un",2.036E-2,"14,00","0,28"]
["Insumo",10579,"ORSE","Chave de fenda chata 30 cm","Material",null,"un",2.0000000000000002E-5,"26,89","0,00"]
["Insumo","00006111/SINAPI","ORSE","Servente de obras (horista)","Mão de Obra",null,"h",0.1,"13,65","1,36"]
[{"$nulls":4},"MO sem LS =>",3.27,"LS =>",0,"MO com LS =>",3.27]
[{"$nulls":4},"Valor do BDI =>",1.53,null,"Valor com BDI =>",null,8.56]
[{"$nulls":6},"Quant. =>","1.800,00","Preço Total =>",15408]
[]
[" 6.4.8 ","Código","Banco","Descrição","Tipo",null,"Und","Quant.","Valor Unit","Total"]
["Composição"," 9667 ","ORSE","Emenda externa, para perfilado tipo \"X\", 38 x 38 mm, ref. CKP 119 ou similar","Pontos de Suprimento de Energia para Computador",null,"un",1,11.18,11.18]
[null,"Código","Banco","Descrição","Tipo",null,"Und","Quant.","Valor Unit","Total"]
["Insumo","00002436/SINAPI","ORSE","Eletricista (horista)","Mão de Obra",null,"h",0.2,"19,13","3,82"]
["Insumo","00006111/SINAPI","ORSE","Servente de obras (horista)","Mão de Obra",null,"h",0.2,"13,65","2,72"]
["Composição",10549,"ORSE","Encargos Complementares - Servente","Provisórios",null,"h",0.2,"3,80","0,76"]
["Insumo",10045,"ORSE","Emenda externa, para perfilado tipo \"X\", 38 x 38 mm, ref. CKP 119 ou similar","Material",null,"un",1,"3,18","3,18"]
["Composição",10552,"ORSE","Encargos Complementares - Eletricista","Provisórios",null,"h",0.2,"3,66","0,73"]
["Detalhamento de Cálculo ORSE"]
[null,"Código","Banco","Descrição","Tipo",null,"Und","Quant.","Valor Unit","Total"]
["Insumo","00012893/SINAPI","ORSE","Bota de seguranca com biqueira de aco e colarinho acolchoado","Material",null,"par",2.9999999999999997E-4,"66,72","0,02"]
["Insumo","00012895/SINAPI","ORSE","Capacete de seguranca aba frontal com suspensao de polietileno, sem jugular (classe b)","Material",null,"un",2.4000000000000001E-4,"13,90","0,00"]
["Insumo",1651,"ORSE","Óculos branco proteção","Material",null,"pr",3.2000000000000003E-4,"6,70","0,00"]
["Insumo",10761,"ORSE","Refeição - café da manhã ( café com leite e dois pães com manteiga)","Serviços",null,"un",4.0719999999999999E-2,"5,00","0,20"]
["Insumo",10045,"ORSE","Emenda externa, para perfilado tipo \"X\", 38 x 38 mm, ref. CKP 119 ou similar","Material",null,"un",1,"3,18","3,18"]
["Insumo",10788,"ORSE","Pá quadrada","Material",null,"un",4.0000000000000003E-5,"36,90","0,00"]
["Insumo",11240,"ORSE","Alicate com isolamento","Material",null,"un",4.0000000000000003E-5,"47,69","0,00"]
["Insumo",10599,"ORSE","Protetor solar fps 30 com 120ml","Material",null,"un",7.2000000000000005E-4,"18,00","0,01"]
["Insumo",2378,"ORSE","Vale transporte","Material",null,"un",3.1899999999999998E-2,"4,50","0,14"]
["Insumo","00012894/SINAPI","ORSE","Capa para chuva em pvc com forro de poliester, com capuz (amarela ou azul)","Material",null,"un",8.0000000000000007E-5,"18,07","0,00"]
["Insumo",10579,"ORSE","Chave de fenda chata 30 cm","Material",null,"un",4.0000000000000003E-5,"26,89","0,00"]
["Insumo",10517,"ORSE","Exames admissionais/demissionais (checkup)","Serviços",null,"cj",1.6000000000000001E-4,"300,00","0,04"]
["Insumo",11241,"ORSE","Alicate volt-amperimetro","Material",null,"un",4.0000000000000003E-5,"163,00","0,00"]
["Insumo",4728,"ORSE","Talhadeira chata 10\"","Material",null,"un",6.0000000000000002E-5,"18,58","0,00"]
["Insumo",10492,"ORSE","Cesta Básica","Material",null,"un",1.8E-3,"190,00","0,34"]
["Insumo",10362,"ORSE","Seguro de vida e acidente em grupo","Serviços",null,"un",1.8E-3,"12,54","0,02"]
["Insumo",11242,"ORSE","Chave inglesa 12\"","Material",null,"un",2.0000000000000002E-5,"34,00","0,00"]
["Insumo",158,"ORSE","Almoço (Participação do empregador)","Material",null,"un",4.0719999999999999E-2,"14,00","0,57"]
["Insumo",10596,"ORSE","Protetor auricular","Material",null,"un",1.8E-3,"4,90","0,00"]
["Insumo","00012892/SINAPI","ORSE","Luva raspa de couro, cano curto (punho *7* cm)","Material",null,"par",9.2000000000000003E-4,"12,51","0,01"]
["Insumo","00002436/SINAPI","ORSE","Eletricista (horista)","Mão de Obra",null,"h",0.2,"19,13","3,82"]
["Insumo",941,"ORSE","Fardamento com mangas curta","Material",null,"un",5.9999999999999995E-4,"193,41","0,11"]
["Insumo",4729,"ORSE","Marreta 1 kg com cabo","Material",null,"un",2.0000000000000002E-5,"37,80","0,00"]
["Insumo","00002711/SINAPI","ORSE","Carrinho de mao de aco capacidade 50 a 60 l, pneu com camara","Material",null,"un",4.0000000000000003E-5,"166,00","0,00"]
["Insumo","00006111/SINAPI","ORSE","Servente de obras (horista)","Mão de Obra",null,"h",0.2,"13,65","2,72"]
[{"$nulls":4},"MO sem LS =>",6.54,"LS =>",0,"MO com LS =>",6.54]
[{"$nulls":4},"Valor do BDI =>",2.44,null,"Valor com BDI =>",null,13.62]
[{"$nulls":6},"Quant. =>","300,00","Preço Total =>",4086]
[]
[" 6.4.9 ","Código","Banco","Descrição","Tipo",null,"Und","Quant.","Valor Unit","Total"]
["Composição"," 91953 ","SINAPI","INTERRUPTOR SIMPLES (1 MÓDULO), 10A/250V, INCLUINDO SUPORTE E PLACA - FORNECIMENTO E INSTALAÇÃO. AF_03/2023","INEL - INSTALAÇÃO ELÉTRICA/ELETRIFICAÇÃO E ILUMINAÇÃO EXTERNA",null,"UN",1,29.84,29.84]
["Composição Auxiliar"," 91952 ","SINAPI","INTERRUPTOR SIMPLES (1 MÓDULO), 10A/250V, SEM SUPORTE E SEM PLACA - FORNECIMENTO E INSTALAÇÃO. AF_03/2023","INEL - INSTALAÇÃO ELÉTRICA/ELETRIFICAÇÃO E ILUMINAÇÃO EXTERNA",null,"UN",1,18.8,18.8]
["Composição Auxiliar"," 91946 ","SINAPI","SUPORTE PARAFUSADO COM PLACA DE ENCAIXE 4\" X 2\" MÉDIO (1,30 M DO PISO) PARA PONTO ELÉTRICO - FORNECIMENTO E INSTALAÇÃO. AF_03/2023","INEL - INSTALAÇÃO ELÉTRICA/ELETRIFICAÇÃO E ILUMINAÇÃO EXTERNA",null,"UN",1,11.04,11.04]
[{"$nulls":4},"MO sem LS =>",14.55,"LS =>",0,"MO com LS =>",14.55]
[{"$nulls":4},"Valor do BDI =>",6.53,null,"Valor com BDI =>",null,36.369999999999997]
[{"$nulls":6},"Quant. =>","100,00","Preço Total =>",3637]
[]
[" 6.4.10 ","Código","Banco","Descrição","Tipo",null,"Und","Quant.","Valor Unit","Total"]
["Composição"," 91996 ","SINAPI","TOMADA MÉDIA DE EMBUTIR (1 MÓDULO), 2P+T 10 A, INCLUINDO SUPORTE E PLACA - FORNECIMENTO E INSTALAÇÃO. AF_03/2023","INEL - INSTALAÇÃO ELÉTRICA/ELETRIFICAÇÃO E ILUMINAÇÃO EXTERNA",null,"UN",1,35.04,35.04]
["Composição Auxiliar"," 91994 ","SINAPI","TOMADA MÉDIA DE EMBUTIR (1 MÓDULO), 2P+T 10 A, SEM SUPORTE E SEM PLACA - FORNECIMENTO E INSTALAÇÃO. AF_03/2023","INEL - INSTALAÇÃO ELÉTRICA/ELETRIFICAÇÃO E ILUMINAÇÃO EXTERNA",null,"UN",1,24,24]
["Composição Auxiliar"," 91946 ","SINAPI","SUPORTE PARAFUSADO COM PLACA DE ENCAIXE 4\" X 2\" MÉDIO (1,30 M DO PISO) PARA PONTO ELÉTRICO - FORNECIMENTO E INSTALAÇÃO. AF_03/2023","INEL - INSTALAÇÃO ELÉTRICA/ELETRIFICAÇÃO E ILUMINAÇÃO EXTERNA",null,"UN",1,11.04,11.04]
[{"$nulls":4},"MO sem LS =>",17.989999999999998,"LS =>",0,"MO com LS =>",17.989999999999998]
[{"$nulls":4},"Valor do BDI =>",7.67,null,"Valor com BDI =>",null,42.71]
[{"$nulls":6},"Quant. =>","700,00","Preço Total =>",29897]
[]
[" 6.4.11 ","Código","Banco","Descrição","Tipo",null,"Und","Quant.","Valor Unit","Total"]
["Composição"," 91997 ","SINAPI","TOMADA MÉDIA DE EMBUTIR (1 MÓDULO), 2P+T 20 A, INCLUINDO SUPORTE E PLACA - FORNECIMENTO E INSTALAÇÃO. AF_03/2023","INEL - INSTALAÇÃO ELÉTRICA/ELETRIFICAÇÃO E ILUMINAÇÃO EXTERNA",null,"UN",1,37.380000000000003,37.380000000000003]
["Composição Auxiliar"," 91946 ","SINAPI","SUPORTE PARAFUSADO COM PLACA DE ENCAIXE 4\" X 2\" MÉDIO (1,30 M DO PISO) PARA PONTO ELÉTRICO - FORNECIMENTO E INSTALAÇÃO. AF_03/2023","INEL - INSTALAÇÃO ELÉTRICA/ELETRIFICAÇÃO E ILUMINAÇÃO EXTERNA",null,"UN",1,11.04,11.04]
["Composição Auxiliar"," 91995 ","SINAPI","TOMADA MÉDIA DE EMBUTIR (1 MÓDULO), 2P+T 20 A, SEM SUPORTE E SEM PLACA - FORNECIMENTO E INSTALAÇÃO. AF_03/2023","INEL - INSTALAÇÃO ELÉTRICA/ELETRIFICAÇÃO E ILUMINAÇÃO EXTERNA",null,"UN",1,26.34,26.34]
[{"$nulls":4},"MO sem LS =>",17.989999999999998,"LS =>",0,"MO com LS =>",17.989999999999998]
[{"$nulls":4},"Valor do BDI =>",8.18,null,"Valor com BDI =>",null,45.56]
[{"$nulls":6},"Quant. =>","100,00","Preço Total =>",4556]
[]
[" 6.4.12 ","Código","Banco","Descrição","Tipo",null,"Und","Quant.","Valor Unit","Total"]
["Composição"," 91940 ","SINAPI","CAIXA RETANGULAR 4\" X 2\" MÉDIA (1,30 M DO PISO), PVC, INSTALADA EM PAREDE - FORNECIMENTO E INSTALAÇÃO. AF_03/2023","INEL - INSTALAÇÃO ELÉTRICA/ELETRIFICAÇÃO E ILUMINAÇÃO EXTERNA",null,"UN",1,17.71,17.71]
["Composição Auxiliar"," 88629 ","SINAPI","ARGAMASSA TRAÇO 1:3 (EM VOLUME DE CIMENTO E AREIA MÉDIA ÚMIDA), PREPARO MANUAL. AF_08/2019","SEDI - SERVIÇOS DIVERSOS",null,"m³",8.9999999999999998E-4,839.39,0.75]
["Composição Auxiliar"," 88264 ","SINAPI","ELETRICISTA COM ENCARGOS COMPLEMENTARES","SEDI - SERVIÇOS DIVERSOS",null,"H",0.29099999999999998,27.89,8.11]
["Composição Auxiliar"," 88247 ","SINAPI","AUXILIAR DE ELETRICISTA COM ENCARGOS COMPLEMENTARES","SEDI - SERVIÇOS DIVERSOS",null,"H",0.29099999999999998,21.44,6.23]
["Insumo"," 00001872 ","SINAPI","CAIXA DE PASSAGEM, EM PVC, DE 4\" X 2\", PARA ELETRODUTO FLEXIVEL CORRUGADO","Material",null,"UN",1,2.62,2.62]
[{"$nulls":4},"MO sem LS =>",11.87,"LS =>",0,"MO com LS =>",11.87]
[{"$nulls":4},"Valor do BDI =>",3.87,null,"Valor com BDI =>",null,21.58]
[{"$nulls":6},"Quant. =>","800,00","Preço Total =>",17264]
[]
[" 6.4.13 ","Código","Banco","Descrição","Tipo",null,"Und","Quant.","Valor Unit","Total"]
["Composição"," 714 ","ORSE","Fornecimento e instalação de espelho para caixa vertical 4\" x 2\" com 02 saídas rj-45 (krone ou similar)","Pontos de Suprimento de Lógica",null,"un",1,5.95,5.95]
[null,"Código","Banco","Descrição","Tipo",null,"Und","Quant.","Valor Unit","Total"]
["Insumo","00006111/SINAPI","ORSE","Servente de obras (horista)","Mão de Obra",null,"h",0.15,"13,65","2,04"]
["Insumo",921,"ORSE","Espelho para caixa vertical 4\"x2\", com 02 saídas rj-45 (krone ou similar)","Material",null,"un",1,"3,40","3,40"]
["Composição",10549,"ORSE","Encargos Complementares - Servente","Provisórios",null,"h",0.15,"3,80","0,57"]
["Detalhamento de Cálculo ORSE"]
[null,"Código","Banco","Descrição","Tipo",null,"Und","Quant.","Valor Unit","Total"]
["Insumo",10362,"ORSE","Seguro de vida e acidente em grupo","Serviços",null,"un",6.7500000000000004E-4,"12,54","0,00"]
["Insumo",10596,"ORSE","Protetor auricular","Material",null,"un",6.7500000000000004E-4,"4,90","0,00"]
["Insumo","00012893/SINAPI","ORSE","Bota de seguranca com biqueira de aco e colarinho acolchoado","Material",null,"par",1.2E-4,"66,72","0,00"]
["Insumo","00002711/SINAPI","ORSE","Carrinho de mao de aco capacidade 50 a 60 l, pneu com camara","Material",null,"un",3.0000000000000001E-5,"166,00","0,00"]
["Insumo",158,"ORSE","Almoço (Participação do empregador)","Material",null,"un",1.5270000000000001E-2,"14,00","0,21"]
["Insumo",1651,"ORSE","Óculos branco proteção","Material",null,"pr",1.2E-4,"6,70","0,00"]
["Insumo","00012892/SINAPI","ORSE","Luva raspa de couro, cano curto (punho *7* cm)","Material",null,"par",3.4499999999999998E-4,"12,51","0,00"]
["Insumo","00006111/SINAPI","ORSE","Servente de obras (horista)","Mão de Obra",null,"h",0.15,"13,65","2,04"]
["Insumo","00012894/SINAPI","ORSE","Capa para chuva em pvc com forro de poliester, com capuz (amarela ou azul)","Material",null,"un",3.0000000000000001E-5,"18,07","0,00"]
["Insumo",10517,"ORSE","Exames admissionais/demissionais (checkup)","Serviços",null,"cj",6.0000000000000002E-5,"300,00","0,01"]
["Insumo","00012895/SINAPI","ORSE","Capacete de seguranca aba frontal com suspensao de polietileno, sem jugular (classe b)","Material",null,"un",9.0000000000000006E-5,"13,90","0,00"]
["Insumo",941,"ORSE","Fardamento com mangas curta","Material",null,"un",2.2499999999999999E-4,"193,41","0,04"]
["Insumo",2378,"ORSE","Vale transporte","Material",null,"un",1.4115000000000001E-2,"4,50","0,06"]
["Insumo",10599,"ORSE","Protetor solar fps 30 com 120ml","Material",null,"un",2.7E-4,"18,00","0,00"]
["Insumo",4729,"ORSE","Marreta 1 kg com cabo","Material",null,"un",1.5E-5,"37,80","0,00"]
["Insumo",10788,"ORSE","Pá quadrada","Material",null,"un",3.0000000000000001E-5,"36,90","0,00"]
["Insumo",921,"ORSE","Espelho para caixa vertical 4\"x2\", com 02 saídas rj-45 (krone ou similar)","Material",null,"un",1,"3,40","3,40"]
["Insumo",10492,"ORSE","Cesta Básica","Material",null,"un",6.7500000000000004E-4,"190,00","0,12"]
["Insumo",10761,"ORSE","Refeição - café da manhã ( café com leite e dois pães com manteiga)","Serviços",null,"un",1.5270000000000001E-2,"5,00","0,07"]
["Insumo",4728,"ORSE","Talhadeira chata 10\"","Material",null,"un",4.5000000000000003E-5,"18,58","0,00"]
[{"$nulls":4},"MO sem LS =>",2.04,"LS =>",0,"MO com LS =>",2.04]
[{"$nulls":4},"Valor do BDI =>",1.3,null,"Valor com BDI =>",null,7.25]
[{"$nulls":6},"Quant. =>","100,00","Preço Total =>",725]
[]
[" 6.4.14 ","Código","Banco","Descrição","Tipo",null,"Und","Quant.","Valor Unit","Total"]
["Composição"," 715 ","ORSE","Fornecimento e instalação de espelho para caixa 4\" x 2\" com 01 saída rj-45","Pontos de Suprimento de Lógica",null,"un",1,5.25,5.25]
[null,"Código","Banco","Descrição","Tipo",null,"Und","Quant.","Valor Unit","Total"]
["Composição",10549,"ORSE","Encargos Complementares - Servente","Provisórios",null,"h",0.1,"3,80","0,38"]
["Insumo","00006111/SINAPI","ORSE","Servente de obras (horista)","Mão de Obra",null,"h",0.1,"13,65","1,36"]
["Insumo",918,"ORSE","Espelho para caixa 4\"x2\", com 01 saída rj-45 (krone ou similar)","Material",null,"un",1,"3,55","3,55"]
["Detalhamento de Cálculo ORSE"]
[null,"Código","Banco","Descrição","Tipo",null,"Und","Quant.","Valor Unit","Total"]
["Insumo",10596,"ORSE","Protetor auricular","Material",null,"un",4.4999999999999999E-4,"4,90","0,00"]
["Insumo",10599,"ORSE","Protetor solar fps 30 com 120ml","Material",null,"un",1.8000000000000001E-4,"18,00","0,00"]
["Insumo",10362,"ORSE","Seguro de vida e acidente em grupo","Serviços",null,"un",4.4999999999999999E-4,"12,54","0,00"]
["Insumo",10492,"ORSE","Cesta Básica","Material",null,"un",4.4999999999999999E-4,"190,00","0,08"]
["Insumo","00012893/SINAPI","ORSE","Bota de seguranca com biqueira de aco e colarinho acolchoado","Material",null,"par",8.0000000000000007E-5,"66,72","0,00"]
["Insumo",4728,"ORSE","Talhadeira chata 10\"","Material",null,"un",3.0000000000000001E-5,"18,58","0,00"]
["Insumo","00012892/SINAPI","ORSE","Luva raspa de couro, cano curto (punho *7* cm)","Material",null,"par",2.3000000000000001E-4,"12,51","0,00"]
["Insumo","00006111/SINAPI","ORSE","Servente de obras (horista)","Mão de Obra",null,"h",0.1,"13,65","1,36"]
["Insumo",10788,"ORSE","Pá quadrada","Material",null,"un",2.0000000000000002E-5,"36,90","0,00"]
["Insumo","00012895/SINAPI","ORSE","Capacete de seguranca aba frontal com suspensao de polietileno, sem jugular (classe b)","Material",null,"un",6.0000000000000002E-5,"13,90","0,00"]
["Insumo",1651,"ORSE","Óculos branco proteção","Material",null,"pr",8.0000000000000007E-5,"6,70","0,00"]
["Insumo",10517,"ORSE","Exames admissionais/demissionais (checkup)","Serviços",null,"cj",4.0000000000000003E-5,"300,00","0,01"]
["Insumo","00002711/SINAPI","ORSE","Carrinho de mao de aco capacidade 50 a 60 l, pneu com camara","Material",null,"un",2.0000000000000002E-5,"166,00","0,00"]
["Insumo",2378,"ORSE","Vale transporte","Material",null,"un",9.41E-3,"4,50","0,04"]
["Insumo",941,"ORSE","Fardamento com mangas curta","Material",null,"un",1.4999999999999999E-4,"193,41","0,02"]
["Insumo","00012894/SINAPI","ORSE","Capa para chuva em pvc com forro de poliester, com capuz (amarela ou azul)","Material",null,"un",2.0000000000000002E-5,"18,07","0,00"]
["Insumo",158,"ORSE","Almoço (Participação do empregador)","Material",null,"un",1.018E-2,"14,00","0,14"]
["Insumo",10761,"ORSE","Refeição - café da manhã ( café com leite e dois pães com manteiga)","Serviços",null,"un",1.018E-2,"5,00","0,05"]
["Insumo",918,"ORSE","Espelho para caixa 4\"x2\", com 01 saída rj-45 (krone ou similar)","Material",null,"un",1,"3,55","3,55"]
["Insumo",4729,"ORSE","Marreta 1 kg com cabo","Material",null,"un",1.0000000000000001E-5,"37,80","0,00"]
[{"$nulls":4},"MO sem LS =>",1.36,"LS =>",0,"MO com LS =>",1.36]
[{"$nulls":4},"Valor do BDI =>",1.1399999999999999,null,"Valor com BDI =>",null,6.39]
[{"$nulls":6},"Quant. =>","700,00","Preço Total =>",4473]
[]
[" 6.4.15 ","Código","Banco","Descrição","Tipo",null,"Und","Quant.","Valor Unit","Total"]
["Composição"," 13176 ","ORSE","Luminária sobrepor quadrada  Led 24W*, 6500K G- Light ou similar","Luminárias Internas",null,"un",1,70.400000000000006,70.400000000000006]
[null,"Código","Banco","Descrição","Tipo",null,"Und","Quant.","Valor Unit","Total"]
["Composição",10549,"ORSE","Encargos Complementares - Servente","Provisórios",null,"h",1,"3,80","3,80"]
["Composição",10552,"ORSE","Encargos Complementares - Eletricista","Provisórios",null,"h",1,"3,66","3,66"]
["Insumo",13962,"ORSE","Luminária sobrepor quadrada  Led 24W*, 6500K G- Light ou similar","Material",null,"un",1,"30,10","30,10"]
["Insumo","00006111/SINAPI","ORSE","Servente de obras (horista)","Mão de Obra",null,"h",1,"13,65","13,64"]
["Insumo","00002436/SINAPI","ORSE","Eletricista (horista)","Mão de Obra",null,"h",1,"19,13","19,12"]
["Detalhamento de Cálculo ORSE"]
[null,"Código","Banco","Descrição","Tipo",null,"Und","Quant.","Valor Unit","Total"]
["Insumo",941,"ORSE","Fardamento com mangas curta","Material",null,"un",3.0000000000000001E-3,"193,41","0,58"]
["Insumo","00012895/SINAPI","ORSE","Capacete de seguranca aba frontal com suspensao de polietileno, sem jugular (classe b)","Material",null,"un",1.1999999999999999E-3,"13,90","0,01"]
["Insumo",11241,"ORSE","Alicate volt-amperimetro","Material",null,"un",2.0000000000000001E-4,"163,00","0,03"]
["Insumo",4728,"ORSE","Talhadeira chata 10\"","Material",null,"un",2.9999999999999997E-4,"18,58","0,00"]
["Insumo",11240,"ORSE","Alicate com isolamento","Material",null,"un",2.0000000000000001E-4,"47,69","0,00"]
["Insumo","00012892/SINAPI","ORSE","Luva raspa de couro, cano curto (punho *7* cm)","Material",null,"par",4.5999999999999999E-3,"12,51","0,05"]
["Insumo","00012894/SINAPI","ORSE","Capa para chuva em pvc com forro de poliester, com capuz (amarela ou azul)","Material",null,"un",4.0000000000000002E-4,"18,07","0,00"]
["Insumo",2378,"ORSE","Vale transporte","Material",null,"un",0.1595,"4,50","0,71"]
["Insumo",4729,"ORSE","Marreta 1 kg com cabo","Material",null,"un",1E-4,"37,80","0,00"]
["Insumo","00012893/SINAPI","ORSE","Bota de seguranca com biqueira de aco e colarinho acolchoado","Material",null,"par",1.5E-3,"66,72","0,10"]
["Insumo",158,"ORSE","Almoço (Participação do empregador)","Material",null,"un",0.2036,"14,00","2,85"]
["Insumo",10788,"ORSE","Pá quadrada","Material",null,"un",2.0000000000000001E-4,"36,90","0,00"]
["Insumo",11242,"ORSE","Chave inglesa 12\"","Material",null,"un",1E-4,"34,00","0,00"]
["Insumo",10517,"ORSE","Exames admissionais/demissionais (checkup)","Serviços",null,"cj",8.0000000000000004E-4,"300,00","0,24"]
["Insumo","00002711/SINAPI","ORSE","Carrinho de mao de aco capacidade 50 a 60 l, pneu com camara","Material",null,"un",2.0000000000000001E-4,"166,00","0,03"]
["Insumo",10596,"ORSE","Protetor auricular","Material",null,"un",8.9999999999999993E-3,"4,90","0,04"]
["Insumo","00006111/SINAPI","ORSE","Servente de obras (horista)","Mão de Obra",null,"h",1,"13,65","13,64"]
["Insumo",13962,"ORSE","Luminária sobrepor quadrada  Led 24W*, 6500K G- Light ou similar","Material",null,"un",1,"30,10","30,10"]
["Insumo",10579,"ORSE","Chave de fenda chata 30 cm","Material",null,"un",2.0000000000000001E-4,"26,89","0,00"]
["Insumo",10492,"ORSE","Cesta Básica","Material",null,"un",8.9999999999999993E-3,"190,00","1,71"]
["Insumo",10599,"ORSE","Protetor solar fps 30 com 120ml","Material",null,"un",3.5999999999999999E-3,"18,00","0,06"]
["Insumo",10362,"ORSE","Seguro de vida e acidente em grupo","Serviços",null,"un",8.9999999999999993E-3,"12,54","0,11"]
["Insumo","00002436/SINAPI","ORSE","Eletricista (horista)","Mão de Obra",null,"h",1,"19,13","19,12"]
["Insumo",10761,"ORSE","Refeição - café da manhã ( café com leite e dois pães com manteiga)","Serviços",null,"un",0.2036,"5,00","1,01"]
["Insumo",1651,"ORSE","Óculos branco proteção","Material",null,"pr",1.6000000000000001E-3,"6,70","0,01"]
[{"$nulls":4},"MO sem LS =>",32.76,"LS =>",0,"MO com LS =>",32.76]
[{"$nulls":4},"Valor do BDI =>",15.41,null,"Valor com BDI =>",null,85.81]
[{"$nulls":6},"Quant. =>","200,00","Preço Total =>",17162]
[]
[" 6.4.16 ","Código","Banco","Descrição","Tipo",null,"Und","Quant.","Valor Unit","Total"]
["Composição"," 91864 ","SINAPI","ELETRODUTO RÍGIDO ROSCÁVEL, PVC, DN 32 MM (1\"), PARA CIRCUITOS TERMINAIS, INSTALADO EM FORRO - FORNECIMENTO E INSTALAÇÃO. AF_03/2023","INEL - INSTALAÇÃO ELÉTRICA/ELETRIFICAÇÃO E ILUMINAÇÃO EXTERNA",null,"M",1,15.65,15.65]
["Composição Auxiliar"," 88247 ","SINAPI","AUXILIAR DE ELETRICISTA COM ENCARGOS COMPLEMENTARES","SEDI - SERVIÇOS DIVERSOS",null,"H",0.13900000000000001,21.44,2.98]
["Composição Auxiliar"," 88264 ","SINAPI","ELETRICISTA COM ENCARGOS COMPLEMENTARES","SEDI - SERVIÇOS DIVERSOS",null,"H",0.13900000000000001,27.89,3.87]
["Insumo"," 00002685 ","SINAPI","ELETRODUTO DE PVC RIGIDO ROSCAVEL DE 1 \", SEM LUVA","Material",null,"M",1.0169999999999999,8.66,8.8000000000000007]
[{"$nulls":4},"MO sem LS =>",5.62,"LS =>",0,"MO com LS =>",5.62]
[{"$nulls":4},"Valor do BDI =>",3.42,null,"Valor com BDI =>",null,19.07]
[{"$nulls":6},"Quant. =>","100,00","Preço Total =>",1907]
[]
[" 6.4.17 ","Código","Banco","Descrição","Tipo",null,"Und","Quant.","Valor Unit","Total"]
["Composição"," 91893 ","SINAPI","CURVA 90 GRAUS PARA ELETRODUTO, PVC, ROSCÁVEL, DN 32 MM (1\"), PARA CIRCUITOS TERMINAIS, INSTALADA EM FORRO - FORNECIMENTO E INSTALAÇÃO. AF_03/2023","INEL - INSTALAÇÃO ELÉTRICA/ELETRIFICAÇÃO E ILUMINAÇÃO EXTERNA",null,"UN",1,16.43,16.43]
["Composição Auxiliar"," 88264 ","SINAPI","ELETRICISTA COM ENCARGOS COMPLEMENTARES","SEDI - SERVIÇOS DIVERSOS",null,"H",0.24,27.89,6.69]
["Composição Auxiliar"," 88247 ","SINAPI","AUXILIAR DE ELETRICISTA COM ENCARGOS COMPLEMENTARES","SEDI - SERVIÇOS DIVERSOS",null,"H",0.24,21.44,5.14]
["Insumo"," 00001884 ","SINAPI","CURVA 90 GRAUS, LONGA, DE PVC RIGIDO ROSCAVEL, DE 1\", PARA ELETRODUTO","Material",null,"UN",1,4.5999999999999996,4.5999999999999996]
[{"$nulls":4},"MO sem LS =>",9.7100000000000009,"LS =>",0,"MO com LS =>",9.7100000000000009]
[{"$nulls":4},"Valor do BDI =>",3.59,null,"Valor com BDI =>",null,20.02]
[{"$nulls":6},"Quant. =>","100,00","Preço Total =>",2002]
[]
[" 6.4.18 ","Código","Banco","Descrição","Tipo",null,"Und","Quant.","Valor Unit","Total"]
["Composição"," 91876 ","SINAPI","LUVA PARA ELETRODUTO, PVC, ROSCÁVEL, DN 32 MM (1\"), PARA CIRCUITOS TERMINAIS, INSTALADA EM FORRO - FORNECIMENTO E INSTALAÇÃO. AF_03/2023","INEL - INSTALAÇÃO ELÉTRICA/ELETRIFICAÇÃO E ILUMINAÇÃO EXTERNA",null,"UN",1,9.73,9.73]
["Composição Auxiliar"," 88264 ","SINAPI","ELETRICISTA COM ENCARGOS COMPLEMENTARES","SEDI - SERVIÇOS DIVERSOS",null,"H",0.16,27.89,4.46]
["Composição Auxiliar"," 88247 ","SINAPI","AUXILIAR DE ELETRICISTA COM ENCARGOS COMPLEMENTARES","SEDI - SERVIÇOS DIVERSOS",null,"H",0.16,21.44,3.43]
["Insumo"," 00001892 ","SINAPI","LUVA EM PVC RIGIDO ROSCAVEL, DE 1\", PARA ELETRODUTO","Material",null,"UN",1,1.84,1.84]
[{"$nulls":4},"MO sem LS =>",6.47,"LS =>",0,"MO com LS =>",6.47]
[{"$nulls":4},"Valor do BDI =>",2.13,null,"Valor com BDI =>",null,11.86]
[{"$nulls":6},"Quant. =>","300,00","Preço Total =>",3558]
[]
[" 6.4.19 ","Código","Banco","Descrição","Tipo",null,"Und","Quant.","Valor Unit","Total"]
["Composição"," 91863 ","SINAPI","ELETRODUTO RÍGIDO ROSCÁVEL, PVC, DN 25 MM (3/4\"), PARA CIRCUITOS TERMINAIS, INSTALADO EM FORRO - FORNECIMENTO E INSTALAÇÃO. AF_03/2023","INEL - INSTALAÇÃO ELÉTRICA/ELETRIFICAÇÃO E ILUMINAÇÃO EXTERNA",null,"M",1,11.49,11.49]
["Composição Auxiliar"," 88247 ","SINAPI","AUXILIAR DE ELETRICISTA COM ENCARGOS COMPLEMENTARES","SEDI - SERVIÇOS DIVERSOS",null,"H",0.11899999999999999,21.44,2.5499999999999998]
["Composição Auxiliar"," 88264 ","SINAPI","ELETRICISTA COM ENCARGOS COMPLEMENTARES","SEDI - SERVIÇOS DIVERSOS",null,"H",0.11899999999999999,27.89,3.31]
["Insumo"," 00002674 ","SINAPI","ELETRODUTO DE PVC RIGIDO ROSCAVEL DE 3/4 \", SEM LUVA","Material",null,"M",1.0169999999999999,5.54,5.63]
[{"$nulls":4},"MO sem LS =>",4.8099999999999996,"LS =>",0,"MO com LS =>",4.8099999999999996]
[{"$nulls":4},"Valor do BDI =>",2.5099999999999998,null,"Valor com BDI =>",null,14]
[{"$nulls":6},"Quant. =>","1.800,00","Preço Total =>",25200]
[]
[" 6.4.20 ","Código","Banco","Descrição","Tipo",null,"Und","Quant.","Valor Unit","Total"]
["Composição"," 91914 ","SINAPI","CURVA 90 GRAUS PARA ELETRODUTO, PVC, ROSCÁVEL, DN 25 MM (3/4\"), PARA CIRCUITOS TERMINAIS, INSTALADA EM PAREDE - FORNECIMENTO E INSTALAÇÃO. AF_03/2023","INEL - INSTALAÇÃO ELÉTRICA/ELETRIFICAÇÃO E ILUMINAÇÃO EXTERNA",null,"UN",1,17.579999999999998,17.579999999999998]
["Composição Auxiliar"," 88264 ","SINAPI","ELETRICISTA COM ENCARGOS COMPLEMENTARES","SEDI - SERVIÇOS DIVERSOS",null,"H",0.29499999999999998,27.89,8.2200000000000006]
["Composição Auxiliar"," 88247 ","SINAPI","AUXILIAR DE ELETRICISTA COM ENCARGOS COMPLEMENTARES","SEDI - SERVIÇOS DIVERSOS",null,"H",0.29499999999999998,21.44,6.32]
["Insumo"," 00001879 ","SINAPI","CURVA 90 GRAUS, LONGA, DE PVC RIGIDO ROSCAVEL, DE 3/4\", PARA ELETRODUTO","Material",null,"UN",1,3.04,3.04]
[{"$nulls":4},"MO sem LS =>",11.93,"LS =>",0,"MO com LS =>",11.93]
[{"$nulls":4},"Valor do BDI =>",3.85,null,"Valor com BDI =>",null,21.43]
[{"$nulls":6},"Quant. =>","700,00","Preço Total =>",15001]
[]
[" 6.4.21 ","Código","Banco","Descrição","Tipo",null,"Und","Quant.","Valor Unit","Total"]
["Composição"," 91875 ","SINAPI","LUVA PARA ELETRODUTO, PVC, ROSCÁVEL, DN 25 MM (3/4\"), PARA CIRCUITOS TERMINAIS, INSTALADA EM FORRO - FORNECIMENTO E INSTALAÇÃO. AF_03/2023","INEL - INSTALAÇÃO ELÉTRICA/ELETRIFICAÇÃO E ILUMINAÇÃO EXTERNA",null,"UN",1,8.07,8.07]
["Composição Auxiliar"," 88247 ","SINAPI","AUXILIAR DE ELETRICISTA COM ENCARGOS COMPLEMENTARES","SEDI - SERVIÇOS DIVERSOS",null,"H",0.13700000000000001,21.44,2.93]
["Composição Auxiliar"," 88264 ","SINAPI","ELETRICISTA COM ENCARGOS COMPLEMENTARES","SEDI - SERVIÇOS DIVERSOS",null,"H",0.13700000000000001,27.89,3.82]
["Insumo"," 00001891 ","SINAPI","LUVA EM PVC RIGIDO ROSCAVEL, DE 3/4\", PARA ELETRODUTO","Material",null,"UN",1,1.32,1.32]
[{"$nulls":4},"MO sem LS =>",5.54,"LS =>",0,"MO com LS =>",5.54]
[{"$nulls":4},"Valor do BDI =>",1.76,null,"Valor com BDI =>",null,9.83]
[{"$nulls":6},"Quant. =>","300,00","Preço Total =>",2949]
[]
[null,"Código","Banco","Descrição","Tipo",null,"Und","Quant.","Valor Unit","Total"]
["Insumo"," 00039138 ","SINAPI","ABRACADEIRA EM ACO PARA AMARRACAO DE ELETRODUTOS, TIPO U SIMPLES, COM 3/4\"","Material",null,"UN",1,1.27,1.27]
[{"$nulls":4},"MO sem LS =>",0,"LS =>",0,"MO com LS =>",0]
[{"$nulls":4},"Valor do BDI =>",null,null,"Valor com BDI =>",null,1.45]
[{"$nulls":6},"Quant. =>","1.000,00","Preço Total =>",1450]
[]
[" 6.4.23 ","Código","Banco","Descrição","Tipo",null,"Und","Quant.","Valor Unit","Total"]
["Composição"," 12464 ","ORSE","Fornecimento e instalação de parafuso cabeça chata rosca soberbal 6,10 x 65mm, com bucha de nylon s10 sem abas","Pontos de Suprimento de Lógica",null,"un",1,3.51,3.51]
[null,"Código","Banco","Descrição","Tipo",null,"Und","Quant.","Valor Unit","Total"]
["Composição",10552,"ORSE","Encargos Complementares - Eletricista","Provisórios",null,"h",0.08,"3,66","0,29"]
["Insumo","00007568/SINAPI","ORSE","Bucha de nylon sem aba s10, com parafuso de 6,10 x 65 mm em aco zincado com rosca soberba, cabeca chata e fenda phillips","Material",null,"un",1,"0,36","0,36"]
["Insumo","00002436/SINAPI","ORSE","Eletricista (horista)","Mão de Obra",null,"h",0.08,"19,13","1,53"]
["Insumo","00006111/SINAPI","ORSE","Servente de obras (horista)","Mão de Obra",null,"h",0.08,"13,65","1,09"]
["Composição",10549,"ORSE","Encargos Complementares - Servente","Provisórios",null,"h",0.08,"3,80","0,30"]
["Detalhamento de Cálculo ORSE"]
[null,"Código","Banco","Descrição","Tipo",null,"Und","Quant.","Valor Unit","Total"]
["Insumo",10788,"ORSE","Pá quadrada","Material",null,"un",1.5999999999999999E-5,"36,90","0,00"]
["Insumo","00002711/SINAPI","ORSE","Carrinho de mao de aco capacidade 50 a 60 l, pneu com camara","Material",null,"un",1.5999999999999999E-5,"166,00","0,00"]
["Insumo",10492,"ORSE","Cesta Básica","Material",null,"un",7.2000000000000005E-4,"190,00","0,13"]
["Insumo","00012895/SINAPI","ORSE","Capacete de seguranca aba frontal com suspensao de polietileno, sem jugular (classe b)","Material",null,"un",9.6000000000000002E-5,"13,90","0,00"]
["Insumo",10596,"ORSE","Protetor auricular","Material",null,"un",7.2000000000000005E-4,"4,90","0,00"]
["Insumo","00002436/SINAPI","ORSE","Eletricista (horista)","Mão de Obra",null,"h",0.08,"19,13","1,53"]
["Insumo","00007568/SINAPI","ORSE","Bucha de nylon sem aba s10, com parafuso de 6,10 x 65 mm em aco zincado com rosca soberba, cabeca chata e fenda phillips","Material",null,"un",1,"0,36","0,36"]
["Insumo",158,"ORSE","Almoço (Participação do empregador)","Material",null,"un",1.6288E-2,"14,00","0,22"]
["Insumo",11241,"ORSE","Alicate volt-amperimetro","Material",null,"un",1.5999999999999999E-5,"163,00","0,00"]
["Insumo",10761,"ORSE","Refeição - café da manhã ( café com leite e dois pães com manteiga)","Serviços",null,"un",1.6288E-2,"5,00","0,08"]
["Insumo",10579,"ORSE","Chave de fenda chata 30 cm","Material",null,"un",1.5999999999999999E-5,"26,89","0,00"]
["Insumo",941,"ORSE","Fardamento com mangas curta","Material",null,"un",2.4000000000000001E-4,"193,41","0,04"]
["Insumo",1651,"ORSE","Óculos branco proteção","Material",null,"pr",1.2799999999999999E-4,"6,70","0,00"]
["Insumo",2378,"ORSE","Vale transporte","Material",null,"un",1.2760000000000001E-2,"4,50","0,05"]
["Insumo","00012892/SINAPI","ORSE","Luva raspa de couro, cano curto (punho *7* cm)","Material",null,"par",3.68E-4,"12,51","0,00"]
["Insumo","00012894/SINAPI","ORSE","Capa para chuva em pvc com forro de poliester, com capuz (amarela ou azul)","Material",null,"un",3.1999999999999999E-5,"18,07","0,00"]
["Insumo",4728,"ORSE","Talhadeira chata 10\"","Material",null,"un",2.4000000000000001E-5,"18,58","0,00"]
["Insumo",10599,"ORSE","Protetor solar fps 30 com 120ml","Material",null,"un",2.8800000000000001E-4,"18,00","0,00"]
["Insumo","00012893/SINAPI","ORSE","Bota de seguranca com biqueira de aco e colarinho acolchoado","Material",null,"par",1.2E-4,"66,72","0,00"]
["Insumo",10517,"ORSE","Exames admissionais/demissionais (checkup)","Serviços",null,"cj",6.3999999999999997E-5,"300,00","0,01"]
["Insumo",11240,"ORSE","Alicate com isolamento","Material",null,"un",1.5999999999999999E-5,"47,69","0,00"]
["Insumo",4729,"ORSE","Marreta 1 kg com cabo","Material",null,"un",7.9999999999999996E-6,"37,80","0,00"]
["Insumo",10362,"ORSE","Seguro de vida e acidente em grupo","Serviços",null,"un",7.2000000000000005E-4,"12,54","0,00"]
["Insumo","00006111/SINAPI","ORSE","Servente de obras (horista)","Mão de Obra",null,"h",0.08,"13,65","1,09"]
["Insumo",11242,"ORSE","Chave inglesa 12\"","Material",null,"un",7.9999999999999996E-6,"34,00","0,00"]
[{"$nulls":4},"MO sem LS =>",2.62,"LS =>",0,"MO com LS =>",2.62]
[{"$nulls":4},"Valor do BDI =>",0.76,null,"Valor com BDI =>",null,4.2699999999999996]
[{"$nulls":6},"Quant. =>","2.900,00","Preço Total =>",12383]
[]
[null,"Código","Banco","Descrição","Tipo",null,"Und","Quant.","Valor Unit","Total"]
["Insumo"," 00007568 ","SINAPI","BUCHA DE NYLON SEM ABA S10, COM PARAFUSO DE 6,10 X 65 MM EM ACO ZINCADO COM ROSCA SOBERBA, CABECA CHATA E FENDA PHILLIPS","Material",null,"UN",1,0.79,0.79]
[{"$nulls":4},"MO sem LS =>",0,"LS =>",0,"MO com LS =>",0]
[{"$nulls":4},"Valor do BDI =>",null,null,"Valor com BDI =>",null,0.9]
[{"$nulls":6},"Quant. =>","2.400,00","Preço Total =>",2160]
[]
[" 6.4.25 ","Código","Banco","Descrição","Tipo",null,"Und","Quant.","Valor Unit","Total"]
["Composição"," 12538 ","ORSE","Arruela de pressão 1/4\"","Interligações até Quadro Geral - Fios e Cabos",null,"un",1,0.41,0.41]
[null,"Código","Banco","Descrição","Tipo",null,"Und","Quant.","Valor Unit","Total"]
["Insumo","00006111/SINAPI","ORSE","Servente de obras (horista)","Mão de Obra",null,"h",0.01,"13,65","0,13"]
["Composição",10552,"ORSE","Encargos Complementares - Eletricista","Provisórios",null,"h",0.01,"3,66","0,03"]
["Insumo","00002436/SINAPI","ORSE","Eletricista (horista)","Mão de Obra",null,"h",0.01,"19,13","0,19"]
["Composição",10549,"ORSE","Encargos Complementares - Servente","Provisórios",null,"h",0.01,"3,80","0,03"]
["Insumo",13355,"ORSE","Arruela de pressão 1/4\"","Material",null,"un",1,"0,05","0,05"]
["Detalhamento de Cálculo ORSE"]
[null,"Código","Banco","Descrição","Tipo",null,"Und","Quant.","Valor Unit","Total"]
["Insumo",13355,"ORSE","Arruela de pressão 1/4\"","Material",null,"un",1,"0,05","0,05"]
["Insumo","00002436/SINAPI","ORSE","Eletricista (horista)","Mão de Obra",null,"h",0.01,"19,13","0,19"]
["Insumo",10761,"ORSE","Refeição - café da manhã ( café com leite e dois pães com manteiga)","Serviços",null,"un",2.036E-3,"5,00","0,01"]
["Insumo",11240,"ORSE","Alicate com isolamento","Material",null,"un",1.9999999999999999E-6,"47,69","0,00"]
["Insumo",4728,"ORSE","Talhadeira chata 10\"","Material",null,"un",3.0000000000000001E-6,"18,58","0,00"]
["Insumo","00012893/SINAPI","ORSE","Bota de seguranca com biqueira de aco e colarinho acolchoado","Material",null,"par",1.5E-5,"66,72","0,00"]
["Insumo","00012892/SINAPI","ORSE","Luva raspa de couro, cano curto (punho *7* cm)","Material",null,"par",4.6E-5,"12,51","0,00"]
["Insumo",10362,"ORSE","Seguro de vida e acidente em grupo","Serviços",null,"un",9.0000000000000006E-5,"12,54","0,00"]
["Insumo",11241,"ORSE","Alicate volt-amperimetro","Material",null,"un",1.9999999999999999E-6,"163,00","0,00"]
["Insumo",4729,"ORSE","Marreta 1 kg com cabo","Material",null,"un",9.9999999999999995E-7,"37,80","0,00"]
["Insumo",10517,"ORSE","Exames admissionais/demissionais (checkup)","Serviços",null,"cj",7.9999999999999996E-6,"300,00","0,00"]
["Insumo",10596,"ORSE","Protetor auricular","Material",null,"un",9.0000000000000006E-5,"4,90","0,00"]
["Insumo",11242,"ORSE","Chave inglesa 12\"","Material",null,"un",9.9999999999999995E-7,"34,00","0,00"]
["Insumo",2378,"ORSE","Vale transporte","Material",null,"un",1.5950000000000001E-3,"4,50","0,00"]
["Insumo",10788,"ORSE","Pá quadrada","Material",null,"un",1.9999999999999999E-6,"36,90","0,00"]
["Insumo",158,"ORSE","Almoço (Participação do empregador)","Material",null,"un",2.036E-3,"14,00","0,02"]
["Insumo","00006111/SINAPI","ORSE","Servente de obras (horista)","Mão de Obra",null,"h",0.01,"13,65","0,13"]
["Insumo","00002711/SINAPI","ORSE","Carrinho de mao de aco capacidade 50 a 60 l, pneu com camara","Material",null,"un",1.9999999999999999E-6,"166,00","0,00"]
["Insumo",10599,"ORSE","Protetor solar fps 30 com 120ml","Material",null,"un",3.6000000000000001E-5,"18,00","0,00"]
["Insumo","00012895/SINAPI","ORSE","Capacete de seguranca aba frontal com suspensao de polietileno, sem jugular (classe b)","Material",null,"un",1.2E-5,"13,90","0,00"]
["Insumo",10579,"ORSE","Chave de fenda chata 30 cm","Material",null,"un",1.9999999999999999E-6,"26,89","0,00"]
["Insumo",941,"ORSE","Fardamento com mangas curta","Material",null,"un",3.0000000000000001E-5,"193,41","0,00"]
["Insumo",10492,"ORSE","Cesta Básica","Material",null,"un",9.0000000000000006E-5,"190,00","0,01"]
["Insumo",1651,"ORSE","Óculos branco proteção","Material",null,"pr",1.5999999999999999E-5,"6,70","0,00"]
["Insumo","00012894/SINAPI","ORSE","Capa para chuva em pvc com forro de poliester, com capuz (amarela ou azul)","Material",null,"un",3.9999999999999998E-6,"18,07","0,00"]
[{"$nulls":4},"MO sem LS =>",0.32,"LS =>",0,"MO com LS =>",0.32]
[{"$nulls":4},"Valor do BDI =>",0.08,null,"Valor com BDI =>",null,0.49]
[{"$nulls":6},"Quant. =>","3.000,00","Preço Total =>",1470]
[]
[" 6.4.26 ","Código","Banco","Descrição","Tipo",null,"Und","Quant.","Valor Unit","Total"]
["Composição"," 9816 ","ORSE","Arruela lisa zincada d=1/4\"","Interligações até Quadro Geral - Fios e Cabos",null,"un",1,0.41,0.41]
[null,"Código","Banco","Descrição","Tipo",null,"Und","Quant.","Valor Unit","Total"]
["Composição",10549,"ORSE","Encargos Complementares - Servente","Provisórios",null,"h",0.01,"3,80","0,03"]
["Composição",10552,"ORSE","Encargos Complementares - Eletricista","Provisórios",null,"h",0.01,"3,66","0,03"]
["Insumo","00002436/SINAPI","ORSE","Eletricista (horista)","Mão de Obra",null,"h",0.01,"19,13","0,19"]
["Insumo","00006111/SINAPI","ORSE","Servente de obras (horista)","Mão de Obra",null,"h",0.01,"13,65","0,13"]
["Insumo",8347,"ORSE","Arruela lisa zincada ø 1/4\"","Material",null,"un",1,"0,05","0,05"]
["Detalhamento de Cálculo ORSE"]
[null,"Código","Banco","Descrição","Tipo",null,"Und","Quant.","Valor Unit","Total"]
["Insumo",10492,"ORSE","Cesta Básica","Material",null,"un",9.0000000000000006E-5,"190,00","0,01"]
["Insumo",2378,"ORSE","Vale transporte","Material",null,"un",1.5950000000000001E-3,"4,50","0,00"]
["Insumo",10596,"ORSE","Protetor auricular","Material",null,"un",9.0000000000000006E-5,"4,90","0,00"]
["Insumo",11242,"ORSE","Chave inglesa 12\"","Material",null,"un",9.9999999999999995E-7,"34,00","0,00"]
["Insumo",4728,"ORSE","Talhadeira chata 10\"","Material",null,"un",3.0000000000000001E-6,"18,58","0,00"]
["Insumo",941,"ORSE","Fardamento com mangas curta","Material",null,"un",3.0000000000000001E-5,"193,41","0,00"]
["Insumo","00002436/SINAPI","ORSE","Eletricista (horista)","Mão de Obra",null,"h",0.01,"19,13","0,19"]
["Insumo","00006111/SINAPI","ORSE","Servente de obras (horista)","Mão de Obra",null,"h",0.01,"13,65","0,13"]
["Insumo",158,"ORSE","Almoço (Participação do empregador)","Material",null,"un",2.036E-3,"14,00","0,02"]
["Insumo",10517,"ORSE","Exames admissionais/demissionais (checkup)","Serviços",null,"cj",7.9999999999999996E-6,"300,00","0,00"]
["Insumo",11241,"ORSE","Alicate volt-amperimetro","Material",null,"un",1.9999999999999999E-6,"163,00","0,00"]
["Insumo",4729,"ORSE","Marreta 1 kg com cabo","Material",null,"un",9.9999999999999995E-7,"37,80","0,00"]
["Insumo",10788,"ORSE","Pá quadrada","Material",null,"un",1.9999999999999999E-6,"36,90","0,00"]
["Insumo",8347,"ORSE","Arruela lisa zincada ø 1/4\"","Material",null,"un",1,"0,05","0,05"]
["Insumo",10599,"ORSE","Protetor solar fps 30 com 120ml","Material",null,"un",3.6000000000000001E-5,"18,00","0,00"]
["Insumo","00012894/SINAPI","ORSE","Capa para chuva em pvc com forro de poliester, com capuz (amarela ou azul)","Material",null,"un",3.9999999999999998E-6,"18,07","0,00"]
["Insumo","00012892/SINAPI","ORSE","Luva raspa de couro, cano curto (punho *7* cm)","Material",null,"par",4.6E-5,"12,51","0,00"]
["Insumo",10761,"ORSE","Refeição - café da manhã ( café com leite e dois pães com manteiga)","Serviços",null,"un",2.036E-3,"5,00","0,01"]
["Insumo",11240,"ORSE","Alicate com isolamento","Material",null,"un",1.9999999999999999E-6,"47,69","0,00"]
["Insumo","00012893/SINAPI","ORSE","Bota de seguranca com biqueira de aco e colarinho acolchoado","Material",null,"par",1.5E-5,"66,72","0,00"]
["Insumo","00002711/SINAPI","ORSE","Carrinho de mao de aco capacidade 50 a 60 l, pneu com camara","Material",null,"un",1.9999999999999999E-6,"166,00","0,00"]
["Insumo","00012895/SINAPI","ORSE","Capacete de seguranca aba frontal com suspensao de polietileno, sem jugular (classe b)","Material",null,"un",1.2E-5,"13,90","0,00"]
["Insumo",10362,"ORSE","Seguro de vida e acidente em grupo","Serviços",null,"un",9.0000000000000006E-5,"12,54","0,00"]
["Insumo",10579,"ORSE","Chave de fenda chata 30 cm","Material",null,"un",1.9999999999999999E-6,"26,89","0,00"]
["Insumo",1651,"ORSE","Óculos branco proteção","Material",null,"pr",1.5999999999999999E-5,"6,70","0,00"]
[{"$nulls":4},"MO sem LS =>",0.32,"LS =>",0,"MO com LS =>",0.32]
[{"$nulls":4},"Valor do BDI =>",0.08,null,"Valor com BDI =>",null,0.49]
[{"$nulls":6},"Quant. =>","3.600,00","Preço Total =>",1764]
[]
[null,"Código","Banco","Descrição","Tipo",null,"Und","Quant.","Valor Unit","Total"]
["Insumo"," 00039997 ","SINAPI","PORCA ZINCADA, SEXTAVADA, DIAMETRO 1/4\"","Material",null,"UN",1,0.31,0.31]
[{"$nulls":4},"MO sem LS =>",0,"LS =>",0,"MO com LS =>",0]
[{"$nulls":4},"Valor do BDI =>",null,null,"Valor com BDI =>",null,0.35]
[{"$nulls":6},"Quant. =>","3.600,00","Preço Total =>",1260]
[]
[null,"Código","Banco","Descrição","Tipo",null,"Und","Quant.","Valor Unit","Total"]
["Insumo"," 00004375 ","SINAPI","BUCHA DE NYLON SEM ABA S6","Material",null,"UN",1,0.13,0.13]
[{"$nulls":4},"MO sem LS =>",0,"LS =>",0,"MO com LS =>",0]
[{"$nulls":4},"Valor do BDI =>",null,null,"Valor com BDI =>",null,0.14000000000000001]
[{"$nulls":6},"Quant. =>","400,00","Preço Total =>",56]
[]
[null,"Código","Banco","Descrição","Tipo",null,"Und","Quant.","Valor Unit","Total"]
["Insumo"," 00004376 ","SINAPI","BUCHA DE NYLON SEM ABA S8","Material",null,"UN",1,0.25,0.25]
[{"$nulls":4},"MO sem LS =>",0,"LS =>",0,"MO com LS =>",0]
[{"$nulls":4},"Valor do BDI =>",null,null,"Valor com BDI =>",null,0.28000000000000003]
[{"$nulls":6},"Quant. =>","1.300,00","Preço Total =>",364]
[]
[null,"Código","Banco","Descrição","Tipo",null,"Und","Quant.","Valor Unit","Total"]
["Insumo"," 00011945 ","SINAPI","BUCHA DE NYLON SEM ABA S4","Material",null,"UN",1,7.0000000000000007E-2,7.0000000000000007E-2]
[{"$nulls":4},"MO sem LS =>",0,"LS =>",0,"MO com LS =>",0]
[{"$nulls":4},"Valor do BDI =>",null,null,"Valor com BDI =>",null,0.08]
[{"$nulls":6},"Quant. =>","1.200,00","Preço Total =>",96]
[]
[null,"Código","Banco","Descrição","Tipo",null,"Und","Quant.","Valor Unit","Total"]
["Insumo"," 00039996 ","SINAPI","VERGALHAO ZINCADO ROSCA TOTAL, 1/4\" (6,3 MM)","Material",null,"M",1,4.25,4.25]
[{"$nulls":4},"MO sem LS =>",0,"LS =>",0,"MO com LS =>",0]
[{"$nulls":4},"Valor do BDI =>",null,null,"Valor com BDI =>",null,4.8600000000000003]
[{"$nulls":6},"Quant. =>","900,00","Preço Total =>",4374]
[]
[" 6.4.32 ","Código","Banco","Descrição","Tipo",null,"Und","Quant.","Valor Unit","Total"]
["Composição"," 91927 ","SINAPI","CABO DE COBRE FLEXÍVEL ISOLADO, 2,5 MM², ANTI-CHAMA 0,6/1,0 KV, PARA CIRCUITOS TERMINAIS - FORNECIMENTO E INSTALAÇÃO. AF_03/2023","INEL - INSTALAÇÃO ELÉTRICA/ELETRIFICAÇÃO E ILUMINAÇÃO EXTERNA",null,"M",1,5.52,5.52]
["Composição Auxiliar"," 88247 ","SINAPI","AUXILIAR DE ELETRICISTA COM ENCARGOS COMPLEMENTARES","SEDI - SERVIÇOS DIVERSOS",null,"H",2.9000000000000001E-2,21.44,0.62]
["Composição Auxiliar"," 88264 ","SINAPI","ELETRICISTA COM ENCARGOS COMPLEMENTARES","SEDI - SERVIÇOS DIVERSOS",null,"H",2.9000000000000001E-2,27.89,0.8]
["Insumo"," 00001022 ","SINAPI","CABO DE COBRE, FLEXIVEL, CLASSE 4 OU 5, ISOLACAO EM PVC/A, ANTICHAMA BWF-B, COBERTURA PVC-ST1, ANTICHAMA BWF-B, 1 CONDUTOR, 0,6/1 KV, SECAO NOMINAL 2,5 MM2","Material",null,"M",1.2434000000000001,3.22,4]
["Insumo"," 00021127 ","SINAPI","FITA ISOLANTE ADESIVA ANTICHAMA, USO ATE 750 V, EM ROLO DE 19 MM X 5 M","Material",null,"UN",9.4000000000000004E-3,11.05,0.1]
[{"$nulls":4},"MO sem LS =>",1.17,"LS =>",0,"MO com LS =>",1.17]
[{"$nulls":4},"Valor do BDI =>",1.2,null,"Valor com BDI =>",null,6.72]
[{"$nulls":6},"Quant. =>","13.700,00","Preço Total =>",92064]
[]
[" 6.4.33 ","Código","Banco","Descrição","Tipo",null,"Und","Quant.","Valor Unit","Total"]
["Composição"," 91929 ","SINAPI","CABO DE COBRE FLEXÍVEL ISOLADO, 4 MM², ANTI-CHAMA 0,6/1,0 KV, PARA CIRCUITOS TERMINAIS - FORNECIMENTO E INSTALAÇÃO. AF_03/2023","INEL - INSTALAÇÃO ELÉTRICA/ELETRIFICAÇÃO E ILUMINAÇÃO EXTERNA",null,"M",1,8.15,8.15]
["Composição Auxiliar"," 88264 ","SINAPI","ELETRICISTA COM ENCARGOS COMPLEMENTARES","SEDI - SERVIÇOS DIVERSOS",null,"H",3.9E-2,27.89,1.08]
["Composição Auxiliar"," 88247 ","SINAPI","AUXILIAR DE ELETRICISTA COM ENCARGOS COMPLEMENTARES","SEDI - SERVIÇOS DIVERSOS",null,"H",3.9E-2,21.44,0.83]
["Insumo"," 00001021 ","SINAPI","CABO DE COBRE, FLEXIVEL, CLASSE 4 OU 5, ISOLACAO EM PVC/A, ANTICHAMA BWF-B, COBERTURA PVC-ST1, ANTICHAMA BWF-B, 1 CONDUTOR, 0,6/1 KV, SECAO NOMINAL 4 MM2","Material",null,"M",1.2434000000000001,4.9400000000000004,6.14]
["Insumo"," 00021127 ","SINAPI","FITA ISOLANTE ADESIVA ANTICHAMA, USO ATE 750 V, EM ROLO DE 19 MM X 5 M","Material",null,"UN",9.4000000000000004E-3,11.05,0.1]
[{"$nulls":4},"MO sem LS =>",1.57,"LS =>",0,"MO com LS =>",1.57]
[{"$nulls":4},"Valor do BDI =>",1.78,null,"Valor com BDI =>",null,9.93]
[{"$nulls":6},"Quant. =>","3.050,00","Preço Total =>",30286.5]
[]
[" 6.4.34 ","Código","Banco","Descrição","Tipo",null,"Und","Quant.","Valor Unit","Total"]
["Composição"," 101875 ","SINAPI","QUADRO DE DISTRIBUIÇÃO DE ENERGIA EM CHAPA DE AÇO GALVANIZADO, DE EMBUTIR, COM BARRAMENTO TRIFÁSICO, PARA 12 DISJUNTORES DIN 100A - FORNECIMENTO E INSTALAÇÃO. AF_10/2020","INEL - INSTALAÇÃO ELÉTRICA/ELETRIFICAÇÃO E ILUMINAÇÃO EXTERNA",null,"UN",1,414.24,414.24]
["Composição Auxiliar"," 88264 ","SINAPI","ELETRICISTA COM ENCARGOS COMPLEMENTARES","SEDI - SERVIÇOS DIVERSOS",null,"H",0.48110000000000003,27.89,13.41]
["Composição Auxiliar"," 88247 ","SINAPI","AUXILIAR DE ELETRICISTA COM ENCARGOS COMPLEMENTARES","SEDI - SERVIÇOS DIVERSOS",null,"H",0.48110000000000003,21.44,10.31]
["Composição Auxiliar"," 87367 ","SINAPI","ARGAMASSA TRAÇO 1:1:6 (EM VOLUME DE CIMENTO, CAL E AREIA MÉDIA ÚMIDA) PARA EMBOÇO/MASSA ÚNICA/ASSENTAMENTO DE ALVENARIA DE VEDAÇÃO, PREPARO MANUAL. AF_08/2019","SEDI - SERVIÇOS DIVERSOS",null,"m³",1.17E-2,799.2,9.35]
["Insumo"," 00013393 ","SINAPI","QUADRO DE DISTRIBUICAO COM BARRAMENTO TRIFASICO, DE EMBUTIR, EM CHAPA DE ACO GALVANIZADO, PARA 12 DISJUNTORES DIN, 100 A","Material",null,"UN",1,381.17,381.17]
[{"$nulls":4},"MO sem LS =>",21.38,"LS =>",0,"MO com LS =>",21.38]
[{"$nulls":4},"Valor do BDI =>",90.71,null,"Valor com BDI =>",null,504.95]
[{"$nulls":6},"Quant. =>","100,00","Preço Total =>",50495]
[]
[" 6.4.35 ","Código","Banco","Descrição","Tipo",null,"Und","Quant.","Valor Unit","Total"]
["Composição"," 93655 ","SINAPI","DISJUNTOR MONOPOLAR TIPO DIN, CORRENTE NOMINAL DE 20A - FORNECIMENTO E INSTALAÇÃO. AF_10/2020","INEL - INSTALAÇÃO ELÉTRICA/ELETRIFICAÇÃO E ILUMINAÇÃO EXTERNA",null,"UN",1,14.67,14.67]
["Composição Auxiliar"," 88247 ","SINAPI","AUXILIAR DE ELETRICISTA COM ENCARGOS COMPLEMENTARES","SEDI - SERVIÇOS DIVERSOS",null,"H",6.6299999999999998E-2,21.44,1.42]
["Composição Auxiliar"," 88264 ","SINAPI","ELETRICISTA COM ENCARGOS COMPLEMENTARES","SEDI - SERVIÇOS DIVERSOS",null,"H",6.6299999999999998E-2,27.89,1.84]
["Insumo"," 00001571 ","SINAPI","TERMINAL A COMPRESSAO EM COBRE ESTANHADO PARA CABO 4 MM2, 1 FURO E 1 COMPRESSAO, PARA PARAFUSO DE FIXACAO M5","Material",null,"UN",1,1.38,1.38]
["Insumo"," 00034653 ","SINAPI","DISJUNTOR TERMOMAGNETICO PARA TRILHO DIN (IEC), MONOPOLAR, 6 - 32 A","Material",null,"UN",1,10.029999999999999,10.029999999999999]
[{"$nulls":4},"MO sem LS =>",2.67,"LS =>",0,"MO com LS =>",2.67]
[{"$nulls":4},"Valor do BDI =>",3.21,null,"Valor com BDI =>",null,17.88]
[{"$nulls":6},"Quant. =>","200,00","Preço Total =>",3576]
[]
[" 6.4.36 ","Código","Banco","Descrição","Tipo",null,"Und","Quant.","Valor Unit","Total"]
["Composição"," 93654 ","SINAPI","DISJUNTOR MONOPOLAR TIPO DIN, CORRENTE NOMINAL DE 16A - FORNECIMENTO E INSTALAÇÃO. AF_10/2020","INEL - INSTALAÇÃO ELÉTRICA/ELETRIFICAÇÃO E ILUMINAÇÃO EXTERNA",null,"UN",1,13.43,13.43]
["Composição Auxiliar"," 88264 ","SINAPI","ELETRICISTA COM ENCARGOS COMPLEMENTARES","SEDI - SERVIÇOS DIVERSOS",null,"H",4.7600000000000003E-2,27.89,1.32]
["Composição Auxiliar"," 88247 ","SINAPI","AUXILIAR DE ELETRICISTA COM ENCARGOS COMPLEMENTARES","SEDI - SERVIÇOS DIVERSOS",null,"H",4.7600000000000003E-2,21.44,1.02]
["Insumo"," 00034653 ","SINAPI","DISJUNTOR TERMOMAGNETICO PARA TRILHO DIN (IEC), MONOPOLAR, 6 - 32 A","Material",null,"UN",1,10.029999999999999,10.029999999999999]
["Insumo"," 00001570 ","SINAPI","TERMINAL A COMPRESSAO EM COBRE ESTANHADO PARA CABO 2,5 MM2, 1 FURO E 1 COMPRESSAO, PARA PARAFUSO DE FIXACAO M5","Material",null,"UN",1,1.06,1.06]
[{"$nulls":4},"MO sem LS =>",1.91,"LS =>",0,"MO com LS =>",1.91]
[{"$nulls":4},"Valor do BDI =>",2.94,null,"Valor com BDI =>",null,16.37]
[{"$nulls":6},"Quant. =>","100,00","Preço Total =>",1637]
[]
[" 6.4.37 ","Código","Banco","Descrição","Tipo",null,"Und","Quant.","Valor Unit","Total"]
["Composição"," 93657 ","SINAPI","DISJUNTOR MONOPOLAR TIPO DIN, CORRENTE NOMINAL DE 32A - FORNECIMENTO E INSTALAÇÃO. AF_10/2020","INEL - INSTALAÇÃO ELÉTRICA/ELETRIFICAÇÃO E ILUMINAÇÃO EXTERNA",null,"UN",1,16.170000000000002,16.170000000000002]
["Composição Auxiliar"," 88264 ","SINAPI","ELETRICISTA COM ENCARGOS COMPLEMENTARES","SEDI - SERVIÇOS DIVERSOS",null,"H",9.11E-2,27.89,2.54]
["Composição Auxiliar"," 88247 ","SINAPI","AUXILIAR DE ELETRICISTA COM ENCARGOS COMPLEMENTARES","SEDI - SERVIÇOS DIVERSOS",null,"H",9.11E-2,21.44,1.95]
["Insumo"," 00034653 ","SINAPI","DISJUNTOR TERMOMAGNETICO PARA TRILHO DIN (IEC), MONOPOLAR, 6 - 32 A","Material",null,"UN",1,10.029999999999999,10.029999999999999]
["Insumo"," 00001573 ","SINAPI","TERMINAL A COMPRESSAO EM COBRE ESTANHADO PARA CABO 6 MM2, 1 FURO E 1 COMPRESSAO, PARA PARAFUSO DE FIXACAO M6","Material",null,"UN",1,1.65,1.65]
[{"$nulls":4},"MO sem LS =>",3.67,"LS =>",0,"MO com LS =>",3.67]
[{"$nulls":4},"Valor do BDI =>",3.54,null,"Valor com BDI =>",null,19.71]
[{"$nulls":6},"Quant. =>","100,00","Preço Total =>",1971]
[]
[" 6.4.38 ","Código","Banco","Descrição","Tipo",null,"Und","Quant.","Valor Unit","Total"]
["Composição"," 13601 ","ORSE","Interruptor diferencial residual - IDR 4P DR 2x40A/30mA","Fusíveis, Disjuntores e Chaves",null,"un",1,217.96,217.96]
[null,"Código","Banco","Descrição","Tipo",null,"Und","Quant.","Valor Unit","Total"]
["Insumo","00002436/SINAPI","ORSE","Eletricista (horista)","Mão de Obra",null,"h",2,"19,13","38,25"]
["Composição",10552,"ORSE","Encargos Complementares - Eletricista","Provisórios",null,"h",2,"3,66","7,32"]
["Insumo",14366,"ORSE","Interruptor diferencial residual - IDR 4P DR 2x40A/30mA","Material",null,"un",1,"137,25","137,25"]
["Composição",10549,"ORSE","Encargos Complementares - Servente","Provisórios",null,"h",2,"3,80","7,60"]
["Insumo","00006111/SINAPI","ORSE","Servente de obras (horista)","Mão de Obra",null,"h",2,"13,65","27,29"]
["Detalhamento de Cálculo ORSE"]
[null,"Código","Banco","Descrição","Tipo",null,"Und","Quant.","Valor Unit","Total"]
["Insumo",10788,"ORSE","Pá quadrada","Material",null,"un",4.0000000000000002E-4,"36,90","0,01"]
["Insumo",10596,"ORSE","Protetor auricular","Material",null,"un",1.7999999999999999E-2,"4,90","0,08"]
["Insumo","00002436/SINAPI","ORSE","Eletricista (horista)","Mão de Obra",null,"h",2,"19,13","38,25"]
["Insumo",11240,"ORSE","Alicate com isolamento","Material",null,"un",4.0000000000000002E-4,"47,69","0,01"]
["Insumo","00012893/SINAPI","ORSE","Bota de seguranca com biqueira de aco e colarinho acolchoado","Material",null,"par",3.0000000000000001E-3,"66,72","0,20"]
["Insumo","00012894/SINAPI","ORSE","Capa para chuva em pvc com forro de poliester, com capuz (amarela ou azul)","Material",null,"un",8.0000000000000004E-4,"18,07","0,01"]
["Insumo",10599,"ORSE","Protetor solar fps 30 com 120ml","Material",null,"un",7.1999999999999998E-3,"18,00","0,12"]
["Insumo",14366,"ORSE","Interruptor diferencial residual - IDR 4P DR 2x40A/30mA","Material",null,"un",1,"137,25","137,25"]
["Insumo",10517,"ORSE","Exames admissionais/demissionais (checkup)","Serviços",null,"cj",1.6000000000000001E-3,"300,00","0,48"]
["Insumo",4729,"ORSE","Marreta 1 kg com cabo","Material",null,"un",2.0000000000000001E-4,"37,80","0,00"]
["Insumo",941,"ORSE","Fardamento com mangas curta","Material",null,"un",6.0000000000000001E-3,"193,41","1,16"]
["Insumo",10362,"ORSE","Seguro de vida e acidente em grupo","Serviços",null,"un",1.7999999999999999E-2,"12,54","0,22"]
["Insumo",158,"ORSE","Almoço (Participação do empregador)","Material",null,"un",0.40720000000000001,"14,00","5,70"]
["Insumo","00012892/SINAPI","ORSE","Luva raspa de couro, cano curto (punho *7* cm)","Material",null,"par",9.1999999999999998E-3,"12,51","0,11"]
["Insumo","00012895/SINAPI","ORSE","Capacete de seguranca aba frontal com suspensao de polietileno, sem jugular (classe b)","Material",null,"un",2.3999999999999998E-3,"13,90","0,03"]
["Insumo",10761,"ORSE","Refeição - café da manhã ( café com leite e dois pães com manteiga)","Serviços",null,"un",0.40720000000000001,"5,00","2,03"]
["Insumo",1651,"ORSE","Óculos branco proteção","Material",null,"pr",3.2000000000000002E-3,"6,70","0,02"]
["Insumo",2378,"ORSE","Vale transporte","Material",null,"un",0.31900000000000001,"4,50","1,43"]
["Insumo","00006111/SINAPI","ORSE","Servente de obras (horista)","Mão de Obra",null,"h",2,"13,65","27,29"]
["Insumo",10579,"ORSE","Chave de fenda chata 30 cm","Material",null,"un",4.0000000000000002E-4,"26,89","0,01"]
["Insumo",4728,"ORSE","Talhadeira chata 10\"","Material",null,"un",5.9999999999999995E-4,"18,58","0,01"]
["Insumo",11242,"ORSE","Chave inglesa 12\"","Material",null,"un",2.0000000000000001E-4,"34,00","0,00"]
["Insumo",10492,"ORSE","Cesta Básica","Material",null,"un",1.7999999999999999E-2,"190,00","3,42"]
["Insumo","00002711/SINAPI","ORSE","Carrinho de mao de aco capacidade 50 a 60 l, pneu com camara","Material",null,"un",4.0000000000000002E-4,"166,00","0,06"]
["Insumo",11241,"ORSE","Alicate volt-amperimetro","Material",null,"un",4.0000000000000002E-4,"163,00","0,06"]
[{"$nulls":4},"MO sem LS =>",65.540000000000006,"LS =>",0,"MO com LS =>",65.540000000000006]
[{"$nulls":4},"Valor do BDI =>",47.73,null,"Valor com BDI =>",null,265.69]
[{"$nulls":6},"Quant. =>","100,00","Preço Total =>",26569]
[]
[null,"Código","Banco","Descrição","Tipo",null,"Und","Quant.","Valor Unit","Total"]
["Insumo"," 13159 ","ORSE","Barramento neutro e terra para quadro de distribuição","Material",null,"un",1,29.89,29.89]
[{"$nulls":4},"MO sem LS =>",0,"LS =>",0,"MO com LS =>",0]
[{"$nulls":4},"Valor do BDI =>",null,null,"Valor com BDI =>",null,34.19]
[{"$nulls":6},"Quant. =>","300,00","Preço Total =>",10257]
[]
[null,"Código","Banco","Descrição","Tipo",null,"Und","Quant.","Valor Unit","Total"]
["Insumo"," 13570 ","ORSE","Placa advertência 470 x 340mm, metálica ( perigo de morte )","Material",null,"Un",1,16.05,16.05]
[{"$nulls":4},"MO sem LS =>",0,"LS =>",0,"MO com LS =>",0]
[{"$nulls":4},"Valor do BDI =>",null,null,"Valor com BDI =>",null,18.36]
[{"$nulls":6},"Quant. =>","100,00","Preço Total =>",1836]
[]
[" 6.5 ",null,null,"PROJETO ELÉTRICO CIRCULAÇÃO COMUM E ÁREAS COMUNS",{"$nulls":5},272148.09000000003]
[" 6.5.1 ","Código","Banco","Descrição","Tipo",null,"Und","Quant.","Valor Unit","Total"]
["Composição"," 9669 ","ORSE","Perfilado, pré-zincado  a fogo, perfurado 38 x 38 x 6000mm","Pontos de Suprimento de Lógica",null,"un",1,84.55,84.55]
[null,"Código","Banco","Descrição","Tipo",null,"Und","Quant.","Valor Unit","Total"]
["Composição",10549,"ORSE","Encargos Complementares - Servente","Provisórios",null,"h",0.5,"3,80","1,90"]
["Insumo",10047,"ORSE","Perfilado, pré-zincado  a fogo, perfurado 38 x 38 x 6000mm","Material",null,"un",1,"64,45","64,45"]
["Insumo","00002436/SINAPI","ORSE","Eletricista (horista)","Mão de Obra",null,"h",0.5,"19,13","9,56"]
["Composição",10552,"ORSE","Encargos Complementares - Eletricista","Provisórios",null,"h",0.5,"3,66","1,83"]
["Insumo","00006111/SINAPI","ORSE","Servente de obras (horista)","Mão de Obra",null,"h",0.5,"13,65","6,82"]
["Detalhamento de Cálculo ORSE"]
[null,"Código","Banco","Descrição","Tipo",null,"Und","Quant.","Valor Unit","Total"]
["Insumo",941,"ORSE","Fardamento com mangas curta","Material",null,"un",1.5E-3,"193,41","0,29"]
["Insumo","00012892/SINAPI","ORSE","Luva raspa de couro, cano curto (punho *7* cm)","Material",null,"par",2.3E-3,"12,51","0,02"]
["Insumo","00002436/SINAPI","ORSE","Eletricista (horista)","Mão de Obra",null,"h",0.5,"19,13","9,56"]
["Insumo",4729,"ORSE","Marreta 1 kg com cabo","Material",null,"un",5.0000000000000002E-5,"37,80","0,00"]
["Insumo",10047,"ORSE","Perfilado, pré-zincado  a fogo, perfurado 38 x 38 x 6000mm","Material",null,"un",1,"64,45","64,45"]
["Insumo","00012893/SINAPI","ORSE","Bota de seguranca com biqueira de aco e colarinho acolchoado","Material",null,"par",7.5000000000000002E-4,"66,72","0,05"]
["Insumo",10761,"ORSE","Refeição - café da manhã ( café com leite e dois pães com manteiga)","Serviços",null,"un",0.1018,"5,00","0,50"]
["Insumo",158,"ORSE","Almoço (Participação do empregador)","Material",null,"un",0.1018,"14,00","1,42"]
["Insumo",10599,"ORSE","Protetor solar fps 30 com 120ml","Material",null,"un",1.8E-3,"18,00","0,03"]
["Insumo",4728,"ORSE","Talhadeira chata 10\"","Material",null,"un",1.4999999999999999E-4,"18,58","0,00"]
["Insumo",1651,"ORSE","Óculos branco proteção","Material",null,"pr",8.0000000000000004E-4,"6,70","0,00"]
["Insumo",10579,"ORSE","Chave de fenda chata 30 cm","Material",null,"un",1E-4,"26,89","0,00"]
["Insumo",10517,"ORSE","Exames admissionais/demissionais (checkup)","Serviços",null,"cj",4.0000000000000002E-4,"300,00","0,12"]
["Insumo",10492,"ORSE","Cesta Básica","Material",null,"un",4.4999999999999997E-3,"190,00","0,85"]
["Insumo","00012895/SINAPI","ORSE","Capacete de seguranca aba frontal com suspensao de polietileno, sem jugular (classe b)","Material",null,"un",5.9999999999999995E-4,"13,90","0,00"]
["Insumo",11241,"ORSE","Alicate volt-amperimetro","Material",null,"un",1E-4,"163,00","0,01"]
["Insumo","00012894/SINAPI","ORSE","Capa para chuva em pvc com forro de poliester, com capuz (amarela ou azul)","Material",null,"un",2.0000000000000001E-4,"18,07","0,00"]
["Insumo",10788,"ORSE","Pá quadrada","Material",null,"un",1E-4,"36,90","0,00"]
["Insumo","00006111/SINAPI","ORSE","Servente de obras (horista)","Mão de Obra",null,"h",0.5,"13,65","6,82"]
["Insumo","00002711/SINAPI","ORSE","Carrinho de mao de aco capacidade 50 a 60 l, pneu com camara","Material",null,"un",1E-4,"166,00","0,01"]
["Insumo",11240,"ORSE","Alicate com isolamento","Material",null,"un",1E-4,"47,69","0,00"]
["Insumo",11242,"ORSE","Chave inglesa 12\"","Material",null,"un",5.0000000000000002E-5,"34,00","0,00"]
["Insumo",10596,"ORSE","Protetor auricular","Material",null,"un",4.4999999999999997E-3,"4,90","0,02"]
["Insumo",2378,"ORSE","Vale transporte","Material",null,"un",7.9750000000000001E-2,"4,50","0,35"]
["Insumo",10362,"ORSE","Seguro de vida e acidente em grupo","Serviços",null,"un",4.4999999999999997E-3,"12,54","0,05"]
[{"$nulls":4},"MO sem LS =>",16.38,"LS =>",0,"MO com LS =>",16.38]
[{"$nulls":4},"Valor do BDI =>",18.510000000000002,null,"Valor com BDI =>",null,103.06]
[{"$nulls":6},"Quant. =>","600,00","Preço Total =>",61836]
[]
[" 6.5.2 ","Código","Banco","Descrição","Tipo",null,"Und","Quant.","Valor Unit","Total"]
["Composição"," 9526 ","ORSE","Gancho curto para perfilado, ( ref.: Mopa ou similar)","Pontos de Suprimento de Energia para Computador",null,"un",1,10.31,10.31]
[null,"Código","Banco","Descrição","Tipo",null,"Und","Quant.","Valor Unit","Total"]
["Insumo","00002436/SINAPI","ORSE","Eletricista (horista)","Mão de Obra",null,"h",0.2,"19,13","3,82"]
["Insumo",3625,"ORSE","Gancho curto para perfilado, ref. Mopa ou similar","Material",null,"un",1,"2,31","2,31"]
["Composição",10552,"ORSE","Encargos Complementares - Eletricista","Provisórios",null,"h",0.2,"3,66","0,73"]
["Composição",10549,"ORSE","Encargos Complementares - Servente","Provisórios",null,"h",0.2,"3,80","0,76"]
["Insumo","00006111/SINAPI","ORSE","Servente de obras (horista)","Mão de Obra",null,"h",0.2,"13,65","2,72"]
["Detalhamento de Cálculo ORSE"]
[null,"Código","Banco","Descrição","Tipo",null,"Und","Quant.","Valor Unit","Total"]
["Insumo",2378,"ORSE","Vale transporte","Material",null,"un",3.1899999999999998E-2,"4,50","0,14"]
["Insumo","00002711/SINAPI","ORSE","Carrinho de mao de aco capacidade 50 a 60 l, pneu com camara","Material",null,"un",4.0000000000000003E-5,"166,00","0,00"]
["Insumo",941,"ORSE","Fardamento com mangas curta","Material",null,"un",5.9999999999999995E-4,"193,41","0,11"]
["Insumo","00012892/SINAPI","ORSE","Luva raspa de couro, cano curto (punho *7* cm)","Material",null,"par",9.2000000000000003E-4,"12,51","0,01"]
["Insumo",10492,"ORSE","Cesta Básica","Material",null,"un",1.8E-3,"190,00","0,34"]
["Insumo",11240,"ORSE","Alicate com isolamento","Material",null,"un",4.0000000000000003E-5,"47,69","0,00"]
["Insumo",11242,"ORSE","Chave inglesa 12\"","Material",null,"un",2.0000000000000002E-5,"34,00","0,00"]
["Insumo",10761,"ORSE","Refeição - café da manhã ( café com leite e dois pães com manteiga)","Serviços",null,"un",4.0719999999999999E-2,"5,00","0,20"]
["Insumo",1651,"ORSE","Óculos branco proteção","Material",null,"pr",3.2000000000000003E-4,"6,70","0,00"]
["Insumo",10517,"ORSE","Exames admissionais/demissionais (checkup)","Serviços",null,"cj",1.6000000000000001E-4,"300,00","0,04"]
["Insumo","00012895/SINAPI","ORSE","Capacete de seguranca aba frontal com suspensao de polietileno, sem jugular (classe b)","Material",null,"un",2.4000000000000001E-4,"13,90","0,00"]
["Insumo",4729,"ORSE","Marreta 1 kg com cabo","Material",null,"un",2.0000000000000002E-5,"37,80","0,00"]
["Insumo",10788,"ORSE","Pá quadrada","Material",null,"un",4.0000000000000003E-5,"36,90","0,00"]
["Insumo",11241,"ORSE","Alicate volt-amperimetro","Material",null,"un",4.0000000000000003E-5,"163,00","0,00"]
["Insumo",10362,"ORSE","Seguro de vida e acidente em grupo","Serviços",null,"un",1.8E-3,"12,54","0,02"]
["Insumo",158,"ORSE","Almoço (Participação do empregador)","Material",null,"un",4.0719999999999999E-2,"14,00","0,57"]
["Insumo","00006111/SINAPI","ORSE","Servente de obras (horista)","Mão de Obra",null,"h",0.2,"13,65","2,72"]
["Insumo","00012894/SINAPI","ORSE","Capa para chuva em pvc com forro de poliester, com capuz (amarela ou azul)","Material",null,"un",8.0000000000000007E-5,"18,07","0,00"]
["Insumo",10596,"ORSE","Protetor auricular","Material",null,"un",1.8E-3,"4,90","0,00"]
["Insumo",10599,"ORSE","Protetor solar fps 30 com 120ml","Material",null,"un",7.2000000000000005E-4,"18,00","0,01"]
["Insumo","00002436/SINAPI","ORSE","Eletricista (horista)","Mão de Obra",null,"h",0.2,"19,13","3,82"]
["Insumo","00012893/SINAPI","ORSE","Bota de seguranca com biqueira de aco e colarinho acolchoado","Material",null,"par",2.9999999999999997E-4,"66,72","0,02"]
["Insumo",10579,"ORSE","Chave de fenda chata 30 cm","Material",null,"un",4.0000000000000003E-5,"26,89","0,00"]
["Insumo",4728,"ORSE","Talhadeira chata 10\"","Material",null,"un",6.0000000000000002E-5,"18,58","0,00"]
["Insumo",3625,"ORSE","Gancho curto para perfilado, ref. Mopa ou similar","Material",null,"un",1,"2,31","2,31"]
[{"$nulls":4},"MO sem LS =>",6.54,"LS =>",0,"MO com LS =>",6.54]
[{"$nulls":4},"Valor do BDI =>",2.25,null,"Valor com BDI =>",null,12.56]
[{"$nulls":6},"Quant. =>","800,00","Preço Total =>",10048]
[]
[" 6.5.3 ","Código","Banco","Descrição","Tipo",null,"Und","Quant.","Valor Unit","Total"]
["Composição"," 723 ","ORSE","Fornecimento e instalação de saída horizontal para eletroduto 3/4\" (ref. vl 33 valemam ou similar)","Pontos de Suprimento de Lógica",null,"un",1,5.86,5.86]
[null,"Código","Banco","Descrição","Tipo",null,"Und","Quant.","Valor Unit","Total"]
["Composição",10552,"ORSE","Encargos Complementares - Eletricista","Provisórios",null,"h",0.06,"3,66","0,21"]
["Insumo",2003,"ORSE","Saída horizontal para eletroduto 3/4\" (ref. vl 33 valemam ou similar)","Material",null,"un",1,"3,50","3,50"]
["Insumo","00006111/SINAPI","ORSE","Servente de obras (horista)","Mão de Obra",null,"h",0.06,"13,65","0,81"]
["Insumo","00002436/SINAPI","ORSE","Eletricista (horista)","Mão de Obra",null,"h",0.06,"19,13","1,14"]
["Composição",10549,"ORSE","Encargos Complementares - Servente","Provisórios",null,"h",0.06,"3,80","0,22"]
["Detalhamento de Cálculo ORSE"]
[null,"Código","Banco","Descrição","Tipo",null,"Und","Quant.","Valor Unit","Total"]
["Insumo",10596,"ORSE","Protetor auricular","Material",null,"un",5.4000000000000001E-4,"4,90","0,00"]
["Insumo",10788,"ORSE","Pá quadrada","Material",null,"un",1.2E-5,"36,90","0,00"]
["Insumo",11241,"ORSE","Alicate volt-amperimetro","Material",null,"un",1.2E-5,"163,00","0,00"]
["Insumo",2003,"ORSE","Saída horizontal para eletroduto 3/4\" (ref. vl 33 valemam ou similar)","Material",null,"un",1,"3,50","3,50"]
["Insumo",10599,"ORSE","Protetor solar fps 30 com 120ml","Material",null,"un",2.1599999999999999E-4,"18,00","0,00"]
["Insumo",10362,"ORSE","Seguro de vida e acidente em grupo","Serviços",null,"un",5.4000000000000001E-4,"12,54","0,00"]
["Insumo",4728,"ORSE","Talhadeira chata 10\"","Material",null,"un",1.8E-5,"18,58","0,00"]
["Insumo",941,"ORSE","Fardamento com mangas curta","Material",null,"un",1.8000000000000001E-4,"193,41","0,03"]
["Insumo","00012895/SINAPI","ORSE","Capacete de seguranca aba frontal com suspensao de polietileno, sem jugular (classe b)","Material",null,"un",7.2000000000000002E-5,"13,90","0,00"]
["Insumo",11242,"ORSE","Chave inglesa 12\"","Material",null,"un",6.0000000000000002E-6,"34,00","0,00"]
["Insumo","00002711/SINAPI","ORSE","Carrinho de mao de aco capacidade 50 a 60 l, pneu com camara","Material",null,"un",1.2E-5,"166,00","0,00"]
["Insumo",10579,"ORSE","Chave de fenda chata 30 cm","Material",null,"un",1.2E-5,"26,89","0,00"]
["Insumo","00012893/SINAPI","ORSE","Bota de seguranca com biqueira de aco e colarinho acolchoado","Material",null,"par",9.0000000000000006E-5,"66,72","0,00"]
["Insumo",11240,"ORSE","Alicate com isolamento","Material",null,"un",1.2E-5,"47,69","0,00"]
["Insumo","00012892/SINAPI","ORSE","Luva raspa de couro, cano curto (punho *7* cm)","Material",null,"par",2.7599999999999999E-4,"12,51","0,00"]
["Insumo",4729,"ORSE","Marreta 1 kg com cabo","Material",null,"un",6.0000000000000002E-6,"37,80","0,00"]
["Insumo",2378,"ORSE","Vale transporte","Material",null,"un",9.5700000000000004E-3,"4,50","0,04"]
["Insumo",10761,"ORSE","Refeição - café da manhã ( café com leite e dois pães com manteiga)","Serviços",null,"un",1.2215999999999999E-2,"5,00","0,06"]
["Insumo","00002436/SINAPI","ORSE","Eletricista (horista)","Mão de Obra",null,"h",0.06,"19,13","1,14"]
["Insumo",1651,"ORSE","Óculos branco proteção","Material",null,"pr",9.6000000000000002E-5,"6,70","0,00"]
["Insumo",158,"ORSE","Almoço (Participação do empregador)","Material",null,"un",1.2215999999999999E-2,"14,00","0,17"]
["Insumo","00006111/SINAPI","ORSE","Servente de obras (horista)","Mão de Obra",null,"h",0.06,"13,65","0,81"]
["Insumo",10492,"ORSE","Cesta Básica","Material",null,"un",5.4000000000000001E-4,"190,00","0,10"]
["Insumo","00012894/SINAPI","ORSE","Capa para chuva em pvc com forro de poliester, com capuz (amarela ou azul)","Material",null,"un",2.4000000000000001E-5,"18,07","0,00"]
["Insumo",10517,"ORSE","Exames admissionais/demissionais (checkup)","Serviços",null,"cj",4.8000000000000001E-5,"300,00","0,01"]
[{"$nulls":4},"MO sem LS =>",1.95,"LS =>",0,"MO com LS =>",1.95]
[{"$nulls":4},"Valor do BDI =>",1.28,null,"Valor com BDI =>",null,7.14]
[{"$nulls":6},"Quant. =>","50,00","Preço Total =>",357]
[]
[" 6.5.4 ","Código","Banco","Descrição","Tipo",null,"Und","Quant.","Valor Unit","Total"]
["Composição"," 724 ","ORSE","Fornecimento e instalação de saída horizontal para eletroduto 1\" (ref. vl 33 valemam ou similar)","Pontos de Suprimento de Lógica",null,"un",1,9.26,9.26]
[null,"Código","Banco","Descrição","Tipo",null,"Und","Quant.","Valor Unit","Total"]
["Composição",10552,"ORSE","Encargos Complementares - Eletricista","Provisórios",null,"h",0.12,"3,66","0,43"]
["Insumo","00002436/SINAPI","ORSE","Eletricista (horista)","Mão de Obra",null,"h",0.12,"19,13","2,29"]
["Composição",10549,"ORSE","Encargos Complementares - Servente","Provisórios",null,"h",0.12,"3,80","0,45"]
["Insumo",2001,"ORSE","Saída horizontal para eletroduto 1\" (ref. vl 33 valemam ou similar)","Material",null,"un",1,"4,50","4,50"]
["Insumo","00006111/SINAPI","ORSE","Servente de obras (horista)","Mão de Obra",null,"h",0.12,"13,65","1,63"]
["Detalhamento de Cálculo ORSE"]
[null,"Código","Banco","Descrição","Tipo",null,"Und","Quant.","Valor Unit","Total"]
["Insumo",941,"ORSE","Fardamento com mangas curta","Material",null,"un",3.6000000000000002E-4,"193,41","0,06"]
["Insumo",10362,"ORSE","Seguro de vida e acidente em grupo","Serviços",null,"un",1.08E-3,"12,54","0,01"]
["Insumo",11241,"ORSE","Alicate volt-amperimetro","Material",null,"un",2.4000000000000001E-5,"163,00","0,00"]
["Insumo",10579,"ORSE","Chave de fenda chata 30 cm","Material",null,"un",2.4000000000000001E-5,"26,89","0,00"]
["Insumo",1651,"ORSE","Óculos branco proteção","Material",null,"pr",1.92E-4,"6,70","0,00"]
["Insumo",4728,"ORSE","Talhadeira chata 10\"","Material",null,"un",3.6000000000000001E-5,"18,58","0,00"]
["Insumo",11242,"ORSE","Chave inglesa 12\"","Material",null,"un",1.2E-5,"34,00","0,00"]
["Insumo","00002711/SINAPI","ORSE","Carrinho de mao de aco capacidade 50 a 60 l, pneu com camara","Material",null,"un",2.4000000000000001E-5,"166,00","0,00"]
["Insumo","00012893/SINAPI","ORSE","Bota de seguranca com biqueira de aco e colarinho acolchoado","Material",null,"par",1.8000000000000001E-4,"66,72","0,01"]
["Insumo","00012895/SINAPI","ORSE","Capacete de seguranca aba frontal com suspensao de polietileno, sem jugular (classe b)","Material",null,"un",1.44E-4,"13,90","0,00"]
["Insumo",11240,"ORSE","Alicate com isolamento","Material",null,"un",2.4000000000000001E-5,"47,69","0,00"]
["Insumo","00012894/SINAPI","ORSE","Capa para chuva em pvc com forro de poliester, com capuz (amarela ou azul)","Material",null,"un",4.8000000000000001E-5,"18,07","0,00"]
["Insumo",10492,"ORSE","Cesta Básica","Material",null,"un",1.08E-3,"190,00","0,20"]
["Insumo",10599,"ORSE","Protetor solar fps 30 com 120ml","Material",null,"un",4.3199999999999998E-4,"18,00","0,00"]
["Insumo",10788,"ORSE","Pá quadrada","Material",null,"un",2.4000000000000001E-5,"36,90","0,00"]
["Insumo",2001,"ORSE","Saída horizontal para eletroduto 1\" (ref. vl 33 valemam ou similar)","Material",null,"un",1,"4,50","4,50"]
["Insumo",4729,"ORSE","Marreta 1 kg com cabo","Material",null,"un",1.2E-5,"37,80","0,00"]
["Insumo",158,"ORSE","Almoço (Participação do empregador)","Material",null,"un",2.4431999999999999E-2,"14,00","0,34"]
["Insumo",10517,"ORSE","Exames admissionais/demissionais (checkup)","Serviços",null,"cj",9.6000000000000002E-5,"300,00","0,02"]
["Insumo",10596,"ORSE","Protetor auricular","Material",null,"un",1.08E-3,"4,90","0,00"]
["Insumo",10761,"ORSE","Refeição - café da manhã ( café com leite e dois pães com manteiga)","Serviços",null,"un",2.4431999999999999E-2,"5,00","0,12"]
["Insumo","00002436/SINAPI","ORSE","Eletricista (horista)","Mão de Obra",null,"h",0.12,"19,13","2,29"]
["Insumo","00012892/SINAPI","ORSE","Luva raspa de couro, cano curto (punho *7* cm)","Material",null,"par",5.5199999999999997E-4,"12,51","0,00"]
["Insumo","00006111/SINAPI","ORSE","Servente de obras (horista)","Mão de Obra",null,"h",0.12,"13,65","1,63"]
["Insumo",2378,"ORSE","Vale transporte","Material",null,"un",1.9140000000000001E-2,"4,50","0,08"]
[{"$nulls":4},"MO sem LS =>",3.92,"LS =>",0,"MO com LS =>",3.92]
[{"$nulls":4},"Valor do BDI =>",2.02,null,"Valor com BDI =>",null,11.28]
[{"$nulls":6},"Quant. =>","100,00","Preço Total =>",1128]
[]
[null,"Código","Banco","Descrição","Tipo",null,"Und","Quant.","Valor Unit","Total"]
["Insumo"," 3630 ","ORSE","Junção interna tipo \"L\" para perfilado, ref. Mopa ou similar","Material",null,"un",1,5.57,5.57]
[{"$nulls":4},"MO sem LS =>",0,"LS =>",0,"MO com LS =>",0]
[{"$nulls":4},"Valor do BDI =>",null,null,"Valor com BDI =>",null,6.37]
[{"$nulls":6},"Quant. =>","15,00","Preço Total =>",95.55]
[]
[" 6.5.6 ","Código","Banco","Descrição","Tipo",null,"Und","Quant.","Valor Unit","Total"]
["Composição"," 12500 ","ORSE","Cantoneira \"ZZ\" para fixação de  perfilado, ref. Mopa ou similar","Pontos de Suprimento de Telefone",null,"un",1,7.03,7.03]
[null,"Código","Banco","Descrição","Tipo",null,"Und","Quant.","Valor Unit","Total"]
["Insumo","00006111/SINAPI","ORSE","Servente de obras (horista)","Mão de Obra",null,"h",0.1,"13,65","1,36"]
["Composição",10552,"ORSE","Encargos Complementares - Eletricista","Provisórios",null,"h",0.1,"3,66","0,36"]
["Composição",10549,"ORSE","Encargos Complementares - Servente","Provisórios",null,"h",0.1,"3,80","0,38"]
["Insumo","00002436/SINAPI","ORSE","Eletricista (horista)","Mão de Obra",null,"h",0.1,"19,13","1,91"]
["Insumo",3631,"ORSE","Cantoneira \"ZZ\" para fixação de  perfilado, ref. Mopa ou similar","Material",null,"un",1,"3,05","3,05"]
["Detalhamento de Cálculo ORSE"]
[null,"Código","Banco","Descrição","Tipo",null,"Und","Quant.","Valor Unit","Total"]
["Insumo",11242,"ORSE","Chave inglesa 12\"","Material",null,"un",1.0000000000000001E-5,"34,00","0,00"]
["Insumo",10596,"ORSE","Protetor auricular","Material",null,"un",8.9999999999999998E-4,"4,90","0,00"]
["Insumo","00012894/SINAPI","ORSE","Capa para chuva em pvc com forro de poliester, com capuz (amarela ou azul)","Material",null,"un",4.0000000000000003E-5,"18,07","0,00"]
["Insumo","00012893/SINAPI","ORSE","Bota de seguranca com biqueira de aco e colarinho acolchoado","Material",null,"par",1.4999999999999999E-4,"66,72","0,01"]
["Insumo",4729,"ORSE","Marreta 1 kg com cabo","Material",null,"un",1.0000000000000001E-5,"37,80","0,00"]
["Insumo",10492,"ORSE","Cesta Básica","Material",null,"un",8.9999999999999998E-4,"190,00","0,17"]
["Insumo",10362,"ORSE","Seguro de vida e acidente em grupo","Serviços",null,"un",8.9999999999999998E-4,"12,54","0,01"]
["Insumo",11241,"ORSE","Alicate volt-amperimetro","Material",null,"un",2.0000000000000002E-5,"163,00","0,00"]
["Insumo",10599,"ORSE","Protetor solar fps 30 com 120ml","Material",null,"un",3.6000000000000002E-4,"18,00","0,00"]
["Insumo","00002436/SINAPI","ORSE","Eletricista (horista)","Mão de Obra",null,"h",0.1,"19,13","1,91"]
["Insumo","00012895/SINAPI","ORSE","Capacete de seguranca aba frontal com suspensao de polietileno, sem jugular (classe b)","Material",null,"un",1.2E-4,"13,90","0,00"]
["Insumo",4728,"ORSE","Talhadeira chata 10\"","Material",null,"un",3.0000000000000001E-5,"18,58","0,00"]
["Insumo",941,"ORSE","Fardamento com mangas curta","Material",null,"un",2.9999999999999997E-4,"193,41","0,05"]
["Insumo",10517,"ORSE","Exames admissionais/demissionais (checkup)","Serviços",null,"cj",8.0000000000000007E-5,"300,00","0,02"]
["Insumo",10761,"ORSE","Refeição - café da manhã ( café com leite e dois pães com manteiga)","Serviços",null,"un",2.036E-2,"5,00","0,10"]
["Insumo","00002711/SINAPI","ORSE","Carrinho de mao de aco capacidade 50 a 60 l, pneu com camara","Material",null,"un",2.0000000000000002E-5,"166,00","0,00"]
["Insumo",11240,"ORSE","Alicate com isolamento","Material",null,"un",2.0000000000000002E-5,"47,69","0,00"]
["Insumo","00012892/SINAPI","ORSE","Luva raspa de couro, cano curto (punho *7* cm)","Material",null,"par",4.6000000000000001E-4,"12,51","0,00"]
["Insumo",2378,"ORSE","Vale transporte","Material",null,"un",1.5949999999999999E-2,"4,50","0,07"]
["Insumo",10788,"ORSE","Pá quadrada","Material",null,"un",2.0000000000000002E-5,"36,90","0,00"]
["Insumo",1651,"ORSE","Óculos branco proteção","Material",null,"pr",1.6000000000000001E-4,"6,70","0,00"]
["Insumo",3631,"ORSE","Cantoneira \"ZZ\" para fixação de  perfilado, ref. Mopa ou similar","Material",null,"un",1,"3,05","3,05"]
["Insumo",158,"ORSE","Almoço (Participação do empregador)","Material",null,"un",2.036E-2,"14,00","0,28"]
["Insumo",10579,"ORSE","Chave de fenda chata 30 cm","Material",null,"un",2.0000000000000002E-5,"26,89","0,00"]
["Insumo","00006111/SINAPI","ORSE","Servente de obras (horista)","Mão de Obra",null,"h",0.1,"13,65","1,36"]
[{"$nulls":4},"MO sem LS =>",3.27,"LS =>",0,"MO com LS =>",3.27]
[{"$nulls":4},"Valor do BDI =>",1.53,null,"Valor com BDI =>",null,8.56]
[{"$nulls":6},"Quant. =>","800,00","Preço Total =>",6848]
[]
[" 6.5.7 ","Código","Banco","Descrição","Tipo",null,"Und","Quant.","Valor Unit","Total"]
["Composição"," 9667 ","ORSE","Emenda externa, para perfilado tipo \"X\", 38 x 38 mm, ref. CKP 119 ou similar","Pontos de Suprimento de Energia para Computador",null,"un",1,11.18,11.18]
[null,"Código","Banco","Descrição","Tipo",null,"Und","Quant.","Valor Unit","Total"]
["Insumo","00002436/SINAPI","ORSE","Eletricista (horista)","Mão de Obra",null,"h",0.2,"19,13","3,82"]
["Insumo","00006111/SINAPI","ORSE","Servente de obras (horista)","Mão de Obra",null,"h",0.2,"13,65","2,72"]
["Composição",10549,"ORSE","Encargos Complementares - Servente","Provisórios",null,"h",0.2,"3,80","0,76"]
["Insumo",10045,"ORSE","Emenda externa, para perfilado tipo \"X\", 38 x 38 mm, ref. CKP 119 ou similar","Material",null,"un",1,"3,18","3,18"]
["Composição",10552,"ORSE","Encargos Complementares - Eletricista","Provisórios",null,"h",0.2,"3,66","0,73"]
["Detalhamento de Cálculo ORSE"]
[null,"Código","Banco","Descrição","Tipo",null,"Und","Quant.","Valor Unit","Total"]
["Insumo","00012893/SINAPI","ORSE","Bota de seguranca com biqueira de aco e colarinho acolchoado","Material",null,"par",2.9999999999999997E-4,"66,72","0,02"]
["Insumo","00012895/SINAPI","ORSE","Capacete de seguranca aba frontal com suspensao de polietileno, sem jugular (classe b)","Material",null,"un",2.4000000000000001E-4,"13,90","0,00"]
["Insumo",1651,"ORSE","Óculos branco proteção","Material",null,"pr",3.2000000000000003E-4,"6,70","0,00"]
["Insumo",10761,"ORSE","Refeição - café da manhã ( café com leite e dois pães com manteiga)","Serviços",null,"un",4.0719999999999999E-2,"5,00","0,20"]
["Insumo",10045,"ORSE","Emenda externa, para perfilado tipo \"X\", 38 x 38 mm, ref. CKP 119 ou similar","Material",null,"un",1,"3,18","3,18"]
["Insumo",10788,"ORSE","Pá quadrada","Material",null,"un",4.0000000000000003E-5,"36,90","0,00"]
["Insumo",11240,"ORSE","Alicate com isolamento","Material",null,"un",4.0000000000000003E-5,"47,69","0,00"]
["Insumo",10599,"ORSE","Protetor solar fps 30 com 120ml","Material",null,"un",7.2000000000000005E-4,"18,00","0,01"]
["Insumo",2378,"ORSE","Vale transporte","Material",null,"un",3.1899999999999998E-2,"4,50","0,14"]
["Insumo","00012894/SINAPI","ORSE","Capa para chuva em pvc com forro de poliester, com capuz (amarela ou azul)","Material",null,"un",8.0000000000000007E-5,"18,07","0,00"]
["Insumo",10579,"ORSE","Chave de fenda chata 30 cm","Material",null,"un",4.0000000000000003E-5,"26,89","0,00"]
["Insumo",10517,"ORSE","Exames admissionais/demissionais (checkup)","Serviços",null,"cj",1.6000000000000001E-4,"300,00","0,04"]
["Insumo",11241,"ORSE","Alicate volt-amperimetro","Material",null,"un",4.0000000000000003E-5,"163,00","0,00"]
["Insumo",4728,"ORSE","Talhadeira chata 10\"","Material",null,"un",6.0000000000000002E-5,"18,58","0,00"]
["Insumo",10492,"ORSE","Cesta Básica","Material",null,"un",1.8E-3,"190,00","0,34"]
["Insumo",10362,"ORSE","Seguro de vida e acidente em grupo","Serviços",null,"un",1.8E-3,"12,54","0,02"]
["Insumo",11242,"ORSE","Chave inglesa 12\"","Material",null,"un",2.0000000000000002E-5,"34,00","0,00"]
["Insumo",158,"ORSE","Almoço (Participação do empregador)","Material",null,"un",4.0719999999999999E-2,"14,00","0,57"]
["Insumo",10596,"ORSE","Protetor auricular","Material",null,"un",1.8E-3,"4,90","0,00"]
["Insumo","00012892/SINAPI","ORSE","Luva raspa de couro, cano curto (punho *7* cm)","Material",null,"par",9.2000000000000003E-4,"12,51","0,01"]
["Insumo","00002436/SINAPI","ORSE","Eletricista (horista)","Mão de Obra",null,"h",0.2,"19,13","3,82"]
["Insumo",941,"ORSE","Fardamento com mangas curta","Material",null,"un",5.9999999999999995E-4,"193,41","0,11"]
["Insumo",4729,"ORSE","Marreta 1 kg com cabo","Material",null,"un",2.0000000000000002E-5,"37,80","0,00"]
["Insumo","00002711/SINAPI","ORSE","Carrinho de mao de aco capacidade 50 a 60 l, pneu com camara","Material",null,"un",4.0000000000000003E-5,"166,00","0,00"]
["Insumo","00006111/SINAPI","ORSE","Servente de obras (horista)","Mão de Obra",null,"h",0.2,"13,65","2,72"]
[{"$nulls":4},"MO sem LS =>",6.54,"LS =>",0,"MO com LS =>",6.54]
[{"$nulls":4},"Valor do BDI =>",2.44,null,"Valor com BDI =>",null,13.62]
[{"$nulls":6},"Quant. =>","300,00","Preço Total =>",4086]
[]
[" 6.5.8 ","Código","Banco","Descrição","Tipo",null,"Und","Quant.","Valor Unit","Total"]
["Composição"," 91863 ","SINAPI","ELETRODUTO RÍGIDO ROSCÁVEL, PVC, DN 25 MM (3/4\"), PARA CIRCUITOS TERMINAIS, INSTALADO EM FORRO - FORNECIMENTO E INSTALAÇÃO. AF_03/2023","INEL - INSTALAÇÃO ELÉTRICA/ELETRIFICAÇÃO E ILUMINAÇÃO EXTERNA",null,"M",1,11.49,11.49]
["Composição Auxiliar"," 88247 ","SINAPI","AUXILIAR DE ELETRICISTA COM ENCARGOS COMPLEMENTARES","SEDI - SERVIÇOS DIVERSOS",null,"H",0.11899999999999999,21.44,2.5499999999999998]
["Composição Auxiliar"," 88264 ","SINAPI","ELETRICISTA COM ENCARGOS COMPLEMENTARES","SEDI - SERVIÇOS DIVERSOS",null,"H",0.11899999999999999,27.89,3.31]
["Insumo"," 00002674 ","SINAPI","ELETRODUTO DE PVC RIGIDO ROSCAVEL DE 3/4 \", SEM LUVA","Material",null,"M",1.0169999999999999,5.54,5.63]
[{"$nulls":4},"MO sem LS =>",4.8099999999999996,"LS =>",0,"MO com LS =>",4.8099999999999996]
[{"$nulls":4},"Valor do BDI =>",2.5099999999999998,null,"Valor com BDI =>",null,14]
[{"$nulls":6},"Quant. =>","300,00","Preço Total =>",4200]
[]
[" 6.5.9 ","Código","Banco","Descrição","Tipo",null,"Und","Quant.","Valor Unit","Total"]
["Composição"," 91914 ","SINAPI","CURVA 90 GRAUS PARA ELETRODUTO, PVC, ROSCÁVEL, DN 25 MM (3/4\"), PARA CIRCUITOS TERMINAIS, INSTALADA EM PAREDE - FORNECIMENTO E INSTALAÇÃO. AF_03/2023","INEL - INSTALAÇÃO ELÉTRICA/ELETRIFICAÇÃO E ILUMINAÇÃO EXTERNA",null,"UN",1,17.579999999999998,17.579999999999998]
["Composição Auxiliar"," 88264 ","SINAPI","ELETRICISTA COM ENCARGOS COMPLEMENTARES","SEDI - SERVIÇOS DIVERSOS",null,"H",0.29499999999999998,27.89,8.2200000000000006]
["Composição Auxiliar"," 88247 ","SINAPI","AUXILIAR DE ELETRICISTA COM ENCARGOS COMPLEMENTARES","SEDI - SERVIÇOS DIVERSOS",null,"H",0.29499999999999998,21.44,6.32]
["Insumo"," 00001879 ","SINAPI","CURVA 90 GRAUS, LONGA, DE PVC RIGIDO ROSCAVEL, DE 3/4\", PARA ELETRODUTO","Material",null,"UN",1,3.04,3.04]
[{"$nulls":4},"MO sem LS =>",11.93,"LS =>",0,"MO com LS =>",11.93]
[{"$nulls":4},"Valor do BDI =>",3.85,null,"Valor com BDI =>",null,21.43]
[{"$nulls":6},"Quant. =>","150,00","Preço Total =>",3214.5]
[]
[" 6.5.10 ","Código","Banco","Descrição","Tipo",null,"Und","Quant.","Valor Unit","Total"]
["Composição"," 91875 ","SINAPI","LUVA PARA ELETRODUTO, PVC, ROSCÁVEL, DN 25 MM (3/4\"), PARA CIRCUITOS TERMINAIS, INSTALADA EM FORRO - FORNECIMENTO E INSTALAÇÃO. AF_03/2023","INEL - INSTALAÇÃO ELÉTRICA/ELETRIFICAÇÃO E ILUMINAÇÃO EXTERNA",null,"UN",1,8.07,8.07]
["Composição Auxiliar"," 88247 ","SINAPI","AUXILIAR DE ELETRICISTA COM ENCARGOS COMPLEMENTARES","SEDI - SERVIÇOS DIVERSOS",null,"H",0.13700000000000001,21.44,2.93]
["Composição Auxiliar"," 88264 ","SINAPI","ELETRICISTA COM ENCARGOS COMPLEMENTARES","SEDI - SERVIÇOS DIVERSOS",null,"H",0.13700000000000001,27.89,3.82]
["Insumo"," 00001891 ","SINAPI","LUVA EM PVC RIGIDO ROSCAVEL, DE 3/4\", PARA ELETRODUTO","Material",null,"UN",1,1.32,1.32]
[{"$nulls":4},"MO sem LS =>",5.54,"LS =>",0,"MO com LS =>",5.54]
[{"$nulls":4},"Valor do BDI =>",1.76,null,"Valor com BDI =>",null,9.83]
[{"$nulls":6},"Quant. =>","50,00","Preço Total =>",491.5]
[]
[null,"Código","Banco","Descrição","Tipo",null,"Und","Quant.","Valor Unit","Total"]
["Insumo"," 00039138 ","SINAPI","ABRACADEIRA EM ACO PARA AMARRACAO DE ELETRODUTOS, TIPO U SIMPLES, COM 3/4\"","Material",null,"UN",1,1.27,1.27]
[{"$nulls":4},"MO sem LS =>",0,"LS =>",0,"MO com LS =>",0]
[{"$nulls":4},"Valor do BDI =>",null,null,"Valor com BDI =>",null,1.45]
[{"$nulls":6},"Quant. =>","350,00","Preço Total =>",507.5]
[]
[" 6.5.12 ","Código","Banco","Descrição","Tipo",null,"Und","Quant.","Valor Unit","Total"]
["Composição"," 9519 ","ORSE","Tala plana perfurada 100mm para eletrocalha metálica (ref.: mopa ou similar) - Rev 01","Pontos de Suprimento de Energia para Computador",null,"un",1,8.7799999999999994,8.7799999999999994]
[null,"Código","Banco","Descrição","Tipo",null,"Und","Quant.","Valor Unit","Total"]
["Insumo","00002436/SINAPI","ORSE","Eletricista (horista)","Mão de Obra",null,"h",0.1,"19,13","1,91"]
["Composição",10549,"ORSE","Encargos Complementares - Servente","Provisórios",null,"h",0.1,"3,80","0,38"]
["Insumo",9704,"ORSE","Tala plana perfurada 100mm","Material",null,"un",1,"4,80","4,80"]
["Composição",10552,"ORSE","Encargos Complementares - Eletricista","Provisórios",null,"h",0.1,"3,66","0,36"]
["Insumo","00006111/SINAPI","ORSE","Servente de obras (horista)","Mão de Obra",null,"h",0.1,"13,65","1,36"]
["Detalhamento de Cálculo ORSE"]
[null,"Código","Banco","Descrição","Tipo",null,"Und","Quant.","Valor Unit","Total"]
["Insumo",11240,"ORSE","Alicate com isolamento","Material",null,"un",2.0000000000000002E-5,"47,69","0,00"]
["Insumo",10596,"ORSE","Protetor auricular","Material",null,"un",8.9999999999999998E-4,"4,90","0,00"]
["Insumo","00012894/SINAPI","ORSE","Capa para chuva em pvc com forro de poliester, com capuz (amarela ou azul)","Material",null,"un",4.0000000000000003E-5,"18,07","0,00"]
["Insumo",1651,"ORSE","Óculos branco proteção","Material",null,"pr",1.6000000000000001E-4,"6,70","0,00"]
["Insumo","00012893/SINAPI","ORSE","Bota de seguranca com biqueira de aco e colarinho acolchoado","Material",null,"par",1.4999999999999999E-4,"66,72","0,01"]
["Insumo",10761,"ORSE","Refeição - café da manhã ( café com leite e dois pães com manteiga)","Serviços",null,"un",2.036E-2,"5,00","0,10"]
["Insumo",4729,"ORSE","Marreta 1 kg com cabo","Material",null,"un",1.0000000000000001E-5,"37,80","0,00"]
["Insumo",10599,"ORSE","Protetor solar fps 30 com 120ml","Material",null,"un",3.6000000000000002E-4,"18,00","0,00"]
["Insumo",10517,"ORSE","Exames admissionais/demissionais (checkup)","Serviços",null,"cj",8.0000000000000007E-5,"300,00","0,02"]
["Insumo",10362,"ORSE","Seguro de vida e acidente em grupo","Serviços",null,"un",8.9999999999999998E-4,"12,54","0,01"]
["Insumo",2378,"ORSE","Vale transporte","Material",null,"un",1.5949999999999999E-2,"4,50","0,07"]
["Insumo","00002436/SINAPI","ORSE","Eletricista (horista)","Mão de Obra",null,"h",0.1,"19,13","1,91"]
["Insumo","00006111/SINAPI","ORSE","Servente de obras (horista)","Mão de Obra",null,"h",0.1,"13,65","1,36"]
["Insumo",4728,"ORSE","Talhadeira chata 10\"","Material",null,"un",3.0000000000000001E-5,"18,58","0,00"]
["Insumo","00002711/SINAPI","ORSE","Carrinho de mao de aco capacidade 50 a 60 l, pneu com camara","Material",null,"un",2.0000000000000002E-5,"166,00","0,00"]
["Insumo",9704,"ORSE","Tala plana perfurada 100mm","Material",null,"un",1,"4,80","4,80"]
["Insumo",10788,"ORSE","Pá quadrada","Material",null,"un",2.0000000000000002E-5,"36,90","0,00"]
["Insumo",158,"ORSE","Almoço (Participação do empregador)","Material",null,"un",2.036E-2,"14,00","0,28"]
["Insumo","00012892/SINAPI","ORSE","Luva raspa de couro, cano curto (punho *7* cm)","Material",null,"par",4.6000000000000001E-4,"12,51","0,00"]
["Insumo",10492,"ORSE","Cesta Básica","Material",null,"un",8.9999999999999998E-4,"190,00","0,17"]
["Insumo",11241,"ORSE","Alicate volt-amperimetro","Material",null,"un",2.0000000000000002E-5,"163,00","0,00"]
["Insumo","00012895/SINAPI","ORSE","Capacete de seguranca aba frontal com suspensao de polietileno, sem jugular (classe b)","Material",null,"un",1.2E-4,"13,90","0,00"]
["Insumo",941,"ORSE","Fardamento com mangas curta","Material",null,"un",2.9999999999999997E-4,"193,41","0,05"]
["Insumo",11242,"ORSE","Chave inglesa 12\"","Material",null,"un",1.0000000000000001E-5,"34,00","0,00"]
["Insumo",10579,"ORSE","Chave de fenda chata 30 cm","Material",null,"un",2.0000000000000002E-5,"26,89","0,00"]
[{"$nulls":4},"MO sem LS =>",3.27,"LS =>",0,"MO com LS =>",3.27]
[{"$nulls":4},"Valor do BDI =>",1.92,null,"Valor com BDI =>",null,10.7]
[{"$nulls":6},"Quant. =>","160,00","Preço Total =>",1712]
[]
[" 6.5.13 ","Código","Banco","Descrição","Tipo",null,"Und","Quant.","Valor Unit","Total"]
["Composição"," 12805 ","ORSE","Flange 300x100mm para eletrocalha metálica (ref. Mopa ou similar)","Pontos de Suprimento de Energia para Computador",null,"un",1,39.700000000000003,39.700000000000003]
[null,"Código","Banco","Descrição","Tipo",null,"Und","Quant.","Valor Unit","Total"]
["Insumo","00002436/SINAPI","ORSE","Eletricista (horista)","Mão de Obra",null,"h",0.2,"19,13","3,82"]
["Insumo","00006111/SINAPI","ORSE","Servente de obras (horista)","Mão de Obra",null,"h",0.2,"13,65","2,72"]
["Insumo",4108,"ORSE","Flange 300 x 100mm para eletrocalha metálica (ref. Mopa ou similar)","Material",null,"un",1,"31,70","31,70"]
["Composição",10549,"ORSE","Encargos Complementares - Servente","Provisórios",null,"h",0.2,"3,80","0,76"]
["Composição",10552,"ORSE","Encargos Complementares - Eletricista","Provisórios",null,"h",0.2,"3,66","0,73"]
["Detalhamento de Cálculo ORSE"]
[null,"Código","Banco","Descrição","Tipo",null,"Und","Quant.","Valor Unit","Total"]
["Insumo","00012893/SINAPI","ORSE","Bota de seguranca com biqueira de aco e colarinho acolchoado","Material",null,"par",2.9999999999999997E-4,"66,72","0,02"]
["Insumo","00012894/SINAPI","ORSE","Capa para chuva em pvc com forro de poliester, com capuz (amarela ou azul)","Material",null,"un",8.0000000000000007E-5,"18,07","0,00"]
["Insumo","00012892/SINAPI","ORSE","Luva raspa de couro, cano curto (punho *7* cm)","Material",null,"par",9.2000000000000003E-4,"12,51","0,01"]
["Insumo",2378,"ORSE","Vale transporte","Material",null,"un",3.1899999999999998E-2,"4,50","0,14"]
["Insumo","00012895/SINAPI","ORSE","Capacete de seguranca aba frontal com suspensao de polietileno, sem jugular (classe b)","Material",null,"un",2.4000000000000001E-4,"13,90","0,00"]
["Insumo",11241,"ORSE","Alicate volt-amperimetro","Material",null,"un",4.0000000000000003E-5,"163,00","0,00"]
["Insumo",10517,"ORSE","Exames admissionais/demissionais (checkup)","Serviços",null,"cj",1.6000000000000001E-4,"300,00","0,04"]
["Insumo",10596,"ORSE","Protetor auricular","Material",null,"un",1.8E-3,"4,90","0,00"]
["Insumo",4728,"ORSE","Talhadeira chata 10\"","Material",null,"un",6.0000000000000002E-5,"18,58","0,00"]
["Insumo","00002436/SINAPI","ORSE","Eletricista (horista)","Mão de Obra",null,"h",0.2,"19,13","3,82"]
["Insumo",10492,"ORSE","Cesta Básica","Material",null,"un",1.8E-3,"190,00","0,34"]
["Insumo",4729,"ORSE","Marreta 1 kg com cabo","Material",null,"un",2.0000000000000002E-5,"37,80","0,00"]
["Insumo",10761,"ORSE","Refeição - café da manhã ( café com leite e dois pães com manteiga)","Serviços",null,"un",4.0719999999999999E-2,"5,00","0,20"]
["Insumo",941,"ORSE","Fardamento com mangas curta","Material",null,"un",5.9999999999999995E-4,"193,41","0,11"]
["Insumo",11242,"ORSE","Chave inglesa 12\"","Material",null,"un",2.0000000000000002E-5,"34,00","0,00"]
["Insumo","00006111/SINAPI","ORSE","Servente de obras (horista)","Mão de Obra",null,"h",0.2,"13,65","2,72"]
["Insumo",10362,"ORSE","Seguro de vida e acidente em grupo","Serviços",null,"un",1.8E-3,"12,54","0,02"]
["Insumo",11240,"ORSE","Alicate com isolamento","Material",null,"un",4.0000000000000003E-5,"47,69","0,00"]
["Insumo",10599,"ORSE","Protetor solar fps 30 com 120ml","Material",null,"un",7.2000000000000005E-4,"18,00","0,01"]
["Insumo",4108,"ORSE","Flange 300 x 100mm para eletrocalha metálica (ref. Mopa ou similar)","Material",null,"un",1,"31,70","31,70"]
["Insumo",10579,"ORSE","Chave de fenda chata 30 cm","Material",null,"un",4.0000000000000003E-5,"26,89","0,00"]
["Insumo","00002711/SINAPI","ORSE","Carrinho de mao de aco capacidade 50 a 60 l, pneu com camara","Material",null,"un",4.0000000000000003E-5,"166,00","0,00"]
["Insumo",10788,"ORSE","Pá quadrada","Material",null,"un",4.0000000000000003E-5,"36,90","0,00"]
["Insumo",158,"ORSE","Almoço (Participação do empregador)","Material",null,"un",4.0719999999999999E-2,"14,00","0,57"]
["Insumo",1651,"ORSE","Óculos branco proteção","Material",null,"pr",3.2000000000000003E-4,"6,70","0,00"]
[{"$nulls":4},"MO sem LS =>",6.54,"LS =>",0,"MO com LS =>",6.54]
[{"$nulls":4},"Valor do BDI =>",8.69,null,"Valor com BDI =>",null,48.39]
[{"$nulls":6},"Quant. =>","40,00","Preço Total =>",1935.6]
[]
[" 6.5.14 ","Código","Banco","Descrição","Tipo",null,"Und","Quant.","Valor Unit","Total"]
["Composição"," 91953 ","SINAPI","INTERRUPTOR SIMPLES (1 MÓDULO), 10A/250V, INCLUINDO SUPORTE E PLACA - FORNECIMENTO E INSTALAÇÃO. AF_03/2023","INEL - INSTALAÇÃO ELÉTRICA/ELETRIFICAÇÃO E ILUMINAÇÃO EXTERNA",null,"UN",1,29.84,29.84]
["Composição Auxiliar"," 91952 ","SINAPI","INTERRUPTOR SIMPLES (1 MÓDULO), 10A/250V, SEM SUPORTE E SEM PLACA - FORNECIMENTO E INSTALAÇÃO. AF_03/2023","INEL - INSTALAÇÃO ELÉTRICA/ELETRIFICAÇÃO E ILUMINAÇÃO EXTERNA",null,"UN",1,18.8,18.8]
["Composição Auxiliar"," 91946 ","SINAPI","SUPORTE PARAFUSADO COM PLACA DE ENCAIXE 4\" X 2\" MÉDIO (1,30 M DO PISO) PARA PONTO ELÉTRICO - FORNECIMENTO E INSTALAÇÃO. AF_03/2023","INEL - INSTALAÇÃO ELÉTRICA/ELETRIFICAÇÃO E ILUMINAÇÃO EXTERNA",null,"UN",1,11.04,11.04]
[{"$nulls":4},"MO sem LS =>",14.55,"LS =>",0,"MO com LS =>",14.55]
[{"$nulls":4},"Valor do BDI =>",6.53,null,"Valor com BDI =>",null,36.369999999999997]
[{"$nulls":6},"Quant. =>","25,00","Preço Total =>",909.25]
[]
[" 6.5.15 ","Código","Banco","Descrição","Tipo",null,"Und","Quant.","Valor Unit","Total"]
["Composição"," 91996 ","SINAPI","TOMADA MÉDIA DE EMBUTIR (1 MÓDULO), 2P+T 10 A, INCLUINDO SUPORTE E PLACA - FORNECIMENTO E INSTALAÇÃO. AF_03/2023","INEL - INSTALAÇÃO ELÉTRICA/ELETRIFICAÇÃO E ILUMINAÇÃO EXTERNA",null,"UN",1,35.04,35.04]
["Composição Auxiliar"," 91994 ","SINAPI","TOMADA MÉDIA DE EMBUTIR (1 MÓDULO), 2P+T 10 A, SEM SUPORTE E SEM PLACA - FORNECIMENTO E INSTALAÇÃO. AF_03/2023","INEL - INSTALAÇÃO ELÉTRICA/ELETRIFICAÇÃO E ILUMINAÇÃO EXTERNA",null,"UN",1,24,24]
["Composição Auxiliar"," 91946 ","SINAPI","SUPORTE PARAFUSADO COM PLACA DE ENCAIXE 4\" X 2\" MÉDIO (1,30 M DO PISO) PARA PONTO ELÉTRICO - FORNECIMENTO E INSTALAÇÃO. AF_03/2023","INEL - INSTALAÇÃO ELÉTRICA/ELETRIFICAÇÃO E ILUMINAÇÃO EXTERNA",null,"UN",1,11.04,11.04]
[{"$nulls":4},"MO sem LS =>",17.989999999999998,"LS =>",0,"MO com LS =>",17.989999999999998]
[{"$nulls":4},"Valor do BDI =>",7.67,null,"Valor com BDI =>",null,42.71]
[{"$nulls":6},"Quant. =>","60,00","Preço Total =>",2562.6]
[]
[" 6.5.16 ","Código","Banco","Descrição","Tipo",null,"Und","Quant.","Valor Unit","Total"]
["Composição"," 91997 ","SINAPI","TOMADA MÉDIA DE EMBUTIR (1 MÓDULO), 2P+T 20 A, INCLUINDO SUPORTE E PLACA - FORNECIMENTO E INSTALAÇÃO. AF_03/2023","INEL - INSTALAÇÃO ELÉTRICA/ELETRIFICAÇÃO E ILUMINAÇÃO EXTERNA",null,"UN",1,37.380000000000003,37.380000000000003]
["Composição Auxiliar"," 91946 ","SINAPI","SUPORTE PARAFUSADO COM PLACA DE ENCAIXE 4\" X 2\" MÉDIO (1,30 M DO PISO) PARA PONTO ELÉTRICO - FORNECIMENTO E INSTALAÇÃO. AF_03/2023","INEL - INSTALAÇÃO ELÉTRICA/ELETRIFICAÇÃO E ILUMINAÇÃO EXTERNA",null,"UN",1,11.04,11.04]
["Composição Auxiliar"," 91995 ","SINAPI","TOMADA MÉDIA DE EMBUTIR (1 MÓDULO), 2P+T 20 A, SEM SUPORTE E SEM PLACA - FORNECIMENTO E INSTALAÇÃO. AF_03/2023","INEL - INSTALAÇÃO ELÉTRICA/ELETRIFICAÇÃO E ILUMINAÇÃO EXTERNA",null,"UN",1,26.34,26.34]
[{"$nulls":4},"MO sem LS =>",17.989999999999998,"LS =>",0,"MO com LS =>",17.989999999999998]
[{"$nulls":4},"Valor do BDI =>",8.18,null,"Valor com BDI =>",null,45.56]
[{"$nulls":6},"Quant. =>","10,00","Preço Total =>",455.6]
[]
[" 6.5.17 ","Código","Banco","Descrição","Tipo",null,"Und","Quant.","Valor Unit","Total"]
["Composição"," 91940 ","SINAPI","CAIXA RETANGULAR 4\" X 2\" MÉDIA (1,30 M DO PISO), PVC, INSTALADA EM PAREDE - FORNECIMENTO E INSTALAÇÃO. AF_03/2023","INEL - INSTALAÇÃO ELÉTRICA/ELETRIFICAÇÃO E ILUMINAÇÃO EXTERNA",null,"UN",1,17.71,17.71]
["Composição Auxiliar"," 88629 ","SINAPI","ARGAMASSA TRAÇO 1:3 (EM VOLUME DE CIMENTO E AREIA MÉDIA ÚMIDA), PREPARO MANUAL. AF_08/2019","SEDI - SERVIÇOS DIVERSOS",null,"m³",8.9999999999999998E-4,839.39,0.75]
["Composição Auxiliar"," 88264 ","SINAPI","ELETRICISTA COM ENCARGOS COMPLEMENTARES","SEDI - SERVIÇOS DIVERSOS",null,"H",0.29099999999999998,27.89,8.11]
["Composição Auxiliar"," 88247 ","SINAPI","AUXILIAR DE ELETRICISTA COM ENCARGOS COMPLEMENTARES","SEDI - SERVIÇOS DIVERSOS",null,"H",0.29099999999999998,21.44,6.23]
["Insumo"," 00001872 ","SINAPI","CAIXA DE PASSAGEM, EM PVC, DE 4\" X 2\", PARA ELETRODUTO FLEXIVEL CORRUGADO","Material",null,"UN",1,2.62,2.62]
[{"$nulls":4},"MO sem LS =>",11.87,"LS =>",0,"MO com LS =>",11.87]
[{"$nulls":4},"Valor do BDI =>",3.87,null,"Valor com BDI =>",null,21.58]
[{"$nulls":6},"Quant. =>","70,00","Preço Total =>",1510.6]
[]
[" 6.5.18 ","Código","Banco","Descrição","Tipo",null,"Und","Quant.","Valor Unit","Total"]
["Composição"," 714 ","ORSE","Fornecimento e instalação de espelho para caixa vertical 4\" x 2\" com 02 saídas rj-45 (krone ou similar)","Pontos de Suprimento de Lógica",null,"un",1,5.95,5.95]
[null,"Código","Banco","Descrição","Tipo",null,"Und","Quant.","Valor Unit","Total"]
["Insumo","00006111/SINAPI","ORSE","Servente de obras (horista)","Mão de Obra",null,"h",0.15,"13,65","2,04"]
["Insumo",921,"ORSE","Espelho para caixa vertical 4\"x2\", com 02 saídas rj-45 (krone ou similar)","Material",null,"un",1,"3,40","3,40"]
["Composição",10549,"ORSE","Encargos Complementares - Servente","Provisórios",null,"h",0.15,"3,80","0,57"]
["Detalhamento de Cálculo ORSE"]
[null,"Código","Banco","Descrição","Tipo",null,"Und","Quant.","Valor Unit","Total"]
["Insumo",10362,"ORSE","Seguro de vida e acidente em grupo","Serviços",null,"un",6.7500000000000004E-4,"12,54","0,00"]
["Insumo",10596,"ORSE","Protetor auricular","Material",null,"un",6.7500000000000004E-4,"4,90","0,00"]
["Insumo","00012893/SINAPI","ORSE","Bota de seguranca com biqueira de aco e colarinho acolchoado","Material",null,"par",1.2E-4,"66,72","0,00"]
["Insumo","00002711/SINAPI","ORSE","Carrinho de mao de aco capacidade 50 a 60 l, pneu com camara","Material",null,"un",3.0000000000000001E-5,"166,00","0,00"]
["Insumo",158,"ORSE","Almoço (Participação do empregador)","Material",null,"un",1.5270000000000001E-2,"14,00","0,21"]
["Insumo",1651,"ORSE","Óculos branco proteção","Material",null,"pr",1.2E-4,"6,70","0,00"]
["Insumo","00012892/SINAPI","ORSE","Luva raspa de couro, cano curto (punho *7* cm)","Material",null,"par",3.4499999999999998E-4,"12,51","0,00"]
["Insumo","00006111/SINAPI","ORSE","Servente de obras (horista)","Mão de Obra",null,"h",0.15,"13,65","2,04"]
["Insumo","00012894/SINAPI","ORSE","Capa para chuva em pvc com forro de poliester, com capuz (amarela ou azul)","Material",null,"un",3.0000000000000001E-5,"18,07","0,00"]
["Insumo",10517,"ORSE","Exames admissionais/demissionais (checkup)","Serviços",null,"cj",6.0000000000000002E-5,"300,00","0,01"]
["Insumo","00012895/SINAPI","ORSE","Capacete de seguranca aba frontal com suspensao de polietileno, sem jugular (classe b)","Material",null,"un",9.0000000000000006E-5,"13,90","0,00"]
["Insumo",941,"ORSE","Fardamento com mangas curta","Material",null,"un",2.2499999999999999E-4,"193,41","0,04"]
["Insumo",2378,"ORSE","Vale transporte","Material",null,"un",1.4115000000000001E-2,"4,50","0,06"]
["Insumo",10599,"ORSE","Protetor solar fps 30 com 120ml","Material",null,"un",2.7E-4,"18,00","0,00"]
["Insumo",4729,"ORSE","Marreta 1 kg com cabo","Material",null,"un",1.5E-5,"37,80","0,00"]
["Insumo",10788,"ORSE","Pá quadrada","Material",null,"un",3.0000000000000001E-5,"36,90","0,00"]
["Insumo",921,"ORSE","Espelho para caixa vertical 4\"x2\", com 02 saídas rj-45 (krone ou similar)","Material",null,"un",1,"3,40","3,40"]
["Insumo",10492,"ORSE","Cesta Básica","Material",null,"un",6.7500000000000004E-4,"190,00","0,12"]
["Insumo",10761,"ORSE","Refeição - café da manhã ( café com leite e dois pães com manteiga)","Serviços",null,"un",1.5270000000000001E-2,"5,00","0,07"]
["Insumo",4728,"ORSE","Talhadeira chata 10\"","Material",null,"un",4.5000000000000003E-5,"18,58","0,00"]
[{"$nulls":4},"MO sem LS =>",2.04,"LS =>",0,"MO com LS =>",2.04]
[{"$nulls":4},"Valor do BDI =>",1.3,null,"Valor com BDI =>",null,7.25]
[{"$nulls":6},"Quant. =>","51,00","Preço Total =>",369.75]
[]
[" 6.5.19 ","Código","Banco","Descrição","Tipo",null,"Und","Quant.","Valor Unit","Total"]
["Composição"," 715 ","ORSE","Fornecimento e instalação de espelho para caixa 4\" x 2\" com 01 saída rj-45","Pontos de Suprimento de Lógica",null,"un",1,5.25,5.25]
[null,"Código","Banco","Descrição","Tipo",null,"Und","Quant.","Valor Unit","Total"]
["Composição",10549,"ORSE","Encargos Complementares - Servente","Provisórios",null,"h",0.1,"3,80","0,38"]
["Insumo","00006111/SINAPI","ORSE","Servente de obras (horista)","Mão de Obra",null,"h",0.1,"13,65","1,36"]
["Insumo",918,"ORSE","Espelho para caixa 4\"x2\", com 01 saída rj-45 (krone ou similar)","Material",null,"un",1,"3,55","3,55"]
["Detalhamento de Cálculo ORSE"]
[null,"Código","Banco","Descrição","Tipo",null,"Und","Quant.","Valor Unit","Total"]
["Insumo",10596,"ORSE","Protetor auricular","Material",null,"un",4.4999999999999999E-4,"4,90","0,00"]
["Insumo",10599,"ORSE","Protetor solar fps 30 com 120ml","Material",null,"un",1.8000000000000001E-4,"18,00","0,00"]
["Insumo",10362,"ORSE","Seguro de vida e acidente em grupo","Serviços",null,"un",4.4999999999999999E-4,"12,54","0,00"]
["Insumo",10492,"ORSE","Cesta Básica","Material",null,"un",4.4999999999999999E-4,"190,00","0,08"]
["Insumo","00012893/SINAPI","ORSE","Bota de seguranca com biqueira de aco e colarinho acolchoado","Material",null,"par",8.0000000000000007E-5,"66,72","0,00"]
["Insumo",4728,"ORSE","Talhadeira chata 10\"","Material",null,"un",3.0000000000000001E-5,"18,58","0,00"]
["Insumo","00012892/SINAPI","ORSE","Luva raspa de couro, cano curto (punho *7* cm)","Material",null,"par",2.3000000000000001E-4,"12,51","0,00"]
["Insumo","00006111/SINAPI","ORSE","Servente de obras (horista)","Mão de Obra",null,"h",0.1,"13,65","1,36"]
["Insumo",10788,"ORSE","Pá quadrada","Material",null,"un",2.0000000000000002E-5,"36,90","0,00"]
["Insumo","00012895/SINAPI","ORSE","Capacete de seguranca aba frontal com suspensao de polietileno, sem jugular (classe b)","Material",null,"un",6.0000000000000002E-5,"13,90","0,00"]
["Insumo",1651,"ORSE","Óculos branco proteção","Material",null,"pr",8.0000000000000007E-5,"6,70","0,00"]
["Insumo",10517,"ORSE","Exames admissionais/demissionais (checkup)","Serviços",null,"cj",4.0000000000000003E-5,"300,00","0,01"]
["Insumo","00002711/SINAPI","ORSE","Carrinho de mao de aco capacidade 50 a 60 l, pneu com camara","Material",null,"un",2.0000000000000002E-5,"166,00","0,00"]
["Insumo",2378,"ORSE","Vale transporte","Material",null,"un",9.41E-3,"4,50","0,04"]
["Insumo",941,"ORSE","Fardamento com mangas curta","Material",null,"un",1.4999999999999999E-4,"193,41","0,02"]
["Insumo","00012894/SINAPI","ORSE","Capa para chuva em pvc com forro de poliester, com capuz (amarela ou azul)","Material",null,"un",2.0000000000000002E-5,"18,07","0,00"]
["Insumo",158,"ORSE","Almoço (Participação do empregador)","Material",null,"un",1.018E-2,"14,00","0,14"]
["Insumo",10761,"ORSE","Refeição - café da manhã ( café com leite e dois pães com manteiga)","Serviços",null,"un",1.018E-2,"5,00","0,05"]
["Insumo",918,"ORSE","Espelho para caixa 4\"x2\", com 01 saída rj-45 (krone ou similar)","Material",null,"un",1,"3,55","3,55"]
["Insumo",4729,"ORSE","Marreta 1 kg com cabo","Material",null,"un",1.0000000000000001E-5,"37,80","0,00"]
[{"$nulls":4},"MO sem LS =>",1.36,"LS =>",0,"MO com LS =>",1.36]
[{"$nulls":4},"Valor do BDI =>",1.1399999999999999,null,"Valor com BDI =>",null,6.39]
[{"$nulls":6},"Quant. =>","19,00","Preço Total =>",121.41]
[]
[" 6.5.20 ","Código","Banco","Descrição","Tipo",null,"Und","Quant.","Valor Unit","Total"]
["Composição"," 97597 ","SINAPI","SENSOR DE PRESENÇA COM FOTOCÉLULA, FIXAÇÃO EM TETO - FORNECIMENTO E INSTALAÇÃO. AF_09/2024","INEL - INSTALAÇÃO ELÉTRICA/ELETRIFICAÇÃO E ILUMINAÇÃO EXTERNA",null,"UN",1,76.02,76.02]
["Composição Auxiliar"," 88247 ","SINAPI","AUXILIAR DE ELETRICISTA COM ENCARGOS COMPLEMENTARES","SEDI - SERVIÇOS DIVERSOS",null,"H",0.14406250000000001,21.44,3.08]
["Composição Auxiliar"," 88264 ","SINAPI","ELETRICISTA COM ENCARGOS COMPLEMENTARES","SEDI - SERVIÇOS DIVERSOS",null,"H",0.46100000000000002,27.89,12.85]
["Insumo"," 00039394 ","SINAPI","SENSOR DE PRESENCA BIVOLT DE TETO COM FOTOCELULA PARA QUALQUER TIPO DE LAMPADA POTENCIA MAXIMA *1000* W, USO INTERNO","Material",null,"UN",1,60.09,60.09]
[{"$nulls":4},"MO sem LS =>",13.26,"LS =>",0,"MO com LS =>",13.26]
[{"$nulls":4},"Valor do BDI =>",16.64,null,"Valor com BDI =>",null,92.66]
[{"$nulls":6},"Quant. =>","6,00","Preço Total =>",555.96]
[]
[" 6.5.21 ","Código","Banco","Descrição","Tipo",null,"Und","Quant.","Valor Unit","Total"]
["Composição"," 13176 ","ORSE","Luminária sobrepor quadrada  Led 24W*, 6500K G- Light ou similar","Luminárias Internas",null,"un",1,70.400000000000006,70.400000000000006]
[null,"Código","Banco","Descrição","Tipo",null,"Und","Quant.","Valor Unit","Total"]
["Composição",10549,"ORSE","Encargos Complementares - Servente","Provisórios",null,"h",1,"3,80","3,80"]
["Composição",10552,"ORSE","Encargos Complementares - Eletricista","Provisórios",null,"h",1,"3,66","3,66"]
["Insumo",13962,"ORSE","Luminária sobrepor quadrada  Led 24W*, 6500K G- Light ou similar","Material",null,"un",1,"30,10","30,10"]
["Insumo","00006111/SINAPI","ORSE","Servente de obras (horista)","Mão de Obra",null,"h",1,"13,65","13,64"]
["Insumo","00002436/SINAPI","ORSE","Eletricista (horista)","Mão de Obra",null,"h",1,"19,13","19,12"]
["Detalhamento de Cálculo ORSE"]
[null,"Código","Banco","Descrição","Tipo",null,"Und","Quant.","Valor Unit","Total"]
["Insumo",941,"ORSE","Fardamento com mangas curta","Material",null,"un",3.0000000000000001E-3,"193,41","0,58"]
["Insumo","00012895/SINAPI","ORSE","Capacete de seguranca aba frontal com suspensao de polietileno, sem jugular (classe b)","Material",null,"un",1.1999999999999999E-3,"13,90","0,01"]
["Insumo",11241,"ORSE","Alicate volt-amperimetro","Material",null,"un",2.0000000000000001E-4,"163,00","0,03"]
["Insumo",4728,"ORSE","Talhadeira chata 10\"","Material",null,"un",2.9999999999999997E-4,"18,58","0,00"]
["Insumo",11240,"ORSE","Alicate com isolamento","Material",null,"un",2.0000000000000001E-4,"47,69","0,00"]
["Insumo","00012892/SINAPI","ORSE","Luva raspa de couro, cano curto (punho *7* cm)","Material",null,"par",4.5999999999999999E-3,"12,51","0,05"]
["Insumo","00012894/SINAPI","ORSE","Capa para chuva em pvc com forro de poliester, com capuz (amarela ou azul)","Material",null,"un",4.0000000000000002E-4,"18,07","0,00"]
["Insumo",2378,"ORSE","Vale transporte","Material",null,"un",0.1595,"4,50","0,71"]
["Insumo",4729,"ORSE","Marreta 1 kg com cabo","Material",null,"un",1E-4,"37,80","0,00"]
["Insumo","00012893/SINAPI","ORSE","Bota de seguranca com biqueira de aco e colarinho acolchoado","Material",null,"par",1.5E-3,"66,72","0,10"]
["Insumo",158,"ORSE","Almoço (Participação do empregador)","Material",null,"un",0.2036,"14,00","2,85"]
["Insumo",10788,"ORSE","Pá quadrada","Material",null,"un",2.0000000000000001E-4,"36,90","0,00"]
["Insumo",11242,"ORSE","Chave inglesa 12\"","Material",null,"un",1E-4,"34,00","0,00"]
["Insumo",10517,"ORSE","Exames admissionais/demissionais (checkup)","Serviços",null,"cj",8.0000000000000004E-4,"300,00","0,24"]
["Insumo","00002711/SINAPI","ORSE","Carrinho de mao de aco capacidade 50 a 60 l, pneu com camara","Material",null,"un",2.0000000000000001E-4,"166,00","0,03"]
["Insumo",10596,"ORSE","Protetor auricular","Material",null,"un",8.9999999999999993E-3,"4,90","0,04"]
["Insumo","00006111/SINAPI","ORSE","Servente de obras (horista)","Mão de Obra",null,"h",1,"13,65","13,64"]
["Insumo",13962,"ORSE","Luminária sobrepor quadrada  Led 24W*, 6500K G- Light ou similar","Material",null,"un",1,"30,10","30,10"]
["Insumo",10579,"ORSE","Chave de fenda chata 30 cm","Material",null,"un",2.0000000000000001E-4,"26,89","0,00"]
["Insumo",10492,"ORSE","Cesta Básica","Material",null,"un",8.9999999999999993E-3,"190,00","1,71"]
["Insumo",10599,"ORSE","Protetor solar fps 30 com 120ml","Material",null,"un",3.5999999999999999E-3,"18,00","0,06"]
["Insumo",10362,"ORSE","Seguro de vida e acidente em grupo","Serviços",null,"un",8.9999999999999993E-3,"12,54","0,11"]
["Insumo","00002436/SINAPI","ORSE","Eletricista (horista)","Mão de Obra",null,"h",1,"19,13","19,12"]
["Insumo",10761,"ORSE","Refeição - café da manhã ( café com leite e dois pães com manteiga)","Serviços",null,"un",0.2036,"5,00","1,01"]
["Insumo",1651,"ORSE","Óculos branco proteção","Material",null,"pr",1.6000000000000001E-3,"6,70","0,01"]
[{"$nulls":4},"MO sem LS =>",32.76,"LS =>",0,"MO com LS =>",32.76]
[{"$nulls":4},"Valor do BDI =>",15.41,null,"Valor com BDI =>",null,85.81]
[{"$nulls":6},"Quant. =>","6,00","Preço Total =>",514.86]
[]
[" 6.5.22 ","Código","Banco","Descrição","Tipo",null,"Und","Quant.","Valor Unit","Total"]
["Composição"," 13157 ","ORSE","Luminária plafon (sobrepor) 22,5 x 22,5 - 18 W - 6000K - G- Light ou similar","Luminárias Internas",null,"un",1,56.6,56.6]
[null,"Código","Banco","Descrição","Tipo",null,"Und","Quant.","Valor Unit","Total"]
["Insumo",13946,"ORSE","Luminária  plafon (sobrepor) 22,5 x 22,5 - 18 W - 6000K - G- Light ou similar","Material",null,"un",1,"36,50","36,50"]
["Composição",10549,"ORSE","Encargos Complementares - Servente","Provisórios",null,"h",0.5,"3,80","1,90"]
["Composição",10552,"ORSE","Encargos Complementares - Eletricista","Provisórios",null,"h",0.5,"3,66","1,83"]
["Insumo","00006111/SINAPI","ORSE","Servente de obras (horista)","Mão de Obra",null,"h",0.5,"13,65","6,82"]
["Insumo","00002436/SINAPI","ORSE","Eletricista (horista)","Mão de Obra",null,"h",0.5,"19,13","9,56"]
["Detalhamento de Cálculo ORSE"]
[null,"Código","Banco","Descrição","Tipo",null,"Und","Quant.","Valor Unit","Total"]
["Insumo",11241,"ORSE","Alicate volt-amperimetro","Material",null,"un",1E-4,"163,00","0,01"]
["Insumo",941,"ORSE","Fardamento com mangas curta","Material",null,"un",1.5E-3,"193,41","0,29"]
["Insumo",11240,"ORSE","Alicate com isolamento","Material",null,"un",1E-4,"47,69","0,00"]
["Insumo","00012892/SINAPI","ORSE","Luva raspa de couro, cano curto (punho *7* cm)","Material",null,"par",2.3E-3,"12,51","0,02"]
["Insumo",10517,"ORSE","Exames admissionais/demissionais (checkup)","Serviços",null,"cj",4.0000000000000002E-4,"300,00","0,12"]
["Insumo","00006111/SINAPI","ORSE","Servente de obras (horista)","Mão de Obra",null,"h",0.5,"13,65","6,82"]
["Insumo",4729,"ORSE","Marreta 1 kg com cabo","Material",null,"un",5.0000000000000002E-5,"37,80","0,00"]
["Insumo",4728,"ORSE","Talhadeira chata 10\"","Material",null,"un",1.4999999999999999E-4,"18,58","0,00"]
["Insumo","00012895/SINAPI","ORSE","Capacete de seguranca aba frontal com suspensao de polietileno, sem jugular (classe b)","Material",null,"un",5.9999999999999995E-4,"13,90","0,00"]
["Insumo",1651,"ORSE","Óculos branco proteção","Material",null,"pr",8.0000000000000004E-4,"6,70","0,00"]
["Insumo","00002711/SINAPI","ORSE","Carrinho de mao de aco capacidade 50 a 60 l, pneu com camara","Material",null,"un",1E-4,"166,00","0,01"]
["Insumo",13946,"ORSE","Luminária  plafon (sobrepor) 22,5 x 22,5 - 18 W - 6000K - G- Light ou similar","Material",null,"un",1,"36,50","36,50"]
["Insumo",10761,"ORSE","Refeição - café da manhã ( café com leite e dois pães com manteiga)","Serviços",null,"un",0.1018,"5,00","0,50"]
["Insumo","00012894/SINAPI","ORSE","Capa para chuva em pvc com forro de poliester, com capuz (amarela ou azul)","Material",null,"un",2.0000000000000001E-4,"18,07","0,00"]
["Insumo",10579,"ORSE","Chave de fenda chata 30 cm","Material",null,"un",1E-4,"26,89","0,00"]
["Insumo",10492,"ORSE","Cesta Básica","Material",null,"un",4.4999999999999997E-3,"190,00","0,85"]
["Insumo",10788,"ORSE","Pá quadrada","Material",null,"un",1E-4,"36,90","0,00"]
["Insumo","00012893/SINAPI","ORSE","Bota de seguranca com biqueira de aco e colarinho acolchoado","Material",null,"par",7.5000000000000002E-4,"66,72","0,05"]
["Insumo",11242,"ORSE","Chave inglesa 12\"","Material",null,"un",5.0000000000000002E-5,"34,00","0,00"]
["Insumo",10362,"ORSE","Seguro de vida e acidente em grupo","Serviços",null,"un",4.4999999999999997E-3,"12,54","0,05"]
["Insumo",10599,"ORSE","Protetor solar fps 30 com 120ml","Material",null,"un",1.8E-3,"18,00","0,03"]
["Insumo",2378,"ORSE","Vale transporte","Material",null,"un",7.9750000000000001E-2,"4,50","0,35"]
["Insumo",158,"ORSE","Almoço (Participação do empregador)","Material",null,"un",0.1018,"14,00","1,42"]
["Insumo","00002436/SINAPI","ORSE","Eletricista (horista)","Mão de Obra",null,"h",0.5,"19,13","9,56"]
["Insumo",10596,"ORSE","Protetor auricular","Material",null,"un",4.4999999999999997E-3,"4,90","0,02"]
[{"$nulls":4},"MO sem LS =>",16.38,"LS =>",0,"MO com LS =>",16.38]
[{"$nulls":4},"Valor do BDI =>",12.39,null,"Valor com BDI =>",null,68.989999999999995]
[{"$nulls":6},"Quant. =>","37,00","Preço Total =>",2552.63]
[]
[" 6.5.23 ","Código","Banco","Descrição","Tipo",null,"Und","Quant.","Valor Unit","Total"]
["Composição"," 12464 ","ORSE","Fornecimento e instalação de parafuso cabeça chata rosca soberbal 6,10 x 65mm, com bucha de nylon s10 sem abas","Pontos de Suprimento de Lógica",null,"un",1,3.51,3.51]
[null,"Código","Banco","Descrição","Tipo",null,"Und","Quant.","Valor Unit","Total"]
["Composição",10552,"ORSE","Encargos Complementares - Eletricista","Provisórios",null,"h",0.08,"3,66","0,29"]
["Insumo","00007568/SINAPI","ORSE","Bucha de nylon sem aba s10, com parafuso de 6,10 x 65 mm em aco zincado com rosca soberba, cabeca chata e fenda phillips","Material",null,"un",1,"0,36","0,36"]
["Insumo","00002436/SINAPI","ORSE","Eletricista (horista)","Mão de Obra",null,"h",0.08,"19,13","1,53"]
["Insumo","00006111/SINAPI","ORSE","Servente de obras (horista)","Mão de Obra",null,"h",0.08,"13,65","1,09"]
["Composição",10549,"ORSE","Encargos Complementares - Servente","Provisórios",null,"h",0.08,"3,80","0,30"]
["Detalhamento de Cálculo ORSE"]
[null,"Código","Banco","Descrição","Tipo",null,"Und","Quant.","Valor Unit","Total"]
["Insumo",10788,"ORSE","Pá quadrada","Material",null,"un",1.5999999999999999E-5,"36,90","0,00"]
["Insumo","00002711/SINAPI","ORSE","Carrinho de mao de aco capacidade 50 a 60 l, pneu com camara","Material",null,"un",1.5999999999999999E-5,"166,00","0,00"]
["Insumo",10492,"ORSE","Cesta Básica","Material",null,"un",7.2000000000000005E-4,"190,00","0,13"]
["Insumo","00012895/SINAPI","ORSE","Capacete de seguranca aba frontal com suspensao de polietileno, sem jugular (classe b)","Material",null,"un",9.6000000000000002E-5,"13,90","0,00"]
["Insumo",10596,"ORSE","Protetor auricular","Material",null,"un",7.2000000000000005E-4,"4,90","0,00"]
["Insumo","00002436/SINAPI","ORSE","Eletricista (horista)","Mão de Obra",null,"h",0.08,"19,13","1,53"]
["Insumo","00007568/SINAPI","ORSE","Bucha de nylon sem aba s10, com parafuso de 6,10 x 65 mm em aco zincado com rosca soberba, cabeca chata e fenda phillips","Material",null,"un",1,"0,36","0,36"]
["Insumo",158,"ORSE","Almoço (Participação do empregador)","Material",null,"un",1.6288E-2,"14,00","0,22"]
["Insumo",11241,"ORSE","Alicate volt-amperimetro","Material",null,"un",1.5999999999999999E-5,"163,00","0,00"]
["Insumo",10761,"ORSE","Refeição - café da manhã ( café com leite e dois pães com manteiga)","Serviços",null,"un",1.6288E-2,"5,00","0,08"]
["Insumo",10579,"ORSE","Chave de fenda chata 30 cm","Material",null,"un",1.5999999999999999E-5,"26,89","0,00"]
["Insumo",941,"ORSE","Fardamento com mangas curta","Material",null,"un",2.4000000000000001E-4,"193,41","0,04"]
["Insumo",1651,"ORSE","Óculos branco proteção","Material",null,"pr",1.2799999999999999E-4,"6,70","0,00"]
["Insumo",2378,"ORSE","Vale transporte","Material",null,"un",1.2760000000000001E-2,"4,50","0,05"]
["Insumo","00012892/SINAPI","ORSE","Luva raspa de couro, cano curto (punho *7* cm)","Material",null,"par",3.68E-4,"12,51","0,00"]
["Insumo","00012894/SINAPI","ORSE","Capa para chuva em pvc com forro de poliester, com capuz (amarela ou azul)","Material",null,"un",3.1999999999999999E-5,"18,07","0,00"]
["Insumo",4728,"ORSE","Talhadeira chata 10\"","Material",null,"un",2.4000000000000001E-5,"18,58","0,00"]
["Insumo",10599,"ORSE","Protetor solar fps 30 com 120ml","Material",null,"un",2.8800000000000001E-4,"18,00","0,00"]
["Insumo","00012893/SINAPI","ORSE","Bota de seguranca com biqueira de aco e colarinho acolchoado","Material",null,"par",1.2E-4,"66,72","0,00"]
["Insumo",10517,"ORSE","Exames admissionais/demissionais (checkup)","Serviços",null,"cj",6.3999999999999997E-5,"300,00","0,01"]
["Insumo",11240,"ORSE","Alicate com isolamento","Material",null,"un",1.5999999999999999E-5,"47,69","0,00"]
["Insumo",4729,"ORSE","Marreta 1 kg com cabo","Material",null,"un",7.9999999999999996E-6,"37,80","0,00"]
["Insumo",10362,"ORSE","Seguro de vida e acidente em grupo","Serviços",null,"un",7.2000000000000005E-4,"12,54","0,00"]
["Insumo","00006111/SINAPI","ORSE","Servente de obras (horista)","Mão de Obra",null,"h",0.08,"13,65","1,09"]
["Insumo",11242,"ORSE","Chave inglesa 12\"","Material",null,"un",7.9999999999999996E-6,"34,00","0,00"]
[{"$nulls":4},"MO sem LS =>",2.62,"LS =>",0,"MO com LS =>",2.62]
[{"$nulls":4},"Valor do BDI =>",0.76,null,"Valor com BDI =>",null,4.2699999999999996]
[{"$nulls":6},"Quant. =>","800,00","Preço Total =>",3416]
[]
[null,"Código","Banco","Descrição","Tipo",null,"Und","Quant.","Valor Unit","Total"]
["Insumo"," 00007568 ","SINAPI","BUCHA DE NYLON SEM ABA S10, COM PARAFUSO DE 6,10 X 65 MM EM ACO ZINCADO COM ROSCA SOBERBA, CABECA CHATA E FENDA PHILLIPS","Material",null,"UN",1,0.79,0.79]
[{"$nulls":4},"MO sem LS =>",0,"LS =>",0,"MO com LS =>",0]
[{"$nulls":4},"Valor do BDI =>",null,null,"Valor com BDI =>",null,0.9]
[{"$nulls":6},"Quant. =>","600,00","Preço Total =>",540]
[]
[null,"Código","Banco","Descrição","Tipo",null,"Und","Quant.","Valor Unit","Total"]
["Insumo"," 9708 ","ORSE","Parafuso fenda em aço inox auto-atarrachante d=4,2 x 32mm, ref:TEL-5333","Material",null,"un",1,0.53,0.53]
[{"$nulls":4},"MO sem LS =>",0,"LS =>",0,"MO com LS =>",0]
[{"$nulls":4},"Valor do BDI =>",null,null,"Valor com BDI =>",null,0.6]
[{"$nulls":6},"Quant. =>","170,00","Preço Total =>",102]
[]
[null,"Código","Banco","Descrição","Tipo",null,"Und","Quant.","Valor Unit","Total"]
["Insumo"," 00004356 ","SINAPI","PARAFUSO DE ACO ZINCADO COM ROSCA SOBERBA, CABECA CHATA E FENDA SIMPLES, DIAMETRO 4,8 MM, COMPRIMENTO 45 MM","Material",null,"UN",1,0.26,0.26]
[{"$nulls":4},"MO sem LS =>",0,"LS =>",0,"MO com LS =>",0]
[{"$nulls":4},"Valor do BDI =>",null,null,"Valor com BDI =>",null,0.28999999999999998]
[{"$nulls":6},"Quant. =>","100,00","Preço Total =>",29]
[]
[" 6.5.27 ","Código","Banco","Descrição","Tipo",null,"Und","Quant.","Valor Unit","Total"]
["Composição"," 12538 ","ORSE","Arruela de pressão 1/4\"","Interligações até Quadro Geral - Fios e Cabos",null,"un",1,0.41,0.41]
[null,"Código","Banco","Descrição","Tipo",null,"Und","Quant.","Valor Unit","Total"]
["Insumo","00006111/SINAPI","ORSE","Servente de obras (horista)","Mão de Obra",null,"h",0.01,"13,65","0,13"]
["Composição",10552,"ORSE","Encargos Complementares - Eletricista","Provisórios",null,"h",0.01,"3,66","0,03"]
["Insumo","00002436/SINAPI","ORSE","Eletricista (horista)","Mão de Obra",null,"h",0.01,"19,13","0,19"]
["Composição",10549,"ORSE","Encargos Complementares - Servente","Provisórios",null,"h",0.01,"3,80","0,03"]
["Insumo",13355,"ORSE","Arruela de pressão 1/4\"","Material",null,"un",1,"0,05","0,05"]
["Detalhamento de Cálculo ORSE"]
[null,"Código","Banco","Descrição","Tipo",null,"Und","Quant.","Valor Unit","Total"]
["Insumo",13355,"ORSE","Arruela de pressão 1/4\"","Material",null,"un",1,"0,05","0,05"]
["Insumo","00002436/SINAPI","ORSE","Eletricista (horista)","Mão de Obra",null,"h",0.01,"19,13","0,19"]
["Insumo",10761,"ORSE","Refeição - café da manhã ( café com leite e dois pães com manteiga)","Serviços",null,"un",2.036E-3,"5,00","0,01"]
["Insumo",11240,"ORSE","Alicate com isolamento","Material",null,"un",1.9999999999999999E-6,"47,69","0,00"]
["Insumo",4728,"ORSE","Talhadeira chata 10\"","Material",null,"un",3.0000000000000001E-6,"18,58","0,00"]
["Insumo","00012893/SINAPI","ORSE","Bota de seguranca com biqueira de aco e colarinho acolchoado","Material",null,"par",1.5E-5,"66,72","0,00"]
["Insumo","00012892/SINAPI","ORSE","Luva raspa de couro, cano curto (punho *7* cm)","Material",null,"par",4.6E-5,"12,51","0,00"]
["Insumo",10362,"ORSE","Seguro de vida e acidente em grupo","Serviços",null,"un",9.0000000000000006E-5,"12,54","0,00"]
["Insumo",11241,"ORSE","Alicate volt-amperimetro","Material",null,"un",1.9999999999999999E-6,"163,00","0,00"]
["Insumo",4729,"ORSE","Marreta 1 kg com cabo","Material",null,"un",9.9999999999999995E-7,"37,80","0,00"]
["Insumo",10517,"ORSE","Exames admissionais/demissionais (checkup)","Serviços",null,"cj",7.9999999999999996E-6,"300,00","0,00"]
["Insumo",10596,"ORSE","Protetor auricular","Material",null,"un",9.0000000000000006E-5,"4,90","0,00"]
["Insumo",11242,"ORSE","Chave inglesa 12\"","Material",null,"un",9.9999999999999995E-7,"34,00","0,00"]
["Insumo",2378,"ORSE","Vale transporte","Material",null,"un",1.5950000000000001E-3,"4,50","0,00"]
["Insumo",10788,"ORSE","Pá quadrada","Material",null,"un",1.9999999999999999E-6,"36,90","0,00"]
["Insumo",158,"ORSE","Almoço (Participação do empregador)","Material",null,"un",2.036E-3,"14,00","0,02"]
["Insumo","00006111/SINAPI","ORSE","Servente de obras (horista)","Mão de Obra",null,"h",0.01,"13,65","0,13"]
["Insumo","00002711/SINAPI","ORSE","Carrinho de mao de aco capacidade 50 a 60 l, pneu com camara","Material",null,"un",1.9999999999999999E-6,"166,00","0,00"]
["Insumo",10599,"ORSE","Protetor solar fps 30 com 120ml","Material",null,"un",3.6000000000000001E-5,"18,00","0,00"]
["Insumo","00012895/SINAPI","ORSE","Capacete de seguranca aba frontal com suspensao de polietileno, sem jugular (classe b)","Material",null,"un",1.2E-5,"13,90","0,00"]
["Insumo",10579,"ORSE","Chave de fenda chata 30 cm","Material",null,"un",1.9999999999999999E-6,"26,89","0,00"]
["Insumo",941,"ORSE","Fardamento com mangas curta","Material",null,"un",3.0000000000000001E-5,"193,41","0,00"]
["Insumo",10492,"ORSE","Cesta Básica","Material",null,"un",9.0000000000000006E-5,"190,00","0,01"]
["Insumo",1651,"ORSE","Óculos branco proteção","Material",null,"pr",1.5999999999999999E-5,"6,70","0,00"]
["Insumo","00012894/SINAPI","ORSE","Capa para chuva em pvc com forro de poliester, com capuz (amarela ou azul)","Material",null,"un",3.9999999999999998E-6,"18,07","0,00"]
[{"$nulls":4},"MO sem LS =>",0.32,"LS =>",0,"MO com LS =>",0.32]
[{"$nulls":4},"Valor do BDI =>",0.08,null,"Valor com BDI =>",null,0.49]
[{"$nulls":6},"Quant. =>","800,00","Preço Total =>",392]
[]
[" 6.5.28 ","Código","Banco","Descrição","Tipo",null,"Und","Quant.","Valor Unit","Total"]
["Composição"," 9816 ","ORSE","Arruela lisa zincada d=1/4\"","Interligações até Quadro Geral - Fios e Cabos",null,"un",1,0.41,0.41]
[null,"Código","Banco","Descrição","Tipo",null,"Und","Quant.","Valor Unit","Total"]
["Composição",10549,"ORSE","Encargos Complementares - Servente","Provisórios",null,"h",0.01,"3,80","0,03"]
["Composição",10552,"ORSE","Encargos Complementares - Eletricista","Provisórios",null,"h",0.01,"3,66","0,03"]
["Insumo","00002436/SINAPI","ORSE","Eletricista (horista)","Mão de Obra",null,"h",0.01,"19,13","0,19"]
["Insumo","00006111/SINAPI","ORSE","Servente de obras (horista)","Mão de Obra",null,"h",0.01,"13,65","0,13"]
["Insumo",8347,"ORSE","Arruela lisa zincada ø 1/4\"","Material",null,"un",1,"0,05","0,05"]
["Detalhamento de Cálculo ORSE"]
[null,"Código","Banco","Descrição","Tipo",null,"Und","Quant.","Valor Unit","Total"]
["Insumo",10492,"ORSE","Cesta Básica","Material",null,"un",9.0000000000000006E-5,"190,00","0,01"]
["Insumo",2378,"ORSE","Vale transporte","Material",null,"un",1.5950000000000001E-3,"4,50","0,00"]
["Insumo",10596,"ORSE","Protetor auricular","Material",null,"un",9.0000000000000006E-5,"4,90","0,00"]
["Insumo",11242,"ORSE","Chave inglesa 12\"","Material",null,"un",9.9999999999999995E-7,"34,00","0,00"]
["Insumo",4728,"ORSE","Talhadeira chata 10\"","Material",null,"un",3.0000000000000001E-6,"18,58","0,00"]
["Insumo",941,"ORSE","Fardamento com mangas curta","Material",null,"un",3.0000000000000001E-5,"193,41","0,00"]
["Insumo","00002436/SINAPI","ORSE","Eletricista (horista)","Mão de Obra",null,"h",0.01,"19,13","0,19"]
["Insumo","00006111/SINAPI","ORSE","Servente de obras (horista)","Mão de Obra",null,"h",0.01,"13,65","0,13"]
["Insumo",158,"ORSE","Almoço (Participação do empregador)","Material",null,"un",2.036E-3,"14,00","0,02"]
["Insumo",10517,"ORSE","Exames admissionais/demissionais (checkup)","Serviços",null,"cj",7.9999999999999996E-6,"300,00","0,00"]
["Insumo",11241,"ORSE","Alicate volt-amperimetro","Material",null,"un",1.9999999999999999E-6,"163,00","0,00"]
["Insumo",4729,"ORSE","Marreta 1 kg com cabo","Material",null,"un",9.9999999999999995E-7,"37,80","0,00"]
["Insumo",10788,"ORSE","Pá quadrada","Material",null,"un",1.9999999999999999E-6,"36,90","0,00"]
["Insumo",8347,"ORSE","Arruela lisa zincada ø 1/4\"","Material",null,"un",1,"0,05","0,05"]
["Insumo",10599,"ORSE","Protetor solar fps 30 com 120ml","Material",null,"un",3.6000000000000001E-5,"18,00","0,00"]
["Insumo","00012894/SINAPI","ORSE","Capa para chuva em pvc com forro de poliester, com capuz (amarela ou azul)","Material",null,"un",3.9999999999999998E-6,"18,07","0,00"]
["Insumo","00012892/SINAPI","ORSE","Luva raspa de couro, cano curto (punho *7* cm)","Material",null,"par",4.6E-5,"12,51","0,00"]
["Insumo",10761,"ORSE","Refeição - café da manhã ( café com leite e dois pães com manteiga)","Serviços",null,"un",2.036E-3,"5,00","0,01"]
["Insumo",11240,"ORSE","Alicate com isolamento","Material",null,"un",1.9999999999999999E-6,"47,69","0,00"]
["Insumo","00012893/SINAPI","ORSE","Bota de seguranca com biqueira de aco e colarinho acolchoado","Material",null,"par",1.5E-5,"66,72","0,00"]
["Insumo","00002711/SINAPI","ORSE","Carrinho de mao de aco capacidade 50 a 60 l, pneu com camara","Material",null,"un",1.9999999999999999E-6,"166,00","0,00"]
["Insumo","00012895/SINAPI","ORSE","Capacete de seguranca aba frontal com suspensao de polietileno, sem jugular (classe b)","Material",null,"un",1.2E-5,"13,90","0,00"]
["Insumo",10362,"ORSE","Seguro de vida e acidente em grupo","Serviços",null,"un",9.0000000000000006E-5,"12,54","0,00"]
["Insumo",10579,"ORSE","Chave de fenda chata 30 cm","Material",null,"un",1.9999999999999999E-6,"26,89","0,00"]
["Insumo",1651,"ORSE","Óculos branco proteção","Material",null,"pr",1.5999999999999999E-5,"6,70","0,00"]
[{"$nulls":4},"MO sem LS =>",0.32,"LS =>",0,"MO com LS =>",0.32]
[{"$nulls":4},"Valor do BDI =>",0.08,null,"Valor com BDI =>",null,0.49]
[{"$nulls":6},"Quant. =>","1.600,00","Preço Total =>",784]
[]
[null,"Código","Banco","Descrição","Tipo",null,"Und","Quant.","Valor Unit","Total"]
["Insumo"," 00039997 ","SINAPI","PORCA ZINCADA, SEXTAVADA, DIAMETRO 1/4\"","Material",null,"UN",1,0.31,0.31]
[{"$nulls":4},"MO sem LS =>",0,"LS =>",0,"MO com LS =>",0]
[{"$nulls":4},"Valor do BDI =>",null,null,"Valor com BDI =>",null,0.35]
[{"$nulls":6},"Quant. =>","1.600,00","Preço Total =>",560]
[]
[null,"Código","Banco","Descrição","Tipo",null,"Und","Quant.","Valor Unit","Total"]
["Insumo"," 00004376 ","SINAPI","BUCHA DE NYLON SEM ABA S8","Material",null,"UN",1,0.25,0.25]
[{"$nulls":4},"MO sem LS =>",0,"LS =>",0,"MO com LS =>",0]
[{"$nulls":4},"Valor do BDI =>",null,null,"Valor com BDI =>",null,0.28000000000000003]
[{"$nulls":6},"Quant. =>","400,00","Preço Total =>",112]
[]
[null,"Código","Banco","Descrição","Tipo",null,"Und","Quant.","Valor Unit","Total"]
["Insumo"," 00011945 ","SINAPI","BUCHA DE NYLON SEM ABA S4","Material",null,"UN",1,7.0000000000000007E-2,7.0000000000000007E-2]
[{"$nulls":4},"MO sem LS =>",0,"LS =>",0,"MO com LS =>",0]
[{"$nulls":4},"Valor do BDI =>",null,null,"Valor com BDI =>",null,0.08]
[{"$nulls":6},"Quant. =>","200,00","Preço Total =>",16]
[]
[null,"Código","Banco","Descrição","Tipo",null,"Und","Quant.","Valor Unit","Total"]
["Insumo"," 00004375 ","SINAPI","BUCHA DE NYLON SEM ABA S6","Material",null,"UN",1,0.13,0.13]
[{"$nulls":4},"MO sem LS =>",0,"LS =>",0,"MO com LS =>",0]
[{"$nulls":4},"Valor do BDI =>",null,null,"Valor com BDI =>",null,0.14000000000000001]
[{"$nulls":6},"Quant. =>","100,00","Preço Total =>",14]
[]
[null,"Código","Banco","Descrição","Tipo",null,"Und","Quant.","Valor Unit","Total"]
["Insumo"," 00039996 ","SINAPI","VERGALHAO ZINCADO ROSCA TOTAL, 1/4\" (6,3 MM)","Material",null,"M",1,4.25,4.25]
[{"$nulls":4},"MO sem LS =>",0,"LS =>",0,"MO com LS =>",0]
[{"$nulls":4},"Valor do BDI =>",null,null,"Valor com BDI =>",null,4.8600000000000003]
[{"$nulls":6},"Quant. =>","675,00","Preço Total =>",3280.5]
[]
[" 6.5.34 ","Código","Banco","Descrição","Tipo",null,"Und","Quant.","Valor Unit","Total"]
["Composição"," 91927 ","SINAPI","CABO DE COBRE FLEXÍVEL ISOLADO, 2,5 MM², ANTI-CHAMA 0,6/1,0 KV, PARA CIRCUITOS TERMINAIS - FORNECIMENTO E INSTALAÇÃO. AF_03/2023","INEL - INSTALAÇÃO ELÉTRICA/ELETRIFICAÇÃO E ILUMINAÇÃO EXTERNA",null,"M",1,5.52,5.52]
["Composição Auxiliar"," 88247 ","SINAPI","AUXILIAR DE ELETRICISTA COM ENCARGOS COMPLEMENTARES","SEDI - SERVIÇOS DIVERSOS",null,"H",2.9000000000000001E-2,21.44,0.62]
["Composição Auxiliar"," 88264 ","SINAPI","ELETRICISTA COM ENCARGOS COMPLEMENTARES","SEDI - SERVIÇOS DIVERSOS",null,"H",2.9000000000000001E-2,27.89,0.8]
["Insumo"," 00001022 ","SINAPI","CABO DE COBRE, FLEXIVEL, CLASSE 4 OU 5, ISOLACAO EM PVC/A, ANTICHAMA BWF-B, COBERTURA PVC-ST1, ANTICHAMA BWF-B, 1 CONDUTOR, 0,6/1 KV, SECAO NOMINAL 2,5 MM2","Material",null,"M",1.2434000000000001,3.22,4]
["Insumo"," 00021127 ","SINAPI","FITA ISOLANTE ADESIVA ANTICHAMA, USO ATE 750 V, EM ROLO DE 19 MM X 5 M","Material",null,"UN",9.4000000000000004E-3,11.05,0.1]
[{"$nulls":4},"MO sem LS =>",1.17,"LS =>",0,"MO com LS =>",1.17]
[{"$nulls":4},"Valor do BDI =>",1.2,null,"Valor com BDI =>",null,6.72]
[{"$nulls":6},"Quant. =>","11.200,00","Preço Total =>",75264]
[]
[" 6.5.35 ","Código","Banco","Descrição","Tipo",null,"Und","Quant.","Valor Unit","Total"]
["Composição"," 91933 ","SINAPI","CABO DE COBRE FLEXÍVEL ISOLADO, 10 MM², ANTI-CHAMA 0,6/1,0 KV, PARA CIRCUITOS TERMINAIS - FORNECIMENTO E INSTALAÇÃO. AF_03/2023","INEL - INSTALAÇÃO ELÉTRICA/ELETRIFICAÇÃO E ILUMINAÇÃO EXTERNA",null,"M",1,18.48,18.48]
["Composição Auxiliar"," 88264 ","SINAPI","ELETRICISTA COM ENCARGOS COMPLEMENTARES","SEDI - SERVIÇOS DIVERSOS",null,"H",7.5999999999999998E-2,27.89,2.11]
["Composição Auxiliar"," 88247 ","SINAPI","AUXILIAR DE ELETRICISTA COM ENCARGOS COMPLEMENTARES","SEDI - SERVIÇOS DIVERSOS",null,"H",7.5999999999999998E-2,21.44,1.62]
["Insumo"," 00021127 ","SINAPI","FITA ISOLANTE ADESIVA ANTICHAMA, USO ATE 750 V, EM ROLO DE 19 MM X 5 M","Material",null,"UN",9.4000000000000004E-3,11.05,0.1]
["Insumo"," 00001020 ","SINAPI","CABO DE COBRE, FLEXIVEL, CLASSE 4 OU 5, ISOLACAO EM PVC/A, ANTICHAMA BWF-B, COBERTURA PVC-ST1, ANTICHAMA BWF-B, 1 CONDUTOR, 0,6/1 KV, SECAO NOMINAL 10 MM2","Material",null,"M",1.2434000000000001,11.79,14.65]
[{"$nulls":4},"MO sem LS =>",3.07,"LS =>",0,"MO com LS =>",3.07]
[{"$nulls":4},"Valor do BDI =>",4.04,null,"Valor com BDI =>",null,22.52]
[{"$nulls":6},"Quant. =>","300,00","Preço Total =>",6756]
[]
[" 6.5.36 ","Código","Banco","Descrição","Tipo",null,"Und","Quant.","Valor Unit","Total"]
["Composição"," 93655 ","SINAPI","DISJUNTOR MONOPOLAR TIPO DIN, CORRENTE NOMINAL DE 20A - FORNECIMENTO E INSTALAÇÃO. AF_10/2020","INEL - INSTALAÇÃO ELÉTRICA/ELETRIFICAÇÃO E ILUMINAÇÃO EXTERNA",null,"UN",1,14.67,14.67]
["Composição Auxiliar"," 88247 ","SINAPI","AUXILIAR DE ELETRICISTA COM ENCARGOS COMPLEMENTARES","SEDI - SERVIÇOS DIVERSOS",null,"H",6.6299999999999998E-2,21.44,1.42]
["Composição Auxiliar"," 88264 ","SINAPI","ELETRICISTA COM ENCARGOS COMPLEMENTARES","SEDI - SERVIÇOS DIVERSOS",null,"H",6.6299999999999998E-2,27.89,1.84]
["Insumo"," 00001571 ","SINAPI","TERMINAL A COMPRESSAO EM COBRE ESTANHADO PARA CABO 4 MM2, 1 FURO E 1 COMPRESSAO, PARA PARAFUSO DE FIXACAO M5","Material",null,"UN",1,1.38,1.38]
["Insumo"," 00034653 ","SINAPI","DISJUNTOR TERMOMAGNETICO PARA TRILHO DIN (IEC), MONOPOLAR, 6 - 32 A","Material",null,"UN",1,10.029999999999999,10.029999999999999]
[{"$nulls":4},"MO sem LS =>",2.67,"LS =>",0,"MO com LS =>",2.67]
[{"$nulls":4},"Valor do BDI =>",3.21,null,"Valor com BDI =>",null,17.88]
[{"$nulls":6},"Quant. =>","10,00","Preço Total =>",178.8]
[]
[" 6.5.37 ","Código","Banco","Descrição","Tipo",null,"Und","Quant.","Valor Unit","Total"]
["Composição"," 93654 ","SINAPI","DISJUNTOR MONOPOLAR TIPO DIN, CORRENTE NOMINAL DE 16A - FORNECIMENTO E INSTALAÇÃO. AF_10/2020","INEL - INSTALAÇÃO ELÉTRICA/ELETRIFICAÇÃO E ILUMINAÇÃO EXTERNA",null,"UN",1,13.43,13.43]
["Composição Auxiliar"," 88264 ","SINAPI","ELETRICISTA COM ENCARGOS COMPLEMENTARES","SEDI - SERVIÇOS DIVERSOS",null,"H",4.7600000000000003E-2,27.89,1.32]
["Composição Auxiliar"," 88247 ","SINAPI","AUXILIAR DE ELETRICISTA COM ENCARGOS COMPLEMENTARES","SEDI - SERVIÇOS DIVERSOS",null,"H",4.7600000000000003E-2,21.44,1.02]
["Insumo"," 00034653 ","SINAPI","DISJUNTOR TERMOMAGNETICO PARA TRILHO DIN (IEC), MONOPOLAR, 6 - 32 A","Material",null,"UN",1,10.029999999999999,10.029999999999999]
["Insumo"," 00001570 ","SINAPI","TERMINAL A COMPRESSAO EM COBRE ESTANHADO PARA CABO 2,5 MM2, 1 FURO E 1 COMPRESSAO, PARA PARAFUSO DE FIXACAO M5","Material",null,"UN",1,1.06,1.06]
[{"$nulls":4},"MO sem LS =>",1.91,"LS =>",0,"MO com LS =>",1.91]
[{"$nulls":4},"Valor do BDI =>",2.94,null,"Valor com BDI =>",null,16.37]
[{"$nulls":6},"Quant. =>","7,00","Preço Total =>",114.59]
[]
[" 6.5.38 ","Código","Banco","Descrição","Tipo",null,"Und","Quant.","Valor Unit","Total"]
["Composição"," 93672 ","SINAPI","DISJUNTOR TRIPOLAR TIPO DIN, CORRENTE NOMINAL DE 40A - FORNECIMENTO E INSTALAÇÃO. AF_10/2020","INEL - INSTALAÇÃO ELÉTRICA/ELETRIFICAÇÃO E ILUMINAÇÃO EXTERNA",null,"UN",1,95.86,95.86]
["Composição Auxiliar"," 88247 ","SINAPI","AUXILIAR DE ELETRICISTA COM ENCARGOS COMPLEMENTARES","SEDI - SERVIÇOS DIVERSOS",null,"H",0.40570000000000001,21.44,8.69]
["Composição Auxiliar"," 88264 ","SINAPI","ELETRICISTA COM ENCARGOS COMPLEMENTARES","SEDI - SERVIÇOS DIVERSOS",null,"H",0.40570000000000001,27.89,11.31]
["Insumo"," 00034709 ","SINAPI","DISJUNTOR TERMOMAGNETICO PARA TRILHO DIN (IEC), TRIPOLAR, 10 - 50 A","Material",null,"UN",1,70.489999999999995,70.489999999999995]
["Insumo"," 00001574 ","SINAPI","TERMINAL A COMPRESSAO EM COBRE ESTANHADO PARA CABO 10 MM2, 1 FURO E 1 COMPRESSAO, PARA PARAFUSO DE FIXACAO M6","Material",null,"UN",3,1.79,5.37]
[{"$nulls":4},"MO sem LS =>",16.41,"LS =>",0,"MO com LS =>",16.41]
[{"$nulls":4},"Valor do BDI =>",20.99,null,"Valor com BDI =>",null,116.85]
[{"$nulls":6},"Quant. =>","2,00","Preço Total =>",233.7]
[]
[" 6.5.39 ","Código","Banco","Descrição","Tipo",null,"Und","Quant.","Valor Unit","Total"]
["Composição"," 93668 ","SINAPI","DISJUNTOR TRIPOLAR TIPO DIN, CORRENTE NOMINAL DE 16A - FORNECIMENTO E INSTALAÇÃO. AF_10/2020","INEL - INSTALAÇÃO ELÉTRICA/ELETRIFICAÇÃO E ILUMINAÇÃO EXTERNA",null,"UN",1,80.709999999999994,80.709999999999994]
["Composição Auxiliar"," 88247 ","SINAPI","AUXILIAR DE ELETRICISTA COM ENCARGOS COMPLEMENTARES","SEDI - SERVIÇOS DIVERSOS",null,"H",0.14280000000000001,21.44,3.06]
["Composição Auxiliar"," 88264 ","SINAPI","ELETRICISTA COM ENCARGOS COMPLEMENTARES","SEDI - SERVIÇOS DIVERSOS",null,"H",0.14280000000000001,27.89,3.98]
["Insumo"," 00034709 ","SINAPI","DISJUNTOR TERMOMAGNETICO PARA TRILHO DIN (IEC), TRIPOLAR, 10 - 50 A","Material",null,"UN",1,70.489999999999995,70.489999999999995]
["Insumo"," 00001570 ","SINAPI","TERMINAL A COMPRESSAO EM COBRE ESTANHADO PARA CABO 2,5 MM2, 1 FURO E 1 COMPRESSAO, PARA PARAFUSO DE FIXACAO M5","Material",null,"UN",3,1.06,3.18]
[{"$nulls":4},"MO sem LS =>",5.77,"LS =>",0,"MO com LS =>",5.77]
[{"$nulls":4},"Valor do BDI =>",17.670000000000002,null,"Valor com BDI =>",null,98.38]
[{"$nulls":6},"Quant. =>","1,00","Preço Total =>",98.38]
[]
[" 6.5.40 ","Código","Banco","Descrição","Tipo",null,"Und","Quant.","Valor Unit","Total"]
["Composição"," 9688 ","ORSE","Disjuntor termomagnético tripolar 125 A com caixa moldada 10 kA","Fusíveis, Disjuntores e Chaves",null,"un",1,566.13,566.13]
[null,"Código","Banco","Descrição","Tipo",null,"Und","Quant.","Valor Unit","Total"]
["Composição",10549,"ORSE","Encargos Complementares - Servente","Provisórios",null,"h",0.6,"3,80","2,28"]
["Insumo","00002436/SINAPI","ORSE","Eletricista (horista)","Mão de Obra",null,"h",0.6,"19,13","11,47"]
["Insumo",10064,"ORSE","Disjuntor termomagnético tripolar 125 A com caixa moldada 10 kA","Material",null,"un",1,"542,00","542,00"]
["Insumo","00006111/SINAPI","ORSE","Servente de obras (horista)","Mão de Obra",null,"h",0.6,"13,65","8,18"]
["Composição",10552,"ORSE","Encargos Complementares - Eletricista","Provisórios",null,"h",0.6,"3,66","2,19"]
["Detalhamento de Cálculo ORSE"]
[null,"Código","Banco","Descrição","Tipo",null,"Und","Quant.","Valor Unit","Total"]
["Insumo","00006111/SINAPI","ORSE","Servente de obras (horista)","Mão de Obra",null,"h",0.6,"13,65","8,18"]
["Insumo",2378,"ORSE","Vale transporte","Material",null,"un",9.5699999999999993E-2,"4,50","0,43"]
["Insumo",10492,"ORSE","Cesta Básica","Material",null,"un",5.4000000000000003E-3,"190,00","1,02"]
["Insumo","00012895/SINAPI","ORSE","Capacete de seguranca aba frontal com suspensao de polietileno, sem jugular (classe b)","Material",null,"un",7.2000000000000005E-4,"13,90","0,01"]
["Insumo","00012893/SINAPI","ORSE","Bota de seguranca com biqueira de aco e colarinho acolchoado","Material",null,"par",8.9999999999999998E-4,"66,72","0,06"]
["Insumo",941,"ORSE","Fardamento com mangas curta","Material",null,"un",1.8E-3,"193,41","0,34"]
["Insumo","00002436/SINAPI","ORSE","Eletricista (horista)","Mão de Obra",null,"h",0.6,"19,13","11,47"]
["Insumo",11242,"ORSE","Chave inglesa 12\"","Material",null,"un",6.0000000000000002E-5,"34,00","0,00"]
["Insumo",10517,"ORSE","Exames admissionais/demissionais (checkup)","Serviços",null,"cj",4.8000000000000001E-4,"300,00","0,14"]
["Insumo","00002711/SINAPI","ORSE","Carrinho de mao de aco capacidade 50 a 60 l, pneu com camara","Material",null,"un",1.2E-4,"166,00","0,01"]
["Insumo",158,"ORSE","Almoço (Participação do empregador)","Material",null,"un",0.12216,"14,00","1,71"]
["Insumo",11241,"ORSE","Alicate volt-amperimetro","Material",null,"un",1.2E-4,"163,00","0,01"]
["Insumo",4729,"ORSE","Marreta 1 kg com cabo","Material",null,"un",6.0000000000000002E-5,"37,80","0,00"]
["Insumo",4728,"ORSE","Talhadeira chata 10\"","Material",null,"un",1.8000000000000001E-4,"18,58","0,00"]
["Insumo",10788,"ORSE","Pá quadrada","Material",null,"un",1.2E-4,"36,90","0,00"]
["Insumo",10599,"ORSE","Protetor solar fps 30 com 120ml","Material",null,"un",2.16E-3,"18,00","0,03"]
["Insumo",1651,"ORSE","Óculos branco proteção","Material",null,"pr",9.6000000000000002E-4,"6,70","0,00"]
["Insumo",10362,"ORSE","Seguro de vida e acidente em grupo","Serviços",null,"un",5.4000000000000003E-3,"12,54","0,06"]
["Insumo",10064,"ORSE","Disjuntor termomagnético tripolar 125 A com caixa moldada 10 kA","Material",null,"un",1,"542,00","542,00"]
["Insumo",11240,"ORSE","Alicate com isolamento","Material",null,"un",1.2E-4,"47,69","0,00"]
["Insumo","00012892/SINAPI","ORSE","Luva raspa de couro, cano curto (punho *7* cm)","Material",null,"par",2.7599999999999999E-3,"12,51","0,03"]
["Insumo","00012894/SINAPI","ORSE","Capa para chuva em pvc com forro de poliester, com capuz (amarela ou azul)","Material",null,"un",2.4000000000000001E-4,"18,07","0,00"]
["Insumo",10596,"ORSE","Protetor auricular","Material",null,"un",5.4000000000000003E-3,"4,90","0,02"]
["Insumo",10761,"ORSE","Refeição - café da manhã ( café com leite e dois pães com manteiga)","Serviços",null,"un",0.12216,"5,00","0,61"]
["Insumo",10579,"ORSE","Chave de fenda chata 30 cm","Material",null,"un",1.2E-4,"26,89","0,00"]
[{"$nulls":4},"MO sem LS =>",19.649999999999999,"LS =>",0,"MO com LS =>",19.649999999999999]
[{"$nulls":4},"Valor do BDI =>",123.98,null,"Valor com BDI =>",null,690.11]
[{"$nulls":6},"Quant. =>","1,00","Preço Total =>",690.11]
[]
[" 6.5.41 ","Código","Banco","Descrição","Tipo",null,"Und","Quant.","Valor Unit","Total"]
["Composição"," 13603 ","ORSE","Interruptor diferencial residual - IDR 2P DR 4x63A/30mA","Fusíveis, Disjuntores e Chaves",null,"un",1,205.26,205.26]
[null,"Código","Banco","Descrição","Tipo",null,"Und","Quant.","Valor Unit","Total"]
["Composição",10549,"ORSE","Encargos Complementares - Servente","Provisórios",null,"h",2,"3,80","7,60"]
["Insumo","00006111/SINAPI","ORSE","Servente de obras (horista)","Mão de Obra",null,"h",2,"13,65","27,29"]
["Insumo","00002436/SINAPI","ORSE","Eletricista (horista)","Mão de Obra",null,"h",2,"19,13","38,25"]
["Composição",10552,"ORSE","Encargos Complementares - Eletricista","Provisórios",null,"h",2,"3,66","7,32"]
["Insumo",14368,"ORSE","Interruptor diferencial residual - IDR 2P DR 4x63A/30mA","Material",null,"un",1,"124,55","124,55"]
["Detalhamento de Cálculo ORSE"]
[null,"Código","Banco","Descrição","Tipo",null,"Und","Quant.","Valor Unit","Total"]
["Insumo",10596,"ORSE","Protetor auricular","Material",null,"un",1.7999999999999999E-2,"4,90","0,08"]
["Insumo",2378,"ORSE","Vale transporte","Material",null,"un",0.31900000000000001,"4,50","1,43"]
["Insumo",4729,"ORSE","Marreta 1 kg com cabo","Material",null,"un",2.0000000000000001E-4,"37,80","0,00"]
["Insumo",11241,"ORSE","Alicate volt-amperimetro","Material",null,"un",4.0000000000000002E-4,"163,00","0,06"]
["Insumo",10517,"ORSE","Exames admissionais/demissionais (checkup)","Serviços",null,"cj",1.6000000000000001E-3,"300,00","0,48"]
["Insumo",11242,"ORSE","Chave inglesa 12\"","Material",null,"un",2.0000000000000001E-4,"34,00","0,00"]
["Insumo",4728,"ORSE","Talhadeira chata 10\"","Material",null,"un",5.9999999999999995E-4,"18,58","0,01"]
["Insumo",10362,"ORSE","Seguro de vida e acidente em grupo","Serviços",null,"un",1.7999999999999999E-2,"12,54","0,22"]
["Insumo","00012895/SINAPI","ORSE","Capacete de seguranca aba frontal com suspensao de polietileno, sem jugular (classe b)","Material",null,"un",2.3999999999999998E-3,"13,90","0,03"]
["Insumo",14368,"ORSE","Interruptor diferencial residual - IDR 2P DR 4x63A/30mA","Material",null,"un",1,"124,55","124,55"]
["Insumo",1651,"ORSE","Óculos branco proteção","Material",null,"pr",3.2000000000000002E-3,"6,70","0,02"]
["Insumo",10761,"ORSE","Refeição - café da manhã ( café com leite e dois pães com manteiga)","Serviços",null,"un",0.40720000000000001,"5,00","2,03"]
["Insumo","00012892/SINAPI","ORSE","Luva raspa de couro, cano curto (punho *7* cm)","Material",null,"par",9.1999999999999998E-3,"12,51","0,11"]
["Insumo",941,"ORSE","Fardamento com mangas curta","Material",null,"un",6.0000000000000001E-3,"193,41","1,16"]
["Insumo","00002436/SINAPI","ORSE","Eletricista (horista)","Mão de Obra",null,"h",2,"19,13","38,25"]
["Insumo",10788,"ORSE","Pá quadrada","Material",null,"un",4.0000000000000002E-4,"36,90","0,01"]
["Insumo",10492,"ORSE","Cesta Básica","Material",null,"un",1.7999999999999999E-2,"190,00","3,42"]
["Insumo","00006111/SINAPI","ORSE","Servente de obras (horista)","Mão de Obra",null,"h",2,"13,65","27,29"]
["Insumo","00012893/SINAPI","ORSE","Bota de seguranca com biqueira de aco e colarinho acolchoado","Material",null,"par",3.0000000000000001E-3,"66,72","0,20"]
["Insumo",10579,"ORSE","Chave de fenda chata 30 cm","Material",null,"un",4.0000000000000002E-4,"26,89","0,01"]
["Insumo","00002711/SINAPI","ORSE","Carrinho de mao de aco capacidade 50 a 60 l, pneu com camara","Material",null,"un",4.0000000000000002E-4,"166,00","0,06"]
["Insumo",11240,"ORSE","Alicate com isolamento","Material",null,"un",4.0000000000000002E-4,"47,69","0,01"]
["Insumo",10599,"ORSE","Protetor solar fps 30 com 120ml","Material",null,"un",7.1999999999999998E-3,"18,00","0,12"]
["Insumo","00012894/SINAPI","ORSE","Capa para chuva em pvc com forro de poliester, com capuz (amarela ou azul)","Material",null,"un",8.0000000000000004E-4,"18,07","0,01"]
["Insumo",158,"ORSE","Almoço (Participação do empregador)","Material",null,"un",0.40720000000000001,"14,00","5,70"]
[{"$nulls":4},"MO sem LS =>",65.540000000000006,"LS =>",0,"MO com LS =>",65.540000000000006]
[{"$nulls":4},"Valor do BDI =>",44.95,null,"Valor com BDI =>",null,250.21]
[{"$nulls":6},"Quant. =>","1,00","Preço Total =>",250.21]
[]
[" 6.5.42 ","Código","Banco","Descrição","Tipo",null,"Und","Quant.","Valor Unit","Total"]
["Composição"," COMPOSIÇÃO - 149 ","Próprio","LUMINÁRIA DO TIPO PENDENTE BOLA 30CM COM LÂMPADA DE LED 50W 4500K","INEL - INSTALAÇÃO ELÉTRICA/ELETRIFICAÇÃO E ILUMINAÇÃO EXTERNA",null,"UN",1,614.63,614.63]
["Composição Auxiliar"," 88316 ","SINAPI","SERVENTE COM ENCARGOS COMPLEMENTARES","SEDI - SERVIÇOS DIVERSOS",null,"H",1,18.98,18.98]
["Composição Auxiliar"," 88264 ","SINAPI","ELETRICISTA COM ENCARGOS COMPLEMENTARES","SEDI - SERVIÇOS DIVERSOS",null,"H",1,27.89,27.89]
["Composição Auxiliar"," 12561 ","ORSE","Lâmpada led 50w de potência, luz branca bivolt, marca LLum  ou similar","Luminárias Internas",null,"un",2,33.880000000000003,67.760000000000005]
["Insumo"," COTAÇÃO - 109 ","Próprio","LUMINÁRIA DO TIPO PENDENTE BOLA 30CM COM LÂMPADA DE LED 30W 4500K","Material",null,"UN",1,500,500]
[{"$nulls":4},"MO sem LS =>",41.94,"LS =>",0,"MO com LS =>",41.94]
[{"$nulls":4},"Valor do BDI =>",134.6,null,"Valor com BDI =>",null,749.23]
[{"$nulls":6},"Quant. =>","92,00","Preço Total =>",68929.16]
[]
[" 6.5.43 ","Código","Banco","Descrição","Tipo",null,"Und","Quant.","Valor Unit","Total"]
["Composição"," COMPOSIÇÃO - 151 ","Próprio","QUADRO DE COMANDO C/ BARRAMENTOS ELÉTRICOS 15X2MM² TRIFÁSICO + N + T EM  ALUMÍNIO COR CINZA 80X60X25CM TINTURA ELETROSTÁTICA A PO, COM PLACA DE  MONTAGEM COR LARANJA ESPESSURA 1,2MM","INEL - INSTALAÇÃO ELÉTRICA/ELETRIFICAÇÃO E ILUMINAÇÃO EXTERNA",null,"UN",1,3589.28,3589.28]
["Composição Auxiliar"," 88264 ","SINAPI","ELETRICISTA COM ENCARGOS COMPLEMENTARES","SEDI - SERVIÇOS DIVERSOS",null,"H",16,27.89,446.24]
["Composição Auxiliar"," 88247 ","SINAPI","AUXILIAR DE ELETRICISTA COM ENCARGOS COMPLEMENTARES","SEDI - SERVIÇOS DIVERSOS",null,"H",16,21.44,343.04]
["Insumo"," COTAÇÃO - 111 ","Próprio","QUADRO DE COMANDO C/ BARRAMENTOS ELÉTRICOS 15X2MM² TRIFÁSICO + N + T EM ALUMÍNIO COR CINZA 80X60X25CM TINTURA ELETROSTÁTICA A  PO, COM PLACA DE MONTAGEM COR LARANJA ESPESSURA 1,2MM","Material",null,"UN",1,2800,2800]
[{"$nulls":4},"MO sem LS =>",647.52,"LS =>",0,"MO com LS =>",647.52]
[{"$nulls":4},"Valor do BDI =>",786.05,null,"Valor com BDI =>",null,4375.33]
[{"$nulls":6},"Quant. =>","1,00","Preço Total =>",4375.33]
[]
[" 6.6 ",null,null,"PROJETO ELÉTRICO EXTERNO",{"$nulls":5},217665.61]
[" 6.6.1 ","Código","Banco","Descrição","Tipo",null,"Und","Quant.","Valor Unit","Total"]
["Composição"," 12915 ","ORSE","Caixa de concreto pre moldado para aterramento, com tampa, 40 x 40 x 40, e = 5cm","Pára-raios",null,"un",1,98.91,98.91]
[null,"Código","Banco","Descrição","Tipo",null,"Und","Quant.","Valor Unit","Total"]
["Composição",10550,"ORSE","Encargos Complementares - Pedreiro","Provisórios",null,"h",0.33,"3,67","1,21"]
["Insumo",13676,"ORSE","Caixa de concreto pre moldado para aterramento, com tampa, 40 x 40 x 40, e = 5cm","Material",null,"un",1,"80,86","80,86"]
["Insumo","00004750/SINAPI","ORSE","Pedreiro (horista)","Mão de Obra",null,"h",0.33,"19,13","6,31"]
["Composição",2497,"ORSE","Escavação manual de vala ou cava em material de 1ª categoria, profundidade até 1,50m","Escavação Manual em Área Urbana",null,"m³",9.11E-2,"52,50","4,78"]
["Insumo","00006111/SINAPI","ORSE","Servente de obras (horista)","Mão de Obra",null,"h",0.33,"13,65","4,50"]
["Composição",10549,"ORSE","Encargos Complementares - Servente","Provisórios",null,"h",0.33,"3,80","1,25"]
["Detalhamento de Cálculo ORSE"]
[null,"Código","Banco","Descrição","Tipo",null,"Und","Quant.","Valor Unit","Total"]
["Insumo",10790,"ORSE","Prumo de face","Material",null,"un",3.3000000000000003E-5,"25,95","0,00"]
["Insumo",11246,"ORSE","Escala métrica de bambú","Material",null,"Un",2.31E-4,"10,22","0,00"]
["Insumo",10492,"ORSE","Cesta Básica","Material",null,"un",4.1998499999999998E-3,"190,00","0,79"]
["Insumo","00012894/SINAPI","ORSE","Capa para chuva em pvc com forro de poliester, com capuz (amarela ou azul)","Material",null,"un",1.8666000000000001E-4,"18,07","0,00"]
["Insumo",10761,"ORSE","Refeição - café da manhã ( café com leite e dois pães com manteiga)","Serviços",null,"un",9.5009940000000001E-2,"5,00","0,47"]
["Insumo",10789,"ORSE","Nível de bolha de madeira","Material",null,"un",6.6000000000000005E-5,"15,40","0,00"]
["Insumo",11265,"ORSE","Martelo de borracha com cabo","Material",null,"un",1.3200000000000001E-4,"18,75","0,00"]
["Insumo",4722,"ORSE","Colher de pedreiro","Material",null,"un",1.3200000000000001E-4,"18,80","0,00"]
["Insumo",10282,"ORSE","Regua de alumínio c/ 2,00m (para pedreiro)","Material",null,"un",6.6000000000000005E-5,"45,00","0,00"]
["Insumo",10596,"ORSE","Protetor auricular","Material",null,"un",4.1998499999999998E-3,"4,90","0,02"]
["Insumo","00012893/SINAPI","ORSE","Bota de seguranca com biqueira de aco e colarinho acolchoado","Material",null,"par",7.4664000000000002E-4,"66,72","0,04"]
["Insumo","00002711/SINAPI","ORSE","Carrinho de mao de aco capacidade 50 a 60 l, pneu com camara","Material",null,"un",1.2066E-4,"166,00","0,02"]
["Insumo",4729,"ORSE","Marreta 1 kg com cabo","Material",null,"un",6.033E-5,"37,80","0,00"]
["Insumo","00006111/SINAPI","ORSE","Servente de obras (horista)","Mão de Obra",null,"h",0.60329999999999995,"13,65","8,23"]
["Insumo",11247,"ORSE","Serra mármore","Material",null,"un",3.3000000000000003E-5,"327,80","0,01"]
["Insumo",1651,"ORSE","Óculos branco proteção","Material",null,"pr",7.4664000000000002E-4,"6,70","0,00"]
["Insumo","00004750/SINAPI","ORSE","Pedreiro (horista)","Mão de Obra",null,"h",0.33,"19,13","6,31"]
["Insumo","00012895/SINAPI","ORSE","Capacete de seguranca aba frontal com suspensao de polietileno, sem jugular (classe b)","Material",null,"un",5.5997999999999996E-4,"13,90","0,00"]
["Insumo",2378,"ORSE","Vale transporte","Material",null,"un",7.8352530000000004E-2,"4,50","0,35"]
["Insumo",11245,"ORSE","Desempoladeira de madeira 12x22","Material",null,"un",2.31E-4,"11,60","0,00"]
["Insumo",11264,"ORSE","Marreta de 1/2 kg com cabo","Material",null,"un",6.6000000000000005E-5,"13,52","0,00"]
["Insumo","00012892/SINAPI","ORSE","Luva raspa de couro, cano curto (punho *7* cm)","Material",null,"par",2.1465899999999999E-3,"12,51","0,02"]
["Insumo",10517,"ORSE","Exames admissionais/demissionais (checkup)","Serviços",null,"cj",3.7332000000000001E-4,"300,00","0,11"]
["Insumo",4174,"ORSE","Desempenadeira de aço lisa, cabo madeira, ref:143, Atlas ou similar","Material",null,"un",1.65E-4,"12,00","0,00"]
["Insumo",158,"ORSE","Almoço (Participação do empregador)","Material",null,"un",9.5009940000000001E-2,"14,00","1,33"]
["Insumo",11243,"ORSE","Martelo sem unha","Material",null,"un",3.3000000000000003E-5,"28,00","0,00"]
["Insumo",13676,"ORSE","Caixa de concreto pre moldado para aterramento, com tampa, 40 x 40 x 40, e = 5cm","Material",null,"un",1,"80,86","80,86"]
["Insumo",10788,"ORSE","Pá quadrada","Material",null,"un",1.2066E-4,"36,90","0,00"]
["Insumo",10362,"ORSE","Seguro de vida e acidente em grupo","Serviços",null,"un",4.1998499999999998E-3,"12,54","0,05"]
["Insumo",10599,"ORSE","Protetor solar fps 30 com 120ml","Material",null,"un",1.67994E-3,"18,00","0,03"]
["Insumo",4728,"ORSE","Talhadeira chata 10\"","Material",null,"un",1.8098999999999999E-4,"18,58","0,00"]
["Insumo",941,"ORSE","Fardamento com mangas curta","Material",null,"un",1.3999500000000001E-3,"193,41","0,27"]
[{"$nulls":4},"MO sem LS =>",14.54,"LS =>",0,"MO com LS =>",14.54]
[{"$nulls":4},"Valor do BDI =>",21.66,null,"Valor com BDI =>",null,120.57]
[{"$nulls":6},"Quant. =>","55,00","Preço Total =>",6631.35]
[]
[" 6.6.2 ","Código","Banco","Descrição","Tipo",null,"Und","Quant.","Valor Unit","Total"]
["Composição"," 12910 ","ORSE","Poste decorativo 2 pétalas, em aço galvanizado com difusor em vidro transparente temperado, com 3m/4m, inclusive lâmpada de led 50w","Postes Tubulares de Ferro Galvanizado",null,"un",1,2718.81,2718.81]
[null,"Código","Banco","Descrição","Tipo",null,"Und","Quant.","Valor Unit","Total"]
["Composição",10550,"ORSE","Encargos Complementares - Pedreiro","Provisórios",null,"h",1.5,"3,67","5,50"]
["Composição",95,"ORSE","Concreto simples fabricado na obra, fck=13,5 mpa, lançado e adensado","Alvenarias de Pedra e Concretos para Fundações",null,"m³",0.28000000000000003,"553,39","154,94"]
["Insumo",13672,"ORSE","Suporte de fixação em chapa de aço galvanizado, para 02 luminária, encaixe emposte com topo de Ø de 60,3mm externo, da Induspar ou similar","Material",null,"un",1,"119,76","119,76"]
["Composição",2497,"ORSE","Escavação manual de vala ou cava em material de 1ª categoria, profundidade até 1,50m","Escavação Manual em Área Urbana",null,"m³",0.28000000000000003,"52,50","14,70"]
["Insumo","00004750/SINAPI","ORSE","Pedreiro (horista)","Mão de Obra",null,"h",1.5,"19,13","28,69"]
["Insumo","00006111/SINAPI","ORSE","Servente de obras (horista)","Mão de Obra",null,"h",1.5,"13,65","20,46"]
["Insumo",13673,"ORSE","Luminária em LED  para iluminação pública, 50W, 100 a 220v, Fluxo luminoso 4000 a 4200 lúmens, Temp. cor 6000/6500k, IRC= ou 70%, modelo Induspar ou similar","Material",null,"un",1,"384,04","384,04"]
["Insumo",13668,"ORSE","Poste de aço galv. cônico contínuPoste de Aço para Jardim, altura 3m/4m, com tubo diam. = 64mm","Material",null,"un",3.2,"620,25","1.984,80"]
["Composição",10549,"ORSE","Encargos Complementares - Servente","Provisórios",null,"h",1.5,"3,80","5,70"]
["Detalhamento de Cálculo ORSE"]
[null,"Código","Banco","Descrição","Tipo",null,"Und","Quant.","Valor Unit","Total"]
["Insumo","00000367/SINAPI","ORSE","Areia grossa - posto jazida/fornecedor (retirado na jazida, sem transporte)","Material",null,"m³",0.26404,"111,43","29,42"]
["Insumo",941,"ORSE","Fardamento com mangas curta","Material",null,"un",9.3384000000000002E-3,"193,41","1,80"]
["Insumo",11243,"ORSE","Martelo sem unha","Material",null,"un",1.6008E-4,"28,00","0,00"]
["Insumo",10788,"ORSE","Pá quadrada","Material",null,"un",8.9472E-4,"36,90","0,03"]
["Insumo",10282,"ORSE","Regua de alumínio c/ 2,00m (para pedreiro)","Material",null,"un",3.2016E-4,"45,00","0,01"]
["Insumo",10517,"ORSE","Exames admissionais/demissionais (checkup)","Serviços",null,"cj",2.4902399999999999E-3,"300,00","0,74"]
["Insumo","00006111/SINAPI","ORSE","Servente de obras (horista)","Mão de Obra",null,"h",4.4736000000000002,"13,65","61,04"]
["Insumo",10596,"ORSE","Protetor auricular","Material",null,"un",2.8015200000000001E-2,"4,90","0,13"]
["Insumo",10578,"ORSE","Formão grande","Material",null,"un",2.016E-5,"15,15","0,00"]
["Insumo","00012892/SINAPI","ORSE","Luva raspa de couro, cano curto (punho *7* cm)","Material",null,"par",1.4318880000000001E-2,"12,51","0,17"]
["Insumo",11248,"ORSE","Furadeira e Parafusadeira eletrica Bosch ou Similar profissional","Equipamento",null,"un",1.008E-5,"246,00","0,00"]
["Insumo","00012895/SINAPI","ORSE","Capacete de seguranca aba frontal com suspensao de polietileno, sem jugular (classe b)","Material",null,"un",3.7353600000000001E-3,"13,90","0,05"]
["Insumo","00004750/SINAPI","ORSE","Pedreiro (horista)","Mão de Obra",null,"h",1.6008,"19,13","30,62"]
["Insumo",10492,"ORSE","Cesta Básica","Material",null,"un",2.8015200000000001E-2,"190,00","5,32"]
["Insumo",13668,"ORSE","Poste de aço galv. cônico contínuPoste de Aço para Jardim, altura 3m/4m, com tubo diam. = 64mm","Material",null,"un",3.2,"620,25","1.984,80"]
["Insumo",1651,"ORSE","Óculos branco proteção","Material",null,"pr",4.9703999999999998E-3,"6,70","0,03"]
["Insumo",10585,"ORSE","Arco de serra","Material",null,"un",1.008E-5,"19,90","0,00"]
["Insumo",10579,"ORSE","Chave de fenda chata 30 cm","Material",null,"un",2.016E-5,"26,89","0,00"]
["Insumo",10599,"ORSE","Protetor solar fps 30 com 120ml","Material",null,"un",1.120608E-2,"18,00","0,20"]
["Insumo","00004721/SINAPI","ORSE","Pedra britada n. 1 (9,5 a 19 mm) posto pedreira/fornecedor, sem frete","Material",null,"m³",5.8520000000000003E-2,"119,72","7,00"]
["Insumo","00004718/SINAPI","ORSE","Pedra britada n. 2 (19 a 38 mm) posto pedreira/fornecedor, sem frete","Material",null,"m³",0.17555999999999999,"120,35","21,12"]
["Insumo",4729,"ORSE","Marreta 1 kg com cabo","Material",null,"un",4.4736E-4,"37,80","0,01"]
["Insumo","00012893/SINAPI","ORSE","Bota de seguranca com biqueira de aco e colarinho acolchoado","Material",null,"par",4.9703999999999998E-3,"66,72","0,33"]
["Insumo","00012894/SINAPI","ORSE","Capa para chuva em pvc com forro de poliester, com capuz (amarela ou azul)","Material",null,"un",1.24512E-3,"18,07","0,02"]
["Insumo","00001213/SINAPI","ORSE","Carpinteiro de formas ou oficial (horista)","Mão de Obra",null,"h",0.1008,"19,13","1,92"]
["Insumo","00002711/SINAPI","ORSE","Carrinho de mao de aco capacidade 50 a 60 l, pneu com camara","Material",null,"un",8.9472E-4,"166,00","0,14"]
["Insumo",11264,"ORSE","Marreta de 1/2 kg com cabo","Material",null,"un",3.2016E-4,"13,52","0,00"]
["Insumo",11265,"ORSE","Martelo de borracha com cabo","Material",null,"un",6.4032E-4,"18,75","0,01"]
["Insumo",10362,"ORSE","Seguro de vida e acidente em grupo","Serviços",null,"un",2.8015200000000001E-2,"12,54","0,35"]
["Insumo",11247,"ORSE","Serra mármore","Material",null,"un",1.6008E-4,"327,80","0,05"]
["Insumo",4174,"ORSE","Desempenadeira de aço lisa, cabo madeira, ref:143, Atlas ou similar","Material",null,"un",8.0040000000000005E-4,"12,00","0,00"]
["Insumo",4722,"ORSE","Colher de pedreiro","Material",null,"un",6.4032E-4,"18,80","0,01"]
["Insumo",13672,"ORSE","Suporte de fixação em chapa de aço galvanizado, para 02 luminária, encaixe emposte com topo de Ø de 60,3mm externo, da Induspar ou similar","Material",null,"un",1,"119,76","119,76"]
["Insumo",10586,"ORSE","Torquesa","Material",null,"un",1.008E-5,"39,00","0,00"]
["Insumo",11246,"ORSE","Escala métrica de bambú","Material",null,"Un",1.12056E-3,"10,22","0,01"]
["Insumo",2378,"ORSE","Vale transporte","Material",null,"un",0.53554656,"4,50","2,40"]
["Insumo",11244,"ORSE","Martelo com unha","Material",null,"un",2.016E-5,"48,95","0,00"]
["Insumo",13673,"ORSE","Luminária em LED  para iluminação pública, 50W, 100 a 220v, Fluxo luminoso 4000 a 4200 lúmens, Temp. cor 6000/6500k, IRC= ou 70%, modelo Induspar ou similar","Material",null,"un",1,"384,04","384,04"]
["Insumo","00000378/SINAPI","ORSE","Armador (horista)","Mão de Obra",null,"h",5.04E-2,"19,13","0,96"]
["Insumo",11245,"ORSE","Desempoladeira de madeira 12x22","Material",null,"un",1.12056E-3,"11,60","0,01"]
["Insumo",158,"ORSE","Almoço (Participação do empregador)","Material",null,"un",0.63376608000000001,"14,00","8,87"]
["Insumo",10577,"ORSE","Serrote 40cm","Material",null,"un",1.008E-5,"29,90","0,00"]
["Insumo",11249,"ORSE","Serra circular eletrica portatil","Equipamento",null,"un",1.008E-5,"617,95","0,00"]
["Insumo",4728,"ORSE","Talhadeira chata 10\"","Material",null,"un",1.3420800000000001E-3,"18,58","0,02"]
["Insumo",10789,"ORSE","Nível de bolha de madeira","Material",null,"un",3.2016E-4,"15,40","0,00"]
["Insumo",10790,"ORSE","Prumo de face","Material",null,"un",1.6008E-4,"25,95","0,00"]
["Insumo","00001379/SINAPI","ORSE","Cimento portland composto cp ii-32","Material",null,"kg",71.400000000000006,"0,76","54,26"]
["Insumo",10761,"ORSE","Refeição - café da manhã ( café com leite e dois pães com manteiga)","Serviços",null,"un",0.63376608000000001,"5,00","3,16"]
[{"$nulls":4},"MO sem LS =>",94.54,"LS =>",0,"MO com LS =>",94.54]
[{"$nulls":4},"Valor do BDI =>",595.41,null,"Valor com BDI =>",null,3314.22]
[{"$nulls":6},"Quant. =>","25,00","Preço Total =>",82855.5]
[]
[" 6.6.3 ","Código","Banco","Descrição","Tipo",null,"Und","Quant.","Valor Unit","Total"]
["Composição"," 12903 ","ORSE","Poste decorativo 1 pétalas, em aço galvanizado com difusor em vidro transparente temperado, com 3m/4m, inclusive lâmpada de led 50w","Postes Tubulares de Ferro Galvanizado",null,"un",1,2672.24,2672.24]
[null,"Código","Banco","Descrição","Tipo",null,"Und","Quant.","Valor Unit","Total"]
["Composição",2497,"ORSE","Escavação manual de vala ou cava em material de 1ª categoria, profundidade até 1,50m","Escavação Manual em Área Urbana",null,"m³",0.28000000000000003,"52,50","14,70"]
["Composição",10549,"ORSE","Encargos Complementares - Servente","Provisórios",null,"h",1.5,"3,80","5,70"]
["Insumo",13671,"ORSE","Suporte de fixação em chapa de aço galvanizado, para 01 luminária, encaixe emposte com topo de Ø de 60,3mm externo, da Induspar ou similar","Material",null,"un",1,"73,19","73,19"]
["Composição",10550,"ORSE","Encargos Complementares - Pedreiro","Provisórios",null,"h",1.5,"3,67","5,50"]
["Insumo","00006111/SINAPI","ORSE","Servente de obras (horista)","Mão de Obra",null,"h",1.5,"13,65","20,46"]
["Insumo","00004750/SINAPI","ORSE","Pedreiro (horista)","Mão de Obra",null,"h",1.5,"19,13","28,69"]
["Insumo",13673,"ORSE","Luminária em LED  para iluminação pública, 50W, 100 a 220v, Fluxo luminoso 4000 a 4200 lúmens, Temp. cor 6000/6500k, IRC= ou 70%, modelo Induspar ou similar","Material",null,"un",1,"384,04","384,04"]
["Insumo",13668,"ORSE","Poste de aço galv. cônico contínuPoste de Aço para Jardim, altura 3m/4m, com tubo diam. = 64mm","Material",null,"un",3.2,"620,25","1.984,80"]
["Composição",95,"ORSE","Concreto simples fabricado na obra, fck=13,5 mpa, lançado e adensado","Alvenarias de Pedra e Concretos para Fundações",null,"m³",0.28000000000000003,"553,39","154,94"]
["Detalhamento de Cálculo ORSE"]
[null,"Código","Banco","Descrição","Tipo",null,"Und","Quant.","Valor Unit","Total"]
["Insumo","00002711/SINAPI","ORSE","Carrinho de mao de aco capacidade 50 a 60 l, pneu com camara","Material",null,"un",8.9472E-4,"166,00","0,14"]
["Insumo",10596,"ORSE","Protetor auricular","Material",null,"un",2.8015200000000001E-2,"4,90","0,13"]
["Insumo","00012895/SINAPI","ORSE","Capacete de seguranca aba frontal com suspensao de polietileno, sem jugular (classe b)","Material",null,"un",3.7353600000000001E-3,"13,90","0,05"]
["Insumo","00000367/SINAPI","ORSE","Areia grossa - posto jazida/fornecedor (retirado na jazida, sem transporte)","Material",null,"m³",0.26404,"111,43","29,42"]
["Insumo","00012894/SINAPI","ORSE","Capa para chuva em pvc com forro de poliester, com capuz (amarela ou azul)","Material",null,"un",1.24512E-3,"18,07","0,02"]
["Insumo",11246,"ORSE","Escala métrica de bambú","Material",null,"Un",1.12056E-3,"10,22","0,01"]
["Insumo",11249,"ORSE","Serra circular eletrica portatil","Equipamento",null,"un",1.008E-5,"617,95","0,00"]
["Insumo","00001213/SINAPI","ORSE","Carpinteiro de formas ou oficial (horista)","Mão de Obra",null,"h",0.1008,"19,13","1,92"]
["Insumo",13673,"ORSE","Luminária em LED  para iluminação pública, 50W, 100 a 220v, Fluxo luminoso 4000 a 4200 lúmens, Temp. cor 6000/6500k, IRC= ou 70%, modelo Induspar ou similar","Material",null,"un",1,"384,04","384,04"]
["Insumo",10282,"ORSE","Regua de alumínio c/ 2,00m (para pedreiro)","Material",null,"un",3.2016E-4,"45,00","0,01"]
["Insumo",10578,"ORSE","Formão grande","Material",null,"un",2.016E-5,"15,15","0,00"]
["Insumo",11245,"ORSE","Desempoladeira de madeira 12x22","Material",null,"un",1.12056E-3,"11,60","0,01"]
["Insumo",11265,"ORSE","Martelo de borracha com cabo","Material",null,"un",6.4032E-4,"18,75","0,01"]
["Insumo",4174,"ORSE","Desempenadeira de aço lisa, cabo madeira, ref:143, Atlas ou similar","Material",null,"un",8.0040000000000005E-4,"12,00","0,00"]
["Insumo",11244,"ORSE","Martelo com unha","Material",null,"un",2.016E-5,"48,95","0,00"]
["Insumo","00006111/SINAPI","ORSE","Servente de obras (horista)","Mão de Obra",null,"h",4.4736000000000002,"13,65","61,04"]
["Insumo","00004721/SINAPI","ORSE","Pedra britada n. 1 (9,5 a 19 mm) posto pedreira/fornecedor, sem frete","Material",null,"m³",5.8520000000000003E-2,"119,72","7,00"]
["Insumo",11243,"ORSE","Martelo sem unha","Material",null,"un",1.6008E-4,"28,00","0,00"]
["Insumo","00004718/SINAPI","ORSE","Pedra britada n. 2 (19 a 38 mm) posto pedreira/fornecedor, sem frete","Material",null,"m³",0.17555999999999999,"120,35","21,12"]
["Insumo",10362,"ORSE","Seguro de vida e acidente em grupo","Serviços",null,"un",2.8015200000000001E-2,"12,54","0,35"]
["Insumo",10586,"ORSE","Torquesa","Material",null,"un",1.008E-5,"39,00","0,00"]
["Insumo",11247,"ORSE","Serra mármore","Material",null,"un",1.6008E-4,"327,80","0,05"]
["Insumo",10789,"ORSE","Nível de bolha de madeira","Material",null,"un",3.2016E-4,"15,40","0,00"]
["Insumo",10599,"ORSE","Protetor solar fps 30 com 120ml","Material",null,"un",1.120608E-2,"18,00","0,20"]
["Insumo",11248,"ORSE","Furadeira e Parafusadeira eletrica Bosch ou Similar profissional","Equipamento",null,"un",1.008E-5,"246,00","0,00"]
["Insumo",10788,"ORSE","Pá quadrada","Material",null,"un",8.9472E-4,"36,90","0,03"]
["Insumo",10492,"ORSE","Cesta Básica","Material",null,"un",2.8015200000000001E-2,"190,00","5,32"]
["Insumo",158,"ORSE","Almoço (Participação do empregador)","Material",null,"un",0.63376608000000001,"14,00","8,87"]
["Insumo",4729,"ORSE","Marreta 1 kg com cabo","Material",null,"un",4.4736E-4,"37,80","0,01"]
["Insumo",13668,"ORSE","Poste de aço galv. cônico contínuPoste de Aço para Jardim, altura 3m/4m, com tubo diam. = 64mm","Material",null,"un",3.2,"620,25","1.984,80"]
["Insumo",10579,"ORSE","Chave de fenda chata 30 cm","Material",null,"un",2.016E-5,"26,89","0,00"]
["Insumo","00000378/SINAPI","ORSE","Armador (horista)","Mão de Obra",null,"h",5.04E-2,"19,13","0,96"]
["Insumo","00012892/SINAPI","ORSE","Luva raspa de couro, cano curto (punho *7* cm)","Material",null,"par",1.4318880000000001E-2,"12,51","0,17"]
["Insumo",941,"ORSE","Fardamento com mangas curta","Material",null,"un",9.3384000000000002E-3,"193,41","1,80"]
["Insumo",4722,"ORSE","Colher de pedreiro","Material",null,"un",6.4032E-4,"18,80","0,01"]
["Insumo",1651,"ORSE","Óculos branco proteção","Material",null,"pr",4.9703999999999998E-3,"6,70","0,03"]
["Insumo",10585,"ORSE","Arco de serra","Material",null,"un",1.008E-5,"19,90","0,00"]
["Insumo",4728,"ORSE","Talhadeira chata 10\"","Material",null,"un",1.3420800000000001E-3,"18,58","0,02"]
["Insumo",10761,"ORSE","Refeição - café da manhã ( café com leite e dois pães com manteiga)","Serviços",null,"un",0.63376608000000001,"5,00","3,16"]
["Insumo","00001379/SINAPI","ORSE","Cimento portland composto cp ii-32","Material",null,"kg",71.400000000000006,"0,76","54,26"]
["Insumo",10790,"ORSE","Prumo de face","Material",null,"un",1.6008E-4,"25,95","0,00"]
["Insumo",10517,"ORSE","Exames admissionais/demissionais (checkup)","Serviços",null,"cj",2.4902399999999999E-3,"300,00","0,74"]
["Insumo",10577,"ORSE","Serrote 40cm","Material",null,"un",1.008E-5,"29,90","0,00"]
["Insumo","00004750/SINAPI","ORSE","Pedreiro (horista)","Mão de Obra",null,"h",1.6008,"19,13","30,62"]
["Insumo",11264,"ORSE","Marreta de 1/2 kg com cabo","Material",null,"un",3.2016E-4,"13,52","0,00"]
["Insumo",13671,"ORSE","Suporte de fixação em chapa de aço galvanizado, para 01 luminária, encaixe emposte com topo de Ø de 60,3mm externo, da Induspar ou similar","Material",null,"un",1,"73,19","73,19"]
["Insumo","00012893/SINAPI","ORSE","Bota de seguranca com biqueira de aco e colarinho acolchoado","Material",null,"par",4.9703999999999998E-3,"66,72","0,33"]
["Insumo",2378,"ORSE","Vale transporte","Material",null,"un",0.53554656,"4,50","2,40"]
[{"$nulls":4},"MO sem LS =>",94.54,"LS =>",0,"MO com LS =>",94.54]
[{"$nulls":4},"Valor do BDI =>",585.22,null,"Valor com BDI =>",null,3257.46]
[{"$nulls":6},"Quant. =>","25,00","Preço Total =>",81436.5]
[]
[" 6.6.4 ","Código","Banco","Descrição","Tipo",null,"Und","Quant.","Valor Unit","Total"]
["Composição"," 91837 ","SINAPI","ELETRODUTO FLEXÍVEL CORRUGADO REFORÇADO, PVC, DN 32 MM (1\"), PARA CIRCUITOS TERMINAIS, INSTALADO EM FORRO - FORNECIMENTO E INSTALAÇÃO. AF_03/2023_PA","INEL - INSTALAÇÃO ELÉTRICA/ELETRIFICAÇÃO E ILUMINAÇÃO EXTERNA",null,"M",1,25.69,25.69]
["Composição Auxiliar"," 88264 ","SINAPI","ELETRICISTA COM ENCARGOS COMPLEMENTARES","SEDI - SERVIÇOS DIVERSOS",null,"H",0.105,27.89,2.92]
["Composição Auxiliar"," 88247 ","SINAPI","AUXILIAR DE ELETRICISTA COM ENCARGOS COMPLEMENTARES","SEDI - SERVIÇOS DIVERSOS",null,"H",0.105,21.44,2.25]
["Composição Auxiliar"," 91170 ","SINAPI","FIXAÇÃO DE TUBOS HORIZONTAIS DE PVC ÁGUA, PVC ESGOTO, PVC ÁGUA PLUVIAL, CPVC, PPR, COBRE OU AÇO, DIÂMETROS MENORES OU IGUAIS A 40 MM, COM ABRAÇADEIRA METÁLICA RÍGIDA TIPO U PERFIL 1 1/4\", FIXADA EM PERFILADO EM LAJE. AF_09/2023_PS","INHI - INSTALAÇÕES HIDROS SANITÁRIAS",null,"M",1,11.13,11.13]
["Insumo"," 00039245 ","SINAPI","ELETRODUTO PVC FLEXIVEL CORRUGADO, REFORCADO, COR LARANJA, DE 32 MM, PARA LAJES E PISOS","Material",null,"M",1.1000000000000001,8.5399999999999991,9.39]
[{"$nulls":4},"MO sem LS =>",9.42,"LS =>",0,"MO com LS =>",9.42]
[{"$nulls":4},"Valor do BDI =>",5.62,null,"Valor com BDI =>",null,31.31]
[{"$nulls":6},"Quant. =>","500,00","Preço Total =>",15655]
[]
[" 6.6.5 ","Código","Banco","Descrição","Tipo",null,"Und","Quant.","Valor Unit","Total"]
["Composição"," 91929 ","SINAPI","CABO DE COBRE FLEXÍVEL ISOLADO, 4 MM², ANTI-CHAMA 0,6/1,0 KV, PARA CIRCUITOS TERMINAIS - FORNECIMENTO E INSTALAÇÃO. AF_03/2023","INEL - INSTALAÇÃO ELÉTRICA/ELETRIFICAÇÃO E ILUMINAÇÃO EXTERNA",null,"M",1,8.15,8.15]
["Composição Auxiliar"," 88264 ","SINAPI","ELETRICISTA COM ENCARGOS COMPLEMENTARES","SEDI - SERVIÇOS DIVERSOS",null,"H",3.9E-2,27.89,1.08]
["Composição Auxiliar"," 88247 ","SINAPI","AUXILIAR DE ELETRICISTA COM ENCARGOS COMPLEMENTARES","SEDI - SERVIÇOS DIVERSOS",null,"H",3.9E-2,21.44,0.83]
["Insumo"," 00001021 ","SINAPI","CABO DE COBRE, FLEXIVEL, CLASSE 4 OU 5, ISOLACAO EM PVC/A, ANTICHAMA BWF-B, COBERTURA PVC-ST1, ANTICHAMA BWF-B, 1 CONDUTOR, 0,6/1 KV, SECAO NOMINAL 4 MM2","Material",null,"M",1.2434000000000001,4.9400000000000004,6.14]
["Insumo"," 00021127 ","SINAPI","FITA ISOLANTE ADESIVA ANTICHAMA, USO ATE 750 V, EM ROLO DE 19 MM X 5 M","Material",null,"UN",9.4000000000000004E-3,11.05,0.1]
[{"$nulls":4},"MO sem LS =>",1.57,"LS =>",0,"MO com LS =>",1.57]
[{"$nulls":4},"Valor do BDI =>",1.78,null,"Valor com BDI =>",null,9.93]
[{"$nulls":6},"Quant. =>","2.550,00","Preço Total =>",25321.5]
[]
[" 6.6.6 ","Código","Banco","Descrição","Tipo",null,"Und","Quant.","Valor Unit","Total"]
["Composição"," 93358 ","SINAPI","ESCAVAÇÃO MANUAL DE VALA. AF_09/2024","MOVT - MOVIMENTO DE TERRA",null,"m³",1,75.08,75.08]
["Composição Auxiliar"," 88316 ","SINAPI","SERVENTE COM ENCARGOS COMPLEMENTARES","SEDI - SERVIÇOS DIVERSOS",null,"H",3.9557666999999999,18.98,75.08]
[{"$nulls":4},"MO sem LS =>",57.99,"LS =>",0,"MO com LS =>",57.99]
[{"$nulls":4},"Valor do BDI =>",16.440000000000001,null,"Valor com BDI =>",null,91.52]
[{"$nulls":6},"Quant. =>","63,00","Preço Total =>",5765.76]
[]
[" 6.7 ",null,null,"PROJETO DE ENTRADA DE ENERGIA - SUBESTAÇÃO",{"$nulls":5},139767.95000000001]
[null,"Código","Banco","Descrição","Tipo",null,"Und","Quant.","Valor Unit","Total"]
["Insumo"," 00005045 ","SINAPI","POSTE DE CONCRETO ARMADO DE SECAO CIRCULAR, EXTENSAO DE 11,00 M, RESISTENCIA DE 200 A 300 DAN, TIPO C-14","Material",null,"UN",1,1431.39,1431.39]
[{"$nulls":4},"MO sem LS =>",0,"LS =>",0,"MO com LS =>",0]
[{"$nulls":4},"Valor do BDI =>",null,null,"Valor com BDI =>",null,1637.65]
[{"$nulls":6},"Quant. =>","1,00","Preço Total =>",1637.65]
[]
[" 6.7.2 ","Código","Banco","Descrição","Tipo",null,"Und","Quant.","Valor Unit","Total"]
["Composição"," 2889 ","ORSE","Fornecimento de isolador de pino de porcelana p/ 15 kv","Fornecimento de Materiais para Redes de Energia Elétrica e Iluminação",null,"un",1,10,10]
[null,"Código","Banco","Descrição","Tipo",null,"Und","Quant.","Valor Unit","Total"]
["Insumo","00003406/SINAPI","ORSE","Isolador de porcelana, tipo pino monocorpo, para tensao de *15* kv","Material",null,"un",1,"10,00","10,00"]
["Detalhamento de Cálculo ORSE"]
[null,"Código","Banco","Descrição","Tipo",null,"Und","Quant.","Valor Unit","Total"]
["Insumo","00003406/SINAPI","ORSE","Isolador de porcelana, tipo pino monocorpo, para tensao de *15* kv","Material",null,"un",1,"10,00","10,00"]
[{"$nulls":4},"MO sem LS =>",0,"LS =>",0,"MO com LS =>",0]
[{"$nulls":4},"Valor do BDI =>",2.19,null,"Valor com BDI =>",null,12.19]
[{"$nulls":6},"Quant. =>","6,00","Preço Total =>",73.14]
[]
[null,"Código","Banco","Descrição","Tipo",null,"Und","Quant.","Valor Unit","Total"]
["Insumo"," 00011273 ","SINAPI","ALCA PREFORMADA DE DISTRIBUICAO, EM ACO GALVANIZADO, PARA CONDUTORES DE ALUMINIO AWG 1/0 (CAA 6/1 OU CA 7 FIOS)","Material",null,"UN",1,9.58,9.58]
[{"$nulls":4},"MO sem LS =>",0,"LS =>",0,"MO com LS =>",0]
[{"$nulls":4},"Valor do BDI =>",null,null,"Valor com BDI =>",null,10.96]
[{"$nulls":6},"Quant. =>","6,00","Preço Total =>",65.760000000000005]
[]
[" 6.7.4 ","Código","Banco","Descrição","Tipo",null,"Und","Quant.","Valor Unit","Total"]
["Composição"," 2933 ","ORSE","Fornecimento de pino p/ isolador 15kv, 294mm","Fornecimento de Materiais para Redes de Energia Elétrica e Iluminação",null,"un",1,19.2,19.2]
[null,"Código","Banco","Descrição","Tipo",null,"Und","Quant.","Valor Unit","Total"]
["Insumo","00000444/SINAPI","ORSE","Pino rosca externa, em aco galvanizado, para isolador de 15kv, diametro 25 mm, comprimento *290* mm","Material",null,"un",1,"19,20","19,20"]
["Detalhamento de Cálculo ORSE"]
[null,"Código","Banco","Descrição","Tipo",null,"Und","Quant.","Valor Unit","Total"]
["Insumo","00000444/SINAPI","ORSE","Pino rosca externa, em aco galvanizado, para isolador de 15kv, diametro 25 mm, comprimento *290* mm","Material",null,"un",1,"19,20","19,20"]
[{"$nulls":4},"MO sem LS =>",0,"LS =>",0,"MO com LS =>",0]
[{"$nulls":4},"Valor do BDI =>",4.2,null,"Valor com BDI =>",null,23.4]
[{"$nulls":6},"Quant. =>","6,00","Preço Total =>",140.4]
[]
[" 6.7.5 ","Código","Banco","Descrição","Tipo",null,"Und","Quant.","Valor Unit","Total"]
["Composição"," 2915 ","ORSE","Fornecimento de parafuso cabeça quadrada 16 x 300mm","Fornecimento de Materiais para Redes de Energia Elétrica e Iluminação",null,"un",1,18.28,18.28]
[null,"Código","Banco","Descrição","Tipo",null,"Und","Quant.","Valor Unit","Total"]
["Insumo","00000439/SINAPI","ORSE","Parafuso m16 em aco galvanizado, comprimento = 300 mm, diametro = 16 mm, rosca maquina, cabeca quadrada","Material",null,"un",1,"18,28","18,28"]
["Detalhamento de Cálculo ORSE"]
[null,"Código","Banco","Descrição","Tipo",null,"Und","Quant.","Valor Unit","Total"]
["Insumo","00000439/SINAPI","ORSE","Parafuso m16 em aco galvanizado, comprimento = 300 mm, diametro = 16 mm, rosca maquina, cabeca quadrada","Material",null,"un",1,"18,28","18,28"]
[{"$nulls":4},"MO sem LS =>",0,"LS =>",0,"MO com LS =>",0]
[{"$nulls":4},"Valor do BDI =>",4,null,"Valor com BDI =>",null,22.28]
[{"$nulls":6},"Quant. =>","12,00","Preço Total =>",267.36]
[]
[" 6.7.6 ","Código","Banco","Descrição","Tipo",null,"Und","Quant.","Valor Unit","Total"]
["Composição"," 2913 ","ORSE","Fornecimento de parafuso cabeça quadrada 16 x 200mm","Fornecimento de Materiais para Redes de Energia Elétrica e Iluminação",null,"un",1,9.75,9.75]
[null,"Código","Banco","Descrição","Tipo",null,"Und","Quant.","Valor Unit","Total"]
["Insumo",1679,"ORSE","Parafuso cabeça quadrada 16 x 200mm","Material",null,"un",1,"9,75","9,75"]
["Detalhamento de Cálculo ORSE"]
[null,"Código","Banco","Descrição","Tipo",null,"Und","Quant.","Valor Unit","Total"]
["Insumo",1679,"ORSE","Parafuso cabeça quadrada 16 x 200mm","Material",null,"un",1,"9,75","9,75"]
[{"$nulls":4},"MO sem LS =>",0,"LS =>",0,"MO com LS =>",0]
[{"$nulls":4},"Valor do BDI =>",2.13,null,"Valor com BDI =>",null,11.88]
[{"$nulls":6},"Quant. =>","2,00","Preço Total =>",23.76]
[]
[null,"Código","Banco","Descrição","Tipo",null,"Und","Quant.","Valor Unit","Total"]
["Insumo"," 222 ","ORSE","Arruela quadrada galvanizada 38 mm c/furo 18 mm (11/16\")","Material",null,"un",1,1.43,1.43]
[{"$nulls":4},"MO sem LS =>",0,"LS =>",0,"MO com LS =>",0]
[{"$nulls":4},"Valor do BDI =>",null,null,"Valor com BDI =>",null,1.63]
[{"$nulls":6},"Quant. =>","14,00","Preço Total =>",22.82]
[]
[" 6.7.8 ","Código","Banco","Descrição","Tipo",null,"Und","Quant.","Valor Unit","Total"]
["Composição"," 9832 ","ORSE","Porca sextavada zincada 1/4\" (fornecimento e colocação)","Equipamentos e Acessórios para Instalação de Ar Condicionado",null,"un",1,1.18,1.18]
[null,"Código","Banco","Descrição","Tipo",null,"Und","Quant.","Valor Unit","Total"]
["Composição",10552,"ORSE","Encargos Complementares - Eletricista","Provisórios",null,"h",0.01,"3,66","0,03"]
["Insumo","00002436/SINAPI","ORSE","Eletricista (horista)","Mão de Obra",null,"h",0.01,"19,13","0,19"]
["Insumo","00014148/SINAPI","ORSE","Porca uniao/juncao zincada sextavada 1/4 \", chave 7/16 \", comprimento = 25 mm","Material",null,"un",1,"0,98","0,98"]
["Detalhamento de Cálculo ORSE"]
[null,"Código","Banco","Descrição","Tipo",null,"Und","Quant.","Valor Unit","Total"]
["Insumo",10761,"ORSE","Refeição - café da manhã ( café com leite e dois pães com manteiga)","Serviços",null,"un",1.018E-3,"5,00","0,00"]
["Insumo",11242,"ORSE","Chave inglesa 12\"","Material",null,"un",9.9999999999999995E-7,"34,00","0,00"]
["Insumo",2378,"ORSE","Vale transporte","Material",null,"un",6.5399999999999996E-4,"4,50","0,00"]
["Insumo",10362,"ORSE","Seguro de vida e acidente em grupo","Serviços",null,"un",4.5000000000000003E-5,"12,54","0,00"]
["Insumo","00014148/SINAPI","ORSE","Porca uniao/juncao zincada sextavada 1/4 \", chave 7/16 \", comprimento = 25 mm","Material",null,"un",1,"0,98","0,98"]
["Insumo",11241,"ORSE","Alicate volt-amperimetro","Material",null,"un",1.9999999999999999E-6,"163,00","0,00"]
["Insumo",10492,"ORSE","Cesta Básica","Material",null,"un",4.5000000000000003E-5,"190,00","0,00"]
["Insumo",158,"ORSE","Almoço (Participação do empregador)","Material",null,"un",1.018E-3,"14,00","0,01"]
["Insumo","00012892/SINAPI","ORSE","Luva raspa de couro, cano curto (punho *7* cm)","Material",null,"par",2.3E-5,"12,51","0,00"]
["Insumo","00012893/SINAPI","ORSE","Bota de seguranca com biqueira de aco e colarinho acolchoado","Material",null,"par",6.9999999999999999E-6,"66,72","0,00"]
["Insumo",1651,"ORSE","Óculos branco proteção","Material",null,"pr",7.9999999999999996E-6,"6,70","0,00"]
["Insumo","00012895/SINAPI","ORSE","Capacete de seguranca aba frontal com suspensao de polietileno, sem jugular (classe b)","Material",null,"un",6.0000000000000002E-6,"13,90","0,00"]
["Insumo",941,"ORSE","Fardamento com mangas curta","Material",null,"un",1.5E-5,"193,41","0,00"]
["Insumo",10596,"ORSE","Protetor auricular","Material",null,"un",4.5000000000000003E-5,"4,90","0,00"]
["Insumo",11240,"ORSE","Alicate com isolamento","Material",null,"un",1.9999999999999999E-6,"47,69","0,00"]
["Insumo","00012894/SINAPI","ORSE","Capa para chuva em pvc com forro de poliester, com capuz (amarela ou azul)","Material",null,"un",1.9999999999999999E-6,"18,07","0,00"]
["Insumo",10599,"ORSE","Protetor solar fps 30 com 120ml","Material",null,"un",1.8E-5,"18,00","0,00"]
["Insumo",10579,"ORSE","Chave de fenda chata 30 cm","Material",null,"un",1.9999999999999999E-6,"26,89","0,00"]
["Insumo",10517,"ORSE","Exames admissionais/demissionais (checkup)","Serviços",null,"cj",3.9999999999999998E-6,"300,00","0,00"]
["Insumo","00002436/SINAPI","ORSE","Eletricista (horista)","Mão de Obra",null,"h",0.01,"19,13","0,19"]
[{"$nulls":4},"MO sem LS =>",0.19,"LS =>",0,"MO com LS =>",0.19]
[{"$nulls":4},"Valor do BDI =>",0.25,null,"Valor com BDI =>",null,1.43]
[{"$nulls":6},"Quant. =>","14,00","Preço Total =>",20.02]
[]
[null,"Código","Banco","Descrição","Tipo",null,"Und","Quant.","Valor Unit","Total"]
["Insumo"," 00004276 ","SINAPI","PARA-RAIOS DE DISTRIBUICAO, TENSAO NOMINAL 15 KV, CORRENTE NOMINAL DE DESCARGA 5 KA","Material",null,"UN",1,206.11,206.11]
[{"$nulls":4},"MO sem LS =>",0,"LS =>",0,"MO com LS =>",0]
[{"$nulls":4},"Valor do BDI =>",null,null,"Valor com BDI =>",null,235.81]
[{"$nulls":6},"Quant. =>","3,00","Preço Total =>",707.43]
[]
[null,"Código","Banco","Descrição","Tipo",null,"Und","Quant.","Valor Unit","Total"]
["Insumo"," 00037409 ","SINAPI","CABO DE ALUMINIO NU COM ALMA DE ACO, BITOLA 2/0 AWG","Material",null,"KG",1,59.08,59.08]
[{"$nulls":4},"MO sem LS =>",0,"LS =>",0,"MO com LS =>",0]
[{"$nulls":4},"Valor do BDI =>",null,null,"Valor com BDI =>",null,67.59]
[{"$nulls":6},"Quant. =>","20,00","Preço Total =>",1351.8]
[]
[null,"Código","Banco","Descrição","Tipo",null,"Und","Quant.","Valor Unit","Total"]
["Insumo"," 10621 ","ORSE","Conector terminal a compressão com dois furos em alumínio ou liga de alumínio- CB-79 (2/0)","Material",null,"un",1,4.57,4.57]
[{"$nulls":4},"MO sem LS =>",0,"LS =>",0,"MO com LS =>",0]
[{"$nulls":4},"Valor do BDI =>",null,null,"Valor com BDI =>",null,5.22]
[{"$nulls":6},"Quant. =>","6,00","Preço Total =>",31.32]
[]
[" 6.7.12 ","Código","Banco","Descrição","Tipo",null,"Und","Quant.","Valor Unit","Total"]
["Composição"," 8074 ","ORSE","Cabo de cobre nú 16 mm2 (4 awg) - fornecimento","Conversão InfoWOrca",null,"kg",1,124.75,124.75]
[null,"Código","Banco","Descrição","Tipo",null,"Und","Quant.","Valor Unit","Total"]
["Insumo",3331,"ORSE","Cabo de cobre nú 16 mm2 - 4AWG","Material",null,"Kg",1,"124,75","124,75"]
["Detalhamento de Cálculo ORSE"]
[null,"Código","Banco","Descrição","Tipo",null,"Und","Quant.","Valor Unit","Total"]
["Insumo",3331,"ORSE","Cabo de cobre nú 16 mm2 - 4AWG","Material",null,"Kg",1,"124,75","124,75"]
[{"$nulls":4},"MO sem LS =>",0,"LS =>",0,"MO com LS =>",0]
[{"$nulls":4},"Valor do BDI =>",27.32,null,"Valor com BDI =>",null,152.07]
[{"$nulls":6},"Quant. =>","30,00","Preço Total =>",4562.1000000000004]
[]
[null,"Código","Banco","Descrição","Tipo",null,"Und","Quant.","Valor Unit","Total"]
["Insumo"," 00001539 ","SINAPI","CONECTOR METALICO TIPO PARAFUSO FENDIDO (SPLIT BOLT), PARA CABOS ATE 16 MM2","Material",null,"UN",1,8.2200000000000006,8.2200000000000006]
[{"$nulls":4},"MO sem LS =>",0,"LS =>",0,"MO com LS =>",0]
[{"$nulls":4},"Valor do BDI =>",null,null,"Valor com BDI =>",null,9.4]
[{"$nulls":6},"Quant. =>","6,00","Preço Total =>",56.4]
[]
[" 6.7.14 ","Código","Banco","Descrição","Tipo",null,"Und","Quant.","Valor Unit","Total"]
["Composição"," 8082 ","ORSE","Cabo de cobre nú 50 mm2 - fornecimento e assentamento (2,27m/kg)","Pára-raios",null,"kg",1,127.29,127.29]
[null,"Código","Banco","Descrição","Tipo",null,"Und","Quant.","Valor Unit","Total"]
["Insumo","00002436/SINAPI","ORSE","Eletricista (horista)","Mão de Obra",null,"h",0.16,"19,13","3,06"]
["Composição",10549,"ORSE","Encargos Complementares - Servente","Provisórios",null,"h",0.16,"3,80","0,60"]
["Insumo","00006111/SINAPI","ORSE","Servente de obras (horista)","Mão de Obra",null,"h",0.16,"13,65","2,18"]
["Insumo",2694,"ORSE","Cabo de cobre nú 50 mm2 - 1/0 AWG","Material",null,"kg",1,"120,91","120,91"]
["Composição",10552,"ORSE","Encargos Complementares - Eletricista","Provisórios",null,"h",0.16,"3,66","0,58"]
["Detalhamento de Cálculo ORSE"]
[null,"Código","Banco","Descrição","Tipo",null,"Und","Quant.","Valor Unit","Total"]
["Insumo",4728,"ORSE","Talhadeira chata 10\"","Material",null,"un",4.8000000000000001E-5,"18,58","0,00"]
["Insumo",158,"ORSE","Almoço (Participação do empregador)","Material",null,"un",3.2576000000000001E-2,"14,00","0,45"]
["Insumo",4729,"ORSE","Marreta 1 kg com cabo","Material",null,"un",1.5999999999999999E-5,"37,80","0,00"]
["Insumo","00002711/SINAPI","ORSE","Carrinho de mao de aco capacidade 50 a 60 l, pneu com camara","Material",null,"un",3.1999999999999999E-5,"166,00","0,00"]
["Insumo","00002436/SINAPI","ORSE","Eletricista (horista)","Mão de Obra",null,"h",0.16,"19,13","3,06"]
["Insumo",2694,"ORSE","Cabo de cobre nú 50 mm2 - 1/0 AWG","Material",null,"kg",1,"120,91","120,91"]
["Insumo",10599,"ORSE","Protetor solar fps 30 com 120ml","Material",null,"un",5.7600000000000001E-4,"18,00","0,01"]
["Insumo","00006111/SINAPI","ORSE","Servente de obras (horista)","Mão de Obra",null,"h",0.16,"13,65","2,18"]
["Insumo",1651,"ORSE","Óculos branco proteção","Material",null,"pr",2.5599999999999999E-4,"6,70","0,00"]
["Insumo",941,"ORSE","Fardamento com mangas curta","Material",null,"un",4.8000000000000001E-4,"193,41","0,09"]
["Insumo",10596,"ORSE","Protetor auricular","Material",null,"un",1.4400000000000001E-3,"4,90","0,00"]
["Insumo",10492,"ORSE","Cesta Básica","Material",null,"un",1.4400000000000001E-3,"190,00","0,27"]
["Insumo",11242,"ORSE","Chave inglesa 12\"","Material",null,"un",1.5999999999999999E-5,"34,00","0,00"]
["Insumo",2378,"ORSE","Vale transporte","Material",null,"un",2.5520000000000001E-2,"4,50","0,11"]
["Insumo",11240,"ORSE","Alicate com isolamento","Material",null,"un",3.1999999999999999E-5,"47,69","0,00"]
["Insumo",10517,"ORSE","Exames admissionais/demissionais (checkup)","Serviços",null,"cj",1.2799999999999999E-4,"300,00","0,03"]
["Insumo",11241,"ORSE","Alicate volt-amperimetro","Material",null,"un",3.1999999999999999E-5,"163,00","0,00"]
["Insumo","00012892/SINAPI","ORSE","Luva raspa de couro, cano curto (punho *7* cm)","Material",null,"par",7.36E-4,"12,51","0,00"]
["Insumo","00012893/SINAPI","ORSE","Bota de seguranca com biqueira de aco e colarinho acolchoado","Material",null,"par",2.4000000000000001E-4,"66,72","0,01"]
["Insumo","00012894/SINAPI","ORSE","Capa para chuva em pvc com forro de poliester, com capuz (amarela ou azul)","Material",null,"un",6.3999999999999997E-5,"18,07","0,00"]
["Insumo",10362,"ORSE","Seguro de vida e acidente em grupo","Serviços",null,"un",1.4400000000000001E-3,"12,54","0,01"]
["Insumo","00012895/SINAPI","ORSE","Capacete de seguranca aba frontal com suspensao de polietileno, sem jugular (classe b)","Material",null,"un",1.92E-4,"13,90","0,00"]
["Insumo",10788,"ORSE","Pá quadrada","Material",null,"un",3.1999999999999999E-5,"36,90","0,00"]
["Insumo",10579,"ORSE","Chave de fenda chata 30 cm","Material",null,"un",3.1999999999999999E-5,"26,89","0,00"]
["Insumo",10761,"ORSE","Refeição - café da manhã ( café com leite e dois pães com manteiga)","Serviços",null,"un",3.2576000000000001E-2,"5,00","0,16"]
[{"$nulls":4},"MO sem LS =>",5.24,"LS =>",0,"MO com LS =>",5.24]
[{"$nulls":4},"Valor do BDI =>",27.87,null,"Valor com BDI =>",null,155.16]
[{"$nulls":6},"Quant. =>","6,61","Preço Total =>",1025.5999999999999]
[]
[" 6.7.15 ","Código","Banco","Descrição","Tipo",null,"Und","Quant.","Valor Unit","Total"]
["Composição"," 9916 ","ORSE","Cabo de cobre nú 95 mm2 - fornecimento e assentamento (1,193 m/kg)","Pára-raios",null,"kg",1,73.760000000000005,73.760000000000005]
[null,"Código","Banco","Descrição","Tipo",null,"Und","Quant.","Valor Unit","Total"]
["Composição",10552,"ORSE","Encargos Complementares - Eletricista","Provisórios",null,"h",0.2,"3,66","0,73"]
["Insumo","00006111/SINAPI","ORSE","Servente de obras (horista)","Mão de Obra",null,"h",0.2,"13,65","2,72"]
["Insumo","00002436/SINAPI","ORSE","Eletricista (horista)","Mão de Obra",null,"h",0.2,"19,13","3,82"]
["Composição",10549,"ORSE","Encargos Complementares - Servente","Provisórios",null,"h",0.2,"3,80","0,76"]
["Insumo",7509,"ORSE","Cabo de cobre nú 95 mm2 - 2 AWG","Material",null,"kg",1,"65,76","65,76"]
["Detalhamento de Cálculo ORSE"]
[null,"Código","Banco","Descrição","Tipo",null,"Und","Quant.","Valor Unit","Total"]
["Insumo",4728,"ORSE","Talhadeira chata 10\"","Material",null,"un",6.0000000000000002E-5,"18,58","0,00"]
["Insumo",11242,"ORSE","Chave inglesa 12\"","Material",null,"un",2.0000000000000002E-5,"34,00","0,00"]
["Insumo","00002711/SINAPI","ORSE","Carrinho de mao de aco capacidade 50 a 60 l, pneu com camara","Material",null,"un",4.0000000000000003E-5,"166,00","0,00"]
["Insumo",10596,"ORSE","Protetor auricular","Material",null,"un",1.8E-3,"4,90","0,00"]
["Insumo",10517,"ORSE","Exames admissionais/demissionais (checkup)","Serviços",null,"cj",1.6000000000000001E-4,"300,00","0,04"]
["Insumo",941,"ORSE","Fardamento com mangas curta","Material",null,"un",5.9999999999999995E-4,"193,41","0,11"]
["Insumo",10788,"ORSE","Pá quadrada","Material",null,"un",4.0000000000000003E-5,"36,90","0,00"]
["Insumo","00012894/SINAPI","ORSE","Capa para chuva em pvc com forro de poliester, com capuz (amarela ou azul)","Material",null,"un",8.0000000000000007E-5,"18,07","0,00"]
["Insumo",2378,"ORSE","Vale transporte","Material",null,"un",3.1899999999999998E-2,"4,50","0,14"]
["Insumo",10599,"ORSE","Protetor solar fps 30 com 120ml","Material",null,"un",7.2000000000000005E-4,"18,00","0,01"]
["Insumo","00002436/SINAPI","ORSE","Eletricista (horista)","Mão de Obra",null,"h",0.2,"19,13","3,82"]
["Insumo",10761,"ORSE","Refeição - café da manhã ( café com leite e dois pães com manteiga)","Serviços",null,"un",4.0719999999999999E-2,"5,00","0,20"]
["Insumo",11240,"ORSE","Alicate com isolamento","Material",null,"un",4.0000000000000003E-5,"47,69","0,00"]
["Insumo","00012892/SINAPI","ORSE","Luva raspa de couro, cano curto (punho *7* cm)","Material",null,"par",9.2000000000000003E-4,"12,51","0,01"]
["Insumo",158,"ORSE","Almoço (Participação do empregador)","Material",null,"un",4.0719999999999999E-2,"14,00","0,57"]
["Insumo",10362,"ORSE","Seguro de vida e acidente em grupo","Serviços",null,"un",1.8E-3,"12,54","0,02"]
["Insumo",7509,"ORSE","Cabo de cobre nú 95 mm2 - 2 AWG","Material",null,"kg",1,"65,76","65,76"]
["Insumo","00012893/SINAPI","ORSE","Bota de seguranca com biqueira de aco e colarinho acolchoado","Material",null,"par",2.9999999999999997E-4,"66,72","0,02"]
["Insumo","00006111/SINAPI","ORSE","Servente de obras (horista)","Mão de Obra",null,"h",0.2,"13,65","2,72"]
["Insumo",11241,"ORSE","Alicate volt-amperimetro","Material",null,"un",4.0000000000000003E-5,"163,00","0,00"]
["Insumo",10492,"ORSE","Cesta Básica","Material",null,"un",1.8E-3,"190,00","0,34"]
["Insumo","00012895/SINAPI","ORSE","Capacete de seguranca aba frontal com suspensao de polietileno, sem jugular (classe b)","Material",null,"un",2.4000000000000001E-4,"13,90","0,00"]
["Insumo",1651,"ORSE","Óculos branco proteção","Material",null,"pr",3.2000000000000003E-4,"6,70","0,00"]
["Insumo",4729,"ORSE","Marreta 1 kg com cabo","Material",null,"un",2.0000000000000002E-5,"37,80","0,00"]
["Insumo",10579,"ORSE","Chave de fenda chata 30 cm","Material",null,"un",4.0000000000000003E-5,"26,89","0,00"]
[{"$nulls":4},"MO sem LS =>",6.54,"LS =>",0,"MO com LS =>",6.54]
[{"$nulls":4},"Valor do BDI =>",16.149999999999999,null,"Valor com BDI =>",null,89.91]
[{"$nulls":6},"Quant. =>","16,76","Preço Total =>",1506.89]
[]
[null,"Código","Banco","Descrição","Tipo",null,"Und","Quant.","Valor Unit","Total"]
["Insumo"," 1095 ","ORSE","Haste cobreada copperweld p/ aterramento d=  5/8\" x 3,00 m, excluso conector","Material",null,"un",1,82.01,82.01]
[{"$nulls":4},"MO sem LS =>",0,"LS =>",0,"MO com LS =>",0]
[{"$nulls":4},"Valor do BDI =>",null,null,"Valor com BDI =>",null,93.82]
[{"$nulls":6},"Quant. =>","6,00","Preço Total =>",562.91999999999996]
[]
[" 6.7.17 ","Código","Banco","Descrição","Tipo",null,"Und","Quant.","Valor Unit","Total"]
["Composição"," 4429 ","ORSE","Caixa de inspeção  0,30 x 0,30 x 0,40m","Caixas de Passagem em alvenaria de tijolos maciços",null,"un",1,156.22999999999999,156.22999999999999]
[null,"Código","Banco","Descrição","Tipo",null,"Und","Quant.","Valor Unit","Total"]
["Composição",141,"ORSE","Aço CA - 60 Ø 4,2 a 9,5mm, inclusive corte, dobragem, montagem e colocacao deferragens nas formas, para superestruturas e fundações - R1","Armaduras Convencionais",null,"kg",0.77,"12,38","9,53"]
["Composição",2497,"ORSE","Escavação manual de vala ou cava em material de 1ª categoria, profundidade até 1,50m","Escavação Manual em Área Urbana",null,"m³",0.125,"52,50","6,56"]
["Composição",3318,"ORSE","Reboco especial de parede 2cm com argamassa traço t3 - 1:3 cimento / areia / vedacit","Conversão InfoWOrca",null,"m²",0.48,"37,72","18,10"]
["Composição",3310,"ORSE","Chapisco em parede com argamassa traço t1 - 1:3 (cimento / areia) - Revisado 08/2015","Conversão InfoWOrca",null,"m²",0.48,"6,62","3,17"]
["Composição",85,"ORSE","Forma plana para fundações, em compensado resinado 12mm, 03 usos","Formas para Fundações",null,"m²",0.30599999999999999,"89,95","27,52"]
["Composição",155,"ORSE","Alvenaria tijolo cerâmico maciço (5x9x19), esp = 0,09m (singela), com argamassa traço t5 - 1:2:8 (cimento / cal / areia) c/ junta de 2,0cm - R1","Alvenarias de Vedação",null,"m²",0.64,"108,24","69,27"]
["Composição",126,"ORSE","Concreto simples fabricado na obra, fck=15 mpa, lançado e adensado","Concreto Simples",null,"m³",3.7999999999999999E-2,"578,93","21,99"]
["Detalhamento de Cálculo ORSE"]
[null,"Código","Banco","Descrição","Tipo",null,"Und","Quant.","Valor Unit","Total"]
["Insumo",10517,"ORSE","Exames admissionais/demissionais (checkup)","Serviços",null,"cj",1.608192E-3,"300,00","0,48"]
["Insumo","00005067/SINAPI","ORSE","Prego de aco polido com cabeca 16 x 24 (2 1/4 x 12)","Material",null,"kg",9.1800000000000007E-2,"18,43","1,69"]
["Insumo",11264,"ORSE","Marreta de 1/2 kg com cabo","Material",null,"un",2.6449600000000002E-4,"13,52","0,00"]
["Insumo",10282,"ORSE","Regua de alumínio c/ 2,00m (para pedreiro)","Material",null,"un",2.6449600000000002E-4,"45,00","0,01"]
["Insumo","00043130/SINAPI","ORSE","Arame galvanizado 12 bwg, d = 2,76 mm (0,048 kg/m) ou 14 bwg, d = 2,11 mm (0,026 kg/m)","Material",null,"kg",4.5900000000000003E-2,"22,00","1,00"]
["Insumo","00012895/SINAPI","ORSE","Capacete de seguranca aba frontal com suspensao de polietileno, sem jugular (classe b)","Material",null,"un",2.4122879999999998E-3,"13,90","0,03"]
["Insumo",10578,"ORSE","Formão grande","Material",null,"un",8.8416000000000002E-5,"15,15","0,00"]
["Insumo","00012893/SINAPI","ORSE","Bota de seguranca com biqueira de aco e colarinho acolchoado","Material",null,"par",3.1721760000000001E-3,"66,72","0,21"]
["Insumo",1651,"ORSE","Óculos branco proteção","Material",null,"pr",3.1721760000000001E-3,"6,70","0,02"]
["Insumo","00043132/SINAPI","ORSE","Arame recozido 16 bwg, d = 1,65 mm (0,016 kg/m) ou 18 bwg, d = 1,25 mm (0,01 kg/m)","Material",null,"kg",1.54E-2,"22,00","0,33"]
["Insumo","00039315/SINAPI","ORSE","Espacador / distanciador tipo garra dupla, em plastico, cobrimento *20* mm, para ferragens de lajes e fundo de vigas","Material",null,"un",0.308,"0,35","0,10"]
["Insumo",10789,"ORSE","Nível de bolha de madeira","Material",null,"un",2.6449600000000002E-4,"15,40","0,00"]
["Insumo","00000378/SINAPI","ORSE","Armador (horista)","Mão de Obra",null,"h",6.0740000000000002E-2,"19,13","1,16"]
["Insumo","00000367/SINAPI","ORSE","Areia grossa - posto jazida/fornecedor (retirado na jazida, sem transporte)","Material",null,"m³",5.959768E-2,"111,43","6,64"]
["Insumo",158,"ORSE","Almoço (Participação do empregador)","Material",null,"un",0.40928486400000003,"14,00","5,72"]
["Insumo",4728,"ORSE","Talhadeira chata 10\"","Material",null,"un",6.58554E-4,"18,58","0,01"]
["Insumo","00004718/SINAPI","ORSE","Pedra britada n. 2 (19 a 38 mm) posto pedreira/fornecedor, sem frete","Material",null,"m³",2.3826E-2,"120,35","2,86"]
["Insumo",10599,"ORSE","Protetor solar fps 30 com 120ml","Material",null,"un",7.236864E-3,"18,00","0,13"]
["Insumo",4729,"ORSE","Marreta 1 kg com cabo","Material",null,"un",2.1951800000000001E-4,"37,80","0,00"]
["Insumo",4722,"ORSE","Colher de pedreiro","Material",null,"un",5.2899200000000005E-4,"18,80","0,00"]
["Insumo","00002711/SINAPI","ORSE","Carrinho de mao de aco capacidade 50 a 60 l, pneu com camara","Material",null,"un",4.3903600000000002E-4,"166,00","0,07"]
["Insumo",1113,"ORSE","Impermeabilizante para concretos e argamassas Vedacit ou similar","Material",null,"kg",0.192,"7,36","1,41"]
["Insumo",10790,"ORSE","Prumo de face","Material",null,"un",1.3224800000000001E-4,"25,95","0,00"]
["Insumo","00012894/SINAPI","ORSE","Capa para chuva em pvc com forro de poliester, com capuz (amarela ou azul)","Material",null,"un",8.0409600000000002E-4,"18,07","0,01"]
["Insumo","00012892/SINAPI","ORSE","Luva raspa de couro, cano curto (punho *7* cm)","Material",null,"par",9.2471040000000008E-3,"12,51","0,11"]
["Insumo",11244,"ORSE","Martelo com unha","Material",null,"un",8.8416000000000002E-5,"48,95","0,00"]
["Insumo",2378,"ORSE","Vale transporte","Material",null,"un",0.32594105800000001,"4,50","1,46"]
["Insumo",10585,"ORSE","Arco de serra","Material",null,"un",1.2148E-5,"19,90","0,00"]
["Insumo",10596,"ORSE","Protetor auricular","Material",null,"un",1.8092159999999999E-2,"4,90","0,08"]
["Insumo",82,"ORSE","Aço ca-60   4,2 a 9,5 mm","Material",null,"kg",0.77,"8,97","6,90"]
["Insumo",11248,"ORSE","Furadeira e Parafusadeira eletrica Bosch ou Similar profissional","Equipamento",null,"un",4.4208000000000001E-5,"246,00","0,01"]
["Insumo","00000370/SINAPI","ORSE","Areia media - posto jazida/fornecedor (retirado na jazida, sem transporte)","Material",null,"m³",1.2959999999999999E-2,"110,00","1,42"]
["Insumo",11246,"ORSE","Escala métrica de bambú","Material",null,"Un",9.2573600000000003E-4,"10,22","0,00"]
["Insumo",1569,"ORSE","Madeira mista serrada (barrote) 6 x 6cm - 0,0036 m3/m (angelim, louro)","Material",null,"m",0.10098,"6,75","0,68"]
["Insumo","00001379/SINAPI","ORSE","Cimento portland composto cp ii-32","Material",null,"kg",20.287759999999999,"0,76","15,41"]
["Insumo","00004509/SINAPI","ORSE","Sarrafo *2,5 x 10* cm em pinus, mista ou equivalente da regiao - bruta","Material",null,"m",0.40698000000000001,"5,58","2,27"]
["Insumo","00039017/SINAPI","ORSE","Espacador / distanciador circular com entrada lateral, em plastico, para vergalhao *4,2 a 12,5* mm, cobrimento 20 mm","Material",null,"un",0.308,"0,22","0,06"]
["Insumo",941,"ORSE","Fardamento com mangas curta","Material",null,"un",6.0307199999999998E-3,"193,41","1,16"]
["Insumo","00004750/SINAPI","ORSE","Pedreiro (horista)","Mão de Obra",null,"h",1.3224800000000001,"19,13","25,29"]
["Insumo",10788,"ORSE","Pá quadrada","Material",null,"un",4.3903600000000002E-4,"36,90","0,01"]
["Insumo",10577,"ORSE","Serrote 40cm","Material",null,"un",4.4208000000000001E-5,"29,90","0,00"]
["Insumo","00006111/SINAPI","ORSE","Servente de obras (horista)","Mão de Obra",null,"h",2.1951800000000001,"13,65","29,95"]
["Insumo","00004721/SINAPI","ORSE","Pedra britada n. 1 (9,5 a 19 mm) posto pedreira/fornecedor, sem frete","Material",null,"m³",7.9419999999999994E-3,"119,72","0,95"]
["Insumo",11265,"ORSE","Martelo de borracha com cabo","Material",null,"un",5.2899200000000005E-4,"18,75","0,00"]
["Insumo",10492,"ORSE","Cesta Básica","Material",null,"un",1.8092159999999999E-2,"190,00","3,43"]
["Insumo",11243,"ORSE","Martelo sem unha","Material",null,"un",1.3224800000000001E-4,"28,00","0,00"]
["Insumo",10579,"ORSE","Chave de fenda chata 30 cm","Material",null,"un",8.8416000000000002E-5,"26,89","0,00"]
["Insumo",10362,"ORSE","Seguro de vida e acidente em grupo","Serviços",null,"un",1.8092159999999999E-2,"12,54","0,22"]
["Insumo",11247,"ORSE","Serra mármore","Material",null,"un",1.3224800000000001E-4,"327,80","0,04"]
["Insumo",11249,"ORSE","Serra circular eletrica portatil","Equipamento",null,"un",4.4208000000000001E-5,"617,95","0,02"]
["Insumo","00001106/SINAPI","ORSE","Cal hidratada ch-i para argamassas","Material",null,"kg",3.72736,"1,23","4,58"]
["Insumo",11245,"ORSE","Desempoladeira de madeira 12x22","Material",null,"un",9.2573600000000003E-4,"11,60","0,01"]
["Insumo",630,"ORSE","Compensado resinado 12mm - Madeirit ou similar","Material",null,"m²",0.11322,"40,08","4,53"]
["Insumo","00001213/SINAPI","ORSE","Carpinteiro de formas ou oficial (horista)","Mão de Obra",null,"h",0.44207999999999997,"19,13","8,45"]
["Insumo","00002692/SINAPI","ORSE","Desmoldante protetor para formas de madeira, de base oleosa emulsionada em agua","Material",null,"l",4.5900000000000003E-3,"8,31","0,03"]
["Insumo",2212,"ORSE","Tijolo cerâmico maciço 5 x 9 x 19cm","Material",null,"un",43.52,"0,58","25,24"]
["Insumo",4174,"ORSE","Desempenadeira de aço lisa, cabo madeira, ref:143, Atlas ou similar","Material",null,"un",6.6124E-4,"12,00","0,00"]
["Insumo",10586,"ORSE","Torquesa","Material",null,"un",1.2148E-5,"39,00","0,00"]
["Insumo",10761,"ORSE","Refeição - café da manhã ( café com leite e dois pães com manteiga)","Serviços",null,"un",0.40928486400000003,"5,00","2,04"]
[{"$nulls":4},"MO sem LS =>",64.849999999999994,"LS =>",0,"MO com LS =>",64.849999999999994]
[{"$nulls":4},"Valor do BDI =>",34.21,null,"Valor com BDI =>",null,190.44]
[{"$nulls":6},"Quant. =>","1,00","Preço Total =>",190.44]
[]
[" 6.7.18 ","Código","Banco","Descrição","Tipo",null,"Und","Quant.","Valor Unit","Total"]
["Composição"," 2858 ","ORSE","Fornecimento de chave fusível 15kv - 100a, ruptura assim. 10 ka","Fornecimento de Materiais para Redes de Energia Elétrica e Iluminação",null,"un",1,390,390]
[null,"Código","Banco","Descrição","Tipo",null,"Und","Quant.","Valor Unit","Total"]
["Insumo",588,"ORSE","Chave fusível 15kv- 24kv 100a 12000a","Material",null,"un",1,"390,00","390,00"]
["Detalhamento de Cálculo ORSE"]
[null,"Código","Banco","Descrição","Tipo",null,"Und","Quant.","Valor Unit","Total"]
["Insumo",588,"ORSE","Chave fusível 15kv- 24kv 100a 12000a","Material",null,"un",1,"390,00","390,00"]
[{"$nulls":4},"MO sem LS =>",0,"LS =>",0,"MO com LS =>",0]
[{"$nulls":4},"Valor do BDI =>",85.41,null,"Valor com BDI =>",null,475.41]
[{"$nulls":6},"Quant. =>","6,00","Preço Total =>",2852.46]
[]
[" 6.7.19 ","Código","Banco","Descrição","Tipo",null,"Und","Quant.","Valor Unit","Total"]
["Composição"," 3769 ","ORSE","Fornecimento e instalação de elo fusível tipo 10k, comp.= 500mm","Fornecimento de Materiais para Redes de Energia Elétrica e Iluminação",null,"un",1,18.7,18.7]
[null,"Código","Banco","Descrição","Tipo",null,"Und","Quant.","Valor Unit","Total"]
["Insumo",884,"ORSE","Elo fusível 10 k, 500 mm","Material",null,"un",1,"15,35","15,35"]
["Composição",10552,"ORSE","Encargos Complementares - Eletricista","Provisórios",null,"h",0.15,"3,66","0,54"]
["Insumo","00002436/SINAPI","ORSE","Eletricista (horista)","Mão de Obra",null,"h",0.15,"19,13","2,86"]
["Detalhamento de Cálculo ORSE"]
[null,"Código","Banco","Descrição","Tipo",null,"Und","Quant.","Valor Unit","Total"]
["Insumo",11241,"ORSE","Alicate volt-amperimetro","Material",null,"un",3.0000000000000001E-5,"163,00","0,00"]
["Insumo","00012895/SINAPI","ORSE","Capacete de seguranca aba frontal com suspensao de polietileno, sem jugular (classe b)","Material",null,"un",9.0000000000000006E-5,"13,90","0,00"]
["Insumo",10579,"ORSE","Chave de fenda chata 30 cm","Material",null,"un",3.0000000000000001E-5,"26,89","0,00"]
["Insumo",158,"ORSE","Almoço (Participação do empregador)","Material",null,"un",1.5270000000000001E-2,"14,00","0,21"]
["Insumo",10761,"ORSE","Refeição - café da manhã ( café com leite e dois pães com manteiga)","Serviços",null,"un",1.5270000000000001E-2,"5,00","0,07"]
["Insumo","00012894/SINAPI","ORSE","Capa para chuva em pvc com forro de poliester, com capuz (amarela ou azul)","Material",null,"un",3.0000000000000001E-5,"18,07","0,00"]
["Insumo","00012892/SINAPI","ORSE","Luva raspa de couro, cano curto (punho *7* cm)","Material",null,"par",3.4499999999999998E-4,"12,51","0,00"]
["Insumo",10599,"ORSE","Protetor solar fps 30 com 120ml","Material",null,"un",2.7E-4,"18,00","0,00"]
["Insumo",884,"ORSE","Elo fusível 10 k, 500 mm","Material",null,"un",1,"15,35","15,35"]
["Insumo",10362,"ORSE","Seguro de vida e acidente em grupo","Serviços",null,"un",6.7500000000000004E-4,"12,54","0,00"]
["Insumo","00012893/SINAPI","ORSE","Bota de seguranca com biqueira de aco e colarinho acolchoado","Material",null,"par",1.05E-4,"66,72","0,00"]
["Insumo",11240,"ORSE","Alicate com isolamento","Material",null,"un",3.0000000000000001E-5,"47,69","0,00"]
["Insumo",10517,"ORSE","Exames admissionais/demissionais (checkup)","Serviços",null,"cj",6.0000000000000002E-5,"300,00","0,01"]
["Insumo",11242,"ORSE","Chave inglesa 12\"","Material",null,"un",1.5E-5,"34,00","0,00"]
["Insumo",10492,"ORSE","Cesta Básica","Material",null,"un",6.7500000000000004E-4,"190,00","0,12"]
["Insumo",2378,"ORSE","Vale transporte","Material",null,"un",9.8099999999999993E-3,"4,50","0,04"]
["Insumo",1651,"ORSE","Óculos branco proteção","Material",null,"pr",1.2E-4,"6,70","0,00"]
["Insumo",941,"ORSE","Fardamento com mangas curta","Material",null,"un",2.2499999999999999E-4,"193,41","0,04"]
["Insumo","00002436/SINAPI","ORSE","Eletricista (horista)","Mão de Obra",null,"h",0.15,"19,13","2,86"]
["Insumo",10596,"ORSE","Protetor auricular","Material",null,"un",6.7500000000000004E-4,"4,90","0,00"]
[{"$nulls":4},"MO sem LS =>",2.86,"LS =>",0,"MO com LS =>",2.86]
[{"$nulls":4},"Valor do BDI =>",4.09,null,"Valor com BDI =>",null,22.79]
[{"$nulls":6},"Quant. =>","3,00","Preço Total =>",68.37]
[]
[" 6.7.20 ","Código","Banco","Descrição","Tipo",null,"Und","Quant.","Valor Unit","Total"]
["Composição"," 102108 ","SINAPI","TRANSFORMADOR DE DISTRIBUIÇÃO, 300 KVA, TRIFÁSICO, 60 HZ, CLASSE 15 KV, IMERSO EM ÓLEO MINERAL, INSTALAÇÃO EM POSTE (NÃO INCLUSO SUPORTE) - FORNECIMENTO E INSTALAÇÃO. AF_12/2020","INEL - INSTALAÇÃO ELÉTRICA/ELETRIFICAÇÃO E ILUMINAÇÃO EXTERNA",null,"UN",1,37351.75,37351.75]
["Composição Auxiliar"," 88264 ","SINAPI","ELETRICISTA COM ENCARGOS COMPLEMENTARES","SEDI - SERVIÇOS DIVERSOS",null,"H",10.300800000000001,27.89,287.27999999999997]
["Composição Auxiliar"," 88247 ","SINAPI","AUXILIAR DE ELETRICISTA COM ENCARGOS COMPLEMENTARES","SEDI - SERVIÇOS DIVERSOS",null,"H",10.300800000000001,21.44,220.84]
["Composição Auxiliar"," 5928 ","SINAPI","GUINDAUTO HIDRÁULICO, CAPACIDADE MÁXIMA DE CARGA 6200 KG, MOMENTO MÁXIMO DE CARGA 11,7 TM, ALCANCE MÁXIMO HORIZONTAL 9,70 M, INCLUSIVE CAMINHÃO TOCO PBT 16.000 KG, POTÊNCIA DE 189 CV - CHP DIURNO. AF_06/2014","CHOR - CUSTOS HORÁRIOS DE MÁQUINAS E EQUIPAMENTOS",null,"CHP",0.41110000000000002,285.68,117.44]
["Insumo"," 00007615 ","SINAPI","TRANSFORMADOR TRIFASICO DE DISTRIBUICAO, POTENCIA DE 300 KVA, TENSAO NOMINAL DE 15 KV, TENSAO SECUNDARIA DE 220/127V, EM OLEO ISOLANTE TIPO MINERAL","Material",null,"UN",1,36726.19,36726.19]
[{"$nulls":4},"MO sem LS =>",426.42,"LS =>",0,"MO com LS =>",426.42]
[{"$nulls":4},"Valor do BDI =>",8180.03,null,"Valor com BDI =>",null,45531.78]
[{"$nulls":6},"Quant. =>","1,00","Preço Total =>",45531.78]
[]
[" 6.7.21 ","Código","Banco","Descrição","Tipo",null,"Und","Quant.","Valor Unit","Total"]
["Composição"," 94972 ","SINAPI","CONCRETO FCK = 30MPA, TRAÇO 1:2,1:2,5 (EM MASSA SECA DE CIMENTO/ AREIA MÉDIA/ BRITA 1) - PREPARO MECÂNICO COM BETONEIRA 600 L. AF_05/2021","FUES - FUNDAÇÕES E ESTRUTURAS",null,"m³",1,767.23,767.23]
["Composição Auxiliar"," 88377 ","SINAPI","OPERADOR DE BETONEIRA ESTACIONÁRIA/MISTURADOR COM ENCARGOS COMPLEMENTARES","SEDI - SERVIÇOS DIVERSOS",null,"H",1.24,18.43,22.85]
["Composição Auxiliar"," 89226 ","SINAPI","BETONEIRA CAPACIDADE NOMINAL DE 600 L, CAPACIDADE DE MISTURA 360 L, MOTOR ELÉTRICO TRIFÁSICO POTÊNCIA DE 4 CV, SEM CARREGADOR - CHI DIURNO. AF_05/2023","CHOR - CUSTOS HORÁRIOS DE MÁQUINAS E EQUIPAMENTOS",null,"CHI",0.6018,1.71,1.02]
["Composição Auxiliar"," 89225 ","SINAPI","BETONEIRA CAPACIDADE NOMINAL DE 600 L, CAPACIDADE DE MISTURA 360 L, MOTOR ELÉTRICO TRIFÁSICO POTÊNCIA DE 4 CV, SEM CARREGADOR - CHP DIURNO. AF_05/2023","CHOR - CUSTOS HORÁRIOS DE MÁQUINAS E EQUIPAMENTOS",null,"CHP",0.63819999999999999,5.58,3.56]
["Composição Auxiliar"," 88316 ","SINAPI","SERVENTE COM ENCARGOS COMPLEMENTARES","SEDI - SERVIÇOS DIVERSOS",null,"H",1.9633,18.98,37.26]
["Insumo"," 00001379 ","SINAPI","CIMENTO PORTLAND COMPOSTO CP II-32","Material",null,"KG",391.16629999999998,1.08,422.45]
["Insumo"," 00000370 ","SINAPI","AREIA MEDIA - POSTO JAZIDA/FORNECEDOR (RETIRADO NA JAZIDA, SEM TRANSPORTE)","Material",null,"M³",0.71189999999999998,145,103.22]
["Insumo"," 00004721 ","SINAPI","PEDRA BRITADA N. 1 (9,5 A 19 MM) POSTO PEDREIRA/FORNECEDOR, SEM FRETE","Material",null,"M³",0.5927,298.43,176.87]
[{"$nulls":4},"MO sem LS =>",47.6,"LS =>",0,"MO com LS =>",47.6]
[{"$nulls":4},"Valor do BDI =>",168.02,null,"Valor com BDI =>",null,935.25]
[{"$nulls":6},"Quant. =>","1,00","Preço Total =>",935.25]
[]
[" 6.7.22 ","Código","Banco","Descrição","Tipo",null,"Und","Quant.","Valor Unit","Total"]
["Composição"," 4228 ","ORSE","Eletroduto de ferro galvanizado sem costura d= 4\" - Fornecimento","Subestação Transformadora em Poste",null,"Un",1,991,991]
[null,"Código","Banco","Descrição","Tipo",null,"Und","Quant.","Valor Unit","Total"]
["Insumo",3308,"ORSE","Eletroduto em ferro galvanizado pesado sem costura 4\" x 6m","Material",null,"un",1,"991,00","991,00"]
["Detalhamento de Cálculo ORSE"]
[null,"Código","Banco","Descrição","Tipo",null,"Und","Quant.","Valor Unit","Total"]
["Insumo",3308,"ORSE","Eletroduto em ferro galvanizado pesado sem costura 4\" x 6m","Material",null,"un",1,"991,00","991,00"]
[{"$nulls":4},"MO sem LS =>",0,"LS =>",0,"MO com LS =>",0]
[{"$nulls":4},"Valor do BDI =>",217.02,null,"Valor com BDI =>",null,1208.02]
[{"$nulls":6},"Quant. =>","6,00","Preço Total =>",7248.12]
[]
[null,"Código","Banco","Descrição","Tipo",null,"Und","Quant.","Valor Unit","Total"]
["Insumo"," 3154 ","ORSE","Cabeçote de alumínio de 4\"","Material",null,"Un",1,38.9,38.9]
[{"$nulls":4},"MO sem LS =>",0,"LS =>",0,"MO com LS =>",0]
[{"$nulls":4},"Valor do BDI =>",null,null,"Valor com BDI =>",null,44.5]
[{"$nulls":6},"Quant. =>","2,00","Preço Total =>",89]
[]
[" 6.7.24 ","Código","Banco","Descrição","Tipo",null,"Und","Quant.","Valor Unit","Total"]
["Composição"," 11764 ","ORSE","Bucha com arruela em alumínio p/eletroduto 100mm, d=4\"","Interligações até Quadro Geral - Eletrodutos e Conexões",null,"un",1,24.42,24.42]
[null,"Código","Banco","Descrição","Tipo",null,"Und","Quant.","Valor Unit","Total"]
["Insumo","00006111/SINAPI","ORSE","Servente de obras (horista)","Mão de Obra",null,"h",0.01,"13,65","0,13"]
["Insumo","00002436/SINAPI","ORSE","Eletricista (horista)","Mão de Obra",null,"h",0.01,"19,13","0,19"]
["Composição",10549,"ORSE","Encargos Complementares - Servente","Provisórios",null,"h",0.01,"3,80","0,03"]
["Composição",10552,"ORSE","Encargos Complementares - Eletricista","Provisórios",null,"h",0.01,"3,66","0,03"]
["Insumo",224,"ORSE","Arruela de alumínio p/eletroduto d=4\"","Material",null,"un",1,"10,35","10,35"]
["Insumo",318,"ORSE","Bucha alumínio p/eletroduto d=4\" (100mm)","Material",null,"un",1,"13,71","13,71"]
["Detalhamento de Cálculo ORSE"]
[null,"Código","Banco","Descrição","Tipo",null,"Und","Quant.","Valor Unit","Total"]
["Insumo",10492,"ORSE","Cesta Básica","Material",null,"un",9.0000000000000006E-5,"190,00","0,01"]
["Insumo",10599,"ORSE","Protetor solar fps 30 com 120ml","Material",null,"un",3.6000000000000001E-5,"18,00","0,00"]
["Insumo","00002711/SINAPI","ORSE","Carrinho de mao de aco capacidade 50 a 60 l, pneu com camara","Material",null,"un",1.9999999999999999E-6,"166,00","0,00"]
["Insumo","00012893/SINAPI","ORSE","Bota de seguranca com biqueira de aco e colarinho acolchoado","Material",null,"par",1.5E-5,"66,72","0,00"]
["Insumo",4729,"ORSE","Marreta 1 kg com cabo","Material",null,"un",9.9999999999999995E-7,"37,80","0,00"]
["Insumo",10517,"ORSE","Exames admissionais/demissionais (checkup)","Serviços",null,"cj",7.9999999999999996E-6,"300,00","0,00"]
["Insumo",10788,"ORSE","Pá quadrada","Material",null,"un",1.9999999999999999E-6,"36,90","0,00"]
["Insumo",10761,"ORSE","Refeição - café da manhã ( café com leite e dois pães com manteiga)","Serviços",null,"un",2.036E-3,"5,00","0,01"]
["Insumo",10579,"ORSE","Chave de fenda chata 30 cm","Material",null,"un",1.9999999999999999E-6,"26,89","0,00"]
["Insumo",4728,"ORSE","Talhadeira chata 10\"","Material",null,"un",3.0000000000000001E-6,"18,58","0,00"]
["Insumo",2378,"ORSE","Vale transporte","Material",null,"un",1.5950000000000001E-3,"4,50","0,00"]
["Insumo",1651,"ORSE","Óculos branco proteção","Material",null,"pr",1.5999999999999999E-5,"6,70","0,00"]
["Insumo",10362,"ORSE","Seguro de vida e acidente em grupo","Serviços",null,"un",9.0000000000000006E-5,"12,54","0,00"]
["Insumo",11240,"ORSE","Alicate com isolamento","Material",null,"un",1.9999999999999999E-6,"47,69","0,00"]
["Insumo",158,"ORSE","Almoço (Participação do empregador)","Material",null,"un",2.036E-3,"14,00","0,02"]
["Insumo","00012894/SINAPI","ORSE","Capa para chuva em pvc com forro de poliester, com capuz (amarela ou azul)","Material",null,"un",3.9999999999999998E-6,"18,07","0,00"]
["Insumo",318,"ORSE","Bucha alumínio p/eletroduto d=4\" (100mm)","Material",null,"un",1,"13,71","13,71"]
["Insumo","00006111/SINAPI","ORSE","Servente de obras (horista)","Mão de Obra",null,"h",0.01,"13,65","0,13"]
["Insumo","00012892/SINAPI","ORSE","Luva raspa de couro, cano curto (punho *7* cm)","Material",null,"par",4.6E-5,"12,51","0,00"]
["Insumo",11241,"ORSE","Alicate volt-amperimetro","Material",null,"un",1.9999999999999999E-6,"163,00","0,00"]
["Insumo",224,"ORSE","Arruela de alumínio p/eletroduto d=4\"","Material",null,"un",1,"10,35","10,35"]
["Insumo",10596,"ORSE","Protetor auricular","Material",null,"un",9.0000000000000006E-5,"4,90","0,00"]
["Insumo",11242,"ORSE","Chave inglesa 12\"","Material",null,"un",9.9999999999999995E-7,"34,00","0,00"]
["Insumo","00012895/SINAPI","ORSE","Capacete de seguranca aba frontal com suspensao de polietileno, sem jugular (classe b)","Material",null,"un",1.2E-5,"13,90","0,00"]
["Insumo",941,"ORSE","Fardamento com mangas curta","Material",null,"un",3.0000000000000001E-5,"193,41","0,00"]
["Insumo","00002436/SINAPI","ORSE","Eletricista (horista)","Mão de Obra",null,"h",0.01,"19,13","0,19"]
[{"$nulls":4},"MO sem LS =>",0.32,"LS =>",0,"MO com LS =>",0.32]
[{"$nulls":4},"Valor do BDI =>",5.34,null,"Valor com BDI =>",null,29.76]
[{"$nulls":6},"Quant. =>","4,00","Preço Total =>",119.04]
[]
[" 6.7.25 ","Código","Banco","Descrição","Tipo",null,"Und","Quant.","Valor Unit","Total"]
["Composição"," 12461 ","ORSE","Luva para eletroduto galvanizado, diâm = 4\"","Interligações até Quadro Geral - Eletrodutos e Conexões",null,"un",1,35.82,35.82]
[null,"Código","Banco","Descrição","Tipo",null,"Und","Quant.","Valor Unit","Total"]
["Insumo","00002436/SINAPI","ORSE","Eletricista (horista)","Mão de Obra",null,"h",0.5,"19,13","9,56"]
["Composição",10549,"ORSE","Encargos Complementares - Servente","Provisórios",null,"h",0.5,"3,80","1,90"]
["Insumo","00002641/SINAPI","ORSE","Luva para eletroduto, em aco galvanizado eletrolitico, com rosca, diametro de100 mm (4\")","Material",null,"un",1,"15,72","15,72"]
["Insumo","00006111/SINAPI","ORSE","Servente de obras (horista)","Mão de Obra",null,"h",0.5,"13,65","6,82"]
["Composição",10552,"ORSE","Encargos Complementares - Eletricista","Provisórios",null,"h",0.5,"3,66","1,83"]
["Detalhamento de Cálculo ORSE"]
[null,"Código","Banco","Descrição","Tipo",null,"Und","Quant.","Valor Unit","Total"]
["Insumo","00012892/SINAPI","ORSE","Luva raspa de couro, cano curto (punho *7* cm)","Material",null,"par",2.3E-3,"12,51","0,02"]
["Insumo",1651,"ORSE","Óculos branco proteção","Material",null,"pr",8.0000000000000004E-4,"6,70","0,00"]
["Insumo","00002436/SINAPI","ORSE","Eletricista (horista)","Mão de Obra",null,"h",0.5,"19,13","9,56"]
["Insumo","00002711/SINAPI","ORSE","Carrinho de mao de aco capacidade 50 a 60 l, pneu com camara","Material",null,"un",1E-4,"166,00","0,01"]
["Insumo",10362,"ORSE","Seguro de vida e acidente em grupo","Serviços",null,"un",4.4999999999999997E-3,"12,54","0,05"]
["Insumo",10596,"ORSE","Protetor auricular","Material",null,"un",4.4999999999999997E-3,"4,90","0,02"]
["Insumo",11241,"ORSE","Alicate volt-amperimetro","Material",null,"un",1E-4,"163,00","0,01"]
["Insumo",11242,"ORSE","Chave inglesa 12\"","Material",null,"un",5.0000000000000002E-5,"34,00","0,00"]
["Insumo","00012893/SINAPI","ORSE","Bota de seguranca com biqueira de aco e colarinho acolchoado","Material",null,"par",7.5000000000000002E-4,"66,72","0,05"]
["Insumo","00006111/SINAPI","ORSE","Servente de obras (horista)","Mão de Obra",null,"h",0.5,"13,65","6,82"]
["Insumo",941,"ORSE","Fardamento com mangas curta","Material",null,"un",1.5E-3,"193,41","0,29"]
["Insumo",4729,"ORSE","Marreta 1 kg com cabo","Material",null,"un",5.0000000000000002E-5,"37,80","0,00"]
["Insumo",11240,"ORSE","Alicate com isolamento","Material",null,"un",1E-4,"47,69","0,00"]
["Insumo",158,"ORSE","Almoço (Participação do empregador)","Material",null,"un",0.1018,"14,00","1,42"]
["Insumo","00002641/SINAPI","ORSE","Luva para eletroduto, em aco galvanizado eletrolitico, com rosca, diametro de100 mm (4\")","Material",null,"un",1,"15,72","15,72"]
["Insumo","00012895/SINAPI","ORSE","Capacete de seguranca aba frontal com suspensao de polietileno, sem jugular (classe b)","Material",null,"un",5.9999999999999995E-4,"13,90","0,00"]
["Insumo","00012894/SINAPI","ORSE","Capa para chuva em pvc com forro de poliester, com capuz (amarela ou azul)","Material",null,"un",2.0000000000000001E-4,"18,07","0,00"]
["Insumo",10599,"ORSE","Protetor solar fps 30 com 120ml","Material",null,"un",1.8E-3,"18,00","0,03"]
["Insumo",4728,"ORSE","Talhadeira chata 10\"","Material",null,"un",1.4999999999999999E-4,"18,58","0,00"]
["Insumo",2378,"ORSE","Vale transporte","Material",null,"un",7.9750000000000001E-2,"4,50","0,35"]
["Insumo",10788,"ORSE","Pá quadrada","Material",null,"un",1E-4,"36,90","0,00"]
["Insumo",10761,"ORSE","Refeição - café da manhã ( café com leite e dois pães com manteiga)","Serviços",null,"un",0.1018,"5,00","0,50"]
["Insumo",10492,"ORSE","Cesta Básica","Material",null,"un",4.4999999999999997E-3,"190,00","0,85"]
["Insumo",10517,"ORSE","Exames admissionais/demissionais (checkup)","Serviços",null,"cj",4.0000000000000002E-4,"300,00","0,12"]
["Insumo",10579,"ORSE","Chave de fenda chata 30 cm","Material",null,"un",1E-4,"26,89","0,00"]
[{"$nulls":4},"MO sem LS =>",16.38,"LS =>",0,"MO com LS =>",16.38]
[{"$nulls":4},"Valor do BDI =>",7.84,null,"Valor com BDI =>",null,43.66]
[{"$nulls":6},"Quant. =>","2,00","Preço Total =>",87.32]
[]
[" 6.7.26 ","Código","Banco","Descrição","Tipo",null,"Und","Quant.","Valor Unit","Total"]
["Composição"," 9034 ","ORSE","Disjuntor termomagnético tripolar 150 A com caixa moldada 10 kA","Fusíveis, Disjuntores e Chaves",null,"un",1,546.13,546.13]
[null,"Código","Banco","Descrição","Tipo",null,"Und","Quant.","Valor Unit","Total"]
["Insumo","00002436/SINAPI","ORSE","Eletricista (horista)","Mão de Obra",null,"h",0.6,"19,13","11,47"]
["Composição",10552,"ORSE","Encargos Complementares - Eletricista","Provisórios",null,"h",0.6,"3,66","2,19"]
["Insumo",9324,"ORSE","Disjuntor termomagnético tripolar 150 A, com caixa moldada 10KA","Material",null,"un",1,"522,00","522,00"]
["Insumo","00006111/SINAPI","ORSE","Servente de obras (horista)","Mão de Obra",null,"h",0.6,"13,65","8,18"]
["Composição",10549,"ORSE","Encargos Complementares - Servente","Provisórios",null,"h",0.6,"3,80","2,28"]
["Detalhamento de Cálculo ORSE"]
[null,"Código","Banco","Descrição","Tipo",null,"Und","Quant.","Valor Unit","Total"]
["Insumo",11240,"ORSE","Alicate com isolamento","Material",null,"un",1.2E-4,"47,69","0,00"]
["Insumo",4729,"ORSE","Marreta 1 kg com cabo","Material",null,"un",6.0000000000000002E-5,"37,80","0,00"]
["Insumo",10492,"ORSE","Cesta Básica","Material",null,"un",5.4000000000000003E-3,"190,00","1,02"]
["Insumo",10596,"ORSE","Protetor auricular","Material",null,"un",5.4000000000000003E-3,"4,90","0,02"]
["Insumo",11241,"ORSE","Alicate volt-amperimetro","Material",null,"un",1.2E-4,"163,00","0,01"]
["Insumo","00002436/SINAPI","ORSE","Eletricista (horista)","Mão de Obra",null,"h",0.6,"19,13","11,47"]
["Insumo",1651,"ORSE","Óculos branco proteção","Material",null,"pr",9.6000000000000002E-4,"6,70","0,00"]
["Insumo",10599,"ORSE","Protetor solar fps 30 com 120ml","Material",null,"un",2.16E-3,"18,00","0,03"]
["Insumo",10517,"ORSE","Exames admissionais/demissionais (checkup)","Serviços",null,"cj",4.8000000000000001E-4,"300,00","0,14"]
["Insumo",10579,"ORSE","Chave de fenda chata 30 cm","Material",null,"un",1.2E-4,"26,89","0,00"]
["Insumo",10362,"ORSE","Seguro de vida e acidente em grupo","Serviços",null,"un",5.4000000000000003E-3,"12,54","0,06"]
["Insumo","00012894/SINAPI","ORSE","Capa para chuva em pvc com forro de poliester, com capuz (amarela ou azul)","Material",null,"un",2.4000000000000001E-4,"18,07","0,00"]
["Insumo","00006111/SINAPI","ORSE","Servente de obras (horista)","Mão de Obra",null,"h",0.6,"13,65","8,18"]
["Insumo",4728,"ORSE","Talhadeira chata 10\"","Material",null,"un",1.8000000000000001E-4,"18,58","0,00"]
["Insumo",11242,"ORSE","Chave inglesa 12\"","Material",null,"un",6.0000000000000002E-5,"34,00","0,00"]
["Insumo",9324,"ORSE","Disjuntor termomagnético tripolar 150 A, com caixa moldada 10KA","Material",null,"un",1,"522,00","522,00"]
["Insumo","00012895/SINAPI","ORSE","Capacete de seguranca aba frontal com suspensao de polietileno, sem jugular (classe b)","Material",null,"un",7.2000000000000005E-4,"13,90","0,01"]
["Insumo",2378,"ORSE","Vale transporte","Material",null,"un",9.5699999999999993E-2,"4,50","0,43"]
["Insumo",10761,"ORSE","Refeição - café da manhã ( café com leite e dois pães com manteiga)","Serviços",null,"un",0.12216,"5,00","0,61"]
["Insumo",10788,"ORSE","Pá quadrada","Material",null,"un",1.2E-4,"36,90","0,00"]
["Insumo",941,"ORSE","Fardamento com mangas curta","Material",null,"un",1.8E-3,"193,41","0,34"]
["Insumo","00012892/SINAPI","ORSE","Luva raspa de couro, cano curto (punho *7* cm)","Material",null,"par",2.7599999999999999E-3,"12,51","0,03"]
["Insumo",158,"ORSE","Almoço (Participação do empregador)","Material",null,"un",0.12216,"14,00","1,71"]
["Insumo","00002711/SINAPI","ORSE","Carrinho de mao de aco capacidade 50 a 60 l, pneu com camara","Material",null,"un",1.2E-4,"166,00","0,01"]
["Insumo","00012893/SINAPI","ORSE","Bota de seguranca com biqueira de aco e colarinho acolchoado","Material",null,"par",8.9999999999999998E-4,"66,72","0,06"]
[{"$nulls":4},"MO sem LS =>",19.649999999999999,"LS =>",0,"MO com LS =>",19.649999999999999]
[{"$nulls":4},"Valor do BDI =>",119.6,null,"Valor com BDI =>",null,665.73]
[{"$nulls":6},"Quant. =>","2,00","Preço Total =>",1331.46]
[]
[" 6.7.27 ","Código","Banco","Descrição","Tipo",null,"Und","Quant.","Valor Unit","Total"]
["Composição"," 8910 ","ORSE","Disjuntor tripolar 630 A com caixa moldada, 30kA","Fusíveis, Disjuntores e Chaves",null,"un",1,5669.51,5669.51]
[null,"Código","Banco","Descrição","Tipo",null,"Und","Quant.","Valor Unit","Total"]
["Insumo","00002436/SINAPI","ORSE","Eletricista (horista)","Mão de Obra",null,"h",2,"19,13","38,25"]
["Insumo",9138,"ORSE","Disjuntor tripolar 630A 3VT3763-2AA36-OAAO","Material",null,"un",1,"1.999,80","1.999,80"]
["Insumo","00006111/SINAPI","ORSE","Servente de obras (horista)","Mão de Obra",null,"h",2,"13,65","27,29"]
["Insumo",9193,"ORSE","Disparador eletronico de 250 a 630 A","Material",null,"un",1,"3.589,00","3.589,00"]
["Composição",10549,"ORSE","Encargos Complementares - Servente","Provisórios",null,"h",2,"3,80","7,60"]
["Composição",10552,"ORSE","Encargos Complementares - Eletricista","Provisórios",null,"h",2,"3,66","7,32"]
["Detalhamento de Cálculo ORSE"]
[null,"Código","Banco","Descrição","Tipo",null,"Und","Quant.","Valor Unit","Total"]
["Insumo",11242,"ORSE","Chave inglesa 12\"","Material",null,"un",2.0000000000000001E-4,"34,00","0,00"]
["Insumo","00006111/SINAPI","ORSE","Servente de obras (horista)","Mão de Obra",null,"h",2,"13,65","27,29"]
["Insumo",4728,"ORSE","Talhadeira chata 10\"","Material",null,"un",5.9999999999999995E-4,"18,58","0,01"]
["Insumo",1651,"ORSE","Óculos branco proteção","Material",null,"pr",3.2000000000000002E-3,"6,70","0,02"]
["Insumo","00012895/SINAPI","ORSE","Capacete de seguranca aba frontal com suspensao de polietileno, sem jugular (classe b)","Material",null,"un",2.3999999999999998E-3,"13,90","0,03"]
["Insumo",10599,"ORSE","Protetor solar fps 30 com 120ml","Material",null,"un",7.1999999999999998E-3,"18,00","0,12"]
["Insumo",10492,"ORSE","Cesta Básica","Material",null,"un",1.7999999999999999E-2,"190,00","3,42"]
["Insumo",4729,"ORSE","Marreta 1 kg com cabo","Material",null,"un",2.0000000000000001E-4,"37,80","0,00"]
["Insumo",9193,"ORSE","Disparador eletronico de 250 a 630 A","Material",null,"un",1,"3.589,00","3.589,00"]
["Insumo",10596,"ORSE","Protetor auricular","Material",null,"un",1.7999999999999999E-2,"4,90","0,08"]
["Insumo","00002711/SINAPI","ORSE","Carrinho de mao de aco capacidade 50 a 60 l, pneu com camara","Material",null,"un",4.0000000000000002E-4,"166,00","0,06"]
["Insumo","00012892/SINAPI","ORSE","Luva raspa de couro, cano curto (punho *7* cm)","Material",null,"par",9.1999999999999998E-3,"12,51","0,11"]
["Insumo",2378,"ORSE","Vale transporte","Material",null,"un",0.31900000000000001,"4,50","1,43"]
["Insumo",941,"ORSE","Fardamento com mangas curta","Material",null,"un",6.0000000000000001E-3,"193,41","1,16"]
["Insumo","00012894/SINAPI","ORSE","Capa para chuva em pvc com forro de poliester, com capuz (amarela ou azul)","Material",null,"un",8.0000000000000004E-4,"18,07","0,01"]
["Insumo",11240,"ORSE","Alicate com isolamento","Material",null,"un",4.0000000000000002E-4,"47,69","0,01"]
["Insumo",10761,"ORSE","Refeição - café da manhã ( café com leite e dois pães com manteiga)","Serviços",null,"un",0.40720000000000001,"5,00","2,03"]
["Insumo","00012893/SINAPI","ORSE","Bota de seguranca com biqueira de aco e colarinho acolchoado","Material",null,"par",3.0000000000000001E-3,"66,72","0,20"]
["Insumo",10362,"ORSE","Seguro de vida e acidente em grupo","Serviços",null,"un",1.7999999999999999E-2,"12,54","0,22"]
["Insumo",9138,"ORSE","Disjuntor tripolar 630A 3VT3763-2AA36-OAAO","Material",null,"un",1,"1.999,80","1.999,80"]
["Insumo",10788,"ORSE","Pá quadrada","Material",null,"un",4.0000000000000002E-4,"36,90","0,01"]
["Insumo",10579,"ORSE","Chave de fenda chata 30 cm","Material",null,"un",4.0000000000000002E-4,"26,89","0,01"]
["Insumo",11241,"ORSE","Alicate volt-amperimetro","Material",null,"un",4.0000000000000002E-4,"163,00","0,06"]
["Insumo","00002436/SINAPI","ORSE","Eletricista (horista)","Mão de Obra",null,"h",2,"19,13","38,25"]
["Insumo",10517,"ORSE","Exames admissionais/demissionais (checkup)","Serviços",null,"cj",1.6000000000000001E-3,"300,00","0,48"]
["Insumo",158,"ORSE","Almoço (Participação do empregador)","Material",null,"un",0.40720000000000001,"14,00","5,70"]
[{"$nulls":4},"MO sem LS =>",65.540000000000006,"LS =>",0,"MO com LS =>",65.540000000000006]
[{"$nulls":4},"Valor do BDI =>",1241.6199999999999,null,"Valor com BDI =>",null,6911.13]
[{"$nulls":6},"Quant. =>","1,00","Preço Total =>",6911.13]
[]
[" 6.7.28 ","Código","Banco","Descrição","Tipo",null,"Und","Quant.","Valor Unit","Total"]
["Composição"," 9688 ","ORSE","Disjuntor termomagnético tripolar 125 A com caixa moldada 10 kA","Fusíveis, Disjuntores e Chaves",null,"un",1,566.13,566.13]
[null,"Código","Banco","Descrição","Tipo",null,"Und","Quant.","Valor Unit","Total"]
["Composição",10549,"ORSE","Encargos Complementares - Servente","Provisórios",null,"h",0.6,"3,80","2,28"]
["Insumo","00002436/SINAPI","ORSE","Eletricista (horista)","Mão de Obra",null,"h",0.6,"19,13","11,47"]
["Insumo",10064,"ORSE","Disjuntor termomagnético tripolar 125 A com caixa moldada 10 kA","Material",null,"un",1,"542,00","542,00"]
["Insumo","00006111/SINAPI","ORSE","Servente de obras (horista)","Mão de Obra",null,"h",0.6,"13,65","8,18"]
["Composição",10552,"ORSE","Encargos Complementares - Eletricista","Provisórios",null,"h",0.6,"3,66","2,19"]
["Detalhamento de Cálculo ORSE"]
[null,"Código","Banco","Descrição","Tipo",null,"Und","Quant.","Valor Unit","Total"]
["Insumo","00006111/SINAPI","ORSE","Servente de obras (horista)","Mão de Obra",null,"h",0.6,"13,65","8,18"]
["Insumo",2378,"ORSE","Vale transporte","Material",null,"un",9.5699999999999993E-2,"4,50","0,43"]
["Insumo",10492,"ORSE","Cesta Básica","Material",null,"un",5.4000000000000003E-3,"190,00","1,02"]
["Insumo","00012895/SINAPI","ORSE","Capacete de seguranca aba frontal com suspensao de polietileno, sem jugular (classe b)","Material",null,"un",7.2000000000000005E-4,"13,90","0,01"]
["Insumo","00012893/SINAPI","ORSE","Bota de seguranca com biqueira de aco e colarinho acolchoado","Material",null,"par",8.9999999999999998E-4,"66,72","0,06"]
["Insumo",941,"ORSE","Fardamento com mangas curta","Material",null,"un",1.8E-3,"193,41","0,34"]
["Insumo","00002436/SINAPI","ORSE","Eletricista (horista)","Mão de Obra",null,"h",0.6,"19,13","11,47"]
["Insumo",11242,"ORSE","Chave inglesa 12\"","Material",null,"un",6.0000000000000002E-5,"34,00","0,00"]
["Insumo",10517,"ORSE","Exames admissionais/demissionais (checkup)","Serviços",null,"cj",4.8000000000000001E-4,"300,00","0,14"]
["Insumo","00002711/SINAPI","ORSE","Carrinho de mao de aco capacidade 50 a 60 l, pneu com camara","Material",null,"un",1.2E-4,"166,00","0,01"]
["Insumo",158,"ORSE","Almoço (Participação do empregador)","Material",null,"un",0.12216,"14,00","1,71"]
["Insumo",11241,"ORSE","Alicate volt-amperimetro","Material",null,"un",1.2E-4,"163,00","0,01"]
["Insumo",4729,"ORSE","Marreta 1 kg com cabo","Material",null,"un",6.0000000000000002E-5,"37,80","0,00"]
["Insumo",4728,"ORSE","Talhadeira chata 10\"","Material",null,"un",1.8000000000000001E-4,"18,58","0,00"]
["Insumo",10788,"ORSE","Pá quadrada","Material",null,"un",1.2E-4,"36,90","0,00"]
["Insumo",10599,"ORSE","Protetor solar fps 30 com 120ml","Material",null,"un",2.16E-3,"18,00","0,03"]
["Insumo",1651,"ORSE","Óculos branco proteção","Material",null,"pr",9.6000000000000002E-4,"6,70","0,00"]
["Insumo",10362,"ORSE","Seguro de vida e acidente em grupo","Serviços",null,"un",5.4000000000000003E-3,"12,54","0,06"]
["Insumo",10064,"ORSE","Disjuntor termomagnético tripolar 125 A com caixa moldada 10 kA","Material",null,"un",1,"542,00","542,00"]
["Insumo",11240,"ORSE","Alicate com isolamento","Material",null,"un",1.2E-4,"47,69","0,00"]
["Insumo","00012892/SINAPI","ORSE","Luva raspa de couro, cano curto (punho *7* cm)","Material",null,"par",2.7599999999999999E-3,"12,51","0,03"]
["Insumo","00012894/SINAPI","ORSE","Capa para chuva em pvc com forro de poliester, com capuz (amarela ou azul)","Material",null,"un",2.4000000000000001E-4,"18,07","0,00"]
["Insumo",10596,"ORSE","Protetor auricular","Material",null,"un",5.4000000000000003E-3,"4,90","0,02"]
["Insumo",10761,"ORSE","Refeição - café da manhã ( café com leite e dois pães com manteiga)","Serviços",null,"un",0.12216,"5,00","0,61"]
["Insumo",10579,"ORSE","Chave de fenda chata 30 cm","Material",null,"un",1.2E-4,"26,89","0,00"]
[{"$nulls":4},"MO sem LS =>",19.649999999999999,"LS =>",0,"MO com LS =>",19.649999999999999]
[{"$nulls":4},"Valor do BDI =>",123.98,null,"Valor com BDI =>",null,690.11]
[{"$nulls":6},"Quant. =>","1,00","Preço Total =>",690.11]
[]
[" 6.7.29 ","Código","Banco","Descrição","Tipo",null,"Und","Quant.","Valor Unit","Total"]
["Composição"," 8903 ","ORSE","Disjuntor termomagnético tripolar 400 A com caixa moldada 10 kA","Fusíveis, Disjuntores e Chaves",null,"un",1,1758.92,1758.92]
[null,"Código","Banco","Descrição","Tipo",null,"Und","Quant.","Valor Unit","Total"]
["Insumo",9173,"ORSE","Disjuntor termomagnético tripolar 400 A com caixa moldada 10 kA","Material",null,"un",1,"1.734,79","1.734,79"]
["Insumo","00006111/SINAPI","ORSE","Servente de obras (horista)","Mão de Obra",null,"h",0.6,"13,65","8,18"]
["Insumo","00002436/SINAPI","ORSE","Eletricista (horista)","Mão de Obra",null,"h",0.6,"19,13","11,47"]
["Composição",10552,"ORSE","Encargos Complementares - Eletricista","Provisórios",null,"h",0.6,"3,66","2,19"]
["Composição",10549,"ORSE","Encargos Complementares - Servente","Provisórios",null,"h",0.6,"3,80","2,28"]
["Detalhamento de Cálculo ORSE"]
[null,"Código","Banco","Descrição","Tipo",null,"Und","Quant.","Valor Unit","Total"]
["Insumo",10599,"ORSE","Protetor solar fps 30 com 120ml","Material",null,"un",2.16E-3,"18,00","0,03"]
["Insumo","00006111/SINAPI","ORSE","Servente de obras (horista)","Mão de Obra",null,"h",0.6,"13,65","8,18"]
["Insumo",10517,"ORSE","Exames admissionais/demissionais (checkup)","Serviços",null,"cj",4.8000000000000001E-4,"300,00","0,14"]
["Insumo",11241,"ORSE","Alicate volt-amperimetro","Material",null,"un",1.2E-4,"163,00","0,01"]
["Insumo","00002436/SINAPI","ORSE","Eletricista (horista)","Mão de Obra",null,"h",0.6,"19,13","11,47"]
["Insumo",10492,"ORSE","Cesta Básica","Material",null,"un",5.4000000000000003E-3,"190,00","1,02"]
["Insumo",10596,"ORSE","Protetor auricular","Material",null,"un",5.4000000000000003E-3,"4,90","0,02"]
["Insumo",10788,"ORSE","Pá quadrada","Material",null,"un",1.2E-4,"36,90","0,00"]
["Insumo","00012894/SINAPI","ORSE","Capa para chuva em pvc com forro de poliester, com capuz (amarela ou azul)","Material",null,"un",2.4000000000000001E-4,"18,07","0,00"]
["Insumo","00012893/SINAPI","ORSE","Bota de seguranca com biqueira de aco e colarinho acolchoado","Material",null,"par",8.9999999999999998E-4,"66,72","0,06"]
["Insumo","00012895/SINAPI","ORSE","Capacete de seguranca aba frontal com suspensao de polietileno, sem jugular (classe b)","Material",null,"un",7.2000000000000005E-4,"13,90","0,01"]
["Insumo",941,"ORSE","Fardamento com mangas curta","Material",null,"un",1.8E-3,"193,41","0,34"]
["Insumo",10761,"ORSE","Refeição - café da manhã ( café com leite e dois pães com manteiga)","Serviços",null,"un",0.12216,"5,00","0,61"]
["Insumo",4728,"ORSE","Talhadeira chata 10\"","Material",null,"un",1.8000000000000001E-4,"18,58","0,00"]
["Insumo",11242,"ORSE","Chave inglesa 12\"","Material",null,"un",6.0000000000000002E-5,"34,00","0,00"]
["Insumo",1651,"ORSE","Óculos branco proteção","Material",null,"pr",9.6000000000000002E-4,"6,70","0,00"]
["Insumo",9173,"ORSE","Disjuntor termomagnético tripolar 400 A com caixa moldada 10 kA","Material",null,"un",1,"1.734,79","1.734,79"]
["Insumo",158,"ORSE","Almoço (Participação do empregador)","Material",null,"un",0.12216,"14,00","1,71"]
["Insumo",10362,"ORSE","Seguro de vida e acidente em grupo","Serviços",null,"un",5.4000000000000003E-3,"12,54","0,06"]
["Insumo",2378,"ORSE","Vale transporte","Material",null,"un",9.5699999999999993E-2,"4,50","0,43"]
["Insumo","00012892/SINAPI","ORSE","Luva raspa de couro, cano curto (punho *7* cm)","Material",null,"par",2.7599999999999999E-3,"12,51","0,03"]
["Insumo",10579,"ORSE","Chave de fenda chata 30 cm","Material",null,"un",1.2E-4,"26,89","0,00"]
["Insumo","00002711/SINAPI","ORSE","Carrinho de mao de aco capacidade 50 a 60 l, pneu com camara","Material",null,"un",1.2E-4,"166,00","0,01"]
["Insumo",11240,"ORSE","Alicate com isolamento","Material",null,"un",1.2E-4,"47,69","0,00"]
["Insumo",4729,"ORSE","Marreta 1 kg com cabo","Material",null,"un",6.0000000000000002E-5,"37,80","0,00"]
[{"$nulls":4},"MO sem LS =>",19.649999999999999,"LS =>",0,"MO com LS =>",19.649999999999999]
[{"$nulls":4},"Valor do BDI =>",385.2,null,"Valor com BDI =>",null,2144.12]
[{"$nulls":6},"Quant. =>","1,00","Preço Total =>",2144.12]
[]
[" 6.7.30 ","Código","Banco","Descrição","Tipo",null,"Und","Quant.","Valor Unit","Total"]
["Composição"," 101894 ","SINAPI","DISJUNTOR TRIPOLAR TIPO NEMA, CORRENTE NOMINAL DE 60 ATÉ 100A - FORNECIMENTO E INSTALAÇÃO. AF_10/2020","INEL - INSTALAÇÃO ELÉTRICA/ELETRIFICAÇÃO E ILUMINAÇÃO EXTERNA",null,"UN",1,170.35,170.35]
["Composição Auxiliar"," 88264 ","SINAPI","ELETRICISTA COM ENCARGOS COMPLEMENTARES","SEDI - SERVIÇOS DIVERSOS",null,"H",0.78300000000000003,27.89,21.83]
["Composição Auxiliar"," 88247 ","SINAPI","AUXILIAR DE ELETRICISTA COM ENCARGOS COMPLEMENTARES","SEDI - SERVIÇOS DIVERSOS",null,"H",0.78300000000000003,21.44,16.78]
["Insumo"," 00002373 ","SINAPI","DISJUNTOR TIPO NEMA, TRIPOLAR 60 ATE 100 A, TENSAO MAXIMA DE 415 V","Material",null,"UN",1,122.95,122.95]
["Insumo"," 00001576 ","SINAPI","TERMINAL A COMPRESSAO EM COBRE ESTANHADO PARA CABO 25 MM2, 1 FURO E 1 COMPRESSAO, PARA PARAFUSO DE FIXACAO M8","Material",null,"UN",3,2.93,8.7899999999999991]
[{"$nulls":4},"MO sem LS =>",31.67,"LS =>",0,"MO com LS =>",31.67]
[{"$nulls":4},"Valor do BDI =>",37.299999999999997,null,"Valor com BDI =>",null,207.65]
[{"$nulls":6},"Quant. =>","1,00","Preço Total =>",207.65]
[]
[null,"Código","Banco","Descrição","Tipo",null,"Und","Quant.","Valor Unit","Total"]
["Insumo"," 00039472 ","SINAPI","DISPOSITIVO DPS CLASSE II, 1 POLO, TENSAO MAXIMA DE 275 V, CORRENTE MAXIMA DE *90* KA (TIPO AC)","Material",null,"UN",1,200.77,200.77]
[{"$nulls":4},"MO sem LS =>",0,"LS =>",0,"MO com LS =>",0]
[{"$nulls":4},"Valor do BDI =>",null,null,"Valor com BDI =>",null,229.7]
[{"$nulls":6},"Quant. =>","4,00","Preço Total =>",918.8]
[]
[null,"Código","Banco","Descrição","Tipo",null,"Und","Quant.","Valor Unit","Total"]
["Insumo"," COTAÇÃO - 112 ","Próprio","BARRAMENTO CHATA COBRE ELETROLÍTICO 19,05X3,18MM","Material",null,"M",1,125.86,125.86]
[{"$nulls":4},"MO sem LS =>",0,"LS =>",0,"MO com LS =>",0]
[{"$nulls":4},"Valor do BDI =>",null,null,"Valor com BDI =>",null,143.99]
[{"$nulls":6},"Quant. =>","25,00","Preço Total =>",3599.75]
[]
[null,"Código","Banco","Descrição","Tipo",null,"Und","Quant.","Valor Unit","Total"]
["Insumo"," COTAÇÃO - 113 ","Próprio","BARRAMENTO CHATA COBRE ELETROLÍTICO 50,80X 3,18MM","Material",null,"M",1,140.49,140.49]
[{"$nulls":4},"MO sem LS =>",0,"LS =>",0,"MO com LS =>",0]
[{"$nulls":4},"Valor do BDI =>",null,null,"Valor com BDI =>",null,160.72999999999999]
[{"$nulls":6},"Quant. =>","15,00","Preço Total =>",2410.9499999999998]
[]
[null,"Código","Banco","Descrição","Tipo",null,"Und","Quant.","Valor Unit","Total"]
["Insumo"," COTAÇÃO - 114 ","Próprio","BARRAMENTO COBRE 70,20 X 6,35 MM²","Material",null,"M",1,171.89,171.89]
[{"$nulls":4},"MO sem LS =>",0,"LS =>",0,"MO com LS =>",0]
[{"$nulls":4},"Valor do BDI =>",null,null,"Valor com BDI =>",null,196.65]
[{"$nulls":6},"Quant. =>","15,00","Preço Total =>",2949.75]
[]
[" 6.7.35 ","Código","Banco","Descrição","Tipo",null,"Und","Quant.","Valor Unit","Total"]
["Composição"," 12889 ","ORSE","Placa de sinalizacao, fotoluminescente, em pvc , com logotipo \"Cuidado risco de choque elétrico\"- Placa E5","Sinalização Vertical",null,"un",1,17.850000000000001,17.850000000000001]
[null,"Código","Banco","Descrição","Tipo",null,"Und","Quant.","Valor Unit","Total"]
["Insumo",13656,"ORSE","Placa de sinalizacao, fotoluminescente, em pvc , com logotipo \"Cuidado risco de choque elétrico\"- Placa E5","Material",null,"un",1,"14,41","14,41"]
["Insumo","00006111/SINAPI","ORSE","Servente de obras (horista)","Mão de Obra",null,"h",0.2,"13,65","2,72"]
["Composição",10549,"ORSE","Encargos Complementares - Servente","Provisórios",null,"h",0.2,"3,80","0,76"]
["Detalhamento de Cálculo ORSE"]
[null,"Código","Banco","Descrição","Tipo",null,"Und","Quant.","Valor Unit","Total"]
["Insumo",10761,"ORSE","Refeição - café da manhã ( café com leite e dois pães com manteiga)","Serviços",null,"un",2.036E-2,"5,00","0,10"]
["Insumo",4728,"ORSE","Talhadeira chata 10\"","Material",null,"un",6.0000000000000002E-5,"18,58","0,00"]
["Insumo",10788,"ORSE","Pá quadrada","Material",null,"un",4.0000000000000003E-5,"36,90","0,00"]
["Insumo","00012893/SINAPI","ORSE","Bota de seguranca com biqueira de aco e colarinho acolchoado","Material",null,"par",1.6000000000000001E-4,"66,72","0,01"]
["Insumo","00012892/SINAPI","ORSE","Luva raspa de couro, cano curto (punho *7* cm)","Material",null,"par",4.6000000000000001E-4,"12,51","0,00"]
["Insumo",941,"ORSE","Fardamento com mangas curta","Material",null,"un",2.9999999999999997E-4,"193,41","0,05"]
["Insumo",158,"ORSE","Almoço (Participação do empregador)","Material",null,"un",2.036E-2,"14,00","0,28"]
["Insumo","00012894/SINAPI","ORSE","Capa para chuva em pvc com forro de poliester, com capuz (amarela ou azul)","Material",null,"un",4.0000000000000003E-5,"18,07","0,00"]
["Insumo",13656,"ORSE","Placa de sinalizacao, fotoluminescente, em pvc , com logotipo \"Cuidado risco de choque elétrico\"- Placa E5","Material",null,"un",1,"14,41","14,41"]
["Insumo",4729,"ORSE","Marreta 1 kg com cabo","Material",null,"un",2.0000000000000002E-5,"37,80","0,00"]
["Insumo",10492,"ORSE","Cesta Básica","Material",null,"un",8.9999999999999998E-4,"190,00","0,17"]
["Insumo","00012895/SINAPI","ORSE","Capacete de seguranca aba frontal com suspensao de polietileno, sem jugular (classe b)","Material",null,"un",1.2E-4,"13,90","0,00"]
["Insumo","00006111/SINAPI","ORSE","Servente de obras (horista)","Mão de Obra",null,"h",0.2,"13,65","2,72"]
["Insumo",10362,"ORSE","Seguro de vida e acidente em grupo","Serviços",null,"un",8.9999999999999998E-4,"12,54","0,01"]
["Insumo","00002711/SINAPI","ORSE","Carrinho de mao de aco capacidade 50 a 60 l, pneu com camara","Material",null,"un",4.0000000000000003E-5,"166,00","0,00"]
["Insumo",10517,"ORSE","Exames admissionais/demissionais (checkup)","Serviços",null,"cj",8.0000000000000007E-5,"300,00","0,02"]
["Insumo",2378,"ORSE","Vale transporte","Material",null,"un",1.882E-2,"4,50","0,08"]
["Insumo",1651,"ORSE","Óculos branco proteção","Material",null,"pr",1.6000000000000001E-4,"6,70","0,00"]
["Insumo",10596,"ORSE","Protetor auricular","Material",null,"un",8.9999999999999998E-4,"4,90","0,00"]
["Insumo",10599,"ORSE","Protetor solar fps 30 com 120ml","Material",null,"un",3.6000000000000002E-4,"18,00","0,00"]
[{"$nulls":4},"MO sem LS =>",2.72,"LS =>",0,"MO com LS =>",2.72]
[{"$nulls":4},"Valor do BDI =>",3.9,null,"Valor com BDI =>",null,21.75]
[{"$nulls":6},"Quant. =>","1,00","Preço Total =>",21.75]
[]
[" 6.7.36 ","Código","Banco","Descrição","Tipo",null,"Und","Quant.","Valor Unit","Total"]
["Composição"," 92998 ","SINAPI","CABO DE COBRE FLEXÍVEL ISOLADO, 185 MM², ANTI-CHAMA 0,6/1,0 KV, PARA REDE ENTERRADA DE DISTRIBUIÇÃO DE ENERGIA ELÉTRICA - FORNECIMENTO E INSTALAÇÃO. AF_12/2021","INEL - INSTALAÇÃO ELÉTRICA/ELETRIFICAÇÃO E ILUMINAÇÃO EXTERNA",null,"M",1,228.27,228.27]
["Composição Auxiliar"," 88247 ","SINAPI","AUXILIAR DE ELETRICISTA COM ENCARGOS COMPLEMENTARES","SEDI - SERVIÇOS DIVERSOS",null,"H",0.20250000000000001,21.44,4.34]
["Composição Auxiliar"," 88264 ","SINAPI","ELETRICISTA COM ENCARGOS COMPLEMENTARES","SEDI - SERVIÇOS DIVERSOS",null,"H",0.20250000000000001,27.89,5.64]
["Insumo"," 00001000 ","SINAPI","CABO DE COBRE, FLEXIVEL, CLASSE 4 OU 5, ISOLACAO EM PVC/A, ANTICHAMA BWF-B, COBERTURA PVC-ST1, ANTICHAMA BWF-B, 1 CONDUTOR, 0,6/1 KV, SECAO NOMINAL 185 MM2","Material",null,"M",1.0149999999999999,214.98,218.2]
["Insumo"," 00021127 ","SINAPI","FITA ISOLANTE ADESIVA ANTICHAMA, USO ATE 750 V, EM ROLO DE 19 MM X 5 M","Material",null,"UN",8.9999999999999993E-3,11.05,0.09]
[{"$nulls":4},"MO sem LS =>",8.19,"LS =>",0,"MO com LS =>",8.19]
[{"$nulls":4},"Valor do BDI =>",49.99,null,"Valor com BDI =>",null,278.26]
[{"$nulls":6},"Quant. =>","120,00","Preço Total =>",33391.199999999997]
[]
[" 6.7.37 ","Código","Banco","Descrição","Tipo",null,"Und","Quant.","Valor Unit","Total"]
["Composição"," 92992 ","SINAPI","CABO DE COBRE FLEXÍVEL ISOLADO, 95 MM², ANTI-CHAMA 0,6/1,0 KV, PARA REDE ENTERRADA DE DISTRIBUIÇÃO DE ENERGIA ELÉTRICA - FORNECIMENTO E INSTALAÇÃO. AF_12/2021","INEL - INSTALAÇÃO ELÉTRICA/ELETRIFICAÇÃO E ILUMINAÇÃO EXTERNA",null,"M",1,118.26,118.26]
["Composição Auxiliar"," 88264 ","SINAPI","ELETRICISTA COM ENCARGOS COMPLEMENTARES","SEDI - SERVIÇOS DIVERSOS",null,"H",0.12280000000000001,27.89,3.42]
["Composição Auxiliar"," 88247 ","SINAPI","AUXILIAR DE ELETRICISTA COM ENCARGOS COMPLEMENTARES","SEDI - SERVIÇOS DIVERSOS",null,"H",0.12280000000000001,21.44,2.63]
["Insumo"," 00021127 ","SINAPI","FITA ISOLANTE ADESIVA ANTICHAMA, USO ATE 750 V, EM ROLO DE 19 MM X 5 M","Material",null,"UN",8.9999999999999993E-3,11.05,0.09]
["Insumo"," 00000998 ","SINAPI","CABO DE COBRE, FLEXIVEL, CLASSE 4 OU 5, ISOLACAO EM PVC/A, ANTICHAMA BWF-B, COBERTURA PVC-ST1, ANTICHAMA BWF-B, 1 CONDUTOR, 0,6/1 KV, SECAO NOMINAL 95 MM2","Material",null,"M",1.0149999999999999,110.47,112.12]
[{"$nulls":4},"MO sem LS =>",4.96,"LS =>",0,"MO com LS =>",4.96]
[{"$nulls":4},"Valor do BDI =>",25.89,null,"Valor com BDI =>",null,144.15]
[{"$nulls":6},"Quant. =>","30,00","Preço Total =>",4324.5]
[]
[null,"Código","Banco","Descrição","Tipo",null,"Und","Quant.","Valor Unit","Total"]
["Insumo"," 11096 ","ORSE","Molde de solda exotérmica para cabo cobre nu 95 mm²","Material",null,"un",1,352,352]
[{"$nulls":4},"MO sem LS =>",0,"LS =>",0,"MO com LS =>",0]
[{"$nulls":4},"Valor do BDI =>",null,null,"Valor com BDI =>",null,402.72]
[{"$nulls":6},"Quant. =>","2,00","Preço Total =>",805.44]
[]
[" 6.7.39 ","Código","Banco","Descrição","Tipo",null,"Und","Quant.","Valor Unit","Total"]
["Composição"," COMPOSIÇÃO - 148 ","Próprio","SOLDA EXOTÉRMICA","INEL - INSTALAÇÃO ELÉTRICA/ELETRIFICAÇÃO E ILUMINAÇÃO EXTERNA",null,"UN",1,252.67,252.67]
["Composição Auxiliar"," 88247 ","SINAPI","AUXILIAR DE ELETRICISTA COM ENCARGOS COMPLEMENTARES","SEDI - SERVIÇOS DIVERSOS",null,"H",0.5,21.44,10.72]
["Composição Auxiliar"," 11131 ","ORSE","Fornecimento de cartucho para solda exotérmica para cabo 50 mm²","Fornecimento de Materiais para Redes de Energia Elétrica e Iluminação",null,"un",1,13.92,13.92]
["Composição Auxiliar"," 9902 ","ORSE","Fornecimento de molde de solda exotérmica tipo \"X\" para cabo 50 mm²","Fornecimento de Materiais para Redes de Energia Elétrica e Iluminação",null,"un",1,214.09,214.09]
["Composição Auxiliar"," 88264 ","SINAPI","ELETRICISTA COM ENCARGOS COMPLEMENTARES","SEDI - SERVIÇOS DIVERSOS",null,"H",0.5,27.89,13.94]
[{"$nulls":4},"MO sem LS =>",20.23,"LS =>",0,"MO com LS =>",20.23]
[{"$nulls":4},"Valor do BDI =>",55.33,null,"Valor com BDI =>",null,308]
[{"$nulls":6},"Quant. =>","8,00","Preço Total =>",2464]
[]
[" 6.7.40 ","Código","Banco","Descrição","Tipo",null,"Und","Quant.","Valor Unit","Total"]
["Composição"," 9724 ","ORSE","QFAC - Quadro / Painel em chapa de aço com pintura eletrostática a pó poliester na cor bege, grau de proteção IP 54, com barramento, sem disjuntores - 1500x1000x350mm","Quadros de Distribuição de Energia",null,"un",1,6391.26,6391.26]
[null,"Código","Banco","Descrição","Tipo",null,"Und","Quant.","Valor Unit","Total"]
["Insumo",10103,"ORSE","QFAC - Quadro / Painel em chapa de aço com pintura eletrostática a pó poliester na cor bege, grau de proteção IP 54, com barramento, sem disjuntores - 1500x1000x350mm","Material",null,"un",1,"6.254,87","6.254,87"]
["Composição",10552,"ORSE","Encargos Complementares - Eletricista","Provisórios",null,"h",2,"3,66","7,32"]
["Composição",10549,"ORSE","Encargos Complementares - Servente","Provisórios",null,"h",3,"3,80","11,40"]
["Composição",3308,"ORSE","Argamassa em volume - cimento, cal e areia traço t-5 (1:2:8) - 1 saco cimento50 kg / 2 sacos cal 20 kg / 8 padiolas de areia dim 0.35 x 0.45 x 0.13 m - Confecção mecânica e transporte","Conversão InfoWOrca",null,"m³",2.7E-2,"567,71","15,32"]
["Insumo","00002436/SINAPI","ORSE","Eletricista (horista)","Mão de Obra",null,"h",2,"19,13","38,25"]
["Insumo","00006111/SINAPI","ORSE","Servente de obras (horista)","Mão de Obra",null,"h",3,"13,65","40,93"]
["Composição",10550,"ORSE","Encargos Complementares - Pedreiro","Provisórios",null,"h",1,"3,67","3,67"]
["Insumo","00004750/SINAPI","ORSE","Pedreiro (horista)","Mão de Obra",null,"h",1,"19,13","19,12"]
["Detalhamento de Cálculo ORSE"]
[null,"Código","Banco","Descrição","Tipo",null,"Und","Quant.","Valor Unit","Total"]
["Insumo",10761,"ORSE","Refeição - café da manhã ( café com leite e dois pães com manteiga)","Serviços",null,"un",0.62179439999999997,"5,00","3,10"]
["Insumo","00000367/SINAPI","ORSE","Areia grossa - posto jazida/fornecedor (retirado na jazida, sem transporte)","Material",null,"m³",3.2832E-2,"111,43","3,65"]
["Insumo",10599,"ORSE","Protetor solar fps 30 com 120ml","Material",null,"un",1.09944E-2,"18,00","0,19"]
["Insumo",2378,"ORSE","Vale transporte","Material",null,"un",0.48866280000000001,"4,50","2,19"]
["Insumo",11241,"ORSE","Alicate volt-amperimetro","Material",null,"un",4.0000000000000002E-4,"163,00","0,06"]
["Insumo",10492,"ORSE","Cesta Básica","Material",null,"un",2.7486E-2,"190,00","5,22"]
["Insumo",4174,"ORSE","Desempenadeira de aço lisa, cabo madeira, ref:143, Atlas ou similar","Material",null,"un",5.0000000000000001E-4,"12,00","0,00"]
["Insumo",1651,"ORSE","Óculos branco proteção","Material",null,"pr",4.8863999999999999E-3,"6,70","0,03"]
["Insumo",4729,"ORSE","Marreta 1 kg com cabo","Material",null,"un",3.1080000000000002E-4,"37,80","0,01"]
["Insumo","00002711/SINAPI","ORSE","Carrinho de mao de aco capacidade 50 a 60 l, pneu com camara","Material",null,"un",6.2160000000000004E-4,"166,00","0,10"]
["Insumo",11247,"ORSE","Serra mármore","Material",null,"un",1E-4,"327,80","0,03"]
["Insumo",11243,"ORSE","Martelo sem unha","Material",null,"un",1E-4,"28,00","0,00"]
["Insumo",11265,"ORSE","Martelo de borracha com cabo","Material",null,"un",4.0000000000000002E-4,"18,75","0,00"]
["Insumo",941,"ORSE","Fardamento com mangas curta","Material",null,"un",9.162E-3,"193,41","1,77"]
["Insumo",10579,"ORSE","Chave de fenda chata 30 cm","Material",null,"un",4.0000000000000002E-4,"26,89","0,01"]
["Insumo","00012892/SINAPI","ORSE","Luva raspa de couro, cano curto (punho *7* cm)","Material",null,"par",1.4048400000000001E-2,"12,51","0,17"]
["Insumo",10362,"ORSE","Seguro de vida e acidente em grupo","Serviços",null,"un",2.7486E-2,"12,54","0,34"]
["Insumo",11246,"ORSE","Escala métrica de bambú","Material",null,"Un",6.9999999999999999E-4,"10,22","0,00"]
["Insumo",11240,"ORSE","Alicate com isolamento","Material",null,"un",4.0000000000000002E-4,"47,69","0,01"]
["Insumo",10596,"ORSE","Protetor auricular","Material",null,"un",2.7486E-2,"4,90","0,13"]
["Insumo",10788,"ORSE","Pá quadrada","Material",null,"un",6.2160000000000004E-4,"36,90","0,02"]
["Insumo",11242,"ORSE","Chave inglesa 12\"","Material",null,"un",2.0000000000000001E-4,"34,00","0,00"]
["Insumo",158,"ORSE","Almoço (Participação do empregador)","Material",null,"un",0.62179439999999997,"14,00","8,70"]
["Insumo",11245,"ORSE","Desempoladeira de madeira 12x22","Material",null,"un",6.9999999999999999E-4,"11,60","0,00"]
["Insumo",11264,"ORSE","Marreta de 1/2 kg com cabo","Material",null,"un",2.0000000000000001E-4,"13,52","0,00"]
["Insumo",4722,"ORSE","Colher de pedreiro","Material",null,"un",4.0000000000000002E-4,"18,80","0,00"]
["Insumo",4728,"ORSE","Talhadeira chata 10\"","Material",null,"un",9.324E-4,"18,58","0,01"]
["Insumo",10103,"ORSE","QFAC - Quadro / Painel em chapa de aço com pintura eletrostática a pó poliester na cor bege, grau de proteção IP 54, com barramento, sem disjuntores - 1500x1000x350mm","Material",null,"un",1,"6.254,87","6.254,87"]
["Insumo","00001106/SINAPI","ORSE","Cal hidratada ch-i para argamassas","Material",null,"kg",4.9139999999999997,"1,23","6,04"]
["Insumo",10517,"ORSE","Exames admissionais/demissionais (checkup)","Serviços",null,"cj",2.4432E-3,"300,00","0,73"]
["Insumo","00004750/SINAPI","ORSE","Pedreiro (horista)","Mão de Obra",null,"h",1,"19,13","19,12"]
["Insumo","00012894/SINAPI","ORSE","Capa para chuva em pvc com forro de poliester, com capuz (amarela ou azul)","Material",null,"un",1.2216E-3,"18,07","0,02"]
["Insumo","00012895/SINAPI","ORSE","Capacete de seguranca aba frontal com suspensao de polietileno, sem jugular (classe b)","Material",null,"un",3.6648000000000002E-3,"13,90","0,05"]
["Insumo","00006111/SINAPI","ORSE","Servente de obras (horista)","Mão de Obra",null,"h",3.1080000000000001,"13,65","42,40"]
["Insumo",10790,"ORSE","Prumo de face","Material",null,"un",1E-4,"25,95","0,00"]
["Insumo","00001379/SINAPI","ORSE","Cimento portland composto cp ii-32","Material",null,"kg",4.9139999999999997,"0,76","3,73"]
["Insumo","00002436/SINAPI","ORSE","Eletricista (horista)","Mão de Obra",null,"h",2,"19,13","38,25"]
["Insumo",10789,"ORSE","Nível de bolha de madeira","Material",null,"un",2.0000000000000001E-4,"15,40","0,00"]
["Insumo",10282,"ORSE","Regua de alumínio c/ 2,00m (para pedreiro)","Material",null,"un",2.0000000000000001E-4,"45,00","0,00"]
["Insumo","00012893/SINAPI","ORSE","Bota de seguranca com biqueira de aco e colarinho acolchoado","Material",null,"par",4.6864000000000003E-3,"66,72","0,31"]
[{"$nulls":4},"MO sem LS =>",99.77,"LS =>",0,"MO com LS =>",99.77]
[{"$nulls":4},"Valor do BDI =>",1399.68,null,"Valor com BDI =>",null,7790.94]
[{"$nulls":6},"Quant. =>","1,00","Preço Total =>",7790.94]
[]
[null,"Código","Banco","Descrição","Tipo",null,"Und","Quant.","Valor Unit","Total"]
["Insumo"," COTAÇÃO - 115 ","Próprio","VIDRO ACRÍLICO TRANSPARENTE ANTICHAMA 750 X 950 X 5 MM","Material",null,"UN",1,550,550]
[{"$nulls":4},"MO sem LS =>",0,"LS =>",0,"MO com LS =>",0]
[{"$nulls":4},"Valor do BDI =>",null,null,"Valor com BDI =>",null,629.25]
[{"$nulls":6},"Quant. =>","1,00","Preço Total =>",629.25]
[]
[" 6.8 ",null,null,"PROJETOS DE RAMAIS DE CARGAS DOS QUADROS DE MEDIDORES",{"$nulls":5},207824.99]
[" 6.8.1 ","Código","Banco","Descrição","Tipo",null,"Und","Quant.","Valor Unit","Total"]
["Composição"," 92994 ","SINAPI","CABO DE COBRE FLEXÍVEL ISOLADO, 120 MM², ANTI-CHAMA 0,6/1,0 KV, PARA REDE ENTERRADA DE DISTRIBUIÇÃO DE ENERGIA ELÉTRICA - FORNECIMENTO E INSTALAÇÃO. AF_12/2021","INEL - INSTALAÇÃO ELÉTRICA/ELETRIFICAÇÃO E ILUMINAÇÃO EXTERNA",null,"M",1,153.86000000000001,153.86000000000001]
["Composição Auxiliar"," 88247 ","SINAPI","AUXILIAR DE ELETRICISTA COM ENCARGOS COMPLEMENTARES","SEDI - SERVIÇOS DIVERSOS",null,"H",0.14499999999999999,21.44,3.1]
["Composição Auxiliar"," 88264 ","SINAPI","ELETRICISTA COM ENCARGOS COMPLEMENTARES","SEDI - SERVIÇOS DIVERSOS",null,"H",0.14499999999999999,27.89,4.04]
["Insumo"," 00001017 ","SINAPI","CABO DE COBRE, FLEXIVEL, CLASSE 4 OU 5, ISOLACAO EM PVC/A, ANTICHAMA BWF-B, COBERTURA PVC-ST1, ANTICHAMA BWF-B, 1 CONDUTOR, 0,6/1 KV, SECAO NOMINAL 120 MM2","Material",null,"M",1.0149999999999999,144.47,146.63]
["Insumo"," 00021127 ","SINAPI","FITA ISOLANTE ADESIVA ANTICHAMA, USO ATE 750 V, EM ROLO DE 19 MM X 5 M","Material",null,"UN",8.9999999999999993E-3,11.05,0.09]
[{"$nulls":4},"MO sem LS =>",5.86,"LS =>",0,"MO com LS =>",5.86]
[{"$nulls":4},"Valor do BDI =>",33.69,null,"Valor com BDI =>",null,187.55]
[{"$nulls":6},"Quant. =>","340,00","Preço Total =>",63767]
[]
[" 6.8.2 ","Código","Banco","Descrição","Tipo",null,"Und","Quant.","Valor Unit","Total"]
["Composição"," 92990 ","SINAPI","CABO DE COBRE FLEXÍVEL ISOLADO, 70 MM², ANTI-CHAMA 0,6/1,0 KV, PARA REDE ENTERRADA DE DISTRIBUIÇÃO DE ENERGIA ELÉTRICA - FORNECIMENTO E INSTALAÇÃO. AF_12/2021","INEL - INSTALAÇÃO ELÉTRICA/ELETRIFICAÇÃO E ILUMINAÇÃO EXTERNA",null,"M",1,91.4,91.4]
["Composição Auxiliar"," 88247 ","SINAPI","AUXILIAR DE ELETRICISTA COM ENCARGOS COMPLEMENTARES","SEDI - SERVIÇOS DIVERSOS",null,"H",0.1007,21.44,2.15]
["Composição Auxiliar"," 88264 ","SINAPI","ELETRICISTA COM ENCARGOS COMPLEMENTARES","SEDI - SERVIÇOS DIVERSOS",null,"H",0.1007,27.89,2.8]
["Insumo"," 00000977 ","SINAPI","CABO DE COBRE, FLEXIVEL, CLASSE 4 OU 5, ISOLACAO EM PVC/A, ANTICHAMA BWF-B, COBERTURA PVC-ST1, ANTICHAMA BWF-B, 1 CONDUTOR, 0,6/1 KV, SECAO NOMINAL 70 MM2","Material",null,"M",1.0149999999999999,85.09,86.36]
["Insumo"," 00021127 ","SINAPI","FITA ISOLANTE ADESIVA ANTICHAMA, USO ATE 750 V, EM ROLO DE 19 MM X 5 M","Material",null,"UN",8.9999999999999993E-3,11.05,0.09]
[{"$nulls":4},"MO sem LS =>",4.07,"LS =>",0,"MO com LS =>",4.07]
[{"$nulls":4},"Valor do BDI =>",20.010000000000002,null,"Valor com BDI =>",null,111.41]
[{"$nulls":6},"Quant. =>","345,00","Preço Total =>",38436.449999999997]
[]
[" 6.8.3 ","Código","Banco","Descrição","Tipo",null,"Und","Quant.","Valor Unit","Total"]
["Composição"," 92986 ","SINAPI","CABO DE COBRE FLEXÍVEL ISOLADO, 35 MM², ANTI-CHAMA 0,6/1,0 KV, PARA REDE ENTERRADA DE DISTRIBUIÇÃO DE ENERGIA ELÉTRICA - FORNECIMENTO E INSTALAÇÃO. AF_12/2021","INEL - INSTALAÇÃO ELÉTRICA/ELETRIFICAÇÃO E ILUMINAÇÃO EXTERNA",null,"M",1,45.26,45.26]
["Composição Auxiliar"," 88264 ","SINAPI","ELETRICISTA COM ENCARGOS COMPLEMENTARES","SEDI - SERVIÇOS DIVERSOS",null,"H",6.9699999999999998E-2,27.89,1.94]
["Composição Auxiliar"," 88247 ","SINAPI","AUXILIAR DE ELETRICISTA COM ENCARGOS COMPLEMENTARES","SEDI - SERVIÇOS DIVERSOS",null,"H",6.9699999999999998E-2,21.44,1.49]
["Insumo"," 00021127 ","SINAPI","FITA ISOLANTE ADESIVA ANTICHAMA, USO ATE 750 V, EM ROLO DE 19 MM X 5 M","Material",null,"UN",8.9999999999999993E-3,11.05,0.09]
["Insumo"," 00001019 ","SINAPI","CABO DE COBRE, FLEXIVEL, CLASSE 4 OU 5, ISOLACAO EM PVC/A, ANTICHAMA BWF-B, COBERTURA PVC-ST1, ANTICHAMA BWF-B, 1 CONDUTOR, 0,6/1 KV, SECAO NOMINAL 35 MM2","Material",null,"M",1.0149999999999999,41.13,41.74]
[{"$nulls":4},"MO sem LS =>",2.81,"LS =>",0,"MO com LS =>",2.81]
[{"$nulls":4},"Valor do BDI =>",9.91,null,"Valor com BDI =>",null,55.17]
[{"$nulls":6},"Quant. =>","65,00","Preço Total =>",3586.05]
[]
[" 6.8.4 ","Código","Banco","Descrição","Tipo",null,"Und","Quant.","Valor Unit","Total"]
["Composição"," 92988 ","SINAPI","CABO DE COBRE FLEXÍVEL ISOLADO, 50 MM², ANTI-CHAMA 0,6/1,0 KV, PARA REDE ENTERRADA DE DISTRIBUIÇÃO DE ENERGIA ELÉTRICA - FORNECIMENTO E INSTALAÇÃO. AF_12/2021","INEL - INSTALAÇÃO ELÉTRICA/ELETRIFICAÇÃO E ILUMINAÇÃO EXTERNA",null,"M",1,65.900000000000006,65.900000000000006]
["Composição Auxiliar"," 88247 ","SINAPI","AUXILIAR DE ELETRICISTA COM ENCARGOS COMPLEMENTARES","SEDI - SERVIÇOS DIVERSOS",null,"H",8.3000000000000004E-2,21.44,1.77]
["Composição Auxiliar"," 88264 ","SINAPI","ELETRICISTA COM ENCARGOS COMPLEMENTARES","SEDI - SERVIÇOS DIVERSOS",null,"H",8.3000000000000004E-2,27.89,2.31]
["Insumo"," 00001018 ","SINAPI","CABO DE COBRE, FLEXIVEL, CLASSE 4 OU 5, ISOLACAO EM PVC/A, ANTICHAMA BWF-B, COBERTURA PVC-ST1, ANTICHAMA BWF-B, 1 CONDUTOR, 0,6/1 KV, SECAO NOMINAL 50 MM2","Material",null,"M",1.0149999999999999,60.82,61.73]
["Insumo"," 00021127 ","SINAPI","FITA ISOLANTE ADESIVA ANTICHAMA, USO ATE 750 V, EM ROLO DE 19 MM X 5 M","Material",null,"UN",8.9999999999999993E-3,11.05,0.09]
[{"$nulls":4},"MO sem LS =>",3.35,"LS =>",0,"MO com LS =>",3.35]
[{"$nulls":4},"Valor do BDI =>",14.43,null,"Valor com BDI =>",null,80.33]
[{"$nulls":6},"Quant. =>","60,00","Preço Total =>",4819.8]
[]
[" 6.8.5 ","Código","Banco","Descrição","Tipo",null,"Und","Quant.","Valor Unit","Total"]
["Composição"," 101889 ","SINAPI","CABO DE COBRE ISOLADO, 25 MM², ANTI-CHAMA 0,6/1 KV, INSTALADO EM ELETROCALHA OU PERFILADO - FORNECIMENTO E INSTALAÇÃO. AF_10/2020","INEL - INSTALAÇÃO ELÉTRICA/ELETRIFICAÇÃO E ILUMINAÇÃO EXTERNA",null,"M",1,30.58,30.58]
["Composição Auxiliar"," 88247 ","SINAPI","AUXILIAR DE ELETRICISTA COM ENCARGOS COMPLEMENTARES","SEDI - SERVIÇOS DIVERSOS",null,"H",1.1900000000000001E-2,21.44,0.25]
["Composição Auxiliar"," 88264 ","SINAPI","ELETRICISTA COM ENCARGOS COMPLEMENTARES","SEDI - SERVIÇOS DIVERSOS",null,"H",1.1900000000000001E-2,27.89,0.33]
["Insumo"," 00000996 ","SINAPI","CABO DE COBRE, FLEXIVEL, CLASSE 4 OU 5, ISOLACAO EM PVC/A, ANTICHAMA BWF-B, COBERTURA PVC-ST1, ANTICHAMA BWF-B, 1 CONDUTOR, 0,6/1 KV, SECAO NOMINAL 25 MM2","Material",null,"M",1.0269999999999999,29.11,29.89]
["Insumo"," 00021127 ","SINAPI","FITA ISOLANTE ADESIVA ANTICHAMA, USO ATE 750 V, EM ROLO DE 19 MM X 5 M","Material",null,"UN",0.01,11.05,0.11]
[{"$nulls":4},"MO sem LS =>",0.47,"LS =>",0,"MO com LS =>",0.47]
[{"$nulls":4},"Valor do BDI =>",6.69,null,"Valor com BDI =>",null,37.270000000000003]
[{"$nulls":6},"Quant. =>","15,00","Preço Total =>",559.04999999999995]
[]
[" 6.8.6 ","Código","Banco","Descrição","Tipo",null,"Und","Quant.","Valor Unit","Total"]
["Composição"," 97670 ","SINAPI","ELETRODUTO FLEXÍVEL CORRUGADO, PEAD, DN 100 (4\"), PARA REDE ENTERRADA DE DISTRIBUIÇÃO DE ENERGIA ELÉTRICA - FORNECIMENTO E INSTALAÇÃO. AF_12/2021","INEL - INSTALAÇÃO ELÉTRICA/ELETRIFICAÇÃO E ILUMINAÇÃO EXTERNA",null,"M",1,25.26,25.26]
["Composição Auxiliar"," 88264 ","SINAPI","ELETRICISTA COM ENCARGOS COMPLEMENTARES","SEDI - SERVIÇOS DIVERSOS",null,"H",0.1721,27.89,4.79]
["Composição Auxiliar"," 88247 ","SINAPI","AUXILIAR DE ELETRICISTA COM ENCARGOS COMPLEMENTARES","SEDI - SERVIÇOS DIVERSOS",null,"H",0.1721,21.44,3.68]
["Insumo"," 00039248 ","SINAPI","ELETRODUTO/DUTO PEAD FLEXIVEL PAREDE SIMPLES, CORRUGACAO HELICOIDAL, COR PRETA, SEM ROSCA, DE 4\", CRC 680 N, PARA CABEAMENTO SUBTERRANEO (NBR 15715)","Material",null,"M",1.1000000000000001,15.27,16.79]
[{"$nulls":4},"MO sem LS =>",6.95,"LS =>",0,"MO com LS =>",6.95]
[{"$nulls":4},"Valor do BDI =>",5.53,null,"Valor com BDI =>",null,30.79]
[{"$nulls":6},"Quant. =>","115,00","Preço Total =>",3540.85]
[]
[" 6.8.7 ","Código","Banco","Descrição","Tipo",null,"Und","Quant.","Valor Unit","Total"]
["Composição"," 9469 ","ORSE","Caixa de passagem / poço de visita em concreto armado fck=21 mpa, inclusive tampa, dimensões internas 1.00 x 1.00 x 0.70 m","Poços de Visita para Redes de Drenagem",null,"un",1,2224.08,2224.08]
[null,"Código","Banco","Descrição","Tipo",null,"Und","Quant.","Valor Unit","Total"]
["Composição",140,"ORSE","Aço CA - 50 Ø 6,3 a 12,5mm, inclusive corte, dobragem, montagem e colocacao de ferragens nas formas, para superestruturas e fundações - R1","Armaduras Convencionais",null,"kg",51.2,"13,29","680,44"]
["Composição",80,"ORSE","Forma plana para fundações, em compensado resinado 12mm, 02 usos","Formas para Fundações",null,"m²",11.04,"106,07","1.171,01"]
["Composição",127,"ORSE","Concreto simples usinado fck=21mpa, bombeado, lançado e adensado em superestrutura","Concreto Simples",null,"m³",0.64,"572,72","366,54"]
["Detalhamento de Cálculo ORSE"]
[null,"Código","Banco","Descrição","Tipo",null,"Und","Quant.","Valor Unit","Total"]
["Insumo",10579,"ORSE","Chave de fenda chata 30 cm","Material",null,"un",3.3580799999999998E-3,"26,89","0,09"]
["Insumo",4174,"ORSE","Desempenadeira de aço lisa, cabo madeira, ref:143, Atlas ou similar","Material",null,"un",1.1519999999999999E-4,"12,00","0,00"]
["Insumo",941,"ORSE","Fardamento com mangas curta","Material",null,"un",6.4387200000000006E-2,"193,41","12,45"]
["Insumo",4728,"ORSE","Talhadeira chata 10\"","Material",null,"un",6.50784E-3,"18,58","0,12"]
["Insumo",10492,"ORSE","Cesta Básica","Material",null,"un",0.19316159999999999,"190,00","36,70"]
["Insumo",10362,"ORSE","Seguro de vida e acidente em grupo","Serviços",null,"un",0.19316159999999999,"12,54","2,42"]
["Insumo","00012895/SINAPI","ORSE","Capacete de seguranca aba frontal com suspensao de polietileno, sem jugular (classe b)","Material",null,"un",2.5754880000000001E-2,"13,90","0,35"]
["Insumo",2378,"ORSE","Vale transporte","Material",null,"un",3.42986528,"4,50","15,43"]
["Insumo",10599,"ORSE","Protetor solar fps 30 com 120ml","Material",null,"un",7.7264639999999996E-2,"18,00","1,39"]
["Insumo","00012892/SINAPI","ORSE","Luva raspa de couro, cano curto (punho *7* cm)","Material",null,"par",9.8727040000000002E-2,"12,51","1,23"]
["Insumo",11244,"ORSE","Martelo com unha","Material",null,"un",3.3580799999999998E-3,"48,95","0,16"]
["Insumo",10577,"ORSE","Serrote 40cm","Material",null,"un",1.6790399999999999E-3,"29,90","0,05"]
["Insumo",10596,"ORSE","Protetor auricular","Material",null,"un",0.19316159999999999,"4,90","0,94"]
["Insumo","00044535/SINAPI","ORSE","Servico de bombeamento de concreto com consumo minimo de 40 m3, (disponibilizacao de bomba), sem o lancamento","Material",null,"m³",0.64,"48,83","31,25"]
["Insumo",10282,"ORSE","Regua de alumínio c/ 2,00m (para pedreiro)","Material",null,"un",4.6079999999999999E-5,"45,00","0,00"]
["Insumo",11246,"ORSE","Escala métrica de bambú","Material",null,"Un",1.6128E-4,"10,22","0,00"]
["Insumo",11243,"ORSE","Martelo sem unha","Material",null,"un",2.304E-5,"28,00","0,00"]
["Insumo",4729,"ORSE","Marreta 1 kg com cabo","Material",null,"un",2.16928E-3,"37,80","0,08"]
["Insumo","00002711/SINAPI","ORSE","Carrinho de mao de aco capacidade 50 a 60 l, pneu com camara","Material",null,"un",4.33856E-3,"166,00","0,72"]
["Insumo",1569,"ORSE","Madeira mista serrada (barrote) 6 x 6cm - 0,0036 m3/m (angelim, louro)","Material",null,"m",5.52,"6,75","37,26"]
["Insumo",11264,"ORSE","Marreta de 1/2 kg com cabo","Material",null,"un",4.6079999999999999E-5,"13,52","0,00"]
["Insumo",4722,"ORSE","Colher de pedreiro","Material",null,"un",9.2159999999999999E-5,"18,80","0,00"]
["Insumo","00004509/SINAPI","ORSE","Sarrafo *2,5 x 10* cm em pinus, mista ou equivalente da regiao - bruta","Material",null,"m",22.08,"5,58","123,20"]
["Insumo","00002692/SINAPI","ORSE","Desmoldante protetor para formas de madeira, de base oleosa emulsionada em agua","Material",null,"l",0.1656,"8,31","1,37"]
["Insumo",11249,"ORSE","Serra circular eletrica portatil","Equipamento",null,"un",1.6790399999999999E-3,"617,95","1,03"]
["Insumo",10517,"ORSE","Exames admissionais/demissionais (checkup)","Serviços",null,"cj",1.7169920000000002E-2,"300,00","5,15"]
["Insumo","00001213/SINAPI","ORSE","Carpinteiro de formas ou oficial (horista)","Mão de Obra",null,"h",16.790400000000002,"19,13","321,17"]
["Insumo",11265,"ORSE","Martelo de borracha com cabo","Material",null,"un",9.2159999999999999E-5,"18,75","0,00"]
["Insumo","00043132/SINAPI","ORSE","Arame recozido 16 bwg, d = 1,65 mm (0,016 kg/m) ou 18 bwg, d = 1,25 mm (0,01 kg/m)","Material",null,"kg",1.024,"22,00","22,52"]
["Insumo",11248,"ORSE","Furadeira e Parafusadeira eletrica Bosch ou Similar profissional","Equipamento",null,"un",1.6790399999999999E-3,"246,00","0,41"]
["Insumo","00043130/SINAPI","ORSE","Arame galvanizado 12 bwg, d = 2,76 mm (0,048 kg/m) ou 14 bwg, d = 2,11 mm (0,026 kg/m)","Material",null,"kg",1.6559999999999999,"22,00","36,43"]
["Insumo",10789,"ORSE","Nível de bolha de madeira","Material",null,"un",4.6079999999999999E-5,"15,40","0,00"]
["Insumo","00006111/SINAPI","ORSE","Servente de obras (horista)","Mão de Obra",null,"h",21.692799999999998,"13,65","295,99"]
["Insumo",10578,"ORSE","Formão grande","Material",null,"un",3.3580799999999998E-3,"15,15","0,05"]
["Insumo",10790,"ORSE","Prumo de face","Material",null,"un",2.304E-5,"25,95","0,00"]
["Insumo","00034492/SINAPI","ORSE","Concreto usinado bombeavel, classe de resistencia c20, com brita 0 e 1, slump= 100 +/- 20 mm, exclui servico de bombeamento (nbr 8953)","Material",null,"m³",0.64,"475,00","304,00"]
["Insumo",81,"ORSE","Aço ca-50   6,3 a 12,5 mm","Material",null,"kg",51.2,"9,48","485,37"]
["Insumo",10761,"ORSE","Refeição - café da manhã ( café com leite e dois pães com manteiga)","Serviços",null,"un",4.3697446400000004,"5,00","21,84"]
["Insumo",10788,"ORSE","Pá quadrada","Material",null,"un",4.33856E-3,"36,90","0,16"]
["Insumo","00005067/SINAPI","ORSE","Prego de aco polido com cabeca 16 x 24 (2 1/4 x 12)","Material",null,"kg",3.3119999999999998,"18,43","61,04"]
["Insumo","00012894/SINAPI","ORSE","Capa para chuva em pvc com forro de poliester, com capuz (amarela ou azul)","Material",null,"un",8.5849600000000009E-3,"18,07","0,15"]
["Insumo",11245,"ORSE","Desempoladeira de madeira 12x22","Material",null,"un",1.6128E-4,"11,60","0,00"]
["Insumo","00039017/SINAPI","ORSE","Espacador / distanciador circular com entrada lateral, em plastico, para vergalhao *4,2 a 12,5* mm, cobrimento 20 mm","Material",null,"un",20.48,"0,22","4,50"]
["Insumo","00039315/SINAPI","ORSE","Espacador / distanciador tipo garra dupla, em plastico, cobrimento *20* mm, para ferragens de lajes e fundo de vigas","Material",null,"un",20.48,"0,35","7,16"]
["Insumo",10585,"ORSE","Arco de serra","Material",null,"un",8.4223999999999996E-4,"19,90","0,01"]
["Insumo",630,"ORSE","Compensado resinado 12mm - Madeirit ou similar","Material",null,"m²",6.0720000000000001,"40,08","243,36"]
["Insumo",11247,"ORSE","Serra mármore","Material",null,"un",2.304E-5,"327,80","0,00"]
["Insumo","00012893/SINAPI","ORSE","Bota de seguranca com biqueira de aco e colarinho acolchoado","Material",null,"par",3.2660799999999997E-2,"66,72","2,17"]
["Insumo","00000378/SINAPI","ORSE","Armador (horista)","Mão de Obra",null,"h",4.2111999999999998,"19,13","80,55"]
["Insumo",158,"ORSE","Almoço (Participação do empregador)","Material",null,"un",4.3697446400000004,"14,00","61,17"]
["Insumo",10586,"ORSE","Torquesa","Material",null,"un",8.4223999999999996E-4,"39,00","0,03"]
["Insumo",1651,"ORSE","Óculos branco proteção","Material",null,"pr",3.2660799999999997E-2,"6,70","0,21"]
["Insumo","00004750/SINAPI","ORSE","Pedreiro (horista)","Mão de Obra",null,"h",0.23039999999999999,"19,13","4,40"]
[{"$nulls":4},"MO sem LS =>",702.11,"LS =>",0,"MO com LS =>",702.11]
[{"$nulls":4},"Valor do BDI =>",487.07,null,"Valor com BDI =>",null,2711.15]
[{"$nulls":6},"Quant. =>","4,00","Preço Total =>",10844.6]
[]
[null,"Código","Banco","Descrição","Tipo",null,"Und","Quant.","Valor Unit","Total"]
["Insumo"," COTAÇÃO - 117 ","Próprio","QUADRO DE MEDIDOR P/ 22 MEDIDORES, COMPLETO P/ DISJUNTOR GERAL DE 125 A. MOD. TAF DIMENSÕES: 2650X1710X300MM","Material",null,"UN",1,12921.57,12921.57]
[{"$nulls":4},"MO sem LS =>",0,"LS =>",0,"MO com LS =>",0]
[{"$nulls":4},"Valor do BDI =>",null,null,"Valor com BDI =>",null,14783.56]
[{"$nulls":6},"Quant. =>","1,00","Preço Total =>",14783.56]
[]
[null,"Código","Banco","Descrição","Tipo",null,"Und","Quant.","Valor Unit","Total"]
["Insumo"," COTAÇÃO - 118 ","Próprio","CABINE DO QPG EXECUTADA EM ALVENARIA PARA INSTALAÇÃO DO PAINEL DO QPG. DIMENSÕES 135X220X200CM (LXPXA).","Material",null,"UN",1,12000,12000]
[{"$nulls":4},"MO sem LS =>",0,"LS =>",0,"MO com LS =>",0]
[{"$nulls":4},"Valor do BDI =>",null,null,"Valor com BDI =>",null,13729.2]
[{"$nulls":6},"Quant. =>","1,00","Preço Total =>",13729.2]
[]
[null,"Código","Banco","Descrição","Tipo",null,"Und","Quant.","Valor Unit","Total"]
["Insumo"," COTAÇÃO - 122 ","Próprio","QUADRO DE MEDIDOR P/ 24 MEDIDORES, COMPLETO P/ DISJUNTOR GERAL DE 400 A, MOD. TAF DIMENSÕES: 2910 X 1710 X 300 MM","Material",null,"UN",1,14096.26,14096.26]
[{"$nulls":4},"MO sem LS =>",0,"LS =>",0,"MO com LS =>",0]
[{"$nulls":4},"Valor do BDI =>",null,null,"Valor com BDI =>",null,16127.53]
[{"$nulls":6},"Quant. =>","1,00","Preço Total =>",16127.53]
[]
[null,"Código","Banco","Descrição","Tipo",null,"Und","Quant.","Valor Unit","Total"]
["Insumo"," COTAÇÃO - 123 ","Próprio","QUADRO DE MEDIDOR P/ 28 MEDIDORES, COMPLETO P/ DISJUNTOR GERAL DE 150 A, MOD. TAF DIMENSÕES: 3170 X 1710 X 300 MM","Material",null,"UN",1,16445.64,16445.64]
[{"$nulls":4},"MO sem LS =>",0,"LS =>",0,"MO com LS =>",0]
[{"$nulls":4},"Valor do BDI =>",null,null,"Valor com BDI =>",null,18815.45]
[{"$nulls":6},"Quant. =>","2,00","Preço Total =>",37630.9]
[]
[" 6.9 ",null,null,"PROJETO ELÉTRICO DE CABEAMENTO ESTRUTURADO",{"$nulls":5},211884.24]
[" 6.9.1 ","Código","Banco","Descrição","Tipo",null,"Und","Quant.","Valor Unit","Total"]
["Composição"," 2797 ","ORSE","Caixa de passagem em alvenaria de tijolos maciços esp. = 0,12m,  dim. int. = 0.60 x 0.60 x 0.60m","Caixas de Passagem em alvenaria de tijolos maciços",null,"un",1,442.52,442.52]
[null,"Código","Banco","Descrição","Tipo",null,"Und","Quant.","Valor Unit","Total"]
["Composição",140,"ORSE","Aço CA - 50 Ø 6,3 a 12,5mm, inclusive corte, dobragem, montagem e colocacao de ferragens nas formas, para superestruturas e fundações - R1","Armaduras Convencionais",null,"kg",3.2,"13,29","42,52"]
["Composição",126,"ORSE","Concreto simples fabricado na obra, fck=15 mpa, lançado e adensado","Concreto Simples",null,"m³",0.109,"578,93","63,10"]
["Composição",1908,"ORSE","Reboco ou emboço externo, de parede, com argamassa traço t5 - 1:2:8 (cimento / cal / areia), espessura 2,0 cm","Argamassas",null,"m²",1.44,"35,47","51,07"]
["Composição",3310,"ORSE","Chapisco em parede com argamassa traço t1 - 1:3 (cimento / areia) - Revisado 08/2015","Conversão InfoWOrca",null,"m²",1.44,"6,62","9,53"]
["Composição",85,"ORSE","Forma plana para fundações, em compensado resinado 12mm, 03 usos","Formas para Fundações",null,"m²",0.78,"89,95","70,16"]
["Composição",155,"ORSE","Alvenaria tijolo cerâmico maciço (5x9x19), esp = 0,09m (singela), com argamassa traço t5 - 1:2:8 (cimento / cal / areia) c/ junta de 2,0cm - R1","Alvenarias de Vedação",null,"m²",1.68,"108,24","181,84"]
["Composição",2497,"ORSE","Escavação manual de vala ou cava em material de 1ª categoria, profundidade até 1,50m","Escavação Manual em Área Urbana",null,"m³",0.44800000000000001,"52,50","23,52"]
["Detalhamento de Cálculo ORSE"]
[null,"Código","Banco","Descrição","Tipo",null,"Und","Quant.","Valor Unit","Total"]
["Insumo",158,"ORSE","Almoço (Participação do empregador)","Material",null,"un",1.163179016,"14,00","16,28"]
["Insumo","00004509/SINAPI","ORSE","Sarrafo *2,5 x 10* cm em pinus, mista ou equivalente da regiao - bruta","Material",null,"m",1.0374000000000001,"5,58","5,78"]
["Insumo",11249,"ORSE","Serra circular eletrica portatil","Equipamento",null,"un",1.13124E-4,"617,95","0,06"]
["Insumo",941,"ORSE","Fardamento com mangas curta","Material",null,"un",1.713918E-2,"193,41","3,31"]
["Insumo","00004750/SINAPI","ORSE","Pedreiro (horista)","Mão de Obra",null,"h",3.6008399999999998,"19,13","68,87"]
["Insumo",10788,"ORSE","Pá quadrada","Material",null,"un",1.283684E-3,"36,90","0,04"]
["Insumo","00001106/SINAPI","ORSE","Cal hidratada ch-i para argamassas","Material",null,"kg",15.025919999999999,"1,23","18,48"]
["Insumo",10492,"ORSE","Cesta Básica","Material",null,"un",5.1417539999999998E-2,"190,00","9,76"]
["Insumo",10586,"ORSE","Torquesa","Material",null,"un",5.5124000000000003E-5,"39,00","0,00"]
["Insumo",11243,"ORSE","Martelo sem unha","Material",null,"un",3.6008399999999999E-4,"28,00","0,01"]
["Insumo","00004721/SINAPI","ORSE","Pedra britada n. 1 (9,5 a 19 mm) posto pedreira/fornecedor, sem frete","Material",null,"m³",2.2780999999999999E-2,"119,72","2,72"]
["Insumo","00039315/SINAPI","ORSE","Espacador / distanciador tipo garra dupla, em plastico, cobrimento *20* mm, para ferragens de lajes e fundo de vigas","Material",null,"un",1.28,"0,35","0,44"]
["Insumo","00000378/SINAPI","ORSE","Armador (horista)","Mão de Obra",null,"h",0.27561999999999998,"19,13","5,27"]
["Insumo",10789,"ORSE","Nível de bolha de madeira","Material",null,"un",7.2016799999999998E-4,"15,40","0,01"]
["Insumo","00001379/SINAPI","ORSE","Cimento portland composto cp ii-32","Material",null,"kg",50.218760000000003,"0,76","38,16"]
["Insumo","00043132/SINAPI","ORSE","Arame recozido 16 bwg, d = 1,65 mm (0,016 kg/m) ou 18 bwg, d = 1,25 mm (0,01 kg/m)","Material",null,"kg",6.4000000000000001E-2,"22,00","1,40"]
["Insumo","00005067/SINAPI","ORSE","Prego de aco polido com cabeca 16 x 24 (2 1/4 x 12)","Material",null,"kg",0.23400000000000001,"18,43","4,31"]
["Insumo","00002692/SINAPI","ORSE","Desmoldante protetor para formas de madeira, de base oleosa emulsionada em agua","Material",null,"l",1.17E-2,"8,31","0,09"]
["Insumo",11247,"ORSE","Serra mármore","Material",null,"un",3.6008399999999999E-4,"327,80","0,11"]
["Insumo",11264,"ORSE","Marreta de 1/2 kg com cabo","Material",null,"un",7.2016799999999998E-4,"13,52","0,00"]
["Insumo",4722,"ORSE","Colher de pedreiro","Material",null,"un",1.440336E-3,"18,80","0,02"]
["Insumo",11246,"ORSE","Escala métrica de bambú","Material",null,"Un",2.5205879999999998E-3,"10,22","0,02"]
["Insumo","00039017/SINAPI","ORSE","Espacador / distanciador circular com entrada lateral, em plastico, para vergalhao *4,2 a 12,5* mm, cobrimento 20 mm","Material",null,"un",1.28,"0,22","0,28"]
["Insumo",2212,"ORSE","Tijolo cerâmico maciço 5 x 9 x 19cm","Material",null,"un",114.24,"0,58","66,25"]
["Insumo","00004718/SINAPI","ORSE","Pedra britada n. 2 (19 a 38 mm) posto pedreira/fornecedor, sem frete","Material",null,"m³",6.8343000000000001E-2,"120,35","8,22"]
["Insumo",10596,"ORSE","Protetor auricular","Material",null,"un",5.1417539999999998E-2,"4,90","0,25"]
["Insumo","00006111/SINAPI","ORSE","Servente de obras (horista)","Mão de Obra",null,"h",6.4184200000000002,"13,65","87,57"]
["Insumo",10790,"ORSE","Prumo de face","Material",null,"un",3.6008399999999999E-4,"25,95","0,00"]
["Insumo",10282,"ORSE","Regua de alumínio c/ 2,00m (para pedreiro)","Material",null,"un",7.2016799999999998E-4,"45,00","0,03"]
["Insumo","00012894/SINAPI","ORSE","Capa para chuva em pvc com forro de poliester, com capuz (amarela ou azul)","Material",null,"un",2.2852240000000002E-3,"18,07","0,04"]
["Insumo","00012892/SINAPI","ORSE","Luva raspa de couro, cano curto (punho *7* cm)","Material",null,"par",2.6280075999999999E-2,"12,51","0,32"]
["Insumo",10578,"ORSE","Formão grande","Material",null,"un",2.2624799999999999E-4,"15,15","0,00"]
["Insumo",1651,"ORSE","Óculos branco proteção","Material",null,"pr",9.0277719999999999E-3,"6,70","0,06"]
["Insumo",10517,"ORSE","Exames admissionais/demissionais (checkup)","Serviços",null,"cj",4.5704480000000004E-3,"300,00","1,37"]
["Insumo",10577,"ORSE","Serrote 40cm","Material",null,"un",1.13124E-4,"29,90","0,00"]
["Insumo","00000367/SINAPI","ORSE","Areia grossa - posto jazida/fornecedor (retirado na jazida, sem transporte)","Material",null,"m³",0.19990996,"111,43","22,27"]
["Insumo",11265,"ORSE","Martelo de borracha com cabo","Material",null,"un",1.440336E-3,"18,75","0,02"]
["Insumo",630,"ORSE","Compensado resinado 12mm - Madeirit ou similar","Material",null,"m²",0.28860000000000002,"40,08","11,56"]
["Insumo",2378,"ORSE","Vale transporte","Material",null,"un",0.931476902,"4,50","4,19"]
["Insumo",4729,"ORSE","Marreta 1 kg com cabo","Material",null,"un",6.41842E-4,"37,80","0,02"]
["Insumo","00002711/SINAPI","ORSE","Carrinho de mao de aco capacidade 50 a 60 l, pneu com camara","Material",null,"un",1.283684E-3,"166,00","0,21"]
["Insumo","00012895/SINAPI","ORSE","Capacete de seguranca aba frontal com suspensao de polietileno, sem jugular (classe b)","Material",null,"un",6.8556720000000002E-3,"13,90","0,09"]
["Insumo",4728,"ORSE","Talhadeira chata 10\"","Material",null,"un",1.9255260000000001E-3,"18,58","0,03"]
["Insumo",10579,"ORSE","Chave de fenda chata 30 cm","Material",null,"un",2.2624799999999999E-4,"26,89","0,00"]
["Insumo",1569,"ORSE","Madeira mista serrada (barrote) 6 x 6cm - 0,0036 m3/m (angelim, louro)","Material",null,"m",0.25740000000000002,"6,75","1,73"]
["Insumo",4174,"ORSE","Desempenadeira de aço lisa, cabo madeira, ref:143, Atlas ou similar","Material",null,"un",1.8004200000000001E-3,"12,00","0,02"]
["Insumo",11244,"ORSE","Martelo com unha","Material",null,"un",2.2624799999999999E-4,"48,95","0,01"]
["Insumo","00043130/SINAPI","ORSE","Arame galvanizado 12 bwg, d = 2,76 mm (0,048 kg/m) ou 14 bwg, d = 2,11 mm (0,026 kg/m)","Material",null,"kg",0.11700000000000001,"22,00","2,57"]
["Insumo","00001213/SINAPI","ORSE","Carpinteiro de formas ou oficial (horista)","Mão de Obra",null,"h",1.13124,"19,13","21,63"]
["Insumo",81,"ORSE","Aço ca-50   6,3 a 12,5 mm","Material",null,"kg",3.2,"9,48","30,33"]
["Insumo","00000370/SINAPI","ORSE","Areia media - posto jazida/fornecedor (retirado na jazida, sem transporte)","Material",null,"m³",7.7759999999999999E-3,"110,00","0,85"]
["Insumo",10599,"ORSE","Protetor solar fps 30 com 120ml","Material",null,"un",2.0567016E-2,"18,00","0,37"]
["Insumo",10362,"ORSE","Seguro de vida e acidente em grupo","Serviços",null,"un",5.1417539999999998E-2,"12,54","0,64"]
["Insumo",11245,"ORSE","Desempoladeira de madeira 12x22","Material",null,"un",2.5205879999999998E-3,"11,60","0,02"]
["Insumo","00012893/SINAPI","ORSE","Bota de seguranca com biqueira de aco e colarinho acolchoado","Material",null,"par",9.0277719999999999E-3,"66,72","0,60"]
["Insumo",10761,"ORSE","Refeição - café da manhã ( café com leite e dois pães com manteiga)","Serviços",null,"un",1.163179016,"5,00","5,81"]
["Insumo",10585,"ORSE","Arco de serra","Material",null,"un",5.5124000000000003E-5,"19,90","0,00"]
["Insumo",11248,"ORSE","Furadeira e Parafusadeira eletrica Bosch ou Similar profissional","Equipamento",null,"un",1.13124E-4,"246,00","0,02"]
[{"$nulls":4},"MO sem LS =>",183.34,"LS =>",0,"MO com LS =>",183.34]
[{"$nulls":4},"Valor do BDI =>",96.91,null,"Valor com BDI =>",null,539.42999999999995]
[{"$nulls":6},"Quant. =>","3,00","Preço Total =>",1618.29]
[]
[" 6.9.2 ","Código","Banco","Descrição","Tipo",null,"Und","Quant.","Valor Unit","Total"]
["Composição"," 388 ","ORSE","Tampa articulada de ferro fundido 60 x 60cm, inclusive instalação","Interligações até Quadro Geral - Eletrodutos e Conexões",null,"un",1,1682.25,1682.25]
[null,"Código","Banco","Descrição","Tipo",null,"Und","Quant.","Valor Unit","Total"]
["Insumo",2069,"ORSE","Tampa de ferro fundido quadrada (600x600mm), carga max. 2000kg p/cx.inspeção","Material",null,"un",1,"1.601,54","1.601,54"]
["Composição",10552,"ORSE","Encargos Complementares - Eletricista","Provisórios",null,"h",2,"3,66","7,32"]
["Insumo","00002436/SINAPI","ORSE","Eletricista (horista)","Mão de Obra",null,"h",2,"19,13","38,25"]
["Insumo","00006111/SINAPI","ORSE","Servente de obras (horista)","Mão de Obra",null,"h",2,"13,65","27,29"]
["Composição",10549,"ORSE","Encargos Complementares - Servente","Provisórios",null,"h",2,"3,80","7,60"]
["Detalhamento de Cálculo ORSE"]
[null,"Código","Banco","Descrição","Tipo",null,"Und","Quant.","Valor Unit","Total"]
["Insumo","00006111/SINAPI","ORSE","Servente de obras (horista)","Mão de Obra",null,"h",2,"13,65","27,29"]
["Insumo",2069,"ORSE","Tampa de ferro fundido quadrada (600x600mm), carga max. 2000kg p/cx.inspeção","Material",null,"un",1,"1.601,54","1.601,54"]
["Insumo",10761,"ORSE","Refeição - café da manhã ( café com leite e dois pães com manteiga)","Serviços",null,"un",0.40720000000000001,"5,00","2,03"]
["Insumo","00012895/SINAPI","ORSE","Capacete de seguranca aba frontal com suspensao de polietileno, sem jugular (classe b)","Material",null,"un",2.3999999999999998E-3,"13,90","0,03"]
["Insumo",2378,"ORSE","Vale transporte","Material",null,"un",0.31900000000000001,"4,50","1,43"]
["Insumo","00012893/SINAPI","ORSE","Bota de seguranca com biqueira de aco e colarinho acolchoado","Material",null,"par",3.0000000000000001E-3,"66,72","0,20"]
["Insumo","00012894/SINAPI","ORSE","Capa para chuva em pvc com forro de poliester, com capuz (amarela ou azul)","Material",null,"un",8.0000000000000004E-4,"18,07","0,01"]
["Insumo",10492,"ORSE","Cesta Básica","Material",null,"un",1.7999999999999999E-2,"190,00","3,42"]
["Insumo",10596,"ORSE","Protetor auricular","Material",null,"un",1.7999999999999999E-2,"4,90","0,08"]
["Insumo",11240,"ORSE","Alicate com isolamento","Material",null,"un",4.0000000000000002E-4,"47,69","0,01"]
["Insumo",11242,"ORSE","Chave inglesa 12\"","Material",null,"un",2.0000000000000001E-4,"34,00","0,00"]
["Insumo",10579,"ORSE","Chave de fenda chata 30 cm","Material",null,"un",4.0000000000000002E-4,"26,89","0,01"]
["Insumo","00002711/SINAPI","ORSE","Carrinho de mao de aco capacidade 50 a 60 l, pneu com camara","Material",null,"un",4.0000000000000002E-4,"166,00","0,06"]
["Insumo",11241,"ORSE","Alicate volt-amperimetro","Material",null,"un",4.0000000000000002E-4,"163,00","0,06"]
["Insumo","00002436/SINAPI","ORSE","Eletricista (horista)","Mão de Obra",null,"h",2,"19,13","38,25"]
["Insumo",4728,"ORSE","Talhadeira chata 10\"","Material",null,"un",5.9999999999999995E-4,"18,58","0,01"]
["Insumo",10362,"ORSE","Seguro de vida e acidente em grupo","Serviços",null,"un",1.7999999999999999E-2,"12,54","0,22"]
["Insumo",158,"ORSE","Almoço (Participação do empregador)","Material",null,"un",0.40720000000000001,"14,00","5,70"]
["Insumo",4729,"ORSE","Marreta 1 kg com cabo","Material",null,"un",2.0000000000000001E-4,"37,80","0,00"]
["Insumo",941,"ORSE","Fardamento com mangas curta","Material",null,"un",6.0000000000000001E-3,"193,41","1,16"]
["Insumo",1651,"ORSE","Óculos branco proteção","Material",null,"pr",3.2000000000000002E-3,"6,70","0,02"]
["Insumo",10599,"ORSE","Protetor solar fps 30 com 120ml","Material",null,"un",7.1999999999999998E-3,"18,00","0,12"]
["Insumo",10788,"ORSE","Pá quadrada","Material",null,"un",4.0000000000000002E-4,"36,90","0,01"]
["Insumo","00012892/SINAPI","ORSE","Luva raspa de couro, cano curto (punho *7* cm)","Material",null,"par",9.1999999999999998E-3,"12,51","0,11"]
["Insumo",10517,"ORSE","Exames admissionais/demissionais (checkup)","Serviços",null,"cj",1.6000000000000001E-3,"300,00","0,48"]
[{"$nulls":4},"MO sem LS =>",65.540000000000006,"LS =>",0,"MO com LS =>",65.540000000000006]
[{"$nulls":4},"Valor do BDI =>",368.41,null,"Valor com BDI =>",null,2050.66]
[{"$nulls":6},"Quant. =>","3,00","Preço Total =>",6151.98]
[]
[" 6.9.3 ","Código","Banco","Descrição","Tipo",null,"Und","Quant.","Valor Unit","Total"]
["Composição"," 12915 ","ORSE","Caixa de concreto pre moldado para aterramento, com tampa, 40 x 40 x 40, e = 5cm","Pára-raios",null,"un",1,98.91,98.91]
[null,"Código","Banco","Descrição","Tipo",null,"Und","Quant.","Valor Unit","Total"]
["Composição",10550,"ORSE","Encargos Complementares - Pedreiro","Provisórios",null,"h",0.33,"3,67","1,21"]
["Insumo",13676,"ORSE","Caixa de concreto pre moldado para aterramento, com tampa, 40 x 40 x 40, e = 5cm","Material",null,"un",1,"80,86","80,86"]
["Insumo","00004750/SINAPI","ORSE","Pedreiro (horista)","Mão de Obra",null,"h",0.33,"19,13","6,31"]
["Composição",2497,"ORSE","Escavação manual de vala ou cava em material de 1ª categoria, profundidade até 1,50m","Escavação Manual em Área Urbana",null,"m³",9.11E-2,"52,50","4,78"]
["Insumo","00006111/SINAPI","ORSE","Servente de obras (horista)","Mão de Obra",null,"h",0.33,"13,65","4,50"]
["Composição",10549,"ORSE","Encargos Complementares - Servente","Provisórios",null,"h",0.33,"3,80","1,25"]
["Detalhamento de Cálculo ORSE"]
[null,"Código","Banco","Descrição","Tipo",null,"Und","Quant.","Valor Unit","Total"]
["Insumo",10790,"ORSE","Prumo de face","Material",null,"un",3.3000000000000003E-5,"25,95","0,00"]
["Insumo",11246,"ORSE","Escala métrica de bambú","Material",null,"Un",2.31E-4,"10,22","0,00"]
["Insumo",10492,"ORSE","Cesta Básica","Material",null,"un",4.1998499999999998E-3,"190,00","0,79"]
["Insumo","00012894/SINAPI","ORSE","Capa para chuva em pvc com forro de poliester, com capuz (amarela ou azul)","Material",null,"un",1.8666000000000001E-4,"18,07","0,00"]
["Insumo",10761,"ORSE","Refeição - café da manhã ( café com leite e dois pães com manteiga)","Serviços",null,"un",9.5009940000000001E-2,"5,00","0,47"]
["Insumo",10789,"ORSE","Nível de bolha de madeira","Material",null,"un",6.6000000000000005E-5,"15,40","0,00"]
["Insumo",11265,"ORSE","Martelo de borracha com cabo","Material",null,"un",1.3200000000000001E-4,"18,75","0,00"]
["Insumo",4722,"ORSE","Colher de pedreiro","Material",null,"un",1.3200000000000001E-4,"18,80","0,00"]
["Insumo",10282,"ORSE","Regua de alumínio c/ 2,00m (para pedreiro)","Material",null,"un",6.6000000000000005E-5,"45,00","0,00"]
["Insumo",10596,"ORSE","Protetor auricular","Material",null,"un",4.1998499999999998E-3,"4,90","0,02"]
["Insumo","00012893/SINAPI","ORSE","Bota de seguranca com biqueira de aco e colarinho acolchoado","Material",null,"par",7.4664000000000002E-4,"66,72","0,04"]
["Insumo","00002711/SINAPI","ORSE","Carrinho de mao de aco capacidade 50 a 60 l, pneu com camara","Material",null,"un",1.2066E-4,"166,00","0,02"]
["Insumo",4729,"ORSE","Marreta 1 kg com cabo","Material",null,"un",6.033E-5,"37,80","0,00"]
["Insumo","00006111/SINAPI","ORSE","Servente de obras (horista)","Mão de Obra",null,"h",0.60329999999999995,"13,65","8,23"]
["Insumo",11247,"ORSE","Serra mármore","Material",null,"un",3.3000000000000003E-5,"327,80","0,01"]
["Insumo",1651,"ORSE","Óculos branco proteção","Material",null,"pr",7.4664000000000002E-4,"6,70","0,00"]
["Insumo","00004750/SINAPI","ORSE","Pedreiro (horista)","Mão de Obra",null,"h",0.33,"19,13","6,31"]
["Insumo","00012895/SINAPI","ORSE","Capacete de seguranca aba frontal com suspensao de polietileno, sem jugular (classe b)","Material",null,"un",5.5997999999999996E-4,"13,90","0,00"]
["Insumo",2378,"ORSE","Vale transporte","Material",null,"un",7.8352530000000004E-2,"4,50","0,35"]
["Insumo",11245,"ORSE","Desempoladeira de madeira 12x22","Material",null,"un",2.31E-4,"11,60","0,00"]
["Insumo",11264,"ORSE","Marreta de 1/2 kg com cabo","Material",null,"un",6.6000000000000005E-5,"13,52","0,00"]
["Insumo","00012892/SINAPI","ORSE","Luva raspa de couro, cano curto (punho *7* cm)","Material",null,"par",2.1465899999999999E-3,"12,51","0,02"]
["Insumo",10517,"ORSE","Exames admissionais/demissionais (checkup)","Serviços",null,"cj",3.7332000000000001E-4,"300,00","0,11"]
["Insumo",4174,"ORSE","Desempenadeira de aço lisa, cabo madeira, ref:143, Atlas ou similar","Material",null,"un",1.65E-4,"12,00","0,00"]
["Insumo",158,"ORSE","Almoço (Participação do empregador)","Material",null,"un",9.5009940000000001E-2,"14,00","1,33"]
["Insumo",11243,"ORSE","Martelo sem unha","Material",null,"un",3.3000000000000003E-5,"28,00","0,00"]
["Insumo",13676,"ORSE","Caixa de concreto pre moldado para aterramento, com tampa, 40 x 40 x 40, e = 5cm","Material",null,"un",1,"80,86","80,86"]
["Insumo",10788,"ORSE","Pá quadrada","Material",null,"un",1.2066E-4,"36,90","0,00"]
["Insumo",10362,"ORSE","Seguro de vida e acidente em grupo","Serviços",null,"un",4.1998499999999998E-3,"12,54","0,05"]
["Insumo",10599,"ORSE","Protetor solar fps 30 com 120ml","Material",null,"un",1.67994E-3,"18,00","0,03"]
["Insumo",4728,"ORSE","Talhadeira chata 10\"","Material",null,"un",1.8098999999999999E-4,"18,58","0,00"]
["Insumo",941,"ORSE","Fardamento com mangas curta","Material",null,"un",1.3999500000000001E-3,"193,41","0,27"]
[{"$nulls":4},"MO sem LS =>",14.54,"LS =>",0,"MO com LS =>",14.54]
[{"$nulls":4},"Valor do BDI =>",21.66,null,"Valor com BDI =>",null,120.57]
[{"$nulls":6},"Quant. =>","8,00","Preço Total =>",964.56]
[]
[" 6.9.4 ","Código","Banco","Descrição","Tipo",null,"Und","Quant.","Valor Unit","Total"]
["Composição"," 6410 ","ORSE","Tampa de concreto para caixas de passagem 0,40x0,40mx0,07m","Conversão InfoWOrca",null,"un",1,26.88,26.88]
[null,"Código","Banco","Descrição","Tipo",null,"Und","Quant.","Valor Unit","Total"]
["Composição",6456,"ORSE","Concreto Armado fck=21,0MPa, usinado, bombeado, adensado e lançado, para Uso Geral, com formas planas em compensado resinado 12mm (05 usos)","Conversão InfoWOrca",null,"m³",1.12E-2,"2.417,30","27,07"]
["Detalhamento de Cálculo ORSE"]
[null,"Código","Banco","Descrição","Tipo",null,"Und","Quant.","Valor Unit","Total"]
["Insumo","00005068/SINAPI","ORSE","Prego de aco polido com cabeca 17 x 21 (2 x 11)","Material",null,"kg",2.8E-3,"17,29","0,04"]
["Insumo",941,"ORSE","Fardamento com mangas curta","Material",null,"un",6.4764E-4,"193,41","0,12"]
["Insumo",11265,"ORSE","Martelo de borracha com cabo","Material",null,"un",1.6128E-6,"18,75","0,00"]
["Insumo",10517,"ORSE","Exames admissionais/demissionais (checkup)","Serviços",null,"cj",1.7270400000000001E-4,"300,00","0,05"]
["Insumo",4722,"ORSE","Colher de pedreiro","Material",null,"un",1.6128E-6,"18,80","0,00"]
["Insumo","00001213/SINAPI","ORSE","Carpinteiro de formas ou oficial (horista)","Mão de Obra",null,"h",0.113008,"19,13","2,16"]
["Insumo",2378,"ORSE","Vale transporte","Material",null,"un",3.5154492799999999E-2,"4,50","0,15"]
["Insumo","00004750/SINAPI","ORSE","Pedreiro (horista)","Mão de Obra",null,"h",4.032E-3,"19,13","0,07"]
["Insumo",630,"ORSE","Compensado resinado 12mm - Madeirit ou similar","Material",null,"m²",2.6207999999999999E-2,"40,08","1,05"]
["Insumo",10578,"ORSE","Formão grande","Material",null,"un",2.2601600000000001E-5,"15,15","0,00"]
["Insumo","00006193/SINAPI","ORSE","Tabua nao aparelhada *2,5 x 20* cm, em macaranduba/massaranduba, angelim ou equivalente da regiao - bruta","Material",null,"m",1.3664000000000001E-2,"16,95","0,23"]
["Insumo","00044535/SINAPI","ORSE","Servico de bombeamento de concreto com consumo minimo de 40 m3, (disponibilizacao de bomba), sem o lancamento","Material",null,"m³",1.12E-2,"48,83","0,54"]
["Insumo","00039315/SINAPI","ORSE","Espacador / distanciador tipo garra dupla, em plastico, cobrimento *20* mm, para ferragens de lajes e fundo de vigas","Material",null,"un",0.3584,"0,35","0,12"]
["Insumo",11248,"ORSE","Furadeira e Parafusadeira eletrica Bosch ou Similar profissional","Equipamento",null,"un",1.13008E-5,"246,00","0,00"]
["Insumo",10788,"ORSE","Pá quadrada","Material",null,"un",4.8204800000000003E-5,"36,90","0,00"]
["Insumo",10492,"ORSE","Cesta Básica","Material",null,"un",1.9429200000000001E-3,"190,00","0,36"]
["Insumo","00039017/SINAPI","ORSE","Espacador / distanciador circular com entrada lateral, em plastico, para vergalhao *4,2 a 12,5* mm, cobrimento 20 mm","Material",null,"un",0.3584,"0,22","0,07"]
["Insumo",1651,"ORSE","Óculos branco proteção","Material",null,"pr",3.3410720000000001E-4,"6,70","0,00"]
["Insumo",11249,"ORSE","Serra circular eletrica portatil","Equipamento",null,"un",1.13008E-5,"617,95","0,00"]
["Insumo",11247,"ORSE","Serra mármore","Material",null,"un",4.0320000000000001E-7,"327,80","0,00"]
["Insumo",11264,"ORSE","Marreta de 1/2 kg com cabo","Material",null,"un",8.0640000000000002E-7,"13,52","0,00"]
["Insumo","00006111/SINAPI","ORSE","Servente de obras (horista)","Mão de Obra",null,"h",0.24102399999999999,"13,65","3,28"]
["Insumo",10577,"ORSE","Serrote 40cm","Material",null,"un",1.13008E-5,"29,90","0,00"]
["Insumo","00012892/SINAPI","ORSE","Luva raspa de couro, cano curto (punho *7* cm)","Material",null,"par",9.9304800000000006E-4,"12,51","0,01"]
["Insumo",11243,"ORSE","Martelo sem unha","Material",null,"un",4.0320000000000001E-7,"28,00","0,00"]
["Insumo","00002692/SINAPI","ORSE","Desmoldante protetor para formas de madeira, de base oleosa emulsionada em agua","Material",null,"l",2.2399999999999998E-3,"8,31","0,01"]
["Insumo",10282,"ORSE","Regua de alumínio c/ 2,00m (para pedreiro)","Material",null,"un",8.0640000000000002E-7,"45,00","0,00"]
["Insumo",4728,"ORSE","Talhadeira chata 10\"","Material",null,"un",7.2307199999999998E-5,"18,58","0,00"]
["Insumo",11246,"ORSE","Escala métrica de bambú","Material",null,"Un",2.8223999999999999E-6,"10,22","0,00"]
["Insumo","00005069/SINAPI","ORSE","Prego de aco polido com cabeca 17 x 27 (2 1/2 x 11)","Material",null,"kg",1.12E-2,"17,62","0,19"]
["Insumo",10761,"ORSE","Refeição - café da manhã ( café com leite e dois pães com manteiga)","Serviços",null,"un",4.3953168000000001E-2,"5,00","0,21"]
["Insumo",10586,"ORSE","Torquesa","Material",null,"un",1.4739199999999999E-5,"39,00","0,00"]
["Insumo",11244,"ORSE","Martelo com unha","Material",null,"un",2.2601600000000001E-5,"48,95","0,00"]
["Insumo","00004509/SINAPI","ORSE","Sarrafo *2,5 x 10* cm em pinus, mista ou equivalente da regiao - bruta","Material",null,"m",0.12196799999999999,"5,58","0,68"]
["Insumo","00034492/SINAPI","ORSE","Concreto usinado bombeavel, classe de resistencia c20, com brita 0 e 1, slump= 100 +/- 20 mm, exclui servico de bombeamento (nbr 8953)","Material",null,"m³",1.12E-2,"475,00","5,32"]
["Insumo",81,"ORSE","Aço ca-50   6,3 a 12,5 mm","Material",null,"kg",0.89600000000000002,"9,48","8,49"]
["Insumo","00043130/SINAPI","ORSE","Arame galvanizado 12 bwg, d = 2,76 mm (0,048 kg/m) ou 14 bwg, d = 2,11 mm (0,026 kg/m)","Material",null,"kg",1.6799999999999999E-2,"22,00","0,36"]
["Insumo","00000378/SINAPI","ORSE","Armador (horista)","Mão de Obra",null,"h",7.3695999999999998E-2,"19,13","1,40"]
["Insumo","00012895/SINAPI","ORSE","Capacete de seguranca aba frontal com suspensao de polietileno, sem jugular (classe b)","Material",null,"un",2.5905600000000002E-4,"13,90","0,00"]
["Insumo",1569,"ORSE","Madeira mista serrada (barrote) 6 x 6cm - 0,0036 m3/m (angelim, louro)","Material",null,"m",0.13742399999999999,"6,75","0,92"]
["Insumo",4174,"ORSE","Desempenadeira de aço lisa, cabo madeira, ref:143, Atlas ou similar","Material",null,"un",2.0159999999999998E-6,"12,00","0,00"]
["Insumo",10599,"ORSE","Protetor solar fps 30 com 120ml","Material",null,"un",7.7716799999999996E-4,"18,00","0,01"]
["Insumo",4729,"ORSE","Marreta 1 kg com cabo","Material",null,"un",2.4102400000000002E-5,"37,80","0,00"]
["Insumo","00002711/SINAPI","ORSE","Carrinho de mao de aco capacidade 50 a 60 l, pneu com camara","Material",null,"un",4.8204800000000003E-5,"166,00","0,00"]
["Insumo","00012893/SINAPI","ORSE","Bota de seguranca com biqueira de aco e colarinho acolchoado","Material",null,"par",3.3410720000000001E-4,"66,72","0,02"]
["Insumo",10789,"ORSE","Nível de bolha de madeira","Material",null,"un",8.0640000000000002E-7,"15,40","0,00"]
["Insumo",11245,"ORSE","Desempoladeira de madeira 12x22","Material",null,"un",2.8223999999999999E-6,"11,60","0,00"]
["Insumo","00043132/SINAPI","ORSE","Arame recozido 16 bwg, d = 1,65 mm (0,016 kg/m) ou 18 bwg, d = 1,25 mm (0,01 kg/m)","Material",null,"kg",1.7919999999999998E-2,"22,00","0,39"]
["Insumo",10790,"ORSE","Prumo de face","Material",null,"un",4.0320000000000001E-7,"25,95","0,00"]
["Insumo",10585,"ORSE","Arco de serra","Material",null,"un",1.4739199999999999E-5,"19,90","0,00"]
["Insumo",10362,"ORSE","Seguro de vida e acidente em grupo","Serviços",null,"un",1.9429200000000001E-3,"12,54","0,02"]
["Insumo","00012894/SINAPI","ORSE","Capa para chuva em pvc com forro de poliester, com capuz (amarela ou azul)","Material",null,"un",8.6352000000000003E-5,"18,07","0,00"]
["Insumo",10596,"ORSE","Protetor auricular","Material",null,"un",1.9429200000000001E-3,"4,90","0,00"]
["Insumo",158,"ORSE","Almoço (Participação do empregador)","Material",null,"un",4.3953168000000001E-2,"14,00","0,61"]
["Insumo",10579,"ORSE","Chave de fenda chata 30 cm","Material",null,"un",2.2601600000000001E-5,"26,89","0,00"]
[{"$nulls":4},"MO sem LS =>",6.91,"LS =>",0,"MO com LS =>",6.91]
[{"$nulls":4},"Valor do BDI =>",5.88,null,"Valor com BDI =>",null,32.76]
[{"$nulls":6},"Quant. =>","8,00","Preço Total =>",262.08]
[]
[" 6.9.5 ","Código","Banco","Descrição","Tipo",null,"Und","Quant.","Valor Unit","Total"]
["Composição"," 4228 ","ORSE","Eletroduto de ferro galvanizado sem costura d= 4\" - Fornecimento","Subestação Transformadora em Poste",null,"Un",1,991,991]
[null,"Código","Banco","Descrição","Tipo",null,"Und","Quant.","Valor Unit","Total"]
["Insumo",3308,"ORSE","Eletroduto em ferro galvanizado pesado sem costura 4\" x 6m","Material",null,"un",1,"991,00","991,00"]
["Detalhamento de Cálculo ORSE"]
[null,"Código","Banco","Descrição","Tipo",null,"Und","Quant.","Valor Unit","Total"]
["Insumo",3308,"ORSE","Eletroduto em ferro galvanizado pesado sem costura 4\" x 6m","Material",null,"un",1,"991,00","991,00"]
[{"$nulls":4},"MO sem LS =>",0,"LS =>",0,"MO com LS =>",0]
[{"$nulls":4},"Valor do BDI =>",217.02,null,"Valor com BDI =>",null,1208.02]
[{"$nulls":6},"Quant. =>","2,00","Preço Total =>",2416.04]
[]
[null,"Código","Banco","Descrição","Tipo",null,"Und","Quant.","Valor Unit","Total"]
["Insumo"," 3154 ","ORSE","Cabeçote de alumínio de 4\"","Material",null,"Un",1,38.9,38.9]
[{"$nulls":4},"MO sem LS =>",0,"LS =>",0,"MO com LS =>",0]
[{"$nulls":4},"Valor do BDI =>",null,null,"Valor com BDI =>",null,44.5]
[{"$nulls":6},"Quant. =>","1,00","Preço Total =>",44.5]
[]
[null,"Código","Banco","Descrição","Tipo",null,"Und","Quant.","Valor Unit","Total"]
["Insumo"," 766 ","ORSE","Curva 90° ferro galvanizado d= 3/4\"","Material",null,"un",1,24.54,24.54]
[{"$nulls":4},"MO sem LS =>",0,"LS =>",0,"MO com LS =>",0]
[{"$nulls":4},"Valor do BDI =>",null,null,"Valor com BDI =>",null,28.07]
[{"$nulls":6},"Quant. =>","1,00","Preço Total =>",28.07]
[]
[" 6.9.8 ","Código","Banco","Descrição","Tipo",null,"Und","Quant.","Valor Unit","Total"]
["Composição"," 95782 ","SINAPI","CONDULETE DE ALUMÍNIO, TIPO E, ELETRODUTO DE AÇO GALVANIZADO DN 25 MM (1''), APARENTE - FORNECIMENTO E INSTALAÇÃO. AF_10/2022","INEL - INSTALAÇÃO ELÉTRICA/ELETRIFICAÇÃO E ILUMINAÇÃO EXTERNA",null,"UN",1,32.82,32.82]
["Composição Auxiliar"," 88264 ","SINAPI","ELETRICISTA COM ENCARGOS COMPLEMENTARES","SEDI - SERVIÇOS DIVERSOS",null,"H",0.255,27.89,7.11]
["Composição Auxiliar"," 88247 ","SINAPI","AUXILIAR DE ELETRICISTA COM ENCARGOS COMPLEMENTARES","SEDI - SERVIÇOS DIVERSOS",null,"H",0.255,21.44,5.46]
["Insumo"," 00002590 ","SINAPI","CONDULETE DE ALUMINIO TIPO E, PARA ELETRODUTO ROSCAVEL DE 1\", COM TAMPA CEGA","Material",null,"UN",1,19.73,19.73]
["Insumo"," 00011950 ","SINAPI","BUCHA DE NYLON SEM ABA S6, COM PARAFUSO DE 4,20 X 40 MM EM ACO ZINCADO COM ROSCA SOBERBA, CABECA CHATA E FENDA PHILLIPS","Material",null,"UN",2,0.26,0.52]
[{"$nulls":4},"MO sem LS =>",10.31,"LS =>",0,"MO com LS =>",10.31]
[{"$nulls":4},"Valor do BDI =>",7.18,null,"Valor com BDI =>",null,40]
[{"$nulls":6},"Quant. =>","20,00","Preço Total =>",800]
[]
[" 6.9.9 ","Código","Banco","Descrição","Tipo",null,"Und","Quant.","Valor Unit","Total"]
["Composição"," 11975 ","ORSE","Abraçadeira de alumínio 1 \" 25mm (DAISA BC-100) ou similar","Pontos de Suprimento de Energia Convencionais",null,"un",1,7.02,7.02]
[null,"Código","Banco","Descrição","Tipo",null,"Und","Quant.","Valor Unit","Total"]
["Composição",10549,"ORSE","Encargos Complementares - Servente","Provisórios",null,"h",0.1,"3,80","0,38"]
["Composição",10554,"ORSE","Encargos Complementares - Encanador","Provisórios",null,"h",0.1,"3,73","0,37"]
["Insumo",12854,"ORSE","Abraçadeira de alumínio1 \" 25mm (DAISA BC-100) ou similar","Material",null,"un",1,"3,04","3,04"]
["Insumo","00002696/SINAPI","ORSE","Encanador ou bombeiro hidraulico (horista)","Mão de Obra",null,"h",0.1,"19,13","1,91"]
["Insumo","00006111/SINAPI","ORSE","Servente de obras (horista)","Mão de Obra",null,"h",0.1,"13,65","1,36"]
["Detalhamento de Cálculo ORSE"]
[null,"Código","Banco","Descrição","Tipo",null,"Und","Quant.","Valor Unit","Total"]
["Insumo",4729,"ORSE","Marreta 1 kg com cabo","Material",null,"un",1.0000000000000001E-5,"37,80","0,00"]
["Insumo",11253,"ORSE","Tarracha para tubos PVC de 1/2\"","Material",null,"un",1.1E-4,"26,50","0,00"]
["Insumo",11254,"ORSE","Tarracha para tubos PVC de 3/4\"","Material",null,"un",6.9999999999999994E-5,"27,49","0,00"]
["Insumo","00012893/SINAPI","ORSE","Bota de seguranca com biqueira de aco e colarinho acolchoado","Material",null,"par",1.6000000000000001E-4,"66,72","0,01"]
["Insumo",10362,"ORSE","Seguro de vida e acidente em grupo","Serviços",null,"un",8.9999999999999998E-4,"12,54","0,01"]
["Insumo",12854,"ORSE","Abraçadeira de alumínio1 \" 25mm (DAISA BC-100) ou similar","Material",null,"un",1,"3,04","3,04"]
["Insumo","00012895/SINAPI","ORSE","Capacete de seguranca aba frontal com suspensao de polietileno, sem jugular (classe b)","Material",null,"un",1.2E-4,"13,90","0,00"]
["Insumo",10492,"ORSE","Cesta Básica","Material",null,"un",8.9999999999999998E-4,"190,00","0,17"]
["Insumo","00002696/SINAPI","ORSE","Encanador ou bombeiro hidraulico (horista)","Mão de Obra",null,"h",0.1,"19,13","1,91"]
["Insumo",10788,"ORSE","Pá quadrada","Material",null,"un",2.0000000000000002E-5,"36,90","0,00"]
["Insumo","00012894/SINAPI","ORSE","Capa para chuva em pvc com forro de poliester, com capuz (amarela ou azul)","Material",null,"un",4.0000000000000003E-5,"18,07","0,00"]
["Insumo",4728,"ORSE","Talhadeira chata 10\"","Material",null,"un",3.0000000000000001E-5,"18,58","0,00"]
["Insumo",11257,"ORSE","Tarracha para tubos PVC de 1 1/4\"","Material",null,"un",4.0000000000000003E-5,"32,30","0,00"]
["Insumo",2378,"ORSE","Vale transporte","Material",null,"un",1.5949999999999999E-2,"4,50","0,07"]
["Insumo",10592,"ORSE","Lima chata 12\"","Material",null,"un",1.0000000000000001E-5,"36,57","0,00"]
["Insumo","00006111/SINAPI","ORSE","Servente de obras (horista)","Mão de Obra",null,"h",0.1,"13,65","1,36"]
["Insumo",1651,"ORSE","Óculos branco proteção","Material",null,"pr",1.6000000000000001E-4,"6,70","0,00"]
["Insumo",10761,"ORSE","Refeição - café da manhã ( café com leite e dois pães com manteiga)","Serviços",null,"un",2.036E-2,"5,00","0,10"]
["Insumo",10593,"ORSE","Praio simples 30cm","Material",null,"un",1.0000000000000001E-5,"19,57","0,00"]
["Insumo",11255,"ORSE","Tarracha para tubos PVC de 1\"","Material",null,"un",6.0000000000000002E-5,"63,00","0,00"]
["Insumo",10517,"ORSE","Exames admissionais/demissionais (checkup)","Serviços",null,"cj",8.0000000000000007E-5,"300,00","0,02"]
["Insumo",11256,"ORSE","Tarracha para tubos PVC de 1 1/2\"","Material",null,"un",4.0000000000000003E-5,"60,00","0,00"]
["Insumo",941,"ORSE","Fardamento com mangas curta","Material",null,"un",2.9999999999999997E-4,"193,41","0,05"]
["Insumo",10596,"ORSE","Protetor auricular","Material",null,"un",8.9999999999999998E-4,"4,90","0,00"]
["Insumo",10599,"ORSE","Protetor solar fps 30 com 120ml","Material",null,"un",3.6000000000000002E-4,"18,00","0,00"]
["Insumo","00012892/SINAPI","ORSE","Luva raspa de couro, cano curto (punho *7* cm)","Material",null,"par",4.6000000000000001E-4,"12,51","0,00"]
["Insumo","00002711/SINAPI","ORSE","Carrinho de mao de aco capacidade 50 a 60 l, pneu com camara","Material",null,"un",2.0000000000000002E-5,"166,00","0,00"]
["Insumo",158,"ORSE","Almoço (Participação do empregador)","Material",null,"un",2.036E-2,"14,00","0,28"]
[{"$nulls":4},"MO sem LS =>",3.27,"LS =>",0,"MO com LS =>",3.27]
[{"$nulls":4},"Valor do BDI =>",1.53,null,"Valor com BDI =>",null,8.5500000000000007]
[{"$nulls":6},"Quant. =>","60,00","Preço Total =>",513]
[]
[" 6.9.10 ","Código","Banco","Descrição","Tipo",null,"Und","Quant.","Valor Unit","Total"]
["Composição"," 91847 ","SINAPI","ELETRODUTO FLEXÍVEL CORRUGADO REFORÇADO, PVC, DN 32 MM (1\"), PARA CIRCUITOS TERMINAIS, INSTALADO EM LAJE - FORNECIMENTO E INSTALAÇÃO. AF_03/2023","INEL - INSTALAÇÃO ELÉTRICA/ELETRIFICAÇÃO E ILUMINAÇÃO EXTERNA",null,"M",1,13.67,13.67]
["Composição Auxiliar"," 88264 ","SINAPI","ELETRICISTA COM ENCARGOS COMPLEMENTARES","SEDI - SERVIÇOS DIVERSOS",null,"H",8.5999999999999993E-2,27.89,2.39]
["Composição Auxiliar"," 88247 ","SINAPI","AUXILIAR DE ELETRICISTA COM ENCARGOS COMPLEMENTARES","SEDI - SERVIÇOS DIVERSOS",null,"H",8.5999999999999993E-2,21.44,1.84]
["Insumo"," 00039245 ","SINAPI","ELETRODUTO PVC FLEXIVEL CORRUGADO, REFORCADO, COR LARANJA, DE 32 MM, PARA LAJES E PISOS","Material",null,"M",1.1000000000000001,8.5399999999999991,9.39]
["Insumo"," 00043132 ","SINAPI","ARAME RECOZIDO 16 BWG, D = 1,65 MM (0,016 KG/M) OU 18 BWG, D = 1,25 MM (0,01 KG/M)","Material",null,"KG",2E-3,26,0.05]
[{"$nulls":4},"MO sem LS =>",3.47,"LS =>",0,"MO com LS =>",3.47]
[{"$nulls":4},"Valor do BDI =>",2.99,null,"Valor com BDI =>",null,16.66]
[{"$nulls":6},"Quant. =>","100,00","Preço Total =>",1666]
[]
[" 6.9.11 ","Código","Banco","Descrição","Tipo",null,"Und","Quant.","Valor Unit","Total"]
["Composição"," 91871 ","SINAPI","ELETRODUTO RÍGIDO ROSCÁVEL, PVC, DN 25 MM (3/4\"), PARA CIRCUITOS TERMINAIS, INSTALADO EM PAREDE - FORNECIMENTO E INSTALAÇÃO. AF_03/2023","INEL - INSTALAÇÃO ELÉTRICA/ELETRIFICAÇÃO E ILUMINAÇÃO EXTERNA",null,"M",1,14.35,14.35]
["Composição Auxiliar"," 88247 ","SINAPI","AUXILIAR DE ELETRICISTA COM ENCARGOS COMPLEMENTARES","SEDI - SERVIÇOS DIVERSOS",null,"H",0.17699999999999999,21.44,3.79]
["Composição Auxiliar"," 88264 ","SINAPI","ELETRICISTA COM ENCARGOS COMPLEMENTARES","SEDI - SERVIÇOS DIVERSOS",null,"H",0.17699999999999999,27.89,4.93]
["Insumo"," 00002674 ","SINAPI","ELETRODUTO DE PVC RIGIDO ROSCAVEL DE 3/4 \", SEM LUVA","Material",null,"M",1.0169999999999999,5.54,5.63]
[{"$nulls":4},"MO sem LS =>",7.16,"LS =>",0,"MO com LS =>",7.16]
[{"$nulls":4},"Valor do BDI =>",3.14,null,"Valor com BDI =>",null,17.489999999999998]
[{"$nulls":6},"Quant. =>","456,00","Preço Total =>",7975.44]
[]
[" 6.9.12 ","Código","Banco","Descrição","Tipo",null,"Und","Quant.","Valor Unit","Total"]
["Composição"," 91890 ","SINAPI","CURVA 90 GRAUS PARA ELETRODUTO, PVC, ROSCÁVEL, DN 25 MM (3/4\"), PARA CIRCUITOS TERMINAIS, INSTALADA EM FORRO - FORNECIMENTO E INSTALAÇÃO. AF_03/2023","INEL - INSTALAÇÃO ELÉTRICA/ELETRIFICAÇÃO E ILUMINAÇÃO EXTERNA",null,"UN",1,13.19,13.19]
["Composição Auxiliar"," 88264 ","SINAPI","ELETRICISTA COM ENCARGOS COMPLEMENTARES","SEDI - SERVIÇOS DIVERSOS",null,"H",0.20599999999999999,27.89,5.74]
["Composição Auxiliar"," 88247 ","SINAPI","AUXILIAR DE ELETRICISTA COM ENCARGOS COMPLEMENTARES","SEDI - SERVIÇOS DIVERSOS",null,"H",0.20599999999999999,21.44,4.41]
["Insumo"," 00001879 ","SINAPI","CURVA 90 GRAUS, LONGA, DE PVC RIGIDO ROSCAVEL, DE 3/4\", PARA ELETRODUTO","Material",null,"UN",1,3.04,3.04]
[{"$nulls":4},"MO sem LS =>",8.33,"LS =>",0,"MO com LS =>",8.33]
[{"$nulls":4},"Valor do BDI =>",2.88,null,"Valor com BDI =>",null,16.07]
[{"$nulls":6},"Quant. =>","110,00","Preço Total =>",1767.7]
[]
[" 6.9.13 ","Código","Banco","Descrição","Tipo",null,"Und","Quant.","Valor Unit","Total"]
["Composição"," 12464 ","ORSE","Fornecimento e instalação de parafuso cabeça chata rosca soberbal 6,10 x 65mm, com bucha de nylon s10 sem abas","Pontos de Suprimento de Lógica",null,"un",1,3.51,3.51]
[null,"Código","Banco","Descrição","Tipo",null,"Und","Quant.","Valor Unit","Total"]
["Composição",10552,"ORSE","Encargos Complementares - Eletricista","Provisórios",null,"h",0.08,"3,66","0,29"]
["Insumo","00007568/SINAPI","ORSE","Bucha de nylon sem aba s10, com parafuso de 6,10 x 65 mm em aco zincado com rosca soberba, cabeca chata e fenda phillips","Material",null,"un",1,"0,36","0,36"]
["Insumo","00002436/SINAPI","ORSE","Eletricista (horista)","Mão de Obra",null,"h",0.08,"19,13","1,53"]
["Insumo","00006111/SINAPI","ORSE","Servente de obras (horista)","Mão de Obra",null,"h",0.08,"13,65","1,09"]
["Composição",10549,"ORSE","Encargos Complementares - Servente","Provisórios",null,"h",0.08,"3,80","0,30"]
["Detalhamento de Cálculo ORSE"]
[null,"Código","Banco","Descrição","Tipo",null,"Und","Quant.","Valor Unit","Total"]
["Insumo",10788,"ORSE","Pá quadrada","Material",null,"un",1.5999999999999999E-5,"36,90","0,00"]
["Insumo","00002711/SINAPI","ORSE","Carrinho de mao de aco capacidade 50 a 60 l, pneu com camara","Material",null,"un",1.5999999999999999E-5,"166,00","0,00"]
["Insumo",10492,"ORSE","Cesta Básica","Material",null,"un",7.2000000000000005E-4,"190,00","0,13"]
["Insumo","00012895/SINAPI","ORSE","Capacete de seguranca aba frontal com suspensao de polietileno, sem jugular (classe b)","Material",null,"un",9.6000000000000002E-5,"13,90","0,00"]
["Insumo",10596,"ORSE","Protetor auricular","Material",null,"un",7.2000000000000005E-4,"4,90","0,00"]
["Insumo","00002436/SINAPI","ORSE","Eletricista (horista)","Mão de Obra",null,"h",0.08,"19,13","1,53"]
["Insumo","00007568/SINAPI","ORSE","Bucha de nylon sem aba s10, com parafuso de 6,10 x 65 mm em aco zincado com rosca soberba, cabeca chata e fenda phillips","Material",null,"un",1,"0,36","0,36"]
["Insumo",158,"ORSE","Almoço (Participação do empregador)","Material",null,"un",1.6288E-2,"14,00","0,22"]
["Insumo",11241,"ORSE","Alicate volt-amperimetro","Material",null,"un",1.5999999999999999E-5,"163,00","0,00"]
["Insumo",10761,"ORSE","Refeição - café da manhã ( café com leite e dois pães com manteiga)","Serviços",null,"un",1.6288E-2,"5,00","0,08"]
["Insumo",10579,"ORSE","Chave de fenda chata 30 cm","Material",null,"un",1.5999999999999999E-5,"26,89","0,00"]
["Insumo",941,"ORSE","Fardamento com mangas curta","Material",null,"un",2.4000000000000001E-4,"193,41","0,04"]
["Insumo",1651,"ORSE","Óculos branco proteção","Material",null,"pr",1.2799999999999999E-4,"6,70","0,00"]
["Insumo",2378,"ORSE","Vale transporte","Material",null,"un",1.2760000000000001E-2,"4,50","0,05"]
["Insumo","00012892/SINAPI","ORSE","Luva raspa de couro, cano curto (punho *7* cm)","Material",null,"par",3.68E-4,"12,51","0,00"]
["Insumo","00012894/SINAPI","ORSE","Capa para chuva em pvc com forro de poliester, com capuz (amarela ou azul)","Material",null,"un",3.1999999999999999E-5,"18,07","0,00"]
["Insumo",4728,"ORSE","Talhadeira chata 10\"","Material",null,"un",2.4000000000000001E-5,"18,58","0,00"]
["Insumo",10599,"ORSE","Protetor solar fps 30 com 120ml","Material",null,"un",2.8800000000000001E-4,"18,00","0,00"]
["Insumo","00012893/SINAPI","ORSE","Bota de seguranca com biqueira de aco e colarinho acolchoado","Material",null,"par",1.2E-4,"66,72","0,00"]
["Insumo",10517,"ORSE","Exames admissionais/demissionais (checkup)","Serviços",null,"cj",6.3999999999999997E-5,"300,00","0,01"]
["Insumo",11240,"ORSE","Alicate com isolamento","Material",null,"un",1.5999999999999999E-5,"47,69","0,00"]
["Insumo",4729,"ORSE","Marreta 1 kg com cabo","Material",null,"un",7.9999999999999996E-6,"37,80","0,00"]
["Insumo",10362,"ORSE","Seguro de vida e acidente em grupo","Serviços",null,"un",7.2000000000000005E-4,"12,54","0,00"]
["Insumo","00006111/SINAPI","ORSE","Servente de obras (horista)","Mão de Obra",null,"h",0.08,"13,65","1,09"]
["Insumo",11242,"ORSE","Chave inglesa 12\"","Material",null,"un",7.9999999999999996E-6,"34,00","0,00"]
[{"$nulls":4},"MO sem LS =>",2.62,"LS =>",0,"MO com LS =>",2.62]
[{"$nulls":4},"Valor do BDI =>",0.76,null,"Valor com BDI =>",null,4.2699999999999996]
[{"$nulls":6},"Quant. =>","750,00","Preço Total =>",3202.5]
[]
[null,"Código","Banco","Descrição","Tipo",null,"Und","Quant.","Valor Unit","Total"]
["Insumo"," 00007568 ","SINAPI","BUCHA DE NYLON SEM ABA S10, COM PARAFUSO DE 6,10 X 65 MM EM ACO ZINCADO COM ROSCA SOBERBA, CABECA CHATA E FENDA PHILLIPS","Material",null,"UN",1,0.79,0.79]
[{"$nulls":4},"MO sem LS =>",0,"LS =>",0,"MO com LS =>",0]
[{"$nulls":4},"Valor do BDI =>",null,null,"Valor com BDI =>",null,0.9]
[{"$nulls":6},"Quant. =>","570,00","Preço Total =>",513]
[]
[null,"Código","Banco","Descrição","Tipo",null,"Und","Quant.","Valor Unit","Total"]
["Insumo"," 9708 ","ORSE","Parafuso fenda em aço inox auto-atarrachante d=4,2 x 32mm, ref:TEL-5333","Material",null,"un",1,0.53,0.53]
[{"$nulls":4},"MO sem LS =>",0,"LS =>",0,"MO com LS =>",0]
[{"$nulls":4},"Valor do BDI =>",null,null,"Valor com BDI =>",null,0.6]
[{"$nulls":6},"Quant. =>","550,00","Preço Total =>",330]
[]
[null,"Código","Banco","Descrição","Tipo",null,"Und","Quant.","Valor Unit","Total"]
["Insumo"," 00004356 ","SINAPI","PARAFUSO DE ACO ZINCADO COM ROSCA SOBERBA, CABECA CHATA E FENDA SIMPLES, DIAMETRO 4,8 MM, COMPRIMENTO 45 MM","Material",null,"UN",1,0.26,0.26]
[{"$nulls":4},"MO sem LS =>",0,"LS =>",0,"MO com LS =>",0]
[{"$nulls":4},"Valor do BDI =>",null,null,"Valor com BDI =>",null,0.28999999999999998]
[{"$nulls":6},"Quant. =>","100,00","Preço Total =>",29]
[]
[" 6.9.17 ","Código","Banco","Descrição","Tipo",null,"Und","Quant.","Valor Unit","Total"]
["Composição"," 12538 ","ORSE","Arruela de pressão 1/4\"","Interligações até Quadro Geral - Fios e Cabos",null,"un",1,0.41,0.41]
[null,"Código","Banco","Descrição","Tipo",null,"Und","Quant.","Valor Unit","Total"]
["Insumo","00006111/SINAPI","ORSE","Servente de obras (horista)","Mão de Obra",null,"h",0.01,"13,65","0,13"]
["Composição",10552,"ORSE","Encargos Complementares - Eletricista","Provisórios",null,"h",0.01,"3,66","0,03"]
["Insumo","00002436/SINAPI","ORSE","Eletricista (horista)","Mão de Obra",null,"h",0.01,"19,13","0,19"]
["Composição",10549,"ORSE","Encargos Complementares - Servente","Provisórios",null,"h",0.01,"3,80","0,03"]
["Insumo",13355,"ORSE","Arruela de pressão 1/4\"","Material",null,"un",1,"0,05","0,05"]
["Detalhamento de Cálculo ORSE"]
[null,"Código","Banco","Descrição","Tipo",null,"Und","Quant.","Valor Unit","Total"]
["Insumo",13355,"ORSE","Arruela de pressão 1/4\"","Material",null,"un",1,"0,05","0,05"]
["Insumo","00002436/SINAPI","ORSE","Eletricista (horista)","Mão de Obra",null,"h",0.01,"19,13","0,19"]
["Insumo",10761,"ORSE","Refeição - café da manhã ( café com leite e dois pães com manteiga)","Serviços",null,"un",2.036E-3,"5,00","0,01"]
["Insumo",11240,"ORSE","Alicate com isolamento","Material",null,"un",1.9999999999999999E-6,"47,69","0,00"]
["Insumo",4728,"ORSE","Talhadeira chata 10\"","Material",null,"un",3.0000000000000001E-6,"18,58","0,00"]
["Insumo","00012893/SINAPI","ORSE","Bota de seguranca com biqueira de aco e colarinho acolchoado","Material",null,"par",1.5E-5,"66,72","0,00"]
["Insumo","00012892/SINAPI","ORSE","Luva raspa de couro, cano curto (punho *7* cm)","Material",null,"par",4.6E-5,"12,51","0,00"]
["Insumo",10362,"ORSE","Seguro de vida e acidente em grupo","Serviços",null,"un",9.0000000000000006E-5,"12,54","0,00"]
["Insumo",11241,"ORSE","Alicate volt-amperimetro","Material",null,"un",1.9999999999999999E-6,"163,00","0,00"]
["Insumo",4729,"ORSE","Marreta 1 kg com cabo","Material",null,"un",9.9999999999999995E-7,"37,80","0,00"]
["Insumo",10517,"ORSE","Exames admissionais/demissionais (checkup)","Serviços",null,"cj",7.9999999999999996E-6,"300,00","0,00"]
["Insumo",10596,"ORSE","Protetor auricular","Material",null,"un",9.0000000000000006E-5,"4,90","0,00"]
["Insumo",11242,"ORSE","Chave inglesa 12\"","Material",null,"un",9.9999999999999995E-7,"34,00","0,00"]
["Insumo",2378,"ORSE","Vale transporte","Material",null,"un",1.5950000000000001E-3,"4,50","0,00"]
["Insumo",10788,"ORSE","Pá quadrada","Material",null,"un",1.9999999999999999E-6,"36,90","0,00"]
["Insumo",158,"ORSE","Almoço (Participação do empregador)","Material",null,"un",2.036E-3,"14,00","0,02"]
["Insumo","00006111/SINAPI","ORSE","Servente de obras (horista)","Mão de Obra",null,"h",0.01,"13,65","0,13"]
["Insumo","00002711/SINAPI","ORSE","Carrinho de mao de aco capacidade 50 a 60 l, pneu com camara","Material",null,"un",1.9999999999999999E-6,"166,00","0,00"]
["Insumo",10599,"ORSE","Protetor solar fps 30 com 120ml","Material",null,"un",3.6000000000000001E-5,"18,00","0,00"]
["Insumo","00012895/SINAPI","ORSE","Capacete de seguranca aba frontal com suspensao de polietileno, sem jugular (classe b)","Material",null,"un",1.2E-5,"13,90","0,00"]
["Insumo",10579,"ORSE","Chave de fenda chata 30 cm","Material",null,"un",1.9999999999999999E-6,"26,89","0,00"]
["Insumo",941,"ORSE","Fardamento com mangas curta","Material",null,"un",3.0000000000000001E-5,"193,41","0,00"]
["Insumo",10492,"ORSE","Cesta Básica","Material",null,"un",9.0000000000000006E-5,"190,00","0,01"]
["Insumo",1651,"ORSE","Óculos branco proteção","Material",null,"pr",1.5999999999999999E-5,"6,70","0,00"]
["Insumo","00012894/SINAPI","ORSE","Capa para chuva em pvc com forro de poliester, com capuz (amarela ou azul)","Material",null,"un",3.9999999999999998E-6,"18,07","0,00"]
[{"$nulls":4},"MO sem LS =>",0.32,"LS =>",0,"MO com LS =>",0.32]
[{"$nulls":4},"Valor do BDI =>",0.08,null,"Valor com BDI =>",null,0.49]
[{"$nulls":6},"Quant. =>","350,00","Preço Total =>",171.5]
[]
[" 6.9.18 ","Código","Banco","Descrição","Tipo",null,"Und","Quant.","Valor Unit","Total"]
["Composição"," 9816 ","ORSE","Arruela lisa zincada d=1/4\"","Interligações até Quadro Geral - Fios e Cabos",null,"un",1,0.41,0.41]
[null,"Código","Banco","Descrição","Tipo",null,"Und","Quant.","Valor Unit","Total"]
["Composição",10549,"ORSE","Encargos Complementares - Servente","Provisórios",null,"h",0.01,"3,80","0,03"]
["Composição",10552,"ORSE","Encargos Complementares - Eletricista","Provisórios",null,"h",0.01,"3,66","0,03"]
["Insumo","00002436/SINAPI","ORSE","Eletricista (horista)","Mão de Obra",null,"h",0.01,"19,13","0,19"]
["Insumo","00006111/SINAPI","ORSE","Servente de obras (horista)","Mão de Obra",null,"h",0.01,"13,65","0,13"]
["Insumo",8347,"ORSE","Arruela lisa zincada ø 1/4\"","Material",null,"un",1,"0,05","0,05"]
["Detalhamento de Cálculo ORSE"]
[null,"Código","Banco","Descrição","Tipo",null,"Und","Quant.","Valor Unit","Total"]
["Insumo",10492,"ORSE","Cesta Básica","Material",null,"un",9.0000000000000006E-5,"190,00","0,01"]
["Insumo",2378,"ORSE","Vale transporte","Material",null,"un",1.5950000000000001E-3,"4,50","0,00"]
["Insumo",10596,"ORSE","Protetor auricular","Material",null,"un",9.0000000000000006E-5,"4,90","0,00"]
["Insumo",11242,"ORSE","Chave inglesa 12\"","Material",null,"un",9.9999999999999995E-7,"34,00","0,00"]
["Insumo",4728,"ORSE","Talhadeira chata 10\"","Material",null,"un",3.0000000000000001E-6,"18,58","0,00"]
["Insumo",941,"ORSE","Fardamento com mangas curta","Material",null,"un",3.0000000000000001E-5,"193,41","0,00"]
["Insumo","00002436/SINAPI","ORSE","Eletricista (horista)","Mão de Obra",null,"h",0.01,"19,13","0,19"]
["Insumo","00006111/SINAPI","ORSE","Servente de obras (horista)","Mão de Obra",null,"h",0.01,"13,65","0,13"]
["Insumo",158,"ORSE","Almoço (Participação do empregador)","Material",null,"un",2.036E-3,"14,00","0,02"]
["Insumo",10517,"ORSE","Exames admissionais/demissionais (checkup)","Serviços",null,"cj",7.9999999999999996E-6,"300,00","0,00"]
["Insumo",11241,"ORSE","Alicate volt-amperimetro","Material",null,"un",1.9999999999999999E-6,"163,00","0,00"]
["Insumo",4729,"ORSE","Marreta 1 kg com cabo","Material",null,"un",9.9999999999999995E-7,"37,80","0,00"]
["Insumo",10788,"ORSE","Pá quadrada","Material",null,"un",1.9999999999999999E-6,"36,90","0,00"]
["Insumo",8347,"ORSE","Arruela lisa zincada ø 1/4\"","Material",null,"un",1,"0,05","0,05"]
["Insumo",10599,"ORSE","Protetor solar fps 30 com 120ml","Material",null,"un",3.6000000000000001E-5,"18,00","0,00"]
["Insumo","00012894/SINAPI","ORSE","Capa para chuva em pvc com forro de poliester, com capuz (amarela ou azul)","Material",null,"un",3.9999999999999998E-6,"18,07","0,00"]
["Insumo","00012892/SINAPI","ORSE","Luva raspa de couro, cano curto (punho *7* cm)","Material",null,"par",4.6E-5,"12,51","0,00"]
["Insumo",10761,"ORSE","Refeição - café da manhã ( café com leite e dois pães com manteiga)","Serviços",null,"un",2.036E-3,"5,00","0,01"]
["Insumo",11240,"ORSE","Alicate com isolamento","Material",null,"un",1.9999999999999999E-6,"47,69","0,00"]
["Insumo","00012893/SINAPI","ORSE","Bota de seguranca com biqueira de aco e colarinho acolchoado","Material",null,"par",1.5E-5,"66,72","0,00"]
["Insumo","00002711/SINAPI","ORSE","Carrinho de mao de aco capacidade 50 a 60 l, pneu com camara","Material",null,"un",1.9999999999999999E-6,"166,00","0,00"]
["Insumo","00012895/SINAPI","ORSE","Capacete de seguranca aba frontal com suspensao de polietileno, sem jugular (classe b)","Material",null,"un",1.2E-5,"13,90","0,00"]
["Insumo",10362,"ORSE","Seguro de vida e acidente em grupo","Serviços",null,"un",9.0000000000000006E-5,"12,54","0,00"]
["Insumo",10579,"ORSE","Chave de fenda chata 30 cm","Material",null,"un",1.9999999999999999E-6,"26,89","0,00"]
["Insumo",1651,"ORSE","Óculos branco proteção","Material",null,"pr",1.5999999999999999E-5,"6,70","0,00"]
[{"$nulls":4},"MO sem LS =>",0.32,"LS =>",0,"MO com LS =>",0.32]
[{"$nulls":4},"Valor do BDI =>",0.08,null,"Valor com BDI =>",null,0.49]
[{"$nulls":6},"Quant. =>","350,00","Preço Total =>",171.5]
[]
[null,"Código","Banco","Descrição","Tipo",null,"Und","Quant.","Valor Unit","Total"]
["Insumo"," 00039997 ","SINAPI","PORCA ZINCADA, SEXTAVADA, DIAMETRO 1/4\"","Material",null,"UN",1,0.31,0.31]
[{"$nulls":4},"MO sem LS =>",0,"LS =>",0,"MO com LS =>",0]
[{"$nulls":4},"Valor do BDI =>",null,null,"Valor com BDI =>",null,0.35]
[{"$nulls":6},"Quant. =>","1.340,00","Preço Total =>",469]
[]
[null,"Código","Banco","Descrição","Tipo",null,"Und","Quant.","Valor Unit","Total"]
["Insumo"," 00011945 ","SINAPI","BUCHA DE NYLON SEM ABA S4","Material",null,"UN",1,7.0000000000000007E-2,7.0000000000000007E-2]
[{"$nulls":4},"MO sem LS =>",0,"LS =>",0,"MO com LS =>",0]
[{"$nulls":4},"Valor do BDI =>",null,null,"Valor com BDI =>",null,0.08]
[{"$nulls":6},"Quant. =>","550,00","Preço Total =>",44]
[]
[" 6.9.21 ","Código","Banco","Descrição","Tipo",null,"Und","Quant.","Valor Unit","Total"]
["Composição"," 799 ","ORSE","Poste em tubo de aço galvanizado, pesado, d=2\" (50mm), altura útil=2,50m, altura total=3,20m","Postes Tubulares de Ferro Galvanizado",null,"un",1,445.09,445.09]
[null,"Código","Banco","Descrição","Tipo",null,"Und","Quant.","Valor Unit","Total"]
["Insumo","00006111/SINAPI","ORSE","Servente de obras (horista)","Mão de Obra",null,"h",1.5,"13,65","20,46"]
["Composição",10549,"ORSE","Encargos Complementares - Servente","Provisórios",null,"h",1.5,"3,80","5,70"]
["Composição",2497,"ORSE","Escavação manual de vala ou cava em material de 1ª categoria, profundidade até 1,50m","Escavação Manual em Área Urbana",null,"m³",0.28000000000000003,"52,50","14,70"]
["Insumo","00004750/SINAPI","ORSE","Pedreiro (horista)","Mão de Obra",null,"h",1.5,"19,13","28,69"]
["Composição",10550,"ORSE","Encargos Complementares - Pedreiro","Provisórios",null,"h",1.5,"3,67","5,50"]
["Insumo",2313,"ORSE","Tubo de aço galvanizado leve c/ costura c/ rosca BSP Ø = 60,30mm ( 2\" ), e = 2,65mm, l = 6000mm NBR 5580","Material",null,"m",3.2,"67,15","214,88"]
["Composição",95,"ORSE","Concreto simples fabricado na obra, fck=13,5 mpa, lançado e adensado","Alvenarias de Pedra e Concretos para Fundações",null,"m³",0.28000000000000003,"553,39","154,94"]
["Detalhamento de Cálculo ORSE"]
[null,"Código","Banco","Descrição","Tipo",null,"Und","Quant.","Valor Unit","Total"]
["Insumo",4722,"ORSE","Colher de pedreiro","Material",null,"un",6.4032E-4,"18,80","0,01"]
["Insumo",11243,"ORSE","Martelo sem unha","Material",null,"un",1.6008E-4,"28,00","0,00"]
["Insumo",11246,"ORSE","Escala métrica de bambú","Material",null,"Un",1.12056E-3,"10,22","0,01"]
["Insumo","00012894/SINAPI","ORSE","Capa para chuva em pvc com forro de poliester, com capuz (amarela ou azul)","Material",null,"un",1.24512E-3,"18,07","0,02"]
["Insumo",11265,"ORSE","Martelo de borracha com cabo","Material",null,"un",6.4032E-4,"18,75","0,01"]
["Insumo","00000378/SINAPI","ORSE","Armador (horista)","Mão de Obra",null,"h",5.04E-2,"19,13","0,96"]
["Insumo",4728,"ORSE","Talhadeira chata 10\"","Material",null,"un",1.3420800000000001E-3,"18,58","0,02"]
["Insumo",11245,"ORSE","Desempoladeira de madeira 12x22","Material",null,"un",1.12056E-3,"11,60","0,01"]
["Insumo",10599,"ORSE","Protetor solar fps 30 com 120ml","Material",null,"un",1.120608E-2,"18,00","0,20"]
["Insumo",11247,"ORSE","Serra mármore","Material",null,"un",1.6008E-4,"327,80","0,05"]
["Insumo",10492,"ORSE","Cesta Básica","Material",null,"un",2.8015200000000001E-2,"190,00","5,32"]
["Insumo",10578,"ORSE","Formão grande","Material",null,"un",2.016E-5,"15,15","0,00"]
["Insumo",1651,"ORSE","Óculos branco proteção","Material",null,"pr",4.9703999999999998E-3,"6,70","0,03"]
["Insumo",10790,"ORSE","Prumo de face","Material",null,"un",1.6008E-4,"25,95","0,00"]
["Insumo",10586,"ORSE","Torquesa","Material",null,"un",1.008E-5,"39,00","0,00"]
["Insumo",11248,"ORSE","Furadeira e Parafusadeira eletrica Bosch ou Similar profissional","Equipamento",null,"un",1.008E-5,"246,00","0,00"]
["Insumo",10789,"ORSE","Nível de bolha de madeira","Material",null,"un",3.2016E-4,"15,40","0,00"]
["Insumo",11244,"ORSE","Martelo com unha","Material",null,"un",2.016E-5,"48,95","0,00"]
["Insumo","00004718/SINAPI","ORSE","Pedra britada n. 2 (19 a 38 mm) posto pedreira/fornecedor, sem frete","Material",null,"m³",0.17555999999999999,"120,35","21,12"]
["Insumo",10761,"ORSE","Refeição - café da manhã ( café com leite e dois pães com manteiga)","Serviços",null,"un",0.63376608000000001,"5,00","3,16"]
["Insumo",10788,"ORSE","Pá quadrada","Material",null,"un",8.9472E-4,"36,90","0,03"]
["Insumo","00002711/SINAPI","ORSE","Carrinho de mao de aco capacidade 50 a 60 l, pneu com camara","Material",null,"un",8.9472E-4,"166,00","0,14"]
["Insumo","00000367/SINAPI","ORSE","Areia grossa - posto jazida/fornecedor (retirado na jazida, sem transporte)","Material",null,"m³",0.26404,"111,43","29,42"]
["Insumo","00001379/SINAPI","ORSE","Cimento portland composto cp ii-32","Material",null,"kg",71.400000000000006,"0,76","54,26"]
["Insumo",2313,"ORSE","Tubo de aço galvanizado leve c/ costura c/ rosca BSP Ø = 60,30mm ( 2\" ), e = 2,65mm, l = 6000mm NBR 5580","Material",null,"m",3.2,"67,15","214,88"]
["Insumo","00012892/SINAPI","ORSE","Luva raspa de couro, cano curto (punho *7* cm)","Material",null,"par",1.4318880000000001E-2,"12,51","0,17"]
["Insumo",4729,"ORSE","Marreta 1 kg com cabo","Material",null,"un",4.4736E-4,"37,80","0,01"]
["Insumo",11249,"ORSE","Serra circular eletrica portatil","Equipamento",null,"un",1.008E-5,"617,95","0,00"]
["Insumo",4174,"ORSE","Desempenadeira de aço lisa, cabo madeira, ref:143, Atlas ou similar","Material",null,"un",8.0040000000000005E-4,"12,00","0,00"]
["Insumo",10596,"ORSE","Protetor auricular","Material",null,"un",2.8015200000000001E-2,"4,90","0,13"]
["Insumo",11264,"ORSE","Marreta de 1/2 kg com cabo","Material",null,"un",3.2016E-4,"13,52","0,00"]
["Insumo",10579,"ORSE","Chave de fenda chata 30 cm","Material",null,"un",2.016E-5,"26,89","0,00"]
["Insumo",158,"ORSE","Almoço (Participação do empregador)","Material",null,"un",0.63376608000000001,"14,00","8,87"]
["Insumo",10577,"ORSE","Serrote 40cm","Material",null,"un",1.008E-5,"29,90","0,00"]
["Insumo",10362,"ORSE","Seguro de vida e acidente em grupo","Serviços",null,"un",2.8015200000000001E-2,"12,54","0,35"]
["Insumo",941,"ORSE","Fardamento com mangas curta","Material",null,"un",9.3384000000000002E-3,"193,41","1,80"]
["Insumo","00001213/SINAPI","ORSE","Carpinteiro de formas ou oficial (horista)","Mão de Obra",null,"h",0.1008,"19,13","1,92"]
["Insumo","00004750/SINAPI","ORSE","Pedreiro (horista)","Mão de Obra",null,"h",1.6008,"19,13","30,62"]
["Insumo","00012893/SINAPI","ORSE","Bota de seguranca com biqueira de aco e colarinho acolchoado","Material",null,"par",4.9703999999999998E-3,"66,72","0,33"]
["Insumo",2378,"ORSE","Vale transporte","Material",null,"un",0.53554656,"4,50","2,40"]
["Insumo","00004721/SINAPI","ORSE","Pedra britada n. 1 (9,5 a 19 mm) posto pedreira/fornecedor, sem frete","Material",null,"m³",5.8520000000000003E-2,"119,72","7,00"]
["Insumo",10585,"ORSE","Arco de serra","Material",null,"un",1.008E-5,"19,90","0,00"]
["Insumo",10517,"ORSE","Exames admissionais/demissionais (checkup)","Serviços",null,"cj",2.4902399999999999E-3,"300,00","0,74"]
["Insumo","00012895/SINAPI","ORSE","Capacete de seguranca aba frontal com suspensao de polietileno, sem jugular (classe b)","Material",null,"un",3.7353600000000001E-3,"13,90","0,05"]
["Insumo","00006111/SINAPI","ORSE","Servente de obras (horista)","Mão de Obra",null,"h",4.4736000000000002,"13,65","61,04"]
["Insumo",10282,"ORSE","Regua de alumínio c/ 2,00m (para pedreiro)","Material",null,"un",3.2016E-4,"45,00","0,01"]
[{"$nulls":4},"MO sem LS =>",94.54,"LS =>",0,"MO com LS =>",94.54]
[{"$nulls":4},"Valor do BDI =>",97.47,null,"Valor com BDI =>",null,542.55999999999995]
[{"$nulls":6},"Quant. =>","6,00","Preço Total =>",3255.36]
[]
[" 6.9.22 ","Código","Banco","Descrição","Tipo",null,"Und","Quant.","Valor Unit","Total"]
["Composição"," 11520 ","ORSE","Câmera Vm S5040 Vf 1/3, 760 linhas 2.8 a 12mm, da Intelbras ou similar","Diversos",null,"un",1,584.44000000000005,584.44000000000005]
[null,"Código","Banco","Descrição","Tipo",null,"Und","Quant.","Valor Unit","Total"]
["Insumo",12453,"ORSE","Câmera Vm S5040 Vf 1/3, 760 linhas 2.8 a 12mm, da Intelbras ou similar","Material",null,"un",1,"391,29","391,29"]
["Insumo",6698,"ORSE","Técnico em informática - 40h - Rev 02","Mão de Obra",null,"h",8,"24,14","193,15"]
["Detalhamento de Cálculo ORSE"]
[null,"Código","Banco","Descrição","Tipo",null,"Und","Quant.","Valor Unit","Total"]
["Insumo",6698,"ORSE","Técnico em informática - 40h - Rev 02","Mão de Obra",null,"h",8,"24,14","193,15"]
["Insumo",12453,"ORSE","Câmera Vm S5040 Vf 1/3, 760 linhas 2.8 a 12mm, da Intelbras ou similar","Material",null,"un",1,"391,29","391,29"]
[{"$nulls":4},"MO sem LS =>",193.15,"LS =>",0,"MO com LS =>",193.15]
[{"$nulls":4},"Valor do BDI =>",127.99,null,"Valor com BDI =>",null,712.43]
[{"$nulls":6},"Quant. =>","38,00","Preço Total =>",27072.34]
[]
[" 6.9.23 ","Código","Banco","Descrição","Tipo",null,"Und","Quant.","Valor Unit","Total"]
["Composição"," 11750 ","ORSE","Cabo coaxial rg-6","Pontos de Suprimento de Lógica",null,"m",1,6.17,6.17]
[null,"Código","Banco","Descrição","Tipo",null,"Und","Quant.","Valor Unit","Total"]
["Insumo","00002436/SINAPI","ORSE","Eletricista (horista)","Mão de Obra",null,"h",0.11,"19,13","2,10"]
["Composição",10552,"ORSE","Encargos Complementares - Eletricista","Provisórios",null,"h",0.11,"3,66","0,40"]
["Insumo","00006111/SINAPI","ORSE","Servente de obras (horista)","Mão de Obra",null,"h",0.11,"13,65","1,50"]
["Composição",10549,"ORSE","Encargos Complementares - Servente","Provisórios",null,"h",0.11,"3,80","0,41"]
["Insumo",12616,"ORSE","Cabo coaxial rg-6","Material",null,"m",1.02,"1,77","1,80"]
["Detalhamento de Cálculo ORSE"]
[null,"Código","Banco","Descrição","Tipo",null,"Und","Quant.","Valor Unit","Total"]
["Insumo",11240,"ORSE","Alicate com isolamento","Material",null,"un",2.1999999999999999E-5,"47,69","0,00"]
["Insumo","00006111/SINAPI","ORSE","Servente de obras (horista)","Mão de Obra",null,"h",0.11,"13,65","1,50"]
["Insumo",158,"ORSE","Almoço (Participação do empregador)","Material",null,"un",2.2395999999999999E-2,"14,00","0,31"]
["Insumo",11242,"ORSE","Chave inglesa 12\"","Material",null,"un",1.1E-5,"34,00","0,00"]
["Insumo",941,"ORSE","Fardamento com mangas curta","Material",null,"un",3.3E-4,"193,41","0,06"]
["Insumo",11241,"ORSE","Alicate volt-amperimetro","Material",null,"un",2.1999999999999999E-5,"163,00","0,00"]
["Insumo","00012895/SINAPI","ORSE","Capacete de seguranca aba frontal com suspensao de polietileno, sem jugular (classe b)","Material",null,"un",1.3200000000000001E-4,"13,90","0,00"]
["Insumo",10362,"ORSE","Seguro de vida e acidente em grupo","Serviços",null,"un",9.8999999999999999E-4,"12,54","0,01"]
["Insumo",10517,"ORSE","Exames admissionais/demissionais (checkup)","Serviços",null,"cj",8.7999999999999998E-5,"300,00","0,02"]
["Insumo","00012894/SINAPI","ORSE","Capa para chuva em pvc com forro de poliester, com capuz (amarela ou azul)","Material",null,"un",4.3999999999999999E-5,"18,07","0,00"]
["Insumo",10596,"ORSE","Protetor auricular","Material",null,"un",9.8999999999999999E-4,"4,90","0,00"]
["Insumo","00002711/SINAPI","ORSE","Carrinho de mao de aco capacidade 50 a 60 l, pneu com camara","Material",null,"un",2.1999999999999999E-5,"166,00","0,00"]
["Insumo","00002436/SINAPI","ORSE","Eletricista (horista)","Mão de Obra",null,"h",0.11,"19,13","2,10"]
["Insumo",10788,"ORSE","Pá quadrada","Material",null,"un",2.1999999999999999E-5,"36,90","0,00"]
["Insumo",10492,"ORSE","Cesta Básica","Material",null,"un",9.8999999999999999E-4,"190,00","0,18"]
["Insumo",10599,"ORSE","Protetor solar fps 30 com 120ml","Material",null,"un",3.9599999999999998E-4,"18,00","0,00"]
["Insumo",2378,"ORSE","Vale transporte","Material",null,"un",1.7545000000000002E-2,"4,50","0,07"]
["Insumo",4729,"ORSE","Marreta 1 kg com cabo","Material",null,"un",1.1E-5,"37,80","0,00"]
["Insumo",10579,"ORSE","Chave de fenda chata 30 cm","Material",null,"un",2.1999999999999999E-5,"26,89","0,00"]
["Insumo",4728,"ORSE","Talhadeira chata 10\"","Material",null,"un",3.3000000000000003E-5,"18,58","0,00"]
["Insumo",12616,"ORSE","Cabo coaxial rg-6","Material",null,"m",1.02,"1,77","1,80"]
["Insumo","00012893/SINAPI","ORSE","Bota de seguranca com biqueira de aco e colarinho acolchoado","Material",null,"par",1.65E-4,"66,72","0,01"]
["Insumo",10761,"ORSE","Refeição - café da manhã ( café com leite e dois pães com manteiga)","Serviços",null,"un",2.2395999999999999E-2,"5,00","0,11"]
["Insumo","00012892/SINAPI","ORSE","Luva raspa de couro, cano curto (punho *7* cm)","Material",null,"par",5.0600000000000005E-4,"12,51","0,00"]
["Insumo",1651,"ORSE","Óculos branco proteção","Material",null,"pr",1.76E-4,"6,70","0,00"]
[{"$nulls":4},"MO sem LS =>",3.6,"LS =>",0,"MO com LS =>",3.6]
[{"$nulls":4},"Valor do BDI =>",1.35,null,"Valor com BDI =>",null,7.52]
[{"$nulls":6},"Quant. =>","1.500,00","Preço Total =>",11280]
[]
[null,"Código","Banco","Descrição","Tipo",null,"Und","Quant.","Valor Unit","Total"]
["Insumo"," COTAÇÃO - 119 ","Próprio","SISTEMA DE VDR PARA 40 CÂMERAS COM GRAVAÇÃO CONTÍNUA. CAPACIDADE DE ARMAZENAMENTO DO SISTEMA DE 30TB. FORNECIDO COM MATERIAIS E EQUIPAMENTOS COMPLEMENTARES PARA CORRETO FUNCIONAMENTO DO SISTEMA.","Material",null,"UN",1,4942.45,4942.45]
[{"$nulls":4},"MO sem LS =>",0,"LS =>",0,"MO com LS =>",0]
[{"$nulls":4},"Valor do BDI =>",null,null,"Valor com BDI =>",null,5654.65]
[{"$nulls":6},"Quant. =>","1,00","Preço Total =>",5654.65]
[]
[" 6.9.25 ","Código","Banco","Descrição","Tipo",null,"Und","Quant.","Valor Unit","Total"]
["Composição"," 13119 ","ORSE","Fornecimento e instalação de NOBREAK NHS PRIME SENOIDALl, ref. 91.C1.030004 (PRIME 3000VA com 08 baterias seladas 7AH/S.120V/C.ETH). Cor preta. Ou similar.","Fusíveis, Disjuntores e Chaves",null,"un",1,8025.73,8025.73]
[null,"Código","Banco","Descrição","Tipo",null,"Und","Quant.","Valor Unit","Total"]
["Composição",10549,"ORSE","Encargos Complementares - Servente","Provisórios",null,"h",0.75,"3,80","2,85"]
["Composição",10552,"ORSE","Encargos Complementares - Eletricista","Provisórios",null,"h",0.75,"3,66","2,74"]
["Insumo","00002436/SINAPI","ORSE","Eletricista (horista)","Mão de Obra",null,"h",0.75,"19,13","14,34"]
["Insumo",13894,"ORSE","NOBREAK NHS PRIME SENOIDALl, ref. 91.C1.030004 (PRIME 3000VA com 08 baterias seladas 7AH/S.120V/C.ETH). Cor preta.Ou similar.","Material",null,"un",1,"7.995,54","7.995,54"]
["Insumo","00006111/SINAPI","ORSE","Servente de obras (horista)","Mão de Obra",null,"h",0.75,"13,65","10,23"]
["Detalhamento de Cálculo ORSE"]
[null,"Código","Banco","Descrição","Tipo",null,"Und","Quant.","Valor Unit","Total"]
["Insumo",158,"ORSE","Almoço (Participação do empregador)","Material",null,"un",0.1527,"14,00","2,13"]
["Insumo","00012895/SINAPI","ORSE","Capacete de seguranca aba frontal com suspensao de polietileno, sem jugular (classe b)","Material",null,"un",8.9999999999999998E-4,"13,90","0,01"]
["Insumo","00012894/SINAPI","ORSE","Capa para chuva em pvc com forro de poliester, com capuz (amarela ou azul)","Material",null,"un",2.9999999999999997E-4,"18,07","0,00"]
["Insumo",941,"ORSE","Fardamento com mangas curta","Material",null,"un",2.2499999999999998E-3,"193,41","0,43"]
["Insumo",1651,"ORSE","Óculos branco proteção","Material",null,"pr",1.1999999999999999E-3,"6,70","0,00"]
["Insumo",10517,"ORSE","Exames admissionais/demissionais (checkup)","Serviços",null,"cj",5.9999999999999995E-4,"300,00","0,18"]
["Insumo",10761,"ORSE","Refeição - café da manhã ( café com leite e dois pães com manteiga)","Serviços",null,"un",0.1527,"5,00","0,76"]
["Insumo",4729,"ORSE","Marreta 1 kg com cabo","Material",null,"un",7.4999999999999993E-5,"37,80","0,00"]
["Insumo",11240,"ORSE","Alicate com isolamento","Material",null,"un",1.4999999999999999E-4,"47,69","0,00"]
["Insumo",4728,"ORSE","Talhadeira chata 10\"","Material",null,"un",2.2499999999999999E-4,"18,58","0,00"]
["Insumo",10362,"ORSE","Seguro de vida e acidente em grupo","Serviços",null,"un",6.7499999999999999E-3,"12,54","0,08"]
["Insumo","00012893/SINAPI","ORSE","Bota de seguranca com biqueira de aco e colarinho acolchoado","Material",null,"par",1.1249999999999999E-3,"66,72","0,07"]
["Insumo",13894,"ORSE","NOBREAK NHS PRIME SENOIDALl, ref. 91.C1.030004 (PRIME 3000VA com 08 baterias seladas 7AH/S.120V/C.ETH). Cor preta.Ou similar.","Material",null,"un",1,"7.995,54","7.995,54"]
["Insumo",10492,"ORSE","Cesta Básica","Material",null,"un",6.7499999999999999E-3,"190,00","1,28"]
["Insumo",10596,"ORSE","Protetor auricular","Material",null,"un",6.7499999999999999E-3,"4,90","0,03"]
["Insumo","00002711/SINAPI","ORSE","Carrinho de mao de aco capacidade 50 a 60 l, pneu com camara","Material",null,"un",1.4999999999999999E-4,"166,00","0,02"]
["Insumo",11242,"ORSE","Chave inglesa 12\"","Material",null,"un",7.4999999999999993E-5,"34,00","0,00"]
["Insumo",11241,"ORSE","Alicate volt-amperimetro","Material",null,"un",1.4999999999999999E-4,"163,00","0,02"]
["Insumo",10788,"ORSE","Pá quadrada","Material",null,"un",1.4999999999999999E-4,"36,90","0,00"]
["Insumo",10579,"ORSE","Chave de fenda chata 30 cm","Material",null,"un",1.4999999999999999E-4,"26,89","0,00"]
["Insumo","00002436/SINAPI","ORSE","Eletricista (horista)","Mão de Obra",null,"h",0.75,"19,13","14,34"]
["Insumo","00006111/SINAPI","ORSE","Servente de obras (horista)","Mão de Obra",null,"h",0.75,"13,65","10,23"]
["Insumo","00012892/SINAPI","ORSE","Luva raspa de couro, cano curto (punho *7* cm)","Material",null,"par",3.4499999999999999E-3,"12,51","0,04"]
["Insumo",2378,"ORSE","Vale transporte","Material",null,"un",0.119625,"4,50","0,53"]
["Insumo",10599,"ORSE","Protetor solar fps 30 com 120ml","Material",null,"un",2.7000000000000001E-3,"18,00","0,04"]
[{"$nulls":4},"MO sem LS =>",24.57,"LS =>",0,"MO com LS =>",24.57]
[{"$nulls":4},"Valor do BDI =>",1757.63,null,"Valor com BDI =>",null,9783.36]
[{"$nulls":6},"Quant. =>","1,00","Preço Total =>",9783.36]
[]
[" 6.9.26 ","Código","Banco","Descrição","Tipo",null,"Und","Quant.","Valor Unit","Total"]
["Composição"," 100556 ","SINAPI","CAIXA DE PASSAGEM PARA TELEFONE 15X15X10CM (SOBREPOR), FORNECIMENTO E INSTALACAO. AF_11/2019","INES - INSTALAÇÕES ESPECIAIS",null,"UN",1,41.02,41.02]
["Composição Auxiliar"," 88247 ","SINAPI","AUXILIAR DE ELETRICISTA COM ENCARGOS COMPLEMENTARES","SEDI - SERVIÇOS DIVERSOS",null,"H",0.34599999999999997,21.44,7.41]
["Composição Auxiliar"," 88264 ","SINAPI","ELETRICISTA COM ENCARGOS COMPLEMENTARES","SEDI - SERVIÇOS DIVERSOS",null,"H",0.34599999999999997,27.89,9.64]
["Insumo"," 00020254 ","SINAPI","CAIXA DE PASSAGEM METALICA, DE SOBREPOR, COM TAMPA APARAFUSADA, DIMENSOES 15 X 15 X *10* CM","Material",null,"UN",1,23.97,23.97]
[{"$nulls":4},"MO sem LS =>",13.99,"LS =>",0,"MO com LS =>",13.99]
[{"$nulls":4},"Valor do BDI =>",8.98,null,"Valor com BDI =>",null,50]
[{"$nulls":6},"Quant. =>","38,00","Preço Total =>",1900]
[]
[" 6.9.27 ","Código","Banco","Descrição","Tipo",null,"Und","Quant.","Valor Unit","Total"]
["Composição"," 98297 ","SINAPI","CABO ELETRÔNICO CATEGORIA 6, INSTALADO EM EDIFICAÇÃO INSTITUCIONAL - FORNECIMENTO E INSTALAÇÃO. AF_11/2019","INES - INSTALAÇÕES ESPECIAIS",null,"M",1,5.8,5.8]
["Composição Auxiliar"," 88264 ","SINAPI","ELETRICISTA COM ENCARGOS COMPLEMENTARES","SEDI - SERVIÇOS DIVERSOS",null,"H",4.4999999999999997E-3,27.89,0.12]
["Composição Auxiliar"," 88247 ","SINAPI","AUXILIAR DE ELETRICISTA COM ENCARGOS COMPLEMENTARES","SEDI - SERVIÇOS DIVERSOS",null,"H",4.4999999999999997E-3,21.44,0.09]
["Insumo"," 00039599 ","SINAPI","CABO DE REDE, PAR TRANCADO UTP, 4 PARES, CATEGORIA 6 (CAT 6), ISOLAMENTO PVC (LSZH)","Material",null,"M",1.05,5.33,5.59]
[{"$nulls":4},"MO sem LS =>",0.17,"LS =>",0,"MO com LS =>",0.17]
[{"$nulls":4},"Valor do BDI =>",1.27,null,"Valor com BDI =>",null,7.07]
[{"$nulls":6},"Quant. =>","9.000,00","Preço Total =>",63630]
[]
[" 6.9.28 ","Código","Banco","Descrição","Tipo",null,"Und","Quant.","Valor Unit","Total"]
["Composição"," 98307 ","SINAPI","TOMADA DE REDE RJ45 - FORNECIMENTO E INSTALAÇÃO. AF_11/2019","INES - INSTALAÇÕES ESPECIAIS",null,"UN",1,48.44,48.44]
["Composição Auxiliar"," 88247 ","SINAPI","AUXILIAR DE ELETRICISTA COM ENCARGOS COMPLEMENTARES","SEDI - SERVIÇOS DIVERSOS",null,"H",0.20619999999999999,21.44,4.42]
["Composição Auxiliar"," 88264 ","SINAPI","ELETRICISTA COM ENCARGOS COMPLEMENTARES","SEDI - SERVIÇOS DIVERSOS",null,"H",0.20619999999999999,27.89,5.75]
["Insumo"," 00038083 ","SINAPI","TOMADA RJ45, 8 FIOS, CAT 5E, CONJUNTO MONTADO PARA EMBUTIR 4\" X 2\" (PLACA + SUPORTE + MODULO)","Material",null,"UN",1,38.270000000000003,38.270000000000003]
[{"$nulls":4},"MO sem LS =>",8.33,"LS =>",0,"MO com LS =>",8.33]
[{"$nulls":4},"Valor do BDI =>",10.6,null,"Valor com BDI =>",null,59.04]
[{"$nulls":6},"Quant. =>","220,00","Preço Total =>",12988.8]
[]
[" 6.9.29 ","Código","Banco","Descrição","Tipo",null,"Und","Quant.","Valor Unit","Total"]
["Composição"," 13604 ","ORSE","Tomada lógica RJ-45, com 2 módulos - Sistema X","Tomadas para Lógica",null,"un",1,79.27,79.27]
[null,"Código","Banco","Descrição","Tipo",null,"Und","Quant.","Valor Unit","Total"]
["Insumo","00002436/SINAPI","ORSE","Eletricista (horista)","Mão de Obra",null,"h",0.7,"19,13","13,39"]
["Composição",10552,"ORSE","Encargos Complementares - Eletricista","Provisórios",null,"h",0.7,"3,66","2,56"]
["Composição",10549,"ORSE","Encargos Complementares - Servente","Provisórios",null,"h",0.7,"3,80","2,66"]
["Insumo",14378,"ORSE","Caixa para tomada lógica RJ-45, para 2 módulos - Sistema X","Material",null,"un",1,"6,30","6,30"]
["Insumo","00006111/SINAPI","ORSE","Servente de obras (horista)","Mão de Obra",null,"h",0.7,"13,65","9,55"]
["Insumo",2241,"ORSE","Tomada para lógica, sistema x, com placa","Material",null,"un",2,"22,39","44,78"]
["Detalhamento de Cálculo ORSE"]
[null,"Código","Banco","Descrição","Tipo",null,"Und","Quant.","Valor Unit","Total"]
["Insumo",11241,"ORSE","Alicate volt-amperimetro","Material",null,"un",1.3999999999999999E-4,"163,00","0,02"]
["Insumo","00012895/SINAPI","ORSE","Capacete de seguranca aba frontal com suspensao de polietileno, sem jugular (classe b)","Material",null,"un",8.4000000000000003E-4,"13,90","0,01"]
["Insumo",1651,"ORSE","Óculos branco proteção","Material",null,"pr",1.1199999999999999E-3,"6,70","0,00"]
["Insumo",158,"ORSE","Almoço (Participação do empregador)","Material",null,"un",0.14252000000000001,"14,00","1,99"]
["Insumo","00012892/SINAPI","ORSE","Luva raspa de couro, cano curto (punho *7* cm)","Material",null,"par",3.2200000000000002E-3,"12,51","0,04"]
["Insumo",10599,"ORSE","Protetor solar fps 30 com 120ml","Material",null,"un",2.5200000000000001E-3,"18,00","0,04"]
["Insumo","00012893/SINAPI","ORSE","Bota de seguranca com biqueira de aco e colarinho acolchoado","Material",null,"par",1.0499999999999999E-3,"66,72","0,07"]
["Insumo",10362,"ORSE","Seguro de vida e acidente em grupo","Serviços",null,"un",6.3E-3,"12,54","0,07"]
["Insumo",11242,"ORSE","Chave inglesa 12\"","Material",null,"un",6.9999999999999994E-5,"34,00","0,00"]
["Insumo",10492,"ORSE","Cesta Básica","Material",null,"un",6.3E-3,"190,00","1,19"]
["Insumo",10788,"ORSE","Pá quadrada","Material",null,"un",1.3999999999999999E-4,"36,90","0,00"]
["Insumo",10579,"ORSE","Chave de fenda chata 30 cm","Material",null,"un",1.3999999999999999E-4,"26,89","0,00"]
["Insumo",4728,"ORSE","Talhadeira chata 10\"","Material",null,"un",2.1000000000000001E-4,"18,58","0,00"]
["Insumo",941,"ORSE","Fardamento com mangas curta","Material",null,"un",2.0999999999999999E-3,"193,41","0,40"]
["Insumo","00002711/SINAPI","ORSE","Carrinho de mao de aco capacidade 50 a 60 l, pneu com camara","Material",null,"un",1.3999999999999999E-4,"166,00","0,02"]
["Insumo",11240,"ORSE","Alicate com isolamento","Material",null,"un",1.3999999999999999E-4,"47,69","0,00"]
["Insumo","00002436/SINAPI","ORSE","Eletricista (horista)","Mão de Obra",null,"h",0.7,"19,13","13,39"]
["Insumo",10517,"ORSE","Exames admissionais/demissionais (checkup)","Serviços",null,"cj",5.5999999999999995E-4,"300,00","0,16"]
["Insumo",2378,"ORSE","Vale transporte","Material",null,"un",0.11165,"4,50","0,50"]
["Insumo","00012894/SINAPI","ORSE","Capa para chuva em pvc com forro de poliester, com capuz (amarela ou azul)","Material",null,"un",2.7999999999999998E-4,"18,07","0,00"]
["Insumo",10761,"ORSE","Refeição - café da manhã ( café com leite e dois pães com manteiga)","Serviços",null,"un",0.14252000000000001,"5,00","0,71"]
["Insumo",4729,"ORSE","Marreta 1 kg com cabo","Material",null,"un",6.9999999999999994E-5,"37,80","0,00"]
["Insumo",14378,"ORSE","Caixa para tomada lógica RJ-45, para 2 módulos - Sistema X","Material",null,"un",1,"6,30","6,30"]
["Insumo",2241,"ORSE","Tomada para lógica, sistema x, com placa","Material",null,"un",2,"22,39","44,78"]
["Insumo","00006111/SINAPI","ORSE","Servente de obras (horista)","Mão de Obra",null,"h",0.7,"13,65","9,55"]
["Insumo",10596,"ORSE","Protetor auricular","Material",null,"un",6.3E-3,"4,90","0,03"]
[{"$nulls":4},"MO sem LS =>",22.94,"LS =>",0,"MO com LS =>",22.94]
[{"$nulls":4},"Valor do BDI =>",17.36,null,"Valor com BDI =>",null,96.63]
[{"$nulls":6},"Quant. =>","110,00","Preço Total =>",10629.3]
[]
[" 6.9.30 ","Código","Banco","Descrição","Tipo",null,"Und","Quant.","Valor Unit","Total"]
["Composição"," 98305 ","SINAPI","RACK FECHADO PARA SERVIDOR - FORNECIMENTO E INSTALAÇÃO. AF_11/2019","INES - INSTALAÇÕES ESPECIAIS",null,"UN",1,2246.5100000000002,2246.5100000000002]
["Composição Auxiliar"," 88264 ","SINAPI","ELETRICISTA COM ENCARGOS COMPLEMENTARES","SEDI - SERVIÇOS DIVERSOS",null,"H",1.0259,27.89,28.61]
["Composição Auxiliar"," 88247 ","SINAPI","AUXILIAR DE ELETRICISTA COM ENCARGOS COMPLEMENTARES","SEDI - SERVIÇOS DIVERSOS",null,"H",1.0259,21.44,21.99]
["Insumo"," 00043836 ","SINAPI","RACK DE PISO PARA SERVIDOR, FECHADO, 44U, COM PORTA, 44U X *570* MM","Material",null,"UN",1,2195.91,2195.91]
[{"$nulls":4},"MO sem LS =>",41.51,"LS =>",0,"MO com LS =>",41.51]
[{"$nulls":4},"Valor do BDI =>",491.98,null,"Valor com BDI =>",null,2738.49]
[{"$nulls":6},"Quant. =>","1,00","Preço Total =>",2738.49]
[]
[" 6.9.31 ","Código","Banco","Descrição","Tipo",null,"Und","Quant.","Valor Unit","Total"]
["Composição"," 7867 ","ORSE","Switch 24 portas 10/100 Mbps - fornecimento","Quadros de Distribuição de Telefone",null,"un",1,520,520]
[null,"Código","Banco","Descrição","Tipo",null,"Und","Quant.","Valor Unit","Total"]
["Insumo",7615,"ORSE","Switch 24 portas 10/100 Mbps","Material",null,"Un",1,"520,00","520,00"]
["Detalhamento de Cálculo ORSE"]
[null,"Código","Banco","Descrição","Tipo",null,"Und","Quant.","Valor Unit","Total"]
["Insumo",7615,"ORSE","Switch 24 portas 10/100 Mbps","Material",null,"Un",1,"520,00","520,00"]
[{"$nulls":4},"MO sem LS =>",0,"LS =>",0,"MO com LS =>",0]
[{"$nulls":4},"Valor do BDI =>",113.88,null,"Valor com BDI =>",null,633.88]
[{"$nulls":6},"Quant. =>","5,00","Preço Total =>",3169.4]
[]
[" 6.9.32 ","Código","Banco","Descrição","Tipo",null,"Und","Quant.","Valor Unit","Total"]
["Composição"," 9538 ","ORSE","Fornecimento e instalação de patch cords 110/RJ45 c/1,50m - Rev 01","Pontos de Suprimento de Lógica",null,"un",1,44,44]
[null,"Código","Banco","Descrição","Tipo",null,"Und","Quant.","Valor Unit","Total"]
["Insumo","00006111/SINAPI","ORSE","Servente de obras (horista)","Mão de Obra",null,"h",0.2,"13,65","2,72"]
["Composição",10592,"ORSE","Encargos Complementares - Cabista","Provisórios",null,"h",0.2,"3,66","0,73"]
["Insumo",9865,"ORSE","Patch cords 110/RJ45 de 1,50m","Material",null,"un",1,"36,00","36,00"]
["Insumo",49,"ORSE","Cabista para instalação telefônica","Mão de Obra",null,"h",0.2,"19,13","3,82"]
["Composição",10549,"ORSE","Encargos Complementares - Servente","Provisórios",null,"h",0.2,"3,80","0,76"]
["Detalhamento de Cálculo ORSE"]
[null,"Código","Banco","Descrição","Tipo",null,"Und","Quant.","Valor Unit","Total"]
["Insumo","00012893/SINAPI","ORSE","Bota de seguranca com biqueira de aco e colarinho acolchoado","Material",null,"par",2.9999999999999997E-4,"66,72","0,02"]
["Insumo",10788,"ORSE","Pá quadrada","Material",null,"un",4.0000000000000003E-5,"36,90","0,00"]
["Insumo",10517,"ORSE","Exames admissionais/demissionais (checkup)","Serviços",null,"cj",1.6000000000000001E-4,"300,00","0,04"]
["Insumo","00012894/SINAPI","ORSE","Capa para chuva em pvc com forro de poliester, com capuz (amarela ou azul)","Material",null,"un",8.0000000000000007E-5,"18,07","0,00"]
["Insumo",11241,"ORSE","Alicate volt-amperimetro","Material",null,"un",4.0000000000000003E-5,"163,00","0,00"]
["Insumo",11240,"ORSE","Alicate com isolamento","Material",null,"un",4.0000000000000003E-5,"47,69","0,00"]
["Insumo",158,"ORSE","Almoço (Participação do empregador)","Material",null,"un",4.0719999999999999E-2,"14,00","0,57"]
["Insumo",49,"ORSE","Cabista para instalação telefônica","Mão de Obra",null,"h",0.2,"19,13","3,82"]
["Insumo",10492,"ORSE","Cesta Básica","Material",null,"un",1.8E-3,"190,00","0,34"]
["Insumo",1651,"ORSE","Óculos branco proteção","Material",null,"pr",3.2000000000000003E-4,"6,70","0,00"]
["Insumo",4729,"ORSE","Marreta 1 kg com cabo","Material",null,"un",2.0000000000000002E-5,"37,80","0,00"]
["Insumo",10599,"ORSE","Protetor solar fps 30 com 120ml","Material",null,"un",7.2000000000000005E-4,"18,00","0,01"]
["Insumo","00006111/SINAPI","ORSE","Servente de obras (horista)","Mão de Obra",null,"h",0.2,"13,65","2,72"]
["Insumo","00012892/SINAPI","ORSE","Luva raspa de couro, cano curto (punho *7* cm)","Material",null,"par",9.2000000000000003E-4,"12,51","0,01"]
["Insumo",10579,"ORSE","Chave de fenda chata 30 cm","Material",null,"un",4.0000000000000003E-5,"26,89","0,00"]
["Insumo","00012895/SINAPI","ORSE","Capacete de seguranca aba frontal com suspensao de polietileno, sem jugular (classe b)","Material",null,"un",2.4000000000000001E-4,"13,90","0,00"]
["Insumo","00002711/SINAPI","ORSE","Carrinho de mao de aco capacidade 50 a 60 l, pneu com camara","Material",null,"un",4.0000000000000003E-5,"166,00","0,00"]
["Insumo",941,"ORSE","Fardamento com mangas curta","Material",null,"un",5.9999999999999995E-4,"193,41","0,11"]
["Insumo",11242,"ORSE","Chave inglesa 12\"","Material",null,"un",2.0000000000000002E-5,"34,00","0,00"]
["Insumo",10596,"ORSE","Protetor auricular","Material",null,"un",1.8E-3,"4,90","0,00"]
["Insumo",9865,"ORSE","Patch cords 110/RJ45 de 1,50m","Material",null,"un",1,"36,00","36,00"]
["Insumo",10362,"ORSE","Seguro de vida e acidente em grupo","Serviços",null,"un",1.8E-3,"12,54","0,02"]
["Insumo",10761,"ORSE","Refeição - café da manhã ( café com leite e dois pães com manteiga)","Serviços",null,"un",4.0719999999999999E-2,"5,00","0,20"]
["Insumo",2378,"ORSE","Vale transporte","Material",null,"un",3.1899999999999998E-2,"4,50","0,14"]
["Insumo",4728,"ORSE","Talhadeira chata 10\"","Material",null,"un",6.0000000000000002E-5,"18,58","0,00"]
[{"$nulls":4},"MO sem LS =>",6.54,"LS =>",0,"MO com LS =>",6.54]
[{"$nulls":4},"Valor do BDI =>",9.6300000000000008,null,"Valor com BDI =>",null,53.63]
[{"$nulls":6},"Quant. =>","10,00","Preço Total =>",536.29999999999995]
[]
[" 6.9.33 ","Código","Banco","Descrição","Tipo",null,"Und","Quant.","Valor Unit","Total"]
["Composição"," 8684 ","ORSE","Fornecimento e instalação de eletrocalha perfurada 100 x   100 x 3000 mm (ref. mopa ou similar)","Pontos de Suprimento de Lógica",null,"un",1,102.48,102.48]
[null,"Código","Banco","Descrição","Tipo",null,"Und","Quant.","Valor Unit","Total"]
["Insumo","00002436/SINAPI","ORSE","Eletricista (horista)","Mão de Obra",null,"h",0.6,"19,13","11,47"]
["Composição",10552,"ORSE","Encargos Complementares - Eletricista","Provisórios",null,"h",0.6,"3,66","2,19"]
["Composição",10549,"ORSE","Encargos Complementares - Servente","Provisórios",null,"h",0.6,"3,80","2,28"]
["Insumo","00006111/SINAPI","ORSE","Servente de obras (horista)","Mão de Obra",null,"h",0.6,"13,65","8,18"]
["Insumo",3633,"ORSE","Eletrocalha metálica perfurada 100 x 100 x 3000mm, peso, 2,20Kg/m,  (ref.: mopa ou similar)","Material",null,"un",1,"78,35","78,35"]
["Detalhamento de Cálculo ORSE"]
[null,"Código","Banco","Descrição","Tipo",null,"Und","Quant.","Valor Unit","Total"]
["Insumo","00002436/SINAPI","ORSE","Eletricista (horista)","Mão de Obra",null,"h",0.6,"19,13","11,47"]
["Insumo",10596,"ORSE","Protetor auricular","Material",null,"un",5.4000000000000003E-3,"4,90","0,02"]
["Insumo",10362,"ORSE","Seguro de vida e acidente em grupo","Serviços",null,"un",5.4000000000000003E-3,"12,54","0,06"]
["Insumo",3633,"ORSE","Eletrocalha metálica perfurada 100 x 100 x 3000mm, peso, 2,20Kg/m,  (ref.: mopa ou similar)","Material",null,"un",1,"78,35","78,35"]
["Insumo",4729,"ORSE","Marreta 1 kg com cabo","Material",null,"un",6.0000000000000002E-5,"37,80","0,00"]
["Insumo","00002711/SINAPI","ORSE","Carrinho de mao de aco capacidade 50 a 60 l, pneu com camara","Material",null,"un",1.2E-4,"166,00","0,01"]
["Insumo","00012892/SINAPI","ORSE","Luva raspa de couro, cano curto (punho *7* cm)","Material",null,"par",2.7599999999999999E-3,"12,51","0,03"]
["Insumo",11240,"ORSE","Alicate com isolamento","Material",null,"un",1.2E-4,"47,69","0,00"]
["Insumo","00006111/SINAPI","ORSE","Servente de obras (horista)","Mão de Obra",null,"h",0.6,"13,65","8,18"]
["Insumo","00012894/SINAPI","ORSE","Capa para chuva em pvc com forro de poliester, com capuz (amarela ou azul)","Material",null,"un",2.4000000000000001E-4,"18,07","0,00"]
["Insumo",10579,"ORSE","Chave de fenda chata 30 cm","Material",null,"un",1.2E-4,"26,89","0,00"]
["Insumo",11241,"ORSE","Alicate volt-amperimetro","Material",null,"un",1.2E-4,"163,00","0,01"]
["Insumo",1651,"ORSE","Óculos branco proteção","Material",null,"pr",9.6000000000000002E-4,"6,70","0,00"]
["Insumo","00012895/SINAPI","ORSE","Capacete de seguranca aba frontal com suspensao de polietileno, sem jugular (classe b)","Material",null,"un",7.2000000000000005E-4,"13,90","0,01"]
["Insumo",2378,"ORSE","Vale transporte","Material",null,"un",9.5699999999999993E-2,"4,50","0,43"]
["Insumo",10788,"ORSE","Pá quadrada","Material",null,"un",1.2E-4,"36,90","0,00"]
["Insumo","00012893/SINAPI","ORSE","Bota de seguranca com biqueira de aco e colarinho acolchoado","Material",null,"par",8.9999999999999998E-4,"66,72","0,06"]
["Insumo",941,"ORSE","Fardamento com mangas curta","Material",null,"un",1.8E-3,"193,41","0,34"]
["Insumo",10599,"ORSE","Protetor solar fps 30 com 120ml","Material",null,"un",2.16E-3,"18,00","0,03"]
["Insumo",158,"ORSE","Almoço (Participação do empregador)","Material",null,"un",0.12216,"14,00","1,71"]
["Insumo",10517,"ORSE","Exames admissionais/demissionais (checkup)","Serviços",null,"cj",4.8000000000000001E-4,"300,00","0,14"]
["Insumo",4728,"ORSE","Talhadeira chata 10\"","Material",null,"un",1.8000000000000001E-4,"18,58","0,00"]
["Insumo",10761,"ORSE","Refeição - café da manhã ( café com leite e dois pães com manteiga)","Serviços",null,"un",0.12216,"5,00","0,61"]
["Insumo",10492,"ORSE","Cesta Básica","Material",null,"un",5.4000000000000003E-3,"190,00","1,02"]
["Insumo",11242,"ORSE","Chave inglesa 12\"","Material",null,"un",6.0000000000000002E-5,"34,00","0,00"]
[{"$nulls":4},"MO sem LS =>",19.649999999999999,"LS =>",0,"MO com LS =>",19.649999999999999]
[{"$nulls":4},"Valor do BDI =>",22.44,null,"Valor com BDI =>",null,124.92]
[{"$nulls":6},"Quant. =>","140,00","Preço Total =>",17488.8]
[]
[" 6.9.34 ","Código","Banco","Descrição","Tipo",null,"Und","Quant.","Valor Unit","Total"]
["Composição"," 12615 ","ORSE","Curva horizontal 100 x 100 mm, lisa, zincada, para eletrocalha metálica, com ângulo 90°, (ref.: mopa ou similar)","Pontos de Suprimento de Energia para Computador",null,"un",1,40.69,40.69]
[null,"Código","Banco","Descrição","Tipo",null,"Und","Quant.","Valor Unit","Total"]
["Insumo",13415,"ORSE","Curva horizontal 100 x 100 mm, lisa, zincada, para eletrocalha metálica, com ângulo 90°, (ref.: mopa ou similar)","Material",null,"un",1,"32,69","32,69"]
["Composição",10552,"ORSE","Encargos Complementares - Eletricista","Provisórios",null,"h",0.2,"3,66","0,73"]
["Composição",10549,"ORSE","Encargos Complementares - Servente","Provisórios",null,"h",0.2,"3,80","0,76"]
["Insumo","00002436/SINAPI","ORSE","Eletricista (horista)","Mão de Obra",null,"h",0.2,"19,13","3,82"]
["Insumo","00006111/SINAPI","ORSE","Servente de obras (horista)","Mão de Obra",null,"h",0.2,"13,65","2,72"]
["Detalhamento de Cálculo ORSE"]
[null,"Código","Banco","Descrição","Tipo",null,"Und","Quant.","Valor Unit","Total"]
["Insumo",10492,"ORSE","Cesta Básica","Material",null,"un",1.8E-3,"190,00","0,34"]
["Insumo",1651,"ORSE","Óculos branco proteção","Material",null,"pr",3.2000000000000003E-4,"6,70","0,00"]
["Insumo","00006111/SINAPI","ORSE","Servente de obras (horista)","Mão de Obra",null,"h",0.2,"13,65","2,72"]
["Insumo",10579,"ORSE","Chave de fenda chata 30 cm","Material",null,"un",4.0000000000000003E-5,"26,89","0,00"]
["Insumo",10362,"ORSE","Seguro de vida e acidente em grupo","Serviços",null,"un",1.8E-3,"12,54","0,02"]
["Insumo",10599,"ORSE","Protetor solar fps 30 com 120ml","Material",null,"un",7.2000000000000005E-4,"18,00","0,01"]
["Insumo",4729,"ORSE","Marreta 1 kg com cabo","Material",null,"un",2.0000000000000002E-5,"37,80","0,00"]
["Insumo",10788,"ORSE","Pá quadrada","Material",null,"un",4.0000000000000003E-5,"36,90","0,00"]
["Insumo","00012895/SINAPI","ORSE","Capacete de seguranca aba frontal com suspensao de polietileno, sem jugular (classe b)","Material",null,"un",2.4000000000000001E-4,"13,90","0,00"]
["Insumo",2378,"ORSE","Vale transporte","Material",null,"un",3.1899999999999998E-2,"4,50","0,14"]
["Insumo","00002711/SINAPI","ORSE","Carrinho de mao de aco capacidade 50 a 60 l, pneu com camara","Material",null,"un",4.0000000000000003E-5,"166,00","0,00"]
["Insumo",158,"ORSE","Almoço (Participação do empregador)","Material",null,"un",4.0719999999999999E-2,"14,00","0,57"]
["Insumo","00012894/SINAPI","ORSE","Capa para chuva em pvc com forro de poliester, com capuz (amarela ou azul)","Material",null,"un",8.0000000000000007E-5,"18,07","0,00"]
["Insumo",4728,"ORSE","Talhadeira chata 10\"","Material",null,"un",6.0000000000000002E-5,"18,58","0,00"]
["Insumo",11242,"ORSE","Chave inglesa 12\"","Material",null,"un",2.0000000000000002E-5,"34,00","0,00"]
["Insumo",941,"ORSE","Fardamento com mangas curta","Material",null,"un",5.9999999999999995E-4,"193,41","0,11"]
["Insumo",13415,"ORSE","Curva horizontal 100 x 100 mm, lisa, zincada, para eletrocalha metálica, com ângulo 90°, (ref.: mopa ou similar)","Material",null,"un",1,"32,69","32,69"]
["Insumo","00012893/SINAPI","ORSE","Bota de seguranca com biqueira de aco e colarinho acolchoado","Material",null,"par",2.9999999999999997E-4,"66,72","0,02"]
["Insumo",10596,"ORSE","Protetor auricular","Material",null,"un",1.8E-3,"4,90","0,00"]
["Insumo",11240,"ORSE","Alicate com isolamento","Material",null,"un",4.0000000000000003E-5,"47,69","0,00"]
["Insumo",11241,"ORSE","Alicate volt-amperimetro","Material",null,"un",4.0000000000000003E-5,"163,00","0,00"]
["Insumo","00012892/SINAPI","ORSE","Luva raspa de couro, cano curto (punho *7* cm)","Material",null,"par",9.2000000000000003E-4,"12,51","0,01"]
["Insumo",10761,"ORSE","Refeição - café da manhã ( café com leite e dois pães com manteiga)","Serviços",null,"un",4.0719999999999999E-2,"5,00","0,20"]
["Insumo","00002436/SINAPI","ORSE","Eletricista (horista)","Mão de Obra",null,"h",0.2,"19,13","3,82"]
["Insumo",10517,"ORSE","Exames admissionais/demissionais (checkup)","Serviços",null,"cj",1.6000000000000001E-4,"300,00","0,04"]
[{"$nulls":4},"MO sem LS =>",6.54,"LS =>",0,"MO com LS =>",6.54]
[{"$nulls":4},"Valor do BDI =>",8.91,null,"Valor com BDI =>",null,49.6]
[{"$nulls":6},"Quant. =>","8,00","Preço Total =>",396.8]
[]
[" 6.9.35 ","Código","Banco","Descrição","Tipo",null,"Und","Quant.","Valor Unit","Total"]
["Composição"," 8687 ","ORSE","Tê horizontal 100 x 100 mm para eletrocalha metálica (ref. Mopa ou similar)","Pontos de Suprimento de Energia para Computador",null,"un",1,33.700000000000003,33.700000000000003]
[null,"Código","Banco","Descrição","Tipo",null,"Und","Quant.","Valor Unit","Total"]
["Insumo",4096,"ORSE","Tê horizontal 100 x 100mm para eletrocalha metálica (ref. Mopa ou similar)","Material",null,"un",1,"25,70","25,70"]
["Composição",10552,"ORSE","Encargos Complementares - Eletricista","Provisórios",null,"h",0.2,"3,66","0,73"]
["Insumo","00002436/SINAPI","ORSE","Eletricista (horista)","Mão de Obra",null,"h",0.2,"19,13","3,82"]
["Composição",10549,"ORSE","Encargos Complementares - Servente","Provisórios",null,"h",0.2,"3,80","0,76"]
["Insumo","00006111/SINAPI","ORSE","Servente de obras (horista)","Mão de Obra",null,"h",0.2,"13,65","2,72"]
["Detalhamento de Cálculo ORSE"]
[null,"Código","Banco","Descrição","Tipo",null,"Und","Quant.","Valor Unit","Total"]
["Insumo",10517,"ORSE","Exames admissionais/demissionais (checkup)","Serviços",null,"cj",1.6000000000000001E-4,"300,00","0,04"]
["Insumo",10596,"ORSE","Protetor auricular","Material",null,"un",1.8E-3,"4,90","0,00"]
["Insumo",11242,"ORSE","Chave inglesa 12\"","Material",null,"un",2.0000000000000002E-5,"34,00","0,00"]
["Insumo","00006111/SINAPI","ORSE","Servente de obras (horista)","Mão de Obra",null,"h",0.2,"13,65","2,72"]
["Insumo",10362,"ORSE","Seguro de vida e acidente em grupo","Serviços",null,"un",1.8E-3,"12,54","0,02"]
["Insumo","00012893/SINAPI","ORSE","Bota de seguranca com biqueira de aco e colarinho acolchoado","Material",null,"par",2.9999999999999997E-4,"66,72","0,02"]
["Insumo","00012894/SINAPI","ORSE","Capa para chuva em pvc com forro de poliester, com capuz (amarela ou azul)","Material",null,"un",8.0000000000000007E-5,"18,07","0,00"]
["Insumo",10761,"ORSE","Refeição - café da manhã ( café com leite e dois pães com manteiga)","Serviços",null,"un",4.0719999999999999E-2,"5,00","0,20"]
["Insumo",2378,"ORSE","Vale transporte","Material",null,"un",3.1899999999999998E-2,"4,50","0,14"]
["Insumo",10579,"ORSE","Chave de fenda chata 30 cm","Material",null,"un",4.0000000000000003E-5,"26,89","0,00"]
["Insumo",10492,"ORSE","Cesta Básica","Material",null,"un",1.8E-3,"190,00","0,34"]
["Insumo",4096,"ORSE","Tê horizontal 100 x 100mm para eletrocalha metálica (ref. Mopa ou similar)","Material",null,"un",1,"25,70","25,70"]
["Insumo","00002711/SINAPI","ORSE","Carrinho de mao de aco capacidade 50 a 60 l, pneu com camara","Material",null,"un",4.0000000000000003E-5,"166,00","0,00"]
["Insumo",1651,"ORSE","Óculos branco proteção","Material",null,"pr",3.2000000000000003E-4,"6,70","0,00"]
["Insumo","00012892/SINAPI","ORSE","Luva raspa de couro, cano curto (punho *7* cm)","Material",null,"par",9.2000000000000003E-4,"12,51","0,01"]
["Insumo",10788,"ORSE","Pá quadrada","Material",null,"un",4.0000000000000003E-5,"36,90","0,00"]
["Insumo",941,"ORSE","Fardamento com mangas curta","Material",null,"un",5.9999999999999995E-4,"193,41","0,11"]
["Insumo",10599,"ORSE","Protetor solar fps 30 com 120ml","Material",null,"un",7.2000000000000005E-4,"18,00","0,01"]
["Insumo",11241,"ORSE","Alicate volt-amperimetro","Material",null,"un",4.0000000000000003E-5,"163,00","0,00"]
["Insumo",158,"ORSE","Almoço (Participação do empregador)","Material",null,"un",4.0719999999999999E-2,"14,00","0,57"]
["Insumo",11240,"ORSE","Alicate com isolamento","Material",null,"un",4.0000000000000003E-5,"47,69","0,00"]
["Insumo","00002436/SINAPI","ORSE","Eletricista (horista)","Mão de Obra",null,"h",0.2,"19,13","3,82"]
["Insumo","00012895/SINAPI","ORSE","Capacete de seguranca aba frontal com suspensao de polietileno, sem jugular (classe b)","Material",null,"un",2.4000000000000001E-4,"13,90","0,00"]
["Insumo",4728,"ORSE","Talhadeira chata 10\"","Material",null,"un",6.0000000000000002E-5,"18,58","0,00"]
["Insumo",4729,"ORSE","Marreta 1 kg com cabo","Material",null,"un",2.0000000000000002E-5,"37,80","0,00"]
[{"$nulls":4},"MO sem LS =>",6.54,"LS =>",0,"MO com LS =>",6.54]
[{"$nulls":4},"Valor do BDI =>",7.38,null,"Valor com BDI =>",null,41.08]
[{"$nulls":6},"Quant. =>","4,00","Preço Total =>",164.32]
[]
[" 6.9.36 ","Código","Banco","Descrição","Tipo",null,"Und","Quant.","Valor Unit","Total"]
["Composição"," 12528 ","ORSE","Tê vertical descida lateral 100 x 75 mm, liso, zincado, para eletrocalha metálica (ref.: mopa ou similar)","Pontos de Suprimento de Energia para Computador",null,"un",1,53.53,53.53]
[null,"Código","Banco","Descrição","Tipo",null,"Und","Quant.","Valor Unit","Total"]
["Composição",10549,"ORSE","Encargos Complementares - Servente","Provisórios",null,"h",0.2,"3,80","0,76"]
["Insumo",13346,"ORSE","Tê vertical descida lateral 100 x 75 mm, liso, zincado, para eletrocalha metálica (ref.: mopa ou similar)","Material",null,"un",1,"45,53","45,53"]
["Composição",10552,"ORSE","Encargos Complementares - Eletricista","Provisórios",null,"h",0.2,"3,66","0,73"]
["Insumo","00002436/SINAPI","ORSE","Eletricista (horista)","Mão de Obra",null,"h",0.2,"19,13","3,82"]
["Insumo","00006111/SINAPI","ORSE","Servente de obras (horista)","Mão de Obra",null,"h",0.2,"13,65","2,72"]
["Detalhamento de Cálculo ORSE"]
[null,"Código","Banco","Descrição","Tipo",null,"Und","Quant.","Valor Unit","Total"]
["Insumo","00012895/SINAPI","ORSE","Capacete de seguranca aba frontal com suspensao de polietileno, sem jugular (classe b)","Material",null,"un",2.4000000000000001E-4,"13,90","0,00"]
["Insumo",11241,"ORSE","Alicate volt-amperimetro","Material",null,"un",4.0000000000000003E-5,"163,00","0,00"]
["Insumo",13346,"ORSE","Tê vertical descida lateral 100 x 75 mm, liso, zincado, para eletrocalha metálica (ref.: mopa ou similar)","Material",null,"un",1,"45,53","45,53"]
["Insumo",1651,"ORSE","Óculos branco proteção","Material",null,"pr",3.2000000000000003E-4,"6,70","0,00"]
["Insumo","00012892/SINAPI","ORSE","Luva raspa de couro, cano curto (punho *7* cm)","Material",null,"par",9.2000000000000003E-4,"12,51","0,01"]
["Insumo",10517,"ORSE","Exames admissionais/demissionais (checkup)","Serviços",null,"cj",1.6000000000000001E-4,"300,00","0,04"]
["Insumo",11240,"ORSE","Alicate com isolamento","Material",null,"un",4.0000000000000003E-5,"47,69","0,00"]
["Insumo",158,"ORSE","Almoço (Participação do empregador)","Material",null,"un",4.0719999999999999E-2,"14,00","0,57"]
["Insumo",10596,"ORSE","Protetor auricular","Material",null,"un",1.8E-3,"4,90","0,00"]
["Insumo","00002436/SINAPI","ORSE","Eletricista (horista)","Mão de Obra",null,"h",0.2,"19,13","3,82"]
["Insumo",4729,"ORSE","Marreta 1 kg com cabo","Material",null,"un",2.0000000000000002E-5,"37,80","0,00"]
["Insumo",941,"ORSE","Fardamento com mangas curta","Material",null,"un",5.9999999999999995E-4,"193,41","0,11"]
["Insumo","00002711/SINAPI","ORSE","Carrinho de mao de aco capacidade 50 a 60 l, pneu com camara","Material",null,"un",4.0000000000000003E-5,"166,00","0,00"]
["Insumo",10599,"ORSE","Protetor solar fps 30 com 120ml","Material",null,"un",7.2000000000000005E-4,"18,00","0,01"]
["Insumo",4728,"ORSE","Talhadeira chata 10\"","Material",null,"un",6.0000000000000002E-5,"18,58","0,00"]
["Insumo",10761,"ORSE","Refeição - café da manhã ( café com leite e dois pães com manteiga)","Serviços",null,"un",4.0719999999999999E-2,"5,00","0,20"]
["Insumo",11242,"ORSE","Chave inglesa 12\"","Material",null,"un",2.0000000000000002E-5,"34,00","0,00"]
["Insumo",10788,"ORSE","Pá quadrada","Material",null,"un",4.0000000000000003E-5,"36,90","0,00"]
["Insumo",2378,"ORSE","Vale transporte","Material",null,"un",3.1899999999999998E-2,"4,50","0,14"]
["Insumo",10362,"ORSE","Seguro de vida e acidente em grupo","Serviços",null,"un",1.8E-3,"12,54","0,02"]
["Insumo",10492,"ORSE","Cesta Básica","Material",null,"un",1.8E-3,"190,00","0,34"]
["Insumo","00012894/SINAPI","ORSE","Capa para chuva em pvc com forro de poliester, com capuz (amarela ou azul)","Material",null,"un",8.0000000000000007E-5,"18,07","0,00"]
["Insumo","00006111/SINAPI","ORSE","Servente de obras (horista)","Mão de Obra",null,"h",0.2,"13,65","2,72"]
["Insumo",10579,"ORSE","Chave de fenda chata 30 cm","Material",null,"un",4.0000000000000003E-5,"26,89","0,00"]
["Insumo","00012893/SINAPI","ORSE","Bota de seguranca com biqueira de aco e colarinho acolchoado","Material",null,"par",2.9999999999999997E-4,"66,72","0,02"]
[{"$nulls":4},"MO sem LS =>",6.54,"LS =>",0,"MO com LS =>",6.54]
[{"$nulls":4},"Valor do BDI =>",11.72,null,"Valor com BDI =>",null,65.25]
[{"$nulls":6},"Quant. =>","2,00","Preço Total =>",130.5]
[]
[" 6.9.37 ","Código","Banco","Descrição","Tipo",null,"Und","Quant.","Valor Unit","Total"]
["Composição"," 12531 ","ORSE","Tê vertical  de subida 100 x 75 mm, liso, zincada, para eletrocalha metálica (ref. Mopa ou similar)","Pontos de Suprimento de Energia para Computador",null,"un",1,59.1,59.1]
[null,"Código","Banco","Descrição","Tipo",null,"Und","Quant.","Valor Unit","Total"]
["Insumo","00006111/SINAPI","ORSE","Servente de obras (horista)","Mão de Obra",null,"h",0.2,"13,65","2,72"]
["Composição",10549,"ORSE","Encargos Complementares - Servente","Provisórios",null,"h",0.2,"3,80","0,76"]
["Insumo",13349,"ORSE","Tê vertical  de subida 100 x 75 mm, liso, zincada, para eletrocalha metálica (ref. Mopa ou similar)","Material",null,"un",1,"51,10","51,10"]
["Composição",10552,"ORSE","Encargos Complementares - Eletricista","Provisórios",null,"h",0.2,"3,66","0,73"]
["Insumo","00002436/SINAPI","ORSE","Eletricista (horista)","Mão de Obra",null,"h",0.2,"19,13","3,82"]
["Detalhamento de Cálculo ORSE"]
[null,"Código","Banco","Descrição","Tipo",null,"Und","Quant.","Valor Unit","Total"]
["Insumo",11242,"ORSE","Chave inglesa 12\"","Material",null,"un",2.0000000000000002E-5,"34,00","0,00"]
["Insumo","00002711/SINAPI","ORSE","Carrinho de mao de aco capacidade 50 a 60 l, pneu com camara","Material",null,"un",4.0000000000000003E-5,"166,00","0,00"]
["Insumo",2378,"ORSE","Vale transporte","Material",null,"un",3.1899999999999998E-2,"4,50","0,14"]
["Insumo",941,"ORSE","Fardamento com mangas curta","Material",null,"un",5.9999999999999995E-4,"193,41","0,11"]
["Insumo",10596,"ORSE","Protetor auricular","Material",null,"un",1.8E-3,"4,90","0,00"]
["Insumo",10579,"ORSE","Chave de fenda chata 30 cm","Material",null,"un",4.0000000000000003E-5,"26,89","0,00"]
["Insumo",10761,"ORSE","Refeição - café da manhã ( café com leite e dois pães com manteiga)","Serviços",null,"un",4.0719999999999999E-2,"5,00","0,20"]
["Insumo","00012893/SINAPI","ORSE","Bota de seguranca com biqueira de aco e colarinho acolchoado","Material",null,"par",2.9999999999999997E-4,"66,72","0,02"]
["Insumo",1651,"ORSE","Óculos branco proteção","Material",null,"pr",3.2000000000000003E-4,"6,70","0,00"]
["Insumo","00002436/SINAPI","ORSE","Eletricista (horista)","Mão de Obra",null,"h",0.2,"19,13","3,82"]
["Insumo",10517,"ORSE","Exames admissionais/demissionais (checkup)","Serviços",null,"cj",1.6000000000000001E-4,"300,00","0,04"]
["Insumo","00006111/SINAPI","ORSE","Servente de obras (horista)","Mão de Obra",null,"h",0.2,"13,65","2,72"]
["Insumo","00012895/SINAPI","ORSE","Capacete de seguranca aba frontal com suspensao de polietileno, sem jugular (classe b)","Material",null,"un",2.4000000000000001E-4,"13,90","0,00"]
["Insumo",4728,"ORSE","Talhadeira chata 10\"","Material",null,"un",6.0000000000000002E-5,"18,58","0,00"]
["Insumo",4729,"ORSE","Marreta 1 kg com cabo","Material",null,"un",2.0000000000000002E-5,"37,80","0,00"]
["Insumo",158,"ORSE","Almoço (Participação do empregador)","Material",null,"un",4.0719999999999999E-2,"14,00","0,57"]
["Insumo",10599,"ORSE","Protetor solar fps 30 com 120ml","Material",null,"un",7.2000000000000005E-4,"18,00","0,01"]
["Insumo",10788,"ORSE","Pá quadrada","Material",null,"un",4.0000000000000003E-5,"36,90","0,00"]
["Insumo",11241,"ORSE","Alicate volt-amperimetro","Material",null,"un",4.0000000000000003E-5,"163,00","0,00"]
["Insumo",10362,"ORSE","Seguro de vida e acidente em grupo","Serviços",null,"un",1.8E-3,"12,54","0,02"]
["Insumo",10492,"ORSE","Cesta Básica","Material",null,"un",1.8E-3,"190,00","0,34"]
["Insumo",13349,"ORSE","Tê vertical  de subida 100 x 75 mm, liso, zincada, para eletrocalha metálica (ref. Mopa ou similar)","Material",null,"un",1,"51,10","51,10"]
["Insumo",11240,"ORSE","Alicate com isolamento","Material",null,"un",4.0000000000000003E-5,"47,69","0,00"]
["Insumo","00012894/SINAPI","ORSE","Capa para chuva em pvc com forro de poliester, com capuz (amarela ou azul)","Material",null,"un",8.0000000000000007E-5,"18,07","0,00"]
["Insumo","00012892/SINAPI","ORSE","Luva raspa de couro, cano curto (punho *7* cm)","Material",null,"par",9.2000000000000003E-4,"12,51","0,01"]
[{"$nulls":4},"MO sem LS =>",6.54,"LS =>",0,"MO com LS =>",6.54]
[{"$nulls":4},"Valor do BDI =>",12.94,null,"Valor com BDI =>",null,72.040000000000006]
[{"$nulls":6},"Quant. =>","1,00","Preço Total =>",72.040000000000006]
[]
[" 6.9.38 ","Código","Banco","Descrição","Tipo",null,"Und","Quant.","Valor Unit","Total"]
["Composição"," 12489 ","ORSE","Fornecimento e instalação de saída horizontal para eletroduto 4\" (ref. mopa ou similar)","Pontos de Suprimento de Lógica",null,"un",1,31.87,31.87]
[null,"Código","Banco","Descrição","Tipo",null,"Und","Quant.","Valor Unit","Total"]
["Composição",10549,"ORSE","Encargos Complementares - Servente","Provisórios",null,"h",0.15,"3,80","0,57"]
["Insumo",13317,"ORSE","Saída horizontal para eletroduto 4\" (ref. mopa ou similar)","Material",null,"un",1,"25,92","25,92"]
["Insumo","00006111/SINAPI","ORSE","Servente de obras (horista)","Mão de Obra",null,"h",0.15,"13,65","2,04"]
["Composição",10592,"ORSE","Encargos Complementares - Cabista","Provisórios",null,"h",0.15,"3,66","0,54"]
["Insumo","00002436/SINAPI","ORSE","Eletricista (horista)","Mão de Obra",null,"h",0.15,"19,13","2,86"]
["Detalhamento de Cálculo ORSE"]
[null,"Código","Banco","Descrição","Tipo",null,"Und","Quant.","Valor Unit","Total"]
["Insumo","00012894/SINAPI","ORSE","Capa para chuva em pvc com forro de poliester, com capuz (amarela ou azul)","Material",null,"un",6.0000000000000002E-5,"18,07","0,00"]
["Insumo","00002711/SINAPI","ORSE","Carrinho de mao de aco capacidade 50 a 60 l, pneu com camara","Material",null,"un",3.0000000000000001E-5,"166,00","0,00"]
["Insumo",13317,"ORSE","Saída horizontal para eletroduto 4\" (ref. mopa ou similar)","Material",null,"un",1,"25,92","25,92"]
["Insumo",10761,"ORSE","Refeição - café da manhã ( café com leite e dois pães com manteiga)","Serviços",null,"un",3.0540000000000001E-2,"5,00","0,15"]
["Insumo",1651,"ORSE","Óculos branco proteção","Material",null,"pr",2.4000000000000001E-4,"6,70","0,00"]
["Insumo",10579,"ORSE","Chave de fenda chata 30 cm","Material",null,"un",3.0000000000000001E-5,"26,89","0,00"]
["Insumo",4728,"ORSE","Talhadeira chata 10\"","Material",null,"un",4.5000000000000003E-5,"18,58","0,00"]
["Insumo",10492,"ORSE","Cesta Básica","Material",null,"un",1.3500000000000001E-3,"190,00","0,25"]
["Insumo",11240,"ORSE","Alicate com isolamento","Material",null,"un",3.0000000000000001E-5,"47,69","0,00"]
["Insumo",10517,"ORSE","Exames admissionais/demissionais (checkup)","Serviços",null,"cj",1.2E-4,"300,00","0,03"]
["Insumo","00006111/SINAPI","ORSE","Servente de obras (horista)","Mão de Obra",null,"h",0.15,"13,65","2,04"]
["Insumo",10788,"ORSE","Pá quadrada","Material",null,"un",3.0000000000000001E-5,"36,90","0,00"]
["Insumo",941,"ORSE","Fardamento com mangas curta","Material",null,"un",4.4999999999999999E-4,"193,41","0,08"]
["Insumo",10596,"ORSE","Protetor auricular","Material",null,"un",1.3500000000000001E-3,"4,90","0,00"]
["Insumo","00012895/SINAPI","ORSE","Capacete de seguranca aba frontal com suspensao de polietileno, sem jugular (classe b)","Material",null,"un",1.8000000000000001E-4,"13,90","0,00"]
["Insumo",10599,"ORSE","Protetor solar fps 30 com 120ml","Material",null,"un",5.4000000000000001E-4,"18,00","0,00"]
["Insumo",2378,"ORSE","Vale transporte","Material",null,"un",2.3924999999999998E-2,"4,50","0,10"]
["Insumo","00012893/SINAPI","ORSE","Bota de seguranca com biqueira de aco e colarinho acolchoado","Material",null,"par",2.2499999999999999E-4,"66,72","0,01"]
["Insumo",10362,"ORSE","Seguro de vida e acidente em grupo","Serviços",null,"un",1.3500000000000001E-3,"12,54","0,01"]
["Insumo","00012892/SINAPI","ORSE","Luva raspa de couro, cano curto (punho *7* cm)","Material",null,"par",6.8999999999999997E-4,"12,51","0,00"]
["Insumo",11241,"ORSE","Alicate volt-amperimetro","Material",null,"un",3.0000000000000001E-5,"163,00","0,00"]
["Insumo",158,"ORSE","Almoço (Participação do empregador)","Material",null,"un",3.0540000000000001E-2,"14,00","0,42"]
["Insumo","00002436/SINAPI","ORSE","Eletricista (horista)","Mão de Obra",null,"h",0.15,"19,13","2,86"]
["Insumo",11242,"ORSE","Chave inglesa 12\"","Material",null,"un",1.5E-5,"34,00","0,00"]
["Insumo",4729,"ORSE","Marreta 1 kg com cabo","Material",null,"un",1.5E-5,"37,80","0,00"]
[{"$nulls":4},"MO sem LS =>",4.9000000000000004,"LS =>",0,"MO com LS =>",4.9000000000000004]
[{"$nulls":4},"Valor do BDI =>",6.97,null,"Valor com BDI =>",null,38.840000000000003]
[{"$nulls":6},"Quant. =>","110,00","Preço Total =>",4272.3999999999996]
[]
[" 6.9.39 ","Código","Banco","Descrição","Tipo",null,"Und","Quant.","Valor Unit","Total"]
["Composição"," 9519 ","ORSE","Tala plana perfurada 100mm para eletrocalha metálica (ref.: mopa ou similar) - Rev 01","Pontos de Suprimento de Energia para Computador",null,"un",1,8.7799999999999994,8.7799999999999994]
[null,"Código","Banco","Descrição","Tipo",null,"Und","Quant.","Valor Unit","Total"]
["Insumo","00002436/SINAPI","ORSE","Eletricista (horista)","Mão de Obra",null,"h",0.1,"19,13","1,91"]
["Composição",10549,"ORSE","Encargos Complementares - Servente","Provisórios",null,"h",0.1,"3,80","0,38"]
["Insumo",9704,"ORSE","Tala plana perfurada 100mm","Material",null,"un",1,"4,80","4,80"]
["Composição",10552,"ORSE","Encargos Complementares - Eletricista","Provisórios",null,"h",0.1,"3,66","0,36"]
["Insumo","00006111/SINAPI","ORSE","Servente de obras (horista)","Mão de Obra",null,"h",0.1,"13,65","1,36"]
["Detalhamento de Cálculo ORSE"]
[null,"Código","Banco","Descrição","Tipo",null,"Und","Quant.","Valor Unit","Total"]
["Insumo",11240,"ORSE","Alicate com isolamento","Material",null,"un",2.0000000000000002E-5,"47,69","0,00"]
["Insumo",10596,"ORSE","Protetor auricular","Material",null,"un",8.9999999999999998E-4,"4,90","0,00"]
["Insumo","00012894/SINAPI","ORSE","Capa para chuva em pvc com forro de poliester, com capuz (amarela ou azul)","Material",null,"un",4.0000000000000003E-5,"18,07","0,00"]
["Insumo",1651,"ORSE","Óculos branco proteção","Material",null,"pr",1.6000000000000001E-4,"6,70","0,00"]
["Insumo","00012893/SINAPI","ORSE","Bota de seguranca com biqueira de aco e colarinho acolchoado","Material",null,"par",1.4999999999999999E-4,"66,72","0,01"]
["Insumo",10761,"ORSE","Refeição - café da manhã ( café com leite e dois pães com manteiga)","Serviços",null,"un",2.036E-2,"5,00","0,10"]
["Insumo",4729,"ORSE","Marreta 1 kg com cabo","Material",null,"un",1.0000000000000001E-5,"37,80","0,00"]
["Insumo",10599,"ORSE","Protetor solar fps 30 com 120ml","Material",null,"un",3.6000000000000002E-4,"18,00","0,00"]
["Insumo",10517,"ORSE","Exames admissionais/demissionais (checkup)","Serviços",null,"cj",8.0000000000000007E-5,"300,00","0,02"]
["Insumo",10362,"ORSE","Seguro de vida e acidente em grupo","Serviços",null,"un",8.9999999999999998E-4,"12,54","0,01"]
["Insumo",2378,"ORSE","Vale transporte","Material",null,"un",1.5949999999999999E-2,"4,50","0,07"]
["Insumo","00002436/SINAPI","ORSE","Eletricista (horista)","Mão de Obra",null,"h",0.1,"19,13","1,91"]
["Insumo","00006111/SINAPI","ORSE","Servente de obras (horista)","Mão de Obra",null,"h",0.1,"13,65","1,36"]
["Insumo",4728,"ORSE","Talhadeira chata 10\"","Material",null,"un",3.0000000000000001E-5,"18,58","0,00"]
["Insumo","00002711/SINAPI","ORSE","Carrinho de mao de aco capacidade 50 a 60 l, pneu com camara","Material",null,"un",2.0000000000000002E-5,"166,00","0,00"]
["Insumo",9704,"ORSE","Tala plana perfurada 100mm","Material",null,"un",1,"4,80","4,80"]
["Insumo",10788,"ORSE","Pá quadrada","Material",null,"un",2.0000000000000002E-5,"36,90","0,00"]
["Insumo",158,"ORSE","Almoço (Participação do empregador)","Material",null,"un",2.036E-2,"14,00","0,28"]
["Insumo","00012892/SINAPI","ORSE","Luva raspa de couro, cano curto (punho *7* cm)","Material",null,"par",4.6000000000000001E-4,"12,51","0,00"]
["Insumo",10492,"ORSE","Cesta Básica","Material",null,"un",8.9999999999999998E-4,"190,00","0,17"]
["Insumo",11241,"ORSE","Alicate volt-amperimetro","Material",null,"un",2.0000000000000002E-5,"163,00","0,00"]
["Insumo","00012895/SINAPI","ORSE","Capacete de seguranca aba frontal com suspensao de polietileno, sem jugular (classe b)","Material",null,"un",1.2E-4,"13,90","0,00"]
["Insumo",941,"ORSE","Fardamento com mangas curta","Material",null,"un",2.9999999999999997E-4,"193,41","0,05"]
["Insumo",11242,"ORSE","Chave inglesa 12\"","Material",null,"un",1.0000000000000001E-5,"34,00","0,00"]
["Insumo",10579,"ORSE","Chave de fenda chata 30 cm","Material",null,"un",2.0000000000000002E-5,"26,89","0,00"]
[{"$nulls":4},"MO sem LS =>",3.27,"LS =>",0,"MO com LS =>",3.27]
[{"$nulls":4},"Valor do BDI =>",1.92,null,"Valor com BDI =>",null,10.7]
[{"$nulls":6},"Quant. =>","100,00","Preço Total =>",1070]
[]
[" 6.9.40 ","Código","Banco","Descrição","Tipo",null,"Und","Quant.","Valor Unit","Total"]
["Composição"," 11848 ","ORSE","Emenda interna 100 x 100 mm com base lisa perfurada para eletrocalha metálica(ref. Mopa ou similar)","Pontos de Suprimento de Energia para Computador",null,"un",1,11.7,11.7]
[null,"Código","Banco","Descrição","Tipo",null,"Und","Quant.","Valor Unit","Total"]
["Insumo",4034,"ORSE","Emenda interna 100 x 100 mm com base lisa perfurada para eletrocalha metálica(ref. Mopa ou similar)","Material",null,"un",1,"3,70","3,70"]
["Insumo","00006111/SINAPI","ORSE","Servente de obras (horista)","Mão de Obra",null,"h",0.2,"13,65","2,72"]
["Insumo","00002436/SINAPI","ORSE","Eletricista (horista)","Mão de Obra",null,"h",0.2,"19,13","3,82"]
["Composição",10552,"ORSE","Encargos Complementares - Eletricista","Provisórios",null,"h",0.2,"3,66","0,73"]
["Composição",10549,"ORSE","Encargos Complementares - Servente","Provisórios",null,"h",0.2,"3,80","0,76"]
["Detalhamento de Cálculo ORSE"]
[null,"Código","Banco","Descrição","Tipo",null,"Und","Quant.","Valor Unit","Total"]
["Insumo","00002711/SINAPI","ORSE","Carrinho de mao de aco capacidade 50 a 60 l, pneu com camara","Material",null,"un",4.0000000000000003E-5,"166,00","0,00"]
["Insumo",10599,"ORSE","Protetor solar fps 30 com 120ml","Material",null,"un",7.2000000000000005E-4,"18,00","0,01"]
["Insumo","00012892/SINAPI","ORSE","Luva raspa de couro, cano curto (punho *7* cm)","Material",null,"par",9.2000000000000003E-4,"12,51","0,01"]
["Insumo",10517,"ORSE","Exames admissionais/demissionais (checkup)","Serviços",null,"cj",1.6000000000000001E-4,"300,00","0,04"]
["Insumo","00012895/SINAPI","ORSE","Capacete de seguranca aba frontal com suspensao de polietileno, sem jugular (classe b)","Material",null,"un",2.4000000000000001E-4,"13,90","0,00"]
["Insumo",2378,"ORSE","Vale transporte","Material",null,"un",3.1899999999999998E-2,"4,50","0,14"]
["Insumo",10579,"ORSE","Chave de fenda chata 30 cm","Material",null,"un",4.0000000000000003E-5,"26,89","0,00"]
["Insumo",10362,"ORSE","Seguro de vida e acidente em grupo","Serviços",null,"un",1.8E-3,"12,54","0,02"]
["Insumo","00006111/SINAPI","ORSE","Servente de obras (horista)","Mão de Obra",null,"h",0.2,"13,65","2,72"]
["Insumo",1651,"ORSE","Óculos branco proteção","Material",null,"pr",3.2000000000000003E-4,"6,70","0,00"]
["Insumo",11240,"ORSE","Alicate com isolamento","Material",null,"un",4.0000000000000003E-5,"47,69","0,00"]
["Insumo",158,"ORSE","Almoço (Participação do empregador)","Material",null,"un",4.0719999999999999E-2,"14,00","0,57"]
["Insumo",10761,"ORSE","Refeição - café da manhã ( café com leite e dois pães com manteiga)","Serviços",null,"un",4.0719999999999999E-2,"5,00","0,20"]
["Insumo",4034,"ORSE","Emenda interna 100 x 100 mm com base lisa perfurada para eletrocalha metálica(ref. Mopa ou similar)","Material",null,"un",1,"3,70","3,70"]
["Insumo","00012893/SINAPI","ORSE","Bota de seguranca com biqueira de aco e colarinho acolchoado","Material",null,"par",2.9999999999999997E-4,"66,72","0,02"]
["Insumo",4728,"ORSE","Talhadeira chata 10\"","Material",null,"un",6.0000000000000002E-5,"18,58","0,00"]
["Insumo","00012894/SINAPI","ORSE","Capa para chuva em pvc com forro de poliester, com capuz (amarela ou azul)","Material",null,"un",8.0000000000000007E-5,"18,07","0,00"]
["Insumo",10492,"ORSE","Cesta Básica","Material",null,"un",1.8E-3,"190,00","0,34"]
["Insumo",941,"ORSE","Fardamento com mangas curta","Material",null,"un",5.9999999999999995E-4,"193,41","0,11"]
["Insumo",10596,"ORSE","Protetor auricular","Material",null,"un",1.8E-3,"4,90","0,00"]
["Insumo",4729,"ORSE","Marreta 1 kg com cabo","Material",null,"un",2.0000000000000002E-5,"37,80","0,00"]
["Insumo",11242,"ORSE","Chave inglesa 12\"","Material",null,"un",2.0000000000000002E-5,"34,00","0,00"]
["Insumo",11241,"ORSE","Alicate volt-amperimetro","Material",null,"un",4.0000000000000003E-5,"163,00","0,00"]
["Insumo",10788,"ORSE","Pá quadrada","Material",null,"un",4.0000000000000003E-5,"36,90","0,00"]
["Insumo","00002436/SINAPI","ORSE","Eletricista (horista)","Mão de Obra",null,"h",0.2,"19,13","3,82"]
[{"$nulls":4},"MO sem LS =>",6.54,"LS =>",0,"MO com LS =>",6.54]
[{"$nulls":4},"Valor do BDI =>",2.56,null,"Valor com BDI =>",null,14.26]
[{"$nulls":6},"Quant. =>","130,00","Preço Total =>",1853.8]
[]
[" 6.9.41 ","Código","Banco","Descrição","Tipo",null,"Und","Quant.","Valor Unit","Total"]
["Composição"," 12611 ","ORSE","Terminal 100 x 100 mm, zincado, para eletrocalha metalica (ref. Mopa ou similar)","Pontos de Suprimento de Lógica",null,"un",1,12.99,12.99]
[null,"Código","Banco","Descrição","Tipo",null,"Und","Quant.","Valor Unit","Total"]
["Insumo","00002436/SINAPI","ORSE","Eletricista (horista)","Mão de Obra",null,"h",0.2,"19,13","3,82"]
["Insumo",13411,"ORSE","Terminal 100 x 100 mm, zincado, para eletrocalha metalica (ref. Mopa ou similar)","Material",null,"un",1,"4,99","4,99"]
["Insumo","00006111/SINAPI","ORSE","Servente de obras (horista)","Mão de Obra",null,"h",0.2,"13,65","2,72"]
["Composição",10549,"ORSE","Encargos Complementares - Servente","Provisórios",null,"h",0.2,"3,80","0,76"]
["Composição",10552,"ORSE","Encargos Complementares - Eletricista","Provisórios",null,"h",0.2,"3,66","0,73"]
["Detalhamento de Cálculo ORSE"]
[null,"Código","Banco","Descrição","Tipo",null,"Und","Quant.","Valor Unit","Total"]
["Insumo",10788,"ORSE","Pá quadrada","Material",null,"un",4.0000000000000003E-5,"36,90","0,00"]
["Insumo",4729,"ORSE","Marreta 1 kg com cabo","Material",null,"un",2.0000000000000002E-5,"37,80","0,00"]
["Insumo",10599,"ORSE","Protetor solar fps 30 com 120ml","Material",null,"un",7.2000000000000005E-4,"18,00","0,01"]
["Insumo",11240,"ORSE","Alicate com isolamento","Material",null,"un",4.0000000000000003E-5,"47,69","0,00"]
["Insumo",13411,"ORSE","Terminal 100 x 100 mm, zincado, para eletrocalha metalica (ref. Mopa ou similar)","Material",null,"un",1,"4,99","4,99"]
["Insumo","00012894/SINAPI","ORSE","Capa para chuva em pvc com forro de poliester, com capuz (amarela ou azul)","Material",null,"un",8.0000000000000007E-5,"18,07","0,00"]
["Insumo",941,"ORSE","Fardamento com mangas curta","Material",null,"un",5.9999999999999995E-4,"193,41","0,11"]
["Insumo","00002711/SINAPI","ORSE","Carrinho de mao de aco capacidade 50 a 60 l, pneu com camara","Material",null,"un",4.0000000000000003E-5,"166,00","0,00"]
["Insumo",10761,"ORSE","Refeição - café da manhã ( café com leite e dois pães com manteiga)","Serviços",null,"un",4.0719999999999999E-2,"5,00","0,20"]
["Insumo","00012895/SINAPI","ORSE","Capacete de seguranca aba frontal com suspensao de polietileno, sem jugular (classe b)","Material",null,"un",2.4000000000000001E-4,"13,90","0,00"]
["Insumo",10492,"ORSE","Cesta Básica","Material",null,"un",1.8E-3,"190,00","0,34"]
["Insumo",158,"ORSE","Almoço (Participação do empregador)","Material",null,"un",4.0719999999999999E-2,"14,00","0,57"]
["Insumo",4728,"ORSE","Talhadeira chata 10\"","Material",null,"un",6.0000000000000002E-5,"18,58","0,00"]
["Insumo","00006111/SINAPI","ORSE","Servente de obras (horista)","Mão de Obra",null,"h",0.2,"13,65","2,72"]
["Insumo","00002436/SINAPI","ORSE","Eletricista (horista)","Mão de Obra",null,"h",0.2,"19,13","3,82"]
["Insumo",10579,"ORSE","Chave de fenda chata 30 cm","Material",null,"un",4.0000000000000003E-5,"26,89","0,00"]
["Insumo","00012892/SINAPI","ORSE","Luva raspa de couro, cano curto (punho *7* cm)","Material",null,"par",9.2000000000000003E-4,"12,51","0,01"]
["Insumo",1651,"ORSE","Óculos branco proteção","Material",null,"pr",3.2000000000000003E-4,"6,70","0,00"]
["Insumo",2378,"ORSE","Vale transporte","Material",null,"un",3.1899999999999998E-2,"4,50","0,14"]
["Insumo",10362,"ORSE","Seguro de vida e acidente em grupo","Serviços",null,"un",1.8E-3,"12,54","0,02"]
["Insumo",10596,"ORSE","Protetor auricular","Material",null,"un",1.8E-3,"4,90","0,00"]
["Insumo",11241,"ORSE","Alicate volt-amperimetro","Material",null,"un",4.0000000000000003E-5,"163,00","0,00"]
["Insumo",10517,"ORSE","Exames admissionais/demissionais (checkup)","Serviços",null,"cj",1.6000000000000001E-4,"300,00","0,04"]
["Insumo",11242,"ORSE","Chave inglesa 12\"","Material",null,"un",2.0000000000000002E-5,"34,00","0,00"]
["Insumo","00012893/SINAPI","ORSE","Bota de seguranca com biqueira de aco e colarinho acolchoado","Material",null,"par",2.9999999999999997E-4,"66,72","0,02"]
[{"$nulls":4},"MO sem LS =>",6.54,"LS =>",0,"MO com LS =>",6.54]
[{"$nulls":4},"Valor do BDI =>",2.84,null,"Valor com BDI =>",null,15.83]
[{"$nulls":6},"Quant. =>","4,00","Preço Total =>",63.32]
[]
[" 6.9.42 ","Código","Banco","Descrição","Tipo",null,"Und","Quant.","Valor Unit","Total"]
["Composição"," 12523 ","ORSE","Tampa de encaixe 100 X 3000 mm, zincada, para eletrocalha metálica (ref.: mopa ou similar)","Pontos de Suprimento de Energia para Computador",null,"m",1,14.7,14.7]
[null,"Código","Banco","Descrição","Tipo",null,"Und","Quant.","Valor Unit","Total"]
["Composição",10552,"ORSE","Encargos Complementares - Eletricista","Provisórios",null,"h",0.2,"3,66","0,73"]
["Insumo","00002436/SINAPI","ORSE","Eletricista (horista)","Mão de Obra",null,"h",0.2,"19,13","3,82"]
["Composição",10549,"ORSE","Encargos Complementares - Servente","Provisórios",null,"h",0.2,"3,80","0,76"]
["Insumo",3990,"ORSE","Tampa de encaixe 100 X3000 - Z para eletrocalha metálica (ref.: mopa ou similar)","Material",null,"m",1,"6,70","6,70"]
["Insumo","00006111/SINAPI","ORSE","Servente de obras (horista)","Mão de Obra",null,"h",0.2,"13,65","2,72"]
["Detalhamento de Cálculo ORSE"]
[null,"Código","Banco","Descrição","Tipo",null,"Und","Quant.","Valor Unit","Total"]
["Insumo","00012892/SINAPI","ORSE","Luva raspa de couro, cano curto (punho *7* cm)","Material",null,"par",9.2000000000000003E-4,"12,51","0,01"]
["Insumo",11240,"ORSE","Alicate com isolamento","Material",null,"un",4.0000000000000003E-5,"47,69","0,00"]
["Insumo","00002711/SINAPI","ORSE","Carrinho de mao de aco capacidade 50 a 60 l, pneu com camara","Material",null,"un",4.0000000000000003E-5,"166,00","0,00"]
["Insumo",10362,"ORSE","Seguro de vida e acidente em grupo","Serviços",null,"un",1.8E-3,"12,54","0,02"]
["Insumo",158,"ORSE","Almoço (Participação do empregador)","Material",null,"un",4.0719999999999999E-2,"14,00","0,57"]
["Insumo",10517,"ORSE","Exames admissionais/demissionais (checkup)","Serviços",null,"cj",1.6000000000000001E-4,"300,00","0,04"]
["Insumo",3990,"ORSE","Tampa de encaixe 100 X3000 - Z para eletrocalha metálica (ref.: mopa ou similar)","Material",null,"m",1,"6,70","6,70"]
["Insumo","00002436/SINAPI","ORSE","Eletricista (horista)","Mão de Obra",null,"h",0.2,"19,13","3,82"]
["Insumo",10596,"ORSE","Protetor auricular","Material",null,"un",1.8E-3,"4,90","0,00"]
["Insumo",10492,"ORSE","Cesta Básica","Material",null,"un",1.8E-3,"190,00","0,34"]
["Insumo",11241,"ORSE","Alicate volt-amperimetro","Material",null,"un",4.0000000000000003E-5,"163,00","0,00"]
["Insumo",10579,"ORSE","Chave de fenda chata 30 cm","Material",null,"un",4.0000000000000003E-5,"26,89","0,00"]
["Insumo","00006111/SINAPI","ORSE","Servente de obras (horista)","Mão de Obra",null,"h",0.2,"13,65","2,72"]
["Insumo",941,"ORSE","Fardamento com mangas curta","Material",null,"un",5.9999999999999995E-4,"193,41","0,11"]
["Insumo",11242,"ORSE","Chave inglesa 12\"","Material",null,"un",2.0000000000000002E-5,"34,00","0,00"]
["Insumo",1651,"ORSE","Óculos branco proteção","Material",null,"pr",3.2000000000000003E-4,"6,70","0,00"]
["Insumo",4729,"ORSE","Marreta 1 kg com cabo","Material",null,"un",2.0000000000000002E-5,"37,80","0,00"]
["Insumo","00012893/SINAPI","ORSE","Bota de seguranca com biqueira de aco e colarinho acolchoado","Material",null,"par",2.9999999999999997E-4,"66,72","0,02"]
["Insumo",2378,"ORSE","Vale transporte","Material",null,"un",3.1899999999999998E-2,"4,50","0,14"]
["Insumo","00012894/SINAPI","ORSE","Capa para chuva em pvc com forro de poliester, com capuz (amarela ou azul)","Material",null,"un",8.0000000000000007E-5,"18,07","0,00"]
["Insumo",10761,"ORSE","Refeição - café da manhã ( café com leite e dois pães com manteiga)","Serviços",null,"un",4.0719999999999999E-2,"5,00","0,20"]
["Insumo",10788,"ORSE","Pá quadrada","Material",null,"un",4.0000000000000003E-5,"36,90","0,00"]
["Insumo",10599,"ORSE","Protetor solar fps 30 com 120ml","Material",null,"un",7.2000000000000005E-4,"18,00","0,01"]
["Insumo","00012895/SINAPI","ORSE","Capacete de seguranca aba frontal com suspensao de polietileno, sem jugular (classe b)","Material",null,"un",2.4000000000000001E-4,"13,90","0,00"]
["Insumo",4728,"ORSE","Talhadeira chata 10\"","Material",null,"un",6.0000000000000002E-5,"18,58","0,00"]
[{"$nulls":4},"MO sem LS =>",6.54,"LS =>",0,"MO com LS =>",6.54]
[{"$nulls":4},"Valor do BDI =>",3.21,null,"Valor com BDI =>",null,17.91]
[{"$nulls":6},"Quant. =>","150,00","Preço Total =>",2686.5]
[]
[" 6.9.43 ","Código","Banco","Descrição","Tipo",null,"Und","Quant.","Valor Unit","Total"]
["Composição"," 12530 ","ORSE","Tampa de encaixe 100mm para Tê horizontal, zincada, para eletrocalha metálica(ref.: mopa ou similar)","Interligações até Quadro Geral - Eletrodutos e Conexões",null,"un",1,15.51,15.51]
[null,"Código","Banco","Descrição","Tipo",null,"Und","Quant.","Valor Unit","Total"]
["Insumo","00006111/SINAPI","ORSE","Servente de obras (horista)","Mão de Obra",null,"h",0.05,"13,65","0,68"]
["Insumo","00002436/SINAPI","ORSE","Eletricista (horista)","Mão de Obra",null,"h",0.05,"19,13","0,95"]
["Composição",10549,"ORSE","Encargos Complementares - Servente","Provisórios",null,"h",0.05,"3,80","0,19"]
["Insumo",13348,"ORSE","Tampa de encaixe 100mm para Tê horizontal, zincada, para eletrocalha metálica(ref.: mopa ou similar)","Material",null,"un",1,"13,55","13,55"]
["Composição",10552,"ORSE","Encargos Complementares - Eletricista","Provisórios",null,"h",0.05,"3,66","0,18"]
["Detalhamento de Cálculo ORSE"]
[null,"Código","Banco","Descrição","Tipo",null,"Und","Quant.","Valor Unit","Total"]
["Insumo","00002711/SINAPI","ORSE","Carrinho de mao de aco capacidade 50 a 60 l, pneu com camara","Material",null,"un",1.0000000000000001E-5,"166,00","0,00"]
["Insumo",158,"ORSE","Almoço (Participação do empregador)","Material",null,"un",1.018E-2,"14,00","0,14"]
["Insumo","00012892/SINAPI","ORSE","Luva raspa de couro, cano curto (punho *7* cm)","Material",null,"par",2.3000000000000001E-4,"12,51","0,00"]
["Insumo","00012894/SINAPI","ORSE","Capa para chuva em pvc com forro de poliester, com capuz (amarela ou azul)","Material",null,"un",2.0000000000000002E-5,"18,07","0,00"]
["Insumo",10761,"ORSE","Refeição - café da manhã ( café com leite e dois pães com manteiga)","Serviços",null,"un",1.018E-2,"5,00","0,05"]
["Insumo",4728,"ORSE","Talhadeira chata 10\"","Material",null,"un",1.5E-5,"18,58","0,00"]
["Insumo",10579,"ORSE","Chave de fenda chata 30 cm","Material",null,"un",1.0000000000000001E-5,"26,89","0,00"]
["Insumo",10596,"ORSE","Protetor auricular","Material",null,"un",4.4999999999999999E-4,"4,90","0,00"]
["Insumo",11241,"ORSE","Alicate volt-amperimetro","Material",null,"un",1.0000000000000001E-5,"163,00","0,00"]
["Insumo","00002436/SINAPI","ORSE","Eletricista (horista)","Mão de Obra",null,"h",0.05,"19,13","0,95"]
["Insumo",10788,"ORSE","Pá quadrada","Material",null,"un",1.0000000000000001E-5,"36,90","0,00"]
["Insumo","00012893/SINAPI","ORSE","Bota de seguranca com biqueira de aco e colarinho acolchoado","Material",null,"par",7.4999999999999993E-5,"66,72","0,00"]
["Insumo",11240,"ORSE","Alicate com isolamento","Material",null,"un",1.0000000000000001E-5,"47,69","0,00"]
["Insumo",10362,"ORSE","Seguro de vida e acidente em grupo","Serviços",null,"un",4.4999999999999999E-4,"12,54","0,00"]
["Insumo",1651,"ORSE","Óculos branco proteção","Material",null,"pr",8.0000000000000007E-5,"6,70","0,00"]
["Insumo",10492,"ORSE","Cesta Básica","Material",null,"un",4.4999999999999999E-4,"190,00","0,08"]
["Insumo","00006111/SINAPI","ORSE","Servente de obras (horista)","Mão de Obra",null,"h",0.05,"13,65","0,68"]
["Insumo",10599,"ORSE","Protetor solar fps 30 com 120ml","Material",null,"un",1.8000000000000001E-4,"18,00","0,00"]
["Insumo",11242,"ORSE","Chave inglesa 12\"","Material",null,"un",5.0000000000000004E-6,"34,00","0,00"]
["Insumo",4729,"ORSE","Marreta 1 kg com cabo","Material",null,"un",5.0000000000000004E-6,"37,80","0,00"]
["Insumo",13348,"ORSE","Tampa de encaixe 100mm para Tê horizontal, zincada, para eletrocalha metálica(ref.: mopa ou similar)","Material",null,"un",1,"13,55","13,55"]
["Insumo","00012895/SINAPI","ORSE","Capacete de seguranca aba frontal com suspensao de polietileno, sem jugular (classe b)","Material",null,"un",6.0000000000000002E-5,"13,90","0,00"]
["Insumo",941,"ORSE","Fardamento com mangas curta","Material",null,"un",1.4999999999999999E-4,"193,41","0,02"]
["Insumo",2378,"ORSE","Vale transporte","Material",null,"un",7.9749999999999995E-3,"4,50","0,03"]
["Insumo",10517,"ORSE","Exames admissionais/demissionais (checkup)","Serviços",null,"cj",4.0000000000000003E-5,"300,00","0,01"]
[{"$nulls":4},"MO sem LS =>",1.63,"LS =>",0,"MO com LS =>",1.63]
[{"$nulls":4},"Valor do BDI =>",3.39,null,"Valor com BDI =>",null,18.899999999999999]
[{"$nulls":6},"Quant. =>","4,00","Preço Total =>",75.599999999999994]
[]
[" 6.9.44 ","Código","Banco","Descrição","Tipo",null,"Und","Quant.","Valor Unit","Total"]
["Composição"," 12526 ","ORSE","Tampa de encaixe para curva 90º, horizontal, 100mm, zincada, para eletrocalhametálica","Pontos de Suprimento de Energia para Computador",null,"un",1,19.14,19.14]
[null,"Código","Banco","Descrição","Tipo",null,"Und","Quant.","Valor Unit","Total"]
["Insumo",13344,"ORSE","Tampa de encaixe para curva 90º, horizontal, 100mm, zincada, para eletrocalhametálica (ref. mopa ou similar)","Material",null,"un",1,"11,14","11,14"]
["Insumo","00002436/SINAPI","ORSE","Eletricista (horista)","Mão de Obra",null,"h",0.2,"19,13","3,82"]
["Composição",10552,"ORSE","Encargos Complementares - Eletricista","Provisórios",null,"h",0.2,"3,66","0,73"]
["Composição",10549,"ORSE","Encargos Complementares - Servente","Provisórios",null,"h",0.2,"3,80","0,76"]
["Insumo","00006111/SINAPI","ORSE","Servente de obras (horista)","Mão de Obra",null,"h",0.2,"13,65","2,72"]
["Detalhamento de Cálculo ORSE"]
[null,"Código","Banco","Descrição","Tipo",null,"Und","Quant.","Valor Unit","Total"]
["Insumo",10579,"ORSE","Chave de fenda chata 30 cm","Material",null,"un",4.0000000000000003E-5,"26,89","0,00"]
["Insumo","00012894/SINAPI","ORSE","Capa para chuva em pvc com forro de poliester, com capuz (amarela ou azul)","Material",null,"un",8.0000000000000007E-5,"18,07","0,00"]
["Insumo",10761,"ORSE","Refeição - café da manhã ( café com leite e dois pães com manteiga)","Serviços",null,"un",4.0719999999999999E-2,"5,00","0,20"]
["Insumo",13344,"ORSE","Tampa de encaixe para curva 90º, horizontal, 100mm, zincada, para eletrocalhametálica (ref. mopa ou similar)","Material",null,"un",1,"11,14","11,14"]
["Insumo",10596,"ORSE","Protetor auricular","Material",null,"un",1.8E-3,"4,90","0,00"]
["Insumo",10492,"ORSE","Cesta Básica","Material",null,"un",1.8E-3,"190,00","0,34"]
["Insumo",10362,"ORSE","Seguro de vida e acidente em grupo","Serviços",null,"un",1.8E-3,"12,54","0,02"]
["Insumo","00006111/SINAPI","ORSE","Servente de obras (horista)","Mão de Obra",null,"h",0.2,"13,65","2,72"]
["Insumo",11241,"ORSE","Alicate volt-amperimetro","Material",null,"un",4.0000000000000003E-5,"163,00","0,00"]
["Insumo",2378,"ORSE","Vale transporte","Material",null,"un",3.1899999999999998E-2,"4,50","0,14"]
["Insumo",1651,"ORSE","Óculos branco proteção","Material",null,"pr",3.2000000000000003E-4,"6,70","0,00"]
["Insumo",10788,"ORSE","Pá quadrada","Material",null,"un",4.0000000000000003E-5,"36,90","0,00"]
["Insumo","00012892/SINAPI","ORSE","Luva raspa de couro, cano curto (punho *7* cm)","Material",null,"par",9.2000000000000003E-4,"12,51","0,01"]
["Insumo",4729,"ORSE","Marreta 1 kg com cabo","Material",null,"un",2.0000000000000002E-5,"37,80","0,00"]
["Insumo","00002436/SINAPI","ORSE","Eletricista (horista)","Mão de Obra",null,"h",0.2,"19,13","3,82"]
["Insumo",10517,"ORSE","Exames admissionais/demissionais (checkup)","Serviços",null,"cj",1.6000000000000001E-4,"300,00","0,04"]
["Insumo","00012895/SINAPI","ORSE","Capacete de seguranca aba frontal com suspensao de polietileno, sem jugular (classe b)","Material",null,"un",2.4000000000000001E-4,"13,90","0,00"]
["Insumo",158,"ORSE","Almoço (Participação do empregador)","Material",null,"un",4.0719999999999999E-2,"14,00","0,57"]
["Insumo",4728,"ORSE","Talhadeira chata 10\"","Material",null,"un",6.0000000000000002E-5,"18,58","0,00"]
["Insumo",10599,"ORSE","Protetor solar fps 30 com 120ml","Material",null,"un",7.2000000000000005E-4,"18,00","0,01"]
["Insumo",941,"ORSE","Fardamento com mangas curta","Material",null,"un",5.9999999999999995E-4,"193,41","0,11"]
["Insumo","00002711/SINAPI","ORSE","Carrinho de mao de aco capacidade 50 a 60 l, pneu com camara","Material",null,"un",4.0000000000000003E-5,"166,00","0,00"]
["Insumo",11242,"ORSE","Chave inglesa 12\"","Material",null,"un",2.0000000000000002E-5,"34,00","0,00"]
["Insumo",11240,"ORSE","Alicate com isolamento","Material",null,"un",4.0000000000000003E-5,"47,69","0,00"]
["Insumo","00012893/SINAPI","ORSE","Bota de seguranca com biqueira de aco e colarinho acolchoado","Material",null,"par",2.9999999999999997E-4,"66,72","0,02"]
[{"$nulls":4},"MO sem LS =>",6.54,"LS =>",0,"MO com LS =>",6.54]
[{"$nulls":4},"Valor do BDI =>",4.1900000000000004,null,"Valor com BDI =>",null,23.33]
[{"$nulls":6},"Quant. =>","8,00","Preço Total =>",186.64]
[]
[" 6.9.45 ","Código","Banco","Descrição","Tipo",null,"Und","Quant.","Valor Unit","Total"]
["Composição"," 93358 ","SINAPI","ESCAVAÇÃO MANUAL DE VALA. AF_09/2024","MOVT - MOVIMENTO DE TERRA",null,"m³",1,75.08,75.08]
["Composição Auxiliar"," 88316 ","SINAPI","SERVENTE COM ENCARGOS COMPLEMENTARES","SEDI - SERVIÇOS DIVERSOS",null,"H",3.9557666999999999,18.98,75.08]
[{"$nulls":4},"MO sem LS =>",57.99,"LS =>",0,"MO com LS =>",57.99]
[{"$nulls":4},"Valor do BDI =>",16.440000000000001,null,"Valor com BDI =>",null,91.52]
[{"$nulls":6},"Quant. =>","18,00","Preço Total =>",1647.36]
[]
[" 7 ",null,null,"INSTALAÇÕES HIDROSSANITÁRIAS",{"$nulls":5},315570.28999999998]
[" 7.1 ",null,null,"INSTALAÇÕES DE ÁGUA FRIA",{"$nulls":5},78437.64]
[" 7.1.1 ","Código","Banco","Descrição","Tipo",null,"Und","Quant.","Valor Unit","Total"]
["Composição"," 100858 ","SINAPI","MICTÓRIO SIFONADO LOUÇA BRANCA - PADRÃO MÉDIO - FORNECIMENTO E INSTALAÇÃO. AF_01/2020","INHI - INSTALAÇÕES HIDROS SANITÁRIAS",null,"UN",1,720.02,720.02]
["Composição Auxiliar"," 88267 ","SINAPI","ENCANADOR OU BOMBEIRO HIDRÁULICO COM ENCARGOS COMPLEMENTARES","SEDI - SERVIÇOS DIVERSOS",null,"H",1.0089999999999999,24.54,24.76]
["Composição Auxiliar"," 88316 ","SINAPI","SERVENTE COM ENCARGOS COMPLEMENTARES","SEDI - SERVIÇOS DIVERSOS",null,"H",0.31790000000000002,18.98,6.03]
["Insumo"," 00010432 ","SINAPI","MICTORIO INDIVIDUAL, SIFONADO, DE LOUCA BRANCA, SEM COMPLEMENTOS","Material",null,"UN",1,329.06,329.06]
["Insumo"," 00003146 ","SINAPI","FITA VEDA ROSCA EM ROLOS DE 18 MM X 10 M (L X C)","Material",null,"UN",3.6499999999999998E-2,4,0.14000000000000001]
["Insumo"," 00004351 ","SINAPI","PARAFUSO NIQUELADO 3 1/2\" COM ACABAMENTO CROMADO PARA FIXAR PECA SANITARIA, INCLUI PORCA CEGA, ARRUELA E BUCHA DE NYLON TAMANHO S-8","Material",null,"UN",2,16.940000000000001,33.880000000000003]
["Insumo"," 00006142 ","SINAPI","CONJUNTO DE LIGACAO AJUSTAVEL, PARA VASO / BACIA SANITARIA, EM PLASTICO BRANCO, COM TUBO, CANOPLA E ESPUDE","Material",null,"UN",1,7.74,7.74]
["Insumo"," 00021112 ","SINAPI","VALVULA DE DESCARGA EM METAL CROMADO PARA MICTORIO COM ACIONAMENTO POR PRESSAO E FECHAMENTO AUTOMATICO","Material",null,"UN",1,318.41000000000003,318.41000000000003]
[{"$nulls":4},"MO sem LS =>",25.63,"LS =>",0,"MO com LS =>",25.63]
[{"$nulls":4},"Valor do BDI =>",157.68,null,"Valor com BDI =>",null,877.7]
[{"$nulls":6},"Quant. =>","6,00","Preço Total =>",5266.2]
[]
[" 7.1.2 ","Código","Banco","Descrição","Tipo",null,"Und","Quant.","Valor Unit","Total"]
["Composição"," 86909 ","SINAPI","TORNEIRA CROMADA TUBO MÓVEL, DE MESA, 1/2\" OU 3/4\", PARA PIA DE COZINHA, PADRÃO ALTO - FORNECIMENTO E INSTALAÇÃO. AF_01/2020","INHI - INSTALAÇÕES HIDROS SANITÁRIAS",null,"UN",1,200.34,200.34]
["Composição Auxiliar"," 88316 ","SINAPI","SERVENTE COM ENCARGOS COMPLEMENTARES","SEDI - SERVIÇOS DIVERSOS",null,"H",5.2499999999999998E-2,18.98,0.99]
["Composição Auxiliar"," 88267 ","SINAPI","ENCANADOR OU BOMBEIRO HIDRÁULICO COM ENCARGOS COMPLEMENTARES","SEDI - SERVIÇOS DIVERSOS",null,"H",0.16669999999999999,24.54,4.09]
["Insumo"," 00011772 ","SINAPI","TORNEIRA METALICA CROMADA, DE MESA/BANCADA, PARA COZINHA, BICA MOVEL, COM AREJADOR, 1/2\" OU 3/4\" (REF 1167 / 1168)","Material",null,"UN",1,195.18,195.18]
["Insumo"," 00003146 ","SINAPI","FITA VEDA ROSCA EM ROLOS DE 18 MM X 10 M (L X C)","Material",null,"UN",2.1000000000000001E-2,4,0.08]
[{"$nulls":4},"MO sem LS =>",4.22,"LS =>",0,"MO com LS =>",4.22]
[{"$nulls":4},"Valor do BDI =>",43.87,null,"Valor com BDI =>",null,244.21]
[{"$nulls":6},"Quant. =>","16,00","Preço Total =>",3907.36]
[]
[" 7.1.3 ","Código","Banco","Descrição","Tipo",null,"Und","Quant.","Valor Unit","Total"]
["Composição"," 86916 ","SINAPI","TORNEIRA PLÁSTICA 3/4\" PARA TANQUE - FORNECIMENTO E INSTALAÇÃO. AF_01/2020","INHI - INSTALAÇÕES HIDROS SANITÁRIAS",null,"UN",1,23.92,23.92]
["Composição Auxiliar"," 88267 ","SINAPI","ENCANADOR OU BOMBEIRO HIDRÁULICO COM ENCARGOS COMPLEMENTARES","SEDI - SERVIÇOS DIVERSOS",null,"H",0.1525,24.54,3.74]
["Composição Auxiliar"," 88316 ","SINAPI","SERVENTE COM ENCARGOS COMPLEMENTARES","SEDI - SERVIÇOS DIVERSOS",null,"H",4.8099999999999997E-2,18.98,0.91]
["Insumo"," 00003146 ","SINAPI","FITA VEDA ROSCA EM ROLOS DE 18 MM X 10 M (L X C)","Material",null,"UN",3.6499999999999998E-2,4,0.14000000000000001]
["Insumo"," 00011831 ","SINAPI","TORNEIRA PLASTICA PARA TANQUE 1/2\" OU 3/4\" COM BICO PARA MANGUEIRA","Material",null,"UN",1,19.13,19.13]
[{"$nulls":4},"MO sem LS =>",3.87,"LS =>",0,"MO com LS =>",3.87]
[{"$nulls":4},"Valor do BDI =>",5.23,null,"Valor com BDI =>",null,29.15]
[{"$nulls":6},"Quant. =>","8,00","Preço Total =>",233.2]
[]
[" 7.1.4 ","Código","Banco","Descrição","Tipo",null,"Und","Quant.","Valor Unit","Total"]
["Composição"," 86915 ","SINAPI","TORNEIRA CROMADA DE MESA, 1/2\" OU 3/4\", PARA LAVATÓRIO, PADRÃO MÉDIO - FORNECIMENTO E INSTALAÇÃO. AF_01/2020","INHI - INSTALAÇÕES HIDROS SANITÁRIAS",null,"UN",1,222.61,222.61]
["Composição Auxiliar"," 88267 ","SINAPI","ENCANADOR OU BOMBEIRO HIDRÁULICO COM ENCARGOS COMPLEMENTARES","SEDI - SERVIÇOS DIVERSOS",null,"H",9.6000000000000002E-2,24.54,2.35]
["Composição Auxiliar"," 88316 ","SINAPI","SERVENTE COM ENCARGOS COMPLEMENTARES","SEDI - SERVIÇOS DIVERSOS",null,"H",3.0300000000000001E-2,18.98,0.56999999999999995]
["Insumo"," 00036791 ","SINAPI","TORNEIRA METALICA CROMADA DE MESA PARA LAVATORIO, BICA ALTA, COM AREJADOR (REF 1195)","Material",null,"UN",1,219.61,219.61]
["Insumo"," 00003146 ","SINAPI","FITA VEDA ROSCA EM ROLOS DE 18 MM X 10 M (L X C)","Material",null,"UN",2.1000000000000001E-2,4,0.08]
[{"$nulls":4},"MO sem LS =>",2.4300000000000002,"LS =>",0,"MO com LS =>",2.4300000000000002]
[{"$nulls":4},"Valor do BDI =>",48.75,null,"Valor com BDI =>",null,271.36]
[{"$nulls":6},"Quant. =>","20,00","Preço Total =>",5427.2]
[]
[" 7.1.5 ","Código","Banco","Descrição","Tipo",null,"Und","Quant.","Valor Unit","Total"]
["Composição"," 95472 ","SINAPI","VASO SANITARIO SIFONADO CONVENCIONAL PARA PCD SEM FURO FRONTAL COM LOUÇA BRANCA SEM ASSENTO, INCLUSO CONJUNTO DE LIGAÇÃO PARA BACIA SANITÁRIA AJUSTÁVEL - FORNECIMENTO E INSTALAÇÃO. AF_01/2020","INHI - INSTALAÇÕES HIDROS SANITÁRIAS",null,"UN",1,709.39,709.39]
["Composição Auxiliar"," 95471 ","SINAPI","VASO SANITARIO SIFONADO CONVENCIONAL PARA PCD SEM FURO FRONTAL COM  LOUÇA BRANCA SEM ASSENTO -  FORNECIMENTO E INSTALAÇÃO. AF_01/2020","INHI - INSTALAÇÕES HIDROS SANITÁRIAS",null,"UN",1,701.65,701.65]
["Insumo"," 00006142 ","SINAPI","CONJUNTO DE LIGACAO AJUSTAVEL, PARA VASO / BACIA SANITARIA, EM PLASTICO BRANCO, COM TUBO, CANOPLA E ESPUDE","Material",null,"UN",1,7.74,7.74]
[{"$nulls":4},"MO sem LS =>",32.14,"LS =>",0,"MO com LS =>",32.14]
[{"$nulls":4},"Valor do BDI =>",155.35,null,"Valor com BDI =>",null,864.74]
[{"$nulls":6},"Quant. =>","8,00","Preço Total =>",6917.92]
[]
[" 7.1.6 ","Código","Banco","Descrição","Tipo",null,"Und","Quant.","Valor Unit","Total"]
["Composição"," 86931 ","SINAPI","VASO SANITÁRIO SIFONADO COM CAIXA ACOPLADA LOUÇA BRANCA, INCLUSO ENGATE FLEXÍVEL EM PLÁSTICO BRANCO, 1/2  X 40CM - FORNECIMENTO E INSTALAÇÃO. AF_01/2020","INHI - INSTALAÇÕES HIDROS SANITÁRIAS",null,"UN",1,461.25,461.25]
["Composição Auxiliar"," 86885 ","SINAPI","ENGATE FLEXÍVEL EM PLÁSTICO BRANCO, 1/2\" X 40CM - FORNECIMENTO E INSTALAÇÃO. AF_01/2020","INHI - INSTALAÇÕES HIDROS SANITÁRIAS",null,"UN",1,12.36,12.36]
["Composição Auxiliar"," 86888 ","SINAPI","VASO SANITÁRIO SIFONADO COM CAIXA ACOPLADA LOUÇA BRANCA - FORNECIMENTO E INSTALAÇÃO. AF_01/2020","INHI - INSTALAÇÕES HIDROS SANITÁRIAS",null,"UN",1,448.89,448.89]
[{"$nulls":4},"MO sem LS =>",26.48,"LS =>",0,"MO com LS =>",26.48]
[{"$nulls":4},"Valor do BDI =>",101.01,null,"Valor com BDI =>",null,562.26]
[{"$nulls":6},"Quant. =>","10,00","Preço Total =>",5622.6]
[]
[" 7.1.7 ","Código","Banco","Descrição","Tipo",null,"Und","Quant.","Valor Unit","Total"]
["Composição"," 94489 ","SINAPI","REGISTRO DE ESFERA, PVC, SOLDÁVEL, COM VOLANTE, DN  25 MM - FORNECIMENTO E INSTALAÇÃO. AF_08/2021","INHI - INSTALAÇÕES HIDROS SANITÁRIAS",null,"UN",1,28.24,28.24]
["Composição Auxiliar"," 88248 ","SINAPI","AUXILIAR DE ENCANADOR OU BOMBEIRO HIDRÁULICO COM ENCARGOS COMPLEMENTARES","SEDI - SERVIÇOS DIVERSOS",null,"H",7.9500000000000001E-2,20.39,1.62]
["Composição Auxiliar"," 88267 ","SINAPI","ENCANADOR OU BOMBEIRO HIDRÁULICO COM ENCARGOS COMPLEMENTARES","SEDI - SERVIÇOS DIVERSOS",null,"H",7.9500000000000001E-2,24.54,1.95]
["Insumo"," 00020080 ","SINAPI","ADESIVO PLASTICO PARA PVC, FRASCO COM 175 GR","Material",null,"UN",0.04,19.96,0.79]
["Insumo"," 00020083 ","SINAPI","SOLUCAO PREPARADORA / LIMPADORA PARA PVC, FRASCO COM 1000 CM3","Material",null,"UN",9.4999999999999998E-3,69.3,0.65]
["Insumo"," 00038383 ","SINAPI","LIXA D'AGUA EM FOLHA, GRAO 100","Material",null,"UN",8.0000000000000002E-3,2.0699999999999998,0.01]
["Insumo"," 00011674 ","SINAPI","REGISTRO DE ESFERA, PVC, COM VOLANTE, VS, SOLDAVEL, DN 25 MM, COM CORPO DIVIDIDO","Material",null,"UN",1,23.22,23.22]
[{"$nulls":4},"MO sem LS =>",2.97,"LS =>",0,"MO com LS =>",2.97]
[{"$nulls":4},"Valor do BDI =>",6.18,null,"Valor com BDI =>",null,34.42]
[{"$nulls":6},"Quant. =>","1,00","Preço Total =>",34.42]
[]
[" 7.1.8 ","Código","Banco","Descrição","Tipo",null,"Und","Quant.","Valor Unit","Total"]
["Composição"," 89353 ","SINAPI","REGISTRO DE GAVETA BRUTO, LATÃO, ROSCÁVEL, 3/4\" - FORNECIMENTO E INSTALAÇÃO. AF_08/2021","INHI - INSTALAÇÕES HIDROS SANITÁRIAS",null,"UN",1,42.39,42.39]
["Composição Auxiliar"," 88248 ","SINAPI","AUXILIAR DE ENCANADOR OU BOMBEIRO HIDRÁULICO COM ENCARGOS COMPLEMENTARES","SEDI - SERVIÇOS DIVERSOS",null,"H",0.11020000000000001,20.39,2.2400000000000002]
["Composição Auxiliar"," 88267 ","SINAPI","ENCANADOR OU BOMBEIRO HIDRÁULICO COM ENCARGOS COMPLEMENTARES","SEDI - SERVIÇOS DIVERSOS",null,"H",0.11020000000000001,24.54,2.7]
["Insumo"," 00003148 ","SINAPI","FITA VEDA ROSCA EM ROLOS DE 18 MM X 50 M (L X C)","Material",null,"UN",1.06E-2,14.75,0.15]
["Insumo"," 00006016 ","SINAPI","REGISTRO GAVETA BRUTO EM LATAO FORJADO, BITOLA 3/4\" (REF 1509)","Material",null,"UN",1,37.299999999999997,37.299999999999997]
[{"$nulls":4},"MO sem LS =>",4.12,"LS =>",0,"MO com LS =>",4.12]
[{"$nulls":4},"Valor do BDI =>",9.2799999999999994,null,"Valor com BDI =>",null,51.67]
[{"$nulls":6},"Quant. =>","9,00","Preço Total =>",465.03]
[]
[" 7.1.9 ","Código","Banco","Descrição","Tipo",null,"Und","Quant.","Valor Unit","Total"]
["Composição"," 94793 ","SINAPI","REGISTRO DE GAVETA BRUTO, LATÃO, ROSCÁVEL, 1 1/4\", COM ACABAMENTO E CANOPLA CROMADOS - FORNECIMENTO E INSTALAÇÃO. AF_08/2021","INHI - INSTALAÇÕES HIDROS SANITÁRIAS",null,"UN",1,169.18,169.18]
["Composição Auxiliar"," 88267 ","SINAPI","ENCANADOR OU BOMBEIRO HIDRÁULICO COM ENCARGOS COMPLEMENTARES","SEDI - SERVIÇOS DIVERSOS",null,"H",0.31309999999999999,24.54,7.68]
["Composição Auxiliar"," 88248 ","SINAPI","AUXILIAR DE ENCANADOR OU BOMBEIRO HIDRÁULICO COM ENCARGOS COMPLEMENTARES","SEDI - SERVIÇOS DIVERSOS",null,"H",0.31309999999999999,20.39,6.38]
["Insumo"," 00003148 ","SINAPI","FITA VEDA ROSCA EM ROLOS DE 18 MM X 50 M (L X C)","Material",null,"UN",1.6799999999999999E-2,14.75,0.24]
["Insumo"," 00006014 ","SINAPI","REGISTRO GAVETA COM ACABAMENTO E CANOPLA CROMADOS, SIMPLES, BITOLA 1 1/4\" (REF 1509)","Material",null,"UN",1,154.88,154.88]
[{"$nulls":4},"MO sem LS =>",11.7,"LS =>",0,"MO com LS =>",11.7]
[{"$nulls":4},"Valor do BDI =>",37.049999999999997,null,"Valor com BDI =>",null,206.23]
[{"$nulls":6},"Quant. =>","8,00","Preço Total =>",1649.84]
[]
[" 7.1.10 ","Código","Banco","Descrição","Tipo",null,"Und","Quant.","Valor Unit","Total"]
["Composição"," 89987 ","SINAPI","REGISTRO DE GAVETA BRUTO, LATÃO, ROSCÁVEL, 3/4\", COM ACABAMENTO E CANOPLA CROMADOS - FORNECIMENTO E INSTALAÇÃO. AF_08/2021","INHI - INSTALAÇÕES HIDROS SANITÁRIAS",null,"UN",1,101.08,101.08]
["Composição Auxiliar"," 88248 ","SINAPI","AUXILIAR DE ENCANADOR OU BOMBEIRO HIDRÁULICO COM ENCARGOS COMPLEMENTARES","SEDI - SERVIÇOS DIVERSOS",null,"H",0.22120000000000001,20.39,4.51]
["Composição Auxiliar"," 88267 ","SINAPI","ENCANADOR OU BOMBEIRO HIDRÁULICO COM ENCARGOS COMPLEMENTARES","SEDI - SERVIÇOS DIVERSOS",null,"H",0.22120000000000001,24.54,5.42]
["Insumo"," 00006005 ","SINAPI","REGISTRO GAVETA COM ACABAMENTO E CANOPLA CROMADOS, SIMPLES, BITOLA 3/4\" (REF 1509)","Material",null,"UN",1,91,91]
["Insumo"," 00003148 ","SINAPI","FITA VEDA ROSCA EM ROLOS DE 18 MM X 50 M (L X C)","Material",null,"UN",1.06E-2,14.75,0.15]
[{"$nulls":4},"MO sem LS =>",8.27,"LS =>",0,"MO com LS =>",8.27]
[{"$nulls":4},"Valor do BDI =>",22.13,null,"Valor com BDI =>",null,123.21]
[{"$nulls":6},"Quant. =>","24,00","Preço Total =>",2957.04]
[]
[" 7.1.11 ","Código","Banco","Descrição","Tipo",null,"Und","Quant.","Valor Unit","Total"]
["Composição"," 86886 ","SINAPI","ENGATE FLEXÍVEL EM INOX, 1/2  X 30CM - FORNECIMENTO E INSTALAÇÃO. AF_01/2020","INHI - INSTALAÇÕES HIDROS SANITÁRIAS",null,"UN",1,58.65,58.65]
["Composição Auxiliar"," 88267 ","SINAPI","ENCANADOR OU BOMBEIRO HIDRÁULICO COM ENCARGOS COMPLEMENTARES","SEDI - SERVIÇOS DIVERSOS",null,"H",0.1525,24.54,3.74]
["Composição Auxiliar"," 88316 ","SINAPI","SERVENTE COM ENCARGOS COMPLEMENTARES","SEDI - SERVIÇOS DIVERSOS",null,"H",4.8099999999999997E-2,18.98,0.91]
["Insumo"," 00003146 ","SINAPI","FITA VEDA ROSCA EM ROLOS DE 18 MM X 10 M (L X C)","Material",null,"UN",2.1000000000000001E-2,4,0.08]
["Insumo"," 00011683 ","SINAPI","ENGATE / RABICHO FLEXIVEL INOX 1/2\" X 30 CM","Material",null,"UN",1,53.92,53.92]
[{"$nulls":4},"MO sem LS =>",3.87,"LS =>",0,"MO com LS =>",3.87]
[{"$nulls":4},"Valor do BDI =>",12.84,null,"Valor com BDI =>",null,71.489999999999995]
[{"$nulls":6},"Quant. =>","18,00","Preço Total =>",1286.82]
[]
[" 7.1.12 ","Código","Banco","Descrição","Tipo",null,"Und","Quant.","Valor Unit","Total"]
["Composição"," 86885 ","SINAPI","ENGATE FLEXÍVEL EM PLÁSTICO BRANCO, 1/2\" X 40CM - FORNECIMENTO E INSTALAÇÃO. AF_01/2020","INHI - INSTALAÇÕES HIDROS SANITÁRIAS",null,"UN",1,12.36,12.36]
["Composição Auxiliar"," 88267 ","SINAPI","ENCANADOR OU BOMBEIRO HIDRÁULICO COM ENCARGOS COMPLEMENTARES","SEDI - SERVIÇOS DIVERSOS",null,"H",0.1525,24.54,3.74]
["Composição Auxiliar"," 88316 ","SINAPI","SERVENTE COM ENCARGOS COMPLEMENTARES","SEDI - SERVIÇOS DIVERSOS",null,"H",4.8099999999999997E-2,18.98,0.91]
["Insumo"," 00011681 ","SINAPI","ENGATE/RABICHO FLEXIVEL PLASTICO (PVC OU ABS) BRANCO 1/2\" X 40 CM","Material",null,"UN",1,7.63,7.63]
["Insumo"," 00003146 ","SINAPI","FITA VEDA ROSCA EM ROLOS DE 18 MM X 10 M (L X C)","Material",null,"UN",2.1000000000000001E-2,4,0.08]
[{"$nulls":4},"MO sem LS =>",3.87,"LS =>",0,"MO com LS =>",3.87]
[{"$nulls":4},"Valor do BDI =>",2.7,null,"Valor com BDI =>",null,15.06]
[{"$nulls":6},"Quant. =>","20,00","Preço Total =>",301.2]
[]
[" 7.1.13 ","Código","Banco","Descrição","Tipo",null,"Und","Quant.","Valor Unit","Total"]
["Composição"," 103950 ","SINAPI","JOELHO DE REDUÇÃO, 90 GRAUS, PVC, SOLDÁVEL, DN 25 MM X 20 MM, INSTALADO EM RAMAL OU SUB-RAMAL DE ÁGUA - FORNECIMENTO E INSTALAÇÃO. AF_06/2022","INHI - INSTALAÇÕES HIDROS SANITÁRIAS",null,"UN",1,9.5500000000000007,9.5500000000000007]
["Composição Auxiliar"," 88248 ","SINAPI","AUXILIAR DE ENCANADOR OU BOMBEIRO HIDRÁULICO COM ENCARGOS COMPLEMENTARES","SEDI - SERVIÇOS DIVERSOS",null,"H",0.1416,20.39,2.88]
["Composição Auxiliar"," 88267 ","SINAPI","ENCANADOR OU BOMBEIRO HIDRÁULICO COM ENCARGOS COMPLEMENTARES","SEDI - SERVIÇOS DIVERSOS",null,"H",0.1416,24.54,3.47]
["Insumo"," 00000122 ","SINAPI","ADESIVO PLASTICO PARA PVC, FRASCO COM *850* GR","Material",null,"UN",5.8999999999999999E-3,61.17,0.36]
["Insumo"," 00020083 ","SINAPI","SOLUCAO PREPARADORA / LIMPADORA PARA PVC, FRASCO COM 1000 CM3","Material",null,"UN",7.0000000000000001E-3,69.3,0.48]
["Insumo"," 00003533 ","SINAPI","JOELHO DE REDUCAO, PVC SOLDAVEL, 90 GRAUS, 25 MM X 20 MM, COR MARROM, PARA AGUA FRIA PREDIAL","Material",null,"UN",1,2.2999999999999998,2.2999999999999998]
["Insumo"," 00038383 ","SINAPI","LIXA D'AGUA EM FOLHA, GRAO 100","Material",null,"UN",3.15E-2,2.0699999999999998,0.06]
[{"$nulls":4},"MO sem LS =>",5.29,"LS =>",0,"MO com LS =>",5.29]
[{"$nulls":4},"Valor do BDI =>",2.09,null,"Valor com BDI =>",null,11.64]
[{"$nulls":6},"Quant. =>","18,00","Preço Total =>",209.52]
[]
[" 7.1.14 ","Código","Banco","Descrição","Tipo",null,"Und","Quant.","Valor Unit","Total"]
["Composição"," 104197 ","SINAPI","CURVA 90 GRAUS, PPR, DN 25 MM, INSTALADO EM RAMAL OU SUB-RAMAL DE ÁGUA - FORNECIMENTO E INSTALAÇÃO. AF_08/2022","INHI - INSTALAÇÕES HIDROS SANITÁRIAS",null,"UN",1,28.15,28.15]
["Composição Auxiliar"," 88267 ","SINAPI","ENCANADOR OU BOMBEIRO HIDRÁULICO COM ENCARGOS COMPLEMENTARES","SEDI - SERVIÇOS DIVERSOS",null,"H",0.26029999999999998,24.54,6.38]
["Composição Auxiliar"," 88248 ","SINAPI","AUXILIAR DE ENCANADOR OU BOMBEIRO HIDRÁULICO COM ENCARGOS COMPLEMENTARES","SEDI - SERVIÇOS DIVERSOS",null,"H",0.26029999999999998,20.39,5.3]
["Composição Auxiliar"," 104091 ","SINAPI","TERMOFUSORA PARA TUBOS E CONEXÕES EM PPR COM DIÂMETROS DE 20 A 63 MM, POTÊNCIA DE 800 W, TENSAO 220 V - CHP DIURNO. AF_05/2022","CHOR - CUSTOS HORÁRIOS DE MÁQUINAS E EQUIPAMENTOS",null,"CHP",0.17829999999999999,0.76,0.13]
["Insumo"," 00036356 ","SINAPI","CURVA PPR 90 GRAUS, F/F, DN 25 MM, PARA AGUA QUENTE PREDIAL","Material",null,"UN",1,16.34,16.34]
[{"$nulls":4},"MO sem LS =>",9.74,"LS =>",0,"MO com LS =>",9.74]
[{"$nulls":4},"Valor do BDI =>",6.16,null,"Valor com BDI =>",null,34.31]
[{"$nulls":6},"Quant. =>","1,00","Preço Total =>",34.31]
[]
[" 7.1.15 ","Código","Banco","Descrição","Tipo",null,"Und","Quant.","Valor Unit","Total"]
["Composição"," 89402 ","SINAPI","TUBO, PVC, SOLDÁVEL, DE 25MM, INSTALADO EM RAMAL DE DISTRIBUIÇÃO DE ÁGUA - FORNECIMENTO E INSTALAÇÃO. AF_06/2022","INHI - INSTALAÇÕES HIDROS SANITÁRIAS",null,"M",1,10.86,10.86]
["Composição Auxiliar"," 88267 ","SINAPI","ENCANADOR OU BOMBEIRO HIDRÁULICO COM ENCARGOS COMPLEMENTARES","SEDI - SERVIÇOS DIVERSOS",null,"H",0.15859999999999999,24.54,3.89]
["Composição Auxiliar"," 88248 ","SINAPI","AUXILIAR DE ENCANADOR OU BOMBEIRO HIDRÁULICO COM ENCARGOS COMPLEMENTARES","SEDI - SERVIÇOS DIVERSOS",null,"H",0.15859999999999999,20.39,3.23]
["Insumo"," 00038383 ","SINAPI","LIXA D'AGUA EM FOLHA, GRAO 100","Material",null,"UN",3.6999999999999998E-2,2.0699999999999998,7.0000000000000007E-2]
["Insumo"," 00009868 ","SINAPI","TUBO PVC, SOLDAVEL, DE 25 MM, AGUA FRIA (NBR-5648)","Material",null,"M",1.0492999999999999,3.5,3.67]
[{"$nulls":4},"MO sem LS =>",5.92,"LS =>",0,"MO com LS =>",5.92]
[{"$nulls":4},"Valor do BDI =>",2.37,null,"Valor com BDI =>",null,13.23]
[{"$nulls":6},"Quant. =>","166,20","Preço Total =>",2198.8200000000002]
[]
[" 7.1.16 ","Código","Banco","Descrição","Tipo",null,"Und","Quant.","Valor Unit","Total"]
["Composição"," 94704 ","SINAPI","ADAPTADOR COM FLANGE E ANEL DE VEDAÇÃO, PVC, SOLDÁVEL, DN 32 MM X 1\", INSTALADO EM RESERVAÇÃO PREDIAL DE ÁGUA - FORNECIMENTO E INSTALAÇÃO. AF_04/2024","INHI - INSTALAÇÕES HIDROS SANITÁRIAS",null,"UN",1,22.45,22.45]
["Composição Auxiliar"," 88267 ","SINAPI","ENCANADOR OU BOMBEIRO HIDRÁULICO COM ENCARGOS COMPLEMENTARES","SEDI - SERVIÇOS DIVERSOS",null,"H",0.13750000000000001,24.54,3.37]
["Composição Auxiliar"," 88248 ","SINAPI","AUXILIAR DE ENCANADOR OU BOMBEIRO HIDRÁULICO COM ENCARGOS COMPLEMENTARES","SEDI - SERVIÇOS DIVERSOS",null,"H",0.13750000000000001,20.39,2.8]
["Insumo"," 00000122 ","SINAPI","ADESIVO PLASTICO PARA PVC, FRASCO COM *850* GR","Material",null,"UN",4.7000000000000002E-3,61.17,0.28000000000000003]
["Insumo"," 00000097 ","SINAPI","ADAPTADOR PVC SOLDAVEL, COM FLANGE E ANEL DE VEDACAO, 32 MM X 1\", PARA CAIXA D'AGUA","Material",null,"UN",1,15.62,15.62]
["Insumo"," 00020083 ","SINAPI","SOLUCAO PREPARADORA / LIMPADORA PARA PVC, FRASCO COM 1000 CM3","Material",null,"UN",5.4999999999999997E-3,69.3,0.38]
[{"$nulls":4},"MO sem LS =>",5.13,"LS =>",0,"MO com LS =>",5.13]
[{"$nulls":4},"Valor do BDI =>",4.91,null,"Valor com BDI =>",null,27.36]
[{"$nulls":6},"Quant. =>","32,00","Preço Total =>",875.52]
[]
[" 7.1.17 ","Código","Banco","Descrição","Tipo",null,"Und","Quant.","Valor Unit","Total"]
["Composição"," 94705 ","SINAPI","ADAPTADOR COM FLANGE E ANEL DE VEDAÇÃO, PVC, SOLDÁVEL, DN 40 MM X 1 1/4\", INSTALADO EM RESERVAÇÃO PREDIAL DE ÁGUA - FORNECIMENTO E INSTALAÇÃO. AF_04/2024","INHI - INSTALAÇÕES HIDROS SANITÁRIAS",null,"UN",1,30.59,30.59]
["Composição Auxiliar"," 88248 ","SINAPI","AUXILIAR DE ENCANADOR OU BOMBEIRO HIDRÁULICO COM ENCARGOS COMPLEMENTARES","SEDI - SERVIÇOS DIVERSOS",null,"H",0.14180000000000001,20.39,2.89]
["Composição Auxiliar"," 88267 ","SINAPI","ENCANADOR OU BOMBEIRO HIDRÁULICO COM ENCARGOS COMPLEMENTARES","SEDI - SERVIÇOS DIVERSOS",null,"H",0.14180000000000001,24.54,3.47]
["Insumo"," 00000122 ","SINAPI","ADESIVO PLASTICO PARA PVC, FRASCO COM *850* GR","Material",null,"UN",5.8999999999999999E-3,61.17,0.36]
["Insumo"," 00038383 ","SINAPI","LIXA D'AGUA EM FOLHA, GRAO 100","Material",null,"UN",5.5999999999999999E-3,2.0699999999999998,0.01]
["Insumo"," 00020083 ","SINAPI","SOLUCAO PREPARADORA / LIMPADORA PARA PVC, FRASCO COM 1000 CM3","Material",null,"UN",7.0000000000000001E-3,69.3,0.48]
["Insumo"," 00000098 ","SINAPI","ADAPTADOR PVC SOLDAVEL, COM FLANGE E ANEL DE VEDACAO, 40 MM X 1 1/4\", PARA CAIXA D'AGUA","Material",null,"UN",1,23.38,23.38]
[{"$nulls":4},"MO sem LS =>",5.29,"LS =>",0,"MO com LS =>",5.29]
[{"$nulls":4},"Valor do BDI =>",6.69,null,"Valor com BDI =>",null,37.28]
[{"$nulls":6},"Quant. =>","32,00","Preço Total =>",1192.96]
[]
[" 7.1.18 ","Código","Banco","Descrição","Tipo",null,"Und","Quant.","Valor Unit","Total"]
["Composição"," 89429 ","SINAPI","ADAPTADOR CURTO COM BOLSA E ROSCA PARA REGISTRO, PVC, SOLDÁVEL, DN 25MM X 3/4 , INSTALADO EM RAMAL DE DISTRIBUIÇÃO DE ÁGUA - FORNECIMENTO E INSTALAÇÃO. AF_06/2022","INHI - INSTALAÇÕES HIDROS SANITÁRIAS",null,"UN",1,5.43,5.43]
["Composição Auxiliar"," 88248 ","SINAPI","AUXILIAR DE ENCANADOR OU BOMBEIRO HIDRÁULICO COM ENCARGOS COMPLEMENTARES","SEDI - SERVIÇOS DIVERSOS",null,"H",8.4400000000000003E-2,20.39,1.72]
["Composição Auxiliar"," 88267 ","SINAPI","ENCANADOR OU BOMBEIRO HIDRÁULICO COM ENCARGOS COMPLEMENTARES","SEDI - SERVIÇOS DIVERSOS",null,"H",8.4400000000000003E-2,24.54,2.0699999999999998]
["Insumo"," 00020083 ","SINAPI","SOLUCAO PREPARADORA / LIMPADORA PARA PVC, FRASCO COM 1000 CM3","Material",null,"UN",7.0000000000000001E-3,69.3,0.48]
["Insumo"," 00038383 ","SINAPI","LIXA D'AGUA EM FOLHA, GRAO 100","Material",null,"UN",2.81E-2,2.0699999999999998,0.05]
["Insumo"," 00000122 ","SINAPI","ADESIVO PLASTICO PARA PVC, FRASCO COM *850* GR","Material",null,"UN",5.8999999999999999E-3,61.17,0.36]
["Insumo"," 00000065 ","SINAPI","ADAPTADOR PVC SOLDAVEL CURTO COM BOLSA E ROSCA, 25 MM X 3/4\", PARA AGUA FRIA","Material",null,"UN",1,0.75,0.75]
[{"$nulls":4},"MO sem LS =>",3.15,"LS =>",0,"MO com LS =>",3.15]
[{"$nulls":4},"Valor do BDI =>",1.18,null,"Valor com BDI =>",null,6.61]
[{"$nulls":6},"Quant. =>","48,00","Preço Total =>",317.27999999999997]
[]
[" 7.1.19 ","Código","Banco","Descrição","Tipo",null,"Und","Quant.","Valor Unit","Total"]
["Composição"," 94658 ","SINAPI","ADAPTADOR CURTO COM BOLSA E ROSCA PARA REGISTRO, PVC, SOLDÁVEL, DN 32 MM X 1\", INSTALADO EM RESERVAÇÃO PREDIAL DE ÁGUA - FORNECIMENTO E INSTALAÇÃO. AF_04/2024","INHI - INSTALAÇÕES HIDROS SANITÁRIAS",null,"UN",1,4.5,4.5]
["Composição Auxiliar"," 88267 ","SINAPI","ENCANADOR OU BOMBEIRO HIDRÁULICO COM ENCARGOS COMPLEMENTARES","SEDI - SERVIÇOS DIVERSOS",null,"H",5.0099999999999999E-2,24.54,1.22]
["Composição Auxiliar"," 88248 ","SINAPI","AUXILIAR DE ENCANADOR OU BOMBEIRO HIDRÁULICO COM ENCARGOS COMPLEMENTARES","SEDI - SERVIÇOS DIVERSOS",null,"H",5.0099999999999999E-2,20.39,1.02]
["Insumo"," 00003148 ","SINAPI","FITA VEDA ROSCA EM ROLOS DE 18 MM X 50 M (L X C)","Material",null,"UN",6.6E-3,14.75,0.09]
["Insumo"," 00000108 ","SINAPI","ADAPTADOR PVC SOLDAVEL CURTO COM BOLSA E ROSCA, 32 MM X 1\", PARA AGUA FRIA","Material",null,"UN",1,1.51,1.51]
["Insumo"," 00038383 ","SINAPI","LIXA D'AGUA EM FOLHA, GRAO 100","Material",null,"UN",4.1999999999999997E-3,2.0699999999999998,0]
["Insumo"," 00000122 ","SINAPI","ADESIVO PLASTICO PARA PVC, FRASCO COM *850* GR","Material",null,"UN",4.7000000000000002E-3,61.17,0.28000000000000003]
["Insumo"," 00020083 ","SINAPI","SOLUCAO PREPARADORA / LIMPADORA PARA PVC, FRASCO COM 1000 CM3","Material",null,"UN",5.4999999999999997E-3,69.3,0.38]
[{"$nulls":4},"MO sem LS =>",1.87,"LS =>",0,"MO com LS =>",1.87]
[{"$nulls":4},"Valor do BDI =>",0.98,null,"Valor com BDI =>",null,5.48]
[{"$nulls":6},"Quant. =>","19,00","Preço Total =>",104.12]
[]
[" 7.1.20 ","Código","Banco","Descrição","Tipo",null,"Und","Quant.","Valor Unit","Total"]
["Composição"," 103992 ","SINAPI","ADAPTADOR CURTO COM BOLSA E ROSCA PARA REGISTRO, PVC, SOLDÁVEL, DN 40MM X 1.1/4\", INSTALADO EM RAMAL DE DISTRIBUIÇÃO DE ÁGUA - FORNECIMENTO E INSTALAÇÃO. AF_06/2022","INHI - INSTALAÇÕES HIDROS SANITÁRIAS",null,"UN",1,9.99,9.99]
["Composição Auxiliar"," 88267 ","SINAPI","ENCANADOR OU BOMBEIRO HIDRÁULICO COM ENCARGOS COMPLEMENTARES","SEDI - SERVIÇOS DIVERSOS",null,"H",0.1181,24.54,2.89]
["Composição Auxiliar"," 88248 ","SINAPI","AUXILIAR DE ENCANADOR OU BOMBEIRO HIDRÁULICO COM ENCARGOS COMPLEMENTARES","SEDI - SERVIÇOS DIVERSOS",null,"H",0.1181,20.39,2.4]
["Insumo"," 00000109 ","SINAPI","ADAPTADOR PVC SOLDAVEL CURTO COM BOLSA E ROSCA, 40 MM X 1 1/4\", PARA AGUA FRIA","Material",null,"UN",1,3.12,3.12]
["Insumo"," 00038383 ","SINAPI","LIXA D'AGUA EM FOLHA, GRAO 100","Material",null,"UN",3.9399999999999998E-2,2.0699999999999998,0.08]
["Insumo"," 00000122 ","SINAPI","ADESIVO PLASTICO PARA PVC, FRASCO COM *850* GR","Material",null,"UN",1.06E-2,61.17,0.64]
["Insumo"," 00020083 ","SINAPI","SOLUCAO PREPARADORA / LIMPADORA PARA PVC, FRASCO COM 1000 CM3","Material",null,"UN",1.2500000000000001E-2,69.3,0.86]
[{"$nulls":4},"MO sem LS =>",4.41,"LS =>",0,"MO com LS =>",4.41]
[{"$nulls":4},"Valor do BDI =>",2.1800000000000002,null,"Valor com BDI =>",null,12.17]
[{"$nulls":6},"Quant. =>","16,00","Preço Total =>",194.72]
[]
[" 7.1.21 ","Código","Banco","Descrição","Tipo",null,"Und","Quant.","Valor Unit","Total"]
["Composição"," 105231 ","SINAPI","BUCHA DE REDUÇÃO, PPR, DN 32 X 25 MM, INSTALADO EM RESERVAÇÃO PREDIAL DE ÁGUA - FORNECIMENTO E INSTALAÇÃO. AF_04/2024"," INHI",null,"UN",1,8.5,8.5]
["Composição Auxiliar"," 88267 ","SINAPI","ENCANADOR OU BOMBEIRO HIDRÁULICO COM ENCARGOS COMPLEMENTARES","SEDI - SERVIÇOS DIVERSOS",null,"H",7.9699999999999993E-2,24.54,1.95]
["Composição Auxiliar"," 88248 ","SINAPI","AUXILIAR DE ENCANADOR OU BOMBEIRO HIDRÁULICO COM ENCARGOS COMPLEMENTARES","SEDI - SERVIÇOS DIVERSOS",null,"H",7.9699999999999993E-2,20.39,1.62]
["Composição Auxiliar"," 104091 ","SINAPI","TERMOFUSORA PARA TUBOS E CONEXÕES EM PPR COM DIÂMETROS DE 20 A 63 MM, POTÊNCIA DE 800 W, TENSAO 220 V - CHP DIURNO. AF_05/2022","CHOR - CUSTOS HORÁRIOS DE MÁQUINAS E EQUIPAMENTOS",null,"CHP",5.4600000000000003E-2,0.76,0.04]
["Insumo"," 00038992 ","SINAPI","BUCHA DE REDUCAO, PPR, DN 32 X 25 MM, PARA AGUA QUENTE E FRIA PREDIAL","Material",null,"UN",1,4.8899999999999997,4.8899999999999997]
[{"$nulls":4},"MO sem LS =>",2.97,"LS =>",0,"MO com LS =>",2.97]
[{"$nulls":4},"Valor do BDI =>",1.86,null,"Valor com BDI =>",null,10.36]
[{"$nulls":6},"Quant. =>","8,00","Preço Total =>",82.88]
[]
[" 7.1.22 ","Código","Banco","Descrição","Tipo",null,"Und","Quant.","Valor Unit","Total"]
["Composição"," 103993 ","SINAPI","BUCHA DE REDUÇÃO, PVC, SOLDÁVEL, DN 40MM X 32MM, INSTALADO EM RAMAL DE DISTRIBUIÇÃO DE ÁGUA - FORNECIMENTO E INSTALAÇÃO. AF_06/2022","INHI - INSTALAÇÕES HIDROS SANITÁRIAS",null,"UN",1,8.64,8.64]
["Composição Auxiliar"," 88248 ","SINAPI","AUXILIAR DE ENCANADOR OU BOMBEIRO HIDRÁULICO COM ENCARGOS COMPLEMENTARES","SEDI - SERVIÇOS DIVERSOS",null,"H",0.1181,20.39,2.4]
["Composição Auxiliar"," 88267 ","SINAPI","ENCANADOR OU BOMBEIRO HIDRÁULICO COM ENCARGOS COMPLEMENTARES","SEDI - SERVIÇOS DIVERSOS",null,"H",0.1181,24.54,2.89]
["Insumo"," 00038383 ","SINAPI","LIXA D'AGUA EM FOLHA, GRAO 100","Material",null,"UN",3.9399999999999998E-2,2.0699999999999998,0.08]
["Insumo"," 00020083 ","SINAPI","SOLUCAO PREPARADORA / LIMPADORA PARA PVC, FRASCO COM 1000 CM3","Material",null,"UN",1.2500000000000001E-2,69.3,0.86]
["Insumo"," 00000122 ","SINAPI","ADESIVO PLASTICO PARA PVC, FRASCO COM *850* GR","Material",null,"UN",1.06E-2,61.17,0.64]
["Insumo"," 00000812 ","SINAPI","BUCHA DE REDUCAO DE PVC, SOLDAVEL, CURTA, COM 40 X 32 MM, PARA AGUA FRIA PREDIAL","Material",null,"UN",1,1.77,1.77]
[{"$nulls":4},"MO sem LS =>",4.41,"LS =>",0,"MO com LS =>",4.41]
[{"$nulls":4},"Valor do BDI =>",1.89,null,"Valor com BDI =>",null,10.53]
[{"$nulls":6},"Quant. =>","10,00","Preço Total =>",105.3]
[]
[" 7.1.23 ","Código","Banco","Descrição","Tipo",null,"Und","Quant.","Valor Unit","Total"]
["Composição"," 105180 ","SINAPI","JOELHO PVC, SOLDÁVEL, 45 GRAUS, DN 40 MM, INSTALADO EM RESERVAÇÃO PREDIAL DE ÁGUA - FORNECIMENTO E INSTALAÇÃO. AF_04/2024"," INHI",null,"UN",1,11.23,11.23]
["Composição Auxiliar"," 88267 ","SINAPI","ENCANADOR OU BOMBEIRO HIDRÁULICO COM ENCARGOS COMPLEMENTARES","SEDI - SERVIÇOS DIVERSOS",null,"H",0.10050000000000001,24.54,2.46]
["Composição Auxiliar"," 88248 ","SINAPI","AUXILIAR DE ENCANADOR OU BOMBEIRO HIDRÁULICO COM ENCARGOS COMPLEMENTARES","SEDI - SERVIÇOS DIVERSOS",null,"H",0.10050000000000001,20.39,2.04]
["Insumo"," 00020083 ","SINAPI","SOLUCAO PREPARADORA / LIMPADORA PARA PVC, FRASCO COM 1000 CM3","Material",null,"UN",1.4E-2,69.3,0.97]
["Insumo"," 00003502 ","SINAPI","JOELHO, PVC SOLDAVEL, 45 GRAUS, 40 MM, COR MARROM, PARA AGUA FRIA PREDIAL","Material",null,"UN",1,5.0199999999999996,5.0199999999999996]
["Insumo"," 00038383 ","SINAPI","LIXA D'AGUA EM FOLHA, GRAO 100","Material",null,"UN",1.12E-2,2.0699999999999998,0.02]
["Insumo"," 00000122 ","SINAPI","ADESIVO PLASTICO PARA PVC, FRASCO COM *850* GR","Material",null,"UN",1.18E-2,61.17,0.72]
[{"$nulls":4},"MO sem LS =>",3.75,"LS =>",0,"MO com LS =>",3.75]
[{"$nulls":4},"Valor do BDI =>",2.4500000000000002,null,"Valor com BDI =>",null,13.68]
[{"$nulls":6},"Quant. =>","17,00","Preço Total =>",232.56]
[]
[null,"Código","Banco","Descrição","Tipo",null,"Und","Quant.","Valor Unit","Total"]
["Insumo"," 00001648 ","SINAPI","CRUZETA DE FERRO GALVANIZADO, COM ROSCA BSP, DE 1\"","Material",null,"UN",1,46.11,46.11]
[{"$nulls":4},"MO sem LS =>",0,"LS =>",0,"MO com LS =>",0]
[{"$nulls":4},"Valor do BDI =>",null,null,"Valor com BDI =>",null,52.75]
[{"$nulls":6},"Quant. =>","1,00","Preço Total =>",52.75]
[]
[null,"Código","Banco","Descrição","Tipo",null,"Und","Quant.","Valor Unit","Total"]
["Insumo"," 00001649 ","SINAPI","CRUZETA DE FERRO GALVANIZADO, COM ROSCA BSP, DE 1 1/2\"","Material",null,"UN",1,85.61,85.61]
[{"$nulls":4},"MO sem LS =>",0,"LS =>",0,"MO com LS =>",0]
[{"$nulls":4},"Valor do BDI =>",null,null,"Valor com BDI =>",null,97.94]
[{"$nulls":6},"Quant. =>","5,00","Preço Total =>",489.7]
[]
[" 7.1.26 ","Código","Banco","Descrição","Tipo",null,"Und","Quant.","Valor Unit","Total"]
["Composição"," 89408 ","SINAPI","JOELHO 90 GRAUS, PVC, SOLDÁVEL, DN 25MM, INSTALADO EM RAMAL DE DISTRIBUIÇÃO DE ÁGUA - FORNECIMENTO E INSTALAÇÃO. AF_06/2022","INHI - INSTALAÇÕES HIDROS SANITÁRIAS",null,"UN",1,7.75,7.75]
["Composição Auxiliar"," 88267 ","SINAPI","ENCANADOR OU BOMBEIRO HIDRÁULICO COM ENCARGOS COMPLEMENTARES","SEDI - SERVIÇOS DIVERSOS",null,"H",0.13589999999999999,24.54,3.33]
["Composição Auxiliar"," 88248 ","SINAPI","AUXILIAR DE ENCANADOR OU BOMBEIRO HIDRÁULICO COM ENCARGOS COMPLEMENTARES","SEDI - SERVIÇOS DIVERSOS",null,"H",0.13589999999999999,20.39,2.77]
["Insumo"," 00038383 ","SINAPI","LIXA D'AGUA EM FOLHA, GRAO 100","Material",null,"UN",3.0200000000000001E-2,2.0699999999999998,0.06]
["Insumo"," 00020083 ","SINAPI","SOLUCAO PREPARADORA / LIMPADORA PARA PVC, FRASCO COM 1000 CM3","Material",null,"UN",8.0000000000000002E-3,69.3,0.55000000000000004]
["Insumo"," 00003529 ","SINAPI","JOELHO PVC, SOLDAVEL, 90 GRAUS, 25 MM, COR MARROM, PARA AGUA FRIA PREDIAL","Material",null,"UN",1,0.61,0.61]
["Insumo"," 00000122 ","SINAPI","ADESIVO PLASTICO PARA PVC, FRASCO COM *850* GR","Material",null,"UN",7.1000000000000004E-3,61.17,0.43]
[{"$nulls":4},"MO sem LS =>",5.08,"LS =>",0,"MO com LS =>",5.08]
[{"$nulls":4},"Valor do BDI =>",1.69,null,"Valor com BDI =>",null,9.44]
[{"$nulls":6},"Quant. =>","93,00","Preço Total =>",877.92]
[]
[" 7.1.27 ","Código","Banco","Descrição","Tipo",null,"Und","Quant.","Valor Unit","Total"]
["Composição"," 89413 ","SINAPI","JOELHO 90 GRAUS, PVC, SOLDÁVEL, DN 32MM, INSTALADO EM RAMAL DE DISTRIBUIÇÃO DE ÁGUA - FORNECIMENTO E INSTALAÇÃO. AF_06/2022","INHI - INSTALAÇÕES HIDROS SANITÁRIAS",null,"UN",1,10.71,10.71]
["Composição Auxiliar"," 88248 ","SINAPI","AUXILIAR DE ENCANADOR OU BOMBEIRO HIDRÁULICO COM ENCARGOS COMPLEMENTARES","SEDI - SERVIÇOS DIVERSOS",null,"H",0.16209999999999999,20.39,3.3]
["Composição Auxiliar"," 88267 ","SINAPI","ENCANADOR OU BOMBEIRO HIDRÁULICO COM ENCARGOS COMPLEMENTARES","SEDI - SERVIÇOS DIVERSOS",null,"H",0.16209999999999999,24.54,3.97]
["Insumo"," 00038383 ","SINAPI","LIXA D'AGUA EM FOLHA, GRAO 100","Material",null,"UN",3.5999999999999997E-2,2.0699999999999998,7.0000000000000007E-2]
["Insumo"," 00000122 ","SINAPI","ADESIVO PLASTICO PARA PVC, FRASCO COM *850* GR","Material",null,"UN",9.4000000000000004E-3,61.17,0.56999999999999995]
["Insumo"," 00020083 ","SINAPI","SOLUCAO PREPARADORA / LIMPADORA PARA PVC, FRASCO COM 1000 CM3","Material",null,"UN",1.0999999999999999E-2,69.3,0.76]
["Insumo"," 00003536 ","SINAPI","JOELHO PVC, SOLDAVEL, 90 GRAUS, 32 MM, COR MARROM, PARA AGUA FRIA PREDIAL","Material",null,"UN",1,2.04,2.04]
[{"$nulls":4},"MO sem LS =>",6.06,"LS =>",0,"MO com LS =>",6.06]
[{"$nulls":4},"Valor do BDI =>",2.34,null,"Valor com BDI =>",null,13.05]
[{"$nulls":6},"Quant. =>","25,00","Preço Total =>",326.25]
[]
[" 7.1.28 ","Código","Banco","Descrição","Tipo",null,"Und","Quant.","Valor Unit","Total"]
["Composição"," 89497 ","SINAPI","JOELHO 90 GRAUS, PVC, SOLDÁVEL, DN 40MM, INSTALADO EM PRUMADA DE ÁGUA - FORNECIMENTO E INSTALAÇÃO. AF_06/2022","INHI - INSTALAÇÕES HIDROS SANITÁRIAS",null,"UN",1,11.38,11.38]
["Composição Auxiliar"," 88248 ","SINAPI","AUXILIAR DE ENCANADOR OU BOMBEIRO HIDRÁULICO COM ENCARGOS COMPLEMENTARES","SEDI - SERVIÇOS DIVERSOS",null,"H",0.1047,20.39,2.13]
["Composição Auxiliar"," 88267 ","SINAPI","ENCANADOR OU BOMBEIRO HIDRÁULICO COM ENCARGOS COMPLEMENTARES","SEDI - SERVIÇOS DIVERSOS",null,"H",0.1047,24.54,2.56]
["Insumo"," 00003535 ","SINAPI","JOELHO PVC, SOLDAVEL, 90 GRAUS, 40 MM, COR MARROM, PARA AGUA FRIA PREDIAL","Material",null,"UN",1,4.97,4.97]
["Insumo"," 00038383 ","SINAPI","LIXA D'AGUA EM FOLHA, GRAO 100","Material",null,"UN",1.5699999999999999E-2,2.0699999999999998,0.03]
["Insumo"," 00020083 ","SINAPI","SOLUCAO PREPARADORA / LIMPADORA PARA PVC, FRASCO COM 1000 CM3","Material",null,"UN",1.4E-2,69.3,0.97]
["Insumo"," 00000122 ","SINAPI","ADESIVO PLASTICO PARA PVC, FRASCO COM *850* GR","Material",null,"UN",1.18E-2,61.17,0.72]
[{"$nulls":4},"MO sem LS =>",3.91,"LS =>",0,"MO com LS =>",3.91]
[{"$nulls":4},"Valor do BDI =>",2.4900000000000002,null,"Valor com BDI =>",null,13.87]
[{"$nulls":6},"Quant. =>","8,00","Preço Total =>",110.96]
[]
[" 7.1.29 ","Código","Banco","Descrição","Tipo",null,"Und","Quant.","Valor Unit","Total"]
["Composição"," 103951 ","SINAPI","JOELHO DE REDUÇÃO, 90 GRAUS, PVC, SOLDÁVEL, DN 32 MM X 25 MM, INSTALADO EM RAMAL OU SUB-RAMAL DE ÁGUA - FORNECIMENTO E INSTALAÇÃO. AF_06/2022","INHI - INSTALAÇÕES HIDROS SANITÁRIAS",null,"UN",1,13.05,13.05]
["Composição Auxiliar"," 88267 ","SINAPI","ENCANADOR OU BOMBEIRO HIDRÁULICO COM ENCARGOS COMPLEMENTARES","SEDI - SERVIÇOS DIVERSOS",null,"H",0.1666,24.54,4.08]
["Composição Auxiliar"," 88248 ","SINAPI","AUXILIAR DE ENCANADOR OU BOMBEIRO HIDRÁULICO COM ENCARGOS COMPLEMENTARES","SEDI - SERVIÇOS DIVERSOS",null,"H",0.1666,20.39,3.39]
["Insumo"," 00000122 ","SINAPI","ADESIVO PLASTICO PARA PVC, FRASCO COM *850* GR","Material",null,"UN",8.2000000000000007E-3,61.17,0.5]
["Insumo"," 00020083 ","SINAPI","SOLUCAO PREPARADORA / LIMPADORA PARA PVC, FRASCO COM 1000 CM3","Material",null,"UN",9.4999999999999998E-3,69.3,0.65]
["Insumo"," 00038383 ","SINAPI","LIXA D'AGUA EM FOLHA, GRAO 100","Material",null,"UN",3.7100000000000001E-2,2.0699999999999998,7.0000000000000007E-2]
["Insumo"," 00003538 ","SINAPI","JOELHO DE REDUCAO, PVC SOLDAVEL, 90 GRAUS, 32 MM X 25 MM, COR MARROM, PARA AGUA FRIA PREDIAL","Material",null,"UN",1,4.3600000000000003,4.3600000000000003]
[{"$nulls":4},"MO sem LS =>",6.23,"LS =>",0,"MO com LS =>",6.23]
[{"$nulls":4},"Valor do BDI =>",2.85,null,"Valor com BDI =>",null,15.9]
[{"$nulls":6},"Quant. =>","5,00","Preço Total =>",79.5]
[]
[" 7.1.30 ","Código","Banco","Descrição","Tipo",null,"Und","Quant.","Valor Unit","Total"]
["Composição"," 89387 ","SINAPI","LUVA DE CORRER, PVC, SOLDÁVEL, DN 32MM, INSTALADO EM RAMAL OU SUB-RAMAL DE ÁGUA   FORNECIMENTO E INSTALAÇÃO. AF_06/2022","INHI - INSTALAÇÕES HIDROS SANITÁRIAS",null,"UN",1,25.29,25.29]
["Composição Auxiliar"," 88248 ","SINAPI","AUXILIAR DE ENCANADOR OU BOMBEIRO HIDRÁULICO COM ENCARGOS COMPLEMENTARES","SEDI - SERVIÇOS DIVERSOS",null,"H",0.1208,20.39,2.46]
["Composição Auxiliar"," 88267 ","SINAPI","ENCANADOR OU BOMBEIRO HIDRÁULICO COM ENCARGOS COMPLEMENTARES","SEDI - SERVIÇOS DIVERSOS",null,"H",0.1208,24.54,2.96]
["Insumo"," 00038021 ","SINAPI","LUVA DE CORRER PARA TUBO SOLDAVEL, PVC, 32 MM, PARA AGUA FRIA PREDIAL","Material",null,"UN",1,18.46,18.46]
["Insumo"," 00020083 ","SINAPI","SOLUCAO PREPARADORA / LIMPADORA PARA PVC, FRASCO COM 1000 CM3","Material",null,"UN",1.0999999999999999E-2,69.3,0.76]
["Insumo"," 00038383 ","SINAPI","LIXA D'AGUA EM FOLHA, GRAO 100","Material",null,"UN",4.0300000000000002E-2,2.0699999999999998,0.08]
["Insumo"," 00000122 ","SINAPI","ADESIVO PLASTICO PARA PVC, FRASCO COM *850* GR","Material",null,"UN",9.4000000000000004E-3,61.17,0.56999999999999995]
[{"$nulls":4},"MO sem LS =>",4.5199999999999996,"LS =>",0,"MO com LS =>",4.5199999999999996]
[{"$nulls":4},"Valor do BDI =>",5.53,null,"Valor com BDI =>",null,30.82]
[{"$nulls":6},"Quant. =>","1,00","Preço Total =>",30.82]
[]
[" 7.1.31 ","Código","Banco","Descrição","Tipo",null,"Und","Quant.","Valor Unit","Total"]
["Composição"," 103988 ","SINAPI","LUVA, PVC, SOLDÁVEL, DN 40MM, INSTALADO EM RAMAL DE DISTRIBUIÇÃO DE ÁGUA - FORNECIMENTO E INSTALAÇÃO. AF_06/2022","INHI - INSTALAÇÕES HIDROS SANITÁRIAS",null,"UN",1,11.09,11.09]
["Composição Auxiliar"," 88248 ","SINAPI","AUXILIAR DE ENCANADOR OU BOMBEIRO HIDRÁULICO COM ENCARGOS COMPLEMENTARES","SEDI - SERVIÇOS DIVERSOS",null,"H",0.128,20.39,2.6]
["Composição Auxiliar"," 88267 ","SINAPI","ENCANADOR OU BOMBEIRO HIDRÁULICO COM ENCARGOS COMPLEMENTARES","SEDI - SERVIÇOS DIVERSOS",null,"H",0.128,24.54,3.14]
["Insumo"," 00000122 ","SINAPI","ADESIVO PLASTICO PARA PVC, FRASCO COM *850* GR","Material",null,"UN",1.18E-2,61.17,0.72]
["Insumo"," 00003862 ","SINAPI","LUVA PVC SOLDAVEL, 40 MM, PARA AGUA FRIA PREDIAL","Material",null,"UN",1,3.58,3.58]
["Insumo"," 00020083 ","SINAPI","SOLUCAO PREPARADORA / LIMPADORA PARA PVC, FRASCO COM 1000 CM3","Material",null,"UN",1.4E-2,69.3,0.97]
["Insumo"," 00038383 ","SINAPI","LIXA D'AGUA EM FOLHA, GRAO 100","Material",null,"UN",4.2700000000000002E-2,2.0699999999999998,0.08]
[{"$nulls":4},"MO sem LS =>",4.78,"LS =>",0,"MO com LS =>",4.78]
[{"$nulls":4},"Valor do BDI =>",2.42,null,"Valor com BDI =>",null,13.51]
[{"$nulls":6},"Quant. =>","1,00","Preço Total =>",13.51]
[]
[" 7.1.32 ","Código","Banco","Descrição","Tipo",null,"Und","Quant.","Valor Unit","Total"]
["Composição"," 89403 ","SINAPI","TUBO, PVC, SOLDÁVEL, DE 32MM, INSTALADO EM RAMAL DE DISTRIBUIÇÃO DE ÁGUA - FORNECIMENTO E INSTALAÇÃO. AF_06/2022","INHI - INSTALAÇÕES HIDROS SANITÁRIAS",null,"M",1,16.5,16.5]
["Composição Auxiliar"," 88248 ","SINAPI","AUXILIAR DE ENCANADOR OU BOMBEIRO HIDRÁULICO COM ENCARGOS COMPLEMENTARES","SEDI - SERVIÇOS DIVERSOS",null,"H",0.18909999999999999,20.39,3.85]
["Composição Auxiliar"," 88267 ","SINAPI","ENCANADOR OU BOMBEIRO HIDRÁULICO COM ENCARGOS COMPLEMENTARES","SEDI - SERVIÇOS DIVERSOS",null,"H",0.18909999999999999,24.54,4.6399999999999997]
["Insumo"," 00009869 ","SINAPI","TUBO PVC, SOLDAVEL, DE 32 MM, AGUA FRIA (NBR-5648)","Material",null,"M",1.0492999999999999,7.55,7.92]
["Insumo"," 00038383 ","SINAPI","LIXA D'AGUA EM FOLHA, GRAO 100","Material",null,"UN",4.41E-2,2.0699999999999998,0.09]
[{"$nulls":4},"MO sem LS =>",7.07,"LS =>",0,"MO com LS =>",7.07]
[{"$nulls":4},"Valor do BDI =>",3.61,null,"Valor com BDI =>",null,20.11]
[{"$nulls":6},"Quant. =>","115,11","Preço Total =>",2314.86]
[]
[" 7.1.33 ","Código","Banco","Descrição","Tipo",null,"Und","Quant.","Valor Unit","Total"]
["Composição"," 103978 ","SINAPI","TUBO, PVC, SOLDÁVEL, DE 40MM, INSTALADO EM RAMAL DE DISTRIBUIÇÃO DE ÁGUA - FORNECIMENTO E INSTALAÇÃO. AF_06/2022","INHI - INSTALAÇÕES HIDROS SANITÁRIAS",null,"M",1,22.54,22.54]
["Composição Auxiliar"," 88248 ","SINAPI","AUXILIAR DE ENCANADOR OU BOMBEIRO HIDRÁULICO COM ENCARGOS COMPLEMENTARES","SEDI - SERVIÇOS DIVERSOS",null,"H",0.224,20.39,4.5599999999999996]
["Composição Auxiliar"," 88267 ","SINAPI","ENCANADOR OU BOMBEIRO HIDRÁULICO COM ENCARGOS COMPLEMENTARES","SEDI - SERVIÇOS DIVERSOS",null,"H",0.224,24.54,5.49]
["Insumo"," 00038383 ","SINAPI","LIXA D'AGUA EM FOLHA, GRAO 100","Material",null,"UN",2.6100000000000002E-2,2.0699999999999998,0.05]
["Insumo"," 00009874 ","SINAPI","TUBO PVC, SOLDAVEL, DE 40 MM, AGUA FRIA (NBR-5648)","Material",null,"M",1.0492999999999999,11.86,12.44]
[{"$nulls":4},"MO sem LS =>",8.3699999999999992,"LS =>",0,"MO com LS =>",8.3699999999999992]
[{"$nulls":4},"Valor do BDI =>",4.93,null,"Valor com BDI =>",null,27.47]
[{"$nulls":6},"Quant. =>","70,15","Preço Total =>",1927.02]
[]
[" 7.1.34 ","Código","Banco","Descrição","Tipo",null,"Und","Quant.","Valor Unit","Total"]
["Composição"," 89440 ","SINAPI","TE, PVC, SOLDÁVEL, DN 25MM, INSTALADO EM RAMAL DE DISTRIBUIÇÃO DE ÁGUA - FORNECIMENTO E INSTALAÇÃO. AF_06/2022","INHI - INSTALAÇÕES HIDROS SANITÁRIAS",null,"UN",1,10.7,10.7]
["Composição Auxiliar"," 88267 ","SINAPI","ENCANADOR OU BOMBEIRO HIDRÁULICO COM ENCARGOS COMPLEMENTARES","SEDI - SERVIÇOS DIVERSOS",null,"H",0.1812,24.54,4.4400000000000004]
["Composição Auxiliar"," 88248 ","SINAPI","AUXILIAR DE ENCANADOR OU BOMBEIRO HIDRÁULICO COM ENCARGOS COMPLEMENTARES","SEDI - SERVIÇOS DIVERSOS",null,"H",0.1812,20.39,3.69]
["Insumo"," 00000122 ","SINAPI","ADESIVO PLASTICO PARA PVC, FRASCO COM *850* GR","Material",null,"UN",1.06E-2,61.17,0.64]
["Insumo"," 00007139 ","SINAPI","TE SOLDAVEL, PVC, 90 GRAUS, 25 MM, PARA AGUA FRIA PREDIAL (NBR 5648)","Material",null,"UN",1,1.01,1.01]
["Insumo"," 00020083 ","SINAPI","SOLUCAO PREPARADORA / LIMPADORA PARA PVC, FRASCO COM 1000 CM3","Material",null,"UN",1.2E-2,69.3,0.83]
["Insumo"," 00038383 ","SINAPI","LIXA D'AGUA EM FOLHA, GRAO 100","Material",null,"UN",4.53E-2,2.0699999999999998,0.09]
[{"$nulls":4},"MO sem LS =>",6.77,"LS =>",0,"MO com LS =>",6.77]
[{"$nulls":4},"Valor do BDI =>",2.34,null,"Valor com BDI =>",null,13.04]
[{"$nulls":6},"Quant. =>","50,00","Preço Total =>",652]
[]
[" 7.1.35 ","Código","Banco","Descrição","Tipo",null,"Und","Quant.","Valor Unit","Total"]
["Composição"," 89443 ","SINAPI","TE, PVC, SOLDÁVEL, DN 32MM, INSTALADO EM RAMAL DE DISTRIBUIÇÃO DE ÁGUA - FORNECIMENTO E INSTALAÇÃO. AF_06/2022","INHI - INSTALAÇÕES HIDROS SANITÁRIAS",null,"UN",1,14.99,14.99]
["Composição Auxiliar"," 88267 ","SINAPI","ENCANADOR OU BOMBEIRO HIDRÁULICO COM ENCARGOS COMPLEMENTARES","SEDI - SERVIÇOS DIVERSOS",null,"H",0.21609999999999999,24.54,5.3]
["Composição Auxiliar"," 88248 ","SINAPI","AUXILIAR DE ENCANADOR OU BOMBEIRO HIDRÁULICO COM ENCARGOS COMPLEMENTARES","SEDI - SERVIÇOS DIVERSOS",null,"H",0.21609999999999999,20.39,4.4000000000000004]
["Insumo"," 00038383 ","SINAPI","LIXA D'AGUA EM FOLHA, GRAO 100","Material",null,"UN",5.3999999999999999E-2,2.0699999999999998,0.11]
["Insumo"," 00000122 ","SINAPI","ADESIVO PLASTICO PARA PVC, FRASCO COM *850* GR","Material",null,"UN",1.41E-2,61.17,0.86]
["Insumo"," 00007140 ","SINAPI","TE SOLDAVEL, PVC, 90 GRAUS, 32 MM, PARA AGUA FRIA PREDIAL (NBR 5648)","Material",null,"UN",1,3.18,3.18]
["Insumo"," 00020083 ","SINAPI","SOLUCAO PREPARADORA / LIMPADORA PARA PVC, FRASCO COM 1000 CM3","Material",null,"UN",1.6500000000000001E-2,69.3,1.1399999999999999]
[{"$nulls":4},"MO sem LS =>",8.08,"LS =>",0,"MO com LS =>",8.08]
[{"$nulls":4},"Valor do BDI =>",3.28,null,"Valor com BDI =>",null,18.27]
[{"$nulls":6},"Quant. =>","11,00","Preço Total =>",200.97]
[]
[" 7.1.36 ","Código","Banco","Descrição","Tipo",null,"Und","Quant.","Valor Unit","Total"]
["Composição"," 104011 ","SINAPI","TE, PVC, SOLDÁVEL, DN 40MM, INSTALADO EM RAMAL DE DISTRIBUIÇÃO DE ÁGUA - FORNECIMENTO E INSTALAÇÃO. AF_06/2022","INHI - INSTALAÇÕES HIDROS SANITÁRIAS",null,"UN",1,21.91,21.91]
["Composição Auxiliar"," 88248 ","SINAPI","AUXILIAR DE ENCANADOR OU BOMBEIRO HIDRÁULICO COM ENCARGOS COMPLEMENTARES","SEDI - SERVIÇOS DIVERSOS",null,"H",0.25600000000000001,20.39,5.21]
["Composição Auxiliar"," 88267 ","SINAPI","ENCANADOR OU BOMBEIRO HIDRÁULICO COM ENCARGOS COMPLEMENTARES","SEDI - SERVIÇOS DIVERSOS",null,"H",0.25600000000000001,24.54,6.28]
["Insumo"," 00000122 ","SINAPI","ADESIVO PLASTICO PARA PVC, FRASCO COM *850* GR","Material",null,"UN",1.7600000000000001E-2,61.17,1.07]
["Insumo"," 00020083 ","SINAPI","SOLUCAO PREPARADORA / LIMPADORA PARA PVC, FRASCO COM 1000 CM3","Material",null,"UN",2.1000000000000001E-2,69.3,1.45]
["Insumo"," 00007141 ","SINAPI","TE SOLDAVEL, PVC, 90 GRAUS, 40 MM, PARA AGUA FRIA PREDIAL (NBR 5648)","Material",null,"UN",1,7.77,7.77]
["Insumo"," 00038383 ","SINAPI","LIXA D'AGUA EM FOLHA, GRAO 100","Material",null,"UN",6.4100000000000004E-2,2.0699999999999998,0.13]
[{"$nulls":4},"MO sem LS =>",9.57,"LS =>",0,"MO com LS =>",9.57]
[{"$nulls":4},"Valor do BDI =>",4.79,null,"Valor com BDI =>",null,26.7]
[{"$nulls":6},"Quant. =>","16,00","Preço Total =>",427.2]
[]
[" 7.1.37 ","Código","Banco","Descrição","Tipo",null,"Und","Quant.","Valor Unit","Total"]
["Composição"," 89366 ","SINAPI","JOELHO 90 GRAUS COM BUCHA DE LATÃO, PVC, SOLDÁVEL, DN 25MM, X 3/4  INSTALADO EM RAMAL OU SUB-RAMAL DE ÁGUA - FORNECIMENTO E INSTALAÇÃO. AF_06/2022","INHI - INSTALAÇÕES HIDROS SANITÁRIAS",null,"UN",1,14.04,14.04]
["Composição Auxiliar"," 88248 ","SINAPI","AUXILIAR DE ENCANADOR OU BOMBEIRO HIDRÁULICO COM ENCARGOS COMPLEMENTARES","SEDI - SERVIÇOS DIVERSOS",null,"H",0.1416,20.39,2.88]
["Composição Auxiliar"," 88267 ","SINAPI","ENCANADOR OU BOMBEIRO HIDRÁULICO COM ENCARGOS COMPLEMENTARES","SEDI - SERVIÇOS DIVERSOS",null,"H",0.1416,24.54,3.47]
["Insumo"," 00000122 ","SINAPI","ADESIVO PLASTICO PARA PVC, FRASCO COM *850* GR","Material",null,"UN",5.8999999999999999E-3,61.17,0.36]
["Insumo"," 00038383 ","SINAPI","LIXA D'AGUA EM FOLHA, GRAO 100","Material",null,"UN",3.3799999999999997E-2,2.0699999999999998,0.06]
["Insumo"," 00020083 ","SINAPI","SOLUCAO PREPARADORA / LIMPADORA PARA PVC, FRASCO COM 1000 CM3","Material",null,"UN",7.0000000000000001E-3,69.3,0.48]
["Insumo"," 00003524 ","SINAPI","JOELHO PVC, SOLDAVEL, COM BUCHA DE LATAO, 90 GRAUS, 25 MM X 3/4\", PARA AGUA FRIA PREDIAL","Material",null,"UN",1,6.79,6.79]
[{"$nulls":4},"MO sem LS =>",5.29,"LS =>",0,"MO com LS =>",5.29]
[{"$nulls":4},"Valor do BDI =>",3.07,null,"Valor com BDI =>",null,17.11]
[{"$nulls":6},"Quant. =>","16,00","Preço Total =>",273.76]
[]
[" 7.1.38 ","Código","Banco","Descrição","Tipo",null,"Und","Quant.","Valor Unit","Total"]
["Composição"," 90373 ","SINAPI","JOELHO 90 GRAUS COM BUCHA DE LATÃO, PVC, SOLDÁVEL, DN 25MM, X 1/2  INSTALADO EM RAMAL OU SUB-RAMAL DE ÁGUA - FORNECIMENTO E INSTALAÇÃO. AF_06/2022","INHI - INSTALAÇÕES HIDROS SANITÁRIAS",null,"UN",1,11.29,11.29]
["Composição Auxiliar"," 88267 ","SINAPI","ENCANADOR OU BOMBEIRO HIDRÁULICO COM ENCARGOS COMPLEMENTARES","SEDI - SERVIÇOS DIVERSOS",null,"H",0.13120000000000001,24.54,3.21]
["Composição Auxiliar"," 88248 ","SINAPI","AUXILIAR DE ENCANADOR OU BOMBEIRO HIDRÁULICO COM ENCARGOS COMPLEMENTARES","SEDI - SERVIÇOS DIVERSOS",null,"H",0.13120000000000001,20.39,2.67]
["Insumo"," 00000122 ","SINAPI","ADESIVO PLASTICO PARA PVC, FRASCO COM *850* GR","Material",null,"UN",5.8999999999999999E-3,61.17,0.36]
["Insumo"," 00020147 ","SINAPI","JOELHO PVC, SOLDAVEL, COM BUCHA DE LATAO, 90 GRAUS, 25 MM X 1/2\", PARA AGUA FRIA PREDIAL","Material",null,"UN",1,4.51,4.51]
["Insumo"," 00020083 ","SINAPI","SOLUCAO PREPARADORA / LIMPADORA PARA PVC, FRASCO COM 1000 CM3","Material",null,"UN",7.0000000000000001E-3,69.3,0.48]
["Insumo"," 00038383 ","SINAPI","LIXA D'AGUA EM FOLHA, GRAO 100","Material",null,"UN",3.15E-2,2.0699999999999998,0.06]
[{"$nulls":4},"MO sem LS =>",4.9000000000000004,"LS =>",0,"MO com LS =>",4.9000000000000004]
[{"$nulls":4},"Valor do BDI =>",2.4700000000000002,null,"Valor com BDI =>",null,13.76]
[{"$nulls":6},"Quant. =>","26,00","Preço Total =>",357.76]
[]
[" 7.1.39 ","Código","Banco","Descrição","Tipo",null,"Und","Quant.","Valor Unit","Total"]
["Composição"," 89444 ","SINAPI","TÊ COM BUCHA DE LATÃO NA BOLSA CENTRAL, PVC, SOLDÁVEL, DN 32MM X 3/4 , INSTALADO EM RAMAL DE DISTRIBUIÇÃO DE ÁGUA - FORNECIMENTO E INSTALAÇÃO. AF_06/2022","INHI - INSTALAÇÕES HIDROS SANITÁRIAS",null,"UN",1,20.76,20.76]
["Composição Auxiliar"," 88267 ","SINAPI","ENCANADOR OU BOMBEIRO HIDRÁULICO COM ENCARGOS COMPLEMENTARES","SEDI - SERVIÇOS DIVERSOS",null,"H",0.1862,24.54,4.5599999999999996]
["Composição Auxiliar"," 88248 ","SINAPI","AUXILIAR DE ENCANADOR OU BOMBEIRO HIDRÁULICO COM ENCARGOS COMPLEMENTARES","SEDI - SERVIÇOS DIVERSOS",null,"H",0.1862,20.39,3.79]
["Insumo"," 00038383 ","SINAPI","LIXA D'AGUA EM FOLHA, GRAO 100","Material",null,"UN",4.9000000000000002E-2,2.0699999999999998,0.1]
["Insumo"," 00000122 ","SINAPI","ADESIVO PLASTICO PARA PVC, FRASCO COM *850* GR","Material",null,"UN",1.06E-2,61.17,0.64]
["Insumo"," 00020083 ","SINAPI","SOLUCAO PREPARADORA / LIMPADORA PARA PVC, FRASCO COM 1000 CM3","Material",null,"UN",1.2800000000000001E-2,69.3,0.88]
["Insumo"," 00007114 ","SINAPI","TE PVC, SOLDAVEL, COM BUCHA DE LATAO NA BOLSA CENTRAL, 90 GRAUS, 32 MM X 3/4\", PARA AGUA FRIA PREDIAL","Material",null,"UN",1,10.79,10.79]
[{"$nulls":4},"MO sem LS =>",6.96,"LS =>",0,"MO com LS =>",6.96]
[{"$nulls":4},"Valor do BDI =>",4.54,null,"Valor com BDI =>",null,25.3]
[{"$nulls":6},"Quant. =>","8,00","Preço Total =>",202.4]
[]
[" 7.1.40 ","Código","Banco","Descrição","Tipo",null,"Und","Quant.","Valor Unit","Total"]
["Composição"," 102617 ","SINAPI","CAIXA D´ÁGUA EM POLIÉSTER REFORÇADO COM FIBRA DE VIDRO, 5000 LITROS - FORNECIMENTO E INSTALAÇÃO. AF_06/2021","INHI - INSTALAÇÕES HIDROS SANITÁRIAS",null,"UN",1,3055.6,3055.6]
["Composição Auxiliar"," 88248 ","SINAPI","AUXILIAR DE ENCANADOR OU BOMBEIRO HIDRÁULICO COM ENCARGOS COMPLEMENTARES","SEDI - SERVIÇOS DIVERSOS",null,"H",1.4821,20.39,30.22]
["Composição Auxiliar"," 93288 ","SINAPI","GUINDASTE HIDRÁULICO AUTOPROPELIDO, COM LANÇA TELESCÓPICA 40 M, CAPACIDADE MÁXIMA 60 T, POTÊNCIA 260 KW - CHI DIURNO. AF_03/2016","CHOR - CUSTOS HORÁRIOS DE MÁQUINAS E EQUIPAMENTOS",null,"CHI",2.3611,175.47,414.3]
["Composição Auxiliar"," 88267 ","SINAPI","ENCANADOR OU BOMBEIRO HIDRÁULICO COM ENCARGOS COMPLEMENTARES","SEDI - SERVIÇOS DIVERSOS",null,"H",1.4821,24.54,36.369999999999997]
["Composição Auxiliar"," 93287 ","SINAPI","GUINDASTE HIDRÁULICO AUTOPROPELIDO, COM LANÇA TELESCÓPICA 40 M, CAPACIDADE MÁXIMA 60 T, POTÊNCIA 260 KW - CHP DIURNO. AF_03/2016","CHOR - CUSTOS HORÁRIOS DE MÁQUINAS E EQUIPAMENTOS",null,"CHP",0.26340000000000002,348.72,91.85]
["Insumo"," 00037105 ","SINAPI","CAIXA D'AGUA / RESERVATORIO EM POLIESTER REFORCADO COM FIBRA DE VIDRO, 5000 LITROS, COM TAMPA","Material",null,"UN",1,2482.86,2482.86]
[{"$nulls":4},"MO sem LS =>",113.49,"LS =>",0,"MO com LS =>",113.49]
[{"$nulls":4},"Valor do BDI =>",669.17,null,"Valor com BDI =>",null,3724.77]
[{"$nulls":6},"Quant. =>","8,00","Preço Total =>",29798.16]
[]
[" 7.1.41 ","Código","Banco","Descrição","Tipo",null,"Und","Quant.","Valor Unit","Total"]
["Composição"," 2096 ","ORSE","Suporte para auxílio de deficientes físicos (barra de apoio) l = 50cm em tubode ferro galvanizado d = 1 1/2\"","Louças e Metais Sanitários",null,"un",1,69.569999999999993,69.569999999999993]
[null,"Código","Banco","Descrição","Tipo",null,"Und","Quant.","Valor Unit","Total"]
["Composição",10549,"ORSE","Encargos Complementares - Servente","Provisórios",null,"h",0.7,"3,80","2,66"]
["Composição",10550,"ORSE","Encargos Complementares - Pedreiro","Provisórios",null,"h",0.7,"3,67","2,56"]
["Insumo","00006111/SINAPI","ORSE","Servente de obras (horista)","Mão de Obra",null,"h",0.7,"13,65","9,55"]
["Insumo","00000370/SINAPI","ORSE","Areia media - posto jazida/fornecedor (retirado na jazida, sem transporte)","Material",null,"m³",1E-3,"110,00","0,11"]
["Insumo","00021012/SINAPI","ORSE","Tubo aco galvanizado com costura, classe leve, dn 40 mm (1 1/2\"), e = 3,00 mm, *3,48* kg/m (nbr 5580)","Material",null,"m",0.8,"51,46","41,16"]
["Insumo","00004750/SINAPI","ORSE","Pedreiro (horista)","Mão de Obra",null,"h",0.7,"19,13","13,39"]
["Insumo","00001379/SINAPI","ORSE","Cimento portland composto cp ii-32","Material",null,"kg",0.14599999999999999,"0,76","0,11"]
["Detalhamento de Cálculo ORSE"]
[null,"Código","Banco","Descrição","Tipo",null,"Und","Quant.","Valor Unit","Total"]
["Insumo","00004750/SINAPI","ORSE","Pedreiro (horista)","Mão de Obra",null,"h",0.7,"19,13","13,39"]
["Insumo",941,"ORSE","Fardamento com mangas curta","Material",null,"un",2.0999999999999999E-3,"193,41","0,40"]
["Insumo",2378,"ORSE","Vale transporte","Material",null,"un",0.11165,"4,50","0,50"]
["Insumo","00012893/SINAPI","ORSE","Bota de seguranca com biqueira de aco e colarinho acolchoado","Material",null,"par",1.1199999999999999E-3,"66,72","0,07"]
["Insumo",158,"ORSE","Almoço (Participação do empregador)","Material",null,"un",0.14252000000000001,"14,00","1,99"]
["Insumo",11243,"ORSE","Martelo sem unha","Material",null,"un",6.9999999999999994E-5,"28,00","0,00"]
["Insumo",11264,"ORSE","Marreta de 1/2 kg com cabo","Material",null,"un",1.3999999999999999E-4,"13,52","0,00"]
["Insumo",4722,"ORSE","Colher de pedreiro","Material",null,"un",2.7999999999999998E-4,"18,80","0,00"]
["Insumo","00012894/SINAPI","ORSE","Capa para chuva em pvc com forro de poliester, com capuz (amarela ou azul)","Material",null,"un",2.7999999999999998E-4,"18,07","0,00"]
["Insumo",11247,"ORSE","Serra mármore","Material",null,"un",6.9999999999999994E-5,"327,80","0,02"]
["Insumo",10362,"ORSE","Seguro de vida e acidente em grupo","Serviços",null,"un",6.3E-3,"12,54","0,07"]
["Insumo",1651,"ORSE","Óculos branco proteção","Material",null,"pr",1.1199999999999999E-3,"6,70","0,00"]
["Insumo",11265,"ORSE","Martelo de borracha com cabo","Material",null,"un",2.7999999999999998E-4,"18,75","0,00"]
["Insumo",11245,"ORSE","Desempoladeira de madeira 12x22","Material",null,"un",4.8999999999999998E-4,"11,60","0,00"]
["Insumo","00000370/SINAPI","ORSE","Areia media - posto jazida/fornecedor (retirado na jazida, sem transporte)","Material",null,"m³",1E-3,"110,00","0,11"]
["Insumo",10282,"ORSE","Regua de alumínio c/ 2,00m (para pedreiro)","Material",null,"un",1.3999999999999999E-4,"45,00","0,00"]
["Insumo",10596,"ORSE","Protetor auricular","Material",null,"un",6.3E-3,"4,90","0,03"]
["Insumo",4174,"ORSE","Desempenadeira de aço lisa, cabo madeira, ref:143, Atlas ou similar","Material",null,"un",3.5E-4,"12,00","0,00"]
["Insumo",10790,"ORSE","Prumo de face","Material",null,"un",6.9999999999999994E-5,"25,95","0,00"]
["Insumo","00012895/SINAPI","ORSE","Capacete de seguranca aba frontal com suspensao de polietileno, sem jugular (classe b)","Material",null,"un",8.4000000000000003E-4,"13,90","0,01"]
["Insumo","00012892/SINAPI","ORSE","Luva raspa de couro, cano curto (punho *7* cm)","Material",null,"par",3.2200000000000002E-3,"12,51","0,04"]
["Insumo",4728,"ORSE","Talhadeira chata 10\"","Material",null,"un",2.1000000000000001E-4,"18,58","0,00"]
["Insumo",10517,"ORSE","Exames admissionais/demissionais (checkup)","Serviços",null,"cj",5.5999999999999995E-4,"300,00","0,16"]
["Insumo",11246,"ORSE","Escala métrica de bambú","Material",null,"Un",4.8999999999999998E-4,"10,22","0,00"]
["Insumo",4729,"ORSE","Marreta 1 kg com cabo","Material",null,"un",6.9999999999999994E-5,"37,80","0,00"]
["Insumo",10761,"ORSE","Refeição - café da manhã ( café com leite e dois pães com manteiga)","Serviços",null,"un",0.14252000000000001,"5,00","0,71"]
["Insumo","00001379/SINAPI","ORSE","Cimento portland composto cp ii-32","Material",null,"kg",0.14599999999999999,"0,76","0,11"]
["Insumo",10789,"ORSE","Nível de bolha de madeira","Material",null,"un",1.3999999999999999E-4,"15,40","0,00"]
["Insumo","00006111/SINAPI","ORSE","Servente de obras (horista)","Mão de Obra",null,"h",0.7,"13,65","9,55"]
["Insumo",10788,"ORSE","Pá quadrada","Material",null,"un",1.3999999999999999E-4,"36,90","0,00"]
["Insumo",10599,"ORSE","Protetor solar fps 30 com 120ml","Material",null,"un",2.5200000000000001E-3,"18,00","0,04"]
["Insumo","00021012/SINAPI","ORSE","Tubo aco galvanizado com costura, classe leve, dn 40 mm (1 1/2\"), e = 3,00 mm, *3,48* kg/m (nbr 5580)","Material",null,"m",0.8,"51,46","41,16"]
["Insumo","00002711/SINAPI","ORSE","Carrinho de mao de aco capacidade 50 a 60 l, pneu com camara","Material",null,"un",1.3999999999999999E-4,"166,00","0,02"]
["Insumo",10492,"ORSE","Cesta Básica","Material",null,"un",6.3E-3,"190,00","1,19"]
[{"$nulls":4},"MO sem LS =>",22.94,"LS =>",0,"MO com LS =>",22.94]
[{"$nulls":4},"Valor do BDI =>",15.23,null,"Valor com BDI =>",null,84.8]
[{"$nulls":6},"Quant. =>","8,00","Preço Total =>",678.4]
[]
[null,"Código","Banco","Descrição","Tipo",null,"Und","Quant.","Valor Unit","Total"]
["Insumo"," 00001402 ","SINAPI","COLAR TOMADA PVC, COM TRAVAS, SAIDA COM ROSCA, DE 32 MM X 1/2\" OU 32 MM X 3/4\", PARA LIGACAO PREDIAL DE AGUA","Material",null,"UN",1,6.02,6.02]
[{"$nulls":4},"MO sem LS =>",0,"LS =>",0,"MO com LS =>",0]
[{"$nulls":4},"Valor do BDI =>",null,null,"Valor com BDI =>",null,6.88]
[{"$nulls":6},"Quant. =>","1,00","Preço Total =>",6.88]
[]
[" 7.2 ",null,null,"INSTALAÇÕES DE ESGOTO",{"$nulls":5},128754.83]
[" 7.2.1 ","Código","Banco","Descrição","Tipo",null,"Und","Quant.","Valor Unit","Total"]
["Composição"," 12897 ","ORSE","Ralo seco linear pvc sanitário d=90 com grelha aluminio","Caixas de Inspeção",null,"un",1,88.79,88.79]
[null,"Código","Banco","Descrição","Tipo",null,"Und","Quant.","Valor Unit","Total"]
["Composição",10549,"ORSE","Encargos Complementares - Servente","Provisórios",null,"h",0.5,"3,80","1,90"]
["Composição",10554,"ORSE","Encargos Complementares - Encanador","Provisórios",null,"h",0.5,"3,73","1,86"]
["Insumo","00006111/SINAPI","ORSE","Servente de obras (horista)","Mão de Obra",null,"h",0.5,"13,65","6,82"]
["Insumo",13637,"ORSE","Ralo seco linear pvc sanitário d=90 com grelha aluminio","Material",null,"un",1,"68,67","68,67"]
["Insumo","00002696/SINAPI","ORSE","Encanador ou bombeiro hidraulico (horista)","Mão de Obra",null,"h",0.5,"19,13","9,56"]
["Detalhamento de Cálculo ORSE"]
[null,"Código","Banco","Descrição","Tipo",null,"Und","Quant.","Valor Unit","Total"]
["Insumo",1651,"ORSE","Óculos branco proteção","Material",null,"pr",8.0000000000000004E-4,"6,70","0,00"]
["Insumo","00006111/SINAPI","ORSE","Servente de obras (horista)","Mão de Obra",null,"h",0.5,"13,65","6,82"]
["Insumo",10362,"ORSE","Seguro de vida e acidente em grupo","Serviços",null,"un",4.4999999999999997E-3,"12,54","0,05"]
["Insumo","00002696/SINAPI","ORSE","Encanador ou bombeiro hidraulico (horista)","Mão de Obra",null,"h",0.5,"19,13","9,56"]
["Insumo",11254,"ORSE","Tarracha para tubos PVC de 3/4\"","Material",null,"un",3.5E-4,"27,49","0,00"]
["Insumo",10761,"ORSE","Refeição - café da manhã ( café com leite e dois pães com manteiga)","Serviços",null,"un",0.1018,"5,00","0,50"]
["Insumo",13637,"ORSE","Ralo seco linear pvc sanitário d=90 com grelha aluminio","Material",null,"un",1,"68,67","68,67"]
["Insumo",4728,"ORSE","Talhadeira chata 10\"","Material",null,"un",1.4999999999999999E-4,"18,58","0,00"]
["Insumo",2378,"ORSE","Vale transporte","Material",null,"un",7.9750000000000001E-2,"4,50","0,35"]
["Insumo","00002711/SINAPI","ORSE","Carrinho de mao de aco capacidade 50 a 60 l, pneu com camara","Material",null,"un",1E-4,"166,00","0,01"]
["Insumo",10592,"ORSE","Lima chata 12\"","Material",null,"un",5.0000000000000002E-5,"36,57","0,00"]
["Insumo","00012893/SINAPI","ORSE","Bota de seguranca com biqueira de aco e colarinho acolchoado","Material",null,"par",8.0000000000000004E-4,"66,72","0,05"]
["Insumo",11255,"ORSE","Tarracha para tubos PVC de 1\"","Material",null,"un",2.9999999999999997E-4,"63,00","0,01"]
["Insumo",158,"ORSE","Almoço (Participação do empregador)","Material",null,"un",0.1018,"14,00","1,42"]
["Insumo",10593,"ORSE","Praio simples 30cm","Material",null,"un",5.0000000000000002E-5,"19,57","0,00"]
["Insumo",10492,"ORSE","Cesta Básica","Material",null,"un",4.4999999999999997E-3,"190,00","0,85"]
["Insumo","00012895/SINAPI","ORSE","Capacete de seguranca aba frontal com suspensao de polietileno, sem jugular (classe b)","Material",null,"un",5.9999999999999995E-4,"13,90","0,00"]
["Insumo",10596,"ORSE","Protetor auricular","Material",null,"un",4.4999999999999997E-3,"4,90","0,02"]
["Insumo",10517,"ORSE","Exames admissionais/demissionais (checkup)","Serviços",null,"cj",4.0000000000000002E-4,"300,00","0,12"]
["Insumo",11253,"ORSE","Tarracha para tubos PVC de 1/2\"","Material",null,"un",5.5000000000000003E-4,"26,50","0,01"]
["Insumo",11256,"ORSE","Tarracha para tubos PVC de 1 1/2\"","Material",null,"un",2.0000000000000001E-4,"60,00","0,01"]
["Insumo",10599,"ORSE","Protetor solar fps 30 com 120ml","Material",null,"un",1.8E-3,"18,00","0,03"]
["Insumo","00012892/SINAPI","ORSE","Luva raspa de couro, cano curto (punho *7* cm)","Material",null,"par",2.3E-3,"12,51","0,02"]
["Insumo",4729,"ORSE","Marreta 1 kg com cabo","Material",null,"un",5.0000000000000002E-5,"37,80","0,00"]
["Insumo","00012894/SINAPI","ORSE","Capa para chuva em pvc com forro de poliester, com capuz (amarela ou azul)","Material",null,"un",2.0000000000000001E-4,"18,07","0,00"]
["Insumo",11257,"ORSE","Tarracha para tubos PVC de 1 1/4\"","Material",null,"un",2.0000000000000001E-4,"32,30","0,00"]
["Insumo",10788,"ORSE","Pá quadrada","Material",null,"un",1E-4,"36,90","0,00"]
["Insumo",941,"ORSE","Fardamento com mangas curta","Material",null,"un",1.5E-3,"193,41","0,29"]
[{"$nulls":4},"MO sem LS =>",16.38,"LS =>",0,"MO com LS =>",16.38]
[{"$nulls":4},"Valor do BDI =>",19.440000000000001,null,"Valor com BDI =>",null,108.23]
[{"$nulls":6},"Quant. =>","32,00","Preço Total =>",3463.36]
[]
[" 7.2.2 ","Código","Banco","Descrição","Tipo",null,"Und","Quant.","Valor Unit","Total"]
["Composição"," 1695 ","ORSE","Caixa sifonada quadrada, com sete entradas e uma saída, d = 150 x 150 x 50mm,ref. nº25, acabamento branco, marca Akros ou similar","Caixas de Inspeção",null,"un",1,53.02,53.02]
[null,"Código","Banco","Descrição","Tipo",null,"Und","Quant.","Valor Unit","Total"]
["Composição",10554,"ORSE","Encargos Complementares - Encanador","Provisórios",null,"h",0.5,"3,73","1,86"]
["Composição",10549,"ORSE","Encargos Complementares - Servente","Provisórios",null,"h",0.5,"3,80","1,90"]
["Insumo","00006111/SINAPI","ORSE","Servente de obras (horista)","Mão de Obra",null,"h",0.5,"13,65","6,82"]
["Insumo","00002696/SINAPI","ORSE","Encanador ou bombeiro hidraulico (horista)","Mão de Obra",null,"h",0.5,"19,13","9,56"]
["Insumo","00011712/SINAPI","ORSE","Caixa sifonada, pvc, 150 x 150 x 50 mm, com grelha quadrada, branca (nbr 5688)","Material",null,"un",1,"32,90","32,90"]
["Detalhamento de Cálculo ORSE"]
[null,"Código","Banco","Descrição","Tipo",null,"Und","Quant.","Valor Unit","Total"]
["Insumo",11257,"ORSE","Tarracha para tubos PVC de 1 1/4\"","Material",null,"un",2.0000000000000001E-4,"32,30","0,00"]
["Insumo",4729,"ORSE","Marreta 1 kg com cabo","Material",null,"un",5.0000000000000002E-5,"37,80","0,00"]
["Insumo",158,"ORSE","Almoço (Participação do empregador)","Material",null,"un",0.1018,"14,00","1,42"]
["Insumo","00012895/SINAPI","ORSE","Capacete de seguranca aba frontal com suspensao de polietileno, sem jugular (classe b)","Material",null,"un",5.9999999999999995E-4,"13,90","0,00"]
["Insumo",10596,"ORSE","Protetor auricular","Material",null,"un",4.4999999999999997E-3,"4,90","0,02"]
["Insumo","00012894/SINAPI","ORSE","Capa para chuva em pvc com forro de poliester, com capuz (amarela ou azul)","Material",null,"un",2.0000000000000001E-4,"18,07","0,00"]
["Insumo",10517,"ORSE","Exames admissionais/demissionais (checkup)","Serviços",null,"cj",4.0000000000000002E-4,"300,00","0,12"]
["Insumo","00012892/SINAPI","ORSE","Luva raspa de couro, cano curto (punho *7* cm)","Material",null,"par",2.3E-3,"12,51","0,02"]
["Insumo",10599,"ORSE","Protetor solar fps 30 com 120ml","Material",null,"un",1.8E-3,"18,00","0,03"]
["Insumo",11256,"ORSE","Tarracha para tubos PVC de 1 1/2\"","Material",null,"un",2.0000000000000001E-4,"60,00","0,01"]
["Insumo",10592,"ORSE","Lima chata 12\"","Material",null,"un",5.0000000000000002E-5,"36,57","0,00"]
["Insumo",10593,"ORSE","Praio simples 30cm","Material",null,"un",5.0000000000000002E-5,"19,57","0,00"]
["Insumo",10788,"ORSE","Pá quadrada","Material",null,"un",1E-4,"36,90","0,00"]
["Insumo",2378,"ORSE","Vale transporte","Material",null,"un",7.9750000000000001E-2,"4,50","0,35"]
["Insumo",10492,"ORSE","Cesta Básica","Material",null,"un",4.4999999999999997E-3,"190,00","0,85"]
["Insumo",10362,"ORSE","Seguro de vida e acidente em grupo","Serviços",null,"un",4.4999999999999997E-3,"12,54","0,05"]
["Insumo",1651,"ORSE","Óculos branco proteção","Material",null,"pr",8.0000000000000004E-4,"6,70","0,00"]
["Insumo",10761,"ORSE","Refeição - café da manhã ( café com leite e dois pães com manteiga)","Serviços",null,"un",0.1018,"5,00","0,50"]
["Insumo",11254,"ORSE","Tarracha para tubos PVC de 3/4\"","Material",null,"un",3.5E-4,"27,49","0,00"]
["Insumo",11255,"ORSE","Tarracha para tubos PVC de 1\"","Material",null,"un",2.9999999999999997E-4,"63,00","0,01"]
["Insumo","00011712/SINAPI","ORSE","Caixa sifonada, pvc, 150 x 150 x 50 mm, com grelha quadrada, branca (nbr 5688)","Material",null,"un",1,"32,90","32,90"]
["Insumo",4728,"ORSE","Talhadeira chata 10\"","Material",null,"un",1.4999999999999999E-4,"18,58","0,00"]
["Insumo","00002711/SINAPI","ORSE","Carrinho de mao de aco capacidade 50 a 60 l, pneu com camara","Material",null,"un",1E-4,"166,00","0,01"]
["Insumo",11253,"ORSE","Tarracha para tubos PVC de 1/2\"","Material",null,"un",5.5000000000000003E-4,"26,50","0,01"]
["Insumo","00012893/SINAPI","ORSE","Bota de seguranca com biqueira de aco e colarinho acolchoado","Material",null,"par",8.0000000000000004E-4,"66,72","0,05"]
["Insumo",941,"ORSE","Fardamento com mangas curta","Material",null,"un",1.5E-3,"193,41","0,29"]
["Insumo","00006111/SINAPI","ORSE","Servente de obras (horista)","Mão de Obra",null,"h",0.5,"13,65","6,82"]
["Insumo","00002696/SINAPI","ORSE","Encanador ou bombeiro hidraulico (horista)","Mão de Obra",null,"h",0.5,"19,13","9,56"]
[{"$nulls":4},"MO sem LS =>",16.38,"LS =>",0,"MO com LS =>",16.38]
[{"$nulls":4},"Valor do BDI =>",11.61,null,"Valor com BDI =>",null,64.63]
[{"$nulls":6},"Quant. =>","10,00","Preço Total =>",646.29999999999995]
[]
[" 7.2.3 ","Código","Banco","Descrição","Tipo",null,"Und","Quant.","Valor Unit","Total"]
["Composição"," 89855 ","SINAPI","JOELHO 45 GRAUS, PVC, SERIE NORMAL, ESGOTO PREDIAL, DN 150 MM, JUNTA ELÁSTICA, FORNECIDO E INSTALADO EM SUBCOLETOR AÉREO DE ESGOTO SANITÁRIO. AF_08/2022","INHI - INSTALAÇÕES HIDROS SANITÁRIAS",null,"UN",1,97.26,97.26]
["Composição Auxiliar"," 88267 ","SINAPI","ENCANADOR OU BOMBEIRO HIDRÁULICO COM ENCARGOS COMPLEMENTARES","SEDI - SERVIÇOS DIVERSOS",null,"H",0.36049999999999999,24.54,8.84]
["Composição Auxiliar"," 88248 ","SINAPI","AUXILIAR DE ENCANADOR OU BOMBEIRO HIDRÁULICO COM ENCARGOS COMPLEMENTARES","SEDI - SERVIÇOS DIVERSOS",null,"H",0.36049999999999999,20.39,7.35]
["Insumo"," 00000305 ","SINAPI","ANEL BORRACHA, PARA TUBO PVC, REDE COLETOR ESGOTO, DN 150 MM (NBR 7362)","Material",null,"UN",2,12.68,25.36]
["Insumo"," 00037952 ","SINAPI","JOELHO PVC, SOLDAVEL, PB, 45 GRAUS, DN 150 MM, PARA ESGOTO PREDIAL","Material",null,"UN",1,51.3,51.3]
["Insumo"," 00020078 ","SINAPI","PASTA LUBRIFICANTE PARA TUBOS E CONEXOES COM JUNTA ELASTICA, EMBALAGEM DE *400* GR (USO EM PVC, ACO, POLIETILENO E OUTROS)","Material",null,"UN",0.17499999999999999,25.24,4.41]
[{"$nulls":4},"MO sem LS =>",13.48,"LS =>",0,"MO com LS =>",13.48]
[{"$nulls":4},"Valor do BDI =>",21.29,null,"Valor com BDI =>",null,118.55]
[{"$nulls":6},"Quant. =>","21,00","Preço Total =>",2489.5500000000002]
[]
[" 7.2.4 ","Código","Banco","Descrição","Tipo",null,"Und","Quant.","Valor Unit","Total"]
["Composição"," 97902 ","SINAPI","CAIXA ENTERRADA HIDRÁULICA RETANGULAR EM ALVENARIA COM TIJOLOS CERÂMICOS MACIÇOS, DIMENSÕES INTERNAS: 0,6X0,6X0,6 M PARA REDE DE ESGOTO. AF_12/2020","INHI - INSTALAÇÕES HIDROS SANITÁRIAS",null,"UN",1,612.20000000000005,612.20000000000005]
["Composição Auxiliar"," 88309 ","SINAPI","PEDREIRO COM ENCARGOS COMPLEMENTARES","SEDI - SERVIÇOS DIVERSOS",null,"H",5.0944000000000003,25.3,128.88]
["Composição Auxiliar"," 5679 ","SINAPI","RETROESCAVADEIRA SOBRE RODAS COM CARREGADEIRA, TRAÇÃO 4X4, POTÊNCIA LÍQ. 88 HP, CAÇAMBA CARREG. CAP. MÍN. 1 M3, CAÇAMBA RETRO CAP. 0,26 M3, PESO OPERACIONAL MÍN. 6.674 KG, PROFUNDIDADE ESCAVAÇÃO MÁX. 4,37 M - CHI DIURNO. AF_06/2014","CHOR - CUSTOS HORÁRIOS DE MÁQUINAS E EQUIPAMENTOS",null,"CHI",1.78E-2,56.43,1]
["Composição Auxiliar"," 101616 ","SINAPI","PREPARO DE FUNDO DE VALA COM LARGURA MENOR QUE 1,5 M (ACERTO DO SOLO NATURAL). AF_08/2020","MOVT - MOVIMENTO DE TERRA",null,"m²",0.81,5.75,4.6500000000000004]
["Composição Auxiliar"," 5678 ","SINAPI","RETROESCAVADEIRA SOBRE RODAS COM CARREGADEIRA, TRAÇÃO 4X4, POTÊNCIA LÍQ. 88 HP, CAÇAMBA CARREG. CAP. MÍN. 1 M3, CAÇAMBA RETRO CAP. 0,26 M3, PESO OPERACIONAL MÍN. 6.674 KG, PROFUNDIDADE ESCAVAÇÃO MÁX. 4,37 M - CHP DIURNO. AF_06/2014","CHOR - CUSTOS HORÁRIOS DE MÁQUINAS E EQUIPAMENTOS",null,"CHP",8.6999999999999994E-3,142.32,1.23]
["Composição Auxiliar"," 87316 ","SINAPI","ARGAMASSA TRAÇO 1:4 (EM VOLUME DE CIMENTO E AREIA GROSSA ÚMIDA) PARA CHAPISCO CONVENCIONAL, PREPARO MECÂNICO COM BETONEIRA 400 L. AF_08/2019","SEDI - SERVIÇOS DIVERSOS",null,"m³",1.4800000000000001E-2,609.86,9.02]
["Composição Auxiliar"," 88316 ","SINAPI","SERVENTE COM ENCARGOS COMPLEMENTARES","SEDI - SERVIÇOS DIVERSOS",null,"H",4.0027999999999997,18.98,75.97]
["Composição Auxiliar"," 97735 ","SINAPI","PEÇA RETANGULAR PRÉ-MOLDADA, VOLUME DE CONCRETO DE 30 A 100 LITROS, TAXA DE AÇO APROXIMADA DE 30KG/M³. AF_03/2024","FUES - FUNDAÇÕES E ESTRUTURAS",null,"m³",4.48E-2,2654.48,118.92]
["Composição Auxiliar"," 94970 ","SINAPI","CONCRETO FCK = 20MPA, TRAÇO 1:2,7:3 (EM MASSA SECA DE CIMENTO/ AREIA MÉDIA/ BRITA 1) - PREPARO MECÂNICO COM BETONEIRA 600 L. AF_05/2021","FUES - FUNDAÇÕES E ESTRUTURAS",null,"m³",7.4399999999999994E-2,704.63,52.42]
["Composição Auxiliar"," 100475 ","SINAPI","ARGAMASSA TRAÇO 1:3 (EM VOLUME DE CIMENTO E AREIA MÉDIA ÚMIDA) COM ADIÇÃO DE IMPERMEABILIZANTE, PREPARO MECÂNICO COM BETONEIRA 400 L. AF_08/2019","SEDI - SERVIÇOS DIVERSOS",null,"m³",0.11559999999999999,938.5,108.49]
["Insumo"," 00004517 ","SINAPI","SARRAFO *2,5 X 7,5* CM EM PINUS, MISTA OU EQUIVALENTE DA REGIAO - BRUTA","Material",null,"M",0.14080000000000001,3.57,0.5]
["Insumo"," 00004491 ","SINAPI","PONTALETE *7,5 X 7,5* CM EM PINUS, MISTA OU EQUIVALENTE DA REGIAO - BRUTA","Material",null,"M",0.11840000000000001,10.220000000000001,1.21]
["Insumo"," 00006193 ","SINAPI","TABUA NAO APARELHADA *2,5 X 20* CM, EM MACARANDUBA/MASSARANDUBA, ANGELIM OU EQUIVALENTE DA REGIAO - BRUTA","Material",null,"M",0.44159999999999999,12.56,5.54]
["Insumo"," 00005069 ","SINAPI","PREGO DE ACO POLIDO COM CABECA 17 X 27 (2 1/2 X 11)","Material",null,"KG",1.2500000000000001E-2,16.59,0.2]
["Insumo"," 00002692 ","SINAPI","DESMOLDANTE PROTETOR PARA FORMAS DE MADEIRA, DE BASE OLEOSA EMULSIONADA EM AGUA","Material",null,"L",5.4000000000000003E-3,9.15,0.04]
["Insumo"," 00007258 ","SINAPI","TIJOLO CERAMICO MACICO COMUM DE *5 X 10 X 20* CM (L X A X C)","Material",null,"UN",131.81880000000001,0.79,104.13]
[{"$nulls":4},"MO sem LS =>",229.57,"LS =>",0,"MO com LS =>",229.57]
[{"$nulls":4},"Valor do BDI =>",134.07,null,"Valor com BDI =>",null,746.27]
[{"$nulls":6},"Quant. =>","2,00","Preço Total =>",1492.54]
[]
[" 7.2.5 ","Código","Banco","Descrição","Tipo",null,"Und","Quant.","Valor Unit","Total"]
["Composição"," 104329 ","SINAPI","CAIXA SIFONADA, COM GRELHA REDONDA, PVC, DN 150 X 150 X 50 MM, JUNTA SOLDÁVEL, FORNECIDA E INSTALADA EM RAMAL DE DESCARGA OU EM RAMAL DE ESGOTO SANITÁRIO. AF_08/2022","INHI - INSTALAÇÕES HIDROS SANITÁRIAS",null,"UN",1,78.08,78.08]
["Composição Auxiliar"," 88267 ","SINAPI","ENCANADOR OU BOMBEIRO HIDRÁULICO COM ENCARGOS COMPLEMENTARES","SEDI - SERVIÇOS DIVERSOS",null,"H",0.42309999999999998,24.54,10.38]
["Composição Auxiliar"," 88248 ","SINAPI","AUXILIAR DE ENCANADOR OU BOMBEIRO HIDRÁULICO COM ENCARGOS COMPLEMENTARES","SEDI - SERVIÇOS DIVERSOS",null,"H",0.42309999999999998,20.39,8.6199999999999992]
["Insumo"," 00000122 ","SINAPI","ADESIVO PLASTICO PARA PVC, FRASCO COM *850* GR","Material",null,"UN",2.92E-2,61.17,1.78]
["Insumo"," 00020083 ","SINAPI","SOLUCAO PREPARADORA / LIMPADORA PARA PVC, FRASCO COM 1000 CM3","Material",null,"UN",4.3999999999999997E-2,69.3,3.04]
["Insumo"," 00011717 ","SINAPI","CAIXA SIFONADA, PVC, 150 X 150 X 50 MM, COM GRELHA REDONDA, BRANCA","Material",null,"UN",1,54.23,54.23]
["Insumo"," 00038383 ","SINAPI","LIXA D'AGUA EM FOLHA, GRAO 100","Material",null,"UN",1.54E-2,2.0699999999999998,0.03]
[{"$nulls":4},"MO sem LS =>",15.83,"LS =>",0,"MO com LS =>",15.83]
[{"$nulls":4},"Valor do BDI =>",17.09,null,"Valor com BDI =>",null,95.17]
[{"$nulls":6},"Quant. =>","24,00","Preço Total =>",2284.08]
[]
[" 7.2.6 ","Código","Banco","Descrição","Tipo",null,"Und","Quant.","Valor Unit","Total"]
["Composição"," 86882 ","SINAPI","SIFÃO DO TIPO GARRAFA/COPO EM PVC 1.1/4  X 1.1/2\" - FORNECIMENTO E INSTALAÇÃO. AF_01/2020","INHI - INSTALAÇÕES HIDROS SANITÁRIAS",null,"UN",1,23.51,23.51]
["Composição Auxiliar"," 88267 ","SINAPI","ENCANADOR OU BOMBEIRO HIDRÁULICO COM ENCARGOS COMPLEMENTARES","SEDI - SERVIÇOS DIVERSOS",null,"H",0.1356,24.54,3.32]
["Composição Auxiliar"," 88316 ","SINAPI","SERVENTE COM ENCARGOS COMPLEMENTARES","SEDI - SERVIÇOS DIVERSOS",null,"H",4.2700000000000002E-2,18.98,0.81]
["Insumo"," 00006146 ","SINAPI","SIFAO PLASTICO TIPO COPO PARA TANQUE, 1.1/4 X 1.1/2\"","Material",null,"UN",1,19.22,19.22]
["Insumo"," 00003146 ","SINAPI","FITA VEDA ROSCA EM ROLOS DE 18 MM X 10 M (L X C)","Material",null,"UN",4.2000000000000003E-2,4,0.16]
[{"$nulls":4},"MO sem LS =>",3.43,"LS =>",0,"MO com LS =>",3.43]
[{"$nulls":4},"Valor do BDI =>",5.14,null,"Valor com BDI =>",null,28.65]
[{"$nulls":6},"Quant. =>","36,00","Preço Total =>",1031.4000000000001]
[]
[" 7.2.7 ","Código","Banco","Descrição","Tipo",null,"Und","Quant.","Valor Unit","Total"]
["Composição"," 86883 ","SINAPI","SIFÃO DO TIPO FLEXÍVEL EM PVC 1  X 1.1/2  - FORNECIMENTO E INSTALAÇÃO. AF_01/2020","INHI - INSTALAÇÕES HIDROS SANITÁRIAS",null,"UN",1,12.7,12.7]
["Composição Auxiliar"," 88316 ","SINAPI","SERVENTE COM ENCARGOS COMPLEMENTARES","SEDI - SERVIÇOS DIVERSOS",null,"H",2.6599999999999999E-2,18.98,0.5]
["Composição Auxiliar"," 88267 ","SINAPI","ENCANADOR OU BOMBEIRO HIDRÁULICO COM ENCARGOS COMPLEMENTARES","SEDI - SERVIÇOS DIVERSOS",null,"H",8.4500000000000006E-2,24.54,2.0699999999999998]
["Insumo"," 00003146 ","SINAPI","FITA VEDA ROSCA EM ROLOS DE 18 MM X 10 M (L X C)","Material",null,"UN",3.32E-2,4,0.13]
["Insumo"," 00044945 ","SINAPI","SIFAO / TUBO SINFONADO EXTENSIVEL/SANFONADO, UNIVERSAL/ SIMPLES, ENTRE *50 A 70* CM, DE PLASTICO BRANCO","Material",null,"UN",1,10,10]
[{"$nulls":4},"MO sem LS =>",2.13,"LS =>",0,"MO com LS =>",2.13]
[{"$nulls":4},"Valor do BDI =>",2.78,null,"Valor com BDI =>",null,15.48]
[{"$nulls":6},"Quant. =>","6,00","Preço Total =>",92.88]
[]
[" 7.2.8 ","Código","Banco","Descrição","Tipo",null,"Und","Quant.","Valor Unit","Total"]
["Composição"," 86879 ","SINAPI","VÁLVULA EM PLÁSTICO 1\" PARA PIA, TANQUE OU LAVATÓRIO, COM OU SEM LADRÃO - FORNECIMENTO E INSTALAÇÃO. AF_01/2020","INHI - INSTALAÇÕES HIDROS SANITÁRIAS",null,"UN",1,9.76,9.76]
["Composição Auxiliar"," 88316 ","SINAPI","SERVENTE COM ENCARGOS COMPLEMENTARES","SEDI - SERVIÇOS DIVERSOS",null,"H",3.8800000000000001E-2,18.98,0.73]
["Composição Auxiliar"," 88267 ","SINAPI","ENCANADOR OU BOMBEIRO HIDRÁULICO COM ENCARGOS COMPLEMENTARES","SEDI - SERVIÇOS DIVERSOS",null,"H",0.1232,24.54,3.02]
["Insumo"," 00006153 ","SINAPI","VALVULA EM PLASTICO BRANCO PARA TANQUE OU LAVATORIO 1 \", SEM UNHO E SEM LADRAO","Material",null,"UN",1,5.88,5.88]
["Insumo"," 00003146 ","SINAPI","FITA VEDA ROSCA EM ROLOS DE 18 MM X 10 M (L X C)","Material",null,"UN",3.32E-2,4,0.13]
[{"$nulls":4},"MO sem LS =>",3.12,"LS =>",0,"MO com LS =>",3.12]
[{"$nulls":4},"Valor do BDI =>",2.13,null,"Valor com BDI =>",null,11.89]
[{"$nulls":6},"Quant. =>","36,00","Preço Total =>",428.04]
[]
[" 7.2.9 ","Código","Banco","Descrição","Tipo",null,"Und","Quant.","Valor Unit","Total"]
["Composição"," 104341 ","SINAPI","BUCHA DE REDUÇÃO LONGA, PVC, SÉRIE NORMAL, ESGOTO PREDIAL, DN 50 X 40 MM, JUNTA SOLDÁVEL E ELÁSTICA, FORNECIDO E INSTALADO EM RAMAL DE DESCARGA OU RAMAL DE ESGOTO SANITÁRIO. AF_08/2022","INHI - INSTALAÇÕES HIDROS SANITÁRIAS",null,"UN",1,9.85,9.85]
["Composição Auxiliar"," 88248 ","SINAPI","AUXILIAR DE ENCANADOR OU BOMBEIRO HIDRÁULICO COM ENCARGOS COMPLEMENTARES","SEDI - SERVIÇOS DIVERSOS",null,"H",8.8249999999999995E-2,20.39,1.79]
["Composição Auxiliar"," 88267 ","SINAPI","ENCANADOR OU BOMBEIRO HIDRÁULICO COM ENCARGOS COMPLEMENTARES","SEDI - SERVIÇOS DIVERSOS",null,"H",8.8249999999999995E-2,24.54,2.16]
["Insumo"," 00000122 ","SINAPI","ADESIVO PLASTICO PARA PVC, FRASCO COM *850* GR","Material",null,"UN",4.8999999999999998E-3,61.17,0.28999999999999998]
["Insumo"," 00000296 ","SINAPI","ANEL BORRACHA PARA TUBO ESGOTO PREDIAL, DN 50 MM (NBR 5688)","Material",null,"UN",1,2.0499999999999998,2.0499999999999998]
["Insumo"," 00020083 ","SINAPI","SOLUCAO PREPARADORA / LIMPADORA PARA PVC, FRASCO COM 1000 CM3","Material",null,"UN",7.4999999999999997E-3,69.3,0.51]
["Insumo"," 00020086 ","SINAPI","BUCHA DE REDUCAO DE PVC, SOLDAVEL, LONGA, 50 X 40 MM, PARA ESGOTO PREDIAL","Material",null,"UN",1,2.41,2.41]
["Insumo"," 00038383 ","SINAPI","LIXA D'AGUA EM FOLHA, GRAO 100","Material",null,"UN",7.4000000000000003E-3,2.0699999999999998,0.01]
["Insumo"," 00020078 ","SINAPI","PASTA LUBRIFICANTE PARA TUBOS E CONEXOES COM JUNTA ELASTICA, EMBALAGEM DE *400* GR (USO EM PVC, ACO, POLIETILENO E OUTROS)","Material",null,"UN",2.5000000000000001E-2,25.24,0.63]
[{"$nulls":4},"MO sem LS =>",3.29,"LS =>",0,"MO com LS =>",3.29]
[{"$nulls":4},"Valor do BDI =>",2.15,null,"Valor com BDI =>",null,12]
[{"$nulls":6},"Quant. =>","6,00","Preço Total =>",72]
[]
[" 7.2.10 ","Código","Banco","Descrição","Tipo",null,"Und","Quant.","Valor Unit","Total"]
["Composição"," 89728 ","SINAPI","CURVA CURTA 90 GRAUS, PVC, SERIE NORMAL, ESGOTO PREDIAL, DN 40 MM, JUNTA SOLDÁVEL, FORNECIDO E INSTALADO EM RAMAL DE DESCARGA OU RAMAL DE ESGOTO SANITÁRIO. AF_08/2022","INHI - INSTALAÇÕES HIDROS SANITÁRIAS",null,"UN",1,11.26,11.26]
["Composição Auxiliar"," 88267 ","SINAPI","ENCANADOR OU BOMBEIRO HIDRÁULICO COM ENCARGOS COMPLEMENTARES","SEDI - SERVIÇOS DIVERSOS",null,"H",0.127,24.54,3.11]
["Composição Auxiliar"," 88248 ","SINAPI","AUXILIAR DE ENCANADOR OU BOMBEIRO HIDRÁULICO COM ENCARGOS COMPLEMENTARES","SEDI - SERVIÇOS DIVERSOS",null,"H",0.127,20.39,2.58]
["Insumo"," 00000122 ","SINAPI","ADESIVO PLASTICO PARA PVC, FRASCO COM *850* GR","Material",null,"UN",9.9000000000000008E-3,61.17,0.6]
["Insumo"," 00020083 ","SINAPI","SOLUCAO PREPARADORA / LIMPADORA PARA PVC, FRASCO COM 1000 CM3","Material",null,"UN",1.4999999999999999E-2,69.3,1.03]
["Insumo"," 00038383 ","SINAPI","LIXA D'AGUA EM FOLHA, GRAO 100","Material",null,"UN",7.1000000000000004E-3,2.0699999999999998,0.01]
["Insumo"," 00001933 ","SINAPI","CURVA PVC CURTA 90 GRAUS, DN 40 MM, PARA ESGOTO PREDIAL","Material",null,"UN",1,3.93,3.93]
[{"$nulls":4},"MO sem LS =>",4.75,"LS =>",0,"MO com LS =>",4.75]
[{"$nulls":4},"Valor do BDI =>",2.46,null,"Valor com BDI =>",null,13.72]
[{"$nulls":6},"Quant. =>","6,00","Preço Total =>",82.32]
[]
[" 7.2.11 ","Código","Banco","Descrição","Tipo",null,"Und","Quant.","Valor Unit","Total"]
["Composição"," 89810 ","SINAPI","JOELHO 45 GRAUS, PVC, SERIE NORMAL, ESGOTO PREDIAL, DN 100 MM, JUNTA ELÁSTICA, FORNECIDO E INSTALADO EM PRUMADA DE ESGOTO SANITÁRIO OU VENTILAÇÃO. AF_08/2022","INHI - INSTALAÇÕES HIDROS SANITÁRIAS",null,"UN",1,27.09,27.09]
["Composição Auxiliar"," 88267 ","SINAPI","ENCANADOR OU BOMBEIRO HIDRÁULICO COM ENCARGOS COMPLEMENTARES","SEDI - SERVIÇOS DIVERSOS",null,"H",0.2172,24.54,5.33]
["Composição Auxiliar"," 88248 ","SINAPI","AUXILIAR DE ENCANADOR OU BOMBEIRO HIDRÁULICO COM ENCARGOS COMPLEMENTARES","SEDI - SERVIÇOS DIVERSOS",null,"H",0.2172,20.39,4.42]
["Insumo"," 00020078 ","SINAPI","PASTA LUBRIFICANTE PARA TUBOS E CONEXOES COM JUNTA ELASTICA, EMBALAGEM DE *400* GR (USO EM PVC, ACO, POLIETILENO E OUTROS)","Material",null,"UN",0.115,25.24,2.9]
["Insumo"," 00000301 ","SINAPI","ANEL BORRACHA PARA TUBO ESGOTO PREDIAL, DN 100 MM (NBR 5688)","Material",null,"UN",2,3.64,7.28]
["Insumo"," 00003528 ","SINAPI","JOELHO PVC, SOLDAVEL, PB, 45 GRAUS, DN 100 MM, PARA ESGOTO PREDIAL","Material",null,"UN",1,7.16,7.16]
[{"$nulls":4},"MO sem LS =>",8.1199999999999992,"LS =>",0,"MO com LS =>",8.1199999999999992]
[{"$nulls":4},"Valor do BDI =>",5.93,null,"Valor com BDI =>",null,33.020000000000003]
[{"$nulls":6},"Quant. =>","17,00","Preço Total =>",561.34]
[]
[" 7.2.12 ","Código","Banco","Descrição","Tipo",null,"Und","Quant.","Valor Unit","Total"]
["Composição"," 89516 ","SINAPI","JOELHO 45 GRAUS, PVC, SERIE R, ÁGUA PLUVIAL, DN 40 MM, JUNTA SOLDÁVEL, FORNECIDO E INSTALADO EM RAMAL DE ENCAMINHAMENTO. AF_06/2022","INHI - INSTALAÇÕES HIDROS SANITÁRIAS",null,"UN",1,6.94,6.94]
["Composição Auxiliar"," 88267 ","SINAPI","ENCANADOR OU BOMBEIRO HIDRÁULICO COM ENCARGOS COMPLEMENTARES","SEDI - SERVIÇOS DIVERSOS",null,"H",4.7500000000000001E-2,24.54,1.1599999999999999]
["Composição Auxiliar"," 88248 ","SINAPI","AUXILIAR DE ENCANADOR OU BOMBEIRO HIDRÁULICO COM ENCARGOS COMPLEMENTARES","SEDI - SERVIÇOS DIVERSOS",null,"H",4.7500000000000001E-2,20.39,0.96]
["Insumo"," 00020148 ","SINAPI","JOELHO, PVC SERIE R, 45 GRAUS, DN 40 MM, PARA ESGOTO PREDIAL","Material",null,"UN",1,3.14,3.14]
["Insumo"," 00020083 ","SINAPI","SOLUCAO PREPARADORA / LIMPADORA PARA PVC, FRASCO COM 1000 CM3","Material",null,"UN",1.4999999999999999E-2,69.3,1.03]
["Insumo"," 00038383 ","SINAPI","LIXA D'AGUA EM FOLHA, GRAO 100","Material",null,"UN",2.5999999999999999E-2,2.0699999999999998,0.05]
["Insumo"," 00000122 ","SINAPI","ADESIVO PLASTICO PARA PVC, FRASCO COM *850* GR","Material",null,"UN",9.9000000000000008E-3,61.17,0.6]
[{"$nulls":4},"MO sem LS =>",1.77,"LS =>",0,"MO com LS =>",1.77]
[{"$nulls":4},"Valor do BDI =>",1.51,null,"Valor com BDI =>",null,8.4499999999999993]
[{"$nulls":6},"Quant. =>","19,00","Preço Total =>",160.55000000000001]
[]
[" 7.2.13 ","Código","Banco","Descrição","Tipo",null,"Und","Quant.","Valor Unit","Total"]
["Composição"," 89520 ","SINAPI","JOELHO 45 GRAUS, PVC, SERIE R, ÁGUA PLUVIAL, DN 50 MM, JUNTA ELÁSTICA, FORNECIDO E INSTALADO EM RAMAL DE ENCAMINHAMENTO. AF_06/2022","INHI - INSTALAÇÕES HIDROS SANITÁRIAS",null,"UN",1,14.62,14.62]
["Composição Auxiliar"," 88267 ","SINAPI","ENCANADOR OU BOMBEIRO HIDRÁULICO COM ENCARGOS COMPLEMENTARES","SEDI - SERVIÇOS DIVERSOS",null,"H",6.0699999999999997E-2,24.54,1.48]
["Composição Auxiliar"," 88248 ","SINAPI","AUXILIAR DE ENCANADOR OU BOMBEIRO HIDRÁULICO COM ENCARGOS COMPLEMENTARES","SEDI - SERVIÇOS DIVERSOS",null,"H",6.0699999999999997E-2,20.39,1.23]
["Insumo"," 00020085 ","SINAPI","ANEL BORRACHA, DN 50 MM, PARA TUBO SERIE REFORCADA ESGOTO PREDIAL","Material",null,"UN",2,2.7,5.4]
["Insumo"," 00020149 ","SINAPI","JOELHO, PVC SERIE R, 45 GRAUS, DN 50 MM, PARA ESGOTO PREDIAL","Material",null,"UN",1,5.25,5.25]
["Insumo"," 00020078 ","SINAPI","PASTA LUBRIFICANTE PARA TUBOS E CONEXOES COM JUNTA ELASTICA, EMBALAGEM DE *400* GR (USO EM PVC, ACO, POLIETILENO E OUTROS)","Material",null,"UN",0.05,25.24,1.26]
[{"$nulls":4},"MO sem LS =>",2.27,"LS =>",0,"MO com LS =>",2.27]
[{"$nulls":4},"Valor do BDI =>",3.2,null,"Valor com BDI =>",null,17.82]
[{"$nulls":6},"Quant. =>","43,00","Preço Total =>",766.26]
[]
[" 7.2.14 ","Código","Banco","Descrição","Tipo",null,"Und","Quant.","Valor Unit","Total"]
["Composição"," 89739 ","SINAPI","JOELHO 45 GRAUS, PVC, SERIE NORMAL, ESGOTO PREDIAL, DN 75 MM, JUNTA ELÁSTICA, FORNECIDO E INSTALADO EM RAMAL DE DESCARGA OU RAMAL DE ESGOTO SANITÁRIO. AF_08/2022","INHI - INSTALAÇÕES HIDROS SANITÁRIAS",null,"UN",1,21.55,21.55]
["Composição Auxiliar"," 88248 ","SINAPI","AUXILIAR DE ENCANADOR OU BOMBEIRO HIDRÁULICO COM ENCARGOS COMPLEMENTARES","SEDI - SERVIÇOS DIVERSOS",null,"H",0.16520000000000001,20.39,3.36]
["Composição Auxiliar"," 88267 ","SINAPI","ENCANADOR OU BOMBEIRO HIDRÁULICO COM ENCARGOS COMPLEMENTARES","SEDI - SERVIÇOS DIVERSOS",null,"H",0.16520000000000001,24.54,4.05]
["Insumo"," 00020078 ","SINAPI","PASTA LUBRIFICANTE PARA TUBOS E CONEXOES COM JUNTA ELASTICA, EMBALAGEM DE *400* GR (USO EM PVC, ACO, POLIETILENO E OUTROS)","Material",null,"UN",7.4999999999999997E-2,25.24,1.89]
["Insumo"," 00003519 ","SINAPI","JOELHO PVC, SOLDAVEL, PB, 45 GRAUS, DN 75 MM, PARA ESGOTO PREDIAL","Material",null,"UN",1,6.21,6.21]
["Insumo"," 00000297 ","SINAPI","ANEL BORRACHA PARA TUBO ESGOTO PREDIAL, DN 75 MM (NBR 5688)","Material",null,"UN",2,3.02,6.04]
[{"$nulls":4},"MO sem LS =>",6.17,"LS =>",0,"MO com LS =>",6.17]
[{"$nulls":4},"Valor do BDI =>",4.71,null,"Valor com BDI =>",null,26.26]
[{"$nulls":6},"Quant. =>","15,00","Preço Total =>",393.9]
[]
[" 7.2.15 ","Código","Banco","Descrição","Tipo",null,"Und","Quant.","Valor Unit","Total"]
["Composição"," 89744 ","SINAPI","JOELHO 90 GRAUS, PVC, SERIE NORMAL, ESGOTO PREDIAL, DN 100 MM, JUNTA ELÁSTICA, FORNECIDO E INSTALADO EM RAMAL DE DESCARGA OU RAMAL DE ESGOTO SANITÁRIO. AF_08/2022","INHI - INSTALAÇÕES HIDROS SANITÁRIAS",null,"UN",1,25.32,25.32]
["Composição Auxiliar"," 88248 ","SINAPI","AUXILIAR DE ENCANADOR OU BOMBEIRO HIDRÁULICO COM ENCARGOS COMPLEMENTARES","SEDI - SERVIÇOS DIVERSOS",null,"H",0.19259999999999999,20.39,3.92]
["Composição Auxiliar"," 88267 ","SINAPI","ENCANADOR OU BOMBEIRO HIDRÁULICO COM ENCARGOS COMPLEMENTARES","SEDI - SERVIÇOS DIVERSOS",null,"H",0.19259999999999999,24.54,4.72]
["Insumo"," 00020078 ","SINAPI","PASTA LUBRIFICANTE PARA TUBOS E CONEXOES COM JUNTA ELASTICA, EMBALAGEM DE *400* GR (USO EM PVC, ACO, POLIETILENO E OUTROS)","Material",null,"UN",0.115,25.24,2.9]
["Insumo"," 00000301 ","SINAPI","ANEL BORRACHA PARA TUBO ESGOTO PREDIAL, DN 100 MM (NBR 5688)","Material",null,"UN",2,3.64,7.28]
["Insumo"," 00003520 ","SINAPI","JOELHO PVC, SOLDAVEL, PB, 90 GRAUS, DN 100 MM, PARA ESGOTO PREDIAL","Material",null,"UN",1,6.5,6.5]
[{"$nulls":4},"MO sem LS =>",7.2,"LS =>",0,"MO com LS =>",7.2]
[{"$nulls":4},"Valor do BDI =>",5.54,null,"Valor com BDI =>",null,30.86]
[{"$nulls":6},"Quant. =>","24,00","Preço Total =>",740.64]
[]
[" 7.2.16 ","Código","Banco","Descrição","Tipo",null,"Und","Quant.","Valor Unit","Total"]
["Composição"," 89724 ","SINAPI","JOELHO 90 GRAUS, PVC, SERIE NORMAL, ESGOTO PREDIAL, DN 40 MM, JUNTA SOLDÁVEL, FORNECIDO E INSTALADO EM RAMAL DE DESCARGA OU RAMAL DE ESGOTO SANITÁRIO. AF_08/2022","INHI - INSTALAÇÕES HIDROS SANITÁRIAS",null,"UN",1,8.98,8.98]
["Composição Auxiliar"," 88248 ","SINAPI","AUXILIAR DE ENCANADOR OU BOMBEIRO HIDRÁULICO COM ENCARGOS COMPLEMENTARES","SEDI - SERVIÇOS DIVERSOS",null,"H",0.127,20.39,2.58]
["Composição Auxiliar"," 88267 ","SINAPI","ENCANADOR OU BOMBEIRO HIDRÁULICO COM ENCARGOS COMPLEMENTARES","SEDI - SERVIÇOS DIVERSOS",null,"H",0.127,24.54,3.11]
["Insumo"," 00020083 ","SINAPI","SOLUCAO PREPARADORA / LIMPADORA PARA PVC, FRASCO COM 1000 CM3","Material",null,"UN",1.4999999999999999E-2,69.3,1.03]
["Insumo"," 00000122 ","SINAPI","ADESIVO PLASTICO PARA PVC, FRASCO COM *850* GR","Material",null,"UN",9.9000000000000008E-3,61.17,0.6]
["Insumo"," 00038383 ","SINAPI","LIXA D'AGUA EM FOLHA, GRAO 100","Material",null,"UN",7.1000000000000004E-3,2.0699999999999998,0.01]
["Insumo"," 00003517 ","SINAPI","JOELHO PVC, SOLDAVEL, BB, 90 GRAUS, SEM ANEL, DN 40 MM, PARA ESGOTO PREDIAL SECUNDARIO","Material",null,"UN",1,1.65,1.65]
[{"$nulls":4},"MO sem LS =>",4.75,"LS =>",0,"MO com LS =>",4.75]
[{"$nulls":4},"Valor do BDI =>",1.96,null,"Valor com BDI =>",null,10.94]
[{"$nulls":6},"Quant. =>","6,00","Preço Total =>",65.64]
[]
[" 7.2.17 ","Código","Banco","Descrição","Tipo",null,"Und","Quant.","Valor Unit","Total"]
["Composição"," 89731 ","SINAPI","JOELHO 90 GRAUS, PVC, SERIE NORMAL, ESGOTO PREDIAL, DN 50 MM, JUNTA ELÁSTICA, FORNECIDO E INSTALADO EM RAMAL DE DESCARGA OU RAMAL DE ESGOTO SANITÁRIO. AF_08/2022","INHI - INSTALAÇÕES HIDROS SANITÁRIAS",null,"UN",1,13.94,13.94]
["Composição Auxiliar"," 88248 ","SINAPI","AUXILIAR DE ENCANADOR OU BOMBEIRO HIDRÁULICO COM ENCARGOS COMPLEMENTARES","SEDI - SERVIÇOS DIVERSOS",null,"H",0.13789999999999999,20.39,2.81]
["Composição Auxiliar"," 88267 ","SINAPI","ENCANADOR OU BOMBEIRO HIDRÁULICO COM ENCARGOS COMPLEMENTARES","SEDI - SERVIÇOS DIVERSOS",null,"H",0.13789999999999999,24.54,3.38]
["Insumo"," 00000296 ","SINAPI","ANEL BORRACHA PARA TUBO ESGOTO PREDIAL, DN 50 MM (NBR 5688)","Material",null,"UN",2,2.0499999999999998,4.0999999999999996]
["Insumo"," 00020078 ","SINAPI","PASTA LUBRIFICANTE PARA TUBOS E CONEXOES COM JUNTA ELASTICA, EMBALAGEM DE *400* GR (USO EM PVC, ACO, POLIETILENO E OUTROS)","Material",null,"UN",0.05,25.24,1.26]
["Insumo"," 00003526 ","SINAPI","JOELHO PVC, SOLDAVEL, PB, 90 GRAUS, DN 50 MM, PARA ESGOTO PREDIAL","Material",null,"UN",1,2.39,2.39]
[{"$nulls":4},"MO sem LS =>",5.15,"LS =>",0,"MO com LS =>",5.15]
[{"$nulls":4},"Valor do BDI =>",3.05,null,"Valor com BDI =>",null,16.989999999999998]
[{"$nulls":6},"Quant. =>","43,00","Preço Total =>",730.57]
[]
[" 7.2.18 ","Código","Banco","Descrição","Tipo",null,"Und","Quant.","Valor Unit","Total"]
["Composição"," 89737 ","SINAPI","JOELHO 90 GRAUS, PVC, SERIE NORMAL, ESGOTO PREDIAL, DN 75 MM, JUNTA ELÁSTICA, FORNECIDO E INSTALADO EM RAMAL DE DESCARGA OU RAMAL DE ESGOTO SANITÁRIO. AF_08/2022","INHI - INSTALAÇÕES HIDROS SANITÁRIAS",null,"UN",1,20.78,20.78]
["Composição Auxiliar"," 88267 ","SINAPI","ENCANADOR OU BOMBEIRO HIDRÁULICO COM ENCARGOS COMPLEMENTARES","SEDI - SERVIÇOS DIVERSOS",null,"H",0.16520000000000001,24.54,4.05]
["Composição Auxiliar"," 88248 ","SINAPI","AUXILIAR DE ENCANADOR OU BOMBEIRO HIDRÁULICO COM ENCARGOS COMPLEMENTARES","SEDI - SERVIÇOS DIVERSOS",null,"H",0.16520000000000001,20.39,3.36]
["Insumo"," 00020078 ","SINAPI","PASTA LUBRIFICANTE PARA TUBOS E CONEXOES COM JUNTA ELASTICA, EMBALAGEM DE *400* GR (USO EM PVC, ACO, POLIETILENO E OUTROS)","Material",null,"UN",7.4999999999999997E-2,25.24,1.89]
["Insumo"," 00003509 ","SINAPI","JOELHO PVC, SOLDAVEL, PB, 90 GRAUS, DN 75 MM, PARA ESGOTO PREDIAL","Material",null,"UN",1,5.44,5.44]
["Insumo"," 00000297 ","SINAPI","ANEL BORRACHA PARA TUBO ESGOTO PREDIAL, DN 75 MM (NBR 5688)","Material",null,"UN",2,3.02,6.04]
[{"$nulls":4},"MO sem LS =>",6.17,"LS =>",0,"MO com LS =>",6.17]
[{"$nulls":4},"Valor do BDI =>",4.55,null,"Valor com BDI =>",null,25.33]
[{"$nulls":6},"Quant. =>","2,00","Preço Total =>",50.66]
[]
[null,"Código","Banco","Descrição","Tipo",null,"Und","Quant.","Valor Unit","Total"]
["Insumo"," 00010835 ","SINAPI","JOELHO PVC, COM BOLSA E ANEL, 90 GRAUS, DN 40 X *38* MM, SERIE NORMAL, PARA ESGOTO PREDIAL","Material",null,"UN",1,4.4400000000000004,4.4400000000000004]
[{"$nulls":4},"MO sem LS =>",0,"LS =>",0,"MO com LS =>",0]
[{"$nulls":4},"Valor do BDI =>",null,null,"Valor com BDI =>",null,5.07]
[{"$nulls":6},"Quant. =>","20,00","Preço Total =>",101.4]
[]
[" 7.2.20 ","Código","Banco","Descrição","Tipo",null,"Und","Quant.","Valor Unit","Total"]
["Composição"," 104353 ","SINAPI","JUNÇÃO DE REDUÇÃO INVERTIDA, PVC, SÉRIE NORMAL, ESGOTO PREDIAL, DN 100 X 50 MM, JUNTA ELÁSTICA, FORNECIDO E INSTALADO EM PRUMADA DE ESGOTO SANITÁRIO OU VENTILAÇÃO. AF_08/2022","INHI - INSTALAÇÕES HIDROS SANITÁRIAS",null,"UN",1,37.15,37.15]
["Composição Auxiliar"," 88248 ","SINAPI","AUXILIAR DE ENCANADOR OU BOMBEIRO HIDRÁULICO COM ENCARGOS COMPLEMENTARES","SEDI - SERVIÇOS DIVERSOS",null,"H",0.20830000000000001,20.39,4.24]
["Composição Auxiliar"," 88267 ","SINAPI","ENCANADOR OU BOMBEIRO HIDRÁULICO COM ENCARGOS COMPLEMENTARES","SEDI - SERVIÇOS DIVERSOS",null,"H",0.20830000000000001,24.54,5.1100000000000003]
["Insumo"," 00000301 ","SINAPI","ANEL BORRACHA PARA TUBO ESGOTO PREDIAL, DN 100 MM (NBR 5688)","Material",null,"UN",2,3.64,7.28]
["Insumo"," 00020078 ","SINAPI","PASTA LUBRIFICANTE PARA TUBOS E CONEXOES COM JUNTA ELASTICA, EMBALAGEM DE *400* GR (USO EM PVC, ACO, POLIETILENO E OUTROS)","Material",null,"UN",0.14000000000000001,25.24,3.53]
["Insumo"," 00000296 ","SINAPI","ANEL BORRACHA PARA TUBO ESGOTO PREDIAL, DN 50 MM (NBR 5688)","Material",null,"UN",1,2.0499999999999998,2.0499999999999998]
["Insumo"," 00010908 ","SINAPI","JUNCAO DE REDUCAO INVERTIDA, PVC SOLDAVEL, 100 X 50 MM, SERIE NORMAL PARA ESGOTO PREDIAL","Material",null,"UN",1,14.94,14.94]
[{"$nulls":4},"MO sem LS =>",7.79,"LS =>",0,"MO com LS =>",7.79]
[{"$nulls":4},"Valor do BDI =>",8.1300000000000008,null,"Valor com BDI =>",null,45.28]
[{"$nulls":6},"Quant. =>","6,00","Preço Total =>",271.68]
[]
[" 7.2.21 ","Código","Banco","Descrição","Tipo",null,"Und","Quant.","Valor Unit","Total"]
["Composição"," 104347 ","SINAPI","JUNÇÃO DE REDUCAO INVERTIDA, PVC, SÉRIE NORMAL, ESGOTO PREDIAL, DN 100 X 75 MM, JUNTA ELÁSTICA, FORNECIDO E INSTALADO EM RAMAL DE DESCARGA OU RAMAL DE ESGOTO SANITÁRIO. AF_08/2022","INHI - INSTALAÇÕES HIDROS SANITÁRIAS",null,"UN",1,42.5,42.5]
["Composição Auxiliar"," 88248 ","SINAPI","AUXILIAR DE ENCANADOR OU BOMBEIRO HIDRÁULICO COM ENCARGOS COMPLEMENTARES","SEDI - SERVIÇOS DIVERSOS",null,"H",0.24460000000000001,20.39,4.9800000000000004]
["Composição Auxiliar"," 88267 ","SINAPI","ENCANADOR OU BOMBEIRO HIDRÁULICO COM ENCARGOS COMPLEMENTARES","SEDI - SERVIÇOS DIVERSOS",null,"H",0.24460000000000001,24.54,6]
["Insumo"," 00020078 ","SINAPI","PASTA LUBRIFICANTE PARA TUBOS E CONEXOES COM JUNTA ELASTICA, EMBALAGEM DE *400* GR (USO EM PVC, ACO, POLIETILENO E OUTROS)","Material",null,"UN",0.1525,25.24,3.84]
["Insumo"," 00000297 ","SINAPI","ANEL BORRACHA PARA TUBO ESGOTO PREDIAL, DN 75 MM (NBR 5688)","Material",null,"UN",1,3.02,3.02]
["Insumo"," 00010909 ","SINAPI","JUNCAO DE REDUCAO INVERTIDA, PVC SOLDAVEL, 100 X 75 MM, SERIE NORMAL PARA ESGOTO PREDIAL","Material",null,"UN",1,17.38,17.38]
["Insumo"," 00000301 ","SINAPI","ANEL BORRACHA PARA TUBO ESGOTO PREDIAL, DN 100 MM (NBR 5688)","Material",null,"UN",2,3.64,7.28]
[{"$nulls":4},"MO sem LS =>",9.15,"LS =>",0,"MO com LS =>",9.15]
[{"$nulls":4},"Valor do BDI =>",9.3000000000000007,null,"Valor com BDI =>",null,51.8]
[{"$nulls":6},"Quant. =>","1,00","Preço Total =>",51.8]
[]
[" 7.2.22 ","Código","Banco","Descrição","Tipo",null,"Und","Quant.","Valor Unit","Total"]
["Composição"," 104350 ","SINAPI","JUNÇÃO DE REDUÇÃO INVERTIDA, PVC, SÉRIE NORMAL, ESGOTO PREDIAL, DN 75 X 50 MM, JUNTA ELÁSTICA, FORNECIDO E INSTALADO EM PRUMADA DE ESGOTO SANITÁRIO OU VENTILAÇÃO. AF_08/2022","INHI - INSTALAÇÕES HIDROS SANITÁRIAS",null,"UN",1,26.97,26.97]
["Composição Auxiliar"," 88267 ","SINAPI","ENCANADOR OU BOMBEIRO HIDRÁULICO COM ENCARGOS COMPLEMENTARES","SEDI - SERVIÇOS DIVERSOS",null,"H",0.127,24.54,3.11]
["Composição Auxiliar"," 88248 ","SINAPI","AUXILIAR DE ENCANADOR OU BOMBEIRO HIDRÁULICO COM ENCARGOS COMPLEMENTARES","SEDI - SERVIÇOS DIVERSOS",null,"H",0.127,20.39,2.58]
["Insumo"," 00000297 ","SINAPI","ANEL BORRACHA PARA TUBO ESGOTO PREDIAL, DN 75 MM (NBR 5688)","Material",null,"UN",2,3.02,6.04]
["Insumo"," 00020078 ","SINAPI","PASTA LUBRIFICANTE PARA TUBOS E CONEXOES COM JUNTA ELASTICA, EMBALAGEM DE *400* GR (USO EM PVC, ACO, POLIETILENO E OUTROS)","Material",null,"UN",0.1,25.24,2.52]
["Insumo"," 00000296 ","SINAPI","ANEL BORRACHA PARA TUBO ESGOTO PREDIAL, DN 50 MM (NBR 5688)","Material",null,"UN",1,2.0499999999999998,2.0499999999999998]
["Insumo"," 00003669 ","SINAPI","JUNCAO DE REDUCAO INVERTIDA, PVC SOLDAVEL, 75 X 50 MM, SERIE NORMAL PARA ESGOTO PREDIAL","Material",null,"UN",1,10.67,10.67]
[{"$nulls":4},"MO sem LS =>",4.75,"LS =>",0,"MO com LS =>",4.75]
[{"$nulls":4},"Valor do BDI =>",5.9,null,"Valor com BDI =>",null,32.869999999999997]
[{"$nulls":6},"Quant. =>","1,00","Preço Total =>",32.869999999999997]
[]
[" 7.2.23 ","Código","Banco","Descrição","Tipo",null,"Und","Quant.","Valor Unit","Total"]
["Composição"," 89797 ","SINAPI","JUNÇÃO SIMPLES, PVC, SERIE NORMAL, ESGOTO PREDIAL, DN 100 X 100 MM, JUNTA ELÁSTICA, FORNECIDO E INSTALADO EM RAMAL DE DESCARGA OU RAMAL DE ESGOTO SANITÁRIO. AF_08/2022","INHI - INSTALAÇÕES HIDROS SANITÁRIAS",null,"UN",1,45.61,45.61]
["Composição Auxiliar"," 88267 ","SINAPI","ENCANADOR OU BOMBEIRO HIDRÁULICO COM ENCARGOS COMPLEMENTARES","SEDI - SERVIÇOS DIVERSOS",null,"H",0.25679999999999997,24.54,6.3]
["Composição Auxiliar"," 88248 ","SINAPI","AUXILIAR DE ENCANADOR OU BOMBEIRO HIDRÁULICO COM ENCARGOS COMPLEMENTARES","SEDI - SERVIÇOS DIVERSOS",null,"H",0.25679999999999997,20.39,5.23]
["Insumo"," 00000301 ","SINAPI","ANEL BORRACHA PARA TUBO ESGOTO PREDIAL, DN 100 MM (NBR 5688)","Material",null,"UN",3,3.64,10.92]
["Insumo"," 00020078 ","SINAPI","PASTA LUBRIFICANTE PARA TUBOS E CONEXOES COM JUNTA ELASTICA, EMBALAGEM DE *400* GR (USO EM PVC, ACO, POLIETILENO E OUTROS)","Material",null,"UN",0.17249999999999999,25.24,4.3499999999999996]
["Insumo"," 00003670 ","SINAPI","JUNCAO SIMPLES, PVC, 45 GRAUS, DN 100 X 100 MM, SERIE NORMAL PARA ESGOTO PREDIAL","Material",null,"UN",1,18.809999999999999,18.809999999999999]
[{"$nulls":4},"MO sem LS =>",9.6,"LS =>",0,"MO com LS =>",9.6]
[{"$nulls":4},"Valor do BDI =>",9.98,null,"Valor com BDI =>",null,55.59]
[{"$nulls":6},"Quant. =>","11,00","Preço Total =>",611.49]
[]
[" 7.2.24 ","Código","Banco","Descrição","Tipo",null,"Und","Quant.","Valor Unit","Total"]
["Composição"," 89783 ","SINAPI","JUNÇÃO SIMPLES, PVC, SERIE NORMAL, ESGOTO PREDIAL, DN 40 MM, JUNTA SOLDÁVEL, FORNECIDO E INSTALADO EM RAMAL DE DESCARGA OU RAMAL DE ESGOTO SANITÁRIO. AF_08/2022","INHI - INSTALAÇÕES HIDROS SANITÁRIAS",null,"UN",1,13.03,13.03]
["Composição Auxiliar"," 88267 ","SINAPI","ENCANADOR OU BOMBEIRO HIDRÁULICO COM ENCARGOS COMPLEMENTARES","SEDI - SERVIÇOS DIVERSOS",null,"H",0.16930000000000001,24.54,4.1500000000000004]
["Composição Auxiliar"," 88248 ","SINAPI","AUXILIAR DE ENCANADOR OU BOMBEIRO HIDRÁULICO COM ENCARGOS COMPLEMENTARES","SEDI - SERVIÇOS DIVERSOS",null,"H",0.16930000000000001,20.39,3.45]
["Insumo"," 00038383 ","SINAPI","LIXA D'AGUA EM FOLHA, GRAO 100","Material",null,"UN",1.0699999999999999E-2,2.0699999999999998,0.02]
["Insumo"," 00020083 ","SINAPI","SOLUCAO PREPARADORA / LIMPADORA PARA PVC, FRASCO COM 1000 CM3","Material",null,"UN",2.2499999999999999E-2,69.3,1.55]
["Insumo"," 00000122 ","SINAPI","ADESIVO PLASTICO PARA PVC, FRASCO COM *850* GR","Material",null,"UN",1.4800000000000001E-2,61.17,0.9]
["Insumo"," 00003666 ","SINAPI","JUNCAO SIMPLES, PVC, 45 GRAUS, DN 40 X 40 MM, SERIE NORMAL PARA ESGOTO PREDIAL","Material",null,"UN",1,2.96,2.96]
[{"$nulls":4},"MO sem LS =>",6.32,"LS =>",0,"MO com LS =>",6.32]
[{"$nulls":4},"Valor do BDI =>",2.85,null,"Valor com BDI =>",null,15.88]
[{"$nulls":6},"Quant. =>","3,00","Preço Total =>",47.64]
[]
[" 7.2.25 ","Código","Banco","Descrição","Tipo",null,"Und","Quant.","Valor Unit","Total"]
["Composição"," 89827 ","SINAPI","JUNÇÃO SIMPLES, PVC, SERIE NORMAL, ESGOTO PREDIAL, DN 50 X 50 MM, JUNTA ELÁSTICA, FORNECIDO E INSTALADO EM PRUMADA DE ESGOTO SANITÁRIO OU VENTILAÇÃO. AF_08/2022","INHI - INSTALAÇÕES HIDROS SANITÁRIAS",null,"UN",1,17.809999999999999,17.809999999999999]
["Composição Auxiliar"," 88248 ","SINAPI","AUXILIAR DE ENCANADOR OU BOMBEIRO HIDRÁULICO COM ENCARGOS COMPLEMENTARES","SEDI - SERVIÇOS DIVERSOS",null,"H",4.5699999999999998E-2,20.39,0.93]
["Composição Auxiliar"," 88267 ","SINAPI","ENCANADOR OU BOMBEIRO HIDRÁULICO COM ENCARGOS COMPLEMENTARES","SEDI - SERVIÇOS DIVERSOS",null,"H",4.5699999999999998E-2,24.54,1.1200000000000001]
["Insumo"," 00020078 ","SINAPI","PASTA LUBRIFICANTE PARA TUBOS E CONEXOES COM JUNTA ELASTICA, EMBALAGEM DE *400* GR (USO EM PVC, ACO, POLIETILENO E OUTROS)","Material",null,"UN",7.4999999999999997E-2,25.24,1.89]
["Insumo"," 00000296 ","SINAPI","ANEL BORRACHA PARA TUBO ESGOTO PREDIAL, DN 50 MM (NBR 5688)","Material",null,"UN",3,2.0499999999999998,6.15]
["Insumo"," 00003662 ","SINAPI","JUNCAO SIMPLES, PVC, 45 GRAUS, DN 50 X 50 MM, SERIE NORMAL PARA ESGOTO PREDIAL","Material",null,"UN",1,7.72,7.72]
[{"$nulls":4},"MO sem LS =>",1.71,"LS =>",0,"MO com LS =>",1.71]
[{"$nulls":4},"Valor do BDI =>",3.9,null,"Valor com BDI =>",null,21.71]
[{"$nulls":6},"Quant. =>","3,00","Preço Total =>",65.13]
[]
[" 7.2.26 ","Código","Banco","Descrição","Tipo",null,"Und","Quant.","Valor Unit","Total"]
["Composição"," 89821 ","SINAPI","LUVA SIMPLES, PVC, SERIE NORMAL, ESGOTO PREDIAL, DN 100 MM, JUNTA ELÁSTICA, FORNECIDO E INSTALADO EM PRUMADA DE ESGOTO SANITÁRIO OU VENTILAÇÃO. AF_08/2022","INHI - INSTALAÇÕES HIDROS SANITÁRIAS",null,"UN",1,15.9,15.9]
["Composição Auxiliar"," 88248 ","SINAPI","AUXILIAR DE ENCANADOR OU BOMBEIRO HIDRÁULICO COM ENCARGOS COMPLEMENTARES","SEDI - SERVIÇOS DIVERSOS",null,"H",0.14480000000000001,20.39,2.95]
["Composição Auxiliar"," 88267 ","SINAPI","ENCANADOR OU BOMBEIRO HIDRÁULICO COM ENCARGOS COMPLEMENTARES","SEDI - SERVIÇOS DIVERSOS",null,"H",0.14480000000000001,24.54,3.55]
["Insumo"," 00003899 ","SINAPI","LUVA SIMPLES, PVC, SOLDAVEL, DN 100 MM, SERIE NORMAL, PARA ESGOTO PREDIAL","Material",null,"UN",1,5.13,5.13]
["Insumo"," 00038383 ","SINAPI","LIXA D'AGUA EM FOLHA, GRAO 100","Material",null,"UN",5.4000000000000003E-3,2.0699999999999998,0.01]
["Insumo"," 00020083 ","SINAPI","SOLUCAO PREPARADORA / LIMPADORA PARA PVC, FRASCO COM 1000 CM3","Material",null,"UN",0.04,69.3,2.77]
["Insumo"," 00000122 ","SINAPI","ADESIVO PLASTICO PARA PVC, FRASCO COM *850* GR","Material",null,"UN",2.4500000000000001E-2,61.17,1.49]
[{"$nulls":4},"MO sem LS =>",5.41,"LS =>",0,"MO com LS =>",5.41]
[{"$nulls":4},"Valor do BDI =>",3.48,null,"Valor com BDI =>",null,19.38]
[{"$nulls":6},"Quant. =>","41,00","Preço Total =>",794.58]
[]
[" 7.2.27 ","Código","Banco","Descrição","Tipo",null,"Und","Quant.","Valor Unit","Total"]
["Composição"," 89753 ","SINAPI","LUVA SIMPLES, PVC, SERIE NORMAL, ESGOTO PREDIAL, DN 50 MM, JUNTA ELÁSTICA, FORNECIDO E INSTALADO EM RAMAL DE DESCARGA OU RAMAL DE ESGOTO SANITÁRIO. AF_08/2022","INHI - INSTALAÇÕES HIDROS SANITÁRIAS",null,"UN",1,7.99,7.99]
["Composição Auxiliar"," 88267 ","SINAPI","ENCANADOR OU BOMBEIRO HIDRÁULICO COM ENCARGOS COMPLEMENTARES","SEDI - SERVIÇOS DIVERSOS",null,"H",9.1899999999999996E-2,24.54,2.25]
["Composição Auxiliar"," 88248 ","SINAPI","AUXILIAR DE ENCANADOR OU BOMBEIRO HIDRÁULICO COM ENCARGOS COMPLEMENTARES","SEDI - SERVIÇOS DIVERSOS",null,"H",9.1899999999999996E-2,20.39,1.87]
["Insumo"," 00000122 ","SINAPI","ADESIVO PLASTICO PARA PVC, FRASCO COM *850* GR","Material",null,"UN",7.3000000000000001E-3,61.17,0.44]
["Insumo"," 00020083 ","SINAPI","SOLUCAO PREPARADORA / LIMPADORA PARA PVC, FRASCO COM 1000 CM3","Material",null,"UN",1.0999999999999999E-2,69.3,0.76]
["Insumo"," 00003875 ","SINAPI","LUVA SIMPLES, PVC, SOLDAVEL, DN 50 MM, SERIE NORMAL, PARA ESGOTO PREDIAL","Material",null,"UN",1,2.59,2.59]
["Insumo"," 00038383 ","SINAPI","LIXA D'AGUA EM FOLHA, GRAO 100","Material",null,"UN",3.9E-2,2.0699999999999998,0.08]
[{"$nulls":4},"MO sem LS =>",3.43,"LS =>",0,"MO com LS =>",3.43]
[{"$nulls":4},"Valor do BDI =>",1.74,null,"Valor com BDI =>",null,9.73]
[{"$nulls":6},"Quant. =>","16,00","Preço Total =>",155.68]
[]
[" 7.2.28 ","Código","Banco","Descrição","Tipo",null,"Und","Quant.","Valor Unit","Total"]
["Composição"," 89557 ","SINAPI","REDUÇÃO EXCÊNTRICA, PVC, SERIE R, ÁGUA PLUVIAL, DN 100 X 75 MM, JUNTA ELÁSTICA, FORNECIDO E INSTALADO EM RAMAL DE ENCAMINHAMENTO. AF_06/2022","INHI - INSTALAÇÕES HIDROS SANITÁRIAS",null,"UN",1,27.7,27.7]
["Composição Auxiliar"," 88267 ","SINAPI","ENCANADOR OU BOMBEIRO HIDRÁULICO COM ENCARGOS COMPLEMENTARES","SEDI - SERVIÇOS DIVERSOS",null,"H",7.4300000000000005E-2,24.54,1.82]
["Composição Auxiliar"," 88248 ","SINAPI","AUXILIAR DE ENCANADOR OU BOMBEIRO HIDRÁULICO COM ENCARGOS COMPLEMENTARES","SEDI - SERVIÇOS DIVERSOS",null,"H",7.4300000000000005E-2,20.39,1.51]
["Insumo"," 00000299 ","SINAPI","ANEL BORRACHA, DN 100 MM, PARA TUBO SERIE REFORCADA ESGOTO PREDIAL","Material",null,"UN",1,4.2699999999999996,4.2699999999999996]
["Insumo"," 00020046 ","SINAPI","REDUCAO EXCENTRICA PVC, SERIE R, DN 100 X 75 MM, PARA ESGOTO PREDIAL","Material",null,"UN",1,14.43,14.43]
["Insumo"," 00000298 ","SINAPI","ANEL BORRACHA, DN 75 MM, PARA TUBO SERIE REFORCADA ESGOTO PREDIAL","Material",null,"UN",1,3.28,3.28]
["Insumo"," 00020078 ","SINAPI","PASTA LUBRIFICANTE PARA TUBOS E CONEXOES COM JUNTA ELASTICA, EMBALAGEM DE *400* GR (USO EM PVC, ACO, POLIETILENO E OUTROS)","Material",null,"UN",9.5000000000000001E-2,25.24,2.39]
[{"$nulls":4},"MO sem LS =>",2.77,"LS =>",0,"MO com LS =>",2.77]
[{"$nulls":4},"Valor do BDI =>",6.06,null,"Valor com BDI =>",null,33.76]
[{"$nulls":6},"Quant. =>","1,00","Preço Total =>",33.76]
[]
[" 7.2.29 ","Código","Banco","Descrição","Tipo",null,"Und","Quant.","Valor Unit","Total"]
["Composição"," 89714 ","SINAPI","TUBO PVC, SERIE NORMAL, ESGOTO PREDIAL, DN 100 MM, FORNECIDO E INSTALADO EM RAMAL DE DESCARGA OU RAMAL DE ESGOTO SANITÁRIO. AF_08/2022","INHI - INSTALAÇÕES HIDROS SANITÁRIAS",null,"M",1,32.32,32.32]
["Composição Auxiliar"," 88267 ","SINAPI","ENCANADOR OU BOMBEIRO HIDRÁULICO COM ENCARGOS COMPLEMENTARES","SEDI - SERVIÇOS DIVERSOS",null,"H",0.44440000000000002,24.54,10.9]
["Composição Auxiliar"," 88248 ","SINAPI","AUXILIAR DE ENCANADOR OU BOMBEIRO HIDRÁULICO COM ENCARGOS COMPLEMENTARES","SEDI - SERVIÇOS DIVERSOS",null,"H",0.44440000000000002,20.39,9.06]
["Insumo"," 00009836 ","SINAPI","TUBO PVC SERIE NORMAL, DN 100 MM, PARA ESGOTO PREDIAL (NBR 5688)","Material",null,"M",1.0548999999999999,11.67,12.31]
["Insumo"," 00038383 ","SINAPI","LIXA D'AGUA EM FOLHA, GRAO 100","Material",null,"UN",2.47E-2,2.0699999999999998,0.05]
[{"$nulls":4},"MO sem LS =>",16.62,"LS =>",0,"MO com LS =>",16.62]
[{"$nulls":4},"Valor do BDI =>",7.07,null,"Valor com BDI =>",null,39.39]
[{"$nulls":6},"Quant. =>","79,36","Preço Total =>",3125.99]
[]
[" 7.2.30 ","Código","Banco","Descrição","Tipo",null,"Und","Quant.","Valor Unit","Total"]
["Composição"," 89849 ","SINAPI","TUBO PVC, SERIE NORMAL, ESGOTO PREDIAL, DN 150 MM, FORNECIDO E INSTALADO EM SUBCOLETOR AÉREO DE ESGOTO SANITÁRIO. AF_08/2022","INHI - INSTALAÇÕES HIDROS SANITÁRIAS",null,"M",1,46.18,46.18]
["Composição Auxiliar"," 88248 ","SINAPI","AUXILIAR DE ENCANADOR OU BOMBEIRO HIDRÁULICO COM ENCARGOS COMPLEMENTARES","SEDI - SERVIÇOS DIVERSOS",null,"H",0.31140000000000001,20.39,6.34]
["Composição Auxiliar"," 88267 ","SINAPI","ENCANADOR OU BOMBEIRO HIDRÁULICO COM ENCARGOS COMPLEMENTARES","SEDI - SERVIÇOS DIVERSOS",null,"H",0.31140000000000001,24.54,7.64]
["Insumo"," 00020065 ","SINAPI","TUBO PVC SERIE NORMAL, DN 150 MM, PARA ESGOTO PREDIAL (NBR 5688)","Material",null,"M",1.0548999999999999,30.5,32.17]
["Insumo"," 00038383 ","SINAPI","LIXA D'AGUA EM FOLHA, GRAO 100","Material",null,"UN",1.7299999999999999E-2,2.0699999999999998,0.03]
[{"$nulls":4},"MO sem LS =>",11.65,"LS =>",0,"MO com LS =>",11.65]
[{"$nulls":4},"Valor do BDI =>",10.11,null,"Valor com BDI =>",null,56.29]
[{"$nulls":6},"Quant. =>","35,31","Preço Total =>",1987.59]
[]
[" 7.2.31 ","Código","Banco","Descrição","Tipo",null,"Und","Quant.","Valor Unit","Total"]
["Composição"," 89712 ","SINAPI","TUBO PVC, SERIE NORMAL, ESGOTO PREDIAL, DN 50 MM, FORNECIDO E INSTALADO EM RAMAL DE DESCARGA OU RAMAL DE ESGOTO SANITÁRIO. AF_08/2022","INHI - INSTALAÇÕES HIDROS SANITÁRIAS",null,"M",1,23.19,23.19]
["Composição Auxiliar"," 88248 ","SINAPI","AUXILIAR DE ENCANADOR OU BOMBEIRO HIDRÁULICO COM ENCARGOS COMPLEMENTARES","SEDI - SERVIÇOS DIVERSOS",null,"H",0.31819999999999998,20.39,6.48]
["Composição Auxiliar"," 88267 ","SINAPI","ENCANADOR OU BOMBEIRO HIDRÁULICO COM ENCARGOS COMPLEMENTARES","SEDI - SERVIÇOS DIVERSOS",null,"H",0.31819999999999998,24.54,7.8]
["Insumo"," 00009838 ","SINAPI","TUBO PVC SERIE NORMAL, DN 50 MM, PARA ESGOTO PREDIAL (NBR 5688)","Material",null,"M",1.0548999999999999,8.42,8.8800000000000008]
["Insumo"," 00038383 ","SINAPI","LIXA D'AGUA EM FOLHA, GRAO 100","Material",null,"UN",1.77E-2,2.0699999999999998,0.03]
[{"$nulls":4},"MO sem LS =>",11.9,"LS =>",0,"MO com LS =>",11.9]
[{"$nulls":4},"Valor do BDI =>",5.07,null,"Valor com BDI =>",null,28.26]
[{"$nulls":6},"Quant. =>","27,54","Preço Total =>",778.28]
[]
[" 7.2.32 ","Código","Banco","Descrição","Tipo",null,"Und","Quant.","Valor Unit","Total"]
["Composição"," 89713 ","SINAPI","TUBO PVC, SERIE NORMAL, ESGOTO PREDIAL, DN 75 MM, FORNECIDO E INSTALADO EM RAMAL DE DESCARGA OU RAMAL DE ESGOTO SANITÁRIO. AF_08/2022","INHI - INSTALAÇÕES HIDROS SANITÁRIAS",null,"M",1,28.81,28.81]
["Composição Auxiliar"," 88248 ","SINAPI","AUXILIAR DE ENCANADOR OU BOMBEIRO HIDRÁULICO COM ENCARGOS COMPLEMENTARES","SEDI - SERVIÇOS DIVERSOS",null,"H",0.38129999999999997,20.39,7.77]
["Composição Auxiliar"," 88267 ","SINAPI","ENCANADOR OU BOMBEIRO HIDRÁULICO COM ENCARGOS COMPLEMENTARES","SEDI - SERVIÇOS DIVERSOS",null,"H",0.38129999999999997,24.54,9.35]
["Insumo"," 00038383 ","SINAPI","LIXA D'AGUA EM FOLHA, GRAO 100","Material",null,"UN",2.12E-2,2.0699999999999998,0.04]
["Insumo"," 00009837 ","SINAPI","TUBO PVC SERIE NORMAL, DN 75 MM, PARA ESGOTO PREDIAL (NBR 5688)","Material",null,"M",1.0548999999999999,11.05,11.65]
[{"$nulls":4},"MO sem LS =>",14.26,"LS =>",0,"MO com LS =>",14.26]
[{"$nulls":4},"Valor do BDI =>",6.3,null,"Valor com BDI =>",null,35.11]
[{"$nulls":6},"Quant. =>","89,25","Preço Total =>",3133.56]
[]
[" 7.2.33 ","Código","Banco","Descrição","Tipo",null,"Und","Quant.","Valor Unit","Total"]
["Composição"," 9377 ","ORSE","Tubo pvc rigido soldavel, serie reforçada, p/esgoto e aguas pluviais, d= 100mm","Tubos e Conexões de PVC Rígido Soldável para Esgoto",null,"m",1,44.54,44.54]
[null,"Código","Banco","Descrição","Tipo",null,"Und","Quant.","Valor Unit","Total"]
["Insumo","00009841/SINAPI","ORSE","Tubo pvc, serie r, dn 100 mm, para esgoto ou aguas pluviais predial (nbr 5688)","Material",null,"m",1.01,"22,01","22,23"]
["Insumo",138,"ORSE","Adesivo pvc em frasco de 850 gramas","Material",null,"kg",1.7000000000000001E-2,"71,51","1,21"]
["Composição",10549,"ORSE","Encargos Complementares - Servente","Provisórios",null,"h",0.48,"3,80","1,82"]
["Insumo","00002696/SINAPI","ORSE","Encanador ou bombeiro hidraulico (horista)","Mão de Obra",null,"h",0.48,"19,13","9,18"]
["Insumo","00006111/SINAPI","ORSE","Servente de obras (horista)","Mão de Obra",null,"h",0.48,"13,65","6,54"]
["Composição",10554,"ORSE","Encargos Complementares - Encanador","Provisórios",null,"h",0.48,"3,73","1,79"]
["Insumo",2036,"ORSE","Solucao limpadora pvc","Material",null,"l",2.5999999999999999E-2,"68,86","1,79"]
["Detalhamento de Cálculo ORSE"]
[null,"Código","Banco","Descrição","Tipo",null,"Und","Quant.","Valor Unit","Total"]
["Insumo",2036,"ORSE","Solucao limpadora pvc","Material",null,"l",2.5999999999999999E-2,"68,86","1,79"]
["Insumo",10492,"ORSE","Cesta Básica","Material",null,"un",4.3200000000000001E-3,"190,00","0,82"]
["Insumo","00006111/SINAPI","ORSE","Servente de obras (horista)","Mão de Obra",null,"h",0.48,"13,65","6,54"]
["Insumo","00012892/SINAPI","ORSE","Luva raspa de couro, cano curto (punho *7* cm)","Material",null,"par",2.2079999999999999E-3,"12,51","0,02"]
["Insumo","00012893/SINAPI","ORSE","Bota de seguranca com biqueira de aco e colarinho acolchoado","Material",null,"par",7.6800000000000002E-4,"66,72","0,05"]
["Insumo",158,"ORSE","Almoço (Participação do empregador)","Material",null,"un",9.7727999999999995E-2,"14,00","1,36"]
["Insumo","00009841/SINAPI","ORSE","Tubo pvc, serie r, dn 100 mm, para esgoto ou aguas pluviais predial (nbr 5688)","Material",null,"m",1.01,"22,01","22,23"]
["Insumo",11254,"ORSE","Tarracha para tubos PVC de 3/4\"","Material",null,"un",3.3599999999999998E-4,"27,49","0,00"]
["Insumo",10593,"ORSE","Praio simples 30cm","Material",null,"un",4.8000000000000001E-5,"19,57","0,00"]
["Insumo",1651,"ORSE","Óculos branco proteção","Material",null,"pr",7.6800000000000002E-4,"6,70","0,00"]
["Insumo",10362,"ORSE","Seguro de vida e acidente em grupo","Serviços",null,"un",4.3200000000000001E-3,"12,54","0,05"]
["Insumo",10599,"ORSE","Protetor solar fps 30 com 120ml","Material",null,"un",1.7279999999999999E-3,"18,00","0,03"]
["Insumo",10761,"ORSE","Refeição - café da manhã ( café com leite e dois pães com manteiga)","Serviços",null,"un",9.7727999999999995E-2,"5,00","0,48"]
["Insumo","00012894/SINAPI","ORSE","Capa para chuva em pvc com forro de poliester, com capuz (amarela ou azul)","Material",null,"un",1.92E-4,"18,07","0,00"]
["Insumo","00002696/SINAPI","ORSE","Encanador ou bombeiro hidraulico (horista)","Mão de Obra",null,"h",0.48,"19,13","9,18"]
["Insumo",2378,"ORSE","Vale transporte","Material",null,"un",7.6560000000000003E-2,"4,50","0,34"]
["Insumo","00012895/SINAPI","ORSE","Capacete de seguranca aba frontal com suspensao de polietileno, sem jugular (classe b)","Material",null,"un",5.7600000000000001E-4,"13,90","0,00"]
["Insumo",11253,"ORSE","Tarracha para tubos PVC de 1/2\"","Material",null,"un",5.2800000000000004E-4,"26,50","0,01"]
["Insumo",941,"ORSE","Fardamento com mangas curta","Material",null,"un",1.4400000000000001E-3,"193,41","0,27"]
["Insumo",138,"ORSE","Adesivo pvc em frasco de 850 gramas","Material",null,"kg",1.7000000000000001E-2,"71,51","1,21"]
["Insumo",11255,"ORSE","Tarracha para tubos PVC de 1\"","Material",null,"un",2.8800000000000001E-4,"63,00","0,01"]
["Insumo",10596,"ORSE","Protetor auricular","Material",null,"un",4.3200000000000001E-3,"4,90","0,02"]
["Insumo",10592,"ORSE","Lima chata 12\"","Material",null,"un",4.8000000000000001E-5,"36,57","0,00"]
["Insumo",11257,"ORSE","Tarracha para tubos PVC de 1 1/4\"","Material",null,"un",1.92E-4,"32,30","0,00"]
["Insumo",4728,"ORSE","Talhadeira chata 10\"","Material",null,"un",1.44E-4,"18,58","0,00"]
["Insumo","00002711/SINAPI","ORSE","Carrinho de mao de aco capacidade 50 a 60 l, pneu com camara","Material",null,"un",9.6000000000000002E-5,"166,00","0,01"]
["Insumo",11256,"ORSE","Tarracha para tubos PVC de 1 1/2\"","Material",null,"un",1.92E-4,"60,00","0,01"]
["Insumo",10517,"ORSE","Exames admissionais/demissionais (checkup)","Serviços",null,"cj",3.8400000000000001E-4,"300,00","0,11"]
["Insumo",10788,"ORSE","Pá quadrada","Material",null,"un",9.6000000000000002E-5,"36,90","0,00"]
["Insumo",4729,"ORSE","Marreta 1 kg com cabo","Material",null,"un",4.8000000000000001E-5,"37,80","0,00"]
[{"$nulls":4},"MO sem LS =>",15.72,"LS =>",0,"MO com LS =>",15.72]
[{"$nulls":4},"Valor do BDI =>",9.75,null,"Valor com BDI =>",null,54.29]
[{"$nulls":6},"Quant. =>","31,99","Preço Total =>",1736.73]
[]
[" 7.2.34 ","Código","Banco","Descrição","Tipo",null,"Und","Quant.","Valor Unit","Total"]
["Composição"," 9389 ","ORSE","Tubo pvc rígido soldável, serie reforçada, p/esgoto e aguas pluviais, d =  40mm","Tubos e Conexões de PVC Rígido Soldável para Esgoto",null,"m",1,17.72,17.72]
[null,"Código","Banco","Descrição","Tipo",null,"Und","Quant.","Valor Unit","Total"]
["Insumo",2036,"ORSE","Solucao limpadora pvc","Material",null,"l",8.0000000000000002E-3,"68,86","0,55"]
["Insumo","00002696/SINAPI","ORSE","Encanador ou bombeiro hidraulico (horista)","Mão de Obra",null,"h",0.24,"19,13","4,59"]
["Insumo","00006111/SINAPI","ORSE","Servente de obras (horista)","Mão de Obra",null,"h",0.24,"13,65","3,27"]
["Insumo","00020067/SINAPI","ORSE","Tubo pvc, serie r, dn 40 mm, para esgoto ou aguas pluviais predial (nbr 5688)","Material",null,"m",1.01,"7,14","7,21"]
["Composição",10549,"ORSE","Encargos Complementares - Servente","Provisórios",null,"h",0.24,"3,80","0,91"]
["Insumo",138,"ORSE","Adesivo pvc em frasco de 850 gramas","Material",null,"kg",5.0000000000000001E-3,"71,51","0,35"]
["Composição",10554,"ORSE","Encargos Complementares - Encanador","Provisórios",null,"h",0.24,"3,73","0,89"]
["Detalhamento de Cálculo ORSE"]
[null,"Código","Banco","Descrição","Tipo",null,"Und","Quant.","Valor Unit","Total"]
["Insumo",11254,"ORSE","Tarracha para tubos PVC de 3/4\"","Material",null,"un",1.6799999999999999E-4,"27,49","0,00"]
["Insumo",138,"ORSE","Adesivo pvc em frasco de 850 gramas","Material",null,"kg",5.0000000000000001E-3,"71,51","0,35"]
["Insumo",1651,"ORSE","Óculos branco proteção","Material",null,"pr",3.8400000000000001E-4,"6,70","0,00"]
["Insumo","00002696/SINAPI","ORSE","Encanador ou bombeiro hidraulico (horista)","Mão de Obra",null,"h",0.24,"19,13","4,59"]
["Insumo",2378,"ORSE","Vale transporte","Material",null,"un",3.8280000000000002E-2,"4,50","0,17"]
["Insumo",10599,"ORSE","Protetor solar fps 30 com 120ml","Material",null,"un",8.6399999999999997E-4,"18,00","0,01"]
["Insumo",11253,"ORSE","Tarracha para tubos PVC de 1/2\"","Material",null,"un",2.6400000000000002E-4,"26,50","0,00"]
["Insumo",10517,"ORSE","Exames admissionais/demissionais (checkup)","Serviços",null,"cj",1.92E-4,"300,00","0,05"]
["Insumo",11257,"ORSE","Tarracha para tubos PVC de 1 1/4\"","Material",null,"un",9.6000000000000002E-5,"32,30","0,00"]
["Insumo",10592,"ORSE","Lima chata 12\"","Material",null,"un",2.4000000000000001E-5,"36,57","0,00"]
["Insumo",11256,"ORSE","Tarracha para tubos PVC de 1 1/2\"","Material",null,"un",9.6000000000000002E-5,"60,00","0,00"]
["Insumo",158,"ORSE","Almoço (Participação do empregador)","Material",null,"un",4.8863999999999998E-2,"14,00","0,68"]
["Insumo",4729,"ORSE","Marreta 1 kg com cabo","Material",null,"un",2.4000000000000001E-5,"37,80","0,00"]
["Insumo","00012892/SINAPI","ORSE","Luva raspa de couro, cano curto (punho *7* cm)","Material",null,"par",1.1039999999999999E-3,"12,51","0,01"]
["Insumo","00012893/SINAPI","ORSE","Bota de seguranca com biqueira de aco e colarinho acolchoado","Material",null,"par",3.8400000000000001E-4,"66,72","0,02"]
["Insumo",10492,"ORSE","Cesta Básica","Material",null,"un",2.16E-3,"190,00","0,41"]
["Insumo",11255,"ORSE","Tarracha para tubos PVC de 1\"","Material",null,"un",1.44E-4,"63,00","0,00"]
["Insumo",10788,"ORSE","Pá quadrada","Material",null,"un",4.8000000000000001E-5,"36,90","0,00"]
["Insumo","00012895/SINAPI","ORSE","Capacete de seguranca aba frontal com suspensao de polietileno, sem jugular (classe b)","Material",null,"un",2.8800000000000001E-4,"13,90","0,00"]
["Insumo","00020067/SINAPI","ORSE","Tubo pvc, serie r, dn 40 mm, para esgoto ou aguas pluviais predial (nbr 5688)","Material",null,"m",1.01,"7,14","7,21"]
["Insumo",10596,"ORSE","Protetor auricular","Material",null,"un",2.16E-3,"4,90","0,01"]
["Insumo","00002711/SINAPI","ORSE","Carrinho de mao de aco capacidade 50 a 60 l, pneu com camara","Material",null,"un",4.8000000000000001E-5,"166,00","0,00"]
["Insumo",10593,"ORSE","Praio simples 30cm","Material",null,"un",2.4000000000000001E-5,"19,57","0,00"]
["Insumo",10761,"ORSE","Refeição - café da manhã ( café com leite e dois pães com manteiga)","Serviços",null,"un",4.8863999999999998E-2,"5,00","0,24"]
["Insumo","00006111/SINAPI","ORSE","Servente de obras (horista)","Mão de Obra",null,"h",0.24,"13,65","3,27"]
["Insumo",941,"ORSE","Fardamento com mangas curta","Material",null,"un",7.2000000000000005E-4,"193,41","0,13"]
["Insumo","00012894/SINAPI","ORSE","Capa para chuva em pvc com forro de poliester, com capuz (amarela ou azul)","Material",null,"un",9.6000000000000002E-5,"18,07","0,00"]
["Insumo",4728,"ORSE","Talhadeira chata 10\"","Material",null,"un",7.2000000000000002E-5,"18,58","0,00"]
["Insumo",10362,"ORSE","Seguro de vida e acidente em grupo","Serviços",null,"un",2.16E-3,"12,54","0,02"]
["Insumo",2036,"ORSE","Solucao limpadora pvc","Material",null,"l",8.0000000000000002E-3,"68,86","0,55"]
[{"$nulls":4},"MO sem LS =>",7.86,"LS =>",0,"MO com LS =>",7.86]
[{"$nulls":4},"Valor do BDI =>",3.88,null,"Valor com BDI =>",null,21.6]
[{"$nulls":6},"Quant. =>","43,94","Preço Total =>",949.1]
[]
[" 7.2.35 ","Código","Banco","Descrição","Tipo",null,"Und","Quant.","Valor Unit","Total"]
["Composição"," 9390 ","ORSE","Tubo pvc rígido soldável, serie reforçada, p/esgoto e aguas pluviais, d =  50mm","Tubos e Conexões de PVC Rígido Soldável para Esgoto",null,"m",1,23.5,23.5]
[null,"Código","Banco","Descrição","Tipo",null,"Und","Quant.","Valor Unit","Total"]
["Insumo",138,"ORSE","Adesivo pvc em frasco de 850 gramas","Material",null,"kg",8.0000000000000002E-3,"71,51","0,57"]
["Composição",10549,"ORSE","Encargos Complementares - Servente","Provisórios",null,"h",0.3,"3,80","1,14"]
["Insumo","00002696/SINAPI","ORSE","Encanador ou bombeiro hidraulico (horista)","Mão de Obra",null,"h",0.3,"19,13","5,73"]
["Insumo","00020068/SINAPI","ORSE","Tubo pvc, serie r, dn 50 mm, para esgoto ou aguas pluviais predial (nbr 5688)","Material",null,"m",1.01,"10,05","10,15"]
["Insumo","00006111/SINAPI","ORSE","Servente de obras (horista)","Mão de Obra",null,"h",0.3,"13,65","4,09"]
["Insumo",2036,"ORSE","Solucao limpadora pvc","Material",null,"l",1.0999999999999999E-2,"68,86","0,75"]
["Composição",10554,"ORSE","Encargos Complementares - Encanador","Provisórios",null,"h",0.3,"3,73","1,11"]
["Detalhamento de Cálculo ORSE"]
[null,"Código","Banco","Descrição","Tipo",null,"Und","Quant.","Valor Unit","Total"]
["Insumo",1651,"ORSE","Óculos branco proteção","Material",null,"pr",4.8000000000000001E-4,"6,70","0,00"]
["Insumo",10596,"ORSE","Protetor auricular","Material",null,"un",2.7000000000000001E-3,"4,90","0,01"]
["Insumo","00006111/SINAPI","ORSE","Servente de obras (horista)","Mão de Obra",null,"h",0.3,"13,65","4,09"]
["Insumo","00012892/SINAPI","ORSE","Luva raspa de couro, cano curto (punho *7* cm)","Material",null,"par",1.3799999999999999E-3,"12,51","0,01"]
["Insumo",138,"ORSE","Adesivo pvc em frasco de 850 gramas","Material",null,"kg",8.0000000000000002E-3,"71,51","0,57"]
["Insumo",4729,"ORSE","Marreta 1 kg com cabo","Material",null,"un",3.0000000000000001E-5,"37,80","0,00"]
["Insumo",11256,"ORSE","Tarracha para tubos PVC de 1 1/2\"","Material",null,"un",1.2E-4,"60,00","0,00"]
["Insumo","00012893/SINAPI","ORSE","Bota de seguranca com biqueira de aco e colarinho acolchoado","Material",null,"par",4.8000000000000001E-4,"66,72","0,03"]
["Insumo",10592,"ORSE","Lima chata 12\"","Material",null,"un",3.0000000000000001E-5,"36,57","0,00"]
["Insumo",10517,"ORSE","Exames admissionais/demissionais (checkup)","Serviços",null,"cj",2.4000000000000001E-4,"300,00","0,07"]
["Insumo",10788,"ORSE","Pá quadrada","Material",null,"un",6.0000000000000002E-5,"36,90","0,00"]
["Insumo",4728,"ORSE","Talhadeira chata 10\"","Material",null,"un",9.0000000000000006E-5,"18,58","0,00"]
["Insumo","00012895/SINAPI","ORSE","Capacete de seguranca aba frontal com suspensao de polietileno, sem jugular (classe b)","Material",null,"un",3.6000000000000002E-4,"13,90","0,00"]
["Insumo",11253,"ORSE","Tarracha para tubos PVC de 1/2\"","Material",null,"un",3.3E-4,"26,50","0,00"]
["Insumo",11257,"ORSE","Tarracha para tubos PVC de 1 1/4\"","Material",null,"un",1.2E-4,"32,30","0,00"]
["Insumo",11254,"ORSE","Tarracha para tubos PVC de 3/4\"","Material",null,"un",2.1000000000000001E-4,"27,49","0,00"]
["Insumo",10593,"ORSE","Praio simples 30cm","Material",null,"un",3.0000000000000001E-5,"19,57","0,00"]
["Insumo",10761,"ORSE","Refeição - café da manhã ( café com leite e dois pães com manteiga)","Serviços",null,"un",6.1080000000000002E-2,"5,00","0,30"]
["Insumo",10599,"ORSE","Protetor solar fps 30 com 120ml","Material",null,"un",1.08E-3,"18,00","0,01"]
["Insumo","00002696/SINAPI","ORSE","Encanador ou bombeiro hidraulico (horista)","Mão de Obra",null,"h",0.3,"19,13","5,73"]
["Insumo",941,"ORSE","Fardamento com mangas curta","Material",null,"un",8.9999999999999998E-4,"193,41","0,17"]
["Insumo",2036,"ORSE","Solucao limpadora pvc","Material",null,"l",1.0999999999999999E-2,"68,86","0,75"]
["Insumo","00020068/SINAPI","ORSE","Tubo pvc, serie r, dn 50 mm, para esgoto ou aguas pluviais predial (nbr 5688)","Material",null,"m",1.01,"10,05","10,15"]
["Insumo",10492,"ORSE","Cesta Básica","Material",null,"un",2.7000000000000001E-3,"190,00","0,51"]
["Insumo",11255,"ORSE","Tarracha para tubos PVC de 1\"","Material",null,"un",1.8000000000000001E-4,"63,00","0,01"]
["Insumo",2378,"ORSE","Vale transporte","Material",null,"un",4.7849999999999997E-2,"4,50","0,21"]
["Insumo",10362,"ORSE","Seguro de vida e acidente em grupo","Serviços",null,"un",2.7000000000000001E-3,"12,54","0,03"]
["Insumo",158,"ORSE","Almoço (Participação do empregador)","Material",null,"un",6.1080000000000002E-2,"14,00","0,85"]
["Insumo","00002711/SINAPI","ORSE","Carrinho de mao de aco capacidade 50 a 60 l, pneu com camara","Material",null,"un",6.0000000000000002E-5,"166,00","0,00"]
["Insumo","00012894/SINAPI","ORSE","Capa para chuva em pvc com forro de poliester, com capuz (amarela ou azul)","Material",null,"un",1.2E-4,"18,07","0,00"]
[{"$nulls":4},"MO sem LS =>",9.82,"LS =>",0,"MO com LS =>",9.82]
[{"$nulls":4},"Valor do BDI =>",5.14,null,"Valor com BDI =>",null,28.64]
[{"$nulls":6},"Quant. =>","48,47","Preço Total =>",1388.18]
[]
[" 7.2.36 ","Código","Banco","Descrição","Tipo",null,"Und","Quant.","Valor Unit","Total"]
["Composição"," 9376 ","ORSE","Tubo pvc rigido soldavel, série reforçada, p/esgoto e aguas pluviais, d=  75mm","Tubos e Conexões de PVC Rígido Soldável para Esgoto",null,"m",1,40.72,40.72]
[null,"Código","Banco","Descrição","Tipo",null,"Und","Quant.","Valor Unit","Total"]
["Insumo","00006111/SINAPI","ORSE","Servente de obras (horista)","Mão de Obra",null,"h",0.48,"13,65","6,54"]
["Composição",10549,"ORSE","Encargos Complementares - Servente","Provisórios",null,"h",0.48,"3,80","1,82"]
["Insumo",138,"ORSE","Adesivo pvc em frasco de 850 gramas","Material",null,"kg",1.7000000000000001E-2,"71,51","1,21"]
["Insumo","00002696/SINAPI","ORSE","Encanador ou bombeiro hidraulico (horista)","Mão de Obra",null,"h",0.48,"19,13","9,18"]
["Composição",10554,"ORSE","Encargos Complementares - Encanador","Provisórios",null,"h",0.48,"3,73","1,79"]
["Insumo","00009839/SINAPI","ORSE","Tubo pvc, serie r, dn 75 mm, para esgoto ou aguas pluviais predial (nbr 5688)","Material",null,"m",1.01,"18,23","18,41"]
["Insumo",2036,"ORSE","Solucao limpadora pvc","Material",null,"l",2.5999999999999999E-2,"68,86","1,79"]
["Detalhamento de Cálculo ORSE"]
[null,"Código","Banco","Descrição","Tipo",null,"Und","Quant.","Valor Unit","Total"]
["Insumo","00012894/SINAPI","ORSE","Capa para chuva em pvc com forro de poliester, com capuz (amarela ou azul)","Material",null,"un",1.92E-4,"18,07","0,00"]
["Insumo",1651,"ORSE","Óculos branco proteção","Material",null,"pr",7.6800000000000002E-4,"6,70","0,00"]
["Insumo","00012895/SINAPI","ORSE","Capacete de seguranca aba frontal com suspensao de polietileno, sem jugular (classe b)","Material",null,"un",5.7600000000000001E-4,"13,90","0,00"]
["Insumo",2036,"ORSE","Solucao limpadora pvc","Material",null,"l",2.5999999999999999E-2,"68,86","1,79"]
["Insumo",158,"ORSE","Almoço (Participação do empregador)","Material",null,"un",9.7727999999999995E-2,"14,00","1,36"]
["Insumo",10596,"ORSE","Protetor auricular","Material",null,"un",4.3200000000000001E-3,"4,90","0,02"]
["Insumo",11253,"ORSE","Tarracha para tubos PVC de 1/2\"","Material",null,"un",5.2800000000000004E-4,"26,50","0,01"]
["Insumo",941,"ORSE","Fardamento com mangas curta","Material",null,"un",1.4400000000000001E-3,"193,41","0,27"]
["Insumo",10362,"ORSE","Seguro de vida e acidente em grupo","Serviços",null,"un",4.3200000000000001E-3,"12,54","0,05"]
["Insumo",4729,"ORSE","Marreta 1 kg com cabo","Material",null,"un",4.8000000000000001E-5,"37,80","0,00"]
["Insumo","00006111/SINAPI","ORSE","Servente de obras (horista)","Mão de Obra",null,"h",0.48,"13,65","6,54"]
["Insumo",11256,"ORSE","Tarracha para tubos PVC de 1 1/2\"","Material",null,"un",1.92E-4,"60,00","0,01"]
["Insumo",11257,"ORSE","Tarracha para tubos PVC de 1 1/4\"","Material",null,"un",1.92E-4,"32,30","0,00"]
["Insumo",10761,"ORSE","Refeição - café da manhã ( café com leite e dois pães com manteiga)","Serviços",null,"un",9.7727999999999995E-2,"5,00","0,48"]
["Insumo","00002696/SINAPI","ORSE","Encanador ou bombeiro hidraulico (horista)","Mão de Obra",null,"h",0.48,"19,13","9,18"]
["Insumo",138,"ORSE","Adesivo pvc em frasco de 850 gramas","Material",null,"kg",1.7000000000000001E-2,"71,51","1,21"]
["Insumo",10599,"ORSE","Protetor solar fps 30 com 120ml","Material",null,"un",1.7279999999999999E-3,"18,00","0,03"]
["Insumo","00002711/SINAPI","ORSE","Carrinho de mao de aco capacidade 50 a 60 l, pneu com camara","Material",null,"un",9.6000000000000002E-5,"166,00","0,01"]
["Insumo",10517,"ORSE","Exames admissionais/demissionais (checkup)","Serviços",null,"cj",3.8400000000000001E-4,"300,00","0,11"]
["Insumo","00009839/SINAPI","ORSE","Tubo pvc, serie r, dn 75 mm, para esgoto ou aguas pluviais predial (nbr 5688)","Material",null,"m",1.01,"18,23","18,41"]
["Insumo",10593,"ORSE","Praio simples 30cm","Material",null,"un",4.8000000000000001E-5,"19,57","0,00"]
["Insumo",2378,"ORSE","Vale transporte","Material",null,"un",7.6560000000000003E-2,"4,50","0,34"]
["Insumo",10788,"ORSE","Pá quadrada","Material",null,"un",9.6000000000000002E-5,"36,90","0,00"]
["Insumo",11254,"ORSE","Tarracha para tubos PVC de 3/4\"","Material",null,"un",3.3599999999999998E-4,"27,49","0,00"]
["Insumo",10592,"ORSE","Lima chata 12\"","Material",null,"un",4.8000000000000001E-5,"36,57","0,00"]
["Insumo",4728,"ORSE","Talhadeira chata 10\"","Material",null,"un",1.44E-4,"18,58","0,00"]
["Insumo","00012893/SINAPI","ORSE","Bota de seguranca com biqueira de aco e colarinho acolchoado","Material",null,"par",7.6800000000000002E-4,"66,72","0,05"]
["Insumo",10492,"ORSE","Cesta Básica","Material",null,"un",4.3200000000000001E-3,"190,00","0,82"]
["Insumo",11255,"ORSE","Tarracha para tubos PVC de 1\"","Material",null,"un",2.8800000000000001E-4,"63,00","0,01"]
["Insumo","00012892/SINAPI","ORSE","Luva raspa de couro, cano curto (punho *7* cm)","Material",null,"par",2.2079999999999999E-3,"12,51","0,02"]
[{"$nulls":4},"MO sem LS =>",15.72,"LS =>",0,"MO com LS =>",15.72]
[{"$nulls":4},"Valor do BDI =>",8.91,null,"Valor com BDI =>",null,49.63]
[{"$nulls":6},"Quant. =>","245,69","Preço Total =>",12193.59]
[]
[" 7.2.37 ","Código","Banco","Descrição","Tipo",null,"Und","Quant.","Valor Unit","Total"]
["Composição"," 89784 ","SINAPI","TE, PVC, SERIE NORMAL, ESGOTO PREDIAL, DN 50 X 50 MM, JUNTA ELÁSTICA, FORNECIDO E INSTALADO EM RAMAL DE DESCARGA OU RAMAL DE ESGOTO SANITÁRIO. AF_08/2022","INHI - INSTALAÇÕES HIDROS SANITÁRIAS",null,"UN",1,22.17,22.17]
["Composição Auxiliar"," 88267 ","SINAPI","ENCANADOR OU BOMBEIRO HIDRÁULICO COM ENCARGOS COMPLEMENTARES","SEDI - SERVIÇOS DIVERSOS",null,"H",0.18390000000000001,24.54,4.51]
["Composição Auxiliar"," 88248 ","SINAPI","AUXILIAR DE ENCANADOR OU BOMBEIRO HIDRÁULICO COM ENCARGOS COMPLEMENTARES","SEDI - SERVIÇOS DIVERSOS",null,"H",0.18390000000000001,20.39,3.74]
["Insumo"," 00020078 ","SINAPI","PASTA LUBRIFICANTE PARA TUBOS E CONEXOES COM JUNTA ELASTICA, EMBALAGEM DE *400* GR (USO EM PVC, ACO, POLIETILENO E OUTROS)","Material",null,"UN",7.4999999999999997E-2,25.24,1.89]
["Insumo"," 00000296 ","SINAPI","ANEL BORRACHA PARA TUBO ESGOTO PREDIAL, DN 50 MM (NBR 5688)","Material",null,"UN",3,2.0499999999999998,6.15]
["Insumo"," 00007097 ","SINAPI","TE SANITARIO, PVC, DN 50 X 50 MM, SERIE NORMAL, PARA ESGOTO PREDIAL","Material",null,"UN",1,5.88,5.88]
[{"$nulls":4},"MO sem LS =>",6.88,"LS =>",0,"MO com LS =>",6.88]
[{"$nulls":4},"Valor do BDI =>",4.8499999999999996,null,"Valor com BDI =>",null,27.02]
[{"$nulls":6},"Quant. =>","29,00","Preço Total =>",783.58]
[]
[" 7.2.38 ","Código","Banco","Descrição","Tipo",null,"Und","Quant.","Valor Unit","Total"]
["Composição"," 89786 ","SINAPI","TE, PVC, SERIE NORMAL, ESGOTO PREDIAL, DN 75 X 75 MM, JUNTA ELÁSTICA, FORNECIDO E INSTALADO EM RAMAL DE DESCARGA OU RAMAL DE ESGOTO SANITÁRIO. AF_08/2022","INHI - INSTALAÇÕES HIDROS SANITÁRIAS",null,"UN",1,34.78,34.78]
["Composição Auxiliar"," 88267 ","SINAPI","ENCANADOR OU BOMBEIRO HIDRÁULICO COM ENCARGOS COMPLEMENTARES","SEDI - SERVIÇOS DIVERSOS",null,"H",0.2203,24.54,5.4]
["Composição Auxiliar"," 88248 ","SINAPI","AUXILIAR DE ENCANADOR OU BOMBEIRO HIDRÁULICO COM ENCARGOS COMPLEMENTARES","SEDI - SERVIÇOS DIVERSOS",null,"H",0.2203,20.39,4.49]
["Insumo"," 00020078 ","SINAPI","PASTA LUBRIFICANTE PARA TUBOS E CONEXOES COM JUNTA ELASTICA, EMBALAGEM DE *400* GR (USO EM PVC, ACO, POLIETILENO E OUTROS)","Material",null,"UN",0.1125,25.24,2.83]
["Insumo"," 00011658 ","SINAPI","TE SANITARIO, PVC, DN 75 X 75 MM, SERIE NORMAL PARA ESGOTO PREDIAL","Material",null,"UN",1,13,13]
["Insumo"," 00000297 ","SINAPI","ANEL BORRACHA PARA TUBO ESGOTO PREDIAL, DN 75 MM (NBR 5688)","Material",null,"UN",3,3.02,9.06]
[{"$nulls":4},"MO sem LS =>",8.24,"LS =>",0,"MO com LS =>",8.24]
[{"$nulls":4},"Valor do BDI =>",7.61,null,"Valor com BDI =>",null,42.39]
[{"$nulls":6},"Quant. =>","6,00","Preço Total =>",254.34]
[]
[" 7.2.39 ","Código","Banco","Descrição","Tipo",null,"Und","Quant.","Valor Unit","Total"]
["Composição"," 5189 ","ORSE","Fornecimento de curva 45º de pvc junta elástica, ponta / bolsa, diam. =   50mm","Fornecimento de Conexões de PVC Junta Elástica",null,"un",1,25.41,25.41]
[null,"Código","Banco","Descrição","Tipo",null,"Und","Quant.","Valor Unit","Total"]
["Insumo",5169,"ORSE","Anel de borracha p/ tubo ou conexão de pvc je, d=   50mm","Material",null,"un",1,"2,59","2,59"]
["Insumo",5341,"ORSE","Curva 45º de pvc je, ponta / bolsa, d=   50mm","Material",null,"un",1,"22,82","22,82"]
["Detalhamento de Cálculo ORSE"]
[null,"Código","Banco","Descrição","Tipo",null,"Und","Quant.","Valor Unit","Total"]
["Insumo",5169,"ORSE","Anel de borracha p/ tubo ou conexão de pvc je, d=   50mm","Material",null,"un",1,"2,59","2,59"]
["Insumo",5341,"ORSE","Curva 45º de pvc je, ponta / bolsa, d=   50mm","Material",null,"un",1,"22,82","22,82"]
[{"$nulls":4},"MO sem LS =>",0,"LS =>",0,"MO com LS =>",0]
[{"$nulls":4},"Valor do BDI =>",5.56,null,"Valor com BDI =>",null,30.97]
[{"$nulls":6},"Quant. =>","2,00","Preço Total =>",61.94]
[]
[" 7.2.40 ","Código","Banco","Descrição","Tipo",null,"Und","Quant.","Valor Unit","Total"]
["Composição"," 89732 ","SINAPI","JOELHO 45 GRAUS, PVC, SERIE NORMAL, ESGOTO PREDIAL, DN 50 MM, JUNTA ELÁSTICA, FORNECIDO E INSTALADO EM RAMAL DE DESCARGA OU RAMAL DE ESGOTO SANITÁRIO. AF_08/2022","INHI - INSTALAÇÕES HIDROS SANITÁRIAS",null,"UN",1,14.51,14.51]
["Composição Auxiliar"," 88248 ","SINAPI","AUXILIAR DE ENCANADOR OU BOMBEIRO HIDRÁULICO COM ENCARGOS COMPLEMENTARES","SEDI - SERVIÇOS DIVERSOS",null,"H",0.13789999999999999,20.39,2.81]
["Composição Auxiliar"," 88267 ","SINAPI","ENCANADOR OU BOMBEIRO HIDRÁULICO COM ENCARGOS COMPLEMENTARES","SEDI - SERVIÇOS DIVERSOS",null,"H",0.13789999999999999,24.54,3.38]
["Insumo"," 00000296 ","SINAPI","ANEL BORRACHA PARA TUBO ESGOTO PREDIAL, DN 50 MM (NBR 5688)","Material",null,"UN",2,2.0499999999999998,4.0999999999999996]
["Insumo"," 00003518 ","SINAPI","JOELHO PVC, SOLDAVEL, PB, 45 GRAUS, DN 50 MM, PARA ESGOTO PREDIAL","Material",null,"UN",1,2.96,2.96]
["Insumo"," 00020078 ","SINAPI","PASTA LUBRIFICANTE PARA TUBOS E CONEXOES COM JUNTA ELASTICA, EMBALAGEM DE *400* GR (USO EM PVC, ACO, POLIETILENO E OUTROS)","Material",null,"UN",0.05,25.24,1.26]
[{"$nulls":4},"MO sem LS =>",5.15,"LS =>",0,"MO com LS =>",5.15]
[{"$nulls":4},"Valor do BDI =>",3.17,null,"Valor com BDI =>",null,17.68]
[{"$nulls":6},"Quant. =>","1,00","Preço Total =>",17.68]
[]
[" 7.2.41 ","Código","Banco","Descrição","Tipo",null,"Und","Quant.","Valor Unit","Total"]
["Composição"," 89785 ","SINAPI","JUNÇÃO SIMPLES, PVC, SERIE NORMAL, ESGOTO PREDIAL, DN 50 X 50 MM, JUNTA ELÁSTICA, FORNECIDO E INSTALADO EM RAMAL DE DESCARGA OU RAMAL DE ESGOTO SANITÁRIO. AF_08/2022","INHI - INSTALAÇÕES HIDROS SANITÁRIAS",null,"UN",1,24.01,24.01]
["Composição Auxiliar"," 88267 ","SINAPI","ENCANADOR OU BOMBEIRO HIDRÁULICO COM ENCARGOS COMPLEMENTARES","SEDI - SERVIÇOS DIVERSOS",null,"H",0.18390000000000001,24.54,4.51]
["Composição Auxiliar"," 88248 ","SINAPI","AUXILIAR DE ENCANADOR OU BOMBEIRO HIDRÁULICO COM ENCARGOS COMPLEMENTARES","SEDI - SERVIÇOS DIVERSOS",null,"H",0.18390000000000001,20.39,3.74]
["Insumo"," 00020078 ","SINAPI","PASTA LUBRIFICANTE PARA TUBOS E CONEXOES COM JUNTA ELASTICA, EMBALAGEM DE *400* GR (USO EM PVC, ACO, POLIETILENO E OUTROS)","Material",null,"UN",7.4999999999999997E-2,25.24,1.89]
["Insumo"," 00003662 ","SINAPI","JUNCAO SIMPLES, PVC, 45 GRAUS, DN 50 X 50 MM, SERIE NORMAL PARA ESGOTO PREDIAL","Material",null,"UN",1,7.72,7.72]
["Insumo"," 00000296 ","SINAPI","ANEL BORRACHA PARA TUBO ESGOTO PREDIAL, DN 50 MM (NBR 5688)","Material",null,"UN",3,2.0499999999999998,6.15]
[{"$nulls":4},"MO sem LS =>",6.88,"LS =>",0,"MO com LS =>",6.88]
[{"$nulls":4},"Valor do BDI =>",5.25,null,"Valor com BDI =>",null,29.26]
[{"$nulls":6},"Quant. =>","1,00","Preço Total =>",29.26]
[]
[" 7.2.42 ","Código","Banco","Descrição","Tipo",null,"Und","Quant.","Valor Unit","Total"]
["Composição"," 104356 ","SINAPI","TERMINAL DE VENTILAÇÃO, PVC, SÉRIE NORMAL, ESGOTO PREDIAL, DN 100 MM, JUNTA SOLDÁVEL, FORNECIDO E INSTALADO EM PRUMADA DE ESGOTO SANITÁRIO OU VENTILAÇÃO. AF_08/2022","INHI - INSTALAÇÕES HIDROS SANITÁRIAS",null,"UN",1,24.68,24.68]
["Composição Auxiliar"," 88267 ","SINAPI","ENCANADOR OU BOMBEIRO HIDRÁULICO COM ENCARGOS COMPLEMENTARES","SEDI - SERVIÇOS DIVERSOS",null,"H",7.2400000000000006E-2,24.54,1.77]
["Composição Auxiliar"," 88248 ","SINAPI","AUXILIAR DE ENCANADOR OU BOMBEIRO HIDRÁULICO COM ENCARGOS COMPLEMENTARES","SEDI - SERVIÇOS DIVERSOS",null,"H",7.2400000000000006E-2,20.39,1.47]
["Insumo"," 00000122 ","SINAPI","ADESIVO PLASTICO PARA PVC, FRASCO COM *850* GR","Material",null,"UN",2.4500000000000001E-2,61.17,1.49]
["Insumo"," 00038383 ","SINAPI","LIXA D'AGUA EM FOLHA, GRAO 100","Material",null,"UN",5.4000000000000003E-3,2.0699999999999998,0.01]
["Insumo"," 00020083 ","SINAPI","SOLUCAO PREPARADORA / LIMPADORA PARA PVC, FRASCO COM 1000 CM3","Material",null,"UN",0.04,69.3,2.77]
["Insumo"," 00039321 ","SINAPI","TERMINAL DE VENTILACAO, 100 MM, SERIE NORMAL, ESGOTO PREDIAL","Material",null,"UN",1,17.170000000000002,17.170000000000002]
[{"$nulls":4},"MO sem LS =>",2.7,"LS =>",0,"MO com LS =>",2.7]
[{"$nulls":4},"Valor do BDI =>",5.4,null,"Valor com BDI =>",null,30.08]
[{"$nulls":6},"Quant. =>","1,00","Preço Total =>",30.08]
[]
[" 7.2.43 ","Código","Banco","Descrição","Tipo",null,"Und","Quant.","Valor Unit","Total"]
["Composição"," 104348 ","SINAPI","TERMINAL DE VENTILAÇÃO, PVC, SÉRIE NORMAL, ESGOTO PREDIAL, DN 50 MM, JUNTA SOLDÁVEL, FORNECIDO E INSTALADO EM PRUMADA DE ESGOTO SANITÁRIO OU VENTILAÇÃO. AF_08/2022","INHI - INSTALAÇÕES HIDROS SANITÁRIAS",null,"UN",1,8.85,8.85]
["Composição Auxiliar"," 88267 ","SINAPI","ENCANADOR OU BOMBEIRO HIDRÁULICO COM ENCARGOS COMPLEMENTARES","SEDI - SERVIÇOS DIVERSOS",null,"H",1.14E-2,24.54,0.27]
["Composição Auxiliar"," 88248 ","SINAPI","AUXILIAR DE ENCANADOR OU BOMBEIRO HIDRÁULICO COM ENCARGOS COMPLEMENTARES","SEDI - SERVIÇOS DIVERSOS",null,"H",1.14E-2,20.39,0.23]
["Insumo"," 00038383 ","SINAPI","LIXA D'AGUA EM FOLHA, GRAO 100","Material",null,"UN",8.0000000000000002E-3,2.0699999999999998,0.01]
["Insumo"," 00039319 ","SINAPI","TERMINAL DE VENTILACAO, 50 MM, SERIE NORMAL, ESGOTO PREDIAL","Material",null,"UN",1,7.14,7.14]
["Insumo"," 00000122 ","SINAPI","ADESIVO PLASTICO PARA PVC, FRASCO COM *850* GR","Material",null,"UN",7.3000000000000001E-3,61.17,0.44]
["Insumo"," 00020083 ","SINAPI","SOLUCAO PREPARADORA / LIMPADORA PARA PVC, FRASCO COM 1000 CM3","Material",null,"UN",1.0999999999999999E-2,69.3,0.76]
[{"$nulls":4},"MO sem LS =>",0.41,"LS =>",0,"MO com LS =>",0.41]
[{"$nulls":4},"Valor do BDI =>",1.93,null,"Valor com BDI =>",null,10.78]
[{"$nulls":6},"Quant. =>","6,00","Preço Total =>",64.680000000000007]
[]
[" 7.2.44 ","Código","Banco","Descrição","Tipo",null,"Und","Quant.","Valor Unit","Total"]
["Composição"," 104351 ","SINAPI","TERMINAL DE VENTILAÇÃO, PVC, SÉRIE NORMAL, ESGOTO PREDIAL, DN 75 MM, JUNTA SOLDÁVEL, FORNECIDO E INSTALADO EM PRUMADA DE ESGOTO SANITÁRIO OU VENTILAÇÃO. AF_08/2022","INHI - INSTALAÇÕES HIDROS SANITÁRIAS",null,"UN",1,18.489999999999998,18.489999999999998]
["Composição Auxiliar"," 88248 ","SINAPI","AUXILIAR DE ENCANADOR OU BOMBEIRO HIDRÁULICO COM ENCARGOS COMPLEMENTARES","SEDI - SERVIÇOS DIVERSOS",null,"H",4.19E-2,20.39,0.85]
["Composição Auxiliar"," 88267 ","SINAPI","ENCANADOR OU BOMBEIRO HIDRÁULICO COM ENCARGOS COMPLEMENTARES","SEDI - SERVIÇOS DIVERSOS",null,"H",4.19E-2,24.54,1.02]
["Insumo"," 00000122 ","SINAPI","ADESIVO PLASTICO PARA PVC, FRASCO COM *850* GR","Material",null,"UN",1.67E-2,61.17,1.02]
["Insumo"," 00039320 ","SINAPI","TERMINAL DE VENTILACAO, 75 MM, SERIE NORMAL, ESGOTO PREDIAL","Material",null,"UN",1,13.74,13.74]
["Insumo"," 00020083 ","SINAPI","SOLUCAO PREPARADORA / LIMPADORA PARA PVC, FRASCO COM 1000 CM3","Material",null,"UN",2.5999999999999999E-2,69.3,1.8]
["Insumo"," 00038383 ","SINAPI","LIXA D'AGUA EM FOLHA, GRAO 100","Material",null,"UN",3.1E-2,2.0699999999999998,0.06]
[{"$nulls":4},"MO sem LS =>",1.56,"LS =>",0,"MO com LS =>",1.56]
[{"$nulls":4},"Valor do BDI =>",4.04,null,"Valor com BDI =>",null,22.53]
[{"$nulls":6},"Quant. =>","4,00","Preço Total =>",90.12]
[]
[" 7.2.45 ","Código","Banco","Descrição","Tipo",null,"Und","Quant.","Valor Unit","Total"]
["Composição"," 90440 ","SINAPI","FURO MECANIZADO EM CONCRETO, COM MARTELO DEMOLIDOR, PARA INSTALAÇÕES HIDRÁULICAS, DIÂMETROS MAIORES QUE 40 MM E MENORES OU IGUAIS A 75 MM. AF_09/2023","INHI - INSTALAÇÕES HIDROS SANITÁRIAS",null,"UN",1,20.66,20.66]
["Composição Auxiliar"," 88248 ","SINAPI","AUXILIAR DE ENCANADOR OU BOMBEIRO HIDRÁULICO COM ENCARGOS COMPLEMENTARES","SEDI - SERVIÇOS DIVERSOS",null,"H",0.22009999999999999,20.39,4.4800000000000004]
["Composição Auxiliar"," 102274 ","SINAPI","MARTELO DEMOLIDOR ELÉTRICO, COM POTÊNCIA DE 2.000 W, 1.000 IMPACTOS POR MINUTO, PESO DE 30 KG -  CHI DIURNO. AF_01/2021","CHOR - CUSTOS HORÁRIOS DE MÁQUINAS E EQUIPAMENTOS",null,"CHI",0.55530000000000002,19.97,11.08]
["Composição Auxiliar"," 102275 ","SINAPI","MARTELO DEMOLIDOR ELÉTRICO, COM POTÊNCIA DE 2.000 W, 1.000 IMPACTOS POR MINUTO, PESO DE 30 KG - CHP DIURNO. AF_01/2021","CHOR - CUSTOS HORÁRIOS DE MÁQUINAS E EQUIPAMENTOS",null,"CHP",0.2273,22.47,5.0999999999999996]
[{"$nulls":4},"MO sem LS =>",16,"LS =>",0,"MO com LS =>",16]
[{"$nulls":4},"Valor do BDI =>",4.5199999999999996,null,"Valor com BDI =>",null,25.18]
[{"$nulls":6},"Quant. =>","30,00","Preço Total =>",755.4]
[]
[" 7.2.46 ","Código","Banco","Descrição","Tipo",null,"Und","Quant.","Valor Unit","Total"]
["Composição"," 98087 ","SINAPI","TANQUE SÉPTICO RETANGULAR, EM ALVENARIA COM BLOCOS DE CONCRETO, DIMENSÕES INTERNAS: 1,6 X 4,6 X H=2,4 M, VOLUME ÚTIL: 14720 L (PARA 105 CONTRIBUINTES). AF_12/2020","INHI - INSTALAÇÕES HIDROS SANITÁRIAS",null,"UN",1,12149.18,12149.18]
["Composição Auxiliar"," 101624 ","SINAPI","PREPARO DE FUNDO DE VALA COM LARGURA MAIOR OU IGUAL A 1,5 M E MENOR QUE 2,5 M, COM CAMADA DE BRITA, LANÇAMENTO MECANIZADO. AF_08/2020","MOVT - MOVIMENTO DE TERRA",null,"m³",0.93100000000000005,445.85,415.08]
["Composição Auxiliar"," 92767 ","SINAPI","ARMAÇÃO DE LAJE DE ESTRUTURA CONVENCIONAL DE CONCRETO ARMADO UTILIZANDO AÇO CA-60 DE 4,2 MM - MONTAGEM. AF_06/2022","FUES - FUNDAÇÕES E ESTRUTURAS",null,"KG",53.148400000000002,17.059999999999999,906.71]
["Composição Auxiliar"," 89993 ","SINAPI","GRAUTEAMENTO VERTICAL EM ALVENARIA ESTRUTURAL. AF_09/2021","FUES - FUNDAÇÕES E ESTRUTURAS",null,"m³",0.17929999999999999,1333.66,239.12]
["Composição Auxiliar"," 88309 ","SINAPI","PEDREIRO COM ENCARGOS COMPLEMENTARES","SEDI - SERVIÇOS DIVERSOS",null,"H",73.575299999999999,25.3,1861.45]
["Composição Auxiliar"," 87316 ","SINAPI","ARGAMASSA TRAÇO 1:4 (EM VOLUME DE CIMENTO E AREIA GROSSA ÚMIDA) PARA CHAPISCO CONVENCIONAL, PREPARO MECÂNICO COM BETONEIRA 400 L. AF_08/2019","SEDI - SERVIÇOS DIVERSOS",null,"m³",0.2969,609.86,181.06]
["Composição Auxiliar"," 88316 ","SINAPI","SERVENTE COM ENCARGOS COMPLEMENTARES","SEDI - SERVIÇOS DIVERSOS",null,"H",57.809199999999997,18.98,1097.21]
["Composição Auxiliar"," 88628 ","SINAPI","ARGAMASSA TRAÇO 1:3 (EM VOLUME DE CIMENTO E AREIA MÉDIA ÚMIDA), PREPARO MECÂNICO COM BETONEIRA 400 L. AF_08/2019","SEDI - SERVIÇOS DIVERSOS",null,"m³",1.6464000000000001,743.18,1223.57]
["Composição Auxiliar"," 89998 ","SINAPI","ARMAÇÃO DE CINTA DE ALVENARIA ESTRUTURAL; DIÂMETRO DE 10,0 MM. AF_09/2021","FUES - FUNDAÇÕES E ESTRUTURAS",null,"KG",8.1443999999999992,11.94,97.24]
["Composição Auxiliar"," 94970 ","SINAPI","CONCRETO FCK = 20MPA, TRAÇO 1:2,7:3 (EM MASSA SECA DE CIMENTO/ AREIA MÉDIA/ BRITA 1) - PREPARO MECÂNICO COM BETONEIRA 600 L. AF_05/2021","FUES - FUNDAÇÕES E ESTRUTURAS",null,"m³",2.0022000000000002,704.63,1410.81]
["Composição Auxiliar"," 5679 ","SINAPI","RETROESCAVADEIRA SOBRE RODAS COM CARREGADEIRA, TRAÇÃO 4X4, POTÊNCIA LÍQ. 88 HP, CAÇAMBA CARREG. CAP. MÍN. 1 M3, CAÇAMBA RETRO CAP. 0,26 M3, PESO OPERACIONAL MÍN. 6.674 KG, PROFUNDIDADE ESCAVAÇÃO MÁX. 4,37 M - CHI DIURNO. AF_06/2014","CHOR - CUSTOS HORÁRIOS DE MÁQUINAS E EQUIPAMENTOS",null,"CHI",0.40760000000000002,56.43,23]
["Composição Auxiliar"," 97735 ","SINAPI","PEÇA RETANGULAR PRÉ-MOLDADA, VOLUME DE CONCRETO DE 30 A 100 LITROS, TAXA DE AÇO APROXIMADA DE 30KG/M³. AF_03/2024","FUES - FUNDAÇÕES E ESTRUTURAS",null,"m³",0.7,2654.48,1858.13]
["Composição Auxiliar"," 89995 ","SINAPI","GRAUTEAMENTO DE CINTA SUPERIOR OU DE VERGA EM ALVENARIA ESTRUTURAL. AF_09/2021","FUES - FUNDAÇÕES E ESTRUTURAS",null,"m³",0.20300000000000001,1300.17,263.93]
["Composição Auxiliar"," 5678 ","SINAPI","RETROESCAVADEIRA SOBRE RODAS COM CARREGADEIRA, TRAÇÃO 4X4, POTÊNCIA LÍQ. 88 HP, CAÇAMBA CARREG. CAP. MÍN. 1 M3, CAÇAMBA RETRO CAP. 0,26 M3, PESO OPERACIONAL MÍN. 6.674 KG, PROFUNDIDADE ESCAVAÇÃO MÁX. 4,37 M - CHP DIURNO. AF_06/2014","CHOR - CUSTOS HORÁRIOS DE MÁQUINAS E EQUIPAMENTOS",null,"CHP",0.2,142.32,28.46]
["Composição Auxiliar"," 89996 ","SINAPI","ARMAÇÃO VERTICAL DE ALVENARIA ESTRUTURAL; DIÂMETRO DE 10,0 MM. AF_09/2021","FUES - FUNDAÇÕES E ESTRUTURAS",null,"KG",5.9231999999999996,12.43,73.62]
["Insumo"," 00025067 ","SINAPI","BLOCO DE CONCRETO ESTRUTURAL 19 X 19 X 39 CM, FBK 4,5 MPA (NBR 6136)","Material",null,"UN",380.94380000000001,5.71,2175.1799999999998]
["Insumo"," 00000660 ","SINAPI","CANALETA DE CONCRETO 19 X 19 X 19 CM (CLASSE C - NBR 6136)","Material",null,"UN",69.3,3.54,245.32]
["Insumo"," 00004517 ","SINAPI","SARRAFO *2,5 X 7,5* CM EM PINUS, MISTA OU EQUIVALENTE DA REGIAO - BRUTA","Material",null,"M",0.92400000000000004,3.57,3.29]
["Insumo"," 00006193 ","SINAPI","TABUA NAO APARELHADA *2,5 X 20* CM, EM MACARANDUBA/MASSARANDUBA, ANGELIM OU EQUIVALENTE DA REGIAO - BRUTA","Material",null,"M",2.8980000000000001,12.56,36.39]
["Insumo"," 00002692 ","SINAPI","DESMOLDANTE PROTETOR PARA FORMAS DE MADEIRA, DE BASE OLEOSA EMULSIONADA EM AGUA","Material",null,"L",3.5700000000000003E-2,9.15,0.32]
["Insumo"," 00005069 ","SINAPI","PREGO DE ACO POLIDO COM CABECA 17 X 27 (2 1/2 X 11)","Material",null,"KG",8.1900000000000001E-2,16.59,1.35]
["Insumo"," 00004491 ","SINAPI","PONTALETE *7,5 X 7,5* CM EM PINUS, MISTA OU EQUIVALENTE DA REGIAO - BRUTA","Material",null,"M",0.77700000000000002,10.220000000000001,7.94]
[{"$nulls":4},"MO sem LS =>",3791.71,"LS =>",0,"MO com LS =>",3791.71]
[{"$nulls":4},"Valor do BDI =>",2660.67,null,"Valor com BDI =>",null,14809.85]
[{"$nulls":6},"Quant. =>","1,00","Preço Total =>",14809.85]
[]
[" 7.2.47 ","Código","Banco","Descrição","Tipo",null,"Und","Quant.","Valor Unit","Total"]
["Composição"," 98093 ","SINAPI","FILTRO ANAERÓBIO RETANGULAR, EM ALVENARIA COM BLOCOS DE CONCRETO, DIMENSÕES INTERNAS: 1,6 X 5,6 X H=1,67 M, VOLUME ÚTIL: 10752 L (PARA 103 CONTRIBUINTES). AF_12/2020","INHI - INSTALAÇÕES HIDROS SANITÁRIAS",null,"UN",1,17138.43,17138.43]
["Composição Auxiliar"," 88628 ","SINAPI","ARGAMASSA TRAÇO 1:3 (EM VOLUME DE CIMENTO E AREIA MÉDIA ÚMIDA), PREPARO MECÂNICO COM BETONEIRA 400 L. AF_08/2019","SEDI - SERVIÇOS DIVERSOS",null,"m³",1.4025000000000001,743.18,1042.3]
["Composição Auxiliar"," 89993 ","SINAPI","GRAUTEAMENTO VERTICAL EM ALVENARIA ESTRUTURAL. AF_09/2021","FUES - FUNDAÇÕES E ESTRUTURAS",null,"m³",0.1196,1333.66,159.5]
["Composição Auxiliar"," 89998 ","SINAPI","ARMAÇÃO DE CINTA DE ALVENARIA ESTRUTURAL; DIÂMETRO DE 10,0 MM. AF_09/2021","FUES - FUNDAÇÕES E ESTRUTURAS",null,"KG",18.756799999999998,11.94,223.95]
["Composição Auxiliar"," 89996 ","SINAPI","ARMAÇÃO VERTICAL DE ALVENARIA ESTRUTURAL; DIÂMETRO DE 10,0 MM. AF_09/2021","FUES - FUNDAÇÕES E ESTRUTURAS",null,"KG",3.9487999999999999,12.43,49.08]
["Composição Auxiliar"," 88316 ","SINAPI","SERVENTE COM ENCARGOS COMPLEMENTARES","SEDI - SERVIÇOS DIVERSOS",null,"H",49.964500000000001,18.98,948.32]
["Composição Auxiliar"," 88309 ","SINAPI","PEDREIRO COM ENCARGOS COMPLEMENTARES","SEDI - SERVIÇOS DIVERSOS",null,"H",63.591099999999997,25.3,1608.85]
["Composição Auxiliar"," 87316 ","SINAPI","ARGAMASSA TRAÇO 1:4 (EM VOLUME DE CIMENTO E AREIA GROSSA ÚMIDA) PARA CHAPISCO CONVENCIONAL, PREPARO MECÂNICO COM BETONEIRA 400 L. AF_08/2019","SEDI - SERVIÇOS DIVERSOS",null,"m³",0.24179999999999999,609.86,147.46]
["Composição Auxiliar"," 94970 ","SINAPI","CONCRETO FCK = 20MPA, TRAÇO 1:2,7:3 (EM MASSA SECA DE CIMENTO/ AREIA MÉDIA/ BRITA 1) - PREPARO MECÂNICO COM BETONEIRA 600 L. AF_05/2021","FUES - FUNDAÇÕES E ESTRUTURAS",null,"m³",2.38,704.63,1677.01]
["Composição Auxiliar"," 5678 ","SINAPI","RETROESCAVADEIRA SOBRE RODAS COM CARREGADEIRA, TRAÇÃO 4X4, POTÊNCIA LÍQ. 88 HP, CAÇAMBA CARREG. CAP. MÍN. 1 M3, CAÇAMBA RETRO CAP. 0,26 M3, PESO OPERACIONAL MÍN. 6.674 KG, PROFUNDIDADE ESCAVAÇÃO MÁX. 4,37 M - CHP DIURNO. AF_06/2014","CHOR - CUSTOS HORÁRIOS DE MÁQUINAS E EQUIPAMENTOS",null,"CHP",1.5409999999999999,142.32,219.31]
["Composição Auxiliar"," 92767 ","SINAPI","ARMAÇÃO DE LAJE DE ESTRUTURA CONVENCIONAL DE CONCRETO ARMADO UTILIZANDO AÇO CA-60 DE 4,2 MM - MONTAGEM. AF_06/2022","FUES - FUNDAÇÕES E ESTRUTURAS",null,"KG",63.176400000000001,17.059999999999999,1077.78]
["Composição Auxiliar"," 5679 ","SINAPI","RETROESCAVADEIRA SOBRE RODAS COM CARREGADEIRA, TRAÇÃO 4X4, POTÊNCIA LÍQ. 88 HP, CAÇAMBA CARREG. CAP. MÍN. 1 M3, CAÇAMBA RETRO CAP. 0,26 M3, PESO OPERACIONAL MÍN. 6.674 KG, PROFUNDIDADE ESCAVAÇÃO MÁX. 4,37 M - CHI DIURNO. AF_06/2014","CHOR - CUSTOS HORÁRIOS DE MÁQUINAS E EQUIPAMENTOS",null,"CHI",3.1404000000000001,56.43,177.21]
["Composição Auxiliar"," 97735 ","SINAPI","PEÇA RETANGULAR PRÉ-MOLDADA, VOLUME DE CONCRETO DE 30 A 100 LITROS, TAXA DE AÇO APROXIMADA DE 30KG/M³. AF_03/2024","FUES - FUNDAÇÕES E ESTRUTURAS",null,"m³",1.6617,2654.48,4410.9399999999996]
["Composição Auxiliar"," 89995 ","SINAPI","GRAUTEAMENTO DE CINTA SUPERIOR OU DE VERGA EM ALVENARIA ESTRUTURAL. AF_09/2021","FUES - FUNDAÇÕES E ESTRUTURAS",null,"m³",0.46760000000000002,1300.17,607.95000000000005]
["Composição Auxiliar"," 101624 ","SINAPI","PREPARO DE FUNDO DE VALA COM LARGURA MAIOR OU IGUAL A 1,5 M E MENOR QUE 2,5 M, COM CAMADA DE BRITA, LANÇAMENTO MECANIZADO. AF_08/2020","MOVT - MOVIMENTO DE TERRA",null,"m³",1.121,445.85,499.79]
["Insumo"," 00005069 ","SINAPI","PREGO DE ACO POLIDO COM CABECA 17 X 27 (2 1/2 X 11)","Material",null,"KG",9.3600000000000003E-2,16.59,1.55]
["Insumo"," 00002692 ","SINAPI","DESMOLDANTE PROTETOR PARA FORMAS DE MADEIRA, DE BASE OLEOSA EMULSIONADA EM AGUA","Material",null,"L",4.0800000000000003E-2,9.15,0.37]
["Insumo"," 00006193 ","SINAPI","TABUA NAO APARELHADA *2,5 X 20* CM, EM MACARANDUBA/MASSARANDUBA, ANGELIM OU EQUIVALENTE DA REGIAO - BRUTA","Material",null,"M",3.3119999999999998,12.56,41.59]
["Insumo"," 00004720 ","SINAPI","PEDRA BRITADA N. 0, OU PEDRISCO (4,8 A 9,5 MM) POSTO PEDREIRA/FORNECEDOR, SEM FRETE","Material",null,"M³",6.681,344.54,2301.87]
["Insumo"," 00025067 ","SINAPI","BLOCO DE CONCRETO ESTRUTURAL 19 X 19 X 39 CM, FBK 4,5 MPA (NBR 6136)","Material",null,"UN",239.19380000000001,5.71,1365.79]
["Insumo"," 00000660 ","SINAPI","CANALETA DE CONCRETO 19 X 19 X 19 CM (CLASSE C - NBR 6136)","Material",null,"UN",159.6,3.54,564.98]
["Insumo"," 00004517 ","SINAPI","SARRAFO *2,5 X 7,5* CM EM PINUS, MISTA OU EQUIVALENTE DA REGIAO - BRUTA","Material",null,"M",1.056,3.57,3.76]
["Insumo"," 00004491 ","SINAPI","PONTALETE *7,5 X 7,5* CM EM PINUS, MISTA OU EQUIVALENTE DA REGIAO - BRUTA","Material",null,"M",0.88800000000000001,10.220000000000001,9.07]
[{"$nulls":4},"MO sem LS =>",4741.3599999999997,"LS =>",0,"MO com LS =>",4741.3599999999997]
[{"$nulls":4},"Valor do BDI =>",3753.31,null,"Valor com BDI =>",null,20891.740000000002]
[{"$nulls":6},"Quant. =>","1,00","Preço Total =>",20891.740000000002]
[]
[" 7.2.48 ","Código","Banco","Descrição","Tipo",null,"Und","Quant.","Valor Unit","Total"]
["Composição"," 98101 ","SINAPI","SUMIDOURO RETANGULAR, EM ALVENARIA COM BLOCOS DE CONCRETO, DIMENSÕES INTERNAS: 1,6 X 5,8 X H=3,0 M, ÁREA DE INFILTRAÇÃO: 50 M² (PARA 20 CONTRIBUINTES). . AF_12/2020","INHI - INSTALAÇÕES HIDROS SANITÁRIAS",null,"UN",1,9834.93,9834.93]
["Composição Auxiliar"," 101625 ","SINAPI","PREPARO DE FUNDO DE VALA COM LARGURA MAIOR OU IGUAL A 1,5 M E MENOR QUE 2,5 M, COM CAMADA DE AREIA, LANÇAMENTO MECANIZADO. AF_08/2020","MOVT - MOVIMENTO DE TERRA",null,"m³",1.159,211.94,245.63]
["Composição Auxiliar"," 89996 ","SINAPI","ARMAÇÃO VERTICAL DE ALVENARIA ESTRUTURAL; DIÂMETRO DE 10,0 MM. AF_09/2021","FUES - FUNDAÇÕES E ESTRUTURAS",null,"KG",7.4039999999999999,12.43,92.03]
["Composição Auxiliar"," 89998 ","SINAPI","ARMAÇÃO DE CINTA DE ALVENARIA ESTRUTURAL; DIÂMETRO DE 10,0 MM. AF_09/2021","FUES - FUNDAÇÕES E ESTRUTURAS",null,"KG",9.1316000000000006,11.94,109.03]
["Composição Auxiliar"," 5678 ","SINAPI","RETROESCAVADEIRA SOBRE RODAS COM CARREGADEIRA, TRAÇÃO 4X4, POTÊNCIA LÍQ. 88 HP, CAÇAMBA CARREG. CAP. MÍN. 1 M3, CAÇAMBA RETRO CAP. 0,26 M3, PESO OPERACIONAL MÍN. 6.674 KG, PROFUNDIDADE ESCAVAÇÃO MÁX. 4,37 M - CHP DIURNO. AF_06/2014","CHOR - CUSTOS HORÁRIOS DE MÁQUINAS E EQUIPAMENTOS",null,"CHP",0.84089999999999998,142.32,119.67]
["Composição Auxiliar"," 88316 ","SINAPI","SERVENTE COM ENCARGOS COMPLEMENTARES","SEDI - SERVIÇOS DIVERSOS",null,"H",38.011299999999999,18.98,721.45]
["Composição Auxiliar"," 89993 ","SINAPI","GRAUTEAMENTO VERTICAL EM ALVENARIA ESTRUTURAL. AF_09/2021","FUES - FUNDAÇÕES E ESTRUTURAS",null,"m³",0.22420000000000001,1333.66,299]
["Composição Auxiliar"," 100475 ","SINAPI","ARGAMASSA TRAÇO 1:3 (EM VOLUME DE CIMENTO E AREIA MÉDIA ÚMIDA) COM ADIÇÃO DE IMPERMEABILIZANTE, PREPARO MECÂNICO COM BETONEIRA 400 L. AF_08/2019","SEDI - SERVIÇOS DIVERSOS",null,"m³",0.70499999999999996,938.5,661.64]
["Composição Auxiliar"," 5679 ","SINAPI","RETROESCAVADEIRA SOBRE RODAS COM CARREGADEIRA, TRAÇÃO 4X4, POTÊNCIA LÍQ. 88 HP, CAÇAMBA CARREG. CAP. MÍN. 1 M3, CAÇAMBA RETRO CAP. 0,26 M3, PESO OPERACIONAL MÍN. 6.674 KG, PROFUNDIDADE ESCAVAÇÃO MÁX. 4,37 M - CHI DIURNO. AF_06/2014","CHOR - CUSTOS HORÁRIOS DE MÁQUINAS E EQUIPAMENTOS",null,"CHI",1.7137,56.43,96.7]
["Composição Auxiliar"," 89995 ","SINAPI","GRAUTEAMENTO DE CINTA SUPERIOR OU DE VERGA EM ALVENARIA ESTRUTURAL. AF_09/2021","FUES - FUNDAÇÕES E ESTRUTURAS",null,"m³",0.22770000000000001,1300.17,296.04000000000002]
["Composição Auxiliar"," 88309 ","SINAPI","PEDREIRO COM ENCARGOS COMPLEMENTARES","SEDI - SERVIÇOS DIVERSOS",null,"H",48.378,25.3,1223.96]
["Composição Auxiliar"," 97735 ","SINAPI","PEÇA RETANGULAR PRÉ-MOLDADA, VOLUME DE CONCRETO DE 30 A 100 LITROS, TAXA DE AÇO APROXIMADA DE 30KG/M³. AF_03/2024","FUES - FUNDAÇÕES E ESTRUTURAS",null,"m³",0.86799999999999999,2654.48,2304.08]
["Insumo"," 00004720 ","SINAPI","PEDRA BRITADA N. 0, OU PEDRISCO (4,8 A 9,5 MM) POSTO PEDREIRA/FORNECEDOR, SEM FRETE","Material",null,"M³",3.0623999999999998,344.54,1055.1099999999999]
["Insumo"," 00000660 ","SINAPI","CANALETA DE CONCRETO 19 X 19 X 19 CM (CLASSE C - NBR 6136)","Material",null,"UN",77.7,3.54,275.05]
["Insumo"," 00025067 ","SINAPI","BLOCO DE CONCRETO ESTRUTURAL 19 X 19 X 39 CM, FBK 4,5 MPA (NBR 6136)","Material",null,"UN",409.02670000000001,5.71,2335.54]
[{"$nulls":4},"MO sem LS =>",2819.24,"LS =>",0,"MO com LS =>",2819.24]
[{"$nulls":4},"Valor do BDI =>",2153.84,null,"Valor com BDI =>",null,11988.77]
[{"$nulls":6},"Quant. =>","4,00","Preço Total =>",47955.08]
[]
[" 7.3 ",null,null,"COLETA DE ÁGUAS PLUVIAIS",{"$nulls":5},32520.01]
[" 7.3.1 ","Código","Banco","Descrição","Tipo",null,"Und","Quant.","Valor Unit","Total"]
["Composição"," 99275 ","SINAPI","BASE PARA POÇO DE VISITA CIRCULAR PARA DRENAGEM, EM CONCRETO PRÉ-MOLDADO, DIÂMETRO INTERNO = 0,80 M, PROFUNDIDADE = 1,35 M, EXCLUINDO TAMPÃO. AF_12/2020_PA","DROP - DRENAGEM/OBRAS DE CONTENÇÃO / POÇOS DE VISITA E CAIXAS",null,"UN",1,1100.3599999999999,1100.3599999999999]
["Composição Auxiliar"," 88628 ","SINAPI","ARGAMASSA TRAÇO 1:3 (EM VOLUME DE CIMENTO E AREIA MÉDIA ÚMIDA), PREPARO MECÂNICO COM BETONEIRA 400 L. AF_08/2019","SEDI - SERVIÇOS DIVERSOS",null,"m³",5.6899999999999999E-2,743.18,42.28]
["Composição Auxiliar"," 5678 ","SINAPI","RETROESCAVADEIRA SOBRE RODAS COM CARREGADEIRA, TRAÇÃO 4X4, POTÊNCIA LÍQ. 88 HP, CAÇAMBA CARREG. CAP. MÍN. 1 M3, CAÇAMBA RETRO CAP. 0,26 M3, PESO OPERACIONAL MÍN. 6.674 KG, PROFUNDIDADE ESCAVAÇÃO MÁX. 4,37 M - CHP DIURNO. AF_06/2014","CHOR - CUSTOS HORÁRIOS DE MÁQUINAS E EQUIPAMENTOS",null,"CHP",0.23769999999999999,142.32,33.82]
["Composição Auxiliar"," 101623 ","SINAPI","PREPARO DE FUNDO DE VALA COM LARGURA MENOR QUE 1,5 M, COM CAMADA DE BRITA, LANÇAMENTO MECANIZADO. AF_08/2020","MOVT - MOVIMENTO DE TERRA",null,"m³",0.41520000000000001,488.13,202.67]
["Composição Auxiliar"," 97739 ","SINAPI","PEÇA CIRCULAR PRÉ-MOLDADA, VOLUME DE CONCRETO DE 30 A 100 LITROS, TAXA DE AÇO APROXIMADA DE 30KG/M³. AF_03/2024","FUES - FUNDAÇÕES E ESTRUTURAS",null,"m³",6.6199999999999995E-2,3165.82,209.57]
["Composição Auxiliar"," 97738 ","SINAPI","PEÇA CIRCULAR PRÉ-MOLDADA, VOLUME DE CONCRETO DE 10 A 30 LITROS, TAXA DE FIBRA DE POLIPROPILENO APROXIMADA DE 6 KG/M³. AF_03/2024_PS","FUES - FUNDAÇÕES E ESTRUTURAS",null,"m³",2.2100000000000002E-2,4224.1400000000003,93.35]
["Composição Auxiliar"," 5679 ","SINAPI","RETROESCAVADEIRA SOBRE RODAS COM CARREGADEIRA, TRAÇÃO 4X4, POTÊNCIA LÍQ. 88 HP, CAÇAMBA CARREG. CAP. MÍN. 1 M3, CAÇAMBA RETRO CAP. 0,26 M3, PESO OPERACIONAL MÍN. 6.674 KG, PROFUNDIDADE ESCAVAÇÃO MÁX. 4,37 M - CHI DIURNO. AF_06/2014","CHOR - CUSTOS HORÁRIOS DE MÁQUINAS E EQUIPAMENTOS",null,"CHI",0.48449999999999999,56.43,27.34]
["Composição Auxiliar"," 88309 ","SINAPI","PEDREIRO COM ENCARGOS COMPLEMENTARES","SEDI - SERVIÇOS DIVERSOS",null,"H",1.1506000000000001,25.3,29.11]
["Composição Auxiliar"," 88316 ","SINAPI","SERVENTE COM ENCARGOS COMPLEMENTARES","SEDI - SERVIÇOS DIVERSOS",null,"H",0.90410000000000001,18.98,17.149999999999999]
["Insumo"," 00007258 ","SINAPI","TIJOLO CERAMICO MACICO COMUM DE *5 X 10 X 20* CM (L X A X C)","Material",null,"UN",31.327400000000001,0.79,24.74]
["Insumo"," 00043442 ","SINAPI","ANEL EM CONCRETO ARMADO, LISO, PARA POCOS DE VISITAS, POCOS DE INSPECAO, FOSSAS SEPTICAS E SUMIDOUROS, COM FUNDO, DIAMETRO INTERNO DE 0,80 M E ALTURA DE 0,50 M","Material",null,"UN",1,246.05,246.05]
["Insumo"," 00012544 ","SINAPI","ANEL EM CONCRETO ARMADO, LISO, PARA POCOS DE VISITAS, POCOS DE INSPECAO, FOSSAS SEPTICAS E SUMIDOUROS, SEM FUNDO, DIAMETRO INTERNO DE 0,80 M E ALTURA DE 0,50 M","Material",null,"UN",1,174.28,174.28]
[{"$nulls":4},"MO sem LS =>",198.69,"LS =>",0,"MO com LS =>",198.69]
[{"$nulls":4},"Valor do BDI =>",240.97,null,"Valor com BDI =>",null,1341.33]
[{"$nulls":6},"Quant. =>","10,00","Preço Total =>",13413.3]
[]
[null,"Código","Banco","Descrição","Tipo",null,"Und","Quant.","Valor Unit","Total"]
["Insumo"," 00006243 ","SINAPI","TAMPAO FOFO SIMPLES COM BASE / REQUADRO, CLASSE B125 CARGA MAX. 12,5 T, REDONDO, TAMPA 600 MM (COM INSCRICAO EM RELEVO DO TIPO DE REDE)","Material",null,"UN",1,565.51,565.51]
[{"$nulls":4},"MO sem LS =>",0,"LS =>",0,"MO com LS =>",0]
[{"$nulls":4},"Valor do BDI =>",null,null,"Valor com BDI =>",null,646.99]
[{"$nulls":6},"Quant. =>","10,00","Preço Total =>",6469.9]
[]
[" 7.3.3 ","Código","Banco","Descrição","Tipo",null,"Und","Quant.","Valor Unit","Total"]
["Composição"," 89746 ","SINAPI","JOELHO 45 GRAUS, PVC, SERIE NORMAL, ESGOTO PREDIAL, DN 100 MM, JUNTA ELÁSTICA, FORNECIDO E INSTALADO EM RAMAL DE DESCARGA OU RAMAL DE ESGOTO SANITÁRIO. AF_08/2022","INHI - INSTALAÇÕES HIDROS SANITÁRIAS",null,"UN",1,25.98,25.98]
["Composição Auxiliar"," 88267 ","SINAPI","ENCANADOR OU BOMBEIRO HIDRÁULICO COM ENCARGOS COMPLEMENTARES","SEDI - SERVIÇOS DIVERSOS",null,"H",0.19259999999999999,24.54,4.72]
["Composição Auxiliar"," 88248 ","SINAPI","AUXILIAR DE ENCANADOR OU BOMBEIRO HIDRÁULICO COM ENCARGOS COMPLEMENTARES","SEDI - SERVIÇOS DIVERSOS",null,"H",0.19259999999999999,20.39,3.92]
["Insumo"," 00003528 ","SINAPI","JOELHO PVC, SOLDAVEL, PB, 45 GRAUS, DN 100 MM, PARA ESGOTO PREDIAL","Material",null,"UN",1,7.16,7.16]
["Insumo"," 00000301 ","SINAPI","ANEL BORRACHA PARA TUBO ESGOTO PREDIAL, DN 100 MM (NBR 5688)","Material",null,"UN",2,3.64,7.28]
["Insumo"," 00020078 ","SINAPI","PASTA LUBRIFICANTE PARA TUBOS E CONEXOES COM JUNTA ELASTICA, EMBALAGEM DE *400* GR (USO EM PVC, ACO, POLIETILENO E OUTROS)","Material",null,"UN",0.115,25.24,2.9]
[{"$nulls":4},"MO sem LS =>",7.2,"LS =>",0,"MO com LS =>",7.2]
[{"$nulls":4},"Valor do BDI =>",5.68,null,"Valor com BDI =>",null,31.66]
[{"$nulls":6},"Quant. =>","1,00","Preço Total =>",31.66]
[]
[" 7.3.4 ","Código","Banco","Descrição","Tipo",null,"Und","Quant.","Valor Unit","Total"]
["Composição"," 89744 ","SINAPI","JOELHO 90 GRAUS, PVC, SERIE NORMAL, ESGOTO PREDIAL, DN 100 MM, JUNTA ELÁSTICA, FORNECIDO E INSTALADO EM RAMAL DE DESCARGA OU RAMAL DE ESGOTO SANITÁRIO. AF_08/2022","INHI - INSTALAÇÕES HIDROS SANITÁRIAS",null,"UN",1,25.32,25.32]
["Composição Auxiliar"," 88248 ","SINAPI","AUXILIAR DE ENCANADOR OU BOMBEIRO HIDRÁULICO COM ENCARGOS COMPLEMENTARES","SEDI - SERVIÇOS DIVERSOS",null,"H",0.19259999999999999,20.39,3.92]
["Composição Auxiliar"," 88267 ","SINAPI","ENCANADOR OU BOMBEIRO HIDRÁULICO COM ENCARGOS COMPLEMENTARES","SEDI - SERVIÇOS DIVERSOS",null,"H",0.19259999999999999,24.54,4.72]
["Insumo"," 00020078 ","SINAPI","PASTA LUBRIFICANTE PARA TUBOS E CONEXOES COM JUNTA ELASTICA, EMBALAGEM DE *400* GR (USO EM PVC, ACO, POLIETILENO E OUTROS)","Material",null,"UN",0.115,25.24,2.9]
["Insumo"," 00000301 ","SINAPI","ANEL BORRACHA PARA TUBO ESGOTO PREDIAL, DN 100 MM (NBR 5688)","Material",null,"UN",2,3.64,7.28]
["Insumo"," 00003520 ","SINAPI","JOELHO PVC, SOLDAVEL, PB, 90 GRAUS, DN 100 MM, PARA ESGOTO PREDIAL","Material",null,"UN",1,6.5,6.5]
[{"$nulls":4},"MO sem LS =>",7.2,"LS =>",0,"MO com LS =>",7.2]
[{"$nulls":4},"Valor do BDI =>",5.54,null,"Valor com BDI =>",null,30.86]
[{"$nulls":6},"Quant. =>","2,00","Preço Total =>",61.72]
[]
[" 7.3.5 ","Código","Banco","Descrição","Tipo",null,"Und","Quant.","Valor Unit","Total"]
["Composição"," 89854 ","SINAPI","JOELHO 90 GRAUS, PVC, SERIE NORMAL, ESGOTO PREDIAL, DN 150 MM, JUNTA ELÁSTICA, FORNECIDO E INSTALADO EM SUBCOLETOR AÉREO DE ESGOTO SANITÁRIO. AF_08/2022","INHI - INSTALAÇÕES HIDROS SANITÁRIAS",null,"UN",1,93.19,93.19]
["Composição Auxiliar"," 88267 ","SINAPI","ENCANADOR OU BOMBEIRO HIDRÁULICO COM ENCARGOS COMPLEMENTARES","SEDI - SERVIÇOS DIVERSOS",null,"H",0.36049999999999999,24.54,8.84]
["Composição Auxiliar"," 88248 ","SINAPI","AUXILIAR DE ENCANADOR OU BOMBEIRO HIDRÁULICO COM ENCARGOS COMPLEMENTARES","SEDI - SERVIÇOS DIVERSOS",null,"H",0.36049999999999999,20.39,7.35]
["Insumo"," 00000305 ","SINAPI","ANEL BORRACHA, PARA TUBO PVC, REDE COLETOR ESGOTO, DN 150 MM (NBR 7362)","Material",null,"UN",2,12.68,25.36]
["Insumo"," 00037950 ","SINAPI","JOELHO PVC, SOLDAVEL, PB, 90 GRAUS, DN 150 MM, PARA ESGOTO PREDIAL","Material",null,"UN",1,47.23,47.23]
["Insumo"," 00020078 ","SINAPI","PASTA LUBRIFICANTE PARA TUBOS E CONEXOES COM JUNTA ELASTICA, EMBALAGEM DE *400* GR (USO EM PVC, ACO, POLIETILENO E OUTROS)","Material",null,"UN",0.17499999999999999,25.24,4.41]
[{"$nulls":4},"MO sem LS =>",13.48,"LS =>",0,"MO com LS =>",13.48]
[{"$nulls":4},"Valor do BDI =>",20.399999999999999,null,"Valor com BDI =>",null,113.59]
[{"$nulls":6},"Quant. =>","3,00","Preço Total =>",340.77]
[]
[" 7.3.6 ","Código","Banco","Descrição","Tipo",null,"Und","Quant.","Valor Unit","Total"]
["Composição"," 89737 ","SINAPI","JOELHO 90 GRAUS, PVC, SERIE NORMAL, ESGOTO PREDIAL, DN 75 MM, JUNTA ELÁSTICA, FORNECIDO E INSTALADO EM RAMAL DE DESCARGA OU RAMAL DE ESGOTO SANITÁRIO. AF_08/2022","INHI - INSTALAÇÕES HIDROS SANITÁRIAS",null,"UN",1,20.78,20.78]
["Composição Auxiliar"," 88267 ","SINAPI","ENCANADOR OU BOMBEIRO HIDRÁULICO COM ENCARGOS COMPLEMENTARES","SEDI - SERVIÇOS DIVERSOS",null,"H",0.16520000000000001,24.54,4.05]
["Composição Auxiliar"," 88248 ","SINAPI","AUXILIAR DE ENCANADOR OU BOMBEIRO HIDRÁULICO COM ENCARGOS COMPLEMENTARES","SEDI - SERVIÇOS DIVERSOS",null,"H",0.16520000000000001,20.39,3.36]
["Insumo"," 00020078 ","SINAPI","PASTA LUBRIFICANTE PARA TUBOS E CONEXOES COM JUNTA ELASTICA, EMBALAGEM DE *400* GR (USO EM PVC, ACO, POLIETILENO E OUTROS)","Material",null,"UN",7.4999999999999997E-2,25.24,1.89]
["Insumo"," 00003509 ","SINAPI","JOELHO PVC, SOLDAVEL, PB, 90 GRAUS, DN 75 MM, PARA ESGOTO PREDIAL","Material",null,"UN",1,5.44,5.44]
["Insumo"," 00000297 ","SINAPI","ANEL BORRACHA PARA TUBO ESGOTO PREDIAL, DN 75 MM (NBR 5688)","Material",null,"UN",2,3.02,6.04]
[{"$nulls":4},"MO sem LS =>",6.17,"LS =>",0,"MO com LS =>",6.17]
[{"$nulls":4},"Valor do BDI =>",4.55,null,"Valor com BDI =>",null,25.33]
[{"$nulls":6},"Quant. =>","2,00","Preço Total =>",50.66]
[]
[" 7.3.7 ","Código","Banco","Descrição","Tipo",null,"Und","Quant.","Valor Unit","Total"]
["Composição"," 104082 ","SINAPI","PLUG, PVC OCRE, JUNTA ELÁSTICA, DN 100 MM, PARA COLETOR PREDIAL DE ESGOTO. AF_06/2022","LIPR - LIGAÇÕES PREDIAIS ÁGUA/ESGOTO/ENERGIA/TELEFONE",null,"UN",1,24.09,24.09]
["Composição Auxiliar"," 88316 ","SINAPI","SERVENTE COM ENCARGOS COMPLEMENTARES","SEDI - SERVIÇOS DIVERSOS",null,"H",4.0399999999999998E-2,18.98,0.76]
["Composição Auxiliar"," 88246 ","SINAPI","ASSENTADOR DE TUBOS COM ENCARGOS COMPLEMENTARES","SEDI - SERVIÇOS DIVERSOS",null,"H",0.12620000000000001,14.54,1.83]
["Insumo"," 00020078 ","SINAPI","PASTA LUBRIFICANTE PARA TUBOS E CONEXOES COM JUNTA ELASTICA, EMBALAGEM DE *400* GR (USO EM PVC, ACO, POLIETILENO E OUTROS)","Material",null,"UN",3.1300000000000001E-2,25.24,0.79]
["Insumo"," 00004907 ","SINAPI","PLUG PVC, JE, DN 100 MM, PARA REDE COLETORA ESGOTO","Material",null,"UN",1,16.68,16.68]
["Insumo"," 00000303 ","SINAPI","ANEL BORRACHA, PARA TUBO PVC, REDE COLETOR ESGOTO, DN 100 MM (NBR 7362)","Material",null,"UN",1,4.03,4.03]
[{"$nulls":4},"MO sem LS =>",2.0099999999999998,"LS =>",0,"MO com LS =>",2.0099999999999998]
[{"$nulls":4},"Valor do BDI =>",5.27,null,"Valor com BDI =>",null,29.36]
[{"$nulls":6},"Quant. =>","1,00","Preço Total =>",29.36]
[]
[" 7.3.8 ","Código","Banco","Descrição","Tipo",null,"Und","Quant.","Valor Unit","Total"]
["Composição"," 9377 ","ORSE","Tubo pvc rigido soldavel, serie reforçada, p/esgoto e aguas pluviais, d= 100mm","Tubos e Conexões de PVC Rígido Soldável para Esgoto",null,"m",1,44.54,44.54]
[null,"Código","Banco","Descrição","Tipo",null,"Und","Quant.","Valor Unit","Total"]
["Insumo","00009841/SINAPI","ORSE","Tubo pvc, serie r, dn 100 mm, para esgoto ou aguas pluviais predial (nbr 5688)","Material",null,"m",1.01,"22,01","22,23"]
["Insumo",138,"ORSE","Adesivo pvc em frasco de 850 gramas","Material",null,"kg",1.7000000000000001E-2,"71,51","1,21"]
["Composição",10549,"ORSE","Encargos Complementares - Servente","Provisórios",null,"h",0.48,"3,80","1,82"]
["Insumo","00002696/SINAPI","ORSE","Encanador ou bombeiro hidraulico (horista)","Mão de Obra",null,"h",0.48,"19,13","9,18"]
["Insumo","00006111/SINAPI","ORSE","Servente de obras (horista)","Mão de Obra",null,"h",0.48,"13,65","6,54"]
["Composição",10554,"ORSE","Encargos Complementares - Encanador","Provisórios",null,"h",0.48,"3,73","1,79"]
["Insumo",2036,"ORSE","Solucao limpadora pvc","Material",null,"l",2.5999999999999999E-2,"68,86","1,79"]
["Detalhamento de Cálculo ORSE"]
[null,"Código","Banco","Descrição","Tipo",null,"Und","Quant.","Valor Unit","Total"]
["Insumo",2036,"ORSE","Solucao limpadora pvc","Material",null,"l",2.5999999999999999E-2,"68,86","1,79"]
["Insumo",10492,"ORSE","Cesta Básica","Material",null,"un",4.3200000000000001E-3,"190,00","0,82"]
["Insumo","00006111/SINAPI","ORSE","Servente de obras (horista)","Mão de Obra",null,"h",0.48,"13,65","6,54"]
["Insumo","00012892/SINAPI","ORSE","Luva raspa de couro, cano curto (punho *7* cm)","Material",null,"par",2.2079999999999999E-3,"12,51","0,02"]
["Insumo","00012893/SINAPI","ORSE","Bota de seguranca com biqueira de aco e colarinho acolchoado","Material",null,"par",7.6800000000000002E-4,"66,72","0,05"]
["Insumo",158,"ORSE","Almoço (Participação do empregador)","Material",null,"un",9.7727999999999995E-2,"14,00","1,36"]
["Insumo","00009841/SINAPI","ORSE","Tubo pvc, serie r, dn 100 mm, para esgoto ou aguas pluviais predial (nbr 5688)","Material",null,"m",1.01,"22,01","22,23"]
["Insumo",11254,"ORSE","Tarracha para tubos PVC de 3/4\"","Material",null,"un",3.3599999999999998E-4,"27,49","0,00"]
["Insumo",10593,"ORSE","Praio simples 30cm","Material",null,"un",4.8000000000000001E-5,"19,57","0,00"]
["Insumo",1651,"ORSE","Óculos branco proteção","Material",null,"pr",7.6800000000000002E-4,"6,70","0,00"]
["Insumo",10362,"ORSE","Seguro de vida e acidente em grupo","Serviços",null,"un",4.3200000000000001E-3,"12,54","0,05"]
["Insumo",10599,"ORSE","Protetor solar fps 30 com 120ml","Material",null,"un",1.7279999999999999E-3,"18,00","0,03"]
["Insumo",10761,"ORSE","Refeição - café da manhã ( café com leite e dois pães com manteiga)","Serviços",null,"un",9.7727999999999995E-2,"5,00","0,48"]
["Insumo","00012894/SINAPI","ORSE","Capa para chuva em pvc com forro de poliester, com capuz (amarela ou azul)","Material",null,"un",1.92E-4,"18,07","0,00"]
["Insumo","00002696/SINAPI","ORSE","Encanador ou bombeiro hidraulico (horista)","Mão de Obra",null,"h",0.48,"19,13","9,18"]
["Insumo",2378,"ORSE","Vale transporte","Material",null,"un",7.6560000000000003E-2,"4,50","0,34"]
["Insumo","00012895/SINAPI","ORSE","Capacete de seguranca aba frontal com suspensao de polietileno, sem jugular (classe b)","Material",null,"un",5.7600000000000001E-4,"13,90","0,00"]
["Insumo",11253,"ORSE","Tarracha para tubos PVC de 1/2\"","Material",null,"un",5.2800000000000004E-4,"26,50","0,01"]
["Insumo",941,"ORSE","Fardamento com mangas curta","Material",null,"un",1.4400000000000001E-3,"193,41","0,27"]
["Insumo",138,"ORSE","Adesivo pvc em frasco de 850 gramas","Material",null,"kg",1.7000000000000001E-2,"71,51","1,21"]
["Insumo",11255,"ORSE","Tarracha para tubos PVC de 1\"","Material",null,"un",2.8800000000000001E-4,"63,00","0,01"]
["Insumo",10596,"ORSE","Protetor auricular","Material",null,"un",4.3200000000000001E-3,"4,90","0,02"]
["Insumo",10592,"ORSE","Lima chata 12\"","Material",null,"un",4.8000000000000001E-5,"36,57","0,00"]
["Insumo",11257,"ORSE","Tarracha para tubos PVC de 1 1/4\"","Material",null,"un",1.92E-4,"32,30","0,00"]
["Insumo",4728,"ORSE","Talhadeira chata 10\"","Material",null,"un",1.44E-4,"18,58","0,00"]
["Insumo","00002711/SINAPI","ORSE","Carrinho de mao de aco capacidade 50 a 60 l, pneu com camara","Material",null,"un",9.6000000000000002E-5,"166,00","0,01"]
["Insumo",11256,"ORSE","Tarracha para tubos PVC de 1 1/2\"","Material",null,"un",1.92E-4,"60,00","0,01"]
["Insumo",10517,"ORSE","Exames admissionais/demissionais (checkup)","Serviços",null,"cj",3.8400000000000001E-4,"300,00","0,11"]
["Insumo",10788,"ORSE","Pá quadrada","Material",null,"un",9.6000000000000002E-5,"36,90","0,00"]
["Insumo",4729,"ORSE","Marreta 1 kg com cabo","Material",null,"un",4.8000000000000001E-5,"37,80","0,00"]
[{"$nulls":4},"MO sem LS =>",15.72,"LS =>",0,"MO com LS =>",15.72]
[{"$nulls":4},"Valor do BDI =>",9.75,null,"Valor com BDI =>",null,54.29]
[{"$nulls":6},"Quant. =>","221,48","Preço Total =>",12024.14]
[]
[" 7.3.9 ","Código","Banco","Descrição","Tipo",null,"Und","Quant.","Valor Unit","Total"]
["Composição"," 104346 ","SINAPI","TE, PVC, SÉRIE NORMAL, ESGOTO PREDIAL, DN 100 X 75 MM, JUNTA ELÁSTICA, FORNECIDO E INSTALADO EM RAMAL DE DESCARGA OU RAMAL DE ESGOTO SANITÁRIO. AF_08/2022","INHI - INSTALAÇÕES HIDROS SANITÁRIAS",null,"UN",1,40.409999999999997,40.409999999999997]
["Composição Auxiliar"," 88248 ","SINAPI","AUXILIAR DE ENCANADOR OU BOMBEIRO HIDRÁULICO COM ENCARGOS COMPLEMENTARES","SEDI - SERVIÇOS DIVERSOS",null,"H",0.24460000000000001,20.39,4.9800000000000004]
["Composição Auxiliar"," 88267 ","SINAPI","ENCANADOR OU BOMBEIRO HIDRÁULICO COM ENCARGOS COMPLEMENTARES","SEDI - SERVIÇOS DIVERSOS",null,"H",0.24460000000000001,24.54,6]
["Insumo"," 00000297 ","SINAPI","ANEL BORRACHA PARA TUBO ESGOTO PREDIAL, DN 75 MM (NBR 5688)","Material",null,"UN",1,3.02,3.02]
["Insumo"," 00020078 ","SINAPI","PASTA LUBRIFICANTE PARA TUBOS E CONEXOES COM JUNTA ELASTICA, EMBALAGEM DE *400* GR (USO EM PVC, ACO, POLIETILENO E OUTROS)","Material",null,"UN",0.1525,25.24,3.84]
["Insumo"," 00000301 ","SINAPI","ANEL BORRACHA PARA TUBO ESGOTO PREDIAL, DN 100 MM (NBR 5688)","Material",null,"UN",2,3.64,7.28]
["Insumo"," 00011656 ","SINAPI","TE SANITARIO DE REDUCAO, PVC, DN 100 X 75 MM, SERIE NORMAL PARA ESGOTO PREDIAL","Material",null,"UN",1,15.29,15.29]
[{"$nulls":4},"MO sem LS =>",9.15,"LS =>",0,"MO com LS =>",9.15]
[{"$nulls":4},"Valor do BDI =>",8.84,null,"Valor com BDI =>",null,49.25]
[{"$nulls":6},"Quant. =>","2,00","Preço Total =>",98.5]
[]
[" 7.4 ",null,null,"BANCADAS E LAVATÓRIOS",{"$nulls":5},58258.080000000002]
[" 7.4.1 ","Código","Banco","Descrição","Tipo",null,"Und","Quant.","Valor Unit","Total"]
["Composição"," 93441 ","SINAPI","BANCADA GRANITO CINZA  150 X 60 CM, COM CUBA DE EMBUTIR DE AÇO, VÁLVULA AMERICANA EM METAL, SIFÃO FLEXÍVEL EM PVC, ENGATE FLEXÍVEL 30 CM, TORNEIRA CROMADA LONGA, DE PAREDE, 1/2\" OU 3/4\", P/ COZINHA, PADRÃO POPULAR - FORNEC. E INSTALAÇÃO. AF_01/2020","INHI - INSTALAÇÕES HIDROS SANITÁRIAS",null,"UN",1,1437.77,1437.77]
["Composição Auxiliar"," 86884 ","SINAPI","ENGATE FLEXÍVEL EM PLÁSTICO BRANCO, 1/2\" X 30CM - FORNECIMENTO E INSTALAÇÃO. AF_01/2020","INHI - INSTALAÇÕES HIDROS SANITÁRIAS",null,"UN",1,10.78,10.78]
["Composição Auxiliar"," 86935 ","SINAPI","CUBA DE EMBUTIR DE AÇO INOXIDÁVEL MÉDIA, INCLUSO VÁLVULA TIPO AMERICANA EM METAL CROMADO E SIFÃO FLEXÍVEL EM PVC - FORNECIMENTO E INSTALAÇÃO. AF_01/2020","INHI - INSTALAÇÕES HIDROS SANITÁRIAS",null,"UN",1,329.78,329.78]
["Composição Auxiliar"," 86911 ","SINAPI","TORNEIRA CROMADA LONGA, DE PAREDE, 1/2\" OU 3/4\", PARA PIA DE COZINHA, PADRÃO POPULAR - FORNECIMENTO E INSTALAÇÃO. AF_01/2020","INHI - INSTALAÇÕES HIDROS SANITÁRIAS",null,"UN",1,134.91,134.91]
["Composição Auxiliar"," 86889 ","SINAPI","BANCADA DE GRANITO CINZA POLIDO, DE 1,50 X 0,60 M, PARA PIA DE COZINHA - FORNECIMENTO E INSTALAÇÃO. AF_01/2020","INHI - INSTALAÇÕES HIDROS SANITÁRIAS",null,"UN",1,962.3,962.3]
[{"$nulls":4},"MO sem LS =>",73.33,"LS =>",0,"MO com LS =>",73.33]
[{"$nulls":4},"Valor do BDI =>",314.87,null,"Valor com BDI =>",null,1752.64]
[{"$nulls":6},"Quant. =>","16,00","Preço Total =>",28042.240000000002]
[]
[" 7.4.2 ","Código","Banco","Descrição","Tipo",null,"Und","Quant.","Valor Unit","Total"]
["Composição"," 93396 ","SINAPI","BANCADA GRANITO CINZA,  50 X 60 CM, INCL. CUBA DE EMBUTIR OVAL LOUÇA BRANCA 35 X 50 CM, VÁLVULA METAL CROMADO, SIFÃO FLEXÍVEL PVC, ENGATE 30 CM FLEXÍVEL PLÁSTICO E TORNEIRA CROMADA DE MESA, PADRÃO POPULAR - FORNEC. E INSTALAÇÃO. AF_01/2020","INHI - INSTALAÇÕES HIDROS SANITÁRIAS",null,"UN",1,795.88,795.88]
["Composição Auxiliar"," 86884 ","SINAPI","ENGATE FLEXÍVEL EM PLÁSTICO BRANCO, 1/2\" X 30CM - FORNECIMENTO E INSTALAÇÃO. AF_01/2020","INHI - INSTALAÇÕES HIDROS SANITÁRIAS",null,"UN",1,10.78,10.78]
["Composição Auxiliar"," 86895 ","SINAPI","BANCADA DE GRANITO CINZA POLIDO, DE 0,50 X 0,60 M, PARA LAVATÓRIO - FORNECIMENTO E INSTALAÇÃO. AF_01/2020","INHI - INSTALAÇÕES HIDROS SANITÁRIAS",null,"UN",1,438.83,438.83]
["Composição Auxiliar"," 86937 ","SINAPI","CUBA DE EMBUTIR OVAL EM LOUÇA BRANCA, 35 X 50CM OU EQUIVALENTE, INCLUSO VÁLVULA EM METAL CROMADO E SIFÃO FLEXÍVEL EM PVC - FORNECIMENTO E INSTALAÇÃO. AF_01/2020","INHI - INSTALAÇÕES HIDROS SANITÁRIAS",null,"UN",1,230.92,230.92]
["Composição Auxiliar"," 86906 ","SINAPI","TORNEIRA CROMADA DE MESA, 1/2\" OU 3/4\", PARA LAVATÓRIO, PADRÃO POPULAR - FORNECIMENTO E INSTALAÇÃO. AF_01/2020","INHI - INSTALAÇÕES HIDROS SANITÁRIAS",null,"UN",1,115.35,115.35]
[{"$nulls":4},"MO sem LS =>",91.97,"LS =>",0,"MO com LS =>",91.97]
[{"$nulls":4},"Valor do BDI =>",174.29,null,"Valor com BDI =>",null,970.17]
[{"$nulls":6},"Quant. =>","16,00","Preço Total =>",15522.72]
[]
[null,"Código","Banco","Descrição","Tipo",null,"Und","Quant.","Valor Unit","Total"]
["Insumo"," 00011186 ","SINAPI","ESPELHO CRISTAL E = 4 MM","Material",null,"M²",1,802.66,802.66]
[{"$nulls":4},"MO sem LS =>",0,"LS =>",0,"MO com LS =>",0]
[{"$nulls":4},"Valor do BDI =>",null,null,"Valor com BDI =>",null,918.32]
[{"$nulls":6},"Quant. =>","16,00","Preço Total =>",14693.12]
[]
[" 7.5 ",null,null,"RESERVATÓRIO ENTERRADO",{"$nulls":5},17599.73]
[" 7.5.1 ","Código","Banco","Descrição","Tipo",null,"Und","Quant.","Valor Unit","Total"]
["Composição"," 101226 ","SINAPI","ESCAVAÇÃO VERTICAL PARA  EDIFICAÇÃO, COM CARGA, DESCARGA E TRANSPORTE DE SOLO DE 1ª CATEGORIA, COM ESCAVADEIRA HIDRÁULICA (CAÇAMBA: 1,2 M³ / 155 HP), FROTA DE 5 CAMINHÕES BASCULANTES DE 18 M³, DMT DE 2 KM E VELOCIDADE MÉDIA 19 KM/H. AF_05/2020","MOVT - MOVIMENTO DE TERRA",null,"m³",1,16.57,16.57]
["Composição Auxiliar"," 89883 ","SINAPI","CAMINHÃO BASCULANTE 18 M3, COM CAVALO MECÂNICO DE CAPACIDADE MÁXIMA DE TRAÇÃO COMBINADO DE 45000 KG, POTÊNCIA 330 CV, INCLUSIVE SEMIREBOQUE COM CAÇAMBA METÁLICA - CHP DIURNO. AF_12/2014","CHOR - CUSTOS HORÁRIOS DE MÁQUINAS E EQUIPAMENTOS",null,"CHP",3.4299999999999997E-2,379.89,13.03]
["Composição Auxiliar"," 88908 ","SINAPI","ESCAVADEIRA HIDRÁULICA SOBRE ESTEIRAS, CAÇAMBA 1,20 M3, PESO OPERACIONAL 21 T, POTÊNCIA BRUTA 155 HP - CHI DIURNO. AF_06/2014","CHOR - CUSTOS HORÁRIOS DE MÁQUINAS E EQUIPAMENTOS",null,"CHI",2E-3,89.34,0.17]
["Composição Auxiliar"," 88316 ","SINAPI","SERVENTE COM ENCARGOS COMPLEMENTARES","SEDI - SERVIÇOS DIVERSOS",null,"H",9.7000000000000003E-3,18.98,0.18]
["Composição Auxiliar"," 88907 ","SINAPI","ESCAVADEIRA HIDRÁULICA SOBRE ESTEIRAS, CAÇAMBA 1,20 M3, PESO OPERACIONAL 21 T, POTÊNCIA BRUTA 155 HP - CHP DIURNO. AF_06/2014","CHOR - CUSTOS HORÁRIOS DE MÁQUINAS E EQUIPAMENTOS",null,"CHP",7.7999999999999996E-3,249.95,1.94]
["Composição Auxiliar"," 89884 ","SINAPI","CAMINHÃO BASCULANTE 18 M3, COM CAVALO MECÂNICO DE CAPACIDADE MÁXIMA DE TRAÇÃO COMBINADO DE 45000 KG, POTÊNCIA 330 CV, INCLUSIVE SEMIREBOQUE COM CAÇAMBA METÁLICA - CHI DIURNO. AF_12/2014","CHOR - CUSTOS HORÁRIOS DE MÁQUINAS E EQUIPAMENTOS",null,"CHI",1.43E-2,87.46,1.25]
[{"$nulls":4},"MO sem LS =>",1.38,"LS =>",0,"MO com LS =>",1.38]
[{"$nulls":4},"Valor do BDI =>",3.62,null,"Valor com BDI =>",null,20.190000000000001]
[{"$nulls":6},"Quant. =>","16,50","Preço Total =>",333.13]
[]
[" 7.5.2 ","Código","Banco","Descrição","Tipo",null,"Und","Quant.","Valor Unit","Total"]
["Composição"," 92510 ","SINAPI","MONTAGEM E DESMONTAGEM DE FÔRMA DE LAJE MACIÇA, PÉ-DIREITO SIMPLES, EM CHAPA DE MADEIRA COMPENSADA RESINADA, 2 UTILIZAÇÕES. AF_09/2020","FUES - FUNDAÇÕES E ESTRUTURAS",null,"m²",1,72.11,72.11]
["Composição Auxiliar"," 88239 ","SINAPI","AJUDANTE DE CARPINTEIRO COM ENCARGOS COMPLEMENTARES","SEDI - SERVIÇOS DIVERSOS",null,"H",0.126,20.88,2.63]
["Composição Auxiliar"," 88262 ","SINAPI","CARPINTEIRO DE FORMAS COM ENCARGOS COMPLEMENTARES","SEDI - SERVIÇOS DIVERSOS",null,"H",0.68700000000000006,24.94,17.13]
["Composição Auxiliar"," 92267 ","SINAPI","FABRICAÇÃO DE FÔRMA PARA LAJES, EM CHAPA DE MADEIRA COMPENSADA RESINADA, E = 17 MM. AF_09/2020","FUES - FUNDAÇÕES E ESTRUTURAS",null,"m²",0.57699999999999996,66.540000000000006,38.39]
["Insumo"," 00010749 ","SINAPI","LOCACAO DE ESCORA METALICA TELESCOPICA, COM ALTURA REGULAVEL DE *1,80* A *3,20* M, COM CAPACIDADE DE CARGA DE NO MINIMO 1000 KGF (10 KN), INCLUSO TRIPE E FORCADO","Equipamento",null,"M/MES",0.39700000000000002,23.34,9.26]
["Insumo"," 00002692 ","SINAPI","DESMOLDANTE PROTETOR PARA FORMAS DE MADEIRA, DE BASE OLEOSA EMULSIONADA EM AGUA","Material",null,"L",0.01,9.15,0.09]
["Insumo"," 00040270 ","SINAPI","VIGA DE ESCORAMENTO H20, DE MADEIRA, PESO DE 5,00 A 5,20 KG/M, COM EXTREMIDADES PLASTICAS","Material",null,"M",3.7999999999999999E-2,121.53,4.6100000000000003]
[{"$nulls":4},"MO sem LS =>",16.82,"LS =>",0,"MO com LS =>",16.82]
[{"$nulls":4},"Valor do BDI =>",15.79,null,"Valor com BDI =>",null,87.9]
[{"$nulls":6},"Quant. =>","33,70","Preço Total =>",2962.23]
[]
[" 7.5.3 ","Código","Banco","Descrição","Tipo",null,"Und","Quant.","Valor Unit","Total"]
["Composição"," 92760 ","SINAPI","ARMAÇÃO DE PILAR OU VIGA DE ESTRUTURA CONVENCIONAL DE CONCRETO ARMADO UTILIZANDO AÇO CA-50 DE 6,3 MM - MONTAGEM. AF_06/2022","FUES - FUNDAÇÕES E ESTRUTURAS",null,"KG",1,15.31,15.31]
["Composição Auxiliar"," 92801 ","SINAPI","CORTE E DOBRA DE AÇO CA-50, DIÂMETRO DE 6,3 MM. AF_06/2022","FUES - FUNDAÇÕES E ESTRUTURAS",null,"KG",1,12.2,12.2]
["Composição Auxiliar"," 88238 ","SINAPI","AJUDANTE DE ARMADOR COM ENCARGOS COMPLEMENTARES","SEDI - SERVIÇOS DIVERSOS",null,"H",1.29E-2,20.96,0.27]
["Composição Auxiliar"," 88245 ","SINAPI","ARMADOR COM ENCARGOS COMPLEMENTARES","SEDI - SERVIÇOS DIVERSOS",null,"H",7.9000000000000001E-2,25.08,1.98]
["Insumo"," 00039017 ","SINAPI","ESPACADOR / DISTANCIADOR CIRCULAR COM ENTRADA LATERAL, EM PLASTICO, PARA VERGALHAO *4,2 A 12,5* MM, COBRIMENTO 20 MM","Material",null,"UN",0.97,0.22,0.21]
["Insumo"," 00043132 ","SINAPI","ARAME RECOZIDO 16 BWG, D = 1,65 MM (0,016 KG/M) OU 18 BWG, D = 1,25 MM (0,01 KG/M)","Material",null,"KG",2.5000000000000001E-2,26,0.65]
[{"$nulls":4},"MO sem LS =>",2.5499999999999998,"LS =>",0,"MO com LS =>",2.5499999999999998]
[{"$nulls":4},"Valor do BDI =>",3.35,null,"Valor com BDI =>",null,18.66]
[{"$nulls":6},"Quant. =>","84,20","Preço Total =>",1571.17]
[]
[" 7.5.4 ","Código","Banco","Descrição","Tipo",null,"Und","Quant.","Valor Unit","Total"]
["Composição"," 92761 ","SINAPI","ARMAÇÃO DE PILAR OU VIGA DE ESTRUTURA CONVENCIONAL DE CONCRETO ARMADO UTILIZANDO AÇO CA-50 DE 8,0 MM - MONTAGEM. AF_06/2022","FUES - FUNDAÇÕES E ESTRUTURAS",null,"KG",1,14.68,14.68]
["Composição Auxiliar"," 88245 ","SINAPI","ARMADOR COM ENCARGOS COMPLEMENTARES","SEDI - SERVIÇOS DIVERSOS",null,"H",5.6099999999999997E-2,25.08,1.4]
["Composição Auxiliar"," 88238 ","SINAPI","AJUDANTE DE ARMADOR COM ENCARGOS COMPLEMENTARES","SEDI - SERVIÇOS DIVERSOS",null,"H",9.1999999999999998E-3,20.96,0.19]
["Composição Auxiliar"," 92802 ","SINAPI","CORTE E DOBRA DE AÇO CA-50, DIÂMETRO DE 8,0 MM. AF_06/2022","FUES - FUNDAÇÕES E ESTRUTURAS",null,"KG",1,12.28,12.28]
["Insumo"," 00043132 ","SINAPI","ARAME RECOZIDO 16 BWG, D = 1,65 MM (0,016 KG/M) OU 18 BWG, D = 1,25 MM (0,01 KG/M)","Material",null,"KG",2.5000000000000001E-2,26,0.65]
["Insumo"," 00039017 ","SINAPI","ESPACADOR / DISTANCIADOR CIRCULAR COM ENTRADA LATERAL, EM PLASTICO, PARA VERGALHAO *4,2 A 12,5* MM, COBRIMENTO 20 MM","Material",null,"UN",0.74299999999999999,0.22,0.16]
[{"$nulls":4},"MO sem LS =>",1.67,"LS =>",0,"MO com LS =>",1.67]
[{"$nulls":4},"Valor do BDI =>",3.21,null,"Valor com BDI =>",null,17.89]
[{"$nulls":6},"Quant. =>","22,90","Preço Total =>",409.68]
[]
[" 7.5.5 ","Código","Banco","Descrição","Tipo",null,"Und","Quant.","Valor Unit","Total"]
["Composição"," 92762 ","SINAPI","ARMAÇÃO DE PILAR OU VIGA DE ESTRUTURA CONVENCIONAL DE CONCRETO ARMADO UTILIZANDO AÇO CA-50 DE 10,0 MM - MONTAGEM. AF_06/2022","FUES - FUNDAÇÕES E ESTRUTURAS",null,"KG",1,13.25,13.25]
["Composição Auxiliar"," 92803 ","SINAPI","CORTE E DOBRA DE AÇO CA-50, DIÂMETRO DE 10,0 MM. AF_06/2022","FUES - FUNDAÇÕES E ESTRUTURAS",null,"KG",1,11.38,11.38]
["Composição Auxiliar"," 88238 ","SINAPI","AJUDANTE DE ARMADOR COM ENCARGOS COMPLEMENTARES","SEDI - SERVIÇOS DIVERSOS",null,"H",6.4000000000000003E-3,20.96,0.13]
["Composição Auxiliar"," 88245 ","SINAPI","ARMADOR COM ENCARGOS COMPLEMENTARES","SEDI - SERVIÇOS DIVERSOS",null,"H",3.9199999999999999E-2,25.08,0.98]
["Insumo"," 00039017 ","SINAPI","ESPACADOR / DISTANCIADOR CIRCULAR COM ENTRADA LATERAL, EM PLASTICO, PARA VERGALHAO *4,2 A 12,5* MM, COBRIMENTO 20 MM","Material",null,"UN",0.54300000000000004,0.22,0.11]
["Insumo"," 00043132 ","SINAPI","ARAME RECOZIDO 16 BWG, D = 1,65 MM (0,016 KG/M) OU 18 BWG, D = 1,25 MM (0,01 KG/M)","Material",null,"KG",2.5000000000000001E-2,26,0.65]
[{"$nulls":4},"MO sem LS =>",1.1000000000000001,"LS =>",0,"MO com LS =>",1.1000000000000001]
[{"$nulls":4},"Valor do BDI =>",2.9,null,"Valor com BDI =>",null,16.149999999999999]
[{"$nulls":6},"Quant. =>","192,10","Preço Total =>",3102.41]
[]
[" 7.5.6 ","Código","Banco","Descrição","Tipo",null,"Und","Quant.","Valor Unit","Total"]
["Composição"," 92763 ","SINAPI","ARMAÇÃO DE PILAR OU VIGA DE ESTRUTURA CONVENCIONAL DE CONCRETO ARMADO UTILIZANDO AÇO CA-50 DE 12,5 MM - MONTAGEM. AF_06/2022","FUES - FUNDAÇÕES E ESTRUTURAS",null,"KG",1,11.23,11.23]
["Composição Auxiliar"," 88245 ","SINAPI","ARMADOR COM ENCARGOS COMPLEMENTARES","SEDI - SERVIÇOS DIVERSOS",null,"H",2.5700000000000001E-2,25.08,0.64]
["Composição Auxiliar"," 88238 ","SINAPI","AJUDANTE DE ARMADOR COM ENCARGOS COMPLEMENTARES","SEDI - SERVIÇOS DIVERSOS",null,"H",4.1999999999999997E-3,20.96,0.08]
["Composição Auxiliar"," 92804 ","SINAPI","CORTE E DOBRA DE AÇO CA-50, DIÂMETRO DE 12,5 MM. AF_06/2022","FUES - FUNDAÇÕES E ESTRUTURAS",null,"KG",1,9.7799999999999994,9.7799999999999994]
["Insumo"," 00043132 ","SINAPI","ARAME RECOZIDO 16 BWG, D = 1,65 MM (0,016 KG/M) OU 18 BWG, D = 1,25 MM (0,01 KG/M)","Material",null,"KG",2.5000000000000001E-2,26,0.65]
["Insumo"," 00039017 ","SINAPI","ESPACADOR / DISTANCIADOR CIRCULAR COM ENTRADA LATERAL, EM PLASTICO, PARA VERGALHAO *4,2 A 12,5* MM, COBRIMENTO 20 MM","Material",null,"UN",0.36699999999999999,0.22,0.08]
[{"$nulls":4},"MO sem LS =>",0.69,"LS =>",0,"MO com LS =>",0.69]
[{"$nulls":4},"Valor do BDI =>",2.4500000000000002,null,"Valor com BDI =>",null,13.68]
[{"$nulls":6},"Quant. =>","71,50","Preço Total =>",978.12]
[]
[" 7.5.7 ","Código","Banco","Descrição","Tipo",null,"Und","Quant.","Valor Unit","Total"]
["Composição"," 92759 ","SINAPI","ARMAÇÃO DE PILAR OU VIGA DE ESTRUTURA CONVENCIONAL DE CONCRETO ARMADO UTILIZANDO AÇO CA-60 DE 5,0 MM - MONTAGEM. AF_06/2022","FUES - FUNDAÇÕES E ESTRUTURAS",null,"KG",1,15.75,15.75]
["Composição Auxiliar"," 88245 ","SINAPI","ARMADOR COM ENCARGOS COMPLEMENTARES","SEDI - SERVIÇOS DIVERSOS",null,"H",0.1069,25.08,2.68]
["Composição Auxiliar"," 88238 ","SINAPI","AJUDANTE DE ARMADOR COM ENCARGOS COMPLEMENTARES","SEDI - SERVIÇOS DIVERSOS",null,"H",1.7500000000000002E-2,20.96,0.36]
["Composição Auxiliar"," 92800 ","SINAPI","CORTE E DOBRA DE AÇO CA-60, DIÂMETRO DE 5,0 MM. AF_06/2022","FUES - FUNDAÇÕES E ESTRUTURAS",null,"KG",1,11.8,11.8]
["Insumo"," 00039017 ","SINAPI","ESPACADOR / DISTANCIADOR CIRCULAR COM ENTRADA LATERAL, EM PLASTICO, PARA VERGALHAO *4,2 A 12,5* MM, COBRIMENTO 20 MM","Material",null,"UN",1.19,0.22,0.26]
["Insumo"," 00043132 ","SINAPI","ARAME RECOZIDO 16 BWG, D = 1,65 MM (0,016 KG/M) OU 18 BWG, D = 1,25 MM (0,01 KG/M)","Material",null,"KG",2.5000000000000001E-2,26,0.65]
[{"$nulls":4},"MO sem LS =>",3.82,"LS =>",0,"MO com LS =>",3.82]
[{"$nulls":4},"Valor do BDI =>",3.44,null,"Valor com BDI =>",null,19.190000000000001]
[{"$nulls":6},"Quant. =>","66,70","Preço Total =>",1279.97]
[]
[" 7.5.8 ","Código","Banco","Descrição","Tipo",null,"Und","Quant.","Valor Unit","Total"]
["Composição"," 103672 ","SINAPI","CONCRETAGEM DE PILARES, FCK = 30 MPA, COM USO DE BOMBA - LANÇAMENTO, ADENSAMENTO E ACABAMENTO (ADAPTADO). AF_02/2022_PS","FUES - FUNDAÇÕES E ESTRUTURAS",null,"m³",1,1107.04,1107.04]
["Composição Auxiliar"," 88309 ","SINAPI","PEDREIRO COM ENCARGOS COMPLEMENTARES","SEDI - SERVIÇOS DIVERSOS",null,"H",0.224,25.3,5.66]
["Composição Auxiliar"," 90586 ","SINAPI","VIBRADOR DE IMERSÃO, DIÂMETRO DE PONTEIRA 45MM, MOTOR ELÉTRICO TRIFÁSICO POTÊNCIA DE 2 CV - CHP DIURNO. AF_06/2015","CHOR - CUSTOS HORÁRIOS DE MÁQUINAS E EQUIPAMENTOS",null,"CHP",9.4E-2,1.33,0.12]
["Composição Auxiliar"," 88262 ","SINAPI","CARPINTEIRO DE FORMAS COM ENCARGOS COMPLEMENTARES","SEDI - SERVIÇOS DIVERSOS",null,"H",0.224,24.94,5.58]
["Composição Auxiliar"," 90587 ","SINAPI","VIBRADOR DE IMERSÃO, DIÂMETRO DE PONTEIRA 45MM, MOTOR ELÉTRICO TRIFÁSICO POTÊNCIA DE 2 CV - CHI DIURNO. AF_06/2015","CHOR - CUSTOS HORÁRIOS DE MÁQUINAS E EQUIPAMENTOS",null,"CHI",0.13,0.53,0.06]
["Composição Auxiliar"," 88316 ","SINAPI","SERVENTE COM ENCARGOS COMPLEMENTARES","SEDI - SERVIÇOS DIVERSOS",null,"H",1.345,18.98,25.52]
["Insumo"," 00001525 ","SINAPI","CONCRETO USINADO BOMBEAVEL, CLASSE DE RESISTENCIA C30, BRITA 0 E 1, SLUMP = 100 +/- 20 MM, COM BOMBEAMENTO (DISPONIBILIZACAO DE BOMBA), SEM O LANCAMENTO (NBR 8953)","Material",null,"M³",1.103,970.18,1070.0999999999999]
[{"$nulls":4},"MO sem LS =>",29,"LS =>",0,"MO com LS =>",29]
[{"$nulls":4},"Valor do BDI =>",242.44,null,"Valor com BDI =>",null,1349.48]
[{"$nulls":6},"Quant. =>","4,20","Preço Total =>",5667.81]
[]
[" 7.5.9 ","Código","Banco","Descrição","Tipo",null,"Und","Quant.","Valor Unit","Total"]
["Composição"," 93382 ","SINAPI","REATERRO MANUAL DE VALAS, COM COMPACTADOR DE SOLOS DE PERCUSSÃO. AF_08/2023","MOVT - MOVIMENTO DE TERRA",null,"m³",1,24.94,24.94]
["Composição Auxiliar"," 5903 ","SINAPI","CAMINHÃO PIPA 10.000 L TRUCADO, PESO BRUTO TOTAL 23.000 KG, CARGA ÚTIL MÁXIMA 15.935 KG, DISTÂNCIA ENTRE EIXOS 4,8 M, POTÊNCIA 230 CV, INCLUSIVE TANQUE DE AÇO PARA TRANSPORTE DE ÁGUA - CHI DIURNO. AF_06/2014","CHOR - CUSTOS HORÁRIOS DE MÁQUINAS E EQUIPAMENTOS",null,"CHI",5.9999999999999995E-4,68.63,0.04]
["Composição Auxiliar"," 88316 ","SINAPI","SERVENTE COM ENCARGOS COMPLEMENTARES","SEDI - SERVIÇOS DIVERSOS",null,"H",0.78659999999999997,18.98,14.92]
["Composição Auxiliar"," 91533 ","SINAPI","COMPACTADOR DE SOLOS DE PERCUSSÃO (SOQUETE) COM MOTOR A GASOLINA 4 TEMPOS, POTÊNCIA 4 CV - CHP DIURNO. AF_08/2015","CHOR - CUSTOS HORÁRIOS DE MÁQUINAS E EQUIPAMENTOS",null,"CHP",0.19620000000000001,41.85,8.2100000000000009]
["Composição Auxiliar"," 5901 ","SINAPI","CAMINHÃO PIPA 10.000 L TRUCADO, PESO BRUTO TOTAL 23.000 KG, CARGA ÚTIL MÁXIMA 15.935 KG, DISTÂNCIA ENTRE EIXOS 4,8 M, POTÊNCIA 230 CV, INCLUSIVE TANQUE DE AÇO PARA TRANSPORTE DE ÁGUA - CHP DIURNO. AF_06/2014","CHOR - CUSTOS HORÁRIOS DE MÁQUINAS E EQUIPAMENTOS",null,"CHP",5.4000000000000003E-3,328.96,1.77]
[{"$nulls":4},"MO sem LS =>",17.62,"LS =>",0,"MO com LS =>",17.62]
[{"$nulls":4},"Valor do BDI =>",5.46,null,"Valor com BDI =>",null,30.4]
[{"$nulls":6},"Quant. =>","6,64","Preço Total =>",201.85]
[]
[" 7.5.10 ","Código","Banco","Descrição","Tipo",null,"Und","Quant.","Valor Unit","Total"]
["Composição"," 100973 ","SINAPI","CARGA, MANOBRA E DESCARGA DE SOLOS E MATERIAIS GRANULARES EM CAMINHÃO BASCULANTE 6 M³ - CARGA COM PÁ CARREGADEIRA (CAÇAMBA DE 1,7 A 2,8 M³ / 128 HP) E DESCARGA LIVRE (UNIDADE: M3). AF_07/2020","TRAN - TRANSPORTES, CARGAS E DESCARGAS",null,"m³",1,8.75,8.75]
["Composição Auxiliar"," 5940 ","SINAPI","PÁ CARREGADEIRA SOBRE RODAS, POTÊNCIA LÍQUIDA 128 HP, CAPACIDADE DA CAÇAMBA 1,7 A 2,8 M3, PESO OPERACIONAL 11632 KG - CHP DIURNO. AF_06/2014","CHOR - CUSTOS HORÁRIOS DE MÁQUINAS E EQUIPAMENTOS",null,"CHP",8.3000000000000001E-3,177.95,1.47]
["Composição Auxiliar"," 5942 ","SINAPI","PÁ CARREGADEIRA SOBRE RODAS, POTÊNCIA LÍQUIDA 128 HP, CAPACIDADE DA CAÇAMBA 1,7 A 2,8 M3, PESO OPERACIONAL 11632 KG - CHI DIURNO. AF_06/2014","CHOR - CUSTOS HORÁRIOS DE MÁQUINAS E EQUIPAMENTOS",null,"CHI",1.5100000000000001E-2,67.12,1.01]
["Composição Auxiliar"," 67826 ","SINAPI","CAMINHÃO BASCULANTE 6 M3 TOCO, PESO BRUTO TOTAL 16.000 KG, CARGA ÚTIL MÁXIMA 11.130 KG, DISTÂNCIA ENTRE EIXOS 5,36 M, POTÊNCIA 185 CV, INCLUSIVE CAÇAMBA METÁLICA - CHP DIURNO. AF_06/2014","CHOR - CUSTOS HORÁRIOS DE MÁQUINAS E EQUIPAMENTOS",null,"CHP",2.6700000000000002E-2,189.55,5.0599999999999996]
["Composição Auxiliar"," 67827 ","SINAPI","CAMINHÃO BASCULANTE 6 M3 TOCO, PESO BRUTO TOTAL 16.000 KG, CARGA ÚTIL MÁXIMA 11.130 KG, DISTÂNCIA ENTRE EIXOS 5,36 M, POTÊNCIA 185 CV, INCLUSIVE CAÇAMBA METÁLICA - CHI DIURNO. AF_06/2014","CHOR - CUSTOS HORÁRIOS DE MÁQUINAS E EQUIPAMENTOS",null,"CHI",2.0299999999999999E-2,59.84,1.21]
[{"$nulls":4},"MO sem LS =>",1.46,"LS =>",0,"MO com LS =>",1.46]
[{"$nulls":4},"Valor do BDI =>",1.91,null,"Valor com BDI =>",null,10.66]
[{"$nulls":6},"Quant. =>","12,82","Preço Total =>",136.66]
[]
[" 7.5.11 ","Código","Banco","Descrição","Tipo",null,"Und","Quant.","Valor Unit","Total"]
["Composição"," 97912 ","SINAPI","TRANSPORTE COM CAMINHÃO BASCULANTE DE 6 M³, EM VIA URBANA EM LEITO NATURAL (UNIDADE: M3XKM). AF_07/2020","MOVT - MOVIMENTO DE TERRA",null,"M3XKM",1,3.75,3.75]
["Composição Auxiliar"," 67826 ","SINAPI","CAMINHÃO BASCULANTE 6 M3 TOCO, PESO BRUTO TOTAL 16.000 KG, CARGA ÚTIL MÁXIMA 11.130 KG, DISTÂNCIA ENTRE EIXOS 5,36 M, POTÊNCIA 185 CV, INCLUSIVE CAÇAMBA METÁLICA - CHP DIURNO. AF_06/2014","CHOR - CUSTOS HORÁRIOS DE MÁQUINAS E EQUIPAMENTOS",null,"CHP",1.7500000000000002E-2,189.55,3.31]
["Composição Auxiliar"," 67827 ","SINAPI","CAMINHÃO BASCULANTE 6 M3 TOCO, PESO BRUTO TOTAL 16.000 KG, CARGA ÚTIL MÁXIMA 11.130 KG, DISTÂNCIA ENTRE EIXOS 5,36 M, POTÊNCIA 185 CV, INCLUSIVE CAÇAMBA METÁLICA - CHI DIURNO. AF_06/2014","CHOR - CUSTOS HORÁRIOS DE MÁQUINAS E EQUIPAMENTOS",null,"CHI",7.4999999999999997E-3,59.84,0.44]
[{"$nulls":4},"MO sem LS =>",0.52,"LS =>",0,"MO com LS =>",0.52]
[{"$nulls":4},"Valor do BDI =>",0.82,null,"Valor com BDI =>",null,4.57]
[{"$nulls":6},"Quant. =>","12,82","Preço Total =>",58.58]
[]
[" 7.5.12 ","Código","Banco","Descrição","Tipo",null,"Und","Quant.","Valor Unit","Total"]
["Composição"," 98556 ","SINAPI","IMPERMEABILIZAÇÃO DE SUPERFÍCIE COM ARGAMASSA POLIMÉRICA / MEMBRANA ACRÍLICA, 4 DEMÃOS, REFORÇADA COM VÉU DE POLIÉSTER (MAV). AF_09/2023","IMPE - IMPERMEABILIZAÇÕES E PROTEÇÕES DIVERSAS",null,"m²",1,65.790000000000006,65.790000000000006]
["Composição Auxiliar"," 88243 ","SINAPI","AJUDANTE ESPECIALIZADO COM ENCARGOS COMPLEMENTARES","SEDI - SERVIÇOS DIVERSOS",null,"H",0.2228,19.84,4.42]
["Composição Auxiliar"," 88270 ","SINAPI","IMPERMEABILIZADOR COM ENCARGOS COMPLEMENTARES","SEDI - SERVIÇOS DIVERSOS",null,"H",0.98809999999999998,25.54,25.23]
["Insumo"," 00004030 ","SINAPI","VEU DE POLIESTER PARA IMPERMEABILIZACAO","Material",null,"M²",1.3512999999999999,11.86,16.02]
["Insumo"," 00000135 ","SINAPI","ARGAMASSA POLIMERICA IMPERMEABILIZANTE SEMIFLEXIVEL, BICOMPONENTE, A BASE DE CIMENTO E ADITIVOS","Material",null,"KG",4.6154000000000002,4.3600000000000003,20.12]
[{"$nulls":4},"MO sem LS =>",24.29,"LS =>",0,"MO com LS =>",24.29]
[{"$nulls":4},"Valor do BDI =>",14.4,null,"Valor com BDI =>",null,80.19]
[{"$nulls":6},"Quant. =>","11,20","Preço Total =>",898.12]
[]
[" 8 ",null,null,"VENTILAÇÃO MECÂNICA E EXAUSTORES",{"$nulls":5},31306.26]
[" 8.1 ","Código","Banco","Descrição","Tipo",null,"Und","Quant.","Valor Unit","Total"]
["Composição"," 11148 ","ORSE","Exaustor para banheiro, bivolt, ref.: C 80 A, da Ventokit ou similar - fornecimento e instalação","Aparelhos, Utensílios e Equipamentos Elétricos",null,"un",1,273.77,273.77]
[null,"Código","Banco","Descrição","Tipo",null,"Und","Quant.","Valor Unit","Total"]
["Insumo","00002436/SINAPI","ORSE","Eletricista (horista)","Mão de Obra",null,"h",1,"19,13","19,12"]
["Insumo","00006111/SINAPI","ORSE","Servente de obras (horista)","Mão de Obra",null,"h",1,"13,65","13,64"]
["Insumo",11981,"ORSE","Exaustor para banheiro, bivolt, ref.: C 80 A, da Ventokit ou similar","Material",null,"un",1,"233,47","233,47"]
["Composição",10549,"ORSE","Encargos Complementares - Servente","Provisórios",null,"h",1,"3,80","3,80"]
["Composição",10552,"ORSE","Encargos Complementares - Eletricista","Provisórios",null,"h",1,"3,66","3,66"]
["Detalhamento de Cálculo ORSE"]
[null,"Código","Banco","Descrição","Tipo",null,"Und","Quant.","Valor Unit","Total"]
["Insumo",4728,"ORSE","Talhadeira chata 10\"","Material",null,"un",2.9999999999999997E-4,"18,58","0,00"]
["Insumo",10362,"ORSE","Seguro de vida e acidente em grupo","Serviços",null,"un",8.9999999999999993E-3,"12,54","0,11"]
["Insumo",10788,"ORSE","Pá quadrada","Material",null,"un",2.0000000000000001E-4,"36,90","0,00"]
["Insumo","00002436/SINAPI","ORSE","Eletricista (horista)","Mão de Obra",null,"h",1,"19,13","19,12"]
["Insumo","00006111/SINAPI","ORSE","Servente de obras (horista)","Mão de Obra",null,"h",1,"13,65","13,64"]
["Insumo",11981,"ORSE","Exaustor para banheiro, bivolt, ref.: C 80 A, da Ventokit ou similar","Material",null,"un",1,"233,47","233,47"]
["Insumo",11240,"ORSE","Alicate com isolamento","Material",null,"un",2.0000000000000001E-4,"47,69","0,00"]
["Insumo",158,"ORSE","Almoço (Participação do empregador)","Material",null,"un",0.2036,"14,00","2,85"]
["Insumo",10599,"ORSE","Protetor solar fps 30 com 120ml","Material",null,"un",3.5999999999999999E-3,"18,00","0,06"]
["Insumo",11242,"ORSE","Chave inglesa 12\"","Material",null,"un",1E-4,"34,00","0,00"]
["Insumo",10492,"ORSE","Cesta Básica","Material",null,"un",8.9999999999999993E-3,"190,00","1,71"]
["Insumo","00012895/SINAPI","ORSE","Capacete de seguranca aba frontal com suspensao de polietileno, sem jugular (classe b)","Material",null,"un",1.1999999999999999E-3,"13,90","0,01"]
["Insumo","00012892/SINAPI","ORSE","Luva raspa de couro, cano curto (punho *7* cm)","Material",null,"par",4.5999999999999999E-3,"12,51","0,05"]
["Insumo",941,"ORSE","Fardamento com mangas curta","Material",null,"un",3.0000000000000001E-3,"193,41","0,58"]
["Insumo",4729,"ORSE","Marreta 1 kg com cabo","Material",null,"un",1E-4,"37,80","0,00"]
["Insumo",1651,"ORSE","Óculos branco proteção","Material",null,"pr",1.6000000000000001E-3,"6,70","0,01"]
["Insumo",2378,"ORSE","Vale transporte","Material",null,"un",0.1595,"4,50","0,71"]
["Insumo",10517,"ORSE","Exames admissionais/demissionais (checkup)","Serviços",null,"cj",8.0000000000000004E-4,"300,00","0,24"]
["Insumo","00002711/SINAPI","ORSE","Carrinho de mao de aco capacidade 50 a 60 l, pneu com camara","Material",null,"un",2.0000000000000001E-4,"166,00","0,03"]
["Insumo","00012894/SINAPI","ORSE","Capa para chuva em pvc com forro de poliester, com capuz (amarela ou azul)","Material",null,"un",4.0000000000000002E-4,"18,07","0,00"]
["Insumo",11241,"ORSE","Alicate volt-amperimetro","Material",null,"un",2.0000000000000001E-4,"163,00","0,03"]
["Insumo",10579,"ORSE","Chave de fenda chata 30 cm","Material",null,"un",2.0000000000000001E-4,"26,89","0,00"]
["Insumo","00012893/SINAPI","ORSE","Bota de seguranca com biqueira de aco e colarinho acolchoado","Material",null,"par",1.5E-3,"66,72","0,10"]
["Insumo",10596,"ORSE","Protetor auricular","Material",null,"un",8.9999999999999993E-3,"4,90","0,04"]
["Insumo",10761,"ORSE","Refeição - café da manhã ( café com leite e dois pães com manteiga)","Serviços",null,"un",0.2036,"5,00","1,01"]
[{"$nulls":4},"MO sem LS =>",32.76,"LS =>",0,"MO com LS =>",32.76]
[{"$nulls":4},"Valor do BDI =>",59.95,null,"Valor com BDI =>",null,333.72]
[{"$nulls":6},"Quant. =>","12,00","Preço Total =>",4004.64]
[]
[" 8.2 ","Código","Banco","Descrição","Tipo",null,"Und","Quant.","Valor Unit","Total"]
["Composição"," 7150 ","ORSE","Duto corrugado flexível em PEAD Ø = 4\", tipo Kanalex ou similar, lançado diretamente no solo, exclusive escavação e reaterro","Serviços Preliminares para Execução de Redes de Energia Elétrica e de Iluminação Pública",null,"m",1,21.17,21.17]
[null,"Código","Banco","Descrição","Tipo",null,"Und","Quant.","Valor Unit","Total"]
["Insumo",3454,"ORSE","Eletroduto corrugado flexível em PEAD Ø = 4\", tipo Kanalex ou similar","Material",null,"m",1.0149999999999999,"13,16","13,35"]
["Composição",10549,"ORSE","Encargos Complementares - Servente","Provisórios",null,"h",0.45,"3,80","1,71"]
["Insumo","00006111/SINAPI","ORSE","Servente de obras (horista)","Mão de Obra",null,"h",0.45,"13,65","6,14"]
["Detalhamento de Cálculo ORSE"]
[null,"Código","Banco","Descrição","Tipo",null,"Und","Quant.","Valor Unit","Total"]
["Insumo",4729,"ORSE","Marreta 1 kg com cabo","Material",null,"un",4.5000000000000003E-5,"37,80","0,00"]
["Insumo","00012892/SINAPI","ORSE","Luva raspa de couro, cano curto (punho *7* cm)","Material",null,"par",1.0349999999999999E-3,"12,51","0,01"]
["Insumo",4728,"ORSE","Talhadeira chata 10\"","Material",null,"un",1.35E-4,"18,58","0,00"]
["Insumo",10517,"ORSE","Exames admissionais/demissionais (checkup)","Serviços",null,"cj",1.8000000000000001E-4,"300,00","0,05"]
["Insumo","00012895/SINAPI","ORSE","Capacete de seguranca aba frontal com suspensao de polietileno, sem jugular (classe b)","Material",null,"un",2.7E-4,"13,90","0,00"]
["Insumo",941,"ORSE","Fardamento com mangas curta","Material",null,"un",6.7500000000000004E-4,"193,41","0,13"]
["Insumo",158,"ORSE","Almoço (Participação do empregador)","Material",null,"un",4.5809999999999997E-2,"14,00","0,64"]
["Insumo","00002711/SINAPI","ORSE","Carrinho de mao de aco capacidade 50 a 60 l, pneu com camara","Material",null,"un",9.0000000000000006E-5,"166,00","0,01"]
["Insumo",10492,"ORSE","Cesta Básica","Material",null,"un",2.0249999999999999E-3,"190,00","0,38"]
["Insumo",10788,"ORSE","Pá quadrada","Material",null,"un",9.0000000000000006E-5,"36,90","0,00"]
["Insumo","00012893/SINAPI","ORSE","Bota de seguranca com biqueira de aco e colarinho acolchoado","Material",null,"par",3.6000000000000002E-4,"66,72","0,02"]
["Insumo",2378,"ORSE","Vale transporte","Material",null,"un",4.2345000000000001E-2,"4,50","0,19"]
["Insumo",10596,"ORSE","Protetor auricular","Material",null,"un",2.0249999999999999E-3,"4,90","0,00"]
["Insumo","00012894/SINAPI","ORSE","Capa para chuva em pvc com forro de poliester, com capuz (amarela ou azul)","Material",null,"un",9.0000000000000006E-5,"18,07","0,00"]
["Insumo",3454,"ORSE","Eletroduto corrugado flexível em PEAD Ø = 4\", tipo Kanalex ou similar","Material",null,"m",1.0149999999999999,"13,16","13,35"]
["Insumo",10362,"ORSE","Seguro de vida e acidente em grupo","Serviços",null,"un",2.0249999999999999E-3,"12,54","0,02"]
["Insumo",1651,"ORSE","Óculos branco proteção","Material",null,"pr",3.6000000000000002E-4,"6,70","0,00"]
["Insumo","00006111/SINAPI","ORSE","Servente de obras (horista)","Mão de Obra",null,"h",0.45,"13,65","6,14"]
["Insumo",10599,"ORSE","Protetor solar fps 30 com 120ml","Material",null,"un",8.0999999999999996E-4,"18,00","0,01"]
["Insumo",10761,"ORSE","Refeição - café da manhã ( café com leite e dois pães com manteiga)","Serviços",null,"un",4.5809999999999997E-2,"5,00","0,22"]
[{"$nulls":4},"MO sem LS =>",6.14,"LS =>",0,"MO com LS =>",6.14]
[{"$nulls":4},"Valor do BDI =>",4.63,null,"Valor com BDI =>",null,25.8]
[{"$nulls":6},"Quant. =>","80,00","Preço Total =>",2064]
[]
[" 8.3 ","Código","Banco","Descrição","Tipo",null,"Und","Quant.","Valor Unit","Total"]
["Composição"," 10180 ","ORSE","Duto em chapa galvanizada nº18 com diam=300mm, para sistema exaustão (obra: Mercado de Lagarto)","Diversos",null,"m",1,325.27,325.27]
[null,"Código","Banco","Descrição","Tipo",null,"Und","Quant.","Valor Unit","Total"]
["Composição",10605,"ORSE","Encargos Complementares - Montador","Provisórios",null,"h",1,"4,33","4,33"]
["Composição",10549,"ORSE","Encargos Complementares - Servente","Provisórios",null,"h",1.5,"3,80","5,70"]
["Insumo","00006111/SINAPI","ORSE","Servente de obras (horista)","Mão de Obra",null,"h",1.5,"13,65","20,46"]
["Insumo",10925,"ORSE","Duto em chapa galvanizada nº 18 com diam=300mm, p/sistema exaustão","Material",null,"m",1,"260,73","260,73"]
["Insumo","00002437/SINAPI","ORSE","Montador de maquinas (horista)","Mão de Obra",null,"h",1,"33,94","33,94"]
["Detalhamento de Cálculo ORSE"]
[null,"Código","Banco","Descrição","Tipo",null,"Und","Quant.","Valor Unit","Total"]
["Insumo",11282,"ORSE","Esmerilhadeira angular elétrico portátil 4 1/2\" - 1000 watts  - ref. G1000kB2Black e Decker","Material",null,"un",2.0000000000000001E-4,"362,00","0,07"]
["Insumo",11274,"ORSE","Grampo de de aperto rápido 16\" Ref. 60987 Beltools","Material",null,"un",2.9999999999999997E-4,"18,39","0,00"]
["Insumo",10517,"ORSE","Exames admissionais/demissionais (checkup)","Serviços",null,"cj",1E-3,"300,00","0,30"]
["Insumo",10599,"ORSE","Protetor solar fps 30 com 120ml","Material",null,"un",4.4999999999999997E-3,"18,00","0,08"]
["Insumo",11284,"ORSE","Cavalete de ferro nº 1","Material",null,"un",2.0000000000000001E-4,"118,17","0,02"]
["Insumo",11276,"ORSE","Alicate de pressão para solda tipo U, para apertar chapas, tiras e qualquer tipo de perfil. Niquelado, mordentes reforçados em aço laminadao. Corpo em chapa dobrada  extra-reforçada e rebites de aço, 11\" (280mm). Ref. 138 Gedore.","Material",null,"un",2.0000000000000001E-4,"58,84","0,01"]
["Insumo",11286,"ORSE","Macariço de solda Ref. CG201 código 010414410 carbografite","Material",null,"un",2.9999999999999997E-4,"390,26","0,11"]
["Insumo",10925,"ORSE","Duto em chapa galvanizada nº 18 com diam=300mm, p/sistema exaustão","Material",null,"m",1,"260,73","260,73"]
["Insumo",11273,"ORSE","Esquadro de alumínio para soldagem de peças, com duas morsas, 35 x 35 x 4,5cm, marca Black Jack","Material",null,"un",2.0000000000000001E-4,"214,30","0,04"]
["Insumo",11278,"ORSE","Alicate diagonal para corte rente 5\" a 8\"","Material",null,"un",2.0000000000000001E-4,"32,39","0,00"]
["Insumo","00012893/SINAPI","ORSE","Bota de seguranca com biqueira de aco e colarinho acolchoado","Material",null,"par",2E-3,"66,72","0,13"]
["Insumo","00012895/SINAPI","ORSE","Capacete de seguranca aba frontal com suspensao de polietileno, sem jugular (classe b)","Material",null,"un",1.5E-3,"13,90","0,02"]
["Insumo","00006111/SINAPI","ORSE","Servente de obras (horista)","Mão de Obra",null,"h",1.5,"13,65","20,46"]
["Insumo",11281,"ORSE","Bolsa de lona para ferramentas 40 x 30 x 20cm","Material",null,"un",8.0000000000000004E-4,"357,49","0,28"]
["Insumo","00012894/SINAPI","ORSE","Capa para chuva em pvc com forro de poliester, com capuz (amarela ou azul)","Material",null,"un",5.0000000000000001E-4,"18,07","0,00"]
["Insumo",10362,"ORSE","Seguro de vida e acidente em grupo","Serviços",null,"un",1.125E-2,"12,54","0,14"]
["Insumo",1651,"ORSE","Óculos branco proteção","Material",null,"pr",2E-3,"6,70","0,01"]
["Insumo",2378,"ORSE","Vale transporte","Material",null,"un",0.20655000000000001,"4,50","0,92"]
["Insumo",10761,"ORSE","Refeição - café da manhã ( café com leite e dois pães com manteiga)","Serviços",null,"un",0.2545,"5,00","1,27"]
["Insumo",11285,"ORSE","Fonte inversora de solda WMI 140ED 220V - BAMBOZZI - WMI- 140ED","Material",null,"un",1E-4,"889,90","0,08"]
["Insumo",10492,"ORSE","Cesta Básica","Material",null,"un",1.125E-2,"190,00","2,13"]
["Insumo",158,"ORSE","Almoço (Participação do empregador)","Material",null,"un",0.2545,"14,00","3,56"]
["Insumo","00002437/SINAPI","ORSE","Montador de maquinas (horista)","Mão de Obra",null,"h",1,"33,94","33,94"]
["Insumo","00002711/SINAPI","ORSE","Carrinho de mao de aco capacidade 50 a 60 l, pneu com camara","Material",null,"un",2.9999999999999997E-4,"166,00","0,04"]
["Insumo",11283,"ORSE","Selador horizontal para fita de aço 1\"","Material",null,"un",1E-4,"416,77","0,04"]
["Insumo",4728,"ORSE","Talhadeira chata 10\"","Material",null,"un",4.4999999999999999E-4,"18,58","0,00"]
["Insumo",10788,"ORSE","Pá quadrada","Material",null,"un",2.9999999999999997E-4,"36,90","0,01"]
["Insumo",11280,"ORSE","Chave Inglesa 15\" ref. 012418012 carbografite","Material",null,"un",2.0000000000000001E-4,"60,50","0,01"]
["Insumo",941,"ORSE","Fardamento com mangas curta","Material",null,"un",3.7499999999999999E-3,"193,41","0,72"]
["Insumo",11270,"ORSE","Martelo de solda do tipo picareta, cabo de madeira, 300x0,4x0,5mm","Material",null,"un",2.9999999999999997E-4,"24,68","0,00"]
["Insumo",11271,"ORSE","Talhadeira com punho de proteção 22 x225mm ref.207206BR Belzer","Material",null,"un",1E-4,"25,17","0,00"]
["Insumo","00012892/SINAPI","ORSE","Luva raspa de couro, cano curto (punho *7* cm)","Material",null,"par",5.7499999999999999E-3,"12,51","0,07"]
["Insumo",11279,"ORSE","Alicate para anéis de pistão capacidade 50-100mm. ref.44044101 Tramontina ou similar","Material",null,"un",2.0000000000000001E-4,"76,42","0,01"]
["Insumo",4729,"ORSE","Marreta 1 kg com cabo","Material",null,"un",1.4999999999999999E-4,"37,80","0,00"]
["Insumo",10596,"ORSE","Protetor auricular","Material",null,"un",1.125E-2,"4,90","0,05"]
["Insumo",11277,"ORSE","Alicate de pressão para solda de chapa 18\" (460mm), Ref.138 Z Gedore","Material",null,"un",2.0000000000000001E-4,"95,04","0,01"]
["Insumo",11275,"ORSE","Alicate de pressão 11\"","Material",null,"un",2.0000000000000001E-4,"53,47","0,01"]
["Insumo",11272,"ORSE","Alicate Climpador ( cripador )","Material",null,"un",1E-4,"88,38","0,00"]
[{"$nulls":4},"MO sem LS =>",54.4,"LS =>",0,"MO com LS =>",54.4]
[{"$nulls":4},"Valor do BDI =>",71.23,null,"Valor com BDI =>",null,396.5]
[{"$nulls":6},"Quant. =>","46,80","Preço Total =>",18556.2]
[]
[" 8.4 ","Código","Banco","Descrição","Tipo",null,"Und","Quant.","Valor Unit","Total"]
["Composição"," 10183 ","ORSE","Curva 45º em chapa galvanizada nº18, diam=300mm, p/sistema exaustão (obra: Mercado de Lagarto)","Diversos",null,"un",1,282.72000000000003,282.72000000000003]
[null,"Código","Banco","Descrição","Tipo",null,"Und","Quant.","Valor Unit","Total"]
["Composição",10549,"ORSE","Encargos Complementares - Servente","Provisórios",null,"h",1,"3,80","3,80"]
["Composição",10605,"ORSE","Encargos Complementares - Montador","Provisórios",null,"h",0.8,"4,33","3,46"]
["Insumo",10928,"ORSE","Curva 45º em chapa galvanizada nº18, diam=300mm, p/sistema exaustão","Serviços",null,"un",1,"243,90","243,90"]
["Insumo","00002701/SINAPI","ORSE","Instalador de tubulacoes - tubos/equipamentos (horista)","Mão de Obra",null,"h",0.8,"22,40","17,92"]
["Insumo","00006111/SINAPI","ORSE","Servente de obras (horista)","Mão de Obra",null,"h",1,"13,65","13,64"]
["Detalhamento de Cálculo ORSE"]
[null,"Código","Banco","Descrição","Tipo",null,"Und","Quant.","Valor Unit","Total"]
["Insumo",11280,"ORSE","Chave Inglesa 15\" ref. 012418012 carbografite","Material",null,"un",1.6000000000000001E-4,"60,50","0,00"]
["Insumo",11286,"ORSE","Macariço de solda Ref. CG201 código 010414410 carbografite","Material",null,"un",2.4000000000000001E-4,"390,26","0,09"]
["Insumo",4729,"ORSE","Marreta 1 kg com cabo","Material",null,"un",1E-4,"37,80","0,00"]
["Insumo",11279,"ORSE","Alicate para anéis de pistão capacidade 50-100mm. ref.44044101 Tramontina ou similar","Material",null,"un",1.6000000000000001E-4,"76,42","0,01"]
["Insumo",10761,"ORSE","Refeição - café da manhã ( café com leite e dois pães com manteiga)","Serviços",null,"un",0.18323999999999999,"5,00","0,91"]
["Insumo",941,"ORSE","Fardamento com mangas curta","Material",null,"un",2.7000000000000001E-3,"193,41","0,52"]
["Insumo","00002701/SINAPI","ORSE","Instalador de tubulacoes - tubos/equipamentos (horista)","Mão de Obra",null,"h",0.8,"22,40","17,92"]
["Insumo","00012895/SINAPI","ORSE","Capacete de seguranca aba frontal com suspensao de polietileno, sem jugular (classe b)","Material",null,"un",1.08E-3,"13,90","0,01"]
["Insumo",10517,"ORSE","Exames admissionais/demissionais (checkup)","Serviços",null,"cj",7.2000000000000005E-4,"300,00","0,21"]
["Insumo",10596,"ORSE","Protetor auricular","Material",null,"un",8.0999999999999996E-3,"4,90","0,03"]
["Insumo",11284,"ORSE","Cavalete de ferro nº 1","Material",null,"un",1.6000000000000001E-4,"118,17","0,01"]
["Insumo",10362,"ORSE","Seguro de vida e acidente em grupo","Serviços",null,"un",8.0999999999999996E-3,"12,54","0,10"]
["Insumo",11275,"ORSE","Alicate de pressão 11\"","Material",null,"un",1.6000000000000001E-4,"53,47","0,00"]
["Insumo",11274,"ORSE","Grampo de de aperto rápido 16\" Ref. 60987 Beltools","Material",null,"un",2.4000000000000001E-4,"18,39","0,00"]
["Insumo",10492,"ORSE","Cesta Básica","Material",null,"un",8.0999999999999996E-3,"190,00","1,53"]
["Insumo","00012894/SINAPI","ORSE","Capa para chuva em pvc com forro de poliester, com capuz (amarela ou azul)","Material",null,"un",3.6000000000000002E-4,"18,07","0,00"]
["Insumo",11281,"ORSE","Bolsa de lona para ferramentas 40 x 30 x 20cm","Material",null,"un",6.4000000000000005E-4,"357,49","0,22"]
["Insumo",11271,"ORSE","Talhadeira com punho de proteção 22 x225mm ref.207206BR Belzer","Material",null,"un",8.0000000000000007E-5,"25,17","0,00"]
["Insumo",11285,"ORSE","Fonte inversora de solda WMI 140ED 220V - BAMBOZZI - WMI- 140ED","Material",null,"un",8.0000000000000007E-5,"889,90","0,07"]
["Insumo",11270,"ORSE","Martelo de solda do tipo picareta, cabo de madeira, 300x0,4x0,5mm","Material",null,"un",2.4000000000000001E-4,"24,68","0,00"]
["Insumo","00012892/SINAPI","ORSE","Luva raspa de couro, cano curto (punho *7* cm)","Material",null,"par",4.1399999999999996E-3,"12,51","0,05"]
["Insumo",11277,"ORSE","Alicate de pressão para solda de chapa 18\" (460mm), Ref.138 Z Gedore","Material",null,"un",1.6000000000000001E-4,"95,04","0,01"]
["Insumo",10788,"ORSE","Pá quadrada","Material",null,"un",2.0000000000000001E-4,"36,90","0,00"]
["Insumo",11278,"ORSE","Alicate diagonal para corte rente 5\" a 8\"","Material",null,"un",1.6000000000000001E-4,"32,39","0,00"]
["Insumo",10599,"ORSE","Protetor solar fps 30 com 120ml","Material",null,"un",3.2399999999999998E-3,"18,00","0,05"]
["Insumo",1651,"ORSE","Óculos branco proteção","Material",null,"pr",1.4400000000000001E-3,"6,70","0,00"]
["Insumo",4728,"ORSE","Talhadeira chata 10\"","Material",null,"un",2.9999999999999997E-4,"18,58","0,00"]
["Insumo","00002711/SINAPI","ORSE","Carrinho de mao de aco capacidade 50 a 60 l, pneu com camara","Material",null,"un",2.0000000000000001E-4,"166,00","0,03"]
["Insumo",11283,"ORSE","Selador horizontal para fita de aço 1\"","Material",null,"un",8.0000000000000007E-5,"416,77","0,03"]
["Insumo","00006111/SINAPI","ORSE","Servente de obras (horista)","Mão de Obra",null,"h",1,"13,65","13,64"]
["Insumo","00012893/SINAPI","ORSE","Bota de seguranca com biqueira de aco e colarinho acolchoado","Material",null,"par",1.4400000000000001E-3,"66,72","0,09"]
["Insumo",11276,"ORSE","Alicate de pressão para solda tipo U, para apertar chapas, tiras e qualquer tipo de perfil. Niquelado, mordentes reforçados em aço laminadao. Corpo em chapa dobrada  extra-reforçada e rebites de aço, 11\" (280mm). Ref. 138 Gedore.","Material",null,"un",1.6000000000000001E-4,"58,84","0,00"]
["Insumo",2378,"ORSE","Vale transporte","Material",null,"un",0.14641999999999999,"4,50","0,65"]
["Insumo",158,"ORSE","Almoço (Participação do empregador)","Material",null,"un",0.18323999999999999,"14,00","2,56"]
["Insumo",11273,"ORSE","Esquadro de alumínio para soldagem de peças, com duas morsas, 35 x 35 x 4,5cm, marca Black Jack","Material",null,"un",1.6000000000000001E-4,"214,30","0,03"]
["Insumo",11282,"ORSE","Esmerilhadeira angular elétrico portátil 4 1/2\" - 1000 watts  - ref. G1000kB2Black e Decker","Material",null,"un",1.6000000000000001E-4,"362,00","0,05"]
["Insumo",10928,"ORSE","Curva 45º em chapa galvanizada nº18, diam=300mm, p/sistema exaustão","Serviços",null,"un",1,"243,90","243,90"]
["Insumo",11272,"ORSE","Alicate Climpador ( cripador )","Material",null,"un",8.0000000000000007E-5,"88,38","0,00"]
[{"$nulls":4},"MO sem LS =>",31.56,"LS =>",0,"MO com LS =>",31.56]
[{"$nulls":4},"Valor do BDI =>",61.91,null,"Valor com BDI =>",null,344.63]
[{"$nulls":6},"Quant. =>","12,00","Preço Total =>",4135.5600000000004]
[]
[" 8.5 ","Código","Banco","Descrição","Tipo",null,"Und","Quant.","Valor Unit","Total"]
["Composição"," 90441 ","SINAPI","FURO MECANIZADO EM CONCRETO, COM MARTELO DEMOLIDOR, PARA INSTALAÇÕES HIDRÁULICAS, DIÂMETROS MAIORES QUE 75 MM E MENORES OU IGUAIS A 150 MM. AF_09/2023","INHI - INSTALAÇÕES HIDROS SANITÁRIAS",null,"UN",1,30.2,30.2]
["Composição Auxiliar"," 102274 ","SINAPI","MARTELO DEMOLIDOR ELÉTRICO, COM POTÊNCIA DE 2.000 W, 1.000 IMPACTOS POR MINUTO, PESO DE 30 KG -  CHI DIURNO. AF_01/2021","CHOR - CUSTOS HORÁRIOS DE MÁQUINAS E EQUIPAMENTOS",null,"CHI",0.81089999999999995,19.97,16.190000000000001]
["Composição Auxiliar"," 88248 ","SINAPI","AUXILIAR DE ENCANADOR OU BOMBEIRO HIDRÁULICO COM ENCARGOS COMPLEMENTARES","SEDI - SERVIÇOS DIVERSOS",null,"H",0.32140000000000002,20.39,6.55]
["Composição Auxiliar"," 102275 ","SINAPI","MARTELO DEMOLIDOR ELÉTRICO, COM POTÊNCIA DE 2.000 W, 1.000 IMPACTOS POR MINUTO, PESO DE 30 KG - CHP DIURNO. AF_01/2021","CHOR - CUSTOS HORÁRIOS DE MÁQUINAS E EQUIPAMENTOS",null,"CHP",0.33200000000000002,22.47,7.46]
[{"$nulls":4},"MO sem LS =>",23.36,"LS =>",0,"MO com LS =>",23.36]
[{"$nulls":4},"Valor do BDI =>",6.61,null,"Valor com BDI =>",null,36.81]
[{"$nulls":6},"Quant. =>","30,00","Preço Total =>",1104.3]
[]
[null,"Código","Banco","Descrição","Tipo",null,"Und","Quant.","Valor Unit","Total"]
["Insumo"," COTAÇÃO - 124 ","Próprio","CHAMINÉ COM 2 METROS DE DUTOS E CHAPÉU TIPO CANHÃO COR PRETA","Material",null,"UN",1,315,315]
[{"$nulls":4},"MO sem LS =>",0,"LS =>",0,"MO com LS =>",0]
[{"$nulls":4},"Valor do BDI =>",null,null,"Valor com BDI =>",null,360.39]
[{"$nulls":6},"Quant. =>","4,00","Preço Total =>",1441.56]
[]
[" 9 ",null,null,"PISO E PAVIMENTAÇÃO",{"$nulls":5},1058464.06]
[" 9.1 ","Código","Banco","Descrição","Tipo",null,"Und","Quant.","Valor Unit","Total"]
["Composição"," 87623 ","SINAPI","CONTRAPISO EM ARGAMASSA PRONTA, PREPARO MECÂNICO COM MISTURADOR 300 KG, APLICADO EM ÁREAS SECAS SOBRE LAJE, ADERIDO, ACABAMENTO NÃO REFORÇADO, ESPESSURA 2CM. AF_07/2021","PISO - PISOS",null,"m²",1,88.38,88.38]
["Composição Auxiliar"," 87386 ","SINAPI","ARGAMASSA PRONTA PARA CONTRAPISO, PREPARO COM MISTURADOR DE EIXO HORIZONTAL DE 300 KG. AF_08/2019","SEDI - SERVIÇOS DIVERSOS",null,"m³",3.1E-2,2426.46,75.22]
["Composição Auxiliar"," 88309 ","SINAPI","PEDREIRO COM ENCARGOS COMPLEMENTARES","SEDI - SERVIÇOS DIVERSOS",null,"H",0.214,25.3,5.41]
["Composição Auxiliar"," 88316 ","SINAPI","SERVENTE COM ENCARGOS COMPLEMENTARES","SEDI - SERVIÇOS DIVERSOS",null,"H",0.107,18.98,2.0299999999999998]
["Insumo"," 00001379 ","SINAPI","CIMENTO PORTLAND COMPOSTO CP II-32","Material",null,"KG",0.5,1.08,0.54]
["Insumo"," 00007334 ","SINAPI","ADITIVO ADESIVO LIQUIDO PARA ARGAMASSAS DE REVESTIMENTOS CIMENTICIOS","Material",null,"L",0.21,24.69,5.18]
[{"$nulls":4},"MO sem LS =>",7.91,"LS =>",0,"MO com LS =>",7.91]
[{"$nulls":4},"Valor do BDI =>",19.350000000000001,null,"Valor com BDI =>",null,107.73]
[{"$nulls":6},"Quant. =>","420,00","Preço Total =>",45246.6]
[]
[" 9.2 ","Código","Banco","Descrição","Tipo",null,"Und","Quant.","Valor Unit","Total"]
["Composição"," 87263 ","SINAPI","REVESTIMENTO CERÂMICO PARA PISO COM PLACAS TIPO PORCELANATO DE DIMENSÕES 60X60 CM APLICADA EM AMBIENTES DE ÁREA MAIOR QUE 10 M². AF_02/2023_PE","PISO - PISOS",null,"m²",1,190.04,190.04]
["Composição Auxiliar"," 88316 ","SINAPI","SERVENTE COM ENCARGOS COMPLEMENTARES","SEDI - SERVIÇOS DIVERSOS",null,"H",0.16739999999999999,18.98,3.17]
["Composição Auxiliar"," 88256 ","SINAPI","AZULEJISTA OU LADRILHISTA COM ENCARGOS COMPLEMENTARES","SEDI - SERVIÇOS DIVERSOS",null,"H",0.52029999999999998,29.04,15.1]
["Insumo"," 00038195 ","SINAPI","PISO EM PORCELANATO, BORDA RETA, LISO, MONOCOLOR, ACETINADO OU POLIDO, FORMATO MAIOR QUE 2025 CM2","Material",null,"M²",1.069,133.71,142.93]
["Insumo"," 00037595 ","SINAPI","ARGAMASSA COLANTE TIPO AC III","Material",null,"KG",9.1300000000000008,3.07,28.02]
["Insumo"," 00034357 ","SINAPI","REJUNTE CIMENTICIO, QUALQUER COR","Material",null,"KG",0.14099999999999999,5.87,0.82]
[{"$nulls":4},"MO sem LS =>",15.24,"LS =>",0,"MO com LS =>",15.24]
[{"$nulls":4},"Valor do BDI =>",41.61,null,"Valor com BDI =>",null,231.65]
[{"$nulls":6},"Quant. =>","3.106,92","Preço Total =>",719718.01]
[]
[" 9.3 ","Código","Banco","Descrição","Tipo",null,"Und","Quant.","Valor Unit","Total"]
["Composição"," 98689 ","SINAPI","SOLEIRA EM GRANITO, LARGURA 15 CM, ESPESSURA 2,0 CM. AF_09/2020","PISO - PISOS",null,"M",1,139.47999999999999,139.47999999999999]
["Composição Auxiliar"," 88274 ","SINAPI","MARMORISTA/GRANITEIRO COM ENCARGOS COMPLEMENTARES","SEDI - SERVIÇOS DIVERSOS",null,"H",0.54700000000000004,26.44,14.46]
["Composição Auxiliar"," 88316 ","SINAPI","SERVENTE COM ENCARGOS COMPLEMENTARES","SEDI - SERVIÇOS DIVERSOS",null,"H",0.27300000000000002,18.98,5.18]
["Insumo"," 00037595 ","SINAPI","ARGAMASSA COLANTE TIPO AC III","Material",null,"KG",1.29,3.07,3.96]
["Insumo"," 00020232 ","SINAPI","SOLEIRA EM GRANITO, POLIDO, TIPO ANDORINHA/ QUARTZ/ CASTELO/ CORUMBA OU OUTROS EQUIVALENTES DA REGIAO, L= *15* CM, E= *2,0* CM","Material",null,"M",1,115.88,115.88]
[{"$nulls":4},"MO sem LS =>",16.03,"LS =>",0,"MO com LS =>",16.03]
[{"$nulls":4},"Valor do BDI =>",30.54,null,"Valor com BDI =>",null,170.02]
[{"$nulls":6},"Quant. =>","22,00","Preço Total =>",3740.44]
[]
[" 9.4 ","Código","Banco","Descrição","Tipo",null,"Und","Quant.","Valor Unit","Total"]
["Composição"," 12247 ","ORSE","Rodapé cerâmico 10 x 50,0 cm, porcelanato, Elizabeth ou similar, aplicado comargamassa industrializada ac-iii, rejuntado","Soleiras e Rodapés",null,"m",1,8.2899999999999991,8.2899999999999991]
[null,"Código","Banco","Descrição","Tipo",null,"Und","Quant.","Valor Unit","Total"]
["Insumo",2540,"ORSE","Rejunte colorido flexivel  para revestimentos cerâmicos","Material",null,"kg",0.06,"3,50","0,21"]
["Composição",4303,"ORSE","Argamassa industrializada AC-III, Votomassa ou similar","Argamassas",null,"kg",0.45,"2,25","1,01"]
["Insumo","00004750/SINAPI","ORSE","Pedreiro (horista)","Mão de Obra",null,"h",0.12,"19,13","2,29"]
["Composição",10550,"ORSE","Encargos Complementares - Pedreiro","Provisórios",null,"h",0.12,"3,67","0,44"]
["Insumo",9194,"ORSE","Cerâmica 50 x 50 cm, Elizabeth, porcelanato, antiderrapante, Legno bianco ou similar","Material",null,"m²",0.11,"39,85","4,38"]
["Detalhamento de Cálculo ORSE"]
[null,"Código","Banco","Descrição","Tipo",null,"Und","Quant.","Valor Unit","Total"]
["Insumo",11265,"ORSE","Martelo de borracha com cabo","Material",null,"un",4.8000000000000001E-5,"18,75","0,00"]
["Insumo",4728,"ORSE","Talhadeira chata 10\"","Material",null,"un",9.4499999999999995E-7,"18,58","0,00"]
["Insumo","00012892/SINAPI","ORSE","Luva raspa de couro, cano curto (punho *7* cm)","Material",null,"par",2.83245E-4,"12,51","0,00"]
["Insumo",11243,"ORSE","Martelo sem unha","Material",null,"un",1.2E-5,"28,00","0,00"]
["Insumo",11245,"ORSE","Desempoladeira de madeira 12x22","Material",null,"un",8.3999999999999995E-5,"11,60","0,00"]
["Insumo",11247,"ORSE","Serra mármore","Material",null,"un",1.2E-5,"327,80","0,00"]
["Insumo","00004750/SINAPI","ORSE","Pedreiro (horista)","Mão de Obra",null,"h",0.12,"19,13","2,29"]
["Insumo",4174,"ORSE","Desempenadeira de aço lisa, cabo madeira, ref:143, Atlas ou similar","Material",null,"un",6.0000000000000002E-5,"12,00","0,00"]
["Insumo",2540,"ORSE","Rejunte colorido flexivel  para revestimentos cerâmicos","Material",null,"kg",0.06,"3,50","0,21"]
["Insumo",3374,"ORSE","Argamassa industrializada Votomassa AC-III, ou similar","Material",null,"kg",0.378,"2,58","0,97"]
["Insumo","00012893/SINAPI","ORSE","Bota de seguranca com biqueira de aco e colarinho acolchoado","Material",null,"par",9.8519999999999999E-5,"66,72","0,00"]
["Insumo",11264,"ORSE","Marreta de 1/2 kg com cabo","Material",null,"un",2.4000000000000001E-5,"13,52","0,00"]
["Insumo",10599,"ORSE","Protetor solar fps 30 com 120ml","Material",null,"un",2.2167000000000001E-4,"18,00","0,00"]
["Insumo",158,"ORSE","Almoço (Participação do empregador)","Material",null,"un",1.253667E-2,"14,00","0,17"]
["Insumo",10761,"ORSE","Refeição - café da manhã ( café com leite e dois pães com manteiga)","Serviços",null,"un",1.253667E-2,"5,00","0,06"]
["Insumo",941,"ORSE","Fardamento com mangas curta","Material",null,"un",1.84725E-4,"193,41","0,03"]
["Insumo",4729,"ORSE","Marreta 1 kg com cabo","Material",null,"un",3.15E-7,"37,80","0,00"]
["Insumo","00012895/SINAPI","ORSE","Capacete de seguranca aba frontal com suspensao de polietileno, sem jugular (classe b)","Material",null,"un",7.3889999999999999E-5,"13,90","0,00"]
["Insumo",10282,"ORSE","Regua de alumínio c/ 2,00m (para pedreiro)","Material",null,"un",2.4000000000000001E-5,"45,00","0,00"]
["Insumo",10789,"ORSE","Nível de bolha de madeira","Material",null,"un",2.4000000000000001E-5,"15,40","0,00"]
["Insumo",10788,"ORSE","Pá quadrada","Material",null,"un",6.3E-7,"36,90","0,00"]
["Insumo","00006111/SINAPI","ORSE","Servente de obras (horista)","Mão de Obra",null,"h",3.15E-3,"13,65","0,04"]
["Insumo",4722,"ORSE","Colher de pedreiro","Material",null,"un",4.8000000000000001E-5,"18,80","0,00"]
["Insumo","00002711/SINAPI","ORSE","Carrinho de mao de aco capacidade 50 a 60 l, pneu com camara","Material",null,"un",6.3E-7,"166,00","0,00"]
["Insumo",10596,"ORSE","Protetor auricular","Material",null,"un",5.5417499999999996E-4,"4,90","0,00"]
["Insumo",10790,"ORSE","Prumo de face","Material",null,"un",1.2E-5,"25,95","0,00"]
["Insumo",11246,"ORSE","Escala métrica de bambú","Material",null,"Un",8.3999999999999995E-5,"10,22","0,00"]
["Insumo",10362,"ORSE","Seguro de vida e acidente em grupo","Serviços",null,"un",5.5417499999999996E-4,"12,54","0,00"]
["Insumo",9194,"ORSE","Cerâmica 50 x 50 cm, Elizabeth, porcelanato, antiderrapante, Legno bianco ou similar","Material",null,"m²",0.11,"39,85","4,38"]
["Insumo",10492,"ORSE","Cesta Básica","Material",null,"un",5.5417499999999996E-4,"190,00","0,10"]
["Insumo",10517,"ORSE","Exames admissionais/demissionais (checkup)","Serviços",null,"cj",4.9259999999999999E-5,"300,00","0,01"]
["Insumo","00012894/SINAPI","ORSE","Capa para chuva em pvc com forro de poliester, com capuz (amarela ou azul)","Material",null,"un",2.463E-5,"18,07","0,00"]
["Insumo",1651,"ORSE","Óculos branco proteção","Material",null,"pr",9.8519999999999999E-5,"6,70","0,00"]
["Insumo",2378,"ORSE","Vale transporte","Material",null,"un",8.1444150000000003E-3,"4,50","0,03"]
[{"$nulls":4},"MO sem LS =>",2.33,"LS =>",0,"MO com LS =>",2.33]
[{"$nulls":4},"Valor do BDI =>",1.81,null,"Valor com BDI =>",null,10.1]
[{"$nulls":6},"Quant. =>","1.172,71","Preço Total =>",11844.37]
[]
[" 9.5 ","Código","Banco","Descrição","Tipo",null,"Und","Quant.","Valor Unit","Total"]
["Composição"," 11472 ","ORSE","Regularização manual e compactação com placa vibratória","Execução de Cortes e  Aterros",null,"m²",1,6.78,6.78]
[null,"Código","Banco","Descrição","Tipo",null,"Und","Quant.","Valor Unit","Total"]
["Composição",11449,"ORSE","Compactação manual com placa vibratória sem controle do grau de compactação","Aterros / Reaterros / Compactações",null,"m³",0.18,"10,10","1,81"]
["Insumo","00006111/SINAPI","ORSE","Servente de obras (horista)","Mão de Obra",null,"h",0.3,"13,65","4,09"]
["Composição",10549,"ORSE","Encargos Complementares - Servente","Provisórios",null,"h",0.3,"3,80","1,14"]
["Detalhamento de Cálculo ORSE"]
[null,"Código","Banco","Equipamentos de Custo Unitário","Quantidade","Utilização.",null,"Custo Horário",null,"Custo Horário Total"]
[{"$nulls":5},"Produtiva","Improdutiva","Produtiva","Improdutiva"]
["Insumo",2459,"ORSE","Caminhao tanque 6000 l (m. benz - ATEGO 1418/42 - 136,0 hp ou equivalente)",8.9999999999999993E-3,4.4999999999999997E-3,4.0500000000000001E-2,"164,79","12,87","0,01"]
[null,"Código","Banco","Descrição","Tipo",null,"Und","Quant.","Valor Unit","Total"]
["Insumo",1651,"ORSE","Óculos branco proteção","Material",null,"pr",3.1199999999999999E-4,"6,70","0,00"]
["Insumo",10596,"ORSE","Protetor auricular","Material",null,"un",1.755E-3,"4,90","0,00"]
["Insumo","00012895/SINAPI","ORSE","Capacete de seguranca aba frontal com suspensao de polietileno, sem jugular (classe b)","Material",null,"un",2.34E-4,"13,90","0,00"]
["Insumo",10492,"ORSE","Cesta Básica","Material",null,"un",1.755E-3,"190,00","0,33"]
["Insumo",4728,"ORSE","Talhadeira chata 10\"","Material",null,"un",1.17E-4,"18,58","0,00"]
["Insumo","00006111/SINAPI","ORSE","Servente de obras (horista)","Mão de Obra",null,"h",0.39,"13,65","5,32"]
["Insumo",4729,"ORSE","Marreta 1 kg com cabo","Material",null,"un",3.8999999999999999E-5,"37,80","0,00"]
["Insumo","00012894/SINAPI","ORSE","Capa para chuva em pvc com forro de poliester, com capuz (amarela ou azul)","Material",null,"un",7.7999999999999999E-5,"18,07","0,00"]
["Insumo",10761,"ORSE","Refeição - café da manhã ( café com leite e dois pães com manteiga)","Serviços",null,"un",3.9702000000000001E-2,"5,00","0,19"]
["Insumo",10517,"ORSE","Exames admissionais/demissionais (checkup)","Serviços",null,"cj",1.56E-4,"300,00","0,04"]
["Insumo",2461,"ORSE","Aluguel de compactador placa 415 kg  (dynapac - cm 20 diesel  - 6,0 hp)","Equipamento",null,"h",8.9999999999999998E-4,"2,78","0,00"]
["Insumo","00002711/SINAPI","ORSE","Carrinho de mao de aco capacidade 50 a 60 l, pneu com camara","Material",null,"un",7.7999999999999999E-5,"166,00","0,01"]
["Insumo",10788,"ORSE","Pá quadrada","Material",null,"un",7.7999999999999999E-5,"36,90","0,00"]
["Insumo",2378,"ORSE","Vale transporte","Material",null,"un",3.6699000000000002E-2,"4,50","0,16"]
["Insumo",158,"ORSE","Almoço (Participação do empregador)","Material",null,"un",3.9702000000000001E-2,"14,00","0,55"]
["Insumo","00012892/SINAPI","ORSE","Luva raspa de couro, cano curto (punho *7* cm)","Material",null,"par",8.9700000000000001E-4,"12,51","0,01"]
["Insumo",10362,"ORSE","Seguro de vida e acidente em grupo","Serviços",null,"un",1.755E-3,"12,54","0,02"]
["Insumo",941,"ORSE","Fardamento com mangas curta","Material",null,"un",5.8500000000000002E-4,"193,41","0,11"]
["Insumo",10599,"ORSE","Protetor solar fps 30 com 120ml","Material",null,"un",7.0200000000000004E-4,"18,00","0,01"]
["Insumo","00012893/SINAPI","ORSE","Bota de seguranca com biqueira de aco e colarinho acolchoado","Material",null,"par",3.1199999999999999E-4,"66,72","0,02"]
[{"$nulls":4},"MO sem LS =>",5.32,"LS =>",0,"MO com LS =>",5.32]
[{"$nulls":4},"Valor do BDI =>",1.48,null,"Valor com BDI =>",null,8.2613651099999998]
[{"$nulls":6},"Quant. =>","1.343,25","Preço Total =>",11095.24]
[]
[" 9.6 ","Código","Banco","Descrição","Tipo",null,"Und","Quant.","Valor Unit","Total"]
["Composição"," 101094 ","SINAPI","PISO PODOTÁTIL DE ALERTA OU DIRECIONAL, DE BORRACHA, ASSENTADO SOBRE ARGAMASSA. AF_05/2020","PISO - PISOS",null,"M",1,165.11,165.11]
["Composição Auxiliar"," 88316 ","SINAPI","SERVENTE COM ENCARGOS COMPLEMENTARES","SEDI - SERVIÇOS DIVERSOS",null,"H",0.218,18.98,4.13]
["Composição Auxiliar"," 88309 ","SINAPI","PEDREIRO COM ENCARGOS COMPLEMENTARES","SEDI - SERVIÇOS DIVERSOS",null,"H",0.437,25.3,11.05]
["Insumo"," 00037595 ","SINAPI","ARGAMASSA COLANTE TIPO AC III","Material",null,"KG",1.2150000000000001,3.07,3.73]
["Insumo"," 00038186 ","SINAPI","PISO TATIL DE ALERTA OU DIRECIONAL, DE BORRACHA, COLORIDO, 25 X 25 CM, E = 12 MM, PARA ARGAMASSA","Material",null,"m²",0.25,583.82000000000005,145.94999999999999]
["Insumo"," 00001379 ","SINAPI","CIMENTO PORTLAND COMPOSTO CP II-32","Material",null,"KG",0.24,1.08,0.25]
[{"$nulls":4},"MO sem LS =>",12.3,"LS =>",0,"MO com LS =>",12.3]
[{"$nulls":4},"Valor do BDI =>",36.15,null,"Valor com BDI =>",null,201.26]
[{"$nulls":6},"Quant. =>","382,31","Preço Total =>",76943.710000000006]
[]
[" 9.7 ","Código","Banco","Descrição","Tipo",null,"Und","Quant.","Valor Unit","Total"]
["Composição"," 92398 ","SINAPI","EXECUÇÃO DE PAVIMENTO EM PISO INTERTRAVADO, COM BLOCO RETANGULAR COR NATURAL DE 20 X 10 CM, ESPESSURA 8 CM. AF_10/2022","PAVI - PAVIMENTAÇÃO",null,"m²",1,107.69,107.69]
["Composição Auxiliar"," 88260 ","SINAPI","CALCETEIRO COM ENCARGOS COMPLEMENTARES","SEDI - SERVIÇOS DIVERSOS",null,"H",0.26319999999999999,23.13,6.08]
["Composição Auxiliar"," 88316 ","SINAPI","SERVENTE COM ENCARGOS COMPLEMENTARES","SEDI - SERVIÇOS DIVERSOS",null,"H",0.26319999999999999,18.98,4.99]
["Composição Auxiliar"," 91277 ","SINAPI","PLACA VIBRATÓRIA REVERSÍVEL COM MOTOR 4 TEMPOS A GASOLINA, FORÇA CENTRÍFUGA DE 25 KN (2500 KGF), POTÊNCIA 5,5 CV - CHP DIURNO. AF_08/2015","CHOR - CUSTOS HORÁRIOS DE MÁQUINAS E EQUIPAMENTOS",null,"CHP",5.4999999999999997E-3,9.89,0.05]
["Composição Auxiliar"," 91283 ","SINAPI","CORTADORA DE PISO COM MOTOR 4 TEMPOS A GASOLINA, POTÊNCIA DE 13 HP, COM DISCO DE CORTE DIAMANTADO SEGMENTADO PARA CONCRETO, DIÂMETRO DE 350 MM, FURO DE 1\" (14 X 1\") - CHP DIURNO. AF_08/2015","CHOR - CUSTOS HORÁRIOS DE MÁQUINAS E EQUIPAMENTOS",null,"CHP",3.8E-3,10.57,0.04]
["Composição Auxiliar"," 91285 ","SINAPI","CORTADORA DE PISO COM MOTOR 4 TEMPOS A GASOLINA, POTÊNCIA DE 13 HP, COM DISCO DE CORTE DIAMANTADO SEGMENTADO PARA CONCRETO, DIÂMETRO DE 350 MM, FURO DE 1\" (14 X 1\") - CHI DIURNO. AF_08/2015","CHOR - CUSTOS HORÁRIOS DE MÁQUINAS E EQUIPAMENTOS",null,"CHI",0.1278,1,0.12]
["Composição Auxiliar"," 91278 ","SINAPI","PLACA VIBRATÓRIA REVERSÍVEL COM MOTOR 4 TEMPOS A GASOLINA, FORÇA CENTRÍFUGA DE 25 KN (2500 KGF), POTÊNCIA 5,5 CV - CHI DIURNO. AF_08/2015","CHOR - CUSTOS HORÁRIOS DE MÁQUINAS E EQUIPAMENTOS",null,"CHI",0.12609999999999999,0.71,0.08]
["Insumo"," 00000370 ","SINAPI","AREIA MEDIA - POSTO JAZIDA/FORNECEDOR (RETIRADO NA JAZIDA, SEM TRANSPORTE)","Material",null,"M³",5.6800000000000003E-2,145,8.23]
["Insumo"," 00036170 ","SINAPI","BLOQUETE/PISO INTERTRAVADO DE CONCRETO - MODELO ONDA/16 FACES/RETANGULAR/TIJOLINHO/PAVER/HOLANDES/PARALELEPIPEDO, *20 X 10* CM, E = 8 CM, RESISTENCIA DE 35 MPA, COR NATURAL","Material",null,"m²",1.0041,85,85.34]
["Insumo"," 00004741 ","SINAPI","PO DE PEDRA (POSTO PEDREIRA/FORNECEDOR, SEM FRETE)","Material",null,"M³",9.7999999999999997E-3,281.89999999999998,2.76]
[{"$nulls":4},"MO sem LS =>",8.76,"LS =>",0,"MO com LS =>",8.76]
[{"$nulls":4},"Valor do BDI =>",23.58,null,"Valor com BDI =>",null,131.27000000000001]
[{"$nulls":6},"Quant. =>","1.343,25","Preço Total =>",176328.42]
[]
[" 9.8 ","Código","Banco","Descrição","Tipo",null,"Und","Quant.","Valor Unit","Total"]
["Composição"," 105002 ","SINAPI","RAMPA DE ACESSIBILIDADE EM CONCRETO MOLDADO IN LOCO, EM CALÇADA NOVA COM LARGURA MAIOR OU IGUAL À 3,00 M, FCK 25MPA, COM PISO PODOTÁTIL. AF_03/2024","URBA - URBANIZAÇÃO",null,"UN",1,854.41,854.41]
["Composição Auxiliar"," 88316 ","SINAPI","SERVENTE COM ENCARGOS COMPLEMENTARES","SEDI - SERVIÇOS DIVERSOS",null,"H",7.2080000000000002,18.98,136.80000000000001]
["Composição Auxiliar"," 88309 ","SINAPI","PEDREIRO COM ENCARGOS COMPLEMENTARES","SEDI - SERVIÇOS DIVERSOS",null,"H",3.6040000000000001,25.3,91.18]
["Composição Auxiliar"," 104658 ","SINAPI","PISO PODOTÁTIL DE ALERTA OU DIRECIONAL, DE CONCRETO, ASSENTADO SOBRE ARGAMASSA. AF_03/2024","PISO - PISOS",null,"m²",0.48,172.51,82.8]
["Composição Auxiliar"," 94965 ","SINAPI","CONCRETO FCK = 25MPA, TRAÇO 1:2,3:2,7 (EM MASSA SECA DE CIMENTO/ AREIA MÉDIA/ BRITA 1) - PREPARO MECÂNICO COM BETONEIRA 400 L. AF_05/2021","FUES - FUNDAÇÕES E ESTRUTURAS",null,"m³",0.66502459999999997,746.15,496.2]
["Insumo"," 00004509 ","SINAPI","SARRAFO *2,5 X 10* CM EM PINUS, MISTA OU EQUIVALENTE DA REGIAO - BRUTA","Material",null,"M",7.48,5.18,38.74]
["Insumo"," 00005068 ","SINAPI","PREGO DE ACO POLIDO COM CABECA 17 X 21 (2 X 11)","Material",null,"KG",3.6695999999999999E-2,16.27,0.59]
["Insumo"," 00004718 ","SINAPI","PEDRA BRITADA N. 2 (19 A 38 MM) POSTO PEDREIRA/FORNECEDOR, SEM FRETE","Material",null,"M³",2.7E-2,300,8.1]
[{"$nulls":4},"MO sem LS =>",233.52,"LS =>",0,"MO com LS =>",233.52]
[{"$nulls":4},"Valor do BDI =>",187.11,null,"Valor com BDI =>",null,1041.52]
[{"$nulls":6},"Quant. =>","8,00","Preço Total =>",8332.16]
[]
[" 9.9 ","Código","Banco","Descrição","Tipo",null,"Und","Quant.","Valor Unit","Total"]
["Composição"," 94273 ","SINAPI","ASSENTAMENTO DE GUIA (MEIO-FIO) EM TRECHO RETO, CONFECCIONADA EM CONCRETO PRÉ-FABRICADO, DIMENSÕES 100X15X13X30 CM (COMPRIMENTO X BASE INFERIOR X BASE SUPERIOR X ALTURA). AF_01/2024","DROP - DRENAGEM/OBRAS DE CONTENÇÃO / POÇOS DE VISITA E CAIXAS",null,"M",1,56.03,56.03]
["Composição Auxiliar"," 88316 ","SINAPI","SERVENTE COM ENCARGOS COMPLEMENTARES","SEDI - SERVIÇOS DIVERSOS",null,"H",0.2296,18.98,4.3499999999999996]
["Composição Auxiliar"," 88309 ","SINAPI","PEDREIRO COM ENCARGOS COMPLEMENTARES","SEDI - SERVIÇOS DIVERSOS",null,"H",0.2296,25.3,5.8]
["Composição Auxiliar"," 88629 ","SINAPI","ARGAMASSA TRAÇO 1:3 (EM VOLUME DE CIMENTO E AREIA MÉDIA ÚMIDA), PREPARO MANUAL. AF_08/2019","SEDI - SERVIÇOS DIVERSOS",null,"m³",1.8E-3,839.39,1.51]
["Insumo"," 00004059 ","SINAPI","MEIO-FIO OU GUIA DE CONCRETO, PRE-MOLDADO, COMP 1 M, *30 X 12/15* CM (H X L1/L2)","Material",null,"M",1.0049999999999999,43.21,43.42]
["Insumo"," 00000370 ","SINAPI","AREIA MEDIA - POSTO JAZIDA/FORNECEDOR (RETIRADO NA JAZIDA, SEM TRANSPORTE)","Material",null,"M³",6.6E-3,145,0.95]
[{"$nulls":4},"MO sem LS =>",8.36,"LS =>",0,"MO com LS =>",8.36]
[{"$nulls":4},"Valor do BDI =>",12.27,null,"Valor com BDI =>",null,68.3]
[{"$nulls":6},"Quant. =>","62,31","Preço Total =>",4255.7700000000004]
[]
[" 9.10 ","Código","Banco","Descrição","Tipo",null,"Und","Quant.","Valor Unit","Total"]
["Composição"," 98511 ","SINAPI","PLANTIO DE ÁRVORE ORNAMENTAL COM ALTURA DE MUDA MAIOR QUE 2,00 M E MENOR OU IGUAL A 4,00 M . AF_07/2024","URBA - URBANIZAÇÃO",null,"UN",1,131.16999999999999,131.16999999999999]
["Composição Auxiliar"," 88316 ","SINAPI","SERVENTE COM ENCARGOS COMPLEMENTARES","SEDI - SERVIÇOS DIVERSOS",null,"H",1.2102999999999999,18.98,22.97]
["Composição Auxiliar"," 88441 ","SINAPI","JARDINEIRO COM ENCARGOS COMPLEMENTARES","SEDI - SERVIÇOS DIVERSOS",null,"H",0.24210000000000001,19.41,4.6900000000000004]
["Insumo"," 00000359 ","SINAPI","MUDA DE ARVORE ORNAMENTAL, OITI/AROEIRA SALSA/ANGICO/IPE/JACARANDA OU EQUIVALENTE DA REGIAO, H= *2* M","Material",null,"UN",1,103.51,103.51]
[{"$nulls":4},"MO sem LS =>",21.36,"LS =>",0,"MO com LS =>",21.36]
[{"$nulls":4},"Valor do BDI =>",28.72,null,"Valor com BDI =>",null,159.88999999999999]
[{"$nulls":6},"Quant. =>","6,00","Preço Total =>",959.34]
[]
[" 10 ",null,null,"REVESTIMENTOS",{"$nulls":5},352886.01]
[" 10.1 ","Código","Banco","Descrição","Tipo",null,"Und","Quant.","Valor Unit","Total"]
["Composição"," COMPOSIÇÃO - 060 ","Próprio","FORNECIMENTO E INSTALAÇÃO DE PAINEL DE FACHADA EM PLACA CIMENTÍCIA, INCLUSIVE ESTRUTURA METÁLICA DE FIXAÇÃO, APLICAÇÃO DE MASSA ACRÍLICA E PINTURA.","PARE - PAREDES/PAINEIS",null,"M²",1,148.91,148.91]
["Composição Auxiliar"," 88278 ","SINAPI","MONTADOR DE ESTRUTURA METÁLICA COM ENCARGOS COMPLEMENTARES","SEDI - SERVIÇOS DIVERSOS",null,"H",0.60319999999999996,22.42,13.52]
["Composição Auxiliar"," 96130 ","SINAPI","APLICAÇÃO MANUAL DE MASSA ACRÍLICA EM PAREDES EXTERNAS DE CASAS, UMA DEMÃO. AF_03/2024","PINT - PINTURAS",null,"m²",1.05,16.350000000000001,17.16]
["Composição Auxiliar"," 88316 ","SINAPI","SERVENTE COM ENCARGOS COMPLEMENTARES","SEDI - SERVIÇOS DIVERSOS",null,"H",0.1976,18.98,3.75]
["Composição Auxiliar"," 95626 ","SINAPI","APLICAÇÃO MANUAL DE TINTA LÁTEX ACRÍLICA EM PAREDE EXTERNAS DE CASAS, DUAS DEMÃOS. AF_03/2024","PINT - PINTURAS",null,"m²",1.05,15.53,16.3]
["Insumo"," 00037586 ","SINAPI","PINO DE ACO COM ARRUELA CONICA, DIAMETRO ARRUELA = *23* MM E COMP HASTE = *27* MM (ACAO INDIRETA)","Material",null,"CENTO",1.7399999999999999E-2,50.9,0.88]
["Insumo"," 00039434 ","SINAPI","MASSA DE REJUNTE EM PO PARA DRYWALL, A BASE DE GESSO, SECAGEM RAPIDA, PARA TRATAMENTO DE JUNTAS DE CHAPA DE GESSO (NECESSITA ADICAO DE AGUA)","Equipamento",null,"KG",0.505,3.9,1.96]
["Insumo"," 00039419 ","SINAPI","PERFIL GUIA, FORMATO U, EM ACO ZINCADO, PARA ESTRUTURA PAREDE DRYWALL, E = 0,5 MM, 70 X 3000 MM (L X C)","Material",null,"M",1.0686,9.1,9.7200000000000006]
["Insumo"," 00039431 ","SINAPI","FITA DE PAPEL MICROPERFURADO, 50 X 150 MM, PARA TRATAMENTO DE JUNTAS DE CHAPA DE GESSO PARA DRYWALL","Material",null,"M",1.2509999999999999,0.35,0.43]
["Insumo"," 00011062 ","SINAPI","PLACA CIMENTICIA LISA E = 10 MM, DE 1,20 X *2,50* M (SEM AMIANTO)","Material",null,"M²",1.0529999999999999,33.94,35.729999999999997]
["Insumo"," 00039435 ","SINAPI","PARAFUSO DRY WALL, EM ACO FOSFATIZADO, CABECA TROMBETA E PONTA AGULHA (TA), COMPRIMENTO 25 MM","Material",null,"UN",10.143000000000001,0.1,1.01]
["Insumo"," 00039443 ","SINAPI","PARAFUSO DRY WALL, EM ACO ZINCADO, CABECA LENTILHA E PONTA BROCA (LB), LARGURA 4,2 MM, COMPRIMENTO 13 MM","Material",null,"UN",0.64,0.24,0.15]
["Insumo"," 00039432 ","SINAPI","FITA DE PAPEL REFORCADA COM LAMINA DE METAL PARA REFORCO DE CANTOS DE CHAPA DE GESSO PARA DRYWALL","Material",null,"M",0.42299999999999999,3.12,1.31]
["Insumo"," 00039422 ","SINAPI","PERFIL MONTANTE, FORMATO C, EM ACO ZINCADO, PARA ESTRUTURA PAREDE DRYWALL, E = 0,5 MM, 70 X 3000 MM (L X C)","Material",null,"M",4.5540000000000003,10.32,46.99]
[{"$nulls":4},"MO sem LS =>",31.86,"LS =>",0,"MO com LS =>",31.86]
[{"$nulls":4},"Valor do BDI =>",32.61,null,"Valor com BDI =>",null,181.52]
[{"$nulls":6},"Quant. =>","768,88","Preço Total =>",139567.09]
[]
[" 10.2 ","Código","Banco","Descrição","Tipo",null,"Und","Quant.","Valor Unit","Total"]
["Composição"," 87267 ","SINAPI","REVESTIMENTO CERÂMICO PARA PAREDES INTERNAS COM PLACAS TIPO ESMALTADA DE DIMENSÕES 20X20 CM APLICADAS A MEIA ALTURA DAS PAREDES. AF_02/2023_PE","REVE - REVESTIMENTO E TRATAMENTO DE SUPERFÍCIES",null,"m²",1,78.27,78.27]
["Composição Auxiliar"," 88316 ","SINAPI","SERVENTE COM ENCARGOS COMPLEMENTARES","SEDI - SERVIÇOS DIVERSOS",null,"H",0.30890000000000001,18.98,5.86]
["Composição Auxiliar"," 88256 ","SINAPI","AZULEJISTA OU LADRILHISTA COM ENCARGOS COMPLEMENTARES","SEDI - SERVIÇOS DIVERSOS",null,"H",0.6794,29.04,19.72]
["Insumo"," 00001381 ","SINAPI","ARGAMASSA COLANTE AC I PARA CERAMICAS","Material",null,"KG",4.91,1,4.91]
["Insumo"," 00000536 ","SINAPI","REVESTIMENTO EM CERAMICA ESMALTADA, PEI MENOR OU IGUAL A 3, FORMATO MENOR OU IGUAL A 2025 CM2","Material",null,"M²",1.0618000000000001,42.68,45.31]
["Insumo"," 00034357 ","SINAPI","REJUNTE CIMENTICIO, QUALQUER COR","Material",null,"KG",0.42199999999999999,5.87,2.4700000000000002]
[{"$nulls":4},"MO sem LS =>",21.23,"LS =>",0,"MO com LS =>",21.23]
[{"$nulls":4},"Valor do BDI =>",17.14,null,"Valor com BDI =>",null,95.41]
[{"$nulls":6},"Quant. =>","384,50","Preço Total =>",36685.14]
[]
[" 10.3 ","Código","Banco","Descrição","Tipo",null,"Und","Quant.","Valor Unit","Total"]
["Composição"," 87878 ","SINAPI","CHAPISCO APLICADO EM ALVENARIAS E ESTRUTURAS DE CONCRETO INTERNAS, COM COLHER DE PEDREIRO.  ARGAMASSA TRAÇO 1:3 COM PREPARO MANUAL. AF_10/2022","REVE - REVESTIMENTO E TRATAMENTO DE SUPERFÍCIES",null,"m²",1,5.17,5.17]
["Composição Auxiliar"," 88309 ","SINAPI","PEDREIRO COM ENCARGOS COMPLEMENTARES","SEDI - SERVIÇOS DIVERSOS",null,"H",6.8099999999999994E-2,25.3,1.72]
["Composição Auxiliar"," 88316 ","SINAPI","SERVENTE COM ENCARGOS COMPLEMENTARES","SEDI - SERVIÇOS DIVERSOS",null,"H",2.5499999999999998E-2,18.98,0.48]
["Composição Auxiliar"," 87377 ","SINAPI","ARGAMASSA TRAÇO 1:3 (EM VOLUME DE CIMENTO E AREIA GROSSA ÚMIDA) PARA CHAPISCO CONVENCIONAL, PREPARO MANUAL. AF_08/2019","SEDI - SERVIÇOS DIVERSOS",null,"m³",3.7000000000000002E-3,803.66,2.97]
[{"$nulls":4},"MO sem LS =>",2.38,"LS =>",0,"MO com LS =>",2.38]
[{"$nulls":4},"Valor do BDI =>",1.1299999999999999,null,"Valor com BDI =>",null,6.3]
[{"$nulls":6},"Quant. =>","420,00","Preço Total =>",2646]
[]
[" 10.4 ","Código","Banco","Descrição","Tipo",null,"Und","Quant.","Valor Unit","Total"]
["Composição"," 87529 ","SINAPI","MASSA ÚNICA, EM ARGAMASSA TRAÇO 1:2:8, PREPARO MECÂNICO, APLICADA MANUALMENTE EM PAREDES INTERNAS DE AMBIENTES COM ÁREA ENTRE 5M² E 10M², E = 17,5MM, COM TALISCAS. AF_03/2024","REVE - REVESTIMENTO E TRATAMENTO DE SUPERFÍCIES",null,"m²",1,36.729999999999997,36.729999999999997]
["Composição Auxiliar"," 88309 ","SINAPI","PEDREIRO COM ENCARGOS COMPLEMENTARES","SEDI - SERVIÇOS DIVERSOS",null,"H",0.47239999999999999,25.3,11.95]
["Composição Auxiliar"," 87292 ","SINAPI","ARGAMASSA TRAÇO 1:2:8 (EM VOLUME DE CIMENTO, CAL E AREIA MÉDIA ÚMIDA) PARA EMBOÇO/MASSA ÚNICA/ASSENTAMENTO DE ALVENARIA DE VEDAÇÃO, PREPARO MECÂNICO COM BETONEIRA 400 L. AF_08/2019","SEDI - SERVIÇOS DIVERSOS",null,"m³",3.04E-2,668.03,20.3]
["Composição Auxiliar"," 88316 ","SINAPI","SERVENTE COM ENCARGOS COMPLEMENTARES","SEDI - SERVIÇOS DIVERSOS",null,"H",0.23619999999999999,18.98,4.4800000000000004]
[{"$nulls":4},"MO sem LS =>",15.38,"LS =>",0,"MO com LS =>",15.38]
[{"$nulls":4},"Valor do BDI =>",8.0399999999999991,null,"Valor com BDI =>",null,44.77]
[{"$nulls":6},"Quant. =>","420,00","Preço Total =>",18803.400000000001]
[]
[" 10.5 ","Código","Banco","Descrição","Tipo",null,"Und","Quant.","Valor Unit","Total"]
["Composição"," 87263 ","SINAPI","REVESTIMENTO CERÂMICO PARA PISO COM PLACAS TIPO PORCELANATO DE DIMENSÕES 60X60 CM APLICADA EM AMBIENTES DE ÁREA MAIOR QUE 10 M². AF_02/2023_PE","PISO - PISOS",null,"m²",1,190.04,190.04]
["Composição Auxiliar"," 88316 ","SINAPI","SERVENTE COM ENCARGOS COMPLEMENTARES","SEDI - SERVIÇOS DIVERSOS",null,"H",0.16739999999999999,18.98,3.17]
["Composição Auxiliar"," 88256 ","SINAPI","AZULEJISTA OU LADRILHISTA COM ENCARGOS COMPLEMENTARES","SEDI - SERVIÇOS DIVERSOS",null,"H",0.52029999999999998,29.04,15.1]
["Insumo"," 00038195 ","SINAPI","PISO EM PORCELANATO, BORDA RETA, LISO, MONOCOLOR, ACETINADO OU POLIDO, FORMATO MAIOR QUE 2025 CM2","Material",null,"M²",1.069,133.71,142.93]
["Insumo"," 00037595 ","SINAPI","ARGAMASSA COLANTE TIPO AC III","Material",null,"KG",9.1300000000000008,3.07,28.02]
["Insumo"," 00034357 ","SINAPI","REJUNTE CIMENTICIO, QUALQUER COR","Material",null,"KG",0.14099999999999999,5.87,0.82]
[{"$nulls":4},"MO sem LS =>",15.24,"LS =>",0,"MO com LS =>",15.24]
[{"$nulls":4},"Valor do BDI =>",41.61,null,"Valor com BDI =>",null,231.65]
[{"$nulls":6},"Quant. =>","20,83","Preço Total =>",4825.26]
[]
[" 10.6 ","Código","Banco","Descrição","Tipo",null,"Und","Quant.","Valor Unit","Total"]
["Composição"," 12734 ","ORSE","Telhamento com telha em aço galvalume, dupla, trapezoidal, com preenchimento PIR 50mm, pré-pintada, TP40 - 2 x 0,43mm, Kingspan- Isoeste ou similar","Estrutura Metálica",null,"m²",1,10.65,10.65]
[null,"Código","Banco","Descrição","Tipo",null,"Und","Quant.","Valor Unit","Total"]
["Insumo","00006111/SINAPI","ORSE","Servente de obras (horista)","Mão de Obra",null,"h",0.22,"13,65","3,00"]
["Insumo","00004299/SINAPI","ORSE","Parafuso zincado rosca soberba, cabeca sextavada, 5/16\" x 110 mm, para fixacao de telha em madeira","Material",null,"un",1,"1,75","1,75"]
["Composição",10551,"ORSE","Encargos Complementares - Carpinteiro","Provisórios",null,"h",0.22,"3,71","0,81"]
["Insumo","00001213/SINAPI","ORSE","Carpinteiro de formas ou oficial (horista)","Mão de Obra",null,"h",0.22,"19,13","4,20"]
["Insumo",7696,"ORSE","Massa 3M p/calafetação","Material",null,"kg",4.0000000000000001E-3,"26,06","0,10"]
["Composição",10549,"ORSE","Encargos Complementares - Servente","Provisórios",null,"h",0.22,"3,80","0,83"]
["Detalhamento de Cálculo ORSE"]
[null,"Código","Banco","Descrição","Tipo",null,"Und","Quant.","Valor Unit","Total"]
["Insumo",10577,"ORSE","Serrote 40cm","Material",null,"un",2.1999999999999999E-5,"29,90","0,00"]
["Insumo",11248,"ORSE","Furadeira e Parafusadeira eletrica Bosch ou Similar profissional","Equipamento",null,"un",2.1999999999999999E-5,"246,00","0,00"]
["Insumo",10517,"ORSE","Exames admissionais/demissionais (checkup)","Serviços",null,"cj",1.76E-4,"300,00","0,05"]
["Insumo",10761,"ORSE","Refeição - café da manhã ( café com leite e dois pães com manteiga)","Serviços",null,"un",4.4791999999999998E-2,"5,00","0,22"]
["Insumo",10578,"ORSE","Formão grande","Material",null,"un",4.3999999999999999E-5,"15,15","0,00"]
["Insumo","00006111/SINAPI","ORSE","Servente de obras (horista)","Mão de Obra",null,"h",0.22,"13,65","3,00"]
["Insumo",2378,"ORSE","Vale transporte","Material",null,"un",3.5090000000000003E-2,"4,50","0,15"]
["Insumo",10579,"ORSE","Chave de fenda chata 30 cm","Material",null,"un",4.3999999999999999E-5,"26,89","0,00"]
["Insumo",10599,"ORSE","Protetor solar fps 30 com 120ml","Material",null,"un",7.9199999999999995E-4,"18,00","0,01"]
["Insumo","00012892/SINAPI","ORSE","Luva raspa de couro, cano curto (punho *7* cm)","Material",null,"par",1.0120000000000001E-3,"12,51","0,01"]
["Insumo",4728,"ORSE","Talhadeira chata 10\"","Material",null,"un",6.6000000000000005E-5,"18,58","0,00"]
["Insumo",158,"ORSE","Almoço (Participação do empregador)","Material",null,"un",4.4791999999999998E-2,"14,00","0,62"]
["Insumo",10788,"ORSE","Pá quadrada","Material",null,"un",4.3999999999999999E-5,"36,90","0,00"]
["Insumo",7696,"ORSE","Massa 3M p/calafetação","Material",null,"kg",4.0000000000000001E-3,"26,06","0,10"]
["Insumo",4729,"ORSE","Marreta 1 kg com cabo","Material",null,"un",2.1999999999999999E-5,"37,80","0,00"]
["Insumo","00012895/SINAPI","ORSE","Capacete de seguranca aba frontal com suspensao de polietileno, sem jugular (classe b)","Material",null,"un",2.6400000000000002E-4,"13,90","0,00"]
["Insumo","00004299/SINAPI","ORSE","Parafuso zincado rosca soberba, cabeca sextavada, 5/16\" x 110 mm, para fixacao de telha em madeira","Material",null,"un",1,"1,75","1,75"]
["Insumo",10362,"ORSE","Seguro de vida e acidente em grupo","Serviços",null,"un",1.98E-3,"12,54","0,02"]
["Insumo",941,"ORSE","Fardamento com mangas curta","Material",null,"un",6.6E-4,"193,41","0,12"]
["Insumo","00012894/SINAPI","ORSE","Capa para chuva em pvc com forro de poliester, com capuz (amarela ou azul)","Material",null,"un",8.7999999999999998E-5,"18,07","0,00"]
["Insumo",10492,"ORSE","Cesta Básica","Material",null,"un",1.98E-3,"190,00","0,37"]
["Insumo","00012893/SINAPI","ORSE","Bota de seguranca com biqueira de aco e colarinho acolchoado","Material",null,"par",3.3E-4,"66,72","0,02"]
["Insumo",10596,"ORSE","Protetor auricular","Material",null,"un",1.98E-3,"4,90","0,00"]
["Insumo",1651,"ORSE","Óculos branco proteção","Material",null,"pr",3.3E-4,"6,70","0,00"]
["Insumo","00002711/SINAPI","ORSE","Carrinho de mao de aco capacidade 50 a 60 l, pneu com camara","Material",null,"un",4.3999999999999999E-5,"166,00","0,00"]
["Insumo",11244,"ORSE","Martelo com unha","Material",null,"un",4.3999999999999999E-5,"48,95","0,00"]
["Insumo",11249,"ORSE","Serra circular eletrica portatil","Equipamento",null,"un",2.1999999999999999E-5,"617,95","0,01"]
["Insumo","00001213/SINAPI","ORSE","Carpinteiro de formas ou oficial (horista)","Mão de Obra",null,"h",0.22,"19,13","4,20"]
[{"$nulls":4},"MO sem LS =>",7.2,"LS =>",0,"MO com LS =>",7.2]
[{"$nulls":4},"Valor do BDI =>",2.33,null,"Valor com BDI =>",null,12.98]
[{"$nulls":6},"Quant. =>","840,00","Preço Total =>",10903.2]
[]
[null,"Código","Banco","Descrição","Tipo",null,"Und","Quant.","Valor Unit","Total"]
["Insumo"," 00039522 ","SINAPI","TELHA TERMOISOLANTE REVESTIDA EM ACO GALVANIZADO, FACES SUPERIOR E INFERIOR EM TELHA TRAPEZOIDAL (SEM ACESSORIOS DE FIXACAO), REVESTIMENTO COM ESPESSURA DE 0,50 MM COM PRE-PINTURA NAS DUAS FACES, NUCLEO EM POLIESTIRENO (EPS) DE 50 MM","Material",null,"m²",1,140.77000000000001,140.77000000000001]
[{"$nulls":4},"MO sem LS =>",0,"LS =>",0,"MO com LS =>",0]
[{"$nulls":4},"Valor do BDI =>",null,null,"Valor com BDI =>",null,161.05000000000001]
[{"$nulls":6},"Quant. =>","840,00","Preço Total =>",135282]
[]
[null,"Código","Banco","Descrição","Tipo",null,"Und","Quant.","Valor Unit","Total"]
["Insumo"," 00010737 ","SINAPI","PEDRA GRANITICA OU BASALTO, CACO, RETALHO, CAVACO, TIPO MIRACEMA, MADEIRA, PADUANA, RACHINHA, SANTA ISABEL OU OUTRAS SIMILARES, E= *1,0 A *2,0 CM","Material",null,"M²",1,141.41,141.41]
[{"$nulls":4},"MO sem LS =>",0,"LS =>",0,"MO com LS =>",0]
[{"$nulls":4},"Valor do BDI =>",null,null,"Valor com BDI =>",null,161.78]
[{"$nulls":6},"Quant. =>","25,80","Preço Total =>",4173.92]
[]
[" 11 ",null,null,"PINTURA",{"$nulls":5},410319.28]
[" 11.1 ","Código","Banco","Descrição","Tipo",null,"Und","Quant.","Valor Unit","Total"]
["Composição"," 102219 ","SINAPI","PINTURA TINTA DE ACABAMENTO (PIGMENTADA) ESMALTE SINTÉTICO ACETINADO EM MADEIRA, 2 DEMÃOS. AF_01/2021","PINT - PINTURAS",null,"m²",1,14.45,14.45]
["Composição Auxiliar"," 88310 ","SINAPI","PINTOR COM ENCARGOS COMPLEMENTARES","SEDI - SERVIÇOS DIVERSOS",null,"H",0.3805,26.79,10.19]
["Insumo"," 00005318 ","SINAPI","DILUENTE AGUARRAS","Material",null,"L",1.4E-2,21.36,0.28999999999999998]
["Insumo"," 00007311 ","SINAPI","TINTA ESMALTE SINTETICO PREMIUM ACETINADO","Material",null,"L",0.14030000000000001,28.36,3.97]
[{"$nulls":4},"MO sem LS =>",7.88,"LS =>",0,"MO com LS =>",7.88]
[{"$nulls":4},"Valor do BDI =>",3.16,null,"Valor com BDI =>",null,17.61]
[{"$nulls":6},"Quant. =>","82,84","Preço Total =>",1458.81]
[]
[" 11.2 ","Código","Banco","Descrição","Tipo",null,"Und","Quant.","Valor Unit","Total"]
["Composição"," 100759 ","SINAPI","PINTURA COM TINTA ALQUÍDICA DE ACABAMENTO (ESMALTE SINTÉTICO BRILHANTE) PULVERIZADA SOBRE SUPERFÍCIES METÁLICAS (EXCETO PERFIL) EXECUTADO EM OBRA (02 DEMÃOS). AF_01/2020_PE","PINT - PINTURAS",null,"m²",1,42.2,42.2]
["Composição Auxiliar"," 88310 ","SINAPI","PINTOR COM ENCARGOS COMPLEMENTARES","SEDI - SERVIÇOS DIVERSOS",null,"H",1.0530999999999999,26.79,28.21]
["Insumo"," 00007292 ","SINAPI","TINTA ESMALTE SINTETICO PREMIUM BRILHANTE","Material",null,"L",0.41339999999999999,27.46,11.35]
["Insumo"," 00005318 ","SINAPI","DILUENTE AGUARRAS","Material",null,"L",0.124,21.36,2.64]
[{"$nulls":4},"MO sem LS =>",21.8,"LS =>",0,"MO com LS =>",21.8]
[{"$nulls":4},"Valor do BDI =>",9.24,null,"Valor com BDI =>",null,51.44]
[{"$nulls":6},"Quant. =>","1.792,26","Preço Total =>",92193.85]
[]
[" 11.3 ","Código","Banco","Descrição","Tipo",null,"Und","Quant.","Valor Unit","Total"]
["Composição"," 88497 ","SINAPI","EMASSAMENTO COM MASSA LÁTEX, APLICAÇÃO EM PAREDE, DUAS DEMÃOS, LIXAMENTO MANUAL. AF_04/2023","PINT - PINTURAS",null,"m²",1,15.38,15.38]
["Composição Auxiliar"," 88310 ","SINAPI","PINTOR COM ENCARGOS COMPLEMENTARES","SEDI - SERVIÇOS DIVERSOS",null,"H",0.36099999999999999,26.79,9.67]
["Composição Auxiliar"," 88316 ","SINAPI","SERVENTE COM ENCARGOS COMPLEMENTARES","SEDI - SERVIÇOS DIVERSOS",null,"H",0.1203,18.98,2.2799999999999998]
["Insumo"," 00043626 ","SINAPI","MASSA CORRIDA PARA SUPERFICIES DE AMBIENTES INTERNOS","Material",null,"KG",1.3389,2.52,3.37]
["Insumo"," 00003767 ","SINAPI","LIXA EM FOLHA PARA PAREDE OU MADEIRA, NUMERO 120, COR VERMELHA","Material",null,"UN",8.0199999999999994E-2,0.85,0.06]
[{"$nulls":4},"MO sem LS =>",9.23,"LS =>",0,"MO com LS =>",9.23]
[{"$nulls":4},"Valor do BDI =>",3.36,null,"Valor com BDI =>",null,18.739999999999998]
[{"$nulls":6},"Quant. =>","4.546,04","Preço Total =>",85192.78]
[]
[" 11.4 ","Código","Banco","Descrição","Tipo",null,"Und","Quant.","Valor Unit","Total"]
["Composição"," 96135 ","SINAPI","APLICAÇÃO MANUAL DE MASSA ACRÍLICA EM PAREDES EXTERNAS DE CASAS, DUAS DEMÃOS. AF_03/2024","PINT - PINTURAS",null,"m²",1,25.3,25.3]
["Composição Auxiliar"," 88310 ","SINAPI","PINTOR COM ENCARGOS COMPLEMENTARES","SEDI - SERVIÇOS DIVERSOS",null,"H",0.63439999999999996,26.79,16.989999999999998]
["Composição Auxiliar"," 88316 ","SINAPI","SERVENTE COM ENCARGOS COMPLEMENTARES","SEDI - SERVIÇOS DIVERSOS",null,"H",0.1036,18.98,1.96]
["Insumo"," 00003767 ","SINAPI","LIXA EM FOLHA PARA PAREDE OU MADEIRA, NUMERO 120, COR VERMELHA","Material",null,"UN",8.2869999999999999E-2,0.85,7.0000000000000007E-2]
["Insumo"," 00043651 ","SINAPI","MASSA ACRILICA PARA SUPERFICIES INTERNAS E EXTERNAS","Material",null,"KG",1.3870899999999999,4.53,6.28]
[{"$nulls":4},"MO sem LS =>",14.64,"LS =>",0,"MO com LS =>",14.64]
[{"$nulls":4},"Valor do BDI =>",5.54,null,"Valor com BDI =>",null,30.84]
[{"$nulls":6},"Quant. =>","653,62","Preço Total =>",20157.64]
[]
[" 11.5 ","Código","Banco","Descrição","Tipo",null,"Und","Quant.","Valor Unit","Total"]
["Composição"," 88489 ","SINAPI","PINTURA LÁTEX ACRÍLICA PREMIUM, APLICAÇÃO MANUAL EM PAREDES, DUAS DEMÃOS. AF_04/2023","PINT - PINTURAS",null,"m²",1,13.13,13.13]
["Composição Auxiliar"," 88310 ","SINAPI","PINTOR COM ENCARGOS COMPLEMENTARES","SEDI - SERVIÇOS DIVERSOS",null,"H",0.16309999999999999,26.79,4.3600000000000003]
["Composição Auxiliar"," 88316 ","SINAPI","SERVENTE COM ENCARGOS COMPLEMENTARES","SEDI - SERVIÇOS DIVERSOS",null,"H",5.4399999999999997E-2,18.98,1.03]
["Insumo"," 00007356 ","SINAPI","TINTA LATEX ACRILICA PREMIUM, COR BRANCO FOSCO","Material",null,"L",0.22850000000000001,33.89,7.74]
[{"$nulls":4},"MO sem LS =>",4.16,"LS =>",0,"MO com LS =>",4.16]
[{"$nulls":4},"Valor do BDI =>",2.87,null,"Valor com BDI =>",null,16]
[{"$nulls":6},"Quant. =>","5.199,66","Preço Total =>",83194.559999999998]
[]
[" 11.6 ","Código","Banco","Descrição","Tipo",null,"Und","Quant.","Valor Unit","Total"]
["Composição"," 100759 ","SINAPI","PINTURA COM TINTA ALQUÍDICA DE ACABAMENTO (ESMALTE SINTÉTICO BRILHANTE) PULVERIZADA SOBRE SUPERFÍCIES METÁLICAS (EXCETO PERFIL) EXECUTADO EM OBRA (02 DEMÃOS). AF_01/2020_PE","PINT - PINTURAS",null,"m²",1,42.2,42.2]
["Composição Auxiliar"," 88310 ","SINAPI","PINTOR COM ENCARGOS COMPLEMENTARES","SEDI - SERVIÇOS DIVERSOS",null,"H",1.0530999999999999,26.79,28.21]
["Insumo"," 00007292 ","SINAPI","TINTA ESMALTE SINTETICO PREMIUM BRILHANTE","Material",null,"L",0.41339999999999999,27.46,11.35]
["Insumo"," 00005318 ","SINAPI","DILUENTE AGUARRAS","Material",null,"L",0.124,21.36,2.64]
[{"$nulls":4},"MO sem LS =>",21.8,"LS =>",0,"MO com LS =>",21.8]
[{"$nulls":4},"Valor do BDI =>",9.24,null,"Valor com BDI =>",null,51.44]
[{"$nulls":6},"Quant. =>","840,00","Preço Total =>",43209.599999999999]
[]
[" 11.7 ","Código","Banco","Descrição","Tipo",null,"Und","Quant.","Valor Unit","Total"]
["Composição"," 88494 ","SINAPI","EMASSAMENTO COM MASSA LÁTEX, APLICAÇÃO EM TETO, UMA DEMÃO, LIXAMENTO MANUAL. AF_04/2023","PINT - PINTURAS",null,"m²",1,18.579999999999998,18.579999999999998]
["Composição Auxiliar"," 88316 ","SINAPI","SERVENTE COM ENCARGOS COMPLEMENTARES","SEDI - SERVIÇOS DIVERSOS",null,"H",0.16850000000000001,18.98,3.19]
["Composição Auxiliar"," 88310 ","SINAPI","PINTOR COM ENCARGOS COMPLEMENTARES","SEDI - SERVIÇOS DIVERSOS",null,"H",0.50539999999999996,26.79,13.53]
["Insumo"," 00043626 ","SINAPI","MASSA CORRIDA PARA SUPERFICIES DE AMBIENTES INTERNOS","Material",null,"KG",0.7288,2.52,1.83]
["Insumo"," 00003767 ","SINAPI","LIXA EM FOLHA PARA PAREDE OU MADEIRA, NUMERO 120, COR VERMELHA","Material",null,"UN",4.0099999999999997E-2,0.85,0.03]
[{"$nulls":4},"MO sem LS =>",12.93,"LS =>",0,"MO com LS =>",12.93]
[{"$nulls":4},"Valor do BDI =>",4.0599999999999996,null,"Valor com BDI =>",null,22.64]
[{"$nulls":6},"Quant. =>","1.504,44","Preço Total =>",34060.519999999997]
[]
[" 11.8 ","Código","Banco","Descrição","Tipo",null,"Und","Quant.","Valor Unit","Total"]
["Composição"," 104640 ","SINAPI","PINTURA LÁTEX ACRÍLICA STANDARD, APLICAÇÃO MANUAL EM TETO, DUAS DEMÃOS. AF_04/2023","PINT - PINTURAS",null,"m²",1,12.76,12.76]
["Composição Auxiliar"," 88310 ","SINAPI","PINTOR COM ENCARGOS COMPLEMENTARES","SEDI - SERVIÇOS DIVERSOS",null,"H",0.22700000000000001,26.79,6.08]
["Composição Auxiliar"," 88316 ","SINAPI","SERVENTE COM ENCARGOS COMPLEMENTARES","SEDI - SERVIÇOS DIVERSOS",null,"H",7.5700000000000003E-2,18.98,1.43]
["Insumo"," 00035692 ","SINAPI","TINTA LATEX ACRILICA STANDARD, COR BRANCA","Material",null,"L",0.23669999999999999,22.18,5.25]
[{"$nulls":4},"MO sem LS =>",5.8,"LS =>",0,"MO com LS =>",5.8]
[{"$nulls":4},"Valor do BDI =>",2.79,null,"Valor com BDI =>",null,15.55]
[{"$nulls":6},"Quant. =>","1.504,44","Preço Total =>",23394.04]
[]
[" 11.9 ","Código","Banco","Descrição","Tipo",null,"Und","Quant.","Valor Unit","Total"]
["Composição"," 88485 ","SINAPI","FUNDO SELADOR ACRÍLICO, APLICAÇÃO MANUAL EM PAREDE, UMA DEMÃO. AF_04/2023","PINT - PINTURAS",null,"m²",1,3.17,3.17]
["Composição Auxiliar"," 88310 ","SINAPI","PINTOR COM ENCARGOS COMPLEMENTARES","SEDI - SERVIÇOS DIVERSOS",null,"H",6.6600000000000006E-2,26.79,1.78]
["Composição Auxiliar"," 88316 ","SINAPI","SERVENTE COM ENCARGOS COMPLEMENTARES","SEDI - SERVIÇOS DIVERSOS",null,"H",2.2200000000000001E-2,18.98,0.42]
["Insumo"," 00006085 ","SINAPI","SELADOR ACRILICO OPACO PREMIUM INTERIOR/EXTERIOR","Material",null,"L",0.1666,5.84,0.97]
[{"$nulls":4},"MO sem LS =>",1.69,"LS =>",0,"MO com LS =>",1.69]
[{"$nulls":4},"Valor do BDI =>",0.69,null,"Valor com BDI =>",null,3.86]
[{"$nulls":6},"Quant. =>","5.199,66","Preço Total =>",20070.68]
[]
[" 11.10 ","Código","Banco","Descrição","Tipo",null,"Und","Quant.","Valor Unit","Total"]
["Composição"," 88484 ","SINAPI","FUNDO SELADOR ACRÍLICO, APLICAÇÃO MANUAL EM TETO, UMA DEMÃO. AF_04/2023","PINT - PINTURAS",null,"m²",1,4.03,4.03]
["Composição Auxiliar"," 88310 ","SINAPI","PINTOR COM ENCARGOS COMPLEMENTARES","SEDI - SERVIÇOS DIVERSOS",null,"H",9.2700000000000005E-2,26.79,2.48]
["Composição Auxiliar"," 88316 ","SINAPI","SERVENTE COM ENCARGOS COMPLEMENTARES","SEDI - SERVIÇOS DIVERSOS",null,"H",3.09E-2,18.98,0.57999999999999996]
["Insumo"," 00006085 ","SINAPI","SELADOR ACRILICO OPACO PREMIUM INTERIOR/EXTERIOR","Material",null,"L",0.1666,5.84,0.97]
[{"$nulls":4},"MO sem LS =>",2.36,"LS =>",0,"MO com LS =>",2.36]
[{"$nulls":4},"Valor do BDI =>",0.88,null,"Valor com BDI =>",null,4.91]
[{"$nulls":6},"Quant. =>","1.504,44","Preço Total =>",7386.8]
[]
[" 12 ",null,null,"PROJETO PREVENTIVO CONTRA INCÊNDIO",{"$nulls":5},77359.240000000005]
[" 12.1 ","Código","Banco","Descrição","Tipo",null,"Und","Quant.","Valor Unit","Total"]
["Composição"," 12884 ","ORSE","Placa de sinalizacao, fotoluminescente, 38x19 cm, em pvc , com seta indicativa de sentido (esquerda ou direita) de saída de emergência- Placa S2","Sinalização Vertical",null,"un",1,23.63,23.63]
[null,"Código","Banco","Descrição","Tipo",null,"Und","Quant.","Valor Unit","Total"]
["Composição",10549,"ORSE","Encargos Complementares - Servente","Provisórios",null,"h",0.2,"3,80","0,76"]
["Insumo",13651,"ORSE","Placa de sinalizacao, fotoluminescente, 38x19 cm, em pvc , com seta indicativa de sentido (esquerda ou direita) de saída de emergência- Placa S2","Material",null,"un",1,"20,19","20,19"]
["Insumo","00006111/SINAPI","ORSE","Servente de obras (horista)","Mão de Obra",null,"h",0.2,"13,65","2,72"]
["Detalhamento de Cálculo ORSE"]
[null,"Código","Banco","Descrição","Tipo",null,"Und","Quant.","Valor Unit","Total"]
["Insumo",10492,"ORSE","Cesta Básica","Material",null,"un",8.9999999999999998E-4,"190,00","0,17"]
["Insumo",941,"ORSE","Fardamento com mangas curta","Material",null,"un",2.9999999999999997E-4,"193,41","0,05"]
["Insumo",158,"ORSE","Almoço (Participação do empregador)","Material",null,"un",2.036E-2,"14,00","0,28"]
["Insumo",10517,"ORSE","Exames admissionais/demissionais (checkup)","Serviços",null,"cj",8.0000000000000007E-5,"300,00","0,02"]
["Insumo",10599,"ORSE","Protetor solar fps 30 com 120ml","Material",null,"un",3.6000000000000002E-4,"18,00","0,00"]
["Insumo",4728,"ORSE","Talhadeira chata 10\"","Material",null,"un",6.0000000000000002E-5,"18,58","0,00"]
["Insumo","00006111/SINAPI","ORSE","Servente de obras (horista)","Mão de Obra",null,"h",0.2,"13,65","2,72"]
["Insumo",13651,"ORSE","Placa de sinalizacao, fotoluminescente, 38x19 cm, em pvc , com seta indicativa de sentido (esquerda ou direita) de saída de emergência- Placa S2","Material",null,"un",1,"20,19","20,19"]
["Insumo","00012892/SINAPI","ORSE","Luva raspa de couro, cano curto (punho *7* cm)","Material",null,"par",4.6000000000000001E-4,"12,51","0,00"]
["Insumo",10788,"ORSE","Pá quadrada","Material",null,"un",4.0000000000000003E-5,"36,90","0,00"]
["Insumo",1651,"ORSE","Óculos branco proteção","Material",null,"pr",1.6000000000000001E-4,"6,70","0,00"]
["Insumo",4729,"ORSE","Marreta 1 kg com cabo","Material",null,"un",2.0000000000000002E-5,"37,80","0,00"]
["Insumo","00002711/SINAPI","ORSE","Carrinho de mao de aco capacidade 50 a 60 l, pneu com camara","Material",null,"un",4.0000000000000003E-5,"166,00","0,00"]
["Insumo",2378,"ORSE","Vale transporte","Material",null,"un",1.882E-2,"4,50","0,08"]
["Insumo","00012893/SINAPI","ORSE","Bota de seguranca com biqueira de aco e colarinho acolchoado","Material",null,"par",1.6000000000000001E-4,"66,72","0,01"]
["Insumo",10761,"ORSE","Refeição - café da manhã ( café com leite e dois pães com manteiga)","Serviços",null,"un",2.036E-2,"5,00","0,10"]
["Insumo",10362,"ORSE","Seguro de vida e acidente em grupo","Serviços",null,"un",8.9999999999999998E-4,"12,54","0,01"]
["Insumo","00012895/SINAPI","ORSE","Capacete de seguranca aba frontal com suspensao de polietileno, sem jugular (classe b)","Material",null,"un",1.2E-4,"13,90","0,00"]
["Insumo","00012894/SINAPI","ORSE","Capa para chuva em pvc com forro de poliester, com capuz (amarela ou azul)","Material",null,"un",4.0000000000000003E-5,"18,07","0,00"]
["Insumo",10596,"ORSE","Protetor auricular","Material",null,"un",8.9999999999999998E-4,"4,90","0,00"]
[{"$nulls":4},"MO sem LS =>",2.72,"LS =>",0,"MO com LS =>",2.72]
[{"$nulls":4},"Valor do BDI =>",5.17,null,"Valor com BDI =>",null,28.8]
[{"$nulls":6},"Quant. =>","80,00","Preço Total =>",2304]
[]
[" 12.2 ","Código","Banco","Descrição","Tipo",null,"Und","Quant.","Valor Unit","Total"]
["Composição"," 11926 ","ORSE","Fornecimento e Instalação de Cruzetal em PVC, para eletrocalha, 300x100mm","Interligações até Quadro Geral - Eletrodutos e Conexões",null,"Un",1,154.11000000000001,154.11000000000001]
[null,"Código","Banco","Descrição","Tipo",null,"Und","Quant.","Valor Unit","Total"]
["Insumo","00002436/SINAPI","ORSE","Eletricista (horista)","Mão de Obra",null,"h",0.05,"19,13","0,95"]
["Composição",10552,"ORSE","Encargos Complementares - Eletricista","Provisórios",null,"h",0.05,"3,66","0,18"]
["Insumo",12764,"ORSE","Cruzeta 300 x 100 mm para eletrocalha perfurada PVC","Material",null,"un",1,"153,01","153,01"]
["Detalhamento de Cálculo ORSE"]
[null,"Código","Banco","Descrição","Tipo",null,"Und","Quant.","Valor Unit","Total"]
["Insumo","00002436/SINAPI","ORSE","Eletricista (horista)","Mão de Obra",null,"h",0.05,"19,13","0,95"]
["Insumo",11241,"ORSE","Alicate volt-amperimetro","Material",null,"un",1.0000000000000001E-5,"163,00","0,00"]
["Insumo",941,"ORSE","Fardamento com mangas curta","Material",null,"un",7.4999999999999993E-5,"193,41","0,01"]
["Insumo",2378,"ORSE","Vale transporte","Material",null,"un",3.2699999999999999E-3,"4,50","0,01"]
["Insumo","00012895/SINAPI","ORSE","Capacete de seguranca aba frontal com suspensao de polietileno, sem jugular (classe b)","Material",null,"un",3.0000000000000001E-5,"13,90","0,00"]
["Insumo","00012894/SINAPI","ORSE","Capa para chuva em pvc com forro de poliester, com capuz (amarela ou azul)","Material",null,"un",1.0000000000000001E-5,"18,07","0,00"]
["Insumo",10492,"ORSE","Cesta Básica","Material",null,"un",2.2499999999999999E-4,"190,00","0,04"]
["Insumo",10362,"ORSE","Seguro de vida e acidente em grupo","Serviços",null,"un",2.2499999999999999E-4,"12,54","0,00"]
["Insumo",11240,"ORSE","Alicate com isolamento","Material",null,"un",1.0000000000000001E-5,"47,69","0,00"]
["Insumo",1651,"ORSE","Óculos branco proteção","Material",null,"pr",4.0000000000000003E-5,"6,70","0,00"]
["Insumo",10761,"ORSE","Refeição - café da manhã ( café com leite e dois pães com manteiga)","Serviços",null,"un",5.0899999999999999E-3,"5,00","0,02"]
["Insumo",11242,"ORSE","Chave inglesa 12\"","Material",null,"un",5.0000000000000004E-6,"34,00","0,00"]
["Insumo",10599,"ORSE","Protetor solar fps 30 com 120ml","Material",null,"un",9.0000000000000006E-5,"18,00","0,00"]
["Insumo",10517,"ORSE","Exames admissionais/demissionais (checkup)","Serviços",null,"cj",2.0000000000000002E-5,"300,00","0,00"]
["Insumo",158,"ORSE","Almoço (Participação do empregador)","Material",null,"un",5.0899999999999999E-3,"14,00","0,07"]
["Insumo","00012893/SINAPI","ORSE","Bota de seguranca com biqueira de aco e colarinho acolchoado","Material",null,"par",3.4999999999999997E-5,"66,72","0,00"]
["Insumo",10579,"ORSE","Chave de fenda chata 30 cm","Material",null,"un",1.0000000000000001E-5,"26,89","0,00"]
["Insumo",10596,"ORSE","Protetor auricular","Material",null,"un",2.2499999999999999E-4,"4,90","0,00"]
["Insumo","00012892/SINAPI","ORSE","Luva raspa de couro, cano curto (punho *7* cm)","Material",null,"par",1.15E-4,"12,51","0,00"]
["Insumo",12764,"ORSE","Cruzeta 300 x 100 mm para eletrocalha perfurada PVC","Material",null,"un",1,"153,01","153,01"]
[{"$nulls":4},"MO sem LS =>",0.95,"LS =>",0,"MO com LS =>",0.95]
[{"$nulls":4},"Valor do BDI =>",33.75,null,"Valor com BDI =>",null,187.86]
[{"$nulls":6},"Quant. =>","2,00","Preço Total =>",375.72]
[]
[" 12.3 ","Código","Banco","Descrição","Tipo",null,"Und","Quant.","Valor Unit","Total"]
["Composição"," 12137 ","ORSE","Placa de sinalizacao de seguranca contra incendio, fotoluminescente, quadrada, *20 x 20* cm, em pvc *2* mm anti-chamas (simbolos, cores e pictogramas conforme nbr 13434)","Sinalização Vertical",null,"Un",1,32.35,32.35]
[null,"Código","Banco","Descrição","Tipo",null,"Und","Quant.","Valor Unit","Total"]
["Insumo","00006111/SINAPI","ORSE","Servente de obras (horista)","Mão de Obra",null,"h",0.2,"13,65","2,72"]
["Composição",10549,"ORSE","Encargos Complementares - Servente","Provisórios",null,"h",0.2,"3,80","0,76"]
["Insumo","00037556/SINAPI","ORSE","Placa de sinalizacao de seguranca contra incendio, fotoluminescente, quadrada, *20 x 20* cm, em pvc *2* mm anti-chamas (simbolos, cores e pictogramas conforme nbr 16820)","Material",null,"un",1,"28,91","28,91"]
["Detalhamento de Cálculo ORSE"]
[null,"Código","Banco","Descrição","Tipo",null,"Und","Quant.","Valor Unit","Total"]
["Insumo","00012895/SINAPI","ORSE","Capacete de seguranca aba frontal com suspensao de polietileno, sem jugular (classe b)","Material",null,"un",1.2E-4,"13,90","0,00"]
["Insumo",1651,"ORSE","Óculos branco proteção","Material",null,"pr",1.6000000000000001E-4,"6,70","0,00"]
["Insumo",4729,"ORSE","Marreta 1 kg com cabo","Material",null,"un",2.0000000000000002E-5,"37,80","0,00"]
["Insumo","00006111/SINAPI","ORSE","Servente de obras (horista)","Mão de Obra",null,"h",0.2,"13,65","2,72"]
["Insumo",4728,"ORSE","Talhadeira chata 10\"","Material",null,"un",6.0000000000000002E-5,"18,58","0,00"]
["Insumo",10761,"ORSE","Refeição - café da manhã ( café com leite e dois pães com manteiga)","Serviços",null,"un",2.036E-2,"5,00","0,10"]
["Insumo",10599,"ORSE","Protetor solar fps 30 com 120ml","Material",null,"un",3.6000000000000002E-4,"18,00","0,00"]
["Insumo",158,"ORSE","Almoço (Participação do empregador)","Material",null,"un",2.036E-2,"14,00","0,28"]
["Insumo","00012892/SINAPI","ORSE","Luva raspa de couro, cano curto (punho *7* cm)","Material",null,"par",4.6000000000000001E-4,"12,51","0,00"]
["Insumo","00037556/SINAPI","ORSE","Placa de sinalizacao de seguranca contra incendio, fotoluminescente, quadrada, *20 x 20* cm, em pvc *2* mm anti-chamas (simbolos, cores e pictogramas conforme nbr 16820)","Material",null,"un",1,"28,91","28,91"]
["Insumo",2378,"ORSE","Vale transporte","Material",null,"un",1.882E-2,"4,50","0,08"]
["Insumo",10362,"ORSE","Seguro de vida e acidente em grupo","Serviços",null,"un",8.9999999999999998E-4,"12,54","0,01"]
["Insumo",10517,"ORSE","Exames admissionais/demissionais (checkup)","Serviços",null,"cj",8.0000000000000007E-5,"300,00","0,02"]
["Insumo","00012893/SINAPI","ORSE","Bota de seguranca com biqueira de aco e colarinho acolchoado","Material",null,"par",1.6000000000000001E-4,"66,72","0,01"]
["Insumo","00012894/SINAPI","ORSE","Capa para chuva em pvc com forro de poliester, com capuz (amarela ou azul)","Material",null,"un",4.0000000000000003E-5,"18,07","0,00"]
["Insumo",10596,"ORSE","Protetor auricular","Material",null,"un",8.9999999999999998E-4,"4,90","0,00"]
["Insumo",10788,"ORSE","Pá quadrada","Material",null,"un",4.0000000000000003E-5,"36,90","0,00"]
["Insumo",10492,"ORSE","Cesta Básica","Material",null,"un",8.9999999999999998E-4,"190,00","0,17"]
["Insumo",941,"ORSE","Fardamento com mangas curta","Material",null,"un",2.9999999999999997E-4,"193,41","0,05"]
["Insumo","00002711/SINAPI","ORSE","Carrinho de mao de aco capacidade 50 a 60 l, pneu com camara","Material",null,"un",4.0000000000000003E-5,"166,00","0,00"]
[{"$nulls":4},"MO sem LS =>",2.72,"LS =>",0,"MO com LS =>",2.72]
[{"$nulls":4},"Valor do BDI =>",7.08,null,"Valor com BDI =>",null,39.43]
[{"$nulls":6},"Quant. =>","24,00","Preço Total =>",946.32]
[]
[null,"Código","Banco","Descrição","Tipo",null,"Und","Quant.","Valor Unit","Total"]
["Insumo"," 13156 ","ORSE","Luminária de emergência c/ dois projetors LED alimentação 127/220 de 12v/55 autonomia de 3horas","Material",null,"un",1,259.8,259.8]
[{"$nulls":4},"MO sem LS =>",0,"LS =>",0,"MO com LS =>",0]
[{"$nulls":4},"Valor do BDI =>",null,null,"Valor com BDI =>",null,297.23]
[{"$nulls":6},"Quant. =>","47,00","Preço Total =>",13969.81]
[]
[" 12.5 ","Código","Banco","Descrição","Tipo",null,"Und","Quant.","Valor Unit","Total"]
["Composição"," 12885 ","ORSE","Placa de sinalizacao, fotoluminescente, 30x30 cm, em pvc , com logotipo \"Abrigo de mangueira e hidrante\"- Placa E7","Sinalização Vertical",null,"un",1,21.19,21.19]
[null,"Código","Banco","Descrição","Tipo",null,"Und","Quant.","Valor Unit","Total"]
["Composição",10549,"ORSE","Encargos Complementares - Servente","Provisórios",null,"h",0.2,"3,80","0,76"]
["Insumo","00006111/SINAPI","ORSE","Servente de obras (horista)","Mão de Obra",null,"h",0.2,"13,65","2,72"]
["Insumo",13652,"ORSE","Placa de sinalizacao, fotoluminescente, 30x30 cm, em pvc , com logotipo \"Abrigo de mangueira e hidrante\"- Placa E7","Material",null,"un",1,"17,75","17,75"]
["Detalhamento de Cálculo ORSE"]
[null,"Código","Banco","Descrição","Tipo",null,"Und","Quant.","Valor Unit","Total"]
["Insumo",13652,"ORSE","Placa de sinalizacao, fotoluminescente, 30x30 cm, em pvc , com logotipo \"Abrigo de mangueira e hidrante\"- Placa E7","Material",null,"un",1,"17,75","17,75"]
["Insumo",10492,"ORSE","Cesta Básica","Material",null,"un",8.9999999999999998E-4,"190,00","0,17"]
["Insumo","00012892/SINAPI","ORSE","Luva raspa de couro, cano curto (punho *7* cm)","Material",null,"par",4.6000000000000001E-4,"12,51","0,00"]
["Insumo","00012895/SINAPI","ORSE","Capacete de seguranca aba frontal com suspensao de polietileno, sem jugular (classe b)","Material",null,"un",1.2E-4,"13,90","0,00"]
["Insumo",4729,"ORSE","Marreta 1 kg com cabo","Material",null,"un",2.0000000000000002E-5,"37,80","0,00"]
["Insumo",10761,"ORSE","Refeição - café da manhã ( café com leite e dois pães com manteiga)","Serviços",null,"un",2.036E-2,"5,00","0,10"]
["Insumo","00012894/SINAPI","ORSE","Capa para chuva em pvc com forro de poliester, com capuz (amarela ou azul)","Material",null,"un",4.0000000000000003E-5,"18,07","0,00"]
["Insumo",10362,"ORSE","Seguro de vida e acidente em grupo","Serviços",null,"un",8.9999999999999998E-4,"12,54","0,01"]
["Insumo",10517,"ORSE","Exames admissionais/demissionais (checkup)","Serviços",null,"cj",8.0000000000000007E-5,"300,00","0,02"]
["Insumo",2378,"ORSE","Vale transporte","Material",null,"un",1.882E-2,"4,50","0,08"]
["Insumo",4728,"ORSE","Talhadeira chata 10\"","Material",null,"un",6.0000000000000002E-5,"18,58","0,00"]
["Insumo",10599,"ORSE","Protetor solar fps 30 com 120ml","Material",null,"un",3.6000000000000002E-4,"18,00","0,00"]
["Insumo","00002711/SINAPI","ORSE","Carrinho de mao de aco capacidade 50 a 60 l, pneu com camara","Material",null,"un",4.0000000000000003E-5,"166,00","0,00"]
["Insumo",158,"ORSE","Almoço (Participação do empregador)","Material",null,"un",2.036E-2,"14,00","0,28"]
["Insumo",10788,"ORSE","Pá quadrada","Material",null,"un",4.0000000000000003E-5,"36,90","0,00"]
["Insumo",10596,"ORSE","Protetor auricular","Material",null,"un",8.9999999999999998E-4,"4,90","0,00"]
["Insumo",941,"ORSE","Fardamento com mangas curta","Material",null,"un",2.9999999999999997E-4,"193,41","0,05"]
["Insumo","00012893/SINAPI","ORSE","Bota de seguranca com biqueira de aco e colarinho acolchoado","Material",null,"par",1.6000000000000001E-4,"66,72","0,01"]
["Insumo",1651,"ORSE","Óculos branco proteção","Material",null,"pr",1.6000000000000001E-4,"6,70","0,00"]
["Insumo","00006111/SINAPI","ORSE","Servente de obras (horista)","Mão de Obra",null,"h",0.2,"13,65","2,72"]
[{"$nulls":4},"MO sem LS =>",2.72,"LS =>",0,"MO com LS =>",2.72]
[{"$nulls":4},"Valor do BDI =>",4.6399999999999997,null,"Valor com BDI =>",null,25.83]
[{"$nulls":6},"Quant. =>","4,00","Preço Total =>",103.32]
[]
[" 12.6 ","Código","Banco","Descrição","Tipo",null,"Und","Quant.","Valor Unit","Total"]
["Composição"," 12887 ","ORSE","Placa de sinalizacao, fotoluminescente, 38x19 cm, em pvc , com logotipo \"Comando manual de alarme de incêndio\"- Placa E2","Sinalização Vertical",null,"un",1,23.63,23.63]
[null,"Código","Banco","Descrição","Tipo",null,"Und","Quant.","Valor Unit","Total"]
["Insumo",13654,"ORSE","Placa de sinalizacao, fotoluminescente, 38x19 cm, em pvc , com logotipo \"Comando manual de alarme de incêndio\"- Placa E2","Material",null,"un",1,"20,19","20,19"]
["Composição",10549,"ORSE","Encargos Complementares - Servente","Provisórios",null,"h",0.2,"3,80","0,76"]
["Insumo","00006111/SINAPI","ORSE","Servente de obras (horista)","Mão de Obra",null,"h",0.2,"13,65","2,72"]
["Detalhamento de Cálculo ORSE"]
[null,"Código","Banco","Descrição","Tipo",null,"Und","Quant.","Valor Unit","Total"]
["Insumo","00012895/SINAPI","ORSE","Capacete de seguranca aba frontal com suspensao de polietileno, sem jugular (classe b)","Material",null,"un",1.2E-4,"13,90","0,00"]
["Insumo",10596,"ORSE","Protetor auricular","Material",null,"un",8.9999999999999998E-4,"4,90","0,00"]
["Insumo",158,"ORSE","Almoço (Participação do empregador)","Material",null,"un",2.036E-2,"14,00","0,28"]
["Insumo",10761,"ORSE","Refeição - café da manhã ( café com leite e dois pães com manteiga)","Serviços",null,"un",2.036E-2,"5,00","0,10"]
["Insumo",4729,"ORSE","Marreta 1 kg com cabo","Material",null,"un",2.0000000000000002E-5,"37,80","0,00"]
["Insumo",4728,"ORSE","Talhadeira chata 10\"","Material",null,"un",6.0000000000000002E-5,"18,58","0,00"]
["Insumo","00012894/SINAPI","ORSE","Capa para chuva em pvc com forro de poliester, com capuz (amarela ou azul)","Material",null,"un",4.0000000000000003E-5,"18,07","0,00"]
["Insumo",10362,"ORSE","Seguro de vida e acidente em grupo","Serviços",null,"un",8.9999999999999998E-4,"12,54","0,01"]
["Insumo","00006111/SINAPI","ORSE","Servente de obras (horista)","Mão de Obra",null,"h",0.2,"13,65","2,72"]
["Insumo","00012893/SINAPI","ORSE","Bota de seguranca com biqueira de aco e colarinho acolchoado","Material",null,"par",1.6000000000000001E-4,"66,72","0,01"]
["Insumo",10599,"ORSE","Protetor solar fps 30 com 120ml","Material",null,"un",3.6000000000000002E-4,"18,00","0,00"]
["Insumo","00012892/SINAPI","ORSE","Luva raspa de couro, cano curto (punho *7* cm)","Material",null,"par",4.6000000000000001E-4,"12,51","0,00"]
["Insumo",1651,"ORSE","Óculos branco proteção","Material",null,"pr",1.6000000000000001E-4,"6,70","0,00"]
["Insumo",941,"ORSE","Fardamento com mangas curta","Material",null,"un",2.9999999999999997E-4,"193,41","0,05"]
["Insumo",10492,"ORSE","Cesta Básica","Material",null,"un",8.9999999999999998E-4,"190,00","0,17"]
["Insumo","00002711/SINAPI","ORSE","Carrinho de mao de aco capacidade 50 a 60 l, pneu com camara","Material",null,"un",4.0000000000000003E-5,"166,00","0,00"]
["Insumo",2378,"ORSE","Vale transporte","Material",null,"un",1.882E-2,"4,50","0,08"]
["Insumo",10788,"ORSE","Pá quadrada","Material",null,"un",4.0000000000000003E-5,"36,90","0,00"]
["Insumo",13654,"ORSE","Placa de sinalizacao, fotoluminescente, 38x19 cm, em pvc , com logotipo \"Comando manual de alarme de incêndio\"- Placa E2","Material",null,"un",1,"20,19","20,19"]
["Insumo",10517,"ORSE","Exames admissionais/demissionais (checkup)","Serviços",null,"cj",8.0000000000000007E-5,"300,00","0,02"]
[{"$nulls":4},"MO sem LS =>",2.72,"LS =>",0,"MO com LS =>",2.72]
[{"$nulls":4},"Valor do BDI =>",5.17,null,"Valor com BDI =>",null,28.8]
[{"$nulls":6},"Quant. =>","4,00","Preço Total =>",115.2]
[]
[null,"Código","Banco","Descrição","Tipo",null,"Und","Quant.","Valor Unit","Total"]
["Insumo"," 13653 ","ORSE","Placa de sinalizacao, fotoluminescente, 30x30 cm, em pvc , com logotipo \"Alarme sonoro\"- Placa E1","Material",null,"un",1,17.75,17.75]
[{"$nulls":4},"MO sem LS =>",0,"LS =>",0,"MO com LS =>",0]
[{"$nulls":4},"Valor do BDI =>",null,null,"Valor com BDI =>",null,20.3]
[{"$nulls":6},"Quant. =>","4,00","Preço Total =>",81.2]
[]
[" 12.8 ","Código","Banco","Descrição","Tipo",null,"Und","Quant.","Valor Unit","Total"]
["Composição"," 1511 ","ORSE","Extintor de pó químico ABC, capacidade 6 kg, alcance médio do jato 5m , tempode descarga 12s, NBR9443, 9444, 10721","Equipamentos para Combate a Incêndio",null,"un",1,233.7,233.7]
[null,"Código","Banco","Descrição","Tipo",null,"Und","Quant.","Valor Unit","Total"]
["Insumo","00006111/SINAPI","ORSE","Servente de obras (horista)","Mão de Obra",null,"h",0.1,"13,65","1,36"]
["Composição",10549,"ORSE","Encargos Complementares - Servente","Provisórios",null,"h",0.1,"3,80","0,38"]
["Insumo","00010892/SINAPI","ORSE","Extintor de incendio portatil com carga de po quimico seco (pqs) de 6 kg, classe bc","Material",null,"un",1,"232,00","232,00"]
["Detalhamento de Cálculo ORSE"]
[null,"Código","Banco","Descrição","Tipo",null,"Und","Quant.","Valor Unit","Total"]
["Insumo","00012895/SINAPI","ORSE","Capacete de seguranca aba frontal com suspensao de polietileno, sem jugular (classe b)","Material",null,"un",6.0000000000000002E-5,"13,90","0,00"]
["Insumo",941,"ORSE","Fardamento com mangas curta","Material",null,"un",1.4999999999999999E-4,"193,41","0,02"]
["Insumo","00012892/SINAPI","ORSE","Luva raspa de couro, cano curto (punho *7* cm)","Material",null,"par",2.3000000000000001E-4,"12,51","0,00"]
["Insumo",10492,"ORSE","Cesta Básica","Material",null,"un",4.4999999999999999E-4,"190,00","0,08"]
["Insumo",10599,"ORSE","Protetor solar fps 30 com 120ml","Material",null,"un",1.8000000000000001E-4,"18,00","0,00"]
["Insumo",1651,"ORSE","Óculos branco proteção","Material",null,"pr",8.0000000000000007E-5,"6,70","0,00"]
["Insumo",4728,"ORSE","Talhadeira chata 10\"","Material",null,"un",3.0000000000000001E-5,"18,58","0,00"]
["Insumo",10761,"ORSE","Refeição - café da manhã ( café com leite e dois pães com manteiga)","Serviços",null,"un",1.018E-2,"5,00","0,05"]
["Insumo","00002711/SINAPI","ORSE","Carrinho de mao de aco capacidade 50 a 60 l, pneu com camara","Material",null,"un",2.0000000000000002E-5,"166,00","0,00"]
["Insumo",158,"ORSE","Almoço (Participação do empregador)","Material",null,"un",1.018E-2,"14,00","0,14"]
["Insumo",2378,"ORSE","Vale transporte","Material",null,"un",9.41E-3,"4,50","0,04"]
["Insumo",4729,"ORSE","Marreta 1 kg com cabo","Material",null,"un",1.0000000000000001E-5,"37,80","0,00"]
["Insumo","00012893/SINAPI","ORSE","Bota de seguranca com biqueira de aco e colarinho acolchoado","Material",null,"par",8.0000000000000007E-5,"66,72","0,00"]
["Insumo","00012894/SINAPI","ORSE","Capa para chuva em pvc com forro de poliester, com capuz (amarela ou azul)","Material",null,"un",2.0000000000000002E-5,"18,07","0,00"]
["Insumo",10788,"ORSE","Pá quadrada","Material",null,"un",2.0000000000000002E-5,"36,90","0,00"]
["Insumo","00010892/SINAPI","ORSE","Extintor de incendio portatil com carga de po quimico seco (pqs) de 6 kg, classe bc","Material",null,"un",1,"232,00","232,00"]
["Insumo",10596,"ORSE","Protetor auricular","Material",null,"un",4.4999999999999999E-4,"4,90","0,00"]
["Insumo",10517,"ORSE","Exames admissionais/demissionais (checkup)","Serviços",null,"cj",4.0000000000000003E-5,"300,00","0,01"]
["Insumo",10362,"ORSE","Seguro de vida e acidente em grupo","Serviços",null,"un",4.4999999999999999E-4,"12,54","0,00"]
["Insumo","00006111/SINAPI","ORSE","Servente de obras (horista)","Mão de Obra",null,"h",0.1,"13,65","1,36"]
[{"$nulls":4},"MO sem LS =>",1.36,"LS =>",0,"MO com LS =>",1.36]
[{"$nulls":4},"Valor do BDI =>",51.18,null,"Valor com BDI =>",null,284.88]
[{"$nulls":6},"Quant. =>","24,00","Preço Total =>",6837.12]
[]
[" 12.9 ","Código","Banco","Descrição","Tipo",null,"Und","Quant.","Valor Unit","Total"]
["Composição"," 102513 ","SINAPI","PINTURA DE SÍMBOLOS E TEXTOS COM TINTA ACRÍLICA, DEMARCAÇÃO COM FITA ADESIVA E APLICAÇÃO COM ROLO. AF_05/2021","PINT - PINTURAS",null,"m²",1,44.95,44.95]
["Composição Auxiliar"," 88316 ","SINAPI","SERVENTE COM ENCARGOS COMPLEMENTARES","SEDI - SERVIÇOS DIVERSOS",null,"H",0.4,18.98,7.59]
["Composição Auxiliar"," 88310 ","SINAPI","PINTOR COM ENCARGOS COMPLEMENTARES","SEDI - SERVIÇOS DIVERSOS",null,"H",0.96,26.79,25.71]
["Insumo"," 00007348 ","SINAPI","TINTA ACRILICA PREMIUM PARA PISO","Material",null,"L",0.42699999999999999,22.73,9.6999999999999993]
["Insumo"," 00012815 ","SINAPI","FITA CREPE ROLO DE 25 MM X 50 M","Material",null,"UN",0.23,8.49,1.95]
[{"$nulls":4},"MO sem LS =>",25.74,"LS =>",0,"MO com LS =>",25.74]
[{"$nulls":4},"Valor do BDI =>",9.84,null,"Valor com BDI =>",null,54.79]
[{"$nulls":6},"Quant. =>","24,00","Preço Total =>",1314.96]
[]
[" 12.10 ","Código","Banco","Descrição","Tipo",null,"Und","Quant.","Valor Unit","Total"]
["Composição"," 101909 ","SINAPI","EXTINTOR DE INCÊNDIO PORTÁTIL COM CARGA DE PQS DE 6 KG, CLASSE BC - FORNECIMENTO E INSTALAÇÃO. AF_10/2020_PE","INES - INSTALAÇÕES ESPECIAIS",null,"UN",1,471.84,471.84]
["Composição Auxiliar"," 88267 ","SINAPI","ENCANADOR OU BOMBEIRO HIDRÁULICO COM ENCARGOS COMPLEMENTARES","SEDI - SERVIÇOS DIVERSOS",null,"H",0.45739999999999997,24.54,11.22]
["Composição Auxiliar"," 88248 ","SINAPI","AUXILIAR DE ENCANADOR OU BOMBEIRO HIDRÁULICO COM ENCARGOS COMPLEMENTARES","SEDI - SERVIÇOS DIVERSOS",null,"H",0.45739999999999997,20.39,9.32]
["Insumo"," 00004350 ","SINAPI","BUCHA DE NYLON, DIAMETRO DO FURO 8 MM, COMPRIMENTO 40 MM, COM PARAFUSO DE ROSCA SOBERBA, CABECA CHATA, FENDA SIMPLES, 4,8 X 50 MM","Material",null,"UN",2,0.65,1.3]
["Insumo"," 00010892 ","SINAPI","EXTINTOR DE INCENDIO PORTATIL COM CARGA DE PO QUIMICO SECO (PQS) DE 6 KG, CLASSE BC","Material",null,"UN",1,450,450]
[{"$nulls":4},"MO sem LS =>",17.11,"LS =>",0,"MO com LS =>",17.11]
[{"$nulls":4},"Valor do BDI =>",103.33,null,"Valor com BDI =>",null,575.16999999999996]
[{"$nulls":6},"Quant. =>","24,00","Preço Total =>",13804.08]
[]
[" 12.11 ","Código","Banco","Descrição","Tipo",null,"Und","Quant.","Valor Unit","Total"]
["Composição"," 11308 ","ORSE","Abrigo para hidrante interno, inclusive caixa embutir chapa ferro n.º 14, dimensões 0.90 x 0.60 x 0.17 m, registro tipo globo 2 1/2\", com 02 mangueiras (15m e 30m) com esguicho e conexões - Rev. 01","Equipamentos para Combate a Incêndio",null,"un",1,3909.77,3909.77]
[null,"Código","Banco","Descrição","Tipo",null,"Und","Quant.","Valor Unit","Total"]
["Insumo","00037555/SINAPI","ORSE","Esguicho jato regulavel, tipo elkhart, engate rapido 2 1/2\", para combate a incendio","Material",null,"un",1,"458,47","458,47"]
["Composição",10549,"ORSE","Encargos Complementares - Servente","Provisórios",null,"h",1,"3,80","3,80"]
["Insumo","00020974/SINAPI","ORSE","Uniao tipo storz, com empatacao interna tipo anel de expansao, engate rapido 2 1/2\", para mangueira de combate a incendio predial","Material",null,"un",1,"281,19","281,19"]
["Insumo","00002696/SINAPI","ORSE","Encanador ou bombeiro hidraulico (horista)","Mão de Obra",null,"h",1,"19,13","19,12"]
["Insumo",6902,"ORSE","Chave para engate rápido storz 2 1/2\" (incendio)","Material",null,"un",1,"30,56","30,56"]
["Insumo","00006111/SINAPI","ORSE","Servente de obras (horista)","Mão de Obra",null,"h",1,"13,65","13,64"]
["Insumo","00021034/SINAPI","ORSE","Mangueira de incendio, tipo 2, de 2 1/2\", comprimento = 15 m, tecido em fio de poliester e tubo interno em borracha sintetica, com unioes engate rapido","Material",null,"un",1,"809,94","809,94"]
["Composição",10554,"ORSE","Encargos Complementares - Encanador","Provisórios",null,"h",1,"3,73","3,73"]
["Insumo","00010904/SINAPI","ORSE","Registro ou valvula globo angular em latao, para hidrantes em instalacao predial de incendio, 45 graus, diametro de 2 1/2\", com volante, classe de pressaode ate 200 psi","Material",null,"un",1,"320,93","320,93"]
["Insumo","00010885/SINAPI","ORSE","Caixa de incendio/abrigo para mangueira, de embutir/interna, com 90 x 60 x 17cm, em chapa de aco, porta com ventilacao, visor com a inscricao \"incendio\", suporte/cesta interna para a mangueira, pintura eletrostatica vermelha","Material",null,"un",1,"386,36","386,36"]
["Insumo",7959,"ORSE","Tampão em latão com corrente, d= 2 1/2\", para engate rápido (incendio)","Material",null,"un",1,"168,10","168,10"]
["Insumo","00021037/SINAPI","ORSE","Mangueira de incendio, tipo 2, de 2 1/2\", comprimento = 30 m, tecido em fio de poliester e tubo interno em borracha sintetica, com unioes engate rapido","Material",null,"un",1,"1.413,86","1.413,86"]
["Detalhamento de Cálculo ORSE"]
[null,"Código","Banco","Descrição","Tipo",null,"Und","Quant.","Valor Unit","Total"]
["Insumo","00012895/SINAPI","ORSE","Capacete de seguranca aba frontal com suspensao de polietileno, sem jugular (classe b)","Material",null,"un",1.1999999999999999E-3,"13,90","0,01"]
["Insumo",158,"ORSE","Almoço (Participação do empregador)","Material",null,"un",0.2036,"14,00","2,85"]
["Insumo","00006111/SINAPI","ORSE","Servente de obras (horista)","Mão de Obra",null,"h",1,"13,65","13,64"]
["Insumo",11254,"ORSE","Tarracha para tubos PVC de 3/4\"","Material",null,"un",6.9999999999999999E-4,"27,49","0,01"]
["Insumo","00012894/SINAPI","ORSE","Capa para chuva em pvc com forro de poliester, com capuz (amarela ou azul)","Material",null,"un",4.0000000000000002E-4,"18,07","0,00"]
["Insumo","00002696/SINAPI","ORSE","Encanador ou bombeiro hidraulico (horista)","Mão de Obra",null,"h",1,"19,13","19,12"]
["Insumo",10596,"ORSE","Protetor auricular","Material",null,"un",8.9999999999999993E-3,"4,90","0,04"]
["Insumo",11257,"ORSE","Tarracha para tubos PVC de 1 1/4\"","Material",null,"un",4.0000000000000002E-4,"32,30","0,01"]
["Insumo",10517,"ORSE","Exames admissionais/demissionais (checkup)","Serviços",null,"cj",8.0000000000000004E-4,"300,00","0,24"]
["Insumo","00021037/SINAPI","ORSE","Mangueira de incendio, tipo 2, de 2 1/2\", comprimento = 30 m, tecido em fio de poliester e tubo interno em borracha sintetica, com unioes engate rapido","Material",null,"un",1,"1.413,86","1.413,86"]
["Insumo","00020974/SINAPI","ORSE","Uniao tipo storz, com empatacao interna tipo anel de expansao, engate rapido 2 1/2\", para mangueira de combate a incendio predial","Material",null,"un",1,"281,19","281,19"]
["Insumo",10593,"ORSE","Praio simples 30cm","Material",null,"un",1E-4,"19,57","0,00"]
["Insumo","00002711/SINAPI","ORSE","Carrinho de mao de aco capacidade 50 a 60 l, pneu com camara","Material",null,"un",2.0000000000000001E-4,"166,00","0,03"]
["Insumo","00012892/SINAPI","ORSE","Luva raspa de couro, cano curto (punho *7* cm)","Material",null,"par",4.5999999999999999E-3,"12,51","0,05"]
["Insumo","00021034/SINAPI","ORSE","Mangueira de incendio, tipo 2, de 2 1/2\", comprimento = 15 m, tecido em fio de poliester e tubo interno em borracha sintetica, com unioes engate rapido","Material",null,"un",1,"809,94","809,94"]
["Insumo",941,"ORSE","Fardamento com mangas curta","Material",null,"un",3.0000000000000001E-3,"193,41","0,58"]
["Insumo",10362,"ORSE","Seguro de vida e acidente em grupo","Serviços",null,"un",8.9999999999999993E-3,"12,54","0,11"]
["Insumo","00010885/SINAPI","ORSE","Caixa de incendio/abrigo para mangueira, de embutir/interna, com 90 x 60 x 17cm, em chapa de aco, porta com ventilacao, visor com a inscricao \"incendio\", suporte/cesta interna para a mangueira, pintura eletrostatica vermelha","Material",null,"un",1,"386,36","386,36"]
["Insumo",11256,"ORSE","Tarracha para tubos PVC de 1 1/2\"","Material",null,"un",4.0000000000000002E-4,"60,00","0,02"]
["Insumo","00037555/SINAPI","ORSE","Esguicho jato regulavel, tipo elkhart, engate rapido 2 1/2\", para combate a incendio","Material",null,"un",1,"458,47","458,47"]
["Insumo",10592,"ORSE","Lima chata 12\"","Material",null,"un",1E-4,"36,57","0,00"]
["Insumo",10788,"ORSE","Pá quadrada","Material",null,"un",2.0000000000000001E-4,"36,90","0,00"]
["Insumo",10761,"ORSE","Refeição - café da manhã ( café com leite e dois pães com manteiga)","Serviços",null,"un",0.2036,"5,00","1,01"]
["Insumo",4728,"ORSE","Talhadeira chata 10\"","Material",null,"un",2.9999999999999997E-4,"18,58","0,00"]
["Insumo",10492,"ORSE","Cesta Básica","Material",null,"un",8.9999999999999993E-3,"190,00","1,71"]
["Insumo",11255,"ORSE","Tarracha para tubos PVC de 1\"","Material",null,"un",5.9999999999999995E-4,"63,00","0,03"]
["Insumo",1651,"ORSE","Óculos branco proteção","Material",null,"pr",1.6000000000000001E-3,"6,70","0,01"]
["Insumo",10599,"ORSE","Protetor solar fps 30 com 120ml","Material",null,"un",3.5999999999999999E-3,"18,00","0,06"]
["Insumo",7959,"ORSE","Tampão em latão com corrente, d= 2 1/2\", para engate rápido (incendio)","Material",null,"un",1,"168,10","168,10"]
["Insumo","00012893/SINAPI","ORSE","Bota de seguranca com biqueira de aco e colarinho acolchoado","Material",null,"par",1.6000000000000001E-3,"66,72","0,10"]
["Insumo",11253,"ORSE","Tarracha para tubos PVC de 1/2\"","Material",null,"un",1.1000000000000001E-3,"26,50","0,02"]
["Insumo",2378,"ORSE","Vale transporte","Material",null,"un",0.1595,"4,50","0,71"]
["Insumo",6902,"ORSE","Chave para engate rápido storz 2 1/2\" (incendio)","Material",null,"un",1,"30,56","30,56"]
["Insumo","00010904/SINAPI","ORSE","Registro ou valvula globo angular em latao, para hidrantes em instalacao predial de incendio, 45 graus, diametro de 2 1/2\", com volante, classe de pressaode ate 200 psi","Material",null,"un",1,"320,93","320,93"]
["Insumo",4729,"ORSE","Marreta 1 kg com cabo","Material",null,"un",1E-4,"37,80","0,00"]
[{"$nulls":4},"MO sem LS =>",32.76,"LS =>",0,"MO com LS =>",32.76]
[{"$nulls":4},"Valor do BDI =>",856.23,null,"Valor com BDI =>",null,4766]
[{"$nulls":6},"Quant. =>","4,00","Preço Total =>",19064]
[]
[" 12.12 ","Código","Banco","Descrição","Tipo",null,"Und","Quant.","Valor Unit","Total"]
["Composição"," 7861 ","ORSE","Acionador manual (botoeira) tipo quebra-vidro, p/instal. incendio","Equipamentos para Combate a Incêndio",null,"un",1,150.32,150.32]
[null,"Código","Banco","Descrição","Tipo",null,"Und","Quant.","Valor Unit","Total"]
["Insumo",7611,"ORSE","Acionador manual (botoeira) tipo quebra-vidro, p/incendio","Material",null,"un",1,"130,22","130,22"]
["Composição",10552,"ORSE","Encargos Complementares - Eletricista","Provisórios",null,"h",0.5,"3,66","1,83"]
["Composição",10549,"ORSE","Encargos Complementares - Servente","Provisórios",null,"h",0.5,"3,80","1,90"]
["Insumo","00002436/SINAPI","ORSE","Eletricista (horista)","Mão de Obra",null,"h",0.5,"19,13","9,56"]
["Insumo","00006111/SINAPI","ORSE","Servente de obras (horista)","Mão de Obra",null,"h",0.5,"13,65","6,82"]
["Detalhamento de Cálculo ORSE"]
[null,"Código","Banco","Descrição","Tipo",null,"Und","Quant.","Valor Unit","Total"]
["Insumo",10492,"ORSE","Cesta Básica","Material",null,"un",4.4999999999999997E-3,"190,00","0,85"]
["Insumo",10596,"ORSE","Protetor auricular","Material",null,"un",4.4999999999999997E-3,"4,90","0,02"]
["Insumo",11241,"ORSE","Alicate volt-amperimetro","Material",null,"un",1E-4,"163,00","0,01"]
["Insumo",10362,"ORSE","Seguro de vida e acidente em grupo","Serviços",null,"un",4.4999999999999997E-3,"12,54","0,05"]
["Insumo",7611,"ORSE","Acionador manual (botoeira) tipo quebra-vidro, p/incendio","Material",null,"un",1,"130,22","130,22"]
["Insumo",10761,"ORSE","Refeição - café da manhã ( café com leite e dois pães com manteiga)","Serviços",null,"un",0.1018,"5,00","0,50"]
["Insumo",10579,"ORSE","Chave de fenda chata 30 cm","Material",null,"un",1E-4,"26,89","0,00"]
["Insumo","00002436/SINAPI","ORSE","Eletricista (horista)","Mão de Obra",null,"h",0.5,"19,13","9,56"]
["Insumo",941,"ORSE","Fardamento com mangas curta","Material",null,"un",1.5E-3,"193,41","0,29"]
["Insumo",11240,"ORSE","Alicate com isolamento","Material",null,"un",1E-4,"47,69","0,00"]
["Insumo",2378,"ORSE","Vale transporte","Material",null,"un",7.9750000000000001E-2,"4,50","0,35"]
["Insumo",10599,"ORSE","Protetor solar fps 30 com 120ml","Material",null,"un",1.8E-3,"18,00","0,03"]
["Insumo",10517,"ORSE","Exames admissionais/demissionais (checkup)","Serviços",null,"cj",4.0000000000000002E-4,"300,00","0,12"]
["Insumo",158,"ORSE","Almoço (Participação do empregador)","Material",null,"un",0.1018,"14,00","1,42"]
["Insumo","00012892/SINAPI","ORSE","Luva raspa de couro, cano curto (punho *7* cm)","Material",null,"par",2.3E-3,"12,51","0,02"]
["Insumo",4728,"ORSE","Talhadeira chata 10\"","Material",null,"un",1.4999999999999999E-4,"18,58","0,00"]
["Insumo","00012894/SINAPI","ORSE","Capa para chuva em pvc com forro de poliester, com capuz (amarela ou azul)","Material",null,"un",2.0000000000000001E-4,"18,07","0,00"]
["Insumo",1651,"ORSE","Óculos branco proteção","Material",null,"pr",8.0000000000000004E-4,"6,70","0,00"]
["Insumo",11242,"ORSE","Chave inglesa 12\"","Material",null,"un",5.0000000000000002E-5,"34,00","0,00"]
["Insumo","00006111/SINAPI","ORSE","Servente de obras (horista)","Mão de Obra",null,"h",0.5,"13,65","6,82"]
["Insumo","00012895/SINAPI","ORSE","Capacete de seguranca aba frontal com suspensao de polietileno, sem jugular (classe b)","Material",null,"un",5.9999999999999995E-4,"13,90","0,00"]
["Insumo","00012893/SINAPI","ORSE","Bota de seguranca com biqueira de aco e colarinho acolchoado","Material",null,"par",7.5000000000000002E-4,"66,72","0,05"]
["Insumo",10788,"ORSE","Pá quadrada","Material",null,"un",1E-4,"36,90","0,00"]
["Insumo",4729,"ORSE","Marreta 1 kg com cabo","Material",null,"un",5.0000000000000002E-5,"37,80","0,00"]
["Insumo","00002711/SINAPI","ORSE","Carrinho de mao de aco capacidade 50 a 60 l, pneu com camara","Material",null,"un",1E-4,"166,00","0,01"]
[{"$nulls":4},"MO sem LS =>",16.38,"LS =>",0,"MO com LS =>",16.38]
[{"$nulls":4},"Valor do BDI =>",32.92,null,"Valor com BDI =>",null,183.24]
[{"$nulls":6},"Quant. =>","4,00","Preço Total =>",732.96]
[]
[" 12.13 ","Código","Banco","Descrição","Tipo",null,"Und","Quant.","Valor Unit","Total"]
["Composição"," 11820 ","ORSE","Central de alarme endereçável de incendio com sistema p/ até 250 dispositivos, marcal Verin ou similar, Modelo VRE-250 c/ bateria de 12V e 7Amperes","Equipamentos para Combate a Incêndio",null,"un",1,6531.99,6531.99]
[null,"Código","Banco","Descrição","Tipo",null,"Und","Quant.","Valor Unit","Total"]
["Composição",10552,"ORSE","Encargos Complementares - Eletricista","Provisórios",null,"h",1,"3,66","3,66"]
["Insumo",12660,"ORSE","Central de alarme endereçável de incendio com sistema p/ até 250 dispositivos, marcal Verin ou similar, Modelo VRE-250 c/ bateria de 12V e 7Amperes","Material",null,"un",1,"6.509,21","6.509,21"]
["Insumo","00002436/SINAPI","ORSE","Eletricista (horista)","Mão de Obra",null,"h",1,"19,13","19,12"]
["Detalhamento de Cálculo ORSE"]
[null,"Código","Banco","Descrição","Tipo",null,"Und","Quant.","Valor Unit","Total"]
["Insumo",11242,"ORSE","Chave inglesa 12\"","Material",null,"un",1E-4,"34,00","0,00"]
["Insumo",941,"ORSE","Fardamento com mangas curta","Material",null,"un",1.5E-3,"193,41","0,29"]
["Insumo",10492,"ORSE","Cesta Básica","Material",null,"un",4.4999999999999997E-3,"190,00","0,85"]
["Insumo",11240,"ORSE","Alicate com isolamento","Material",null,"un",2.0000000000000001E-4,"47,69","0,00"]
["Insumo",10596,"ORSE","Protetor auricular","Material",null,"un",4.4999999999999997E-3,"4,90","0,02"]
["Insumo",10761,"ORSE","Refeição - café da manhã ( café com leite e dois pães com manteiga)","Serviços",null,"un",0.1018,"5,00","0,50"]
["Insumo",10579,"ORSE","Chave de fenda chata 30 cm","Material",null,"un",2.0000000000000001E-4,"26,89","0,00"]
["Insumo","00012893/SINAPI","ORSE","Bota de seguranca com biqueira de aco e colarinho acolchoado","Material",null,"par",6.9999999999999999E-4,"66,72","0,04"]
["Insumo",158,"ORSE","Almoço (Participação do empregador)","Material",null,"un",0.1018,"14,00","1,42"]
["Insumo",1651,"ORSE","Óculos branco proteção","Material",null,"pr",8.0000000000000004E-4,"6,70","0,00"]
["Insumo",10599,"ORSE","Protetor solar fps 30 com 120ml","Material",null,"un",1.8E-3,"18,00","0,03"]
["Insumo","00012892/SINAPI","ORSE","Luva raspa de couro, cano curto (punho *7* cm)","Material",null,"par",2.3E-3,"12,51","0,02"]
["Insumo","00002436/SINAPI","ORSE","Eletricista (horista)","Mão de Obra",null,"h",1,"19,13","19,12"]
["Insumo","00012895/SINAPI","ORSE","Capacete de seguranca aba frontal com suspensao de polietileno, sem jugular (classe b)","Material",null,"un",5.9999999999999995E-4,"13,90","0,00"]
["Insumo",11241,"ORSE","Alicate volt-amperimetro","Material",null,"un",2.0000000000000001E-4,"163,00","0,03"]
["Insumo",10362,"ORSE","Seguro de vida e acidente em grupo","Serviços",null,"un",4.4999999999999997E-3,"12,54","0,05"]
["Insumo",2378,"ORSE","Vale transporte","Material",null,"un",6.54E-2,"4,50","0,29"]
["Insumo",12660,"ORSE","Central de alarme endereçável de incendio com sistema p/ até 250 dispositivos, marcal Verin ou similar, Modelo VRE-250 c/ bateria de 12V e 7Amperes","Material",null,"un",1,"6.509,21","6.509,21"]
["Insumo",10517,"ORSE","Exames admissionais/demissionais (checkup)","Serviços",null,"cj",4.0000000000000002E-4,"300,00","0,12"]
["Insumo","00012894/SINAPI","ORSE","Capa para chuva em pvc com forro de poliester, com capuz (amarela ou azul)","Material",null,"un",2.0000000000000001E-4,"18,07","0,00"]
[{"$nulls":4},"MO sem LS =>",19.12,"LS =>",0,"MO com LS =>",19.12]
[{"$nulls":4},"Valor do BDI =>",1430.5,null,"Valor com BDI =>",null,7962.49]
[{"$nulls":6},"Quant. =>","1,00","Preço Total =>",7962.49]
[]
[" 12.14 ","Código","Banco","Descrição","Tipo",null,"Und","Quant.","Valor Unit","Total"]
["Composição"," 11824 ","ORSE","Sirene aúdiovisual endereçavel, 120db, para alarme de incêndio","Aparelhos, Utensílios e Equipamentos Elétricos",null,"un",1,225.39,225.39]
[null,"Código","Banco","Descrição","Tipo",null,"Und","Quant.","Valor Unit","Total"]
["Insumo","00006111/SINAPI","ORSE","Servente de obras (horista)","Mão de Obra",null,"h",0.7,"13,65","9,55"]
["Composição",10552,"ORSE","Encargos Complementares - Eletricista","Provisórios",null,"h",0.7,"3,66","2,56"]
["Insumo","00002436/SINAPI","ORSE","Eletricista (horista)","Mão de Obra",null,"h",0.7,"19,13","13,39"]
["Composição",10549,"ORSE","Encargos Complementares - Servente","Provisórios",null,"h",0.7,"3,80","2,66"]
["Insumo",12665,"ORSE","Sirene audiovisual endereçavel, 120 db, para alarme de incêndio","Material",null,"un",1,"197,20","197,20"]
["Detalhamento de Cálculo ORSE"]
[null,"Código","Banco","Descrição","Tipo",null,"Und","Quant.","Valor Unit","Total"]
["Insumo",10492,"ORSE","Cesta Básica","Material",null,"un",6.3E-3,"190,00","1,19"]
["Insumo",12665,"ORSE","Sirene audiovisual endereçavel, 120 db, para alarme de incêndio","Material",null,"un",1,"197,20","197,20"]
["Insumo",11241,"ORSE","Alicate volt-amperimetro","Material",null,"un",1.3999999999999999E-4,"163,00","0,02"]
["Insumo",4729,"ORSE","Marreta 1 kg com cabo","Material",null,"un",6.9999999999999994E-5,"37,80","0,00"]
["Insumo","00012892/SINAPI","ORSE","Luva raspa de couro, cano curto (punho *7* cm)","Material",null,"par",3.2200000000000002E-3,"12,51","0,04"]
["Insumo",10599,"ORSE","Protetor solar fps 30 com 120ml","Material",null,"un",2.5200000000000001E-3,"18,00","0,04"]
["Insumo",10579,"ORSE","Chave de fenda chata 30 cm","Material",null,"un",1.3999999999999999E-4,"26,89","0,00"]
["Insumo",4728,"ORSE","Talhadeira chata 10\"","Material",null,"un",2.1000000000000001E-4,"18,58","0,00"]
["Insumo",1651,"ORSE","Óculos branco proteção","Material",null,"pr",1.1199999999999999E-3,"6,70","0,00"]
["Insumo",10788,"ORSE","Pá quadrada","Material",null,"un",1.3999999999999999E-4,"36,90","0,00"]
["Insumo","00002436/SINAPI","ORSE","Eletricista (horista)","Mão de Obra",null,"h",0.7,"19,13","13,39"]
["Insumo",11242,"ORSE","Chave inglesa 12\"","Material",null,"un",6.9999999999999994E-5,"34,00","0,00"]
["Insumo",941,"ORSE","Fardamento com mangas curta","Material",null,"un",2.0999999999999999E-3,"193,41","0,40"]
["Insumo",10517,"ORSE","Exames admissionais/demissionais (checkup)","Serviços",null,"cj",5.5999999999999995E-4,"300,00","0,16"]
["Insumo","00012894/SINAPI","ORSE","Capa para chuva em pvc com forro de poliester, com capuz (amarela ou azul)","Material",null,"un",2.7999999999999998E-4,"18,07","0,00"]
["Insumo",2378,"ORSE","Vale transporte","Material",null,"un",0.11165,"4,50","0,50"]
["Insumo","00006111/SINAPI","ORSE","Servente de obras (horista)","Mão de Obra",null,"h",0.7,"13,65","9,55"]
["Insumo",10362,"ORSE","Seguro de vida e acidente em grupo","Serviços",null,"un",6.3E-3,"12,54","0,07"]
["Insumo",10761,"ORSE","Refeição - café da manhã ( café com leite e dois pães com manteiga)","Serviços",null,"un",0.14252000000000001,"5,00","0,71"]
["Insumo","00002711/SINAPI","ORSE","Carrinho de mao de aco capacidade 50 a 60 l, pneu com camara","Material",null,"un",1.3999999999999999E-4,"166,00","0,02"]
["Insumo","00012893/SINAPI","ORSE","Bota de seguranca com biqueira de aco e colarinho acolchoado","Material",null,"par",1.0499999999999999E-3,"66,72","0,07"]
["Insumo","00012895/SINAPI","ORSE","Capacete de seguranca aba frontal com suspensao de polietileno, sem jugular (classe b)","Material",null,"un",8.4000000000000003E-4,"13,90","0,01"]
["Insumo",10596,"ORSE","Protetor auricular","Material",null,"un",6.3E-3,"4,90","0,03"]
["Insumo",158,"ORSE","Almoço (Participação do empregador)","Material",null,"un",0.14252000000000001,"14,00","1,99"]
["Insumo",11240,"ORSE","Alicate com isolamento","Material",null,"un",1.3999999999999999E-4,"47,69","0,00"]
[{"$nulls":4},"MO sem LS =>",22.94,"LS =>",0,"MO com LS =>",22.94]
[{"$nulls":4},"Valor do BDI =>",49.36,null,"Valor com BDI =>",null,274.75]
[{"$nulls":6},"Quant. =>","4,00","Preço Total =>",1099]
[]
[" 12.15 ","Código","Banco","Descrição","Tipo",null,"Und","Quant.","Valor Unit","Total"]
["Composição"," 102113 ","SINAPI","BOMBA CENTRÍFUGA, TRIFÁSICA, 1 CV OU 0,99 HP, HM 14 A 40 M, Q 0,6 A 8,4 M3/H - FORNECIMENTO E INSTALAÇÃO. AF_12/2020","INHI - INSTALAÇÕES HIDROS SANITÁRIAS",null,"UN",1,1663.68,1663.68]
["Composição Auxiliar"," 88264 ","SINAPI","ELETRICISTA COM ENCARGOS COMPLEMENTARES","SEDI - SERVIÇOS DIVERSOS",null,"H",0.63300000000000001,27.89,17.649999999999999]
["Composição Auxiliar"," 88267 ","SINAPI","ENCANADOR OU BOMBEIRO HIDRÁULICO COM ENCARGOS COMPLEMENTARES","SEDI - SERVIÇOS DIVERSOS",null,"H",2.1145999999999998,24.54,51.89]
["Composição Auxiliar"," 88248 ","SINAPI","AUXILIAR DE ENCANADOR OU BOMBEIRO HIDRÁULICO COM ENCARGOS COMPLEMENTARES","SEDI - SERVIÇOS DIVERSOS",null,"H",2.1145999999999998,20.39,43.11]
["Composição Auxiliar"," 88247 ","SINAPI","AUXILIAR DE ELETRICISTA COM ENCARGOS COMPLEMENTARES","SEDI - SERVIÇOS DIVERSOS",null,"H",0.63300000000000001,21.44,13.57]
["Insumo"," 00000732 ","SINAPI","BOMBA CENTRIFUGA MOTOR ELETRICO TRIFASICO 0,99HP DIAMETRO DE SUCCAO X ELEVACAO 1\" X 1\", DIAMETRO DO ROTOR 145 MM, HM/Q: 14 M / 8,4 M3/H A 40 M / 0,60 M3/H","Equipamento",null,"UN",1,1529.65,1529.65]
["Insumo"," 00011267 ","SINAPI","ARRUELA LISA, REDONDA, DE LATAO POLIDO, DIAMETRO NOMINAL 5/8\", DIAMETRO EXTERNO = 34 MM, DIAMETRO DO FURO = 17 MM, ESPESSURA = *2,5* MM","Material",null,"UN",4,1.43,5.72]
["Insumo"," 00039997 ","SINAPI","PORCA ZINCADA, SEXTAVADA, DIAMETRO 1/4\"","Material",null,"UN",4,0.31,1.24]
["Insumo"," 00039996 ","SINAPI","VERGALHAO ZINCADO ROSCA TOTAL, 1/4\" (6,3 MM)","Material",null,"M",0.2,4.25,0.85]
[{"$nulls":4},"MO sem LS =>",104.75,"LS =>",0,"MO com LS =>",104.75]
[{"$nulls":4},"Valor do BDI =>",364.34,null,"Valor com BDI =>",null,2028.02]
[{"$nulls":6},"Quant. =>","1,00","Preço Total =>",2028.02]
[]
[" 12.16 ","Código","Banco","Descrição","Tipo",null,"Und","Quant.","Valor Unit","Total"]
["Composição"," 102137 ","SINAPI","CHAVE DE BOIA AUTOMÁTICA SUPERIOR/INFERIOR 15A/250V - FORNECIMENTO E INSTALAÇÃO. AF_12/2020","INHI - INSTALAÇÕES HIDROS SANITÁRIAS",null,"UN",1,79.22,79.22]
["Composição Auxiliar"," 88264 ","SINAPI","ELETRICISTA COM ENCARGOS COMPLEMENTARES","SEDI - SERVIÇOS DIVERSOS",null,"H",0.63300000000000001,27.89,17.649999999999999]
["Composição Auxiliar"," 88247 ","SINAPI","AUXILIAR DE ELETRICISTA COM ENCARGOS COMPLEMENTARES","SEDI - SERVIÇOS DIVERSOS",null,"H",0.63300000000000001,21.44,13.57]
["Insumo"," 00007588 ","SINAPI","AUTOMATICO DE BOIA SUPERIOR / INFERIOR, *15* A / 250 V","Material",null,"UN",1,48,48]
[{"$nulls":4},"MO sem LS =>",25.61,"LS =>",0,"MO com LS =>",25.61]
[{"$nulls":4},"Valor do BDI =>",17.34,null,"Valor com BDI =>",null,96.56]
[{"$nulls":6},"Quant. =>","1,00","Preço Total =>",96.56]
[]
[" 12.17 ","Código","Banco","Descrição","Tipo",null,"Und","Quant.","Valor Unit","Total"]
["Composição"," 5331 ","ORSE","Assentamento de tubos em ferro fundido, junta elástica, ponta / bolsa, diam.=   600 mm","Assentamento/Montagem de Tubos e Conexões",null,"m",1,16.440000000000001,16.440000000000001]
[null,"Código","Banco","Descrição","Tipo",null,"Und","Quant.","Valor Unit","Total"]
["Insumo",2455,"ORSE","Aluguel de caminhão guindauto 3,0 t ( m. benz - 1215 c/48- 143,0 hp","Equipamento",null,"h",4.5999999999999999E-2,"102,86","4,73"]
["Insumo",2498,"ORSE","Tirfor 3,2 t - 20m de cabo","Equipamento",null,"h",0.19,"1,46","0,27"]
["Insumo","00002696/SINAPI","ORSE","Encanador ou bombeiro hidraulico (horista)","Mão de Obra",null,"h",0.19,"19,13","3,63"]
["Insumo","00006111/SINAPI","ORSE","Servente de obras (horista)","Mão de Obra",null,"h",0.38,"13,65","5,18"]
["Composição",10554,"ORSE","Encargos Complementares - Encanador","Provisórios",null,"h",0.19,"3,73","0,70"]
["Composição",10549,"ORSE","Encargos Complementares - Servente","Provisórios",null,"h",0.38,"3,80","1,44"]
["Insumo","00004229/SINAPI","ORSE","Graxa lubrificante a base de litio, de multiplas aplicacoes e contendo aditivos de extrema pressao (grau de viscosidade nlgi 2)","Material",null,"kg",1.2500000000000001E-2,"42,30","0,52"]
["Detalhamento de Cálculo ORSE"]
[null,"Código","Banco","Descrição","Tipo",null,"Und","Quant.","Valor Unit","Total"]
["Insumo",10592,"ORSE","Lima chata 12\"","Material",null,"un",1.9000000000000001E-5,"36,57","0,00"]
["Insumo","00006111/SINAPI","ORSE","Servente de obras (horista)","Mão de Obra",null,"h",0.38,"13,65","5,18"]
["Insumo","00012895/SINAPI","ORSE","Capacete de seguranca aba frontal com suspensao de polietileno, sem jugular (classe b)","Material",null,"un",3.4200000000000002E-4,"13,90","0,00"]
["Insumo",2378,"ORSE","Vale transporte","Material",null,"un",4.8183999999999998E-2,"4,50","0,21"]
["Insumo",11253,"ORSE","Tarracha para tubos PVC de 1/2\"","Material",null,"un",2.0900000000000001E-4,"26,50","0,00"]
["Insumo","00012894/SINAPI","ORSE","Capa para chuva em pvc com forro de poliester, com capuz (amarela ou azul)","Material",null,"un",1.1400000000000001E-4,"18,07","0,00"]
["Insumo","00004229/SINAPI","ORSE","Graxa lubrificante a base de litio, de multiplas aplicacoes e contendo aditivos de extrema pressao (grau de viscosidade nlgi 2)","Material",null,"kg",1.2500000000000001E-2,"42,30","0,52"]
["Insumo",10492,"ORSE","Cesta Básica","Material",null,"un",2.565E-3,"190,00","0,48"]
["Insumo",158,"ORSE","Almoço (Participação do empregador)","Material",null,"un",5.8026000000000001E-2,"14,00","0,81"]
["Insumo",10788,"ORSE","Pá quadrada","Material",null,"un",7.6000000000000004E-5,"36,90","0,00"]
["Insumo","00012892/SINAPI","ORSE","Luva raspa de couro, cano curto (punho *7* cm)","Material",null,"par",1.3110000000000001E-3,"12,51","0,01"]
["Insumo",10596,"ORSE","Protetor auricular","Material",null,"un",2.565E-3,"4,90","0,01"]
["Insumo",10517,"ORSE","Exames admissionais/demissionais (checkup)","Serviços",null,"cj",2.2800000000000001E-4,"300,00","0,06"]
["Insumo",10593,"ORSE","Praio simples 30cm","Material",null,"un",1.9000000000000001E-5,"19,57","0,00"]
["Insumo",10362,"ORSE","Seguro de vida e acidente em grupo","Serviços",null,"un",2.565E-3,"12,54","0,03"]
["Insumo",2498,"ORSE","Tirfor 3,2 t - 20m de cabo","Equipamento",null,"h",0.19,"1,46","0,27"]
["Insumo",4729,"ORSE","Marreta 1 kg com cabo","Material",null,"un",3.8000000000000002E-5,"37,80","0,00"]
["Insumo",10599,"ORSE","Protetor solar fps 30 com 120ml","Material",null,"un",1.026E-3,"18,00","0,01"]
["Insumo",2455,"ORSE","Aluguel de caminhão guindauto 3,0 t ( m. benz - 1215 c/48- 143,0 hp","Equipamento",null,"h",4.5999999999999999E-2,"102,86","4,73"]
["Insumo",4728,"ORSE","Talhadeira chata 10\"","Material",null,"un",1.1400000000000001E-4,"18,58","0,00"]
["Insumo",941,"ORSE","Fardamento com mangas curta","Material",null,"un",8.5499999999999997E-4,"193,41","0,16"]
["Insumo",1651,"ORSE","Óculos branco proteção","Material",null,"pr",4.5600000000000003E-4,"6,70","0,00"]
["Insumo",10761,"ORSE","Refeição - café da manhã ( café com leite e dois pães com manteiga)","Serviços",null,"un",5.8026000000000001E-2,"5,00","0,29"]
["Insumo",11256,"ORSE","Tarracha para tubos PVC de 1 1/2\"","Material",null,"un",7.6000000000000004E-5,"60,00","0,00"]
["Insumo",11254,"ORSE","Tarracha para tubos PVC de 3/4\"","Material",null,"un",1.3300000000000001E-4,"27,49","0,00"]
["Insumo",11255,"ORSE","Tarracha para tubos PVC de 1\"","Material",null,"un",1.1400000000000001E-4,"63,00","0,00"]
["Insumo",11257,"ORSE","Tarracha para tubos PVC de 1 1/4\"","Material",null,"un",7.6000000000000004E-5,"32,30","0,00"]
["Insumo","00012893/SINAPI","ORSE","Bota de seguranca com biqueira de aco e colarinho acolchoado","Material",null,"par",4.5600000000000003E-4,"66,72","0,03"]
["Insumo","00002696/SINAPI","ORSE","Encanador ou bombeiro hidraulico (horista)","Mão de Obra",null,"h",0.19,"19,13","3,63"]
["Insumo","00002711/SINAPI","ORSE","Carrinho de mao de aco capacidade 50 a 60 l, pneu com camara","Material",null,"un",7.6000000000000004E-5,"166,00","0,01"]
[{"$nulls":4},"MO sem LS =>",8.81,"LS =>",0,"MO com LS =>",8.81]
[{"$nulls":4},"Valor do BDI =>",3.6,null,"Valor com BDI =>",null,20.04]
[{"$nulls":6},"Quant. =>","67,36","Preço Total =>",1349.89]
[]
[null,"Código","Banco","Descrição","Tipo",null,"Und","Quant.","Valor Unit","Total"]
["Insumo"," 2313 ","ORSE","Tubo de aço galvanizado leve c/ costura c/ rosca BSP Ø = 60,30mm ( 2\" ), e = 2,65mm, l = 6000mm NBR 5580","Material",null,"m",1,67.150000000000006,67.150000000000006]
[{"$nulls":4},"MO sem LS =>",0,"LS =>",0,"MO com LS =>",0]
[{"$nulls":4},"Valor do BDI =>",null,null,"Valor com BDI =>",null,76.819999999999993]
[{"$nulls":6},"Quant. =>","67,36","Preço Total =>",5174.59]
[]
[" 13 ",null,null,"FORROS",{"$nulls":5},303103.21000000002]
[" 13.1 ","Código","Banco","Descrição","Tipo",null,"Und","Quant.","Valor Unit","Total"]
["Composição"," 12183 ","ORSE","Brise metálico Hunter Douglas ref. Miniware # 103 cor prata ou similar, com estrutura e montagem, exclusive Andaimes ou plataforma","Revestimentos em Laminados",null,"m²",1,480,480]
[null,"Código","Banco","Descrição","Tipo",null,"Und","Quant.","Valor Unit","Total"]
["Insumo",13007,"ORSE","Brise metálico Hunter Douglas ref. Miniware # 103 cor prata ou similar, com estrutura e montagem, exclusive Andaimes ou plataforma","Material",null,"m²",1,"480,00","480,00"]
["Detalhamento de Cálculo ORSE"]
[null,"Código","Banco","Descrição","Tipo",null,"Und","Quant.","Valor Unit","Total"]
["Insumo",13007,"ORSE","Brise metálico Hunter Douglas ref. Miniware # 103 cor prata ou similar, com estrutura e montagem, exclusive Andaimes ou plataforma","Material",null,"m²",1,"480,00","480,00"]
[{"$nulls":4},"MO sem LS =>",0,"LS =>",0,"MO com LS =>",0]
[{"$nulls":4},"Valor do BDI =>",105.12,null,"Valor com BDI =>",null,585.12]
[{"$nulls":6},"Quant. =>","176,66","Preço Total =>",103367.29]
[]
[" 13.2 ","Código","Banco","Descrição","Tipo",null,"Und","Quant.","Valor Unit","Total"]
["Composição"," 96114 ","SINAPI","FORRO EM DRYWALL, PARA AMBIENTES COMERCIAIS, INCLUSIVE ESTRUTURA BIRECIONAL DE FIXAÇÃO. AF_08/2023_PS","REVE - REVESTIMENTO E TRATAMENTO DE SUPERFÍCIES",null,"m²",1,80.87,80.87]
["Composição Auxiliar"," 88316 ","SINAPI","SERVENTE COM ENCARGOS COMPLEMENTARES","SEDI - SERVIÇOS DIVERSOS",null,"H",0.47860000000000003,18.98,9.08]
["Composição Auxiliar"," 88278 ","SINAPI","MONTADOR DE ESTRUTURA METÁLICA COM ENCARGOS COMPLEMENTARES","SEDI - SERVIÇOS DIVERSOS",null,"H",0.47860000000000003,22.42,10.73]
["Insumo"," 00040547 ","SINAPI","PARAFUSO ZINCADO, AUTOBROCANTE, FLANGEADO, 4,2 MM X 19 MM","Material",null,"CENTO",1.23E-2,27.77,0.34]
["Insumo"," 00039430 ","SINAPI","PENDURAL OU PRESILHA REGULADORA, EM ACO GALVANIZADO, COM CORPO, MOLA E REBITE, PARA PERFIL TIPO CANALETA DE ESTRUTURA EM FORROS DRYWALL","Equipamento",null,"UN",1.2266999999999999,2.52,3.09]
["Insumo"," 00043131 ","SINAPI","ARAME GALVANIZADO 6 BWG, D = 5,16 MM (0,157 KG/M), OU 8 BWG, D = 4,19 MM (0,101 KG/M), OU 10 BWG, D = 3,40 MM (0,0713 KG/M)","Material",null,"KG",3.6999999999999998E-2,30.2,1.1100000000000001]
["Insumo"," 00039427 ","SINAPI","PERFIL CANALETA, FORMATO C, EM ACO ZINCADO, PARA ESTRUTURA FORRO DRYWALL, E = 0,5 MM, *46 X 18* (L X H), COMPRIMENTO 3 M","Material",null,"M",3.5470000000000002,6.69,23.72]
["Insumo"," 00039413 ","SINAPI","PLACA / CHAPA DE GESSO ACARTONADO, STANDARD (ST), COR BRANCA, E = 12,5 MM, 1200 X 2400 MM (L X C)","Material",null,"m²",1.0838000000000001,22.52,24.4]
["Insumo"," 00039434 ","SINAPI","MASSA DE REJUNTE EM PO PARA DRYWALL, A BASE DE GESSO, SECAGEM RAPIDA, PARA TRATAMENTO DE JUNTAS DE CHAPA DE GESSO (NECESSITA ADICAO DE AGUA)","Equipamento",null,"KG",0.69259999999999999,3.9,2.7]
["Insumo"," 00039435 ","SINAPI","PARAFUSO DRY WALL, EM ACO FOSFATIZADO, CABECA TROMBETA E PONTA AGULHA (TA), COMPRIMENTO 25 MM","Material",null,"UN",9.6469000000000005,0.1,0.96]
["Insumo"," 00039443 ","SINAPI","PARAFUSO DRY WALL, EM ACO ZINCADO, CABECA LENTILHA E PONTA BROCA (LB), LARGURA 4,2 MM, COMPRIMENTO 13 MM","Material",null,"UN",1.2266999999999999,0.24,0.28999999999999998]
["Insumo"," 00039432 ","SINAPI","FITA DE PAPEL REFORCADA COM LAMINA DE METAL PARA REFORCO DE CANTOS DE CHAPA DE GESSO PARA DRYWALL","Material",null,"M",1.4276,3.12,4.45]
[{"$nulls":4},"MO sem LS =>",16.18,"LS =>",0,"MO com LS =>",16.18]
[{"$nulls":4},"Valor do BDI =>",17.71,null,"Valor com BDI =>",null,98.58]
[{"$nulls":6},"Quant. =>","1.700,00","Preço Total =>",167586]
[]
[" 13.3 ","Código","Banco","Descrição","Tipo",null,"Und","Quant.","Valor Unit","Total"]
["Composição"," 104756 ","SINAPI","FORRO EM MADEIRA PINUS, PARA AMBIENTES RESIDENCIAIS E COMERCIAIS, INCLUSIVE ESTRUTURA BIDIRECIONAL DE FIXAÇÃO. AF_08/2023","REVE - REVESTIMENTO E TRATAMENTO DE SUPERFÍCIES",null,"m²",1,149.86000000000001,149.86000000000001]
["Composição Auxiliar"," 88239 ","SINAPI","AJUDANTE DE CARPINTEIRO COM ENCARGOS COMPLEMENTARES","SEDI - SERVIÇOS DIVERSOS",null,"H",0.79159999999999997,20.88,16.52]
["Composição Auxiliar"," 88262 ","SINAPI","CARPINTEIRO DE FORMAS COM ENCARGOS COMPLEMENTARES","SEDI - SERVIÇOS DIVERSOS",null,"H",1.3192999999999999,24.94,32.9]
["Insumo"," 00004512 ","SINAPI","SARRAFO *2,5 X 5* CM EM PINUS, MISTA OU EQUIVALENTE DA REGIAO - BRUTA","Material",null,"M",3.2458,2.4700000000000002,8.01]
["Insumo"," 00003283 ","SINAPI","FORRO DE MADEIRA PINUS OU EQUIVALENTE DA REGIAO, ENCAIXE MACHO/FEMEA COM FRISO, *10 X 1* CM (SEM COLOCACAO)","Material",null,"M²",1.1113999999999999,28.35,31.5]
["Insumo"," 00020212 ","SINAPI","CAIBRO APARELHADO *6 X 8* CM, EM MACARANDUBA/MASSARANDUBA, ANGELIM OU EQUIVALENTE DA REGIAO","Material",null,"M",3.9861,15.19,60.54]
["Insumo"," 00005066 ","SINAPI","PREGO DE ACO POLIDO COM CABECA 12 X 12","Material",null,"KG",1.8499999999999999E-2,21.44,0.39]
[{"$nulls":4},"MO sem LS =>",40.35,"LS =>",0,"MO com LS =>",40.35]
[{"$nulls":4},"Valor do BDI =>",32.81,null,"Valor com BDI =>",null,182.67]
[{"$nulls":6},"Quant. =>","176,00","Preço Total =>",32149.919999999998]
[]
[" 14 ",null,null,"ELEVADOR",{"$nulls":5},107637.7]
[" 14.1 ","Código","Banco","Descrição","Tipo",null,"Und","Quant.","Valor Unit","Total"]
["Composição"," 13302 ","ORSE","Plataforma elevatória para PNE, semi cabinada, modelo (UN140/1 entrada)/adjacente (ADJ140/2 entrada) dim. cabine 1100x1400x1100mm, Aço INOX, fechamento Aluminio Comp.(ACM) e vidro, 02 paradas perc.3m cx. alvenaria, da Aptus ou Similar","Provisórios",null,"un",1,44150,44150]
[null,"Código","Banco","Descrição","Tipo",null,"Und","Quant.","Valor Unit","Total"]
["Insumo",14001,"ORSE","Plataforma elevatória para PNE, semi cabinada, modelo (UN140/1 entrada)/adjacente (ADJ140/2 entrada) dim. cabine 1100x1400x1100mm, Aço INOX, fechamento Aluminio Comp.(ACM) e vidro, 02 paradas perc.3m cx. alvenaria, da Aptus ou Similar","Serviços",null,"un",1,"44.150,00","44.150,00"]
["Detalhamento de Cálculo ORSE"]
[null,"Código","Banco","Descrição","Tipo",null,"Und","Quant.","Valor Unit","Total"]
["Insumo",14001,"ORSE","Plataforma elevatória para PNE, semi cabinada, modelo (UN140/1 entrada)/adjacente (ADJ140/2 entrada) dim. cabine 1100x1400x1100mm, Aço INOX, fechamento Aluminio Comp.(ACM) e vidro, 02 paradas perc.3m cx. alvenaria, da Aptus ou Similar","Serviços",null,"un",1,"44.150,00","44.150,00"]
[{"$nulls":4},"MO sem LS =>",0,"LS =>",0,"MO com LS =>",0]
[{"$nulls":4},"Valor do BDI =>",9668.85,null,"Valor com BDI =>",null,53818.85]
[{"$nulls":6},"Quant. =>","2,00","Preço Total =>",107637.7]
[]
[" 15 ",null,null,"ESTACIONAMENTO",{"$nulls":5},415102.84]
[" 15.1 ",null,null,"PISOS",{"$nulls":5},196567.58]
[" 15.1.1 ","Código","Banco","Descrição","Tipo",null,"Und","Quant.","Valor Unit","Total"]
["Composição"," 9346 ","ORSE","Levantamento topográfico planimétrico cadastral","Locação de Serviços de Terraplenagem e Acompanhamento Topográfico da Obra",null,"m²",1,0.31,0.31]
[null,"Código","Banco","Descrição","Tipo",null,"Und","Quant.","Valor Unit","Total"]
["Insumo",6694,"ORSE","Desenhista Júnior (Cadista Copista) - Técnico de Nível médio até 5 anos de experiência - Rev 01","Mão de Obra",null,"h",1E-3,"27,65","0,02"]
["Insumo",5931,"ORSE","Técnico cadastro","Mão de Obra",null,"h",2E-3,"36,17","0,07"]
["Insumo",70,"ORSE","Topógrafo - SICRO","Mão de Obra",null,"h",2.7000000000000001E-3,"36,96","0,09"]
["Insumo",6443,"ORSE","TEODOLITO","Equipamento",null,"H",2.7000000000000001E-3,"2,34","0,00"]
["Insumo",48,"ORSE","Auxiliar topografia - SICRO","Mão de Obra",null,"h",5.4999999999999997E-3,"21,79","0,11"]
["Insumo",4415,"ORSE","Veículo leve - Volkswagen:GOL ou similar","Equipamento",null,"h",1.6000000000000001E-3,"13,18","0,02"]
["Detalhamento de Cálculo ORSE"]
[null,"Código","Banco","Descrição","Tipo",null,"Und","Quant.","Valor Unit","Total"]
["Insumo",70,"ORSE","Topógrafo - SICRO","Mão de Obra",null,"h",2.7000000000000001E-3,"36,96","0,09"]
["Insumo",6443,"ORSE","TEODOLITO","Equipamento",null,"H",2.7000000000000001E-3,"2,34","0,00"]
["Insumo",6694,"ORSE","Desenhista Júnior (Cadista Copista) - Técnico de Nível médio até 5 anos de experiência - Rev 01","Mão de Obra",null,"h",1E-3,"27,65","0,02"]
["Insumo",5931,"ORSE","Técnico cadastro","Mão de Obra",null,"h",2E-3,"36,17","0,07"]
["Insumo",4415,"ORSE","Veículo leve - Volkswagen:GOL ou similar","Equipamento",null,"h",1.6000000000000001E-3,"13,18","0,02"]
["Insumo",48,"ORSE","Auxiliar topografia - SICRO","Mão de Obra",null,"h",5.4999999999999997E-3,"21,79","0,11"]
[{"$nulls":4},"MO sem LS =>",0.28999999999999998,"LS =>",0,"MO com LS =>",0.28999999999999998]
[{"$nulls":4},"Valor do BDI =>",0.06,null,"Valor com BDI =>",null,0.37]
[{"$nulls":6},"Quant. =>","1.598,80","Preço Total =>",591.54999999999995]
[]
[" 15.1.2 ","Código","Banco","Descrição","Tipo",null,"Und","Quant.","Valor Unit","Total"]
["Composição"," 98525 ","SINAPI","LIMPEZA MECANIZADA DE CAMADA VEGETAL, VEGETAÇÃO E PEQUENAS ÁRVORES (DIÂMETRO DE TRONCO MENOR QUE 0,20 M), COM TRATOR DE ESTEIRAS. AF_03/2024","URBA - URBANIZAÇÃO",null,"m²",1,0.64,0.64]
["Composição Auxiliar"," 89032 ","SINAPI","TRATOR DE ESTEIRAS, POTÊNCIA 100 HP, PESO OPERACIONAL 9,4 T, COM LÂMINA 2,19 M3 - CHP DIURNO. AF_06/2014","CHOR - CUSTOS HORÁRIOS DE MÁQUINAS E EQUIPAMENTOS",null,"CHP",1.6999999999999999E-3,202.91,0.34]
["Composição Auxiliar"," 89031 ","SINAPI","TRATOR DE ESTEIRAS, POTÊNCIA 100 HP, PESO OPERACIONAL 9,4 T, COM LÂMINA 2,19 M3 - CHI DIURNO. AF_06/2014","CHOR - CUSTOS HORÁRIOS DE MÁQUINAS E EQUIPAMENTOS",null,"CHI",2.8999999999999998E-3,78.98,0.22]
["Composição Auxiliar"," 88441 ","SINAPI","JARDINEIRO COM ENCARGOS COMPLEMENTARES","SEDI - SERVIÇOS DIVERSOS",null,"H",4.5999999999999999E-3,19.41,0.08]
[{"$nulls":4},"MO sem LS =>",0.19,"LS =>",0,"MO com LS =>",0.19]
[{"$nulls":4},"Valor do BDI =>",0.14000000000000001,null,"Valor com BDI =>",null,0.78]
[{"$nulls":6},"Quant. =>","1.598,80","Preço Total =>",1247.06]
[]
[" 15.1.3 ","Código","Banco","Descrição","Tipo",null,"Und","Quant.","Valor Unit","Total"]
["Composição"," 100974 ","SINAPI","CARGA, MANOBRA E DESCARGA DE SOLOS E MATERIAIS GRANULARES EM CAMINHÃO BASCULANTE 10 M³ - CARGA COM PÁ CARREGADEIRA (CAÇAMBA DE 1,7 A 2,8 M³ / 128 HP) E DESCARGA LIVRE (UNIDADE: M3). AF_07/2020","TRAN - TRANSPORTES, CARGAS E DESCARGAS",null,"m³",1,8.57,8.57]
["Composição Auxiliar"," 91387 ","SINAPI","CAMINHÃO BASCULANTE 10 M3, TRUCADO CABINE SIMPLES, PESO BRUTO TOTAL 23.000 KG, CARGA ÚTIL MÁXIMA 15.935 KG, DISTÂNCIA ENTRE EIXOS 4,80 M, POTÊNCIA 230 CV INCLUSIVE CAÇAMBA METÁLICA - CHI DIURNO. AF_06/2014","CHOR - CUSTOS HORÁRIOS DE MÁQUINAS E EQUIPAMENTOS",null,"CHI",1.38E-2,69.400000000000006,0.95]
["Composição Auxiliar"," 5940 ","SINAPI","PÁ CARREGADEIRA SOBRE RODAS, POTÊNCIA LÍQUIDA 128 HP, CAPACIDADE DA CAÇAMBA 1,7 A 2,8 M3, PESO OPERACIONAL 11632 KG - CHP DIURNO. AF_06/2014","CHOR - CUSTOS HORÁRIOS DE MÁQUINAS E EQUIPAMENTOS",null,"CHP",8.3000000000000001E-3,177.95,1.47]
["Composição Auxiliar"," 91386 ","SINAPI","CAMINHÃO BASCULANTE 10 M3, TRUCADO CABINE SIMPLES, PESO BRUTO TOTAL 23.000 KG, CARGA ÚTIL MÁXIMA 15.935 KG, DISTÂNCIA ENTRE EIXOS 4,80 M, POTÊNCIA 230 CV INCLUSIVE CAÇAMBA METÁLICA - CHP DIURNO. AF_06/2014","CHOR - CUSTOS HORÁRIOS DE MÁQUINAS E EQUIPAMENTOS",null,"CHP",1.9800000000000002E-2,275.67,5.45]
["Composição Auxiliar"," 5942 ","SINAPI","PÁ CARREGADEIRA SOBRE RODAS, POTÊNCIA LÍQUIDA 128 HP, CAPACIDADE DA CAÇAMBA 1,7 A 2,8 M3, PESO OPERACIONAL 11632 KG - CHI DIURNO. AF_06/2014","CHOR - CUSTOS HORÁRIOS DE MÁQUINAS E EQUIPAMENTOS",null,"CHI",1.0500000000000001E-2,67.12,0.7]
[{"$nulls":4},"MO sem LS =>",1.0900000000000001,"LS =>",0,"MO com LS =>",1.0900000000000001]
[{"$nulls":4},"Valor do BDI =>",1.87,null,"Valor com BDI =>",null,10.44]
[{"$nulls":6},"Quant. =>","399,70","Preço Total =>",4172.8599999999997]
[]
[" 15.1.4 ","Código","Banco","Descrição","Tipo",null,"Und","Quant.","Valor Unit","Total"]
["Composição"," 93590 ","SINAPI","TRANSPORTE COM CAMINHÃO BASCULANTE DE 10 M³, EM VIA URBANA PAVIMENTADA, ADICIONAL PARA DMT EXCEDENTE A 30 KM (UNIDADE: M3XKM). AF_07/2020","TRAN - TRANSPORTES, CARGAS E DESCARGAS",null,"M3XKM",1,0.99,0.99]
["Composição Auxiliar"," 91386 ","SINAPI","CAMINHÃO BASCULANTE 10 M3, TRUCADO CABINE SIMPLES, PESO BRUTO TOTAL 23.000 KG, CARGA ÚTIL MÁXIMA 15.935 KG, DISTÂNCIA ENTRE EIXOS 4,80 M, POTÊNCIA 230 CV INCLUSIVE CAÇAMBA METÁLICA - CHP DIURNO. AF_06/2014","CHOR - CUSTOS HORÁRIOS DE MÁQUINAS E EQUIPAMENTOS",null,"CHP",3.3E-3,275.67,0.9]
["Composição Auxiliar"," 91387 ","SINAPI","CAMINHÃO BASCULANTE 10 M3, TRUCADO CABINE SIMPLES, PESO BRUTO TOTAL 23.000 KG, CARGA ÚTIL MÁXIMA 15.935 KG, DISTÂNCIA ENTRE EIXOS 4,80 M, POTÊNCIA 230 CV INCLUSIVE CAÇAMBA METÁLICA - CHI DIURNO. AF_06/2014","CHOR - CUSTOS HORÁRIOS DE MÁQUINAS E EQUIPAMENTOS",null,"CHI",1.4E-3,69.400000000000006,0.09]
[{"$nulls":4},"MO sem LS =>",0.09,"LS =>",0,"MO com LS =>",0.09]
[{"$nulls":4},"Valor do BDI =>",0.21,null,"Valor com BDI =>",null,1.2]
[{"$nulls":6},"Quant. =>","5.995,50","Preço Total =>",7194.6]
[]
[" 15.1.5 ","Código","Banco","Descrição","Tipo",null,"Und","Quant.","Valor Unit","Total"]
["Composição"," 100576 ","SINAPI","REGULARIZAÇÃO E COMPACTAÇÃO DE SUBLEITO DE SOLO PREDOMINANTEMENTE ARGILOSO, PARA OBRAS DE CONSTRUÇÃO DE PAVIMENTOS. AF_09/2024","PAVI - PAVIMENTAÇÃO",null,"m²",1,2.09,2.09]
["Composição Auxiliar"," 5901 ","SINAPI","CAMINHÃO PIPA 10.000 L TRUCADO, PESO BRUTO TOTAL 23.000 KG, CARGA ÚTIL MÁXIMA 15.935 KG, DISTÂNCIA ENTRE EIXOS 4,8 M, POTÊNCIA 230 CV, INCLUSIVE TANQUE DE AÇO PARA TRANSPORTE DE ÁGUA - CHP DIURNO. AF_06/2014","CHOR - CUSTOS HORÁRIOS DE MÁQUINAS E EQUIPAMENTOS",null,"CHP",1.0702000000000001E-3,328.96,0.35]
["Composição Auxiliar"," 96463 ","SINAPI","ROLO COMPACTADOR DE PNEUS, ESTATICO, PRESSAO VARIAVEL, POTENCIA 110 HP, PESO SEM/COM LASTRO 10,8/27 T, LARGURA DE ROLAGEM 2,30 M - CHP DIURNO. AF_06/2017","CHOR - CUSTOS HORÁRIOS DE MÁQUINAS E EQUIPAMENTOS",null,"CHP",7.5109999999999999E-4,229.81,0.17]
["Composição Auxiliar"," 5932 ","SINAPI","MOTONIVELADORA POTÊNCIA BÁSICA LÍQUIDA (PRIMEIRA MARCHA) 125 HP, PESO BRUTO 13032 KG, LARGURA DA LÂMINA DE 3,7 M - CHP DIURNO. AF_06/2014","CHOR - CUSTOS HORÁRIOS DE MÁQUINAS E EQUIPAMENTOS",null,"CHP",3.0249999999999998E-4,288.14999999999998,0.08]
["Composição Auxiliar"," 88316 ","SINAPI","SERVENTE COM ENCARGOS COMPLEMENTARES","SEDI - SERVIÇOS DIVERSOS",null,"H",8.6151999999999999E-3,18.98,0.16]
["Composição Auxiliar"," 96464 ","SINAPI","ROLO COMPACTADOR DE PNEUS, ESTATICO, PRESSAO VARIAVEL, POTENCIA 110 HP, PESO SEM/COM LASTRO 10,8/27 T, LARGURA DE ROLAGEM 2,30 M - CHI DIURNO. AF_06/2017","CHOR - CUSTOS HORÁRIOS DE MÁQUINAS E EQUIPAMENTOS",null,"CHI",2.9082999999999999E-3,94.02,0.27]
["Composição Auxiliar"," 5934 ","SINAPI","MOTONIVELADORA POTÊNCIA BÁSICA LÍQUIDA (PRIMEIRA MARCHA) 125 HP, PESO BRUTO 13032 KG, LARGURA DA LÂMINA DE 3,7 M - CHI DIURNO. AF_06/2014","CHOR - CUSTOS HORÁRIOS DE MÁQUINAS E EQUIPAMENTOS",null,"CHI",8.3126999999999993E-3,107.34,0.89]
["Composição Auxiliar"," 5903 ","SINAPI","CAMINHÃO PIPA 10.000 L TRUCADO, PESO BRUTO TOTAL 23.000 KG, CARGA ÚTIL MÁXIMA 15.935 KG, DISTÂNCIA ENTRE EIXOS 4,8 M, POTÊNCIA 230 CV, INCLUSIVE TANQUE DE AÇO PARA TRANSPORTE DE ÁGUA - CHI DIURNO. AF_06/2014","CHOR - CUSTOS HORÁRIOS DE MÁQUINAS E EQUIPAMENTOS",null,"CHI",2.5891999999999998E-3,68.63,0.17]
[{"$nulls":4},"MO sem LS =>",0.49,"LS =>",0,"MO com LS =>",0.49]
[{"$nulls":4},"Valor do BDI =>",0.45,null,"Valor com BDI =>",null,2.54]
[{"$nulls":6},"Quant. =>","1.338,70","Preço Total =>",3400.29]
[]
[" 15.1.6 ","Código","Banco","Descrição","Tipo",null,"Und","Quant.","Valor Unit","Total"]
["Composição"," 101767 ","SINAPI","CONSTRUÇÃO DE BASE E SUB-BASE PARA PAVIMENTAÇÃO DE SOLO ESTABILIZADO GRANULOMETRICAMENTE COM MISTURA DE SOLOS EM PISTA - EXCLUSIVE SOLO, ESCAVAÇÃO, CARGA E TRANSPORTE. AF_09/2024","PAVI - PAVIMENTAÇÃO",null,"m³",1,29.51,29.51]
["Composição Auxiliar"," 5903 ","SINAPI","CAMINHÃO PIPA 10.000 L TRUCADO, PESO BRUTO TOTAL 23.000 KG, CARGA ÚTIL MÁXIMA 15.935 KG, DISTÂNCIA ENTRE EIXOS 4,8 M, POTÊNCIA 230 CV, INCLUSIVE TANQUE DE AÇO PARA TRANSPORTE DE ÁGUA - CHI DIURNO. AF_06/2014","CHOR - CUSTOS HORÁRIOS DE MÁQUINAS E EQUIPAMENTOS",null,"CHI",4.6712299999999998E-2,68.63,3.2]
["Composição Auxiliar"," 5932 ","SINAPI","MOTONIVELADORA POTÊNCIA BÁSICA LÍQUIDA (PRIMEIRA MARCHA) 125 HP, PESO BRUTO 13032 KG, LARGURA DA LÂMINA DE 3,7 M - CHP DIURNO. AF_06/2014","CHOR - CUSTOS HORÁRIOS DE MÁQUINAS E EQUIPAMENTOS",null,"CHP",5.1609999999999998E-3,288.14999999999998,1.48]
["Composição Auxiliar"," 96463 ","SINAPI","ROLO COMPACTADOR DE PNEUS, ESTATICO, PRESSAO VARIAVEL, POTENCIA 110 HP, PESO SEM/COM LASTRO 10,8/27 T, LARGURA DE ROLAGEM 2,30 M - CHP DIURNO. AF_06/2017","CHOR - CUSTOS HORÁRIOS DE MÁQUINAS E EQUIPAMENTOS",null,"CHP",4.0058000000000003E-3,229.81,0.92]
["Composição Auxiliar"," 93244 ","SINAPI","ROLO COMPACTADOR VIBRATÓRIO PÉ DE CARNEIRO PARA SOLOS, POTÊNCIA 80 HP, PESO OPERACIONAL SEM/COM LASTRO 7,4 / 8,8 T, LARGURA DE TRABALHO 1,68 M - CHI DIURNO. AF_02/2016","CHOR - CUSTOS HORÁRIOS DE MÁQUINAS E EQUIPAMENTOS",null,"CHI",3.6943900000000002E-2,68.91,2.54]
["Composição Auxiliar"," 5921 ","SINAPI","GRADE DE DISCO REBOCÁVEL COM 20 DISCOS 24\" X 6 MM COM PNEUS PARA TRANSPORTE - CHP DIURNO. AF_06/2014","CHOR - CUSTOS HORÁRIOS DE MÁQUINAS E EQUIPAMENTOS",null,"CHP",5.8275000000000002E-3,4.9400000000000004,0.02]
["Composição Auxiliar"," 89036 ","SINAPI","TRATOR DE PNEUS, POTÊNCIA 85 CV, TRAÇÃO 4X4, PESO COM LASTRO DE 4.675 KG - CHI DIURNO. AF_06/2014","CHOR - CUSTOS HORÁRIOS DE MÁQUINAS E EQUIPAMENTOS",null,"CHI",4.6385900000000001E-2,52.3,2.42]
["Composição Auxiliar"," 5934 ","SINAPI","MOTONIVELADORA POTÊNCIA BÁSICA LÍQUIDA (PRIMEIRA MARCHA) 125 HP, PESO BRUTO 13032 KG, LARGURA DA LÂMINA DE 3,7 M - CHI DIURNO. AF_06/2014","CHOR - CUSTOS HORÁRIOS DE MÁQUINAS E EQUIPAMENTOS",null,"CHI",4.7052400000000001E-2,107.34,5.05]
["Composição Auxiliar"," 73436 ","SINAPI","ROLO COMPACTADOR VIBRATÓRIO PÉ DE CARNEIRO PARA SOLOS, POTÊNCIA 80 HP, PESO OPERACIONAL SEM/COM LASTRO 7,4 / 8,8 T, LARGURA DE TRABALHO 1,68 M - CHP DIURNO. AF_02/2016","CHOR - CUSTOS HORÁRIOS DE MÁQUINAS E EQUIPAMENTOS",null,"CHP",1.52695E-2,172.59,2.63]
["Composição Auxiliar"," 88316 ","SINAPI","SERVENTE COM ENCARGOS COMPLEMENTARES","SEDI - SERVIÇOS DIVERSOS",null,"H",0.20885339999999999,18.98,3.96]
["Composição Auxiliar"," 89035 ","SINAPI","TRATOR DE PNEUS, POTÊNCIA 85 CV, TRAÇÃO 4X4, PESO COM LASTRO DE 4.675 KG - CHP DIURNO. AF_06/2014","CHOR - CUSTOS HORÁRIOS DE MÁQUINAS E EQUIPAMENTOS",null,"CHP",5.8275000000000002E-3,141.4,0.82]
["Composição Auxiliar"," 5923 ","SINAPI","GRADE DE DISCO REBOCÁVEL COM 20 DISCOS 24\" X 6 MM COM PNEUS PARA TRANSPORTE - CHI DIURNO. AF_06/2014","CHOR - CUSTOS HORÁRIOS DE MÁQUINAS E EQUIPAMENTOS",null,"CHI",4.6385900000000001E-2,3.2,0.14000000000000001]
["Composição Auxiliar"," 5901 ","SINAPI","CAMINHÃO PIPA 10.000 L TRUCADO, PESO BRUTO TOTAL 23.000 KG, CARGA ÚTIL MÁXIMA 15.935 KG, DISTÂNCIA ENTRE EIXOS 4,8 M, POTÊNCIA 230 CV, INCLUSIVE TANQUE DE AÇO PARA TRANSPORTE DE ÁGUA - CHP DIURNO. AF_06/2014","CHOR - CUSTOS HORÁRIOS DE MÁQUINAS E EQUIPAMENTOS",null,"CHP",5.5011000000000001E-3,328.96,1.8]
["Composição Auxiliar"," 96464 ","SINAPI","ROLO COMPACTADOR DE PNEUS, ESTATICO, PRESSAO VARIAVEL, POTENCIA 110 HP, PESO SEM/COM LASTRO 10,8/27 T, LARGURA DE ROLAGEM 2,30 M - CHI DIURNO. AF_06/2017","CHOR - CUSTOS HORÁRIOS DE MÁQUINAS E EQUIPAMENTOS",null,"CHI",4.8207600000000003E-2,94.02,4.53]
[{"$nulls":4},"MO sem LS =>",9.59,"LS =>",0,"MO com LS =>",9.59]
[{"$nulls":4},"Valor do BDI =>",6.46,null,"Valor com BDI =>",null,35.97]
[{"$nulls":6},"Quant. =>","133,87","Preço Total =>",4815.3]
[]
[" 15.1.7 ","Código","Banco","Descrição","Tipo",null,"Und","Quant.","Valor Unit","Total"]
["Composição"," 93358 ","SINAPI","ESCAVAÇÃO MANUAL DE VALA. AF_09/2024","MOVT - MOVIMENTO DE TERRA",null,"m³",1,75.08,75.08]
["Composição Auxiliar"," 88316 ","SINAPI","SERVENTE COM ENCARGOS COMPLEMENTARES","SEDI - SERVIÇOS DIVERSOS",null,"H",3.9557666999999999,18.98,75.08]
[{"$nulls":4},"MO sem LS =>",57.99,"LS =>",0,"MO com LS =>",57.99]
[{"$nulls":4},"Valor do BDI =>",16.440000000000001,null,"Valor com BDI =>",null,91.52]
[{"$nulls":6},"Quant. =>","4,03","Preço Total =>",368.82]
[]
[" 15.1.8 ","Código","Banco","Descrição","Tipo",null,"Und","Quant.","Valor Unit","Total"]
["Composição"," 94273 ","SINAPI","ASSENTAMENTO DE GUIA (MEIO-FIO) EM TRECHO RETO, CONFECCIONADA EM CONCRETO PRÉ-FABRICADO, DIMENSÕES 100X15X13X30 CM (COMPRIMENTO X BASE INFERIOR X BASE SUPERIOR X ALTURA). AF_01/2024","DROP - DRENAGEM/OBRAS DE CONTENÇÃO / POÇOS DE VISITA E CAIXAS",null,"M",1,56.03,56.03]
["Composição Auxiliar"," 88316 ","SINAPI","SERVENTE COM ENCARGOS COMPLEMENTARES","SEDI - SERVIÇOS DIVERSOS",null,"H",0.2296,18.98,4.3499999999999996]
["Composição Auxiliar"," 88309 ","SINAPI","PEDREIRO COM ENCARGOS COMPLEMENTARES","SEDI - SERVIÇOS DIVERSOS",null,"H",0.2296,25.3,5.8]
["Composição Auxiliar"," 88629 ","SINAPI","ARGAMASSA TRAÇO 1:3 (EM VOLUME DE CIMENTO E AREIA MÉDIA ÚMIDA), PREPARO MANUAL. AF_08/2019","SEDI - SERVIÇOS DIVERSOS",null,"m³",1.8E-3,839.39,1.51]
["Insumo"," 00004059 ","SINAPI","MEIO-FIO OU GUIA DE CONCRETO, PRE-MOLDADO, COMP 1 M, *30 X 12/15* CM (H X L1/L2)","Material",null,"M",1.0049999999999999,43.21,43.42]
["Insumo"," 00000370 ","SINAPI","AREIA MEDIA - POSTO JAZIDA/FORNECEDOR (RETIRADO NA JAZIDA, SEM TRANSPORTE)","Material",null,"M³",6.6E-3,145,0.95]
[{"$nulls":4},"MO sem LS =>",8.36,"LS =>",0,"MO com LS =>",8.36]
[{"$nulls":4},"Valor do BDI =>",12.27,null,"Valor com BDI =>",null,68.3]
[{"$nulls":6},"Quant. =>","252,60","Preço Total =>",17252.580000000002]
[]
[" 15.1.9 ","Código","Banco","Descrição","Tipo",null,"Und","Quant.","Valor Unit","Total"]
["Composição"," 94274 ","SINAPI","ASSENTAMENTO DE GUIA (MEIO-FIO) EM TRECHO CURVO, CONFECCIONADA EM CONCRETO PRÉ-FABRICADO, DIMENSÕES 100X15X13X30 CM (COMPRIMENTO X BASE INFERIOR X BASE SUPERIOR X ALTURA). AF_01/2024","DROP - DRENAGEM/OBRAS DE CONTENÇÃO / POÇOS DE VISITA E CAIXAS",null,"M",1,58.53,58.53]
["Composição Auxiliar"," 88309 ","SINAPI","PEDREIRO COM ENCARGOS COMPLEMENTARES","SEDI - SERVIÇOS DIVERSOS",null,"H",0.28599999999999998,25.3,7.23]
["Composição Auxiliar"," 88316 ","SINAPI","SERVENTE COM ENCARGOS COMPLEMENTARES","SEDI - SERVIÇOS DIVERSOS",null,"H",0.28599999999999998,18.98,5.42]
["Composição Auxiliar"," 88629 ","SINAPI","ARGAMASSA TRAÇO 1:3 (EM VOLUME DE CIMENTO E AREIA MÉDIA ÚMIDA), PREPARO MANUAL. AF_08/2019","SEDI - SERVIÇOS DIVERSOS",null,"m³",1.8E-3,839.39,1.51]
["Insumo"," 00000370 ","SINAPI","AREIA MEDIA - POSTO JAZIDA/FORNECEDOR (RETIRADO NA JAZIDA, SEM TRANSPORTE)","Material",null,"M³",6.6E-3,145,0.95]
["Insumo"," 00004059 ","SINAPI","MEIO-FIO OU GUIA DE CONCRETO, PRE-MOLDADO, COMP 1 M, *30 X 12/15* CM (H X L1/L2)","Material",null,"M",1.0049999999999999,43.21,43.42]
[{"$nulls":4},"MO sem LS =>",10.37,"LS =>",0,"MO com LS =>",10.37]
[{"$nulls":4},"Valor do BDI =>",12.81,null,"Valor com BDI =>",null,71.34]
[{"$nulls":6},"Quant. =>","16,20","Preço Total =>",1155.7]
[]
[" 15.1.10 ","Código","Banco","Descrição","Tipo",null,"Und","Quant.","Valor Unit","Total"]
["Composição"," 92398 ","SINAPI","EXECUÇÃO DE PAVIMENTO EM PISO INTERTRAVADO, COM BLOCO RETANGULAR COR NATURAL DE 20 X 10 CM, ESPESSURA 8 CM. AF_10/2022","PAVI - PAVIMENTAÇÃO",null,"m²",1,107.69,107.69]
["Composição Auxiliar"," 88260 ","SINAPI","CALCETEIRO COM ENCARGOS COMPLEMENTARES","SEDI - SERVIÇOS DIVERSOS",null,"H",0.26319999999999999,23.13,6.08]
["Composição Auxiliar"," 88316 ","SINAPI","SERVENTE COM ENCARGOS COMPLEMENTARES","SEDI - SERVIÇOS DIVERSOS",null,"H",0.26319999999999999,18.98,4.99]
["Composição Auxiliar"," 91277 ","SINAPI","PLACA VIBRATÓRIA REVERSÍVEL COM MOTOR 4 TEMPOS A GASOLINA, FORÇA CENTRÍFUGA DE 25 KN (2500 KGF), POTÊNCIA 5,5 CV - CHP DIURNO. AF_08/2015","CHOR - CUSTOS HORÁRIOS DE MÁQUINAS E EQUIPAMENTOS",null,"CHP",5.4999999999999997E-3,9.89,0.05]
["Composição Auxiliar"," 91283 ","SINAPI","CORTADORA DE PISO COM MOTOR 4 TEMPOS A GASOLINA, POTÊNCIA DE 13 HP, COM DISCO DE CORTE DIAMANTADO SEGMENTADO PARA CONCRETO, DIÂMETRO DE 350 MM, FURO DE 1\" (14 X 1\") - CHP DIURNO. AF_08/2015","CHOR - CUSTOS HORÁRIOS DE MÁQUINAS E EQUIPAMENTOS",null,"CHP",3.8E-3,10.57,0.04]
["Composição Auxiliar"," 91285 ","SINAPI","CORTADORA DE PISO COM MOTOR 4 TEMPOS A GASOLINA, POTÊNCIA DE 13 HP, COM DISCO DE CORTE DIAMANTADO SEGMENTADO PARA CONCRETO, DIÂMETRO DE 350 MM, FURO DE 1\" (14 X 1\") - CHI DIURNO. AF_08/2015","CHOR - CUSTOS HORÁRIOS DE MÁQUINAS E EQUIPAMENTOS",null,"CHI",0.1278,1,0.12]
["Composição Auxiliar"," 91278 ","SINAPI","PLACA VIBRATÓRIA REVERSÍVEL COM MOTOR 4 TEMPOS A GASOLINA, FORÇA CENTRÍFUGA DE 25 KN (2500 KGF), POTÊNCIA 5,5 CV - CHI DIURNO. AF_08/2015","CHOR - CUSTOS HORÁRIOS DE MÁQUINAS E EQUIPAMENTOS",null,"CHI",0.12609999999999999,0.71,0.08]
["Insumo"," 00000370 ","SINAPI","AREIA MEDIA - POSTO JAZIDA/FORNECEDOR (RETIRADO NA JAZIDA, SEM TRANSPORTE)","Material",null,"M³",5.6800000000000003E-2,145,8.23]
["Insumo"," 00036170 ","SINAPI","BLOQUETE/PISO INTERTRAVADO DE CONCRETO - MODELO ONDA/16 FACES/RETANGULAR/TIJOLINHO/PAVER/HOLANDES/PARALELEPIPEDO, *20 X 10* CM, E = 8 CM, RESISTENCIA DE 35 MPA, COR NATURAL","Material",null,"m²",1.0041,85,85.34]
["Insumo"," 00004741 ","SINAPI","PO DE PEDRA (POSTO PEDREIRA/FORNECEDOR, SEM FRETE)","Material",null,"M³",9.7999999999999997E-3,281.89999999999998,2.76]
[{"$nulls":4},"MO sem LS =>",8.76,"LS =>",0,"MO com LS =>",8.76]
[{"$nulls":4},"Valor do BDI =>",23.58,null,"Valor com BDI =>",null,131.27000000000001]
[{"$nulls":6},"Quant. =>","1.191,20","Preço Total =>",156368.82]
[]
[" 15.2 ",null,null,"DRENAGEM",{"$nulls":5},145059.07]
[" 15.2.1 ","Código","Banco","Descrição","Tipo",null,"Und","Quant.","Valor Unit","Total"]
["Composição"," 90108 ","SINAPI","ESCAVAÇÃO MECANIZADA DE VALA COM PROFUNDIDADE MAIOR QUE 1,5 M ATÉ 3,0 M (MÉDIA MONTANTE E JUSANTE/UMA COMPOSIÇÃO POR TRECHO), RETROESCAV (0,26 M3), LARGURA DE 0,8 M A 1,5 M, EM SOLO DE 1A CATEGORIA, LOCAIS COM BAIXO NÍVEL DE INTERFERÊNCIA. AF_09/2024","MOVT - MOVIMENTO DE TERRA",null,"m³",1,6.83,6.83]
["Composição Auxiliar"," 5678 ","SINAPI","RETROESCAVADEIRA SOBRE RODAS COM CARREGADEIRA, TRAÇÃO 4X4, POTÊNCIA LÍQ. 88 HP, CAÇAMBA CARREG. CAP. MÍN. 1 M3, CAÇAMBA RETRO CAP. 0,26 M3, PESO OPERACIONAL MÍN. 6.674 KG, PROFUNDIDADE ESCAVAÇÃO MÁX. 4,37 M - CHP DIURNO. AF_06/2014","CHOR - CUSTOS HORÁRIOS DE MÁQUINAS E EQUIPAMENTOS",null,"CHP",2.7765700000000001E-2,142.32,3.95]
["Composição Auxiliar"," 88316 ","SINAPI","SERVENTE COM ENCARGOS COMPLEMENTARES","SEDI - SERVIÇOS DIVERSOS",null,"H",5.9085199999999997E-2,18.98,1.1200000000000001]
["Composição Auxiliar"," 5679 ","SINAPI","RETROESCAVADEIRA SOBRE RODAS COM CARREGADEIRA, TRAÇÃO 4X4, POTÊNCIA LÍQ. 88 HP, CAÇAMBA CARREG. CAP. MÍN. 1 M3, CAÇAMBA RETRO CAP. 0,26 M3, PESO OPERACIONAL MÍN. 6.674 KG, PROFUNDIDADE ESCAVAÇÃO MÁX. 4,37 M - CHI DIURNO. AF_06/2014","CHOR - CUSTOS HORÁRIOS DE MÁQUINAS E EQUIPAMENTOS",null,"CHI",3.1319399999999997E-2,56.43,1.76]
[{"$nulls":4},"MO sem LS =>",2.16,"LS =>",0,"MO com LS =>",2.16]
[{"$nulls":4},"Valor do BDI =>",1.49,null,"Valor com BDI =>",null,8.32]
[{"$nulls":6},"Quant. =>","322,40","Preço Total =>",2682.36]
[]
[" 15.2.2 ","Código","Banco","Descrição","Tipo",null,"Und","Quant.","Valor Unit","Total"]
["Composição"," 101622 ","SINAPI","PREPARO DE FUNDO DE VALA COM LARGURA MENOR QUE 1,5 M, COM CAMADA DE AREIA, LANÇAMENTO MECANIZADO. AF_08/2020","MOVT - MOVIMENTO DE TERRA",null,"m³",1,248.98,248.98]
["Composição Auxiliar"," 88309 ","SINAPI","PEDREIRO COM ENCARGOS COMPLEMENTARES","SEDI - SERVIÇOS DIVERSOS",null,"H",0.747,25.3,18.89]
["Composição Auxiliar"," 91533 ","SINAPI","COMPACTADOR DE SOLOS DE PERCUSSÃO (SOQUETE) COM MOTOR A GASOLINA 4 TEMPOS, POTÊNCIA 4 CV - CHP DIURNO. AF_08/2015","CHOR - CUSTOS HORÁRIOS DE MÁQUINAS E EQUIPAMENTOS",null,"CHP",7.1800000000000003E-2,41.85,3]
["Composição Auxiliar"," 5678 ","SINAPI","RETROESCAVADEIRA SOBRE RODAS COM CARREGADEIRA, TRAÇÃO 4X4, POTÊNCIA LÍQ. 88 HP, CAÇAMBA CARREG. CAP. MÍN. 1 M3, CAÇAMBA RETRO CAP. 0,26 M3, PESO OPERACIONAL MÍN. 6.674 KG, PROFUNDIDADE ESCAVAÇÃO MÁX. 4,37 M - CHP DIURNO. AF_06/2014","CHOR - CUSTOS HORÁRIOS DE MÁQUINAS E EQUIPAMENTOS",null,"CHP",0.1037,142.32,14.75]
["Composição Auxiliar"," 88316 ","SINAPI","SERVENTE COM ENCARGOS COMPLEMENTARES","SEDI - SERVIÇOS DIVERSOS",null,"H",1.1204000000000001,18.98,21.26]
["Composição Auxiliar"," 5679 ","SINAPI","RETROESCAVADEIRA SOBRE RODAS COM CARREGADEIRA, TRAÇÃO 4X4, POTÊNCIA LÍQ. 88 HP, CAÇAMBA CARREG. CAP. MÍN. 1 M3, CAÇAMBA RETRO CAP. 0,26 M3, PESO OPERACIONAL MÍN. 6.674 KG, PROFUNDIDADE ESCAVAÇÃO MÁX. 4,37 M - CHI DIURNO. AF_06/2014","CHOR - CUSTOS HORÁRIOS DE MÁQUINAS E EQUIPAMENTOS",null,"CHI",0.51870000000000005,56.43,29.27]
["Composição Auxiliar"," 91534 ","SINAPI","COMPACTADOR DE SOLOS DE PERCUSSÃO (SOQUETE) COM MOTOR A GASOLINA 4 TEMPOS, POTÊNCIA 4 CV - CHI DIURNO. AF_08/2015","CHOR - CUSTOS HORÁRIOS DE MÁQUINAS E EQUIPAMENTOS",null,"CHI",6.6600000000000006E-2,34.76,2.31]
["Insumo"," 00000370 ","SINAPI","AREIA MEDIA - POSTO JAZIDA/FORNECEDOR (RETIRADO NA JAZIDA, SEM TRANSPORTE)","Material",null,"M³",1.1000000000000001,145,159.5]
[{"$nulls":4},"MO sem LS =>",50.07,"LS =>",0,"MO com LS =>",50.07]
[{"$nulls":4},"Valor do BDI =>",54.52,null,"Valor com BDI =>",null,303.5]
[{"$nulls":6},"Quant. =>","29,62","Preço Total =>",8989.67]
[]
[" 15.2.3 ","Código","Banco","Descrição","Tipo",null,"Und","Quant.","Valor Unit","Total"]
["Composição"," 93590 ","SINAPI","TRANSPORTE COM CAMINHÃO BASCULANTE DE 10 M³, EM VIA URBANA PAVIMENTADA, ADICIONAL PARA DMT EXCEDENTE A 30 KM (UNIDADE: M3XKM). AF_07/2020","TRAN - TRANSPORTES, CARGAS E DESCARGAS",null,"M3XKM",1,0.99,0.99]
["Composição Auxiliar"," 91386 ","SINAPI","CAMINHÃO BASCULANTE 10 M3, TRUCADO CABINE SIMPLES, PESO BRUTO TOTAL 23.000 KG, CARGA ÚTIL MÁXIMA 15.935 KG, DISTÂNCIA ENTRE EIXOS 4,80 M, POTÊNCIA 230 CV INCLUSIVE CAÇAMBA METÁLICA - CHP DIURNO. AF_06/2014","CHOR - CUSTOS HORÁRIOS DE MÁQUINAS E EQUIPAMENTOS",null,"CHP",3.3E-3,275.67,0.9]
["Composição Auxiliar"," 91387 ","SINAPI","CAMINHÃO BASCULANTE 10 M3, TRUCADO CABINE SIMPLES, PESO BRUTO TOTAL 23.000 KG, CARGA ÚTIL MÁXIMA 15.935 KG, DISTÂNCIA ENTRE EIXOS 4,80 M, POTÊNCIA 230 CV INCLUSIVE CAÇAMBA METÁLICA - CHI DIURNO. AF_06/2014","CHOR - CUSTOS HORÁRIOS DE MÁQUINAS E EQUIPAMENTOS",null,"CHI",1.4E-3,69.400000000000006,0.09]
[{"$nulls":4},"MO sem LS =>",0.09,"LS =>",0,"MO com LS =>",0.09]
[{"$nulls":4},"Valor do BDI =>",0.21,null,"Valor com BDI =>",null,1.2]
[{"$nulls":6},"Quant. =>","444,30","Preço Total =>",533.16]
[]
[" 15.2.4 ","Código","Banco","Descrição","Tipo",null,"Und","Quant.","Valor Unit","Total"]
["Composição"," 92219 ","SINAPI","TUBO DE CONCRETO PARA REDES COLETORAS DE ÁGUAS PLUVIAIS, DIÂMETRO DE 400 MM, JUNTA RÍGIDA, INSTALADO EM LOCAL COM ALTO NÍVEL DE INTERFERÊNCIAS - FORNECIMENTO E ASSENTAMENTO. AF_03/2024","ASTU - ASSENTAMENTO DE TUBOS E PECAS",null,"M",1,163.38999999999999,163.38999999999999]
["Composição Auxiliar"," 88246 ","SINAPI","ASSENTADOR DE TUBOS COM ENCARGOS COMPLEMENTARES","SEDI - SERVIÇOS DIVERSOS",null,"H",0.2379,14.54,3.45]
["Composição Auxiliar"," 5631 ","SINAPI","ESCAVADEIRA HIDRÁULICA SOBRE ESTEIRAS, CAÇAMBA 0,80 M3, PESO OPERACIONAL 17 T, POTENCIA BRUTA 111 HP - CHP DIURNO. AF_06/2014","CHOR - CUSTOS HORÁRIOS DE MÁQUINAS E EQUIPAMENTOS",null,"CHP",5.3199999999999997E-2,209.48,11.14]
["Composição Auxiliar"," 5632 ","SINAPI","ESCAVADEIRA HIDRÁULICA SOBRE ESTEIRAS, CAÇAMBA 0,80 M3, PESO OPERACIONAL 17 T, POTENCIA BRUTA 111 HP - CHI DIURNO. AF_06/2014","CHOR - CUSTOS HORÁRIOS DE MÁQUINAS E EQUIPAMENTOS",null,"CHI",0.1033,82.89,8.56]
["Composição Auxiliar"," 88629 ","SINAPI","ARGAMASSA TRAÇO 1:3 (EM VOLUME DE CIMENTO E AREIA MÉDIA ÚMIDA), PREPARO MANUAL. AF_08/2019","SEDI - SERVIÇOS DIVERSOS",null,"m³",1.6000000000000001E-3,839.39,1.34]
["Composição Auxiliar"," 88316 ","SINAPI","SERVENTE COM ENCARGOS COMPLEMENTARES","SEDI - SERVIÇOS DIVERSOS",null,"H",0.47570000000000001,18.98,9.02]
["Insumo"," 00007745 ","SINAPI","TUBO DE CONCRETO ARMADO PARA AGUAS PLUVIAIS, CLASSE PA-1, COM ENCAIXE PONTA E BOLSA, DIAMETRO NOMINAL DE 400 MM","Material",null,"M",1.03,126.1,129.88]
[{"$nulls":4},"MO sem LS =>",13.33,"LS =>",0,"MO com LS =>",13.33]
[{"$nulls":4},"Valor do BDI =>",35.78,null,"Valor com BDI =>",null,199.17]
[{"$nulls":6},"Quant. =>","78,00","Preço Total =>",15535.26]
[]
[null,"Código","Banco","Descrição","Tipo",null,"Und","Quant.","Valor Unit","Total"]
["Insumo"," 00006240 ","SINAPI","TAMPAO FOFO SIMPLES COM BASE / REQUADRO, CLASSE D400 CARGA MAX. 40 T, REDONDO, TAMPA 600 MM (COM INSCRICAO EM RELEVO DO TIPO DE REDE)","Material",null,"UN",1,748.75,748.75]
[{"$nulls":4},"MO sem LS =>",0,"LS =>",0,"MO com LS =>",0]
[{"$nulls":4},"Valor do BDI =>",null,null,"Valor com BDI =>",null,856.64]
[{"$nulls":6},"Quant. =>","7,00","Preço Total =>",5996.48]
[]
[" 15.2.6 ","Código","Banco","Descrição","Tipo",null,"Und","Quant.","Valor Unit","Total"]
["Composição"," 92221 ","SINAPI","TUBO DE CONCRETO PARA REDES COLETORAS DE ÁGUAS PLUVIAIS, DIÂMETRO DE 600 MM, JUNTA RÍGIDA, INSTALADO EM LOCAL COM ALTO NÍVEL DE INTERFERÊNCIAS - FORNECIMENTO E ASSENTAMENTO. AF_03/2024","ASTU - ASSENTAMENTO DE TUBOS E PECAS",null,"M",1,305.11,305.11]
["Composição Auxiliar"," 5631 ","SINAPI","ESCAVADEIRA HIDRÁULICA SOBRE ESTEIRAS, CAÇAMBA 0,80 M3, PESO OPERACIONAL 17 T, POTENCIA BRUTA 111 HP - CHP DIURNO. AF_06/2014","CHOR - CUSTOS HORÁRIOS DE MÁQUINAS E EQUIPAMENTOS",null,"CHP",8.2400000000000001E-2,209.48,17.260000000000002]
["Composição Auxiliar"," 88246 ","SINAPI","ASSENTADOR DE TUBOS COM ENCARGOS COMPLEMENTARES","SEDI - SERVIÇOS DIVERSOS",null,"H",0.36840000000000001,14.54,5.35]
["Composição Auxiliar"," 5632 ","SINAPI","ESCAVADEIRA HIDRÁULICA SOBRE ESTEIRAS, CAÇAMBA 0,80 M3, PESO OPERACIONAL 17 T, POTENCIA BRUTA 111 HP - CHI DIURNO. AF_06/2014","CHOR - CUSTOS HORÁRIOS DE MÁQUINAS E EQUIPAMENTOS",null,"CHI",0.16,82.89,13.26]
["Composição Auxiliar"," 88629 ","SINAPI","ARGAMASSA TRAÇO 1:3 (EM VOLUME DE CIMENTO E AREIA MÉDIA ÚMIDA), PREPARO MANUAL. AF_08/2019","SEDI - SERVIÇOS DIVERSOS",null,"m³",4.7000000000000002E-3,839.39,3.94]
["Composição Auxiliar"," 88316 ","SINAPI","SERVENTE COM ENCARGOS COMPLEMENTARES","SEDI - SERVIÇOS DIVERSOS",null,"H",0.73680000000000001,18.98,13.98]
["Insumo"," 00007725 ","SINAPI","TUBO DE CONCRETO ARMADO PARA AGUAS PLUVIAIS, CLASSE PA-1, COM ENCAIXE PONTA E BOLSA, DIAMETRO NOMINAL DE = 600 MM","Material",null,"M",1.03,244,251.32]
[{"$nulls":4},"MO sem LS =>",20.93,"LS =>",0,"MO com LS =>",20.93]
[{"$nulls":4},"Valor do BDI =>",66.81,null,"Valor com BDI =>",null,371.92]
[{"$nulls":6},"Quant. =>","46,00","Preço Total =>",17108.32]
[]
[" 15.2.7 ","Código","Banco","Descrição","Tipo",null,"Und","Quant.","Valor Unit","Total"]
["Composição"," 93379 ","SINAPI","REATERRO MECANIZADO DE VALA COM RETROESCAVADEIRA (CAPACIDADE DA CAÇAMBA   DA RETRO: 0,26 M³/POTÊNCIA: 88 HP), LARGURA 0,8 A 1,5 M, PROFUNDIDADE ATÉ 1,5 M, COM SOLO (SEM SUBSTITUIÇÃO) DE 1ª CATEGORIA, COM COMPACTADOR DE SOLOS DE PERCUSSÃO AF_08/2023","MOVT - MOVIMENTO DE TERRA",null,"m³",1,18.149999999999999,18.149999999999999]
["Composição Auxiliar"," 88316 ","SINAPI","SERVENTE COM ENCARGOS COMPLEMENTARES","SEDI - SERVIÇOS DIVERSOS",null,"H",5.21E-2,18.98,0.98]
["Composição Auxiliar"," 5903 ","SINAPI","CAMINHÃO PIPA 10.000 L TRUCADO, PESO BRUTO TOTAL 23.000 KG, CARGA ÚTIL MÁXIMA 15.935 KG, DISTÂNCIA ENTRE EIXOS 4,8 M, POTÊNCIA 230 CV, INCLUSIVE TANQUE DE AÇO PARA TRANSPORTE DE ÁGUA - CHI DIURNO. AF_06/2014","CHOR - CUSTOS HORÁRIOS DE MÁQUINAS E EQUIPAMENTOS",null,"CHI",5.9999999999999995E-4,68.63,0.04]
["Composição Auxiliar"," 5679 ","SINAPI","RETROESCAVADEIRA SOBRE RODAS COM CARREGADEIRA, TRAÇÃO 4X4, POTÊNCIA LÍQ. 88 HP, CAÇAMBA CARREG. CAP. MÍN. 1 M3, CAÇAMBA RETRO CAP. 0,26 M3, PESO OPERACIONAL MÍN. 6.674 KG, PROFUNDIDADE ESCAVAÇÃO MÁX. 4,37 M - CHI DIURNO. AF_06/2014","CHOR - CUSTOS HORÁRIOS DE MÁQUINAS E EQUIPAMENTOS",null,"CHI",5.5100000000000003E-2,56.43,3.1]
["Composição Auxiliar"," 91533 ","SINAPI","COMPACTADOR DE SOLOS DE PERCUSSÃO (SOQUETE) COM MOTOR A GASOLINA 4 TEMPOS, POTÊNCIA 4 CV - CHP DIURNO. AF_08/2015","CHOR - CUSTOS HORÁRIOS DE MÁQUINAS E EQUIPAMENTOS",null,"CHP",0.16339999999999999,41.85,6.83]
["Composição Auxiliar"," 5901 ","SINAPI","CAMINHÃO PIPA 10.000 L TRUCADO, PESO BRUTO TOTAL 23.000 KG, CARGA ÚTIL MÁXIMA 15.935 KG, DISTÂNCIA ENTRE EIXOS 4,8 M, POTÊNCIA 230 CV, INCLUSIVE TANQUE DE AÇO PARA TRANSPORTE DE ÁGUA - CHP DIURNO. AF_06/2014","CHOR - CUSTOS HORÁRIOS DE MÁQUINAS E EQUIPAMENTOS",null,"CHP",5.4000000000000003E-3,328.96,1.77]
["Composição Auxiliar"," 5678 ","SINAPI","RETROESCAVADEIRA SOBRE RODAS COM CARREGADEIRA, TRAÇÃO 4X4, POTÊNCIA LÍQ. 88 HP, CAÇAMBA CARREG. CAP. MÍN. 1 M3, CAÇAMBA RETRO CAP. 0,26 M3, PESO OPERACIONAL MÍN. 6.674 KG, PROFUNDIDADE ESCAVAÇÃO MÁX. 4,37 M - CHP DIURNO. AF_06/2014","CHOR - CUSTOS HORÁRIOS DE MÁQUINAS E EQUIPAMENTOS",null,"CHP",3.8199999999999998E-2,142.32,5.43]
[{"$nulls":4},"MO sem LS =>",7.92,"LS =>",0,"MO com LS =>",7.92]
[{"$nulls":4},"Valor do BDI =>",3.97,null,"Valor com BDI =>",null,22.12]
[{"$nulls":6},"Quant. =>","269,98","Preço Total =>",5971.95]
[]
[" 15.2.8 ","Código","Banco","Descrição","Tipo",null,"Und","Quant.","Valor Unit","Total"]
["Composição"," 99301 ","SINAPI","BASE PARA POÇO DE VISITA RETANGULAR PARA DRENAGEM, EM ALVENARIA COM BLOCOS DE CONCRETO, DIMENSÕES INTERNAS = 2X2 M, PROFUNDIDADE = 1,40 M, EXCLUINDO TAMPÃO. AF_12/2020_PA","DROP - DRENAGEM/OBRAS DE CONTENÇÃO / POÇOS DE VISITA E CAIXAS",null,"UN",1,6947.94,6947.94]
["Composição Auxiliar"," 88628 ","SINAPI","ARGAMASSA TRAÇO 1:3 (EM VOLUME DE CIMENTO E AREIA MÉDIA ÚMIDA), PREPARO MECÂNICO COM BETONEIRA 400 L. AF_08/2019","SEDI - SERVIÇOS DIVERSOS",null,"m³",0.94810000000000005,743.18,704.6]
["Composição Auxiliar"," 92767 ","SINAPI","ARMAÇÃO DE LAJE DE ESTRUTURA CONVENCIONAL DE CONCRETO ARMADO UTILIZANDO AÇO CA-60 DE 4,2 MM - MONTAGEM. AF_06/2022","FUES - FUNDAÇÕES E ESTRUTURAS",null,"KG",31.784400000000002,17.059999999999999,542.24]
["Composição Auxiliar"," 89993 ","SINAPI","GRAUTEAMENTO VERTICAL EM ALVENARIA ESTRUTURAL. AF_09/2021","FUES - FUNDAÇÕES E ESTRUTURAS",null,"m³",5.9799999999999999E-2,1333.66,79.75]
["Composição Auxiliar"," 89995 ","SINAPI","GRAUTEAMENTO DE CINTA SUPERIOR OU DE VERGA EM ALVENARIA ESTRUTURAL. AF_09/2021","FUES - FUNDAÇÕES E ESTRUTURAS",null,"m³",0.13539999999999999,1300.17,176.04]
["Composição Auxiliar"," 88309 ","SINAPI","PEDREIRO COM ENCARGOS COMPLEMENTARES","SEDI - SERVIÇOS DIVERSOS",null,"H",29.897500000000001,25.3,756.4]
["Composição Auxiliar"," 101624 ","SINAPI","PREPARO DE FUNDO DE VALA COM LARGURA MAIOR OU IGUAL A 1,5 M E MENOR QUE 2,5 M, COM CAMADA DE BRITA, LANÇAMENTO MECANIZADO. AF_08/2020","MOVT - MOVIMENTO DE TERRA",null,"m³",1.3068,445.85,582.63]
["Composição Auxiliar"," 89996 ","SINAPI","ARMAÇÃO VERTICAL DE ALVENARIA ESTRUTURAL; DIÂMETRO DE 10,0 MM. AF_09/2021","FUES - FUNDAÇÕES E ESTRUTURAS",null,"KG",1.9743999999999999,12.43,24.54]
["Composição Auxiliar"," 89998 ","SINAPI","ARMAÇÃO DE CINTA DE ALVENARIA ESTRUTURAL; DIÂMETRO DE 10,0 MM. AF_09/2021","FUES - FUNDAÇÕES E ESTRUTURAS",null,"KG",5.4295999999999998,11.94,64.819999999999993]
["Composição Auxiliar"," 88316 ","SINAPI","SERVENTE COM ENCARGOS COMPLEMENTARES","SEDI - SERVIÇOS DIVERSOS",null,"H",23.4909,18.98,445.85]
["Composição Auxiliar"," 5679 ","SINAPI","RETROESCAVADEIRA SOBRE RODAS COM CARREGADEIRA, TRAÇÃO 4X4, POTÊNCIA LÍQ. 88 HP, CAÇAMBA CARREG. CAP. MÍN. 1 M3, CAÇAMBA RETRO CAP. 0,26 M3, PESO OPERACIONAL MÍN. 6.674 KG, PROFUNDIDADE ESCAVAÇÃO MÁX. 4,37 M - CHI DIURNO. AF_06/2014","CHOR - CUSTOS HORÁRIOS DE MÁQUINAS E EQUIPAMENTOS",null,"CHI",0.54,56.43,30.47]
["Composição Auxiliar"," 97738 ","SINAPI","PEÇA CIRCULAR PRÉ-MOLDADA, VOLUME DE CONCRETO DE 10 A 30 LITROS, TAXA DE FIBRA DE POLIPROPILENO APROXIMADA DE 6 KG/M³. AF_03/2024_PS","FUES - FUNDAÇÕES E ESTRUTURAS",null,"m³",2.2100000000000002E-2,4224.1400000000003,93.35]
["Composição Auxiliar"," 5678 ","SINAPI","RETROESCAVADEIRA SOBRE RODAS COM CARREGADEIRA, TRAÇÃO 4X4, POTÊNCIA LÍQ. 88 HP, CAÇAMBA CARREG. CAP. MÍN. 1 M3, CAÇAMBA RETRO CAP. 0,26 M3, PESO OPERACIONAL MÍN. 6.674 KG, PROFUNDIDADE ESCAVAÇÃO MÁX. 4,37 M - CHP DIURNO. AF_06/2014","CHOR - CUSTOS HORÁRIOS DE MÁQUINAS E EQUIPAMENTOS",null,"CHP",0.26500000000000001,142.32,37.71]
["Composição Auxiliar"," 87316 ","SINAPI","ARGAMASSA TRAÇO 1:4 (EM VOLUME DE CIMENTO E AREIA GROSSA ÚMIDA) PARA CHAPISCO CONVENCIONAL, PREPARO MECÂNICO COM BETONEIRA 400 L. AF_08/2019","SEDI - SERVIÇOS DIVERSOS",null,"m³",6.6799999999999998E-2,609.86,40.729999999999997]
["Composição Auxiliar"," 97736 ","SINAPI","PEÇA RETANGULAR PRÉ-MOLDADA, VOLUME DE CONCRETO ACIMA DE 100 LITROS, TAXA DE AÇO APROXIMADA DE 30KG/M³. AF_03/2024","FUES - FUNDAÇÕES E ESTRUTURAS",null,"m³",0.8216,1784.68,1466.29]
["Composição Auxiliar"," 94970 ","SINAPI","CONCRETO FCK = 20MPA, TRAÇO 1:2,7:3 (EM MASSA SECA DE CIMENTO/ AREIA MÉDIA/ BRITA 1) - PREPARO MECÂNICO COM BETONEIRA 600 L. AF_05/2021","FUES - FUNDAÇÕES E ESTRUTURAS",null,"m³",1.1974,704.63,843.72]
["Insumo"," 00002692 ","SINAPI","DESMOLDANTE PROTETOR PARA FORMAS DE MADEIRA, DE BASE OLEOSA EMULSIONADA EM AGUA","Material",null,"L",2.4500000000000001E-2,9.15,0.22]
["Insumo"," 00006193 ","SINAPI","TABUA NAO APARELHADA *2,5 X 20* CM, EM MACARANDUBA/MASSARANDUBA, ANGELIM OU EQUIVALENTE DA REGIAO - BRUTA","Material",null,"M",1.9872000000000001,12.56,24.95]
["Insumo"," 00025067 ","SINAPI","BLOCO DE CONCRETO ESTRUTURAL 19 X 19 X 39 CM, FBK 4,5 MPA (NBR 6136)","Material",null,"UN",150.869,5.71,861.46]
["Insumo"," 00004491 ","SINAPI","PONTALETE *7,5 X 7,5* CM EM PINUS, MISTA OU EQUIVALENTE DA REGIAO - BRUTA","Material",null,"M",0.53280000000000005,10.220000000000001,5.44]
["Insumo"," 00004517 ","SINAPI","SARRAFO *2,5 X 7,5* CM EM PINUS, MISTA OU EQUIVALENTE DA REGIAO - BRUTA","Material",null,"M",0.63360000000000005,3.57,2.2599999999999998]
["Insumo"," 00000660 ","SINAPI","CANALETA DE CONCRETO 19 X 19 X 19 CM (CLASSE C - NBR 6136)","Material",null,"UN",46.2,3.54,163.54]
["Insumo"," 00005069 ","SINAPI","PREGO DE ACO POLIDO COM CABECA 17 X 27 (2 1/2 X 11)","Material",null,"KG",5.62E-2,16.59,0.93]
[{"$nulls":4},"MO sem LS =>",1741.48,"LS =>",0,"MO com LS =>",1741.48]
[{"$nulls":4},"Valor do BDI =>",1521.59,null,"Valor com BDI =>",null,8469.5300000000007]
[{"$nulls":6},"Quant. =>","7,00","Preço Total =>",59286.71]
[]
[" 15.2.9 ","Código","Banco","Descrição","Tipo",null,"Und","Quant.","Valor Unit","Total"]
["Composição"," 97961 ","SINAPI","CAIXA PARA BOCA DE LOBO COMBINADA COM GRELHA RETANGULAR, EM ALVENARIA COM BLOCOS DE CONCRETO, DIMENSÕES INTERNAS: 1,3X1X1,2 M. AF_12/2020","DROP - DRENAGEM/OBRAS DE CONTENÇÃO / POÇOS DE VISITA E CAIXAS",null,"UN",1,2639.25,2639.25]
["Composição Auxiliar"," 87316 ","SINAPI","ARGAMASSA TRAÇO 1:4 (EM VOLUME DE CIMENTO E AREIA GROSSA ÚMIDA) PARA CHAPISCO CONVENCIONAL, PREPARO MECÂNICO COM BETONEIRA 400 L. AF_08/2019","SEDI - SERVIÇOS DIVERSOS",null,"m³",5.8799999999999998E-2,609.86,35.85]
["Composição Auxiliar"," 88309 ","SINAPI","PEDREIRO COM ENCARGOS COMPLEMENTARES","SEDI - SERVIÇOS DIVERSOS",null,"H",13.8543,25.3,350.51]
["Composição Auxiliar"," 5678 ","SINAPI","RETROESCAVADEIRA SOBRE RODAS COM CARREGADEIRA, TRAÇÃO 4X4, POTÊNCIA LÍQ. 88 HP, CAÇAMBA CARREG. CAP. MÍN. 1 M3, CAÇAMBA RETRO CAP. 0,26 M3, PESO OPERACIONAL MÍN. 6.674 KG, PROFUNDIDADE ESCAVAÇÃO MÁX. 4,37 M - CHP DIURNO. AF_06/2014","CHOR - CUSTOS HORÁRIOS DE MÁQUINAS E EQUIPAMENTOS",null,"CHP",5.28E-2,142.32,7.51]
["Composição Auxiliar"," 88316 ","SINAPI","SERVENTE COM ENCARGOS COMPLEMENTARES","SEDI - SERVIÇOS DIVERSOS",null,"H",10.8855,18.98,206.6]
["Composição Auxiliar"," 89995 ","SINAPI","GRAUTEAMENTO DE CINTA SUPERIOR OU DE VERGA EM ALVENARIA ESTRUTURAL. AF_09/2021","FUES - FUNDAÇÕES E ESTRUTURAS",null,"m³",8.3099999999999993E-2,1300.17,108.04]
["Composição Auxiliar"," 94970 ","SINAPI","CONCRETO FCK = 20MPA, TRAÇO 1:2,7:3 (EM MASSA SECA DE CIMENTO/ AREIA MÉDIA/ BRITA 1) - PREPARO MECÂNICO COM BETONEIRA 600 L. AF_05/2021","FUES - FUNDAÇÕES E ESTRUTURAS",null,"m³",0.27679999999999999,704.63,195.04]
["Composição Auxiliar"," 89998 ","SINAPI","ARMAÇÃO DE CINTA DE ALVENARIA ESTRUTURAL; DIÂMETRO DE 10,0 MM. AF_09/2021","FUES - FUNDAÇÕES E ESTRUTURAS",null,"KG",3.3317999999999999,11.94,39.78]
["Composição Auxiliar"," 5679 ","SINAPI","RETROESCAVADEIRA SOBRE RODAS COM CARREGADEIRA, TRAÇÃO 4X4, POTÊNCIA LÍQ. 88 HP, CAÇAMBA CARREG. CAP. MÍN. 1 M3, CAÇAMBA RETRO CAP. 0,26 M3, PESO OPERACIONAL MÍN. 6.674 KG, PROFUNDIDADE ESCAVAÇÃO MÁX. 4,37 M - CHI DIURNO. AF_06/2014","CHOR - CUSTOS HORÁRIOS DE MÁQUINAS E EQUIPAMENTOS",null,"CHI",0.1075,56.43,6.06]
["Composição Auxiliar"," 88628 ","SINAPI","ARGAMASSA TRAÇO 1:3 (EM VOLUME DE CIMENTO E AREIA MÉDIA ÚMIDA), PREPARO MECÂNICO COM BETONEIRA 400 L. AF_08/2019","SEDI - SERVIÇOS DIVERSOS",null,"m³",0.59719999999999995,743.18,443.82]
["Composição Auxiliar"," 89996 ","SINAPI","ARMAÇÃO VERTICAL DE ALVENARIA ESTRUTURAL; DIÂMETRO DE 10,0 MM. AF_09/2021","FUES - FUNDAÇÕES E ESTRUTURAS",null,"KG",0.98719999999999997,12.43,12.27]
["Composição Auxiliar"," 97735 ","SINAPI","PEÇA RETANGULAR PRÉ-MOLDADA, VOLUME DE CONCRETO DE 30 A 100 LITROS, TAXA DE AÇO APROXIMADA DE 30KG/M³. AF_03/2024","FUES - FUNDAÇÕES E ESTRUTURAS",null,"m³",6.1600000000000002E-2,2654.48,163.51]
["Composição Auxiliar"," 101617 ","SINAPI","PREPARO DE FUNDO DE VALA COM LARGURA MAIOR OU IGUAL A 1,5 M E MENOR QUE 2,5 M (ACERTO DO SOLO NATURAL). AF_08/2020","MOVT - MOVIMENTO DE TERRA",null,"m²",2.08,2.83,5.88]
["Composição Auxiliar"," 89993 ","SINAPI","GRAUTEAMENTO VERTICAL EM ALVENARIA ESTRUTURAL. AF_09/2021","FUES - FUNDAÇÕES E ESTRUTURAS",null,"m³",2.9899999999999999E-2,1333.66,39.869999999999997]
["Insumo"," 00025067 ","SINAPI","BLOCO DE CONCRETO ESTRUTURAL 19 X 19 X 39 CM, FBK 4,5 MPA (NBR 6136)","Material",null,"UN",61.875700000000002,5.71,353.31]
["Insumo"," 00006193 ","SINAPI","TABUA NAO APARELHADA *2,5 X 20* CM, EM MACARANDUBA/MASSARANDUBA, ANGELIM OU EQUIVALENTE DA REGIAO - BRUTA","Material",null,"M",0.85560000000000003,12.56,10.74]
["Insumo"," 00000660 ","SINAPI","CANALETA DE CONCRETO 19 X 19 X 19 CM (CLASSE C - NBR 6136)","Material",null,"UN",28.35,3.54,100.35]
["Insumo"," 00004517 ","SINAPI","SARRAFO *2,5 X 7,5* CM EM PINUS, MISTA OU EQUIVALENTE DA REGIAO - BRUTA","Material",null,"M",0.27279999999999999,3.57,0.97]
["Insumo"," 00002692 ","SINAPI","DESMOLDANTE PROTETOR PARA FORMAS DE MADEIRA, DE BASE OLEOSA EMULSIONADA EM AGUA","Material",null,"L",1.0500000000000001E-2,9.15,0.09]
["Insumo"," 00043386 ","SINAPI","MEIO-FIO OU GUIA DE CONCRETO PRE-MOLDADO, TIPO CHAPEU PARA BOCA DE LOBO,  DIMENSOES *1,20* X 0,15 X 0,30 M","Material",null,"UN",1,61.14,61.14]
["Insumo"," 00004491 ","SINAPI","PONTALETE *7,5 X 7,5* CM EM PINUS, MISTA OU EQUIVALENTE DA REGIAO - BRUTA","Material",null,"M",0.22939999999999999,10.220000000000001,2.34]
["Insumo"," 00005069 ","SINAPI","PREGO DE ACO POLIDO COM CABECA 17 X 27 (2 1/2 X 11)","Material",null,"KG",2.4199999999999999E-2,16.59,0.4]
["Insumo"," 00043440 ","SINAPI","CONJUNTO PRE-MOLDADO COMPOSTO POR GRELHA (0,99 X 0,45 M), QUADRO (1,10 X 0,52 M) E CANTONEIRA (1,10 X 0,35 M), EM CONCRETO ARMADO, COM FCK DE 21 MPA","Material",null,"UN",1,495.17,495.17]
[{"$nulls":4},"MO sem LS =>",614.88,"LS =>",0,"MO com LS =>",614.88]
[{"$nulls":4},"Valor do BDI =>",577.99,null,"Valor com BDI =>",null,3217.24]
[{"$nulls":6},"Quant. =>","9,00","Preço Total =>",28955.16]
[]
[" 15.3 ",null,null,"ILUMINAÇÃO",{"$nulls":5},56400.2]
[" 15.3.1 ","Código","Banco","Descrição","Tipo",null,"Und","Quant.","Valor Unit","Total"]
["Composição"," 93008 ","SINAPI","ELETRODUTO RÍGIDO ROSCÁVEL, PVC, DN 50 MM (1 1/2\"), PARA REDE ENTERRADA DE DISTRIBUIÇÃO DE ENERGIA ELÉTRICA - FORNECIMENTO E INSTALAÇÃO. AF_12/2021","INEL - INSTALAÇÃO ELÉTRICA/ELETRIFICAÇÃO E ILUMINAÇÃO EXTERNA",null,"M",1,19.45,19.45]
["Composição Auxiliar"," 88247 ","SINAPI","AUXILIAR DE ELETRICISTA COM ENCARGOS COMPLEMENTARES","SEDI - SERVIÇOS DIVERSOS",null,"H",0.11219999999999999,21.44,2.4]
["Composição Auxiliar"," 88264 ","SINAPI","ELETRICISTA COM ENCARGOS COMPLEMENTARES","SEDI - SERVIÇOS DIVERSOS",null,"H",0.11219999999999999,27.89,3.12]
["Insumo"," 00002680 ","SINAPI","ELETRODUTO DE PVC RIGIDO ROSCAVEL DE 1 1/2 \", SEM LUVA","Material",null,"M",1.1000000000000001,12.67,13.93]
[{"$nulls":4},"MO sem LS =>",4.53,"LS =>",0,"MO com LS =>",4.53]
[{"$nulls":4},"Valor do BDI =>",4.25,null,"Valor com BDI =>",null,23.7]
[{"$nulls":6},"Quant. =>","121,22","Preço Total =>",2872.91]
[]
[" 15.3.2 ","Código","Banco","Descrição","Tipo",null,"Und","Quant.","Valor Unit","Total"]
["Composição"," 91927 ","SINAPI","CABO DE COBRE FLEXÍVEL ISOLADO, 2,5 MM², ANTI-CHAMA 0,6/1,0 KV, PARA CIRCUITOS TERMINAIS - FORNECIMENTO E INSTALAÇÃO. AF_03/2023","INEL - INSTALAÇÃO ELÉTRICA/ELETRIFICAÇÃO E ILUMINAÇÃO EXTERNA",null,"M",1,5.52,5.52]
["Composição Auxiliar"," 88247 ","SINAPI","AUXILIAR DE ELETRICISTA COM ENCARGOS COMPLEMENTARES","SEDI - SERVIÇOS DIVERSOS",null,"H",2.9000000000000001E-2,21.44,0.62]
["Composição Auxiliar"," 88264 ","SINAPI","ELETRICISTA COM ENCARGOS COMPLEMENTARES","SEDI - SERVIÇOS DIVERSOS",null,"H",2.9000000000000001E-2,27.89,0.8]
["Insumo"," 00001022 ","SINAPI","CABO DE COBRE, FLEXIVEL, CLASSE 4 OU 5, ISOLACAO EM PVC/A, ANTICHAMA BWF-B, COBERTURA PVC-ST1, ANTICHAMA BWF-B, 1 CONDUTOR, 0,6/1 KV, SECAO NOMINAL 2,5 MM2","Material",null,"M",1.2434000000000001,3.22,4]
["Insumo"," 00021127 ","SINAPI","FITA ISOLANTE ADESIVA ANTICHAMA, USO ATE 750 V, EM ROLO DE 19 MM X 5 M","Material",null,"UN",9.4000000000000004E-3,11.05,0.1]
[{"$nulls":4},"MO sem LS =>",1.17,"LS =>",0,"MO com LS =>",1.17]
[{"$nulls":4},"Valor do BDI =>",1.2,null,"Valor com BDI =>",null,6.72]
[{"$nulls":6},"Quant. =>","531,66","Preço Total =>",3572.75]
[]
[" 15.3.3 ","Código","Banco","Descrição","Tipo",null,"Und","Quant.","Valor Unit","Total"]
["Composição"," 97891 ","SINAPI","CAIXA ENTERRADA ELÉTRICA RETANGULAR, EM ALVENARIA COM BLOCOS DE CONCRETO, FUNDO COM BRITA, DIMENSÕES INTERNAS: 0,4X0,4X0,4 M. AF_12/2020","INEL - INSTALAÇÃO ELÉTRICA/ELETRIFICAÇÃO E ILUMINAÇÃO EXTERNA",null,"UN",1,220.14,220.14]
["Composição Auxiliar"," 97734 ","SINAPI","PEÇA RETANGULAR PRÉ-MOLDADA, VOLUME DE CONCRETO DE 10 A 30 LITROS, TAXA DE AÇO APROXIMADA DE 30KG/M³. AF_03/2024","FUES - FUNDAÇÕES E ESTRUTURAS",null,"m³",2.52E-2,3131.29,78.900000000000006]
["Composição Auxiliar"," 100475 ","SINAPI","ARGAMASSA TRAÇO 1:3 (EM VOLUME DE CIMENTO E AREIA MÉDIA ÚMIDA) COM ADIÇÃO DE IMPERMEABILIZANTE, PREPARO MECÂNICO COM BETONEIRA 400 L. AF_08/2019","SEDI - SERVIÇOS DIVERSOS",null,"m³",2.6100000000000002E-2,938.5,24.49]
["Composição Auxiliar"," 87316 ","SINAPI","ARGAMASSA TRAÇO 1:4 (EM VOLUME DE CIMENTO E AREIA GROSSA ÚMIDA) PARA CHAPISCO CONVENCIONAL, PREPARO MECÂNICO COM BETONEIRA 400 L. AF_08/2019","SEDI - SERVIÇOS DIVERSOS",null,"m³",6.4000000000000003E-3,609.86,3.9]
["Composição Auxiliar"," 88316 ","SINAPI","SERVENTE COM ENCARGOS COMPLEMENTARES","SEDI - SERVIÇOS DIVERSOS",null,"H",1.0813999999999999,18.98,20.52]
["Composição Auxiliar"," 101619 ","SINAPI","PREPARO DE FUNDO DE VALA COM LARGURA MENOR QUE 1,5 M, COM CAMADA DE BRITA, LANÇAMENTO MANUAL. AF_08/2020","MOVT - MOVIMENTO DE TERRA",null,"m³",4.9000000000000002E-2,518.38,25.4]
["Composição Auxiliar"," 88309 ","SINAPI","PEDREIRO COM ENCARGOS COMPLEMENTARES","SEDI - SERVIÇOS DIVERSOS",null,"H",1.3764000000000001,25.3,34.82]
["Insumo"," 00000650 ","SINAPI","BLOCO DE VEDACAO DE CONCRETO, 9 X 19 X 39 CM (CLASSE C - NBR 6136)","Material",null,"UN",10.036099999999999,3.2,32.11]
[{"$nulls":4},"MO sem LS =>",89.02,"LS =>",0,"MO com LS =>",89.02]
[{"$nulls":4},"Valor do BDI =>",48.21,null,"Valor com BDI =>",null,268.35000000000002]
[{"$nulls":6},"Quant. =>","14,00","Preço Total =>",3756.9]
[]
[" 15.3.4 ","Código","Banco","Descrição","Tipo",null,"Und","Quant.","Valor Unit","Total"]
["Composição"," 12910 ","ORSE","Poste decorativo 2 pétalas, em aço galvanizado com difusor em vidro transparente temperado, com 3m/4m, inclusive lâmpada de led 50w","Postes Tubulares de Ferro Galvanizado",null,"un",1,2718.81,2718.81]
[null,"Código","Banco","Descrição","Tipo",null,"Und","Quant.","Valor Unit","Total"]
["Composição",10550,"ORSE","Encargos Complementares - Pedreiro","Provisórios",null,"h",1.5,"3,67","5,50"]
["Composição",95,"ORSE","Concreto simples fabricado na obra, fck=13,5 mpa, lançado e adensado","Alvenarias de Pedra e Concretos para Fundações",null,"m³",0.28000000000000003,"553,39","154,94"]
["Insumo",13672,"ORSE","Suporte de fixação em chapa de aço galvanizado, para 02 luminária, encaixe emposte com topo de Ø de 60,3mm externo, da Induspar ou similar","Material",null,"un",1,"119,76","119,76"]
["Composição",2497,"ORSE","Escavação manual de vala ou cava em material de 1ª categoria, profundidade até 1,50m","Escavação Manual em Área Urbana",null,"m³",0.28000000000000003,"52,50","14,70"]
["Insumo","00004750/SINAPI","ORSE","Pedreiro (horista)","Mão de Obra",null,"h",1.5,"19,13","28,69"]
["Insumo","00006111/SINAPI","ORSE","Servente de obras (horista)","Mão de Obra",null,"h",1.5,"13,65","20,46"]
["Insumo",13673,"ORSE","Luminária em LED  para iluminação pública, 50W, 100 a 220v, Fluxo luminoso 4000 a 4200 lúmens, Temp. cor 6000/6500k, IRC= ou 70%, modelo Induspar ou similar","Material",null,"un",1,"384,04","384,04"]
["Insumo",13668,"ORSE","Poste de aço galv. cônico contínuPoste de Aço para Jardim, altura 3m/4m, com tubo diam. = 64mm","Material",null,"un",3.2,"620,25","1.984,80"]
["Composição",10549,"ORSE","Encargos Complementares - Servente","Provisórios",null,"h",1.5,"3,80","5,70"]
["Detalhamento de Cálculo ORSE"]
[null,"Código","Banco","Descrição","Tipo",null,"Und","Quant.","Valor Unit","Total"]
["Insumo","00000367/SINAPI","ORSE","Areia grossa - posto jazida/fornecedor (retirado na jazida, sem transporte)","Material",null,"m³",0.26404,"111,43","29,42"]
["Insumo",941,"ORSE","Fardamento com mangas curta","Material",null,"un",9.3384000000000002E-3,"193,41","1,80"]
["Insumo",11243,"ORSE","Martelo sem unha","Material",null,"un",1.6008E-4,"28,00","0,00"]
["Insumo",10788,"ORSE","Pá quadrada","Material",null,"un",8.9472E-4,"36,90","0,03"]
["Insumo",10282,"ORSE","Regua de alumínio c/ 2,00m (para pedreiro)","Material",null,"un",3.2016E-4,"45,00","0,01"]
["Insumo",10517,"ORSE","Exames admissionais/demissionais (checkup)","Serviços",null,"cj",2.4902399999999999E-3,"300,00","0,74"]
["Insumo","00006111/SINAPI","ORSE","Servente de obras (horista)","Mão de Obra",null,"h",4.4736000000000002,"13,65","61,04"]
["Insumo",10596,"ORSE","Protetor auricular","Material",null,"un",2.8015200000000001E-2,"4,90","0,13"]
["Insumo",10578,"ORSE","Formão grande","Material",null,"un",2.016E-5,"15,15","0,00"]
["Insumo","00012892/SINAPI","ORSE","Luva raspa de couro, cano curto (punho *7* cm)","Material",null,"par",1.4318880000000001E-2,"12,51","0,17"]
["Insumo",11248,"ORSE","Furadeira e Parafusadeira eletrica Bosch ou Similar profissional","Equipamento",null,"un",1.008E-5,"246,00","0,00"]
["Insumo","00012895/SINAPI","ORSE","Capacete de seguranca aba frontal com suspensao de polietileno, sem jugular (classe b)","Material",null,"un",3.7353600000000001E-3,"13,90","0,05"]
["Insumo","00004750/SINAPI","ORSE","Pedreiro (horista)","Mão de Obra",null,"h",1.6008,"19,13","30,62"]
["Insumo",10492,"ORSE","Cesta Básica","Material",null,"un",2.8015200000000001E-2,"190,00","5,32"]
["Insumo",13668,"ORSE","Poste de aço galv. cônico contínuPoste de Aço para Jardim, altura 3m/4m, com tubo diam. = 64mm","Material",null,"un",3.2,"620,25","1.984,80"]
["Insumo",1651,"ORSE","Óculos branco proteção","Material",null,"pr",4.9703999999999998E-3,"6,70","0,03"]
["Insumo",10585,"ORSE","Arco de serra","Material",null,"un",1.008E-5,"19,90","0,00"]
["Insumo",10579,"ORSE","Chave de fenda chata 30 cm","Material",null,"un",2.016E-5,"26,89","0,00"]
["Insumo",10599,"ORSE","Protetor solar fps 30 com 120ml","Material",null,"un",1.120608E-2,"18,00","0,20"]
["Insumo","00004721/SINAPI","ORSE","Pedra britada n. 1 (9,5 a 19 mm) posto pedreira/fornecedor, sem frete","Material",null,"m³",5.8520000000000003E-2,"119,72","7,00"]
["Insumo","00004718/SINAPI","ORSE","Pedra britada n. 2 (19 a 38 mm) posto pedreira/fornecedor, sem frete","Material",null,"m³",0.17555999999999999,"120,35","21,12"]
["Insumo",4729,"ORSE","Marreta 1 kg com cabo","Material",null,"un",4.4736E-4,"37,80","0,01"]
["Insumo","00012893/SINAPI","ORSE","Bota de seguranca com biqueira de aco e colarinho acolchoado","Material",null,"par",4.9703999999999998E-3,"66,72","0,33"]
["Insumo","00012894/SINAPI","ORSE","Capa para chuva em pvc com forro de poliester, com capuz (amarela ou azul)","Material",null,"un",1.24512E-3,"18,07","0,02"]
["Insumo","00001213/SINAPI","ORSE","Carpinteiro de formas ou oficial (horista)","Mão de Obra",null,"h",0.1008,"19,13","1,92"]
["Insumo","00002711/SINAPI","ORSE","Carrinho de mao de aco capacidade 50 a 60 l, pneu com camara","Material",null,"un",8.9472E-4,"166,00","0,14"]
["Insumo",11264,"ORSE","Marreta de 1/2 kg com cabo","Material",null,"un",3.2016E-4,"13,52","0,00"]
["Insumo",11265,"ORSE","Martelo de borracha com cabo","Material",null,"un",6.4032E-4,"18,75","0,01"]
["Insumo",10362,"ORSE","Seguro de vida e acidente em grupo","Serviços",null,"un",2.8015200000000001E-2,"12,54","0,35"]
["Insumo",11247,"ORSE","Serra mármore","Material",null,"un",1.6008E-4,"327,80","0,05"]
["Insumo",4174,"ORSE","Desempenadeira de aço lisa, cabo madeira, ref:143, Atlas ou similar","Material",null,"un",8.0040000000000005E-4,"12,00","0,00"]
["Insumo",4722,"ORSE","Colher de pedreiro","Material",null,"un",6.4032E-4,"18,80","0,01"]
["Insumo",13672,"ORSE","Suporte de fixação em chapa de aço galvanizado, para 02 luminária, encaixe emposte com topo de Ø de 60,3mm externo, da Induspar ou similar","Material",null,"un",1,"119,76","119,76"]
["Insumo",10586,"ORSE","Torquesa","Material",null,"un",1.008E-5,"39,00","0,00"]
["Insumo",11246,"ORSE","Escala métrica de bambú","Material",null,"Un",1.12056E-3,"10,22","0,01"]
["Insumo",2378,"ORSE","Vale transporte","Material",null,"un",0.53554656,"4,50","2,40"]
["Insumo",11244,"ORSE","Martelo com unha","Material",null,"un",2.016E-5,"48,95","0,00"]
["Insumo",13673,"ORSE","Luminária em LED  para iluminação pública, 50W, 100 a 220v, Fluxo luminoso 4000 a 4200 lúmens, Temp. cor 6000/6500k, IRC= ou 70%, modelo Induspar ou similar","Material",null,"un",1,"384,04","384,04"]
["Insumo","00000378/SINAPI","ORSE","Armador (horista)","Mão de Obra",null,"h",5.04E-2,"19,13","0,96"]
["Insumo",11245,"ORSE","Desempoladeira de madeira 12x22","Material",null,"un",1.12056E-3,"11,60","0,01"]
["Insumo",158,"ORSE","Almoço (Participação do empregador)","Material",null,"un",0.63376608000000001,"14,00","8,87"]
["Insumo",10577,"ORSE","Serrote 40cm","Material",null,"un",1.008E-5,"29,90","0,00"]
["Insumo",11249,"ORSE","Serra circular eletrica portatil","Equipamento",null,"un",1.008E-5,"617,95","0,00"]
["Insumo",4728,"ORSE","Talhadeira chata 10\"","Material",null,"un",1.3420800000000001E-3,"18,58","0,02"]
["Insumo",10789,"ORSE","Nível de bolha de madeira","Material",null,"un",3.2016E-4,"15,40","0,00"]
["Insumo",10790,"ORSE","Prumo de face","Material",null,"un",1.6008E-4,"25,95","0,00"]
["Insumo","00001379/SINAPI","ORSE","Cimento portland composto cp ii-32","Material",null,"kg",71.400000000000006,"0,76","54,26"]
["Insumo",10761,"ORSE","Refeição - café da manhã ( café com leite e dois pães com manteiga)","Serviços",null,"un",0.63376608000000001,"5,00","3,16"]
[{"$nulls":4},"MO sem LS =>",94.54,"LS =>",0,"MO com LS =>",94.54]
[{"$nulls":4},"Valor do BDI =>",595.41,null,"Valor com BDI =>",null,3314.22]
[{"$nulls":6},"Quant. =>","4,00","Preço Total =>",13256.88]
[]
[" 15.3.5 ","Código","Banco","Descrição","Tipo",null,"Und","Quant.","Valor Unit","Total"]
["Composição"," 12903 ","ORSE","Poste decorativo 1 pétalas, em aço galvanizado com difusor em vidro transparente temperado, com 3m/4m, inclusive lâmpada de led 50w","Postes Tubulares de Ferro Galvanizado",null,"un",1,2672.24,2672.24]
[null,"Código","Banco","Descrição","Tipo",null,"Und","Quant.","Valor Unit","Total"]
["Composição",2497,"ORSE","Escavação manual de vala ou cava em material de 1ª categoria, profundidade até 1,50m","Escavação Manual em Área Urbana",null,"m³",0.28000000000000003,"52,50","14,70"]
["Composição",10549,"ORSE","Encargos Complementares - Servente","Provisórios",null,"h",1.5,"3,80","5,70"]
["Insumo",13671,"ORSE","Suporte de fixação em chapa de aço galvanizado, para 01 luminária, encaixe emposte com topo de Ø de 60,3mm externo, da Induspar ou similar","Material",null,"un",1,"73,19","73,19"]
["Composição",10550,"ORSE","Encargos Complementares - Pedreiro","Provisórios",null,"h",1.5,"3,67","5,50"]
["Insumo","00006111/SINAPI","ORSE","Servente de obras (horista)","Mão de Obra",null,"h",1.5,"13,65","20,46"]
["Insumo","00004750/SINAPI","ORSE","Pedreiro (horista)","Mão de Obra",null,"h",1.5,"19,13","28,69"]
["Insumo",13673,"ORSE","Luminária em LED  para iluminação pública, 50W, 100 a 220v, Fluxo luminoso 4000 a 4200 lúmens, Temp. cor 6000/6500k, IRC= ou 70%, modelo Induspar ou similar","Material",null,"un",1,"384,04","384,04"]
["Insumo",13668,"ORSE","Poste de aço galv. cônico contínuPoste de Aço para Jardim, altura 3m/4m, com tubo diam. = 64mm","Material",null,"un",3.2,"620,25","1.984,80"]
["Composição",95,"ORSE","Concreto simples fabricado na obra, fck=13,5 mpa, lançado e adensado","Alvenarias de Pedra e Concretos para Fundações",null,"m³",0.28000000000000003,"553,39","154,94"]
["Detalhamento de Cálculo ORSE"]
[null,"Código","Banco","Descrição","Tipo",null,"Und","Quant.","Valor Unit","Total"]
["Insumo","00002711/SINAPI","ORSE","Carrinho de mao de aco capacidade 50 a 60 l, pneu com camara","Material",null,"un",8.9472E-4,"166,00","0,14"]
["Insumo",10596,"ORSE","Protetor auricular","Material",null,"un",2.8015200000000001E-2,"4,90","0,13"]
["Insumo","00012895/SINAPI","ORSE","Capacete de seguranca aba frontal com suspensao de polietileno, sem jugular (classe b)","Material",null,"un",3.7353600000000001E-3,"13,90","0,05"]
["Insumo","00000367/SINAPI","ORSE","Areia grossa - posto jazida/fornecedor (retirado na jazida, sem transporte)","Material",null,"m³",0.26404,"111,43","29,42"]
["Insumo","00012894/SINAPI","ORSE","Capa para chuva em pvc com forro de poliester, com capuz (amarela ou azul)","Material",null,"un",1.24512E-3,"18,07","0,02"]
["Insumo",11246,"ORSE","Escala métrica de bambú","Material",null,"Un",1.12056E-3,"10,22","0,01"]
["Insumo",11249,"ORSE","Serra circular eletrica portatil","Equipamento",null,"un",1.008E-5,"617,95","0,00"]
["Insumo","00001213/SINAPI","ORSE","Carpinteiro de formas ou oficial (horista)","Mão de Obra",null,"h",0.1008,"19,13","1,92"]
["Insumo",13673,"ORSE","Luminária em LED  para iluminação pública, 50W, 100 a 220v, Fluxo luminoso 4000 a 4200 lúmens, Temp. cor 6000/6500k, IRC= ou 70%, modelo Induspar ou similar","Material",null,"un",1,"384,04","384,04"]
["Insumo",10282,"ORSE","Regua de alumínio c/ 2,00m (para pedreiro)","Material",null,"un",3.2016E-4,"45,00","0,01"]
["Insumo",10578,"ORSE","Formão grande","Material",null,"un",2.016E-5,"15,15","0,00"]
["Insumo",11245,"ORSE","Desempoladeira de madeira 12x22","Material",null,"un",1.12056E-3,"11,60","0,01"]
["Insumo",11265,"ORSE","Martelo de borracha com cabo","Material",null,"un",6.4032E-4,"18,75","0,01"]
["Insumo",4174,"ORSE","Desempenadeira de aço lisa, cabo madeira, ref:143, Atlas ou similar","Material",null,"un",8.0040000000000005E-4,"12,00","0,00"]
["Insumo",11244,"ORSE","Martelo com unha","Material",null,"un",2.016E-5,"48,95","0,00"]
["Insumo","00006111/SINAPI","ORSE","Servente de obras (horista)","Mão de Obra",null,"h",4.4736000000000002,"13,65","61,04"]
["Insumo","00004721/SINAPI","ORSE","Pedra britada n. 1 (9,5 a 19 mm) posto pedreira/fornecedor, sem frete","Material",null,"m³",5.8520000000000003E-2,"119,72","7,00"]
["Insumo",11243,"ORSE","Martelo sem unha","Material",null,"un",1.6008E-4,"28,00","0,00"]
["Insumo","00004718/SINAPI","ORSE","Pedra britada n. 2 (19 a 38 mm) posto pedreira/fornecedor, sem frete","Material",null,"m³",0.17555999999999999,"120,35","21,12"]
["Insumo",10362,"ORSE","Seguro de vida e acidente em grupo","Serviços",null,"un",2.8015200000000001E-2,"12,54","0,35"]
["Insumo",10586,"ORSE","Torquesa","Material",null,"un",1.008E-5,"39,00","0,00"]
["Insumo",11247,"ORSE","Serra mármore","Material",null,"un",1.6008E-4,"327,80","0,05"]
["Insumo",10789,"ORSE","Nível de bolha de madeira","Material",null,"un",3.2016E-4,"15,40","0,00"]
["Insumo",10599,"ORSE","Protetor solar fps 30 com 120ml","Material",null,"un",1.120608E-2,"18,00","0,20"]
["Insumo",11248,"ORSE","Furadeira e Parafusadeira eletrica Bosch ou Similar profissional","Equipamento",null,"un",1.008E-5,"246,00","0,00"]
["Insumo",10788,"ORSE","Pá quadrada","Material",null,"un",8.9472E-4,"36,90","0,03"]
["Insumo",10492,"ORSE","Cesta Básica","Material",null,"un",2.8015200000000001E-2,"190,00","5,32"]
["Insumo",158,"ORSE","Almoço (Participação do empregador)","Material",null,"un",0.63376608000000001,"14,00","8,87"]
["Insumo",4729,"ORSE","Marreta 1 kg com cabo","Material",null,"un",4.4736E-4,"37,80","0,01"]
["Insumo",13668,"ORSE","Poste de aço galv. cônico contínuPoste de Aço para Jardim, altura 3m/4m, com tubo diam. = 64mm","Material",null,"un",3.2,"620,25","1.984,80"]
["Insumo",10579,"ORSE","Chave de fenda chata 30 cm","Material",null,"un",2.016E-5,"26,89","0,00"]
["Insumo","00000378/SINAPI","ORSE","Armador (horista)","Mão de Obra",null,"h",5.04E-2,"19,13","0,96"]
["Insumo","00012892/SINAPI","ORSE","Luva raspa de couro, cano curto (punho *7* cm)","Material",null,"par",1.4318880000000001E-2,"12,51","0,17"]
["Insumo",941,"ORSE","Fardamento com mangas curta","Material",null,"un",9.3384000000000002E-3,"193,41","1,80"]
["Insumo",4722,"ORSE","Colher de pedreiro","Material",null,"un",6.4032E-4,"18,80","0,01"]
["Insumo",1651,"ORSE","Óculos branco proteção","Material",null,"pr",4.9703999999999998E-3,"6,70","0,03"]
["Insumo",10585,"ORSE","Arco de serra","Material",null,"un",1.008E-5,"19,90","0,00"]
["Insumo",4728,"ORSE","Talhadeira chata 10\"","Material",null,"un",1.3420800000000001E-3,"18,58","0,02"]
["Insumo",10761,"ORSE","Refeição - café da manhã ( café com leite e dois pães com manteiga)","Serviços",null,"un",0.63376608000000001,"5,00","3,16"]
["Insumo","00001379/SINAPI","ORSE","Cimento portland composto cp ii-32","Material",null,"kg",71.400000000000006,"0,76","54,26"]
["Insumo",10790,"ORSE","Prumo de face","Material",null,"un",1.6008E-4,"25,95","0,00"]
["Insumo",10517,"ORSE","Exames admissionais/demissionais (checkup)","Serviços",null,"cj",2.4902399999999999E-3,"300,00","0,74"]
["Insumo",10577,"ORSE","Serrote 40cm","Material",null,"un",1.008E-5,"29,90","0,00"]
["Insumo","00004750/SINAPI","ORSE","Pedreiro (horista)","Mão de Obra",null,"h",1.6008,"19,13","30,62"]
["Insumo",11264,"ORSE","Marreta de 1/2 kg com cabo","Material",null,"un",3.2016E-4,"13,52","0,00"]
["Insumo",13671,"ORSE","Suporte de fixação em chapa de aço galvanizado, para 01 luminária, encaixe emposte com topo de Ø de 60,3mm externo, da Induspar ou similar","Material",null,"un",1,"73,19","73,19"]
["Insumo","00012893/SINAPI","ORSE","Bota de seguranca com biqueira de aco e colarinho acolchoado","Material",null,"par",4.9703999999999998E-3,"66,72","0,33"]
["Insumo",2378,"ORSE","Vale transporte","Material",null,"un",0.53554656,"4,50","2,40"]
[{"$nulls":4},"MO sem LS =>",94.54,"LS =>",0,"MO com LS =>",94.54]
[{"$nulls":4},"Valor do BDI =>",585.22,null,"Valor com BDI =>",null,3257.46]
[{"$nulls":6},"Quant. =>","10,00","Preço Total =>",32574.6]
[]
[" 15.3.6 ","Código","Banco","Descrição","Tipo",null,"Und","Quant.","Valor Unit","Total"]
["Composição"," 97596 ","SINAPI","SENSOR DE PRESENÇA SEM FOTOCÉLULA, FIXAÇÃO EM PAREDE - FORNECIMENTO E INSTALAÇÃO. AF_09/2024","INEL - INSTALAÇÃO ELÉTRICA/ELETRIFICAÇÃO E ILUMINAÇÃO EXTERNA",null,"UN",1,75.099999999999994,75.099999999999994]
["Composição Auxiliar"," 88264 ","SINAPI","ELETRICISTA COM ENCARGOS COMPLEMENTARES","SEDI - SERVIÇOS DIVERSOS",null,"H",0.62809999999999999,27.89,17.510000000000002]
["Composição Auxiliar"," 88247 ","SINAPI","AUXILIAR DE ELETRICISTA COM ENCARGOS COMPLEMENTARES","SEDI - SERVIÇOS DIVERSOS",null,"H",0.19628119999999999,21.44,4.2]
["Insumo"," 00039393 ","SINAPI","SENSOR DE PRESENCA BIVOLT DE PAREDE SEM FOTOCELULA PARA QUALQUER TIPO DE LAMPADA POTENCIA MAXIMA *1000* W, USO INTERNO","Material",null,"UN",1,53.39,53.39]
[{"$nulls":4},"MO sem LS =>",18.059999999999999,"LS =>",0,"MO com LS =>",18.059999999999999]
[{"$nulls":4},"Valor do BDI =>",16.440000000000001,null,"Valor com BDI =>",null,91.54]
[{"$nulls":6},"Quant. =>","4,00","Preço Total =>",366.16]
[]
[" 15.4 ",null,null,"PAISAGISMO",{"$nulls":5},12918.9]
[" 15.4.1 ","Código","Banco","Descrição","Tipo",null,"Und","Quant.","Valor Unit","Total"]
["Composição"," 103946 ","SINAPI","PLANTIO DE GRAMA ESMERALDA OU SÃO CARLOS OU CURITIBANA, EM PLACAS. AF_07/2024","URBA - URBANIZAÇÃO",null,"m²",1,20.059999999999999,20.059999999999999]
["Composição Auxiliar"," 88441 ","SINAPI","JARDINEIRO COM ENCARGOS COMPLEMENTARES","SEDI - SERVIÇOS DIVERSOS",null,"H",2.7699999999999999E-2,19.41,0.53]
["Composição Auxiliar"," 88316 ","SINAPI","SERVENTE COM ENCARGOS COMPLEMENTARES","SEDI - SERVIÇOS DIVERSOS",null,"H",0.1386,18.98,2.63]
["Insumo"," 00003322 ","SINAPI","GRAMA ESMERALDA OU SAO CARLOS OU CURITIBANA, EM PLACAS, SEM PLANTIO","Material",null,"M²",1,16.899999999999999,16.899999999999999]
[{"$nulls":4},"MO sem LS =>",2.44,"LS =>",0,"MO com LS =>",2.44]
[{"$nulls":4},"Valor do BDI =>",4.3899999999999997,null,"Valor com BDI =>",null,24.45]
[{"$nulls":6},"Quant. =>","189,10","Preço Total =>",4623.49]
[]
[" 15.4.2 ","Código","Banco","Descrição","Tipo",null,"Und","Quant.","Valor Unit","Total"]
["Composição"," 98511 ","SINAPI","PLANTIO DE ÁRVORE ORNAMENTAL COM ALTURA DE MUDA MAIOR QUE 2,00 M E MENOR OU IGUAL A 4,00 M . AF_07/2024","URBA - URBANIZAÇÃO",null,"UN",1,131.16999999999999,131.16999999999999]
["Composição Auxiliar"," 88316 ","SINAPI","SERVENTE COM ENCARGOS COMPLEMENTARES","SEDI - SERVIÇOS DIVERSOS",null,"H",1.2102999999999999,18.98,22.97]
["Composição Auxiliar"," 88441 ","SINAPI","JARDINEIRO COM ENCARGOS COMPLEMENTARES","SEDI - SERVIÇOS DIVERSOS",null,"H",0.24210000000000001,19.41,4.6900000000000004]
["Insumo"," 00000359 ","SINAPI","MUDA DE ARVORE ORNAMENTAL, OITI/AROEIRA SALSA/ANGICO/IPE/JACARANDA OU EQUIVALENTE DA REGIAO, H= *2* M","Material",null,"UN",1,103.51,103.51]
[{"$nulls":4},"MO sem LS =>",21.36,"LS =>",0,"MO com LS =>",21.36]
[{"$nulls":4},"Valor do BDI =>",28.72,null,"Valor com BDI =>",null,159.88999999999999]
[{"$nulls":6},"Quant. =>","9,00","Preço Total =>",1439.01]
[]
[" 15.4.3 ","Código","Banco","Descrição","Tipo",null,"Und","Quant.","Valor Unit","Total"]
["Composição"," 7664 ","ORSE","Planta - Sibipiruna (caesalpinia peltophoroides), fornecimento e plantio","Paisagismo",null,"un",1,91.8,91.8]
[null,"Código","Banco","Descrição","Tipo",null,"Und","Quant.","Valor Unit","Total"]
["Insumo",7153,"ORSE","Planta - Sibipiruna (caesalpinia peltophoroides)","Material",null,"un",1,"39,72","39,72"]
["Insumo",2208,"ORSE","Terra vegetal","Material",null,"m³",0.20499999999999999,"105,00","21,52"]
["Composição",10549,"ORSE","Encargos Complementares - Servente","Provisórios",null,"h",0.23,"3,80","0,87"]
["Insumo",140,"ORSE","Adubo orgânico bovino, cacau ou similar","Material",null,"m³",0.05,"27,67","1,38"]
["Insumo","00006111/SINAPI","ORSE","Servente de obras (horista)","Mão de Obra",null,"h",0.23,"13,65","3,13"]
["Composição",10581,"ORSE","Encargos Complementares - Jardineiro","Provisórios",null,"h",1.18,"3,80","4,48"]
["Insumo",3800,"ORSE","Adubo mineral NPK (10-10-10)","Material",null,"kg",0.8,"3,00","2,40"]
["Insumo","00044503/SINAPI","ORSE","Jardineiro (horista)","Mão de Obra",null,"h",1.18,"15,49","18,28"]
["Detalhamento de Cálculo ORSE"]
[null,"Código","Banco","Descrição","Tipo",null,"Und","Quant.","Valor Unit","Total"]
["Insumo",10492,"ORSE","Cesta Básica","Material",null,"un",6.3449999999999999E-3,"190,00","1,20"]
["Insumo",941,"ORSE","Fardamento com mangas curta","Material",null,"un",2.1150000000000001E-3,"193,41","0,40"]
["Insumo","00012895/SINAPI","ORSE","Capacete de seguranca aba frontal com suspensao de polietileno, sem jugular (classe b)","Material",null,"un",8.4599999999999996E-4,"13,90","0,01"]
["Insumo","00006111/SINAPI","ORSE","Servente de obras (horista)","Mão de Obra",null,"h",0.23,"13,65","3,13"]
["Insumo","00044503/SINAPI","ORSE","Jardineiro (horista)","Mão de Obra",null,"h",1.18,"15,49","18,28"]
["Insumo",140,"ORSE","Adubo orgânico bovino, cacau ou similar","Material",null,"m³",0.05,"27,67","1,38"]
["Insumo","00012894/SINAPI","ORSE","Capa para chuva em pvc com forro de poliester, com capuz (amarela ou azul)","Material",null,"un",2.8200000000000002E-4,"18,07","0,00"]
["Insumo",158,"ORSE","Almoço (Participação do empregador)","Material",null,"un",0.143538,"14,00","2,00"]
["Insumo","00012893/SINAPI","ORSE","Bota de seguranca com biqueira de aco e colarinho acolchoado","Material",null,"par",1.1280000000000001E-3,"66,72","0,07"]
["Insumo",4729,"ORSE","Marreta 1 kg com cabo","Material",null,"un",1.4100000000000001E-4,"37,80","0,00"]
["Insumo","00012892/SINAPI","ORSE","Luva raspa de couro, cano curto (punho *7* cm)","Material",null,"par",3.2429999999999998E-3,"12,51","0,04"]
["Insumo",2378,"ORSE","Vale transporte","Material",null,"un",0.13268099999999999,"4,50","0,59"]
["Insumo",7153,"ORSE","Planta - Sibipiruna (caesalpinia peltophoroides)","Material",null,"un",1,"39,72","39,72"]
["Insumo",2208,"ORSE","Terra vegetal","Material",null,"m³",0.20499999999999999,"105,00","21,52"]
["Insumo",10517,"ORSE","Exames admissionais/demissionais (checkup)","Serviços",null,"cj",5.6400000000000005E-4,"300,00","0,16"]
["Insumo",10761,"ORSE","Refeição - café da manhã ( café com leite e dois pães com manteiga)","Serviços",null,"un",0.143538,"5,00","0,71"]
["Insumo",10788,"ORSE","Pá quadrada","Material",null,"un",2.8200000000000002E-4,"36,90","0,01"]
["Insumo",10599,"ORSE","Protetor solar fps 30 com 120ml","Material",null,"un",2.5379999999999999E-3,"18,00","0,04"]
["Insumo","00002711/SINAPI","ORSE","Carrinho de mao de aco capacidade 50 a 60 l, pneu com camara","Material",null,"un",2.8200000000000002E-4,"166,00","0,04"]
["Insumo",10596,"ORSE","Protetor auricular","Material",null,"un",6.3449999999999999E-3,"4,90","0,03"]
["Insumo",10362,"ORSE","Seguro de vida e acidente em grupo","Serviços",null,"un",6.3449999999999999E-3,"12,54","0,07"]
["Insumo",1651,"ORSE","Óculos branco proteção","Material",null,"pr",1.1280000000000001E-3,"6,70","0,00"]
["Insumo",4728,"ORSE","Talhadeira chata 10\"","Material",null,"un",4.2299999999999998E-4,"18,58","0,00"]
["Insumo",3800,"ORSE","Adubo mineral NPK (10-10-10)","Material",null,"kg",0.8,"3,00","2,40"]
[{"$nulls":4},"MO sem LS =>",21.41,"LS =>",0,"MO com LS =>",21.41]
[{"$nulls":4},"Valor do BDI =>",20.100000000000001,null,"Valor com BDI =>",null,111.9]
[{"$nulls":6},"Quant. =>","36,00","Preço Total =>",4028.4]
[]
[null,"Código","Banco","Descrição","Tipo",null,"Und","Quant.","Valor Unit","Total"]
["Insumo"," 00042440 ","SINAPI","LIXEIRA DUPLA, COM CAPACIDADE VOLUMETRICA DE 60L*, FABRICADA EM TUBO DE ACO CARBONO, CESTOS EM CHAPA DE ACO E PINTURA NO PROCESSO ELETROSTATICO - PARA ACADEMIA AO AR LIVRE / ACADEMIA DA TERCEIRA IDADE - ATI","Material",null,"UN",1,1235.9100000000001,1235.9100000000001]
[{"$nulls":4},"MO sem LS =>",0,"LS =>",0,"MO com LS =>",0]
[{"$nulls":4},"Valor do BDI =>",null,null,"Valor com BDI =>",null,1414]
[{"$nulls":6},"Quant. =>","2,00","Preço Total =>",2828]
[]
[" 15.5 ",null,null,"SINALIZAÇÃO",{"$nulls":5},4157.09]
[" 15.5.1 ","Código","Banco","Descrição","Tipo",null,"Und","Quant.","Valor Unit","Total"]
["Composição"," 102509 ","SINAPI","PINTURA DE FAIXA DE PEDESTRE OU ZEBRADA TINTA RETRORREFLETIVA A BASE DE RESINA ACRÍLICA COM MICROESFERAS DE VIDRO, E = 30 CM, APLICAÇÃO MANUAL. AF_05/2021","PINT - PINTURAS",null,"m²",1,29.21,29.21]
["Composição Auxiliar"," 88316 ","SINAPI","SERVENTE COM ENCARGOS COMPLEMENTARES","SEDI - SERVIÇOS DIVERSOS",null,"H",0.151,18.98,2.86]
["Composição Auxiliar"," 88310 ","SINAPI","PINTOR COM ENCARGOS COMPLEMENTARES","SEDI - SERVIÇOS DIVERSOS",null,"H",0.36399999999999999,26.79,9.75]
["Insumo"," 00044477 ","SINAPI","MICROESFERAS DE VIDRO PARA SINALIZACAO HORIZONTAL VIARIA, TIPO II-A (DROP-ON) - NBR  16184","Material",null,"KG",0.25,23.33,5.83]
["Insumo"," 00012815 ","SINAPI","FITA CREPE ROLO DE 25 MM X 50 M","Material",null,"UN",1.2E-2,8.49,0.1]
["Insumo"," 00005318 ","SINAPI","DILUENTE AGUARRAS","Material",null,"L",2.1000000000000001E-2,21.36,0.44]
["Insumo"," 00044478 ","SINAPI","MICROESFERAS DE VIDRO PARA SINALIZACAO HORIZONTAL VIARIA, TIPO I-B (PREMIX) - NBR  16184","Material",null,"KG",0.11,23.33,2.56]
["Insumo"," 00007343 ","SINAPI","TINTA ACRILICA A BASE DE SOLVENTE, PARA SINALIZACAO HORIZONTAL VIARIA (NBR 11862)","Material",null,"L",0.42699999999999999,17.97,7.67]
[{"$nulls":4},"MO sem LS =>",9.74,"LS =>",0,"MO com LS =>",9.74]
[{"$nulls":4},"Valor do BDI =>",6.39,null,"Valor com BDI =>",null,35.6]
[{"$nulls":6},"Quant. =>","24,00","Preço Total =>",854.4]
[]
[" 15.5.2 ","Código","Banco","Descrição","Tipo",null,"Und","Quant.","Valor Unit","Total"]
["Composição"," 102507 ","SINAPI","PINTURA DE DEMARCAÇÃO DE VAGA COM TINTA EPÓXI, E = 10 CM, APLICAÇÃO MANUAL. AF_05/2021","PINT - PINTURAS",null,"M",1,5.31,5.31]
["Composição Auxiliar"," 88316 ","SINAPI","SERVENTE COM ENCARGOS COMPLEMENTARES","SEDI - SERVIÇOS DIVERSOS",null,"H",3.5000000000000003E-2,18.98,0.66]
["Composição Auxiliar"," 88310 ","SINAPI","PINTOR COM ENCARGOS COMPLEMENTARES","SEDI - SERVIÇOS DIVERSOS",null,"H",8.3000000000000004E-2,26.79,2.2200000000000002]
["Insumo"," 00012815 ","SINAPI","FITA CREPE ROLO DE 25 MM X 50 M","Material",null,"UN",0.04,8.49,0.33]
["Insumo"," 00005330 ","SINAPI","DILUENTE EPOXI","Material",null,"L",6.0000000000000001E-3,48.69,0.28999999999999998]
["Insumo"," 00007304 ","SINAPI","TINTA EPOXI BASE AGUA PREMIUM, BRANCA","Material",null,"L",3.2000000000000001E-2,56.65,1.81]
[{"$nulls":4},"MO sem LS =>",2.2200000000000002,"LS =>",0,"MO com LS =>",2.2200000000000002]
[{"$nulls":4},"Valor do BDI =>",1.1599999999999999,null,"Valor com BDI =>",null,6.47]
[{"$nulls":6},"Quant. =>","46,00","Preço Total =>",297.62]
[]
[" 15.5.3 ","Código","Banco","Descrição","Tipo",null,"Und","Quant.","Valor Unit","Total"]
["Composição"," 102513 ","SINAPI","PINTURA DE SÍMBOLOS E TEXTOS COM TINTA ACRÍLICA, DEMARCAÇÃO COM FITA ADESIVA E APLICAÇÃO COM ROLO. AF_05/2021","PINT - PINTURAS",null,"m²",1,44.95,44.95]
["Composição Auxiliar"," 88316 ","SINAPI","SERVENTE COM ENCARGOS COMPLEMENTARES","SEDI - SERVIÇOS DIVERSOS",null,"H",0.4,18.98,7.59]
["Composição Auxiliar"," 88310 ","SINAPI","PINTOR COM ENCARGOS COMPLEMENTARES","SEDI - SERVIÇOS DIVERSOS",null,"H",0.96,26.79,25.71]
["Insumo"," 00007348 ","SINAPI","TINTA ACRILICA PREMIUM PARA PISO","Material",null,"L",0.42699999999999999,22.73,9.6999999999999993]
["Insumo"," 00012815 ","SINAPI","FITA CREPE ROLO DE 25 MM X 50 M","Material",null,"UN",0.23,8.49,1.95]
[{"$nulls":4},"MO sem LS =>",25.74,"LS =>",0,"MO com LS =>",25.74]
[{"$nulls":4},"Valor do BDI =>",9.84,null,"Valor com BDI =>",null,54.79]
[{"$nulls":6},"Quant. =>","8,60","Preço Total =>",471.19]
[]
[" 15.5.4 ","Código","Banco","Descrição","Tipo",null,"Und","Quant.","Valor Unit","Total"]
["Composição"," 102498 ","SINAPI","PINTURA DE MEIO-FIO COM TINTA BRANCA A BASE DE CAL (CAIAÇÃO). AF_05/2021","PINT - PINTURAS",null,"M",1,1.49,1.49]
["Composição Auxiliar"," 88316 ","SINAPI","SERVENTE COM ENCARGOS COMPLEMENTARES","SEDI - SERVIÇOS DIVERSOS",null,"H",1.6E-2,18.98,0.3]
["Composição Auxiliar"," 88310 ","SINAPI","PINTOR COM ENCARGOS COMPLEMENTARES","SEDI - SERVIÇOS DIVERSOS",null,"H",3.6999999999999998E-2,26.79,0.99]
["Insumo"," 00011161 ","SINAPI","CAL HIDRATADA PARA PINTURA","Material",null,"KG",0.106,1.94,0.2]
[{"$nulls":4},"MO sem LS =>",0.99,"LS =>",0,"MO com LS =>",0.99]
[{"$nulls":4},"Valor do BDI =>",0.32,null,"Valor com BDI =>",null,1.81]
[{"$nulls":6},"Quant. =>","268,80","Preço Total =>",486.52]
[]
[" 15.5.5 ","Código","Banco","Descrição","Tipo",null,"Und","Quant.","Valor Unit","Total"]
["Composição"," 12507 ","ORSE","Placa de sinalização, dim.: 60 x 80 cm,  - \"Estacionamento Reservado - Deficiente/Idosos\", incluso barrote para fixação - fornecimento e instalação","Diversos",null,"un",1,225.98,225.98]
[null,"Código","Banco","Descrição","Tipo",null,"Und","Quant.","Valor Unit","Total"]
["Insumo",13329,"ORSE","Placa de sinalização, dim.: 60 x 80 cm,  - \"Estacionamento Reservado - Deficiente/Idosos\", incluso barrote para fixação - fornecimento e instalação","Material",null,"un",1,"225,98","225,98"]
["Detalhamento de Cálculo ORSE"]
[null,"Código","Banco","Descrição","Tipo",null,"Und","Quant.","Valor Unit","Total"]
["Insumo",13329,"ORSE","Placa de sinalização, dim.: 60 x 80 cm,  - \"Estacionamento Reservado - Deficiente/Idosos\", incluso barrote para fixação - fornecimento e instalação","Material",null,"un",1,"225,98","225,98"]
[{"$nulls":4},"MO sem LS =>",0,"LS =>",0,"MO com LS =>",0]
[{"$nulls":4},"Valor do BDI =>",49.48,null,"Valor com BDI =>",null,275.45999999999998]
[{"$nulls":6},"Quant. =>","2,00","Preço Total =>",550.91999999999996]
[]
[" 15.5.6 ","Código","Banco","Descrição","Tipo",null,"Und","Quant.","Valor Unit","Total"]
["Composição"," 11345 ","ORSE","Sinalização permanente, vertical,  com placa de aço (50x80cm) com poste de madeira 3,50m fixado com base de concreto 40x40x50, inclusive mão de obra - Rev01/2023","Conversão InfoWOrca",null,"un",1,613.79999999999995,613.79999999999995]
[null,"Código","Banco","Descrição","Tipo",null,"Und","Quant.","Valor Unit","Total"]
["Insumo",12206,"ORSE","Placa de sinalização vertical 50x80cm","Material",null,"un",1,"613,80","613,80"]
["Detalhamento de Cálculo ORSE"]
[null,"Código","Banco","Descrição","Tipo",null,"Und","Quant.","Valor Unit","Total"]
["Insumo",12206,"ORSE","Placa de sinalização vertical 50x80cm","Material",null,"un",1,"613,80","613,80"]
[{"$nulls":4},"MO sem LS =>",0,"LS =>",0,"MO com LS =>",0]
[{"$nulls":4},"Valor do BDI =>",134.41999999999999,null,"Valor com BDI =>",null,748.22]
[{"$nulls":6},"Quant. =>","2,00","Preço Total =>",1496.44]
[]
[" 16 ",null,null,"SERVIÇOS FINAIS",{"$nulls":5},40796.57]
[" 16.1 ","Código","Banco","Descrição","Tipo",null,"Und","Quant.","Valor Unit","Total"]
["Composição"," 2450 ","ORSE","Limpeza geral","Limpeza",null,"m²",1,2.34,2.34]
[null,"Código","Banco","Descrição","Tipo",null,"Und","Quant.","Valor Unit","Total"]
["Insumo",2414,"ORSE","Vassoura piaçava","Material",null,"un",0.05,"11,90","0,59"]
["Insumo","00006111/SINAPI","ORSE","Servente de obras (horista)","Mão de Obra",null,"h",0.1,"13,65","1,36"]
["Composição",10549,"ORSE","Encargos Complementares - Servente","Provisórios",null,"h",0.1,"3,80","0,38"]
["Insumo",1997,"ORSE","Sabão em pó","Material",null,"kg",5.0000000000000001E-3,"10,48","0,05"]
["Detalhamento de Cálculo ORSE"]
[null,"Código","Banco","Descrição","Tipo",null,"Und","Quant.","Valor Unit","Total"]
["Insumo",10517,"ORSE","Exames admissionais/demissionais (checkup)","Serviços",null,"cj",4.0000000000000003E-5,"300,00","0,01"]
["Insumo","00012894/SINAPI","ORSE","Capa para chuva em pvc com forro de poliester, com capuz (amarela ou azul)","Material",null,"un",2.0000000000000002E-5,"18,07","0,00"]
["Insumo","00002711/SINAPI","ORSE","Carrinho de mao de aco capacidade 50 a 60 l, pneu com camara","Material",null,"un",2.0000000000000002E-5,"166,00","0,00"]
["Insumo",10362,"ORSE","Seguro de vida e acidente em grupo","Serviços",null,"un",4.4999999999999999E-4,"12,54","0,00"]
["Insumo",2414,"ORSE","Vassoura piaçava","Material",null,"un",0.05,"11,90","0,59"]
["Insumo",1997,"ORSE","Sabão em pó","Material",null,"kg",5.0000000000000001E-3,"10,48","0,05"]
["Insumo",10788,"ORSE","Pá quadrada","Material",null,"un",2.0000000000000002E-5,"36,90","0,00"]
["Insumo",10596,"ORSE","Protetor auricular","Material",null,"un",4.4999999999999999E-4,"4,90","0,00"]
["Insumo",2378,"ORSE","Vale transporte","Material",null,"un",9.41E-3,"4,50","0,04"]
["Insumo","00012893/SINAPI","ORSE","Bota de seguranca com biqueira de aco e colarinho acolchoado","Material",null,"par",8.0000000000000007E-5,"66,72","0,00"]
["Insumo","00006111/SINAPI","ORSE","Servente de obras (horista)","Mão de Obra",null,"h",0.1,"13,65","1,36"]
["Insumo",941,"ORSE","Fardamento com mangas curta","Material",null,"un",1.4999999999999999E-4,"193,41","0,02"]
["Insumo",10599,"ORSE","Protetor solar fps 30 com 120ml","Material",null,"un",1.8000000000000001E-4,"18,00","0,00"]
["Insumo",10492,"ORSE","Cesta Básica","Material",null,"un",4.4999999999999999E-4,"190,00","0,08"]
["Insumo","00012895/SINAPI","ORSE","Capacete de seguranca aba frontal com suspensao de polietileno, sem jugular (classe b)","Material",null,"un",6.0000000000000002E-5,"13,90","0,00"]
["Insumo",10761,"ORSE","Refeição - café da manhã ( café com leite e dois pães com manteiga)","Serviços",null,"un",1.018E-2,"5,00","0,05"]
["Insumo",4729,"ORSE","Marreta 1 kg com cabo","Material",null,"un",1.0000000000000001E-5,"37,80","0,00"]
["Insumo","00012892/SINAPI","ORSE","Luva raspa de couro, cano curto (punho *7* cm)","Material",null,"par",2.3000000000000001E-4,"12,51","0,00"]
["Insumo",158,"ORSE","Almoço (Participação do empregador)","Material",null,"un",1.018E-2,"14,00","0,14"]
["Insumo",4728,"ORSE","Talhadeira chata 10\"","Material",null,"un",3.0000000000000001E-5,"18,58","0,00"]
["Insumo",1651,"ORSE","Óculos branco proteção","Material",null,"pr",8.0000000000000007E-5,"6,70","0,00"]
[{"$nulls":4},"MO sem LS =>",1.36,"LS =>",0,"MO com LS =>",1.36]
[{"$nulls":4},"Valor do BDI =>",0.51,null,"Valor com BDI =>",null,2.85]
[{"$nulls":6},"Quant. =>","1.683,00","Preço Total =>",4796.55]
[]
[" 16.2 ","Código","Banco","Descrição","Tipo",null,"Und","Quant.","Valor Unit","Total"]
["Composição"," 5 ","ORSE","Placa de inauguração de obra em alumínio 0,50 x 0,70 m","Serviços Iniciais de Obras Civis",null,"un",1,2113.75,2113.75]
[null,"Código","Banco","Descrição","Tipo",null,"Und","Quant.","Valor Unit","Total"]
["Composição",10550,"ORSE","Encargos Complementares - Pedreiro","Provisórios",null,"h",0.6,"3,67","2,20"]
["Insumo","00006111/SINAPI","ORSE","Servente de obras (horista)","Mão de Obra",null,"h",0.6,"13,65","8,18"]
["Insumo","00004750/SINAPI","ORSE","Pedreiro (horista)","Mão de Obra",null,"h",0.6,"19,13","11,47"]
["Composição",10549,"ORSE","Encargos Complementares - Servente","Provisórios",null,"h",0.6,"3,80","2,28"]
["Insumo",1772,"ORSE","Placa de inauguração em alumínio fundido medindo 0,50 x 0,70 m","Material",null,"un",1,"2.087,51","2.087,51"]
["Composição",1903,"ORSE","Argamassa cimento e areia traço t-1 (1:3) - 1 saco cimento 50kg / 3 padiolas areia dim. 0.35 x 0.45 x 0.23 m - Confecção mecânica e transporte","Argamassas",null,"m³",4.0000000000000001E-3,"532,51","2,13"]
["Detalhamento de Cálculo ORSE"]
[null,"Código","Banco","Descrição","Tipo",null,"Und","Quant.","Valor Unit","Total"]
["Insumo",10790,"ORSE","Prumo de face","Material",null,"un",6.0000000000000002E-5,"25,95","0,00"]
["Insumo","00000370/SINAPI","ORSE","Areia media - posto jazida/fornecedor (retirado na jazida, sem transporte)","Material",null,"m³",4.3200000000000001E-3,"110,00","0,47"]
["Insumo","00004750/SINAPI","ORSE","Pedreiro (horista)","Mão de Obra",null,"h",0.6,"19,13","11,47"]
["Insumo",10282,"ORSE","Regua de alumínio c/ 2,00m (para pedreiro)","Material",null,"un",1.2E-4,"45,00","0,00"]
["Insumo","00001379/SINAPI","ORSE","Cimento portland composto cp ii-32","Material",null,"kg",1.8088,"0,76","1,37"]
["Insumo",4729,"ORSE","Marreta 1 kg com cabo","Material",null,"un",6.1600000000000007E-5,"37,80","0,00"]
["Insumo","00012895/SINAPI","ORSE","Capacete de seguranca aba frontal com suspensao de polietileno, sem jugular (classe b)","Material",null,"un",7.2959999999999995E-4,"13,90","0,01"]
["Insumo",10596,"ORSE","Protetor auricular","Material",null,"un",5.4720000000000003E-3,"4,90","0,02"]
["Insumo",1772,"ORSE","Placa de inauguração em alumínio fundido medindo 0,50 x 0,70 m","Material",null,"un",1,"2.087,51","2.087,51"]
["Insumo",11243,"ORSE","Martelo sem unha","Material",null,"un",6.0000000000000002E-5,"28,00","0,00"]
["Insumo",1651,"ORSE","Óculos branco proteção","Material",null,"pr",9.7280000000000001E-4,"6,70","0,00"]
["Insumo","00012892/SINAPI","ORSE","Luva raspa de couro, cano curto (punho *7* cm)","Material",null,"par",2.7967999999999999E-3,"12,51","0,03"]
["Insumo",11246,"ORSE","Escala métrica de bambú","Material",null,"Un",4.2000000000000002E-4,"10,22","0,00"]
["Insumo","00006111/SINAPI","ORSE","Servente de obras (horista)","Mão de Obra",null,"h",0.61599999999999999,"13,65","8,40"]
["Insumo","00002711/SINAPI","ORSE","Carrinho de mao de aco capacidade 50 a 60 l, pneu com camara","Material",null,"un",1.2320000000000001E-4,"166,00","0,02"]
["Insumo",11245,"ORSE","Desempoladeira de madeira 12x22","Material",null,"un",4.2000000000000002E-4,"11,60","0,00"]
["Insumo",10517,"ORSE","Exames admissionais/demissionais (checkup)","Serviços",null,"cj",4.8640000000000001E-4,"300,00","0,14"]
["Insumo","00012894/SINAPI","ORSE","Capa para chuva em pvc com forro de poliester, com capuz (amarela ou azul)","Material",null,"un",2.432E-4,"18,07","0,00"]
["Insumo",10599,"ORSE","Protetor solar fps 30 com 120ml","Material",null,"un",2.1887999999999999E-3,"18,00","0,03"]
["Insumo",2378,"ORSE","Vale transporte","Material",null,"un",9.7205600000000003E-2,"4,50","0,43"]
["Insumo",158,"ORSE","Almoço (Participação do empregador)","Material",null,"un",0.1237888,"14,00","1,73"]
["Insumo",11264,"ORSE","Marreta de 1/2 kg com cabo","Material",null,"un",1.2E-4,"13,52","0,00"]
["Insumo",11247,"ORSE","Serra mármore","Material",null,"un",6.0000000000000002E-5,"327,80","0,01"]
["Insumo",10789,"ORSE","Nível de bolha de madeira","Material",null,"un",1.2E-4,"15,40","0,00"]
["Insumo",4174,"ORSE","Desempenadeira de aço lisa, cabo madeira, ref:143, Atlas ou similar","Material",null,"un",2.9999999999999997E-4,"12,00","0,00"]
["Insumo",11265,"ORSE","Martelo de borracha com cabo","Material",null,"un",2.4000000000000001E-4,"18,75","0,00"]
["Insumo",10788,"ORSE","Pá quadrada","Material",null,"un",1.2320000000000001E-4,"36,90","0,00"]
["Insumo",941,"ORSE","Fardamento com mangas curta","Material",null,"un",1.8240000000000001E-3,"193,41","0,35"]
["Insumo",10492,"ORSE","Cesta Básica","Material",null,"un",5.4720000000000003E-3,"190,00","1,03"]
["Insumo",4728,"ORSE","Talhadeira chata 10\"","Material",null,"un",1.8479999999999999E-4,"18,58","0,00"]
["Insumo","00012893/SINAPI","ORSE","Bota de seguranca com biqueira de aco e colarinho acolchoado","Material",null,"par",9.7280000000000001E-4,"66,72","0,06"]
["Insumo",10362,"ORSE","Seguro de vida e acidente em grupo","Serviços",null,"un",5.4720000000000003E-3,"12,54","0,06"]
["Insumo",10761,"ORSE","Refeição - café da manhã ( café com leite e dois pães com manteiga)","Serviços",null,"un",0.1237888,"5,00","0,61"]
["Insumo",4722,"ORSE","Colher de pedreiro","Material",null,"un",2.4000000000000001E-4,"18,80","0,00"]
[{"$nulls":4},"MO sem LS =>",19.87,"LS =>",0,"MO com LS =>",19.87]
[{"$nulls":4},"Valor do BDI =>",462.91,null,"Valor com BDI =>",null,2576.66]
[{"$nulls":6},"Quant. =>","1,00","Preço Total =>",2576.66]
[]
[" 16.3 ","Código","Banco","Descrição","Tipo",null,"Und","Quant.","Valor Unit","Total"]
["Composição"," 12044 ","ORSE","Letra em aço inox escovado/polido 25 x 25cm - instalado","Diversos",null,"un",1,134.41,134.41]
[null,"Código","Banco","Descrição","Tipo",null,"Und","Quant.","Valor Unit","Total"]
["Composição",10550,"ORSE","Encargos Complementares - Pedreiro","Provisórios",null,"h",0.25,"3,67","0,91"]
["Insumo","00004750/SINAPI","ORSE","Pedreiro (horista)","Mão de Obra",null,"h",0.25,"19,13","4,78"]
["Insumo",2620,"ORSE","Letras aço escovado 25 x 25cm","Material",null,"un",1,"128,76","128,76"]
["Detalhamento de Cálculo ORSE"]
[null,"Código","Banco","Descrição","Tipo",null,"Und","Quant.","Valor Unit","Total"]
["Insumo","00012894/SINAPI","ORSE","Capa para chuva em pvc com forro de poliester, com capuz (amarela ou azul)","Material",null,"un",5.0000000000000002E-5,"18,07","0,00"]
["Insumo",10789,"ORSE","Nível de bolha de madeira","Material",null,"un",5.0000000000000002E-5,"15,40","0,00"]
["Insumo","00004750/SINAPI","ORSE","Pedreiro (horista)","Mão de Obra",null,"h",0.25,"19,13","4,78"]
["Insumo",10282,"ORSE","Regua de alumínio c/ 2,00m (para pedreiro)","Material",null,"un",5.0000000000000002E-5,"45,00","0,00"]
["Insumo",941,"ORSE","Fardamento com mangas curta","Material",null,"un",3.7500000000000001E-4,"193,41","0,07"]
["Insumo",2378,"ORSE","Vale transporte","Material",null,"un",1.635E-2,"4,50","0,07"]
["Insumo",4722,"ORSE","Colher de pedreiro","Material",null,"un",1E-4,"18,80","0,00"]
["Insumo",2620,"ORSE","Letras aço escovado 25 x 25cm","Material",null,"un",1,"128,76","128,76"]
["Insumo",11245,"ORSE","Desempoladeira de madeira 12x22","Material",null,"un",1.75E-4,"11,60","0,00"]
["Insumo",11265,"ORSE","Martelo de borracha com cabo","Material",null,"un",1E-4,"18,75","0,00"]
["Insumo",10492,"ORSE","Cesta Básica","Material",null,"un",1.1249999999999999E-3,"190,00","0,21"]
["Insumo",4174,"ORSE","Desempenadeira de aço lisa, cabo madeira, ref:143, Atlas ou similar","Material",null,"un",1.25E-4,"12,00","0,00"]
["Insumo",11264,"ORSE","Marreta de 1/2 kg com cabo","Material",null,"un",5.0000000000000002E-5,"13,52","0,00"]
["Insumo","00012892/SINAPI","ORSE","Luva raspa de couro, cano curto (punho *7* cm)","Material",null,"par",5.7499999999999999E-4,"12,51","0,00"]
["Insumo",158,"ORSE","Almoço (Participação do empregador)","Material",null,"un",2.545E-2,"14,00","0,35"]
["Insumo",1651,"ORSE","Óculos branco proteção","Material",null,"pr",2.0000000000000001E-4,"6,70","0,00"]
["Insumo",11243,"ORSE","Martelo sem unha","Material",null,"un",2.5000000000000001E-5,"28,00","0,00"]
["Insumo",10599,"ORSE","Protetor solar fps 30 com 120ml","Material",null,"un",4.4999999999999999E-4,"18,00","0,00"]
["Insumo",10596,"ORSE","Protetor auricular","Material",null,"un",1.1249999999999999E-3,"4,90","0,00"]
["Insumo",11246,"ORSE","Escala métrica de bambú","Material",null,"Un",1.75E-4,"10,22","0,00"]
["Insumo",10362,"ORSE","Seguro de vida e acidente em grupo","Serviços",null,"un",1.1249999999999999E-3,"12,54","0,01"]
["Insumo","00012893/SINAPI","ORSE","Bota de seguranca com biqueira de aco e colarinho acolchoado","Material",null,"par",2.0000000000000001E-4,"66,72","0,01"]
["Insumo","00012895/SINAPI","ORSE","Capacete de seguranca aba frontal com suspensao de polietileno, sem jugular (classe b)","Material",null,"un",1.4999999999999999E-4,"13,90","0,00"]
["Insumo",10761,"ORSE","Refeição - café da manhã ( café com leite e dois pães com manteiga)","Serviços",null,"un",2.545E-2,"5,00","0,12"]
["Insumo",10517,"ORSE","Exames admissionais/demissionais (checkup)","Serviços",null,"cj",1E-4,"300,00","0,03"]
["Insumo",10790,"ORSE","Prumo de face","Material",null,"un",2.5000000000000001E-5,"25,95","0,00"]
["Insumo",11247,"ORSE","Serra mármore","Material",null,"un",2.5000000000000001E-5,"327,80","0,00"]
[{"$nulls":4},"MO sem LS =>",4.78,"LS =>",0,"MO com LS =>",4.78]
[{"$nulls":4},"Valor do BDI =>",29.43,null,"Valor com BDI =>",null,163.84]
[{"$nulls":6},"Quant. =>","204,00","Preço Total =>",33423.360000000001]
[]
[]
[{"$nulls":5},"Total sem BDI",null,5934187.1600000001]
[{"$nulls":5},"Total do BDI",null,1257246.56]
[{"$nulls":5},"Total Geral",null,7191433.7199999997]
[]
["_______________________________________________________________\nCARLOS ALBERTO SANTOS PINHEIRO\nSETOR DE ENGENHARIA"]

{"sheet":"BDI","index":3,"n_rows":48,"n_cols":3,"rows_kept":48,"cut":false,"hidden":false,"merged":[[18,0,18,2],[0,0,0,2],[1,0,1,2],[2,0,3,0],[2,1,3,1],[2,2,3,2],[4,1,4,2],[9,0,9,1],[10,1,10,2],[12,0,12,1],[13,1,13,2],[17,0,17,1],[19,0,20,2],[21,0,21,1],[25,0,25,2],[26,0,26,2],[27,0,28,0],[27,1,28,1],[27,2,28,2],[43,0,43,1],[44,0,44,2],[45,0,46,2],[47,0,47,1],[29,0,29,2],[30,1,30,2],[35,0,35,1],[36,1,36,2],[38,0,38,1],[39,1,39,2]]}
["MEMÓRIA DE CALCULO DO BDI DE SERVIÇOS"]
["BDI APLICADO A MÃO DE OBRA"]
["ITEM","DISCRIMINAÇÃO","PERC.    (%)"]
[]
["1.00","Despesas Indiretas"]
["A1","Seguro e Garantia",8.0000000000000002E-3]
["A2","Riscos e Imprevistos",0.01]
["A3","Despesas Financeiras",1.0500000000000001E-2]
["A4","Administração Central",3.5299999999999998E-2]
["Total do Grupo A =",null,{"$f":"SUM(C6:C9)","v":6.3799999999999996E-2}]
["2.00","Benefício"]
["B-1","LUCRO",6.9099999999999995E-2]
["Total do Grupo B =",null,{"$f":"SUM(C12)","v":6.9099999999999995E-2}]
["3.00","Impostos"]
["C-1","PIS / PASEP",6.4999999999999997E-3]
["C-2","COFINS",0.03]
["C-3","ISS",0.03]
["Total do Grupo C =",null,{"$f":"SUM(C15:C17)","v":6.6500000000000004E-2}]
["Fórmula Para Cálculo do B.D.I"]
["BDI =(((1+A4+A1+A2)*(1+A3)*(1+B))/(1-C))-1"]
[]
["Bonificação Sobre Despesas indiretas (B.D.I) =",null,{"$f":"(((1+C9+C6+C7)*(1+C8)*(1+C13))/(1-C18))-1","v":0.21896829332083545}]
[]
[]
[]
["MEMÓRIA DE CALCULO DO BDI DE EQUIPAMENTOS"]
["BDI APLICADO NA OBRA"]
["ITEM","DISCRIMINAÇÃO","PERC.    (%)"]
[]
[]
["1.00","Despesas Indiretas"]
["A1","Seguro e Garantia",8.0000000000000002E-3]
["A2","Riscos e Imprevistos",8.8999999999999999E-3]
["A3","Despesas Financeiras",1.0500000000000001E-2]
["A4","Administração Central",2.1999999999999999E-2]
["Total do Grupo A =",null,{"$f":"SUM(C32:C35)","v":4.9399999999999999E-2}]
["2.00","Benefício"]
["B1","LUCRO",0.05]
["Total do Grupo B =",null,{"$f":"SUM(C38)","v":0.05}]
["3.00","Impostos"]
["C1","PIS / PASEP",6.4999999999999997E-3]
["C2","COFINS",0.03]
["C3","ISS",0]
["Total do Grupo C =",null,{"$f":"SUM(C41:C43)","v":3.6499999999999998E-2}]
["Fórmula Para Cálculo do B.D.I"]
["BDI =(((1+A4+A1+A2)*(1+A3)*(1+B))/(1-C))-1"]
[]
["Bonificação Sobre Despesas indiretas (B.D.I) =",null,{"$f":"(((1+C35+C32+C33)*(1+C34)*(1+C39))/(1-C44))-1","v":0.14405695121951201}]

{"sheet":"Curva ABC de Insumos","index":4,"n_rows":741,"n_cols":16,"rows_kept":741,"cut":false,"hidden":false,"merged":[[3,17,4,17],[0,4,0,6],[0,7,0,15],[1,4,1,6],[1,7,1,15],[2,0,2,15],[3,0,4,0],[3,1,4,1],[3,2,4,2],[3,3,4,3],[3,4,4,4],[3,6,4,6],[3,13,4,13],[3,14,4,14],[3,15,4,15],[3,16,4,16],[735,11,735,13],[724,11,724,14],[725,11,725,13],[726,11,726,13],[727,11,727,13],[728,11,728,13],[729,11,729,13],[730,11,730,13],[731,11,731,13],[732,11,732,13],[733,11,733,13],[734,11,734,13],[740,0,740,2],[740,11,740,12],[740,13,740,15],[742,0,742,15],[736,11,736,13],[738,0,738,2],[738,11,738,12],[738,13,738,15],[739,0,739,2],[739,11,739,12],[739,13,739,15]]}
[null,null,null,"Obra","Bancos","B.D.I.",null,null,"Encargos Sociais"]
[null,null,null,"OBRAS E SERVIÇOS REMANESCENTES PARA CONSTRUÇÃO DE CENTRO COMERCIAL, LOCALIZADO NO MUNICÍPIO DE SANTANA, NO ESTADO DO AMAPÁ","SINAPI - 09/2024 - Amapá\nSICRO3 - 07/2024 - Amapá\nORSE - 07/2024 - Sergipe\n","21,9%",null,null,"Não Desonerado: embutido nos preços unitário dos insumos de mão de obra, de acordo com as bases."]
["Curva ABC de Insumos"]
["Código","Banco","Grupo","Descrição","Tipo","Und","Quantidade",null,"Valor  Unitário",null,"Total",null,null,"Peso","Valor Acumulado","Peso Acumulado"]
[{"$nulls":6},"Operativa","Improdutiva","Operativa","Improdutiva","Operativa","Improdutiva","Geral"]
[" 00038195 ","SINAPI",null,"PISO EM PORCELANATO, BORDA RETA, LISO, MONOCOLOR, ACETINADO OU POLIDO, FORMATO MAIOR QUE 2025 CM2","Material","M²","3.343,5647500","","133,71","","447.068,04","",447068.04272249999,"7,53%",447068.04272249999,"7,53%"]
[" 00039522 ","SINAPI",null,"TELHA TERMOISOLANTE REVESTIDA EM ACO GALVANIZADO, FACES SUPERIOR E INFERIOR EM TELHA TRAPEZOIDAL (SEM ACESSORIOS DE FIXACAO), REVESTIMENTO COM ESPESSURA DE 0,50 MM COM PRE-PINTURA NAS DUAS FACES, NUCLEO EM POLIESTIRENO (EPS) DE 50 MM","Material","m²","2.602,2700000","","140,77","","366.321,55","",366321.54790000001,"6,17%",813389.59062250005,"13,71%"]
[" 14209 ","ORSE",null,"Fornecimento e montagem de porta de enrolar automática, em chapa 20 Transvision, com guias laterais, soleira T, motor para 1000Kg , PVC auto lubrificante nas guias, borracha de vedação de soleira, central com 02 controles e pinturaeletrostática","Serviços","m²","965,9700000","","370,44","","357.833,93","",357833.92680000002,"6,03%",1171223.5174225001,"19,74%"]
[" 12424 ","ORSE",null,"Brise metálico de alumínio, ref. B57, branco nieve 7000, da Hunter Douglas ousimilar (material e mão de obra)","Material","m²","575,2600000","","450,00","","258.867,00","",258867,"4,36%",1430090.5174225001,"24,10%"]
[" 00036170 ","SINAPI",null,"BLOQUETE/PISO INTERTRAVADO DE CONCRETO - MODELO ONDA/16 FACES/RETANGULAR/TIJOLINHO/PAVER/HOLANDES/PARALELEPIPEDO, *20 X 10* CM, E = 8 CM, RESISTENCIA DE 35 MPA, COR NATURAL","Material","m²","2.544,8412450","","85,00","","216.311,51","",216311.505825,"3,65%",1646402.0232475,"27,74%"]
[" 00004783 ","SINAPI",null,"PINTOR (HORISTA)","Mão de Obra","H","8.232,8824648","","20,37","","167.703,82","",167703.81580774151,"2,83%",1814105.8390552416,"30,57%"]
[" 00010966 ","SINAPI",null,"PERFIL \"U\" SIMPLES, EM CHAPA DOBRADA DE ACO LAMINADO, E = 8 MM, H = 150 MM, L = 75 MM (16,97 KG/M)","Material","KG","15.373,2607280","","9,05","","139.128,01","",139128.00958839999,"2,34%",1953233.8486436415,"32,91%"]
[" 13668 ","ORSE",null,"Poste de aço galv. cônico contínuPoste de Aço para Jardim, altura 3m/4m, com tubo diam. = 64mm","Material","un","204,8000000","","620,25","","127.027,20","",127027.2,"2,14%",2080261.0486436414,"35,06%"]
[" 00040811 ","SINAPI",null,"ENGENHEIRO CIVIL DE OBRA JUNIOR (MENSALISTA)","Mão de Obra","MES","6,0762600","","20.382,49","","123.849,31","",123849.3086874,"2,09%",2204110.3573310417,"37,14%"]
[" 00004777 ","SINAPI",null,"CANTONEIRA ACO ABAS IGUAIS (QUALQUER BITOLA), ESPESSURA ENTRE 1/8\" E 1/4\"","Material","KG","14.110,8066767","","7,96","","112.322,02","",112322.0211463728,"1,89%",2316432.3784774141,"39,04%"]
[" 00001022 ","SINAPI",null,"CABO DE COBRE, FLEXIVEL, CLASSE 4 OU 5, ISOLACAO EM PVC/A, ANTICHAMA BWF-B, COBERTURA PVC-ST1, ANTICHAMA BWF-B, 1 CONDUTOR, 0,6/1 KV, SECAO NOMINAL 2,5 MM2","Material","M","31.621,7260440","","3,22","","101.821,96","",101821.95786168,"1,72%",2418254.3363390942,"40,75%"]
[" 00000980 ","SINAPI",null,"CABO DE COBRE, FLEXIVEL, CLASSE 4 OU 5, ISOLACAO EM PVC/A, ANTICHAMA BWF-B, 1 CONDUTOR, 450/750 V, SECAO NOMINAL 10 MM2","Material","M","8.216,0000000","","12,36","","101.549,76","",101549.75999999999,"1,71%",2519804.0963390945,"42,46%"]
[" 00006111 ","SINAPI",null,"SERVENTE DE OBRAS (HORISTA)","Mão de Obra","H","6.582,2895712","","14,32","","94.258,39","",94258.386660241609,"1,59%",2614062.482999336,"44,05%"]
[" 00034391 ","SINAPI",null,"VIDRO COMUM LAMINADO LISO INCOLOR DUPLO, ESPESSURA TOTAL 8 MM (CADA CAMADA DE 4 MM) - COLOCADO","Material","M²","70,1294600","","1.340,50","","94.008,54","",94008.541129999998,"1,58%",2708071.0241293358,"45,64%"]
[" 00037595 ","SINAPI",null,"ARGAMASSA COLANTE TIPO AC III","Material","KG","29.049,2441500","","3,07","","89.181,18","",89181.179540500001,"1,50%",2797252.2036698358,"47,14%"]
[" 14001 ","ORSE",null,"Plataforma elevatória para PNE, semi cabinada, modelo (UN140/1 entrada)/adjacente (ADJ140/2 entrada) dim. cabine 1100x1400x1100mm, Aço INOX, fechamento Aluminio Comp.(ACM) e vidro, 02 paradas perc.3m cx. alvenaria, da Aptus ou Similar","Serviços","un","2,0000000","","44.150,00","","88.300,00","",88300,"1,49%",2885552.2036698358,"48,63%"]
[" 13007 ","ORSE",null,"Brise metálico Hunter Douglas ref. Miniware # 103 cor prata ou similar, com estrutura e montagem, exclusive Andaimes ou plataforma","Material","m²","176,6600000","","480,00","","84.796,80","",84796.800000000003,"1,43%",2970349.0036698361,"50,05%"]
[" 00034385 ","SINAPI",null,"VIDRO LISO INCOLOR 8MM  -  SEM COLOCACAO","Material","M²","146,4000000","","578,66","","84.715,82","",84715.823999999993,"1,43%",3055064.8276698361,"51,48%"]
[" 00002436 ","SINAPI",null,"ELETRICISTA (HORISTA)","Mão de Obra","H","3.349,5829735","","22,50","","75.365,62","",75365.616903576301,"1,27%",3130430.4445734122,"52,75%"]
[" 00006111/SINAPI ","ORSE",null,"Servente de obras (horista)","Mão de Obra","h","5.349,3885085","","13,65","","72.992,77","",72992.769956901073,"1,23%",3203423.2145303134,"53,98%"]
[" 00002436/SINAPI ","ORSE",null,"Eletricista (horista)","Mão de Obra","h","3.092,9896000","","19,13","","59.164,56","",59164.56086256,"1,00%",3262587.7753928732,"54,98%"]
[" 10047 ","ORSE",null,"Perfilado, pré-zincado  a fogo, perfurado 38 x 38 x 6000mm","Material","un","900,0000000","","64,45","","58.005,00","",58005,"0,98%",3320592.7753928732,"55,96%"]
[" 00038186 ","SINAPI",null,"PISO TATIL DE ALERTA OU DIRECIONAL, DE BORRACHA, COLORIDO, 25 X 25 CM, E = 12 MM, PARA ARGAMASSA","Material","m²","95,5775000","","583,82","","55.800,06","",55800.056049999999,"0,94%",3376392.8314428735,"56,90%"]
[" 00000247 ","SINAPI",null,"AJUDANTE DE ELETRICISTA (HORISTA)","Mão de Obra","H","3.249,8448995","","16,31","","53.004,97","",53004.970310040691,"0,89%",3429397.8017529142,"57,79%"]
[" 00039599 ","SINAPI",null,"CABO DE REDE, PAR TRANCADO UTP, 4 PARES, CATEGORIA 6 (CAT 6), ISOLAMENTO PVC (LSZH)","Material","M","9.450,0000000","","5,33","","50.368,50","",50368.5,"0,85%",3532302.3017529142,"59,52%"]
[" 00001017 ","SINAPI",null,"CABO DE COBRE, FLEXIVEL, CLASSE 4 OU 5, ISOLACAO EM PVC/A, ANTICHAMA BWF-B, COBERTURA PVC-ST1, ANTICHAMA BWF-B, 1 CONDUTOR, 0,6/1 KV, SECAO NOMINAL 120 MM2","Material","M","345,1000000","","144,47","","49.856,60","",49856.597000000002,"0,84%",3582158.8987529138,"60,36%"]
[" 00036785 ","SINAPI",null,"GRANALHA DE ACO, ANGULAR (GRIT), PARA JATEAMENTO, PENEIRA 1,41 A 1,19 MM (SAE G16)","Equipamento","KG","357,1470965","","134,38","","47.993,43","",47993.426824638387,"0,81%",3630152.3255775524,"61,17%"]
[" 00004760 ","SINAPI",null,"AZULEJISTA OU LADRILHEIRO (HORISTA)","Mão de Obra","H","1.920,6848986","","24,19","","46.461,37","",46461.367698313261,"0,78%",3676613.6932758656,"61,96%"]
[" COTAÇÃO - 109 ","Próprio",null,"LUMINÁRIA DO TIPO PENDENTE BOLA 30CM COM LÂMPADA DE LED 30W 4500K","Material","UN","92,0000000","","500,00","","46.000,00","",46000,"0,78%",3722613.6932758656,"62,73%"]
[" 00007356 ","SINAPI",null,"TINTA LATEX ACRILICA PREMIUM, COR BRANCO FOSCO","Material","L","1.354,5521526","","33,89","","45.905,77","",45905.772451614001,"0,77%",3768519.4657274797,"63,51%"]
[" 00040818 ","SINAPI",null,"ENCARREGADO GERAL DE OBRAS (MENSALISTA)","Mão de Obra","MES","10,1826000","","4.091,44","","41.661,50","",41661.496943999999,"0,70%",3810180.9626714797,"64,21%"]
[" 00039413 ","SINAPI",null,"PLACA / CHAPA DE GESSO ACARTONADO, STANDARD (ST), COR BRANCA, E = 12,5 MM, 1200 X 2400 MM (L X C)","Material","m²","1.842,4600000","","22,52","","41.492,20","",41492.199200000003,"0,70%",3851673.1618714798,"64,91%"]
[" 00039427 ","SINAPI",null,"PERFIL CANALETA, FORMATO C, EM ACO ZINCADO, PARA ESTRUTURA FORRO DRYWALL, E = 0,5 MM, *46 X 18* (L X H), COMPRIMENTO 3 M","Material","M","6.029,9000000","","6,69","","40.340,03","",40340.031000000003,"0,68%",3892013.1928714798,"65,59%"]
[" 00037372 ","SINAPI",null,"EXAMES - HORISTA (COLETADO CAIXA - ENCARGOS COMPLEMENTARES)","Material","H","30.053,0829279","","1,34","","40.271,13","",40271.13112337076,"0,68%",3932284.3239948503,"66,26%"]
[" 00013393 ","SINAPI",null,"QUADRO DE DISTRIBUICAO COM BARRAMENTO TRIFASICO, DE EMBUTIR, EM CHAPA DE ACO GALVANIZADO, PARA 12 DISJUNTORES DIN, 100 A","Material","UN","100,0000000","","381,17","","38.117,00","",38117,"0,64%",3970401.3239948503,"66,91%"]
[" 00007615 ","SINAPI",null,"TRANSFORMADOR TRIFASICO DE DISTRIBUICAO, POTENCIA DE 300 KVA, TENSAO NOMINAL DE 15 KV, TENSAO SECUNDARIA DE 220/127V, EM OLEO ISOLANTE TIPO MINERAL","Material","UN","1,0000000","","36.726,19","","36.726,19","",36726.19,"0,62%",4007127.5139948502,"67,53%"]
[" 00000370 ","SINAPI",null,"AREIA MEDIA - POSTO JAZIDA/FORNECEDOR (RETIRADO NA JAZIDA, SEM TRANSPORTE)","Material","M³","251,8717971","","145,00","","36.521,41","",36521.410586541198,"0,62%",4043648.9245813917,"68,14%"]
[" 00039422 ","SINAPI",null,"PERFIL MONTANTE, FORMATO C, EM ACO ZINCADO, PARA ESTRUTURA PAREDE DRYWALL, E = 0,5 MM, 70 X 3000 MM (L X C)","Material","M","3.501,4795200","","10,32","","36.135,27","",36135.2686464,"0,61%",4079784.1932277917,"68,75%"]
[" 00004750 ","SINAPI",null,"PEDREIRO (HORISTA)","Mão de Obra","H","1.764,5128122","","20,37","","35.943,13","",35943.125983934951,"0,61%",4115727.3192117265,"69,36%"]
[" 00001021 ","SINAPI",null,"CABO DE COBRE, FLEXIVEL, CLASSE 4 OU 5, ISOLACAO EM PVC/A, ANTICHAMA BWF-B, COBERTURA PVC-ST1, ANTICHAMA BWF-B, 1 CONDUTOR, 0,6/1 KV, SECAO NOMINAL 4 MM2","Material","M","6.963,0400000","","4,94","","34.397,42","",34397.417600000001,"0,58%",4150124.7368117264,"69,94%"]
[" 00001379 ","SINAPI",null,"CIMENTO PORTLAND COMPOSTO CP II-32","Material","KG","30.807,4046981","","1,08","","33.272,00","",33271.997073927967,"0,56%",4183396.7338856547,"70,50%"]
[" COTAÇÃO - 123 ","Próprio",null,"QUADRO DE MEDIDOR P/ 28 MEDIDORES, COMPLETO P/ DISJUNTOR GERAL DE 150 A, MOD. TAF DIMENSÕES: 3170 X 1710 X 300 MM","Material","UN","2,0000000","","16.445,64","","32.891,28","",32891.279999999999,"0,55%",4216288.0138856545,"71,05%"]
[" 00036886 ","SINAPI",null,"ARGAMASSA PRONTA PARA CONTRAPISO","Material","KG","29.633,5200000","","1,03","","30.522,53","",30522.525600000001,"0,51%",4246810.5394856548,"71,57%"]
[" 00040810 ","SINAPI",null,"APONTADOR OU APROPRIADOR DE MAO DE OBRA (MENSALISTA)","Mão de Obra","MES","10,1826000","","2.985,92","","30.404,43","",30404.428992000001,"0,51%",4277214.9684776543,"72,08%"]
[" 00007292 ","SINAPI",null,"TINTA ESMALTE SINTETICO PREMIUM BRILHANTE","Material","L","1.088,1762840","","27,46","","29.881,32","",29881.320758639999,"0,50%",4307096.2892362941,"72,58%"]
[" 2694 ","ORSE",null,"Cabo de cobre nú 50 mm2 - 1/0 AWG","Material","kg","246,6100000","","120,91","","29.817,62","",29817.615099999999,"0,50%",4336913.9043362942,"73,08%"]
[" 00000977 ","SINAPI",null,"CABO DE COBRE, FLEXIVEL, CLASSE 4 OU 5, ISOLACAO EM PVC/A, ANTICHAMA BWF-B, COBERTURA PVC-ST1, ANTICHAMA BWF-B, 1 CONDUTOR, 0,6/1 KV, SECAO NOMINAL 70 MM2","Material","M","350,1750000","","85,09","","29.796,39","",29796.390749999999,"0,50%",4366710.2950862944,"73,59%"]
[" 00044497 ","SINAPI",null,"MONTADOR DE ESTRUTURAS METALICAS HORISTA","Mão de Obra","H","1.504,1580871","","18,92","","28.458,67","",28458.671008146932,"0,48%",4395168.9660944417,"74,07%"]
[" 00011062 ","SINAPI",null,"PLACA CIMENTICIA LISA E = 10 MM, DE 1,20 X *2,50* M (SEM AMIANTO)","Material","M²","809,6306400","","33,94","","27.478,86","",27478.863921600001,"0,46%",4422647.8300160412,"74,53%"]
[" 00043082 ","SINAPI",null,"PERFIL \"I\" OU \"W\" EM ACO LAMINADO, QUAISQUER DIMENSOES","Material","KG","2.726,8563100","","9,92","","27.050,41","",27050.4145952,"0,46%",4449698.2446112419,"74,98%"]
[" 2620 ","ORSE",null,"Letras aço escovado 25 x 25cm","Material","un","204,0000000","","128,76","","26.267,04","",26267.040000000001,"0,44%",4475965.2846112419,"75,43%"]
[" 00001000 ","SINAPI",null,"CABO DE COBRE, FLEXIVEL, CLASSE 4 OU 5, ISOLACAO EM PVC/A, ANTICHAMA BWF-B, COBERTURA PVC-ST1, ANTICHAMA BWF-B, 1 CONDUTOR, 0,6/1 KV, SECAO NOMINAL 185 MM2","Material","M","121,8000000","","214,98","","26.184,56","",26184.563999999998,"0,44%",4502149.8486112412,"75,87%"]
[" 00041096 ","SINAPI",null,"VIGIA DIURNO (MENSALISTA)","Mão de Obra","MES","10,0438000","","2.505,92","","25.168,96","",25168.959296000001,"0,42%",4527318.8079072414,"76,29%"]
[" 13673 ","ORSE",null,"Luminária em LED  para iluminação pública, 50W, 100 a 220v, Fluxo luminoso 4000 a 4200 lúmens, Temp. cor 6000/6500k, IRC= ou 70%, modelo Induspar ou similar","Material","un","64,0000000","","384,04","","24.578,56","",24578.560000000001,"0,41%",4551897.3679072419,"76,71%"]
[" 13156 ","ORSE",null,"Luminária de emergência c/ dois projetors LED alimentação 127/220 de 12v/55 autonomia de 3horas","Material","un","94,0000000","","259,80","","24.421,20","",24421.200000000001,"0,41%",4576318.5679072412,"77,12%"]
[" 00025067 ","SINAPI",null,"BLOCO DE CONCRETO ESTRUTURAL 19 X 19 X 39 CM, FBK 4,5 MPA (NBR 6136)","Material","UN","3.869,2087000","","5,71","","22.093,18","",22093.181677,"0,37%",4598411.7495842418,"77,49%"]
[" 3633 ","ORSE",null,"Eletrocalha metálica perfurada 100 x 100 x 3000mm, peso, 2,20Kg/m,  (ref.: mopa ou similar)","Material","un","280,0000000","","78,35","","21.938,00","",21938,"0,37%",4620349.7495842418,"77,86%"]
[" 00010892 ","SINAPI",null,"EXTINTOR DE INCENDIO PORTATIL COM CARGA DE PO QUIMICO SECO (PQS) DE 6 KG, CLASSE BC","Material","UN","48,0000000","","450,00","","21.600,00","",21600,"0,36%",4641949.7495842418,"78,22%"]
[" 00037105 ","SINAPI",null,"CAIXA D'AGUA / RESERVATORIO EM POLIESTER REFORCADO COM FIBRA DE VIDRO, 5000 LITROS, COM TAMPA","Material","UN","8,0000000","","2.482,86","","19.862,88","",19862.88,"0,33%",4661812.6295842417,"78,56%"]
[" 00011795 ","SINAPI",null,"GRANITO PARA BANCADA, POLIDO, TIPO ANDORINHA/ QUARTZ/ CASTELO/ CORUMBA OU OUTROS EQUIVALENTES DA REGIAO, E= *2,5* CM","Material","M²","22,1120000","","830,18","","18.356,94","",18356.940159999998,"0,31%",4680169.5697442414,"78,87%"]
[" 00043626 ","SINAPI",null,"MASSA CORRIDA PARA SUPERFICIES DE AMBIENTES INTERNOS","Material","KG","7.183,1288280","","2,52","","18.101,48","",18101.484646559999,"0,31%",4698271.0543908011,"79,17%"]
[" 00000536 ","SINAPI",null,"REVESTIMENTO EM CERAMICA ESMALTADA, PEI MENOR OU IGUAL A 3, FORMATO MENOR OU IGUAL A 2025 CM2","Material","M²","408,2621000","","42,68","","17.424,63","",17424.626428,"0,29%",4715695.6808188017,"79,47%"]
[" 00002674 ","SINAPI",null,"ELETRODUTO DE PVC RIGIDO ROSCAVEL DE 3/4 \", SEM LUVA","Material","M","2.996,0820000","","5,54","","16.598,29","",16598.294279999998,"0,28%",4732293.9750988018,"79,75%"]
[" 00044474 ","SINAPI",null,"GUINDASTE HIDRAULICO AUTOPROPELIDO, COM LANCA TELESCOPICA 40 M, CAPACIDADE MAXIMA 60 T, POTENCIA 260 KW, TRACAO  6 X 6","Equipamento","UN","0,0065332","","2.510.525,30","","16.401,83","",16401.829513512472,"0,28%",4748695.8046123143,"80,02%"]
[" 00043466 ","SINAPI",null,"FERRAMENTAS - FAMILIA PINTOR - HORISTA (ENCARGOS COMPLEMENTARES - COLETADO CAIXA)","Equipamento","H","8.095,3425941","","1,97","","15.947,82","",15947.824910405534,"0,27%",4764643.6295227194,"80,29%"]
[" 00037370 ","SINAPI",null,"ALIMENTACAO - HORISTA (COLETADO CAIXA - ENCARGOS COMPLEMENTARES)","Material","H","30.053,0829279","","0,53","","15.928,13","",15928.133951780972,"0,27%",4780571.7634745007,"80,56%"]
[" 00037371 ","SINAPI",null,"TRANSPORTE - HORISTA (COLETADO CAIXA - ENCARGOS COMPLEMENTARES)","Serviços","H","30.053,0829279","","0,50","","15.026,54","",15026.541463944313,"0,25%",4795598.3049384449,"80,81%"]
[" 12453 ","ORSE",null,"Câmera Vm S5040 Vf 1/3, 760 linhas 2.8 a 12mm, da Intelbras ou similar","Material","un","38,0000000","","391,29","","14.869,02","",14869.02,"0,25%",4810467.3249384444,"81,06%"]
[" 00004059 ","SINAPI",null,"MEIO-FIO OU GUIA DE CONCRETO, PRE-MOLDADO, COMP 1 M, *30 X 12/15* CM (H X L1/L2)","Material","M","332,7655500","","43,21","","14.378,80","",14378.7994155,"0,24%",4824846.1243539443,"81,31%"]
[" 158 ","ORSE",null,"Almoço (Participação do empregador)","Material","un","1.008,2026455","","14,00","","14.114,84","",14114.8370367718,"0,24%",4838960.961390717,"81,54%"]
[" COTAÇÃO - 122 ","Próprio",null,"QUADRO DE MEDIDOR P/ 24 MEDIDORES, COMPLETO P/ DISJUNTOR GERAL DE 400 A, MOD. TAF DIMENSÕES: 2910 X 1710 X 300 MM","Material","UN","1,0000000","","14.096,26","","14.096,26","",14096.26,"0,24%",4853057.2213907167,"81,78%"]
[" 00043490 ","SINAPI",null,"EPI - FAMILIA PINTOR - HORISTA (ENCARGOS COMPLEMENTARES - COLETADO CAIXA)","Equipamento","H","8.095,3425941","","1,73","","14.004,94","",14004.942687818057,"0,24%",4867062.1640785346,"82,02%"]
[" 00004720 ","SINAPI",null,"PEDRA BRITADA N. 0, OU PEDRISCO (4,8 A 9,5 MM) POSTO PEDREIRA/FORNECEDOR, SEM FRETE","Material","M³","40,2235535","","344,54","","13.858,62","",13858.623136085882,"0,23%",4880920.78721462,"82,25%"]
[" 14366 ","ORSE",null,"Interruptor diferencial residual - IDR 4P DR 2x40A/30mA","Material","un","100,0000000","","137,25","","13.725,00","",13725,"0,23%",4894645.78721462,"82,48%"]
[" 12979 ","ORSE",null,"Cabo blindado para alarme e detecção de incêncio 4 x 1,5mm2","Material","m","612,0000000","","22,18","","13.574,16","",13574.16,"0,23%",4908219.9472146202,"82,71%"]
[" 00001213/SINAPI ","ORSE",null,"Carpinteiro de formas ou oficial (horista)","Mão de Obra","h","681,1136640","","19,13","","13.028,75","",13028.750833190399,"0,22%",4921248.6980478112,"82,93%"]
[" 12660 ","ORSE",null,"Central de alarme endereçável de incendio com sistema p/ até 250 dispositivos, marcal Verin ou similar, Modelo VRE-250 c/ bateria de 12V e 7Amperes","Material","un","2,0000000","","6.509,21","","13.018,42","",13018.42,"0,22%",4934267.1180478111,"83,15%"]
[" COTAÇÃO - 117 ","Próprio",null,"QUADRO DE MEDIDOR P/ 22 MEDIDORES, COMPLETO P/ DISJUNTOR GERAL DE 125 A. MOD. TAF DIMENSÕES: 2650X1710X300MM","Material","UN","1,0000000","","12.921,57","","12.921,57","",12921.57,"0,22%",4947188.6880478105,"83,37%"]
[" 00039025 ","SINAPI",null,"PORTA DE ABRIR, TIPO VENEZIANA, EM ALUMINIO, ACABAMENTO ANODIZADO NATURAL, 90 CM X 210 CM (LARGURA X ALTURA), SEM GUARNICAO/ALIZAR/VISTA","Material","UN","16,7802180","","768,55","","12.896,44","",12896.436543899999,"0,22%",4960085.124591711,"83,58%"]
[" 00011186 ","SINAPI",null,"ESPELHO CRISTAL E = 4 MM","Material","M²","16,0000000","","802,66","","12.842,56","",12842.56,"0,22%",4972927.6845917106,"83,80%"]
[" 00007307 ","SINAPI",null,"FUNDO ANTICORROSIVO PARA METAIS FERROSOS (ZARCAO)","Material","L","425,9267125","","29,62","","12.615,95","",12615.949225711664,"0,21%",4985543.6338174222,"84,01%"]
[" 00004759 ","SINAPI",null,"CALCETEIRO / RASTELEIRO (HORISTA)","Mão de Obra","H","675,9258929","","18,45","","12.470,83","",12470.83272487584,"0,21%",4998014.466542298,"84,22%"]
[" 10925 ","ORSE",null,"Duto em chapa galvanizada nº 18 com diam=300mm, p/sistema exaustão","Material","m","46,8000000","","260,73","","12.202,16","",12202.164000000001,"0,21%",5010216.6305422988,"84,43%"]
[" COTAÇÃO - 118 ","Próprio",null,"CABINE DO QPG EXECUTADA EM ALVENARIA PARA INSTALAÇÃO DO PAINEL DO QPG. DIMENSÕES 135X220X200CM (LXPXA).","Material","UN","1,0000000","","12.000,00","","12.000,00","",12000,"0,20%",5022216.6305422988,"84,63%"]
[" 00002696 ","SINAPI",null,"ENCANADOR OU BOMBEIRO HIDRAULICO (HORISTA)","Mão de Obra","H","581,4779817","","20,37","","11.844,71","",11844.706486911227,"0,20%",5034061.3370292094,"84,83%"]
[" 00007725 ","SINAPI",null,"TUBO DE CONCRETO ARMADO PARA AGUAS PLUVIAIS, CLASSE PA-1, COM ENCAIXE PONTA E BOLSA, DIAMETRO NOMINAL DE = 600 MM","Material","M","47,3800000","","244,00","","11.560,72","",11560.72,"0,19%",5045622.05702921,"85,03%"]
[" 14552 ","ORSE",null,"Cumeeira em galvalume para telha trapezoidal galvalume standard, com 40 cm decada lado, e = 0,43mm, cor natural","Material","m","123,1500000","","88,60","","10.911,09","",10911.09,"0,18%",5056533.1470292099,"85,21%"]
[" 00020212 ","SINAPI",null,"CAIBRO APARELHADO *6 X 8* CM, EM MACARANDUBA/MASSARANDUBA, ANGELIM OU EQUIVALENTE DA REGIAO","Material","M","701,5536000","","15,19","","10.656,60","",10656.599184000001,"0,18%",5067189.7462132098,"85,39%"]
[" 00004221 ","SINAPI",null,"OLEO DIESEL COMBUSTIVEL COMUM METROPOLITANO S-10 OU S-500","Material","L","1.614,0880744","","6,49","","10.475,43","",10475.431602554399,"0,18%",5077665.1778157642,"85,57%"]
[" 00034360 ","SINAPI",null,"PERFIL DE ALUMINIO ANODIZADO","Material","KG","239,5504300","","42,80","","10.252,76","",10252.758404,"0,17%",5087917.9362197639,"85,74%"]
[" 00007745 ","SINAPI",null,"TUBO DE CONCRETO ARMADO PARA AGUAS PLUVIAIS, CLASSE PA-1, COM ENCAIXE PONTA E BOLSA, DIAMETRO NOMINAL DE 400 MM","Material","M","80,3400000","","126,10","","10.130,87","",10130.874,"0,17%",5098048.8102197638,"85,91%"]
[" 00039432 ","SINAPI",null,"FITA DE PAPEL REFORCADA COM LAMINA DE METAL PARA REFORCO DE CANTOS DE CHAPA DE GESSO PARA DRYWALL","Material","M","3.190,1850400","","3,12","","9.953,38","",9953.3773247999998,"0,17%",5108002.1875445638,"86,08%"]
[" 00040873 ","SINAPI",null,"RUFO INTERNO/EXTERNO DE CHAPA DE ACO GALVANIZADA NUM 24, CORTE 25 CM","Material","M","341,9220000","","28,60","","9.778,97","",9778.9691999999995,"0,16%",5117781.156744564,"86,24%"]
[" 00005318 ","SINAPI",null,"DILUENTE AGUARRAS","Material","L","456,4137378","","21,36","","9.749,00","",9748.9974393349494,"0,16%",5127530.1541838991,"86,41%"]
[" 00001019 ","SINAPI",null,"CABO DE COBRE, FLEXIVEL, CLASSE 4 OU 5, ISOLACAO EM PVC/A, ANTICHAMA BWF-B, COBERTURA PVC-ST1, ANTICHAMA BWF-B, 1 CONDUTOR, 0,6/1 KV, SECAO NOMINAL 35 MM2","Material","M","228,3750000","","41,13","","9.393,06","",9393.0637499999993,"0,16%",5136923.2179338988,"86,56%"]
[" 00020259 ","SINAPI",null,"PERFIL DE BORRACHA EPDM MACICO *12 X 15* MM PARA ESQUADRIAS","Material","M","721,3826300","","12,90","","9.305,84","",9305.8359270000001,"0,16%",5146229.0538608991,"86,72%"]
[" 00040863 ","SINAPI",null,"EXAMES - MENSALISTA (COLETADO CAIXA - ENCARGOS COMPLEMENTARES)","Material","MES","36,0000000","","252,08","","9.074,88","",9074.8799999999992,"0,15%",5155303.9338608989,"86,87%"]
[" 13159 ","ORSE",null,"Barramento neutro e terra para quadro de distribuição","Material","un","300,0000000","","29,89","","8.967,00","",8967,"0,15%",5164270.9338608989,"87,03%"]
[" 00043491 ","SINAPI",null,"EPI - FAMILIA SERVENTE - HORISTA (ENCARGOS COMPLEMENTARES - COLETADO CAIXA)","Equipamento","H","6.427,8771089","","1,33","","8.549,08","",8549.0765548860563,"0,14%",5172820.010415785,"87,17%"]
[" 10492 ","ORSE",null,"Cesta Básica","Material","un","44,5669146","","190,00","","8.467,71","",8467.7137710075003,"0,14%",5181287.724186793,"87,31%"]
[" 00038083 ","SINAPI",null,"TOMADA RJ45, 8 FIOS, CAT 5E, CONJUNTO MONTADO PARA EMBUTIR 4\" X 2\" (PLACA + SUPORTE + MODULO)","Material","UN","220,0000000","","38,27","","8.419,40","",8419.4,"0,14%",5189707.1241867924,"87,45%"]
[" 00043059 ","SINAPI",null,"ACO CA-60, 4,2 MM, OU 5,0 MM, OU 6,0 MM, OU 7,0 MM, VERGALHAO","Material","KG","855,8529642","","9,50","","8.130,60","",8130.6031595494496,"0,14%",5197837.7273463421,"87,59%"]
[" 13894 ","ORSE",null,"NOBREAK NHS PRIME SENOIDALl, ref. 91.C1.030004 (PRIME 3000VA com 08 baterias seladas 7AH/S.120V/C.ETH). Cor preta.Ou similar.","Material","un","1,0000000","","7.995,54","","7.995,54","",7995.54,"0,13%",5205833.2673463421,"87,73%"]
[" 3631 ","ORSE",null,"Cantoneira \"ZZ\" para fixação de  perfilado, ref. Mopa ou similar","Material","un","2.600,0000000","","3,05","","7.930,00","",7930,"0,13%",5213763.2673463421,"87,86%"]
[" 3308 ","ORSE",null,"Eletroduto em ferro galvanizado pesado sem costura 4\" x 6m","Material","un","8,0000000","","991,00","","7.928,00","",7928,"0,13%",5221691.2673463421,"87,99%"]
[" 00035692 ","SINAPI",null,"TINTA LATEX ACRILICA STANDARD, COR BRANCA","Material","L","356,1009480","","22,18","","7.898,32","",7898.3190266399997,"0,13%",5229589.5863729818,"88,13%"]
[" 00043484 ","SINAPI",null,"EPI - FAMILIA ELETRICISTA - HORISTA (ENCARGOS COMPLEMENTARES - COLETADO CAIXA)","Equipamento","H","6.327,5337478","","1,20","","7.593,04","",7593.0404973599998,"0,13%",5237182.6268703416,"88,25%"]
[" 6698 ","ORSE",null,"Técnico em informática - 40h - Rev 02","Mão de Obra","h","312,0000000","","24,14","","7.533,10","",7533.0977279999997,"0,13%",5244715.7245983416,"88,38%"]
[" 00039419 ","SINAPI",null,"PERFIL GUIA, FORMATO U, EM ACO ZINCADO, PARA ESTRUTURA PAREDE DRYWALL, E = 0,5 MM, 70 X 3000 MM (L X C)","Material","M","821,6251680","","9,10","","7.476,79","",7476.7890287999999,"0,13%",5252192.5136271417,"88,51%"]
[" 00004741 ","SINAPI",null,"PO DE PEDRA (POSTO PEDREIRA/FORNECEDOR, SEM FRETE)","Material","M³","24,8376100","","281,90","","7.001,72","",7001.7222590000001,"0,12%",5259194.2358861417,"88,63%"]
[" 00043651 ","SINAPI",null,"MASSA ACRILICA PARA SUPERFICIES INTERNAS E EXTERNAS","Material","KG","1.516,1593858","","4,53","","6.868,20","",6868.2020176739998,"0,12%",5266062.4379038159,"88,74%"]
[" 00039996 ","SINAPI",null,"VERGALHAO ZINCADO ROSCA TOTAL, 1/4\" (6,3 MM)","Material","M","1.575,2000000","","4,25","","6.694,60","",6694.6,"0,11%",5272757.0379038155,"88,85%"]
[" 00004750/SINAPI ","ORSE",null,"Pedreiro (horista)","Mão de Obra","h","348,3208560","","19,13","","6.662,89","",6662.8903260815996,"0,11%",5279419.9282298973,"88,97%"]
[" 00004721 ","SINAPI",null,"PEDRA BRITADA N. 1 (9,5 A 19 MM) POSTO PEDREIRA/FORNECEDOR, SEM FRETE","Material","M³","22,2966289","","298,43","","6.653,98","",6653.9829751133111,"0,11%",5286073.9112050105,"89,08%"]
[" 00006085 ","SINAPI",null,"SELADOR ACRILICO OPACO PREMIUM INTERIOR/EXTERIOR","Material","L","1.116,9030600","","5,84","","6.522,71","",6522.7138703999999,"0,11%",5292596.6250754111,"89,19%"]
[" 00043489 ","SINAPI",null,"EPI - FAMILIA PEDREIRO - HORISTA (ENCARGOS COMPLEMENTARES - COLETADO CAIXA)","Equipamento","H","5.209,0156652","","1,24","","6.459,18","",6459.1794248555289,"0,11%",5299055.804500266,"89,30%"]
[" 00036888 ","SINAPI",null,"GUARNICAO / MOLDURA / ARREMATE DE ACABAMENTO PARA ESQUADRIA, EM ALUMINIO PERFIL 25, ACABAMENTO ANODIZADO BRANCO OU BRILHANTE, PARA 1 FACE","Material","M","221,5419360","","29,05","","6.435,79","",6435.7932407999997,"0,11%",5305491.5977410665,"89,41%"]
[" 00000246 ","SINAPI",null,"AUXILIAR DE ENCANADOR OU BOMBEIRO HIDRAULICO (HORISTA)","Mão de Obra","H","392,4204573","","16,31","","6.400,38","",6400.377658634764,"0,11%",5311891.9753997009,"89,51%"]
[" 00038101 ","SINAPI",null,"TOMADA 2P+T 10A, 250V (APENAS MODULO)","Material","UN","760,0000000","","8,37","","6.361,20","",6361.2,"0,11%",5318253.1753997011,"89,62%"]
[" 10103 ","ORSE",null,"QFAC - Quadro / Painel em chapa de aço com pintura eletrostática a pó poliester na cor bege, grau de proteção IP 54, com barramento, sem disjuntores - 1500x1000x350mm","Material","un","1,0000000","","6.254,87","","6.254,87","",6254.87,"0,11%",5324508.0453997012,"89,73%"]
[" 00006110 ","SINAPI",null,"SERRALHEIRO (HORISTA)","Mão de Obra","H","306,2449013","","20,37","","6.238,21","",6238.2086387802719,"0,11%",5330746.254038481,"89,83%"]
[" 13962 ","ORSE",null,"Luminária sobrepor quadrada  Led 24W*, 6500K G- Light ou similar","Material","un","206,0000000","","30,10","","6.200,60","",6200.6,"0,10%",5336946.8540384816,"89,94%"]
[" 00039434 ","SINAPI",null,"MASSA DE REJUNTE EM PO PARA DRYWALL, A BASE DE GESSO, SECAGEM RAPIDA, PARA TRATAMENTO DE JUNTAS DE CHAPA DE GESSO (NECESSITA ADICAO DE AGUA)","Equipamento","KG","1.565,7044000","","3,90","","6.106,25","",6106.2471599999999,"0,10%",5343053.1011984814,"90,04%"]
[" 00002696/SINAPI ","ORSE",null,"Encanador ou bombeiro hidraulico (horista)","Mão de Obra","h","308,4818000","","19,13","","5.900,82","",5900.82495948,"0,10%",5348953.9261579616,"90,14%"]
[" 13285 ","ORSE",null,"Lâmpada led 50w de potência, luz branca bivolt, marca LLum  ou similar","Material","un","184,0000000","","31,65","","5.823,60","",5823.6,"0,10%",5354777.5261579612,"90,24%"]
[" 2313 ","ORSE",null,"Tubo de aço galvanizado leve c/ costura c/ rosca BSP Ø = 60,30mm ( 2\" ), e = 2,65mm, l = 6000mm NBR 5580","Material","m","86,5600000","","67,15","","5.812,50","",5812.5039999999999,"0,10%",5360590.0301579619,"90,33%"]
[" 00001213 ","SINAPI",null,"CARPINTEIRO DE FORMAS PARA CONCRETO (HORISTA)","Mão de Obra","H","279,8281572","","20,37","","5.700,10","",5700.0995613573477,"0,10%",5366290.1297193188,"90,43%"]
[" 00021037/SINAPI ","ORSE",null,"Mangueira de incendio, tipo 2, de 2 1/2\", comprimento = 30 m, tecido em fio de poliester e tubo interno em borracha sintetica, com unioes engate rapido","Material","un","4,0000000","","1.413,86","","5.655,44","",5655.44,"0,10%",5371945.5697193192,"90,53%"]
[" 00006243 ","SINAPI",null,"TAMPAO FOFO SIMPLES COM BASE / REQUADRO, CLASSE B125 CARGA MAX. 12,5 T, REDONDO, TAMPA 600 MM (COM INSCRICAO EM RELEVO DO TIPO DE REDE)","Material","UN","10,0000000","","565,51","","5.655,10","",5655.1,"0,10%",5377600.6697193189,"90,62%"]
[" 00002685 ","SINAPI",null,"ELETRODUTO DE PVC RIGIDO ROSCAVEL DE 1 \", SEM LUVA","Material","M","650,8800000","","8,66","","5.636,62","",5636.6207999999997,"0,09%",5383237.2905193185,"90,72%"]
[" 00039245 ","SINAPI",null,"ELETRODUTO PVC FLEXIVEL CORRUGADO, REFORCADO, COR LARANJA, DE 32 MM, PARA LAJES E PISOS","Material","M","660,0000000","","8,54","","5.636,40","",5636.4,"0,09%",5388873.6905193189,"90,81%"]
[" 00009841/SINAPI ","ORSE",null,"Tubo pvc, serie r, dn 100 mm, para esgoto ou aguas pluviais predial (nbr 5688)","Material","m","256,0047000","","22,01","","5.634,66","",5634.6634469999999,"0,09%",5394508.353966319,"90,91%"]
[" 00010892/SINAPI ","ORSE",null,"Extintor de incendio portatil com carga de po quimico seco (pqs) de 6 kg, classe bc","Material","un","24,0000000","","232,00","","5.568,00","",5568,"0,09%",5400076.353966319,"91,00%"]
[" 00003283 ","SINAPI",null,"FORRO DE MADEIRA PINUS OU EQUIVALENTE DA REGIAO, ENCAIXE MACHO/FEMEA COM FRISO, *10 X 1* CM (SEM COLOCACAO)","Material","M²","195,6064000","","28,35","","5.545,44","",5545.4414399999996,"0,09%",5405621.7954063192,"91,09%"]
[" 00043460 ","SINAPI",null,"FERRAMENTAS - FAMILIA ELETRICISTA - HORISTA (ENCARGOS COMPLEMENTARES - COLETADO CAIXA)","Equipamento","H","6.327,5337478","","0,85","","5.378,40","",5378.4036856299999,"0,09%",5411000.1990919486,"91,18%"]
[" 00039430 ","SINAPI",null,"PENDURAL OU PRESILHA REGULADORA, EM ACO GALVANIZADO, COM CORPO, MOLA E REBITE, PARA PERFIL TIPO CANALETA DE ESTRUTURA EM FORROS DRYWALL","Equipamento","UN","2.085,3900000","","2,52","","5.255,18","",5255.1827999999996,"0,09%",5416255.3818919491,"91,27%"]
[" 00006240 ","SINAPI",null,"TAMPAO FOFO SIMPLES COM BASE / REQUADRO, CLASSE D400 CARGA MAX. 40 T, REDONDO, TAMPA 600 MM (COM INSCRICAO EM RELEVO DO TIPO DE REDE)","Material","UN","7,0000000","","748,75","","5.241,25","",5241.25,"0,09%",5421496.6318919491,"91,36%"]
[" 00037593 ","SINAPI",null,"BLOCO CERAMICO / TIJOLO VAZADO PARA ALVENARIA DE VEDACAO, FUROS NA VERTICAL DE 14 X 19 X 39 CM (L X A X C)","Material","UN","1.734,0000000","","3,02","","5.236,68","",5236.68,"0,09%",5426733.3118919488,"91,45%"]
[" 9194 ","ORSE",null,"Cerâmica 50 x 50 cm, Elizabeth, porcelanato, antiderrapante, Legno bianco ou similar","Material","m²","128,9981000","","39,85","","5.140,57","",5140.5742849999997,"0,09%",5431873.8861769484,"91,54%"]
[" 13676 ","ORSE",null,"Caixa de concreto pre moldado para aterramento, com tampa, 40 x 40 x 40, e = 5cm","Material","un","63,0000000","","80,86","","5.094,18","",5094.18,"0,09%",5436968.0661769491,"91,62%"]
[" 10761 ","ORSE",null,"Refeição - café da manhã ( café com leite e dois pães com manteiga)","Serviços","un","1.008,2026455","","5,00","","5.041,01","",5041.0132274184998,"0,08%",5442009.0794043671,"91,71%"]
[" COTAÇÃO - 119 ","Próprio",null,"SISTEMA DE VDR PARA 40 CÂMERAS COM GRAVAÇÃO CONTÍNUA. CAPACIDADE DE ARMAZENAMENTO DO SISTEMA DE 30TB. FORNECIDO COM MATERIAIS E EQUIPAMENTOS COMPLEMENTARES PARA CORRETO FUNCIONAMENTO DO SISTEMA.","Material","UN","1,0000000","","4.942,45","","4.942,45","",4942.45,"0,08%",5446951.5294043673,"91,79%"]
[" 2241 ","ORSE",null,"Tomada para lógica, sistema x, com placa","Material","un","220,0000000","","22,39","","4.925,80","",4925.8,"0,08%",5451877.3294043671,"91,87%"]
[" 2069 ","ORSE",null,"Tampa de ferro fundido quadrada (600x600mm), carga max. 2000kg p/cx.inspeção","Material","un","3,0000000","","1.601,54","","4.804,62","",4804.62,"0,08%",5456681.9494043672,"91,95%"]
[" 00000142 ","SINAPI",null,"SELANTE ELASTICO MONOCOMPONENTE A BASE DE POLIURETANO (PU) PARA JUNTAS DIVERSAS","Material","310ML","104,7684560","","45,66","","4.783,73","",4783.7277009600002,"0,08%",5461465.6771053271,"92,03%"]
[" 00036520 ","SINAPI",null,"BACIA SANITARIA (VASO) CONVENCIONAL PARA PCD, SEM FURO FRONTAL, DE LOUCA BRANCA (SEM ASSENTO)","Material","UN","8,0000000","","594,60","","4.756,80","",4756.8,"0,08%",5466222.477105327,"92,11%"]
[" 11095 ","ORSE",null,"Barra chata de aluminio 7/8\" x 1/8\"","Material","m","480,0000000","","9,83","","4.718,40","",4718.3999999999996,"0,08%",5470940.8771053273,"92,19%"]
[" 00004299/SINAPI ","ORSE",null,"Parafuso zincado rosca soberba, cabeca sextavada, 5/16\" x 110 mm, para fixacao de telha em madeira","Material","un","2.602,2700000","","1,75","","4.553,97","",4553.9724999999999,"0,08%",5475494.8496053275,"92,27%"]
[" 00009839/SINAPI ","ORSE",null,"Tubo pvc, serie r, dn 75 mm, para esgoto ou aguas pluviais predial (nbr 5688)","Material","m","248,1469000","","18,23","","4.523,72","",4523.717987,"0,08%",5480018.5675923275,"92,35%"]
[" 00001525 ","SINAPI",null,"CONCRETO USINADO BOMBEAVEL, CLASSE DE RESISTENCIA C30, BRITA 0 E 1, SLUMP = 100 +/- 20 MM, COM BOMBEAMENTO (DISPONIBILIZACAO DE BOMBA), SEM O LANCAMENTO (NBR 8953)","Material","M³","4,6326000","","970,18","","4.494,46","",4494.455868,"0,08%",5484513.0234603276,"92,42%"]
[" 00043440 ","SINAPI",null,"CONJUNTO PRE-MOLDADO COMPOSTO POR GRELHA (0,99 X 0,45 M), QUADRO (1,10 X 0,52 M) E CANTONEIRA (1,10 X 0,35 M), EM CONCRETO ARMADO, COM FCK DE 21 MPA","Material","UN","9,0000000","","495,17","","4.456,53","",4456.53,"0,08%",5488969.553460327,"92,50%"]
[" 00001020 ","SINAPI",null,"CABO DE COBRE, FLEXIVEL, CLASSE 4 OU 5, ISOLACAO EM PVC/A, ANTICHAMA BWF-B, COBERTURA PVC-ST1, ANTICHAMA BWF-B, 1 CONDUTOR, 0,6/1 KV, SECAO NOMINAL 10 MM2","Material","M","373,0200000","","11,79","","4.397,91","",4397.9058000000005,"0,07%",5493367.4592603277,"92,57%"]
[" 00036791 ","SINAPI",null,"TORNEIRA METALICA CROMADA DE MESA PARA LAVATORIO, BICA ALTA, COM AREJADOR (REF 1195)","Material","UN","20,0000000","","219,61","","4.392,20","",4392.2,"0,07%",5497759.659260327,"92,65%"]
[" 00043465 ","SINAPI",null,"FERRAMENTAS - FAMILIA PEDREIRO - HORISTA (ENCARGOS COMPLEMENTARES - COLETADO CAIXA)","Equipamento","H","5.209,0156652","","0,82","","4.271,39","",4271.3928454689794,"0,07%",5502031.0521057965,"92,72%"]
[" 00021127 ","SINAPI",null,"FITA ISOLANTE ADESIVA ANTICHAMA, USO ATE 750 V, EM ROLO DE 19 MM X 5 M","Material","UN","385,1476040","","11,05","","4.255,88","",4255.8810242,"0,07%",5506286.9331299961,"92,79%"]
[" 00000392 ","SINAPI",null,"ABRACADEIRA EM ACO PARA AMARRACAO DE ELETRODUTOS, TIPO D, COM 1/2\" E PARAFUSO DE FIXACAO","Material","UN","1.517,8450000","","2,79","","4.234,79","",4234.78755,"0,07%",5510521.7206799965,"92,86%"]
[" 00036531 ","SINAPI",null,"RETROESCAVADEIRA SOBRE RODAS COM CARREGADEIRA, TRACAO 4 X 4, POTENCIA LIQUIDA 88 HP, PESO OPERACIONAL MINIMO DE 6674 KG, CAPACIDADE DA CARREGADEIRA DE 1,00 M3 E DA RETROESCAVADEIRA MINIMA DE 0,26 M3, PROFUNDIDADE DE ESCAVACAO MAXIMA DE 4,37 M","Equipamento","UN","0,0096475","","436.402,41","","4.210,20","",4210.20110637165,"0,07%",5514731.9217863679,"92,93%"]
[" 00034653 ","SINAPI",null,"DISJUNTOR TERMOMAGNETICO PARA TRILHO DIN (IEC), MONOPOLAR, 6 - 32 A","Material","UN","417,0000000","","10,03","","4.182,51","",4182.51,"0,07%",5518914.4317863677,"93,00%"]
[" 00040782 ","SINAPI",null,"CALHA QUADRADA DE CHAPA DE ACO GALVANIZADA NUM 24, CORTE 33 CM","Material","M","104,7375000","","39,56","","4.143,42","",4143.4155000000001,"0,07%",5523057.8472863678,"93,07%"]
[" 00000252 ","SINAPI",null,"AJUDANTE DE SERRALHEIRO (HORISTA)","Mão de Obra","H","251,4896515","","16,31","","4.101,80","",4101.7962166043517,"0,07%",5527159.6435029721,"93,14%"]
[" 00000034 ","SINAPI",null,"ACO CA-50, 10,0 MM, VERGALHAO","Material","KG","406,8456000","","10,04","","4.084,73","",4084.729824,"0,07%",5531244.3733269721,"93,21%"]
[" 3990 ","ORSE",null,"Tampa de encaixe 100 X3000 - Z para eletrocalha metálica (ref.: mopa ou similar)","Material","m","600,0000000","","6,70","","4.020,00","",4020,"0,07%",5535264.3733269721,"93,28%"]
[" 00001379/SINAPI ","ORSE",null,"Cimento portland composto cp ii-32","Material","kg","5.250,7716820","","0,76","","3.990,59","",3990.58647832,"0,07%",5539254.9598052921,"93,34%"]
[" 00021012 ","SINAPI",null,"TUBO ACO GALVANIZADO COM COSTURA, CLASSE LEVE, DN 40 MM (1 1/2\"), E = 3,00 MM, *3,48* KG/M (NBR 5580)","Material","M","72,3078300","","54,77","","3.960,30","",3960.2998490999998,"0,07%",5543215.2596543925,"93,41%"]
[" 00000660 ","SINAPI",null,"CANALETA DE CONCRETO 19 X 19 X 19 CM (CLASSE C - NBR 6136)","Material","UN","1.118,2500000","","3,54","","3.958,61","",3958.605,"0,07%",5547173.864654392,"93,48%"]
[" 12665 ","ORSE",null,"Sirene audiovisual endereçavel, 120 db, para alarme de incêndio","Material","un","20,0000000","","197,20","","3.944,00","",3944,"0,07%",5551117.864654392,"93,54%"]
[" 00043467 ","SINAPI",null,"FERRAMENTAS - FAMILIA SERVENTE - HORISTA (ENCARGOS COMPLEMENTARES - COLETADO CAIXA)","Equipamento","H","6.427,8771089","","0,61","","3.921,01","",3921.0050364514991,"0,07%",5555038.8696908439,"93,61%"]
[" 00004251 ","SINAPI",null,"OPERADOR DE JATO ABRASIVO OU JATISTA (HORISTA)","Mão de Obra","H","243,8233942","","16,05","","3.913,37","",3913.3654766322938,"0,07%",5558952.2351674763,"93,68%"]
[" 12452 ","ORSE",null,"Câmera Hdcvi speed dome Vhd 3020 sd, da Intelbrás ou similar","Material","un","1,0000000","","3.801,10","","3.801,10","",3801.1,"0,06%",5562753.335167476,"93,74%"]
[" 00037666 ","SINAPI",null,"OPERADOR DE BETONEIRA ESTACIONARIA / MISTURADOR (HORISTA)","Mão de Obra","H","251,1434234","","15,04","","3.777,20","",3777.1970872011912,"0,06%",5566530.5322546773,"93,80%"]
[" 00007568 ","SINAPI",null,"BUCHA DE NYLON SEM ABA S10, COM PARAFUSO DE 6,10 X 65 MM EM ACO ZINCADO COM ROSCA SOBERBA, CABECA CHATA E FENDA PHILLIPS","Material","UN","4.752,9625540","","0,79","","3.754,84","",3754.8404176600002,"0,06%",5570285.3726723371,"93,87%"]
[" 3331 ","ORSE",null,"Cabo de cobre nú 16 mm2 - 4AWG","Material","Kg","30,0000000","","124,75","","3.742,50","",3742.5,"0,06%",5574027.8726723371,"93,93%"]
[" 00001018 ","SINAPI",null,"CABO DE COBRE, FLEXIVEL, CLASSE 4 OU 5, ISOLACAO EM PVC/A, ANTICHAMA BWF-B, COBERTURA PVC-ST1, ANTICHAMA BWF-B, 1 CONDUTOR, 0,6/1 KV, SECAO NOMINAL 50 MM2","Material","M","60,9000000","","60,82","","3.703,94","",3703.9380000000001,"0,06%",5577731.8106723372,"93,99%"]
[" 00037758 ","SINAPI",null,"CAMINHAO TRUCADO, PESO BRUTO TOTAL 23000 KG, CARGA UTIL MAXIMA 15285 KG, DISTANCIA ENTRE EIXOS 4,80 M, POTENCIA 326 CV (INCLUI CABINE E CHASSI, NAO INCLUI CARROCERIA)","Equipamento","UN","0,0052005","","710.806,66","","3.696,58","",3696.5812681909179,"0,06%",5581428.3919405285,"94,06%"]
[" 00000378 ","SINAPI",null,"ARMADOR (HORISTA)","Mão de Obra","H","181,2709032","","20,37","","3.692,49","",3692.488298094941,"0,06%",5585120.8802386234,"94,12%"]
[" 00010737 ","SINAPI",null,"PEDRA GRANITICA OU BASALTO, CACO, RETALHO, CAVACO, TIPO MIRACEMA, MADEIRA, PADUANA, RACHINHA, SANTA ISABEL OU OUTRAS SIMILARES, E= *1,0 A *2,0 CM","Material","M²","25,8000000","","141,41","","3.648,38","",3648.3780000000002,"0,06%",5588769.2582386229,"94,18%"]
[" 2378 ","ORSE",null,"Vale transporte","Material","un","802,4524515","","4,50","","3.611,04","",3611.036031682725,"0,06%",5592380.2942703059,"94,24%"]
[" 9193 ","ORSE",null,"Disparador eletronico de 250 a 630 A","Material","un","1,0000000","","3.589,00","","3.589,00","",3589,"0,06%",5595969.2942703059,"94,30%"]
[" 00034357 ","SINAPI",null,"REJUNTE CIMENTICIO, QUALQUER COR","Material","KG","604,1933500","","5,87","","3.546,61","",3546.6149645,"0,06%",5599515.909234806,"94,36%"]
[" 00010422 ","SINAPI",null,"BACIA SANITARIA (VASO) COM CAIXA ACOPLADA, SIFAO APARENTE, DE LOUCA BRANCA (SEM ASSENTO)","Material","UN","10,0000000","","353,28","","3.532,80","",3532.8,"0,06%",5603048.7092348058,"94,42%"]
[" 13672 ","ORSE",null,"Suporte de fixação em chapa de aço galvanizado, para 02 luminária, encaixe emposte com topo de Ø de 60,3mm externo, da Induspar ou similar","Material","un","29,0000000","","119,76","","3.473,04","",3473.04,"0,06%",5606521.7492348058,"94,48%"]
[" 00000998 ","SINAPI",null,"CABO DE COBRE, FLEXIVEL, CLASSE 4 OU 5, ISOLACAO EM PVC/A, ANTICHAMA BWF-B, COBERTURA PVC-ST1, ANTICHAMA BWF-B, 1 CONDUTOR, 0,6/1 KV, SECAO NOMINAL 95 MM2","Material","M","30,4500000","","110,47","","3.363,81","",3363.8114999999998,"0,06%",5609885.5607348057,"94,54%"]
[" 00001743 ","SINAPI",null,"CUBA ACO INOX (AISI 304) DE EMBUTIR COM VALVULA 3 1/2 \", DE *46 X 30 X 12* CM","Material","UN","16,0000000","","203,15","","3.250,40","",3250.4,"0,05%",5613135.960734806,"94,59%"]
[" 00021034/SINAPI ","ORSE",null,"Mangueira de incendio, tipo 2, de 2 1/2\", comprimento = 15 m, tecido em fio de poliester e tubo interno em borracha sintetica, com unioes engate rapido","Material","un","4,0000000","","809,94","","3.239,76","",3239.76,"0,05%",5616375.7207348058,"94,64%"]
[" 00003322 ","SINAPI",null,"GRAMA ESMERALDA OU SAO CARLOS OU CURITIBANA, EM PLACAS, SEM PLANTIO","Material","M²","189,1000000","","16,90","","3.195,79","",3195.79,"0,05%",5619571.5107348058,"94,70%"]
[" 13651 ","ORSE",null,"Placa de sinalizacao, fotoluminescente, 38x19 cm, em pvc , com seta indicativa de sentido (esquerda ou direita) de saída de emergência- Placa S2","Material","un","157,0000000","","20,19","","3.169,83","",3169.83,"0,05%",5622741.3407348059,"94,75%"]
[" 00001106 ","SINAPI",null,"CAL HIDRATADA CH-I PARA ARGAMASSAS","Material","KG","2.714,9305867","","1,16","","3.149,32","",3149.31948060477,"0,05%",5625890.6602154104,"94,80%"]
[" COTAÇÃO - 112 ","Próprio",null,"BARRAMENTO CHATA COBRE ELETROLÍTICO 19,05X3,18MM","Material","M","25,0000000","","125,86","","3.146,50","",3146.5,"0,05%",5629037.1602154104,"94,86%"]
[" 00011772 ","SINAPI",null,"TORNEIRA METALICA CROMADA, DE MESA/BANCADA, PARA COZINHA, BICA MOVEL, COM AREJADOR, 1/2\" OU 3/4\" (REF 1167 / 1168)","Material","UN","16,0000000","","195,18","","3.122,88","",3122.88,"0,05%",5632160.0402154103,"94,91%"]
[" 00038094 ","SINAPI",null,"ESPELHO / PLACA DE 3 POSTOS 4\" X 2\", PARA INSTALACAO DE TOMADAS E INTERRUPTORES","Material","UN","995,0000000","","3,12","","3.104,40","",3104.4,"0,05%",5635264.4402154107,"94,96%"]
[" 3249 ","ORSE",null,"Cabo de cobre nu 35 mm2 - 1AWG","Material","Kg","30,0000000","","100,50","","3.015,00","",3015,"0,05%",5638279.4402154107,"95,01%"]
[" 00039024 ","SINAPI",null,"PORTA DE ABRIR EM ALUMINIO COM DIVISAO HORIZONTAL PARA VIDROS, ACABAMENTO ANODIZADO NATURAL, VIDROS INCLUSOS, SEM GUARNICAO/ALIZAR/VISTA, 87 CM X 210 CM","Material","UN","4,0000000","","749,51","","2.998,04","",2998.04,"0,05%",5641277.4802154107,"95,06%"]
[" 00003379 ","SINAPI",null,"HASTE DE ATERRAMENTO EM ACO COM 3,00 M DE COMPRIMENTO E DN = 5/8\", REVESTIDA COM BAIXA CAMADA DE COBRE, SEM CONECTOR","Material","UN","42,0000000","","70,84","","2.975,28","",2975.28,"0,05%",5644252.760215411,"95,11%"]
[" 00001879 ","SINAPI",null,"CURVA 90 GRAUS, LONGA, DE PVC RIGIDO ROSCAVEL, DE 3/4\", PARA ELETRODUTO","Material","UN","970,0000000","","3,04","","2.948,80","",2948.8,"0,05%",5647201.5602154108,"95,16%"]
[" 10928 ","ORSE",null,"Curva 45º em chapa galvanizada nº18, diam=300mm, p/sistema exaustão","Serviços","un","12,0000000","","243,90","","2.926,80","",2926.8,"0,05%",5650128.3602154106,"95,21%"]
[" 941 ","ORSE",null,"Fardamento com mangas curta","Material","un","14,8556382","","193,41","","2.873,23","",2873.2289832465976,"0,05%",5653001.5891986573,"95,26%"]
[" 13317 ","ORSE",null,"Saída horizontal para eletroduto 4\" (ref. mopa ou similar)","Material","un","110,0000000","","25,92","","2.851,20","",2851.2,"0,05%",5655852.7891986575,"95,31%"]
[" 00004234 ","SINAPI",null,"OPERADOR DE ESCAVADEIRA (HORISTA)","Mão de Obra","H","127,9709950","","22,01","","2.816,64","",2816.6416008149049,"0,05%",5658669.4307994721,"95,36%"]
[" 11981 ","ORSE",null,"Exaustor para banheiro, bivolt, ref.: C 80 A, da Ventokit ou similar","Material","un","12,0000000","","233,47","","2.801,64","",2801.64,"0,05%",5661471.0707994718,"95,40%"]
[" COTAÇÃO - 111 ","Próprio",null,"QUADRO DE COMANDO C/ BARRAMENTOS ELÉTRICOS 15X2MM² TRIFÁSICO + N + T EM ALUMÍNIO COR CINZA 80X60X25CM TINTURA ELETROSTÁTICA A  PO, COM PLACA DE MONTAGEM COR LARANJA ESPESSURA 1,2MM","Material","UN","1,0000000","","2.800,00","","2.800,00","",2800,"0,05%",5664271.0707994718,"95,45%"]
[" 00013388 ","SINAPI",null,"SOLDA EM BARRA DE ESTANHO-CHUMBO 50/50","Material","KG","20,5390500","","136,26","","2.798,65","",2798.6509529999998,"0,05%",5667069.7217524722,"95,50%"]
[" 00006117 ","SINAPI",null,"CARPINTEIRO AUXILIAR (HORISTA)","Mão de Obra","H","167,0042099","","16,31","","2.723,84","",2723.8386633991181,"0,05%",5669793.5604158714,"95,54%"]
[" 12616 ","ORSE",null,"Cabo coaxial rg-6","Material","m","1.530,0000000","","1,77","","2.708,10","",2708.1,"0,05%",5672501.6604158711,"95,59%"]
[" 2003 ","ORSE",null,"Saída horizontal para eletroduto 3/4\" (ref. vl 33 valemam ou similar)","Material","un","760,0000000","","3,50","","2.660,00","",2660,"0,04%",5675161.6604158711,"95,64%"]
[" 3462 ","ORSE",null,"Mão francesa simples 200 mm","Material","un","300,0000000","","8,70","","2.610,00","",2610,"0,04%",5677771.6604158711,"95,68%"]
[" 7611 ","ORSE",null,"Acionador manual (botoeira) tipo quebra-vidro, p/incendio","Material","un","20,0000000","","130,22","","2.604,40","",2604.4,"0,04%",5680376.0604158714,"95,72%"]
[" 7615 ","ORSE",null,"Switch 24 portas 10/100 Mbps","Material","Un","5,0000000","","520,00","","2.600,00","",2600,"0,04%",5682976.0604158714,"95,77%"]
[" COTAÇÃO - 114 ","Próprio",null,"BARRAMENTO COBRE 70,20 X 6,35 MM²","Material","M","15,0000000","","171,89","","2.578,35","",2578.35,"0,04%",5685554.4104158711,"95,81%"]
[" 00004813 ","SINAPI",null,"PLACA DE OBRA (PARA CONSTRUCAO CIVIL) EM CHAPA GALVANIZADA *N. 22*, ADESIVADA, DE *2,4 X 1,2* M (SEM POSTES PARA FIXACAO)","Material","M²","6,4200000","","400,00","","2.568,00","",2568,"0,04%",5688122.4104158711,"95,85%"]
[" 13671 ","ORSE",null,"Suporte de fixação em chapa de aço galvanizado, para 01 luminária, encaixe emposte com topo de Ø de 60,3mm externo, da Induspar ou similar","Material","un","35,0000000","","73,19","","2.561,65","",2561.65,"0,04%",5690684.0604158714,"95,90%"]
[" 918 ","ORSE",null,"Espelho para caixa 4\"x2\", com 01 saída rj-45 (krone ou similar)","Material","un","719,0000000","","3,55","","2.552,45","",2552.4499999999998,"0,04%",5693236.5104158716,"95,94%"]
[" 00020232 ","SINAPI",null,"SOLEIRA EM GRANITO, POLIDO, TIPO ANDORINHA/ QUARTZ/ CASTELO/ CORUMBA OU OUTROS EQUIVALENTES DA REGIAO, L= *15* CM, E= *2,0* CM","Material","M","22,0000000","","115,88","","2.549,36","",2549.36,"0,04%",5695785.870415871,"95,98%"]
[" 00039128 ","SINAPI",null,"ABRACADEIRA EM ACO PARA AMARRACAO DE ELETRODUTOS, TIPO D, COM 3/4\" E CUNHA DE FIXACAO","Material","UN","850,0000000","","2,97","","2.524,50","",2524.5,"0,04%",5698310.370415871,"96,03%"]
[" 00043503 ","SINAPI",null,"EPI - FAMILIA SERVENTE - MENSALISTA (ENCARGOS COMPLEMENTARES - COLETADO CAIXA)","Equipamento","MES","10,0000000","","250,24","","2.502,40","",2502.4,"0,04%",5700812.7704158714,"96,07%"]
[" 00042440 ","SINAPI",null,"LIXEIRA DUPLA, COM CAPACIDADE VOLUMETRICA DE 60L*, FABRICADA EM TUBO DE ACO CARBONO, CESTOS EM CHAPA DE ACO E PINTURA NO PROCESSO ELETROSTATICO - PARA ACADEMIA AO AR LIVRE / ACADEMIA DA TERCEIRA IDADE - ATI","Material","UN","2,0000000","","1.235,91","","2.471,82","",2471.8200000000002,"0,04%",5703284.5904158717,"96,11%"]
[" 00001358 ","SINAPI",null,"CHAPA/PAINEL DE MADEIRA COMPENSADA RESINADA (MADEIRITE RESINADO ROSA) PARA FORMA DE CONCRETO, DE 2200 X 1100 MM, E = 17 MM","Material","M²","39,5321083","","62,30","","2.462,85","",2462.850348336,"0,04%",5705747.4407642074,"96,15%"]
[" 00043442 ","SINAPI",null,"ANEL EM CONCRETO ARMADO, LISO, PARA POCOS DE VISITAS, POCOS DE INSPECAO, FOSSAS SEPTICAS E SUMIDOUROS, COM FUNDO, DIAMETRO INTERNO DE 0,80 M E ALTURA DE 0,50 M","Material","UN","10,0000000","","246,05","","2.460,50","",2460.5,"0,04%",5708207.9407642074,"96,19%"]
[" 00039997 ","SINAPI",null,"PORCA ZINCADA, SEXTAVADA, DIAMETRO 1/4\"","Material","UN","7.844,0000000","","0,31","","2.431,64","",2431.64,"0,04%",5710639.5807642071,"96,23%"]
[" 00039435 ","SINAPI",null,"PARAFUSO DRY WALL, EM ACO FOSFATIZADO, CABECA TROMBETA E PONTA AGULHA (TA), COMPRIMENTO 25 MM","Material","UN","24.198,4798400","","0,10","","2.419,85","",2419.847984,"0,04%",5713059.4287482072,"96,27%"]
[" 00043499 ","SINAPI",null,"EPI - FAMILIA ENCARREGADO GERAL - MENSALISTA (ENCARGOS COMPLEMENTARES - COLETADO CAIXA)","Equipamento","MES","10,0000000","","236,16","","2.361,60","",2361.6,"0,04%",5715421.0287482068,"96,31%"]
[" 588 ","ORSE",null,"Chave fusível 15kv- 24kv 100a 12000a","Material","un","6,0000000","","390,00","","2.340,00","",2340,"0,04%",5717761.0287482068,"96,35%"]
[" 00001872 ","SINAPI",null,"CAIXA DE PASSAGEM, EM PVC, DE 4\" X 2\", PARA ELETRODUTO FLEXIVEL CORRUGADO","Material","UN","890,0000000","","2,62","","2.331,80","",2331.8000000000002,"0,04%",5720092.8287482075,"96,39%"]
[" 3630 ","ORSE",null,"Junção interna tipo \"L\" para perfilado, ref. Mopa ou similar","Material","un","415,0000000","","5,57","","2.311,55","",2311.5500000000002,"0,04%",5722404.3787482074,"96,43%"]
[" 3625 ","ORSE",null,"Gancho curto para perfilado, ref. Mopa ou similar","Material","un","1.000,0000000","","2,31","","2.310,00","",2310,"0,04%",5724714.3787482074,"96,47%"]
[" 00004230 ","SINAPI",null,"OPERADOR DE MAQUINAS E TRATORES DIVERSOS - TERRAPLANAGEM (HORISTA)","Mão de Obra","H","76,7911080","","30,08","","2.309,88","",2309.876530043095,"0,04%",5727024.2552782502,"96,51%"]
[" 13637 ","ORSE",null,"Ralo seco linear pvc sanitário d=90 com grelha aluminio","Material","un","32,0000000","","68,67","","2.197,44","",2197.44,"0,04%",5729221.6952782506,"96,55%"]
[" 00043836 ","SINAPI",null,"RACK DE PISO PARA SERVIDOR, FECHADO, 44U, COM PORTA, 44U X *570* MM","Material","UN","1,0000000","","2.195,91","","2.195,91","",2195.91,"0,04%",5731417.6052782508,"96,58%"]
[" 00006005 ","SINAPI",null,"REGISTRO GAVETA COM ACABAMENTO E CANOPLA CROMADOS, SIMPLES, BITOLA 3/4\" (REF 1509)","Material","UN","24,0000000","","91,00","","2.184,00","",2184,"0,04%",5733601.6052782508,"96,62%"]
[" 00007334 ","SINAPI",null,"ADITIVO ADESIVO LIQUIDO PARA ARGAMASSAS DE REVESTIMENTOS CIMENTICIOS","Material","L","88,2000000","","24,69","","2.177,66","",2177.6579999999999,"0,04%",5735779.2632782506,"96,66%"]
[" 00000367/SINAPI ","ORSE",null,"Areia grossa - posto jazida/fornecedor (retirado na jazida, sem transporte)","Material","m³","19,4389996","","111,43","","2.166,09","",2166.0877209708001,"0,04%",5737945.3509992212,"96,69%"]
[" 00043488 ","SINAPI",null,"EPI - FAMILIA OPERADOR ESCAVADEIRA - HORISTA (ENCARGOS COMPLEMENTARES - COLETADO CAIXA)","Equipamento","H","2.499,0102975","","0,86","","2.149,15","",2149.1488558424194,"0,04%",5740094.4998550639,"96,73%"]
[" COTAÇÃO - 113 ","Próprio",null,"BARRAMENTO CHATA COBRE ELETROLÍTICO 50,80X 3,18MM","Material","M","15,0000000","","140,49","","2.107,35","",2107.35,"0,04%",5742201.8498550635,"96,76%"]
[" 00013416 ","SINAPI",null,"TORNEIRA METALICA CROMADA, RETA, DE PAREDE, PARA COZINHA, SEM BICO, SEM AREJADOR, PADRAO POPULAR, 1/2\" OU 3/4\" (REF 1158)","Material","UN","16,0000000","","131,29","","2.100,64","",2100.64,"0,04%",5744302.4898550631,"96,80%"]
[" 81 ","ORSE",null,"Aço ca-50   6,3 a 12,5 mm","Material","kg","221,5680000","","9,48","","2.100,46","",2100.4646400000001,"0,04%",5746402.954495064,"96,84%"]
[" 1772 ","ORSE",null,"Placa de inauguração em alumínio fundido medindo 0,50 x 0,70 m","Material","un","1,0000000","","2.087,51","","2.087,51","",2087.5100000000002,"0,04%",5748490.4644950638,"96,87%"]
[" 9138 ","ORSE",null,"Disjuntor tripolar 630A 3VT3763-2AA36-OAAO","Material","un","1,0000000","","1.999,80","","1.999,80","",1999.8,"0,03%",5750490.2644950636,"96,90%"]
[" 00010432 ","SINAPI",null,"MICTORIO INDIVIDUAL, SIFONADO, DE LOUCA BRANCA, SEM COMPLEMENTOS","Material","UN","6,0000000","","329,06","","1.974,36","",1974.36,"0,03%",5752464.6244950639,"96,94%"]
[" 00004755 ","SINAPI",null,"MARMORISTA / GRANITEIRO (HORISTA)","Mão de Obra","H","89,3425715","","21,64","","1.933,37","",1933.37324726,"0,03%",5754397.9977423232,"96,97%"]
[" 00039248 ","SINAPI",null,"ELETRODUTO/DUTO PEAD FLEXIVEL PAREDE SIMPLES, CORRUGACAO HELICOIDAL, COR PRETA, SEM ROSCA, DE 4\", CRC 680 N, PARA CABEAMENTO SUBTERRANEO (NBR 15715)","Material","M","126,5000000","","15,27","","1.931,66","",1931.655,"0,03%",5756329.6527423235,"97,00%"]
[" 10339 ","ORSE",null,"Molde de solda exotérmica tipo \"X\" para cabo cobre nu 50 mm²","Material","un","9,0000000","","214,09","","1.926,81","",1926.81,"0,03%",5758256.462742324,"97,04%"]
[" 00002690 ","SINAPI",null,"ELETRODUTO PVC FLEXIVEL CORRUGADO, COR AMARELA, DE 32 MM","Material","M","385,0000000","","4,98","","1.917,30","",1917.3,"0,03%",5760173.7627423238,"97,07%"]
[" 00021112 ","SINAPI",null,"VALVULA DE DESCARGA EM METAL CROMADO PARA MICTORIO COM ACIONAMENTO POR PRESSAO E FECHAMENTO AUTOMATICO","Material","UN","6,0000000","","318,41","","1.910,46","",1910.46,"0,03%",5762084.2227423238,"97,10%"]
[" 10045 ","ORSE",null,"Emenda externa, para perfilado tipo \"X\", 38 x 38 mm, ref. CKP 119 ou similar","Material","un","600,0000000","","3,18","","1.908,00","",1908,"0,03%",5763992.2227423238,"97,13%"]
[" 00043131 ","SINAPI",null,"ARAME GALVANIZADO 6 BWG, D = 5,16 MM (0,157 KG/M), OU 8 BWG, D = 4,19 MM (0,101 KG/M), OU 10 BWG, D = 3,40 MM (0,0713 KG/M)","Material","KG","62,9000000","","30,20","","1.899,58","",1899.58,"0,03%",5765891.8027423238,"97,16%"]
[" 00001381 ","SINAPI",null,"ARGAMASSA COLANTE AC I PARA CERAMICAS","Material","KG","1.887,8950000","","1,00","","1.887,90","",1887.895,"0,03%",5767779.6977423234,"97,20%"]
[" 00007568/SINAPI ","ORSE",null,"Bucha de nylon sem aba s10, com parafuso de 6,10 x 65 mm em aco zincado com rosca soberba, cabeca chata e fenda phillips","Material","un","5.200,0000000","","0,36","","1.872,00","",1872,"0,03%",5769651.6977423234,"97,23%"]
[" 00037555/SINAPI ","ORSE",null,"Esguicho jato regulavel, tipo elkhart, engate rapido 2 1/2\", para combate a incendio","Material","un","4,0000000","","458,47","","1.833,88","",1833.88,"0,03%",5771485.5777423233,"97,26%"]
[" 00039961 ","SINAPI",null,"SILICONE ACETICO USO GERAL INCOLOR 280 G","Material","UN","60,0808500","","30,17","","1.812,64","",1812.6392444999999,"0,03%",5773298.2169868238,"97,29%"]
[" 00013415 ","SINAPI",null,"TORNEIRA DE MESA/BANCADA, PARA LAVATORIO, FIXA, METALICA CROMADA, PADRAO POPULAR, 1/2\" OU 3/4\" (REF 1193)","Material","UN","16,0000000","","112,35","","1.797,60","",1797.6,"0,03%",5775095.8169868235,"97,32%"]
[" 00010685 ","SINAPI",null,"ESCAVADEIRA HIDRAULICA SOBRE ESTEIRAS, CACAMBA 0,80M3, PESO OPERACIONAL 17T, POTENCIA BRUTA 111HP","Equipamento","UN","0,0022095","","810.000,00","","1.789,70","",1789.6981751999999,"0,03%",5776885.5151620237,"97,35%"]
[" 00001333 ","SINAPI",null,"CHAPA DE ACO GROSSA, ASTM A36, E = 1/2\" (12,70 MM) 99,59 KG/M2","Material","KG","174,4758400","","10,00","","1.744,76","",1744.7583999999999,"0,03%",5778630.2735620234,"97,38%"]
[" 00012544 ","SINAPI",null,"ANEL EM CONCRETO ARMADO, LISO, PARA POCOS DE VISITAS, POCOS DE INSPECAO, FOSSAS SEPTICAS E SUMIDOUROS, SEM FUNDO, DIAMETRO INTERNO DE 0,80 M E ALTURA DE 0,50 M","Material","UN","10,0000000","","174,28","","1.742,80","",1742.8,"0,03%",5780373.0735620232,"97,41%"]
[" 9173 ","ORSE",null,"Disjuntor termomagnético tripolar 400 A com caixa moldada 10 kA","Material","un","1,0000000","","1.734,79","","1.734,79","",1734.79,"0,03%",5782107.8635620233,"97,44%"]
[" 9704 ","ORSE",null,"Tala plana perfurada 100mm","Material","un","360,0000000","","4,80","","1.728,00","",1728,"0,03%",5783835.8635620233,"97,47%"]
[" 00039138 ","SINAPI",null,"ABRACADEIRA EM ACO PARA AMARRACAO DE ELETRODUTOS, TIPO U SIMPLES, COM 3/4\"","Material","UN","1.350,0000000","","1,27","","1.714,50","",1714.5,"0,03%",5785550.3635620233,"97,50%"]
[" 00002680 ","SINAPI",null,"ELETRODUTO DE PVC RIGIDO ROSCAVEL DE 1 1/2 \", SEM LUVA","Material","M","133,3420000","","12,67","","1.689,44","",1689.4431400000001,"0,03%",5787239.8067020234,"97,52%"]
[" 00004254 ","SINAPI",null,"OPERADOR DE GUINDASTE (HORISTA)","Mão de Obra","H","76,5201401","","21,71","","1.661,25","",1661.2522406196015,"0,03%",5788901.058942643,"97,55%"]
[" 00038099 ","SINAPI",null,"SUPORTE DE FIXACAO PARA ESPELHO / PLACA 4\" X 2\", PARA 3 MODULOS, PARA INSTALACAO DE TOMADAS E INTERRUPTORES (SOMENTE SUPORTE)","Material","UN","995,0000000","","1,62","","1.611,90","",1611.9,"0,03%",5790512.9589426434,"97,58%"]
[" 13570 ","ORSE",null,"Placa advertência 470 x 340mm, metálica ( perigo de morte )","Material","Un","100,0000000","","16,05","","1.605,00","",1605,"0,03%",5792117.9589426434,"97,61%"]
[" 00002437/SINAPI ","ORSE",null,"Montador de maquinas (horista)","Mão de Obra","h","46,8000000","","33,94","","1.588,52","",1588.5154583999999,"0,03%",5793706.4744010428,"97,63%"]
[" 00000359 ","SINAPI",null,"MUDA DE ARVORE ORNAMENTAL, OITI/AROEIRA SALSA/ANGICO/IPE/JACARANDA OU EQUIVALENTE DA REGIAO, H= *2* M","Material","UN","15,0000000","","103,51","","1.552,65","",1552.65,"0,03%",5795259.1244010432,"97,66%"]
[" 00010885/SINAPI ","ORSE",null,"Caixa de incendio/abrigo para mangueira, de embutir/interna, com 90 x 60 x 17cm, em chapa de aco, porta com ventilacao, visor com a inscricao \"incendio\", suporte/cesta interna para a mangueira, pintura eletrostatica vermelha","Material","un","4,0000000","","386,36","","1.545,44","",1545.44,"0,03%",5796804.5644010436,"97,68%"]
[" 00000732 ","SINAPI",null,"BOMBA CENTRIFUGA MOTOR ELETRICO TRIFASICO 0,99HP DIAMETRO DE SUCCAO X ELEVACAO 1\" X 1\", DIAMETRO DO ROTOR 145 MM, HM/Q: 14 M / 8,4 M3/H A 40 M / 0,60 M3/H","Equipamento","UN","1,0000000","","1.529,65","","1.529,65","",1529.65,"0,03%",5798334.214401043,"97,71%"]
[" 00004718/SINAPI ","ORSE",null,"Pedra britada n. 2 (19 a 38 mm) posto pedreira/fornecedor, sem frete","Material","m³","12,6936150","","120,35","","1.527,68","",1527.6765652500001,"0,03%",5799861.8909662934,"97,74%"]
[" 00004090 ","SINAPI",null,"MOTONIVELADORA POTENCIA BASICA LIQUIDA (PRIMEIRA MARCHA) 125 HP, PESO BRUTO 13843 KG, LARGURA DA LAMINA DE 3,7 M","Equipamento","UN","0,0010726","","1.400.000,00","","1.501,58","",1501.5795106589201,"0,03%",5801363.4704769524,"97,76%"]
[" 00000442 ","SINAPI",null,"PARAFUSO FRANCES M16 EM ACO GALVANIZADO, COMPRIMENTO = 45 MM, DIAMETRO = 16 MM, CABECA ABAULADA","Material","UN","209,1020060","","7,18","","1.501,35","",1501.3524030799999,"0,03%",5802864.8228800325,"97,79%"]
[" 00001332 ","SINAPI",null,"CHAPA DE ACO GROSSA, ASTM A36, E = 3/8\" (9,53 MM) 74,69 KG/M2","Material","KG","147,7467320","","10,16","","1.501,11","",1501.10679712,"0,03%",5804365.9296771521,"97,81%"]
[" 2001 ","ORSE",null,"Saída horizontal para eletroduto 1\" (ref. vl 33 valemam ou similar)","Material","un","330,0000000","","4,50","","1.485,00","",1485,"0,03%",5805850.9296771521,"97,84%"]
[" 00043494 ","SINAPI",null,"EPI - FAMILIA ALMOXARIFE - MENSALISTA (ENCARGOS COMPLEMENTARES - COLETADO CAIXA)","Equipamento","MES","10,0000000","","148,04","","1.480,40","",1480.4,"0,02%",5807331.3296771524,"97,86%"]
[" 1666 ","ORSE",null,"Parafuso p/telha 5/16\" x 110mm c/ arruela metalica e vedacao","Material","cj","738,9000000","","1,99","","1.470,41","",1470.4110000000001,"0,02%",5808801.7406771518,"97,89%"]
[" 00005045 ","SINAPI",null,"POSTE DE CONCRETO ARMADO DE SECAO CIRCULAR, EXTENSAO DE 11,00 M, RESISTENCIA DE 200 A 300 DAN, TIPO C-14","Material","UN","1,0000000","","1.431,39","","1.431,39","",1431.39,"0,02%",5810233.1306771524,"97,91%"]
[" 7153 ","ORSE",null,"Planta - Sibipiruna (caesalpinia peltophoroides)","Material","un","36,0000000","","39,72","","1.429,92","",1429.92,"0,02%",5811663.0506771524,"97,94%"]
[" 00020269 ","SINAPI",null,"LAVATORIO / CUBA DE EMBUTIR, OVAL, DE LOUCA BRANCA, SEM LADRAO, DIMENSOES *50 X 35* CM (L X C)","Material","UN","16,0000000","","88,91","","1.422,56","",1422.56,"0,02%",5813085.6106771519,"97,96%"]
[" 00004512 ","SINAPI",null,"SARRAFO *2,5 X 5* CM EM PINUS, MISTA OU EQUIVALENTE DA REGIAO - BRUTA","Material","M","571,2608000","","2,47","","1.411,01","",1411.0141759999999,"0,02%",5814496.6248531519,"97,98%"]
[" 264 ","ORSE",null,"Suporte decorativo para extintores","Material","un","24,0000000","","56,97","","1.367,28","",1367.28,"0,02%",5815863.9048531521,"98,01%"]
[" 13946 ","ORSE",null,"Luminária  plafon (sobrepor) 22,5 x 22,5 - 18 W - 6000K - G- Light ou similar","Material","un","37,0000000","","36,50","","1.350,50","",1350.5,"0,02%",5817214.4048531521,"98,03%"]
[" 00011717 ","SINAPI",null,"CAIXA SIFONADA, PVC, 150 X 150 X 50 MM, COM GRELHA REDONDA, BRANCA","Material","UN","24,0000000","","54,23","","1.301,52","",1301.52,"0,02%",5818515.9248531517,"98,05%"]
[" 00006157 ","SINAPI",null,"VALVULA EM METAL CROMADO PARA PIA AMERICANA 3.1/2 X 1.1/2\"","Material","UN","16,0000000","","80,31","","1.284,96","",1284.96,"0,02%",5819800.8848531516,"98,07%"]
[" 00010904/SINAPI ","ORSE",null,"Registro ou valvula globo angular em latao, para hidrantes em instalacao predial de incendio, 45 graus, diametro de 2 1/2\", com volante, classe de pressaode ate 200 psi","Material","un","4,0000000","","320,93","","1.283,72","",1283.72,"0,02%",5821084.6048531523,"98,09%"]
[" 4108 ","ORSE",null,"Flange 300 x 100mm para eletrocalha metálica (ref. Mopa ou similar)","Material","un","40,0000000","","31,70","","1.268,00","",1268,"0,02%",5822352.6048531523,"98,12%"]
[" COTAÇÃO - 124 ","Próprio",null,"CHAMINÉ COM 2 METROS DE DUTOS E CHAPÉU TIPO CANHÃO COR PRETA","Material","UN","4,0000000","","315,00","","1.260,00","",1260,"0,02%",5823612.6048531523,"98,14%"]
[" 00034492/SINAPI ","ORSE",null,"Concreto usinado bombeavel, classe de resistencia c20, com brita 0 e 1, slump= 100 +/- 20 mm, exclui servico de bombeamento (nbr 8953)","Material","m³","2,6496000","","475,00","","1.258,56","",1258.56,"0,02%",5824871.1648531519,"98,16%"]
[" 00006014 ","SINAPI",null,"REGISTRO GAVETA COM ACABAMENTO E CANOPLA CROMADOS, SIMPLES, BITOLA 1 1/4\" (REF 1509)","Material","UN","8,0000000","","154,88","","1.239,04","",1239.04,"0,02%",5826110.2048531519,"98,18%"]
[" 12206 ","ORSE",null,"Placa de sinalização vertical 50x80cm","Material","un","2,0000000","","613,80","","1.227,60","",1227.5999999999999,"0,02%",5827337.8048531525,"98,20%"]
[" 10517 ","ORSE",null,"Exames admissionais/demissionais (checkup)","Serviços","cj","3,9615035","","300,00","","1.188,45","",1188.45105558,"0,02%",5828526.2559087323,"98,22%"]
[" 00037588 ","SINAPI",null,"VALVULA DE ESCOAMENTO PARA TANQUE, EM METAL CROMADO, 1.1/2 \", SEM LADRAO, COM TAMPAO PLASTICO","Material","UN","16,0000000","","73,97","","1.183,52","",1183.52,"0,02%",5829709.7759087319,"98,24%"]
[" 00037409 ","SINAPI",null,"CABO DE ALUMINIO NU COM ALMA DE ACO, BITOLA 2/0 AWG","Material","KG","20,0000000","","59,08","","1.181,60","",1181.5999999999999,"0,02%",5830891.3759087324,"98,26%"]
[" 00004823 ","SINAPI",null,"MASSA PLASTICA PARA MARMORE/GRANITO","Material","KG","27,7072000","","42,58","","1.179,77","",1179.7725760000001,"0,02%",5832071.148484732,"98,28%"]
[" 00038102 ","SINAPI",null,"TOMADA 2P+T 20A, 250V (APENAS MODULO)","Material","UN","110,0000000","","10,71","","1.178,10","",1178.0999999999999,"0,02%",5833249.2484847317,"98,30%"]
[" 00043479 ","SINAPI",null,"FERRAMENTAS - FAMILIA SERVENTE - MENSALISTA (ENCARGOS COMPLEMENTARES - COLETADO CAIXA)","Equipamento","MES","10,0000000","","114,72","","1.147,20","",1147.2,"0,02%",5834396.4484847318,"98,32%"]
[" 3374 ","ORSE",null,"Argamassa industrializada Votomassa AC-III, ou similar","Material","kg","443,2843800","","2,58","","1.143,67","",1143.6737003999999,"0,02%",5835540.1221851325,"98,34%"]
[" 00020065 ","SINAPI",null,"TUBO PVC SERIE NORMAL, DN 150 MM, PARA ESGOTO PREDIAL (NBR 5688)","Material","M","37,2485190","","30,50","","1.136,08","",1136.0798295,"0,02%",5836676.2020146325,"98,36%"]
[" 00012869 ","SINAPI",null,"TELHADOR / TELHADISTA (HORISTA)","Mão de Obra","H","55,9580638","","20,11","","1.125,32","",1125.3166620205441,"0,02%",5837801.5186766526,"98,38%"]
[" 00020974/SINAPI ","ORSE",null,"Uniao tipo storz, com empatacao interna tipo anel de expansao, engate rapido 2 1/2\", para mangueira de combate a incendio predial","Material","un","4,0000000","","281,19","","1.124,76","",1124.76,"0,02%",5838926.2786766523,"98,39%"]
[" 2459 ","ORSE",null,"Caminhao tanque 6000 l (m. benz - ATEGO 1418/42 - 136,0 hp ou equivalente)","Equipamento","h","6,0446250","54,4016250","69,19","12,87","418,23","700,15",1118.3765175000001,"0,02%",5840044.6551941531,"98,41%"]
[" 7509 ","ORSE",null,"Cabo de cobre nú 95 mm2 - 2 AWG","Material","kg","16,7600000","","65,76","","1.102,14","",1102.1376,"0,02%",5841146.7927941522,"98,43%"]
[" 10064 ","ORSE",null,"Disjuntor termomagnético tripolar 125 A com caixa moldada 10 kA","Material","un","2,0000000","","542,00","","1.084,00","",1084,"0,02%",5842230.7927941522,"98,45%"]
[" 00037952 ","SINAPI",null,"JOELHO PVC, SOLDAVEL, PB, 45 GRAUS, DN 150 MM, PARA ESGOTO PREDIAL","Material","UN","21,0000000","","51,30","","1.077,30","",1077.3,"0,02%",5843308.0927941529,"98,47%"]
[" 3454 ","ORSE",null,"Eletroduto corrugado flexível em PEAD Ø = 4\", tipo Kanalex ou similar","Material","m","81,2000000","","13,16","","1.068,59","",1068.5920000000001,"0,02%",5844376.6847941522,"98,49%"]
[" 9324 ","ORSE",null,"Disjuntor termomagnético tripolar 150 A, com caixa moldada 10KA","Material","un","2,0000000","","522,00","","1.044,00","",1044,"0,02%",5845420.6847941522,"98,50%"]
[" 00009837 ","SINAPI",null,"TUBO PVC SERIE NORMAL, DN 75 MM, PARA ESGOTO PREDIAL (NBR 5688)","Material","M","94,1498250","","11,05","","1.040,36","",1040.35556625,"0,02%",5846461.0403604023,"98,52%"]
[" 00000367 ","SINAPI",null,"AREIA GROSSA - POSTO JAZIDA/FORNECEDOR (RETIRADO NA JAZIDA, SEM TRANSPORTE)","Material","M³","7,0608870","","146,89","","1.037,17","",1037.173685745357,"0,02%",5847498.2140461477,"98,54%"]
[" 630 ","ORSE",null,"Compensado resinado 12mm - Madeirit ou similar","Material","m²","25,4766840","","40,08","","1.021,11","",1021.10549472,"0,02%",5848519.3195408676,"98,56%"]
[" 00004914 ","SINAPI",null,"PORTA DE ABRIR EM ALUMINIO COM LAMBRI HORIZONTAL/LAMINADA, ACABAMENTO ANODIZADO NATURAL, SEM GUARNICAO/ALIZAR/VISTA","Material","M²","1,6800000","","607,72","","1.020,97","",1020.9696,"0,02%",5849540.289140868,"98,57%"]
[" 00043485 ","SINAPI",null,"EPI - FAMILIA ENCANADOR - HORISTA (ENCARGOS COMPLEMENTARES - COLETADO CAIXA)","Equipamento","H","954,1475840","","1,06","","1.011,40","",1011.39643904,"0,02%",5850551.6855799081,"98,59%"]
[" 2414 ","ORSE",null,"Vassoura piaçava","Material","un","84,1500000","","11,90","","1.001,39","",1001.385,"0,02%",5851553.0705799079,"98,61%"]
[" 00040862 ","SINAPI",null,"ALIMENTACAO - MENSALISTA (COLETADO CAIXA - ENCARGOS COMPLEMENTARES)","Material","MES","10,0000000","","100,00","","1.000,00","",1000,"0,02%",5852553.0705799079,"98,62%"]
[" 00036522 ","SINAPI",null,"COMPRESSOR DE AR REBOCAVEL, VAZAO 189 PCM, PRESSAO EFETIVA DE TRABALHO 102 PSI, MOTOR DIESEL, POTENCIA 63 CV","Material","UN","0,0101893","","97.859,23","","997,12","",997.12093699802995,"0,02%",5853550.191516906,"98,64%"]
[" 00009836 ","SINAPI",null,"TUBO PVC SERIE NORMAL, DN 100 MM, PARA ESGOTO PREDIAL (NBR 5688)","Material","M","83,7168640","","11,67","","976,98","",976.97580287999995,"0,02%",5854527.1673197858,"98,66%"]
[" 00011683 ","SINAPI",null,"ENGATE / RABICHO FLEXIVEL INOX 1/2\" X 30 CM","Material","UN","18,0000000","","53,92","","970,56","",970.56,"0,02%",5855497.7273197863,"98,67%"]
[" 00020020 ","SINAPI",null,"MOTORISTA DE CAMINHAO-BASCULANTE (HORISTA)","Mão de Obra","H","45,6880925","","21,17","","967,22","",967.21691719190403,"0,02%",5856464.944236978,"98,69%"]
[" 00001884 ","SINAPI",null,"CURVA 90 GRAUS, LONGA, DE PVC RIGIDO ROSCAVEL, DE 1\", PARA ELETRODUTO","Material","UN","210,0000000","","4,60","","966,00","",966,"0,02%",5857430.944236978,"98,71%"]
[" 4034 ","ORSE",null,"Emenda interna 100 x 100 mm com base lisa perfurada para eletrocalha metálica(ref. Mopa ou similar)","Material","un","260,0000000","","3,70","","962,00","",962,"0,02%",5858392.944236978,"98,72%"]
[" 2036 ","ORSE",null,"Solucao limpadora pvc","Material","l","13,8628500","","68,86","","954,60","",954.59585100000004,"0,02%",5859347.5400879784,"98,74%"]
[" 00000032 ","SINAPI",null,"ACO CA-50, 6,3 MM, VERGALHAO","Material","KG","90,0940000","","10,59","","954,10","",954.09546,"0,02%",5860301.6355479779,"98,75%"]
[" 00010489 ","SINAPI",null,"VIDRACEIRO (HORISTA)","Mão de Obra","H","53,0038916","","17,97","","952,48","",952.47993233952002,"0,02%",5861254.1154803177,"98,77%"]
[" 00040861 ","SINAPI",null,"TRANSPORTE - MENSALISTA (COLETADO CAIXA - ENCARGOS COMPLEMENTARES)","Material","MES","10,0000000","","93,88","","938,80","",938.8,"0,02%",5862192.9154803175,"98,79%"]
[" 00038112 ","SINAPI",null,"INTERRUPTOR SIMPLES 10A, 250V (APENAS MODULO)","Material","UN","125,0000000","","7,36","","920,00","",920,"0,02%",5863112.9154803175,"98,80%"]
[" 00004257 ","SINAPI",null,"OPERADOR DE MARTELETE OU MARTELETEIRO (HORISTA)","Mão de Obra","H","58,3178111","","15,64","","912,09","",912.09056482200003,"0,02%",5864025.0060451394,"98,82%"]
[" 00009869 ","SINAPI",null,"TUBO PVC, SOLDAVEL, DE 32 MM, AGUA FRIA (NBR-5648)","Material","M","120,7849230","","7,55","","911,93","",911.92616865000002,"0,02%",5864936.9322137898,"98,83%"]
[" 00020254 ","SINAPI",null,"CAIXA DE PASSAGEM METALICA, DE SOBREPOR, COM TAMPA APARAFUSADA, DIMENSOES 15 X 15 X *10* CM","Material","UN","38,0000000","","23,97","","910,86","",910.86,"0,02%",5865847.7922137892,"98,85%"]
[" 00043681 ","SINAPI",null,"CHAPA/PAINEL DE MADEIRA COMPENSADA RESINADA (MADEIRITE RESINADO ROSA) PARA FORMA DE CONCRETO, DE 2200 X 1100 MM, E = 8 A 12 MM","Material","m²","23,1008360","","39,25","","906,71","",906.70781299999999,"0,02%",5866754.5000267895,"98,86%"]
[" 00014511 ","SINAPI",null,"ROLO COMPACTADOR DE PNEUS, ESTATICO, PRESSAO VARIAVEL, POTENCIA 110 HP, PESO SEM/COM LASTRO 10,8/27 T, LARGURA DE ROLAGEM 2,30 M","Equipamento","UN","0,0009065","","997.825,41","","904,54","",904.53622343940594,"0,02%",5867659.036250229,"98,88%"]
[" 12155 ","ORSE",null,"Curva vertical 200 x 100 mm para eletrocalha metálica (ref.: mopa ou similar)","Material","un","8,0000000","","110,36","","882,88","",882.88,"0,01%",5868541.9162502289,"98,89%"]
[" 00009874 ","SINAPI",null,"TUBO PVC, SOLDAVEL, DE 40 MM, AGUA FRIA (NBR-5648)","Material","M","73,6083950","","11,86","","873,00","",872.99556470000005,"0,01%",5869414.911814929,"98,91%"]
[" 00001214 ","SINAPI",null,"CARPINTEIRO DE ESQUADRIAS (HORISTA)","Mão de Obra","H","45,3133089","","19,16","","868,20","",868.20299799683562,"0,01%",5870283.1148129255,"98,92%"]
[" 00043498 ","SINAPI",null,"EPI - FAMILIA ENGENHEIRO CIVIL - MENSALISTA (ENCARGOS COMPLEMENTARES - COLETADO CAIXA)","Equipamento","MES","6,0000000","","140,23","","841,38","",841.38,"0,01%",5871124.4948129253,"98,94%"]
[" 12984 ","ORSE",null,"Granito cinza andorinha, bipolido, e=2cm para divisória","Material","m²","1,2300000","","683,15","","840,27","",840.27449999999999,"0,01%",5871964.7693129256,"98,95%"]
[" 00004384 ","SINAPI",null,"PARAFUSO NIQUELADO COM ACABAMENTO CROMADO PARA FIXAR PECA SANITARIA, INCLUI PORCA CEGA, ARRUELA E BUCHA DE NYLON TAMANHO S-10","Material","UN","36,0000000","","22,86","","822,96","",822.96,"0,01%",5872787.7293129256,"98,97%"]
[" 00039472 ","SINAPI",null,"DISPOSITIVO DPS CLASSE II, 1 POLO, TENSAO MAXIMA DE 275 V, CORRENTE MAXIMA DE *90* KA (TIPO AC)","Material","UN","4,0000000","","200,77","","803,08","",803.08,"0,01%",5873590.8093129257,"98,98%"]
[" 2208 ","ORSE",null,"Terra vegetal","Material","m³","7,3800000","","105,00","","774,90","",774.9,"0,01%",5874365.709312926,"98,99%"]
[" 00043483 ","SINAPI",null,"EPI - FAMILIA CARPINTEIRO DE FORMAS - HORISTA (ENCARGOS COMPLEMENTARES - COLETADO CAIXA)","Equipamento","H","540,1559303","","1,43","","772,42","",772.42298038620004,"0,01%",5875138.1322933119,"99,00%"]
[" 00043132 ","SINAPI",null,"ARAME RECOZIDO 16 BWG, D = 1,65 MM (0,016 KG/M) OU 18 BWG, D = 1,25 MM (0,01 KG/M)","Material","KG","29,4640646","","26,00","","766,07","",766.06567916450001,"0,01%",5875904.1979724765,"99,02%"]
[" 00000098 ","SINAPI",null,"ADAPTADOR PVC SOLDAVEL, COM FLANGE E ANEL DE VEDACAO, 40 MM X 1 1/4\", PARA CAIXA D'AGUA","Material","UN","32,0000000","","23,38","","748,16","",748.16,"0,01%",5876652.3579724766,"99,03%"]
[" 00000979 ","SINAPI",null,"CABO DE COBRE, FLEXIVEL, CLASSE 4 OU 5, ISOLACAO EM PVC/A, ANTICHAMA BWF-B, 1 CONDUTOR, 450/750 V, SECAO NOMINAL 16 MM2","Material","M","41,0800000","","17,66","","725,47","",725.47280000000001,"0,01%",5877377.8307724763,"99,04%"]
[" 11096 ","ORSE",null,"Molde de solda exotérmica para cabo cobre nu 95 mm²","Material","un","2,0000000","","352,00","","704,00","",704,"0,01%",5878081.8307724763,"99,05%"]
[" 9708 ","ORSE",null,"Parafuso fenda em aço inox auto-atarrachante d=4,2 x 32mm, ref:TEL-5333","Material","un","1.320,0000000","","0,53","","699,60","",699.6,"0,01%",5878781.4307724768,"99,07%"]
[" 00037556/SINAPI ","ORSE",null,"Placa de sinalizacao de seguranca contra incendio, fotoluminescente, quadrada, *20 x 20* cm, em pvc *2* mm anti-chamas (simbolos, cores e pictogramas conforme nbr 16820)","Material","un","24,0000000","","28,91","","693,84","",693.84,"0,01%",5879475.2707724767,"99,08%"]
[" 14378 ","ORSE",null,"Caixa para tomada lógica RJ-45, para 2 módulos - Sistema X","Material","un","110,0000000","","6,30","","693,00","",693,"0,01%",5880168.2707724767,"99,09%"]
[" 00006146 ","SINAPI",null,"SIFAO PLASTICO TIPO COPO PARA TANQUE, 1.1/4 X 1.1/2\"","Material","UN","36,0000000","","19,22","","691,92","",691.92,"0,01%",5880860.1907724766,"99,10%"]
[" 00043055 ","SINAPI",null,"ACO CA-50, 12,5 MM OU 16,0 MM, VERGALHAO","Material","KG","79,3650000","","8,70","","690,48","",690.47550000000001,"0,01%",5881550.6662724763,"99,11%"]
[" 00037586 ","SINAPI",null,"PINO DE ACO COM ARRUELA CONICA, DIAMETRO ARRUELA = *23* MM E COMP HASTE = *27* MM (ACAO INDIRETA)","Material","CENTO","13,3785120","","50,90","","680,97","",680.96626079999999,"0,01%",5882231.6325332765,"99,12%"]
[" 7959 ","ORSE",null,"Tampão em latão com corrente, d= 2 1/2\", para engate rápido (incendio)","Material","un","4,0000000","","168,10","","672,40","",672.4,"0,01%",5882904.0325332768,"99,14%"]
[" 00044503/SINAPI ","ORSE",null,"Jardineiro (horista)","Mão de Obra","h","42,4800000","","15,49","","658,19","",658.19217168,"0,01%",5883562.2247049566,"99,15%"]
[" 00001892 ","SINAPI",null,"LUVA EM PVC RIGIDO ROSCAVEL, DE 1\", PARA ELETRODUTO","Material","UN","355,0000000","","1,84","","653,20","",653.20000000000005,"0,01%",5884215.4247049568,"99,16%"]
[" 138 ","ORSE",null,"Adesivo pvc em frasco de 850 gramas","Material","kg","9,0931800","","71,51","","650,25","",650.25330180000003,"0,01%",5884865.6780067561,"99,17%"]
[" 00037591 ","SINAPI",null,"SUPORTE MAO-FRANCESA EM ACO, ABAS IGUAIS 40 CM, CAPACIDADE MINIMA 70 KG, BRANCO","Material","UN","32,0000000","","20,10","","643,20","",643.20000000000005,"0,01%",5885508.8780067563,"99,18%"]
[" 00000123 ","SINAPI",null,"ADITIVO IMPERMEABILIZANTE DE PEGA NORMAL PARA ARGAMASSAS E CONCRETOS SEM ARMACAO, LIQUIDO E ISENTO DE CLORETOS","Material","L","66,4187040","","9,52","","632,31","",632.30606207999995,"0,01%",5886141.1840688363,"99,19%"]
[" 00039443 ","SINAPI",null,"PARAFUSO DRY WALL, EM ACO ZINCADO, CABECA LENTILHA E PONTA BROCA (LB), LARGURA 4,2 MM, COMPRIMENTO 13 MM","Material","UN","2.577,4732000","","0,24","","618,59","",618.593568,"0,01%",5886759.7776368363,"99,20%"]
[" 00004276 ","SINAPI",null,"PARA-RAIOS DE DISTRIBUICAO, TENSAO NOMINAL 15 KV, CORRENTE NOMINAL DE DESCARGA 5 KA","Material","UN","3,0000000","","206,11","","618,33","",618.33000000000004,"0,01%",5887378.1076368364,"99,21%"]
[" 00011033 ","SINAPI",null,"SUPORTE PARA CALHA DE 150 MM EM ACO GALVANIZADO","Material","UN","76,6645700","","8,06","","617,92","",617.91643420000003,"0,01%",5887996.0240710359,"99,22%"]
[" 00034643 ","SINAPI",null,"CAIXA DE INSPECAO PARA ATERRAMENTO E PARA RAIOS, EM POLIPROPILENO, DIAMETRO = 300 MM X ALTURA = 400 MM","Material","UN","14,0000000","","43,74","","612,36","",612.36,"0,01%",5888608.3840710362,"99,23%"]
[" 00009868 ","SINAPI",null,"TUBO PVC, SOLDAVEL, DE 25 MM, AGUA FRIA (NBR-5648)","Material","M","174,3936600","","3,50","","610,38","",610.37780999999995,"0,01%",5889218.7618810367,"99,24%"]
[" 00000305 ","SINAPI",null,"ANEL BORRACHA, PARA TUBO PVC, REDE COLETOR ESGOTO, DN 150 MM (NBR 7362)","Material","UN","48,0000000","","12,68","","608,64","",608.64,"0,01%",5889827.4018810363,"99,25%"]
[" 00044499 ","SINAPI",null,"AJUDANTE DE ESTRUTURAS METALICAS (HORISTA)","Mão de Obra","H","37,0874088","","16,31","","604,90","",604.89563809950243,"0,01%",5890432.2975191362,"99,26%"]
[" 10347 ","ORSE",null,"Fonte de alimentação 15w (24V)","Material","un","2,0000000","","293,19","","586,38","",586.38,"0,01%",5891018.6775191361,"99,27%"]
[" 00040547 ","SINAPI",null,"PARAFUSO ZINCADO, AUTOBROCANTE, FLANGEADO, 4,2 MM X 19 MM","Material","CENTO","20,9100000","","27,77","","580,67","",580.67070000000001,"0,01%",5891599.3482191358,"99,28%"]
[" 00004376 ","SINAPI",null,"BUCHA DE NYLON SEM ABA S8","Material","UN","2.300,0000000","","0,25","","575,00","",575,"0,01%",5892174.3482191358,"99,29%"]
[" 00006114 ","SINAPI",null,"AJUDANTE DE ARMADOR (HORISTA)","Mão de Obra","H","34,7767582","","16,31","","567,21","",567.20892664771281,"0,01%",5892741.5571457837,"99,30%"]
[" 00011964 ","SINAPI",null,"PARAFUSO DE ACO ZINCADO, TIPO CHUMBADOR PARABOLT, DIAMETRO 3/8\", COMPRIMENTO 75 MM","Material","UN","234,2099100","","2,42","","566,79","",566.78798219999999,"0,01%",5893308.345127984,"99,31%"]
[" 00002705 ","SINAPI",null,"ENERGIA ELETRICA ATE 2000 KWH INDUSTRIAL, SEM DEMANDA","Material","KW/H","617,8662116","","0,91","","562,26","",562.25825257956035,"0,01%",5893870.6033805627,"99,32%"]
[" 10362 ","ORSE",null,"Seguro de vida e acidente em grupo","Serviços","un","44,5669146","","12,54","","558,87","",558.86910888649504,"0,01%",5894429.4724894492,"99,33%"]
[" 00043386 ","SINAPI",null,"MEIO-FIO OU GUIA DE CONCRETO PRE-MOLDADO, TIPO CHAPEU PARA BOCA DE LOBO,  DIMENSOES *1,20* X 0,15 X 0,30 M","Material","UN","9,0000000","","61,14","","550,26","",550.26,"0,01%",5894979.7324894499,"99,34%"]
[" COTAÇÃO - 115 ","Próprio",null,"VIDRO ACRÍLICO TRANSPARENTE ANTICHAMA 750 X 950 X 5 MM","Material","UN","1,0000000","","550,00","","550,00","",550,"0,01%",5895529.7324894499,"99,35%"]
[" 00007348 ","SINAPI",null,"TINTA ACRILICA PREMIUM PARA PISO","Material","L","24,1682000","","22,73","","549,34","",549.34318599999995,"0,01%",5896079.0756754493,"99,36%"]
[" 00020078 ","SINAPI",null,"PASTA LUBRIFICANTE PARA TUBOS E CONEXOES COM JUNTA ELASTICA, EMBALAGEM DE *400* GR (USO EM PVC, ACO, POLIETILENO E OUTROS)","Material","UN","21,7563000","","25,24","","549,13","",549.12901199999999,"0,01%",5896628.2046874501,"99,37%"]
[" 00004262 ","SINAPI",null,"PA CARREGADEIRA SOBRE RODAS, POTENCIA LIQUIDA 128 HP, CAPACIDADE DA CACAMBA DE 1,7 A 2,8 M3, PESO OPERACIONAL MAXIMO DE 11632 KG","Equipamento","UN","0,0008956","","612.500,00","","548,58","",548.58405602000005,"0,01%",5897176.7887434699,"99,38%"]
[" 00020083 ","SINAPI",null,"SOLUCAO PREPARADORA / LIMPADORA PARA PVC, FRASCO COM 1000 CM3","Material","UN","7,9159000","","69,30","","548,57","",548.57186999999999,"0,01%",5897725.36061347,"99,39%"]
[" 00037590 ","SINAPI",null,"SUPORTE MAO-FRANCESA EM ACO, ABAS IGUAIS 30 CM, CAPACIDADE MINIMA 60 KG, BRANCO","Material","UN","32,0000000","","16,73","","535,36","",535.36,"0,01%",5898260.7206134694,"99,39%"]
[" 00004239 ","SINAPI",null,"OPERADOR DE MOTONIVELADORA (HORISTA)","Mão de Obra","H","18,7002410","","28,09","","525,29","",525.28976910735332,"0,01%",5898786.0103825768,"99,40%"]
[" 00004509/SINAPI ","ORSE",null,"Sarrafo *2,5 x 10* cm em pinus, mista ou equivalente da regiao - bruta","Material","m","92,8149240","","5,58","","517,91","",517.90727591999996,"0,01%",5899303.9176584966,"99,41%"]
[" 921 ","ORSE",null,"Espelho para caixa vertical 4\"x2\", com 02 saídas rj-45 (krone ou similar)","Material","un","151,0000000","","3,40","","513,40","",513.4,"0,01%",5899817.317658497,"99,42%"]
[" 00004721/SINAPI ","ORSE",null,"Pedra britada n. 1 (9,5 a 19 mm) posto pedreira/fornecedor, sem frete","Material","m³","4,2312050","","119,72","","506,56","",506.55986259999997,"0,01%",5900323.8775210967,"99,43%"]
[" 00000301 ","SINAPI",null,"ANEL BORRACHA PARA TUBO ESGOTO PREDIAL, DN 100 MM (NBR 5688)","Material","UN","139,0000000","","3,64","","505,96","",505.96,"0,01%",5900829.8375210967,"99,44%"]
[" 00012893/SINAPI ","ORSE",null,"Bota de seguranca com biqueira de aco e colarinho acolchoado","Material","par","7,5453967","","66,72","","503,43","",503.42886854457601,"0,01%",5901333.2663896419,"99,45%"]
[" 00000097 ","SINAPI",null,"ADAPTADOR PVC SOLDAVEL, COM FLANGE E ANEL DE VEDACAO, 32 MM X 1\", PARA CAIXA D'AGUA","Material","UN","32,0000000","","15,62","","499,84","",499.84,"0,01%",5901833.1063896418,"99,45%"]
[" 00004222 ","SINAPI",null,"GASOLINA COMUM","Material","L","83,9475482","","5,89","","494,45","",494.45105878962403,"0,01%",5902327.5574484309,"99,46%"]
[" 00039017 ","SINAPI",null,"ESPACADOR / DISTANCIADOR CIRCULAR COM ENTRADA LATERAL, EM PLASTICO, PARA VERGALHAO *4,2 A 12,5* MM, COBRIMENTO 20 MM","Material","UN","2.245,8161768","","0,22","","494,08","",494.07955889635201,"0,01%",5902821.6370073278,"99,47%"]
[" 1095 ","ORSE",null,"Haste cobreada copperweld p/ aterramento d=  5/8\" x 3,00 m, excluso conector","Material","un","6,0000000","","82,01","","492,06","",492.06,"0,01%",5903313.6970073273,"99,48%"]
[" 00020068/SINAPI ","ORSE",null,"Tubo pvc, serie r, dn 50 mm, para esgoto ou aguas pluviais predial (nbr 5688)","Material","m","48,9547000","","10,05","","491,99","",491.99473499999999,"0,01%",5903805.691742328,"99,49%"]
[" 00007622 ","SINAPI",null,"TRATOR DE ESTEIRAS, POTENCIA DE 100 HP, PESO OPERACIONAL DE 9,4 T, COM LAMINA COM CAPACIDADE DE 2,19 M3","Equipamento","UN","0,0004806","","1.010.494,70","","485,64","",485.64302526381601,"0,01%",5904291.3347675912,"99,50%"]
[" 00037734 ","SINAPI",null,"CACAMBA METALICA BASCULANTE COM CAPACIDADE DE 10 M3 (INCLUI MONTAGEM, NAO INCLUI CAMINHAO)","Material","UN","0,0060069","","80.455,33","","483,28","",483.2837783753065,"0,01%",5904774.6185459662,"99,50%"]
[" 10044 ","ORSE",null,"Emenda externa, para perfilado tipo \"I\", 38 x 38 mm, ref. CKP 116 ou similar","Material","un","200,0000000","","2,37","","474,00","",474,"0,01%",5905248.6185459662,"99,51%"]
[" 00039995 ","SINAPI",null,"POLIESTIRENO EXPANDIDO/EPS (ISOPOR), TIPO 2F, BLOCO","Material","m³","1,0662725","","434,59","","463,39","",463.39135708319998,"0,01%",5905712.00990305,"99,52%"]
[" 00001891 ","SINAPI",null,"LUVA EM PVC RIGIDO ROSCAVEL, DE 3/4\", PARA ELETRODUTO","Material","UN","350,0000000","","1,32","","462,00","",462,"0,01%",5906174.00990305,"99,53%"]
[" 00007258 ","SINAPI",null,"TIJOLO CERAMICO MACICO COMUM DE *5 X 10 X 20* CM (L X A X C)","Material","UN","576,9116000","","0,79","","455,76","",455.76016399999997,"0,01%",5906629.7700670501,"99,54%"]
[" 13329 ","ORSE",null,"Placa de sinalização, dim.: 60 x 80 cm,  - \"Estacionamento Reservado - Deficiente/Idosos\", incluso barrote para fixação - fornecimento e instalação","Material","un","2,0000000","","225,98","","451,96","",451.96,"0,01%",5907081.7300670501,"99,54%"]
[" 00000650 ","SINAPI",null,"BLOCO DE VEDACAO DE CONCRETO, 9 X 19 X 39 CM (CLASSE C - NBR 6136)","Material","UN","140,5054000","","3,20","","449,62","",449.61727999999999,"0,01%",5907531.34734705,"99,55%"]
[" 00000996 ","SINAPI",null,"CABO DE COBRE, FLEXIVEL, CLASSE 4 OU 5, ISOLACAO EM PVC/A, ANTICHAMA BWF-B, COBERTURA PVC-ST1, ANTICHAMA BWF-B, 1 CONDUTOR, 0,6/1 KV, SECAO NOMINAL 25 MM2","Material","M","15,4050000","","29,11","","448,44","",448.43955,"0,01%",5907979.7868970502,"99,56%"]
[" 00039813 ","SINAPI",null,"MAQUINA TIPO VASO/TANQUE/JATO DE PRESSAO PORTATIL P/ JATEAMENTO, CONTROLE AUTOMATICO E REMOTO, CAMARA DE 1 SAIDA, 280 L, DIAM. *670* MM, BICO JATO CURTO VENTURI 5/16\", MANGUEIRA 1\" DE 10 M, COMPLETA (VALVULAS POP UP E DOSADORA, FUNDO CONICO ETC)","Equipamento","UN","0,0114526","","38.652,22","","442,67","",442.66980403877386,"0,01%",5908422.4567010887,"99,57%"]
[" 00004238 ","SINAPI",null,"OPERADOR DE ROLO COMPACTADOR (HORISTA)","Mão de Obra","H","19,0591213","","23,11","","440,46","",440.45629337072251,"0,01%",5908862.9129944593,"99,57%"]
[" 00036178 ","SINAPI",null,"PISO TATIL / PODOTATIL, LADRILHO HIDRAULICO/CONCRETO, *40 X 40* CM, E= 2,5* CM, PADRAO TATIL ALERTA OU DIRECIONAL, COR NATURAL","Material","UN","24,7200000","","17,81","","440,26","",440.26319999999998,"0,01%",5909303.1761944592,"99,58%"]
[" 00003767 ","SINAPI",null,"LIXA EM FOLHA PARA PAREDE OU MADEIRA, NUMERO 120, COR VERMELHA","Material","UN","512,5091550","","0,85","","435,63","",435.63278174999999,"0,01%",5909738.8089762097,"99,59%"]
[" 00001649 ","SINAPI",null,"CRUZETA DE FERRO GALVANIZADO, COM ROSCA BSP, DE 1 1/2\"","Material","UN","5,0000000","","85,61","","428,05","",428.05,"0,01%",5910166.8589762095,"99,60%"]
[" 00000378/SINAPI ","ORSE",null,"Armador (horista)","Mão de Obra","h","21,9003680","","19,13","","418,92","",418.92337932480001,"0,01%",5910585.7823555339,"99,60%"]
[" 00004509 ","SINAPI",null,"SARRAFO *2,5 X 10* CM EM PINUS, MISTA OU EQUIVALENTE DA REGIAO - BRUTA","Material","M","80,4372860","","5,18","","416,67","",416.66514147999999,"0,01%",5911002.447497014,"99,61%"]
[" 00000296 ","SINAPI",null,"ANEL BORRACHA PARA TUBO ESGOTO PREDIAL, DN 50 MM (NBR 5688)","Material","UN","200,0000000","","2,05","","410,00","",410,"0,01%",5911412.447497014,"99,62%"]
[" 13654 ","ORSE",null,"Placa de sinalizacao, fotoluminescente, 38x19 cm, em pvc , com logotipo \"Comando manual de alarme de incêndio\"- Placa E2","Material","un","20,0000000","","20,19","","403,80","",403.8,"0,01%",5911816.2474970138,"99,62%"]
[" 00040331 ","SINAPI",null,"ASSENTADOR DE MANILHAS (HORISTA)","Mão de Obra","H","36,2341333","","11,11","","402,56","",402.56122109632003,"0,01%",5912218.8087181104,"99,63%"]
[" 00002590 ","SINAPI",null,"CONDULETE DE ALUMINIO TIPO E, PARA ELETRODUTO ROSCAVEL DE 1\", COM TAMPA CEGA","Material","UN","20,0000000","","19,73","","394,60","",394.6,"0,01%",5912613.4087181101,"99,64%"]
[" 00004491 ","SINAPI",null,"PONTALETE *7,5 X 7,5* CM EM PINUS, MISTA OU EQUIVALENTE DA REGIAO - BRUTA","Material","M","38,0426790","","10,22","","388,80","",388.79617938000001,"0,01%",5913002.2048974903,"99,64%"]
[" 00014513 ","SINAPI",null,"ROLO COMPACTADOR PE DE CARNEIRO VIBRATORIO, POTENCIA 80 HP, PESO OPERACIONAL SEM/COM LASTRO 7,4/8,8 T, LARGURA DE TRABALHO 1,68 M","Equipamento","UN","0,0006096","","625.341,67","","381,18","",381.17909561788474,"0,01%",5913383.3839931088,"99,65%"]
[" 00044945 ","SINAPI",null,"SIFAO / TUBO SINFONADO EXTENSIVEL/SANFONADO, UNIVERSAL/ SIMPLES, ENTRE *50 A 70* CM, DE PLASTICO BRANCO","Material","UN","38,0000000","","10,00","","380,00","",380,"0,01%",5913763.3839931088,"99,66%"]
[" 00043677 ","SINAPI",null,"CHAPA/PAINEL DE MADEIRA COMPENSADA RESINADA (MADEIRITE RESINADO ROSA) PARA FORMA DE CONCRETO, DE 2200 X 1100 MM, E = 20 MM","Material","m²","4,9034110","","77,29","","378,98","",378.98463464420001,"0,01%",5914142.3686277522,"99,66%"]
[" 00000122 ","SINAPI",null,"ADESIVO PLASTICO PARA PVC, FRASCO COM *850* GR","Material","UN","5,9832000","","61,17","","365,99","",365.992344,"0,01%",5914508.3609717526,"99,67%"]
[" 00039394 ","SINAPI",null,"SENSOR DE PRESENCA BIVOLT DE TETO COM FOTOCELULA PARA QUALQUER TIPO DE LAMPADA POTENCIA MAXIMA *1000* W, USO INTERNO","Material","UN","6,0000000","","60,09","","360,54","",360.54,"0,01%",5914868.9009717526,"99,67%"]
[" 00006193 ","SINAPI",null,"TABUA NAO APARELHADA *2,5 X 20* CM, EM MACARANDUBA/MASSARANDUBA, ANGELIM OU EQUIVALENTE DA REGIAO - BRUTA","Material","M","28,7040000","","12,56","","360,52","",360.52224000000001,"0,01%",5915229.4232117524,"99,68%"]
[" 9865 ","ORSE",null,"Patch cords 110/RJ45 de 1,50m","Material","un","10,0000000","","36,00","","360,00","",360,"0,01%",5915589.4232117524,"99,69%"]
[" 00037558 ","SINAPI",null,"PLACA DE SINALIZACAO DE SEGURANCA CONTRA INCENDIO, FOTOLUMINESCENTE, RETANGULAR, *20 X 40* CM, EM PVC *2* MM ANTI-CHAMAS (SIMBOLOS, CORES E PICTOGRAMAS CONFORME NBR 16820)","Material","UN","5,0000000","","70,85","","354,25","",354.25,"0,01%",5915943.6732117524,"99,69%"]
[" 00011280 ","SINAPI",null,"CORTADEIRA DE PISO DE CONCRETO E ASFALTO, PARA DISCO PADRAO DE DIAMETRO 350 MM (14\") OU 450 MM (18\"), MOTOR A GASOLINA, POTENCIA 13 HP, SEM DISCO","Equipamento","UN","0,0270529","","12.565,25","","339,93","",339.92672886415397,"0,01%",5916283.5999406166,"99,70%"]
[" 00039431 ","SINAPI",null,"FITA DE PAPEL MICROPERFURADO, 50 X 150 MM, PARA TRATAMENTO DE JUNTAS DE CHAPA DE GESSO PARA DRYWALL","Material","M","961,8688800","","0,35","","336,65","",336.65410800000001,"0,01%",5916620.2540486166,"99,70%"]
[" 00006016 ","SINAPI",null,"REGISTRO GAVETA BRUTO EM LATAO FORJADO, BITOLA 3/4\" (REF 1509)","Material","UN","9,0000000","","37,30","","335,70","",335.7,"0,01%",5916955.9540486168,"99,71%"]
[" 00007311 ","SINAPI",null,"TINTA ESMALTE SINTETICO PREMIUM ACETINADO","Material","L","11,6224520","","28,36","","329,61","",329.61273871999998,"0,01%",5917285.566787337,"99,72%"]
[" 00021012/SINAPI ","ORSE",null,"Tubo aco galvanizado com costura, classe leve, dn 40 mm (1 1/2\"), e = 3,00 mm, *3,48* kg/m (nbr 5580)","Material","m","6,4000000","","51,46","","329,34","",329.34399999999999,"0,01%",5917614.9107873365,"99,72%"]
[" 00011712/SINAPI ","ORSE",null,"Caixa sifonada, pvc, 150 x 150 x 50 mm, com grelha quadrada, branca (nbr 5688)","Material","un","10,0000000","","32,90","","329,00","",329,"0,01%",5917943.9107873365,"99,73%"]
[" 10599 ","ORSE",null,"Protetor solar fps 30 com 120ml","Material","un","17,8267658","","18,00","","320,88","",320.88178500660001,"0,01%",5918264.7925723437,"99,73%"]
[" 00006194 ","SINAPI",null,"TABUA *2,5 X 15 CM EM PINUS, MISTA OU EQUIVALENTE DA REGIAO - BRUTA","Material","M","44,0000000","","7,29","","320,76","",320.76,"0,01%",5918585.5525723435,"99,74%"]
[" 00020067/SINAPI ","ORSE",null,"Tubo pvc, serie r, dn 40 mm, para esgoto ou aguas pluviais predial (nbr 5688)","Material","m","44,3794000","","7,14","","316,87","",316.86891600000001,"0,01%",5918902.4214883437,"99,74%"]
[" 00010749 ","SINAPI",null,"LOCACAO DE ESCORA METALICA TELESCOPICA, COM ALTURA REGULAVEL DE *1,80* A *3,20* M, COM CAPACIDADE DE CARGA DE NO MINIMO 1000 KGF (10 KN), INCLUSO TRIPE E FORCADO","Equipamento","M/MES","13,3789000","","23,34","","312,26","",312.26352600000001,"0,01%",5919214.6850143429,"99,75%"]
[" 12764 ","ORSE",null,"Cruzeta 300 x 100 mm para eletrocalha perfurada PVC","Material","un","2,0000000","","153,01","","306,02","",306.02,"0,01%",5919520.7050143434,"99,75%"]
[" 00037373 ","SINAPI",null,"SEGURO - HORISTA (COLETADO CAIXA - ENCARGOS COMPLEMENTARES)","Taxas","H","30.053,0829279","","0,01","","300,53","",300.53082927888624,"0,01%",5919821.2358436221,"99,76%"]
[" 00043461 ","SINAPI",null,"FERRAMENTAS - FAMILIA ENCANADOR - HORISTA (ENCARGOS COMPLEMENTARES - COLETADO CAIXA)","Equipamento","H","954,1475840","","0,31","","295,79","",295.78575103999998,"0,00%",5920117.0215946622,"99,76%"]
[" 8347 ","ORSE",null,"Arruela lisa zincada ø 1/4\"","Material","un","5.900,0000000","","0,05","","295,00","",295,"0,00%",5920412.0215946622,"99,77%"]
[" 00001571 ","SINAPI",null,"TERMINAL A COMPRESSAO EM COBRE ESTANHADO PARA CABO 4 MM2, 1 FURO E 1 COMPRESSAO, PARA PARAFUSO DE FIXACAO M5","Material","UN","210,0000000","","1,38","","289,80","",289.8,"0,00%",5920701.821594662,"99,77%"]
[" 00012892/SINAPI ","ORSE",null,"Luva raspa de couro, cano curto (punho *7* cm)","Material","par","22,7786452","","12,51","","284,96","",284.96085185169449,"0,00%",5920986.7824465139,"99,78%"]
[" 00004093 ","SINAPI",null,"MOTORISTA DE CAMINHAO (HORISTA)","Mão de Obra","H","13,6277601","","20,37","","277,60","",277.59747255457813,"0,00%",5921264.3799190689,"99,78%"]
[" 7696 ","ORSE",null,"Massa 3M p/calafetação","Material","kg","10,4090800","","26,06","","271,26","",271.26062480000002,"0,00%",5921535.6405438688,"99,79%"]
[" 00000033 ","SINAPI",null,"ACO CA-50, 8,0 MM, VERGALHAO","Material","KG","25,4190000","","10,66","","270,97","",270.96654000000001,"0,00%",5921806.6070838682,"99,79%"]
[" 00037329 ","SINAPI",null,"REJUNTE EPOXI, QUALQUER COR","Material","KG","2,1698000","","123,67","","268,34","",268.33916599999998,"0,00%",5922074.9462498687,"99,80%"]
[" 00043459 ","SINAPI",null,"FERRAMENTAS - FAMILIA CARPINTEIRO DE FORMAS - HORISTA (ENCARGOS COMPLEMENTARES - COLETADO CAIXA)","Equipamento","H","540,1559303","","0,49","","264,68","",264.67640586660002,"0,00%",5922339.6226557354,"99,80%"]
[" 13415 ","ORSE",null,"Curva horizontal 100 x 100 mm, lisa, zincada, para eletrocalha metálica, com ângulo 90°, (ref.: mopa ou similar)","Material","un","8,0000000","","32,69","","261,52","",261.52,"0,00%",5922601.1426557349,"99,80%"]
[" 00005067/SINAPI ","ORSE",null,"Prego de aco polido com cabeca 16 x 24 (2 1/4 x 12)","Material","kg","14,0418000","","18,43","","258,79","",258.79037399999999,"0,00%",5922859.9330297355,"99,81%"]
[" 00041426 ","SINAPI",null,"MINICAPTOR, EM ACO GALVANIZADO A FOGO, FIXACAO HORIZONTAL DE 2 FUROS, SEM BANDEIRA, H=600 MM X DN=10 MM","Material","UN","18,0000000","","13,95","","251,10","",251.1,"0,00%",5923111.0330297351,"99,81%"]
[" 00001442 ","SINAPI",null,"COMPACTADOR DE SOLO TIPO PLACA VIBRATORIA REVERSIVEL, A GASOLINA 4 TEMPOS, PESO 125 A 150 KG, FORCA CENTRIF. 2500 A 2800 KGF, LARG. TRABALHO 400 A 450 MM, FREQ. VIBRACAO 4300 A 4500 RPM, VELOC. TRABALHO 15 A 20 M/MIN, POT. 5,5 A 6,0 HP","Equipamento","UN","0,0234766","","10.512,92","","246,81","",246.80799292542295,"0,00%",5923357.841022661,"99,82%"]
[" 2540 ","ORSE",null,"Rejunte colorido flexivel  para revestimentos cerâmicos","Material","kg","70,3626000","","3,50","","246,27","",246.26910000000001,"0,00%",5923604.1101226602,"99,82%"]
[" 9333 ","ORSE",null,"Alçapão de alumínio, tipo escama, cor fosca","Material","m²","0,6400000","","382,63","","244,88","",244.88319999999999,"0,00%",5923848.9933226602,"99,83%"]
[" 00009838 ","SINAPI",null,"TUBO PVC SERIE NORMAL, DN 50 MM, PARA ESGOTO PREDIAL (NBR 5688)","Material","M","29,0519460","","8,42","","244,62","",244.61738532000001,"0,00%",5924093.6107079806,"99,83%"]
[" 00044503 ","SINAPI",null,"JARDINEIRO (HORISTA)","Mão de Obra","H","16,3191229","","14,89","","242,99","",242.99174047237,"0,00%",5924336.6024484532,"99,83%"]
[" 00012873 ","SINAPI",null,"IMPERMEABILIZADOR (HORISTA)","Mão de Obra","H","11,3369693","","20,60","","233,54","",233.54156762944001,"0,00%",5924570.1440160824,"99,84%"]
[" 00020085 ","SINAPI",null,"ANEL BORRACHA, DN 50 MM, PARA TUBO SERIE REFORCADA ESGOTO PREDIAL","Material","UN","86,0000000","","2,70","","232,20","",232.2,"0,00%",5924802.3440160826,"99,84%"]
[" 00011681 ","SINAPI",null,"ENGATE/RABICHO FLEXIVEL PLASTICO (PVC OU ABS) BRANCO 1/2\" X 40 CM","Material","UN","30,0000000","","7,63","","228,90","",228.9,"0,00%",5925031.244016082,"99,85%"]
[" 00004253 ","SINAPI",null,"OPERADOR DE GUINCHO OU GUINCHEIRO (HORISTA)","Mão de Obra","H","13,6523709","","16,55","","225,95","",225.94673917698751,"0,00%",5925257.1907552592,"99,85%"]
[" 00020149 ","SINAPI",null,"JOELHO, PVC SERIE R, 45 GRAUS, DN 50 MM, PARA ESGOTO PREDIAL","Material","UN","43,0000000","","5,25","","225,75","",225.75,"0,00%",5925482.9407552592,"99,85%"]
[" 00000135 ","SINAPI",null,"ARGAMASSA POLIMERICA IMPERMEABILIZANTE SEMIFLEXIVEL, BICOMPONENTE, A BASE DE CIMENTO E ADITIVOS","Material","KG","51,6924800","","4,36","","225,38","",225.3792128,"0,00%",5925708.3199680597,"99,86%"]
[" 13355 ","ORSE",null,"Arruela de pressão 1/4\"","Material","un","4.500,0000000","","0,05","","225,00","",225,"0,00%",5925933.3199680597,"99,86%"]
[" 2212 ","ORSE",null,"Tijolo cerâmico maciço 5 x 9 x 19cm","Material","un","386,2400000","","0,58","","224,02","",224.01920000000001,"0,00%",5926157.3391680596,"99,86%"]
[" 00000439/SINAPI ","ORSE",null,"Parafuso m16 em aco galvanizado, comprimento = 300 mm, diametro = 16 mm, rosca maquina, cabeca quadrada","Material","un","12,0000000","","18,28","","219,36","",219.36,"0,00%",5926376.699168059,"99,87%"]
[" 10596 ","ORSE",null,"Protetor auricular","Material","un","44,5669146","","4,90","","218,38","",218.377881462825,"0,00%",5926595.0770495217,"99,87%"]
[" 00002701/SINAPI ","ORSE",null,"Instalador de tubulacoes - tubos/equipamentos (horista)","Mão de Obra","h","9,6000000","","22,40","","215,06","",215.0564736,"0,00%",5926810.1335231224,"99,88%"]
[" 00039393 ","SINAPI",null,"SENSOR DE PRESENCA BIVOLT DE PAREDE SEM FOTOCELULA PARA QUALQUER TIPO DE LAMPADA POTENCIA MAXIMA *1000* W, USO INTERNO","Material","UN","4,0000000","","53,39","","213,56","",213.56,"0,00%",5927023.693523122,"99,88%"]
[" 00006153 ","SINAPI",null,"VALVULA EM PLASTICO BRANCO PARA TANQUE OU LAVATORIO 1 \", SEM UNHO E SEM LADRAO","Material","UN","36,0000000","","5,88","","211,68","",211.68,"0,00%",5927235.3735231217,"99,88%"]
[" 00034709 ","SINAPI",null,"DISJUNTOR TERMOMAGNETICO PARA TRILHO DIN (IEC), TRIPOLAR, 10 - 50 A","Material","UN","3,0000000","","70,49","","211,47","",211.47,"0,00%",5927446.8435231224,"99,89%"]
[" 00003899 ","SINAPI",null,"LUVA SIMPLES, PVC, SOLDAVEL, DN 100 MM, SERIE NORMAL, PARA ESGOTO PREDIAL","Material","UN","41,0000000","","5,13","","210,33","",210.33,"0,00%",5927657.1735231224,"99,89%"]
[" 00006138 ","SINAPI",null,"ANEL DE VEDACAO, PVC FLEXIVEL, 100 MM, PARA SAIDA DE BACIA / VASO SANITARIO","Material","UN","18,0000000","","11,57","","208,26","",208.26,"0,00%",5927865.4335231222,"99,89%"]
[" 00003670 ","SINAPI",null,"JUNCAO SIMPLES, PVC, 45 GRAUS, DN 100 X 100 MM, SERIE NORMAL PARA ESGOTO PREDIAL","Material","UN","11,0000000","","18,81","","206,91","",206.91,"0,00%",5928072.3435231224,"99,90%"]
[" 4096 ","ORSE",null,"Tê horizontal 100 x 100mm para eletrocalha metálica (ref. Mopa ou similar)","Material","un","8,0000000","","25,70","","205,60","",205.6,"0,00%",5928277.943523122,"99,90%"]
[" 00011950 ","SINAPI",null,"BUCHA DE NYLON SEM ABA S6, COM PARAFUSO DE 4,20 X 40 MM EM ACO ZINCADO COM ROSCA SOBERBA, CABECA CHATA E FENDA PHILLIPS","Material","UN","790,0000000","","0,26","","205,40","",205.4,"0,00%",5928483.3435231224,"99,90%"]
[" 00004351 ","SINAPI",null,"PARAFUSO NIQUELADO 3 1/2\" COM ACABAMENTO CROMADO PARA FIXAR PECA SANITARIA, INCLUI PORCA CEGA, ARRUELA E BUCHA DE NYLON TAMANHO S-8","Material","UN","12,0000000","","16,94","","203,28","",203.28,"0,00%",5928686.6235231217,"99,91%"]
[" 00004517 ","SINAPI",null,"SARRAFO *2,5 X 7,5* CM EM PINUS, MISTA OU EQUIVALENTE DA REGIAO - BRUTA","Material","M","56,4234251","","3,57","","201,43","",201.43162746420001,"0,00%",5928888.0551505862,"99,91%"]
[" 00034547 ","SINAPI",null,"TELA DE ACO SOLDADA GALVANIZADA/ZINCADA PARA ALVENARIA, FIO D = *1,20 A 1,70* MM, MALHA 15 X 15 MM, (C X L) *50 X 12* CM","Material","M","53,5500000","","3,63","","194,39","",194.38650000000001,"0,00%",5929082.4416505862,"99,91%"]
[" 00006141 ","SINAPI",null,"ENGATE/RABICHO FLEXIVEL PLASTICO (PVC OU ABS) BRANCO 1/2\" X 30 CM","Material","UN","32,0000000","","6,05","","193,60","",193.6,"0,00%",5929276.0416505868,"99,92%"]
[" 48 ","ORSE",null,"Auxiliar topografia - SICRO","Mão de Obra","h","8,7934000","","21,79","","191,57","",191.56729669000001,"0,00%",5929467.6089472761,"99,92%"]
[" 00043475 ","SINAPI",null,"FERRAMENTAS - FAMILIA ENCARREGADO GERAL - MENSALISTA (ENCARGOS COMPLEMENTARES - COLETADO CAIXA)","Equipamento","MES","10,0000000","","18,73","","187,30","",187.3,"0,00%",5929654.908947276,"99,92%"]
[" 00000297 ","SINAPI",null,"ANEL BORRACHA PARA TUBO ESGOTO PREDIAL, DN 75 MM (NBR 5688)","Material","UN","61,0000000","","3,02","","184,22","",184.22,"0,00%",5929839.1289472766,"99,93%"]
[" 00007343 ","SINAPI",null,"TINTA ACRILICA A BASE DE SOLVENTE, PARA SINALIZACAO HORIZONTAL VIARIA (NBR 11862)","Material","L","10,2480000","","17,97","","184,16","",184.15656000000001,"0,00%",5930023.2855072767,"99,93%"]
[" 12854 ","ORSE",null,"Abraçadeira de alumínio1 \" 25mm (DAISA BC-100) ou similar","Material","un","60,0000000","","3,04","","182,40","",182.4,"0,00%",5930205.6855072761,"99,93%"]
[" 00004030 ","SINAPI",null,"VEU DE POLIESTER PARA IMPERMEABILIZACAO","Material","M²","15,1345600","","11,86","","179,50","",179.49588159999999,"0,00%",5930385.1813888764,"99,94%"]
[" 00002711/SINAPI ","ORSE",null,"Carrinho de mao de aco capacidade 50 a 60 l, pneu com camara","Material","un","1,0783737","","166,00","","179,01","",179.01003448220001,"0,00%",5930564.1914233584,"99,94%"]
[" 00011945 ","SINAPI",null,"BUCHA DE NYLON SEM ABA S4","Material","UN","2.500,0000000","","0,07","","175,00","",175,"0,00%",5930739.1914233584,"99,94%"]
[" 10338 ","ORSE",null,"Molde de solda exotérmica tipo \"T\" para cabo cobre nu 35 mm²","Material","un","1,0000000","","172,60","","172,60","",172.6,"0,00%",5930911.791423359,"99,94%"]
[" 00007097 ","SINAPI",null,"TE SANITARIO, PVC, DN 50 X 50 MM, SERIE NORMAL, PARA ESGOTO PREDIAL","Material","UN","29,0000000","","5,88","","170,52","",170.52,"0,00%",5931082.3114233585,"99,95%"]
[" 00003520 ","SINAPI",null,"JOELHO PVC, SOLDAVEL, PB, 90 GRAUS, DN 100 MM, PARA ESGOTO PREDIAL","Material","UN","26,0000000","","6,50","","169,00","",169,"0,00%",5931251.3114233585,"99,95%"]
[" 00001573 ","SINAPI",null,"TERMINAL A COMPRESSAO EM COBRE ESTANHADO PARA CABO 6 MM2, 1 FURO E 1 COMPRESSAO, PARA PARAFUSO DE FIXACAO M6","Material","UN","100,0000000","","1,65","","165,00","",165,"0,00%",5931416.3114233585,"99,95%"]
[" 1569 ","ORSE",null,"Madeira mista serrada (barrote) 6 x 6cm - 0,0036 m3/m (angelim, louro)","Material","m","24,0525720","","6,75","","162,35","",162.354861,"0,00%",5931578.6662843581,"99,96%"]
[" 00004248 ","SINAPI",null,"OPERADOR DE PA CARREGADEIRA (HORISTA)","Mão de Obra","H","7,8891313","","20,32","","160,31","",160.30714822651521,"0,00%",5931738.9734325847,"99,96%"]
[" 70 ","ORSE",null,"Topógrafo - SICRO","Mão de Obra","h","4,3167600","","36,96","","159,55","",159.55049723255999,"0,00%",5931898.5239298176,"99,96%"]
[" 00013246 ","SINAPI",null,"PARAFUSO DE ACO ZINCADO, SEXTAVADO, COM ROSCA INTEIRA, DIAMETRO 5/16\", COMPRIMENTO 3/4\", COM PORCA E ARRUELA LISA LEVE","Material","UN","351,3500000","","0,45","","158,11","",158.10749999999999,"0,00%",5932056.6314298175,"99,96%"]
[" 00043130/SINAPI ","ORSE",null,"Arame galvanizado 12 bwg, d = 2,76 mm (0,048 kg/m) ou 14 bwg, d = 2,11 mm (0,026 kg/m)","Material","kg","7,1553000","","22,00","","157,42","",157.41659999999999,"0,00%",5932214.0480298176,"99,97%"]
[" 00040270 ","SINAPI",null,"VIGA DE ESCORAMENTO H20, DE MADEIRA, PESO DE 5,00 A 5,20 KG/M, COM EXTREMIDADES PLASTICAS","Material","M","1,2806000","","121,53","","155,63","",155.63131799999999,"0,00%",5932369.6793478178,"99,97%"]
[" 00011831 ","SINAPI",null,"TORNEIRA PLASTICA PARA TANQUE 1/2\" OU 3/4\" COM BICO PARA MANGUEIRA","Material","UN","8,0000000","","19,13","","153,04","",153.04,"0,00%",5932522.7193478178,"99,97%"]
[" 2315 ","ORSE",null,"Tubo de aço galvanizado leve c/ costura c/ rosca BSP Ø = 26,9mm ( 3/4\"), e = 2,25mm, l = 6000mm NBR 5580","Material","m","6,0000000","","23,79","","142,74","",142.74,"0,00%",5932665.459347818,"99,97%"]
[" 00007640 ","SINAPI",null,"TRATOR DE PNEUS COM POTENCIA DE 85 CV, TRACAO 4 X 4, PESO COM LASTRO DE 4675 KG","Equipamento","UN","0,0005180","","275.000,00","","142,45","",142.44792102153249,"0,00%",5932807.907268839,"99,98%"]
[" 00037950 ","SINAPI",null,"JOELHO PVC, SOLDAVEL, PB, 90 GRAUS, DN 150 MM, PARA ESGOTO PREDIAL","Material","UN","3,0000000","","47,23","","141,69","",141.69,"0,00%",5932949.5972688394,"99,98%"]
[" 00044477 ","SINAPI",null,"MICROESFERAS DE VIDRO PARA SINALIZACAO HORIZONTAL VIARIA, TIPO II-A (DROP-ON) - NBR  16184","Material","KG","6,0000000","","23,33","","139,98","",139.97999999999999,"0,00%",5933089.5772688389,"99,98%"]
[" 00044535/SINAPI ","ORSE",null,"Servico de bombeamento de concreto com consumo minimo de 40 m3, (disponibilizacao de bomba), sem o lancamento","Material","m³","2,6496000","","48,83","","129,38","",129.37996799999999,"0,00%",5933218.9572368395,"99,98%"]
[" 00003528 ","SINAPI",null,"JOELHO PVC, SOLDAVEL, PB, 45 GRAUS, DN 100 MM, PARA ESGOTO PREDIAL","Material","UN","18,0000000","","7,16","","128,88","",128.88,"0,00%",5933347.8372368393,"99,99%"]
[" 00012815 ","SINAPI",null,"FITA CREPE ROLO DE 25 MM X 50 M","Material","UN","15,1460000","","8,49","","128,59","",128.58954,"0,00%",5933476.4267768394,"99,99%"]
[" 11977 ","ORSE",null,"Cartucho p/ solda exotermica nr 45","Material","un","9,0000000","","13,92","","125,28","",125.28,"0,00%",5933601.7067768387,"99,99%"]
[" 14368 ","ORSE",null,"Interruptor diferencial residual - IDR 2P DR 4x63A/30mA","Material","un","1,0000000","","124,55","","124,55","",124.55,"0,00%",5933726.2567768395,"99,99%"]
[" 00007141 ","SINAPI",null,"TE SOLDAVEL, PVC, 90 GRAUS, 40 MM, PARA AGUA FRIA PREDIAL (NBR 5648)","Material","UN","16,0000000","","7,77","","124,32","",124.32,"0,00%",5933850.5767768389,"99,99%"]
[" 00002373 ","SINAPI",null,"DISJUNTOR TIPO NEMA, TRIPOLAR 60 ATE 100 A, TENSAO MAXIMA DE 415 V","Material","UN","1,0000000","","122,95","","122,95","",122.95,"0,00%",5933973.526776839,"100,00%"]
[" 6902 ","ORSE",null,"Chave para engate rápido storz 2 1/2\" (incendio)","Material","un","4,0000000","","30,56","","122,24","",122.24,"0,00%",5934095.7667768393,"100,00%"]
[" 00020147 ","SINAPI",null,"JOELHO PVC, SOLDAVEL, COM BUCHA DE LATAO, 90 GRAUS, 25 MM X 1/2\", PARA AGUA FRIA PREDIAL","Material","UN","26,0000000","","4,51","","117,26","",117.26,"0,00%",5934213.026776839,"100,00%"]
[" 3154 ","ORSE",null,"Cabeçote de alumínio de 4\"","Material","Un","3,0000000","","38,90","","116,70","",116.7,"0,00%",5934329.7267768392,"100,00%"]
[" 00001570 ","SINAPI",null,"TERMINAL A COMPRESSAO EM COBRE ESTANHADO PARA CABO 2,5 MM2, 1 FURO E 1 COMPRESSAO, PARA PARAFUSO DE FIXACAO M5","Material","UN","110,0000000","","1,06","","116,60","",116.6,"0,00%",5934446.3267768389,"100,00%"]
[" 5931 ","ORSE",null,"Técnico cadastro","Mão de Obra","h","3,1976000","","36,17","","115,67","",115.6709672608,"0,00%",5934561.9977441002,"100,01%"]
[" 00000444/SINAPI ","ORSE",null,"Pino rosca externa, em aco galvanizado, para isolador de 15kv, diametro 25 mm, comprimento *290* mm","Material","un","6,0000000","","19,20","","115,20","",115.2,"0,00%",5934677.1977441004,"100,01%"]
[" 00037736 ","SINAPI",null,"TANQUE DE ACO CARBONO NAO REVESTIDO, PARA TRANSPORTE DE AGUA COM CAPACIDADE DE 10 M3, COM BOMBA CENTRIFUGA POR TOMADA DE FORCA, VAZAO MAXIMA *75* M3/H (INCLUI MONTAGEM, NAO INCLUI CAMINHAO)","Material","UN","0,0012726","","85.950,00","","109,38","",109.37677738163747,"0,00%",5934786.574521482,"100,01%"]
[" 00043470 ","SINAPI",null,"FERRAMENTAS - FAMILIA ALMOXARIFE - MENSALISTA (ENCARGOS COMPLEMENTARES - COLETADO CAIXA)","Equipamento","MES","10,0000000","","10,89","","108,90","",108.9,"0,00%",5934895.4745214814,"100,01%"]
[" 00003524 ","SINAPI",null,"JOELHO PVC, SOLDAVEL, COM BUCHA DE LATAO, 90 GRAUS, 25 MM X 3/4\", PARA AGUA FRIA PREDIAL","Material","UN","16,0000000","","6,79","","108,64","",108.64,"0,00%",5935004.114521482,"100,01%"]
[" 13348 ","ORSE",null,"Tampa de encaixe 100mm para Tê horizontal, zincada, para eletrocalha metálica(ref.: mopa ou similar)","Material","un","8,0000000","","13,55","","108,40","",108.4,"0,00%",5935112.5145214815,"100,02%"]
[" 00006142 ","SINAPI",null,"CONJUNTO DE LIGACAO AJUSTAVEL, PARA VASO / BACIA SANITARIA, EM PLASTICO BRANCO, COM TUBO, CANOPLA E ESPUDE","Material","UN","14,0000000","","7,74","","108,36","",108.36,"0,00%",5935220.8745214818,"100,02%"]
[" 13345 ","ORSE",null,"Tampa de encaixe para curva 90º, vertical, 100mm, zincada, para eletrocalha metálica (ref. mopa ou similar)","Material","un","8,0000000","","13,41","","107,28","",107.28,"0,00%",5935328.1545214811,"100,02%"]
[" 00013458 ","SINAPI",null,"COMPACTADOR DE SOLOS DE PERCURSAO (SOQUETE) COM MOTOR A GASOLINA 4 TEMPOS DE 4 HP (4 CV)","Equipamento","UN","0,0066984","","15.517,56","","103,94","",103.94343430696094,"0,00%",5935432.0979557885,"100,02%"]
[" 00036397 ","SINAPI",null,"BETONEIRA, CAPACIDADE NOMINAL 600 L, CAPACIDADE DE MISTURA 360L, MOTOR ELETRICO TRIFASICO 220/380V, POTENCIA 4CV, EXCLUSO CARREGADOR","Equipamento","UN","0,0044876","","22.983,05","","103,14","",103.13977427332944,"0,00%",5935535.2377300616,"100,02%"]
[" 00003526 ","SINAPI",null,"JOELHO PVC, SOLDAVEL, PB, 90 GRAUS, DN 50 MM, PARA ESGOTO PREDIAL","Material","UN","43,0000000","","2,39","","102,77","",102.77,"0,00%",5935638.0077300621,"100,02%"]
[" 11241 ","ORSE",null,"Alicate volt-amperimetro","Material","un","0,6189979","","163,00","","100,90","",100.89666096000001,"0,00%",5935738.9043910215,"100,03%"]
[" 00013896 ","SINAPI",null,"VIBRADOR DE IMERSAO, DIAMETRO DA PONTEIRA DE *45* MM, COM MOTOR ELETRICO TRIFASICO DE 2 HP (2 CV)","Equipamento","UN","0,0295044","","3.390,99","","100,05","",100.04905882572568,"0,00%",5935838.9534498472,"100,03%"]
[" 00043132/SINAPI ","ORSE",null,"Arame recozido 16 bwg, d = 1,65 mm (0,016 kg/m) ou 18 bwg, d = 1,25 mm (0,01 kg/m)","Material","kg","4,4467600","","22,00","","97,83","",97.828720000000004,"0,00%",5935936.7821698477,"100,03%"]
[" 00003519 ","SINAPI",null,"JOELHO PVC, SOLDAVEL, PB, 45 GRAUS, DN 75 MM, PARA ESGOTO PREDIAL","Material","UN","15,0000000","","6,21","","93,15","",93.15,"0,00%",5936029.9321698472,"100,03%"]
[" 13346 ","ORSE",null,"Tê vertical descida lateral 100 x 75 mm, liso, zincado, para eletrocalha metálica (ref.: mopa ou similar)","Material","un","2,0000000","","45,53","","91,06","",91.06,"0,00%",5936120.9921698477,"100,03%"]
[" 00010908 ","SINAPI",null,"JUNCAO DE REDUCAO INVERTIDA, PVC SOLDAVEL, 100 X 50 MM, SERIE NORMAL PARA ESGOTO PREDIAL","Material","UN","6,0000000","","14,94","","89,64","",89.64,"0,00%",5936210.6321698474,"100,03%"]
[" 13344 ","ORSE",null,"Tampa de encaixe para curva 90º, horizontal, 100mm, zincada, para eletrocalhametálica (ref. mopa ou similar)","Material","un","8,0000000","","11,14","","89,12","",89.12,"0,00%",5936299.7521698475,"100,04%"]
[" 00010835 ","SINAPI",null,"JOELHO PVC, COM BOLSA E ANEL, 90 GRAUS, DN 40 X *38* MM, SERIE NORMAL, PARA ESGOTO PREDIAL","Material","UN","20,0000000","","4,44","","88,80","",88.8,"0,00%",5936388.5521698473,"100,04%"]
[" 1997 ","ORSE",null,"Sabão em pó","Material","kg","8,4150000","","10,48","","88,19","",88.1892,"0,00%",5936476.7413698472,"100,04%"]
[" 3800 ","ORSE",null,"Adubo mineral NPK (10-10-10)","Material","kg","28,8000000","","3,00","","86,40","",86.4,"0,00%",5936563.1413698476,"100,04%"]
[" 00007114 ","SINAPI",null,"TE PVC, SOLDAVEL, COM BUCHA DE LATAO NA BOLSA CENTRAL, 90 GRAUS, 32 MM X 3/4\", PARA AGUA FRIA PREDIAL","Material","UN","8,0000000","","10,79","","86,32","",86.32,"0,00%",5936649.4613698479,"100,04%"]
[" 00003502 ","SINAPI",null,"JOELHO, PVC SOLDAVEL, 45 GRAUS, 40 MM, COR MARROM, PARA AGUA FRIA PREDIAL","Material","UN","17,0000000","","5,02","","85,34","",85.34,"0,00%",5936734.8013698477,"100,04%"]
[" 00007304 ","SINAPI",null,"TINTA EPOXI BASE AGUA PREMIUM, BRANCA","Material","L","1,4720000","","56,65","","83,39","",83.388800000000003,"0,00%",5936818.1901698476,"100,04%"]
[" 00010535 ","SINAPI",null,"BETONEIRA CAPACIDADE NOMINAL 400 L, CAPACIDADE DE MISTURA 280 L, MOTOR ELETRICO TRIFASICO 220/380 V POTENCIA 2 CV, SEM CARREGADOR","Equipamento","UN","0,0146857","","5.650,00","","82,97","",82.974405228157508,"0,00%",5936901.1645750757,"100,05%"]
[" 00012895/SINAPI ","ORSE",null,"Capacete de seguranca aba frontal com suspensao de polietileno, sem jugular (classe b)","Material","un","5,9422553","","13,90","","82,60","",82.597348362809996,"0,00%",5936983.7619234389,"100,05%"]
[" 00011658 ","SINAPI",null,"TE SANITARIO, PVC, DN 75 X 75 MM, SERIE NORMAL PARA ESGOTO PREDIAL","Material","UN","6,0000000","","13,00","","78,00","",78,"0,00%",5937061.7619234389,"100,05%"]
[" 00037752 ","SINAPI",null,"CAMINHAO TOCO, PESO BRUTO TOTAL 16000 KG, CARGA UTIL MAXIMA 11030 KG, DISTANCIA ENTRE EIXOS 5,41 M, POTENCIA 185 CV (INCLUI CABINE E CHASSI, NAO INCLUI CARROCERIA)","Equipamento","UN","0,0001349","","563.990,17","","76,08","",76.08055083023261,"0,00%",5937137.8424742687,"100,05%"]
[" 13315 ","ORSE",null,"Terminal 100 x 100 mm, galvanizado à fogo, para eletrocalha metalica (ref. Mopa ou similar)","Material","un","4,0000000","","17,94","","71,76","",71.760000000000005,"0,00%",5937209.6024742685,"100,05%"]
[" 00037544 ","SINAPI",null,"MISTURADOR DE ARGAMASSA, EIXO HORIZONTAL, CAPACIDADE DE MISTURA 300 KG, MOTOR ELETRICO TRIFASICO 220/380 V, POTENCIA 5 CV","Equipamento","UN","0,0047718","","14.975,24","","71,46","",71.458519578700802,"0,00%",5937281.0609938474,"100,05%"]
[" 00040703 ","SINAPI",null,"MARTELO DEMOLIDOR ELETRICO, COM POTENCIA DE 2.000 W, FREQUENCIA DE 1.000 IMPACTOS POR MINUTO, FORCA DE IMPACTO ENTRE 60 E 65 J, PESO DE 30 KG","Equipamento","UN","0,0058942","","12.046,67","","71,01","",71.005506407339993,"0,00%",5937352.0665002549,"100,05%"]
[" 13653 ","ORSE",null,"Placa de sinalizacao, fotoluminescente, 30x30 cm, em pvc , com logotipo \"Alarme sonoro\"- Placa E1","Material","un","4,0000000","","17,75","","71,00","",71,"0,00%",5937423.0665002549,"100,05%"]
[" 13652 ","ORSE",null,"Placa de sinalizacao, fotoluminescente, 30x30 cm, em pvc , com logotipo \"Abrigo de mangueira e hidrante\"- Placa E7","Material","un","4,0000000","","17,75","","71,00","",71,"0,00%",5937494.0665002549,"100,06%"]
[" 00005066 ","SINAPI",null,"PREGO DE ACO POLIDO COM CABECA 12 X 12","Material","KG","3,2560000","","21,44","","69,81","",69.808639999999997,"0,00%",5937563.8751402544,"100,06%"]
[" 00003472 ","SINAPI",null,"COTOVELO 90 GRAUS DE FERRO GALVANIZADO, COM ROSCA BSP, DE 1\"","Material","UN","4,0000000","","17,39","","69,56","",69.56,"0,00%",5937633.4351402549,"100,06%"]
[" 00038383 ","SINAPI",null,"LIXA D'AGUA EM FOLHA, GRAO 100","Material","UN","33,1920790","","2,07","","68,71","",68.70760353,"0,00%",5937702.1427437849,"100,06%"]
[" 00005061 ","SINAPI",null,"PREGO DE ACO POLIDO COM CABECA 18 X 27 (2 1/2 X 10)","Material","KG","4,2478400","","16,00","","67,97","",67.965440000000001,"0,00%",5937770.1081837844,"100,06%"]
[" 00001106/SINAPI ","ORSE",null,"Cal hidratada ch-i para argamassas","Material","kg","53,7191200","","1,23","","66,07","",66.074517599999993,"0,00%",5937836.1827013846,"100,06%"]
[" 00004375 ","SINAPI",null,"BUCHA DE NYLON SEM ABA S6","Material","UN","500,0000000","","0,13","","65,00","",65,"0,00%",5937901.1827013846,"100,06%"]
[" 00004718 ","SINAPI",null,"PEDRA BRITADA N. 2 (19 A 38 MM) POSTO PEDREIRA/FORNECEDOR, SEM FRETE","Material","M³","0,2160000","","300,00","","64,80","",64.8,"0,00%",5937965.9827013845,"100,06%"]
[" 00004350 ","SINAPI",null,"BUCHA DE NYLON, DIAMETRO DO FURO 8 MM, COMPRIMENTO 40 MM, COM PARAFUSO DE ROSCA SOBERBA, CABECA CHATA, FENDA SIMPLES, 4,8 X 50 MM","Material","UN","96,0000000","","0,65","","62,40","",62.4,"0,00%",5938028.3827013848,"100,06%"]
[" 00044478 ","SINAPI",null,"MICROESFERAS DE VIDRO PARA SINALIZACAO HORIZONTAL VIARIA, TIPO I-B (PREMIX) - NBR  16184","Material","KG","2,6400000","","23,33","","61,59","",61.591200000000001,"0,00%",5938089.9739013845,"100,07%"]
[" 00034353 ","SINAPI",null,"ARGAMASSA COLANTE AC II","Material","KG","33,1008000","","1,86","","61,57","",61.567487999999997,"0,00%",5938151.5413893852,"100,07%"]
[" 00037763 ","SINAPI",null,"CAVALO MECANICO TRACAO 4X2, PESO BRUTO TOTAL 16000 KG, CAPACIDADE MAXIMA DE TRACAO *45000* KG, DISTANCIA ENTRE EIXOS *3,56* M, POTENCIA *330* CV (INCLUI CABINE E CHASSI, NAO INCLUI SEMIRREBOQUE)","Equipamento","UN","0,0000796","","753.762,50","","60,03","",60.027075169874998,"0,00%",5938211.5684645548,"100,07%"]
[" 00003406/SINAPI ","ORSE",null,"Isolador de porcelana, tipo pino monocorpo, para tensao de *15* kv","Material","un","6,0000000","","10,00","","60,00","",60,"0,00%",5938271.5684645548,"100,07%"]
[" 00020148 ","SINAPI",null,"JOELHO, PVC SERIE R, 45 GRAUS, DN 40 MM, PARA ESGOTO PREDIAL","Material","UN","19,0000000","","3,14","","59,66","",59.66,"0,00%",5938331.228464555,"100,07%"]
[" 00020247 ","SINAPI",null,"PREGO DE ACO POLIDO COM CABECA 15 X 15 (1 1/4 X 13)","Material","KG","3,2852507","","18,02","","59,20","",59.200217073399998,"0,00%",5938390.4286816278,"100,07%"]
[" 00006019 ","SINAPI",null,"REGISTRO GAVETA BRUTO EM LATAO FORJADO, BITOLA 1\" (REF 1509)","Material","UN","1,0000000","","58,88","","58,88","",58.88,"0,00%",5938449.3086816277,"100,07%"]
[" 00011273 ","SINAPI",null,"ALCA PREFORMADA DE DISTRIBUICAO, EM ACO GALVANIZADO, PARA CONDUTORES DE ALUMINIO AWG 1/0 (CAA 6/1 OU CA 7 FIOS)","Material","UN","6,0000000","","9,58","","57,48","",57.48,"0,00%",5938506.7886816282,"100,07%"]
[" 00011267 ","SINAPI",null,"ARRUELA LISA, REDONDA, DE LATAO POLIDO, DIAMETRO NOMINAL 5/8\", DIAMETRO EXTERNO = 34 MM, DIAMETRO DO FURO = 17 MM, ESPESSURA = *2,5* MM","Material","UN","40,0000000","","1,43","","57,20","",57.2,"0,00%",5938563.9886816284,"100,07%"]
[" 00003529 ","SINAPI",null,"JOELHO PVC, SOLDAVEL, 90 GRAUS, 25 MM, COR MARROM, PARA AGUA FRIA PREDIAL","Material","UN","93,0000000","","0,61","","56,73","",56.73,"0,00%",5938620.7186816279,"100,07%"]
[" 00037395 ","SINAPI",null,"PINO DE ACO COM FURO, HASTE = 27 MM (ACAO DIRETA)","Material","CENTO","1,2750000","","43,77","","55,81","",55.806750000000001,"0,00%",5938676.5254316283,"100,08%"]
[" 00011161 ","SINAPI",null,"CAL HIDRATADA PARA PINTURA","Material","KG","28,4928000","","1,94","","55,28","",55.276032000000001,"0,00%",5938731.8014636282,"100,08%"]
[" 00039320 ","SINAPI",null,"TERMINAL DE VENTILACAO, 75 MM, SERIE NORMAL, ESGOTO PREDIAL","Material","UN","4,0000000","","13,74","","54,96","",54.96,"0,00%",5938786.7614636282,"100,08%"]
[" 318 ","ORSE",null,"Bucha alumínio p/eletroduto d=4\" (100mm)","Material","un","4,0000000","","13,71","","54,84","",54.84,"0,00%",5938841.601463628,"100,08%"]
[" 1651 ","ORSE",null,"Óculos branco proteção","Material","pr","7,8548957","","6,70","","52,63","",52.627800994360001,"0,00%",5938894.2292646226,"100,08%"]
[" 00004356 ","SINAPI",null,"PARAFUSO DE ACO ZINCADO COM ROSCA SOBERBA, CABECA CHATA E FENDA SIMPLES, DIAMETRO 4,8 MM, COMPRIMENTO 45 MM","Material","UN","200,0000000","","0,26","","52,00","",52,"0,00%",5938946.2292646226,"100,08%"]
[" 13349 ","ORSE",null,"Tê vertical  de subida 100 x 75 mm, liso, zincada, para eletrocalha metálica (ref. Mopa ou similar)","Material","un","1,0000000","","51,10","","51,10","",51.1,"0,00%",5938997.3292646222,"100,08%"]
[" 00003536 ","SINAPI",null,"JOELHO PVC, SOLDAVEL, 90 GRAUS, 32 MM, COR MARROM, PARA AGUA FRIA PREDIAL","Material","UN","25,0000000","","2,04","","51,00","",51,"0,00%",5939048.3292646222,"100,08%"]
[" 00007139 ","SINAPI",null,"TE SOLDAVEL, PVC, 90 GRAUS, 25 MM, PARA AGUA FRIA PREDIAL (NBR 5648)","Material","UN","50,0000000","","1,01","","50,50","",50.5,"0,00%",5939098.8292646222,"100,08%"]
[" 00000109 ","SINAPI",null,"ADAPTADOR PVC SOLDAVEL CURTO COM BOLSA E ROSCA, 40 MM X 1 1/4\", PARA AGUA FRIA","Material","UN","16,0000000","","3,12","","49,92","",49.92,"0,00%",5939148.7492646221,"100,08%"]
[" 140 ","ORSE",null,"Adubo orgânico bovino, cacau ou similar","Material","m³","1,8000000","","27,67","","49,81","",49.805999999999997,"0,00%",5939198.5552646229,"100,08%"]
[" 00001539 ","SINAPI",null,"CONECTOR METALICO TIPO PARAFUSO FENDIDO (SPLIT BOLT), PARA CABOS ATE 16 MM2","Material","UN","6,0000000","","8,22","","49,32","",49.32,"0,00%",5939247.8752646223,"100,09%"]
[" 00007340 ","SINAPI",null,"IMUNIZANTE PARA MADEIRA, INCOLOR","Material","L","1,0454970","","46,08","","48,18","",48.176501760000001,"0,00%",5939296.0517663825,"100,09%"]
[" 00007588 ","SINAPI",null,"AUTOMATICO DE BOIA SUPERIOR / INFERIOR, *15* A / 250 V","Material","UN","1,0000000","","48,00","","48,00","",48,"0,00%",5939344.0517663825,"100,09%"]
[" 00001577 ","SINAPI",null,"TERMINAL A COMPRESSAO EM COBRE ESTANHADO PARA CABO 35 MM2, 1 FURO E 1 COMPRESSAO, PARA PARAFUSO DE FIXACAO M8","Material","UN","14,0000000","","3,31","","46,34","",46.34,"0,00%",5939390.3917663824,"100,09%"]
[" 00001648 ","SINAPI",null,"CRUZETA DE FERRO GALVANIZADO, COM ROSCA BSP, DE 1\"","Material","UN","1,0000000","","46,11","","46,11","",46.11,"0,00%",5939436.5017663827,"100,09%"]
[" 884 ","ORSE",null,"Elo fusível 10 k, 500 mm","Material","un","3,0000000","","15,35","","46,05","",46.05,"0,00%",5939482.5517663825,"100,09%"]
[" 5341 ","ORSE",null,"Curva 45º de pvc je, ponta / bolsa, d=   50mm","Material","un","2,0000000","","22,82","","45,64","",45.64,"0,00%",5939528.1917663822,"100,09%"]
[" 6694 ","ORSE",null,"Desenhista Júnior (Cadista Copista) - Técnico de Nível médio até 5 anos de experiência - Rev 01","Mão de Obra","h","1,5988000","","27,65","","44,21","",44.209144655199999,"0,00%",5939572.4009110378,"100,09%"]
[" 00039319 ","SINAPI",null,"TERMINAL DE VENTILACAO, 50 MM, SERIE NORMAL, ESGOTO PREDIAL","Material","UN","6,0000000","","7,14","","42,84","",42.84,"0,00%",5939615.2409110377,"100,09%"]
[" 00040626 ","SINAPI",null,"TUBO ACO GALVANIZADO COM COSTURA, CLASSE MEDIA, DN 1\", E = 3,38 MM, PESO 2,50 KG/M (NBR 5580)","Material","M","1,1430000","","37,43","","42,78","",42.782490000000003,"0,00%",5939658.0234010378,"100,09%"]
[" 00003875 ","SINAPI",null,"LUVA SIMPLES, PVC, SOLDAVEL, DN 50 MM, SERIE NORMAL, PARA ESGOTO PREDIAL","Material","UN","16,0000000","","2,59","","41,44","",41.44,"0,00%",5939699.4634010373,"100,09%"]
[" 00003533 ","SINAPI",null,"JOELHO DE REDUCAO, PVC SOLDAVEL, 90 GRAUS, 25 MM X 20 MM, COR MARROM, PARA AGUA FRIA PREDIAL","Material","UN","18,0000000","","2,30","","41,40","",41.4,"0,00%",5939740.8634010376,"100,09%"]
[" 224 ","ORSE",null,"Arruela de alumínio p/eletroduto d=4\"","Material","un","4,0000000","","10,35","","41,40","",41.4,"0,00%",5939782.263401038,"100,09%"]
[" 3638 ","ORSE",null,"Suporte vertical  100 x 100 mm  para fixação de eletrocalha metálica ( ref.: Mopa ou similar)","Material","un","7,0000000","","5,89","","41,23","",41.23,"0,00%",5939823.4934010375,"100,09%"]
[" 10788 ","ORSE",null,"Pá quadrada","Material","un","1,0783737","","36,90","","39,79","",39.791989592729998,"0,00%",5939863.2853906304,"100,10%"]
[" 00003535 ","SINAPI",null,"JOELHO PVC, SOLDAVEL, 90 GRAUS, 40 MM, COR MARROM, PARA AGUA FRIA PREDIAL","Material","UN","8,0000000","","4,97","","39,76","",39.76,"0,00%",5939903.0453906301,"100,10%"]
[" 00038992 ","SINAPI",null,"BUCHA DE REDUCAO, PPR, DN 32 X 25 MM, PARA AGUA QUENTE E FRIA PREDIAL","Material","UN","8,0000000","","4,89","","39,12","",39.119999999999997,"0,00%",5939942.1653906303,"100,10%"]
[" 00000242 ","SINAPI",null,"AJUDANTE ESPECIALIZADO (HORISTA)","Mão de Obra","H","2,5284984","","15,32","","38,74","",38.736595193855997,"0,00%",5939980.9019858241,"100,10%"]
[" 00005104 ","SINAPI",null,"REBITE DE REPUXO EM ALUMINIO VAZADO, DIAMETRO 3,2 X 8 MM DE COMPRIMENTO (1KG = 1025 UNIDADES)","Material","KG","0,5503680","","69,78","","38,40","",38.404679039999998,"0,00%",5940019.3066648645,"100,10%"]
[" 49 ","ORSE",null,"Cabista para instalação telefônica","Mão de Obra","h","2,0000000","","19,13","","38,26","",38.257199999999997,"0,00%",5940057.5638648644,"100,10%"]
[" 00003146 ","SINAPI",null,"FITA VEDA ROSCA EM ROLOS DE 18 MM X 10 M (L X C)","Material","UN","9,1238000","","4,00","","36,50","",36.495199999999997,"0,00%",5940094.0590648642,"100,10%"]
[" 00039014 ","SINAPI",null,"FIBRA DE ACO PARA REFORCO DO CONCRETO, SOLTA, TIPO A-I, FATOR DE FORMA *50* L / D, COMPRIMENTO DE *30* MM E RESISTENCIA A TRACAO DO ACO MAIOR 1000 MPA","Material","KG","2,2542000","","16,18","","36,47","",36.472956000000003,"0,00%",5940130.5320208641,"100,10%"]
[" 00000065 ","SINAPI",null,"ADAPTADOR PVC SOLDAVEL CURTO COM BOLSA E ROSCA, 25 MM X 3/4\", PARA AGUA FRIA","Material","UN","48,0000000","","0,75","","36,00","",36,"0,00%",5940166.5320208641,"100,10%"]
[" 00012894/SINAPI ","ORSE",null,"Capa para chuva em pvc com forro de poliester, com capuz (amarela ou azul)","Material","un","1,9807518","","18,07","","35,79","",35.792184290550999,"0,00%",5940202.3242051546,"100,10%"]
[" 00004229/SINAPI ","ORSE",null,"Graxa lubrificante a base de litio, de multiplas aplicacoes e contendo aditivos de extrema pressao (grau de viscosidade nlgi 2)","Material","kg","0,8420000","","42,30","","35,62","",35.616599999999998,"0,00%",5940237.9408051549,"100,10%"]
[" 00007140 ","SINAPI",null,"TE SOLDAVEL, PVC, 90 GRAUS, 32 MM, PARA AGUA FRIA PREDIAL (NBR 5648)","Material","UN","11,0000000","","3,18","","34,98","",34.979999999999997,"0,00%",5940272.9208051544,"100,10%"]
[" 325 ","ORSE",null,"Bucha em liga zamak para eletroduto 25mm, d=1\"","Material","un","50,0000000","","0,67","","33,50","",33.5,"0,00%",5940306.4208051544,"100,10%"]
[" 00002641/SINAPI ","ORSE",null,"Luva para eletroduto, em aco galvanizado eletrolitico, com rosca, diametro de100 mm (4\")","Material","un","2,0000000","","15,72","","31,44","",31.44,"0,00%",5940337.8608051548,"100,10%"]
[" 00039315/SINAPI ","ORSE",null,"Espacador / distanciador tipo garra dupla, em plastico, cobrimento *20* mm, para ferragens de lajes e fundo de vigas","Material","un","88,9352000","","0,35","","31,13","",31.127320000000001,"0,00%",5940368.9881251547,"100,10%"]
[" 00037744 ","SINAPI",null,"SEMIRREBOQUE COM TRES EIXOS EM TANDEM TIPO BASCULANTE COM CACAMBA METALICA 18 M3 (INCLUI MONTAGEM, NAO INCLUI CAVALO MECANICO)","Material","UN","0,0001128","","275.397,23","","31,08","",31.076560120790251,"0,00%",5940400.0646852758,"100,10%"]
[" 00003662 ","SINAPI",null,"JUNCAO SIMPLES, PVC, 45 GRAUS, DN 50 X 50 MM, SERIE NORMAL PARA ESGOTO PREDIAL","Material","UN","4,0000000","","7,72","","30,88","",30.88,"0,00%",5940430.9446852757,"100,11%"]
[" 00011656 ","SINAPI",null,"TE SANITARIO DE REDUCAO, PVC, DN 100 X 75 MM, SERIE NORMAL PARA ESGOTO PREDIAL","Material","UN","2,0000000","","15,29","","30,58","",30.58,"0,00%",5940461.5246852757,"100,11%"]
[" 4728 ","ORSE",null,"Talhadeira chata 10\"","Material","un","1,6175606","","18,58","","30,05","",30.054275066378999,"0,00%",5940491.5789603423,"100,11%"]
[" 11240 ","ORSE",null,"Alicate com isolamento","Material","un","0,6189979","","47,69","","29,52","",29.520010804799998,"0,00%",5940521.0989711471,"100,11%"]
[" 00000108 ","SINAPI",null,"ADAPTADOR PVC SOLDAVEL CURTO COM BOLSA E ROSCA, 32 MM X 1\", PARA AGUA FRIA","Material","UN","19,0000000","","1,51","","28,69","",28.69,"0,00%",5940549.7889711466,"100,11%"]
[" 214 ","ORSE",null,"Arruela em liga zamak p/eletroduto 25mm, d=1 \"","Material","un","50,0000000","","0,57","","28,50","",28.5,"0,00%",5940578.2889711466,"100,11%"]
[" 10621 ","ORSE",null,"Conector terminal a compressão com dois furos em alumínio ou liga de alumínio- CB-79 (2/0)","Material","un","6,0000000","","4,57","","27,42","",27.42,"0,00%",5940605.7089711465,"100,11%"]
[" 00004179 ","SINAPI",null,"NIPLE DE FERRO GALVANIZADO, COM ROSCA BSP, DE 1\"","Material","UN","2,0000000","","12,90","","25,80","",25.8,"0,00%",5940631.5089711463,"100,11%"]
[" 00043464 ","SINAPI",null,"FERRAMENTAS - FAMILIA OPERADOR ESCAVADEIRA - HORISTA (ENCARGOS COMPLEMENTARES - COLETADO CAIXA)","Equipamento","H","2.499,0102975","","0,01","","24,99","",24.990102974911853,"0,00%",5940656.4990741219,"100,11%"]
[" 766 ","ORSE",null,"Curva 90° ferro galvanizado d= 3/4\"","Material","un","1,0000000","","24,54","","24,54","",24.54,"0,00%",5940681.039074122,"100,11%"]
[" 00006323 ","SINAPI",null,"TE DE FERRO GALVANIZADO, DE 1\"","Material","UN","1,0000000","","24,11","","24,11","",24.11,"0,00%",5940705.1490741214,"100,11%"]
[" 00003318 ","SINAPI",null,"GRADE DE DISCOS MECANICA 20X24\" COM 20 DISCOS 24\" X 6MM COM PNEUS PARA TRANSPORTE","Equipamento","UN","0,0004857","","49.000,00","","23,80","",23.7984652248035,"0,00%",5940728.9475393463,"100,11%"]
[" 00001933 ","SINAPI",null,"CURVA PVC CURTA 90 GRAUS, DN 40 MM, PARA ESGOTO PREDIAL","Material","UN","6,0000000","","3,93","","23,58","",23.58,"0,00%",5940752.5275393464,"100,11%"]
[" 00011674 ","SINAPI",null,"REGISTRO DE ESFERA, PVC, COM VOLANTE, VS, SOLDAVEL, DN 25 MM, COM CORPO DIVIDIDO","Material","UN","1,0000000","","23,22","","23,22","",23.22,"0,00%",5940775.7475393461,"100,11%"]
[" 00003538 ","SINAPI",null,"JOELHO DE REDUCAO, PVC SOLDAVEL, 90 GRAUS, 32 MM X 25 MM, COR MARROM, PARA AGUA FRIA PREDIAL","Material","UN","5,0000000","","4,36","","21,80","",21.8,"0,00%",5940797.5475393469,"100,11%"]
[" 00003509 ","SINAPI",null,"JOELHO PVC, SOLDAVEL, PB, 90 GRAUS, DN 75 MM, PARA ESGOTO PREDIAL","Material","UN","4,0000000","","5,44","","21,76","",21.76,"0,00%",5940819.3075393466,"100,11%"]
[" 4729 ","ORSE",null,"Marreta 1 kg com cabo","Material","un","0,5391869","","37,80","","20,38","",20.381262962129998,"0,00%",5940839.6888023084,"100,11%"]
[" 10579 ","ORSE",null,"Chave de fenda chata 30 cm","Material","un","0,7552207","","26,89","","20,31","",20.307883353792,"0,00%",5940859.9966856623,"100,11%"]
[" 222 ","ORSE",null,"Arruela quadrada galvanizada 38 mm c/furo 18 mm (11/16\")","Material","un","14,0000000","","1,43","","20,02","",20.02,"0,00%",5940880.0166856628,"100,11%"]
[" 13411 ","ORSE",null,"Terminal 100 x 100 mm, zincado, para eletrocalha metalica (ref. Mopa ou similar)","Material","un","4,0000000","","4,99","","19,96","",19.96,"0,00%",5940899.9766856628,"100,11%"]
[" 00039017/SINAPI ","ORSE",null,"Espacador / distanciador circular com entrada lateral, em plastico, para vergalhao *4,2 a 12,5* mm, cobrimento 20 mm","Material","un","88,9352000","","0,22","","19,57","",19.565743999999999,"0,00%",5940919.5424296623,"100,11%"]
[" 1679 ","ORSE",null,"Parafuso cabeça quadrada 16 x 200mm","Material","un","2,0000000","","9,75","","19,50","",19.5,"0,00%",5940939.0424296623,"100,11%"]
[" 00007583 ","SINAPI",null,"BUCHA DE NYLON SEM ABA S8, COM PARAFUSO DE 4,80 X 50 MM EM ACO ZINCADO COM ROSCA SOBERBA, CABECA CHATA E FENDA PHILLIPS","Material","UN","36,0000000","","0,54","","19,44","",19.440000000000001,"0,00%",5940958.4824296627,"100,11%"]
[" 00038021 ","SINAPI",null,"LUVA DE CORRER PARA TUBO SOLDAVEL, PVC, 32 MM, PARA AGUA FRIA PREDIAL","Material","UN","1,0000000","","18,46","","18,46","",18.46,"0,00%",5940976.9424296627,"100,11%"]
[" 00014525 ","SINAPI",null,"ESCAVADEIRA HIDRAULICA SOBRE ESTEIRAS COM CACAMBA DE 1,20 M3, PESO OPERACIONAL 21 T, POTENCIA BRUTA 155 HP","Equipamento","UN","0,0000205","","901.125,00","","18,43","",18.434638530000001,"0,00%",5940995.3770681927,"100,11%"]
[" 00000812 ","SINAPI",null,"BUCHA DE REDUCAO DE PVC, SOLDAVEL, CURTA, COM 40 X 32 MM, PARA AGUA FRIA PREDIAL","Material","UN","10,0000000","","1,77","","17,70","",17.7,"0,00%",5941013.077068192,"100,12%"]
[" 00010909 ","SINAPI",null,"JUNCAO DE REDUCAO INVERTIDA, PVC SOLDAVEL, 100 X 75 MM, SERIE NORMAL PARA ESGOTO PREDIAL","Material","UN","1,0000000","","17,38","","17,38","",17.38,"0,00%",5941030.4570681928,"100,12%"]
[" 00039321 ","SINAPI",null,"TERMINAL DE VENTILACAO, 100 MM, SERIE NORMAL, ESGOTO PREDIAL","Material","UN","1,0000000","","17,17","","17,17","",17.170000000000002,"0,00%",5941047.6270681927,"100,12%"]
[" 00004907 ","SINAPI",null,"PLUG PVC, JE, DN 100 MM, PARA REDE COLETORA ESGOTO","Material","UN","1,0000000","","16,68","","16,68","",16.68,"0,00%",5941064.3070681924,"100,12%"]
[" 00036356 ","SINAPI",null,"CURVA PPR 90 GRAUS, F/F, DN 25 MM, PARA AGUA QUENTE PREDIAL","Material","UN","1,0000000","","16,34","","16,34","",16.34,"0,00%",5941080.6470681923,"100,12%"]
[" 11281 ","ORSE",null,"Bolsa de lona para ferramentas 40 x 30 x 20cm","Material","un","0,0451200","","357,49","","16,13","",16.129948800000001,"0,00%",5941096.7770169927,"100,12%"]
[" 00043682 ","SINAPI",null,"CHAPA/PAINEL DE MADEIRA COMPENSADA RESINADA (MADEIRITE RESINADO ROSA) PARA FORMA DE CONCRETO, DE 2200 X 1100 MM, E = 6 MM","Material","m²","0,6302990","","23,69","","14,93","",14.9317828362,"0,00%",5941111.7087998288,"100,12%"]
[" 00005069 ","SINAPI",null,"PREGO DE ACO POLIDO COM CABECA 17 X 27 (2 1/2 X 11)","Material","KG","0,8964440","","16,59","","14,87","",14.872005959999999,"0,00%",5941126.5808057887,"100,12%"]
[" 00020086 ","SINAPI",null,"BUCHA DE REDUCAO DE PVC, SOLDAVEL, LONGA, 50 X 40 MM, PARA ESGOTO PREDIAL","Material","UN","6,0000000","","2,41","","14,46","",14.46,"0,00%",5941141.0408057887,"100,12%"]
[" 00020046 ","SINAPI",null,"REDUCAO EXCENTRICA PVC, SERIE R, DN 100 X 75 MM, PARA ESGOTO PREDIAL","Material","UN","1,0000000","","14,43","","14,43","",14.43,"0,00%",5941155.4708057884,"100,12%"]
[" 13656 ","ORSE",null,"Placa de sinalizacao, fotoluminescente, em pvc , com logotipo \"Cuidado risco de choque elétrico\"- Placa E5","Material","un","1,0000000","","14,41","","14,41","",14.41,"0,00%",5941169.8808057886,"100,12%"]
[" 00043474 ","SINAPI",null,"FERRAMENTAS - FAMILIA ENGENHEIRO CIVIL - MENSALISTA (ENCARGOS COMPLEMENTARES - COLETADO CAIXA)","Equipamento","MES","6,0000000","","2,29","","13,74","",13.74,"0,00%",5941183.6208057888,"100,12%"]
[" 00014148/SINAPI ","ORSE",null,"Porca uniao/juncao zincada sextavada 1/4 \", chave 7/16 \", comprimento = 25 mm","Material","un","14,0000000","","0,98","","13,72","",13.72,"0,00%",5941197.3408057885,"100,12%"]
[" 00005330 ","SINAPI",null,"DILUENTE EPOXI","Material","L","0,2760000","","48,69","","13,44","",13.43844,"0,00%",5941210.7792457882,"100,12%"]
[" 00011002 ","SINAPI",null,"ELETRODO REVESTIDO AWS - E6013, DIAMETRO IGUAL A 2,50 MM","Material","KG","0,4918900","","26,89","","13,23","",13.226922099999999,"0,00%",5941224.0061678886,"100,12%"]
[" 00004783/SINAPI ","ORSE",null,"Pintor (horista)","Mão de Obra","h","0,6840000","","19,13","","13,08","",13.083962400000001,"0,00%",5941237.0901302882,"100,12%"]
[" 00002692 ","SINAPI",null,"DESMOLDANTE PROTETOR PARA FORMAS DE MADEIRA, DE BASE OLEOSA EMULSIONADA EM AGUA","Material","L","1,3482785","","9,15","","12,34","",12.336748275,"0,00%",5941249.4268785641,"100,12%"]
[" 11255 ","ORSE",null,"Tarracha para tubos PVC de 1\"","Material","un","0,1850891","","63,00","","11,66","",11.66061204,"0,00%",5941261.0874906033,"100,12%"]
[" 11247 ","ORSE",null,"Serra mármore","Material","un","0,0348321","","327,80","","11,42","",11.417957659680001,"0,00%",5941272.5054482631,"100,12%"]
[" 11205 ","ORSE",null,"Cartucho p/ solda exotermica nr 35","Material","un","1,0000000","","11,00","","11,00","",11,"0,00%",5941283.5054482631,"100,12%"]
[" 00003148 ","SINAPI",null,"FITA VEDA ROSCA EM ROLOS DE 18 MM X 50 M (L X C)","Material","UN","0,7284000","","14,75","","10,74","",10.7439,"0,00%",5941294.2493482633,"100,12%"]
[" 00001574 ","SINAPI",null,"TERMINAL A COMPRESSAO EM COBRE ESTANHADO PARA CABO 10 MM2, 1 FURO E 1 COMPRESSAO, PARA PARAFUSO DE FIXACAO M6","Material","UN","6,0000000","","1,79","","10,74","",10.74,"0,00%",5941304.9893482635,"100,12%"]
[" 00003669 ","SINAPI",null,"JUNCAO DE REDUCAO INVERTIDA, PVC SOLDAVEL, 75 X 50 MM, SERIE NORMAL PARA ESGOTO PREDIAL","Material","UN","1,0000000","","10,67","","10,67","",10.67,"0,00%",5941315.6593482634,"100,12%"]
[" 11242 ","ORSE",null,"Chave inglesa 12\"","Material","un","0,3094990","","34,00","","10,52","",10.52296464,"0,00%",5941326.182312903,"100,12%"]
[" 00003517 ","SINAPI",null,"JOELHO PVC, SOLDAVEL, BB, 90 GRAUS, SEM ANEL, DN 40 MM, PARA ESGOTO PREDIAL SECUNDARIO","Material","UN","6,0000000","","1,65","","9,90","",9.9,"0,00%",5941336.0823129034,"100,12%"]
[" 00004096 ","SINAPI",null,"MOTORISTA OPERADOR DE CAMINHAO COM MUNCK (HORISTA)","Mão de Obra","H","0,4188492","","22,83","","9,56","",9.5623280350499993,"0,00%",5941345.6446409384,"100,12%"]
[" 00013887 ","SINAPI",null,"DISCO DE CORTE DIAMANTADO SEGMENTADO PARA CONCRETO, DIAMETRO DE 350 MM, FURO DE 1\" (14 X 1 \")","Equipamento","UN","0,0221166","","426,16","","9,43","",9.4252206883968004,"0,00%",5941355.0698616272,"100,12%"]
[" 11253 ","ORSE",null,"Tarracha para tubos PVC de 1/2\"","Material","un","0,3393300","","26,50","","8,99","",8.9922444699999993,"0,00%",5941364.0621060971,"100,12%"]
[" 00003666 ","SINAPI",null,"JUNCAO SIMPLES, PVC, 45 GRAUS, DN 40 X 40 MM, SERIE NORMAL PARA ESGOTO PREDIAL","Material","UN","3,0000000","","2,96","","8,88","",8.8800000000000008,"0,00%",5941372.942106097,"100,12%"]
[" 00001576 ","SINAPI",null,"TERMINAL A COMPRESSAO EM COBRE ESTANHADO PARA CABO 25 MM2, 1 FURO E 1 COMPRESSAO, PARA PARAFUSO DE FIXACAO M8","Material","UN","3,0000000","","2,93","","8,79","",8.7899999999999991,"0,00%",5941381.732106097,"100,12%"]
[" 00004890 ","SINAPI",null,"PLUG OU BUJAO DE FERRO GALVANIZADO, DE 1\"","Material","UN","1,0000000","","8,64","","8,64","",8.64,"0,00%",5941390.3721060967,"100,12%"]
[" 00003363 ","SINAPI",null,"GUINDAUTO HIDRAULICO, CAPACIDADE MAXIMA DE CARGA 6200 KG, MOMENTO MAXIMO DE CARGA 11,7 TM, ALCANCE MAXIMO HORIZONTAL 9,70 M, PARA MONTAGEM SOBRE CHASSI DE CAMINHAO PBT MINIMO 13000 KG (INCLUI MONTAGEM, NAO INCLUI CAMINHAO)","Equipamento","UN","0,0000593","","144.875,00","","8,59","",8.5882798225000005,"0,00%",5941398.9603859195,"100,12%"]
[" 2226 ","ORSE",null,"Tinta esmalte sintético (coralit ou similar)","Material","l","0,2052000","","41,64","","8,54","",8.5445279999999997,"0,00%",5941407.5049139196,"100,12%"]
[" 11256 ","ORSE",null,"Tarracha para tubos PVC de 1 1/2\"","Material","un","0,1233927","","60,00","","7,40","",7.4035631999999998,"0,00%",5941414.9084771192,"100,12%"]
[" 00037733 ","SINAPI",null,"CACAMBA METALICA BASCULANTE COM CAPACIDADE DE 6 M3 (INCLUI MONTAGEM, NAO INCLUI CAMINHAO)","Material","UN","0,0001227","","60.325,10","","7,40","",7.4012688799407602,"0,00%",5941422.3097459991,"100,12%"]
[" 00005073 ","SINAPI",null,"PREGO DE ACO POLIDO COM CABECA 17 X 24 (2 1/4 X 11)","Material","KG","0,4337424","","16,59","","7,20","",7.1957864159999998,"0,00%",5941429.5055324156,"100,12%"]
[" 82 ","ORSE",null,"Aço ca-60   4,2 a 9,5 mm","Material","kg","0,7700000","","8,97","","6,91","",6.9069000000000003,"0,00%",5941436.4124324154,"100,12%"]
[" 11244 ","ORSE",null,"Martelo com unha","Material","un","0,1362227","","48,95","","6,67","",6.66810277056,"0,00%",5941443.0805351855,"100,12%"]
[" 11286 ","ORSE",null,"Macariço de solda Ref. CG201 código 010414410 carbografite","Material","un","0,0169200","","390,26","","6,60","",6.6031991999999997,"0,00%",5941449.6837343853,"100,12%"]
[" 00036487 ","SINAPI",null,"GUINCHO ELETRICO DE COLUNA, CAPACIDADE 400 KG, COM MOTO FREIO, MOTOR TRIFASICO DE 1,25 CV","Equipamento","UN","0,0013928","","4.682,28","","6,52","",6.5215354810586401,"0,00%",5941456.2052698666,"100,12%"]
[" 00001402 ","SINAPI",null,"COLAR TOMADA PVC, COM TRAVAS, SAIDA COM ROSCA, DE 32 MM X 1/2\" OU 32 MM X 3/4\", PARA LIGACAO PREDIAL DE AGUA","Material","UN","1,0000000","","6,02","","6,02","",6.02,"0,00%",5941462.2252698671,"100,12%"]
[" 00000370/SINAPI ","ORSE",null,"Areia media - posto jazida/fornecedor (retirado na jazida, sem transporte)","Material","m³","0,0546668","","110,00","","6,01","",6.0133479999999997,"0,00%",5941468.2386178672,"100,12%"]
[" 00002692/SINAPI ","ORSE",null,"Desmoldante protetor para formas de madeira, de base oleosa emulsionada em agua","Material","l","0,7200100","","8,31","","5,98","",5.9832831000000004,"0,00%",5941474.2219009669,"100,12%"]
[" 11254 ","ORSE",null,"Tarracha para tubos PVC de 3/4\"","Material","un","0,2159373","","27,49","","5,94","",5.9361152773999999,"0,00%",5941480.1580162439,"100,12%"]
[" 5169 ","ORSE",null,"Anel de borracha p/ tubo ou conexão de pvc je, d=   50mm","Material","un","2,0000000","","2,59","","5,18","",5.18,"0,00%",5941485.3380162446,"100,12%"]
[" 11285 ","ORSE",null,"Fonte inversora de solda WMI 140ED 220V - BAMBOZZI - WMI- 140ED","Material","un","0,0056400","","889,90","","5,02","",5.0190359999999998,"0,00%",5941490.3570522442,"100,12%"]
[" 00005068 ","SINAPI",null,"PREGO DE ACO POLIDO COM CABECA 17 X 21 (2 X 11)","Material","KG","0,2935680","","16,27","","4,78","",4.7763513599999996,"0,00%",5941495.1334036039,"100,12%"]
[" 00000299 ","SINAPI",null,"ANEL BORRACHA, DN 100 MM, PARA TUBO SERIE REFORCADA ESGOTO PREDIAL","Material","UN","1,0000000","","4,27","","4,27","",4.2699999999999996,"0,00%",5941499.4034036044,"100,12%"]
[" 11282 ","ORSE",null,"Esmerilhadeira angular elétrico portátil 4 1/2\" - 1000 watts  - ref. G1000kB2Black e Decker","Material","un","0,0112800","","362,00","","4,08","",4.0833599999999999,"0,00%",5941503.486763604,"100,12%"]
[" 00000303 ","SINAPI",null,"ANEL BORRACHA, PARA TUBO PVC, REDE COLETOR ESGOTO, DN 100 MM (NBR 7362)","Material","UN","1,0000000","","4,03","","4,03","",4.03,"0,00%",5941507.5167636042,"100,12%"]
[" 11257 ","ORSE",null,"Tarracha para tubos PVC de 1 1/4\"","Material","un","0,1233927","","32,30","","3,99","",3.985584856,"0,00%",5941511.5023484603,"100,12%"]
[" 00003862 ","SINAPI",null,"LUVA PVC SOLDAVEL, 40 MM, PARA AGUA FRIA PREDIAL","Material","UN","1,0000000","","3,58","","3,58","",3.58,"0,00%",5941515.0823484603,"100,12%"]
[" 00000298 ","SINAPI",null,"ANEL BORRACHA, DN 75 MM, PARA TUBO SERIE REFORCADA ESGOTO PREDIAL","Material","UN","1,0000000","","3,28","","3,28","",3.28,"0,00%",5941518.3623484606,"100,12%"]
[" 10282 ","ORSE",null,"Regua de alumínio c/ 2,00m (para pedreiro)","Material","un","0,0696642","","45,00","","3,13","",3.1348877040000001,"0,00%",5941521.4972361643,"100,12%"]
[" 00003518 ","SINAPI",null,"JOELHO PVC, SOLDAVEL, PB, 45 GRAUS, DN 50 MM, PARA ESGOTO PREDIAL","Material","UN","1,0000000","","2,96","","2,96","",2.96,"0,00%",5941524.4572361642,"100,12%"]
[" 11245 ","ORSE",null,"Desempoladeira de madeira 12x22","Material","un","0,2438246","","11,60","","2,83","",2.8283653507199999,"0,00%",5941527.2856015153,"100,12%"]
[" 4722 ","ORSE",null,"Colher de pedreiro","Material","un","0,1393283","","18,80","","2,62","",2.6193728371199998,"0,00%",5941529.9049743516,"100,12%"]
[" 11265 ","ORSE",null,"Martelo de borracha com cabo","Material","un","0,1393283","","18,75","","2,61","",2.6124064200000001,"0,00%",5941532.5173807722,"100,12%"]
[" 11246 ","ORSE",null,"Escala métrica de bambú","Material","Un","0,2438246","","10,22","","2,49","",2.4918874038240002,"0,00%",5941535.0092681758,"100,12%"]
[" 11273 ","ORSE",null,"Esquadro de alumínio para soldagem de peças, com duas morsas, 35 x 35 x 4,5cm, marca Black Jack","Material","un","0,0112800","","214,30","","2,42","",2.4173040000000001,"0,00%",5941537.4265721757,"100,12%"]
[" 3204 ","ORSE",null,"Tinta para aderência e proteção de superfícies galvanizadas, Super Galvite, marca Sherwin Williams ou similar","Material","l","0,1026000","","23,50","","2,41","",2.4110999999999998,"0,00%",5941539.8376721758,"100,12%"]
[" 11283 ","ORSE",null,"Selador horizontal para fita de aço 1\"","Material","un","0,0056400","","416,77","","2,35","",2.3505828000000002,"0,00%",5941542.1882549757,"100,12%"]
[" 00005065 ","SINAPI",null,"PREGO DE ACO POLIDO COM CABECA 10 X 10 (7/8 X 17)","Material","KG","0,0725460","","30,96","","2,25","",2.2460241600000002,"0,00%",5941544.4342791354,"100,12%"]
[" 4174 ","ORSE",null,"Desempenadeira de aço lisa, cabo madeira, ref:143, Atlas ou similar","Material","un","0,1745024","","12,00","","2,09","",2.0940291360000001,"0,00%",5941546.5283082714,"100,12%"]
[" 10578 ","ORSE",null,"Formão grande","Material","un","0,1362227","","15,15","","2,06","",2.0637744019199999,"0,00%",5941548.5920826737,"100,12%"]
[" 10577 ","ORSE",null,"Serrote 40cm","Material","un","0,0681114","","29,90","","2,04","",2.03652985536,"0,00%",5941550.6286125295,"100,12%"]
[" 00006193/SINAPI ","ORSE",null,"Tabua nao aparelhada *2,5 x 20* cm, em macaranduba/massaranduba, angelim ou equivalente da regiao - bruta","Material","m","0,1093120","","16,95","","1,85","",1.8528384,"0,00%",5941552.4814509293,"100,12%"]
[" 00003768/SINAPI ","ORSE",null,"Lixa em folha para ferro, numero 150","Material","un","0,6270000","","2,84","","1,78","",1.78068,"0,00%",5941554.2621309292,"100,12%"]
[" 00005069/SINAPI ","ORSE",null,"Prego de aco polido com cabeca 17 x 27 (2 1/2 x 11)","Material","kg","0,0896000","","17,62","","1,58","",1.5787519999999999,"0,00%",5941555.840882929,"100,12%"]
[" 00014618 ","SINAPI",null,"SERRA CIRCULAR DE BANCADA COM MOTOR ELETRICO, POTENCIA DE *1600* W, PARA DISCO DE DIAMETRO DE 10\" (250 MM)","Material","UN","0,0010610","","1.368,55","","1,45","",1.4519921950291634,"0,00%",5941557.2928751241,"100,12%"]
[" 1113 ","ORSE",null,"Impermeabilizante para concretos e argamassas Vedacit ou similar","Material","kg","0,1920000","","7,36","","1,41","",1.4131199999999999,"0,00%",5941558.7059951238,"100,12%"]
[" 11284 ","ORSE",null,"Cavalete de ferro nº 1","Material","un","0,0112800","","118,17","","1,33","",1.3329576000000001,"0,00%",5941560.0389527241,"100,12%"]
[" 10592 ","ORSE",null,"Lima chata 12\"","Material","un","0,0308482","","36,57","","1,13","",1.1281179426000001,"0,00%",5941561.1670706663,"100,12%"]
[" 10789 ","ORSE",null,"Nível de bolha de madeira","Material","un","0,0696642","","15,40","","1,07","",1.0728282364799999,"0,00%",5941562.2398989033,"100,12%"]
[" 11277 ","ORSE",null,"Alicate de pressão para solda de chapa 18\" (460mm), Ref.138 Z Gedore","Material","un","0,0112800","","95,04","","1,07","",1.0720512,"0,00%",5941563.3119501034,"100,12%"]
[" 11243 ","ORSE",null,"Martelo sem unha","Material","un","0,0348321","","28,00","","0,98","",0.97529839679999997,"0,00%",5941564.2872484997,"100,12%"]
[" 11264 ","ORSE",null,"Marreta de 1/2 kg com cabo","Material","un","0,0696642","","13,52","","0,94","",0.94185959462400004,"0,00%",5941565.2291080942,"100,12%"]
[" 10790 ","ORSE",null,"Prumo de face","Material","un","0,0348321","","25,95","","0,90","",0.90389262132000003,"0,00%",5941566.1330007156,"100,12%"]
[" 11279 ","ORSE",null,"Alicate para anéis de pistão capacidade 50-100mm. ref.44044101 Tramontina ou similar","Material","un","0,0112800","","76,42","","0,86","",0.86201760000000005,"0,00%",5941566.9950183164,"100,12%"]
[" 00020080 ","SINAPI",null,"ADESIVO PLASTICO PARA PVC, FRASCO COM 175 GR","Material","UN","0,0400000","","19,96","","0,80","",0.7984,"0,00%",5941567.7934183162,"100,12%"]
[" 11280 ","ORSE",null,"Chave Inglesa 15\" ref. 012418012 carbografite","Material","un","0,0112800","","60,50","","0,68","",0.68244000000000005,"0,00%",5941568.4758583158,"100,12%"]
[" 11276 ","ORSE",null,"Alicate de pressão para solda tipo U, para apertar chapas, tiras e qualquer tipo de perfil. Niquelado, mordentes reforçados em aço laminadao. Corpo em chapa dobrada  extra-reforçada e rebites de aço, 11\" (280mm). Ref. 138 Gedore.","Material","un","0,0112800","","58,84","","0,66","",0.66371519999999995,"0,00%",5941569.1395735163,"100,12%"]
[" 10593 ","ORSE",null,"Praio simples 30cm","Material","un","0,0308482","","19,57","","0,60","",0.60369888260000004,"0,00%",5941569.7432723986,"100,12%"]
[" 11275 ","ORSE",null,"Alicate de pressão 11\"","Material","un","0,0112800","","53,47","","0,60","",0.60314160000000006,"0,00%",5941570.3464139989,"100,12%"]
[" 11272 ","ORSE",null,"Alicate Climpador ( cripador )","Material","un","0,0056400","","88,38","","0,50","",0.4984632,"0,00%",5941570.8448771983,"100,12%"]
[" 11270 ","ORSE",null,"Martelo de solda do tipo picareta, cabo de madeira, 300x0,4x0,5mm","Material","un","0,0169200","","24,68","","0,42","",0.4175856,"0,00%",5941571.2624627985,"100,12%"]
[" 00005068/SINAPI ","ORSE",null,"Prego de aco polido com cabeca 17 x 21 (2 x 11)","Material","kg","0,0224000","","17,29","","0,39","",0.38729599999999997,"0,00%",5941571.649758799,"100,12%"]
[" 11278 ","ORSE",null,"Alicate diagonal para corte rente 5\" a 8\"","Material","un","0,0112800","","32,39","","0,37","",0.3653592,"0,00%",5941572.0151179982,"100,12%"]
[" 00040864 ","SINAPI",null,"SEGURO - MENSALISTA (COLETADO CAIXA - ENCARGOS COMPLEMENTARES)","Material","MES","36,0000000","","0,01","","0,36","",0.36,"0,00%",5941572.3751179986,"100,12%"]
[" 11274 ","ORSE",null,"Grampo de de aperto rápido 16\" Ref. 60987 Beltools","Material","un","0,0169200","","18,39","","0,31","",0.31115880000000001,"0,00%",5941572.6862767981,"100,12%"]
[" 10586 ","ORSE",null,"Torquesa","Material","un","0,0043801","","39,00","","0,17","",0.17082287039999999,"0,00%",5941572.8570996691,"100,12%"]
[" 11271 ","ORSE",null,"Talhadeira com punho de proteção 22 x225mm ref.207206BR Belzer","Material","un","0,0056400","","25,17","","0,14","",0.1419588,"0,00%",5941572.9990584692,"100,12%"]
[" 00038415 ","SINAPI",null,"TERMOFUSORA PARA TUBOS E CONEXOES EM PPR COM DIAMETROS DE 20 A 63 MM, POTENCIA DE 800 W, TENSAO 220 V","Equipamento","UN","0,0000977","","1.014,84","","0,10","",9.9127419739200001E-2,"0,00%",5941573.0981858885,"100,12%"]
[" 10585 ","ORSE",null,"Arco de serra","Material","un","0,0043801","","19,90","","0,09","",8.7163464639999993E-2,"0,00%",5941573.1853493536,"100,12%"]
[" 11251 ","ORSE",null,"Pincel de seda 2\"","Material","un","0,0030780","","26,90","","0,08","",8.2798200000000002E-2,"0,00%",5941573.2681475533,"100,12%"]
[" 10583 ","ORSE",null,"Trincha 3\"","Material","un","0,0030780","","11,98","","0,04","",3.6874440000000001E-2,"0,00%",5941573.3050219938,"100,12%"]
[" 11250 ","ORSE",null,"Rolo lã de carneiro 20cm","Material","un","0,0015732","","17,50","","0,03","",2.7531E-2,"0,00%",5941573.3325529937,"100,12%"]
[" 11252 ","ORSE",null,"Escada de aluminio de abrir com 7 degraus","Material","un","0,0000684","","269,00","","0,02","",1.8399599999999999E-2,"0,00%",5941573.3509525936,"100,12%"]
[" 4725 ","ORSE",null,"Espátula","Material","un","0,0002736","","16,82","","0,00","",4.6019520000000003E-3,"0,00%",5941573.3555545453,"100,12%"]
[" 11249 ","ORSE",null,"Serra circular eletrica portatil","Equipamento","un","0,0000000","0,0000000","617,95","0,00","0,00","0,00",0,"0,00%",5941573.3555545453,"100,12%"]
[" 11248 ","ORSE",null,"Furadeira e Parafusadeira eletrica Bosch ou Similar profissional","Equipamento","un","0,0000000","0,0000000","246,00","0,00","0,00","0,00",0,"0,00%",5941573.3555545453,"100,12%"]
[" 4415 ","ORSE",null,"Veículo leve - Volkswagen:GOL ou similar","Equipamento","h","0,0000000","0,0000000","13,18","1,98","0,00","0,00",0,"0,00%",5941573.3555545453,"100,12%"]
[" 6443 ","ORSE",null,"TEODOLITO","Equipamento","H","0,0000000","0,0000000","2,34","0,00","0,00","0,00",0,"0,00%",5941573.3555545453,"100,12%"]
[" 2455 ","ORSE",null,"Aluguel de caminhão guindauto 3,0 t ( m. benz - 1215 c/48- 143,0 hp","Equipamento","h","0,0000000","0,0000000","102,86","10,72","0,00","0,00",0,"0,00%",5941573.3555545453,"100,12%"]
[" 2461 ","ORSE",null,"Aluguel de compactador placa 415 kg  (dynapac - cm 20 diesel  - 6,0 hp)","Equipamento","h","0,0000000","0,0000000","2,78","2,81","0,00","0,00",0,"0,00%",5941573.3555545453,"100,12%"]
[" 2498 ","ORSE",null,"Tirfor 3,2 t - 20m de cabo","Equipamento","h","0,0000000","0,0000000","1,46","0,25","0,00","0,00",0,"0,00%",5941573.3555545453,"100,12%"]
[]
[{"$nulls":12},"Totais por Tipo"]
[{"$nulls":11},"Equipamento",null,null,null,"R$ 173.428,58"]
[{"$nulls":11},"Equipamento para Aquisição Permanente",null,null,null,"R$ 0,00"]
[{"$nulls":11},"Mão de Obra",null,null,null,"R$ 969.144,53"]
[{"$nulls":11},"Material",null,null,null,"R$ 4.275.288,11"]
[{"$nulls":11},"Serviços",null,null,null,"R$ 470.875,60"]
[{"$nulls":11},"Taxas",null,null,null,"R$ 300,53"]
[{"$nulls":11},"Administração",null,null,null,"R$ 0,00"]
[{"$nulls":11},"Aluguel",null,null,null,"R$ 0,00"]
[{"$nulls":11},"Verba",null,null,null,"R$ 0,00"]
[{"$nulls":11},"Transporte",null,null,null,"R$ 0,00"]
[{"$nulls":11},"Franquia",null,null,null,"R$ 0,00"]
[{"$nulls":11},"Outros",null,null,null,"R$ 0,00"]
[]
[{"$nulls":11},"Total sem BDI",null,5934187.1600000001]
[{"$nulls":11},"Total do BDI",null,1257246.56]
[{"$nulls":11},"Total Geral",null,7191433.7199999997]

{"sheet":"Encargos Sociais","index":5,"n_rows":0,"n_cols":0,"rows_kept":0,"cut":false,"hidden":false,"merged":[]}